{"text_format":"1","workbook":"xlsx","n_sheets":14,"sheets":["Zmeny","Soutez","Region","Pilot","Temp","Data","Zebrik G","Zebrik W","KB PMRg 2017","KB PMRg 2018","KB PMRg 2019","N PMČR 2020","N PMRg 2020","N PMČRj 2020"],"not_rendered":{"charts":0,"images":0,"macros":1,"external_links":0,"defined_names":36,"comments":2,"pivot_tables":2},"unopened":[],"bounds":{"document_bytes":16777216,"sheet_cells":100000,"rows_first":2000,"rows_last":500,"rows_between":2000,"halvings":0,"cell_chars":16384,"cell_head_chars":4096},"cells_cut":0,"cells_raw":0,"read":"whole","date_system":"1900"}

{"sheet":"Zmeny","index":0,"n_rows":8,"n_cols":3,"rows_kept":8,"cut":false,"hidden":false,"merged":[[0,1,0,2]]}
[null,"Změna"]
["Datum","Rev","Popis"]
["2019-10-29","00","Surová nepřipomínkovaná verze"]
["2019-11-03","01","Korigované koeficienty soutěží"]
["2019-11-05","02","Nominace na PMČR 2020 neschválená"]
["2019-12-01","03","Schválená verze"]
["2019-12-05","04","Opraveno pořadí juniorů v RV 2020"]
["2020-03-01","05","Dodatečné nominace na PMČR, řádné nominace na PMRg a PMČRj 2020"]

{"sheet":"Soutez","index":1,"n_rows":163,"n_cols":13,"rows_kept":163,"cut":false,"hidden":false,"merged":[]}
["Soutěž","Stát","Rok","Místo","Poč. disc.","Poč. pilotů","Ki","Kn","dKin","Termín","Web","Results","Poznámka"]
["Zařazené soutěže 2017:"]
["AZ Cup 2017 - Klub","CZ",2017,"Zbraslavice",3,34,0,0,{"$f":"H3-G3","v":0},"14.4.-22.4.2017","http://www.azcup.cz/","https://www.soaringspot.com/cs/az-cup-2017-zbraslavice-2017/results/klub/task-4-on-2017-04-21/total","Méně jak 4 platné disciplíny"]
["AZ Cup 2017 - Kombi","CZ",2017,"Zbraslavice",4,21,0.9,0.92,2.0000000000000018E-2,"14.4.-22.4.2017","http://www.azcup.cz/","https://www.soaringspot.com/cs/az-cup-2017-zbraslavice-2017/results/kombi/task-4-on-2017-04-21/total"]
["13. JPJ 2017 - Klub","CZ",2017,"Šumperk",5,39,0.6,0.63,3.0000000000000027E-2,"29.4.-7.5.2017","http://www.jpj-sumperk.cz/","https://www.soaringspot.com/cs/13-jarni-pohar-jeseniku-2017-sumperk-2017/results/klubova-trida/task-7-on-2017-05-07/total"]
["13. JPJ 2017 - Kombi","CZ",2017,"Šumperk",5,29,0.6,0.6,0,"29.4.-7.5.2017","http://www.jpj-sumperk.cz/","https://www.soaringspot.com/cs/13-jarni-pohar-jeseniku-2017-sumperk-2017/results/kombi-trida/task-7-on-2017-05-07/total"]
["Závody Šohajů 2017 - Klub","CZ",2017,"Raná",5,10,0.6,0.6,0,"20.5.-27.5.2017","http://sohaje.aeroklubrana.cz/","https://www.soaringspot.com/cs/zavody-sohaju-a-historickych-kluzaku-2017-rana-loumy-2017/results/club/task-8-on-2017-05-27/total"]
["9. WGC Women 2017 - Klub","CZ",2017,"Zbraslavice",12,23,1,1.01,1.0000000000000009E-2,"21.5.-4.6.2017","https://www.wwgc2017.cz/","https://www.soaringspot.com/cs/9th-fai-womens-world-gliding-championship-2017-zbraslavice-2017/results/club/task-12-on-2017-06-03/total"]
["9. WGC Women 2017 - Std","CZ",2017,"Zbraslavice",12,14,1,1.0249999999999999,2.4999999999999911E-2,"21.5.-4.6.2017","https://www.wwgc2017.cz/","https://www.soaringspot.com/cs/9th-fai-womens-world-gliding-championship-2017-zbraslavice-2017/results/standard/task-12-on-2017-06-03/total"]
["9. WGC Women 2017 - 18m","CZ",2017,"Zbraslavice",12,11,1,1.01,1.0000000000000009E-2,"21.5.-4.6.2017","https://www.wwgc2017.cz/","https://www.soaringspot.com/cs/9th-fai-womens-world-gliding-championship-2017-zbraslavice-2017/results/18m/task-12-on-2017-06-03/total"]
["PMČR CON 2017 - Klub","CZ",2017,"Příbram",6,25,1,1.03,3.0000000000000027E-2,"25.6.-7.7.2017","http://www.wgc2018.cz/","https://www.soaringspot.com/cs/czech-gliding-nationals-pre-worlds-2017-pribram-2017/results/club/task-10-on-2017-07-06/total"]
["PMČR CON 2017 - Kombi 15m","CZ",2017,"Příbram",7,16,1,1.0349999999999999,3.499999999999992E-2,"25.6.-7.7.2017","http://www.wgc2018.cz/","https://www.soaringspot.com/cs/czech-gliding-nationals-pre-worlds-2017-pribram-2017/results/15m-mixed/task-10-on-2017-07-06/total"]
["PMČR CON 2017 - Kombi Open","CZ",2017,"Příbram",7,23,1,1.085,8.4999999999999964E-2,"25.6.-7.7.2017","http://www.wgc2018.cz/","https://www.soaringspot.com/cs/czech-gliding-nationals-pre-worlds-2017-pribram-2017/results/open/task-10-on-2017-07-06/total"]
["FL 2017 - Kombi","CZ",2017,"Frýdlant n/Ostr.",5,16,0.6,0.6,0,"30.6.-8.7.2017","https://fl2017.akfrydlant.cz/","https://www.soaringspot.com/cs/fl-2017-adrenalin-grand-prix-frydlant-2017/results/fl/task-6-on-2017-07-06/total"]
["Adrenalin GP 2017 - Klub GP","CZ",2017,"Frýdlant n/Ostr.",6,11,0.6,0.6,0,"30.6.-8.7.2017","https://fl2017.akfrydlant.cz/","https://www.soaringspot.com/cs/fl-2017-adrenalin-grand-prix-frydlant-2017/results/agp/task-6-on-2017-07-06/total"]
["Safari 2017 - Duo Kombi","CZ",2017,"Dvůr Králové",4,10,0.6,0.6,0,"2.7.-14.7.2017","http://www.gliding.cz/souteze/2017/safari/","https://www.soaringspot.com/cs/20-safari-2017-dvur-kralove-nad-labem-2017/results/duo-blanik/task-8-on-2017-07-14/total"]
["Safari 2017 - Klub","CZ",2017,"Dvůr Králové",5,28,0.6,0.6,0,"2.7.-14.7.2017","http://www.gliding.cz/souteze/2017/safari/","https://www.soaringspot.com/cs/20-safari-2017-dvur-kralove-nad-labem-2017/results/klub/task-9-on-2017-07-14/total"]
["Safari 2017 - Kombi","CZ",2017,"Dvůr Králové",5,11,0.6,0.6,0,"2.7.-14.7.2017","http://www.gliding.cz/souteze/2017/safari/","https://www.soaringspot.com/cs/20-safari-2017-dvur-kralove-nad-labem-2017/results/volna"]
["Ranský Pohár 2017 - Klub","CZ",2017,"Raná",3,14,0,0,0,"8.7.-15.7.2017","http://pohar.aeroklubrana.cz/","https://www.soaringspot.com/cs/ransky-pohar-2017-rana-loumy-2017/results/club/task-3-on-2017-07-13/total","Méně jak 4 platné disciplíny"]
["Toužim Cup 2017 - Klub","CZ",2017,"Toužim",2,26,0,0,0,"8.7.-15.7.2017","http://www.gliding.cz/souteze/2017/tcup/","https://www.soaringspot.com/cs/tcup2017/results/klub/task-3-on-2017-07-13/total","Méně jak 4 platné disciplíny"]
["Toužim Cup 2017 - Kombi","CZ",2017,"Toužim",2,12,0,0,0,"8.7.-15.7.2017","http://www.gliding.cz/souteze/2017/tcup/","https://www.soaringspot.com/cs/tcup2017/results/kombi/task-4-on-2017-07-13/total","Méně jak 4 platné disciplíny"]
["PMČRj 2017 - Klub","CZ",2017,"Jihlava",7,31,0.9,0.90500000000000003,5.0000000000000044E-3,"9.7.-21.7.2017","http://www.gliding.cz/souteze/2017/pmcr_j/","https://www.soaringspot.com/cs/plachtarske-mistrovstvi-ceske-republiky-junioru-jihlava-2017/results/club/task-10-on-2017-07-21/total"]
["Pohár Vysočiny 2017 - Klub","CZ",2017,"Havlíčkův Brod",3,47,0,0,0,"22.7.-30.7.2017","http://www.gliding.cz/souteze/2017/ppv/","https://www.soaringspot.com/cs/plachtarsky-pohar-vysociny-2017-havlickuv-brod-2017/results/klub/task-4-on-2017-07-29/total","Méně jak 4 platné disciplíny"]
["Pohár Vysočiny 2017 - Kombi","CZ",2017,"Havlíčkův Brod",3,17,0,0,0,"22.7.-30.7.2017","http://www.gliding.cz/souteze/2017/ppv/","https://www.soaringspot.com/cs/plachtarsky-pohar-vysociny-2017-havlickuv-brod-2017/results/kombi/task-5-on-2017-07-29/total","Méně jak 4 platné disciplíny"]
["19. EGC 2017 - Klub","CZ",2017,"Moravská Třebová",6,31,1,1.075,7.4999999999999956E-2,"23.7.-4.8.2017","http://www.egc2017.cz/","https://www.soaringspot.com/cs/19th-fai-european-gliding-championships-moravska-trebova-2017/results/club/task-10-on-2017-08-03/total"]
["19. EGC 2017 - Std","CZ",2017,"Moravská Třebová",6,27,1,1.0900000000000001,9.000000000000008E-2,"23.7.-4.8.2017","http://www.egc2017.cz/","https://www.soaringspot.com/cs/19th-fai-european-gliding-championships-moravska-trebova-2017/results/standard/task-10-on-2017-08-03/total"]
["19. EGC 2017 - Duo","CZ",2017,"Moravská Třebová",6,16,1,1.01,1.0000000000000009E-2,"23.7.-4.8.2017","http://www.egc2017.cz/","https://www.soaringspot.com/cs/19th-fai-european-gliding-championships-moravska-trebova-2017/results/double-seater/task-10-on-2017-08-03/total"]
["Pohár Českého Ráje 2017 - Kombi","CZ",2017,"Jičín",4,10,0.6,0.6,0,"29.7.-5.8.2017","http://aecr.cz/ud%C3%A1lost/pohar-ceskeho-raje-2017/","https://www.soaringspot.com/cs/pohar-ceskeho-raje-2017-jicin-2017/results/combi/task-5-on-2017-08-05/total"]
["PMRg 2017 - Klub","CZ",2017,"Křižanov",7,47,0.95,0.97499999999999998,2.5000000000000022E-2,"6.8.-18.8.2017","http://lkka.cz/pmrg2017/","https://www.soaringspot.com/cs/plachtarske-mistrovstvi-regionu-krizanov-2017/results/klubova-trida/task-9-on-2017-08-18/total"]
["PMRg 2017 - Kombi","CZ",2017,"Křižanov",8,19,0.95,0.96499999999999997,{"$f":"H30-G30","v":1.5000000000000013E-2},"6.8.-18.8.2017","http://lkka.cz/pmrg2017/","https://www.soaringspot.com/cs/plachtarske-mistrovstvi-regionu-krizanov-2017/results/kombinovana-trida/task-9-on-2017-08-18/total"]
["16. HOP 2017 - Klub","CZ",2017,"Hronov",4,27,0.6,0.60499999999999998,5.0000000000000044E-3,"12.8.-19.8.2017","http://www.lkvp.cz/HOP-2017.html","https://www.soaringspot.com/cs/16-hop-2017-velke-porici-2017/results/klub-hop/task-5-on-2017-08-18/total"]
["16. HOP 2017 - Kombi","CZ",2017,"Hronov",4,13,0.6,0.6,0,"12.8.-19.8.2017","http://www.lkvp.cz/HOP-2017.html","https://www.soaringspot.com/cs/16-hop-2017-velke-porici-2017/results/kombi-ppf/task-6-on-2017-08-18/total"]
["GGP MB 2017 - Gradient GP","CZ",2017,"Mladá Boleslav",3,6,0,0,0,"26.8.-2.9.2017","http://ggp.cpska.cz/public/index3.php","https://www.soaringspot.com/cs/gradient-club-grand-prix-2017-mlada-boleslav-2017/results/gradient-gp/task-4-on-2017-08-29/total","Méně jak 4 platné disciplíny"]
["GGP MB 2017 - Klub GP","CZ",2017,"Mladá Boleslav",2,6,0,0,0,"26.8.-2.9.2017","http://ggp.cpska.cz/public/index3.php","https://www.soaringspot.com/cs/gradient-club-grand-prix-2017-mlada-boleslav-2017/results/club-gp/task-4-on-2017-08-29/total","Méně jak 4 platné disciplíny"]
["GGP MB 2017 - Pohár MV - Kombi","CZ",2017,"Mladá Boleslav",4,11,0.6,0.62,2.0000000000000018E-2,"26.8.-2.9.2017","http://ggp.cpska.cz/public/index3.php","https://www.soaringspot.com/cs/gradient-club-grand-prix-2017-mlada-boleslav-2017/results/pohar-metodeje-vlach/task-7-on-2017-09-02/total"]
["Pribina Cup 2017 - Klub","SK",2017,"Nitra",4,45,0.9,0.94000000000000006,4.0000000000000036E-2,"14.4.-22.4.2017","www.pribinacup.sk/","https://www.soaringspot.com/cs/pribina-cup-2017-nitra-2017/results/unknown/task-5-on-2017-04-21/total"]
["Pribina Cup 2017 - Kombi 15m","SK",2017,"Nitra",5,34,0.9,0.94500000000000006,4.500000000000004E-2,"14.4.-22.4.2017","www.pribinacup.sk/","https://www.soaringspot.com/cs/pribina-cup-2017-nitra-2017/results/15-meter/task-5-on-2017-04-21/total"]
["Pribina Cup 2017 - Kombi Open","SK",2017,"Nitra",4,32,0.9,0.97499999999999998,7.4999999999999956E-2,"14.4.-22.4.2017","www.pribinacup.sk/","https://www.soaringspot.com/cs/pribina-cup-2017-nitra-2017/results/open/task-5-on-2017-04-21/total"]
["Pribina Cup 2017 - Duo 20m","SK",2017,"Nitra",5,25,0.9,0.90500000000000003,5.0000000000000044E-3,"14.4.-22.4.2017","www.pribinacup.sk/","https://www.soaringspot.com/cs/pribina-cup-2017-nitra-2017/results/20m-double-seater/task-5-on-2017-04-21/total"]
["FCC 2017 - Klub","SK",2017,"Prievidza",4,43,0.9,0.93500000000000005,3.5000000000000031E-2,"23.4.-4.5.2017","http://www.fccgliding.sk/","https://www.soaringspot.com/cs/fcc-gliding-2017-prievidza-2017/results/club/task-6-on-2017-05-01/total"]
["FCC 2017 - Kombi 15m","SK",2017,"Prievidza",4,32,0.9,0.93,3.0000000000000027E-2,"23.4.-4.5.2017","http://www.fccgliding.sk/","https://www.soaringspot.com/cs/fcc-gliding-2017-prievidza-2017/results/15-m/task-6-on-2017-05-01/total"]
["FCC 2017 - Kombi Open","SK",2017,"Prievidza",4,23,0.9,0.97,6.9999999999999951E-2,"23.4.-4.5.2017","http://www.fccgliding.sk/","https://www.soaringspot.com/cs/fcc-gliding-2017-prievidza-2017/results/combi/task-6-on-2017-05-01/total"]
["PMSR 2017 - Klub","SK",2017,"Partizánske",9,33,0.9,0.91500000000000004,1.5000000000000013E-2,"2.7.-16.7.2017","http://www.pmsr.sk/index.php?str=uvod&detail=86&od=0&language=sk&rocnik=2017","https://www.soaringspot.com/cs/pmsr-2017-a-memorial-a-makarenka-male-bielice1-2017/results/klub/task-11-on-2017-07-15/total"]
["PMSR 2017 - Kombi","SK",2017,"Partizánske",10,16,0.9,0.90500000000000003,5.0000000000000044E-3,"2.7.-16.7.2017","http://www.pmsr.sk/index.php?str=uvod&detail=86&od=0&language=sk&rocnik=2017","https://www.soaringspot.com/cs/pmsr-2017-a-memorial-a-makarenka-male-bielice1-2017/results/kombi/task-11-on-2017-07-15/total"]
["SGP 2017 SK - 18m GP","SK",2017,"Partizánske",7,15,0.9,0.93500000000000005,3.5000000000000031E-2,"27.7.-5.8.2017","http://www.sgp.aero/slovakia2017.aspx","https://www.soaringspot.com/cs/slovakia-sgp-male-bielice-2017/results/18-meter/task-7-on-2017-08-04/total"]
["Oldtimer Pribina Star 2017 - Klub","SK",2017,"Nitra",5,14,0.6,0.6,0,"12.8.-19.8.2017","http://www.airportnitra.sk/sk/oldtimer-pribina-star.html","https://www.soaringspot.com/cs/oldtimerpribina-star-2017-nitra-2017/results/veteran/task-5-on-2017-08-18/total"]
["25. Alpe Adria Cup - Kombi","AT",2017,"Feldkirchen",6,29,0.6,0.61499999999999999,1.5000000000000013E-2,"20.5.-27.5.2017","https://www.soaringspot.com/cs/aac2017/results/offene-klasse/task-6-on-2017-05-27/total","https://www.soaringspot.com/cs/aac2017/results/offene-klasse/task-6-on-2017-05-27/total"]
["TAL 2017 - Kombi","AT",2017,"Dobersberg",4,13,0.6,0.6,0,"5.8.-12.8.2017","https://www.soaringspot.com/cs/dobersberg-tal-2017/results/allgemeine-klasse/task-4-on-2017-08-12/total","https://www.soaringspot.com/cs/dobersberg-tal-2017/results/allgemeine-klasse/task-4-on-2017-08-12/total"]
["10. WGC Juniors 2017 - Klub","LT",2017,"Pociunai",7,38,1,1.01,1.0000000000000009E-2,"30.7.-12.8.2017","http://jwgc2017.pociunai.lt/","https://www.soaringspot.com/en_gb/jwgc2017/results/club/task-8-on-2017-08-12/total"]
["10. WGC Juniors 2017 - Std","LT",2017,"Pociunai",8,32,1,1.02,2.0000000000000018E-2,"30.7.-12.8.2017","http://jwgc2017.pociunai.lt/","https://www.soaringspot.com/en_gb/jwgc2017/results/standard/task-8-on-2017-08-12/total"]
["19. EGC 2017 - 15m","UK",2017,"Lasham",9,16,1,1.0649999999999999,6.4999999999999947E-2,"10.8.-26.8.2017","http://www.egc2017.co.uk/","http://www.egc2017.co.uk/overall15m"]
["19. EGC 2017 - 18m","UK",2017,"Lasham",10,25,1,1.095,9.4999999999999973E-2,"10.8.-26.8.2017","http://www.egc2017.co.uk/","http://www.egc2017.co.uk/overall18m"]
["19. EGC 2017 - Open","UK",2017,"Lasham",10,18,1,1.0900000000000001,9.000000000000008E-2,"10.8.-26.8.2017","http://www.egc2017.co.uk/","http://www.egc2017.co.uk/overallOpen"]
["Zařazené soutěže 2018:"]
["AZ Cup 2018 - Klub","CZ",2018,"Zbraslavice",8,40,0.9,0.92500000000000004,{"$f":"H55-G55","v":2.5000000000000022E-2},"28.4.-7.5.2018","http://www.azcup.cz/","https://www.soaringspot.com/cs/az-cup-2018-zbraslavice-2018/results/klub"]
["AZ Cup 2018 - Kombi","CZ",2018,"Zbraslavice",9,29,0.9,0.95,4.9999999999999933E-2,"28.4.-7.5.2018","http://www.azcup.cz/","https://www.soaringspot.com/cs/az-cup-2018-zbraslavice-2018/results/kombi"]
["14. JPJ 2018 - Klub","CZ",2018,"Šumperk",2,44,0,{"$f":"G57","v":0},0,"28.4.-7.5.2018","http://www.jpj-sumperk.cz/","https://www.soaringspot.com/cs/14-jarni-pohar-jeseniku-2018-sumperk-2018/results/klubova-trida","Méně jak 4 platné disciplíny"]
["14. JPJ 2018 - Kombi","CZ",2018,"Šumperk",2,24,0,{"$f":"G58","v":0},0,"28.4.-7.5.2018","http://www.jpj-sumperk.cz/","https://www.soaringspot.com/cs/14-jarni-pohar-jeseniku-2018-sumperk-2018/results/kombi-trida","Méně jak 4 platné disciplíny"]
["PMČR 2018 - Klub","CZ",2018,"Tábor",10,29,1,1.0549999999999999,5.4999999999999938E-2,"27.5.-9.6.2018","http://www.gliding.cz/souteze/2018/pmcr/","https://www.soaringspot.com/cs/plachtarske-mistrovstvi-cr-2018-tabor-2018/results/klub"]
["PMČR 2018 - Kombi 15m","CZ",2018,"Tábor",9,17,1,1.0549999999999999,5.4999999999999938E-2,"27.5.-9.6.2018","http://www.gliding.cz/souteze/2018/pmcr/","https://www.soaringspot.com/cs/plachtarske-mistrovstvi-cr-2018-tabor-2018/results/kombi-15"]
["PMČR 2018 - Kombi Open","CZ",2018,"Tábor",9,14,1,1.0249999999999999,2.4999999999999911E-2,"27.5.-9.6.2018","http://www.gliding.cz/souteze/2018/pmcr/","https://www.soaringspot.com/cs/plachtarske-mistrovstvi-cr-2018-tabor-2018/results/kombi-open"]
["FL 2018 - Kombi","CZ",2018,"Frýdlant n/Ostr.",6,15,0.6,{"$f":"G62","v":0.6},0,"29.6.-7.7.2018","https://fl2018.akfrydlant.cz/","https://www.soaringspot.com/cs/fl-2018-adrenalin-grand-prix-frydlant-2018/results/fl"]
["Adrenalin GP 2018 - Klub GP","CZ",2018,"Frýdlant n/Ostr.",7,12,0.6,0.60499999999999998,5.0000000000000044E-3,"29.6.-7.7.2018","https://fl2018.akfrydlant.cz/","https://www.soaringspot.com/cs/fl-2018-adrenalin-grand-prix-frydlant-2018/results/agp"]
["Safari 2018 - Duo Kombi","CZ",2018,"Dvůr Králové",6,11,0.6,0.6,0,"30.6.-13.7.2018","http://www.gliding.cz/souteze/2018/safari/","https://www.soaringspot.com/cs/21-safari-pohar-dvur-kralove-nad-labem-2018/results/duo-blanik"]
["Safari 2018 - Klub","CZ",2018,"Dvůr Králové",8,29,0.6,0.6,0,"30.6.-13.7.2018","http://www.gliding.cz/souteze/2018/safari/","https://www.soaringspot.com/cs/21-safari-pohar-dvur-kralove-nad-labem-2018/results/klub"]
["Safari 2018 - Kombi","CZ",2018,"Dvůr Králové",8,11,0.6,0.6,0,"30.6.-13.7.2018","http://www.gliding.cz/souteze/2018/safari/","https://www.soaringspot.com/cs/21-safari-pohar-dvur-kralove-nad-labem-2018/results/volna"]
["Toužim Cup 2018 - Klub","CZ",2018,"Toužim",5,29,0.9,0.90500000000000003,5.0000000000000044E-3,"14.7.-21.7.2018","http://www.gliding.cz/souteze/2018/tcup/","https://www.soaringspot.com/cs/touzim-cup-2018-touzim-2018/results/klub"]
["Toužim Cup 2018 - Kombi","CZ",2018,"Toužim",5,19,0.9,0.90500000000000003,5.0000000000000044E-3,"14.7.-21.7.2018","http://www.gliding.cz/souteze/2018/tcup/","https://www.soaringspot.com/cs/touzim-cup-2018-touzim-2018/results/kombi"]
["PMČRj 2018 - Klub","CZ",2018,"Raná",10,30,0.9,0.90500000000000003,5.0000000000000044E-3,"15.7.-27.7.2018","http://www.gliding.cz/souteze/2018/pmcr_j/","https://www.soaringspot.com/cs/plachtarske-mistrovstvi-cr-junioru-2018-rana-loumy-2018/results/club"]
["Ranský Pohár 2018 - Kombi","CZ",2018,"Raná",6,19,0.6,{"$f":"G70","v":0.6},0,"21.7.-28.7.2018","http://pohar.aeroklubrana.cz/","https://www.soaringspot.com/cs/ransky-pohar-2018-rana-loumy-2018/results/combi"]
["PPV 2018 - Klub","CZ",2018,"Havlíčkův Brod",6,44,0.9,{"$f":"G71","v":0.9},0,"21.7.-28.7.2018","http://www.gliding.cz/souteze/2018/ppv/","https://www.soaringspot.com/cs/plachtarsky-pohar-vysociny-2018-havlickuv-brod-2018/results/klubova-trida"]
["PPV 2018 - Kombi","CZ",2018,"Havlíčkův Brod",6,17,0.9,0.9,0,"21.7.-28.7.2018","http://www.gliding.cz/souteze/2018/ppv/","https://www.soaringspot.com/cs/plachtarsky-pohar-vysociny-2018-havlickuv-brod-2018/results/kombinovana-trida"]
["Pohár Českého Ráje 2018 - Kombi","CZ",2018,"Jičín",8,10,0.6,{"$f":"G73","v":0.6},0,"28.7.-4.8.2018",null,"https://www.soaringspot.com/cs/pohar-ceskeho-raje-2018-jicin-2018/results/unknown"]
["PMRg 2018 - Klub","CZ",2018,"Hodkovice",10,36,0.95,0.96499999999999997,1.5000000000000013E-2,"29.7.-11.8.2018","http://www.gliding.cz/souteze/2018/pmrg/","https://www.soaringspot.com/cs/mistrovstvi-ceske-republiky-regionu-hodkovice-nad-mohelkou-2018/results/klub"]
["PMRg 2018 - Kombi","CZ",2018,"Hodkovice",10,17,0.95,0.97,2.0000000000000018E-2,"29.7.-11.8.2018","http://www.gliding.cz/souteze/2018/pmrg/","https://www.soaringspot.com/cs/mistrovstvi-ceske-republiky-regionu-hodkovice-nad-mohelkou-2018/results/kombi-open"]
["35. WGC 2018 - Std","PL",2018,"Ostrow Wielkopolski",7,47,1,1.105,0.10499999999999998,"8.7.-21.7.2018","https://ostrowglide.com/en/","https://www.soaringspot.com/cs/wgc2018pl/results/standard"]
["35. WGC 2018 - 15m","PL",2018,"Ostrow Wielkopolski",7,37,1,1.085,8.4999999999999964E-2,"8.7.-21.7.2018","https://ostrowglide.com/en/","https://www.soaringspot.com/cs/wgc2018pl/results/15-meter"]
["35. WGC 2018 - Klub","PL",2018,"Ostrow Wielkopolski",7,48,1,1.0900000000000001,9.000000000000008E-2,"8.7.-21.7.2018","https://ostrowglide.com/en/","https://www.soaringspot.com/cs/wgc2018pl/results/club"]
["35. WGC 2018 - 18m","CZ",2018,"Hosím",12,45,1,1.105,0.10499999999999998,"28.7.-11.8.2018","http://www.wgc2018.cz/","https://www.soaringspot.com/cs/35th-world-gliding-championships-hosin-2018/results/18-meter"]
["35. WGC 2018 - Open","CZ",2018,"Hosím",12,31,1,1.095,9.4999999999999973E-2,"28.7.-11.8.2018","http://www.wgc2018.cz/","https://www.soaringspot.com/cs/35th-world-gliding-championships-hosin-2018/results/open"]
["35. WGC 2018 - Duo 20m","CZ",2018,"Hosím",12,18,1,1.07,7.0000000000000062E-2,"28.7.-11.8.2018","http://www.wgc2018.cz/","https://www.soaringspot.com/cs/35th-world-gliding-championships-hosin-2018/results/double-seater"]
["17. HOP 2018 - Klub","CZ",2018,"Hronov",6,26,0.6,{"$f":"G82","v":0.6},0,"11.8.-18.8.2018","http://www.lkvp.cz/HOP-2018.html","https://www.soaringspot.com/cs/17-hop-2018-velke-porici-2018/results/klub-hop"]
["17. HOP 2018 - Kombi","CZ",2018,"Hronov",6,15,0.6,0.6,0,"11.8.-18.8.2018","http://www.lkvp.cz/HOP-2018.html","https://www.soaringspot.com/cs/17-hop-2018-velke-porici-2018/results/kombi-ppf"]
["GGP MB 2018 - Gradient GP","CZ",2018,"Mladá Boleslav",6,11,0.6,{"$f":"G84","v":0.6},0,"18.8.-25.8.2018","http://ggp.cpska.cz/public/index3.php","https://www.soaringspot.com/cs/gradient-club-grand-prix-2018-mlada-boleslav-2018/results/gradient-gp"]
["GGP MB 2018 - Klub GP","CZ",2018,"Mladá Boleslav",6,10,0.6,0.61,1.0000000000000009E-2,"18.8.-25.8.2018","http://ggp.cpska.cz/public/index3.php","https://www.soaringspot.com/cs/gradient-club-grand-prix-2018-mlada-boleslav-2018/results/club-gp"]
["GGP MB 2018 - Pohár MV - Kombi","CZ",2018,"Mladá Boleslav",6,11,0.6,0.61,1.0000000000000009E-2,"18.8.-25.8.2018","http://ggp.cpska.cz/public/index3.php","https://www.soaringspot.com/cs/gradient-club-grand-prix-2018-mlada-boleslav-2018/results/pohar-metodeje-vlach"]
["Fatraglide 2018 - Kombi","SK",2018,"Martin",9,14,0.6,0.6,0,"28.4.-7.5.2018","http://www.fatraglide.sk/","https://www.soaringspot.com/en_gb/fatraglide18-martin-2018/results/combi"]
["Hahnweide 2018 - Duo 20m","DE",2018,"Kirchheim/Teck",6,32,0.6,0.65,5.0000000000000044E-2,"4.5.-12.5.2018","http://www.wettbewerb.wolf-hirth.de/","https://www.soaringspot.com/de/52-internationaler-hahnweide-wettbewerb-hahnweide-2018/results/dosi"]
["Flatland Cup 2018 - Klub","HU",2018,"Szeged",7,35,0.9,0.90500000000000003,5.0000000000000044E-3,"3.8.-11.8.2018","http://flatlandcup.hu/2018/hu/","https://www.soaringspot.com/cs/xi-flatland-cup-szeged-2018/results/fai-club"]
["Flatland Cup 2018 - Kombi","HU",2018,"Szeged",9,25,0.9,0.90500000000000003,5.0000000000000044E-3,"3.8.-11.8.2018","http://flatlandcup.hu/2018/hu/","https://www.soaringspot.com/cs/xi-flatland-cup-szeged-2018/results/open"]
["FCC 2018 - Klub","SK",2018,"Prievidza",8,47,0.9,0.94,3.9999999999999925E-2,"8.4.-19.4.2018","http://www.fccgliding.sk/","https://www.soaringspot.com/cs/fcc-gliding-2018-prievidza-2018/results/club"]
["FCC 2018 - Kombi 15m","SK",2018,"Prievidza",7,33,0.9,0.98,7.999999999999996E-2,"8.4.-19.4.2018","http://www.fccgliding.sk/","https://www.soaringspot.com/cs/fcc-gliding-2018-prievidza-2018/results/15-m"]
["FCC 2018 - Kombi Open","SK",2018,"Prievidza",8,25,0.9,0.96,5.9999999999999942E-2,"8.4.-19.4.2018","http://www.fccgliding.sk/","https://www.soaringspot.com/cs/fcc-gliding-2018-prievidza-2018/results/combi"]
["Šariš Cup 2018 - Klub","SK",2018,"Ražňany",6,19,0.6,{"$f":"G94","v":0.6},0,"26.5.-3.6.2018",null,"https://www.soaringspot.com/cs/sariscup-gliding-2018-raznany-2018/results/club"]
["PMSR 2018 - Kombi","SK",2018,"Prievidza",9,20,0.9,0.91,1.0000000000000009E-2,"10.6.-22.6.2018",null,"https://www.soaringspot.com/cs/61-majstrovstva-slovenska-v-bezmotorovom-lietani-prievidza-2018/results/volna-trieda"]
["SGP 2018 RU - Klub GP","RU",2018,"Usman",3,17,0,0,0,"19.5.-26.5.2018","http://sgp.aero/russia2018/event-information/event-schedule.aspx?contestID=31481","http://sgp.aero/russia2018/results-sgp/results.aspx?contestID=31527","Méně jak 4 platné disciplíny"]
["8. WSGP Final 2018 - 18m GP","CL",2018,"Vitacura",6,19,1,1.0549999999999999,5.4999999999999938E-2,"11.1.-20.1.2018","http://sgp.aero/finals2017.aspx","http://sgp.aero/finals2017/results-sgp/results.aspx?contestID=28606"]
["38. MAM 2018 - Kombi","SK",2018,"Partizánske",10,9,0,0,0,"1.7.-15.7.2018",null,"https://www.soaringspot.com/cs/38-memorial-alexandra-makarenka-2018-male-bielice-2018/results/kombi-treida","Méně jak 10 soutěžících pilotů"]
["Pribina Cup 2018 - Klub","SK",2018,"Nitra",2,34,0,{"$f":"G99","v":0},0,"30.3.-7.4.2018","www.pribinacup.sk/","https://www.soaringspot.com/cs/pribina-cup-2018-nitra-2018/results/club","Méně jak 4 platné disciplíny"]
["Pribina Cup 2018 - Kombi 15m","SK",2018,"Nitra",2,26,0,{"$f":"G100","v":0},0,"30.3.-7.4.2018","www.pribinacup.sk/","https://www.soaringspot.com/cs/pribina-cup-2018-nitra-2018/results/15-meter","Méně jak 4 platné disciplíny"]
["Pribina Cup 2018 - Kombi Open","SK",2018,"Nitra",2,18,0,{"$f":"G101","v":0},0,"30.3.-7.4.2018","www.pribinacup.sk/","https://www.soaringspot.com/cs/pribina-cup-2018-nitra-2018/results/open","Méně jak 4 platné disciplíny"]
["Pribina Cup 2018 - Duo 20m","SK",2018,"Nitra",2,13,0,{"$f":"G102","v":0},0,"30.3.-7.4.2018","www.pribinacup.sk/","https://www.soaringspot.com/cs/pribina-cup-2018-nitra-2018/results/20m-multi-seat","Méně jak 4 platné disciplíny"]
["Zařazené soutěže 2019:"]
["AZ Cup 2019 - Klub","CZ",2019,"Zbraslavice",6,37,0.9,0.90500000000000003,5.0000000000000044E-3,"1.5.-11.5.19",null,"https://www.soaringspot.com/cs/az-cup-2019-zbraslavice-2019/results/klubova-trida"]
["AZ Cup 2019 - Kombi","CZ",2019,"Zbraslavice",6,30,0.9,0.92500000000000004,2.5000000000000022E-2,"1.5.-11.5.19",null,"https://www.soaringspot.com/cs/az-cup-2019-zbraslavice-2019/results/kombinovana-trida"]
["15. JPJ 2019 - Klub","CZ",2019,"Šumperk",4,36,0.9,0.9,0,"1.5.-11.5.19",null,"https://www.soaringspot.com/cs/jpj2019/results/klubova-trida"]
["15. JPJ 2019 - Kombi","CZ",2019,"Šumperk",5,28,0.9,0.9,0,"1.5.-11.5.19",null,"https://www.soaringspot.com/cs/jpj2019/results/kombi-trida"]
["GGP MB 2019 - Klub GP","CZ",2019,"Mladá Boleslav",6,9,0,0,0,"29.6.-6.7.19",null,"https://www.soaringspot.com/cs/gradient-club-grand-prix-2019-mlada-boleslav-2019/results/club-gp","Méně jak 10 soutěžících ve třídě"]
["GGP MB 2019 - Pohár MV - Kombi","CZ",2019,"Mladá Boleslav",6,6,0,0,0,"29.6.-6.7.19",null,"https://www.soaringspot.com/cs/gradient-club-grand-prix-2019-mlada-boleslav-2019/results/pohar-metodeje-vlach","Méně jak 10 soutěžících ve třídě"]
["FL 2019 - Kombi","CZ",2019,"Frýdlant n/Ostr.",7,14,0.6,0.6,0,"28.6.-6.7.19",null,"https://www.soaringspot.com/cs/fl-2019-adrenalin-grand-prix-frydlant-2019/results/fl"]
["Adrenalin GP 2019 - Klub GP","CZ",2019,"Frýdlant n/Ostr.",7,12,0.9,0.9,0,"28.6.-6.7.19",null,"https://www.soaringspot.com/cs/fl-2019-adrenalin-grand-prix-frydlant-2019/results/unknown"]
["PMČRj 2019 - Klub","CZ",2019,"Jaroměř",7,31,0.9,0.91,1.0000000000000009E-2,"30.6.-12.7.19",null,"https://www.soaringspot.com/cs/plachtarske-mistrovstvi-cr-junioru-a-akademiku-2019-jaromer-2019/results/club"]
["Safari 2019 - Duo Kombi","CZ",2019,"Dvůr Králové",7,15,0.6,0.60499999999999998,5.0000000000000044E-3,"29.6.-13.7.19",null,"https://www.soaringspot.com/cs/safari-cup-2019-dvur-kralove-nad-labem-2019/results/double-seater"]
["Safari 2019 - Klub","CZ",2019,"Dvůr Králové",7,28,0.6,0.6,0,"29.6.-13.7.19",null,"https://www.soaringspot.com/cs/safari-cup-2019-dvur-kralove-nad-labem-2019/results/klub"]
["Safari 2019 - Kombi","CZ",2019,"Dvůr Králové",7,11,0.6,0.60499999999999998,5.0000000000000044E-3,"29.6.-13.7.19",null,"https://www.soaringspot.com/cs/safari-cup-2019-dvur-kralove-nad-labem-2019/results/volna"]
["PPV 2019 - Klub","CZ",2019,"Havlíčkův Brod",4,47,0.9,0.9,0,"13.7.-20.7.19",null,"https://www.soaringspot.com/cs/plachtarsky-pohar-vysociny-2019-havlickuv-brod-2019/results/klubova-trida"]
["PPV 2019 - Kombi","CZ",2019,"Havlíčkův Brod",4,19,0.9,0.90500000000000003,5.0000000000000044E-3,"13.7.-20.7.19",null,"https://www.soaringspot.com/cs/plachtarsky-pohar-vysociny-2019-havlickuv-brod-2019/results/kombinovana-trida"]
["Toužim Cup 2019 - Klub","CZ",2019,"Toužim",5,31,0.9,0.90500000000000003,5.0000000000000044E-3,"23.7.-21.7.19",null,"https://www.soaringspot.com/cs/touzim-cup-2019-touzim1-2019/results/club"]
["Toužim Cup 2019 - Kombi","CZ",2019,"Toužim",5,22,0.9,0.9,{"$f":"H119-G119","v":0},"23.7.-21.7.19",null,"https://www.soaringspot.com/cs/touzim-cup-2019-touzim1-2019/results/kombi"]
["PMRg 2019 - Klub","CZ",2019,"Vysoké Mýto",8,24,0.95,0.96499999999999997,1.5000000000000013E-2,"21.7.-3.8.19",null,"https://www.soaringspot.com/cs/plachtarske-mistrovstvi-regionu-2019-vysoke-myto-2019/results/klubova-trida"]
["PMRg 2019 - Kombi","CZ",2019,"Vysoké Mýto",8,13,0.95,0.96499999999999997,1.5000000000000013E-2,"21.7.-3.8.19",null,"https://www.soaringspot.com/cs/plachtarske-mistrovstvi-regionu-2019-vysoke-myto-2019/results/kombinovana-trida"]
["Pohár Českého Ráje 2019 - Kombi","CZ",2019,"Jičín",3,12,0,0,0,"27.7.-3.8.19",null,"https://www.soaringspot.com/cs/pohar-ceskeho-raje-2019-jicin-2019/results/unknown","Méně jak 4 platné disciplíny"]
["Ranský Pohár 2019 - Kombi","CZ",2019,"Raná",3,16,0,0,0,"27.7.-4.8.19",null,"https://www.soaringspot.com/cs/ransky-pohar-2019-rana-loumy-2019/results/club","Méně jak 4 platné disciplíny"]
["18. HOP 2019 - Klub","CZ",2019,"Hronov",2,27,0,0,0,"10.8.-17.8.19",null,"https://www.soaringspot.com/cs/18-hop-2019-velke-porici-2019/results/klub-hop","Méně jak 4 platné disciplíny"]
["18. HOP 2019 - Kombi","CZ",2019,"Hronov",5,16,0.6,0.6,0,"10.8.-17.8.19",null,"https://www.soaringspot.com/cs/18-hop-2019-velke-porici-2019/results/kombi-ppf"]
["PMCŘ 2019 - Klub","CZ",2019,"Moravská Třebová",7,28,1,1.05,5.0000000000000044E-2,"12.8.-24.8.19",null,"https://www.soaringspot.com/cs/plachtarske-mistrovstvi-cr-2019-moravska-trebova-2019/results/15-meter"]
["PMCŘ 2019 - Kombi 15m","CZ",2019,"Moravská Třebová",6,13,1,1.06,{"$f":"H127-G127","v":6.0000000000000053E-2},"12.8.-24.8.19",null,"https://www.soaringspot.com/cs/plachtarske-mistrovstvi-cr-2019-moravska-trebova-2019/results/kombi-15m"]
["PMCŘ 2019 - Kombi Open","CZ",2019,"Moravská Třebová",7,13,1,1.0149999999999999,1.4999999999999902E-2,"12.8.-24.8.19",null,"https://www.soaringspot.com/cs/plachtarske-mistrovstvi-cr-2019-moravska-trebova-2019/results/kombi-open"]
["Zbraslavický bludišťák 2019 - Kombi","CZ",2019,"Zbraslavice",2,19,0,0,0,"31.8.-15.9.19",null,"https://www.soaringspot.com/cs/zbraslavicky-bludistak-zbraslavice-2019/results/otevrena-trida","Méně jak 4 platné disciplíny"]
["Pribina Cup 2019 - Klub","SK",2019,"Nitra",4,43,0.9,0.94500000000000006,4.500000000000004E-2,"19.4.-27.4.19",null,"https://www.soaringspot.com/cs/pribina-cup-2019-nitra-2019/results/club"]
["Pribina Cup 2019 - Kombi 15m","SK",2019,"Nitra",5,37,0.9,0.94500000000000006,4.500000000000004E-2,"19.4.-27.4.19",null,"https://www.soaringspot.com/cs/pribina-cup-2019-nitra-2019/results/15m"]
["Pribina Cup 2019 - Kombi Open","SK",2019,"Nitra",4,36,0.9,0.96500000000000008,6.5000000000000058E-2,"19.4.-27.4.19",null,"https://www.soaringspot.com/cs/pribina-cup-2019-nitra-2019/results/open"]
["Pribina Cup 2019 - Duo 20m","SK",2019,"Nitra",5,13,0.9,0.91500000000000004,1.5000000000000013E-2,"19.4.-27.4.19",null,"https://www.soaringspot.com/cs/pribina-cup-2019-nitra-2019/results/20m-double-seater"]
["FCC 2019 - Klub","SK",2019,"Prievidza",4,39,0.9,0.96500000000000008,6.5000000000000058E-2,"28.4.-9.5.19",null,"https://www.soaringspot.com/cs/fcc-gliding-2019-prievidza-2019/results/club"]
["FCC 2019 - Kombi 15m","SK",2019,"Prievidza",4,38,0.9,0.98,7.999999999999996E-2,"28.4.-9.5.19",null,"https://www.soaringspot.com/cs/fcc-gliding-2019-prievidza-2019/results/15-m"]
["FCC 2019 - Kombi Open","SK",2019,"Prievidza",4,27,0.9,0.93500000000000005,3.5000000000000031E-2,"28.4.-9.5.19",null,"https://www.soaringspot.com/cs/fcc-gliding-2019-prievidza-2019/results/combi"]
["Šariš Cup 2019 - Klub","SK",2019,"Ražňany",4,14,0.6,0.6,0,"1.6.-9.6.19",null,"https://www.soaringspot.com/cs/sariscup2019/results/club"]
["Šariš Cup 2019 - Kombi","SK",2019,"Ražňany",5,6,0,0,{"$f":"H138-G138","v":0},"1.6.-9.6.19",null,"https://www.soaringspot.com/cs/sariscup2019/results/combi","Méně jak 10 soutěžících ve třídě"]
["PMSR 2019 - Klub","SK",2019,"Martin",7,24,0.9,0.90500000000000003,5.0000000000000044E-3,"16.6.-28.6.19",null,"https://www.soaringspot.com/cs/62-majstrovstva-sr-vbezmotorovom-lietani-2019-martin-2019/results/klubova-trieda"]
["PMSR 2019 - Kombi 15m","SK",2019,"Martin",7,10,0.9,0.91500000000000004,{"$f":"H140-G140","v":1.5000000000000013E-2},"16.6.-28.6.19",null,"https://www.soaringspot.com/cs/62-majstrovstva-sr-vbezmotorovom-lietani-2019-martin-2019/results/15m-standard-trieda"]
["PMSR 2019 - Kombi Open","SK",2019,"Martin",7,14,0.9,0.90500000000000003,{"$f":"H141-G141","v":5.0000000000000044E-3},"16.6.-28.6.19",null,"https://www.soaringspot.com/cs/62-majstrovstva-sr-vbezmotorovom-lietani-2019-martin-2019/results/kombinovana-trieda"]
["39. MAM 2019 - Klub","SK",2019,"Partizánske",9,34,0.6,0.6,0,"30.6.-11.7.19",null,"https://www.soaringspot.com/cs/39-memorial-alexandra-makarenka-2019-male-bielice-2019/results/klubova-trieda"]
["39. MAM 2019 - Kombi","SK",2019,"Partizánske",9,10,0.6,0.6,{"$f":"H143-G143","v":0},"30.6.-11.7.19",null,"https://www.soaringspot.com/cs/39-memorial-alexandra-makarenka-2019-male-bielice-2019/results/kombinovana-treida"]
["20th EGC - Std","SK",2019,"Prievidza",12,29,1,1.075,7.4999999999999956E-2,"7.7.-20.7.19",null,"https://www.soaringspot.com/cs/20th-fai-european-gliding-championship-2019-prievidza-2019/results/standard"]
["20th EGC - Klub","SK",2019,"Prievidza",12,31,1,1.075,{"$f":"H145-G145","v":7.4999999999999956E-2},"7.7.-20.7.19",null,"https://www.soaringspot.com/cs/20th-fai-european-gliding-championship-2019-prievidza-2019/results/club"]
["20th EGC - 15m","SK",2019,"Prievidza",12,22,1,1.075,{"$f":"H146-G146","v":7.4999999999999956E-2},"7.7.-20.7.19",null,"https://www.soaringspot.com/cs/20th-fai-european-gliding-championship-2019-prievidza-2019/results/15m"]
["Top Gun 2019 - Kombi","SK",2019,"Prievidza",3,10,0,0,0,"10.8.-17.8.19",null,"https://www.soaringspot.com/cs/top-gun-prievidza-2019-prievidza-2019/results/top-gun","Méně jak 4 platné disciplíny"]
["20th EGC - Open","PL",2019,"Stalowa Wola-Turbia",5,17,1,1.0549999999999999,5.4999999999999938E-2,"11.5.-25.5.19","https://egc2019.pl/","https://www.soaringspot.com/en_gb/egc019/results/open"]
["20th EGC - 18m","PL",2019,"Stalowa Wola-Turbia",5,28,1,1.085,{"$f":"H149-G149","v":8.4999999999999964E-2},"11.5.-25.5.19","https://egc2019.pl/","https://www.soaringspot.com/en_gb/egc019/results/18m"]
["20th EGC - Duo 20m","PL",2019,"Stalowa Wola-Turbia",5,14,1,1.06,{"$f":"H150-G150","v":6.0000000000000053E-2},"11.5.-25.5.19","https://egc2019.pl/","https://www.soaringspot.com/en_gb/egc019/results/20m-multi-seat"]
["27. Alpe Adria Cup - Klub","AT",2019,"Feldkirchen",3,20,0,0,0,"25.5.-1.6.19",null,"https://www.soaringspot.com/cs/aac2019/results/106er-klasse","Méně jak 4 platné disciplíny"]
["27. Alpe Adria Cup - Kombi","AT",2019,"Feldkirchen",3,23,0,0,{"$f":"H152-G152","v":0},"25.5.-1.6.19",null,"https://www.soaringspot.com/cs/aac2019/results/offene-klasse","Méně jak 4 platné disciplíny"]
["OSS 2019 - Klub","AT",2019,"Dobersberg",4,16,0.9,0.90500000000000003,5.0000000000000044E-3,"3.8.-10.8.19",null,"https://www.soaringspot.com/cs/ssm2019/results/club"]
["OSS 2019 - 18m","AT",2019,"Dobersberg",4,19,0.9,0.91500000000000004,{"$f":"H154-G154","v":1.5000000000000013E-2},"3.8.-10.8.19",null,"https://www.soaringspot.com/cs/ssm2019/results/18-meter"]
["OSS 2019 - Open","AT",2019,"Dobersberg",4,8,0,0,{"$f":"H155-G155","v":0},"3.8.-10.8.19",null,"https://www.soaringspot.com/cs/ssm2019/results/open","Méně jak 10 soutěžících ve třídě"]
["OSS 2019 - Kombi","AT",2019,"Dobersberg",4,11,0.9,0.9,0,"3.8.-10.8.19",null,"https://www.soaringspot.com/cs/ssm2019/results/mixed"]
["11. WGC Juniors 2019 - Klub","HU",2019,"Szeged",11,44,1,1.0149999999999999,1.4999999999999902E-2,"28.7.-10.8.19",null,"https://www.soaringspot.com/cs/11th-fai-junior-world-gliding-championships-szeged-2019/results/club"]
["11. WGC Juniors 2019 - Std","HU",2019,"Szeged",10,36,1,1.04,4.0000000000000036E-2,"28.7.-10.8.19",null,"https://www.soaringspot.com/cs/11th-fai-junior-world-gliding-championships-szeged-2019/results/standard"]
["SGP 2019 BH - 18m GP","BH",2019,"Livno",6,15,0.9,0.91500000000000004,{"$f":"H159-G159","v":1.5000000000000013E-2},"27.7.-3.8.19",null,"http://www.sgp.aero/bosnia2018/results-sgp/results.aspx?contestID=32417"]
["9. WSGP Final 2019 - 18m GP","SP",2019,"La Cerdanya",6,19,1,1.07,7.0000000000000062E-2,"1.6.-8.6.19",null,"http://www.sgp.aero/finals2019/results-sgp/results.aspx"]
[]
[]
["Schváleno Plachtařskou komisí AeČR dne 10.11.2019 ve Vysokém Mýtě"]

{"sheet":"Region","index":2,"n_rows":116,"n_cols":4,"rows_kept":116,"cut":false,"hidden":false,"merged":[]}
["Aeroklub","Region","Počet",{"$f":"C70+C37+C2","v":89}]
["Benešov","CZ/C1",{"$f":"COUNTIF(B2:B35,B2)","v":34}]
["Beroun","CZ/C1"]
["Bystřice u Benešova","CZ/C1"]
["Erpužice","CZ/C1"]
["GAC Benešov","CZ/C1"]
["Hořovice","CZ/C1"]
["Hosín","CZ/C1"]
["Jindřichův Hradec","CZ/C1"]
["Karlovy Vary","CZ/C1"]
["Karlštejn","CZ/C1"]
["Kladno","CZ/C1"]
["Klatovy","CZ/C1"]
["Kolín","CZ/C1"]
["Kralupy","CZ/C1"]
["Letkov","CZ/C1"]
["Letňany","CZ/C1"]
["Mladá Boleslav","CZ/C1"]
["Nesvačily","CZ/C1"]
["Panenský Týnec","CZ/C1"]
["Plasy","CZ/C1"]
["Plzeň Bory","CZ/C1"]
["Prachatice","CZ/C1"]
["Příbram","CZ/C1"]
["Rakovník","CZ/C1"]
["Slaný","CZ/C1"]
["Soběslav","CZ/C1"]
["Staňkov","CZ/C1"]
["Strakonice","CZ/C1"]
["Tábor","CZ/C1"]
["Tachov","CZ/C1"]
["Točná","CZ/C1"]
["Toužim","CZ/C1"]
["Vlašim","CZ/C1"]
["Zbraslavice","CZ/C1"]
["-","-"]
["Broumov","CZ/C2",{"$f":"COUNTIF(B37:B68,B37)","v":32}]
["Česká Lípa","CZ/C2"]
["Dvůr Králové","CZ/C2"]
["Havlíčkův Brod","CZ/C2"]
["Hodkovice","CZ/C2"]
["Hořice","CZ/C2"]
["Hradčany","CZ/C2"]
["Hronov","CZ/C2"]
["Chomutov","CZ/C2"]
["Chotěboř","CZ/C2"]
["Chrudim","CZ/C2"]
["Jaroměř","CZ/C2"]
["Jičín","CZ/C2"]
["Letecká společnost na Vysočině","CZ/C2"]
["Liberec","CZ/C2"]
["Mnichovo Hradiště","CZ/C2"]
["Most","CZ/C2"]
["Náchod","CZ/C2"]
["Nové Město nad Metují","CZ/C2"]
["Pardubice","CZ/C2"]
["Podhořany","CZ/C2"]
["Polička","CZ/C2"]
["Přibyslav","CZ/C2"]
["Raná","CZ/C2"]
["Roudnice","CZ/C2"]
["Skuteč","CZ/C2"]
["Turnov","CZ/C2"]
["Ústí nad Labem","CZ/C2"]
["Ústí nad Orlicí","CZ/C2"]
["Vrchlabí","CZ/C2"]
["Vysoké Mýto","CZ/C2"]
["Žamberk","CZ/C2"]
["-","-"]
["Bohuňovice","CZ/M",{"$f":"COUNTIF(B70:B92,B70)","v":23}]
["Břeclav","CZ/M"]
["LK Břeclav","CZ/M"]
["Frýdlant","CZ/M"]
["Hranice","CZ/M"]
["Jeseník","CZ/M"]
["Jihlava","CZ/M"]
["Krnov","CZ/M"]
["Kroměříž","CZ/M"]
["Křižanov","CZ/M"]
["Kunovice","CZ/M"]
["Kyjov","CZ/M"]
["Luhačovice","CZ/M"]
["Medlánky","CZ/M"]
["Moravská Třebová","CZ/M"]
["Olomouc","CZ/M"]
["Prostějov","CZ/M"]
["Slatina","CZ/M"]
["Slavičín","CZ/M"]
["Stichovice","CZ/M"]
["Šumperk","CZ/M"]
["Vyškov","CZ/M"]
["Zábřeh","CZ/M"]
[]
["Aalborg","DK"]
["Air Sympatia","SK"]
["Akaflieg Dresden","DE"]
["Bad Nauheim","DE"]
["Bratislava","SK"]
["Dánsko","DK"]
["Greiz","DE"]
["Japonsko","JP"]
["Jelenia Góra","PL"]
["Martin","SK"]
["Německo","DE"]
["Nitra","SK"]
["Novo Mesto","SI"]
["Poprad","SK"]
["Prešov","SK"]
["Prievidza","SK"]
["Rakousko","AT"]
["Ružomberok","SK"]
["SGC Martin","SK"]
["Slovinsko","SI"]
["Trenčín","SK"]
["Trnava","SK"]
["Žilina","SK"]

{"sheet":"Pilot","index":3,"n_rows":933,"n_cols":17,"rows_kept":933,"cut":false,"hidden":false,"merged":[]}
["Jmeno","Rok nar.","Aeroklub","Region","M/F","Junior v roce",2020,"Hranice pro juniory:\n/ Poznámka:",{"$f":"G1-25","v":1995},"Počet jun:",{"$f":"COUNTIF(F3:F2099,\"Junior v roce \"&G1)","v":63},"Počet F:",{"$f":"COUNTIF(E3:E2099,\"F\")","v":71},"Počet M:",{"$f":"COUNTIF(E3:E2099,\"M\")","v":860},"Počet celk:",{"$f":"COUNTIF(A3:A2099,\"<>\")","v":931}]
["-"," "," "," "," "," "]
["Adam Jandora",1992,"Medlánky",{"$f":"VLOOKUP(C3,Region,2,0)","v":"CZ/M"},"M",{"$f":"IF(A3=\"(prázdné)\",\"\",IF(($G$1-B3)>25,\"\",\"Junior v roce \"&$G$1))","v":""}]
["Adam Olejar",1991,"Medlánky","CZ/M","M",{"$f":"IF(A4=\"(prázdné)\",\"\",IF(($G$1-B4)>25,\"\",\"Junior v roce \"&$G$1))","v":""}]
["Adam Sostaric",1991,"Chrudim","CZ/C2","M",""]
["Albrecht Beat",1953,"Šumperk","CZ/M","M",""]
["Alena Netusilova",1970,"Zbraslavice","CZ/C1","F",""]
["Ales Cervenka",1981,"Soběslav","CZ/C1","M",""]
["Ales Hajek",1958,"Mladá Boleslav","CZ/C1","M",""]
["Ales Hala",1994,"Tábor","CZ/C1","M",""]
["Ales Holoubek",1966,"Jičín","CZ/C2","M",""]
["Ales Tresl",1958,"Raná","CZ/C2","M",""]
["Ales Vorac",1985,"Křižanov","CZ/M","M",""]
["Ales Vyhnal",1989,"Kralupy","CZ/C1","M",""]
["Alexander Nerandzic",1966,"Raná","CZ/C2","M",""]
["Alois Cmajdalka",1963,"Kunovice","CZ/M","M",""]
["Alois Sohr",1939,"Hranice","CZ/M","M",""]
["Andrea Bensova",1978,"Zbraslavice","CZ/C1","F",""]
["Aneta Prachtova",1991,"Kralupy","CZ/C1","F",""]
["Anna Bordovska",1989,"Mladá Boleslav","CZ/C1","F",""]
["Antonin Bordovsky",1951,"Krnov","CZ/M","M",""]
["Antonin Bruna",1945,"GAC Benešov","CZ/C1","M",""]
["Antonin Burger",1943,"Panenský Týnec","CZ/C1","M",""]
["Antonin Konicek",1973,"Kunovice","CZ/M","M",""]
["Antonin Kutalek",1943,"Zábřeh","CZ/M","M",""]
["Antonin Novotny",1972,"Luhačovice","CZ/M","M",""]
["Antonin Otrusina",1948,"Křižanov","CZ/M","M",""]
["Antonin Pilat",1971,"Vyškov","CZ/M","M",""]
["Antonin Teichmann",1965,"Hronov","CZ/C2","M",""]
["Barbora Kubickova",1993,"Medlánky","CZ/M","F",""]
["Barbora Moravcova",1994,"Zbraslavice","CZ/C1","F",""]
["Barbora Nahodilova",1989,"Hosín","CZ/C1","F",""]
["Bedrich Honzicek",1972,"Letňany",{"$f":"VLOOKUP(C33,Region,2,0)","v":"CZ/C1"},"M",{"$f":"IF(A33=\"(prázdné)\",\"\",IF(($G$1-B33)>25,\"\",\"Junior v roce \"&$G$1))","v":""}]
["Bedrich Prochazka",1957,"Rakovník","CZ/C1","M",""]
["Bohdan Sebestik",1957,"Kroměříž","CZ/M","M",""]
["Bohumil Kunc",1983,"Kunovice","CZ/M","M",""]
["Bohumil Rikal",1946,"Hronov","CZ/C2","M",""]
["Bohumil Svec",1985,"Roudnice","CZ/C2","M",""]
["Bohumir Zajdl",1950,"Dvůr Králové","CZ/C2","M",""]
["Bohus Marcinik",1947,"Příbram","CZ/C1","M",""]
["Boris Bachraty",1974,"Břeclav","CZ/M","M",""]
["Bronislav Smatana",1970,"Zbraslavice","CZ/C1","M",""]
["Carsten Tietz",1966,"Hronov",{"$f":"VLOOKUP(C43,Region,2,0)","v":"CZ/C2"},"M",{"$f":"IF(A43=\"(prázdné)\",\"\",IF(($G$1-B43)>25,\"\",\"Junior v roce \"&$G$1))","v":""}]
["Christof Madoery",1958,"Šumperk",{"$f":"VLOOKUP(C44,Region,2,0)","v":"CZ/M"},"M",{"$f":"IF(A44=\"(prázdné)\",\"\",IF(($G$1-B44)>25,\"\",\"Junior v roce \"&$G$1))","v":""}]
["Dalibor Daricek",1993,"Kunovice","CZ/M","M",""]
["Dalibor Fencl",1966,"Zbraslavice","CZ/C1","M",""]
["Dalibor Pek",1968,"Raná","CZ/C2","M",""]
["Dana Novakova",1965,"Mladá Boleslav","CZ/C1","F",""]
["Danes Grula",1961,"Medlánky","CZ/M","M",""]
["Daniel Adamec",1977,"Hranice","CZ/M","M",""]
["Daniel Brichta",1962,"GAC Benešov",{"$f":"VLOOKUP(C51,Region,2,0)","v":"CZ/C1"},"M",{"$f":"IF(A51=\"(prázdné)\",\"\",IF(($G$1-B51)>25,\"\",\"Junior v roce \"&$G$1))","v":""}]
["Daniel Dvorak",1980,"Letkov","CZ/C1","M",""]
["Daniel Krasnicky",1984,"Příbram","CZ/C1","M",""]
["Daniel Moravek",1973,"Hodkovice","CZ/C2","M",""]
["Daniel Novak",1971,"Letkov","CZ/C1","M",""]
["Daniel Ryba",1994,"Dvůr Králové","CZ/C2","M",""]
["Daniel Suchy",1995,"Hranice","CZ/M","M","Junior v roce 2020"]
["Daniela Frankova",1997,"Hořice","CZ/C2","M","Junior v roce 2020"]
["Daniela Stepankova",1988,"Hosín","CZ/C1","F",""]
["David Cisar",1987,"Křižanov","CZ/M","M",""]
["David Krcil",1976,"Raná",{"$f":"VLOOKUP(C61,Region,2,0)","v":"CZ/C2"},"M",{"$f":"IF(A61=\"(prázdné)\",\"\",IF(($G$1-B61)>25,\"\",\"Junior v roce \"&$G$1))","v":""}]
["David Londa",1973,"Mladá Boleslav","CZ/C1","M",""]
["David Mach",1994,"Hronov","CZ/C2","M",""]
["David Marek",1991,"Křižanov","CZ/M","M",""]
["David Novotny",1984,"Polička","CZ/C2","M",""]
["David Popovsky",1976,"Rakovník","CZ/C1","M",""]
["David Prihoda",1994,"Hranice","CZ/M","M",""]
["David Rozporka",1994,"Hronov","CZ/C2","M",""]
["David Rytina",1983,"Zbraslavice","CZ/C1","M",""]
["David Riha",1983,"Vlašim","CZ/C1","M",""]
["David Sachl",1978,"Kralupy","CZ/C1","M",""]
["David Tejnora",1982,"Kolín","CZ/C1","M",""]
["David Trnecka",1979,"Medlánky","CZ/M","M",""]
["David Vrchota",1976,"Jaroměř",{"$f":"VLOOKUP(C74,Region,2,0)","v":"CZ/C2"},"M",{"$f":"IF(A74=\"(prázdné)\",\"\",IF(($G$1-B74)>25,\"\",\"Junior v roce \"&$G$1))","v":""}]
["David Zapletal",1970,"Mladá Boleslav","CZ/C1","M",{"$f":"IF(A75=\"(prázdné)\",\"\",IF(($G$1-B75)>25,\"\",\"Junior v roce \"&$G$1))","v":""}]
["David Zatecka",1993,"GAC Benešov",{"$f":"VLOOKUP(C76,Region,2,0)","v":"CZ/C1"},"M",""]
["Dusan Gadas",1960,"Hranice","CZ/M","M",""]
["Dusan Kmet",1972,"Křižanov","CZ/M","M",""]
["Dusan Sys",1977,"Šumperk","CZ/M","M",""]
["Dusan Zerzan",1970,"Šumperk","CZ/M","M",""]
["Eduard Svoboda",1957,"Raná","CZ/C2","M",""]
["Eliska Bohunovska",2001,"Hranice",{"$f":"VLOOKUP(C82,Region,2,0)","v":"CZ/M"},"F",{"$f":"IF(A82=\"(prázdné)\",\"\",IF(($G$1-B82)>25,\"\",\"Junior v roce \"&$G$1))","v":"Junior v roce 2020"}]
["Eva Cerna",1964,"Příbram","CZ/C1","F",""]
["Evzen Skala",1954,"Vrchlabí","CZ/C2","M",""]
["Filip Graf",1981,"Křižanov","CZ/M","M",""]
["Filip Neumann",1977,"GAC Benešov","CZ/C1","M",""]
["Filip Sklenar",1990,"Žamberk","CZ/C2","M",""]
["Filip sirc",1993,"Letňany","CZ/C1","M",""]
["Filip Vita",2001,"Kroměříž","CZ/M","M","Junior v roce 2020"]
["Frantisek Brozman",1960,"Tachov","CZ/C1","M",""]
["Frantisek Filandr",1956,"Most","CZ/C2","M",""]
["Frantisek Hubacek",1978,"Točná","CZ/C1","M",""]
["Frantisek Komarek",1985,"Zbraslavice","CZ/C1","M",""]
["Frantisek Kriz",1961,"Toužim","CZ/C1","M",""]
["Frantisek Marek",1960,"Křižanov","CZ/M","M",""]
["Frantisek Matousek",1937,"Nové Město nad Metují","CZ/C2","M",""]
["Frantisek Myska",1968,"Most","CZ/C2","M",""]
["Frantisek Pycha",1972,"Chrudim","CZ/C2","M",""]
["Frantisek Soucek",1945,"Dvůr Králové","CZ/C2","M",""]
["Frantisek Sindelar",1954,"Kralupy","CZ/C1","M",""]
["Frantisek Vancura",1966,"Hranice","CZ/M","M",""]
["Gabriela Cervena",1966,"Jaroměř","CZ/C2","F",""]
["Gustav Vrbacky",1933,"Medlánky","CZ/M","M",""]
["Hana Treslova",1991,"Raná","CZ/C2","F",""]
["Hana Vokrinkova",1958,"Hodkovice","CZ/C2","F",""]
["Hynek Pokorny",1991,"Letňany","CZ/C1","M",""]
["Christof Madory",1958,"Šumperk","CZ/M","M",""]
["Ilja Kopacek",1943,"Jičín",{"$f":"VLOOKUP(C108,Region,2,0)","v":"CZ/C2"},"M",{"$f":"IF(A108=\"(prázdné)\",\"\",IF(($G$1-B108)>25,\"\",\"Junior v roce \"&$G$1))","v":""}]
["Ivan Filakovsky",1965,"Medlánky","CZ/M","M",""]
["Ivan Harasta 65",1965,"Toužim","CZ/C1","M",""]
["Ivan Harasta 98",1998,"Toužim","CZ/C1","M","Junior v roce 2020"]
["Ivan Kuzelka",1945,"Havlíčkův Brod","CZ/C2","M",""]
["Ivan Ladr",1940,"Dvůr Králové","CZ/C2","M",""]
["Ivan Novak",1962,"Mladá Boleslav","CZ/C1","M",""]
["Ivan Tvrdik",1997,"Letňany","CZ/C1","M","Junior v roce 2020"]
["Ivo Burda",1962,"Zbraslavice","CZ/C1","M",""]
["Ivo Nezval",1964,"Šumperk","CZ/M","M",""]
["Ivo Vudarcik",1994,"Rakovník","CZ/C1","M",""]
["Jacek Kerum",1943,"Příbram","CZ/C1","M",""]
["Jakub Brotanek",1985,"Roudnice","CZ/C2","M",""]
["Jakub Hlavacek",1991,"Letkov","CZ/C1","M",""]
["Jakub Kmosek",1978,"Zbraslavice","CZ/C1","M",""]
["Jakub Kohn",1992,"Prostějov","CZ/M","M",""]
["Jakub Koudelka",2000,"Křižanov",{"$f":"VLOOKUP(C124,Region,2,0)","v":"CZ/M"},"M","Junior v roce 2020"]
["Jakub Malik",1999,"Letňany","CZ/C1","M","Junior v roce 2020"]
["Jakub Michalicka",1993,"Rakovník","CZ/C1","M",""]
["Jakub Spanger",2002,"Jeseník",{"$f":"VLOOKUP(C127,Region,2,0)","v":"CZ/M"},"M",{"$f":"IF(A127=\"(prázdné)\",\"\",IF(($G$1-B127)>25,\"\",\"Junior v roce \"&$G$1))","v":"Junior v roce 2020"}]
["Jakub Tiller",1987,"Broumov","CZ/C2","M",""]
["Jakub Vimr",1975,"GAC Benešov","CZ/C1","M",""]
["Jan Bejdl",1978,"Zbraslavice",{"$f":"VLOOKUP(C130,Region,2,0)","v":"CZ/C1"},"M",{"$f":"IF(A130=\"(prázdné)\",\"\",IF(($G$1-B130)>25,\"\",\"Junior v roce \"&$G$1))","v":""}]
["Jan Belina",1979,"Hořice","CZ/C2","M",""]
["Jan Beran",1999,"Kladno",{"$f":"VLOOKUP(C132,Region,2,0)","v":"CZ/C1"},"M","Junior v roce 2020"]
["Jan Beranek",1976,"Jihlava","CZ/M","M",""]
["Jan Boruvka",1984,"Jičín","CZ/C2","M",""]
["Jan Camr",2002,"Jaroměř",{"$f":"VLOOKUP(C135,Region,2,0)","v":"CZ/C2"},"M",{"$f":"IF(A135=\"(prázdné)\",\"\",IF(($G$1-B135)>25,\"\",\"Junior v roce \"&$G$1))","v":"Junior v roce 2020"}]
["Jan Cerveny",1984,"Jaroměř","CZ/C2","M",""]
["Jan Dersak 69",1969,"Kralupy","CZ/C1","M",""]
["Jan Dersak 92",1992,"Kralupy","CZ/C1","M",""]
["Jan Drahota",1988,"Rakovník","CZ/C1","M",""]
["Jan Drbohlav",1999,"Hodkovice",{"$f":"VLOOKUP(C140,Region,2,0)","v":"CZ/C2"},"M",{"$f":"IF(A140=\"(prázdné)\",\"\",IF(($G$1-B140)>25,\"\",\"Junior v roce \"&$G$1))","v":"Junior v roce 2020"}]
["Jan Florian",1992,"Zbraslavice","CZ/C1","M",""]
["Jan Habermann",1975,"Vlašim",{"$f":"VLOOKUP(C142,Region,2,0)","v":"CZ/C1"},"M",{"$f":"IF(A142=\"(prázdné)\",\"\",IF(($G$1-B142)>25,\"\",\"Junior v roce \"&$G$1))","v":""}]
["Jan Hejret",1976,"Jaroměř","CZ/C2","M",""]
["Jan Heroudek",1970,"Rakovník",{"$f":"VLOOKUP(C144,Region,2,0)","v":"CZ/C1"},"M",{"$f":"IF(A144=\"(prázdné)\",\"\",IF(($G$1-B144)>25,\"\",\"Junior v roce \"&$G$1))","v":""}]
["Jan Hlavacek",1965,"Rakovník","CZ/C1","M",""]
["Jan Horak",1971,"Zbraslavice","CZ/C1","M",""]
["Jan Horky",1968,"Medlánky","CZ/M","M",""]
["Jan Hrbatsch",1989,"Hodkovice","CZ/C2","M",""]
["Jan Hruska",1988,"Tábor","CZ/C1","M",{"$f":"IF(A149=\"(prázdné)\",\"\",IF(($G$1-B149)>25,\"\",\"Junior v roce \"&$G$1))","v":""}]
["Jan Hybner",1977,"Liberec",{"$f":"VLOOKUP(C150,Region,2,0)","v":"CZ/C2"},"M",""]
["Jan Jicha",1984,"Podhořany","CZ/C2","M",""]
["Jan Jindra",1981,"Roudnice","CZ/C2","M",""]
["Jan Kantor",1983,"Letňany","CZ/C1","M",""]
["Jan Kapralek",1991,"Kladno","CZ/C1","M",""]
["Jan Karabec",2000,"Podhořany",{"$f":"VLOOKUP(C155,Region,2,0)","v":"CZ/C2"},"M",{"$f":"IF(A155=\"(prázdné)\",\"\",IF(($G$1-B155)>25,\"\",\"Junior v roce \"&$G$1))","v":"Junior v roce 2020"}]
["Jan Kaspar",1994,"Letňany",{"$f":"VLOOKUP(C156,Region,2,0)","v":"CZ/C1"},"M",""]
["Jan Kohout",1970,"Žamberk","CZ/C2","M",""]
["Jan Konecny",1972,"Rakovník","CZ/C1","M",""]
["Jan Kostka",1996,"Kladno","CZ/C1","M","Junior v roce 2020"]
["Jan Kotan",1982,"Letňany","CZ/C1","M",""]
["Jan Kralik",1991,"Letkov","CZ/C1","M",""]
["Jan Kristof",1962,"Frýdlant","CZ/M","M",""]
["Jan Kulistak",1990,"Kunovice","CZ/M","M",""]
["Jan Lancdorf",1988,"Panenský Týnec","CZ/C1","M",""]
["Jan Louda",1986,"Mladá Boleslav","CZ/C1","M",""]
["Jan Mareth",1979,"Frýdlant","CZ/M","M",""]
["Jan Masek",1977,"Kladno","CZ/C1","M",""]
["Jan Matejovsky",1972,"Hranice","CZ/M","M",""]
["Jan Merta",1952,"Šumperk","CZ/M","M",""]
["Jan Mittner",1986,"Zbraslavice",{"$f":"VLOOKUP(C170,Region,2,0)","v":"CZ/C1"},"M",{"$f":"IF(A170=\"(prázdné)\",\"\",IF(($G$1-B170)>25,\"\",\"Junior v roce \"&$G$1))","v":""}]
["Jan Moravec",1979,"Zábřeh","CZ/M","M",""]
["Jan Nyc",1943,"Dvůr Králové",{"$f":"VLOOKUP(C172,Region,2,0)","v":"CZ/C2"},"M",{"$f":"IF(A172=\"(prázdné)\",\"\",IF(($G$1-B172)>25,\"\",\"Junior v roce \"&$G$1))","v":""}]
["Jan Obrucnik",1991,"Kralupy","CZ/C1","M",""]
["Jan Oscatka",1990,"Jaroměř",{"$f":"VLOOKUP(C174,Region,2,0)","v":"CZ/C2"},"M",{"$f":"IF(A174=\"(prázdné)\",\"\",IF(($G$1-B174)>25,\"\",\"Junior v roce \"&$G$1))","v":""}]
["Jan Otrusina",1976,"Křižanov","CZ/M","M",""]
["Jan Ourada",1978,"Točná","CZ/C1","M",""]
["Jan Pavlik",1987,"Křižanov","CZ/M","M",""]
["Jan Pazour",1979,"Dvůr Králové",{"$f":"VLOOKUP(C178,Region,2,0)","v":"CZ/C2"},"M",{"$f":"IF(A178=\"(prázdné)\",\"\",IF(($G$1-B178)>25,\"\",\"Junior v roce \"&$G$1))","v":""}]
["Jan Platenik",1981,"Krnov","CZ/M","M",""]
["Jan Podhrazsky",1976,"Šumperk","CZ/M","M",""]
["Jan Pokluda",1973,"Šumperk","CZ/M","M",""]
["Jan Pubec",1979,"Plzeň Bory","CZ/C1","M",""]
["Jan Ratz",1987,"Zbraslavice","CZ/C1","M",""]
["Jan Rensa",1980,"Polička","CZ/C2","M",""]
["Jan Rolinek",1973,"Luhačovice","CZ/M","M",""]
["Jan Rott",1962,"Plasy","CZ/C1","M",""]
["Jan Repka",1959,"Liberec","CZ/C2","M",""]
["Jan Seifert",1948,"Raná","CZ/C2","M",""]
["Jan Simon",1970,"Kralupy","CZ/C1","M",""]
["Jan Sindelar",1946,"Kunovice","CZ/M","M",""]
["Jan Smaha",1958,"Česká Lípa","CZ/C2","M",""]
["Jan Smekal",1976,"Zbraslavice",{"$f":"VLOOKUP(C192,Region,2,0)","v":"CZ/C1"},"M",{"$f":"IF(A192=\"(prázdné)\",\"\",IF(($G$1-B192)>25,\"\",\"Junior v roce \"&$G$1))","v":""}]
["Jan Sponer",1988,"Medlánky","CZ/M","M",""]
["Jan Stastny",2003,"Medlánky",{"$f":"VLOOKUP(C194,Region,2,0)","v":"CZ/M"},"M","Junior v roce 2020"]
["Jan Stepan",1991,"Hronov","CZ/C2","M",""]
["Jan Sustr 76",1976,"Raná","CZ/C2","M",""]
["Jan Sustr 77",1977,"Staňkov","CZ/C1","M",""]
["Jan Svarc",1977,"Raná","CZ/C2","M",""]
["Jan Terrich",1978,"Liberec","CZ/C2","M",""]
["Jan Tomasek",1970,"Dvůr Králové","CZ/C2","M",""]
["Jan Turek",1987,"Toužim","CZ/C1","M",""]
["Jan Vavrin",1987,"Vysoké Mýto","CZ/C2","M",""]
["Jan Viskot",1995,"Břeclav","CZ/M","M","Junior v roce 2020"]
["Jan Vozeh",1995,"Rakovník","CZ/C1","M","Junior v roce 2020"]
["Jan Zahradka",1981,"Hodkovice","CZ/C2","M",""]
["Jan Zapletal",1997,"Kroměříž","CZ/M","M","Junior v roce 2020"]
["Jan Zdvorak",1980,"Roudnice","CZ/C2","M",""]
["Jan Zezula",1979,"Letňany","CZ/C1","M",""]
["Jan Zona",1965,"Kroměříž","CZ/M","M",""]
["Jan Zanda",1983,"Letkov","CZ/C1","M",""]
["Jana Dvorakova",1953,"Raná","CZ/C2","F",""]
["Jana Kantorova",1980,"Hosín","CZ/C1","F",""]
["Jana Krejcova",1972,"Křižanov","CZ/M","F",""]
["Jana Mezerova",1975,"Raná","CZ/C2","F",""]
["Jana Treslova",1963,"Raná","CZ/C2","F",""]
["Jana Veprekova",1961,"Dvůr Králové","CZ/C2","F",""]
["Jarmila Zatykova",1959,"Kralupy","CZ/C1","F",""]
["Jaromir Hammer",1965,"Křižanov","CZ/M","M",""]
["Jaromir Hendrych",1954,"Raná","CZ/C2","M",""]
["Jaromir Jedlicka",1972,"Letňany","CZ/C1","M",""]
["Jaromir Macoun",1999,"Jičín","CZ/C2","M",{"$f":"IF(A221=\"(prázdné)\",\"\",IF(($G$1-B221)>25,\"\",\"Junior v roce \"&$G$1))","v":"Junior v roce 2020"}]
["Jaromir Pauer",1974,"Hosín",{"$f":"VLOOKUP(C222,Region,2,0)","v":"CZ/C1"},"M",""]
["Jaromir Prokes",1984,"Tábor","CZ/C1","M",""]
["Jaromir Vlk",1959,"Šumperk","CZ/M","M",""]
["Jaroslav Bocek",1962,"Turnov","CZ/C2","M",""]
["Jaroslav Buryan",1953,"Zábřeh","CZ/M","M",""]
["Jaroslav Cempirek 51",1951,"Jindřichův Hradec","CZ/C1","M",""]
["Jaroslav Cempirek 77",1977,"Jihlava",{"$f":"VLOOKUP(C228,Region,2,0)","v":"CZ/M"},"M",{"$f":"IF(A228=\"(prázdné)\",\"\",IF(($G$1-B228)>25,\"\",\"Junior v roce \"&$G$1))","v":""}]
["Jaroslav Cejka",1952,"Letkov","CZ/C1","M",""]
["Jaroslav Deml",1986,"Hořice","CZ/C2","M",""]
["Jaroslav Florian",1977,"Medlánky","CZ/M","M",""]
["Jaroslav Hendrych",1946,"Příbram","CZ/C1","M",""]
["Jaroslav Hot",1965,"Toužim","CZ/C1","M",""]
["Jaroslav Juracka",1971,"Křižanov","CZ/M","M",""]
["Jaroslav Kacer",1978,"Raná","CZ/C2","M",""]
["Jaroslav Kares",1962,"Olomouc","CZ/M","M",""]
["Jaroslav Marek",1938,"Luhačovice","CZ/M","M",""]
["Jaroslav Nedorost",1986,"Letňany",{"$f":"VLOOKUP(C238,Region,2,0)","v":"CZ/C1"},"M",{"$f":"IF(A238=\"(prázdné)\",\"\",IF(($G$1-B238)>25,\"\",\"Junior v roce \"&$G$1))","v":""}]
["Jaroslav Palicka",1992,"Frýdlant","CZ/M","M",""]
["Jaroslav Petrasek",1976,"Jičín","CZ/C2","M",""]
["Jaroslav Potmesil",1964,"Zbraslavice","CZ/C1","M",""]
["Jaroslav Rapac",1977,"Dvůr Králové","CZ/C2","M",""]
["Jaroslav Szakal",1955,"Jaroměř","CZ/C2","M",""]
["Jaroslav Sima",1972,"Chomutov","CZ/C2","M",""]
["Jaroslav Simek",1968,"Letkov","CZ/C1","M",""]
["Jaroslav Tomana",1975,"Zbraslavice","CZ/C1","M",""]
["Jaroslav Tyls",1941,"Hronov","CZ/C2","M",""]
["Jaroslav Zavrel",1971,"Medlánky","CZ/M","M",""]
["Jindrich Hala",1989,"Rakovník","CZ/C1","M",""]
["Jindrich Hruska",1986,"Soběslav","CZ/C1","M",""]
["Jindrich Svorc",1978,"Letňany","CZ/C1","M",""]
["Jindriska Sloukova",1973,"Medlánky","CZ/M","F",""]
["Jirka Rybar",1958,"Hodkovice","CZ/C2","M",""]
["Jiri Balak",1978,"Zbraslavice",{"$f":"VLOOKUP(C254,Region,2,0)","v":"CZ/C1"},"M",{"$f":"IF(A254=\"(prázdné)\",\"\",IF(($G$1-B254)>25,\"\",\"Junior v roce \"&$G$1))","v":""}]
["Jiri Bastl",1944,"Turnov","CZ/C2","M",""]
["Jiri Bojko",1959,"Krnov","CZ/M","M",""]
["Jiri Cincera",1966,"Toužim","CZ/C1","M",""]
["Jiri Dockal",1982,"Letňany","CZ/C1","M",""]
["Jiri Donat",1983,"Chrudim","CZ/C2","M",""]
["Jiri Fousek",1990,"Raná","CZ/C2","M",""]
["Jiri Hendrych",1943,"Točná","CZ/C1","M",""]
["Jiri Hodan",1959,"Zbraslavice","CZ/C1","M",""]
["Jiri Holcman",1976,"Hosín","CZ/C1","M",""]
["Jiri Horak",1971,"Kladno","CZ/C1","M",""]
["Jiri Hula",1973,"Slaný","CZ/C1","M",""]
["Jiri Janda",1966,"Letňany","CZ/C1","M",""]
["Jiri Jirmus",2003,"Tábor",{"$f":"VLOOKUP(C267,Region,2,0)","v":"CZ/C1"},"M",{"$f":"IF(A267=\"(prázdné)\",\"\",IF(($G$1-B267)>25,\"\",\"Junior v roce \"&$G$1))","v":"Junior v roce 2020"}]
["Jiri Klicnar",1965,"Medlánky","CZ/M","M",""]
["Jiri Kobik",1952,"Hořice","CZ/C2","M",""]
["Jiri Kohoutek",1983,"Olomouc",{"$f":"VLOOKUP(C270,Region,2,0)","v":"CZ/M"},"M",{"$f":"IF(A270=\"(prázdné)\",\"\",IF(($G$1-B270)>25,\"\",\"Junior v roce \"&$G$1))","v":""}]
["Jiri Kokrment",1950,"Frýdlant","CZ/M","M",""]
["Jiri Koudela",1974,"Vyškov","CZ/M","M",""]
["Jiri Krticka",1965,"Jaroměř","CZ/C2","M",""]
["Jiri Krzanowski",1944,"Letkov","CZ/C1","M",""]
["Jiri Kupec",1960,"Medlánky","CZ/M","M",""]
["Jiri Kusbach",1959,"Luhačovice","CZ/M","M",""]
["Jiri Kyslik",1968,"Česká Lípa","CZ/C2","M",""]
["Jiri Lenik",1947,"Raná","CZ/C2","M",""]
["Jiri Maier 66",1966,"Raná","CZ/C2","M",""]
["Jiri Maier 99",1999,"Raná","CZ/C2","M","Junior v roce 2020"]
["Jiri Mlejnek",1984,"Mladá Boleslav","CZ/C1","M",""]
["Jiri Obst",1964,"Vrchlabí","CZ/C2","M",""]
["Jiri Pajer",1977,"Zbraslavice","CZ/C1","M",""]
["Jiri Pelucha",1984,"Frýdlant","CZ/M","M",""]
["Jiri Pesta",1973,"Dvůr Králové","CZ/C2","M",""]
["Jiri Peterka",1951,"Křižanov",{"$f":"VLOOKUP(C286,Region,2,0)","v":"CZ/M"},"M",{"$f":"IF(A286=\"(prázdné)\",\"\",IF(($G$1-B286)>25,\"\",\"Junior v roce \"&$G$1))","v":""}]
["Jiri Piskaty",1962,"Kunovice","CZ/M","M",""]
["Jiri Pixa",1968,"Slaný","CZ/C1","M",""]
["Jiri Prochazka",1971,"Toužim","CZ/C1","M",""]
["Jiri Prucha",1963,"Chomutov","CZ/C2","M",""]
["Jiri Skarka",1965,"Chomutov",{"$f":"VLOOKUP(C291,Region,2,0)","v":"CZ/C2"},"M",{"$f":"IF(A291=\"(prázdné)\",\"\",IF(($G$1-B291)>25,\"\",\"Junior v roce \"&$G$1))","v":""}]
["Jiri Slouka",1967,"Medlánky",{"$f":"VLOOKUP(C292,Region,2,0)","v":"CZ/M"},"M",{"$f":"IF(A292=\"(prázdné)\",\"\",IF(($G$1-B292)>25,\"\",\"Junior v roce \"&$G$1))","v":""}]
["Jiri Sohr",1960,"Šumperk",{"$f":"VLOOKUP(C293,Region,2,0)","v":"CZ/M"},"M",{"$f":"IF(A293=\"(prázdné)\",\"\",IF(($G$1-B293)>25,\"\",\"Junior v roce \"&$G$1))","v":""}]
["Jiri Steiger",1969,"Olomouc","CZ/M","M",""]
["Jiri Suchomel",1950,"Broumov",{"$f":"VLOOKUP(C295,Region,2,0)","v":"CZ/C2"},"M",{"$f":"IF(A295=\"(prázdné)\",\"\",IF(($G$1-B295)>25,\"\",\"Junior v roce \"&$G$1))","v":""}]
["Jiri Slemr",1979,"Vysoké Mýto","CZ/C2","M",""]
["Jiri Stepanek",1956,"Moravská Třebová","CZ/M","M",""]
["Jiri Tomicek",1947,"Dvůr Králové","CZ/C2","M",""]
["Jiri Valentr",1947,"Rakovník","CZ/C1","M",""]
["Jiri Vavrina",1958,"Kyjov","CZ/M","M",""]
["Jiri Vokrinek",1965,"Hodkovice","CZ/C2","M",""]
["Jiri Vondracek",1989,"Kladno","CZ/C1","M",""]
["Jiri Zablatzky",1978,"Hranice","CZ/M","M",""]
["Jitka Hromkova",1985,"Šumperk","CZ/M","F",""]
["Jitka Skalova",1955,"Zbraslavice","CZ/C1","F",""]
["Jitka Zimova",1981,"Hodkovice","CZ/C2","F",""]
["Josef Andrasovsky",1954,"Jaroměř","CZ/C2","M",""]
["Josef Bacina",1976,"Vysoké Mýto","CZ/C2","M",""]
["Josef Barta",1977,"Vysoké Mýto","CZ/C2","M",""]
["Josef Bostik",1963,"GAC Benešov","CZ/C1","M",""]
["Josef Busek",1967,"Hosín","CZ/C1","M",""]
["Josef Hlusek",1993,"Kunovice","CZ/M","M",""]
["Josef Kolman",1983,"Letňany","CZ/C1","M",""]
["Josef Krejsa",1938,"Hranice","CZ/M","M",""]
["Josef Kreutzer",1992,"Letkov","CZ/C1","M",""]
["Josef Linhart",1972,"Medlánky","CZ/M","M",""]
["Josef Macicek",1949,"Frýdlant","CZ/M","M",""]
["Josef Mezera",1951,"Raná","CZ/C2","M",""]
["Josef Novak",1981,"Kunovice","CZ/M","M",""]
["Josef Novotny",1983,"Přibyslav","CZ/C2","M",""]
["Josef Plechac",1942,"Hronov","CZ/C2","M",""]
["Josef Rydl",1940,"Turnov","CZ/C2","M",""]
["Josef Sedlacek",1968,"Zbraslavice","CZ/C1","M",""]
["Jozef Hartinger",1987,"Medlánky","CZ/M","M",""]
["Juraj Dudas",1990,"Křižanov",{"$f":"VLOOKUP(C325,Region,2,0)","v":"CZ/M"},"M",{"$f":"IF(A325=\"(prázdné)\",\"\",IF(($G$1-B325)>25,\"\",\"Junior v roce \"&$G$1))","v":""}]
["Jurij Sikorsky",1975,"Hodkovice","CZ/C2","M",""]
["Kamil Novak",1970,"Jaroměř","CZ/C2","M",""]
["Kamil Sohr",1973,"Šumperk","CZ/M","M",""]
["Karel Balatka",1965,"Liberec","CZ/C2","M",""]
["Karel Benes",1980,"Polička","CZ/C2","M",""]
["Karel Benisek 48",1948,"Toužim","CZ/C1","M",""]
["Karel Benisek 76",1976,"Toužim","CZ/C1","M",""]
["Karel Cerny",1943,"Beroun","CZ/C1","M",""]
["Karel Elsnic",1974,"Křižanov","CZ/M","M",""]
["Karel Ertl",1939,"LK Břeclav","CZ/M","M",""]
["Karel Grotz",1934,"Toužim","CZ/C1","M",""]
["Karel Horalek",1976,"Olomouc",{"$f":"VLOOKUP(C337,Region,2,0)","v":"CZ/M"},"M",{"$f":"IF(A337=\"(prázdné)\",\"\",IF(($G$1-B337)>25,\"\",\"Junior v roce \"&$G$1))","v":""}]
["Karel Knotek",1961,"Soběslav","CZ/C1","M",""]
["Karel Kolomaznik",1955,"Šumperk","CZ/M","M",""]
["Karel Kotlan",1957,"Medlánky","CZ/M","M",""]
["Karel Lang",1967,"Medlánky","CZ/M","M",""]
["Karel Mares",1974,"Slaný","CZ/C1","M",""]
["Karel Minarik",1965,"Hranice","CZ/M","M",""]
["Karel Novak",1993,"Mladá Boleslav","CZ/C1","M",""]
["Karel Policky",1950,"Kolín","CZ/C1","M",""]
["Karel Stach",1963,"Letňany","CZ/C1","M",""]
["Karel Toman",1976,"Letňany","CZ/C1","M",""]
["Karel Vagenknecht",1960,"Šumperk","CZ/M","M",""]
["Karel Vladar",1972,"Hodkovice","CZ/C2","M",""]
["Katerina Dvorakova",1984,"Most","CZ/C2","F",""]
["Katerina Kardosova",1988,"Kunovice","CZ/M","F",""]
["Katerina Vojtova",1983,"Slaný","CZ/C1","F",""]
["Klara Teichmannova",1993,"Hronov","CZ/C2","F",""]
["Kristina Santruckova",1996,"Podhořany",{"$f":"VLOOKUP(C354,Region,2,0)","v":"CZ/C2"},"F",{"$f":"IF(A354=\"(prázdné)\",\"\",IF(($G$1-B354)>25,\"\",\"Junior v roce \"&$G$1))","v":"Junior v roce 2020"}]
["Krystof Mimra",1992,"Most",{"$f":"VLOOKUP(C355,Region,2,0)","v":"CZ/C2"},"M",{"$f":"IF(A355=\"(prázdné)\",\"\",IF(($G$1-B355)>25,\"\",\"Junior v roce \"&$G$1))","v":""}]
["Krystof Urban",1999,"Jindřichův Hradec","CZ/C1","M","Junior v roce 2020"]
["Ladislav Berger",1970,"Kralupy","CZ/C1","M",""]
["Ladislav Durnik",1974,"Kunovice","CZ/M","M",""]
["Ladislav Hybl",1955,"Šumperk","CZ/M","M",""]
["Ladislav Jozsa",1981,"Medlánky","CZ/M","M",""]
["Ladislav Krecbach",1985,"Jaroměř","CZ/C2","M",{"$f":"IF(A361=\"(prázdné)\",\"\",IF(($G$1-B361)>25,\"\",\"Junior v roce \"&$G$1))","v":""}]
["Ladislav Krizek",1982,"Šumperk",{"$f":"VLOOKUP(C362,Region,2,0)","v":"CZ/M"},"M",""]
["Ladislav Prokes",1954,"Vrchlabí",{"$f":"VLOOKUP(C363,Region,2,0)","v":"CZ/C2"},"M",{"$f":"IF(A363=\"(prázdné)\",\"\",IF(($G$1-B363)>25,\"\",\"Junior v roce \"&$G$1))","v":""}]
["Ladislav Valenta",1961,"Žamberk","CZ/C2","M",""]
["Ladislav Vratny",1959,"Jaroměř","CZ/C2","M",""]
["Lenka Hajkova",1982,"Raná","CZ/C2","F",""]
["Lenka Kuthanova",1960,"Tábor","CZ/C1","F",""]
["Lenka Stovickova",1963,"Hořice","CZ/C2","F",""]
["Leos Nosek",1958,"Vyškov",{"$f":"VLOOKUP(C369,Region,2,0)","v":"CZ/M"},"M",{"$f":"IF(A369=\"(prázdné)\",\"\",IF(($G$1-B369)>25,\"\",\"Junior v roce \"&$G$1))","v":""}]
["Leos Strnadek",1983,"Hodkovice","CZ/C2","M",""]
["Libor Bednarik",1972,"Kunovice","CZ/M","M",""]
["Libor Danhel",1966,"Kunovice","CZ/M","M",""]
["Libor Hyps",1988,"Chrudim","CZ/C2","M",""]
["Libor Kovarik",1966,"Hosín","CZ/C1","M",""]
["Libor Kovarnik",1968,"Mladá Boleslav",{"$f":"VLOOKUP(C375,Region,2,0)","v":"CZ/C1"},"M",{"$f":"IF(A375=\"(prázdné)\",\"\",IF(($G$1-B375)>25,\"\",\"Junior v roce \"&$G$1))","v":""}]
["Linda Vasatova",1990,"Mladá Boleslav","CZ/C1","F",""]
["Lubomir Doupal",1975,"Kroměříž","CZ/M","M",""]
["Lubomir Motl",1959,"Kyjov","CZ/M","M",""]
["Lubomir Papezik",1951,"Luhačovice","CZ/M","M",""]
["Lubomir Svoboda",1959,"Letkov","CZ/C1","M",""]
["Lubomir Vrba",1955,"Toužim","CZ/C1","M",""]
["Lubor Sobek",1979,"Frýdlant","CZ/M","M",""]
["Lubor Vyhlid",1972,"Kroměříž","CZ/M","M",""]
["Lubor Zeleny",1957,"Přibyslav","CZ/C2","M",""]
["Lubos Florian",1966,"Jičín",{"$f":"VLOOKUP(C385,Region,2,0)","v":"CZ/C2"},"M",{"$f":"IF(A385=\"(prázdné)\",\"\",IF(($G$1-B385)>25,\"\",\"Junior v roce \"&$G$1))","v":""}]
["Lubos Kunc 56",1956,"Dvůr Králové","CZ/C2","M",""]
["Lubos Kunc 85",1985,"Vrchlabí","CZ/C2","M",""]
["Lubos Stiburek",1954,"Raná","CZ/C2","M",""]
["Lubos Svoboda",1959,"Letkov","CZ/C1","M",""]
["Ludek Kluger",1963,"Tábor","CZ/C1","M",""]
["Ludek Mikl",1963,"Kroměříž",{"$f":"VLOOKUP(C391,Region,2,0)","v":"CZ/M"},"M",{"$f":"IF(A391=\"(prázdné)\",\"\",IF(($G$1-B391)>25,\"\",\"Junior v roce \"&$G$1))","v":""}]
["Ludek Souhrada",1974,"Raná","CZ/C2","M",""]
["Lukas Capek",1992,"Letňany","CZ/C1","M",""]
["Lukas Fiala",1976,"Kralupy","CZ/C1","M",""]
["Lukas Fronek",1989,"Kyjov",{"$f":"VLOOKUP(C395,Region,2,0)","v":"CZ/M"},"M",{"$f":"IF(A395=\"(prázdné)\",\"\",IF(($G$1-B395)>25,\"\",\"Junior v roce \"&$G$1))","v":""}]
["Lukas Hykl",1985,"Kolín",{"$f":"VLOOKUP(C396,Region,2,0)","v":"CZ/C1"},"M",{"$f":"IF(A396=\"(prázdné)\",\"\",IF(($G$1-B396)>25,\"\",\"Junior v roce \"&$G$1))","v":""}]
["Lukas Hynek",1979,"Dvůr Králové","CZ/C2","M",""]
["Lukas Jezek",1975,"Jičín","CZ/C2","M",""]
["Lukas Kotek",1994,"Frýdlant","CZ/M","M",""]
["Lukas Koukal",1991,"Letkov","CZ/C1","M",""]
["Lukas Maly",1998,"Vysoké Mýto","CZ/C2","M","Junior v roce 2020"]
["Lukas Petrzela",1987,"Olomouc",{"$f":"VLOOKUP(C402,Region,2,0)","v":"CZ/M"},"M",{"$f":"IF(A402=\"(prázdné)\",\"\",IF(($G$1-B402)>25,\"\",\"Junior v roce \"&$G$1))","v":""}]
["Lukas Plocek",1990,"Mladá Boleslav","CZ/C1","M",""]
["Lukas Popelka",1977,"Polička","CZ/C2","M",""]
["Lukas Zach",1987,"Vyškov",{"$f":"VLOOKUP(C405,Region,2,0)","v":"CZ/M"},"M",{"$f":"IF(A405=\"(prázdné)\",\"\",IF(($G$1-B405)>25,\"\",\"Junior v roce \"&$G$1))","v":""}]
["Lukas Zeman",2000,"Rakovník",{"$f":"VLOOKUP(C406,Region,2,0)","v":"CZ/C1"},"M",{"$f":"IF(A406=\"(prázdné)\",\"\",IF(($G$1-B406)>25,\"\",\"Junior v roce \"&$G$1))","v":"Junior v roce 2020"}]
["Lukas Zemek",1994,"Letkov",{"$f":"VLOOKUP(C407,Region,2,0)","v":"CZ/C1"},"M",""]
["Lumir Motyka",1955,"Frýdlant","CZ/M","M",""]
["Marcel Skarohlid",1972,"Hodkovice","CZ/C2","M",""]
["Marek Blatak",1969,"Šumperk","CZ/M","M",""]
["Marek Csukas",1982,"Podhořany","CZ/C2","M",""]
["Marek Cacky",1971,"Kladno","CZ/C1","M",""]
["Marek Cerveny",1989,"Jaroměř","CZ/C2","M",""]
["Marek Kornec",1957,"Dvůr Králové","CZ/C2","M",""]
["Marek Loukota",2000,"Letkov",{"$f":"VLOOKUP(C415,Region,2,0)","v":"CZ/C1"},"M","Junior v roce 2020"]
["Marek Malinsky",1985,"Chrudim","CZ/C2","M",""]
["Marek Novy",1973,"Roudnice","CZ/C2","M",""]
["Marek Pechanec",1970,"Luhačovice","CZ/M","M",""]
["Marek Pechar",1995,"Chrudim","CZ/C2","M","Junior v roce 2020"]
["Marek Seitl",1995,"Dvůr Králové","CZ/C2","M","Junior v roce 2020"]
["Marek Sild",1976,"Kunovice","CZ/M","M",""]
["Marek Simon",1998,"Kralupy",{"$f":"VLOOKUP(C422,Region,2,0)","v":"CZ/C1"},"M","Junior v roce 2020"]
["Marek Svancara",1976,"GAC Benešov","CZ/C1","M",""]
["Marek Vinar",1976,"Letňany","CZ/C1","M",""]
["Martin Adamec",1971,"Medlánky",{"$f":"VLOOKUP(C425,Region,2,0)","v":"CZ/M"},"M",{"$f":"IF(A425=\"(prázdné)\",\"\",IF(($G$1-B425)>25,\"\",\"Junior v roce \"&$G$1))","v":""}]
["Martin Babak",1976,"Hořice",{"$f":"VLOOKUP(C426,Region,2,0)","v":"CZ/C2"},"M",{"$f":"IF(A426=\"(prázdné)\",\"\",IF(($G$1-B426)>25,\"\",\"Junior v roce \"&$G$1))","v":""}]
["Martin Balik",1982,"Kralupy","CZ/C1","M",""]
["Martin Benesovsky",1900,"Kolín",{"$f":"VLOOKUP(C428,Region,2,0)","v":"CZ/C1"},"M",{"$f":"IF(A428=\"(prázdné)\",\"\",IF(($G$1-B428)>25,\"\",\"Junior v roce \"&$G$1))","v":""}]
["Martin Cicvarek",1966,"Liberec","CZ/C2","M",""]
["Martin Donek",1976,"Beroun","CZ/C1","M",""]
["Martin Dundr",1968,"Hořice","CZ/C2","M",""]
["Martin Ficnar",1971,"Šumperk","CZ/M","M",""]
["Martin Fric",1967,"Raná","CZ/C2","M",""]
["Martin Gedeon",1989,"Letkov","CZ/C1","M",""]
["Martin Grmela",1989,"Zbraslavice",{"$f":"VLOOKUP(C435,Region,2,0)","v":"CZ/C1"},"M",{"$f":"IF(A435=\"(prázdné)\",\"\",IF(($G$1-B435)>25,\"\",\"Junior v roce \"&$G$1))","v":""}]
["Martin Hejny",1984,"Šumperk","CZ/M","M",""]
["Martin Holik",1959,"Letňany","CZ/C1","M",""]
["Martin Horacek",1985,"Dvůr Králové","CZ/C2","M",""]
["Martin Hrivna",1978,"Zbraslavice","CZ/C1","M",""]
["Martin Chovan",1973,"Zbraslavice","CZ/C1","M",""]
["Martin Janousek",1985,"Turnov","CZ/C2","M",""]
["Martin Koci",1975,"Ústí nad Orlicí","CZ/C2","M",{"$f":"IF(A442=\"(prázdné)\",\"\",IF(($G$1-B442)>25,\"\",\"Junior v roce \"&$G$1))","v":""}]
["Martin Kozina",1970,"Křižanov",{"$f":"VLOOKUP(C443,Region,2,0)","v":"CZ/M"},"M",{"$f":"IF(A443=\"(prázdné)\",\"\",IF(($G$1-B443)>25,\"\",\"Junior v roce \"&$G$1))","v":""}]
["Martin Kriz",1968,"Přibyslav",{"$f":"VLOOKUP(C444,Region,2,0)","v":"CZ/C2"},"M",""]
["Martin Krizovic",1971,"Přibyslav","CZ/C2","M",""]
["Martin Liptak",1970,"Toužim","CZ/C1","M",""]
["Martin Marek",1967,"Roudnice","CZ/C2","M",""]
["Martin Marhefka",1975,"Kyjov","CZ/M","M",""]
["Martin Markl",1960,"Kolín","CZ/C1","M",""]
["Martin Molnar",1986,"Šumperk","CZ/M","M",""]
["Martin Nejezchleb",1979,"Plzeň Bory","CZ/C1","M",""]
["Martin Novak",1976,"Slaný","CZ/C1","M",""]
["Martin Pehe",1978,"Soběslav","CZ/C1","M",""]
["Martin Pekar",1973,"Šumperk","CZ/M","M",""]
["Martin Picka",1974,"Tábor","CZ/C1","M","",null,"Tábor od roku 2018, dříve Letkov"]
["Martin Piskacek",1991,"Křižanov","CZ/M","M",""]
["Martin Sehnoutka",1970,"Dvůr Králové","CZ/C2","M",""]
["Martin Skala",1985,"Vrchlabí","CZ/C2","M",""]
["Martin Soldan",2001,"Hronov",{"$f":"VLOOKUP(C459,Region,2,0)","v":"CZ/C2"},"M","Junior v roce 2020"]
["Martin Soucek",1975,"Mladá Boleslav","CZ/C1","M",""]
["Martin Suchy",1969,"Hranice","CZ/M","M",""]
["Martin Svacina",1965,"Frýdlant","CZ/M","M",""]
["Martin Svoboda",1989,"Letkov","CZ/C1","M",""]
["Martin Sonka",1978,"Tábor","CZ/C1","M",""]
["Martin Stepanek",1987,"Moravská Třebová","CZ/M","M",""]
["Martin Stepka",1966,"Turnov","CZ/C2","M",""]
["Martin Svarc",1981,"Olomouc","CZ/M","M",""]
["Martin Urban",1971,"Frýdlant","CZ/M","M",""]
["Martin Urner",1974,"Letňany","CZ/C1","M",""]
["Martin Valenta",1969,"Toužim","CZ/C1","M",""]
["Martin Vana",1979,"Mladá Boleslav","CZ/C1","M",""]
["Martin Vnoucek",1972,"Vlašim","CZ/C1","M",""]
["Martin Vondracek",1967,"Hronov","CZ/C2","M",""]
["Martin Vrba",1977,"Toužim","CZ/C1","M",""]
["Martin Vyskocil",1981,"Hodkovice","CZ/C2","M",""]
["Martin Zahalka",1987,"Staňkov","CZ/C1","M",""]
["Martin Zvonicek",1972,"Raná","CZ/C2","M",""]
["Martina Bartonikova",1990,"Luhačovice","CZ/M","F",""]
["Martina Kloubova",1991,"Hodkovice","CZ/C2","F",""]
["Martina Kubatova",1988,"Kyjov","CZ/M","F",""]
["Matej Bartos",1998,"Hodkovice",{"$f":"VLOOKUP(C481,Region,2,0)","v":"CZ/C2"},"M","Junior v roce 2020"]
["Matej Charouz",1993,"Hodkovice","CZ/C2","M",""]
["Matej Jelinek",1999,"Hronov",{"$f":"VLOOKUP(C483,Region,2,0)","v":"CZ/C2"},"M","Junior v roce 2020"]
["Matej Kiss",1990,"Točná","CZ/C1","M",""]
["Matej Krestes",1986,"Slaný","CZ/C1","M",""]
["Matej Plch",1987,"Letkov","CZ/C1","M",""]
["Matej Rendla",2000,"Zbraslavice","CZ/C1","M","Junior v roce 2020"]
["Matej Uhlik",1995,"Letkov","CZ/C1","M","Junior v roce 2020"]
["Matous Schmidt",1981,"Letňany","CZ/C1","M",""]
["Michael Cernes",1997,"Letňany","CZ/C1","M","Junior v roce 2020"]
["Michael Fik",1972,"Strakonice","CZ/C1","M",""]
["Michaela Houskova",1978,"Letkov","CZ/C1","F",""]
["Michaela Krizova",2001,"Přibyslav",{"$f":"VLOOKUP(C493,Region,2,0)","v":"CZ/C2"},"F",{"$f":"IF(A493=\"(prázdné)\",\"\",IF(($G$1-B493)>25,\"\",\"Junior v roce \"&$G$1))","v":"Junior v roce 2020"}]
["Michaela Rendlova",2004,"Zbraslavice",{"$f":"VLOOKUP(C494,Region,2,0)","v":"CZ/C1"},"F","Junior v roce 2020"]
["Michaela Sirmerova",2000,"Jihlava",{"$f":"VLOOKUP(C495,Region,2,0)","v":"CZ/M"},"F",{"$f":"IF(A495=\"(prázdné)\",\"\",IF(($G$1-B495)>25,\"\",\"Junior v roce \"&$G$1))","v":"Junior v roce 2020"}]
["MIchaela Vlacilikova",1993,"Luhačovice","CZ/M","F",""]
["Michal Budejovsky",1991,"Letkov","CZ/C1","M",""]
["Michal Buryan",1977,"Vysoké Mýto","CZ/C2","M",""]
["Michal Coufal",1999,"Jičín",{"$f":"VLOOKUP(C499,Region,2,0)","v":"CZ/C2"},"M","Junior v roce 2020"]
["Michal Cupak",1991,"Medlánky","CZ/M","M",""]
["Michal Cechmanek",1978,"Luhačovice","CZ/M","M",""]
["Michal Drab",1969,"Letkov","CZ/C1","M",""]
["Michal Dvorak",1986,"Zbraslavice","CZ/C1","M",""]
["Michal Fortik",1976,"Točná","CZ/C1","M",""]
["Michal Hemrle",1974,"Česká Lípa",{"$f":"VLOOKUP(C505,Region,2,0)","v":"CZ/C2"},"M",{"$f":"IF(A505=\"(prázdné)\",\"\",IF(($G$1-B505)>25,\"\",\"Junior v roce \"&$G$1))","v":""}]
["Michal Janda",1972,"Broumov","CZ/C2","M",""]
["Michal Kares",1987,"Ústí nad Orlicí","CZ/C2","M",""]
["Michal Kodousek",1983,"Jaroměř","CZ/C2","M",""]
["Michal Kratochvil",1984,"Slaný","CZ/C1","M",""]
["Michal Krupicka",1975,"Most","CZ/C2","M",""]
["Michal Lesinger",1966,"Moravská Třebová","CZ/M","M",""]
["Michal Linhart",1982,"Vyškov","CZ/M","M",""]
["Michal Maly",1982,"Broumov","CZ/C2","M",""]
["Michal Marek",1982,"Křižanov","CZ/M","M",""]
["Michal Navratil",1985,"Křižanov","CZ/M","M",{"$f":"IF(A515=\"(prázdné)\",\"\",IF(($G$1-B515)>25,\"\",\"Junior v roce \"&$G$1))","v":""}]
["Michal Nutil",1966,"Náchod",{"$f":"VLOOKUP(C516,Region,2,0)","v":"CZ/C2"},"M",{"$f":"IF(A516=\"(prázdné)\",\"\",IF(($G$1-B516)>25,\"\",\"Junior v roce \"&$G$1))","v":""}]
["Michal Posluzny",1968,"Medlánky",{"$f":"VLOOKUP(C517,Region,2,0)","v":"CZ/M"},"M",""]
["Michal Rancak",1984,"Mladá Boleslav","CZ/C1","M",""]
["Michal Richter",1983,"Kolín","CZ/C1","M",""]
["Michal Sebek",1998,"Letňany","CZ/C1","M","Junior v roce 2020"]
["Michal Sich",1979,"Mladá Boleslav","CZ/C1","M",""]
["Michal Stastny",1970,"Medlánky","CZ/M","M",""]
["Michal Trylc",1987,"Plasy","CZ/C1","M",""]
["Michal Vopalensky",1974,"Letňany",{"$f":"VLOOKUP(C524,Region,2,0)","v":"CZ/C1"},"M",{"$f":"IF(A524=\"(prázdné)\",\"\",IF(($G$1-B524)>25,\"\",\"Junior v roce \"&$G$1))","v":""}]
["Michal Vrana",1999,"Vyškov",{"$f":"VLOOKUP(C525,Region,2,0)","v":"CZ/M"},"M",{"$f":"IF(A525=\"(prázdné)\",\"\",IF(($G$1-B525)>25,\"\",\"Junior v roce \"&$G$1))","v":"Junior v roce 2020"}]
["Milada Moudra",1991,"Hodkovice","CZ/C2","F",""]
["Milan Benes",1953,"Raná",{"$f":"VLOOKUP(C527,Region,2,0)","v":"CZ/C2"},"M",{"$f":"IF(A527=\"(prázdné)\",\"\",IF(($G$1-B527)>25,\"\",\"Junior v roce \"&$G$1))","v":""}]
["Milan Dvorak",1965,"Liberec","CZ/C2","M",""]
["Milan Kuk",1950,"Dvůr Králové","CZ/C2","M",""]
["Milan Meisner",1961,"Dvůr Králové","CZ/C2","M",""]
["Milan Riha",1973,"Zbraslavice",{"$f":"VLOOKUP(C531,Region,2,0)","v":"CZ/C1"},"M",{"$f":"IF(A531=\"(prázdné)\",\"\",IF(($G$1-B531)>25,\"\",\"Junior v roce \"&$G$1))","v":""}]
["Milan Svoboda 34",1934,"Letkov","CZ/C1","M",""]
["Milan Svoboda 80",1980,"Havlíčkův Brod","CZ/C2","M","",null,"Dříve Chotěboř"]
["Milan Svorc",1955,"Podhořany","CZ/C2","M",""]
["Miloslav Cindr",1974,"Ústí nad Orlicí","CZ/C2","M",""]
["Miloslav Cink",1987,"Letkov","CZ/C1","M","",null,"Dříve Letkov"]
["Miloslav Fiser",1974,"Hodkovice","CZ/C2","M",""]
["Miloslav Hulmak",1963,"Hosín","CZ/C1","M",""]
["Miloslav Krch",1988,"Zbraslavice","CZ/C1","M",""]
["Milos Dedera",1956,"Jihlava","CZ/M","M",""]
["Milos Eichler",1964,"Dvůr Králové","CZ/C2","M",""]
["Milos Houha",1954,"Plzeň Bory","CZ/C1","M",""]
["Milos Hrabe",1979,"Letňany","CZ/C1","M",""]
["Milos Matejka",1956,"Beroun","CZ/C1","M",""]
["Milos Novotny",1973,"Hronov",{"$f":"VLOOKUP(C545,Region,2,0)","v":"CZ/C2"},"M",{"$f":"IF(A545=\"(prázdné)\",\"\",IF(($G$1-B545)>25,\"\",\"Junior v roce \"&$G$1))","v":""}]
["Milos Pajr",1966,"Jičín","CZ/C2","M",""]
["Milos Pospisil",1952,"Frýdlant","CZ/M","M",""]
["Milos Rejzl",1962,"Klatovy","CZ/C1","M",""]
["Miroslav Burdych",1973,"Nové Město nad Metují","CZ/C2","M",""]
["Miroslav Burian",1969,"Křižanov","CZ/M","M",""]
["Miroslav Cervenka",1980,"Křižanov","CZ/M","M",""]
["Miroslav Filip",1959,"Křižanov","CZ/M","M",""]
["Miroslav Horinek",1976,"Křižanov","CZ/M","M",""]
["Miroslav Jezek",1973,"Žamberk","CZ/C2","M",""]
["Miroslav Koci",1961,"Žamberk","CZ/C2","M",""]
["Miroslav Kudlacek",1986,"Polička",{"$f":"VLOOKUP(C556,Region,2,0)","v":"CZ/C2"},"M",{"$f":"IF(A556=\"(prázdné)\",\"\",IF(($G$1-B556)>25,\"\",\"Junior v roce \"&$G$1))","v":""}]
["Miroslav Macik",1983,"Rakovník","CZ/C1","M",""]
["Miroslav Major",1968,"GAC Benešov","CZ/C1","M",""]
["Miroslav Mancik",1976,"Kyjov","CZ/M","M",""]
["Miroslav Odlozilik",1973,"Křižanov","CZ/M","M",""]
["Miroslav Ofukany",1951,"Kolín","CZ/C1","M",""]
["Miroslav Plechac",1969,"Hronov","CZ/C2","M",""]
["Miroslav Sklenar",1964,"Žamberk","CZ/C2","M",""]
["Miroslav Streda",1945,"Vrchlabí","CZ/C2","M",""]
["Miroslav Sedivy",1974,"Letkov","CZ/C1","M",""]
["Miroslav Stepan",1955,"Žamberk","CZ/C2","M",""]
["Miroslav Trybucek",1965,"Jičín","CZ/C2","M",""]
["Monika Bezdekova",1988,"Letňany","CZ/C1","F","",null,"Dříve Bubnová"]
["Monika Jiraskova",1994,"Hronov","CZ/C2","F",""]
["Monika Klovanicova",1992,"Kunovice","CZ/M","F",""]
["Nikola Zizkovsky",1980,"Kralupy","CZ/C1","M",""]
["Oldrich Bartonik",1961,"Luhačovice","CZ/M","M",""]
["Oldrich Hlavacek",1973,"Medlánky","CZ/M","M",""]
["Oldrich Houzvicka",1975,"Frýdlant","CZ/M","M",""]
["Oldrich Kounovsky",1976,"Medlánky",{"$f":"VLOOKUP(C575,Region,2,0)","v":"CZ/M"},"M",{"$f":"IF(A575=\"(prázdné)\",\"\",IF(($G$1-B575)>25,\"\",\"Junior v roce \"&$G$1))","v":""}]
["Oldrich Slavicek",1959,"Hronov","CZ/C2","M",""]
["Oldrich Stumbauer",1992,"Prachatice",{"$f":"VLOOKUP(C577,Region,2,0)","v":"CZ/C1"},"M",{"$f":"IF(A577=\"(prázdné)\",\"\",IF(($G$1-B577)>25,\"\",\"Junior v roce \"&$G$1))","v":""}]
["Olga Mokosova",1970,"Jihlava","CZ/M","F",""]
["Ondrej Bartos",1975,"Točná","CZ/C1","M",""]
["Ondrej Belohlavek",1978,"Vysoké Mýto","CZ/C2","M",""]
["Ondrej Blaha",1976,"Letňany","CZ/C1","M",""]
["Ondrej Bordovsky",1983,"Krnov","CZ/M","M",""]
["Ondrej Dupal",1966,"GAC Benešov","CZ/C1","M",""]
["Ondrej Dvorak 58",1958,"Raná","CZ/C2","M",""]
["Ondrej Dvorak 87",1987,"Raná","CZ/C2","M",""]
["Ondrej Dvorak 98",1998,"Mladá Boleslav","CZ/C1","M","Junior v roce 2020"]
["Ondrej Hart",1990,"Letňany",{"$f":"VLOOKUP(C587,Region,2,0)","v":"CZ/C1"},"M",{"$f":"IF(A587=\"(prázdné)\",\"\",IF(($G$1-B587)>25,\"\",\"Junior v roce \"&$G$1))","v":""}]
["Ondrej Holas",1989,"Česká Lípa","CZ/C2","M",""]
["Ondrej Jung",1976,"Zbraslavice","CZ/C1","M",{"$f":"IF(A589=\"(prázdné)\",\"\",IF(($G$1-B589)>25,\"\",\"Junior v roce \"&$G$1))","v":""}]
["Ondrej Kluger",1990,"LK Břeclav",{"$f":"VLOOKUP(C590,Region,2,0)","v":"CZ/M"},"M",""]
["Ondrej Kover",1993,"Šumperk","CZ/M","M",""]
["Ondrej Krejci",1974,"Chotěboř","CZ/C2","M",""]
["Ondrej Prazsky",1978,"Zbraslavice",{"$f":"VLOOKUP(C593,Region,2,0)","v":"CZ/C1"},"M",{"$f":"IF(A593=\"(prázdné)\",\"\",IF(($G$1-B593)>25,\"\",\"Junior v roce \"&$G$1))","v":""}]
["Ondrej Marek",1989,"Žamberk","CZ/C2","M",""]
["Ondrej Skala",1982,"Vrchlabí","CZ/C2","M",""]
["Ondrej Sindelar",1979,"Mladá Boleslav","CZ/C1","M",""]
["Ondrej Supka",1994,"Kunovice","CZ/M","M",""]
["Ondrej Teichman",1984,"Dvůr Králové","CZ/C2","M",""]
["Ondrej Trkal",1991,"Vysoké Mýto","CZ/C2","M",""]
["Ondrej Valach",1986,"Točná","CZ/C1","M",""]
["Ondrej Vyskocil",1991,"Letkov","CZ/C1","M",""]
["Ondrej Zeman",1980,"Letňany","CZ/C1","M",""]
["Ota Vavrin",1947,"Vysoké Mýto","CZ/C2","M",""]
["Otakar Tucek",1947,"Raná","CZ/C2","M",""]
["Patrik Cebis",1972,"Kralupy","CZ/C1","M",""]
["Pavel Brodsky",1992,"Hořice","CZ/C2","M",""]
["Pavel Cerny",1996,"Příbram","CZ/C1","M","Junior v roce 2020"]
["Pavel Derda",1952,"Dvůr Králové","CZ/C2","M",""]
["Pavel Dostal",1944,"Turnov","CZ/C2","M",""]
["Pavel Foldyna",1976,"Frýdlant","CZ/M","M",""]
["Pavel Franc",1974,"Hronov","CZ/C2","M",""]
["Pavel Haluza",1966,"Prostějov","CZ/M","M",""]
["Pavel Handl",1971,"Kroměříž",{"$f":"VLOOKUP(C613,Region,2,0)","v":"CZ/M"},"M",{"$f":"IF(A613=\"(prázdné)\",\"\",IF(($G$1-B613)>25,\"\",\"Junior v roce \"&$G$1))","v":""}]
["Pavel Hartman",1963,"Jaroměř","CZ/C2","M",""]
["Pavel Jiranek",1993,"Toužim","CZ/C1","M",""]
["Pavel Jurak",1986,"Kunovice","CZ/M","M",""]
["Pavel Jurka",1955,"Moravská Třebová","CZ/M","M",""]
["Pavel Kalous",1921,"Frýdlant","CZ/M","M",""]
["Pavel Kostkan",1952,"Dvůr Králové","CZ/C2","M",""]
["Pavel Koudelka",1973,"Křižanov","CZ/M","M",""]
["Pavel Kuriscak",1987,"Beroun",{"$f":"VLOOKUP(C621,Region,2,0)","v":"CZ/C1"},"M",{"$f":"IF(A621=\"(prázdné)\",\"\",IF(($G$1-B621)>25,\"\",\"Junior v roce \"&$G$1))","v":""}]
["Pavel Laznicka",1955,"Letňany","CZ/C1","M",""]
["Pavel Liska",1965,"Roudnice","CZ/C2","M",""]
["Pavel Louzecky",1957,"Přibyslav","CZ/C2","M",""]
["Pavel Nemec",1988,"Šumperk","CZ/M","M",""]
["Pavel Opat",1975,"Rakovník",{"$f":"VLOOKUP(C626,Region,2,0)","v":"CZ/C1"},"M",{"$f":"IF(A626=\"(prázdné)\",\"\",IF(($G$1-B626)>25,\"\",\"Junior v roce \"&$G$1))","v":""}]
["Pavel Paces",1972,"Kladno","CZ/C1","M",""]
["Pavel Pittner",1980,"Polička","CZ/C2","M",""]
["Pavel Rericha",1967,"Moravská Třebová","CZ/M","M",""]
["Pavel Schor",1985,"Medlánky","CZ/M","M",""]
["Pavel Svoboda",1938,"Letňany","CZ/C1","M",""]
["Pavel Simek",1957,"Vyškov","CZ/M","M",""]
["Pavel Skrabal",1969,"Šumperk","CZ/M","M",""]
["Pavel Sulc",1976,"Hodkovice",{"$f":"VLOOKUP(C634,Region,2,0)","v":"CZ/C2"},"M",{"$f":"IF(A634=\"(prázdné)\",\"\",IF(($G$1-B634)>25,\"\",\"Junior v roce \"&$G$1))","v":""}]
["Pavel Svejkovsky",1968,"Česká Lípa",{"$f":"VLOOKUP(C635,Region,2,0)","v":"CZ/C2"},"M",{"$f":"IF(A635=\"(prázdné)\",\"\",IF(($G$1-B635)>25,\"\",\"Junior v roce \"&$G$1))","v":""}]
["Pavel Svrcek",1972,"Frýdlant","CZ/M","M",""]
["Pavel Trojan",1960,"Chrudim","CZ/C2","M",""]
["Pavel Trybenekr",1990,"Hořice","CZ/C2","M",""]
["Pavel Zima",1979,"Břeclav","CZ/M","M",""]
["Pavla Seifertova",1981,"Raná","CZ/C2","F",""]
["Pavlina Hanusova",1970,"Turnov","CZ/C2","F",""]
["Pavlina Horackova",1965,"Šumperk","CZ/M","F",""]
["Peter Kaspar",1980,"Vyškov",{"$f":"VLOOKUP(C643,Region,2,0)","v":"CZ/M"},"M",{"$f":"IF(A643=\"(prázdné)\",\"\",IF(($G$1-B643)>25,\"\",\"Junior v roce \"&$G$1))","v":""}]
["Petr Babak 73",1973,"Hořice",{"$f":"VLOOKUP(C644,Region,2,0)","v":"CZ/C2"},"M",{"$f":"IF(A644=\"(prázdné)\",\"\",IF(($G$1-B644)>25,\"\",\"Junior v roce \"&$G$1))","v":""}]
["Petr Baros",1974,"Hranice","CZ/M","M",""]
["Petr Bartak",1984,"Letkov","CZ/C1","M",""]
["Petr Brezina",1963,"Frýdlant","CZ/M","M",""]
["Petr Bezdek",1965,"Letňany","CZ/C1","M",""]
["Petr Cernicky",1974,"Toužim",{"$f":"VLOOKUP(C649,Region,2,0)","v":"CZ/C1"},"M",{"$f":"IF(A649=\"(prázdné)\",\"\",IF(($G$1-B649)>25,\"\",\"Junior v roce \"&$G$1))","v":""}]
["Petr Doubek",1974,"Kralupy","CZ/C1","M",""]
["Petr Filip",1982,"Zbraslavice","CZ/C1","M",""]
["Petr Fisar",1974,"Ústí nad Orlicí","CZ/C2","M",""]
["Petr Fousek",1958,"Zbraslavice","CZ/C1","M",""]
["Petr Frycek",1960,"Most","CZ/C2","M",""]
["Petr Gebauer",1999,"Mladá Boleslav","CZ/C1","M","Junior v roce 2020"]
["Petr Gryc",1949,"Medlánky","CZ/M","M",""]
["Petr Hanacek",1962,"Jeseník","CZ/M","M",""]
["Petr Havrlant",1965,"Šumperk","CZ/M","M",""]
["Petr Hodulak",1974,"Beroun","CZ/C1","M",""]
["Petr Hofman",1984,"Letňany","CZ/C1","M",""]
["Petr Homola",1974,"GAC Benešov",{"$f":"VLOOKUP(C661,Region,2,0)","v":"CZ/C1"},"M",{"$f":"IF(A661=\"(prázdné)\",\"\",IF(($G$1-B661)>25,\"\",\"Junior v roce \"&$G$1))","v":""}]
["Petr Hora",1948,"Hodkovice","CZ/C2","M",{"$f":"IF(A662=\"(prázdné)\",\"\",IF(($G$1-B662)>25,\"\",\"Junior v roce \"&$G$1))","v":""}]
["Petr Hotovy",1958,"Česká Lípa",{"$f":"VLOOKUP(C663,Region,2,0)","v":"CZ/C2"},"M",""]
["Petr Houstek 49",1949,"Jaroměř","CZ/C2","M",""]
["Petr Houstek 79",1979,"Jaroměř","CZ/C2","M",""]
["Petr Hrebec",1972,"Točná","CZ/C1","M",""]
["Petr Humlicek",1973,"Medlánky","CZ/M","M",""]
["Petr Hybner",1951,"Liberec","CZ/C2","M",""]
["Petr Jasan",1960,"Medlánky","CZ/M","M",""]
["Petr Jedlicka",1987,"Medlánky","CZ/M","M",""]
["Petr Jiranek 63",1962,"Toužim","CZ/C1","M",""]
["Petr Jiranek 91",1991,"Toužim","CZ/C1","M",""]
["Petr Jirasek",1968,"Hronov","CZ/C2","M",""]
["Petr Kachlik",1954,"GAC Benešov","CZ/C1","M",""]
["Petr Kapounek",1977,"Kroměříž","CZ/M","M",""]
["Petr Kaufmann",1958,"Nové Město nad Metují","CZ/C2","M",""]
["Petr Kejr",1959,"Kralupy","CZ/C1","M",""]
["Petr Kolacek",1965,"Šumperk","CZ/M","M",""]
["Petr Kolomaznik",1981,"Šumperk","CZ/M","M",""]
["Petr Kotal",1975,"Točná","CZ/C1","M",""]
["Petr Koutny",1971,"Křižanov","CZ/M","M",""]
["Petr Kohr",1970,"Raná","CZ/C2","M",""]
["Petr Krejcirik",1960,"Hranice","CZ/M","M",""]
["Petr Kubik 74",1974,"Křižanov","CZ/M","M",""]
["Petr Kubik 75",1975,"Moravská Třebová","CZ/M","M",""]
["Petr Kyzivat",1970,"Jičín","CZ/C2","M",""]
["Petr Lonsky",1965,"Toužim","CZ/C1","M",""]
["Petr Los",1961,"Toužim","CZ/C1","M",""]
["Petr Macicek",1976,"Frýdlant","CZ/M","M",""]
["Petr Malcek",1965,"Letňany","CZ/C1","M",""]
["Petr Mitas",1993,"Kunovice","CZ/M","M",""]
["Petr Omelka",1970,"Vyškov",{"$f":"VLOOKUP(C692,Region,2,0)","v":"CZ/M"},"M",{"$f":"IF(A692=\"(prázdné)\",\"\",IF(($G$1-B692)>25,\"\",\"Junior v roce \"&$G$1))","v":""}]
["Petr Panek",1975,"Dvůr Králové","CZ/C2","M",""]
["Petr Petricka",1972,"Soběslav","CZ/C1","M",""]
["Petr Prichystal",1973,"Moravská Třebová","CZ/M","M",""]
["Petr Rajda",1970,"Křižanov","CZ/M","M",""]
["Petr Rozhon",1972,"Hosín","CZ/C1","M",""]
["Petr Rygl",1966,"Jičín","CZ/C2","M",""]
["Petr Seibrt",1974,"Nové Město nad Metují","CZ/C2","M",""]
["Petr Sloupensky",1959,"Ústí nad Orlicí","CZ/C2","M",""]
["Petr Starek",1974,"Zbraslavice","CZ/C1","M",""]
["Petr Striz",1980,"Točná","CZ/C1","M",""]
["Petr Svoboda",1988,"Letkov","CZ/C1","M",""]
["Petr Safar",1978,"Ústí nad Orlicí","CZ/C2","M",""]
["Petr Senkyr",1965,"Kunovice","CZ/M","M",""]
["Petr Setka",1971,"Letkov","CZ/C1","M",""]
["Petr Spunar",1966,"Mladá Boleslav","CZ/C1","M",""]
["Petr Stepanek",1989,"Moravská Třebová","CZ/M","M",""]
["Petr Tax",1968,"Jičín",{"$f":"VLOOKUP(C709,Region,2,0)","v":"CZ/C2"},"M",{"$f":"IF(A709=\"(prázdné)\",\"\",IF(($G$1-B709)>25,\"\",\"Junior v roce \"&$G$1))","v":""}]
["Petr Tichy",1973,"Zbraslavice","CZ/C1","M",""]
["Petr Uhrincko",1969,"Kladno","CZ/C1","M",""]
["Petr Valenta 94",1994,"Kunovice","CZ/M","M",""]
["Petr Valenta 76",1976,"Jaroměř",{"$f":"VLOOKUP(C713,Region,2,0)","v":"CZ/C2"},"M",{"$f":"IF(A713=\"(prázdné)\",\"\",IF(($G$1-B713)>25,\"\",\"Junior v roce \"&$G$1))","v":""}]
["Petr Velek",1975,"GAC Benešov",{"$f":"VLOOKUP(C714,Region,2,0)","v":"CZ/C1"},"M",{"$f":"IF(A714=\"(prázdné)\",\"\",IF(($G$1-B714)>25,\"\",\"Junior v roce \"&$G$1))","v":""}]
["Petr Vezda",1974,"Medlánky",{"$f":"VLOOKUP(C715,Region,2,0)","v":"CZ/M"},"M",{"$f":"IF(A715=\"(prázdné)\",\"\",IF(($G$1-B715)>25,\"\",\"Junior v roce \"&$G$1))","v":""}]
["Petr Vlasak",1974,"Medlánky","CZ/M","M",""]
["Petr Vodicka",1965,"Jaroměř","CZ/C2","M",""]
["Petr Zajic",1962,"Liberec","CZ/C2","M",""]
["Petra Benesova",1985,"Beroun","CZ/C1","F",""]
["Petra Diepoldova",1978,"Vysoké Mýto","CZ/C2","F",""]
["Petra Piskata",1989,"Hranice","CZ/M","F",""]
["Petra Pinkova",1988,"Letkov","CZ/C1","F",""]
["Petra Retamozova",1990,"Kralupy","CZ/C1","F",""]
["Premek Popovsky",1966,"Kyjov","CZ/M","M",""]
["Premysl Muzik",1990,"Hosín","CZ/C1","M",""]
["Radek Gadas",1998,"Hodkovice",{"$f":"VLOOKUP(C726,Region,2,0)","v":"CZ/C2"},"M","Junior v roce 2020"]
["Radek Hamrla",1973,"Vyškov",{"$f":"VLOOKUP(C727,Region,2,0)","v":"CZ/M"},"M",{"$f":"IF(A727=\"(prázdné)\",\"\",IF(($G$1-B727)>25,\"\",\"Junior v roce \"&$G$1))","v":""}]
["Radek Hybl",1980,"Šumperk","CZ/M","M",""]
["Radek Chmela",1984,"Luhačovice","CZ/M","M",""]
["Radek Jaksa",1979,"Prostějov","CZ/M","M",""]
["Radek Krejcirik",1991,"Hranice","CZ/M","M",""]
["Radek Kucirek",1973,"Havlíčkův Brod","CZ/C2","M",""]
["Radek Laga",1997,"Kunovice",{"$f":"VLOOKUP(C733,Region,2,0)","v":"CZ/M"},"M","Junior v roce 2020"]
["Radek Munzar",1976,"Jaroměř","CZ/C2","M",{"$f":"IF(A734=\"(prázdné)\",\"\",IF(($G$1-B734)>25,\"\",\"Junior v roce \"&$G$1))","v":""}]
["Radek Tobolka",1977,"Jičín",{"$f":"VLOOKUP(C735,Region,2,0)","v":"CZ/C2"},"M",""]
["Radek Trunec",1989,"Letkov","CZ/C1","M",""]
["Radek Vlcek",1982,"Šumperk","CZ/M","M",""]
["Radek Zima 78",1978,"Hodkovice","CZ/C2","M",""]
["Radek Zima 75",1975,"Břeclav","CZ/M","M",""]
["Radim Bradac",1995,"Letňany","CZ/C1","M","Junior v roce 2020"]
["Radim Hahn",1972,"Zábřeh","CZ/M","M",""]
["Radim Hauptmann",1963,"Jičín","CZ/C2","M",""]
["Radim Jordan",1976,"Žamberk","CZ/C2","M",""]
["Radim Krofta",1984,"Rakovník","CZ/C1","M",""]
["Radim Malatek",1978,"Beroun","CZ/C1","M",""]
["Radim Vadasz",1989,"Soběslav","CZ/C1","M",""]
["Radim Zielinski",1969,"Frýdlant","CZ/M","M",""]
["Radmila Horacek Filakovska",1963,"Dvůr Králové","CZ/C2","F",""]
["Radoslav Pur",1973,"Hosín","CZ/C1","M",""]
["Radovan Otto",1968,"Ústí nad Labem","CZ/C2","M",""]
["Radovan Sohr",1965,"Hranice","CZ/M","M","",null,"Dříve Jičín"]
["Rene Hudak",1972,"Kunovice","CZ/M","M",""]
["Rene Picha",1970,"Vlašim","CZ/C1","M",""]
["Richard Jensen",1965,"Zbraslavice","CZ/C1","M",""]
["Richard Svarovsky",1976,"Zábřeh","CZ/M","M",""]
["Richard Vlcek",1993,"Kunovice","CZ/M","M",""]
["Robert Jandera",1976,"Hodkovice","CZ/C2","M",""]
["Robert Sima",1971,"GAC Benešov","CZ/C1","M",""]
["Roman Cerny",1971,"Hranice","CZ/M","M",""]
["Roman Huszar",1963,"Letňany","CZ/C1","M",""]
["Roman Jokl",1979,"Letkov","CZ/C1","M",""]
["Roman Konarik",1976,"Luhačovice","CZ/M","M",""]
["Roman Lanzendorf",1964,"Letkov","CZ/C1","M",""]
["Roman Lengal",1987,"Břeclav",{"$f":"VLOOKUP(C764,Region,2,0)","v":"CZ/M"},"M",{"$f":"IF(A764=\"(prázdné)\",\"\",IF(($G$1-B764)>25,\"\",\"Junior v roce \"&$G$1))","v":""}]
["Roman Lukes",1979,"Přibyslav",{"$f":"VLOOKUP(C765,Region,2,0)","v":"CZ/C2"},"M",{"$f":"IF(A765=\"(prázdné)\",\"\",IF(($G$1-B765)>25,\"\",\"Junior v roce \"&$G$1))","v":""}]
["Roman Michalek",1974,"Toužim","CZ/C1","M",""]
["Roman Mracek",1980,"Letkov","CZ/C1","M",""]
["Roman Schotli",1970,"Hranice","CZ/M","M",""]
["Roman Stoklasa",1984,"Medlánky","CZ/M","M",""]
["Rostislav Broz",1968,"Vrchlabí","CZ/C2","M",""]
["Rostislav Fric",1973,"Raná","CZ/C2","M","",null,"Dříve Jičín"]
["Rostislav Matl",1972,"Vyškov","CZ/M","M",""]
["Rostislav Stryk",1972,"Frýdlant","CZ/M","M",""]
["Rostislav Subert",1982,"Šumperk","CZ/M","M",""]
["Rudolf Ferbar",1969,"Moravská Třebová","CZ/M","M",""]
["Rudolf Jung",1954,"Zbraslavice","CZ/C1","M",""]
["Sabina Vitova",1998,"Kroměříž","CZ/M","F","Junior v roce 2020"]
["Slavomir Piskaty 58",1958,"Kunovice","CZ/M","M",""]
["Slavomir Piskaty 84",1984,"Kunovice","CZ/M","M",""]
["Slavomir Tanglmajer",1966,"Chomutov","CZ/C2","M",""]
["Slavomir Valecko",1960,"Hranice","CZ/M","M",""]
["Sona Fortova",1980,"GAC Benešov","CZ/C1","F",""]
["Stanislav Doskocil",1978,"Medlánky","CZ/M","M",""]
["Stanislav Hanus",1970,"Vrchlabí","CZ/C2","M",""]
["Stanislav Honzatko",1952,"Slaný","CZ/C1","M",""]
["Stanislav John",1974,"Hosín",{"$f":"VLOOKUP(C786,Region,2,0)","v":"CZ/C1"},"M",{"$f":"IF(A786=\"(prázdné)\",\"\",IF(($G$1-B786)>25,\"\",\"Junior v roce \"&$G$1))","v":""}]
["Stanislav Kubicek",1960,"Medlánky","CZ/M","M",""]
["Stanislav Poslusny",1965,"GAC Benešov","CZ/C1","M",""]
["Stanislava Zemlickova",2000,"Vyškov",{"$f":"VLOOKUP(C789,Region,2,0)","v":"CZ/M"},"F",{"$f":"IF(A789=\"(prázdné)\",\"\",IF(($G$1-B789)>25,\"\",\"Junior v roce \"&$G$1))","v":"Junior v roce 2020"}]
["Svatopluk Tomsu",1973,"Jaroměř","CZ/C2","M",""]
["Sarka Lochova",1966,"Šumperk","CZ/M","F",""]
["Stefan Uher",1968,"Turnov","CZ/C2","M",""]
["Stepan Matous",1980,"Dvůr Králové","CZ/C2","M",""]
["Teodor Skoda",1998,"Hronov",{"$f":"VLOOKUP(C794,Region,2,0)","v":"CZ/C2"},"M",{"$f":"IF(A794=\"(prázdné)\",\"\",IF(($G$1-B794)>25,\"\",\"Junior v roce \"&$G$1))","v":"Junior v roce 2020"}]
["Tereza Jirsakova",1997,"Hronov","CZ/C2","F","Junior v roce 2020"]
["Tereza Koubkova",1999,"Letňany","CZ/C1","F",{"$f":"IF(A796=\"(prázdné)\",\"\",IF(($G$1-B796)>25,\"\",\"Junior v roce \"&$G$1))","v":"Junior v roce 2020"}]
["Tereza Krcilova Spalenkova",1981,"Raná",{"$f":"VLOOKUP(C797,Region,2,0)","v":"CZ/C2"},"F",{"$f":"IF(A797=\"(prázdné)\",\"\",IF(($G$1-B797)>25,\"\",\"Junior v roce \"&$G$1))","v":""}]
["Tereza Novakova",1993,"Chrudim",{"$f":"VLOOKUP(C798,Region,2,0)","v":"CZ/C2"},"F",{"$f":"IF(A798=\"(prázdné)\",\"\",IF(($G$1-B798)>25,\"\",\"Junior v roce \"&$G$1))","v":""}]
["Tibor Hezina",2002,"Křižanov",{"$f":"VLOOKUP(C799,Region,2,0)","v":"CZ/M"},"M","Junior v roce 2020"]
["Tibor Hruza",1970,"Letkov","CZ/C1","M",""]
["Tomas Barton",1982,"Hosín","CZ/C1","M",""]
["Tomas Buben",1971,"Jaroměř","CZ/C2","M",""]
["Tomas Ditrt",1969,"Podhořany","CZ/C2","M",""]
["Tomas Fiala 72",1972,"Křižanov","CZ/M","M",""]
["Tomas Fiala 77",1977,"Luhačovice","CZ/M","M",""]
["Tomas Fila",1987,"Beroun","CZ/C1","M",{"$f":"IF(A806=\"(prázdné)\",\"\",IF(($G$1-B806)>25,\"\",\"Junior v roce \"&$G$1))","v":""}]
["Tomas Flegl",1987,"Hodkovice",{"$f":"VLOOKUP(C807,Region,2,0)","v":"CZ/C2"},"M",""]
["Tomas Frinta",1970,"Hodkovice","CZ/C2","M",""]
["Tomas Hlavacek",1984,"Mladá Boleslav",{"$f":"VLOOKUP(C809,Region,2,0)","v":"CZ/C1"},"M",{"$f":"IF(A809=\"(prázdné)\",\"\",IF(($G$1-B809)>25,\"\",\"Junior v roce \"&$G$1))","v":""}]
["Tomas Hlavenka",1987,"Luhačovice","CZ/M","M",""]
["Tomas Holzapfel",1975,"Mladá Boleslav","CZ/C1","M",""]
["Tomas Hulmak",1999,"Hosín","CZ/C1","M","Junior v roce 2020"]
["Tomas Charvat",1981,"Vysoké Mýto","CZ/C2","M",""]
["Tomas Jakoubek",2000,"Hronov",{"$f":"VLOOKUP(C814,Region,2,0)","v":"CZ/C2"},"M","Junior v roce 2020"]
["Tomas Jedlicka",1959,"Karlštejn","CZ/C1","M",""]
["Tomas Jilek",1995,"Raná","CZ/C2","M","Junior v roce 2020"]
["Tomas Jiricny",1981,"Hodkovice","CZ/C2","M",""]
["Tomas Jung",1950,"Zbraslavice","CZ/C1","M",""]
["Tomas Kohout",1981,"Slaný","CZ/C1","M",""]
["Tomas Koutnik",1985,"Jaroměř","CZ/C2","M",""]
["Tomas Kovarik",1965,"Zbraslavice","CZ/C1","M",""]
["Tomas Kubac",1993,"Roudnice","CZ/C2","M",""]
["Tomas Kulhavy",2001,"Liberec",{"$f":"VLOOKUP(C823,Region,2,0)","v":"CZ/C2"},"M","Junior v roce 2020"]
["Tomas Lisec",1984,"Točná","CZ/C1","M",""]
["Tomas Magnusek",1988,"Frýdlant","CZ/M","M",""]
["Tomas Malik",1972,"Letňany","CZ/C1","M",""]
["Tomas Malinsky",1988,"Křižanov","CZ/M","M",""]
["Tomas Manasek",1980,"Kunovice","CZ/M","M",""]
["Tomas Mezera",1973,"Raná","CZ/C2","M",""]
["Tomas Michna",1989,"Šumperk","CZ/M","M",""]
["Tomas Moravec",2000,"Žamberk","CZ/C2","M","Junior v roce 2020"]
["Tomas Morch",1981,"Raná","CZ/C2","M",""]
["Tomas Ohera",1977,"Letňany","CZ/C1","M",""]
["Tomas Ondrusek",1994,"Letkov","CZ/C1","M",""]
["Tomas Ondrisek",1970,"Kunovice","CZ/M","M",""]
["Tomas Palata",1966,"Liberec","CZ/C2","M",""]
["Tomas Podolak",1986,"Kralupy","CZ/C1","M",""]
["Tomas Profeld",1964,"Jičín","CZ/C2","M",""]
["Tomas Prokop",1972,"Šumperk","CZ/M","M",""]
["Tomas Prikryl",1973,"Vyškov","CZ/M","M",""]
["Tomas Ptacovsky",1981,"Letňany","CZ/C1","M",""]
["Tomas Rendla",1973,"Zbraslavice","CZ/C1","M",""]
["Tomas Rysavy",1959,"Medlánky","CZ/M","M",""]
["Tomas Sedlacek",1972,"Zbraslavice","CZ/C1","M",""]
["Tomas Seifert",1972,"Raná","CZ/C2","M",""]
["Tomas Shrbeny",1968,"Točná","CZ/C1","M",""]
["Tomas Suchanek",1964,"GAC Benešov","CZ/C1","M",""]
["Tomas Talanda",1988,"Křižanov","CZ/M","M",""]
["Tomas Vrbsky",1964,"Letkov","CZ/C1","M",""]
["Tomas Zamecnik",1988,"Zbraslavice","CZ/C1","M",""]
["Ulf Kern",1958,"Raná","CZ/C2","M",""]
["Vaclav Cerny",1949,"Plasy","CZ/C1","M",""]
["Vaclav Halek",1966,"Toužim",{"$f":"VLOOKUP(C853,Region,2,0)","v":"CZ/C1"},"M",{"$f":"IF(A853=\"(prázdné)\",\"\",IF(($G$1-B853)>25,\"\",\"Junior v roce \"&$G$1))","v":""}]
["Vaclav Hrdina",1984,"Letkov",{"$f":"VLOOKUP(C854,Region,2,0)","v":"CZ/C1"},"M",{"$f":"IF(A854=\"(prázdné)\",\"\",IF(($G$1-B854)>25,\"\",\"Junior v roce \"&$G$1))","v":""}]
["Vaclav Hruza",1965,"Břeclav","CZ/M","M",""]
["Vaclav Koudelka",1997,"Jičín","CZ/C2","M","Junior v roce 2020"]
["Vaclav Krejcar",1943,"Hořice","CZ/C2","M",""]
["Vaclav Kult",1973,"Broumov","CZ/C2","M",""]
["Vaclav Kunasek",1987,"Zbraslavice","CZ/C1","M",""]
["Vaclav Kysilka",1979,"GAC Benešov",{"$f":"VLOOKUP(C860,Region,2,0)","v":"CZ/C1"},"M",{"$f":"IF(A860=\"(prázdné)\",\"\",IF(($G$1-B860)>25,\"\",\"Junior v roce \"&$G$1))","v":""}]
["Vaclav Marel",1974,"Jaroměř","CZ/C2","M",""]
["Vaclav Ochotny",1966,"Kunovice",{"$f":"VLOOKUP(C862,Region,2,0)","v":"CZ/M"},"M",{"$f":"IF(A862=\"(prázdné)\",\"\",IF(($G$1-B862)>25,\"\",\"Junior v roce \"&$G$1))","v":""}]
["Vaclav Petru",1974,"Letňany","CZ/C1","M",""]
["Vaclav Sehnal",1962,"Kolín","CZ/C1","M",""]
["Vaclav Svoboda",1970,"Letkov","CZ/C1","M",""]
["Vaclav Trnka",1939,"Ústí nad Orlicí","CZ/C2","M",""]
["Vaclav Zeman",1984,"Zbraslavice","CZ/C1","M",""]
["Vaclav Zak",1962,"GAC Benešov","CZ/C1","M",""]
["Vera Vavrinova",1949,"Vysoké Mýto","CZ/C2","F",""]
["Veronika Ambrozova",1984,"Křižanov","CZ/M","F",""]
["Veronika Jezkova",1986,"Mladá Boleslav","CZ/C1","F",""]
["Veronika Mullerova",1983,"Letňany","CZ/C1","F",""]
["Viktor Becan",1979,"GAC Benešov","CZ/C1","M",""]
["Vilem Riha",1990,"Letňany","CZ/C1","M",""]
["Vit Grossmann",1977,"Hranice",{"$f":"VLOOKUP(C875,Region,2,0)","v":"CZ/M"},"M",{"$f":"IF(A875=\"(prázdné)\",\"\",IF(($G$1-B875)>25,\"\",\"Junior v roce \"&$G$1))","v":""}]
["Vit Hrdlicka",1960,"Medlánky","CZ/M","M",""]
["Vit Morkovsky",2000,"Polička","CZ/C2","M","Junior v roce 2020"]
["Vit Novak",1985,"Olomouc","CZ/M","M",{"$f":"IF(A878=\"(prázdné)\",\"\",IF(($G$1-B878)>25,\"\",\"Junior v roce \"&$G$1))","v":""}]
["Vit Prokop",1987,"Medlánky",{"$f":"VLOOKUP(C879,Region,2,0)","v":"CZ/M"},"M",""]
["Vit Rydl",1969,"Turnov","CZ/C2","M",""]
["Vit Tvrdik",2000,"Letňany","CZ/C1","M","Junior v roce 2020"]
["Vladimir Abraham",1962,"Raná","CZ/C2","M",""]
["Vladimir Baran",1949,"Frýdlant","CZ/M","M",""]
["Vladimir Dostal",1943,"Hronov","CZ/C2","M",""]
["Vladimir Fousek",1964,"Raná","CZ/C2","M",""]
["Vladimir Fux",1963,"Křižanov","CZ/M","M",""]
["Vladimir Hammer",2000,"Klatovy",{"$f":"VLOOKUP(C887,Region,2,0)","v":"CZ/C1"},"M","Junior v roce 2020"]
["Vladimir Hampl",1970,"Dvůr Králové","CZ/C2","M",""]
["Vladimir Jirka",1965,"Zábřeh","CZ/M","M",""]
["Vladimir Kamensky",1983,"Břeclav","CZ/M","M",""]
["Vladimir Kramosil",1937,"Most","CZ/C2","M",""]
["Vladimir Maca",1982,"Jihlava","CZ/M","M",""]
["Vladimir Nemec",1976,"Jeseník","CZ/M","M",""]
["Vladimir Prihoda",1953,"Kralupy","CZ/C1","M",""]
["Vladimir Spilka",1940,"Hranice","CZ/M","M",""]
["Vlastislav Picka",1948,"Jindřichův Hradec","CZ/C1","M",""]
["Vojtech Bartos",1970,"Medlánky","CZ/M","M",""]
["Vojtech Hajek",1987,"Mladá Boleslav","CZ/C1","M",""]
["Vojtech Karlik",1982,"Kunovice","CZ/M","M",""]
["Vojtech Kostejn",1974,"Hodkovice","CZ/C2","M",""]
["Vojtech Labuda",1980,"Příbram","CZ/C1","M",""]
["Vojtech Novotny",1992,"Kralupy","CZ/C1","M",""]
["Vojtech Petrovicky",1986,"Mladá Boleslav","CZ/C1","M",""]
["Vojtech Pivonka",1976,"Vrchlabí","CZ/C2","M",""]
["Vojtech Sehnal",1994,"Kolín","CZ/C1","M",""]
["Vojtech Stavny",1962,"Letkov","CZ/C1","M",""]
["Vojtech Svoboda",1994,"Zbraslavice",{"$f":"VLOOKUP(C907,Region,2,0)","v":"CZ/C1"},"M",{"$f":"IF(A907=\"(prázdné)\",\"\",IF(($G$1-B907)>25,\"\",\"Junior v roce \"&$G$1))","v":""}]
["Vojtech Vach",1976,"Hronov","CZ/C2","M",""]
["Vratislav Orlita",1946,"Kunovice","CZ/M","M",""]
["Vratislav sram",1966,"Broumov","CZ/C2","M",""]
["Wolfgang Sluka",1942,"Liberec","CZ/C2","M",""]
["Yvona Vyhnankova",1963,"Olomouc","CZ/M","F",""]
["Zbynek Bican",1961,"Raná","CZ/C2","M",""]
["Zbynek Fuksa",1956,"Jičín",{"$f":"VLOOKUP(C914,Region,2,0)","v":"CZ/C2"},"M",{"$f":"IF(A914=\"(prázdné)\",\"\",IF(($G$1-B914)>25,\"\",\"Junior v roce \"&$G$1))","v":""}]
["Zbynek Zdrahal",1965,"Medlánky","CZ/M","M",""]
["Zbynek Koudelka",1991,"Křižanov","CZ/M","M",""]
["Zdenek Balcarek",1967,"Kroměříž","CZ/M","M",""]
["Zdenek Bohm",1963,"Kolín","CZ/C1","M",""]
["Zdenek Boruvka 54",1954,"Jičín","CZ/C2","M",""]
["Zdenek Boruvka 86",1986,"Jičín","CZ/C2","M",""]
["Zdenek Buben",1978,"Hodkovice","CZ/C2","M",""]
["Zdenek Kropac",1981,"Kladno","CZ/C1","M",""]
["Zdenek Krivanek",1967,"Kolín","CZ/C1","M",""]
["Zdenek Mach",1976,"Broumov","CZ/C2","M",""]
["Zdenek Parizek",1984,"Raná","CZ/C2","M",""]
["Zdenek Schenk",1972,"Hranice","CZ/M","M",""]
["Zdenek Setek",1980,"Kolín","CZ/C1","M",""]
["Zdenek Spacek",1980,"Přibyslav","CZ/C2","M",""]
["Zdenek Zabloudil",1962,"Medlánky","CZ/M","M",""]
["Zdenek Zerzan",1968,"Šumperk",{"$f":"VLOOKUP(C930,Region,2,0)","v":"CZ/M"},"M",""]
["Zuzana Kutilkova",1993,"Křižanov",{"$f":"VLOOKUP(C931,Region,2,0)","v":"CZ/M"},"F",""]
["Zuzana Markesova",2001,"Medlánky",{"$f":"VLOOKUP(C932,Region,2,0)","v":"CZ/M"},"F",{"$f":"IF(A932=\"(prázdné)\",\"\",IF(($G$1-B932)>25,\"\",\"Junior v roce \"&$G$1))","v":"Junior v roce 2020"}]
["Zitomir Krepinsky",1987,"Chrudim",{"$f":"VLOOKUP(C933,Region,2,0)","v":"CZ/C2"},"M",{"$f":"IF(A933=\"(prázdné)\",\"\",IF(($G$1-B933)>25,\"\",\"Junior v roce \"&$G$1))","v":""}]

{"sheet":"Temp","index":4,"n_rows":1,"n_cols":20,"rows_kept":1,"cut":false,"hidden":false,"merged":[]}
["Jméno","Rok narození","Aeroklub","Region","Soutěž","Stát","Pořadí ve třídě","Body ve třídě","Max. B ve třídě","Ki","Bi","Bi×Ki","Rok","G","W","Typ","CN","M/F","Junior","Poznámka"]

{"sheet":"Data","index":5,"n_rows":3626,"n_cols":20,"rows_kept":3626,"cut":false,"hidden":false,"merged":[]}
[null,null,null,null,null,null,null,null,null,null,null,null,"Počet:",{"$f":"SUBTOTAL(103,N7:N2322)","v":624},{"$f":"SUBTOTAL(103,O7:O2322)","v":56}]
["*",null,null,null,null,null,null,null,null,null,null,null,"Počet pilot:",{"$f":"COUNTIFS(N$7:N$2322,\"x\",$A$7:$A$2322,$A$2)","v":624},{"$f":"COUNTIFS(O$7:O$2322,\"x\",$A$7:$A$2322,$A$2)","v":56}]
[null,null,null,null,null,null,null,null,null,null,null,null,2017,{"$f":"COUNTIFS($M$7:$M$2322,$M3,N$7:N$2322,\"x\",$A$7:$A$2322,$A$2)","v":249},22]
[null,null,null,null,null,null,null,null,null,null,null,null,2016,0,0]
[null,null,null,null,null,null,null,null,null,null,null,null,2015,0,0]
["Jméno","Rok narození","Aeroklub","Region","Soutěž","Stát","Pořadí ve třídě","Body ve třídě","Max. B ve třídě","Kn","Bi","Bi×Kn","Rok","G","W","Typ","CN","M/F","Junior","Poznámka"]
["Ivan Harasta 65",{"$f":"VLOOKUP(A7,Pilot,2,0)","v":1965},{"$f":"VLOOKUP(A7,Pilot,3,0)","v":"Toužim"},{"$f":"VLOOKUP(A7,Pilot,4,0)","v":"CZ/C1"},"AZ Cup 2017 - Klub","CZ",1,1466,1466,{"$f":"VLOOKUP(E7,Soutez,8,0)","v":0},{"$f":"ROUND(H7/I7*10000*0.7+(MAX($G$7:$G$40)-G7)/(MAX($G$7:$G$40)-1)*10000*0.3,0)","v":10000},{"$f":"ROUND(J7*K7,0)","v":0},2017,null,null,"ASW 15B","HI",{"$f":"VLOOKUP(A7,Pilot,5,0)","v":"M"},{"$f":"IF(ISERROR(VLOOKUP(A7,Pilot,6,0)),\"Není v databázi\",VLOOKUP(A7,Pilot,6,0))","v":""}]
["Zdenek Boruvka 86",1986,"Jičín","CZ/C2","AZ Cup 2017 - Klub","CZ",2,1298,1466,0,{"$f":"ROUND(H8/I8*10000*0.7+(MAX($G$7:$G$40)-G8)/(MAX($G$7:$G$40)-1)*10000*0.3,0)","v":9107},{"$f":"ROUND(J8*K8,0)","v":0},2017,null,null,"Std. Cirrus","BJ","M",""]
["Martin Urban",1971,"Frýdlant","CZ/M","AZ Cup 2017 - Klub","CZ",3,1206,1466,0,8577,0,2017,null,null,"LS 3 15m","SJ","M",""]
["Eva Cerna",1964,"Příbram","CZ/C1","AZ Cup 2017 - Klub","CZ",4,1053,1466,0,7755,0,2017,null,null,"Std. Cirrus","CX","F",""]
["Katerina Vojtova",1983,"Slaný","CZ/C1","AZ Cup 2017 - Klub","CZ",5,1039,1466,0,7597,0,2017,null,null,"Std. Cirrus","SNI","F",""]
["Michal Kratochvil",1984,"Slaný","CZ/C1","AZ Cup 2017 - Klub","CZ",6,1034,1466,0,7483,0,2017,null,null,"Std. Cirrus","OMG","M",""]
["Jaroslav Tomana",1975,"Zbraslavice","CZ/C1","AZ Cup 2017 - Klub","CZ",7,1017,1466,0,7311,0,2017,null,null,"Std. Cirrus","SN","M",""]
["Radek Tobolka",1977,"Jičín","CZ/C2","AZ Cup 2017 - Klub","CZ",8,1008,1466,0,7177,0,2017,null,null,"Std. Cirrus","SC","M",""]
["Ladislav Jozsa",1981,"Medlánky","CZ/M","AZ Cup 2017 - Klub","CZ",9,1000,1466,0,7048,0,2017,null,null,"Std. Cirrus","LJ","M",""]
["Richard Vlcek",1993,"Kunovice","CZ/M","AZ Cup 2017 - Klub","CZ",10,998,1466,{"$f":"VLOOKUP(E16,Soutez,8,0)","v":0},6947,0,2017,null,null,"Std. Cirrus","XC","M",""]
["Viktor Becan",1979,"GAC Benešov","CZ/C1","AZ Cup 2017 - Klub","CZ",11,996,1466,0,6847,{"$f":"ROUND(J17*K17,0)","v":0},2017,null,null,"LS1d","VB","M",""]
["Jiri Hodan",1959,"Zbraslavice","CZ/C1","AZ Cup 2017 - Klub","CZ",12,963,1466,0,6598,0,2017,null,null,"G-103 Twin Astir","RB","M",""]
["Ales Holoubek",1966,"Jičín","CZ/C2","AZ Cup 2017 - Klub","CZ",13,952,1466,0,6455,0,2017,null,null,"ASW 15B","T","M",""]
["Lukas Plocek",1990,"Mladá Boleslav","CZ/C1","AZ Cup 2017 - Klub","CZ",14,922,1466,0,6221,0,2017,null,null,"ASW 19B","AH","M",""]
["David Popovsky",1976,"Rakovník","CZ/C1","AZ Cup 2017 - Klub","CZ",15,914,1466,0,6092,0,2017,null,null,"ASW 24A bez TN8",76,"M",""]
["Jakub Kmosek",1978,"Zbraslavice","CZ/C1","AZ Cup 2017 - Klub","CZ",16,885,1466,0,5862,0,2017,null,null,"Std. Cirrus","ST","M",""]
["Jan Matejovsky",1972,"Hranice","CZ/M","AZ Cup 2017 - Klub","CZ",17,874,1466,0,5719,0,2017,null,null,"LS 3 15m","BT","M",""]
["Oldrich Houzvicka",1975,"Frýdlant","CZ/M","AZ Cup 2017 - Klub","CZ",18,864,1466,0,5580,0,2017,null,null,"LS 4","FP","M",""]
["Linda Vasatova",1990,"Mladá Boleslav","CZ/C1","AZ Cup 2017 - Klub","CZ",19,855,1466,0,5446,0,2017,null,null,"ASW 15B","MB","F",""]
["Marta Marszalek",null,"Glivice","PL","AZ Cup 2017 - Klub","CZ",20,804,1466,0,5112,0,2017,null,null,"Brawo","BI","F","Není v databázi"]
["Richard Jensen",{"$f":"VLOOKUP(A27,Pilot,2,0)","v":1965},{"$f":"VLOOKUP(A27,Pilot,3,0)","v":"Zbraslavice"},{"$f":"VLOOKUP(A27,Pilot,4,0)","v":"CZ/C1"},"AZ Cup 2017 - Klub","CZ",21,790,1466,0,4954,0,2017,null,null,"Std. Cirrus","P2",{"$f":"VLOOKUP(A27,Pilot,5,0)","v":"M"},""]
["Klara Teichmannova",1993,"Hronov","CZ/C2","AZ Cup 2017 - Klub","CZ",22,744,1466,0,4643,0,2017,null,null,"Std. Cirrus","LY","F",""]
["Barbora Moravcova",1994,"Zbraslavice","CZ/C1","AZ Cup 2017 - Klub","CZ",23,730,1466,0,4486,0,2017,null,null,"ASW 19B","CF","F",""]
["Rudolf Jung",1954,"Zbraslavice","CZ/C1","AZ Cup 2017 - Klub","CZ",24,713,1466,0,4314,0,2017,null,null,"Std. Cirrus","C1","M",""]
["Lukas Koukal",1991,"Letkov","CZ/C1","AZ Cup 2017 - Klub","CZ",25,702,1466,0,4170,0,2017,null,null,"ASW 15B","T1","M",""]
["Tomas Jung",1950,"Zbraslavice","CZ/C1","AZ Cup 2017 - Klub","CZ",26,645,1466,0,3807,0,2017,null,null,"ASW 19B","O2","M",""]
["Jan Ratz",1987,"Zbraslavice","CZ/C1","AZ Cup 2017 - Klub","CZ",27,628,1466,0,3635,0,2017,null,null,"Janus b","KG","M",""]
["Jindrich Hruska",1986,"Soběslav","CZ/C1","AZ Cup 2017 - Klub","CZ",28,595,1466,0,3387,0,2017,null,null,"Mosquito","UFO","M",""]
["Martin Chovan",1973,"Zbraslavice","CZ/C1","AZ Cup 2017 - Klub","CZ",29,589,1466,0,3267,0,2017,null,null,"ASW 19B",19,"M",""]
["Tomas Malik",1972,"Letňany","CZ/C1","AZ Cup 2017 - Klub","CZ",30,577,1466,0,3119,0,2017,null,null,"VSO-10","L5","M",""]
["Dalibor Pek",1968,"Raná","CZ/C2","AZ Cup 2017 - Klub","CZ",31,463,1466,0,{"$f":"ROUND(H37/I37*10000*0.7+(MAX($G$7:$G$40)-G37)/(MAX($G$7:$G$40)-1)*10000*0.3,0)","v":2484},0,2017,null,null,"Std. Cirrus","A1","M",""]
["Pavel Svrcek",1972,"Frýdlant","CZ/M","AZ Cup 2017 - Klub","CZ",32,152,1466,0,908,0,2017,null,null,"DG 200 15m","AK","M",""]
["Martin Nejezchleb",1979,"Plzeň Bory","CZ/C1","AZ Cup 2017 - Klub","CZ",33,57,1466,0,363,{"$f":"ROUND(J39*K39,0)","v":0},2017,null,null,"ASW 15B",90,"M",""]
["Frantisek Kriz",1961,"Toužim","CZ/C1","AZ Cup 2017 - Klub","CZ",34,18,1466,0,{"$f":"ROUND(H40/I40*10000*0.7+(MAX($G$7:$G$40)-G40)/(MAX($G$7:$G$40)-1)*10000*0.3,0)","v":86},{"$f":"ROUND(J40*K40,0)","v":0},2017,null,null,"G-102 Astir cs","PB","M",""]
["Alena Netusilova",{"$f":"VLOOKUP(A41,Pilot,2,0)","v":1970},{"$f":"VLOOKUP(A41,Pilot,3,0)","v":"Zbraslavice"},{"$f":"VLOOKUP(A41,Pilot,4,0)","v":"CZ/C1"},"AZ Cup 2017 - Kombi","CZ",1,2448,2448,0.92,{"$f":"ROUND(H41/I41*10000*0.7+(MAX($G$41:$G$61)-G41)/(MAX($G$41:$G$61)-1)*10000*0.3,0)","v":10000},{"$f":"ROUND(J41*K41,0)","v":9200},2017,"x",null,"JS-1C 18m EVO","JX",{"$f":"VLOOKUP(A41,Pilot,5,0)","v":"F"},{"$f":"IF(ISERROR(VLOOKUP(A41,Pilot,6,0)),\"Není v databázi\",VLOOKUP(A41,Pilot,6,0))","v":""}]
["Tomas Suchanek",1964,"GAC Benešov","CZ/C1","AZ Cup 2017 - Kombi","CZ",2,2333,2448,0.92,{"$f":"ROUND(H42/I42*10000*0.7+(MAX($G$41:$G$61)-G42)/(MAX($G$41:$G$61)-1)*10000*0.3,0)","v":9521},{"$f":"ROUND(J42*K42,0)","v":8759},2017,null,null,"Ventus c 17,6m","UP","M",""]
["Lenka Kuthanova",1960,"Tábor","CZ/C1","AZ Cup 2017 - Kombi","CZ",3,2286,2448,0.92,9237,8498,2017,"x","x","JS-1C 18m EVO","LX","F",""]
["Petr Koutny",1971,"Křižanov","CZ/M","AZ Cup 2017 - Kombi","CZ",4,2259,2448,0.92,9010,8289,2017,null,null,"LS 8b 18m","SK","M",""]
["Petr Starek",1974,"Zbraslavice","CZ/C1","AZ Cup 2017 - Kombi","CZ",5,2241,2448,0.92,{"$f":"ROUND(H45/I45*10000*0.7+(MAX($G$41:$G$61)-G45)/(MAX($G$41:$G$61)-1)*10000*0.3,0)","v":8808},8103,2017,"x",null,"HPH 304 SJ 18m 573 kg",66,"M",""]
["Martin Hrivna",1978,"Zbraslavice","CZ/C1","AZ Cup 2017 - Kombi","CZ",6,2233,2448,0.92,8635,7944,2017,"x",null,"ASG 29E 18m 600kg","NX","M",""]
["Petr Tichy",1973,"Zbraslavice","CZ/C1","AZ Cup 2017 - Kombi","CZ",7,2097,2448,0.92,8096,7448,2017,null,null,"ASG 29E 18m 600kg","AJ","M",""]
["Martin Pekar",1973,"Šumperk","CZ/M","AZ Cup 2017 - Kombi","CZ",8,1972,2448,0.92,7589,6982,2017,"x",null,"HPH 304e 18m 573kg","ES","M",""]
["Jiri Pajer",1977,"Zbraslavice","CZ/C1","AZ Cup 2017 - Kombi","CZ",9,1880,2448,0.92,7176,6602,2017,"x",null,"ASW-27B+W","K5","M",""]
["Radek Zima 78",1978,"Hodkovice","CZ/C2","AZ Cup 2017 - Kombi","CZ",10,1873,2448,0.92,{"$f":"ROUND(H50/I50*10000*0.7+(MAX($G$41:$G$61)-G50)/(MAX($G$41:$G$61)-1)*10000*0.3,0)","v":7006},6446,2017,null,null,"Ventus b 16,6 WL","7F","M",""]
["Pavol Cerny",null,"SGC Martin","SK","AZ Cup 2017 - Kombi","CZ",11,1852,2448,0.92,6796,6252,2017,null,null,"Ventus 2cxt 18m 600kg","EK","M","Není v databázi"]
["Radek Kucirek",{"$f":"VLOOKUP(A52,Pilot,2,0)","v":1973},{"$f":"VLOOKUP(A52,Pilot,3,0)","v":"Havlíčkův Brod"},{"$f":"VLOOKUP(A52,Pilot,4,0)","v":"CZ/C2"},"AZ Cup 2017 - Kombi","CZ",12,1787,2448,0.92,6460,5943,2017,null,null,"Ventus 2b 15m","YA",{"$f":"VLOOKUP(A52,Pilot,5,0)","v":"M"},""]
["Karel Benisek 76",1976,"Toužim","CZ/C1","AZ Cup 2017 - Kombi","CZ",13,1745,2448,0.92,6190,5695,2017,"x",null,"Ventus ct 17,6","KB","M",""]
["Tomas Rendla",1973,"Zbraslavice","CZ/C1","AZ Cup 2017 - Kombi","CZ",14,1733,2448,0.92,6005,5525,2017,null,null,"Arcus M","EY","M",""]
["Jan Dersak 69",1969,"Kralupy","CZ/C1","AZ Cup 2017 - Kombi","CZ",15,1623,2448,0.92,5541,5098,2017,null,null,"HPH 304CZ 17,4m","DJ","M",""]
["Zdenek Boruvka 54",1954,"Jičín","CZ/C2","AZ Cup 2017 - Kombi","CZ",16,1593,2448,0.92,5305,4881,2017,null,null,"LS 8-18 18m","ZB","M",""]
["Jaromir Jedlicka",1972,"Letňany","CZ/C1","AZ Cup 2017 - Kombi","CZ",17,1352,2448,0.92,4466,4109,2017,"x",null,"Ventus 2 cM 18m 525kg","JT","M",""]
["Zdenek Schenk",1972,"Hranice","CZ/M","AZ Cup 2017 - Kombi","CZ",18,1080,2448,0.92,3538,3255,2017,null,null,"Ventus ct 17.6m","SNK","M",""]
["Vladimir Spilka",1940,"Hranice","CZ/M","AZ Cup 2017 - Kombi","CZ",19,565,2448,0.92,1916,1763,2017,null,null,"Nimbus 2b","AY","M",""]
["Bohus Marcinik",1947,"Příbram","CZ/C1","AZ Cup 2017 - Kombi","CZ",20,471,2448,0.92,1497,1377,2017,"x",null,"Ventus b 16,6m WL","XL","M",""]
["Petr Jiranek 63",1962,"Toužim","CZ/C1","AZ Cup 2017 - Kombi","CZ",21,465,2448,0.92,{"$f":"ROUND(H61/I61*10000*0.7+(MAX($G$41:$G$61)-G61)/(MAX($G$41:$G$61)-1)*10000*0.3,0)","v":1330},1224,2017,null,null,"DG-500M 22m","SR","M",""]
["Radek Hybl",{"$f":"VLOOKUP(A62,Pilot,2,0)","v":1980},{"$f":"VLOOKUP(A62,Pilot,3,0)","v":"Šumperk"},{"$f":"VLOOKUP(A62,Pilot,4,0)","v":"CZ/M"},"13. JPJ 2017 - Klub","CZ",1,3121,3121,0.63,{"$f":"ROUND(H62/I62*10000*0.7+(MAX($G$62:$G$100)-G62)/(MAX($G$62:$G$100)-1)*10000*0.3,0)","v":10000},{"$f":"ROUND(J62*K62,0)","v":6300},2017,"x",null,"Std. Cirrus","AYz",{"$f":"VLOOKUP(A62,Pilot,5,0)","v":"M"},{"$f":"IF(ISERROR(VLOOKUP(A62,Pilot,6,0)),\"Není v databázi\",VLOOKUP(A62,Pilot,6,0))","v":""}]
["Michal Lesinger",{"$f":"VLOOKUP(A63,Pilot,2,0)","v":1966},{"$f":"VLOOKUP(A63,Pilot,3,0)","v":"Moravská Třebová"},{"$f":"VLOOKUP(A63,Pilot,4,0)","v":"CZ/M"},"13. JPJ 2017 - Klub","CZ",2,3089,3121,0.63,{"$f":"ROUND(H63/I63*10000*0.7+(MAX($G$62:$G$100)-G63)/(MAX($G$62:$G$100)-1)*10000*0.3,0)","v":9849},{"$f":"ROUND(J63*K63,0)","v":6205},2017,null,null,"ASW-19B","LL",{"$f":"VLOOKUP(A63,Pilot,5,0)","v":"M"},""]
["Pavel Rericha",{"$f":"VLOOKUP(A64,Pilot,2,0)","v":1967},{"$f":"VLOOKUP(A64,Pilot,3,0)","v":"Moravská Třebová"},{"$f":"VLOOKUP(A64,Pilot,4,0)","v":"CZ/M"},"13. JPJ 2017 - Klub","CZ",3,2969,3121,0.63,9501,5986,2017,"x",null,"ASW-19B","NO",{"$f":"VLOOKUP(A64,Pilot,5,0)","v":"M"},""]
["Lubomir Motl",{"$f":"VLOOKUP(A65,Pilot,2,0)","v":1959},{"$f":"VLOOKUP(A65,Pilot,3,0)","v":"Kyjov"},{"$f":"VLOOKUP(A65,Pilot,4,0)","v":"CZ/M"},"13. JPJ 2017 - Klub","CZ",4,2953,3121,0.63,9386,5913,2017,null,null,"LS-1f","G2",{"$f":"VLOOKUP(A65,Pilot,5,0)","v":"M"},""]
["Martin Ficnar",{"$f":"VLOOKUP(A66,Pilot,2,0)","v":1971},{"$f":"VLOOKUP(A66,Pilot,3,0)","v":"Šumperk"},{"$f":"VLOOKUP(A66,Pilot,4,0)","v":"CZ/M"},"13. JPJ 2017 - Klub","CZ",5,2833,3121,0.63,9038,5694,2017,"x",null,"LS-3a 15m","S20",{"$f":"VLOOKUP(A66,Pilot,5,0)","v":"M"},""]
["Boris Zorz",null,"Lesce","SL","13. JPJ 2017 - Klub","CZ",6,2688,3121,0.63,8634,5439,2017,null,null,"Std. Cirrus","IPF","M","Není v databázi"]
["Rene Hudak",{"$f":"VLOOKUP(A68,Pilot,2,0)","v":1972},{"$f":"VLOOKUP(A68,Pilot,3,0)","v":"Kunovice"},{"$f":"VLOOKUP(A68,Pilot,4,0)","v":"CZ/M"},"13. JPJ 2017 - Klub","CZ",7,2669,3121,0.63,8513,5363,2017,"x",null,"Std. Cirrus","NK",{"$f":"VLOOKUP(A68,Pilot,5,0)","v":"M"},""]
["Josef Novak",1981,"Kunovice","CZ/M","13. JPJ 2017 - Klub","CZ",8,2605,3121,0.63,8290,5223,2017,"x",null,"LS-1f","JT","M",""]
["Roman Schotli",1970,"Hranice","CZ/M","13. JPJ 2017 - Klub","CZ",9,2544,3121,0.63,8074,5087,2017,"x",null,"ASW-19B",19,"M",""]
["Martin Urner",1974,"Letňany","CZ/C1","13. JPJ 2017 - Klub","CZ",10,2448,3121,0.63,7780,4901,2017,null,null,"ASW-15B","JJ","M",""]
["Libor Bednarik",1972,"Kunovice","CZ/M","13. JPJ 2017 - Klub","CZ",11,2310,3121,0.63,7392,4657,2017,"x",null,"Std. Cirrus","PIF","M",""]
["Jiri Koudela",1974,"Vyškov","CZ/M","13. JPJ 2017 - Klub","CZ",12,2262,3121,0.63,7205,4539,2017,null,null,"G-102 Astir 77","AS","M",""]
["Michal Cupak",1991,"Medlánky","CZ/M","13. JPJ 2017 - Klub","CZ",13,2207,3121,0.63,7003,4412,2017,"x",null,"Std. Cirrus","MP","M",""]
["Jan Zahradka",1981,"Hodkovice","CZ/C2","13. JPJ 2017 - Klub","CZ",14,2163,3121,0.63,6825,4300,2017,null,null,"Std. Cirrus","UB","M",""]
["Jan Podhrazsky",1976,"Šumperk","CZ/M","13. JPJ 2017 - Klub","CZ",15,2158,3121,0.63,6735,4243,2017,"x",null,"Discus b","SJ","M",""]
["Matous Schmidt",1981,"Letňany","CZ/C1","13. JPJ 2017 - Klub","CZ",16,2143,3121,0.63,6622,4172,2017,"x",null,"Std. Cirrus","IMI","M",""]
["Ladislav Jozsa",1981,"Medlánky","CZ/M","13. JPJ 2017 - Klub","CZ",17,2040,3121,0.63,6312,3977,2017,null,null,"Std. Cirrus","LJ","M",""]
["Tomas Prikryl",1973,"Vyškov","CZ/M","13. JPJ 2017 - Klub","CZ",18,2025,3121,0.63,6200,3906,2017,"x",null,"DG-101 G","JR","M",""]
["Vit Prokop",1987,"Medlánky","CZ/M","13. JPJ 2017 - Klub","CZ",19,1919,3121,{"$f":"VLOOKUP(E80,Soutez,8,0)","v":0.63},5883,3706,2017,null,null,"Std. Cirrus","MF","M",""]
["Martin Kriz",1968,"Přibyslav","CZ/C2","13. JPJ 2017 - Klub","CZ",20,1916,3121,0.63,5797,3652,2017,null,null,"ASW-15B","BE","M",""]
["Petr Kolacek",1965,"Šumperk","CZ/M","13. JPJ 2017 - Klub","CZ",21,1904,3121,0.63,5691,3585,2017,"x",null,"Jantar std. 2","SU","M",""]
["Martin Svarc",1981,"Olomouc","CZ/M","13. JPJ 2017 - Klub","CZ",22,1875,3121,0.63,5547,3495,2017,null,null,"DG-101 G","HE","M",""]
["Martin Hejny",1984,"Šumperk","CZ/M","13. JPJ 2017 - Klub","CZ",23,1865,3121,0.63,5446,3431,2017,"x",null,"ASW-15B","EZ","M",""]
["Jiri Vavrina",1958,"Kyjov","CZ/M","13. JPJ 2017 - Klub","CZ",24,1746,3121,0.63,5100,3213,2017,"x",null,"LS 1 f","BS","M",""]
["Tomas Prokop",1972,"Šumperk","CZ/M","13. JPJ 2017 - Klub","CZ",25,1643,3121,0.63,4790,3018,2017,"x",null,"ASW-15B","R5","M",""]
["Petr Jedlicka",1987,"Medlánky","CZ/M","13. JPJ 2017 - Klub","CZ",26,1627,3121,0.63,4675,2945,2017,"x",null,"Phoebus A1","NN","M",""]
["Jaromir Vlk",1959,"Šumperk","CZ/M","13. JPJ 2017 - Klub","CZ",27,1565,3121,0.63,4457,2808,2017,null,null,"VSO-10",4,"M",""]
["Jan Pokluda",1973,"Šumperk","CZ/M","13. JPJ 2017 - Klub","CZ",28,1532,3121,0.63,4304,2712,2017,"x",null,"ASW-15B WL","JG","M",""]
["Tomas Ondrisek",1970,"Kunovice","CZ/M","13. JPJ 2017 - Klub","CZ",29,1513,3121,0.63,4183,2635,2017,"x",null,"DG-400 15m","MR","M",""]
["Yvona Vyhnankova",1963,"Olomouc","CZ/M","13. JPJ 2017 - Klub","CZ",30,1505,3121,0.63,4086,2574,2017,null,null,"ASW-15","YZ","F",""]
["Ondrej Dvorak 87",1987,"Raná","CZ/C2","13. JPJ 2017 - Klub","CZ",31,1483,3121,0.63,3958,2494,2017,"x",null,"Std. Cirrus","FW","M",""]
["Miroslav Mancik",1976,"Kyjov","CZ/M","13. JPJ 2017 - Klub","CZ",32,1372,3121,0.63,3630,2287,2017,"x",null,"G-103 Twin Astir","KW","M",""]
["Lubomir Papezik",1951,"Luhačovice","CZ/M","13. JPJ 2017 - Klub","CZ",33,1369,3121,0.63,3544,2233,2017,null,null,"LS-4","FP","M",""]
["Petr Havrlant",1965,"Šumperk","CZ/M","13. JPJ 2017 - Klub","CZ",34,913,3121,0.63,2442,1538,2017,null,null,"SF-34 Delphin",77,"M",""]
["Matej Plch",1987,"Letkov","CZ/C1","13. JPJ 2017 - Klub","CZ",35,786,3121,0.63,2079,1310,2017,"x",null,"Std. Cirrus","AL","M",""]
["Petr Lonsky",1965,"Toužim","CZ/C1","13. JPJ 2017 - Klub","CZ",36,673,3121,0.63,1746,1100,2017,null,null,"LS-1d","CL","M",""]
["Martin Suchy",1969,"Hranice","CZ/M","13. JPJ 2017 - Klub","CZ",37,636,3121,0.63,1584,998,2017,"x",null,"G-103 Twin Astir","EH","M",""]
["Filip Vita",2001,"Kroměříž","CZ/M","13. JPJ 2017 - Klub","CZ",38,493,3121,0.63,{"$f":"ROUND(H99/I99*10000*0.7+(MAX($G$62:$G$100)-G99)/(MAX($G$62:$G$100)-1)*10000*0.3,0)","v":1185},{"$f":"ROUND(J99*K99,0)","v":747},2017,null,null,"G-102 Astir Jeans","2Y","M","Junior v roce 2020"]
["Libor Danhel",1966,"Kunovice","CZ/M","13. JPJ 2017 - Klub","CZ",39,374,3121,0.63,839,529,2017,null,null,"Std. Cirrus","OKc","M",""]
["Jiri Steiger",{"$f":"VLOOKUP(A101,Pilot,2,0)","v":1969},{"$f":"VLOOKUP(A101,Pilot,3,0)","v":"Olomouc"},{"$f":"VLOOKUP(A101,Pilot,4,0)","v":"CZ/M"},"13. JPJ 2017 - Kombi","CZ",1,3348,3348,0.6,{"$f":"ROUND(H101/I101*10000*0.7+(MAX($G$101:$G$129)-G101)/(MAX($G$101:$G$129)-1)*10000*0.3,0)","v":10000},{"$f":"ROUND(J101*K101,0)","v":6000},2017,null,null,"Ventus 2cxT/18m","JS",{"$f":"VLOOKUP(A101,Pilot,5,0)","v":"M"},{"$f":"IF(ISERROR(VLOOKUP(A101,Pilot,6,0)),\"Není v databázi\",VLOOKUP(A101,Pilot,6,0))","v":""}]
["Pavel Zima",1979,"Břeclav","CZ/M","13. JPJ 2017 - Kombi","CZ",2,3293,3348,0.6,{"$f":"ROUND(H102/I102*10000*0.7+(MAX($G$101:$G$129)-G102)/(MAX($G$101:$G$129)-1)*10000*0.3,0)","v":9778},{"$f":"ROUND(J102*K102,0)","v":5867},2017,"x",null,"Ventus cm 17,6m","RK","M",""]
["Frantisek Vancura",1966,"Hranice","CZ/M","13. JPJ 2017 - Kombi","CZ",3,3154,3348,0.6,9380,5628,2017,null,null,"Nimbus 3T 24,5m WL","A1","M",""]
["Jan Simon",1970,"Kralupy","CZ/C1","13. JPJ 2017 - Kombi","CZ",4,2900,3348,0.6,8742,5245,2017,"x",null,"Nimbus 3 24,5m","HS","M",""]
["Zdenek Schenk",1972,"Hranice","CZ/M","13. JPJ 2017 - Kombi","CZ",5,2777,3348,0.6,8378,5027,2017,null,null,"Ventus ct 17,6m","ŠNeK","M",""]
["Marek Blatak",1969,"Šumperk","CZ/M","13. JPJ 2017 - Kombi","CZ",6,2758,3348,0.6,8231,4939,2017,"x",null,"Duo Discus T","ZS","M",""]
["Antonin Konicek",1973,"Kunovice","CZ/M","13. JPJ 2017 - Kombi","CZ",7,2725,3348,0.6,8055,4833,2017,null,null,"HpH 304M SHARK","KK","M",""]
["Boris Bachraty",1974,"Břeclav","CZ/M","13. JPJ 2017 - Kombi","CZ",8,2563,3348,0.6,7609,4565,2017,"x",null,"Jantar 2B",25,"M",""]
["Vladimir Kamensky",1983,"Břeclav","CZ/M","13. JPJ 2017 - Kombi","CZ",9,2403,3348,0.6,7167,4300,2017,"x",null,"Nimbus 2b","IK","M",""]
["Jaroslav Buryan",1953,"Zábřeh","CZ/M","13. JPJ 2017 - Kombi","CZ",10,2359,3348,0.6,6968,4181,2017,null,null,"ASW-20 15m WL","NS","M",""]
["Roman Cerny",1971,"Hranice","CZ/M","13. JPJ 2017 - Kombi","CZ",11,2303,3348,0.6,6744,4046,2017,"x",null,"ASW-20 15m WL",67,"M",""]
["Miroslav Koci",1961,"Žamberk","CZ/C2","13. JPJ 2017 - Kombi","CZ",12,2254,3348,0.6,6534,3920,2017,null,null,"Ventus 2cxm 18m","E8","M",""]
["Miroslav Sklenar",1964,"Žamberk","CZ/C2","13. JPJ 2017 - Kombi","CZ",13,2217,3348,0.6,6350,3810,2017,"x",null,"Duo Discus","VP","M",""]
["Tomas Fiala 77",1977,"Luhačovice","CZ/M","13. JPJ 2017 - Kombi","CZ",14,2188,3348,0.6,6182,3709,2017,"x",null,"Arcus","AR","M",""]
["Jan Matejovsky",1972,"Hranice","CZ/M","13. JPJ 2017 - Kombi","CZ",15,1985,3348,0.6,5650,3390,2017,"x",null,"Duo Discus","OK","M",""]
["Michal Cechmanek",1978,"Luhačovice","CZ/M","13. JPJ 2017 - Kombi","CZ",16,1934,3348,0.6,5436,3262,2017,null,null,"KKB-15","N2","M",""]
["Vladimir Spilka",1940,"Hranice","CZ/M","13. JPJ 2017 - Kombi","CZ",17,1909,3348,0.6,5277,3166,2017,"x",null,"Nimbus 2b","AY","M",""]
["Jaroslav Hot",1965,"Toužim","CZ/C1","13. JPJ 2017 - Kombi","CZ",18,1772,3348,0.6,4883,2930,2017,"x",null,"Ventus ct 17,6m","EB","M",""]
["Jiri Prochazka",1971,"Toužim","CZ/C1","13. JPJ 2017 - Kombi","CZ",19,1744,3348,0.6,4718,2831,2017,null,null,"DG-500 22m","SR","M",""]
["Antonin Kutalek",1943,"Zábřeh","CZ/M","13. JPJ 2017 - Kombi","CZ",20,1602,3348,0.6,4314,2588,2017,null,null,"Mini-Nimbus c","GLk","M",""]
["Dusan Sys",1977,"Šumperk","CZ/M","13. JPJ 2017 - Kombi","CZ",21,1533,3348,0.6,4062,2437,2017,"x",null,"DG-808 C WL","MS","M",""]
["David Zapletal",1970,"Mladá Boleslav","CZ/C1","13. JPJ 2017 - Kombi","CZ",22,1515,3348,0.6,3918,2351,2017,null,null,"Ventus c 17,6m","PUP","M",""]
["Albrecht Beat",1953,"Šumperk","CZ/M","13. JPJ 2017 - Kombi","CZ",23,1502,3348,0.6,3783,2270,2017,"x",null,"LS-8-18 18m","GL","M",""]
["Petr Kapounek",1977,"Kroměříž","CZ/M","13. JPJ 2017 - Kombi","CZ",24,1393,3348,0.6,3448,2069,2017,"x",null,"ASW-20 15m WL","MK","M",""]
["Kamil Sohr",1973,"Šumperk","CZ/M","13. JPJ 2017 - Kombi","CZ",25,1232,3348,0.6,3004,1802,2017,"x",null,"SZD-55 Promyk","BC","M",""]
["Christof Madory",1958,"Šumperk","CZ/M","13. JPJ 2017 - Kombi","CZ",26,1204,3348,0.6,2839,1703,2017,"x",null,"ASH-25","IQ","M",""]
["Pavel Haluza",1966,"Prostějov","CZ/M","13. JPJ 2017 - Kombi","CZ",27,1078,3348,0.6,2468,1481,2017,null,null,"Nimbus 2b","HT","M",""]
["Roman Michalek",1974,"Toužim","CZ/C1","13. JPJ 2017 - Kombi","CZ",28,1018,3348,0.6,2236,1342,2017,"x",null,"DG-400 17m","TK","M",""]
["Martin Novak",1976,"Slaný","CZ/C1","13. JPJ 2017 - Kombi","CZ",29,804,3348,0.6,1681,1009,2017,"x",null,"DG-400 17m","ZX","M",""]
["Jaromir Hendrych",{"$f":"VLOOKUP(A130,Pilot,2,0)","v":1954},{"$f":"VLOOKUP(A130,Pilot,3,0)","v":"Raná"},{"$f":"VLOOKUP(A130,Pilot,4,0)","v":"CZ/C2"},"Závody Šohajů 2017 - Klub","CZ",1,344,344,0.6,{"$f":"ROUND(H130/I130*10000*0.7+(MAX($G$130:$G$139)-G130)/(MAX($G$130:$G$139)-1)*10000*0.3,0)","v":10000},{"$f":"ROUND(J130*K130,0)","v":6000},2017,"x",null,"Ka 7","K7",{"$f":"VLOOKUP(A130,Pilot,5,0)","v":"M"},{"$f":"IF(ISERROR(VLOOKUP(A130,Pilot,6,0)),\"Není v databázi\",VLOOKUP(A130,Pilot,6,0))","v":""}]
["Jiri Klicnar",{"$f":"VLOOKUP(A131,Pilot,2,0)","v":1965},{"$f":"VLOOKUP(A131,Pilot,3,0)","v":"Medlánky"},{"$f":"VLOOKUP(A131,Pilot,4,0)","v":"CZ/M"},"Závody Šohajů 2017 - Klub","CZ",2,286,344,0.6,{"$f":"ROUND(H131/I131*10000*0.7+(MAX($G$130:$G$139)-G131)/(MAX($G$130:$G$139)-1)*10000*0.3,0)","v":8486},{"$f":"ROUND(J131*K131,0)","v":5092},2017,"x",null,"VT-125 Sohaj","S",{"$f":"VLOOKUP(A131,Pilot,5,0)","v":"M"},""]
["Vaclav Cerny",{"$f":"VLOOKUP(A132,Pilot,2,0)","v":1949},{"$f":"VLOOKUP(A132,Pilot,3,0)","v":"Plasy"},{"$f":"VLOOKUP(A132,Pilot,4,0)","v":"CZ/C1"},"Závody Šohajů 2017 - Klub","CZ",3,280,344,0.6,8031,4819,2017,"x",null,"VT-125 Sohaj","V",{"$f":"VLOOKUP(A132,Pilot,5,0)","v":"M"},""]
["Jiri Slouka",{"$f":"VLOOKUP(A133,Pilot,2,0)","v":1967},{"$f":"VLOOKUP(A133,Pilot,3,0)","v":"Medlánky"},{"$f":"VLOOKUP(A133,Pilot,4,0)","v":"CZ/M"},"Závody Šohajů 2017 - Klub","CZ",4,274,344,0.6,7576,4546,2017,"x",null,"VT-125 Sohaj","I",{"$f":"VLOOKUP(A133,Pilot,5,0)","v":"M"},""]
["Jiri Lenik",{"$f":"VLOOKUP(A134,Pilot,2,0)","v":1947},{"$f":"VLOOKUP(A134,Pilot,3,0)","v":"Raná"},{"$f":"VLOOKUP(A134,Pilot,4,0)","v":"CZ/C2"},"Závody Šohajů 2017 - Klub","CZ",5,269,344,0.6,7141,4285,2017,"x",null,"Olympia 2b","BKK",{"$f":"VLOOKUP(A134,Pilot,5,0)","v":"M"},""]
["Tomas Mezera / Josef Mezera",null,"Raná","CZ","Závody Šohajů 2017 - Klub","CZ",6,258,344,0.6,6583,3950,2017,null,null,"VT-425 Sohaj","T",null,"Není v databázi"]
["Karel Lang",{"$f":"VLOOKUP(A136,Pilot,2,0)","v":1967},{"$f":"VLOOKUP(A136,Pilot,3,0)","v":"Medlánky"},{"$f":"VLOOKUP(A136,Pilot,4,0)","v":"CZ/M"},"Závody Šohajů 2017 - Klub","CZ",7,214,344,0.6,5355,3213,2017,"x",null,"VT-425 Sohaj",77,{"$f":"VLOOKUP(A136,Pilot,5,0)","v":"M"},""]
["Ulf Kern",{"$f":"VLOOKUP(A137,Pilot,2,0)","v":1958},{"$f":"VLOOKUP(A137,Pilot,3,0)","v":"Raná"},{"$f":"VLOOKUP(A137,Pilot,4,0)","v":"CZ/C2"},"Závody Šohajů 2017 - Klub","CZ",8,206,344,0.6,4859,2915,2017,"x",null,"VT-125 Sohaj","L",{"$f":"VLOOKUP(A137,Pilot,5,0)","v":"M"},""]
["Vladimir Abraham",{"$f":"VLOOKUP(A138,Pilot,2,0)","v":1962},{"$f":"VLOOKUP(A138,Pilot,3,0)","v":"Raná"},{"$f":"VLOOKUP(A138,Pilot,4,0)","v":"CZ/C2"},"Závody Šohajů 2017 - Klub","CZ",9,184,344,0.6,4078,2447,2017,"x",null,"Ka 6","YZ",{"$f":"VLOOKUP(A138,Pilot,5,0)","v":"M"},""]
["Vaclav Polivka / Miroslav Major",null,"GAC Benešov","CZ","Závody Šohajů 2017 - Klub","CZ",10,119,344,0.6,{"$f":"ROUND(H139/I139*10000*0.7+(MAX($G$130:$G$139)-G139)/(MAX($G$130:$G$139)-1)*10000*0.3,0)","v":2422},1453,2017,null,null,"VT-125 Sohaj","F",null,"Není v databázi"]
["Sabrina Vogt",null,"Germany",null,"9. WGC Women 2017 - Klub","CZ",1,8662,8662,1.01,{"$f":"ROUND(H140/I140*10000*0.7+(MAX($G$140:$G$162)-G140)/(MAX($G$140:$G$162)-1)*10000*0.3,0)","v":10000},{"$f":"ROUND(J140*K140,0)","v":10100},2017,null,null,"Std. Libelle","MT","F",{"$f":"IF(ISERROR(VLOOKUP(A140,Pilot,6,0)),\"Není v databázi\",VLOOKUP(A140,Pilot,6,0))","v":"Není v databázi"}]
["Sarah Arnold",null,"USA",null,"9. WGC Women 2017 - Klub","CZ",2,8555,8662,1.01,{"$f":"ROUND(H141/I141*10000*0.7+(MAX($G$140:$G$162)-G141)/(MAX($G$140:$G$162)-1)*10000*0.3,0)","v":9777},{"$f":"ROUND(J141*K141,0)","v":9875},2017,null,null,"Std. Cirrus","FW","F","Není v databázi"]
["Sarah Drefenstedt",null,"Germany",null,"9. WGC Women 2017 - Klub","CZ",3,8478,8662,1.01,9579,9675,2017,null,null,"Std. Cirrus","R","F","Není v databázi"]
["Elena Fergnani",null,"Italy",null,"9. WGC Women 2017 - Klub","CZ",4,8329,8662,1.01,9322,9415,2017,null,null,"LS-1f","AM","F","Není v databázi"]
["Ailsa McMillan",null,"Australia",null,"9. WGC Women 2017 - Klub","CZ",5,8204,8662,{"$f":"VLOOKUP(E144,Soutez,8,0)","v":1.01},9084,9175,2017,null,null,"Std. Cirrus",75,"F","Není v databázi"]
["Annemiek Koers",null,"Netherlands",null,"9. WGC Women 2017 - Klub","CZ",6,8108,8662,1.01,8870,8959,2017,null,null,"LS-4","8M","F","Není v databázi"]
["Ines Engelhardt",null,"Germany",null,"9. WGC Women 2017 - Klub","CZ",7,8001,8662,1.01,8648,8734,2017,null,null,"LS-1f","EF","F","Není v databázi"]
["Aude Untersee",null,"France",null,"9. WGC Women 2017 - Klub","CZ",8,7982,8662,1.01,8496,8581,2017,null,null,"Hornet H-206","H1","F","Není v databázi"]
["Claudia Hill",null,"United Kingdom",null,"9. WGC Women 2017 - Klub","CZ",9,7978,8662,1.01,8356,8440,2017,null,null,"LS-1f","KC","F","Není v databázi"]
["Petra Piskata",{"$f":"VLOOKUP(A149,Pilot,2,0)","v":1989},{"$f":"VLOOKUP(A149,Pilot,3,0)","v":"Hranice"},{"$f":"VLOOKUP(A149,Pilot,4,0)","v":"CZ/M"},"9. WGC Women 2017 - Klub","CZ",10,7866,8662,1.01,{"$f":"ROUND(H149/I149*10000*0.7+(MAX($G$140:$G$162)-G149)/(MAX($G$140:$G$162)-1)*10000*0.3,0)","v":8129},{"$f":"ROUND(J149*K149,0)","v":8210},2017,null,"x","Std. Cirrus","XC",{"$f":"VLOOKUP(A149,Pilot,5,0)","v":"F"},""]
["Paula Drazul",null,"Argentina",null,"9. WGC Women 2017 - Klub","CZ",11,7839,8662,1.01,7971,8051,2017,null,null,"St.Libelle","PY","F","Není v databázi"]
["Elizabeth Sparrow",null,"United Kingdom",null,"9. WGC Women 2017 - Klub","CZ",12,7667,8662,1.01,7696,7773,2017,null,null,"Std. Cirrus",873,"F","Není v databázi"]
["Ayala Truelove",null,"United Kingdom",null,"9. WGC Women 2017 - Klub","CZ",13,7615,8662,1.01,7518,7593,2017,null,null,"Std. Libelle","J34","F","Není v databázi"]
["Eva Cerna",{"$f":"VLOOKUP(A153,Pilot,2,0)","v":1964},{"$f":"VLOOKUP(A153,Pilot,3,0)","v":"Příbram"},{"$f":"VLOOKUP(A153,Pilot,4,0)","v":"CZ/C1"},"9. WGC Women 2017 - Klub","CZ",14,7489,8662,1.01,7279,7352,2017,null,"x","Std. Cirrus","CX",{"$f":"VLOOKUP(A153,Pilot,5,0)","v":"F"},""]
["Monika Bobula",null,"Poland",null,"9. WGC Women 2017 - Klub","CZ",15,7364,8662,1.01,7042,7112,2017,null,null,"SZD-48 Brawo","BZ","F","Není v databázi"]
["Klara Teichmannova",{"$f":"VLOOKUP(A155,Pilot,2,0)","v":1993},{"$f":"VLOOKUP(A155,Pilot,3,0)","v":"Hronov"},{"$f":"VLOOKUP(A155,Pilot,4,0)","v":"CZ/C2"},"9. WGC Women 2017 - Klub","CZ",16,7250,8662,1.01,6813,6881,2017,null,null,"Std. Cirrus","LY",{"$f":"VLOOKUP(A155,Pilot,5,0)","v":"F"},""]
["Claire Scutter",null,"Australia",null,"9. WGC Women 2017 - Klub","CZ",17,7117,8662,1.01,6570,6636,2017,null,null,"Std. Cirrus","YF","F","Není v databázi"]
["Jenny Ganderton",null,"Australia",null,"9. WGC Women 2017 - Klub","CZ",18,7089,8662,1.01,6411,6475,2017,null,null,"Std. Cirrus","SN","F","Není v databázi"]
["Amelie Audier",null,"France",null,"9. WGC Women 2017 - Klub","CZ",19,6484,8662,1.01,5785,5843,2017,null,null,"Std. Cirrus","SV","F","Není v databázi"]
["Marta Marszalek",null,"Poland",null,"9. WGC Women 2017 - Klub","CZ",20,6479,8662,1.01,5645,5701,2017,null,null,"SZD-48 Brawo","BI","F","Není v databázi"]
["Lilian de Bruijn",null,"Netherlands",null,"9. WGC Women 2017 - Klub","CZ",21,5857,8662,1.01,5006,5056,2017,null,null,"LS-4b","VR","F","Není v databázi"]
["Alicija Awirzen",null,"Poland",null,"9. WGC Women 2017 - Klub","CZ",22,4821,8662,1.01,4032,4072,2017,null,null,"Jantar Std. 3","MN","F","Není v databázi"]
["Angelika Mayr",null,"Germany",null,"9. WGC Women 2017 - Klub","CZ",23,3606,8662,1.01,2914,2943,2017,null,null,"ASW-24","LX","F","Není v databázi"]
["Aude Grangeray",null,"France",null,"9. WGC Women 2017 - Std","CZ",1,8881,8881,1.0249999999999999,{"$f":"ROUND(H163/I163*10000*0.7+(MAX($G$163:$G$176)-G163)/(MAX($G$163:$G$176)-1)*10000*0.3,0)","v":10000},{"$f":"ROUND(J163*K163,0)","v":10250},2017,null,null,"Discus 2A","ET","F",{"$f":"IF(ISERROR(VLOOKUP(A163,Pilot,6,0)),\"Není v databázi\",VLOOKUP(A163,Pilot,6,0))","v":"Není v databázi"}]
["Cornelia Schaich",null,"Germany",null,"9. WGC Women 2017 - Std","CZ",2,8736,8881,1.0249999999999999,{"$f":"ROUND(H164/I164*10000*0.7+(MAX($G$163:$G$176)-G164)/(MAX($G$163:$G$176)-1)*10000*0.3,0)","v":9655},{"$f":"ROUND(J164*K164,0)","v":9896},2017,null,null,"LS-8","3S","F","Není v databázi"]
["Jana Veprekova",{"$f":"VLOOKUP(A165,Pilot,2,0)","v":1961},{"$f":"VLOOKUP(A165,Pilot,3,0)","v":"Dvůr Králové"},{"$f":"VLOOKUP(A165,Pilot,4,0)","v":"CZ/C2"},"9. WGC Women 2017 - Std","CZ",3,8686,8881,1.0249999999999999,9385,9620,2017,null,"x","LS-8","W8",{"$f":"VLOOKUP(A165,Pilot,5,0)","v":"F"},""]
["Ulrike Teichmann",null,"Germany",null,"9. WGC Women 2017 - Std","CZ",4,8489,8881,1.0249999999999999,8999,9224,2017,null,null,"LS-8","C","F","Není v databázi"]
["Judyta Czyż",null,"Poland",null,"9. WGC Women 2017 - Std","CZ",5,8369,8881,1.0249999999999999,8673,8890,2017,null,null,"LS-8 18","LOT","F","Není v databázi"]
["Magali De Cachard",null,"France",null,"9. WGC Women 2017 - Std","CZ",6,8318,8881,1.0249999999999999,8402,8612,2017,null,null,"Discus 2A","CFM1","F","Není v databázi"]
["Dana Novakova",{"$f":"VLOOKUP(A169,Pilot,2,0)","v":1965},{"$f":"VLOOKUP(A169,Pilot,3,0)","v":"Mladá Boleslav"},{"$f":"VLOOKUP(A169,Pilot,4,0)","v":"CZ/C1"},"9. WGC Women 2017 - Std","CZ",7,8207,8881,1.0249999999999999,8084,8286,2017,null,null,"LS-8","FX",{"$f":"VLOOKUP(A169,Pilot,5,0)","v":"F"},""]
["Hana Treslova",{"$f":"VLOOKUP(A170,Pilot,2,0)","v":1991},{"$f":"VLOOKUP(A170,Pilot,3,0)","v":"Raná"},{"$f":"VLOOKUP(A170,Pilot,4,0)","v":"CZ/C2"},"9. WGC Women 2017 - Std","CZ",8,8109,8881,1.0249999999999999,7776,7970,2017,null,null,"Discus 2A","GX",{"$f":"VLOOKUP(A170,Pilot,5,0)","v":"F"},""]
["Doortje Grunder",null,"Netherlands",null,"9. WGC Women 2017 - Std","CZ",9,7931,8881,1.0249999999999999,7405,7590,2017,null,null,"LS-8","XK","F","Není v databázi"]
["Orsolya Diofasi",null,"Hungary",null,"9. WGC Women 2017 - Std","CZ",10,7914,8881,1.0249999999999999,7161,7340,2017,null,null,"Discus 2A","HUN","F","Není v databázi"]
["Anna Michalak",null,"Poland",null,"9. WGC Women 2017 - Std","CZ",11,5859,8881,1.0249999999999999,5310,5443,2017,null,null,"Discus 2A","Y","F","Není v databázi"]
["Viktoria Vadaszi",null,"Hungary",null,"9. WGC Women 2017 - Std","CZ",12,5373,8881,1.0249999999999999,{"$f":"ROUND(H174/I174*10000*0.7+(MAX($G$163:$G$176)-G174)/(MAX($G$163:$G$176)-1)*10000*0.3,0)","v":4697},4814,2017,null,null,"Discus 2A","HAL","F","Není v databázi"]
["Halina Rynkiewicz",null,"Poland",null,"9. WGC Women 2017 - Std","CZ",13,4990,8881,1.0249999999999999,4164,4268,2017,null,null,"Discus 2A","I","F","Není v databázi"]
["Sue Kussbach",null,"Germany",null,"9. WGC Women 2017 - Std","CZ",14,351,8881,1.0249999999999999,277,284,2017,null,null,"LS-8","KS","F","Není v databázi"]
["Katrin Senne",null,"Germany",null,"9. WGC Women 2017 - 18m","CZ",1,9297,9297,1.01,{"$f":"ROUND(H177/I177*10000*0.7+(MAX($G$177:$G$187)-G177)/(MAX($G$177:$G$187)-1)*10000*0.3,0)","v":10000},{"$f":"ROUND(J177*K177,0)","v":10100},2017,null,null,"ASG-29E","BK","F",{"$f":"IF(ISERROR(VLOOKUP(A177,Pilot,6,0)),\"Není v databázi\",VLOOKUP(A177,Pilot,6,0))","v":"Není v databázi"}]
["Alena Netusilova",{"$f":"VLOOKUP(A178,Pilot,2,0)","v":1970},{"$f":"VLOOKUP(A178,Pilot,3,0)","v":"Zbraslavice"},{"$f":"VLOOKUP(A178,Pilot,4,0)","v":"CZ/C1"},"9. WGC Women 2017 - 18m","CZ",2,9275,9297,1.01,{"$f":"ROUND(H178/I178*10000*0.7+(MAX($G$177:$G$187)-G178)/(MAX($G$177:$G$187)-1)*10000*0.3,0)","v":9683},{"$f":"ROUND(J178*K178,0)","v":9780},2017,null,"x","JS-1C EVO","JX",{"$f":"VLOOKUP(A178,Pilot,5,0)","v":"F"},""]
["Anne Ducarouge",null,"France",null,"9. WGC Women 2017 - 18m","CZ",3,9161,9297,1.01,9298,9391,2017,null,null,"JS-1C EVO","EVO","F","Není v databázi"]
["Marilyne Abadie-Berard",null,"France",null,"9. WGC Women 2017 - 18m","CZ",4,9135,9297,1.01,8978,9068,2017,null,null,"ASG-29E","2L","F","Není v databázi"]
["Melanie Gadoulet",null,"France",null,"9. WGC Women 2017 - 18m","CZ",5,9127,9297,1.01,8672,8759,2017,null,null,"JS-1C EVO","FD","F","Není v databázi"]
["Joanna Biedermann",null,"Poland",null,"9. WGC Women 2017 - 18m","CZ",6,8876,9297,1.01,8183,8265,2017,null,null,"ASG-29","PL","F","Není v databázi"]
["Jana Treslova",{"$f":"VLOOKUP(A183,Pilot,2,0)","v":1963},{"$f":"VLOOKUP(A183,Pilot,3,0)","v":"Raná"},{"$f":"VLOOKUP(A183,Pilot,4,0)","v":"CZ/C2"},"9. WGC Women 2017 - 18m","CZ",7,7962,9297,1.01,7195,7267,2017,null,null,"ASG-29E","QZ",{"$f":"VLOOKUP(A183,Pilot,5,0)","v":"F"},""]
["Lenka Kuthanova",{"$f":"VLOOKUP(A184,Pilot,2,0)","v":1960},{"$f":"VLOOKUP(A184,Pilot,3,0)","v":"Tábor"},{"$f":"VLOOKUP(A184,Pilot,4,0)","v":"CZ/C1"},"9. WGC Women 2017 - 18m","CZ",8,7436,9297,1.01,{"$f":"ROUND(H184/I184*10000*0.7+(MAX($G$177:$G$187)-G184)/(MAX($G$177:$G$187)-1)*10000*0.3,0)","v":6499},{"$f":"ROUND(J184*K184,0)","v":6564},2017,null,null,"JS-1C","LXI",{"$f":"VLOOKUP(A184,Pilot,5,0)","v":"F"},""]
["Sandra Malzacher",null,"Germany",null,"9. WGC Women 2017 - 18m","CZ",9,5863,9297,1.01,5014,5064,2017,null,null,"Ventus 2c/18m","DR","F","Není v databázi"]
["Christin Nielsen",null,"Denmark",null,"9. WGC Women 2017 - 18m","CZ",10,1726,9297,1.01,1600,1616,2017,null,null,"Ventus 2 cxt","MO","F","Není v databázi"]
["Christine Grote",null,"Germany",null,"9. WGC Women 2017 - 18m","CZ",11,1372,9297,1.01,1033,1043,2017,null,null,"JS-1","YE","F","Není v databázi"]
["Jaroslav Tomana",{"$f":"VLOOKUP(A188,Pilot,2,0)","v":1975},{"$f":"VLOOKUP(A188,Pilot,3,0)","v":"Zbraslavice"},{"$f":"VLOOKUP(A188,Pilot,4,0)","v":"CZ/C1"},"PMČR CON 2017 - Klub","CZ",1,4209,4209,1.03,{"$f":"ROUND(H188/I188*10000*0.7+(MAX($G$188:$G$212)-G188)/(MAX($G$188:$G$212)-1)*10000*0.3,0)","v":10000},{"$f":"ROUND(J188*K188,0)","v":10300},2017,"x",null,"Std. Cirrus","SN",{"$f":"VLOOKUP(A188,Pilot,5,0)","v":"M"},{"$f":"IF(ISERROR(VLOOKUP(A188,Pilot,6,0)),\"Není v databázi\",VLOOKUP(A188,Pilot,6,0))","v":""}]
["Ivan Novak",1962,"Mladá Boleslav","CZ/C1","PMČR CON 2017 - Klub","CZ",2,4045,4209,1.03,{"$f":"ROUND(H189/I189*10000*0.7+(MAX($G$188:$G$212)-G189)/(MAX($G$188:$G$212)-1)*10000*0.3,0)","v":9602},{"$f":"ROUND(J189*K189,0)","v":9890},2017,null,null,"Std. Cirrus","DI","M",""]
["Petr Stepanek",1989,"Moravská Třebová","CZ/M","PMČR CON 2017 - Klub","CZ",3,3946,4209,1.03,9313,9592,2017,"x",null,"ASW-19B","AE","M",""]
["Michal Lesinger",1966,"Moravská Třebová","CZ/M","PMČR CON 2017 - Klub","CZ",4,3902,4209,1.03,9114,9387,2017,"x",null,"ASW-19B","LL","M",""]
["Jan Pavlik",1987,"Křižanov","CZ/M","PMČR CON 2017 - Klub","CZ",5,3784,4209,1.03,8793,9057,2017,"x",null,"Std. Cirrus","ICQ","M",""]
["Richard Vlcek",1993,"Kunovice","CZ/M","PMČR CON 2017 - Klub","CZ",6,3561,4209,1.03,8297,8546,2017,null,null,"Std. Cirrus","XC","M",""]
["Zdenek Balcarek",1967,"Kroměříž","CZ/M","PMČR CON 2017 - Klub","CZ",7,3433,4209,1.03,7959,8198,2017,null,null,"Std. Cirrus","ZL","M",""]
["Barbora Moravcova",1994,"Zbraslavice","CZ/C1","PMČR CON 2017 - Klub","CZ",8,3403,4209,1.03,7785,8019,2017,null,null,"ASW-19B","CF","F",""]
["Klara Teichmannova",1993,"Hronov","CZ/C2","PMČR CON 2017 - Klub","CZ",9,3318,4209,1.03,7518,7744,2017,"x","x","Std. Cirrus","LY","F",""]
["Ondrej Sindelar",1979,"Mladá Boleslav","CZ/C1","PMČR CON 2017 - Klub","CZ",10,3295,4209,1.03,7355,7576,2017,"x",null,"ASW-19B","OI","M",""]
["Jiri Fousek",1990,"Raná","CZ/C2","PMČR CON 2017 - Klub","CZ",11,3292,4209,1.03,7225,7442,2017,"x",null,"Std. Cirrus","LW","M",""]
["Jan Vavrin",1987,"Vysoké Mýto","CZ/C2","PMČR CON 2017 - Klub","CZ",12,3246,4209,1.03,7023,7234,2017,null,null,"ASW-15B","IG","M",""]
["Lubor Zeleny",1957,"Přibyslav","CZ/C2","PMČR CON 2017 - Klub","CZ",13,3235,4209,1.03,6880,7086,2017,"x",null,"Std. Cirrus","AW","M",""]
["Pavlina Horackova",1965,"Šumperk","CZ/M","PMČR CON 2017 - Klub","CZ",14,3178,4209,1.03,6660,6860,2017,"x","x","SZD 48 Jantar Std. 2","SU","F",""]
["Martin Stepanek",1987,"Moravská Třebová","CZ/M","PMČR CON 2017 - Klub","CZ",15,3032,4209,1.03,6293,6482,2017,"x",null,"ASW-15B","LE","M",""]
["Jan Zapletal",1997,"Kroměříž","CZ/M","PMČR CON 2017 - Klub","CZ",16,2721,4209,1.03,5650,5820,2017,null,null,"Std. Cirrus","XII","M","Junior v roce 2020"]
["Martin Piskacek",1991,"Křižanov","CZ/M","PMČR CON 2017 - Klub","CZ",17,2707,4209,1.03,5502,5667,2017,"x",null,"Std. Cirrus",75,"M",""]
["Anna Bordovska",1989,"Mladá Boleslav","CZ/C1","PMČR CON 2017 - Klub","CZ",18,2594,4209,1.03,5189,5345,2017,null,null,"Std. Cirrus","BB","F",""]
["Daniel Ryba",1994,"Dvůr Králové","CZ/C2","PMČR CON 2017 - Klub","CZ",19,2531,4209,1.03,4959,5108,2017,null,null,"ASW-19B","L7","M",""]
["Leos Strnadek",1983,"Hodkovice","CZ/C2","PMČR CON 2017 - Klub","CZ",20,2499,4209,1.03,4781,4924,2017,null,null,"ASW-19B","XZ","M",""]
["Ladislav Jozsa",1981,"Medlánky","CZ/M","PMČR CON 2017 - Klub","CZ",21,2339,4209,{"$f":"VLOOKUP(E208,Soutez,8,0)","v":1.03},4390,4522,2017,null,null,"Std. Cirrus","LJ","M",""]
["Jan Vozeh",1995,"Rakovník","CZ/C1","PMČR CON 2017 - Klub","CZ",22,1555,4209,1.03,2961,3050,2017,null,null,"LS 1-d","HV","M","Junior v roce 2020"]
["Tomas Frinta",1970,"Hodkovice","CZ/C2","PMČR CON 2017 - Klub","CZ",23,1497,4209,1.03,2740,2822,2017,"x",null,"ASW-19B","XP","M",""]
["Jan Kotan",1982,"Letňany","CZ/C1","PMČR CON 2017 - Klub","CZ",24,270,4209,1.03,574,591,2017,null,null,"ASW-19B","WT","M",""]
["Marek Pechanec",1970,"Luhačovice","CZ/M","PMČR CON 2017 - Klub","CZ",25,122,4209,1.03,{"$f":"ROUND(H212/I212*10000*0.7+(MAX($G$188:$G$212)-G212)/(MAX($G$188:$G$212)-1)*10000*0.3,0)","v":203},{"$f":"ROUND(J212*K212,0)","v":209},2017,null,null,"Std. Cirrus","SJ","M",""]
["Miloslav Cink",{"$f":"VLOOKUP(A213,Pilot,2,0)","v":1987},{"$f":"VLOOKUP(A213,Pilot,3,0)","v":"Letkov"},{"$f":"VLOOKUP(A213,Pilot,4,0)","v":"CZ/C1"},"PMČR CON 2017 - Kombi 15m","CZ",1,5256,5256,1.0349999999999999,{"$f":"ROUND(H213/I213*10000*0.7+(MAX($G$213:$G$228)-G213)/(MAX($G$213:$G$228)-1)*10000*0.3,0)","v":10000},{"$f":"ROUND(J213*K213,0)","v":10350},2017,null,null,"LS-8","EU",{"$f":"VLOOKUP(A213,Pilot,5,0)","v":"M"},{"$f":"IF(ISERROR(VLOOKUP(A213,Pilot,6,0)),\"Není v databázi\",VLOOKUP(A213,Pilot,6,0))","v":""}]
["Pavel Louzecky",1957,"Přibyslav","CZ/C2","PMČR CON 2017 - Kombi 15m","CZ",2,5147,5256,1.0349999999999999,{"$f":"ROUND(H214/I214*10000*0.7+(MAX($G$213:$G$228)-G214)/(MAX($G$213:$G$228)-1)*10000*0.3,0)","v":9655},{"$f":"ROUND(J214*K214,0)","v":9993},2017,null,null,"LS-8","AU","M",""]
["Radek Krejcirik",1991,"Hranice","CZ/M","PMČR CON 2017 - Kombi 15m","CZ",3,4603,5256,1.0349999999999999,8730,9036,2017,null,null,"Ventus 2a 15m","AX","M",""]
["Petr Koutny",1971,"Křižanov","CZ/M","PMČR CON 2017 - Kombi 15m","CZ",4,4508,5256,1.0349999999999999,8404,8698,2017,"x",null,"LS-8","SK","M",""]
["Karel Novak",1993,"Mladá Boleslav","CZ/C1","PMČR CON 2017 - Kombi 15m","CZ",5,4424,5256,1.0349999999999999,8092,8375,2017,null,null,"LS-8","FX","M",""]
["Jan Horak",1971,"Zbraslavice","CZ/C1","PMČR CON 2017 - Kombi 15m","CZ",6,4263,5256,1.0349999999999999,7678,7947,2017,"x",null,"ASW-20(A) WL","WX","M",""]
["Jan Boruvka",1984,"Jičín","CZ/C2","PMČR CON 2017 - Kombi 15m","CZ",7,4245,5256,1.0349999999999999,7454,7715,2017,null,null,"Ventus c 15m","EG","M",""]
["David Mach",1994,"Hronov","CZ/C2","PMČR CON 2017 - Kombi 15m","CZ",8,4131,5256,1.0349999999999999,7102,7351,2017,null,null,"LS-8","JB","M",""]
["Radek Kucirek",1973,"Havlíčkův Brod","CZ/C2","PMČR CON 2017 - Kombi 15m","CZ",9,4104,5256,1.0349999999999999,6866,7106,2017,null,null,"Ventus 2bx 15m","YA","M",""]
["Radek Zima 78",1978,"Hodkovice","CZ/C2","PMČR CON 2017 - Kombi 15m","CZ",10,4012,5256,1.0349999999999999,6543,6772,2017,null,null,"Ventus b/15m","7F","M",""]
["Hana Treslova",1991,"Raná","CZ/C2","PMČR CON 2017 - Kombi 15m","CZ",11,3781,5256,1.0349999999999999,6036,6247,2017,null,null,"Discus 2a 15m","GX","F",""]
["Zdenek Boruvka 54",1954,"Jičín","CZ/C2","PMČR CON 2017 - Kombi 15m","CZ",12,3608,5256,1.0349999999999999,5605,5801,2017,null,null,"LS-8","ZBI","M",""]
["Lukas Capek",1992,"Letňany","CZ/C1","PMČR CON 2017 - Kombi 15m","CZ",13,3258,5256,1.0349999999999999,4939,5112,2017,null,null,"Mosquito","LC","M",""]
["Jiri Kusbach",1959,"Luhačovice","CZ/M","PMČR CON 2017 - Kombi 15m","CZ",14,3159,5256,1.0349999999999999,4607,4768,2017,null,null,"KKB-15E FES","B","M",""]
["Jan Viskot",1995,"Břeclav","CZ/M","PMČR CON 2017 - Kombi 15m","CZ",15,2238,5256,1.0349999999999999,{"$f":"ROUND(H227/I227*10000*0.7+(MAX($G$213:$G$228)-G227)/(MAX($G$213:$G$228)-1)*10000*0.3,0)","v":3181},{"$f":"ROUND(J227*K227,0)","v":3292},2017,null,null,"LS-8","W8","M","Junior v roce 2020"]
["Przemysław Bartczak",null,"Czestochowski","PL","PMČR CON 2017 - Kombi 15m","CZ",16,69,5256,1.0349999999999999,92,95,2017,null,null,"LS-8","A","M","Není v databázi"]
["Lukasz Wojcik",null,"Wloclawek","PL","PMČR CON 2017 - Kombi Open","CZ",1,5683,5683,1.085,{"$f":"ROUND(H229/I229*10000*0.7+(MAX($G$229:$G$251)-G229)/(MAX($G$229:$G$251)-1)*10000*0.3,0)","v":10000},{"$f":"ROUND(J229*K229,0)","v":10850},2017,null,null,"JS-1CJ EVO 18m","P","M",{"$f":"IF(ISERROR(VLOOKUP(A229,Pilot,6,0)),\"Není v databázi\",VLOOKUP(A229,Pilot,6,0))","v":"Není v databázi"}]
["Petr Tichy",{"$f":"VLOOKUP(A230,Pilot,2,0)","v":1973},{"$f":"VLOOKUP(A230,Pilot,3,0)","v":"Zbraslavice"},{"$f":"VLOOKUP(A230,Pilot,4,0)","v":"CZ/C1"},"PMČR CON 2017 - Kombi Open","CZ",2,5262,5683,1.085,{"$f":"ROUND(H230/I230*10000*0.7+(MAX($G$229:$G$251)-G230)/(MAX($G$229:$G$251)-1)*10000*0.3,0)","v":9345},{"$f":"ROUND(J230*K230,0)","v":10139},2017,"x",null,"ASG-29E 18m","AJ",{"$f":"VLOOKUP(A230,Pilot,5,0)","v":"M"},""]
["Petr Krejcirik",{"$f":"VLOOKUP(A231,Pilot,2,0)","v":1960},{"$f":"VLOOKUP(A231,Pilot,3,0)","v":"Hranice"},{"$f":"VLOOKUP(A231,Pilot,4,0)","v":"CZ/M"},"PMČR CON 2017 - Kombi Open","CZ",3,4974,5683,1.085,8854,9607,2017,"x",null,"ASG-29E 18m","QZ",{"$f":"VLOOKUP(A231,Pilot,5,0)","v":"M"},""]
["Roman Mracek",{"$f":"VLOOKUP(A232,Pilot,2,0)","v":1980},{"$f":"VLOOKUP(A232,Pilot,3,0)","v":"Letkov"},{"$f":"VLOOKUP(A232,Pilot,4,0)","v":"CZ/C1"},"PMČR CON 2017 - Kombi Open","CZ",4,4968,5683,1.085,8710,9450,2017,null,null,"ASG-29E 18m","QX",{"$f":"VLOOKUP(A232,Pilot,5,0)","v":"M"},""]
["Zdislaw Bednarczuk",null,"Bielsko-Biala","PL","PMČR CON 2017 - Kombi Open","CZ",5,4850,5683,1.085,8429,9145,2017,null,null,"ASG-29E 18m","ZB","M","Není v databázi"]
["Alena Netusilova",{"$f":"VLOOKUP(A234,Pilot,2,0)","v":1970},{"$f":"VLOOKUP(A234,Pilot,3,0)","v":"Zbraslavice"},{"$f":"VLOOKUP(A234,Pilot,4,0)","v":"CZ/C1"},"PMČR CON 2017 - Kombi Open","CZ",6,4653,5683,1.085,8049,8733,2017,null,null,"JS-1CJ EVO 18m","JX",{"$f":"VLOOKUP(A234,Pilot,5,0)","v":"F"},""]
["Jiri Stepanek",{"$f":"VLOOKUP(A235,Pilot,2,0)","v":1956},{"$f":"VLOOKUP(A235,Pilot,3,0)","v":"Moravská Třebová"},{"$f":"VLOOKUP(A235,Pilot,4,0)","v":"CZ/M"},"PMČR CON 2017 - Kombi Open","CZ",7,4530,5683,1.085,7762,8422,2017,"x",null,"Nimbus 2b","MT",{"$f":"VLOOKUP(A235,Pilot,5,0)","v":"M"},""]
["Takeshi Maruyama",null,"Japan Soaring Club","JP","PMČR CON 2017 - Kombi Open","CZ",8,4527,5683,1.085,7622,8270,2017,null,null,"ASG-29E 18m","RI","M","Není v databázi"]
["Adam Woolley",null,"Kingaroy Soaring Club","AU","PMČR CON 2017 - Kombi Open","CZ",9,4493,5683,1.085,7443,8076,2017,null,null,"ASG-29 18m","AY","M","Není v databázi"]
["John Buchanan",null,"Kingaroy Soaring Club","AU","PMČR CON 2017 - Kombi Open","CZ",10,4467,5683,1.085,7275,7893,2017,null,null,"Ventus 2 cxt 18m 600kg","AB","M","Není v databázi"]
["Steven Raimond",null,"SZT Terlet","NL","PMČR CON 2017 - Kombi Open","CZ",11,4379,5683,1.085,{"$f":"ROUND(H239/I239*10000*0.7+(MAX($G$229:$G$251)-G239)/(MAX($G$229:$G$251)-1)*10000*0.3,0)","v":7030},7628,2017,null,null,"ASG-29E 18m","1R","M","Není v databázi"]
["Pavel Trybenekr",{"$f":"VLOOKUP(A240,Pilot,2,0)","v":1990},{"$f":"VLOOKUP(A240,Pilot,3,0)","v":"Hořice"},{"$f":"VLOOKUP(A240,Pilot,4,0)","v":"CZ/C2"},"PMČR CON 2017 - Kombi Open","CZ",12,4271,5683,1.085,6761,7336,2017,"x",null,"ASW-22BLE WL 850kg","RX",{"$f":"VLOOKUP(A240,Pilot,5,0)","v":"M"},""]
["Martin Hrivna",1978,"Zbraslavice","CZ/C1","PMČR CON 2017 - Kombi Open","CZ",13,4062,5683,1.085,6367,6908,2017,null,null,"ASG-29E 18m","NX","M",""]
["Karel Mares",1974,"Slaný","CZ/C1","PMČR CON 2017 - Kombi Open","CZ",14,3835,5683,1.085,5951,6457,2017,null,null,"LAK 17AT/18m","YF","M",""]
["Ondrej Dupal",1966,"GAC Benešov","CZ/C1","PMČR CON 2017 - Kombi Open","CZ",15,3770,5683,1.085,5735,6222,2017,null,null,"ASG-29E 18m","GO","M",""]
["Lenka Kuthanova",1960,"Tábor","CZ/C1","PMČR CON 2017 - Kombi Open","CZ",16,3748,5683,1.085,5571,6045,2017,null,null,"JS-1CJ EVO 18m","LX","F",""]
["Petr Hotovy",1958,"Česká Lípa","CZ/C2","PMČR CON 2017 - Kombi Open","CZ",17,3477,5683,1.085,5101,5535,2017,null,null,"HPH 304MS Shark 18m 600kg","MH","M",""]
["Martin Pekar",1973,"Šumperk","CZ/M","PMČR CON 2017 - Kombi Open","CZ",18,3428,5683,1.085,4904,5321,2017,null,null,"HPH 304 eS 18m 573kg","ES","M",""]
["Eva Cerna",1964,"Příbram","CZ/C1","PMČR CON 2017 - Kombi Open","CZ",19,3375,5683,1.085,4703,5103,2017,"x",null,"Ventus 2 cxt 18m 600kg","EK","F",""]
["Adam Czeladzki",null,"Warszawski","PL","PMČR CON 2017 - Kombi Open","CZ",20,2290,5683,1.085,3230,3505,2017,null,null,"JS-1CJ EVO 18m","GOL","M","Není v databázi"]
["Michael Fik",{"$f":"VLOOKUP(A249,Pilot,2,0)","v":1972},{"$f":"VLOOKUP(A249,Pilot,3,0)","v":"Strakonice"},{"$f":"VLOOKUP(A249,Pilot,4,0)","v":"CZ/C1"},"PMČR CON 2017 - Kombi Open","CZ",21,1291,5683,1.085,1863,2021,2017,null,null,"Ventus c 17.6m","WL",{"$f":"VLOOKUP(A249,Pilot,5,0)","v":"M"},""]
["Wolfgang Janowitsch",null,"FRA-Wiener Neustadt","AT","PMČR CON 2017 - Kombi Open","CZ",22,773,5683,1.085,1089,1182,2017,null,null,"Ventus 3T 18m","WO","M","Není v databázi"]
["Branko Blagojevic",null,"Zrenjanin","SR","PMČR CON 2017 - Kombi Open","CZ",23,194,5683,1.085,{"$f":"ROUND(H251/I251*10000*0.7+(MAX($G$229:$G$251)-G251)/(MAX($G$229:$G$251)-1)*10000*0.3,0)","v":239},{"$f":"ROUND(J251*K251,0)","v":259},2017,null,null,"JS-1CJ EVO 18m","BP","M","Není v databázi"]
["Roman Konarik",{"$f":"VLOOKUP(A252,Pilot,2,0)","v":1976},{"$f":"VLOOKUP(A252,Pilot,3,0)","v":"Luhačovice"},{"$f":"VLOOKUP(A252,Pilot,4,0)","v":"CZ/M"},"FL 2017 - Kombi","CZ",1,1556,1556,0.6,{"$f":"ROUND(H252/I252*10000*0.7+(MAX($G$252:$G$267)-G252)/(MAX($G$252:$G$267)-1)*10000*0.3,0)","v":10000},{"$f":"ROUND(J252*K252,0)","v":6000},2017,"x",null,"Arcus M","AR",{"$f":"VLOOKUP(A252,Pilot,5,0)","v":"M"},{"$f":"IF(ISERROR(VLOOKUP(A252,Pilot,6,0)),\"Není v databázi\",VLOOKUP(A252,Pilot,6,0))","v":""}]
["Frantisek Vancura",1966,"Hranice","CZ/M","FL 2017 - Kombi","CZ",2,1536,1556,0.6,{"$f":"ROUND(H253/I253*10000*0.7+(MAX($G$252:$G$267)-G253)/(MAX($G$252:$G$267)-1)*10000*0.3,0)","v":9696},{"$f":"ROUND(J253*K253,0)","v":5818},2017,"x",null,"Nimbus 3T 24,5m (voda)","A1","M",""]
["Lumir Motyka",1955,"Frýdlant","CZ/M","FL 2017 - Kombi","CZ",3,1379,1556,0.6,8775,5265,2017,null,null,"LAK 12 (voda)","DE","M",""]
["Vladimir Jirka",1965,"Zábřeh","CZ/M","FL 2017 - Kombi","CZ",4,1330,1556,0.6,8340,5004,2017,"x",null,"Ventus 2c 18m 525 kg","VJ","M",""]
["Milos Matejka",1956,"Beroun","CZ/C1","FL 2017 - Kombi","CZ",5,1252,1556,0.6,7775,4665,2017,"x",null,"Discus b +W (voda)","SH","M",""]
["Jaroslav Buryan",1953,"Zábřeh","CZ/M","FL 2017 - Kombi","CZ",6,1177,1556,0.6,7224,4334,2017,null,null,"ASW-20(A)+F 15m+W (voda)","NS","M",""]
["Jan Ratz",1987,"Zbraslavice","CZ/C1","FL 2017 - Kombi","CZ",7,1162,1556,0.6,6942,4165,2017,null,null,"Ventus b 16,6m WL (voda)","JET","M",""]
["Michal Cechmanek",1978,"Luhačovice","CZ/M","FL 2017 - Kombi","CZ",8,1078,1556,0.6,6350,3810,2017,"x",null,"ASW-20(A)+F 15m+W (voda)","MK","M",""]
["Zdenek Schenk",1972,"Hranice","CZ/M","FL 2017 - Kombi","CZ",9,987,1556,0.6,5726,3436,2017,null,null,"Ventus ct 17,6m (voda)","SNeK","M",""]
["Jan Kristof",1962,"Frýdlant","CZ/M","FL 2017 - Kombi","CZ",10,922,1556,0.6,5219,3131,2017,"x",null,"DG-200 15m","AK","M",""]
["Oldrich Houzvicka",1975,"Frýdlant","CZ/M","FL 2017 - Kombi","CZ",11,801,1556,0.6,4461,2677,2017,null,null,"LS 4","FP","M",""]
["Jan Matejovsky",1972,"Hranice","CZ/M","FL 2017 - Kombi","CZ",12,494,1556,0.6,2865,1719,2017,null,null,"LS 3 15m (voda)","BT","M",""]
["Petr Baros",1974,"Hranice","CZ/M","FL 2017 - Kombi","CZ",13,235,1556,0.6,1486,892,2017,"x",null,"Duo Discus","OK","M",""]
["Antonin Kutalek",1943,"Zábřeh","CZ/M","FL 2017 - Kombi","CZ",14,166,1556,0.6,961,577,2017,null,null,"Mini-Nimbus c (voda)","GL","M",""]
["Pavel Foldyna",1976,"Frýdlant","CZ/M","FL 2017 - Kombi","CZ",15,0,1556,0.6,{"$f":"ROUND(H266/I266*10000*0.7+(MAX($G$252:$G$267)-G266)/(MAX($G$252:$G$267)-1)*10000*0.3,0)","v":0},0,2017,null,null,"LS 3 15m (voda)","TX","M",""]
["Martin Urban",1971,"Frýdlant","CZ/M","FL 2017 - Kombi","CZ",15,0,1556,0.6,0,0,2017,null,null,"LS 3a 15m (voda)","SJ","M",""]
["Rostislav Stryk",{"$f":"VLOOKUP(A268,Pilot,2,0)","v":1972},{"$f":"VLOOKUP(A268,Pilot,3,0)","v":"Frýdlant"},{"$f":"VLOOKUP(A268,Pilot,4,0)","v":"CZ/M"},"Adrenalin GP 2017 - Klub GP","CZ",1,25,25,0.6,{"$f":"ROUND((MAX($G$268:$G$278)-G268)/(MAX($G$268:$G$278)-1)*10000,0)","v":10000},{"$f":"ROUND(J268*K268,0)","v":6000},2017,"x",null,"Std. Cirrus",22,{"$f":"VLOOKUP(A268,Pilot,5,0)","v":"M"},{"$f":"IF(ISERROR(VLOOKUP(A268,Pilot,6,0)),\"Není v databázi\",VLOOKUP(A268,Pilot,6,0))","v":""}]
["Jan Sponer",1988,"Medlánky","CZ/M","Adrenalin GP 2017 - Klub GP","CZ",2,15,25,0.6,{"$f":"ROUND((MAX($G$268:$G$278)-G269)/(MAX($G$268:$G$278)-1)*10000,0)","v":8889},{"$f":"ROUND(J269*K269,0)","v":5333},2017,"x",null,"Std. Cirrus","MI","M",""]
["Rene Hudak",1972,"Kunovice","CZ/M","Adrenalin GP 2017 - Klub GP","CZ",3,12,25,0.6,7778,4667,2017,null,null,"Std. Cirrus WL","NK","M",""]
["Vit Prokop",1987,"Medlánky","CZ/M","Adrenalin GP 2017 - Klub GP","CZ",4,11,25,0.6,6667,4000,2017,"x",null,"Std. Cirrus","MF","M",""]
["Jan Mareth",1979,"Frýdlant","CZ/M","Adrenalin GP 2017 - Klub GP","CZ",5,8,25,{"$f":"VLOOKUP(E272,Soutez,8,0)","v":0.6},5556,3334,2017,"x",null,"Astir CS","W7","M",""]
["Jiri Pelucha",1984,"Frýdlant","CZ/M","Adrenalin GP 2017 - Klub GP","CZ",6,6,25,0.6,{"$f":"ROUND((MAX($G$268:$G$278)-G273)/(MAX($G$268:$G$278)-1)*10000,0)","v":4444},2666,2017,null,null,"Std. Cirrus","IJ","M",""]
["Martin Svacina",1965,"Frýdlant","CZ/M","Adrenalin GP 2017 - Klub GP","CZ",7,4,25,0.6,3333,2000,2017,"x",null,"Std. Cirrus","E","M",""]
["Lubor Sobek",1979,"Frýdlant","CZ/M","Adrenalin GP 2017 - Klub GP","CZ",8,3,25,0.6,2222,1333,2017,"x",null,"LS 1 f","EM","M",""]
["Milan Svoboda 34",1934,"Letkov","CZ/C1","Adrenalin GP 2017 - Klub GP","CZ",9,1,25,0.6,{"$f":"ROUND((MAX($G$268:$G$278)-G276)/(MAX($G$268:$G$278)-1)*10000,0)","v":1111},667,2017,null,null,"Phobus A","VI","M",""]
["Stanislav Doskocil",1978,"Medlánky","CZ/M","Adrenalin GP 2017 - Klub GP","CZ",10,0,25,0.6,0,0,2017,null,null,"Std. Cirrus","SB","M",""]
["Radim Zielinski",1969,"Frýdlant","CZ/M","Adrenalin GP 2017 - Klub GP","CZ",10,0,25,0.6,0,0,2017,null,null,"Astir CS","BH","M",""]
["Vojtech Pivonka",{"$f":"VLOOKUP(A279,Pilot,2,0)","v":1976},{"$f":"VLOOKUP(A279,Pilot,3,0)","v":"Vrchlabí"},{"$f":"VLOOKUP(A279,Pilot,4,0)","v":"CZ/C2"},"Safari 2017 - Duo Kombi","CZ",1,1738,1738,0.6,{"$f":"ROUND(H279/I279*10000*0.7+(MAX($G$279:$G$288)-G279)/(MAX($G$279:$G$288)-1)*10000*0.3,0)","v":10000},{"$f":"ROUND(J279*K279,0)","v":6000},2017,"x",null,"L-13 Blaník","AY",{"$f":"VLOOKUP(A279,Pilot,5,0)","v":"M"},{"$f":"IF(ISERROR(VLOOKUP(A279,Pilot,6,0)),\"Není v databázi\",VLOOKUP(A279,Pilot,6,0))","v":""}]
["Jan Sindelar",1946,"Kunovice","CZ/M","Safari 2017 - Duo Kombi","CZ",2,1670,1738,0.6,{"$f":"ROUND(H280/I280*10000*0.7+(MAX($G$279:$G$288)-G280)/(MAX($G$279:$G$288)-1)*10000*0.3,0)","v":9393},{"$f":"ROUND(J280*K280,0)","v":5636},2017,"x",null,"L-13 Blaník","Z","M",""]
["Vladimir Prihoda",1953,"Kralupy","CZ/C1","Safari 2017 - Duo Kombi","CZ",3,1476,1738,0.6,8278,4967,2017,"x",null,"L 23 Superblanik","X","M",""]
["Josef Andrasovsky",1954,"Jaroměř","CZ/C2","Safari 2017 - Duo Kombi","CZ",4,1155,1738,0.6,6652,3991,2017,"x",null,"L.23 Superblaník","N","M",""]
["Vaclav Sehnal",1962,"Kolín","CZ/C1","Safari 2017 - Duo Kombi","CZ",5,1099,1738,0.6,6093,3656,2017,"x",null,"L-23 Superblaník","L23","M",""]
["Martin Markl",1960,"Kolín","CZ/C1","Safari 2017 - Duo Kombi","CZ",6,1067,1738,0.6,5631,3379,2017,"x",null,"L-13 Blaník","FL","M",""]
["Ivan Ladr",1940,"Dvůr Králové","CZ/C2","Safari 2017 - Duo Kombi","CZ",7,1056,1738,0.6,5253,3152,2017,"x",null,"L-13 Blaník","ET","M",""]
["Ondrej Teichman",1984,"Dvůr Králové","CZ/C2","Safari 2017 - Duo Kombi","CZ",8,887,1738,0.6,4239,2543,2017,"x",null,"L-23 Super Blaník","KM","M",""]
["Rostislav Broz",1968,"Vrchlabí","CZ/C2","Safari 2017 - Duo Kombi","CZ",9,790,1738,0.6,3515,2109,2017,"x",null,"L-13 Blaník","V","M",""]
["Martin Sehnoutka",1970,"Dvůr Králové","CZ/C2","Safari 2017 - Duo Kombi","CZ",10,0,1738,0.6,{"$f":"ROUND(H288/I288*10000*0.7+(MAX($G$279:$G$288)-G288)/(MAX($G$279:$G$288)-1)*10000*0.3,0)","v":0},{"$f":"ROUND(J288*K288,0)","v":0},2017,null,null,"L-13 Blaník","MS","M",""]
["Marek Kornec",{"$f":"VLOOKUP(A289,Pilot,2,0)","v":1957},{"$f":"VLOOKUP(A289,Pilot,3,0)","v":"Dvůr Králové"},{"$f":"VLOOKUP(A289,Pilot,4,0)","v":"CZ/C2"},"Safari 2017 - Klub","CZ",1,2247,2247,0.6,{"$f":"ROUND(H289/I289*10000*0.7+(MAX($G$289:$G$316)-G289)/(MAX($G$289:$G$316)-1)*10000*0.3,0)","v":10000},{"$f":"ROUND(J289*K289,0)","v":6000},2017,"x",null,"SZD 50 Puchacz","KSS",{"$f":"VLOOKUP(A289,Pilot,5,0)","v":"M"},{"$f":"IF(ISERROR(VLOOKUP(A289,Pilot,6,0)),\"Není v databázi\",VLOOKUP(A289,Pilot,6,0))","v":""}]
["Wolfgang Sluka",1942,"Liberec","CZ/C2","Safari 2017 - Klub","CZ",2,2188,2247,0.6,{"$f":"ROUND(H290/I290*10000*0.7+(MAX($G$289:$G$316)-G290)/(MAX($G$289:$G$316)-1)*10000*0.3,0)","v":9696},{"$f":"ROUND(J290*K290,0)","v":5818},2017,"x",null,"Std. Cirrus","KA","M",""]
["Milan Dvorak",1965,"Liberec","CZ/C2","Safari 2017 - Klub","CZ",3,2170,2247,0.6,9520,5712,2017,"x",null,"VSO-10",78,"M",""]
["Jaroslav Sima",1972,"Chomutov","CZ/C2","Safari 2017 - Klub","CZ",4,2092,2247,0.6,9157,5494,2017,"x",null,"G-104 Speed Astir II","V2","M",""]
["Pavel Derda",1952,"Dvůr Králové","CZ/C2","Safari 2017 - Klub","CZ",5,2039,2247,0.6,8872,5323,2017,"x",null,"Cirrus VTC","VE","M",""]
["David Tejnora",1982,"Kolín","CZ/C1","Safari 2017 - Klub","CZ",6,1894,2247,0.6,8300,4980,2017,"x",null,"VSO-10","C5","M",""]
["Pavel Svoboda",1938,"Letňany","CZ/C1","Safari 2017 - Klub","CZ",7,1864,2247,0.6,8087,4852,2017,"x",null,"Discus b","LH","M",""]
["Petr Hybner",1951,"Liberec","CZ/C2","Safari 2017 - Klub","CZ",8,1546,2247,0.6,6976,4186,2017,"x",null,"HpH 304CZ 15 m","IH","M",""]
["Nikola Zizkovsky",1980,"Kralupy","CZ/C1","Safari 2017 - Klub","CZ",9,1500,2247,0.6,6713,4028,2017,"x",null,"G-104 Speed AstirIIb","NZ","M",""]
["Zdenek Bohm",1963,"Kolín","CZ/C1","Safari 2017 - Klub","CZ",10,1307,2247,0.6,5992,3595,2017,"x",null,"SZD-48 Jantar std. 2,3","VS","M",""]
["Jan Hybner",1977,"Liberec","CZ/C2","Safari 2017 - Klub","CZ",11,1288,2247,0.6,5812,3487,2017,"x",null,"HpH 304CZ 15 m","LB","M",""]
["Radmila Horacek Filakovska",1963,"Dvůr Králové","CZ/C2","Safari 2017 - Klub","CZ",12,1284,2247,0.6,5680,3408,2017,"x","x","Cirrus VTC","2W","F",""]
["Wojciech Domanski",null,"KSS/Nowy Targ","PL","Safari 2017 - Klub","CZ",13,1280,2247,0.6,5548,3329,2017,null,null,"LS 4","WW","M","Není v databázi"]
["Ryszard Bendkowski",null,"Warszawa","PL","Safari 2017 - Klub","CZ",14,1020,2247,0.6,4618,2771,2017,null,null,"SZD-48 Jantar std. 2,3","Fili","M","Není v databázi"]
["Zbigniew Oborowski",null,null,"PL","Safari 2017 - Klub","CZ",15,920,2247,0.6,4186,2512,2017,null,null,"Centrair C-101A,B","AJZ","M","Není v databázi"]
["Karel Ertl",{"$f":"VLOOKUP(A304,Pilot,2,0)","v":1939},{"$f":"VLOOKUP(A304,Pilot,3,0)","v":"LK Břeclav"},{"$f":"VLOOKUP(A304,Pilot,4,0)","v":"CZ/M"},"Safari 2017 - Klub","CZ",16,882,2247,0.6,3948,2369,2017,"x",null,"TST-10M Atlas","KE",{"$f":"VLOOKUP(A304,Pilot,5,0)","v":"M"},""]
["Jarmila Zatykova",{"$f":"VLOOKUP(A305,Pilot,2,0)","v":1959},{"$f":"VLOOKUP(A305,Pilot,3,0)","v":"Kralupy"},{"$f":"VLOOKUP(A305,Pilot,4,0)","v":"CZ/C1"},"Safari 2017 - Klub","CZ",17,832,2247,0.6,3672,2203,2017,"x","x","G-102 Astir cs","IZZ",{"$f":"VLOOKUP(A305,Pilot,5,0)","v":"F"},""]
["Jan Horky",{"$f":"VLOOKUP(A306,Pilot,2,0)","v":1968},{"$f":"VLOOKUP(A306,Pilot,3,0)","v":"Medlánky"},{"$f":"VLOOKUP(A306,Pilot,4,0)","v":"CZ/M"},"Safari 2017 - Klub","CZ",18,736,2247,0.6,3253,1952,2017,"x",null,"ASW-15","SW",{"$f":"VLOOKUP(A306,Pilot,5,0)","v":"M"},""]
["Jerzy Mikolajczyk",null,"AZM Płock","PL","Safari 2017 - Klub","CZ",19,599,2247,0.6,2706,1624,2017,null,null,"DG-300 WL","N5","M","Není v databázi"]
["Jan Repka",{"$f":"VLOOKUP(A308,Pilot,2,0)","v":1959},{"$f":"VLOOKUP(A308,Pilot,3,0)","v":"Liberec"},{"$f":"VLOOKUP(A308,Pilot,4,0)","v":"CZ/C2"},"Safari 2017 - Klub","CZ",20,565,2247,0.6,2480,1488,2017,"x",null,"ASW-15B","BT",{"$f":"VLOOKUP(A308,Pilot,5,0)","v":"M"},""]
["Petr Kejr",{"$f":"VLOOKUP(A309,Pilot,2,0)","v":1959},{"$f":"VLOOKUP(A309,Pilot,3,0)","v":"Kralupy"},{"$f":"VLOOKUP(A309,Pilot,4,0)","v":"CZ/C1"},"Safari 2017 - Klub","CZ",21,443,2247,0.6,1980,1188,2017,"x",null,"Discus b","JD",{"$f":"VLOOKUP(A309,Pilot,5,0)","v":"M"},""]
["Petra Retamozova",{"$f":"VLOOKUP(A310,Pilot,2,0)","v":1990},{"$f":"VLOOKUP(A310,Pilot,3,0)","v":"Kralupy"},{"$f":"VLOOKUP(A310,Pilot,4,0)","v":"CZ/C1"},"Safari 2017 - Klub","CZ",22,431,2247,0.6,1823,1094,2017,"x","x","Std. Cirrus","UY",{"$f":"VLOOKUP(A310,Pilot,5,0)","v":"F"},""]
["Krzystof Kostka",null,"Jelenia Góra","PL","Safari 2017 - Klub","CZ",23,395,2247,0.6,1591,955,2017,null,null,"SZD-41A Jantar std.","RDK","M","Není v databázi"]
["Jiri Donat",{"$f":"VLOOKUP(A312,Pilot,2,0)","v":1983},{"$f":"VLOOKUP(A312,Pilot,3,0)","v":"Chrudim"},{"$f":"VLOOKUP(A312,Pilot,4,0)","v":"CZ/C2"},"Safari 2017 - Klub","CZ",24,272,2247,0.6,1087,652,2017,"x",null,"G-103 Twin Basic dvojí","VT",{"$f":"VLOOKUP(A312,Pilot,5,0)","v":"M"},""]
["Vladimir Hampl",{"$f":"VLOOKUP(A313,Pilot,2,0)","v":1970},{"$f":"VLOOKUP(A313,Pilot,3,0)","v":"Dvůr Králové"},{"$f":"VLOOKUP(A313,Pilot,4,0)","v":"CZ/C2"},"Safari 2017 - Klub","CZ",25,31,2247,0.6,217,130,2017,"x",null,"G-102 Astir cs77",77,{"$f":"VLOOKUP(A313,Pilot,5,0)","v":"M"},""]
["Romuald Dorofieczyk",null,"Jelenia Góra","PL","Safari 2017 - Klub","CZ",26,0,2247,0.6,{"$f":"ROUND(H314/I314*10000*0.7+(MAX($G$289:$G$316)-G314)/(MAX($G$289:$G$316)-1)*10000*0.3,0)","v":0},{"$f":"ROUND(J314*K314,0)","v":0},2017,null,null,"SZD-41A Jantar std.","RD","M","Není v databázi"]
["Petr Lonsky",{"$f":"VLOOKUP(A315,Pilot,2,0)","v":1965},{"$f":"VLOOKUP(A315,Pilot,3,0)","v":"Toužim"},{"$f":"VLOOKUP(A315,Pilot,4,0)","v":"CZ/C1"},"Safari 2017 - Klub","CZ",26,0,2247,0.6,0,0,2017,null,null,"Std. Cirrus","FD",{"$f":"VLOOKUP(A315,Pilot,5,0)","v":"M"},""]
["Aleksander Jedrosz",null,"Jelenia Góra","PL","Safari 2017 - Klub","CZ",26,0,2247,0.6,0,0,2017,null,null,"Centrair C-101A,B","AJ","M","Není v databázi"]
["Jiri Pesta",{"$f":"VLOOKUP(A317,Pilot,2,0)","v":1973},{"$f":"VLOOKUP(A317,Pilot,3,0)","v":"Dvůr Králové"},{"$f":"VLOOKUP(A317,Pilot,4,0)","v":"CZ/C2"},"Safari 2017 - Kombi","CZ",1,3373,3373,0.6,{"$f":"ROUND(H317/I317*10000*0.7+(MAX($G$317:$G$327)-G317)/(MAX($G$317:$G$327)-1)*10000*0.3,0)","v":10000},{"$f":"ROUND(J317*K317,0)","v":6000},2017,"x",null,"ASW 20L + FL16,6 voda","R",{"$f":"VLOOKUP(A317,Pilot,5,0)","v":"M"},{"$f":"IF(ISERROR(VLOOKUP(A317,Pilot,6,0)),\"Není v databázi\",VLOOKUP(A317,Pilot,6,0))","v":""}]
["Milan Meisner",1961,"Dvůr Králové","CZ/C2","Safari 2017 - Kombi","CZ",2,3280,3373,0.6,{"$f":"ROUND(H318/I318*10000*0.7+(MAX($G$317:$G$327)-G318)/(MAX($G$317:$G$327)-1)*10000*0.3,0)","v":9507},{"$f":"ROUND(J318*K318,0)","v":5704},2017,"x",null,"Ventus c 15 m + W (voda)","VV","M",""]
["Lukas Hynek",1979,"Dvůr Králové","CZ/C2","Safari 2017 - Kombi","CZ",3,3256,3373,0.6,9157,5494,2017,"x",null,"DG-200 17 m (voda)","IQ","M",""]
["Jan Simon",1970,"Kralupy","CZ/C1","Safari 2017 - Kombi","CZ",4,2425,3373,0.6,7133,4280,2017,null,null,"DuoDiscus T","ZS","M",""]
["Jan Dersak 69",1969,"Kralupy","CZ/C1","Safari 2017 - Kombi","CZ",5,2122,3373,0.6,6204,3722,2017,null,null,"HpH304CZ 17,4m (voda","DJ","M",""]
["Martin Cicvarek",1966,"Liberec","CZ/C2","Safari 2017 - Kombi","CZ",6,2111,3373,0.6,5881,3529,2017,null,null,"DG-400 17 m","AC","M",""]
["Slavomir Tanglmajer",1966,"Chomutov","CZ/C2","Safari 2017 - Kombi","CZ",7,2030,3373,0.6,5413,3248,2017,"x",null,"DG-400 17 m","ST","M",""]
["Tomas Ditrt",1969,"Podhořany","CZ/C2","Safari 2017 - Kombi","CZ",8,1513,3373,0.6,4040,2424,2017,"x",null,"ASW 20(A)+F 15 m","LS","M",""]
["Karel Policky",1950,"Kolín","CZ/C1","Safari 2017 - Kombi","CZ",9,1471,3373,0.6,3653,2192,2017,null,null,"DuoDiscus",777,"M",""]
["Frantisek Sindelar",1954,"Kralupy","CZ/C1","Safari 2017 - Kombi","CZ",10,1313,3373,0.6,3025,1815,2017,"x",null,"ASW-20CL 16,59 m","III","M",""]
["Jan Dersak 92",1992,"Kralupy","CZ/C1","Safari 2017 - Kombi","CZ",11,475,3373,0.6,{"$f":"ROUND(H327/I327*10000*0.7+(MAX($G$317:$G$327)-G327)/(MAX($G$317:$G$327)-1)*10000*0.3,0)","v":986},{"$f":"ROUND(J327*K327,0)","v":592},2017,"x",null,"HpH 304CZ 17,4 m","DJJ","M",""]
["Jiri Maier 66",{"$f":"VLOOKUP(A328,Pilot,2,0)","v":1966},{"$f":"VLOOKUP(A328,Pilot,3,0)","v":"Raná"},{"$f":"VLOOKUP(A328,Pilot,4,0)","v":"CZ/C2"},"Ranský Pohár 2017 - Klub","CZ",1,600,600,0,{"$f":"ROUND(H328/I328*10000*0.7+(MAX($G$328:$G$341)-G328)/(MAX($G$328:$G$341)-1)*10000*0.3,0)","v":10000},{"$f":"ROUND(J328*K328,0)","v":0},2017,null,null,"ASW 15","TZ",{"$f":"VLOOKUP(A328,Pilot,5,0)","v":"M"},{"$f":"IF(ISERROR(VLOOKUP(A328,Pilot,6,0)),\"Není v databázi\",VLOOKUP(A328,Pilot,6,0))","v":""}]
["Eduard Svoboda",1957,"Raná","CZ/C2","Ranský Pohár 2017 - Klub","CZ",2,586,600,0,{"$f":"ROUND(H329/I329*10000*0.7+(MAX($G$328:$G$341)-G329)/(MAX($G$328:$G$341)-1)*10000*0.3,0)","v":9606},{"$f":"ROUND(J329*K329,0)","v":0},2017,null,null,"ASW 15B","HL","M",""]
["Tomas Mezera",1973,"Raná","CZ/C2","Ranský Pohár 2017 - Klub","CZ",3,585,600,0,9363,0,2017,null,null,"VSO-10","I9","M",""]
["Radovan Otto",1968,"Ústí nad Labem","CZ/C2","Ranský Pohár 2017 - Klub","CZ",4,573,600,0,8993,0,2017,null,null,"TST-10 Atlas M",7,"M",""]
["Petr Kohr",1970,"Raná","CZ/C2","Ranský Pohár 2017 - Klub","CZ",5,544,600,0,8424,0,2017,null,null,"Std. Cirrus","YF","M",""]
["Dalibor Pek",1968,"Raná","CZ/C2","Ranský Pohár 2017 - Klub","CZ",6,528,600,0,8006,0,2017,null,null,"Std. Cirrus","A1","M",""]
["Zbynek Bican",1961,"Raná","CZ/C2","Ranský Pohár 2017 - Klub","CZ",7,521,600,0,7694,0,2017,null,null,"VSO-10",75,"M",""]
["Jana Mezerova",1975,"Raná","CZ/C2","Ranský Pohár 2017 - Klub","CZ",8,513,600,0,7370,0,2017,null,null,"VSO-10 C","C8","F",""]
["Jaromir Vlk",1959,"Šumperk","CZ/M","Ranský Pohár 2017 - Klub","CZ",9,484,600,{"$f":"VLOOKUP(E336,Soutez,8,0)","v":0},6801,0,2017,null,null,"ASW 15B","B","M",""]
["Rostislav Fric",1973,"Raná","CZ/C2","Ranský Pohár 2017 - Klub","CZ",10,430,600,0,5940,0,2017,null,null,"Cobra 15",10,"M",""]
["Sarka Lochova",1966,"Šumperk","CZ/M","Ranský Pohár 2017 - Klub","CZ",11,318,600,0,4402,0,2017,null,null,"ASW 15B","EZ","F",""]
["Martin Zvonicek",1972,"Raná","CZ/C2","Ranský Pohár 2017 - Klub","CZ",12,208,600,0,2888,0,2017,null,null,"ASW 15","ET","M",""]
["Jaroslav Hendrych",1946,"Příbram","CZ/C1","Ranský Pohár 2017 - Klub","CZ",13,115,600,0,1572,0,2017,null,null,"VT-116 Orlik 2",38,"M",""]
["Jiri Maier 99",1999,"Raná","CZ/C2","Ranský Pohár 2017 - Klub","CZ",14,90,600,0,{"$f":"ROUND(H341/I341*10000*0.7+(MAX($G$328:$G$341)-G341)/(MAX($G$328:$G$341)-1)*10000*0.3,0)","v":1050},{"$f":"ROUND(J341*K341,0)","v":0},2017,null,null,"VT-116 Orlik 2",3,"M","Junior v roce 2020"]
["Jan Pubec",{"$f":"VLOOKUP(A342,Pilot,2,0)","v":1979},{"$f":"VLOOKUP(A342,Pilot,3,0)","v":"Plzeň Bory"},{"$f":"VLOOKUP(A342,Pilot,4,0)","v":"CZ/C1"},"Toužim Cup 2017 - Klub","CZ",1,1147,1147,0,{"$f":"ROUND(H342/I342*10000*0.7+(MAX($G$342:$G$367)-G342)/(MAX($G$342:$G$367)-1)*10000*0.3,0)","v":10000},{"$f":"ROUND(J342*K342,0)","v":0},2017,null,null,"Std. Cirrus","LM",{"$f":"VLOOKUP(A342,Pilot,5,0)","v":"M"},{"$f":"IF(ISERROR(VLOOKUP(A342,Pilot,6,0)),\"Není v databázi\",VLOOKUP(A342,Pilot,6,0))","v":""}]
["Pavel Jiranek",1993,"Toužim","CZ/C1","Toužim Cup 2017 - Klub","CZ",2,1097,1147,0,{"$f":"ROUND(H343/I343*10000*0.7+(MAX($G$342:$G$367)-G343)/(MAX($G$342:$G$367)-1)*10000*0.3,0)","v":9570},{"$f":"ROUND(J343*K343,0)","v":0},2017,null,null,"Std. Cirrus","IYD","M",""]
["Petr Bartak",1984,"Letkov","CZ/C1","Toužim Cup 2017 - Klub","CZ",3,1071,1147,0,9286,0,2017,null,null,"Std. Cirrus","SP","M",""]
["Martin Nejezchleb",1979,"Plzeň Bory","CZ/C1","Toužim Cup 2017 - Klub","CZ",4,1021,1147,0,8856,0,2017,null,null,"ASW 15B",90,"M",""]
["Michal Drab",1969,"Letkov","CZ/C1","Toužim Cup 2017 - Klub","CZ",5,861,1147,0,7755,0,2017,null,null,"LS 1-d","S3","M",""]
["Martin Zahalka",1987,"Staňkov","CZ/C1","Toužim Cup 2017 - Klub","CZ",6,855,1147,0,7593,0,2017,null,null,"DG 100","8B","M",""]
["Ivan Harasta 98",1998,"Toužim","CZ/C1","Toužim Cup 2017 - Klub","CZ",7,844,1147,0,7401,0,2017,null,null,"ASW 15B","HI","M","Junior v roce 2020"]
["Roman Jokl",1979,"Letkov","CZ/C1","Toužim Cup 2017 - Klub","CZ",8,828,1147,0,7178,0,2017,null,null,"ASW 19B","JL","M",""]
["Daniel Dvorak",1980,"Letkov","CZ/C1","Toužim Cup 2017 - Klub","CZ",9,824,1147,0,7029,0,2017,null,null,"Std. Cirrus","LD","M",""]
["Petr Jiranek 91",1991,"Toužim","CZ/C1","Toužim Cup 2017 - Klub","CZ",10,612,1147,0,5610,0,2017,null,null,"Astir CS","PJ","M",""]
["Martin Valenta",1969,"Toužim","CZ/C1","Toužim Cup 2017 - Klub","CZ",11,556,1147,0,5143,0,2017,null,null,"LS 1-c","T2","M",""]
["Tomas Talanda",1988,"Křižanov","CZ/M","Toužim Cup 2017 - Klub","CZ",12,536,1147,0,4896,0,2017,null,null,"ASW 19B","A1","M",""]
["Frantisek Brozman",1960,"Tachov","CZ/C1","Toužim Cup 2017 - Klub","CZ",13,489,1147,0,4484,0,2017,null,null,"VT-116 Orlik 2","TI","M",""]
["Josef Kreutzer",1992,"Letkov","CZ/C1","Toužim Cup 2017 - Klub","CZ",14,399,1147,0,3810,0,2017,null,null,"ASW 15B","LA","M",""]
["Vaclav Svoboda",1970,"Letkov","CZ/C1","Toužim Cup 2017 - Klub","CZ",15,393,1147,0,3648,0,2017,null,null,"Std. Cirrus","W1","M",""]
["Martin Fric",1967,"Raná","CZ/C2","Toužim Cup 2017 - Klub","CZ",16,380,1147,0,3444,0,2017,null,null,"ASW 19B","FR","M",""]
["Tomas Seifert",1972,"Raná","CZ/C2","Toužim Cup 2017 - Klub","CZ",17,372,1147,0,3270,0,2017,null,null,"ASW 15B","MC","M",""]
["Petr Lonsky",1965,"Toužim","CZ/C1","Toužim Cup 2017 - Klub","CZ",18,363,1147,0,3090,0,2017,null,null,"Std. Cirrus WL","FD","M",""]
["Antonin Kutalek",1943,"Zábřeh","CZ/M","Toužim Cup 2017 - Klub","CZ",19,349,1147,0,2880,0,2017,null,null,"Mini Nimbus","GL","M",""]
["Rudolf Jung",1954,"Zbraslavice","CZ/C1","Toužim Cup 2017 - Klub","CZ",20,311,1147,0,2523,0,2017,null,null,"G 103 Twin III","TO","M",""]
["Jan Zanda",1983,"Letkov","CZ/C1","Toužim Cup 2017 - Klub","CZ",21,300,1147,0,2331,0,2017,null,null,"Std. Cirrus","AL","M",""]
["Frantisek Kriz",1961,"Toužim","CZ/C1","Toužim Cup 2017 - Klub","CZ",22,172,1147,0,1425,0,2017,null,null,"LS 1-d","CL","M",""]
["Jiri Cincera",1966,"Toužim","CZ/C1","Toužim Cup 2017 - Klub","CZ",23,149,1147,0,1159,0,2017,null,null,"ASW 15B","TT","M",""]
["Jan Turek",1987,"Toužim","CZ/C1","Toužim Cup 2017 - Klub","CZ",24,5,1147,0,{"$f":"ROUND(H365/I365*10000*0.7+(MAX($G$342:$G$367)-G365)/(MAX($G$342:$G$367)-1)*10000*0.3,0)","v":156},0,2017,null,null,"Astir CS","PB","M",""]
["Jaroslav Hot",1965,"Toužim","CZ/C1","Toužim Cup 2017 - Klub","CZ",25,0,1147,0,0,0,2017,null,null,"TST-10 Atlas","ST","M",""]
["Karel Grotz",1934,"Toužim","CZ/C1","Toužim Cup 2017 - Klub","CZ",25,0,1147,0,0,0,2017,null,null,"VT-16 Orlik",16,"M",""]
["Jan Kantor",{"$f":"VLOOKUP(A368,Pilot,2,0)","v":1983},{"$f":"VLOOKUP(A368,Pilot,3,0)","v":"Letňany"},{"$f":"VLOOKUP(A368,Pilot,4,0)","v":"CZ/C1"},"Toužim Cup 2017 - Kombi","CZ",1,1510,1510,0,{"$f":"ROUND(H368/I368*10000*0.7+(MAX($G$368:$G$379)-G368)/(MAX($G$368:$G$379)-1)*10000*0.3,0)","v":10000},{"$f":"ROUND(J368*K368,0)","v":0},2017,null,null,"Ventus 17.6m","UC",{"$f":"VLOOKUP(A368,Pilot,5,0)","v":"M"},{"$f":"IF(ISERROR(VLOOKUP(A368,Pilot,6,0)),\"Není v databázi\",VLOOKUP(A368,Pilot,6,0))","v":""}]
["Martin Vnoucek",1972,"Vlašim","CZ/C1","Toužim Cup 2017 - Kombi","CZ",2,1451,1510,0,{"$f":"ROUND(H369/I369*10000*0.7+(MAX($G$368:$G$379)-G369)/(MAX($G$368:$G$379)-1)*10000*0.3,0)","v":9454},{"$f":"ROUND(J369*K369,0)","v":0},2017,null,null,"Ventus 2cT/18m","PX","M",""]
["Karel Benisek 76",1976,"Toužim","CZ/C1","Toužim Cup 2017 - Kombi","CZ",3,1403,1510,0,8959,0,2017,null,null,"Ventus cT 17.6m","KB","M",""]
["Petr Jiranek 63",1962,"Toužim","CZ/C1","Toužim Cup 2017 - Kombi","CZ",4,1348,1510,0,8431,0,2017,null,null,"DG 500 22m","SR","M",""]
["Zdenek Schenk",1972,"Hranice","CZ/M","Toužim Cup 2017 - Kombi","CZ",5,1134,1510,0,7166,0,2017,null,null,"Ventus cT 17.6m","SNK","M",""]
["Daniel Novak",1971,"Letkov","CZ/C1","Toužim Cup 2017 - Kombi","CZ",6,1085,1510,0,6666,0,2017,null,null,"Duo Discus","DL","M",""]
["Jiri Prochazka",1971,"Toužim","CZ/C1","Toužim Cup 2017 - Kombi","CZ",7,1010,1510,0,6046,0,2017,null,null,"Ventus cT 17.6m","EB","M",""]
["Frantisek Myska",1968,"Most","CZ/C2","Toužim Cup 2017 - Kombi","CZ",8,780,1510,0,4707,0,2017,null,null,"Ventus bT 16.6m","SK","M",""]
["Marek Blatak",1969,"Šumperk","CZ/M","Toužim Cup 2017 - Kombi","CZ",9,774,1510,0,4406,0,2017,null,null,"Ventus 17.6m","FB","M",""]
["Roman Lanzendorf",1964,"Letkov","CZ/C1","Toužim Cup 2017 - Kombi","CZ",10,739,1510,0,3971,0,2017,null,null,"Ventus cT 17.6m","AS","M",""]
["Roman Michalek",1974,"Toužim","CZ/C1","Toužim Cup 2017 - Kombi","CZ",11,565,1510,0,2892,0,2017,null,null,"DG 400/17","TK","M",""]
["Uwe Tolkmitt",null,"LSV Greiz","DE","Toužim Cup 2017 - Kombi","CZ",12,497,1510,0,{"$f":"ROUND(H379/I379*10000*0.7+(MAX($G$368:$G$379)-G379)/(MAX($G$368:$G$379)-1)*10000*0.3,0)","v":2304},{"$f":"ROUND(J379*K379,0)","v":0},2017,null,null,"DG 400/17","JO","M","Není v databázi"]
["Jan Viskot",{"$f":"VLOOKUP(A380,Pilot,2,0)","v":1995},{"$f":"VLOOKUP(A380,Pilot,3,0)","v":"Břeclav"},{"$f":"VLOOKUP(A380,Pilot,4,0)","v":"CZ/M"},"PMČRj 2017 - Klub","CZ",1,4173,4173,0.90500000000000003,{"$f":"ROUND(H380/I380*10000*0.7+(MAX($G$380:$G$410)-G380)/(MAX($G$380:$G$410)-1)*10000*0.3,0)","v":10000},{"$f":"ROUND(J380*K380,0)","v":9050},2017,"x",null,"LS 8","W8",{"$f":"VLOOKUP(A380,Pilot,5,0)","v":"M"},{"$f":"IF(ISERROR(VLOOKUP(A380,Pilot,6,0)),\"Není v databázi\",VLOOKUP(A380,Pilot,6,0))","v":"Junior v roce 2020"}]
["Karel Novak",1993,{"$f":"VLOOKUP(A381,Pilot,3,0)","v":"Mladá Boleslav"},{"$f":"VLOOKUP(A381,Pilot,4,0)","v":"CZ/C1"},"PMČRj 2017 - Klub","CZ",2,4152,4173,0.90500000000000003,{"$f":"ROUND(H381/I381*10000*0.7+(MAX($G$380:$G$410)-G381)/(MAX($G$380:$G$410)-1)*10000*0.3,0)","v":9865},{"$f":"ROUND(J381*K381,0)","v":8928},2017,null,null,"Std. Cirrus","DI","M",""]
["Jaromir Macoun",1999,"Jičín","CZ/C2","PMČRj 2017 - Klub","CZ",3,4092,4173,0.90500000000000003,9664,8746,2017,"x",null,"Std. Cirrus","SC","M","Junior v roce 2020"]
["Daniel Ryba",1994,"Dvůr Králové","CZ/C2","PMČRj 2017 - Klub","CZ",4,4066,4173,0.90500000000000003,9521,8617,2017,null,null,"ASW 19","L7","M",""]
["Jan Zapletal",1997,"Kroměříž","CZ/M","PMČRj 2017 - Klub","CZ",5,3911,4173,0.90500000000000003,9161,8291,2017,"x",null,"Std. Cirrus","YU","M","Junior v roce 2020"]
["Vojtech Novotny",1992,"Kralupy","CZ/C1","PMČRj 2017 - Klub","CZ",6,3730,4173,0.90500000000000003,8757,7925,2017,"x",null,"LS 1 f","EF","M",""]
["Pavel Brodsky",1992,"Hořice","CZ/C2","PMČRj 2017 - Klub","CZ",7,3701,4173,0.90500000000000003,8608,7790,2017,"x",null,"Cirrus/Cirrus VTC 17.74","JP","M",""]
["Lukas Capek",1992,"Letňany","CZ/C1","PMČRj 2017 - Klub","CZ",8,3618,4173,0.90500000000000003,8369,7574,2017,null,null,"Std. Cirrus","CX","M",""]
["Marek Pechar",1995,"Chrudim","CZ/C2","PMČRj 2017 - Klub","CZ",9,3483,4173,0.90500000000000003,8043,7279,2017,"x",null,"Std. Cirrus","FF","M","Junior v roce 2020"]
["Tomas Jilek",1995,"Raná","CZ/C2","PMČRj 2017 - Klub","CZ",10,3333,4173,0.90500000000000003,7691,6960,2017,"x",null,"Cirrus/Cirrus VTC 17.74","1W","M","Junior v roce 2020"]
["Jan Vozeh",1995,"Rakovník","CZ/C1","PMČRj 2017 - Klub","CZ",11,3197,4173,0.90500000000000003,7363,6664,2017,null,null,"Std. Cirrus","OG","M","Junior v roce 2020"]
["Lukas Maly",1998,"Vysoké Mýto","CZ/C2","PMČRj 2017 - Klub","CZ",12,3033,4173,0.90500000000000003,6988,6324,2017,"x",null,"VSO-10","VM","M","Junior v roce 2020"]
["Ivan Tvrdik",1997,"Letňany","CZ/C1","PMČRj 2017 - Klub","CZ",13,3025,4173,0.90500000000000003,6874,6221,2017,null,null,"ASW 19","IHD","M","Junior v roce 2020"]
["Petr Valenta 94",1994,"Kunovice","CZ/M","PMČRj 2017 - Klub","CZ",14,2927,4173,0.90500000000000003,6610,5982,2017,null,null,"Std. Cirrus","OK","M",""]
["Vit Morkovsky",2000,"Polička","CZ/C2","PMČRj 2017 - Klub","CZ",15,2926,4173,0.90500000000000003,6508,5890,2017,"x",null,"VSO-10 C","D2","M","Junior v roce 2020"]
["Barbora Kubickova",1993,"Medlánky","CZ/M","PMČRj 2017 - Klub","CZ",16,2828,4173,0.90500000000000003,6244,5651,2017,"x","x","ASW 15B","Y","F",""]
["Josef Hlusek",1993,"Kunovice","CZ/M","PMČRj 2017 - Klub","CZ",17,2792,4173,0.90500000000000003,6083,5505,2017,"x",null,"Std. Cirrus","WO","M",""]
["Michaela Vlacilikova",1993,"Luhačovice","CZ/M","PMČRj 2017 - Klub","CZ",18,2581,4173,0.90500000000000003,5629,5094,2017,null,null,"Std. Cirrus",84,"F",""]
["Daniel Suchy",1995,"Hranice","CZ/M","PMČRj 2017 - Klub","CZ",19,2573,4173,0.90500000000000003,5516,4992,2017,null,null,"G 102 Club Astir","W7","M","Junior v roce 2020"]
["Ondrej Dvorak 98",1998,"Mladá Boleslav","CZ/C1","PMČRj 2017 - Klub","CZ",20,2503,4173,0.90500000000000003,5299,4796,2017,"x",null,"ASW 15B","MB","M","Junior v roce 2020"]
["Jan Kostka",1996,"Kladno","CZ/C1","PMČRj 2017 - Klub","CZ",21,2502,4173,{"$f":"VLOOKUP(E400,Soutez,8,0)","v":0.90500000000000003},5197,4703,2017,"x",null,"VSO-10","F8","M","Junior v roce 2020"]
["Tomas Moravec",2000,"Žamberk","CZ/C2","PMČRj 2017 - Klub","CZ",22,2488,4173,0.90500000000000003,5073,4591,2017,"x",null,"Std. Cirrus","ZM","M","Junior v roce 2020"]
["Jakub Kohn",1992,"Prostějov","CZ/M","PMČRj 2017 - Klub","CZ",23,2474,4173,0.90500000000000003,4950,4480,2017,"x",null,"ASW 15B","FK","M",""]
["Lukas Kotek",1994,"Frýdlant","CZ/M","PMČRj 2017 - Klub","CZ",24,2086,4173,0.90500000000000003,4199,3800,2017,"x",null,"DG 200","AK","M",""]
["Filip Vita",2001,"Kroměříž","CZ/M","PMČRj 2017 - Klub","CZ",25,1636,4173,0.90500000000000003,3344,3026,2017,"x",null,"G 102 Club Astir","IT","M","Junior v roce 2020"]
["Daniela Frankova",1997,"Hořice","CZ/C2","PMČRj 2017 - Klub","CZ",26,1342,4173,0.90500000000000003,2751,2490,2017,"x",null,"VSO-10","E1","M","Junior v roce 2020"]
["Zuzana Kutilkova",1993,"Křižanov","CZ/M","PMČRj 2017 - Klub","CZ",27,1251,4173,0.90500000000000003,2498,2261,2017,"x","x","LS 1 f","R7","F",""]
["Kristina Santruckova",1996,"Podhořany","CZ/C2","PMČRj 2017 - Klub","CZ",28,1158,4173,0.90500000000000003,2242,2029,2017,"x","x","VSO-10","I1","F","Junior v roce 2020"]
["Tereza Novakova",1993,"Chrudim","CZ/C2","PMČRj 2017 - Klub","CZ",29,1144,4173,0.90500000000000003,2119,1918,2017,"x","x","VSO-10","F1","F",""]
["Sabina Vitova",1998,"Kroměříž","CZ/M","PMČRj 2017 - Klub","CZ",30,858,4173,0.90500000000000003,1539,1393,2017,null,null,"G 102 Club Astir","2Y","F","Junior v roce 2020"]
["Filip Sirc",1993,"Letňany","CZ/C1","PMČRj 2017 - Klub","CZ",31,0,4173,0.90500000000000003,{"$f":"ROUND(H410/I410*10000*0.7+(MAX($G$380:$G$410)-G410)/(MAX($G$380:$G$410)-1)*10000*0.3,0)","v":0},0,2017,null,null,"Std. Cirrus",77,{"$f":"VLOOKUP(A410,Pilot,5,0)","v":"M"},{"$f":"IF(ISERROR(VLOOKUP(A410,Pilot,6,0)),\"Není v databázi\",VLOOKUP(A410,Pilot,6,0))","v":""}]
["Petr Hofman",1984,{"$f":"VLOOKUP(A411,Pilot,3,0)","v":"Letňany"},{"$f":"VLOOKUP(A411,Pilot,4,0)","v":"CZ/C1"},"Pohár Vysočiny 2017 - Klub","CZ",1,1821,1821,0,{"$f":"ROUND(H411/I411*10000*0.7+(MAX($G$411:$G$457)-G411)/(MAX($G$411:$G$457)-1)*10000*0.3,0)","v":10000},{"$f":"ROUND(J411*K411,0)","v":0},2017,null,null,"ASW-15B","MA",{"$f":"VLOOKUP(A411,Pilot,5,0)","v":"M"},{"$f":"IF(ISERROR(VLOOKUP(A411,Pilot,6,0)),\"Není v databázi\",VLOOKUP(A411,Pilot,6,0))","v":""}]
["Jindrich Svorc",1978,"Letňany","CZ/C1","Pohár Vysočiny 2017 - Klub","CZ",2,1796,1821,0,{"$f":"ROUND(H412/I412*10000*0.7+(MAX($G$411:$G$457)-G412)/(MAX($G$411:$G$457)-1)*10000*0.3,0)","v":9839},{"$f":"ROUND(J412*K412,0)","v":0},2017,null,null,"Std. Cirrus","IMI","M",""]
["Vaclav Marel",1974,"Jaroměř","CZ/C2","Pohár Vysočiny 2017 - Klub","CZ",3,1759,1821,0,9631,0,2017,null,null,"Std. Cirrus","IF","M",""]
["Josef Kolman",1983,"Letňany","CZ/C1","Pohár Vysočiny 2017 - Klub","CZ",4,1602,1821,0,8963,0,2017,null,null,"ASW-15B","BA4","M",""]
["Hana Treslova",1991,"Raná","CZ/C2","Pohár Vysočiny 2017 - Klub","CZ",5,1589,1821,0,8847,0,2017,null,null,"Std. Cirrus","CI","F",""]
["Vojtech Hajek",1987,"Mladá Boleslav","CZ/C1","Pohár Vysočiny 2017 - Klub","CZ",6,1587,1821,0,8774,0,2017,null,null,"Std. Cirrus","BW","M",""]
["Michal Kodousek",1983,"Jaroměř","CZ/C2","Pohár Vysočiny 2017 - Klub","CZ",7,1576,1821,0,8667,0,2017,null,null,"LS-3 15m","RI","M",""]
["Jan Hruska",1988,"Tábor","CZ/C1","Pohár Vysočiny 2017 - Klub","CZ",8,1560,1821,0,8540,0,2017,null,null,"ASW-15B","LF","M",""]
["Jiri Fousek",1990,"Raná","CZ/C2","Pohár Vysočiny 2017 - Klub","CZ",9,1546,1821,0,8421,0,2017,null,null,"Std. Cirrus","LW","M",""]
["Jaromir Pauer",1974,{"$f":"VLOOKUP(A420,Pilot,3,0)","v":"Hosín"},{"$f":"VLOOKUP(A420,Pilot,4,0)","v":"CZ/C1"},"Pohár Vysočiny 2017 - Klub","CZ",10,1464,1821,0,8041,0,2017,null,null,"DG-100",78,"M",""]
["Matous Schmidt",1981,"Letňany","CZ/C1","Pohár Vysočiny 2017 - Klub","CZ",11,1436,1821,0,7868,0,2017,null,null,"Discus b","LH","M",""]
["Tomas Ptacovsky",1981,"Letňany","CZ/C1","Pohár Vysočiny 2017 - Klub","CZ",12,1430,1821,0,7780,0,2017,null,null,"ASW-19B","WTF","M",""]
["Jan Zezula",1979,"Letňany","CZ/C1","Pohár Vysočiny 2017 - Klub","CZ",13,1426,1821,0,7699,0,2017,null,null,"ASW-19B","IHD","M",""]
["Rene Hudak",1972,"Kunovice","CZ/M","Pohár Vysočiny 2017 - Klub","CZ",14,1423,1821,0,7622,0,2017,null,null,"Std. Cirrus","NK","M",""]
["Libor Bednarik",1972,"Kunovice","CZ/M","Pohár Vysočiny 2017 - Klub","CZ",15,1412,1821,0,7515,0,2017,null,null,"Std. Cirrus","PIF","M",""]
["Martin Svarc",1981,"Olomouc","CZ/M","Pohár Vysočiny 2017 - Klub","CZ",16,1383,1821,0,7338,0,2017,null,null,"DG-100","HE","M",""]
["David Vrchota",1976,"Jaroměř","CZ/C2","Pohár Vysočiny 2017 - Klub","CZ",17,1379,1821,0,7257,0,2017,null,null,"Discus b","JA","M",""]
["Ota Vavrin",1947,"Vysoké Mýto","CZ/C2","Pohár Vysočiny 2017 - Klub","CZ",18,1347,1821,0,7069,0,2017,null,null,"ASW-15B","AM","M",""]
["Yvona Vyhnankova",1963,"Olomouc","CZ/M","Pohár Vysočiny 2017 - Klub","CZ",19,1290,1821,0,6785,0,2017,null,null,"ASW-15","YZ","F",""]
["Ondrej Blaha",1976,"Letňany","CZ/C1","Pohár Vysočiny 2017 - Klub","CZ",19,1290,1821,0,6785,0,2017,null,null,"VT-116 Orlik 2",44,"M",""]
["Petr Vodicka",1965,"Jaroměř","CZ/C2","Pohár Vysočiny 2017 - Klub","CZ",21,1259,1821,0,6535,0,2017,null,null,"Janus b","BV","M",""]
["Jakub Kohn",1992,"Prostějov","CZ/M","Pohár Vysočiny 2017 - Klub","CZ",22,1253,1821,0,6447,0,2017,null,null,"ASW-15B","FK","M",""]
["Miloslav Hulmak",1963,"Hosín","CZ/C1","Pohár Vysočiny 2017 - Klub","CZ",23,1227,1821,0,6282,0,2017,null,null,"ASW-15B","HH","M",""]
["Pavel Liska",1965,"Roudnice","CZ/C2","Pohár Vysočiny 2017 - Klub","CZ",24,1177,1821,0,6024,0,2017,null,null,"ASW-19B","RCE","M",""]
["Libor Danhel",1966,"Kunovice","CZ/M","Pohár Vysočiny 2017 - Klub","CZ",25,1120,1821,0,5740,0,2017,null,null,"Std. Cirrus","OK","M",""]
["Tomas Hulmak",1999,"Hosín","CZ/C1","Pohár Vysočiny 2017 - Klub","CZ",26,1091,1821,0,5563,0,2017,null,null,"G-102 Astir CS","TOM","M","Junior v roce 2020"]
["Radek Zima 75",1975,"Břeclav","CZ/M","Pohár Vysočiny 2017 - Klub","CZ",27,1063,1821,0,5391,0,2017,null,null,"DG-100 Club","M","M",""]
["Milan Svoboda 80",1980,"Havlíčkův Brod","CZ/C2","Pohár Vysočiny 2017 - Klub","CZ",28,1054,1821,0,5291,0,2017,null,null,"VT-116 Orlik 2",46,"M",""]
["Jiri Vavrina",1958,"Kyjov","CZ/M","Pohár Vysočiny 2017 - Klub","CZ",29,988,1821,0,4972,0,2017,null,null,"LS-1f","BS","M",""]
["Ales Holoubek",1966,"Jičín","CZ/C2","Pohár Vysočiny 2017 - Klub","CZ",30,957,1821,0,4787,0,2017,null,null,"ASW-15B","T","M",""]
["Ivan Kuzelka",1945,"Havlíčkův Brod","CZ/C2","Pohár Vysočiny 2017 - Klub","CZ",31,950,1821,0,4695,0,2017,null,null,"VT-116 Orlik 2","OREL","M",""]
["Vilem Riha",1990,"Letňany","CZ/C1","Pohár Vysočiny 2017 - Klub","CZ",32,936,1821,0,4576,0,2017,null,null,"Std. Cirrus","WY","M",""]
["Petr Lonsky",{"$f":"VLOOKUP(A443,Pilot,2,0)","v":1965},"Toužim","CZ/C1","Pohár Vysočiny 2017 - Klub","CZ",33,846,1821,0,4165,0,2017,null,null,"LS-1d","CL","M",""]
["Lubomir Papezik",1951,"Luhačovice","CZ/M","Pohár Vysočiny 2017 - Klub","CZ",34,838,1821,0,4069,0,2017,null,null,"LS-4","FP","M",""]
["Radek Jaksa",1979,"Prostějov","CZ/M","Pohár Vysočiny 2017 - Klub","CZ",35,756,1821,0,3689,0,2017,null,null,"Std. Cirrus","ER","M",""]
["Martin Urner",1974,"Letňany","CZ/C1","Pohár Vysočiny 2017 - Klub","CZ",36,719,1821,0,3481,0,2017,null,null,"ASW-15B","JJ","M",""]
["Radoslav Pur",1973,"Hosín","CZ/C1","Pohár Vysočiny 2017 - Klub","CZ",37,718,1821,0,3412,0,2017,null,null,"DG-200m 15m","EK","M",""]
["Jan Zahradka",1981,"Hodkovice","CZ/C2","Pohár Vysočiny 2017 - Klub","CZ",38,712,1821,0,3324,0,2017,null,null,"Std. Cirrus","UB","M",""]
["Vaclav Petru",1974,"Letňany","CZ/C1","Pohár Vysočiny 2017 - Klub","CZ",39,702,1821,0,3220,0,2017,null,null,"TST-3 Alpin TM","AI","M",""]
["Milos Hrabe",1979,"Letňany","CZ/C1","Pohár Vysočiny 2017 - Klub","CZ",40,698,1821,0,3140,0,2017,null,null,"Std. Cirrus","L8","M",""]
["Filip Vita",2001,"Kroměříž","CZ/M","Pohár Vysočiny 2017 - Klub","CZ",41,652,1821,0,2898,0,2017,null,null,"G-102 Astir Jeans","2Y","M","Junior v roce 2020"]
["Lukas Kotek",1994,"Frýdlant","CZ/M","Pohár Vysočiny 2017 - Klub","CZ",42,495,1821,0,2229,0,2017,null,null,"DG-200 15m","AK","M",""]
["Petr Brezina",1963,"Frýdlant","CZ/M","Pohár Vysočiny 2017 - Klub","CZ",43,487,1821,0,2133,0,2017,null,null,"G-102 Astir CS","BH","M",""]
["Tomas Hlavacek",1984,"Mladá Boleslav","CZ/C1","Pohár Vysočiny 2017 - Klub","CZ",44,475,1821,0,2022,0,2017,null,null,"VSO-10",94,"M",""]
["Pavel Laznicka",1955,"Letňany","CZ/C1","Pohár Vysočiny 2017 - Klub","CZ",45,341,1821,0,1441,0,2017,null,null,"Std. Cirrus",77,"M",""]
["Jiri Holcman",1976,"Hosín","CZ/C1","Pohár Vysočiny 2017 - Klub","CZ",46,117,1821,0,515,0,2017,null,null,"ASW-19B","BO","M",""]
["Vaclav Zak",1962,"GAC Benešov","CZ/C1","Pohár Vysočiny 2017 - Klub","CZ",47,0,1821,0,{"$f":"ROUND(H457/I457*10000*0.7+(MAX($G$411:$G$457)-G457)/(MAX($G$411:$G$457)-1)*10000*0.3,0)","v":0},{"$f":"ROUND(J457*K457,0)","v":0},2017,null,null,"Std. Cirrus","TS","M",""]
["Niko & Darnady",null,"SK","SK","Pohár Vysočiny 2017 - Kombi","CZ",1,2091,2091,0,{"$f":"ROUND(H458/I458*10000*0.7+(MAX($G$458:$G$474)-G458)/(MAX($G$458:$G$474)-1)*10000*0.3,0)","v":10000},{"$f":"ROUND(J458*K458,0)","v":0},2017,null,null,"DuoDiscus",777,"M","Není v databázi"]
["Jan Boruvka",1984,{"$f":"VLOOKUP(A459,Pilot,3,0)","v":"Jičín"},{"$f":"VLOOKUP(A459,Pilot,4,0)","v":"CZ/C2"},"Pohár Vysočiny 2017 - Kombi","CZ",2,2053,2091,0,{"$f":"ROUND(H459/I459*10000*0.7+(MAX($G$458:$G$474)-G459)/(MAX($G$458:$G$474)-1)*10000*0.3,0)","v":9685},{"$f":"ROUND(J459*K459,0)","v":0},2017,null,null,"Ventus c 15m","EG","M",""]
["Zdenek Schenk",1972,"Hranice","CZ/M","Pohár Vysočiny 2017 - Kombi","CZ",3,1979,2091,0,9250,0,2017,null,null,"Ventus ct 17,6m","SNK","M",""]
["Zdenek Boruvka 54",1954,"Jičín","CZ/C2","Pohár Vysočiny 2017 - Kombi","CZ",4,1892,2091,0,8771,0,2017,null,null,"LS-8-18 15m","ZB","M",""]
["Josef Busek",1967,"Hosín","CZ/C1","Pohár Vysočiny 2017 - Kombi","CZ",5,1878,2091,0,8537,0,2017,null,null,"DuoDiscus XT 750kg","BB","M",""]
["Jan Dersak 69",1969,"Kralupy","CZ/C1","Pohár Vysočiny 2017 - Kombi","CZ",6,1800,2091,0,8088,0,2017,null,null,"HPH 304CZ 17,4m","DJ","M",""]
["Vaclav Hruza",1965,"Břeclav","CZ/M","Pohár Vysočiny 2017 - Kombi","CZ",7,1762,2091,{"$f":"VLOOKUP(E464,Soutez,8,0)","v":0},7774,0,2017,null,null,"HPH 304 Shark SJ 18m 573kg","TH","M",""]
["Jan Simon",1970,"Kralupy","CZ/C1","Pohár Vysočiny 2017 - Kombi","CZ",8,1721,2091,0,7449,0,2017,null,null,"Nimbus 3/22.9m WL 750 kg","HS","M",""]
["Radek Kucirek",1973,"Havlíčkův Brod","CZ/C2","Pohár Vysočiny 2017 - Kombi","CZ",9,1645,2091,0,7007,0,2017,null,null,"Ventus 2b 15m","YA","M",""]
["Vratislav Sram",1966,"Broumov","CZ/C2","Pohár Vysočiny 2017 - Kombi","CZ",10,1560,2091,0,6535,0,2017,null,null,"Nimbus 2M","NB","M",""]
["David Zapletal",1970,"Mladá Boleslav","CZ/C1","Pohár Vysočiny 2017 - Kombi","CZ",11,1477,2091,0,6070,0,2017,null,null,"Ventus c 17,6m","PUP","M",""]
["Tomas Profeld",1964,"Jičín","CZ/C2","Pohár Vysočiny 2017 - Kombi","CZ",12,1472,2091,0,5865,0,2017,null,null,"Ventus 2 cm 18m 525kg","OZ","M",""]
["Roman Lanzendorf",1964,"Letkov","CZ/C1","Pohár Vysočiny 2017 - Kombi","CZ",13,1321,2091,0,5172,0,2017,null,null,"Ventus c 17,6m","AS","M",""]
["Pavel Haluza",1966,"Prostějov","CZ/M","Pohár Vysočiny 2017 - Kombi","CZ",14,1110,2091,0,4278,0,2017,null,null,"Nimbus 2b","HT","M",""]
["Petr Hrebec",1972,"Točná","CZ/C1","Pohár Vysočiny 2017 - Kombi","CZ",15,932,2091,0,3495,0,2017,null,null,"Ventus b 15m","TB","M",""]
["Milos Mach",null,"Nove Zamky","SK","Pohár Vysočiny 2017 - Kombi","CZ",16,874,2091,0,3113,0,2017,null,null,"Discus 2T 18m","JH","M","Není v databázi"]
["Martin Holik",1959,{"$f":"VLOOKUP(A474,Pilot,3,0)","v":"Letňany"},{"$f":"VLOOKUP(A474,Pilot,4,0)","v":"CZ/C1"},"Pohár Vysočiny 2017 - Kombi","CZ",17,388,2091,0,{"$f":"ROUND(H474/I474*10000*0.7+(MAX($G$458:$G$474)-G474)/(MAX($G$458:$G$474)-1)*10000*0.3,0)","v":1299},{"$f":"ROUND(J474*K474,0)","v":0},2017,null,null,"LS-6c 18m+W","F5",{"$f":"VLOOKUP(A474,Pilot,5,0)","v":"M"},{"$f":"IF(ISERROR(VLOOKUP(A474,Pilot,6,0)),\"Není v databázi\",VLOOKUP(A474,Pilot,6,0))","v":""}]
["Tim Kuijpers",null,"Netherlands","NE","19. EGC 2017 - Klub","CZ",1,4248,4248,1.075,{"$f":"ROUND(H475/I475*10000*0.7+(MAX($G$475:$G$505)-G475)/(MAX($G$475:$G$505)-1)*10000*0.3,0)","v":10000},{"$f":"ROUND(J475*K475,0)","v":10750},2017,null,null,"Std. Cirrus","2C","M",{"$f":"IF(ISERROR(VLOOKUP(A475,Pilot,6,0)),\"Není v databázi\",VLOOKUP(A475,Pilot,6,0))","v":"Není v databázi"}]
["Boris Zorz",null,"Slovenia","SL","19. EGC 2017 - Klub","CZ",2,4158,4248,1.075,{"$f":"ROUND(H476/I476*10000*0.7+(MAX($G$475:$G$505)-G476)/(MAX($G$475:$G$505)-1)*10000*0.3,0)","v":9752},{"$f":"ROUND(J476*K476,0)","v":10483},2017,null,null,"Std. Cirrus","IPF","M","Není v databázi"]
["Fabian Peitz",null,"Germany","DE","19. EGC 2017 - Klub","CZ",3,4048,4248,1.075,9470,10180,2017,null,null,"Std. Libelle WL","FH","M","Není v databázi"]
["Sergey Serov",null,"Russian Federation","RF","19. EGC 2017 - Klub","CZ",4,4031,4248,1.075,9342,10043,2017,null,null,"Std. Cirrus",75,"M","Není v databázi"]
["Tomas Suchanek",{"$f":"VLOOKUP(A479,Pilot,2,0)","v":1964},{"$f":"VLOOKUP(A479,Pilot,3,0)","v":"GAC Benešov"},{"$f":"VLOOKUP(A479,Pilot,4,0)","v":"CZ/C1"},"19. EGC 2017 - Klub","CZ",5,3935,4248,1.075,9084,9765,2017,null,null,"Std. Cirrus","GT",{"$f":"VLOOKUP(A479,Pilot,5,0)","v":"M"},""]
["Rasmus Ørskov",null,"Denmark","DN","19. EGC 2017 - Klub","CZ",6,3920,4248,1.075,8960,9632,2017,null,null,"LS 1f","1F","M","Není v databázi"]
["Valentin Leleu-Lambour",null,"France","FR","19. EGC 2017 - Klub","CZ",7,3917,4248,1.075,8855,9519,2017,null,null,"Std. Cirrus","C11","M","Není v databázi"]
["Josef Kozar",null,"Slovakia","SK","19. EGC 2017 - Klub","CZ",8,3865,4248,1.075,8669,9319,2017,null,null,"LS-1f","MF","M","Není v databázi"]
["Sandor Laurinyecz",null,"Hungary","HU","19. EGC 2017 - Klub","CZ",9,3852,4248,1.075,8547,9188,2017,null,null,"LS-1f","V2","M","Není v databázi"]
["Dennis Behnke",null,"Germany","DE","19. EGC 2017 - Klub","CZ",10,3843,4248,1.075,8433,9065,2017,null,null,"Std. Libelle H201b WL","Y6","M","Není v databázi"]
["Tomasz Krok",null,"Poland","PL","19. EGC 2017 - Klub","CZ",11,3841,4248,1.075,8329,8954,2017,null,null,"Pegase 101A","N","M","Není v databázi"]
["Michal Lesinger",{"$f":"VLOOKUP(A486,Pilot,2,0)","v":1966},{"$f":"VLOOKUP(A486,Pilot,3,0)","v":"Moravská Třebová"},{"$f":"VLOOKUP(A486,Pilot,4,0)","v":"CZ/M"},"19. EGC 2017 - Klub","CZ",12,3768,4248,1.075,8109,8717,2017,null,null,"ASW-19B","LL",{"$f":"VLOOKUP(A486,Pilot,5,0)","v":"M"},""]
["Davide Schiavotto",null,"Italy","IT","19. EGC 2017 - Klub","CZ",13,3767,4248,1.075,8007,8608,2017,null,null,"Std. Cirrus 11-75L","C71","M","Není v databázi"]
["Gerrard G Dale",null,"United Kingdom","UK","19. EGC 2017 - Klub","CZ",14,3740,4248,1.075,7863,8453,2017,null,null,"Std. Libelle WL",528,"M","Není v databázi"]
["Mario Schupfer",null,"Austria","AT","19. EGC 2017 - Klub","CZ",15,3736,4248,1.075,7756,8338,2017,null,null,"ASW-15B","MS","M","Není v databázi"]
["Riccardo Brigliadori",null,"Italy","IT","19. EGC 2017 - Klub","CZ",16,3715,4248,1.075,7622,8194,2017,null,null,"Std. Cirrus","RB","M","Není v databázi"]
["Gvidas Sabeckis",null,"Lithuania","LT","19. EGC 2017 - Klub","CZ",17,3713,4248,1.075,7518,8082,2017,null,null,"Jantar Std. 2","KG","M","Není v databázi"]
["Lucas Delobel",null,"France","FR","19. EGC 2017 - Klub","CZ",18,3686,4248,1.075,7374,7927,2017,null,null,"Std. Cirrus","C12","M","Není v databázi"]
["Anton Minskiy",null,"Russian Federation","RF","19. EGC 2017 - Klub","CZ",19,3672,4248,1.075,7251,7795,2017,null,null,"Std. Cirrus","AM","M","Není v databázi"]
["Jakub Barszcz",null,"Poland","PL","19. EGC 2017 - Klub","CZ",20,3665,4248,1.075,7139,7674,2017,null,null,"Pegase","J7","M","Není v databázi"]
["Ayala Truelove",null,"United Kingdom","UK","19. EGC 2017 - Klub","CZ",21,3632,4248,1.075,6985,7509,2017,null,null,"Std. Libelle","J34","F","Není v databázi"]
["Frank Hiemstra",null,"Netherlands","NE","19. EGC 2017 - Klub","CZ",22,3596,4248,1.075,6826,7338,2017,null,null,"Std. Cirrus",74,"M","Není v databázi"]
["Per Carlin",null,"Sweden","SW","19. EGC 2017 - Klub","CZ",23,3579,4248,1.075,6698,7200,2017,null,null,"LS-1f","G7","M","Není v databázi"]
["Gunnar Axelsson",null,"Sweden","SW","19. EGC 2017 - Klub","CZ",24,3562,4248,1.075,6570,7063,2017,null,null,"Std. Cirrus 75","XII","M","Není v databázi"]
["Szekely Szilard",null,"Romania","RO","19. EGC 2017 - Klub","CZ",25,3482,4248,1.075,6338,6813,2017,null,null,"Jantar Std. 1","YE","M","Není v databázi"]
["Nick Fremau",null,"Belgium","BE","19. EGC 2017 - Klub","CZ",26,3012,4248,1.075,5463,5873,2017,null,null,"Std. Libelle 201B","2S","M","Není v databázi"]
["Thomas Hansen",null,"Norway","NO","19. EGC 2017 - Klub","CZ",27,2933,4248,1.075,5233,5625,2017,null,null,"Std. Cirrus WL","T","M","Není v databázi"]
["Edmund Schuller",null,"Slovakia","SK","19. EGC 2017 - Klub","CZ",28,2853,4248,1.075,5001,5376,2017,null,null,"ASW-24","ZS","M","Není v databázi"]
["Helmut Koeglbauer",null,"Austria","AT","19. EGC 2017 - Klub","CZ",29,2591,4248,1.075,4470,4805,2017,null,null,"Std. Cirrus B WL","4ME","M","Není v databázi"]
["Frane Franic",null,"Croatia","CR","19. EGC 2017 - Klub","CZ",30,2439,4248,1.075,4119,4428,2017,null,null,"Jantar Std. 3","FF","M","Není v databázi"]
["Dani Zaninovic",null,"Croatia","CR","19. EGC 2017 - Klub","CZ",31,1923,4248,1.075,{"$f":"ROUND(H505/I505*10000*0.7+(MAX($G$475:$G$505)-G505)/(MAX($G$475:$G$505)-1)*10000*0.3,0)","v":3169},{"$f":"ROUND(J505*K505,0)","v":3407},2017,null,null,"ASW-24","ZZ","M","Není v databázi"]
["Pavel Louzecky",{"$f":"VLOOKUP(A506,Pilot,2,0)","v":1957},{"$f":"VLOOKUP(A506,Pilot,3,0)","v":"Přibyslav"},{"$f":"VLOOKUP(A506,Pilot,4,0)","v":"CZ/C2"},"19. EGC 2017 - Std","CZ",1,4024,4024,1.0900000000000001,{"$f":"ROUND(H506/I506*10000*0.7+(MAX($G$506:$G$532)-G506)/(MAX($G$506:$G$532)-1)*10000*0.3,0)","v":10000},{"$f":"ROUND(J506*K506,0)","v":10900},2017,"x",null,"LS-8","AU",{"$f":"VLOOKUP(A506,Pilot,5,0)","v":"M"},{"$f":"IF(ISERROR(VLOOKUP(A506,Pilot,6,0)),\"Není v databázi\",VLOOKUP(A506,Pilot,6,0))","v":""}]
["Miloslav Cink",{"$f":"VLOOKUP(A507,Pilot,2,0)","v":1987},{"$f":"VLOOKUP(A507,Pilot,3,0)","v":"Letkov"},{"$f":"VLOOKUP(A507,Pilot,4,0)","v":"CZ/C1"},"19. EGC 2017 - Std","CZ",2,4016,4024,1.0900000000000001,{"$f":"ROUND(H507/I507*10000*0.7+(MAX($G$506:$G$532)-G507)/(MAX($G$506:$G$532)-1)*10000*0.3,0)","v":9871},{"$f":"ROUND(J507*K507,0)","v":10759},2017,"x",null,"LS-8","EU",{"$f":"VLOOKUP(A507,Pilot,5,0)","v":"M"},""]
["Jeroen Jennen",null,"Belgium","BE","19. EGC 2017 - Std","CZ",3,3846,4024,1.0900000000000001,9460,10311,2017,null,null,"LS-8","LT","M","Není v databázi"]
["Dennis Huybreckx",null,"Belgium","BE","19. EGC 2017 - Std","CZ",4,3843,4024,1.0900000000000001,9339,10180,2017,null,null,"LS-8","CM","M","Není v databázi"]
["Maros Divok",null,"Slovakia","SK","19. EGC 2017 - Std","CZ",5,3783,4024,1.0900000000000001,9119,9940,2017,null,null,"Discus 2","DI","M","Není v databázi"]
["Juha Sorri",null,"Finland","FI","19. EGC 2017 - Std","CZ",6,3778,4024,1.0900000000000001,8995,9805,2017,null,null,"Discus 2b","JS","M","Není v databázi"]
["Norbert Scarlat",null,"Romania","RO","19. EGC 2017 - Std","CZ",7,3768,4024,1.0900000000000001,8862,9660,2017,null,null,"Discus 2A","YB","M","Není v databázi"]
["Andreas Belz",null,"Germany","DE","19. EGC 2017 - Std","CZ",8,3738,4024,1.0900000000000001,8695,9478,2017,null,null,"Discus 2A","AIB","M","Není v databázi"]
["Louis Bouderlique",null,"France","FR","19. EGC 2017 - Std","CZ",9,3724,4024,1.0900000000000001,8555,9325,2017,null,null,"Discus 2a","ET","M","Není v databázi"]
["Marko Zettier",null,"Germany","DE","19. EGC 2017 - Std","CZ",10,3723,4024,1.0900000000000001,8438,9197,2017,null,null,"Discus 2A","MK","M","Není v databázi"]
["Sjaak Selen",null,"Netherlands","NE","19. EGC 2017 - Std","CZ",11,3640,4024,1.0900000000000001,8178,8914,2017,null,null,"Discus 2A","2SI","M","Není v databázi"]
["Mateusz Siodloczek",null,"Poland","PL","19. EGC 2017 - Std","CZ",12,3627,4024,1.0900000000000001,8040,8764,2017,null,null,"Discus 2A","Y","M","Není v databázi"]
["Aku Jaakkola",null,"Finland","FI","19. EGC 2017 - Std","CZ",13,3570,4024,1.0900000000000001,7826,8530,2017,null,null,"Discus 2A","AJ","M","Není v databázi"]
["Dominik Jancik",null,"Slovakia","SK","19. EGC 2017 - Std","CZ",14,3528,4024,1.0900000000000001,7637,8324,2017,null,null,"LS-8s","SI","M","Není v databázi"]
["Lukasz Błaszczyk",null,"Poland","PL","19. EGC 2017 - Std","CZ",15,3516,4024,1.0900000000000001,7501,8176,2017,null,null,"Discus 2A","I","M","Není v databázi"]
["Guillaume Girard",null,"France","FR","19. EGC 2017 - Std","CZ",16,3513,4024,1.0900000000000001,7380,8044,2017,null,null,"Discus 2a","CFM1","M","Není v databázi"]
["Howard Jones",null,"United Kingdom","UK","19. EGC 2017 - Std","CZ",17,3476,4024,1.0900000000000001,7201,7849,2017,null,null,"Discus 2A",6,"M","Není v databázi"]
["Alex Pop",null,"Romania","RO","19. EGC 2017 - Std","CZ",18,3454,4024,1.0900000000000001,7047,7681,2017,null,null,"Discus 2A","YA","M","Není v databázi"]
["Jan-Ola Nordh",null,"Sweden","SW","19. EGC 2017 - Std","CZ",19,3450,4024,1.0900000000000001,6925,7548,2017,null,null,"Discus 2T","TA","M","Není v databázi"]
["Dmitriy Timoshenko",null,"Russian Federation","RF","19. EGC 2017 - Std","CZ",20,3436,4024,1.0900000000000001,6785,7396,2017,null,null,"Discus 2A","DT","M","Není v databázi"]
["Richard Swanstrom",null,"Sweden","SW","19. EGC 2017 - Std","CZ",21,3275,4024,1.0900000000000001,6389,6964,2017,null,null,"Discus 2T","IKI","M","Není v databázi"]
["Robbie Seton",null,"Netherlands","NE","19. EGC 2017 - Std","CZ",22,3258,4024,1.0900000000000001,6244,6806,2017,null,null,"LS-8A","SR","M","Není v databázi"]
["Mogens Hoelgaard",null,"Denmark","DN","19. EGC 2017 - Std","CZ",23,3018,4024,{"$f":"VLOOKUP(E528,Soutez,8,0)","v":1.0900000000000001},5712,6226,2017,null,null,"Discus 2A","AX","M","Není v databázi"]
["Luca Urbani",null,"Italy","IT","19. EGC 2017 - Std","CZ",24,2910,4024,1.0900000000000001,5408,5895,2017,null,null,"Discus 2a","LR","M","Není v databázi"]
["George Metcalfe",null,"United Kingdom","UK","19. EGC 2017 - Std","CZ",25,2905,4024,1.0900000000000001,5284,5760,2017,null,null,"ASW-28",104,"M","Není v databázi"]
["Yves Gerster",null,"Switzerland","SW","19. EGC 2017 - Std","CZ",26,2890,4024,1.0900000000000001,{"$f":"ROUND(H531/I531*10000*0.7+(MAX($G$506:$G$532)-G531)/(MAX($G$506:$G$532)-1)*10000*0.3,0)","v":5143},{"$f":"ROUND(J531*K531,0)","v":5606},2017,null,null,"LS-8","AB","M","Není v databázi"]
["Vittorio Squarciafico",null,"Italy","IT","19. EGC 2017 - Std","CZ",27,2570,4024,1.0900000000000001,4471,4873,2017,null,null,"LS-8","V","M","Není v databázi"]
["Kawa & Matkowski",null,"Poland","PL","19. EGC 2017 - Duo","CZ",1,4101,4101,1.01,{"$f":"ROUND(H533/I533*10000*0.7+(MAX($G$533:$G$548)-G533)/(MAX($G$533:$G$548)-1)*10000*0.3,0)","v":10000},{"$f":"ROUND(J533*K533,0)","v":10100},2017,null,null,"ASG-32 Mi","MD","M",{"$f":"IF(ISERROR(VLOOKUP(A533,Pilot,6,0)),\"Není v databázi\",VLOOKUP(A533,Pilot,6,0))","v":"Není v databázi"}]
["Jones & Coppin",null,"United Kingdom","UK","19. EGC 2017 - Duo","CZ",2,3973,4101,1.01,{"$f":"ROUND(H534/I534*10000*0.7+(MAX($G$533:$G$548)-G534)/(MAX($G$533:$G$548)-1)*10000*0.3,0)","v":9582},{"$f":"ROUND(J534*K534,0)","v":9678},2017,null,null,"Arcus T",54,"M","Není v databázi"]
["Cronjaeger & Heidemeyer",null,"Switzerland","SW","19. EGC 2017 - Duo","CZ",3,3895,4101,1.01,9248,9340,2017,null,null,"Arcus T","KA","M","Není v databázi"]
["Akkermans & Vandebeeck",null,"Belgium","BE","19. EGC 2017 - Duo","CZ",4,3822,4101,1.01,8924,9013,2017,null,null,"Arcus M","ZZZ","M","Není v databázi"]
["Walbrou & Corbille",null,"France","FR","19. EGC 2017 - Duo","CZ",5,3768,4101,1.01,8632,8718,2017,null,null,"Arcus T","FP","M","Není v databázi"]
["Viehmann & Glappa",null,"Germany","DE","19. EGC 2017 - Duo","CZ",6,3442,4101,1.01,7875,7954,2017,null,null,"Arcus T","HLB","M","Není v databázi"]
["Kessler & Jurca",null,"Romania","RO","19. EGC 2017 - Duo","CZ",7,3371,4101,1.01,7554,7630,2017,null,null,"ASG-32 Mi",32,"M","Není v databázi"]
["Sommer & Theisinger",null,"Germany","DE","19. EGC 2017 - Duo","CZ",8,3342,4101,1.01,7304,7377,2017,null,null,"Arcus M","ARC","M","Není v databázi"]
["Hirvola & Leinikki",null,"Finland","FI","19. EGC 2017 - Duo","CZ",9,3209,4101,1.01,6877,6946,2017,null,null,"Arcus T","KAI","M","Není v databázi"]
["Somol & Siska",null,"Slovakia","SK","19. EGC 2017 - Duo","CZ",10,2959,4101,1.01,6251,6314,2017,null,null,"Duo Discus 700kg","SGC","M","Není v databázi"]
["Jorgensen & Nielsen",null,"Denmark","DN","19. EGC 2017 - Duo","CZ",11,2912,4101,1.01,5970,6030,2017,null,null,"Arcus T","JT","M","Není v databázi"]
["Szabadfi & Szabadfi",null,"Hungary","HU","19. EGC 2017 - Duo","CZ",12,2908,4101,1.01,5764,5822,2017,null,null,"Arcus T","ABI","M","Není v databázi"]
["Brunazzo & Della Rosa",null,"Italy","IT","19. EGC 2017 - Duo","CZ",13,2856,4101,1.01,5475,5530,2017,null,null,"Arcus T","PP","M","Není v databázi"]
["Divok & Divokova",null,"Slovakia","SK","19. EGC 2017 - Duo","CZ",14,2793,4101,1.01,5167,5219,2017,null,null,"Arcus M","TWO","M","Není v databázi"]
["Tomas Rendla",{"$f":"VLOOKUP(A547,Pilot,2,0)","v":1973},{"$f":"VLOOKUP(A547,Pilot,3,0)","v":"Zbraslavice"},{"$f":"VLOOKUP(A547,Pilot,4,0)","v":"CZ/C1"},"19. EGC 2017 - Duo","CZ",15,2416,4101,1.01,{"$f":"ROUND(H547/I547*10000*0.7+(MAX($G$533:$G$548)-G547)/(MAX($G$533:$G$548)-1)*10000*0.3,0)","v":4324},{"$f":"ROUND(J547*K547,0)","v":4367},2017,null,null,"Arcus M","EY",{"$f":"VLOOKUP(A547,Pilot,5,0)","v":"M"},""]
["Jan Horak",1971,{"$f":"VLOOKUP(A548,Pilot,3,0)","v":"Zbraslavice"},{"$f":"VLOOKUP(A548,Pilot,4,0)","v":"CZ/C1"},"19. EGC 2017 - Duo","CZ",16,2395,4101,1.01,4088,4129,2017,null,null,"Arcus E","AR",{"$f":"VLOOKUP(A548,Pilot,5,0)","v":"M"},""]
["Jiri Slemr",1979,{"$f":"VLOOKUP(A549,Pilot,3,0)","v":"Vysoké Mýto"},{"$f":"VLOOKUP(A549,Pilot,4,0)","v":"CZ/C2"},"Pohár Českého Ráje 2017 - Kombi","CZ",1,1195,1195,0.6,{"$f":"ROUND(H549/I549*10000*0.7+(MAX($G$549:$G$560)-G549)/(MAX($G$549:$G$560)-1)*10000*0.3,0)","v":10000},{"$f":"ROUND(J549*K549,0)","v":6000},2017,"x",null,"Discus",65,{"$f":"VLOOKUP(A549,Pilot,5,0)","v":"M"},{"$f":"IF(ISERROR(VLOOKUP(A549,Pilot,6,0)),\"Není v databázi\",VLOOKUP(A549,Pilot,6,0))","v":""}]
["Ilja Kopacek",1943,"Jičín","CZ/C2","Pohár Českého Ráje 2017 - Kombi","CZ",2,960,1195,0.6,{"$f":"ROUND(H550/I550*10000*0.7+(MAX($G$549:$G$560)-G550)/(MAX($G$549:$G$560)-1)*10000*0.3,0)","v":8323},{"$f":"ROUND(J550*K550,0)","v":4994},2017,"x",null,"Std. Cirrus","XL","M",""]
["Pavel Derda",1952,"Dvůr Králové","CZ/C2","Pohár Českého Ráje 2017 - Kombi","CZ",3,949,1195,0.6,7959,4775,2017,null,null,"Cirrus/Cirrus VTC 17.74","VE","M",""]
["Petra Diepoldova",1978,"Vysoké Mýto","CZ/C2","Pohár Českého Ráje 2017 - Kombi","CZ",4,527,1195,0.6,5187,3112,2017,"x","x","ASW 15","TX","F",""]
["Radek Tobolka",1977,"Jičín","CZ/C2","Pohár Českého Ráje 2017 - Kombi","CZ",5,306,1195,0.6,3592,2155,2017,"x",null,"Std. Cirrus","SC","M",""]
["Petr Rygl",1966,"Jičín","CZ/C2","Pohár Českého Ráje 2017 - Kombi","CZ",6,272,1195,0.6,3093,1856,2017,"x",null,"ASW 15","A18","M",""]
["Lubos Florian",1966,"Jičín","CZ/C2","Pohár Českého Ráje 2017 - Kombi","CZ",7,162,1195,0.6,2149,1289,2017,"x",null,"Janus 18.2m","JC","M",""]
["Petr Kyzivat",1970,"Jičín","CZ/C2","Pohár Českého Ráje 2017 - Kombi","CZ",8,131,1195,0.6,1667,1000,2017,"x",null,"Std. Cirrus","FS","M",""]
["Karel Ertl",1939,"LK Břeclav","CZ/M","Pohár Českého Ráje 2017 - Kombi","CZ",9,49,1195,0.6,887,532,2017,null,null,"TST-10 Atlas M","KE","M",""]
["Jaromir Macoun",1999,"Jičín","CZ/C2","Pohár Českého Ráje 2017 - Kombi","CZ",10,35,1195,0.6,505,303,2017,null,null,"Std. Cirrus","FS","M","Junior v roce 2020"]
["Zdenek Boruvka 54",1954,"Jičín","CZ/C2","Pohár Českého Ráje 2017 - Kombi","CZ",11,0,1195,0.6,0,0,2017,null,null,"LS 8/18m","ZB","M",""]
["Miroslav Trybucek",1965,"Jičín","CZ/C2","Pohár Českého Ráje 2017 - Kombi","CZ",11,0,1195,0.6,{"$f":"ROUND(H560/I560*10000*0.7+(MAX($G$549:$G$560)-G560)/(MAX($G$549:$G$560)-1)*10000*0.3,0)","v":0},{"$f":"ROUND(J560*K560,0)","v":0},2017,null,null,"Ventus 2cM/18m","OZ","M",""]
["Ivan Novak",1962,{"$f":"VLOOKUP(A561,Pilot,3,0)","v":"Mladá Boleslav"},{"$f":"VLOOKUP(A561,Pilot,4,0)","v":"CZ/C1"},"PMRg 2017 - Klub","CZ",1,5132,5132,0.97499999999999998,{"$f":"ROUND(H561/I561*10000*0.7+(MAX($G$561:$G$607)-G561)/(MAX($G$561:$G$607)-1)*10000*0.3,0)","v":10000},{"$f":"ROUND(J561*K561,0)","v":9750},2017,null,null,"Std. Cirrus","DI",{"$f":"VLOOKUP(A561,Pilot,5,0)","v":"M"},{"$f":"IF(ISERROR(VLOOKUP(A561,Pilot,6,0)),\"Není v databázi\",VLOOKUP(A561,Pilot,6,0))","v":""}]
["Hana Treslova",1991,"Raná","CZ/C2","PMRg 2017 - Klub","CZ",2,5049,5132,0.97499999999999998,{"$f":"ROUND(H562/I562*10000*0.7+(MAX($G$561:$G$607)-G562)/(MAX($G$561:$G$607)-1)*10000*0.3,0)","v":9822},{"$f":"ROUND(J562*K562,0)","v":9576},2017,"x","x","Std. Cirrus","CI","F",""]
["Daniel Ryba",1994,"Dvůr Králové","CZ/C2","PMRg 2017 - Klub","CZ",3,5030,5132,0.97499999999999998,9730,9487,2017,"x",null,"ASW-19B","L7","M",""]
["Josef Novotny",1983,"Přibyslav","CZ/C2","PMRg 2017 - Klub","CZ",4,4967,5132,0.97499999999999998,9579,9340,2017,"x",null,"Std. Cirrus","AW","M",""]
["Leos Strnadek",1983,"Hodkovice","CZ/C2","PMRg 2017 - Klub","CZ",5,4958,5132,0.97499999999999998,9502,9264,2017,"x",null,"ASW-19B","XZ","M",""]
["Marek Svancara",1976,"GAC Benešov","CZ/C1","PMRg 2017 - Klub","CZ",6,4925,5132,0.97499999999999998,9392,9157,2017,"x",null,"Std. Cirrus","GT","M",""]
["Zdenek Balcarek",1967,"Kroměříž","CZ/M","PMRg 2017 - Klub","CZ",7,4908,5132,0.97499999999999998,9303,9070,2017,"x",null,"Std. Cirrus","ZL","M",""]
["Lubomir Motl",1959,"Kyjov","CZ/M","PMRg 2017 - Klub","CZ",8,4863,5132,0.97499999999999998,9177,8948,2017,"x",null,"LS-1f","G2","M",""]
["Zdenek Boruvka 86",1986,"Jičín","CZ/C2","PMRg 2017 - Klub","CZ",9,4830,5132,0.97499999999999998,9066,8839,2017,"x",null,"Std. Cirrus","BJ","M",""]
["Michal Navratil",1985,"Křižanov","CZ/M","PMRg 2017 - Klub","CZ",10,4718,5132,0.97499999999999998,8848,8627,2017,"x",null,"Std. Cirrus","IJ","M",""]
["Matej Krestes",1986,"Slaný","CZ/C1","PMRg 2017 - Klub","CZ",11,4435,5132,0.97499999999999998,8397,8187,2017,"x",null,"Centrair C-201B Marianne","II","M",""]
["Michal Krupicka",1975,"Most","CZ/C2","PMRg 2017 - Klub","CZ",12,4320,5132,0.97499999999999998,8175,7971,2017,"x",null,"Std. Cirrus","K","M",""]
["David Sachl",1978,"Kralupy","CZ/C1","PMRg 2017 - Klub","CZ",13,4288,5132,0.97499999999999998,8066,7864,2017,"x",null,"DG-200 15m","RZ","M",""]
["Antonin Novotny",1972,"Luhačovice","CZ/M","PMRg 2017 - Klub","CZ",14,4237,5132,0.97499999999999998,7931,7733,2017,"x",null,"Std. Cirrus","SP","M",""]
["Petr Panek",1975,"Dvůr Králové","CZ/C2","PMRg 2017 - Klub","CZ",15,4216,5132,0.97499999999999998,7838,7642,2017,null,null,"Std. Cirrus","YU","M",""]
["Jan Smaha",1958,"Česká Lípa","CZ/C2","PMRg 2017 - Klub","CZ",16,4189,5132,0.97499999999999998,7735,7542,2017,"x",null,"ASW-15B","CW","M",""]
["Karel Knotek",1961,"Soběslav","CZ/C1","PMRg 2017 - Klub","CZ",17,4171,5132,0.97499999999999998,7646,7455,2017,"x",null,"ASW-19B","SO","M",""]
["Vaclav Marel",1974,"Jaroměř","CZ/C2","PMRg 2017 - Klub","CZ",18,4162,5132,0.97499999999999998,7568,7379,2017,null,null,"Std. Cirrus","IF","M",""]
["Radim Vadasz",1989,"Soběslav","CZ/C1","PMRg 2017 - Klub","CZ",19,4066,5132,0.97499999999999998,7372,7188,2017,"x",null,"ASW-15","ASW","M",""]
["Barbora Moravcova",1994,"Zbraslavice","CZ/C1","PMRg 2017 - Klub","CZ",20,4020,5132,0.97499999999999998,7244,7063,2017,null,null,"ASW-19B","CF","F",""]
["Jan Vozeh",1995,"Rakovník","CZ/C1","PMRg 2017 - Klub","CZ",21,3978,5132,0.97499999999999998,7122,6944,2017,"x",null,"Std. Cirrus","OG","M","Junior v roce 2020"]
["Jan Zahradka",1981,"Hodkovice","CZ/C2","PMRg 2017 - Klub","CZ",22,3792,5132,0.97499999999999998,6803,6633,2017,null,null,"Std. Cirrus","UB","M",""]
["Ivan Bajana",null,"Martin","SK","PMRg 2017 - Klub","CZ",23,3775,5132,0.97499999999999998,6714,6546,2017,null,null,"Std. Cirrus WL","DZ","M","Není v databázi"]
["Petr Rajda",1970,{"$f":"VLOOKUP(A584,Pilot,3,0)","v":"Křižanov"},{"$f":"VLOOKUP(A584,Pilot,4,0)","v":"CZ/M"},"PMRg 2017 - Klub","CZ",24,3773,5132,0.97499999999999998,6646,6480,2017,"x",null,"DG-200 15m","CK",{"$f":"VLOOKUP(A584,Pilot,5,0)","v":"M"},""]
["Miroslav Kudlacek",1986,"Polička","CZ/C2","PMRg 2017 - Klub","CZ",25,3650,5132,0.97499999999999998,6413,6253,2017,"x",null,"ASW-24(\"A\") WL (-bez modif TN8)","SM","M",""]
["Pavel Koudelka",1973,"Křižanov","CZ/M","PMRg 2017 - Klub","CZ",26,3529,5132,0.97499999999999998,6183,6028,2017,"x",null,"LS-1f","R7","M",""]
["Marek Pechanec",1970,"Luhačovice","CZ/M","PMRg 2017 - Klub","CZ",27,3510,5132,0.97499999999999998,6092,5940,2017,null,null,"Std. Cirrus","SJ","M",""]
["Ivan Tvrdik",1997,"Letňany","CZ/C1","PMRg 2017 - Klub","CZ",28,3476,5132,0.97499999999999998,5980,5831,2017,null,null,"ASW-19B","IHD","M","Junior v roce 2020"]
["Jiri Peterka",1951,"Křižanov","CZ/M","PMRg 2017 - Klub","CZ",29,3414,5132,0.97499999999999998,5831,5685,2017,"x",null,"Std. Cirrus","M","M",""]
["Miroslav Cervenka",1980,"Křižanov","CZ/M","PMRg 2017 - Klub","CZ",30,3412,5132,0.97499999999999998,5763,5619,2017,"x",null,"LS-1f","AF","M",""]
["Jindrich Hruska",1986,"Soběslav","CZ/C1","PMRg 2017 - Klub","CZ",31,3389,5132,0.97499999999999998,5666,5524,2017,"x",null,"303 Mosquito","UFO","M",""]
["Rene Gabris",null,"Partizánské","SK","PMRg 2017 - Klub","CZ",32,3340,5132,{"$f":"VLOOKUP(E592,Soutez,8,0)","v":0.97499999999999998},5534,5396,2017,null,null,"Std. Cirrus","2C","M","Není v databázi"]
["Tomas Jilek",1995,{"$f":"VLOOKUP(A593,Pilot,3,0)","v":"Raná"},{"$f":"VLOOKUP(A593,Pilot,4,0)","v":"CZ/C2"},"PMRg 2017 - Klub","CZ",33,3305,5132,0.97499999999999998,5421,5285,2017,null,null,"Cirrus VTC","1W",{"$f":"VLOOKUP(A593,Pilot,5,0)","v":"M"},"Junior v roce 2020"]
["Daniel Suchy",1995,{"$f":"VLOOKUP(A594,Pilot,3,0)","v":"Hranice"},{"$f":"VLOOKUP(A594,Pilot,4,0)","v":"CZ/M"},"PMRg 2017 - Klub","CZ",34,3296,5132,0.97499999999999998,5344,5210,2017,"x",null,"G-102 Astir cs","W7",{"$f":"VLOOKUP(A594,Pilot,5,0)","v":"M"},"Junior v roce 2020"]
["Miroslav Beliansky",null,"Partizánské","SK","PMRg 2017 - Klub","CZ",35,3132,5132,0.97499999999999998,5055,4929,2017,null,null,"Std. Cirrus","SZ","M","Není v databázi"]
["Jan Hruska",1988,{"$f":"VLOOKUP(A596,Pilot,3,0)","v":"Tábor"},{"$f":"VLOOKUP(A596,Pilot,4,0)","v":"CZ/C1"},"PMRg 2017 - Klub","CZ",36,3086,5132,0.97499999999999998,4927,4804,2017,"x",null,"ASW-15B","LittleFo",{"$f":"VLOOKUP(A596,Pilot,5,0)","v":"M"},""]
["Barbora Kubickova",1993,"Medlánky","CZ/M","PMRg 2017 - Klub","CZ",37,3042,5132,0.97499999999999998,4801,4681,2017,null,null,"ASW-15B","Y","F",""]
["Tomas Talanda",1988,"Křižanov","CZ/M","PMRg 2017 - Klub","CZ",38,3007,5132,0.97499999999999998,4688,4571,2017,"x",null,"ASW-19B","A1","M",""]
["Veronika Ambrozova",1984,"Křižanov","CZ/M","PMRg 2017 - Klub","CZ",39,2924,5132,0.97499999999999998,4510,4397,2017,"x","x","ASW-15B",17,"F",""]
["Jana Krejcova",1972,"Křižanov","CZ/M","PMRg 2017 - Klub","CZ",40,2922,5132,0.97499999999999998,4442,4331,2017,"x","x","Std. Cirrus","ICQ","F",""]
["Martin Kriz",1968,"Přibyslav","CZ/C2","PMRg 2017 - Klub","CZ",41,2898,5132,0.97499999999999998,4344,4235,2017,"x",null,"ASW-15B","BE","M",""]
["Jan Kotan",1982,"Letňany","CZ/C1","PMRg 2017 - Klub","CZ",42,2766,5132,0.97499999999999998,4099,3997,2017,"x",null,"ASW-19","WT","M",""]
["Lukas Plocek",1990,"Mladá Boleslav","CZ/C1","PMRg 2017 - Klub","CZ",43,2632,5132,0.97499999999999998,3851,3755,2017,"x",null,"ASW-19B","AH","M",""]
["Tomas Laso",null,"Martin","SK","PMRg 2017 - Klub","CZ",44,1927,5132,0.97499999999999998,2824,2753,2017,null,null,"H-201b Std. Libelle WL",48,"M","Není v databázi"]
["Petr Lonsky",1965,{"$f":"VLOOKUP(A605,Pilot,3,0)","v":"Toužim"},{"$f":"VLOOKUP(A605,Pilot,4,0)","v":"CZ/C1"},"PMRg 2017 - Klub","CZ",45,1765,5132,0.97499999999999998,2538,2475,2017,null,null,"Std. Cirrus WL","FD",{"$f":"VLOOKUP(A605,Pilot,5,0)","v":"M"},""]
["Petr Havrlant",1965,{"$f":"VLOOKUP(A606,Pilot,3,0)","v":"Šumperk"},{"$f":"VLOOKUP(A606,Pilot,4,0)","v":"CZ/M"},"PMRg 2017 - Klub","CZ",46,1729,5132,0.97499999999999998,2424,2363,2017,"x",null,"ASW-15B","Q1",{"$f":"VLOOKUP(A606,Pilot,5,0)","v":"M"},""]
["Martin Kozina",1970,{"$f":"VLOOKUP(A607,Pilot,3,0)","v":"Křižanov"},{"$f":"VLOOKUP(A607,Pilot,4,0)","v":"CZ/M"},"PMRg 2017 - Klub","CZ",47,1583,5132,0.97499999999999998,{"$f":"ROUND(H607/I607*10000*0.7+(MAX($G$561:$G$607)-G607)/(MAX($G$561:$G$607)-1)*10000*0.3,0)","v":2159},{"$f":"ROUND(J607*K607,0)","v":2105},2017,"x",null,"LS-1f","PK",{"$f":"VLOOKUP(A607,Pilot,5,0)","v":"M"},""]
["Karel Mares",{"$f":"VLOOKUP(A608,Pilot,2,0)","v":1974},{"$f":"VLOOKUP(A608,Pilot,3,0)","v":"Slaný"},{"$f":"VLOOKUP(A608,Pilot,4,0)","v":"CZ/C1"},"PMRg 2017 - Kombi","CZ",1,5750,5750,0.96499999999999997,{"$f":"ROUND(H608/I608*10000*0.7+(MAX($G$608:$G$626)-G608)/(MAX($G$608:$G$626)-1)*10000*0.3,0)","v":10000},{"$f":"ROUND(J608*K608,0)","v":9650},2017,"x",null,"Ventus c /17,6m (voda)","7F",{"$f":"VLOOKUP(A608,Pilot,5,0)","v":"M"},{"$f":"IF(ISERROR(VLOOKUP(A608,Pilot,6,0)),\"Není v databázi\",VLOOKUP(A608,Pilot,6,0))","v":""}]
["Zdenek Boruvka 54",1954,"Jičín","CZ/C2","PMRg 2017 - Kombi","CZ",2,5538,5750,0.96499999999999997,{"$f":"ROUND(H609/I609*10000*0.7+(MAX($G$608:$G$626)-G609)/(MAX($G$608:$G$626)-1)*10000*0.3,0)","v":9575},{"$f":"ROUND(J609*K609,0)","v":9240},2017,"x",null,"LS 8,a,b,s,st,18 /15m (voda)","ZB","M",""]
["Jana Veprekova",1961,"Dvůr Králové","CZ/C2","PMRg 2017 - Kombi","CZ",3,5410,5750,0.96499999999999997,9253,8929,2017,"x",null,"LS 8,a,b,s,st,18 /15m (voda)","AU","F",""]
["Frantisek Marek",1960,"Křižanov","CZ/M","PMRg 2017 - Kombi","CZ",4,5355,5750,0.96499999999999997,9019,8703,2017,"x",null,"T-59D Kestrel 19m (voda)","XJ","M",""]
["Petr Hotovy",1958,"Česká Lípa","CZ/C2","PMRg 2017 - Kombi","CZ",5,5341,5750,0.96499999999999997,8835,8526,2017,"x",null,"HpH 304M SHARK (600kg) /18m (voda)","MH","M",""]
["Dana Novakova",1965,"Mladá Boleslav","CZ/C1","PMRg 2017 - Kombi","CZ",6,5307,5750,0.96499999999999997,8627,8325,2017,null,null,"LS 8,a,b,s,st,18 /15m (voda)","EU","F",""]
["Jana Treslova",1963,"Raná","CZ/C2","PMRg 2017 - Kombi","CZ",7,5212,5750,0.96499999999999997,8345,8053,2017,"x","x","Ventus bt /16,6m (voda)","VT","F",""]
["Jaroslav Buryan",1953,"Zábřeh","CZ/M","PMRg 2017 - Kombi","CZ",8,4600,5750,0.96499999999999997,7433,7173,2017,"x",null,"ASW-20 (A)+F /15m WL (voda)","NS","M",""]
["Radek Zima 78",1978,"Hodkovice","CZ/C2","PMRg 2017 - Kombi","CZ",9,4578,5750,0.96499999999999997,7240,6987,2017,"x",null,"Ventus b /16,6m WL (voda)","7E","M",""]
["Dusan Gadas",1960,"Hranice","CZ/M","PMRg 2017 - Kombi","CZ",10,4309,5750,0.96499999999999997,6746,6510,2017,"x",null,"LAK 17B FES /21m (voda)","TF","M",""]
["Zdenek Schenk",1972,"Hranice","CZ/M","PMRg 2017 - Kombi","CZ",11,4269,5750,0.96499999999999997,6530,6301,2017,null,null,"Ventus ct /17,6m (voda)","ŠNeK","M",""]
["Jan Zapletal",1997,"Kroměříž","CZ/M","PMRg 2017 - Kombi","CZ",12,4267,5750,0.96499999999999997,6361,6138,2017,null,null,"Discus 2b /15m (voda)","SH","M","Junior v roce 2020"]
["Slavomir Piskaty 58",1958,"Kunovice","CZ/M","PMRg 2017 - Kombi","CZ",13,3761,5750,0.96499999999999997,5579,5384,2017,"x",null,"Discus b WL (voda)","KAL","M",""]
["Petr Frycek",1960,"Most","CZ/C2","PMRg 2017 - Kombi","CZ",14,3684,5750,0.96499999999999997,5318,5132,2017,"x",null,"Nimbus 3 /25,5m - 700kg (voda)","F","M",""]
["Jan Ratz",1987,"Zbraslavice","CZ/C1","PMRg 2017 - Kombi","CZ",15,3653,5750,0.96499999999999997,5114,4935,2017,null,null,"Ventus b /16,6m WL (voda)","JET","M",""]
["Miroslav Koci",1961,"Žamberk","CZ/C2","PMRg 2017 - Kombi","CZ",16,3478,5750,0.96499999999999997,4734,4568,2017,null,null,"Ventus 2cxm /18m - 565 kg (voda)","E8","M",""]
["Vladimir Spilka",1940,"Hranice","CZ/M","PMRg 2017 - Kombi","CZ",17,2343,5750,0.96499999999999997,3186,3074,2017,null,null,"Nimbus 2, 2b, 2M (voda)","AY","M",""]
["Antonin Kutalek",1943,"Zábřeh","CZ/M","PMRg 2017 - Kombi","CZ",18,2200,5750,0.96499999999999997,2845,2745,2017,"x",null,"Mini-Nimbus c (voda)","GL","M",""]
["Olga Mokosova",1970,"Jihlava","CZ/M","PMRg 2017 - Kombi","CZ",19,1971,5750,0.96499999999999997,{"$f":"ROUND(H626/I626*10000*0.7+(MAX($G$608:$G$626)-G626)/(MAX($G$608:$G$626)-1)*10000*0.3,0)","v":2399},{"$f":"ROUND(J626*K626,0)","v":2315},2017,null,null,"LS 6c /18m WL (voda)","MM","F",""]
["David Mach",1994,{"$f":"VLOOKUP(A627,Pilot,3,0)","v":"Hronov"},{"$f":"VLOOKUP(A627,Pilot,4,0)","v":"CZ/C2"},"16. HOP 2017 - Klub","CZ",1,2194,2194,0.60499999999999998,{"$f":"ROUND(H627/I627*10000*0.7+(MAX($G$627:$G$653)-G627)/(MAX($G$627:$G$653)-1)*10000*0.3,0)","v":10000},{"$f":"ROUND(J627*K627,0)","v":6050},2017,null,null,"VT-116 Orlik 2",6922,{"$f":"VLOOKUP(A627,Pilot,5,0)","v":"M"},{"$f":"IF(ISERROR(VLOOKUP(A627,Pilot,6,0)),\"Není v databázi\",VLOOKUP(A627,Pilot,6,0))","v":""}]
["Milan Svoboda 80",1980,"Havlíčkův Brod","CZ/C2","16. HOP 2017 - Klub","CZ",2,2030,2194,0.60499999999999998,{"$f":"ROUND(H628/I628*10000*0.7+(MAX($G$627:$G$653)-G628)/(MAX($G$627:$G$653)-1)*10000*0.3,0)","v":9361},{"$f":"ROUND(J628*K628,0)","v":5663},2017,null,null,"VT-116 Orlik 2",6446,"M",""]
["Ondrej Blaha",1976,"Letňany","CZ/C1","16. HOP 2017 - Klub","CZ",3,1910,2194,0.60499999999999998,8863,5362,2017,"x",null,"VT-116 Orlik 2",6444,"M",""]
["Jan Sindelar",1946,"Kunovice","CZ/M","16. HOP 2017 - Klub","CZ",4,1881,2194,0.60499999999999998,8655,5236,2017,null,null,"VT-116 Orlik 2",7410,"M",""]
["Miroslav Stepan",1955,"Žamberk","CZ/C2","16. HOP 2017 - Klub","CZ",5,1865,2194,0.60499999999999998,8489,5136,2017,"x",null,"VT-116 Orlik 2",8412,"M",""]
["Wolfgang Sluka",1942,"Liberec","CZ/C2","16. HOP 2017 - Klub","CZ",6,1773,2194,0.60499999999999998,8080,4888,2017,null,null,"VT-116 Orlik 2",8425,"M",""]
["Jiri Klicnar",1965,"Medlánky","CZ/M","16. HOP 2017 - Klub","CZ",7,1731,2194,0.60499999999999998,7830,4737,2017,null,null,"M-28",2903,"M",""]
["Michal Janda",1972,"Broumov","CZ/C2","16. HOP 2017 - Klub","CZ",8,1683,2194,0.60499999999999998,7562,4575,2017,"x",null,"VT-116 Orlik 2",7402,"M",""]
["Ivan Kuzelka",1945,"Havlíčkův Brod","CZ/C2","16. HOP 2017 - Klub","CZ",9,1671,2194,0.60499999999999998,7408,4482,2017,"x",null,"VT-116 Orlik 2",4314,"M",""]
["Oldrich Slavicek",1959,"Hronov","CZ/C2","16. HOP 2017 - Klub","CZ",10,1587,2194,0.60499999999999998,7025,4250,2017,"x",null,"VT-116 Orlik 2",4310,"M",""]
["Tomas Mezera",1973,"Raná","CZ/C2","16. HOP 2017 - Klub","CZ",11,1503,2194,0.60499999999999998,6642,4018,2017,"x",null,"Cobra 15",6610,"M",""]
["Jaromir Vlk",1959,"Šumperk","CZ/M","16. HOP 2017 - Klub","CZ",12,1335,2194,0.60499999999999998,5990,3624,2017,"x",null,"VT-16 Orlik",2412,"M",""]
["Karel Kotlan",1957,"Medlánky","CZ/M","16. HOP 2017 - Klub","CZ",13,1325,2194,0.60499999999999998,5843,3535,2017,"x",null,"VT-116 Orlik 2",8406,"M",""]
["Sarka Lochova",1966,"Šumperk","CZ/M","16. HOP 2017 - Klub","CZ",14,1280,2194,0.60499999999999998,5584,3378,2017,"x","x","VT-116 Orlik 2",7445,"F",""]
["Zdenek Mach",1976,"Broumov","CZ/C2","16. HOP 2017 - Klub","CZ",15,1254,2194,0.60499999999999998,5386,3259,2017,"x",null,"VT-16 Orlik",2909,"M",""]
["Vaclav Kysilka",1979,"GAC Benešov","CZ/C1","16. HOP 2017 - Klub","CZ",16,1215,2194,0.60499999999999998,5146,3113,2017,"x",null,"VT-116 Orlik 2",7403,"M",""]
["Oldrich Hlavacek",1973,"Medlánky","CZ/M","16. HOP 2017 - Klub","CZ",17,1211,2194,0.60499999999999998,5018,3036,2017,"x",null,"VT-116 Orlik 2",8439,"M",""]
["Petr Vlasak",1974,"Medlánky","CZ/M","16. HOP 2017 - Klub","CZ",18,1187,2194,0.60499999999999998,4826,2920,2017,"x",null,"VT-116 Orlik 2",4307,"M",""]
["Bohumil Rikal",1946,"Hronov","CZ/C2","16. HOP 2017 - Klub","CZ",19,1022,2194,0.60499999999999998,4184,2531,2017,"x",null,"VT-16 Orlik",3405,"M",""]
["Ondrej Teichman",1984,"Dvůr Králové","CZ/C2","16. HOP 2017 - Klub","CZ",20,997,2194,0.60499999999999998,3989,2413,2017,null,null,"VT-116 Orlik 2",6445,"M",""]
["Jiri Maier 66",1966,"Raná","CZ/C2","16. HOP 2017 - Klub","CZ",21,981,2194,0.60499999999999998,3822,2312,2017,"x",null,"VT-116 Orlik 2",8401,"M",""]
["Tereza Jirsakova",1997,"Hronov","CZ/C2","16. HOP 2017 - Klub","CZ",22,945,2194,0.60499999999999998,3592,2173,2017,"x","x","Bergfalke IV",2157,"F","Junior v roce 2020"]
["Jana Mezerova",1975,"Raná","CZ/C2","16. HOP 2017 - Klub","CZ",23,914,2194,0.60499999999999998,3378,2044,2017,"x","x","VT-116 Orlik 2",7425,"F",""]
["Miroslav Major",1968,"GAC Benešov","CZ/C1","16. HOP 2017 - Klub","CZ",24,892,2194,0.60499999999999998,3192,1931,2017,"x",null,"VT-116 Orlik 2",8430,"M",""]
["Jiri Slouka",1967,"Medlánky","CZ/M","16. HOP 2017 - Klub","CZ",25,880,2194,0.60499999999999998,3038,1838,2017,null,null,"M-35",2901,"M",""]
["Jaromir Hendrych",1954,"Raná","CZ/C2","16. HOP 2017 - Klub","CZ",26,556,2194,0.60499999999999998,1889,1143,2017,null,null,"M-35",2403,"M",""]
["Petr Gryc",1949,"Medlánky","CZ/M","16. HOP 2017 - Klub","CZ",27,1,2194,0.60499999999999998,{"$f":"ROUND(H653/I653*10000*0.7+(MAX($G$627:$G$653)-G653)/(MAX($G$627:$G$653)-1)*10000*0.3,0)","v":3},{"$f":"ROUND(J653*K653,0)","v":2},2017,"x",null,"VT-116 Orlik 2",8436,"M",""]
["Vratislav Sram",1966,{"$f":"VLOOKUP(A654,Pilot,3,0)","v":"Broumov"},{"$f":"VLOOKUP(A654,Pilot,4,0)","v":"CZ/C2"},"16. HOP 2017 - Kombi","CZ",1,2535,2535,0.6,{"$f":"ROUND(H654/I654*10000*0.7+(MAX($G$654:$G$666)-G654)/(MAX($G$654:$G$666)-1)*10000*0.3,0)","v":10000},{"$f":"ROUND(J654*K654,0)","v":6000},2017,null,null,"Nimbus 2 M (bez vody)","NB",{"$f":"VLOOKUP(A654,Pilot,5,0)","v":"M"},{"$f":"IF(ISERROR(VLOOKUP(A654,Pilot,6,0)),\"Není v databázi\",VLOOKUP(A654,Pilot,6,0))","v":""}]
["Timo Jakl",null,"AK Pivo","DE","16. HOP 2017 - Kombi","CZ",2,2509,2535,0.6,{"$f":"ROUND(H655/I655*10000*0.7+(MAX($G$654:$G$666)-G655)/(MAX($G$654:$G$666)-1)*10000*0.3,0)","v":9678},{"$f":"ROUND(J655*K655,0)","v":5807},2017,null,null,"ASW 22B/25m (bez vody)","IGJ","M","Není v databázi"]
["Martin Koci",1975,{"$f":"VLOOKUP(A656,Pilot,3,0)","v":"Ústí nad Orlicí"},{"$f":"VLOOKUP(A656,Pilot,4,0)","v":"CZ/C2"},"16. HOP 2017 - Kombi","CZ",3,2097,2535,{"$f":"VLOOKUP(E656,Soutez,8,0)","v":0.6},8291,4975,2017,"x",null,"Ventus c /17,6m (voda)","XE",{"$f":"VLOOKUP(A656,Pilot,5,0)","v":"M"},""]
["Jan Rott",1962,{"$f":"VLOOKUP(A657,Pilot,3,0)","v":"Plasy"},{"$f":"VLOOKUP(A657,Pilot,4,0)","v":"CZ/C1"},"16. HOP 2017 - Kombi","CZ",4,2006,2535,0.6,7789,4673,2017,"x",null,"Nimbus 2 b (bez vody)","WM",{"$f":"VLOOKUP(A657,Pilot,5,0)","v":"M"},""]
["Michal Maly",1982,{"$f":"VLOOKUP(A658,Pilot,3,0)","v":"Broumov"},{"$f":"VLOOKUP(A658,Pilot,4,0)","v":"CZ/C2"},"16. HOP 2017 - Kombi","CZ",5,1947,2535,0.6,7376,4426,2017,"x",null,"ASW 20 (A)+F/ 15 m WL (voda)","WL",{"$f":"VLOOKUP(A658,Pilot,5,0)","v":"M"},""]
["Vaclav Kult",1973,{"$f":"VLOOKUP(A659,Pilot,3,0)","v":"Broumov"},{"$f":"VLOOKUP(A659,Pilot,4,0)","v":"CZ/C2"},"16. HOP 2017 - Kombi","CZ",6,1684,2535,0.6,6400,3840,2017,null,null,"Nimbus 2 b (voda)","VK",{"$f":"VLOOKUP(A659,Pilot,5,0)","v":"M"},""]
["Miroslav + Josef Plechac",null,"Hronov","CZ","16. HOP 2017 - Kombi","CZ",7,1587,2535,0.6,5882,3529,2017,null,null,"Nimbus 2 (voda)","SP","M","Není v databázi"]
["Petr Fisar",1974,{"$f":"VLOOKUP(A661,Pilot,3,0)","v":"Ústí nad Orlicí"},{"$f":"VLOOKUP(A661,Pilot,4,0)","v":"CZ/C2"},"16. HOP 2017 - Kombi","CZ",8,1585,2535,0.6,5627,3376,2017,"x",null,"Mosquito","PF",{"$f":"VLOOKUP(A661,Pilot,5,0)","v":"M"},""]
["Jiri Jakl",null,"AK Pivo","DE","16. HOP 2017 - Kombi","CZ",9,1549,2535,0.6,5277,3166,2017,null,null,"Janus b (bez vody)","GJ","M","Není v databázi"]
["Carsten Tietz",{"$f":"VLOOKUP(A663,Pilot,2,0)","v":1966},{"$f":"VLOOKUP(A663,Pilot,3,0)","v":"Hronov"},{"$f":"VLOOKUP(A663,Pilot,4,0)","v":"CZ/C2"},"16. HOP 2017 - Kombi","CZ",10,1467,2535,0.6,4801,2881,2017,"x",null,"Ventus 2cxm 18Meter (bez vody)","WE","M",""]
["Denny Bernsee",null,"AK Pivo","DE","16. HOP 2017 - Kombi","CZ",11,1447,2535,0.6,4496,2698,2017,null,null,"ASW 15 (bez vody)",14,"M","Není v databázi"]
["Miloslav Cindr",1974,{"$f":"VLOOKUP(A665,Pilot,3,0)","v":"Ústí nad Orlicí"},{"$f":"VLOOKUP(A665,Pilot,4,0)","v":"CZ/C2"},"16. HOP 2017 - Kombi","CZ",12,1044,2535,0.6,3133,1880,2017,"x",null,"Speed Astir II b (bez vody)","XM",{"$f":"VLOOKUP(A665,Pilot,5,0)","v":"M"},""]
["Jan Cerveny",1984,{"$f":"VLOOKUP(A666,Pilot,3,0)","v":"Jaroměř"},{"$f":"VLOOKUP(A666,Pilot,4,0)","v":"CZ/C2"},"16. HOP 2017 - Kombi","CZ",13,176,2535,0.6,{"$f":"ROUND(H666/I666*10000*0.7+(MAX($G$654:$G$666)-G666)/(MAX($G$654:$G$666)-1)*10000*0.3,0)","v":486},{"$f":"ROUND(J666*K666,0)","v":292},2017,"x",null,"LS 3a (bez vody)","EI",{"$f":"VLOOKUP(A666,Pilot,5,0)","v":"M"},""]
["Michal Kratochvil",1984,{"$f":"VLOOKUP(A667,Pilot,3,0)","v":"Slaný"},{"$f":"VLOOKUP(A667,Pilot,4,0)","v":"CZ/C1"},"GGP MB 2017 - Gradient GP","CZ",1,14,14,0,{"$f":"ROUND((MAX($G$667:$G$672)-G667)/(MAX($G$667:$G$672)-1)*10000,0)","v":10000},{"$f":"ROUND(J667*K667,0)","v":0},2017,null,null,"VSO-10",56,{"$f":"VLOOKUP(A667,Pilot,5,0)","v":"M"},{"$f":"IF(ISERROR(VLOOKUP(A667,Pilot,6,0)),\"Není v databázi\",VLOOKUP(A667,Pilot,6,0))","v":""}]
["Petr Valenta 94",1994,"Kunovice","CZ/M","GGP MB 2017 - Gradient GP","CZ",2,7,14,0,8000,0,2017,null,null,"VSO-10",94,"M",""]
["Libor Bednarik",{"$f":"VLOOKUP(A669,Pilot,2,0)","v":1972},"Kunovice","CZ/M","GGP MB 2017 - Gradient GP","CZ",3,4,14,0,6000,0,2017,null,null,"VSO-10",65,"M",""]
["Ondrej Dvorak 98",1998,"Mladá Boleslav","CZ/C1","GGP MB 2017 - Gradient GP","CZ",4,2,14,0,4000,0,2017,null,null,"VSO-10","C3","M","Junior v roce 2020"]
["Martin Vana",1979,"Mladá Boleslav","CZ/C1","GGP MB 2017 - Gradient GP","CZ",4,2,14,0,4000,0,2017,null,null,"VSO-10 C","C9","M",""]
["Martin Markl",1960,"Kolín","CZ/C1","GGP MB 2017 - Gradient GP","CZ",6,1,14,0,0,0,2017,null,null,"VSO-10",73,"M",""]
["Leos Strnadek",1983,{"$f":"VLOOKUP(A673,Pilot,3,0)","v":"Hodkovice"},{"$f":"VLOOKUP(A673,Pilot,4,0)","v":"CZ/C2"},"GGP MB 2017 - Klub GP","CZ",1,9,9,0,{"$f":"ROUND((MAX($G$673:$G$678)-G673)/(MAX($G$673:$G$678)-1)*10000,0)","v":10000},{"$f":"ROUND(J673*K673,0)","v":0},2017,null,null,"ASW 19 b","XZ",{"$f":"VLOOKUP(A673,Pilot,5,0)","v":"M"},{"$f":"IF(ISERROR(VLOOKUP(A673,Pilot,6,0)),\"Není v databázi\",VLOOKUP(A673,Pilot,6,0))","v":""}]
["Linda Vasatova",1990,"Mladá Boleslav","CZ/C1","GGP MB 2017 - Klub GP","CZ",2,8,9,0,8000,0,2017,null,null,"ASW 19","OI","F",""]
["Petr Lonsky",1965,"Toužim","CZ/C1","GGP MB 2017 - Klub GP","CZ",3,6,9,0,6000,0,2017,null,null,"Std. Cirrus WL","FD","M",""]
["Milada Moudra",1991,"Hodkovice","CZ/C2","GGP MB 2017 - Klub GP","CZ",4,4,9,0,4000,0,2017,null,null,"ASW 19","XP","F",""]
["Petr Gebauer",1999,"Mladá Boleslav","CZ/C1","GGP MB 2017 - Klub GP","CZ",4,4,9,0,4000,0,2017,null,null,"ASW 15","MB","M","Junior v roce 2020"]
["Karel Ertl",1939,"LK Břeclav","CZ/M","GGP MB 2017 - Klub GP","CZ",6,1,9,0,0,0,2017,null,null,"TST-10 Atlas M","KE","M",""]
["Jan Louda",1986,{"$f":"VLOOKUP(A679,Pilot,3,0)","v":"Mladá Boleslav"},{"$f":"VLOOKUP(A679,Pilot,4,0)","v":"CZ/C1"},"GGP MB 2017 - Pohár MV - Kombi","CZ",1,2442,2442,0.62,{"$f":"ROUND(H679/I679*10000*0.7+(MAX($G$679:$G$689)-G679)/(MAX($G$679:$G$689)-1)*10000*0.3,0)","v":10000},{"$f":"ROUND(J679*K679,0)","v":6200},2017,null,null,"Ventus b 16.6m WL","7E",{"$f":"VLOOKUP(A679,Pilot,5,0)","v":"M"},{"$f":"IF(ISERROR(VLOOKUP(A679,Pilot,6,0)),\"Není v databázi\",VLOOKUP(A679,Pilot,6,0))","v":""}]
["Karel Novak",1993,"Mladá Boleslav","CZ/C1","GGP MB 2017 - Pohár MV - Kombi","CZ",2,2114,2442,0.62,{"$f":"ROUND(H680/I680*10000*0.7+(MAX($G$679:$G$689)-G680)/(MAX($G$679:$G$689)-1)*10000*0.3,0)","v":8760},{"$f":"ROUND(J680*K680,0)","v":5431},2017,null,null,"LS 8-18m","FX","M",""]
["Jiri slemr",1979,"Vysoké Mýto","CZ/C2","GGP MB 2017 - Pohár MV - Kombi","CZ",3,2061,2442,0.62,8308,5151,2017,null,null,"Discus CS",65,"M",""]
["Martin Soucek",1975,"Mladá Boleslav","CZ/C1","GGP MB 2017 - Pohár MV - Kombi","CZ",4,2056,2442,0.62,7994,4956,2017,"x",null,"DG 200/17","MS","M",""]
["Jan smaha",1958,"Česká Lípa","CZ/C2","GGP MB 2017 - Pohár MV - Kombi","CZ",5,1900,2442,0.62,7246,4493,2017,null,null,"ASW 15b","CW","M",""]
["Jan Dersak 69",1969,"Kralupy","CZ/C1","GGP MB 2017 - Pohár MV - Kombi","CZ",6,1881,2442,0.62,6892,4273,2017,null,null,"HPH 304 cz 17,4m","DJ","M",""]
["Frantisek Filandr",1956,"Most","CZ/C2","GGP MB 2017 - Pohár MV - Kombi","CZ",7,1581,2442,0.62,5732,3554,2017,null,null,"Std. Cirrus","FF","M",""]
["Josef Rydl",1940,"Turnov","CZ/C2","GGP MB 2017 - Pohár MV - Kombi","CZ",8,1549,2442,0.62,5340,3311,2017,"x",null,"Discus b","TD","M",""]
["Petra Diepoldova",1978,"Vysoké Mýto","CZ/C2","GGP MB 2017 - Pohár MV - Kombi","CZ",9,1154,2442,0.62,3908,2423,2017,null,null,"ASW 15b","TX","F",""]
["Jan Zezula",1979,"Letňany","CZ/C1","GGP MB 2017 - Pohár MV - Kombi","CZ",10,843,2442,0.62,2716,1684,2017,null,null,"ASW 19 b","IHD","M",""]
["David Londa",1973,"Mladá Boleslav","CZ/C1","GGP MB 2017 - Pohár MV - Kombi","CZ",11,639,2442,0.62,{"$f":"ROUND(H689/I689*10000*0.7+(MAX($G$679:$G$689)-G689)/(MAX($G$679:$G$689)-1)*10000*0.3,0)","v":1832},{"$f":"ROUND(J689*K689,0)","v":1136},2017,"x",null,"ASW 19 b","AH","M",""]
["Gerrit Feige",null,null,null,"Pribina Cup 2017 - Klub","SK",1,2888,2888,0.94000000000000006,{"$f":"ROUND(H690/I690*10000*0.7+(MAX($G$690:$G$734)-G690)/(MAX($G$690:$G$734)-1)*10000*0.3,0)","v":10000},{"$f":"ROUND(J690*K690,0)","v":9400},2017,null,null,"Std. Libelle","4F","M",{"$f":"IF(ISERROR(VLOOKUP(A690,Pilot,6,0)),\"Není v databázi\",VLOOKUP(A690,Pilot,6,0))","v":"Není v databázi"}]
["Stefan Langer",null,null,null,"Pribina Cup 2017 - Klub","SK",2,2881,2888,0.94000000000000006,{"$f":"ROUND(H691/I691*10000*0.7+(MAX($G$690:$G$734)-G691)/(MAX($G$690:$G$734)-1)*10000*0.3,0)","v":9915},{"$f":"ROUND(J691*K691,0)","v":9320},2017,null,null,"Std. Libelle","SL","M","Není v databázi"]
["Gunnar Axelsson",null,null,null,"Pribina Cup 2017 - Klub","SK",3,2813,2888,0.94000000000000006,9682,9101,2017,null,null,"Std. Cirrus","XII","M","Není v databázi"]
["Jan Pavlik",{"$f":"VLOOKUP(A693,Pilot,2,0)","v":1987},{"$f":"VLOOKUP(A693,Pilot,3,0)","v":"Křižanov"},{"$f":"VLOOKUP(A693,Pilot,4,0)","v":"CZ/M"},"Pribina Cup 2017 - Klub","SK",4,2739,2888,0.94000000000000006,9434,8868,2017,null,null,"Std. Cirrus","ICQ",{"$f":"VLOOKUP(A693,Pilot,5,0)","v":"M"},""]
["Michal Lesinger",{"$f":"VLOOKUP(A694,Pilot,2,0)","v":1966},{"$f":"VLOOKUP(A694,Pilot,3,0)","v":"Moravská Třebová"},{"$f":"VLOOKUP(A694,Pilot,4,0)","v":"CZ/M"},"Pribina Cup 2017 - Klub","SK",5,2685,2888,0.94000000000000006,9235,8681,2017,null,null,"ASW 19","LLI",{"$f":"VLOOKUP(A694,Pilot,5,0)","v":"M"},""]
["Zbigniew Górecki",null,null,null,"Pribina Cup 2017 - Klub","SK",6,2630,2888,0.94000000000000006,9034,8492,2017,null,null,"LS 1f","C","M","Není v databázi"]
["Stefano Ghiorzo",null,null,null,"Pribina Cup 2017 - Klub","SK",7,2623,2888,0.94000000000000006,8949,8412,2017,null,null,"Silent 2","ER","M","Není v databázi"]
["Julia Wanninger",null,null,null,"Pribina Cup 2017 - Klub","SK",8,2607,2888,0.94000000000000006,8842,8311,2017,null,null,"LS 1f","W","M","Není v databázi"]
["Artur Lonczuk",null,null,null,"Pribina Cup 2017 - Klub","SK",9,2604,2888,0.94000000000000006,8766,8240,2017,null,null,"Jantar Std.","AL","M","Není v databázi"]
["Michal Lewczuk",null,null,null,"Pribina Cup 2017 - Klub","SK",10,2565,2888,0.94000000000000006,8603,8087,2017,null,null,"Jantar 3","IM","M","Není v databázi"]
["Jan Kovalcik",null,null,null,"Pribina Cup 2017 - Klub","SK",11,2559,2888,0.94000000000000006,8521,8010,2017,null,null,"Pegase C101","H5","M","Není v databázi"]
["Vytautas Sabeckis",null,null,null,"Pribina Cup 2017 - Klub","SK",12,2429,2888,0.94000000000000006,8137,7649,2017,null,null,"Jantar Std.","JM","M","Není v databázi"]
["Per Carlin",null,null,null,"Pribina Cup 2017 - Klub","SK",12,2429,2888,0.94000000000000006,8137,7649,2017,null,null,"LS 1f","G7","M","Není v databázi"]
["Marek Sawczuk",null,null,null,"Pribina Cup 2017 - Klub","SK",14,2404,2888,0.94000000000000006,7941,7465,2017,null,null,"Jantar 3","PT","M","Není v databázi"]
["Tim Milner",null,null,null,"Pribina Cup 2017 - Klub","SK",15,2340,2888,0.94000000000000006,7717,7254,2017,null,null,"Std. Cirrus","VS","M","Není v databázi"]
["Jan Hertrich,",null,null,null,"Pribina Cup 2017 - Klub","SK",16,2310,2888,0.94000000000000006,7576,7121,2017,null,null,"LS 7","7J","M","Není v databázi"]
["Markus Uhlig",null,null,null,"Pribina Cup 2017 - Klub","SK",17,2297,2888,0.94000000000000006,7477,7028,2017,null,null,"Jantar 3","M4","M","Není v databázi"]
["Wojciech Wojtaczka",null,null,null,"Pribina Cup 2017 - Klub","SK",18,2276,2888,0.94000000000000006,7358,6917,2017,null,null,"Jantar 2","WR","M","Není v databázi"]
["Simon Gantner",null,null,null,"Pribina Cup 2017 - Klub","SK",19,2254,2888,0.94000000000000006,7236,6802,2017,null,null,"LS 4","MN","M","Není v databázi"]
["Marek Bialy",null,null,null,"Pribina Cup 2017 - Klub","SK",20,2244,2888,0.94000000000000006,7144,6715,2017,null,null,"Jantar 3","WX","M","Není v databázi"]
["Jiri Fousek",{"$f":"VLOOKUP(A710,Pilot,2,0)","v":1990},{"$f":"VLOOKUP(A710,Pilot,3,0)","v":"Raná"},{"$f":"VLOOKUP(A710,Pilot,4,0)","v":"CZ/C2"},"Pribina Cup 2017 - Klub","SK",21,2215,2888,0.94000000000000006,7005,6585,2017,null,null,"Std. Cirrus","LW",{"$f":"VLOOKUP(A710,Pilot,5,0)","v":"M"},""]
["Milan Surovcik",null,null,null,"Pribina Cup 2017 - Klub","SK",22,2182,2888,0.94000000000000006,6857,6446,2017,null,null,"Std. Cirrus","GL","M","Není v databázi"]
["Martin Jurovic",null,null,null,"Pribina Cup 2017 - Klub","SK",23,2177,2888,0.94000000000000006,6777,6370,2017,null,null,"Pegase C101","J2","M","Není v databázi"]
["Ales Fink",null,null,null,"Pribina Cup 2017 - Klub","SK",24,2159,2888,0.94000000000000006,6665,6265,2017,null,null,"DG 300","KO","M","Není v databázi"]
["Mark Travner",null,null,null,"Pribina Cup 2017 - Klub","SK",25,2158,2888,0.94000000000000006,6594,6198,2017,null,null,"DG 300","CE","M","Není v databázi"]
["Jernej Lokovsek",null,null,null,"Pribina Cup 2017 - Klub","SK",26,2115,2888,0.94000000000000006,6422,6037,2017,null,null,"Discus","NL","M","Není v databázi"]
["Ivan Novak",{"$f":"VLOOKUP(A716,Pilot,2,0)","v":1962},{"$f":"VLOOKUP(A716,Pilot,3,0)","v":"Mladá Boleslav"},{"$f":"VLOOKUP(A716,Pilot,4,0)","v":"CZ/C1"},"Pribina Cup 2017 - Klub","SK",27,2111,2888,0.94000000000000006,6344,5963,2017,null,null,"Std. Cirrus","DII",{"$f":"VLOOKUP(A716,Pilot,5,0)","v":"M"},""]
["Martin Picka",{"$f":"VLOOKUP(A717,Pilot,2,0)","v":1974},{"$f":"VLOOKUP(A717,Pilot,3,0)","v":"Tábor"},{"$f":"VLOOKUP(A717,Pilot,4,0)","v":"CZ/C1"},"Pribina Cup 2017 - Klub","SK",28,2102,2888,0.94000000000000006,6254,5879,2017,null,null,"ASW 19","BU",{"$f":"VLOOKUP(A717,Pilot,5,0)","v":"M"},""]
["Pawel Glowacki",null,null,null,"Pribina Cup 2017 - Klub","SK",29,2092,2888,0.94000000000000006,6162,5792,2017,null,null,"Pegase C101","J7","M","Není v databázi"]
["Bernard Jakubowski",null,null,null,"Pribina Cup 2017 - Klub","SK",30,1984,2888,0.94000000000000006,5832,5482,2017,null,null,"Jantar 3","F1","M","Není v databázi"]
["Anna Bordovska",{"$f":"VLOOKUP(A720,Pilot,2,0)","v":1989},{"$f":"VLOOKUP(A720,Pilot,3,0)","v":"Mladá Boleslav"},{"$f":"VLOOKUP(A720,Pilot,4,0)","v":"CZ/C1"},"Pribina Cup 2017 - Klub","SK",31,1929,2888,{"$f":"VLOOKUP(E720,Soutez,8,0)","v":0.94000000000000006},5630,5292,2017,null,null,"Std. Cirrus","BW",{"$f":"VLOOKUP(A720,Pilot,5,0)","v":"F"},""]
["Piotr Jaszczuk",null,null,null,"Pribina Cup 2017 - Klub","SK",32,1928,2888,0.94000000000000006,5559,5225,2017,null,null,"ASW 19","JAY","M","Není v databázi"]
["Gvidas Sabeckis",null,null,null,"Pribina Cup 2017 - Klub","SK",33,1910,2888,0.94000000000000006,5448,5121,2017,null,null,"Jantar 3","CI","M","Není v databázi"]
["Nico Jaegli",null,null,null,"Pribina Cup 2017 - Klub","SK",34,1782,2888,0.94000000000000006,5069,4765,2017,null,null,"LS 4","WG","M","Není v databázi"]
["Rudolf Schlesinger",null,null,null,"Pribina Cup 2017 - Klub","SK",35,1707,2888,0.94000000000000006,4819,4530,2017,null,null,"Silent 2","S2E","M","Není v databázi"]
["Jan Vavrin",{"$f":"VLOOKUP(A725,Pilot,2,0)","v":1987},{"$f":"VLOOKUP(A725,Pilot,3,0)","v":"Vysoké Mýto"},{"$f":"VLOOKUP(A725,Pilot,4,0)","v":"CZ/C2"},"Pribina Cup 2017 - Klub","SK",36,1616,2888,0.94000000000000006,4531,4259,2017,null,null,"ASW 15","IG",{"$f":"VLOOKUP(A725,Pilot,5,0)","v":"M"},""]
["Marcin Maludzinski",null,null,null,"Pribina Cup 2017 - Klub","SK",37,1520,2888,0.94000000000000006,4230,3976,2017,null,null,"Jantar 3","SO","M","Není v databázi"]
["Martynas Slizys",null,null,null,"Pribina Cup 2017 - Klub","SK",38,1497,2888,0.94000000000000006,4106,3860,2017,null,null,"Jantar Std.","NH","M","Není v databázi"]
["Krzysztof Figiel",null,null,null,"Pribina Cup 2017 - Klub","SK",39,1482,2888,0.94000000000000006,4001,3761,2017,null,null,"Jantar 2","ABI","M","Není v databázi"]
["Monika Bobula",null,null,null,"Pribina Cup 2017 - Klub","SK",40,1452,2888,0.94000000000000006,3860,3628,2017,null,null,"Brawo","BZI","F","Není v databázi"]
["Adam Bialy",null,null,null,"Pribina Cup 2017 - Klub","SK",41,1284,2888,0.94000000000000006,3385,3182,2017,null,null,"Jantar 3","W2","M","Není v databázi"]
["Ulrich Luta",null,null,null,"Pribina Cup 2017 - Klub","SK",42,978,2888,0.94000000000000006,2575,2421,2017,null,null,"LS 1d","XN","M","Není v databázi"]
["Gerhard Cieply",null,null,null,"Pribina Cup 2017 - Klub","SK",43,858,2888,0.94000000000000006,2216,2083,2017,null,null,"LS 1f","GC","M","Není v databázi"]
["Niko Golinski",null,null,null,"Pribina Cup 2017 - Klub","SK",44,840,2888,0.94000000000000006,2104,1978,2017,null,null,"Jantar 3","DW","M","Není v databázi"]
["Marek Pechanec",{"$f":"VLOOKUP(A734,Pilot,2,0)","v":1970},{"$f":"VLOOKUP(A734,Pilot,3,0)","v":"Luhačovice"},{"$f":"VLOOKUP(A734,Pilot,4,0)","v":"CZ/M"},"Pribina Cup 2017 - Klub","SK",45,219,2888,0.94000000000000006,{"$f":"ROUND(H734/I734*10000*0.7+(MAX($G$690:$G$734)-G734)/(MAX($G$690:$G$734)-1)*10000*0.3,0)","v":531},{"$f":"ROUND(J734*K734,0)","v":499},2017,null,null,"Std. Cirrus","SJ",{"$f":"VLOOKUP(A734,Pilot,5,0)","v":"M"},""]
["Simon Schröder",null,null,null,"Pribina Cup 2017 - Kombi 15m","SK",1,3112,3112,0.94500000000000006,{"$f":"ROUND(H735/I735*10000*0.7+(MAX($G$735:$G$768)-G735)/(MAX($G$735:$G$768)-1)*10000*0.3,0)","v":10000},{"$f":"ROUND(J735*K735,0)","v":9450},2017,null,null,"LS 8/15m","S2","M",{"$f":"IF(ISERROR(VLOOKUP(A735,Pilot,6,0)),\"Není v databázi\",VLOOKUP(A735,Pilot,6,0))","v":"Není v databázi"}]
["Dennis Huybreckx",null,null,null,"Pribina Cup 2017 - Kombi 15m","SK",2,3039,3112,0.94500000000000006,{"$f":"ROUND(H736/I736*10000*0.7+(MAX($G$735:$G$768)-G736)/(MAX($G$735:$G$768)-1)*10000*0.3,0)","v":9745},{"$f":"ROUND(J736*K736,0)","v":9209},2017,null,null,"LS 8/15m","CM","M","Není v databázi"]
["Jeroen Jennen",null,null,null,"Pribina Cup 2017 - Kombi 15m","SK",3,3024,3112,0.94500000000000006,9620,9091,2017,null,null,"LS 8/15m","LT","M","Není v databázi"]
["David Mach",{"$f":"VLOOKUP(A738,Pilot,2,0)","v":1994},{"$f":"VLOOKUP(A738,Pilot,3,0)","v":"Hronov"},{"$f":"VLOOKUP(A738,Pilot,4,0)","v":"CZ/C2"},"Pribina Cup 2017 - Kombi 15m","SK",4,2993,3112,0.94500000000000006,9460,8940,2017,null,null,"LS 8/15m","JB",{"$f":"VLOOKUP(A738,Pilot,5,0)","v":"M"},""]
["Bjorn Gintzel",null,null,null,"Pribina Cup 2017 - Kombi 15m","SK",5,2984,3112,0.94500000000000006,9348,8834,2017,null,null,"LS 8/15m","AR","M","Není v databázi"]
["Karsten Leucker",null,null,null,"Pribina Cup 2017 - Kombi 15m","SK",6,2923,3112,0.94500000000000006,9120,8618,2017,null,null,"Discus 2b","CX","M","Není v databázi"]
["Alexander Späth",null,null,null,"Pribina Cup 2017 - Kombi 15m","SK",7,2874,3112,0.94500000000000006,8919,8428,2017,null,null,"Ventus 2a","AS","M","Není v databázi"]
["Jef Kell",null,null,null,"Pribina Cup 2017 - Kombi 15m","SK",8,2858,3112,0.94500000000000006,8792,8308,2017,null,null,"Discus 2b","YU","M","Není v databázi"]
["Karel Novak",{"$f":"VLOOKUP(A743,Pilot,2,0)","v":1993},{"$f":"VLOOKUP(A743,Pilot,3,0)","v":"Mladá Boleslav"},{"$f":"VLOOKUP(A743,Pilot,4,0)","v":"CZ/C1"},"Pribina Cup 2017 - Kombi 15m","SK",9,2800,3112,0.94500000000000006,8571,8100,2017,null,null,"LS 8/15m","W8",{"$f":"VLOOKUP(A743,Pilot,5,0)","v":"M"},""]
["Franz Poch",null,null,null,"Pribina Cup 2017 - Kombi 15m","SK",10,2689,3112,0.94500000000000006,8230,7777,2017,null,null,"Discus 2b","BP","M","Není v databázi"]
["Jan Boruvka",{"$f":"VLOOKUP(A745,Pilot,2,0)","v":1984},{"$f":"VLOOKUP(A745,Pilot,3,0)","v":"Jičín"},{"$f":"VLOOKUP(A745,Pilot,4,0)","v":"CZ/C2"},"Pribina Cup 2017 - Kombi 15m","SK",11,2651,3112,0.94500000000000006,8054,7611,2017,null,null,"Ventus c","EG",{"$f":"VLOOKUP(A745,Pilot,5,0)","v":"M"},""]
["Jakub Pulawski",null,null,null,"Pribina Cup 2017 - Kombi 15m","SK",12,2542,3112,0.94500000000000006,7718,7294,2017,null,null,"Discus 2a","Y","M","Není v databázi"]
["Joris Vainius",null,null,null,"Pribina Cup 2017 - Kombi 15m","SK",13,2502,3112,0.94500000000000006,7537,7122,2017,null,null,"LS 8/15m","P2","M","Není v databázi"]
["Lukas Schmidt",null,null,null,"Pribina Cup 2017 - Kombi 15m","SK",14,2483,3112,0.94500000000000006,7403,6996,2017,null,null,"Discus 2c/15m","IYB","M","Není v databázi"]
["Dana Novakova",{"$f":"VLOOKUP(A749,Pilot,2,0)","v":1965},{"$f":"VLOOKUP(A749,Pilot,3,0)","v":"Mladá Boleslav"},{"$f":"VLOOKUP(A749,Pilot,4,0)","v":"CZ/C1"},"Pribina Cup 2017 - Kombi 15m","SK",15,2473,3112,0.94500000000000006,7290,6889,2017,null,null,"LS 8/15m","FX",{"$f":"VLOOKUP(A749,Pilot,5,0)","v":"F"},""]
["Piotr Jarysz",null,null,null,"Pribina Cup 2017 - Kombi 15m","SK",16,2467,3112,0.94500000000000006,7186,6791,2017,null,null,"LS 6a","BB","M","Není v databázi"]
["Radek Krejcirik",{"$f":"VLOOKUP(A751,Pilot,2,0)","v":1991},{"$f":"VLOOKUP(A751,Pilot,3,0)","v":"Hranice"},{"$f":"VLOOKUP(A751,Pilot,4,0)","v":"CZ/M"},"Pribina Cup 2017 - Kombi 15m","SK",17,2394,3112,0.94500000000000006,6930,6549,2017,null,null,"Ventus 2a","FAX",{"$f":"VLOOKUP(A751,Pilot,5,0)","v":"M"},""]
["Witold Czarnik",null,null,null,"Pribina Cup 2017 - Kombi 15m","SK",18,2353,3112,0.94500000000000006,6747,6376,2017,null,null,"Ventus 2b","VI","M","Není v databázi"]
["Hana Treslova",{"$f":"VLOOKUP(A753,Pilot,2,0)","v":1991},{"$f":"VLOOKUP(A753,Pilot,3,0)","v":"Raná"},{"$f":"VLOOKUP(A753,Pilot,4,0)","v":"CZ/C2"},"Pribina Cup 2017 - Kombi 15m","SK",19,2296,3112,0.94500000000000006,6528,6169,2017,null,null,"Discus 2a","GX",{"$f":"VLOOKUP(A753,Pilot,5,0)","v":"F"},""]
["Hans Buhlmann",null,null,null,"Pribina Cup 2017 - Kombi 15m","SK",20,2199,3112,0.94500000000000006,6219,5877,2017,null,null,"LS 8/15m","NF","M","Není v databázi"]
["Sorin Lingureanu",null,null,null,"Pribina Cup 2017 - Kombi 15m","SK",21,2150,3112,0.94500000000000006,6018,5687,2017,null,null,"Ventus 2c/15m","ZR","M","Není v databázi"]
["Ambrus Vancso",null,null,null,"Pribina Cup 2017 - Kombi 15m","SK",22,2092,3112,0.94500000000000006,5797,5478,2017,null,null,"Ventus bt/15m","PB","M","Není v databázi"]
["Mogens Hoelgaard",null,null,null,"Pribina Cup 2017 - Kombi 15m","SK",23,2017,3112,0.94500000000000006,5537,5232,2017,null,null,"Discus 2a","AX","M","Není v databázi"]
["Aude Grangeray",null,null,null,"Pribina Cup 2017 - Kombi 15m","SK",24,2014,3112,0.94500000000000006,5439,5140,2017,null,null,"Discus 2a","ET","M","Není v databázi"]
["Daniel Arday",null,null,null,"Pribina Cup 2017 - Kombi 15m","SK",25,2003,3112,0.94500000000000006,5324,5031,2017,null,null,"Discus 2a","HAL","M","Není v databázi"]
["Tim Huybreckx",null,null,null,"Pribina Cup 2017 - Kombi 15m","SK",26,1933,3112,0.94500000000000006,5075,4796,2017,null,null,"Discus 2b","TH","M","Není v databázi"]
["Magali Decachard",null,null,null,"Pribina Cup 2017 - Kombi 15m","SK",27,1906,3112,0.94500000000000006,4924,4653,2017,null,null,"Discus 2a","CFM1","M","Není v databázi"]
["Attila Korom",null,null,null,"Pribina Cup 2017 - Kombi 15m","SK",28,1714,3112,0.94500000000000006,4401,4159,2017,null,null,"ASW 20/15m","MC","M","Není v databázi"]
["Istvan Reti",null,null,null,"Pribina Cup 2017 - Kombi 15m","SK",29,1698,3112,0.94500000000000006,4274,4039,2017,null,null,"Ventus 2a","IR","M","Není v databázi"]
["Daniela Wilden",null,null,null,"Pribina Cup 2017 - Kombi 15m","SK",30,1630,3112,0.94500000000000006,4030,3808,2017,null,null,"LS 8/15m","N6","F","Není v databázi"]
["Pascal Brunner",null,null,null,"Pribina Cup 2017 - Kombi 15m","SK",31,1627,3112,0.94500000000000006,3932,3716,2017,null,null,"Discus 2b","ST","M","Není v databázi"]
["Tizian Steiger",null,null,null,"Pribina Cup 2017 - Kombi 15m","SK",32,1365,3112,0.94500000000000006,3252,3073,2017,null,null,"Discus 2b","B2","M","Není v databázi"]
["Mike Hurlimann",null,null,null,"Pribina Cup 2017 - Kombi 15m","SK",33,962,3112,0.94500000000000006,2255,2131,2017,null,null,"Discus 2b","9S","M","Není v databázi"]
["Philip Joens",null,null,null,"Pribina Cup 2017 - Kombi 15m","SK",34,942,3112,0.94500000000000006,{"$f":"ROUND(H768/I768*10000*0.7+(MAX($G$735:$G$768)-G768)/(MAX($G$735:$G$768)-1)*10000*0.3,0)","v":2119},{"$f":"ROUND(J768*K768,0)","v":2002},2017,null,null,"LS 7","AP","M","Není v databázi"]
["Roman Mracek",{"$f":"VLOOKUP(A769,Pilot,2,0)","v":1980},{"$f":"VLOOKUP(A769,Pilot,3,0)","v":"Letkov"},{"$f":"VLOOKUP(A769,Pilot,4,0)","v":"CZ/C1"},"Pribina Cup 2017 - Kombi Open","SK",1,3003,3003,0.97499999999999998,{"$f":"ROUND(H769/I769*10000*0.7+(MAX($G$769:$G$800)-G769)/(MAX($G$769:$G$800)-1)*10000*0.3,0)","v":10000},{"$f":"ROUND(J769*K769,0)","v":9750},2017,null,null,"ASG 29/18m","QX",{"$f":"VLOOKUP(A769,Pilot,5,0)","v":"M"},{"$f":"IF(ISERROR(VLOOKUP(A769,Pilot,6,0)),\"Není v databázi\",VLOOKUP(A769,Pilot,6,0))","v":""}]
["Bert Schmelzer",null,null,null,"Pribina Cup 2017 - Kombi Open","SK",2,2940,3003,0.97499999999999998,{"$f":"ROUND(H770/I770*10000*0.7+(MAX($G$769:$G$800)-G770)/(MAX($G$769:$G$800)-1)*10000*0.3,0)","v":9756},{"$f":"ROUND(J770*K770,0)","v":9512},2017,null,null,"ASG 29/18m","F2","M","Není v databázi"]
["Robin Sittmann",null,null,null,"Pribina Cup 2017 - Kombi Open","SK",3,2922,3003,0.97499999999999998,9618,9378,2017,null,null,"Discus 2c/18m","MA","M","Není v databázi"]
["Maximilian Schäfer",null,null,null,"Pribina Cup 2017 - Kombi Open","SK",4,2884,3003,0.97499999999999998,9432,9196,2017,null,null,"Quintus/23m","V","M","Není v databázi"]
["Petr Krejcirik",{"$f":"VLOOKUP(A773,Pilot,2,0)","v":1960},{"$f":"VLOOKUP(A773,Pilot,3,0)","v":"Hranice"},{"$f":"VLOOKUP(A773,Pilot,4,0)","v":"CZ/M"},"Pribina Cup 2017 - Kombi Open","SK",5,2735,3003,0.97499999999999998,8988,8763,2017,null,null,"ASW 22BL","RX",{"$f":"VLOOKUP(A773,Pilot,5,0)","v":"M"},""]
["Heimo Demmerer",null,null,null,"Pribina Cup 2017 - Kombi Open","SK",6,2725,3003,0.97499999999999998,8868,8646,2017,null,null,"Ventus 2cM/18m","OD","M","Není v databázi"]
["Bostjan Pristavec",null,null,null,"Pribina Cup 2017 - Kombi Open","SK",7,2628,3003,0.97499999999999998,8545,8331,2017,null,null,"EB 28 edition",7,"M","Není v databázi"]
["Florian Heilmann,",null,null,null,"Pribina Cup 2017 - Kombi Open","SK",8,2596,3003,0.97499999999999998,8374,8165,2017,null,null,"Nimbus 4","EP","M","Není v databázi"]
["Zdislaw Bednarczuk",null,null,null,"Pribina Cup 2017 - Kombi Open","SK",9,2562,3003,0.97499999999999998,8198,7993,2017,null,null,"ASG 29/18m","ZB","M","Není v databázi"]
["Sven Kolb",null,null,null,"Pribina Cup 2017 - Kombi Open","SK",10,2556,3003,0.97499999999999998,8087,7885,2017,null,null,"Antares/20m","ZF","M","Není v databázi"]
["Anton Sibanc",null,null,null,"Pribina Cup 2017 - Kombi Open","SK",11,2521,3003,0.97499999999999998,7909,7711,2017,null,null,"Discus 2c/18m","CH","M","Není v databázi"]
["Adam Czeladzki",null,null,null,"Pribina Cup 2017 - Kombi Open","SK",12,2495,3003,0.97499999999999998,7751,7557,2017,null,null,"JS 1/21m","GOL","M","Není v databázi"]
["Werner Danz",null,null,null,"Pribina Cup 2017 - Kombi Open","SK",13,2446,3003,0.97499999999999998,7540,7352,2017,null,null,"Antares/18m","BT","M","Není v databázi"]
["Mark Käppeli",null,null,null,"Pribina Cup 2017 - Kombi Open","SK",14,2408,3003,0.97499999999999998,7355,7171,2017,null,null,"Nimbus 4D","XXL","M","Není v databázi"]
["Andreas Sandhöfner",null,null,null,"Pribina Cup 2017 - Kombi Open","SK",15,2403,3003,0.97499999999999998,7247,7066,2017,null,null,"ASG 29/18m","AY","M","Není v databázi"]
["Bernhard Leitner",null,null,null,"Pribina Cup 2017 - Kombi Open","SK",16,2378,3003,{"$f":"VLOOKUP(E784,Soutez,8,0)","v":0.97499999999999998},7092,6915,2017,null,null,"Ventus 2cM/18m","LV","M","Není v databázi"]
["Rene Schoenmann",null,null,null,"Pribina Cup 2017 - Kombi Open","SK",17,2360,3003,0.97499999999999998,6953,6779,2017,null,null,"JS 1/21m","RS","M","Není v databázi"]
["Rainer Cronjaeger",null,null,null,"Pribina Cup 2017 - Kombi Open","SK",18,2253,3003,0.97499999999999998,6607,6442,2017,null,null,"ASH 31 Mi/18m","I","M","Není v databázi"]
["Mathias Muench",null,null,null,"Pribina Cup 2017 - Kombi Open","SK",19,2224,3003,0.97499999999999998,6442,6281,2017,null,null,"DG 800/18m","MU","M","Není v databázi"]
["Henning Kjersgaard Nielsen",null,null,null,"Pribina Cup 2017 - Kombi Open","SK",20,2179,3003,0.97499999999999998,6241,6085,2017,null,null,"Ventus 2c/18m","T","M","Není v databázi"]
["Martin Fürjes",null,null,null,"Pribina Cup 2017 - Kombi Open","SK",21,2138,3003,0.97499999999999998,6048,5897,2017,null,null,"LS 10/18m",10,"M","Není v databázi"]
["Wolfert Voet",null,null,null,"Pribina Cup 2017 - Kombi Open","SK",22,2004,3003,0.97499999999999998,5639,5498,2017,null,null,"Ventus 2cT/18m","7L","M","Není v databázi"]
["Jana Treslova",{"$f":"VLOOKUP(A791,Pilot,2,0)","v":1963},{"$f":"VLOOKUP(A791,Pilot,3,0)","v":"Raná"},{"$f":"VLOOKUP(A791,Pilot,4,0)","v":"CZ/C2"},"Pribina Cup 2017 - Kombi Open","SK",23,1824,3003,0.97499999999999998,5123,4995,2017,null,null,"ASG 29/18m","QZ",{"$f":"VLOOKUP(A791,Pilot,5,0)","v":"F"},""]
["Egidio Babbi",null,null,null,"Pribina Cup 2017 - Kombi Open","SK",24,1763,3003,0.97499999999999998,4884,4762,2017,null,null,"ASG 29/18m","EB","M","Není v databázi"]
["Viliam Kubovcik",null,null,null,"Pribina Cup 2017 - Kombi Open","SK",25,1754,3003,0.97499999999999998,4766,4647,2017,null,null,"Ventus 2cxT/18m","VV","M","Není v databázi"]
["Jan Gevad",null,null,null,"Pribina Cup 2017 - Kombi Open","SK",26,1739,3003,0.97499999999999998,4634,4518,2017,null,null,"LAK 17A/18m","AT","M","Není v databázi"]
["Laszlo Kapuy",null,null,null,"Pribina Cup 2017 - Kombi Open","SK",27,1475,3003,0.97499999999999998,3922,3824,2017,null,null,"Ventus 2cT/18m","GE","M","Není v databázi"]
["Uros Krasovic",null,null,null,"Pribina Cup 2017 - Kombi Open","SK",28,1437,3003,0.97499999999999998,3737,3644,2017,null,null,"ASG 29/18m","E3","M","Není v databázi"]
["Lukasz Wojcik",null,null,null,"Pribina Cup 2017 - Kombi Open","SK",29,1335,3003,0.97499999999999998,3402,3317,2017,null,null,"JS 1/21m","P","M","Není v databázi"]
["Ulrich Tenter",null,null,null,"Pribina Cup 2017 - Kombi Open","SK",30,1183,3003,0.97499999999999998,2951,2877,2017,null,null,"Discus 2C/18m","WZ","M","Není v databázi"]
["Marc Beckmann",null,null,null,"Pribina Cup 2017 - Kombi Open","SK",31,1120,3003,0.97499999999999998,2707,2639,2017,null,null,"Ventus 2cx 18m","WV","M","Není v databázi"]
["Carsten Rasmussen",null,null,null,"Pribina Cup 2017 - Kombi Open","SK",32,0,3003,0.97499999999999998,{"$f":"ROUND(H800/I800*10000*0.7+(MAX($G$769:$G$800)-G800)/(MAX($G$769:$G$800)-1)*10000*0.3,0)","v":0},{"$f":"ROUND(J800*K800,0)","v":0},2017,null,null,"DG 800/18m","D","M","Není v databázi"]
["Janowitsch & Koch",null,null,null,"Pribina Cup 2017 - Duo 20m","SK",1,3269,3269,0.90500000000000003,{"$f":"ROUND(H801/I801*10000*0.7+(MAX($G$801:$G$825)-G801)/(MAX($G$801:$G$825)-1)*10000*0.3,0)","v":10000},{"$f":"ROUND(J801*K801,0)","v":9050},2017,null,null,"Arcus",1,"M",{"$f":"IF(ISERROR(VLOOKUP(A801,Pilot,6,0)),\"Není v databázi\",VLOOKUP(A801,Pilot,6,0))","v":"Není v databázi"}]
["Scheffler & Triebel",null,null,null,"Pribina Cup 2017 - Duo 20m","SK",2,3168,3269,0.90500000000000003,{"$f":"ROUND(H802/I802*10000*0.7+(MAX($G$801:$G$825)-G802)/(MAX($G$801:$G$825)-1)*10000*0.3,0)","v":9659},{"$f":"ROUND(J802*K802,0)","v":8741},2017,null,null,"Arcus","SP","M","Není v databázi"]
["Kretzschmar & Gillessen",null,null,null,"Pribina Cup 2017 - Duo 20m","SK",3,3030,3269,0.90500000000000003,9238,8360,2017,null,null,"Arcus","BY","M","Není v databázi"]
["Akkermans & Vandebeeck",null,null,null,"Pribina Cup 2017 - Duo 20m","SK",4,2988,3269,0.90500000000000003,9023,8166,2017,null,null,"Arcus","ZZZ","M","Není v databázi"]
["Schwarz & Ditzel",null,null,null,"Pribina Cup 2017 - Duo 20m","SK",5,2771,3269,0.90500000000000003,8434,7633,2017,null,null,"Arcus","HLB","M","Není v databázi"]
["Holighaus & Godde",null,null,null,"Pribina Cup 2017 - Duo 20m","SK",6,2749,3269,0.90500000000000003,8262,7477,2017,null,null,"Arcus","ARC","M","Není v databázi"]
["de Boer & Reitsma",null,null,null,"Pribina Cup 2017 - Duo 20m","SK",7,2691,3269,0.90500000000000003,8012,7251,2017,null,null,"Duo Discus","2T","M","Není v databázi"]
["Levin & Levin",null,null,null,"Pribina Cup 2017 - Duo 20m","SK",8,2677,3269,0.90500000000000003,7857,7111,2017,null,null,"Duo Discus","H1","M","Není v databázi"]
["Klingspohn & Schramme",null,null,null,"Pribina Cup 2017 - Duo 20m","SK",9,2664,3269,0.90500000000000003,7704,6972,2017,null,null,"Arcus","GF","M","Není v databázi"]
["David Barth",null,null,null,"Pribina Cup 2017 - Duo 20m","SK",10,2656,3269,0.90500000000000003,7562,6844,2017,null,null,"Duo Discus","BL","M","Není v databázi"]
["Baumgartl & Krause",null,null,null,"Pribina Cup 2017 - Duo 20m","SK",11,2543,3269,0.90500000000000003,7195,6511,2017,null,null,"Arcus","LL","M","Není v databázi"]
["Tourula & Kankare",null,null,null,"Pribina Cup 2017 - Duo 20m","SK",12,2537,3269,0.90500000000000003,7058,6387,2017,null,null,"DG 1000/20m","NIT","M","Není v databázi"]
["Schulz & Naegel",null,null,null,"Pribina Cup 2017 - Duo 20m","SK",13,2400,3269,0.90500000000000003,6639,6008,2017,null,null,"Arcus","K2","M","Není v databázi"]
["Salej & Ranđelović",null,null,null,"Pribina Cup 2017 - Duo 20m","SK",14,2128,3269,0.90500000000000003,5932,5368,2017,null,null,"Duo Discus","CG","M","Není v databázi"]
["Härle & Hauenschild",null,null,null,"Pribina Cup 2017 - Duo 20m","SK",15,2073,3269,0.90500000000000003,5689,5149,2017,null,null,"Arcus","WA","M","Není v databázi"]
["Badaroux & Lantelme",null,null,null,"Pribina Cup 2017 - Duo 20m","SK",16,2052,3269,0.90500000000000003,5519,4995,2017,null,null,"Arcus",28,"M","Není v databázi"]
["Schwan & Hudler",null,null,null,"Pribina Cup 2017 - Duo 20m","SK",17,1995,3269,0.90500000000000003,5272,4771,2017,null,null,"Duo Discus","MM","M","Není v databázi"]
["Szabadfi & Toth",null,null,null,"Pribina Cup 2017 - Duo 20m","SK",18,1893,3269,0.90500000000000003,4929,4461,2017,null,null,"Arcus","AB","M","Není v databázi"]
["Karel Mares",{"$f":"VLOOKUP(A819,Pilot,2,0)","v":1974},{"$f":"VLOOKUP(A819,Pilot,3,0)","v":"Slaný"},{"$f":"VLOOKUP(A819,Pilot,4,0)","v":"CZ/C1"},"Pribina Cup 2017 - Duo 20m","SK",19,1854,3269,0.90500000000000003,4720,4272,2017,null,null,"Duo Discus","DD",{"$f":"VLOOKUP(A819,Pilot,5,0)","v":"M"},""]
["Prodorutti & Bardelli",null,null,null,"Pribina Cup 2017 - Duo 20m","SK",20,1850,3269,0.90500000000000003,4586,4150,2017,null,null,"Arcus","TWO","M","Není v databázi"]
["Leinikki & Haikonen",null,null,null,"Pribina Cup 2017 - Duo 20m","SK",21,1817,3269,0.90500000000000003,4391,3974,2017,null,null,"Arcus","KA","M","Není v databázi"]
["Corporaal & Corporaal",null,null,null,"Pribina Cup 2017 - Duo 20m","SK",22,1809,3269,0.90500000000000003,4249,3845,2017,null,null,"Duo Discus","WO","M","Není v databázi"]
["Cernezzi & Tassara",null,null,null,"Pribina Cup 2017 - Duo 20m","SK",23,1518,3269,0.90500000000000003,3501,3168,2017,null,null,"Arcus",61,"M","Není v databázi"]
["Schneeweis & Schneeweis",null,null,null,"Pribina Cup 2017 - Duo 20m","SK",24,1393,3269,0.90500000000000003,3108,2813,2017,null,null,"Duo Discus","L","M","Není v databázi"]
["Leding & Johansen",null,null,null,"Pribina Cup 2017 - Duo 20m","SK",25,1131,3269,0.90500000000000003,{"$f":"ROUND(H825/I825*10000*0.7+(MAX($G$801:$G$825)-G825)/(MAX($G$801:$G$825)-1)*10000*0.3,0)","v":2422},{"$f":"ROUND(J825*K825,0)","v":2192},2017,null,null,"Duo Discus","MF","M","Není v databázi"]
["Tim Milner",null,"Wolds gliding Club",null,"FCC 2017 - Klub","SK",1,3567,3567,0.93500000000000005,{"$f":"ROUND(H826/I826*10000*0.7+(MAX($G$826:$G$869)-G826)/(MAX($G$826:$G$869)-1)*10000*0.3,0)","v":10000},{"$f":"ROUND(J826*K826,0)","v":9350},2017,null,null,"Std. Cirrus","VS","M",{"$f":"IF(ISERROR(VLOOKUP(A826,Pilot,6,0)),\"Není v databázi\",VLOOKUP(A826,Pilot,6,0))","v":"Není v databázi"}]
["Gerrard G Dale",null,"Lasham and Glide Omarama",null,"FCC 2017 - Klub","SK",2,3432,3567,0.93500000000000005,{"$f":"ROUND(H827/I827*10000*0.7+(MAX($G$826:$G$869)-G827)/(MAX($G$826:$G$869)-1)*10000*0.3,0)","v":9664},{"$f":"ROUND(J827*K827,0)","v":9036},2017,null,null,"Libelle std",528,"M","Není v databázi"]
["Karol Pawlicki",null,"Stalowowolski",null,"FCC 2017 - Klub","SK",3,3125,3567,0.93500000000000005,8990,8406,2017,null,null,"Jantar Std 3","BK","M","Není v databázi"]
["Marek Pechanec",{"$f":"VLOOKUP(A829,Pilot,2,0)","v":1970},{"$f":"VLOOKUP(A829,Pilot,3,0)","v":"Luhačovice"},{"$f":"VLOOKUP(A829,Pilot,4,0)","v":"CZ/M"},"FCC 2017 - Klub","SK",4,3082,3567,0.93500000000000005,8834,8260,2017,"x",null,"Std. W","SJ",{"$f":"VLOOKUP(A829,Pilot,5,0)","v":"M"},""]
["Zdenek Balcarek",{"$f":"VLOOKUP(A830,Pilot,2,0)","v":1967},{"$f":"VLOOKUP(A830,Pilot,3,0)","v":"Kroměříž"},{"$f":"VLOOKUP(A830,Pilot,4,0)","v":"CZ/M"},"FCC 2017 - Klub","SK",5,2923,3567,0.93500000000000005,8450,7901,2017,null,null,"Std. Cirrus","ZL",{"$f":"VLOOKUP(A830,Pilot,5,0)","v":"M"},""]
["Andrzej Szczerba",null,"Leszcznski",null,"FCC 2017 - Klub","SK",6,2920,3567,0.93500000000000005,8373,7829,2017,null,null,"Jantar std 3","VZ","M","Není v databázi"]
["Krzysztof Sobiecki",null,"Bydgoski",null,"FCC 2017 - Klub","SK",7,2898,3567,0.93500000000000005,8259,7722,2017,null,null,"Jantar Std 2","UT","M","Není v databázi"]
["Daniel Smolka",null,"Prievidza",null,"FCC 2017 - Klub","SK",8,2817,3567,0.93500000000000005,8028,7506,2017,null,null,"ASW-20","EW","M","Není v databázi"]
["Petr Panek",{"$f":"VLOOKUP(A834,Pilot,2,0)","v":1975},{"$f":"VLOOKUP(A834,Pilot,3,0)","v":"Dvůr Králové"},{"$f":"VLOOKUP(A834,Pilot,4,0)","v":"CZ/C2"},"FCC 2017 - Klub","SK",9,2802,3567,0.93500000000000005,7927,7412,2017,null,null,"Std. Cirrus","YU",{"$f":"VLOOKUP(A834,Pilot,5,0)","v":"M"},""]
["Lukasz Grabowski",null,"GTKK",null,"FCC 2017 - Klub","SK",10,2743,3567,0.93500000000000005,7740,7237,2017,null,null,"ASW 19B","J1","M","Není v databázi"]
["Petra Piskata",{"$f":"VLOOKUP(A836,Pilot,2,0)","v":1989},{"$f":"VLOOKUP(A836,Pilot,3,0)","v":"Hranice"},{"$f":"VLOOKUP(A836,Pilot,4,0)","v":"CZ/M"},"FCC 2017 - Klub","SK",11,2734,3567,0.93500000000000005,7651,7154,2017,"x",null,"Std. Cirrus","XC",{"$f":"VLOOKUP(A836,Pilot,5,0)","v":"F"},""]
["Lumir Motyka",{"$f":"VLOOKUP(A837,Pilot,2,0)","v":1955},{"$f":"VLOOKUP(A837,Pilot,3,0)","v":"Frýdlant"},{"$f":"VLOOKUP(A837,Pilot,4,0)","v":"CZ/M"},"FCC 2017 - Klub","SK",12,2672,3567,0.93500000000000005,7458,6973,2017,"x",null,"LS-1f","EM",{"$f":"VLOOKUP(A837,Pilot,5,0)","v":"M"},""]
["Kamil Wojcik",null,"Wroclawek",null,"FCC 2017 - Klub","SK",13,2631,3567,0.93500000000000005,7306,6831,2017,null,null,"LS-4","WW","M","Není v databázi"]
["Darius Gudziunas",null,"Vilniaus Aeroklubas",null,"FCC 2017 - Klub","SK",14,2502,3567,0.93500000000000005,6981,6527,2017,null,null,"Jantar std. 2","NE","M","Není v databázi"]
["Piotr Ligwinski",null,"Czestochova",null,"FCC 2017 - Klub","SK",15,2417,3567,0.93500000000000005,6743,6305,2017,null,null,"Jantar Std 3","DA","M","Není v databázi"]
["Marek Grzegorzewicz",null,"CSS",null,"FCC 2017 - Klub","SK",16,2375,3567,0.93500000000000005,6589,6161,2017,null,null,"Jantar Std","MG","M","Není v databázi"]
["Milan Kmetovics",null,null,null,"FCC 2017 - Klub","SK",17,2348,3567,0.93500000000000005,6465,6045,2017,null,null,"LS3a","1A","M","Není v databázi"]
["Rafal Siankowski",null,"Radomski",null,"FCC 2017 - Klub","SK",18,2323,3567,0.93500000000000005,6344,5932,2017,null,null,"Jantar std 3","AA","M","Není v databázi"]
["Szekely Szilard",null,"Romania Airclub",null,"FCC 2017 - Klub","SK",19,2308,3567,0.93500000000000005,6244,5838,2017,null,null,"Jantar std. 1","YE","M","Není v databázi"]
["Benedikt & Homola",null,null,null,"FCC 2017 - Klub","SK",20,2294,3567,0.93500000000000005,6145,5746,2017,null,null,"Janus CMF","T","M","Není v databázi"]
["Frantisek Sobek",null,"Presov",null,"FCC 2017 - Klub","SK",21,2163,3567,0.93500000000000005,5816,5438,2017,null,null,"DG 100","G1","M","Není v databázi"]
["Stanislaw Wujczak",null,"Leszczyński",null,"FCC 2017 - Klub","SK",22,2126,3567,0.93500000000000005,5672,5303,2017,null,null,"Jantar Std 3","FSJ","M","Není v databázi"]
["Marek Herbreder",null,"Szcecin",null,"FCC 2017 - Klub","SK",23,2100,3567,{"$f":"VLOOKUP(E848,Soutez,8,0)","v":0.93500000000000005},5550,5189,2017,null,null,"SZD-55 Promyk","TK","M","Není v databázi"]
["Aleksandar Diklic",null,"Zrenjanin",null,"FCC 2017 - Klub","SK",24,2054,3567,0.93500000000000005,5388,5038,2017,null,null,"DG 100",30,"M","Není v databázi"]
["Juraj Sidor",null,"AK Holic",null,"FCC 2017 - Klub","SK",25,2011,3567,0.93500000000000005,5232,4892,2017,null,null,"Std. Cirrus","NM","M","Není v databázi"]
["Mariusz RACHWAL",null,"Aeroklub Ziemi Zamojskiej",null,"FCC 2017 - Klub","SK",26,1958,3567,0.93500000000000005,5057,4728,2017,null,null,"SZD-48","VII","M","Není v databázi"]
["Octavian Mihalcea",null,"Romanian Airclub",null,"FCC 2017 - Klub","SK",27,1955,3567,0.93500000000000005,4979,4655,2017,null,null,"Jantar Std 2","YC","M","Není v databázi"]
["Nico Le Roux",null,"Cape Gliding Club",null,"FCC 2017 - Klub","SK",28,1923,3567,0.93500000000000005,4845,4530,2017,null,null,"Jantar std 3","NN","M","Není v databázi"]
["Piotr Jaszczuk",null,"Aeroklub Orlat Deblin",null,"FCC 2017 - Klub","SK",29,1897,3567,0.93500000000000005,4723,4416,2017,null,null,"ASW 19B","JAY","M","Není v databázi"]
["Wojciech Izdebski",null,"Gdansk",null,"FCC 2017 - Klub","SK",30,1808,3567,0.93500000000000005,4477,4186,2017,null,null,"Jantar Std 3","SIG","M","Není v databázi"]
["Gonczi & Murati",null,null,null,"FCC 2017 - Klub","SK",31,1690,3567,0.93500000000000005,4174,3903,2017,null,null,"Janus C","DD","M","Není v databázi"]
["Andrius Tamulenas",null,"Vilnianus aeroklubas",null,"FCC 2017 - Klub","SK",32,1659,3567,0.93500000000000005,4041,3778,2017,null,null,"LS-4","IK","M","Není v databázi"]
["Tomas Smolski",null,"Radomski",null,"FCC 2017 - Klub","SK",33,1654,3567,0.93500000000000005,3960,3703,2017,null,null,"Jantar std 3","VY","M","Není v databázi"]
["Krzysztof Pienkowski",null,"Bielsko-Bialski",null,"FCC 2017 - Klub","SK",34,1643,3567,0.93500000000000005,3867,3616,2017,null,null,"ASW20F","BW","M","Není v databázi"]
["Arkadiusz Bajura",null,"Czestochowa",null,"FCC 2017 - Klub","SK",35,1597,3567,0.93500000000000005,3705,3464,2017,null,null,"Mini Nimbus C","CCI","M","Není v databázi"]
["Krzysztof Owsiany",null,"AZM Lubin",null,"FCC 2017 - Klub","SK",36,1383,3567,0.93500000000000005,3214,3005,2017,null,null,"Jantar std 3","CU","M","Není v databázi"]
["Michal Poplawski",null,"Aeroklub Pomorski",null,"FCC 2017 - Klub","SK",37,1255,3567,0.93500000000000005,2891,2703,2017,null,null,"Jantar Std 2","IF","M","Není v databázi"]
["Martin Sabla",null,"SNV",null,"FCC 2017 - Klub","SK",38,1074,3567,0.93500000000000005,2465,2305,2017,null,null,"Std. Cirrus","SA","M","Není v databázi"]
["Jerzy Mikolajczyk",null,"AZM Plock",null,"FCC 2017 - Klub","SK",39,950,3567,0.93500000000000005,2150,2010,2017,null,null,"DG 300","N5","M","Není v databázi"]
["Gerhard Cieply",null,"Aeroklub Leszczyński",null,"FCC 2017 - Klub","SK",40,478,3567,0.93500000000000005,1152,1077,2017,null,null,"LS1-f","GC","M","Není v databázi"]
["Drahomira Divokova",null,"SNV",null,"FCC 2017 - Klub","SK",41,353,3567,0.93500000000000005,836,782,2017,null,null,"Discus CS","3D","F","Není v databázi"]
["Ryszard Bendkowski",null,"Warszawa",null,"FCC 2017 - Klub","SK",42,348,3567,0.93500000000000005,754,705,2017,null,null,"Jantar std 2","Filip","M","Není v databázi"]
["Krzysztof Nowak",null,"Ziemi Jaroslawskiej",null,"FCC 2017 - Klub","SK",43,0,3567,0.93500000000000005,0,0,2017,null,null,"Jantar std 2","DZ","M","Není v databázi"]
["Mateusz Szymbara",null,"Rzesoszowski",null,"FCC 2017 - Klub","SK",43,0,3567,0.93500000000000005,{"$f":"ROUND(H869/I869*10000*0.7+(MAX($G$826:$G$869)-G869)/(MAX($G$826:$G$869)-1)*10000*0.3,0)","v":0},{"$f":"ROUND(J869*K869,0)","v":0},2017,null,null,"Jantar Std 2/3",null,"M","Není v databázi"]
["Przemysław Bartczak",null,"Czestochowa",null,"FCC 2017 - Kombi 15m","SK",1,3381,3381,0.93,{"$f":"ROUND(H870/I870*10000*0.7+(MAX($G$870:$G$901)-G870)/(MAX($G$870:$G$901)-1)*10000*0.3,0)","v":10000},{"$f":"ROUND(J870*K870,0)","v":9300},2017,null,null,"LS 8","A","M",{"$f":"IF(ISERROR(VLOOKUP(A870,Pilot,6,0)),\"Není v databázi\",VLOOKUP(A870,Pilot,6,0))","v":"Není v databázi"}]
["Norbert Alin Scarlat",null,"Romanian Airclub",null,"FCC 2017 - Kombi 15m","SK",2,3351,3381,0.93,{"$f":"ROUND(H871/I871*10000*0.7+(MAX($G$870:$G$901)-G871)/(MAX($G$870:$G$901)-1)*10000*0.3,0)","v":9841},{"$f":"ROUND(J871*K871,0)","v":9152},2017,null,null,"Discus 2a","YBI","M","Není v databázi"]
["Miloslav Cink",{"$f":"VLOOKUP(A872,Pilot,2,0)","v":1987},{"$f":"VLOOKUP(A872,Pilot,3,0)","v":"Letkov"},{"$f":"VLOOKUP(A872,Pilot,4,0)","v":"CZ/C1"},"FCC 2017 - Kombi 15m","SK",3,3341,3381,0.93,9724,9043,2017,null,null,"LS 8a","EU",{"$f":"VLOOKUP(A872,Pilot,5,0)","v":"M"},""]
["Jan Boruvka",{"$f":"VLOOKUP(A873,Pilot,2,0)","v":1984},{"$f":"VLOOKUP(A873,Pilot,3,0)","v":"Jičín"},{"$f":"VLOOKUP(A873,Pilot,4,0)","v":"CZ/C2"},"FCC 2017 - Kombi 15m","SK",4,3337,3381,0.93,9619,8946,2017,"x",null,"Ventus c 15m","EG",{"$f":"VLOOKUP(A873,Pilot,5,0)","v":"M"},""]
["Pavel Louzecky",{"$f":"VLOOKUP(A874,Pilot,2,0)","v":1957},{"$f":"VLOOKUP(A874,Pilot,3,0)","v":"Přibyslav"},{"$f":"VLOOKUP(A874,Pilot,4,0)","v":"CZ/C2"},"FCC 2017 - Kombi 15m","SK",5,3292,3381,0.93,9429,8769,2017,null,null,"LS 8a","AU",{"$f":"VLOOKUP(A874,Pilot,5,0)","v":"M"},""]
["Maros Divok",null,"SNV",null,"FCC 2017 - Kombi 15m","SK",6,3043,3381,0.93,8816,8199,2017,null,null,"Discus 2b","DI","M","Není v databázi"]
["David Mach",{"$f":"VLOOKUP(A876,Pilot,2,0)","v":1994},{"$f":"VLOOKUP(A876,Pilot,3,0)","v":"Hronov"},{"$f":"VLOOKUP(A876,Pilot,4,0)","v":"CZ/C2"},"FCC 2017 - Kombi 15m","SK",7,2975,3381,0.93,8579,7978,2017,null,null,"LS 8","JB",{"$f":"VLOOKUP(A876,Pilot,5,0)","v":"M"},""]
["Alex Pop",null,"Romanian Airclub",null,"FCC 2017 - Kombi 15m","SK",8,2877,3381,0.93,8279,7699,2017,null,null,"Discus 2a","YA","M","Není v databázi"]
["Thomas Hynek",null,"SNVFlugschule ASKÖ Wien",null,"FCC 2017 - Kombi 15m","SK",9,2852,3381,0.93,8131,7562,2017,null,null,"Ventus 2b","CC","M","Není v databázi"]
["Jan Viskot",{"$f":"VLOOKUP(A879,Pilot,2,0)","v":1995},{"$f":"VLOOKUP(A879,Pilot,3,0)","v":"Břeclav"},{"$f":"VLOOKUP(A879,Pilot,4,0)","v":"CZ/M"},"FCC 2017 - Kombi 15m","SK",10,2756,3381,0.93,7835,7287,2017,null,null,"Discus 2a","GX",{"$f":"VLOOKUP(A879,Pilot,5,0)","v":"M"},"Junior v roce 2020"]
["Dana Novakova",{"$f":"VLOOKUP(A880,Pilot,2,0)","v":1965},{"$f":"VLOOKUP(A880,Pilot,3,0)","v":"Mladá Boleslav"},{"$f":"VLOOKUP(A880,Pilot,4,0)","v":"CZ/C1"},"FCC 2017 - Kombi 15m","SK",11,2742,3381,0.93,7709,7169,2017,null,null,"LS 8","FX",{"$f":"VLOOKUP(A880,Pilot,5,0)","v":"F"},""]
["Tibor Arpas",null,"Nitra",null,"FCC 2017 - Kombi 15m","SK",12,2670,3381,0.93,7463,6941,2017,null,null,"LS 8","HM","M","Není v databázi"]
["Mikolaj Zdun",null,"Leszcynski",null,"FCC 2017 - Kombi 15m","SK",13,2484,3381,0.93,6982,6493,2017,null,null,"Ls 6a","VV","M","Není v databázi"]
["Judyta Czyż",null,"PL",null,"FCC 2017 - Kombi 15m","SK",14,2388,3381,0.93,6686,6218,2017,null,null,"Ls 8","LOT","F","Není v databázi"]
["Jakubcak & Sulirova",null,"Mlynica",null,"FCC 2017 - Kombi 15m","SK",15,2384,3381,0.93,6581,6120,2017,null,null,"DUO Discus XT","LM","M","Není v databázi"]
["Jana Veprekova",{"$f":"VLOOKUP(A885,Pilot,2,0)","v":1961},{"$f":"VLOOKUP(A885,Pilot,3,0)","v":"Dvůr Králové"},{"$f":"VLOOKUP(A885,Pilot,4,0)","v":"CZ/C2"},"FCC 2017 - Kombi 15m","SK",16,2371,3381,0.93,{"$f":"ROUND(H885/I885*10000*0.7+(MAX($G$870:$G$901)-G885)/(MAX($G$870:$G$901)-1)*10000*0.3,0)","v":6457},6005,2017,null,null,"LS 8","W8",{"$f":"VLOOKUP(A885,Pilot,5,0)","v":"F"},""]
["Jana Treslova",{"$f":"VLOOKUP(A886,Pilot,2,0)","v":1963},{"$f":"VLOOKUP(A886,Pilot,3,0)","v":"Raná"},{"$f":"VLOOKUP(A886,Pilot,4,0)","v":"CZ/C2"},"FCC 2017 - Kombi 15m","SK",17,2370,3381,0.93,6358,5913,2017,null,null,"ASG 29E 15 m","QZ",{"$f":"VLOOKUP(A886,Pilot,5,0)","v":"F"},""]
["Dariusz Czech",null,"Stalowowolski",null,"FCC 2017 - Kombi 15m","SK",18,2243,3381,0.93,5999,5579,2017,null,null,"LAK 19 15m","DC","M","Není v databázi"]
["Maciej Adamski",null,"Leszno",null,"FCC 2017 - Kombi 15m","SK",19,2157,3381,0.93,5724,5323,2017,null,null,"LAK 19T 15m","HMI","M","Není v databázi"]
["Slavomir Valecko",{"$f":"VLOOKUP(A889,Pilot,2,0)","v":1960},{"$f":"VLOOKUP(A889,Pilot,3,0)","v":"Hranice"},{"$f":"VLOOKUP(A889,Pilot,4,0)","v":"CZ/M"},"FCC 2017 - Kombi 15m","SK",20,2055,3381,0.93,5416,5037,2017,"x",null,"Discus CS","IYB",{"$f":"VLOOKUP(A889,Pilot,5,0)","v":"M"},""]
["Istvan Reti",null,"Alfoldi Repülőklub",null,"FCC 2017 - Kombi 15m","SK",21,1956,3381,0.93,5114,4756,2017,null,null,"Ventus 2a","IR","M","Není v databázi"]
["Tomas Kuzmickas",null,"Vilnius Aeroclub",null,"FCC 2017 - Kombi 15m","SK",22,1936,3381,0.93,4976,4628,2017,null,null,"Ls 8","P2","M","Není v databázi"]
["Drahos Sitar",null,"Aeroklub Prievidza",null,"FCC 2017 - Kombi 15m","SK",23,1929,3381,0.93,4865,4524,2017,null,null,"Ventus 2b","VI","M","Není v databázi"]
["Jan Keher",null,"Prievidza",null,"FCC 2017 - Kombi 15m","SK",24,1838,3381,0.93,{"$f":"ROUND(H893/I893*10000*0.7+(MAX($G$870:$G$901)-G893)/(MAX($G$870:$G$901)-1)*10000*0.3,0)","v":4580},4259,2017,null,null,"Discus CS","DR","M","Není v databázi"]
["Benedikt Laho",null,"Trnava",null,"FCC 2017 - Kombi 15m","SK",25,1725,3381,0.93,4249,3952,2017,null,null,"Discus 2cT/15 m","JH","M","Není v databázi"]
["Iakov Shrage",null,"Neboshevlino",null,"FCC 2017 - Kombi 15m","SK",26,1569,3381,0.93,3829,3561,2017,null,null,"Ls 8tc","7C","M","Není v databázi"]
["Arkadiusz Stefańczyk",null,"Aeroklub Kielecki",null,"FCC 2017 - Kombi 15m","SK",27,1524,3381,0.93,3639,3384,2017,null,null,"Duo Discus XLT","POL","M","Není v databázi"]
["Arturas Klimasauskas",null,"Pociunai (Kaunas Gliding Club)",null,"FCC 2017 - Kombi 15m","SK",28,1372,3381,0.93,3228,3002,2017,null,null,"LS 6","HX","M","Není v databázi"]
["Vaclav Svoboda",{"$f":"VLOOKUP(A898,Pilot,2,0)","v":1970},{"$f":"VLOOKUP(A898,Pilot,3,0)","v":"Letkov"},{"$f":"VLOOKUP(A898,Pilot,4,0)","v":"CZ/C1"},"FCC 2017 - Kombi 15m","SK",29,1364,3381,0.93,3114,2896,2017,"x",null,"Duo Discus","DL",{"$f":"VLOOKUP(A898,Pilot,5,0)","v":"M"},""]
["Jiri Kusbach",{"$f":"VLOOKUP(A899,Pilot,2,0)","v":1959},{"$f":"VLOOKUP(A899,Pilot,3,0)","v":"Luhačovice"},{"$f":"VLOOKUP(A899,Pilot,4,0)","v":"CZ/M"},"FCC 2017 - Kombi 15m","SK",30,1235,3381,0.93,2750,2558,2017,null,null,"KKB-15 E","B",{"$f":"VLOOKUP(A899,Pilot,5,0)","v":"M"},""]
["Vladas Motuza",null,"Pociunai",null,"FCC 2017 - Kombi 15m","SK",31,215,3381,0.93,542,504,2017,null,null,"Discus 2a","FL","M","Není v databázi"]
["Sabecki Vytautas",null,"Pociunai",null,"FCC 2017 - Kombi 15m","SK",32,0,3381,0.93,{"$f":"ROUND(H901/I901*10000*0.7+(MAX($G$870:$G$901)-G901)/(MAX($G$870:$G$901)-1)*10000*0.3,0)","v":0},{"$f":"ROUND(J901*K901,0)","v":0},2017,null,null,"LAK-17","SV","M","Není v databázi"]
["Sebastian Kawa",null,"Aeroclub Bielsko Biala",null,"FCC 2017 - Kombi Open","SK",1,3463,3463,0.97,{"$f":"ROUND(H902/I902*10000*0.7+(MAX($G$902:$G$924)-G902)/(MAX($G$902:$G$924)-1)*10000*0.3,0)","v":10000},{"$f":"ROUND(J902*K902,0)","v":9700},2017,null,null,"JS 1 C","P","M",{"$f":"IF(ISERROR(VLOOKUP(A902,Pilot,6,0)),\"Není v databázi\",VLOOKUP(A902,Pilot,6,0))","v":"Není v databázi"}]
["Gintas Zube",null,"LT/KLAIPEDA",null,"FCC 2017 - Kombi Open","SK",2,3200,3463,0.97,{"$f":"ROUND(H903/I903*10000*0.7+(MAX($G$902:$G$924)-G903)/(MAX($G$902:$G$924)-1)*10000*0.3,0)","v":9332},{"$f":"ROUND(J903*K903,0)","v":9052},2017,null,null,"ASG 29","AR","M","Není v databázi"]
["Andrzej Smielkiewicz",null,"Leszno",null,"FCC 2017 - Kombi Open","SK",3,3180,3463,0.97,9155,8880,2017,null,null,"ASG 29E 18m","A2","M","Není v databázi"]
["Andreas Kessler",null,"Romanian Airclub",null,"FCC 2017 - Kombi Open","SK",4,3146,3463,0.97,8950,8682,2017,null,null,"ASG 29 Es","AK","M","Není v databázi"]
["Roman Mracek",{"$f":"VLOOKUP(A906,Pilot,2,0)","v":1980},{"$f":"VLOOKUP(A906,Pilot,3,0)","v":"Letkov"},{"$f":"VLOOKUP(A906,Pilot,4,0)","v":"CZ/C1"},"FCC 2017 - Kombi Open","SK",5,3043,3463,0.97,8606,8348,2017,null,null,"ASG 29E 18m","QX",{"$f":"VLOOKUP(A906,Pilot,5,0)","v":"M"},""]
["Petr Krejcirik",{"$f":"VLOOKUP(A907,Pilot,2,0)","v":1960},{"$f":"VLOOKUP(A907,Pilot,3,0)","v":"Hranice"},{"$f":"VLOOKUP(A907,Pilot,4,0)","v":"CZ/M"},"FCC 2017 - Kombi Open","SK",6,3000,3463,0.97,8382,8131,2017,null,null,"ASW-22BLE","RX",{"$f":"VLOOKUP(A907,Pilot,5,0)","v":"M"},""]
["Adam Czeladzki",null,"Aeroklub Warszawski KKGT",null,"FCC 2017 - Kombi Open","SK",7,2937,3463,0.97,8119,7875,2017,null,null,"JS-1C 21m","GOL","M","Není v databázi"]
["Jerzey Kolasinski",null,"Poznanski/KK GT",null,"FCC 2017 - Kombi Open","SK",8,2926,3463,0.97,7960,7721,2017,null,null,"JS1 C 18 m",56,"M","Není v databázi"]
["Weidlich & Krey",null,"LSV Ruhr-Lenne Iserlohn",null,"FCC 2017 - Kombi Open","SK",9,2856,3463,0.97,7682,7452,2017,null,null,"Arcus T","YA","M","Není v databázi"]
["Tomasz Chudoment",null,"Podhalanski",null,"FCC 2017 - Kombi Open","SK",10,2634,3463,0.97,7097,6884,2017,null,null,"JS-1CTJ 21 m","B52","M","Není v databázi"]
["Michaluk & Krok",null,"Leszno",null,"FCC 2017 - Kombi Open","SK",11,2563,3463,{"$f":"VLOOKUP(E912,Soutez,8,0)","v":0.97},6817,6612,2017,null,null,"Arcus M","KO","M","Není v databázi"]
["Vitaliy Borovik",null,"Novosibirsk/RU",null,"FCC 2017 - Kombi Open","SK",12,2472,3463,0.97,6497,6302,2017,null,null,"NIMBUS YM","VB","M","Není v databázi"]
["Zdislaw Bednarczuk",null,"Bielsko-Biala",null,"FCC 2017 - Kombi Open","SK",13,2369,3463,0.97,6152,5967,2017,null,null,"ASG 29E 18m","ZB","M","Není v databázi"]
["Tomasz Dul",null,"Aeroklub Wroclaw",null,"FCC 2017 - Kombi Open","SK",14,2286,3463,0.97,5848,5673,2017,null,null,"ASG 29E 18m","DT","M","Není v databázi"]
["Jan Divok",null,"Aeroklub SNV",null,"FCC 2017 - Kombi Open","SK",15,2199,3463,0.97,5536,5370,2017,null,null,"Discus 2cT","DJ","M","Není v databázi"]
["Joanna Biedermann",null,"Aeroclub Nadwislanski",null,"FCC 2017 - Kombi Open","SK",16,2169,3463,0.97,5339,5179,2017,null,null,"ASG 29","PL","F","Není v databázi"]
["Herbert Pirker",null,"FAS-Wien",null,"FCC 2017 - Kombi Open","SK",17,1827,3463,0.97,4511,4376,2017,null,null,"Ventus cM 17,6 m","PM","M","Není v databázi"]
["Aldo CERNEZZI",null,"ACAO Varese",null,"FCC 2017 - Kombi Open","SK",18,1756,3463,0.97,4231,4104,2017,null,null,"Arcus M",61,"M","Není v databázi"]
["Gabriela Belakova",null,"Prievidza",null,"FCC 2017 - Kombi Open","SK",19,1582,3463,0.97,3743,3631,2017,null,null,"Discus 2cxT","EF","F","Není v databázi"]
["Pavel Trojan",{"$f":"VLOOKUP(A921,Pilot,2,0)","v":1960},{"$f":"VLOOKUP(A921,Pilot,3,0)","v":"Chrudim"},{"$f":"VLOOKUP(A921,Pilot,4,0)","v":"CZ/C2"},"FCC 2017 - Kombi Open","SK",20,1544,3463,0.97,3530,3424,2017,"x",null,"Ventus C 17.6m","W",{"$f":"VLOOKUP(A921,Pilot,5,0)","v":"M"},""]
["Michael Fik",{"$f":"VLOOKUP(A922,Pilot,2,0)","v":1972},{"$f":"VLOOKUP(A922,Pilot,3,0)","v":"Strakonice"},{"$f":"VLOOKUP(A922,Pilot,4,0)","v":"CZ/C1"},"FCC 2017 - Kombi Open","SK",21,1515,3463,0.97,3335,3235,2017,"x",null,"Ventus C 17,6","WL",{"$f":"VLOOKUP(A922,Pilot,5,0)","v":"M"},""]
["Szabadfi & Tornyai",null,"MALEV Aeroclub",null,"FCC 2017 - Kombi Open","SK",22,1357,3463,0.97,2879,2793,2017,null,null,"Arcus T","AB","M","Není v databázi"]
["Jan Paepke",null,"SFC Riesa-Canitz",null,"FCC 2017 - Kombi Open","SK",23,1333,3463,0.97,{"$f":"ROUND(H924/I924*10000*0.7+(MAX($G$902:$G$924)-G924)/(MAX($G$902:$G$924)-1)*10000*0.3,0)","v":2694},{"$f":"ROUND(J924*K924,0)","v":2613},2017,null,null,"LAK 17 aT 18 m","AKI","M","Není v databázi"]
["Jan Kovalcik",null,null,null,"PMSR 2017 - Klub","SK",1,6532,6532,0.91500000000000004,{"$f":"ROUND(H925/I925*10000*0.7+(MAX($G$925:$G$957)-G925)/(MAX($G$925:$G$957)-1)*10000*0.3,0)","v":10000},{"$f":"ROUND(J925*K925,0)","v":9150},2017,null,null,"C-101A Pegase","H5","M",{"$f":"IF(ISERROR(VLOOKUP(A925,Pilot,6,0)),\"Není v databázi\",VLOOKUP(A925,Pilot,6,0))","v":"Není v databázi"}]
["Josef Kozar",null,null,null,"PMSR 2017 - Klub","SK",2,6499,6532,0.91500000000000004,{"$f":"ROUND(H926/I926*10000*0.7+(MAX($G$925:$G$957)-G926)/(MAX($G$925:$G$957)-1)*10000*0.3,0)","v":9871},{"$f":"ROUND(J926*K926,0)","v":9032},2017,null,null,"LS-1f","MF","M","Není v databázi"]
["Frantisek Sobek",null,null,null,"PMSR 2017 - Klub","SK",3,6090,6532,0.91500000000000004,9339,8545,2017,null,null,"DG-100","G1","M","Není v databázi"]
["Martin Jurovic",null,null,null,"PMSR 2017 - Klub","SK",4,6038,6532,0.91500000000000004,9189,8408,2017,null,null,"C-101A Pegase","J2","M","Není v databázi"]
["Karol Benedikovic",null,null,null,"PMSR 2017 - Klub","SK",5,5984,6532,0.91500000000000004,9038,8270,2017,null,null,"Std. Cirrus","AM","M","Není v databázi"]
["Milan Surovcik",null,"Zilina",null,"PMSR 2017 - Klub","SK",6,5913,6532,0.91500000000000004,8868,8114,2017,null,null,"ASW 20","XXL","M","Není v databázi"]
["Martin Snirc",null,null,null,"PMSR 2017 - Klub","SK",7,5893,6532,0.91500000000000004,8753,8009,2017,null,null,"DG400/17m",800,"M","Není v databázi"]
["Filip Pechac",null,"Nitra",null,"PMSR 2017 - Klub","SK",8,5846,6532,0.91500000000000004,8609,7877,2017,null,null,"DG-200","BM","M","Není v databázi"]
["Tibor Noga",null,"SGC Martin",null,"PMSR 2017 - Klub","SK",9,5742,6532,0.91500000000000004,8403,7689,2017,null,null,"Std. Cirrus","LX","M","Není v databázi"]
["Roman Petro",null,null,null,"PMSR 2017 - Klub","SK",10,5727,6532,0.91500000000000004,8294,7589,2017,null,null,"C-101A Pegase",101,"M","Není v databázi"]
["Jakub Dudas",null,null,null,"PMSR 2017 - Klub","SK",11,5687,6532,0.91500000000000004,8157,7464,2017,null,null,"ASW 20","EW","M","Není v databázi"]
["Juraj Sidor",null,"AK Holic",null,"PMSR 2017 - Klub","SK",12,5630,6532,0.91500000000000004,8002,7322,2017,null,null,"Std. Cirrus","NM","M","Není v databázi"]
["Marek Straka",null,null,null,"PMSR 2017 - Klub","SK",13,5563,6532,0.91500000000000004,7837,7171,2017,null,null,"ASW 19","AI","M","Není v databázi"]
["Martin Picka",{"$f":"VLOOKUP(A938,Pilot,2,0)","v":1974},{"$f":"VLOOKUP(A938,Pilot,3,0)","v":"Tábor"},{"$f":"VLOOKUP(A938,Pilot,4,0)","v":"CZ/C1"},"PMSR 2017 - Klub","SK",14,5154,6532,0.91500000000000004,7305,6684,2017,"x",null,"ASW 19","BU",{"$f":"VLOOKUP(A938,Pilot,5,0)","v":"M"},""]
["Edmund Schuller",null,null,null,"PMSR 2017 - Klub","SK",15,5026,6532,0.91500000000000004,7074,6473,2017,null,null,"ASW 24 WL","ZS","M","Není v databázi"]
["Stefan Simoncic",null,null,null,"PMSR 2017 - Klub","SK",16,5006,6532,0.91500000000000004,6958,6367,2017,null,null,"ASW 20","II","M","Není v databázi"]
["Martin Sabla",null,"AK Sp. Nova Ves",null,"PMSR 2017 - Klub","SK",17,4950,6532,0.91500000000000004,6805,6227,2017,null,null,"Std. Cirrus","SA","M","Není v databázi"]
["Lukas Benedikt",null,"AK Trnava",null,"PMSR 2017 - Klub","SK",18,4927,6532,0.91500000000000004,6686,6118,2017,null,null,"Janus CM FG (PAS)","T","M","Není v databázi"]
["Daniel Smolka",null,null,null,"PMSR 2017 - Klub","SK",19,4572,6532,0.91500000000000004,6212,5684,2017,null,null,"VSO-10","I5","M","Není v databázi"]
["Jan Hlinka",null,null,null,"PMSR 2017 - Klub","SK",20,4512,6532,0.91500000000000004,6054,5539,2017,null,null,"Std. Libelle WL",48,"M","Není v databázi"]
["Jiri Koudela",{"$f":"VLOOKUP(A945,Pilot,2,0)","v":1974},{"$f":"VLOOKUP(A945,Pilot,3,0)","v":"Vyškov"},{"$f":"VLOOKUP(A945,Pilot,4,0)","v":"CZ/M"},"PMSR 2017 - Klub","SK",21,4152,6532,0.91500000000000004,5574,5100,2017,"x",null,"G-102 ASTIR cs 77","AS",{"$f":"VLOOKUP(A945,Pilot,5,0)","v":"M"},""]
["Peter Abonyi",null,null,null,"PMSR 2017 - Klub","SK",22,4121,6532,0.91500000000000004,5448,4985,2017,null,null,"ASW 15b","MB","M","Není v databázi"]
["Radoslav Cagala",null,null,null,"PMSR 2017 - Klub","SK",23,4085,6532,0.91500000000000004,5315,4863,2017,null,null,"DG-300 WL","IDK","M","Není v databázi"]
["Jan Keher",null,null,null,"PMSR 2017 - Klub","SK",24,4027,6532,0.91500000000000004,5159,4720,2017,null,null,"Discus CS","DR","M","Není v databázi"]
["Marek Seman",null,null,null,"PMSR 2017 - Klub","SK",25,3937,6532,0.91500000000000004,4969,4547,2017,null,null,"VSO-10",47,"M","Není v databázi"]
["Erik Mikulas",null,null,null,"PMSR 2017 - Klub","SK",26,3626,6532,0.91500000000000004,4542,4156,2017,null,null,"LS-1f","LS","M","Není v databázi"]
["Lubomir Belusko",null,null,null,"PMSR 2017 - Klub","SK",27,3489,6532,0.91500000000000004,4301,3935,2017,null,null,"C-201B Marianne","AMI","M","Není v databázi"]
["Peter Hupka",null,null,null,"PMSR 2017 - Klub","SK",28,3326,6532,0.91500000000000004,4033,3690,2017,null,null,"VSO-10",80,"M","Není v databázi"]
["Oldrich Spaniel",null,null,null,"PMSR 2017 - Klub","SK",29,2997,6532,0.91500000000000004,3587,3282,2017,null,null,"ASW 19","7S","M","Není v databázi"]
["Lubomir Vano",null,"Aeroklub Partizanske",null,"PMSR 2017 - Klub","SK",30,2834,6532,0.91500000000000004,3318,3036,2017,null,null,"Std. Cirrus","SZ","M","Není v databázi"]
["Vlastislav Picka",{"$f":"VLOOKUP(A955,Pilot,2,0)","v":1948},{"$f":"VLOOKUP(A955,Pilot,3,0)","v":"Jindřichův Hradec"},{"$f":"VLOOKUP(A955,Pilot,4,0)","v":"CZ/C1"},"PMSR 2017 - Klub","SK",31,2740,6532,0.91500000000000004,3124,2858,2017,"x",null,"DG-200","KK",{"$f":"VLOOKUP(A955,Pilot,5,0)","v":"M"},""]
["Martin Toman",null,null,null,"PMSR 2017 - Klub","SK",32,2588,6532,0.91500000000000004,2867,2623,2017,null,null,"VSO-10","10i","M","Není v databázi"]
["Drahomira Divokova",null,null,null,"PMSR 2017 - Klub","SK",33,2326,6532,0.91500000000000004,{"$f":"ROUND(H957/I957*10000*0.7+(MAX($G$925:$G$957)-G957)/(MAX($G$925:$G$957)-1)*10000*0.3,0)","v":2493},{"$f":"ROUND(J957*K957,0)","v":2281},2017,null,null,"Discus b","3D","F","Není v databázi"]
["Petr Setka",{"$f":"VLOOKUP(A958,Pilot,2,0)","v":1971},{"$f":"VLOOKUP(A958,Pilot,3,0)","v":"Letkov"},{"$f":"VLOOKUP(A958,Pilot,4,0)","v":"CZ/C1"},"PMSR 2017 - Kombi","SK",1,7227,7227,0.90500000000000003,{"$f":"ROUND(H958/I958*10000*0.7+(MAX($G$958:$G$973)-G958)/(MAX($G$958:$G$973)-1)*10000*0.3,0)","v":10000},{"$f":"ROUND(J958*K958,0)","v":9050},2017,"x",null,"Ventus 2cxm","RS",{"$f":"VLOOKUP(A958,Pilot,5,0)","v":"M"},{"$f":"IF(ISERROR(VLOOKUP(A958,Pilot,6,0)),\"Není v databázi\",VLOOKUP(A958,Pilot,6,0))","v":""}]
["Vladimir Foltin",null,"Aeroklub Nitra",null,"PMSR 2017 - Kombi","SK",2,6692,7227,0.90500000000000003,{"$f":"ROUND(H959/I959*10000*0.7+(MAX($G$958:$G$973)-G959)/(MAX($G$958:$G$973)-1)*10000*0.3,0)","v":9282},{"$f":"ROUND(J959*K959,0)","v":8400},2017,null,null,"LS 10s 18m",10,"M","Není v databázi"]
["Maros Divok",null,"SpiÃ…Â¡skÃƒÂ¡ NovÃƒÂ¡ Ves",null,"PMSR 2017 - Kombi","SK",3,6239,7227,0.90500000000000003,8643,7822,2017,null,null,"Discus 2b","DI","M","Není v databázi"]
["Viliam Kubovcik",null,"AK Poprad",null,"PMSR 2017 - Kombi","SK",4,6049,7227,0.90500000000000003,8259,7474,2017,null,null,"Ventus 2cxt","W","M","Není v databázi"]
["Lubor Kuvik",null,"Air Sympatia",null,"PMSR 2017 - Kombi","SK",5,5940,7227,0.90500000000000003,7953,7197,2017,null,null,"ASG 29E 18m","LK","M","Není v databázi"]
["Dominik Jancik",null,null,null,"PMSR 2017 - Kombi","SK",6,5939,7227,0.90500000000000003,7752,7016,2017,null,null,"LS 8 15m","SI","M","Není v databázi"]
["Milos Tapusik",null,null,null,"PMSR 2017 - Kombi","SK",7,5909,7227,0.90500000000000003,7523,6808,2017,null,null,"LS 8 18m","TG","M","Není v databázi"]
["Jakubcak & Sulirova",null,null,null,"PMSR 2017 - Kombi","SK",8,5543,7227,0.90500000000000003,6969,6307,2017,null,null,"Duo Discus","DUO","M","Není v databázi"]
["Jan Divok",null,null,null,"PMSR 2017 - Kombi","SK",9,5381,7227,0.90500000000000003,6612,5984,2017,null,null,"Discus 2c","DJ","M","Není v databázi"]
["Gabriela Belakova",null,null,null,"PMSR 2017 - Kombi","SK",10,5241,7227,0.90500000000000003,6276,5680,2017,null,null,"Discus 2cT","EF","F","Není v databázi"]
["Pesko & Sedlak",null,null,null,"PMSR 2017 - Kombi","SK",11,5223,7227,0.90500000000000003,6059,5483,2017,null,null,"DG-1000","NIT","M","Není v databázi"]
["Kollar & Kromka",null,null,null,"PMSR 2017 - Kombi","SK",12,5070,7227,0.90500000000000003,5711,5168,2017,null,null,"Duo Discus","LM","M","Není v databázi"]
["Martin Fürjes",null,"SGC Martin",null,"PMSR 2017 - Kombi","SK",13,5054,7227,0.90500000000000003,5495,4973,2017,null,null,"ASG 29E 18m","TC","M","Není v databázi"]
["Tibor Arpas",null,null,null,"PMSR 2017 - Kombi","SK",14,4791,7227,0.90500000000000003,5041,4562,2017,null,null,"LS 8t 15m","HM","M","Není v databázi"]
["Peter Janoska",null,null,null,"PMSR 2017 - Kombi","SK",15,4400,7227,0.90500000000000003,4462,4038,2017,null,null,"LS 6c 15m","N6","M","Není v databázi"]
["Vojtech Matula",null,null,null,"PMSR 2017 - Kombi","SK",16,2393,7227,0.90500000000000003,{"$f":"ROUND(H973/I973*10000*0.7+(MAX($G$958:$G$973)-G973)/(MAX($G$958:$G$973)-1)*10000*0.3,0)","v":2318},{"$f":"ROUND(J973*K973,0)","v":2098},2017,null,null,"NIMBUS 2","GD","M","Není v databázi"]
["Roman Mracek",{"$f":"VLOOKUP(A974,Pilot,2,0)","v":1980},{"$f":"VLOOKUP(A974,Pilot,3,0)","v":"Letkov"},{"$f":"VLOOKUP(A974,Pilot,4,0)","v":"CZ/C1"},"SGP 2017 SK - 18m GP","SK",1,47,47,0.93500000000000005,{"$f":"ROUND((MAX($G$974:$G$988)-G974)/(MAX($G$974:$G$988)-1)*10000,0)","v":10000},{"$f":"ROUND(J974*K974,0)","v":9350},2017,null,null,"ASG-29E 18m","QX",{"$f":"VLOOKUP(A974,Pilot,5,0)","v":"M"},{"$f":"IF(ISERROR(VLOOKUP(A974,Pilot,6,0)),\"Není v databázi\",VLOOKUP(A974,Pilot,6,0))","v":""}]
["Sebastian Nägel",null,null,null,"SGP 2017 SK - 18m GP","SK",2,43,47,0.93500000000000005,{"$f":"ROUND((MAX($G$974:$G$988)-G975)/(MAX($G$974:$G$988)-1)*10000,0)","v":9231},{"$f":"ROUND(J975*K975,0)","v":8631},2017,null,null,"Ventus 3T","WM","M","Není v databázi"]
["Ľubor Kuvik",null,null,null,"SGP 2017 SK - 18m GP","SK",3,42,47,{"$f":"VLOOKUP(E976,Soutez,8,0)","v":0.93500000000000005},8462,7912,2017,null,null,"ASG-29 18m","LK","M","Není v databázi"]
["Gintas Zube",null,null,null,"SGP 2017 SK - 18m GP","SK",4,32,47,0.93500000000000005,7692,7192,2017,null,null,"ASG 29 18m","AR","M","Není v databázi"]
["Alena Netusilova",{"$f":"VLOOKUP(A978,Pilot,2,0)","v":1970},{"$f":"VLOOKUP(A978,Pilot,3,0)","v":"Zbraslavice"},{"$f":"VLOOKUP(A978,Pilot,4,0)","v":"CZ/C1"},"SGP 2017 SK - 18m GP","SK",5,28,47,0.93500000000000005,6923,6473,2017,null,null,"JS-1 18m","JX",{"$f":"VLOOKUP(A978,Pilot,5,0)","v":"F"},""]
["Christoph Nacke",null,null,null,"SGP 2017 SK - 18m GP","SK",6,25,47,0.93500000000000005,6154,5754,2017,null,null,"Ventus2cxT",44,"M","Není v databázi"]
["Petr Panek",{"$f":"VLOOKUP(A980,Pilot,2,0)","v":1975},{"$f":"VLOOKUP(A980,Pilot,3,0)","v":"Dvůr Králové"},{"$f":"VLOOKUP(A980,Pilot,4,0)","v":"CZ/C2"},"SGP 2017 SK - 18m GP","SK",7,24,47,0.93500000000000005,5385,5035,2017,null,null,"JS 1C 18m","MD",{"$f":"VLOOKUP(A980,Pilot,5,0)","v":"M"},""]
["Zdislaw Bednarczuk",null,null,null,"SGP 2017 SK - 18m GP","SK",8,23,47,0.93500000000000005,4615,4315,2017,null,null,"ASG-29E 18m","ZB","M","Není v databázi"]
["Petr Setka",{"$f":"VLOOKUP(A982,Pilot,2,0)","v":1971},{"$f":"VLOOKUP(A982,Pilot,3,0)","v":"Letkov"},{"$f":"VLOOKUP(A982,Pilot,4,0)","v":"CZ/C1"},"SGP 2017 SK - 18m GP","SK",9,19,47,0.93500000000000005,{"$f":"ROUND((MAX($G$974:$G$988)-G982)/(MAX($G$974:$G$988)-1)*10000,0)","v":3846},3596,2017,null,null,"Ventus 2cxM","RS",{"$f":"VLOOKUP(A982,Pilot,5,0)","v":"M"},""]
["Petr Krejcirik",{"$f":"VLOOKUP(A983,Pilot,2,0)","v":1960},{"$f":"VLOOKUP(A983,Pilot,3,0)","v":"Hranice"},{"$f":"VLOOKUP(A983,Pilot,4,0)","v":"CZ/M"},"SGP 2017 SK - 18m GP","SK",10,14,47,0.93500000000000005,3077,2877,2017,null,null,"ASG-29 18m","QZ",{"$f":"VLOOKUP(A983,Pilot,5,0)","v":"M"},""]
["Werner Amann",null,null,null,"SGP 2017 SK - 18m GP","SK",11,8,47,0.93500000000000005,2308,2158,2017,null,null,"ASG-29 18m","WG","M","Není v databázi"]
["Jochen Schulte",null,null,null,"SGP 2017 SK - 18m GP","SK",11,8,47,0.93500000000000005,2308,2158,2017,null,null,"LS 10 18m",71,"M","Není v databázi"]
["Vladimir Jirka",{"$f":"VLOOKUP(A986,Pilot,2,0)","v":1965},{"$f":"VLOOKUP(A986,Pilot,3,0)","v":"Zábřeh"},{"$f":"VLOOKUP(A986,Pilot,4,0)","v":"CZ/M"},"SGP 2017 SK - 18m GP","SK",13,1,47,0.93500000000000005,769,719,2017,null,null,"Ventus 2cm 18m","VJ",{"$f":"VLOOKUP(A986,Pilot,5,0)","v":"M"},""]
["Dusan Gadas",{"$f":"VLOOKUP(A987,Pilot,2,0)","v":1960},{"$f":"VLOOKUP(A987,Pilot,3,0)","v":"Hranice"},{"$f":"VLOOKUP(A987,Pilot,4,0)","v":"CZ/M"},"SGP 2017 SK - 18m GP","SK",14,0,47,0.93500000000000005,{"$f":"ROUND((MAX($G$974:$G$988)-G987)/(MAX($G$974:$G$988)-1)*10000,0)","v":0},{"$f":"ROUND(J987*K987,0)","v":0},2017,null,null,"LAK 17b FES","TF",{"$f":"VLOOKUP(A987,Pilot,5,0)","v":"M"},""]
["Vladimir Foltin",null,null,null,"SGP 2017 SK - 18m GP","SK",14,0,47,0.93500000000000005,0,0,2017,null,null,"LS 10st 18m",10,"M","Není v databázi"]
["Milan Svoboda 34",{"$f":"VLOOKUP(A989,Pilot,2,0)","v":1934},{"$f":"VLOOKUP(A989,Pilot,3,0)","v":"Letkov"},{"$f":"VLOOKUP(A989,Pilot,4,0)","v":"CZ/C1"},"Oldtimer Pribina Star 2017 - Klub","SK",1,1581,1581,0.6,{"$f":"ROUND(H989/I989*10000*0.7+(MAX($G$989:$G$1002)-G989)/(MAX($G$989:$G$1002)-1)*10000*0.3,0)","v":10000},{"$f":"ROUND(J989*K989,0)","v":6000},2017,"x",null,"VSO-10","KO",{"$f":"VLOOKUP(A989,Pilot,5,0)","v":"M"},{"$f":"IF(ISERROR(VLOOKUP(A989,Pilot,6,0)),\"Není v databázi\",VLOOKUP(A989,Pilot,6,0))","v":""}]
["Juraj Vysny",null,"Senica",null,"Oldtimer Pribina Star 2017 - Klub","SK",2,1501,1581,0.6,{"$f":"ROUND(H990/I990*10000*0.7+(MAX($G$989:$G$1002)-G990)/(MAX($G$989:$G$1002)-1)*10000*0.3,0)","v":9396},{"$f":"ROUND(J990*K990,0)","v":5638},2017,null,null,"G 103 Twin II",13,"M","Není v databázi"]
["Marian Szabó",null,"Air Sympatia Trencín",null,"Oldtimer Pribina Star 2017 - Klub","SK",3,1444,1581,0.6,8893,5336,2017,null,null,"VT-116 Orlík II",84,"M","Není v databázi"]
["Peter Ille",null,"Zilina",null,"Oldtimer Pribina Star 2017 - Klub","SK",4,1182,1581,0.6,7483,4490,2017,null,null,"VSO-10",96,"M","Není v databázi"]
["Igor Ille",null,null,null,"Oldtimer Pribina Star 2017 - Klub","SK",5,1176,1581,0.6,7207,4324,2017,null,null,"VSO-10","K6","M","Není v databázi"]
["Jaroslav Kares",{"$f":"VLOOKUP(A994,Pilot,2,0)","v":1962},{"$f":"VLOOKUP(A994,Pilot,3,0)","v":"Olomouc"},{"$f":"VLOOKUP(A994,Pilot,4,0)","v":"CZ/M"},"Oldtimer Pribina Star 2017 - Klub","SK",6,965,1581,0.6,6023,3614,2017,"x",null,"Scheibe SF-27A",26,{"$f":"VLOOKUP(A994,Pilot,5,0)","v":"M"},""]
["Vaclav Cerny",{"$f":"VLOOKUP(A995,Pilot,2,0)","v":1949},{"$f":"VLOOKUP(A995,Pilot,3,0)","v":"Plasy"},{"$f":"VLOOKUP(A995,Pilot,4,0)","v":"CZ/C1"},"Oldtimer Pribina Star 2017 - Klub","SK",7,890,1581,0.6,5441,3265,2017,null,null,"LF 107 Lunak",20,{"$f":"VLOOKUP(A995,Pilot,5,0)","v":"M"},""]
["Holak & Lajda",null,"Nitra",null,"Oldtimer Pribina Star 2017 - Klub","SK",8,805,1581,0.6,4814,2888,2017,null,null,"L 23 Super Blanik",203,"M","Není v databázi"]
["Kern & Mezera",null,"Raná","CZ","Oldtimer Pribina Star 2017 - Klub","SK",9,588,1581,0.6,3603,2162,2017,null,null,"Zlin 24","NTM","M","Není v databázi"]
["Liptai & Hupka",null,"MÁV",null,"Oldtimer Pribina Star 2017 - Klub","SK",10,517,1581,0.6,3039,1823,2017,null,null,"DG 1000/20m","NIT","M","Není v databázi"]
["Igor Ott",null,"Nitra",null,"Oldtimer Pribina Star 2017 - Klub","SK",11,363,1581,0.6,2107,1264,2017,null,null,"LG-425 Sohaj","N","M","Není v databázi"]
["Miroslav Lewandowski",null,"AZP PILA / VINTAGE GLIDING CLUB",null,"Oldtimer Pribina Star 2017 - Klub","SK",11,363,1581,0.6,2107,1264,2017,null,null,"Foka",24,"M","Není v databázi"]
["Jozef Ott",null,"Nitra",null,"Oldtimer Pribina Star 2017 - Klub","SK",13,0,1581,0.6,0,0,2017,null,null,"Z-23 Honza",56,"M","Není v databázi"]
["Peter Patoprsty",null,"Vinicne",null,"Oldtimer Pribina Star 2017 - Klub","SK",13,0,1581,0.6,{"$f":"ROUND(H1002/I1002*10000*0.7+(MAX($G$989:$G$1002)-G1002)/(MAX($G$989:$G$1002)-1)*10000*0.3,0)","v":0},{"$f":"ROUND(J1002*K1002,0)","v":0},2017,null,null,"ASW 15b","RM","M","Není v databázi"]
["Sven Kolb",null,"Österreich",null,"25. Alpe Adria Cup - Kombi","AT",1,4329,4329,0.61499999999999999,{"$f":"ROUND(H1003/I1003*10000*0.7+(MAX($G$1003:$G$1031)-G1003)/(MAX($G$1003:$G$1031)-1)*10000*0.3,0)","v":10000},{"$f":"ROUND(J1003*K1003,0)","v":6150},2017,null,null,"Antares LF20","ZF","M",{"$f":"IF(ISERROR(VLOOKUP(A1003,Pilot,6,0)),\"Není v databázi\",VLOOKUP(A1003,Pilot,6,0))","v":"Není v databázi"}]
["Bernhard Leitner",null,"Österreich",null,"25. Alpe Adria Cup - Kombi","AT",2,3806,4329,0.61499999999999999,{"$f":"ROUND(H1004/I1004*10000*0.7+(MAX($G$1003:$G$1031)-G1004)/(MAX($G$1003:$G$1031)-1)*10000*0.3,0)","v":9047},{"$f":"ROUND(J1004*K1004,0)","v":5564},2017,null,null,"V2cxm","LV","M","Není v databázi"]
["Heimo Demmerer",null,"Österreich",null,"25. Alpe Adria Cup - Kombi","AT",3,3788,4329,0.61499999999999999,8911,5480,2017,null,null,"Ventus 2CM","OD","M","Není v databázi"]
["Guido Halter",null,"Schweiz",null,"25. Alpe Adria Cup - Kombi","AT",4,3758,4329,0.61499999999999999,8755,5384,2017,null,null,"ASH-25M","HU","M","Není v databázi"]
["Yves Gerster",null,"Schweiz",null,"25. Alpe Adria Cup - Kombi","AT",5,3717,4329,0.61499999999999999,8582,5278,2017,null,null,"Antares 23","LS","M","Není v databázi"]
["Wolfgang Falkensammer",null,"FSV Felkirchen/Ossiachersee",null,"25. Alpe Adria Cup - Kombi","AT",6,3697,4329,0.61499999999999999,8442,5192,2017,null,null,"Antares 18t","FW","M","Není v databázi"]
["Reinhard Haggenmüller",null,"Österreich",null,"25. Alpe Adria Cup - Kombi","AT",7,3670,4329,0.61499999999999999,8292,5100,2017,null,null,"ASG 29 E","RR","M","Není v databázi"]
["Guido Achleitner",null,"Österreich",null,"25. Alpe Adria Cup - Kombi","AT",8,3405,4329,0.61499999999999999,7756,4770,2017,null,null,"ASG 32 Mi","GA","M","Není v databázi"]
["Thomas Krüger",null,"Deutschland",null,"25. Alpe Adria Cup - Kombi","AT",9,3403,4329,0.61499999999999999,7646,4702,2017,null,null,"EB 29","TK","M","Není v databázi"]
["Rene Schoenmann",null,"Schweiz",null,"25. Alpe Adria Cup - Kombi","AT",10,3376,4329,0.61499999999999999,7495,4609,2017,null,null,"JS1-C 21m","RS","M","Není v databázi"]
["Erich Niedl",null,"USFC Tulln",null,"25. Alpe Adria Cup - Kombi","AT",11,3323,4329,0.61499999999999999,7302,4491,2017,null,null,"Ventus 2cxT","CX","M","Není v databázi"]
["Michael Rass",null,"Österreich",null,"25. Alpe Adria Cup - Kombi","AT",12,2877,4329,0.61499999999999999,6474,3982,2017,null,null,"ASG29 Es","MR","M","Není v databázi"]
["Dominik Mauchle",null,"Schweiz",null,"25. Alpe Adria Cup - Kombi","AT",13,2721,4329,0.61499999999999999,6114,3760,2017,null,null,"DG-808C","D","M","Není v databázi"]
["Christian Hynek",null,"Österreich",null,"25. Alpe Adria Cup - Kombi","AT",14,2720,4329,0.61499999999999999,6005,3693,2017,null,null,"HPH 304 MS Shark","GG2","M","Není v databázi"]
["Josef Scheiber",null,"Österreich",null,"25. Alpe Adria Cup - Kombi","AT",15,2600,4329,0.61499999999999999,5704,3508,2017,null,null,"Ventus2cxt","SP","M","Není v databázi"]
["Petr Malcek",{"$f":"VLOOKUP(A1018,Pilot,2,0)","v":1965},{"$f":"VLOOKUP(A1018,Pilot,3,0)","v":"Letňany"},{"$f":"VLOOKUP(A1018,Pilot,4,0)","v":"CZ/C1"},"25. Alpe Adria Cup - Kombi","AT",16,2564,4329,0.61499999999999999,5539,3406,2017,"x",null,"LS6c-18W","F5",{"$f":"VLOOKUP(A1018,Pilot,5,0)","v":"M"},""]
["Volker Polhaus",null,"FSV Offenbach & Reinheim",null,"25. Alpe Adria Cup - Kombi","AT",17,2528,4329,0.61499999999999999,5373,3304,2017,null,null,"ASH 26E","BV","M","Není v databázi"]
["Aurel Hallbrucker",null,"ISV",null,"25. Alpe Adria Cup - Kombi","AT",18,2433,4329,0.61499999999999999,5113,3144,2017,null,null,"ARCUS M",2,"M","Není v databázi"]
["Radim Hahn",{"$f":"VLOOKUP(A1021,Pilot,2,0)","v":1972},{"$f":"VLOOKUP(A1021,Pilot,3,0)","v":"Zábřeh"},{"$f":"VLOOKUP(A1021,Pilot,4,0)","v":"CZ/M"},"25. Alpe Adria Cup - Kombi","AT",19,2388,4329,0.61499999999999999,4933,3034,2017,"x",null,"ASH 26E","R",{"$f":"VLOOKUP(A1021,Pilot,5,0)","v":"M"},""]
["Roland Henz",null,"Deutschland",null,"25. Alpe Adria Cup - Kombi","AT",20,2378,4329,0.61499999999999999,4810,2958,2017,null,null,"Ventus 2cxT","T3","M","Není v databázi"]
["Raul Flicker",null,"Österreich",null,"25. Alpe Adria Cup - Kombi","AT",21,2342,4329,0.61499999999999999,4644,2856,2017,null,null,"Ventus 2cx","WG","M","Není v databázi"]
["Ivan Harasta 65",{"$f":"VLOOKUP(A1024,Pilot,2,0)","v":1965},{"$f":"VLOOKUP(A1024,Pilot,3,0)","v":"Toužim"},{"$f":"VLOOKUP(A1024,Pilot,4,0)","v":"CZ/C1"},"25. Alpe Adria Cup - Kombi","AT",22,2241,4329,0.61499999999999999,4374,2690,2017,null,null,"Arcus M","II",{"$f":"VLOOKUP(A1024,Pilot,5,0)","v":"M"},""]
["Konrad Feichter",null,"FSV Felkirchen/Ossiachersee",null,"25. Alpe Adria Cup - Kombi","AT",23,1902,4329,0.61499999999999999,3718,2287,2017,null,null,"ARCUS T","HM","M","Není v databázi"]
["Karel Krobath",null,"Österreich",null,"25. Alpe Adria Cup - Kombi","AT",24,1870,4329,0.61499999999999999,3560,2189,2017,null,null,"HPH 304 Shark","Q","M","Není v databázi"]
["Ulrich Kremer",null,"Deutschland",null,"25. Alpe Adria Cup - Kombi","AT",25,1842,4329,0.61499999999999999,3407,2095,2017,null,null,"ASG 32Mi",32,"M","Není v databázi"]
["Werner Danz",null,"Schweiz",null,"25. Alpe Adria Cup - Kombi","AT",26,1294,4329,0.61499999999999999,2414,1485,2017,null,null,"Antares 18T","BT","M","Není v databázi"]
["Markus Lewandowski",null,"Österreich",null,"25. Alpe Adria Cup - Kombi","AT",27,1073,4329,0.61499999999999999,1949,1199,2017,null,null,"STEMME S12","S12","M","Není v databázi"]
["Jürgen Kartnaller",null,"Österreich",null,"25. Alpe Adria Cup - Kombi","AT",28,765,4329,0.61499999999999999,1344,827,2017,null,null,"LAK 17a - 18m","MV","M","Není v databázi"]
["Joachim Hirt",null,"Deutschland",null,"25. Alpe Adria Cup - Kombi","AT",29,139,4329,0.61499999999999999,{"$f":"ROUND(H1031/I1031*10000*0.7+(MAX($G$1003:$G$1031)-G1031)/(MAX($G$1003:$G$1031)-1)*10000*0.3,0)","v":225},{"$f":"ROUND(J1031*K1031,0)","v":138},2017,null,null,"Nimbus 3DM","M+M","M","Není v databázi"]
["Raul Flicker",null,"SFC-Tulln",null,"TAL 2017 - Kombi","AT",1,2009,2009,0.6,{"$f":"ROUND(H1032/I1032*10000*0.7+(MAX($G$1032:$G$1044)-G1032)/(MAX($G$1032:$G$1044)-1)*10000*0.3,0)","v":10000},{"$f":"ROUND(J1032*K1032,0)","v":6000},2017,null,null,"Ventus 2cxT/18m","IX","M",{"$f":"IF(ISERROR(VLOOKUP(A1032,Pilot,6,0)),\"Není v databázi\",VLOOKUP(A1032,Pilot,6,0))","v":"Není v databázi"}]
["Ludek Kluger",{"$f":"VLOOKUP(A1033,Pilot,2,0)","v":1963},{"$f":"VLOOKUP(A1033,Pilot,3,0)","v":"Tábor"},{"$f":"VLOOKUP(A1033,Pilot,4,0)","v":"CZ/C1"},"TAL 2017 - Kombi","AT",2,1911,2009,0.6,{"$f":"ROUND(H1033/I1033*10000*0.7+(MAX($G$1032:$G$1044)-G1033)/(MAX($G$1032:$G$1044)-1)*10000*0.3,0)","v":9409},{"$f":"ROUND(J1033*K1033,0)","v":5645},2017,"x",null,"HPH 304MS Shark","LK",{"$f":"VLOOKUP(A1033,Pilot,5,0)","v":"M"},""]
["Karl Schiffleithner",null,"SFC-Tulln",null,"TAL 2017 - Kombi","AT",3,1870,2009,0.6,9016,5410,2017,null,null,"Ventus 2c/18m","CX","M","Není v databázi"]
["Daim & Rohrbeck",null,"UFG Waldviertel",null,"TAL 2017 - Kombi","AT",4,1835,2009,0.6,8644,5186,2017,null,null,"Duo Discus","MA","M","Není v databázi"]
["Thomas Aigner",null,null,null,"TAL 2017 - Kombi","AT",5,1808,2009,0.6,8300,4980,2017,null,null,"Ventus 2b","TOM","M","Není v databázi"]
["Gerold Auerbach",null,null,null,"TAL 2017 - Kombi","AT",6,1783,2009,0.6,7963,4778,2017,null,null,"ASH 31","FT","M","Není v databázi"]
["Kirchner & Sturmann",null,"Akaflieg Graz",null,"TAL 2017 - Kombi","AT",7,1705,2009,0.6,7441,4465,2017,null,null,"Nimbus 4DM","KG","M","Není v databázi"]
["Christian Hynek",null,"ASKÖ Flugsport Wien",null,"TAL 2017 - Kombi","AT",8,1610,2009,0.6,6860,4116,2017,null,null,"HPH 304MS Shark","GG2","M","Není v databázi"]
["Wolfgang Zimmermann",null,"Flugring Austria Wiener Neustadt",null,"TAL 2017 - Kombi","AT",9,1515,2009,{"$f":"VLOOKUP(E1040,Soutez,8,0)","v":0.6},6279,3767,2017,null,null,"Ventus 2b","GI","M","Není v databázi"]
["Thomas Schmaus",null,"FTG-AFG",null,"TAL 2017 - Kombi","AT",10,1354,2009,0.6,5468,3281,2017,null,null,"DG 800B/18m","HB","M","Není v databázi"]
["Krobath & Frech",null,"SFC-Tulln",null,"TAL 2017 - Kombi","AT",11,1224,2009,0.6,4765,2859,2017,null,null,"DuoDiscus T","MM","M","Není v databázi"]
["Markus Koller",null,"FTG-AFW",null,"TAL 2017 - Kombi","AT",12,1141,2009,0.6,4226,2536,2017,null,null,"HPH 304MS Shark","MK","M","Není v databázi"]
["Essl & Weis",null,"FTG-AFW",null,"TAL 2017 - Kombi","AT",13,1070,2009,0.6,{"$f":"ROUND(H1044/I1044*10000*0.7+(MAX($G$1032:$G$1044)-G1044)/(MAX($G$1032:$G$1044)-1)*10000*0.3,0)","v":3728},{"$f":"ROUND(J1044*K1044,0)","v":2237},2017,null,null,"DG 500M 22m","RR","M","Není v databázi"]
["Julian Klemm",null,null,null,"10. WGC Juniors 2017 - Klub","LT",1,5545,5545,1.01,{"$f":"ROUND(H1045/I1045*10000*0.7+(MAX($G$1045:$G$1082)-G1045)/(MAX($G$1045:$G$1082)-1)*10000*0.3,0)","v":10000},{"$f":"ROUND(J1045*K1045,0)","v":10100},2017,null,null,"Std. Libelle","1K","M",{"$f":"IF(ISERROR(VLOOKUP(A1045,Pilot,6,0)),\"Není v databázi\",VLOOKUP(A1045,Pilot,6,0))","v":"Není v databázi"}]
["Paul Altrichter",null,null,null,"10. WGC Juniors 2017 - Klub","LT",2,5448,5545,1.01,{"$f":"ROUND(H1046/I1046*10000*0.7+(MAX($G$1045:$G$1082)-G1046)/(MAX($G$1045:$G$1082)-1)*10000*0.3,0)","v":9796},{"$f":"ROUND(J1046*K1046,0)","v":9894},2017,null,null,"LS 4","AX","M","Není v databázi"]
["Stefan Langer",null,null,null,"10. WGC Juniors 2017 - Klub","LT",3,5256,5545,1.01,9473,9568,2017,null,null,"Std. Libelle","SL","M","Není v databázi"]
["Nick Hanenburg",null,null,null,"10. WGC Juniors 2017 - Klub","LT",4,5228,5545,1.01,9357,9451,2017,null,null,"std. cirrus","AG","M","Není v databázi"]
["Jake Brattle",null,null,null,"10. WGC Juniors 2017 - Klub","LT",5,5218,5545,1.01,9263,9356,2017,null,null,"DG 101 G Elan","EKP","M","Není v databázi"]
["Thomas Arscott",null,null,null,"10. WGC Juniors 2017 - Klub","LT",6,5061,5545,1.01,8984,9074,2017,null,null,"Std. Cirrus","GW","M","Není v databázi"]
["Robin Diesterweg",null,null,null,"10. WGC Juniors 2017 - Klub","LT",7,4922,5545,1.01,8727,8814,2017,null,null,"Std. Libelle","T1","M","Není v databázi"]
["Richard Vlcek",{"$f":"VLOOKUP(A1052,Pilot,2,0)","v":1993},{"$f":"VLOOKUP(A1052,Pilot,3,0)","v":"Kunovice"},{"$f":"VLOOKUP(A1052,Pilot,4,0)","v":"CZ/M"},"10. WGC Juniors 2017 - Klub","LT",8,4860,5545,1.01,8568,8654,2017,"x",null,"Std. Cirrus","XC",{"$f":"VLOOKUP(A1052,Pilot,5,0)","v":"M"},""]
["Lukas Capek",{"$f":"VLOOKUP(A1053,Pilot,2,0)","v":1992},{"$f":"VLOOKUP(A1053,Pilot,3,0)","v":"Letňany"},{"$f":"VLOOKUP(A1053,Pilot,4,0)","v":"CZ/C1"},"10. WGC Juniors 2017 - Klub","LT",9,4775,5545,1.01,8379,8463,2017,"x",null,"Std. Cirrus","CX",{"$f":"VLOOKUP(A1053,Pilot,5,0)","v":"M"},""]
["Hans Christian Bertelsen",null,null,null,"10. WGC Juniors 2017 - Klub","LT",10,4707,5545,1.01,8212,8294,2017,null,null,"LS 1 f","TJ","M","Není v databázi"]
["Wojciech Wojtaczka",null,null,null,"10. WGC Juniors 2017 - Klub","LT",11,4702,5545,1.01,8125,8206,2017,null,null,"szd-48-3M","BI","M","Není v databázi"]
["Simon Gantner",null,null,null,"10. WGC Juniors 2017 - Klub","LT",12,4631,5545,1.01,7954,8034,2017,null,null,"LS 4","MN","M","Není v databázi"]
["Martynas LiutkeviCius",null,null,null,"10. WGC Juniors 2017 - Klub","LT",13,4614,5545,1.01,7852,7931,2017,null,null,"Jantar Std. 2","CG","M","Není v databázi"]
["Ailsa McMillan",null,null,null,"10. WGC Juniors 2017 - Klub","LT",14,4428,5545,1.01,7536,7611,2017,null,null,"Std. Cirrus","A1","F","Není v databázi"]
["Nicholas Oakley",null,null,null,"10. WGC Juniors 2017 - Klub","LT",15,4399,5545,1.01,7418,7492,2017,null,null,"Libelle",11,"M","Není v databázi"]
["Thibault Alasnier",null,null,null,"10. WGC Juniors 2017 - Klub","LT",15,4399,5545,1.01,7418,7492,2017,null,null,"Hornet","H1","M","Není v databázi"]
["Noah Reitter",null,null,null,"10. WGC Juniors 2017 - Klub","LT",17,4389,5545,1.01,7243,7315,2017,null,null,"Jantar Std.","MZ","M","Není v databázi"]
["Davide Giovanelli",null,null,null,"10. WGC Juniors 2017 - Klub","LT",18,4308,5545,1.01,7060,{"$f":"ROUND(J1062*K1062,0)","v":7131},2017,null,null,"Std. Cirrus",96,"M","Není v databázi"]
["James Stewart",null,null,null,"10. WGC Juniors 2017 - Klub","LT",19,4304,5545,1.01,6974,7044,2017,null,null,"Jantar Std.","BC","M","Není v databázi"]
["Daniel Sazhin",null,null,null,"10. WGC Juniors 2017 - Klub","LT",20,4301,5545,1.01,6889,6958,2017,null,null,"Jantar Std.","JM","M","Není v databázi"]
["Laurynas supinys",null,null,null,"10. WGC Juniors 2017 - Klub","LT",21,4288,5545,1.01,6792,6860,2017,null,null,"Jantar Std. 3","L","M","Není v databázi"]
["Reuben Lane",null,null,null,"10. WGC Juniors 2017 - Klub","LT",22,4155,5545,1.01,6543,6608,2017,null,null,"LS 1 f","ELY","M","Není v databázi"]
["Martin Steen Andersen",null,null,null,"10. WGC Juniors 2017 - Klub","LT",23,4154,5545,1.01,6460,6525,2017,null,null,"LS 1 f","PW","M","Není v databázi"]
["Artur Lonczuk",null,null,null,"10. WGC Juniors 2017 - Klub","LT",24,4114,5545,1.01,6329,6392,2017,null,null,"Jantar Std. 3","KM","M","Není v databázi"]
["Nico Jagli",null,null,null,"10. WGC Juniors 2017 - Klub","LT",25,4113,5545,1.01,6246,6308,2017,null,null,"LS 4","M6","M","Není v databázi"]
["Robin Smit",null,null,null,"10. WGC Juniors 2017 - Klub","LT",26,4107,5545,1.01,6158,6220,2017,null,null,"Std. Cirrus","RSM","M","Není v databázi"]
["Marek Niewiadomy",null,null,null,"10. WGC Juniors 2017 - Klub","LT",27,4070.9999999999995,5545,1.01,6031,6091,2017,null,null,"szd-48-3M","BZ","M","Není v databázi"]
["Milan Surovcik",null,null,null,"10. WGC Juniors 2017 - Klub","LT",28,3978,5545,1.01,5833,5891,2017,null,null,"Std. Cirrus","GL","M","Není v databázi"]
["Klara Teichmannova",{"$f":"VLOOKUP(A1073,Pilot,2,0)","v":1993},{"$f":"VLOOKUP(A1073,Pilot,3,0)","v":"Hronov"},{"$f":"VLOOKUP(A1073,Pilot,4,0)","v":"CZ/C2"},"10. WGC Juniors 2017 - Klub","LT",29,3945,5545,1.01,5710,5767,2017,null,null,"Std. Cirrus","LY",{"$f":"VLOOKUP(A1073,Pilot,5,0)","v":"F"},""]
["Mark Polajzar",null,null,null,"10. WGC Juniors 2017 - Klub","LT",30,3862,5545,1.01,5524,5579,2017,null,null,"DG 300","CF","M","Není v databázi"]
["Jokūbas Motūza",null,null,null,"10. WGC Juniors 2017 - Klub","LT",31,3708,5545,1.01,5249,5301,2017,null,null,"Jantar Std.","JU","M","Není v databázi"]
["Mark Travner",null,null,null,"10. WGC Juniors 2017 - Klub","LT",32,3677,5545,1.01,5128,5179,2017,null,null,"DG 300","CE","M","Není v databázi"]
["Giacomo Dall'olio",null,null,null,"10. WGC Juniors 2017 - Klub","LT",33,3554,5545,1.01,4892,4941,2017,null,null,"Std. Cirrus","DM","M","Není v databázi"]
["Alexander McCaw",null,null,null,"10. WGC Juniors 2017 - Klub","LT",34,3552,5545,1.01,4808,4856,2017,null,null,"Hornet","M3","M","Není v databázi"]
["Melanie Gadoulet",null,null,null,"10. WGC Juniors 2017 - Klub","LT",35,3495,5545,1.01,4655,4702,2017,null,null,"Jantar Std. 3","J1","F","Není v databázi"]
["Jelmer Vis",null,null,null,"10. WGC Juniors 2017 - Klub","LT",36,3075,5545,1.01,4044,4084,2017,null,null,"Std. Cirrus B","HE","M","Není v databázi"]
["Mathias Valentin Christiansen",null,null,null,"10. WGC Juniors 2017 - Klub","LT",37,2155,5545,1.01,2802,2830,2017,null,null,"Std. Cirrus","TH","M","Není v databázi"]
["Christoph Kalcher",null,null,null,"10. WGC Juniors 2017 - Klub","LT",38,1196,5545,1.01,{"$f":"ROUND(H1082/I1082*10000*0.7+(MAX($G$1045:$G$1082)-G1082)/(MAX($G$1045:$G$1082)-1)*10000*0.3,0)","v":1510},{"$f":"ROUND(J1082*K1082,0)","v":1525},2017,null,null,"Speed Astir II b","CK","M","Není v databázi"]
["Sjoerd van Empelen",null,null,null,"10. WGC Juniors 2017 - Std","LT",1,5976,5976,1.02,{"$f":"ROUND(H1083/I1083*10000*0.7+(MAX($G$1083:$G$1114)-G1083)/(MAX($G$1083:$G$1114)-1)*10000*0.3,0)","v":10000},{"$f":"ROUND(J1083*K1083,0)","v":10200},2017,null,null,"LS 8","E5","M",{"$f":"IF(ISERROR(VLOOKUP(A1083,Pilot,6,0)),\"Není v databázi\",VLOOKUP(A1083,Pilot,6,0))","v":"Není v databázi"}]
["Ignas Bitinaitis",null,null,null,"10. WGC Juniors 2017 - Std","LT",2,5938,5976,1.02,{"$f":"ROUND(H1084/I1084*10000*0.7+(MAX($G$1083:$G$1114)-G1084)/(MAX($G$1083:$G$1114)-1)*10000*0.3,0)","v":9859},{"$f":"ROUND(J1084*K1084,0)","v":10056},2017,null,null,"Discus 2a","FL","M","Není v databázi"]
["Joris Vainius",null,null,null,"10. WGC Juniors 2017 - Std","LT",3,5933,5976,1.02,9756,9951,2017,null,null,"LS 8","P2","M","Není v databázi"]
["Enrique Levin",null,null,null,"10. WGC Juniors 2017 - Std","LT",4,5788,5976,1.02,9489,9679,2017,null,null,"Discus 2a","EL","M","Není v databázi"]
["Jakub Pulawski",null,null,null,"10. WGC Juniors 2017 - Std","LT",5,5683,5976,1.02,9270,9455,2017,null,null,"LS 8","LOT","M","Není v databázi"]
["Kilian Biechele",null,null,null,"10. WGC Juniors 2017 - Std","LT",6,5617,5976,1.02,9096,9278,2017,null,null,"LS 8 neo","M1","M","Není v databázi"]
["Tomasz Hornik",null,null,null,"10. WGC Juniors 2017 - Std","LT",7,5555,5976,1.02,8926,9105,2017,null,null,"LS 8","A","M","Není v databázi"]
["Bjorn Gintzel",null,null,null,"10. WGC Juniors 2017 - Std","LT",8,5547,5976,1.02,8820,8996,2017,null,null,"LS 8","AR","M","Není v databázi"]
["Sjors Van Loon",null,null,null,"10. WGC Juniors 2017 - Std","LT",9,5489,5976,1.02,8655,8828,2017,null,null,"LS 8","M7","M","Není v databázi"]
["Tamas Vamosi",null,null,null,"10. WGC Juniors 2017 - Std","LT",10,5396,5976,1.02,8450,8619,2017,null,null,"Discus 2ax","HUN","M","Není v databázi"]
["David Gustavsson",null,null,null,"10. WGC Juniors 2017 - Std","LT",11,5301,5976,1.02,8242,8407,2017,null,null,"LS 8","4F","M","Není v databázi"]
["Erik Rudsmark",null,null,null,"10. WGC Juniors 2017 - Std","LT",12,5281,5976,1.02,8121,8283,2017,null,null,"LS 8","VC","M","Není v databázi"]
["Sviatoslav Roublev",null,null,null,"10. WGC Juniors 2017 - Std","LT",12,5281,5976,1.02,8121,8283,2017,null,null,"LS 8","UG","M","Není v databázi"]
["Julien Duboc",null,null,null,"10. WGC Juniors 2017 - Std","LT",14,5212,5976,1.02,7847,8004,2017,null,null,"LS 8","E8","M","Není v databázi"]
["Tizian Steiger",null,null,null,"10. WGC Juniors 2017 - Std","LT",15,5162,5976,1.02,7692,7846,2017,null,null,"Discus 2b","B2","M","Není v databázi"]
["Karel Novak",{"$f":"VLOOKUP(A1098,Pilot,2,0)","v":1993},{"$f":"VLOOKUP(A1098,Pilot,3,0)","v":"Mladá Boleslav"},{"$f":"VLOOKUP(A1098,Pilot,4,0)","v":"CZ/C1"},"10. WGC Juniors 2017 - Std","LT",16,5111,5976,1.02,7535,7686,2017,null,null,"LS 8","FX",{"$f":"VLOOKUP(A1098,Pilot,5,0)","v":"M"},""]
["Meric Morel",null,null,null,"10. WGC Juniors 2017 - Std","LT",17,5031,5976,1.02,7345,7492,2017,null,null,"Discus 2c","EI","M","Není v databázi"]
["Lars Groot",null,null,null,"10. WGC Juniors 2017 - Std","LT",18,4843,5976,1.02,7028,7169,2017,null,null,"ASW 28","GR","M","Není v databázi"]
["David Mach",{"$f":"VLOOKUP(A1101,Pilot,2,0)","v":1994},{"$f":"VLOOKUP(A1101,Pilot,3,0)","v":"Hronov"},{"$f":"VLOOKUP(A1101,Pilot,4,0)","v":"CZ/C2"},"10. WGC Juniors 2017 - Std","LT",19,4840,5976,1.02,6927,7066,2017,null,null,"LS 8b","JB",{"$f":"VLOOKUP(A1101,Pilot,5,0)","v":"M"},""]
["Sven Sprunger",null,null,null,"10. WGC Juniors 2017 - Std","LT",20,4803,5976,1.02,6787,6923,2017,null,null,"Discus 2b","W6","M","Není v databázi"]
["Dylan James Lampard",null,null,null,"10. WGC Juniors 2017 - Std","LT",21,4799,5976,1.02,6686,6820,2017,null,null,"Discus 2a","XN","M","Není v databázi"]
["Michael Jonathan Gatfield",null,null,null,"10. WGC Juniors 2017 - Std","LT",22,4756,5976,{"$f":"VLOOKUP(E1104,Soutez,8,0)","v":1.02},6539,6670,2017,null,null,"LS 8a","L9","M","Není v databázi"]
["Jan Viskot",{"$f":"VLOOKUP(A1105,Pilot,2,0)","v":1995},{"$f":"VLOOKUP(A1105,Pilot,3,0)","v":"Břeclav"},{"$f":"VLOOKUP(A1105,Pilot,4,0)","v":"CZ/M"},"10. WGC Juniors 2017 - Std","LT",23,4536,5976,1.02,6184,6308,2017,null,null,"LS 8","W8",{"$f":"VLOOKUP(A1105,Pilot,5,0)","v":"M"},"Junior v roce 2020"]
["Finn James Sleigh",null,null,null,"10. WGC Juniors 2017 - Std","LT",24,4401,5976,1.02,5929,6048,2017,null,null,"ASW 28","S1","M","Není v databázi"]
["Emil Dalboe-Pedersen",null,null,null,"10. WGC Juniors 2017 - Std","LT",25,4209,5976,1.02,5608,5720,2017,null,null,"LS 8","SE","M","Není v databázi"]
["Thomas Leitgeb",null,null,null,"10. WGC Juniors 2017 - Std","LT",26,3925,5976,1.02,5178,5282,2017,null,null,"Discus 2b","D2","M","Není v databázi"]
["Daniel Arday",null,null,null,"10. WGC Juniors 2017 - Std","LT",27,3865,5976,1.02,5011,5111,2017,null,null,"Discus 2a","HAL","M","Není v databázi"]
["Ringaudas Kikalas",null,null,null,"10. WGC Juniors 2017 - Std","LT",28,3848,5976,1.02,4894,4992,2017,null,null,"LAK 19","ZM","M","Není v databázi"]
["Christoph Josef Koch",null,null,null,"10. WGC Juniors 2017 - Std","LT",29,3695,5976,1.02,4618,4710,2017,null,null,"Discus 2a","KG","M","Není v databázi"]
["Lukas Kirchberger",null,null,null,"10. WGC Juniors 2017 - Std","LT",30,3431,5976,1.02,4212,4296,2017,null,null,"LS 7","LK","M","Není v databázi"]
["Mike Hurlimann",null,null,null,"10. WGC Juniors 2017 - Std","LT",31,3202,5976,1.02,3847,3924,2017,null,null,"Discus 2b","9S","M","Není v databázi"]
["Kevin Kjær Andersen",null,null,null,"10. WGC Juniors 2017 - Std","LT",32,2566,5976,1.02,{"$f":"ROUND(H1114/I1114*10000*0.7+(MAX($G$1083:$G$1114)-G1114)/(MAX($G$1083:$G$1114)-1)*10000*0.3,0)","v":3006},{"$f":"ROUND(J1114*K1114,0)","v":3066},2017,null,null,"Discus 2T","AA","M","Není v databázi"]
["Freddy Hein",null,null,null,"19. EGC 2017 - 15m","UK",1,5243,5243,1.0649999999999999,{"$f":"ROUND(H1115/I1115*10000*0.7+(MAX($G$1115:$G$1132)-G1115)/(MAX($G$1115:$G$1132)-1)*10000*0.3,0)","v":10000},{"$f":"ROUND(J1115*K1115,0)","v":10650},2017,null,null,"Ventus 2ax","FH","M",{"$f":"IF(ISERROR(VLOOKUP(A1115,Pilot,6,0)),\"Není v databázi\",VLOOKUP(A1115,Pilot,6,0))","v":"Není v databázi"}]
["Tim Scott",null,null,null,"19. EGC 2017 - 15m","UK",2,5165,5243,1.0649999999999999,{"$f":"ROUND(H1116/I1116*10000*0.7+(MAX($G$1115:$G$1132)-G1116)/(MAX($G$1115:$G$1132)-1)*10000*0.3,0)","v":9696},{"$f":"ROUND(J1116*K1116,0)","v":10326},2017,null,null,"ASG 29","Z3","M","Není v databázi"]
["Gary Stingemore",null,null,null,"19. EGC 2017 - 15m","UK",3,5133,5243,1.0649999999999999,{"$f":"ROUND(H1117/I1117*10000*0.7+(MAX($G$1115:$G$1132)-G1117)/(MAX($G$1115:$G$1132)-1)*10000*0.3,0)","v":9453},10067,2017,null,null,"ASG 29 E",10,"M","Není v databázi"]
["Uli Schwenk",null,null,null,"19. EGC 2017 - 15m","UK",4,5125,5243,1.0649999999999999,{"$f":"ROUND(H1118/I1118*10000*0.7+(MAX($G$1115:$G$1132)-G1118)/(MAX($G$1115:$G$1132)-1)*10000*0.3,0)","v":9242},9843,2017,null,null,"Ventus 2a","VV","M","Není v databázi"]
["Adam Woolley",null,null,null,"19. EGC 2017 - 15m","UK","HC",4842,5243,1.0649999999999999,null,null,2017,null,null,"Ventus 2","A8","M","Není v databázi"]
["Dmitriy Timoshenko",null,null,null,"19. EGC 2017 - 15m","UK",5,4614,5243,1.0649999999999999,{"$f":"ROUND(H1120/I1120*10000*0.7+(MAX($G$1115:$G$1132)-G1120)/(MAX($G$1115:$G$1132)-1)*10000*0.3,0)","v":8360},8903,2017,null,null,"Ventus 2cx","TD","M","Není v databázi"]
["Radek Krejcirik",{"$f":"VLOOKUP(A1121,Pilot,2,0)","v":1991},{"$f":"VLOOKUP(A1121,Pilot,3,0)","v":"Hranice"},{"$f":"VLOOKUP(A1121,Pilot,4,0)","v":"CZ/M"},"19. EGC 2017 - 15m","UK",6,4577,5243,1.0649999999999999,8111,8638,2017,null,null,"Ventus 2ax","AX",{"$f":"VLOOKUP(A1121,Pilot,5,0)","v":"M"},""]
["Ondrej Bordovsky",{"$f":"VLOOKUP(A1122,Pilot,2,0)","v":1983},{"$f":"VLOOKUP(A1122,Pilot,3,0)","v":"Krnov"},{"$f":"VLOOKUP(A1122,Pilot,4,0)","v":"CZ/M"},"19. EGC 2017 - 15m","UK",7,4474,5243,1.0649999999999999,7773,8278,2017,"x",null,"ASG 29 E","QZ",{"$f":"VLOOKUP(A1122,Pilot,5,0)","v":"M"},""]
["Daan Spruyt",null,null,null,"19. EGC 2017 - 15m","UK",8,4398,5243,1.0649999999999999,7472,7958,2017,null,null,"ASW 27","FS","M","Není v databázi"]
["Lukasz Grabowski",null,null,null,"19. EGC 2017 - 15m","UK",9,4286,5243,1.0649999999999999,7122,7585,2017,null,null,"Diana 2","RP","M","Není v databázi"]
["Didier Hauss",null,null,null,"19. EGC 2017 - 15m","UK",10,4011,5243,1.0649999999999999,6555,6981,2017,null,null,"Ventus 2","DID","M","Není v databázi"]
["Paul Crabb",null,null,null,"19. EGC 2017 - 15m","UK",11,3914,5243,1.0649999999999999,6226,6631,2017,null,null,"Ventus 2ax","C64","M","Není v databázi"]
["Henrik A. Breidahl",null,null,null,"19. EGC 2017 - 15m","UK",12,3742,5243,1.0649999999999999,5796,6173,2017,null,null,"ASG 29 E","CG","M","Není v databázi"]
["Francisco Ortega Casariego",null,null,null,"19. EGC 2017 - 15m","UK",13,3306,5243,1.0649999999999999,5014,5340,2017,null,null,"ASW 27","27B","M","Není v databázi"]
["Owen McCormack",null,null,null,"19. EGC 2017 - 15m","UK","HC",3086,5243,1.0649999999999999,null,null,2017,null,null,"Ventus 2",77,"M","Není v databázi"]
["Sorin Lingureanu",null,null,null,"19. EGC 2017 - 15m","UK",14,2561,5243,1.0649999999999999,{"$f":"ROUND(H1130/I1130*10000*0.7+(MAX($G$1115:$G$1132)-G1130)/(MAX($G$1115:$G$1132)-1)*10000*0.3,0)","v":3819},4067,2017,null,null,"Ventus 2","ZR","M","Není v databázi"]
["Peter Harsfalvi",null,null,null,"19. EGC 2017 - 15m","UK",15,1115,5243,1.0649999999999999,{"$f":"ROUND(H1131/I1131*10000*0.7+(MAX($G$1115:$G$1132)-G1131)/(MAX($G$1115:$G$1132)-1)*10000*0.3,0)","v":1689},1799,2017,null,null,"ASG 29 E","AMI","M","Není v databázi"]
["Kevin Houlihan",null,null,null,"19. EGC 2017 - 15m","UK",16,1019,5243,1.0649999999999999,{"$f":"ROUND(H1132/I1132*10000*0.7+(MAX($G$1115:$G$1132)-G1132)/(MAX($G$1115:$G$1132)-1)*10000*0.3,0)","v":1360},{"$f":"ROUND(J1132*K1132,0)","v":1448},2017,null,null,"Lak 17","T8","M","Není v databázi"]
["Wolfgang Janowitsch",null,null,null,"19. EGC 2017 - 18m","UK",1,6169,6169,1.095,{"$f":"ROUND(H1133/I1133*10000*0.7+(MAX($G$1133:$G$1157)-G1133)/(MAX($G$1133:$G$1157)-1)*10000*0.3,0)","v":10000},{"$f":"ROUND(J1133*K1133,0)","v":10950},2017,null,null,"Ventus 3T","WO","M",{"$f":"IF(ISERROR(VLOOKUP(A1133,Pilot,6,0)),\"Není v databázi\",VLOOKUP(A1133,Pilot,6,0))","v":"Není v databázi"}]
["Mike Young",null,null,null,"19. EGC 2017 - 18m","UK",2,6072,6169,1.095,9765,{"$f":"ROUND(J1134*K1134,0)","v":10693},2017,null,null,"Ventus 3T",110,"M","Není v databázi"]
["Bert Schmelzer",null,null,null,"19. EGC 2017 - 18m","UK",3,5950,6169,1.095,9501,10404,2017,null,null,"Ventus 3T","2X","M","Není v databázi"]
["Christophe Cousseau",null,null,null,"19. EGC 2017 - 18m","UK",4,5945,6169,1.095,9371,10261,2017,null,null,"JS 1","FC","M","Není v databázi"]
["Peter Millenaar",null,null,null,"19. EGC 2017 - 18m","UK",5,5838,6169,1.095,9124,9991,2017,null,null,"ASG 29 E","MX","M","Není v databázi"]
["Jeroen Verkuijl",null,null,null,"19. EGC 2017 - 18m","UK",6,5797,6169,1.095,8953,9804,2017,null,null,"ASG 29 E",630,"M","Není v databázi"]
["Marcel Duenner",null,null,null,"19. EGC 2017 - 18m","UK",7,5788,6169,1.095,8818,9656,2017,null,null,"ASG 29","MD","M","Není v databázi"]
["Roman Mracek",{"$f":"VLOOKUP(A1140,Pilot,2,0)","v":1980},{"$f":"VLOOKUP(A1140,Pilot,3,0)","v":"Letkov"},{"$f":"VLOOKUP(A1140,Pilot,4,0)","v":"CZ/C1"},"19. EGC 2017 - 18m","UK",8,5719,6169,1.095,8614,9432,2017,null,null,"ASG 29 E","QX",{"$f":"VLOOKUP(A1140,Pilot,5,0)","v":"M"},""]
["Jurg Haas",null,null,null,"19. EGC 2017 - 18m","UK",9,5505,6169,1.095,8247,9030,2017,null,null,"JS 1 C","CH","M","Není v databázi"]
["Tijl Schmelzer",null,null,null,"19. EGC 2017 - 18m","UK",10,5490,6169,1.095,8105,8875,2017,null,null,"ASG 29","F2","M","Není v databázi"]
["Michael Streit",null,null,null,"19. EGC 2017 - 18m","UK",11,5482,6169,1.095,7970,8727,2017,null,null,"ASG 29 E","MS","M","Není v databázi"]
["Sebastian Huhmann",null,null,null,"19. EGC 2017 - 18m","UK",12,5458,6169,1.095,7818,8561,2017,null,null,"ASG 29 E","LY","M","Není v databázi"]
["Andreas Lutz",null,null,null,"19. EGC 2017 - 18m","UK",13,5452,6169,1.095,7686,8416,2017,null,null,"Ventus 3T","3V","M","Není v databázi"]
["Arne J. Boye-Møller",null,null,null,"19. EGC 2017 - 18m","UK",14,5407,6169,1.095,7510,8223,2017,null,null,"Ventus 2cxT","AB","M","Není v databázi"]
["Petr Tichy",{"$f":"VLOOKUP(A1147,Pilot,2,0)","v":1973},{"$f":"VLOOKUP(A1147,Pilot,3,0)","v":"Zbraslavice"},{"$f":"VLOOKUP(A1147,Pilot,4,0)","v":"CZ/C1"},"19. EGC 2017 - 18m","UK",15,5309,6169,1.095,7274,7965,2017,null,null,"ASG 29 E","AJ",{"$f":"VLOOKUP(A1147,Pilot,5,0)","v":"M"},""]
["Denis Guerin",null,null,null,"19. EGC 2017 - 18m","UK",16,5107,6169,1.095,6920,7577,2017,null,null,"ASG 29","V","M","Není v databázi"]
["Morten Hugo Bennick",null,null,null,"19. EGC 2017 - 18m","UK",17,5004,6169,1.095,6678,7312,2017,null,null,"ASG 29 E","PE","M","Není v databázi"]
["Richard Basa",null,null,null,"19. EGC 2017 - 18m","UK",18,5003,6169,1.095,6552,7174,2017,null,null,"JS 1 C","OK","M","Není v databázi"]
["Peter Szabo",null,null,null,"19. EGC 2017 - 18m","UK",19,4696,6169,1.095,6079,6657,2017,null,null,"JS 1","BX","M","Není v databázi"]
["Zdzislaw Bednarczuk",null,null,null,"19. EGC 2017 - 18m","UK",20,4578,6169,1.095,5820,6373,2017,null,null,"ASG 29 E","ZB","M","Není v databázi"]
["Brian Birlison",null,null,null,"19. EGC 2017 - 18m","UK",21,4556,6169,1.095,5670,6209,2017,null,null,"ASG 29 E",565,"M","Není v databázi"]
["Andreas Sandhöfner",null,null,null,"19. EGC 2017 - 18m","UK",22,4164,6169,1.095,5100,5585,2017,null,null,"ASG 29","AY","M","Není v databázi"]
["Giuseppe Dal Grande",null,null,null,"19. EGC 2017 - 18m","UK",23,2540,6169,1.095,3132,3430,2017,null,null,"Ventus 2cxM","LH","M","Není v databázi"]
["Liam \"Billy\" Brady",null,null,null,"19. EGC 2017 - 18m","UK",24,2409,6169,1.095,2859,3131,2017,null,null,"ASG 29 E","SX","M","Není v databázi"]
["Ugo Raffaelli",null,null,null,"19. EGC 2017 - 18m","UK",25,2248,6169,1.095,2551,{"$f":"ROUND(J1157*K1157,0)","v":2793},2017,null,null,"Ventus 2cxT","RR","M","Není v databázi"]
["Michael Sommer",null,null,null,"19. EGC 2017 - Open","UK",1,6660,6660,1.0900000000000001,{"$f":"ROUND(H1158/I1158*10000*0.7+(MAX($G$1158:$G$1175)-G1158)/(MAX($G$1158:$G$1175)-1)*10000*0.3,0)","v":10000},{"$f":"ROUND(J1158*K1158,0)","v":10900},2017,null,null,"EB 29 R","EP","M",{"$f":"IF(ISERROR(VLOOKUP(A1158,Pilot,6,0)),\"Není v databázi\",VLOOKUP(A1158,Pilot,6,0))","v":"Není v databázi"}]
["Peter Harvey",null,null,null,"19. EGC 2017 - Open","UK",2,6419,6660,1.0900000000000001,9570,{"$f":"ROUND(J1159*K1159,0)","v":10431},2017,null,null,"JS1 C","N1","M","Není v databázi"]
["Russell Cheetham",null,null,null,"19. EGC 2017 - Open","UK",3,6377,6660,1.0900000000000001,9350,10192,2017,null,null,"JS1 C","E1","M","Není v databázi"]
["Holger Karow",null,null,null,"19. EGC 2017 - Open","UK",4,6311,6660,1.0900000000000001,9104,9923,2017,null,null,"EB 29 DE","IRB","M","Není v databázi"]
["Pierre de Broqueville",null,null,null,"19. EGC 2017 - Open","UK",5,6121,6660,1.0900000000000001,8728,9514,2017,null,null,"EB 29 DR","IP3","M","Není v databázi"]
["Ronald Termaat",null,null,null,"19. EGC 2017 - Open","UK",6,6111,6660,1.0900000000000001,8541,9310,2017,null,null,"JS1 C","XT","M","Není v databázi"]
["Petr Krejcirik",{"$f":"VLOOKUP(A1164,Pilot,2,0)","v":1960},{"$f":"VLOOKUP(A1164,Pilot,3,0)","v":"Hranice"},{"$f":"VLOOKUP(A1164,Pilot,4,0)","v":"CZ/M"},"19. EGC 2017 - Open","UK",7,5840,6660,1.0900000000000001,8079,8806,2017,null,null,"JS1 C","8Q",{"$f":"VLOOKUP(A1164,Pilot,5,0)","v":"M"},""]
["Lukasz Wojcik",null,null,null,"19. EGC 2017 - Open","UK",8,5584,6660,1.0900000000000001,7634,8321,2017,null,null,"JS1 C","P","M","Není v databázi"]
["Eric Bernard",null,null,null,"19. EGC 2017 - Open","UK",9,5547,6660,1.0900000000000001,7418,8086,2017,null,null,"JS1 C","EB","M","Není v databázi"]
["Pavel Trybenekr",{"$f":"VLOOKUP(A1167,Pilot,2,0)","v":1990},{"$f":"VLOOKUP(A1167,Pilot,3,0)","v":"Hořice"},{"$f":"VLOOKUP(A1167,Pilot,4,0)","v":"CZ/C2"},"19. EGC 2017 - Open","UK",10,4813,6660,1.0900000000000001,6470,7052,2017,null,null,"ASW 22 BLE","RX",{"$f":"VLOOKUP(A1167,Pilot,5,0)","v":"M"},""]
["Adam Czeladzki",null,null,null,"19. EGC 2017 - Open","UK",11,4656,6660,{"$f":"VLOOKUP(E1168,Soutez,8,0)","v":1.0900000000000001},6129,6681,2017,null,null,"JS1 C","GOL","M","Není v databázi"]
["Marco Vermeer",null,null,null,"19. EGC 2017 - Open","UK",12,4614,6660,1.0900000000000001,5908,6440,2017,null,null,"JS1 C","APU","M","Není v databázi"]
["Markus Gaeumann",null,null,null,"19. EGC 2017 - Open","UK",13,4606,6660,1.0900000000000001,5723,6238,2017,null,null,"Nimbus 4M","NB","M","Není v databázi"]
["Guido Halter",null,null,null,"19. EGC 2017 - Open","UK",14,4492,6660,1.0900000000000001,5427,5915,2017,null,null,"ASH 25 M","HU","M","Není v databázi"]
["Owe Engstrom",null,null,null,"19. EGC 2017 - Open","UK",15,3811,6660,1.0900000000000001,4535,4943,2017,null,null,"EB 28","TP","M","Není v databázi"]
["Sylvain Gerbaud",null,null,null,"19. EGC 2017 - Open","UK",16,3461,6660,1.0900000000000001,3991,4350,2017,null,null,"JS1 C",72,"M","Není v databázi"]
["Yves Ruymen",null,null,null,"19. EGC 2017 - Open","UK",17,3241,6660,1.0900000000000001,3583,3905,2017,null,null,"Nimbus 4DM","MF","M","Není v databázi"]
["Antonio Soffici",null,null,null,"19. EGC 2017 - Open","UK",18,2550,6660,1.0900000000000001,2680,{"$f":"ROUND(J1175*K1175,0)","v":2921},2017,null,null,"Nimbus 4T","EC","M","Není v databázi"]
["Jaroslav Tomana",{"$f":"VLOOKUP(A1176,Pilot,2,0)","v":1975},{"$f":"VLOOKUP(A1176,Pilot,3,0)","v":"Zbraslavice"},{"$f":"VLOOKUP(A1176,Pilot,4,0)","v":"CZ/C1"},"AZ Cup 2018 - Klub","CZ",1,3043,3043,{"$f":"VLOOKUP(E1176,Soutez,8,0)","v":0.92500000000000004},{"$f":"ROUND(H1176/I1176*10000*0.7+(MAX($G$1176:$G$1215)-G1176)/(MAX($G$1176:$G$1215)-1)*10000*0.3,0)","v":10000},{"$f":"ROUND(J1176*K1176,0)","v":9250},2018,null,null,"Cirrus Std.","SN",{"$f":"VLOOKUP(A1176,Pilot,5,0)","v":"M"},{"$f":"IF(ISERROR(VLOOKUP(A1176,Pilot,6,0)),\"Není v databázi\",VLOOKUP(A1176,Pilot,6,0))","v":""}]
["Ivan Novak",1962,"Mladá Boleslav","CZ/C1","AZ Cup 2018 - Klub","CZ",2,3013,3043,0.92500000000000004,9854,9115,2018,null,null,"Cirrus Std.","DI","M",""]
["Zdenek Boruvka 86",1986,"Jičín","CZ/C2","AZ Cup 2018 - Klub","CZ",3,3007,3043,0.92500000000000004,9763,9031,2018,"x",null,"Cirrus Std.","BJ","M",""]
["David Mach",1994,"Hronov","CZ/C2","AZ Cup 2018 - Klub","CZ",4,2802,3043,0.92500000000000004,9215,8524,2018,null,null,"Cirrus Std.","CX","M",""]
["Ivan Harasta 65",1965,"Toužim","CZ/C1","AZ Cup 2018 - Klub","CZ",5,2663,3043,0.92500000000000004,8818,8157,2018,null,null,"ASW-15B","HI","M",""]
["Klara Teichmannova",1993,"Hronov","CZ/C2","AZ Cup 2018 - Klub","CZ",6,2565,3043,0.92500000000000004,8516,7877,2018,null,null,"Cirrus Std.","LY","F",""]
["Jiri Fousek",1990,"Raná","CZ/C2","AZ Cup 2018 - Klub","CZ",7,2528,3043,0.92500000000000004,8354,7727,2018,"x",null,"Cirrus Std.","XII","M",""]
["Anna Bordovska",1989,"Mladá Boleslav","CZ/C1","AZ Cup 2018 - Klub","CZ",8,2480,3043,0.92500000000000004,8166,7554,2018,"x","x","Cirrus Std.","BW","F",""]
["Jan Horak",1971,"Zbraslavice","CZ/C1","AZ Cup 2018 - Klub","CZ",9,2407,3043,0.92500000000000004,7922,7328,2018,"x",null,"ASW 20 AWL","WX","M",""]
["Barbora Moravcova",1994,"Zbraslavice","CZ/C1","AZ Cup 2018 - Klub","CZ",10,2363,3043,0.92500000000000004,7743,7162,2018,null,null,"ASW-19B","CF","F",""]
["Jakub Kmosek",1978,"Zbraslavice","CZ/C1","AZ Cup 2018 - Klub","CZ",11,2255,3043,0.92500000000000004,7418,6862,2018,"x",null,"Cirrus Std.","ST","M",""]
["David Popovsky",1976,"Rakovník","CZ/C1","AZ Cup 2018 - Klub","CZ",12,2233,3043,0.92500000000000004,7291,6744,2018,"x",null,"ASW 24",76,"M",""]
["Lukas Koukal",1991,"Letkov","CZ/C1","AZ Cup 2018 - Klub","CZ",13,2224,3043,0.92500000000000004,7193,6654,2018,null,null,"ASW-15B","T1","M",""]
["Frantisek Filandr",1956,"Most","CZ/C2","AZ Cup 2018 - Klub","CZ",14,2206,3043,0.92500000000000004,7075,6544,2018,"x",null,"Cirrus Std.","FF","M",""]
["Martin Chovan",1973,"Zbraslavice","CZ/C1","AZ Cup 2018 - Klub","CZ",15,2037,3043,0.92500000000000004,6609,6113,2018,"x",null,"ASW19B","FY","M",""]
["Radim Vadasz",1989,"Soběslav","CZ/C1","AZ Cup 2018 - Klub","CZ",16,2034,3043,0.92500000000000004,6525,6036,2018,"x",null,"ASW-15A","ASW","M",""]
["Jindrich Hala",1989,"Rakovník","CZ/C1","AZ Cup 2018 - Klub","CZ",17,1998,3043,0.92500000000000004,6365,5888,2018,"x",null,"Cirrus Std.","OG","M",""]
["Oldrich Houzvicka",1975,"Frýdlant","CZ/M","AZ Cup 2018 - Klub","CZ",18,1973,3043,0.92500000000000004,6231,5764,2018,"x",null,"LS-1f","EM","M",""]
["Martin Grmela",1989,"Zbraslavice","CZ/C1","AZ Cup 2018 - Klub","CZ",19,1966,3043,0.92500000000000004,6138,5678,2018,"x",null,"G-102 Astir CS","MV","M",""]
["Michal Drab",1969,"Letkov","CZ/C1","AZ Cup 2018 - Klub","CZ",20,1942,3043,0.92500000000000004,6006,5556,2018,"x",null,"LS-1d","S3","M",""]
["Katerina Vojtova",1983,"Slaný","CZ/C1","AZ Cup 2018 - Klub","CZ",21,1916,3043,0.92500000000000004,5869,5429,2018,"x","x","Cirrus Std.","KAC","F",""]
["Martin Urban",1971,"Frýdlant","CZ/M","AZ Cup 2018 - Klub","CZ",22,1892,3043,0.92500000000000004,5737,5307,2018,"x",null,"LS-3A 15m","SJ","M",""]
["Jiri Hula",1973,"Slaný","CZ/C1","AZ Cup 2018 - Klub","CZ",23,1890,3043,0.92500000000000004,5655,5231,2018,"x",null,"Cirrus Std.","TI","M",""]
["Matej Krestes",1986,"Slaný","CZ/C1","AZ Cup 2018 - Klub","CZ",24,1818,3043,0.92500000000000004,5413,5007,2018,"x",null,"C201B Marianne","YL","M",""]
["Vojtech Novotny",1992,"Kralupy","CZ/C1","AZ Cup 2018 - Klub","CZ",25,1791,3043,0.92500000000000004,5274,4878,2018,null,null,"LS-1f","EF","M",""]
["Petr Bartak",1984,"Letkov","CZ/C1","AZ Cup 2018 - Klub","CZ",26,1588,3043,0.92500000000000004,4730,4375,2018,"x",null,"Cirrus Std.","SR","M",""]
["Vaclav Svoboda",1970,"Letkov","CZ/C1","AZ Cup 2018 - Klub","CZ",27,1580,3043,0.92500000000000004,4635,4287,2018,"x",null,"Cirrus Std.","W1","M",""]
["Jan Pubec",1979,"Plzeň Bory","CZ/C1","AZ Cup 2018 - Klub","CZ",28,1394,3043,0.92500000000000004,4130,3820,2018,"x",null,"Cirrus Std.","LM","M",""]
["Jan Zahradka",1981,"Hodkovice","CZ/C2","AZ Cup 2018 - Klub","CZ",29,1388,3043,0.92500000000000004,4039,3736,2018,null,null,"Cirrus Std.","AR","M",""]
["David Sachl",1978,"Kralupy","CZ/C1","AZ Cup 2018 - Klub","CZ",30,1305,3043,0.92500000000000004,3771,3488,2018,null,null,"DG-200","RZ","M",""]
["Lukas Kotek",1994,"Frýdlant","CZ/M","AZ Cup 2018 - Klub","CZ",31,1178,3043,0.92500000000000004,3402,3147,2018,null,null,"G-102 Astir CS","W7","M",""]
["Tomas Jung",1950,"Zbraslavice","CZ/C1","AZ Cup 2018 - Klub","CZ",32,1029,3043,0.92500000000000004,2982,2758,2018,"x",null,"ASW-19B","O2","M",""]
["Ondrej Sindelar",{"$f":"VLOOKUP(A1208,Pilot,2,0)","v":1979},{"$f":"VLOOKUP(A1208,Pilot,3,0)","v":"Mladá Boleslav"},{"$f":"VLOOKUP(A1208,Pilot,4,0)","v":"CZ/C1"},"AZ Cup 2018 - Klub","CZ",33,910,3043,0.92500000000000004,2632,2435,2018,"x",null,"ASW-19B","OI",{"$f":"VLOOKUP(A1208,Pilot,5,0)","v":"M"},""]
["Petr Brezina",1963,"Frýdlant","CZ/M","AZ Cup 2018 - Klub","CZ",34,908,3043,0.92500000000000004,2550,2359,2018,"x",null,"G-102 Astir CS","BH","M",""]
["Jan Konecny",1972,"Rakovník","CZ/C1","AZ Cup 2018 - Klub","CZ",35,879,3043,0.92500000000000004,2407,2226,2018,"x",null,"LS-7",72,"M",""]
["Tomas Hlavacek",1984,"Mladá Boleslav","CZ/C1","AZ Cup 2018 - Klub","CZ",36,857,3043,0.92500000000000004,2279,2108,2018,null,null,"ASW-15B","MB","M",""]
["Jiri Hodan",1959,"Zbraslavice","CZ/C1","AZ Cup 2018 - Klub","CZ",37,620,3043,0.92500000000000004,1657,1533,2018,"x",null,"G-103 Twin Astir","RB","M",""]
["Rudolf Jung",1954,"Zbraslavice","CZ/C1","AZ Cup 2018 - Klub","CZ",38,494,3043,0.92500000000000004,1290,1193,2018,"x",null,"Cirrus Std.","C1","M",""]
["Pavel Svrcek",1972,"Frýdlant","CZ/M","AZ Cup 2018 - Klub","CZ",39,430,3043,0.92500000000000004,1066,986,2018,"x",null,"DG-200","AK","M",""]
["Karel Ertl",1939,"LK Břeclav","CZ/M","AZ Cup 2018 - Klub","CZ",40,318,3043,{"$f":"VLOOKUP(E1215,Soutez,8,0)","v":0.92500000000000004},732,{"$f":"ROUND(J1215*K1215,0)","v":677},2018,"x",null,"TST 10M Atlas","KE","M",""]
["Roman Mracek",1980,"Letkov","CZ/C1","AZ Cup 2018 - Kombi","CZ",1,3897,3897,0.95,{"$f":"ROUND(H1216/I1216*10000*0.7+(MAX($G$1216:$G$1244)-G1216)/(MAX($G$1216:$G$1244)-1)*10000*0.3,0)","v":10000},9500,2018,null,null,"ASG 29E 18m","QX","M",{"$f":"IF(ISERROR(VLOOKUP(A1216,Pilot,6,0)),\"Není v databázi\",VLOOKUP(A1216,Pilot,6,0))","v":""}]
["Tomas Suchanek",1964,"GAC Benešov","CZ/C1","AZ Cup 2018 - Kombi","CZ",2,3751,3897,0.95,9631,9149,2018,null,null,"ASG 29E 18m","QZ","M",""]
["Petr Tichy",1973,"Zbraslavice","CZ/C1","AZ Cup 2018 - Kombi","CZ",3,3607,3897,0.95,9265,8802,2018,null,null,"ASG-29E 18m","AJ","M",""]
["Petr Koutny",1971,"Křižanov","CZ/M","AZ Cup 2018 - Kombi","CZ",4,3550,3897,0.95,9055,{"$f":"ROUND(J1219*K1219,0)","v":8602},2018,null,null,"LS 8b 18m","SK","M",""]
["Michal Lesinger",1966,"Moravská Třebová","CZ/M","AZ Cup 2018 - Kombi","CZ",5,3443,3897,0.95,8756,8318,2018,null,null,"ASG-32 Mi 850kg","DX","M",""]
["Radek Krejcirik",1991,"Hranice","CZ/M","AZ Cup 2018 - Kombi","CZ",6,3364,3897,0.95,8507,8082,2018,null,null,"Ventus 2 ax","AX","M",""]
["Petr Hotovy",1958,"Česká Lípa","CZ/C2","AZ Cup 2018 - Kombi","CZ",7,3350,3897,0.95,8375,7956,2018,null,null,"JS-1B 18m","IGC","M",""]
["Alena Netusilova",1970,"Zbraslavice","CZ/C1","AZ Cup 2018 - Kombi","CZ",8,3324,3897,0.95,8221,7810,2018,null,null,"JS-1C 18m EVO","JX","F",""]
["Lenka Kuthanova",1960,"Tábor","CZ/C1","AZ Cup 2018 - Kombi","CZ",9,3202,3897,0.95,7894,7499,2018,"x","x","JS-1C 18m EVO","LX","F",""]
["Martin Pekar",1973,"Šumperk","CZ/M","AZ Cup 2018 - Kombi","CZ",10,3027,3897,0.95,7473,7099,2018,"x",null,"HPH 304 ES 18m 600kg","ES","M",""]
["Martin Hrivna",1978,"Zbraslavice","CZ/C1","AZ Cup 2018 - Kombi","CZ",11,3024,3897,0.95,7360,6992,2018,"x",null,"ASG 29E 18m","NX","M",""]
["Petr Starek",1974,"Zbraslavice","CZ/C1","AZ Cup 2018 - Kombi","CZ",12,2926,3897,0.95,7077,6723,2018,"x",null,"HPH 304 SJ 18m 573kg",66,"M",""]
["Ondrej Dupal",1966,"GAC Benešov","CZ/C1","AZ Cup 2018 - Kombi","CZ",13,2877,3897,0.95,6882,6538,2018,null,null,"ASG-29E 18m","GO","M",""]
["Martin Vnoucek",1972,"Vlašim","CZ/C1","AZ Cup 2018 - Kombi","CZ",14,2844,3897,0.95,6716,6380,2018,"x",null,"Ventus 2 cxt 18m 600kg","PX","M",""]
["Tomas Malik",1972,"Letňany","CZ/C1","AZ Cup 2018 - Kombi","CZ",15,2834,3897,0.95,6591,6261,2018,"x",null,"Ventus 2 cm 18m 525kg","JT","M",""]
["Jaromir Jedlicka",1972,"Letňany","CZ/C1","AZ Cup 2018 - Kombi","CZ",16,2832,3897,0.95,6480,6156,2018,"x",null,"Ventus b/16,6m 485kg","JET","M",""]
["Jan Boruvka",1984,"Jičín","CZ/C2","AZ Cup 2018 - Kombi","CZ",17,2809,3897,0.95,6331,6014,2018,null,null,"Ventus c","EG","M",""]
["Jan Kantor",1983,"Letňany","CZ/C1","AZ Cup 2018 - Kombi","CZ",18,2764,3897,0.95,6143,5836,2018,"x",null,"Ventus c 17,6m","UC","M",""]
["Jan Dersak 69",1969,"Kralupy","CZ/C1","AZ Cup 2018 - Kombi","CZ",19,2702,3897,0.95,5925,5629,2018,null,null,"HPH 304 CZ 17,4m","DJ","M",""]
["Michal Kratochvil",1984,"Slaný","CZ/C1","AZ Cup 2018 - Kombi","CZ",20,2534,3897,0.95,5516,5240,2018,"x",null,"Ventus b 15m","S6","M",""]
["Tomas Rendla",1973,"Zbraslavice","CZ/C1","AZ Cup 2018 - Kombi","CZ",21,2510,3897,0.95,5366,5098,2018,null,null,"Arcus M","EY","M",""]
["Hana Treslova",1991,"Raná","CZ/C2","AZ Cup 2018 - Kombi","CZ",22,2362,3897,0.95,4993,4743,2018,null,null,"LS-8A 15m","EU","F",""]
["Karel Benisek 76",1976,"Toužim","CZ/C1","AZ Cup 2018 - Kombi","CZ",23,2327,3897,{"$f":"VLOOKUP(E1238,Soutez,8,0)","v":0.95},4823,{"$f":"ROUND(J1238*K1238,0)","v":4582},2018,null,null,"Ventus ct 17.6m","KB","M",""]
["Dana Novakova",1965,"Mladá Boleslav","CZ/C1","AZ Cup 2018 - Kombi","CZ",24,2241,3897,0.95,4561,4333,2018,null,null,"LS-8b 15m","AU","F",""]
["Karel Krobath",null,null,"AT","AZ Cup 2018 - Kombi","CZ",25,2177,3897,0.95,4339,4122,2018,null,null,"HPH 304 MS Shark 18m 600kg","Q"]
["Jiri Prochazka",{"$f":"VLOOKUP(A1241,Pilot,2,0)","v":1971},{"$f":"VLOOKUP(A1241,Pilot,3,0)","v":"Toužim"},{"$f":"VLOOKUP(A1241,Pilot,4,0)","v":"CZ/C1"},"AZ Cup 2018 - Kombi","CZ",26,1914,3897,0.95,3759,3571,2018,null,null,"DG 500 22m","SR",{"$f":"VLOOKUP(A1241,Pilot,5,0)","v":"M"},""]
["Petr Jiranek 63",{"$f":"VLOOKUP(A1242,Pilot,2,0)","v":1962},{"$f":"VLOOKUP(A1242,Pilot,3,0)","v":"Toužim"},{"$f":"VLOOKUP(A1242,Pilot,4,0)","v":"CZ/C1"},"AZ Cup 2018 - Kombi","CZ",27,1799,3897,0.95,3446,3274,2018,null,null,"Ventus cm 17m","SW","M",""]
["Eva Cerna",{"$f":"VLOOKUP(A1243,Pilot,2,0)","v":1964},{"$f":"VLOOKUP(A1243,Pilot,3,0)","v":"Příbram"},{"$f":"VLOOKUP(A1243,Pilot,4,0)","v":"CZ/C1"},"AZ Cup 2018 - Kombi","CZ",28,1601,3897,0.95,2983,2834,2018,null,null,"Ventus 2 cxt 18m 600kg","EK","F",""]
["Roman Lanzendorf",{"$f":"VLOOKUP(A1244,Pilot,2,0)","v":1964},{"$f":"VLOOKUP(A1244,Pilot,3,0)","v":"Letkov"},{"$f":"VLOOKUP(A1244,Pilot,4,0)","v":"CZ/C1"},"AZ Cup 2018 - Kombi","CZ",29,1027,3897,{"$f":"VLOOKUP(E1244,Soutez,8,0)","v":0.95},{"$f":"ROUND(H1244/I1244*10000*0.7+(MAX($G$1216:$G$1244)-G1244)/(MAX($G$1216:$G$1244)-1)*10000*0.3,0)","v":1845},{"$f":"ROUND(J1244*K1244,0)","v":1753},2018,null,null,"Ventus ct 17.6m","AS","M",""]
["Pavel Rericha",{"$f":"VLOOKUP(A1245,Pilot,2,0)","v":1967},{"$f":"VLOOKUP(A1245,Pilot,3,0)","v":"Moravská Třebová"},{"$f":"VLOOKUP(A1245,Pilot,4,0)","v":"CZ/M"},"14. JPJ 2018 - Klub","CZ",1,1496,1496,{"$f":"VLOOKUP(E1245,Soutez,8,0)","v":0},{"$f":"ROUND(H1245/I1245*10000*0.7+(MAX($G$1245:$G$1289)-G1245)/(MAX($G$1245:$G$1289)-1)*10000*0.3,0)","v":10000},{"$f":"ROUND(J1245*K1245,0)","v":0},2018,null,null,"ASW-19B","NO","M",{"$f":"IF(ISERROR(VLOOKUP(A1245,Pilot,6,0)),\"Není v databázi\",VLOOKUP(A1245,Pilot,6,0))","v":""}]
["Petr Vodicka",1965,"Jaroměř","CZ/C2","14. JPJ 2018 - Klub","CZ",2,1389,1496,0,{"$f":"ROUND(H1246/I1246*10000*0.7+(MAX($G$1245:$G$1289)-G1246)/(MAX($G$1245:$G$1289)-1)*10000*0.3,0)","v":9430},{"$f":"ROUND(J1246*K1246,0)","v":0},2018,null,null,"Janus dvojí","BV","M",""]
["Vaclav Marel",1974,"Jaroměř","CZ/C2","14. JPJ 2018 - Klub","CZ",3,1384,1496,0,9336,0,2018,null,null,"Std. Cirrus","IF","M",""]
["Lubomir Motl",1959,"Kyjov","CZ/M","14. JPJ 2018 - Klub","CZ",4,1348,1496,0,9098,0,2018,null,null,"LS-1f","G2","M",""]
["Martin Ficnar",1971,"Šumperk","CZ/M","14. JPJ 2018 - Klub","CZ",5,1297,1496,0,8790,0,2018,null,null,"LS-3a 15m","S20","M",""]
["Jiri Koudela",1974,"Vyškov","CZ/M","14. JPJ 2018 - Klub","CZ",6,1284,1496,0,8659,0,2018,null,null,"ASW-19B","JK","M",""]
["Rene Hudak",1972,"Kunovice","CZ/M","14. JPJ 2018 - Klub","CZ",7,1277,1496,0,8557,0,2018,null,null,"Std. Cirrus WL","NK","M",""]
["Josef Novak",1981,"Kunovice","CZ/M","14. JPJ 2018 - Klub","CZ",8,1234,1496,0,8286,0,2018,null,null,"LS-1f","JT","M",""]
["Martin Kriz",1968,"Přibyslav","CZ/C2","14. JPJ 2018 - Klub","CZ",9,1180,1496,0,7963,0,2018,null,null,"ASW-15B","BE","M",""]
["Petr Jedlicka",1987,"Medlánky","CZ/M","14. JPJ 2018 - Klub","CZ",10,1167,1496,0,7833,0,2018,null,null,"Phoebus A1","NN","M",""]
["Radek Zima 75",1975,"Břeclav","CZ/M","14. JPJ 2018 - Klub","CZ",11,1123,1496,0,7557,0,2018,null,null,"DG-100","M","M",""]
["Stanislav Doskocil",1978,"Medlánky","CZ/M","14. JPJ 2018 - Klub","CZ",12,1077,1496,0,7272,0,2018,null,null,"Std. Cirrus","SD","M",""]
["Tomas Prikryl",1973,"Vyškov","CZ/M","14. JPJ 2018 - Klub","CZ",13,1065,1496,0,7146,0,2018,null,null,"DG-101 G","JR","M",""]
["Roman Lengal",1987,"Břeclav","CZ/M","14. JPJ 2018 - Klub","CZ",14,1051,1496,0,7011,0,2018,null,null,"Cirrus VTC",13,"M",""]
["Peter Kaspar",1980,"Vyškov","CZ/M","14. JPJ 2018 - Klub","CZ",15,1048,1496,0,6927,0,2018,null,null,"G-102 Astir 77","AP","M",""]
["Jan Kohout",1970,"Žamberk","CZ/C2","14. JPJ 2018 - Klub","CZ",16,1038,1496,0,6810,0,2018,null,null,"Std. Cirrus","OK6","M",""]
["David Vrchota",1976,"Jaroměř","CZ/C2","14. JPJ 2018 - Klub","CZ",17,1033,1496,0,6717,0,2018,null,null,"Std. Cirrus","GO","M",""]
["Michal Cupak",1991,"Medlánky","CZ/M","14. JPJ 2018 - Klub","CZ",18,1031,1496,0,6638,0,2018,null,null,"Std. Cirrus","MP","M",""]
["Karel Horalek",1976,"Olomouc","CZ/M","14. JPJ 2018 - Klub","CZ",19,1022,1496,0,6526,0,2018,null,null,"LS-3 15m","Y1","M",""]
["Miroslav Mancik",1976,"Kyjov","CZ/M","14. JPJ 2018 - Klub","CZ",20,986,1496,0,6288,0,2018,null,null,"Std. Cirrus",90,"M",""]
["Martin Urner",1974,"Letňany","CZ/C1","14. JPJ 2018 - Klub","CZ",21,977,1496,0,6176,0,2018,null,null,"ASW-15B","JJ","M",""]
["Ladislav Jozsa",1981,"Medlánky","CZ/M","14. JPJ 2018 - Klub","CZ",22,937,1496,0,5919,0,2018,null,null,"Std. Cirrus","LJ","M",""]
["Pavel Simek",1957,"Vyškov","CZ/M","14. JPJ 2018 - Klub","CZ",23,928,1496,0,5807,0,2018,null,null,"DG-1000S 18m",66,"M",""]
["Tomas Ondrisek",1970,"Kunovice","CZ/M","14. JPJ 2018 - Klub","CZ",24,914,1496,0,5672,0,2018,null,null,"DG-400 15m","MR","M",""]
["Lukas Petrzela",1987,"Olomouc","CZ/M","14. JPJ 2018 - Klub","CZ",24,914,1496,0,5672,0,2018,null,null,"VSO-10","I7","M",""]
["Oldrich Kounovsky",1976,"Medlánky","CZ/M","14. JPJ 2018 - Klub","CZ",24,914,1496,0,5672,0,2018,null,null,"Std. Cirrus","MSkl","M",""]
["Jiri Vavrina",1958,"Kyjov","CZ/M","14. JPJ 2018 - Klub","CZ",27,864,1496,0,5229,0,2018,null,null,"LS-1f","BS","M",""]
["Petr Valenta 76",1976,"Jaroměř","CZ/C2","14. JPJ 2018 - Klub","CZ",28,863,1496,0,5154,0,2018,null,null,"Discus b","JA","M",""]
["Martin Svarc",1981,"Olomouc","CZ/M","14. JPJ 2018 - Klub","CZ",29,856,1496,0,5052,0,2018,null,null,"DG-101 G","HE",{"$f":"VLOOKUP(A1273,Pilot,5,0)","v":"M"},""]
["Antonin Pilat",1971,"Vyškov","CZ/M","14. JPJ 2018 - Klub","CZ",30,776,1496,0,4608,0,2018,null,null,"DG-200 15m","JB","M",""]
["Libor Bednarik",1972,"Kunovice","CZ/M","14. JPJ 2018 - Klub","CZ",31,731,1496,0,4327,0,2018,null,null,"Std. Cirrus","PIF","M",""]
["Jaromir Vlk",1959,"Šumperk","CZ/M","14. JPJ 2018 - Klub","CZ",32,690,1496,0,4066,0,2018,null,null,"ASW-15B","R5","M",""]
["Vit Prokop",1987,"Medlánky","CZ/M","14. JPJ 2018 - Klub","CZ",33,623,1496,0,3683,0,2018,null,null,"Std. Cirrus","MF","M",""]
["Petr Havrlant",1965,"Šumperk","CZ/M","14. JPJ 2018 - Klub","CZ",34,558,1496,0,3309,0,2018,null,null,"ASW-15B","Q1","M",""]
["Yvona Vyhnankova",1963,"Olomouc","CZ/M","14. JPJ 2018 - Klub","CZ",35,537,1496,0,3141,0,2018,null,null,"ASW-15","YZ","F",""]
["Lubomir Papezik",1951,"Luhačovice","CZ/M","14. JPJ 2018 - Klub","CZ",36,518,1496,0,2982,0,2018,null,null,"LS-4","FP","M",""]
["Sabina Vitova",1998,"Kroměříž","CZ/M","14. JPJ 2018 - Klub","CZ",37,494,1496,0,2800,0,2018,null,null,"G-102 Astir Jeans","2Y","F","Junior v roce 2020"]
["Marek Sild",1976,"Kunovice","CZ/M","14. JPJ 2018 - Klub","CZ",38,440,1496,0,2477,0,2018,null,null,"DG-400 15m","VZ","M",""]
["Martin Novak",1976,"Slaný","CZ/C1","14. JPJ 2018 - Klub","CZ",39,423,1496,0,2328,0,2018,null,null,"DG-400 15m","ZX","M",""]
["Jan Pokluda",1973,"Šumperk","CZ/M","14. JPJ 2018 - Klub","CZ",40,185,1496,0,1145,0,2018,null,null,"ASW-15B WL","JG","M",""]
["Ludek Mikl",1963,"Kroměříž","CZ/M","14. JPJ 2018 - Klub","CZ",41,147,1496,0,897,0,2018,null,null,"G-102 Astir Jeans","L1","M",""]
["Lukas Fronek",1989,"Kyjov","CZ/M","14. JPJ 2018 - Klub","CZ",42,123,1496,0,715,0,2018,null,null,"G-103 Twin Basic","KW","M",""]
["Roman Schotli",1970,"Hranice","CZ/M","14. JPJ 2018 - Klub","CZ",43,65,1496,0,374,0,2018,null,null,"ASW-19B",19,"M",""]
["Michal Kodousek",1983,"Jaroměř","CZ/C2","14. JPJ 2018 - Klub","CZ",44,0,1496,0,0,0,2018,null,null,"LS-3 15m","RI","M",""]
["Pavel Handl",1971,"Kroměříž","CZ/M","14. JPJ 2018 - Klub","CZ",44,0,1496,0,0,0,2018,null,null,"Phoebus A1","P1","M",""]
["Jiri Steiger",{"$f":"VLOOKUP(A1290,Pilot,2,0)","v":1969},{"$f":"VLOOKUP(A1290,Pilot,3,0)","v":"Olomouc"},{"$f":"VLOOKUP(A1290,Pilot,4,0)","v":"CZ/M"},"14. JPJ 2018 - Kombi","CZ",1,1343,1343,{"$f":"VLOOKUP(E1290,Soutez,8,0)","v":0},{"$f":"ROUND(H1290/I1290*10000*0.7+(MAX($G$1290:$G$1313)-G1290)/(MAX($G$1290:$G$1313)-1)*10000*0.3,0)","v":10000},{"$f":"ROUND(J1290*K1290,0)","v":0},2018,null,null,"Ventus 2cxt 18m","JS","M",{"$f":"IF(ISERROR(VLOOKUP(A1290,Pilot,6,0)),\"Není v databázi\",VLOOKUP(A1290,Pilot,6,0))","v":""}]
["Zdenek Boruvka 54",1954,"Jičín","CZ/C2","14. JPJ 2018 - Kombi","CZ",2,1309,1343,0,9692,{"$f":"ROUND(J1291*K1291,0)","v":0},2018,null,null,"LS-8 15m","ZB","M",""]
["Marek Blatak",1969,"Šumperk","CZ/M","14. JPJ 2018 - Kombi","CZ",3,1295,1343,0,9489,0,2018,null,null,"Duo Discus T","ZS","M",""]
["Pavel Zima",1979,"Břeclav","CZ/M","14. JPJ 2018 - Kombi","CZ",4,1285,1343,0,9306,0,2018,null,null,"Ventus cm 17,6m","RK","M",""]
["Frantisek Vancura",1966,"Hranice","CZ/M","14. JPJ 2018 - Kombi","CZ",5,1215,1343,0,8811,0,2018,null,null,"Nimbus 3 24,5m WL","A1","M",""]
["Zdenek Schenk",1972,"Hranice","CZ/M","14. JPJ 2018 - Kombi","CZ",6,1159,1343,0,8389,0,2018,null,null,"Ventus ct 17,6m","ŠNeK","M",""]
["Jaroslav Buryan",1953,"Zábřeh","CZ/M","14. JPJ 2018 - Kombi","CZ",7,1144,1343,0,8180,0,2018,null,null,"ASW-20 15m WL","NS","M",""]
["Roman Konarik",1976,"Luhačovice","CZ/M","14. JPJ 2018 - Kombi","CZ",8,1132,1343,0,7987,0,2018,null,null,"Arcus M","AR","M",""]
["Michal Cechmanek",1978,"Luhačovice","CZ/M","14. JPJ 2018 - Kombi","CZ",9,1120,1343,0,7794,0,2018,null,null,"ASW-20 15m WL","MK","M",""]
["Miroslav Koci",1961,"Žamberk","CZ/C2","14. JPJ 2018 - Kombi","CZ",10,1092,1343,0,7518,0,2018,null,null,"Ventus 2cxt 18m","E8","M",""]
["Jan Matejovsky",1972,"Hranice","CZ/M","14. JPJ 2018 - Kombi","CZ",11,1033,1343,0,7080,0,2018,null,null,"Duo Discus","OK","M",""]
["Jan Simon",1970,"Kralupy","CZ/C1","14. JPJ 2018 - Kombi","CZ",12,971,1343,0,6626,0,2018,null,null,"Nimbus 3 22,9m WL","HS","M",""]
["Miroslav Sklenar",1964,"Žamberk","CZ/C2","14. JPJ 2018 - Kombi","CZ",13,968,1343,0,6480,0,2018,null,null,"Duo Discus","VP","M",""]
["Albrecht Beat",1953,"Šumperk","CZ/M","14. JPJ 2018 - Kombi","CZ",14,967,1343,0,6345,0,2018,null,null,"LS-8-18 18m","GL","M",""]
["Antonin Kutalek",1943,"Zábřeh","CZ/M","14. JPJ 2018 - Kombi","CZ",15,888,1343,0,5802,0,2018,null,null,"Mini-Nimbus c","GL1","M",""]
["Boris Bachraty",1974,"Břeclav","CZ/M","14. JPJ 2018 - Kombi","CZ",16,810,1343,0,5265,0,2018,null,null,"SZD-42 Jantar 2B",25,{"$f":"VLOOKUP(A1305,Pilot,5,0)","v":"M"},""]
["Filip Vita",2001,"Kroměříž","CZ/M","14. JPJ 2018 - Kombi","CZ",17,764,1343,0,4895,0,2018,null,null,"LAK-12","FL","M","Junior v roce 2020"]
["Vladimir Spilka",1940,"Hranice","CZ/M","14. JPJ 2018 - Kombi","CZ",18,763,1343,0,4760,0,2018,null,null,"Nimbus 2b","AY","M",""]
["Antonin Konicek",1973,"Kunovice","CZ/M","14. JPJ 2018 - Kombi","CZ",19,737,1343,0,4494,0,2018,null,null,"HpH 304M SHARK","KK","M",""]
["Tomas Profeld",1964,"Jičín","CZ/C2","14. JPJ 2018 - Kombi","CZ",20,539,1343,0,3331,0,2018,null,null,"Ventus 2cm 18m","OZ","M",""]
["Dusan Sys",1977,"Šumperk","CZ/M","14. JPJ 2018 - Kombi","CZ",21,529,1343,0,3149,0,2018,null,null,"DG-808 C WL","MSko","M",""]
["Kamil Sohr",1973,"Šumperk","CZ/M","14. JPJ 2018 - Kombi","CZ",22,419,1343,0,2445,0,2018,null,null,"SZD-55 Promyk","BC","M",""]
["Pavel Haluza",1966,"Prostějov","CZ/M","14. JPJ 2018 - Kombi","CZ",23,377,1343,0,2095,0,2018,null,null,"Nimbus 2b","HT","M",""]
["Roman Cerny",1971,"Hranice","CZ/M","14. JPJ 2018 - Kombi","CZ",24,0,1343,0,0,{"$f":"ROUND(J1313*K1313,0)","v":0},2018,null,null,"ASW-20 15m WL",67,"M",""]
["Ivan Novak",{"$f":"VLOOKUP(A1314,Pilot,2,0)","v":1962},{"$f":"VLOOKUP(A1314,Pilot,3,0)","v":"Mladá Boleslav"},{"$f":"VLOOKUP(A1314,Pilot,4,0)","v":"CZ/C1"},"PMČR 2018 - Klub","CZ",1,7017,7017,1.0549999999999999,{"$f":"ROUND(H1314/I1314*10000*0.7+(MAX($G$1314:$G$1342)-G1314)/(MAX($G$1314:$G$1342)-1)*10000*0.3,0)","v":10000},{"$f":"ROUND(J1314*K1314,0)","v":10550},2018,"x",null,"Cirrus Std.","DI","M",{"$f":"IF(ISERROR(VLOOKUP(A1314,Pilot,6,0)),\"Není v databázi\",VLOOKUP(A1314,Pilot,6,0))","v":""}]
["Jaroslav Tomana",1975,"Zbraslavice","CZ/C1","PMČR 2018 - Klub","CZ",2,7013,7017,1.0549999999999999,9889,{"$f":"ROUND(J1315*K1315,0)","v":10433},2018,"x",null,"Cirrus Std.","SN","M",""]
["David Mach",1994,"Hronov","CZ/C2","PMČR 2018 - Klub","CZ",3,6958,7017,1.0549999999999999,9727,10262,2018,"x",null,"Cirrus VTC","1W","M",""]
["Michal Lesinger",1966,"Moravská Třebová","CZ/M","PMČR 2018 - Klub","CZ",4,6909,7017,1.0549999999999999,9571,10097,2018,"x",null,"ASW-19B","LL","M",""]
["Karel Novak",1993,"Mladá Boleslav","CZ/C1","PMČR 2018 - Klub","CZ",5,6821,7017,1.0549999999999999,9376,9892,2018,"x",null,"Cirrus Std.","CX","M",""]
["Jan Louda",1986,"Mladá Boleslav","CZ/C1","PMČR 2018 - Klub","CZ",6,6769,7017,1.0549999999999999,9217,9724,2018,"x",null,"ASW-19B","AH","M",""]
["Marek Pechanec",1970,"Luhačovice","CZ/M","PMČR 2018 - Klub","CZ",7,6745,7017,1.0549999999999999,9086,9586,2018,"x",null,"Cirrus Std.","SJ","M",""]
["Pavel Rericha",1967,"Moravská Třebová","CZ/M","PMČR 2018 - Klub","CZ",8,6625,7017,1.0549999999999999,8859,9346,2018,"x",null,"ASW-19B","NO","M",""]
["Pavel Trybenekr",1990,"Hořice","CZ/C2","PMČR 2018 - Klub","CZ",9,6556,7017,{"$f":"VLOOKUP(E1322,Soutez,8,0)","v":1.0549999999999999},8683,9161,2018,"x",null,"LS-4","PF","M",""]
["Klara Teichmannova",1993,"Hronov","CZ/C2","PMČR 2018 - Klub","CZ",10,6434,7017,1.0549999999999999,8454,8919,2018,"x","x","Cirrus Std.","LY","F",""]
["Slavomir Piskaty 84",1984,"Kunovice","CZ/M","PMČR 2018 - Klub","CZ",11,6350,7017,1.0549999999999999,8263,8717,2018,"x",null,"Cirrus Std.","PIF","M",""]
["Lubomir Motl",1959,"Kyjov","CZ/M","PMČR 2018 - Klub","CZ",12,6288,7017,1.0549999999999999,8094,8539,2018,"x",null,"LS-1f","G2","M",""]
["Petr Panek",1975,"Dvůr Králové","CZ/C2","PMČR 2018 - Klub","CZ",13,6277,7017,1.0549999999999999,7976,8415,2018,"x",null,"Cirrus Std.","YU","M",""]
["Ivan Harasta 65",1965,"Toužim","CZ/C1","PMČR 2018 - Klub","CZ",14,6180,7017,1.0549999999999999,7772,8199,2018,"x",null,"ASW-15B","HI","M",""]
["Barbora Moravcova",1994,"Zbraslavice","CZ/C1","PMČR 2018 - Klub","CZ",15,6105,7017,1.0549999999999999,7590,8007,2018,null,null,"ASW-19B","CF","F",""]
["Jan Vavrin",1987,"Vysoké Mýto","CZ/C2","PMČR 2018 - Klub","CZ",16,5981,7017,1.0549999999999999,7359,7764,2018,"x",null,"ASW-15B","IG","M",""]
["Petra Piskata",1989,"Hranice","CZ/M","PMČR 2018 - Klub","CZ",17,5826,7017,1.0549999999999999,7098,7488,2018,"x","x","Cirrus Std.","XC","F",""]
["Zdenek Balcarek",1967,"Kroměříž","CZ/M","PMČR 2018 - Klub","CZ",18,5802,7017,1.0549999999999999,6967,7350,2018,null,null,"Cirrus Std.","ZL","M",""]
["Antonin Novotny",1972,"Luhačovice","CZ/M","PMČR 2018 - Klub","CZ",19,5715,7017,1.0549999999999999,6773,7146,2018,"x",null,"Cirrus Std.","SP","M",""]
["Jan Kotan",1982,"Letňany","CZ/C1","PMČR 2018 - Klub","CZ",20,5682,7017,1.0549999999999999,6633,6998,2018,"x",null,"ASW-19B","WT","M",""]
["Anna Bordovska",1989,"Mladá Boleslav","CZ/C1","PMČR 2018 - Klub","CZ",21,5674,7017,1.0549999999999999,6517,6875,2018,"x","x","Cirrus Std.","BW","F",""]
["Jiri Fousek",1990,"Raná","CZ/C2","PMČR 2018 - Klub","CZ",22,5592,7017,1.0549999999999999,6328,6676,2018,null,null,"Cirrus Std.","LW","M",""]
["Pavlina Horackova",1965,"Šumperk","CZ/M","PMČR 2018 - Klub","CZ",23,5420,7017,1.0549999999999999,6050,6383,2018,"x","x","SZD-48 Jantar Std. 3","SU","F",""]
["Petr Stepanek",1989,"Moravská Třebová","CZ/M","PMČR 2018 - Klub","CZ",24,5358,7017,1.0549999999999999,5881,6204,2018,"x",null,"ASW-19B","AE",{"$f":"VLOOKUP(A1337,Pilot,5,0)","v":"M"},""]
["Zdenek Boruvka 86",1986,"Jičín","CZ/C2","PMČR 2018 - Klub","CZ",25,5213,7017,1.0549999999999999,5629,5939,2018,null,null,"Cirrus Std.","BJ","M",""]
["Frantisek Filandr",1956,"Most","CZ/C2","PMČR 2018 - Klub","CZ",26,5083,7017,1.0549999999999999,5392,5689,2018,"x",null,"Cirrus Std.","FF","M",""]
["Lumir Motyka",1955,"Frýdlant","CZ/M","PMČR 2018 - Klub","CZ",27,4669,7017,1.0549999999999999,4872,5140,2018,null,null,"LS-1f","EM","M",""]
["Leos Strnadek",1983,"Hodkovice","CZ/C2","PMČR 2018 - Klub","CZ",28,4601,7017,1.0549999999999999,4697,4955,2018,"x",null,"ASW-19B","XZ","M",""]
["Pavel Brodsky",1992,"Hořice","CZ/C2","PMČR 2018 - Klub","CZ",29,3487,7017,1.0549999999999999,3479,{"$f":"ROUND(J1342*K1342,0)","v":3670},2018,"x",null,"ASW 19 B","MS","M",""]
["Radek Krejcirik",{"$f":"VLOOKUP(A1343,Pilot,2,0)","v":1991},{"$f":"VLOOKUP(A1343,Pilot,3,0)","v":"Hranice"},{"$f":"VLOOKUP(A1343,Pilot,4,0)","v":"CZ/M"},"PMČR 2018 - Kombi 15m","CZ",1,6367,6367,1.0549999999999999,{"$f":"ROUND(H1343/I1343*10000*0.7+(MAX($G$1343:$G$1359)-G1343)/(MAX($G$1343:$G$1359)-1)*10000*0.3,0)","v":10000},{"$f":"ROUND(J1343*K1343,0)","v":10550},2018,"x",null,"Ventus 2a 15m","AX","M",{"$f":"IF(ISERROR(VLOOKUP(A1343,Pilot,6,0)),\"Není v databázi\",VLOOKUP(A1343,Pilot,6,0))","v":""}]
["Pavel Louzecky",1957,"Přibyslav","CZ/C2","PMČR 2018 - Kombi 15m","CZ",2,6272,6367,1.0549999999999999,9708,{"$f":"ROUND(J1344*K1344,0)","v":10242},2018,null,null,"LS-8b","FX","M",""]
["Petr Koutny",1971,"Křižanov","CZ/M","PMČR 2018 - Kombi 15m","CZ",3,6151,6367,1.0549999999999999,9388,{"$f":"ROUND(J1345*K1345,0)","v":9904},2018,"x",null,"LS-8b 15m","SK","M",""]
["Miloslav Cink",1987,"Letkov","CZ/C1","PMČR 2018 - Kombi 15m","CZ",4,6051,6367,1.0549999999999999,9090,9590,2018,null,null,"LS-8b 15m","JB","M",""]
["Dana Novakova",1965,"Mladá Boleslav","CZ/C1","PMČR 2018 - Kombi 15m","CZ",5,5749,6367,1.0549999999999999,8571,9042,2018,"x","x","LS-8b","AU","F",""]
["Jan Pavlik",1987,"Křižanov","CZ/M","PMČR 2018 - Kombi 15m","CZ",6,5736,6367,1.0549999999999999,8369,8829,2018,null,null,"LS-8b 15m","JW","M",""]
["Jana Veprekova",1961,"Dvůr Králové","CZ/C2","PMČR 2018 - Kombi 15m","CZ",7,5699,6367,1.0549999999999999,8141,8589,2018,null,null,"LS-8b 15m","W8","F",""]
["Jiri Kusbach",1959,"Luhačovice","CZ/M","PMČR 2018 - Kombi 15m","CZ",8,5694,6367,1.0549999999999999,7948,8385,2018,"x",null,"KKB-15E FES","B","M",""]
["Hana Treslova",1991,"Raná","CZ/C2","PMČR 2018 - Kombi 15m","CZ",9,5632,6367,1.0549999999999999,7692,8115,2018,null,null,"LS-8b 15m","EU","F",""]
["Jan Boruvka",1984,"Jičín","CZ/C2","PMČR 2018 - Kombi 15m","CZ",10,5579,6367,1.0549999999999999,7446,7856,2018,null,null,"Ventus c 15m+W","EG","M",""]
["Jan Viskot",1995,"Břeclav","CZ/M","PMČR 2018 - Kombi 15m","CZ",11,5318,6367,1.0549999999999999,6972,7355,2018,null,null,"Discus 2a 15m","GX","M","Junior v roce 2020"]
["Jiri Stepanek",1956,"Moravská Třebová","CZ/M","PMČR 2018 - Kombi 15m","CZ",12,5303,6367,{"$f":"VLOOKUP(E1354,Soutez,8,0)","v":1.0549999999999999},6768,7140,2018,"x",null,"Duo Discus XLT","JIM","M",""]
["Lukas Capek",1992,"Letňany","CZ/C1","PMČR 2018 - Kombi 15m","CZ",13,5284,6367,1.0549999999999999,6559,6920,2018,"x",null,"303 Mosquito","LC","M",""]
["Ondrej Bordovsky",1983,"Krnov","CZ/M","PMČR 2018 - Kombi 15m","CZ",14,5032,6367,1.0549999999999999,6095,6430,2018,null,null,"Ventus a 15m WL","FW","M",""]
["Karel Mares",1974,"Slaný","CZ/C1","PMČR 2018 - Kombi 15m","CZ",15,4933,6367,1.0549999999999999,5798,6117,2018,null,null,"LS-8a 15m","YF","M",""]
["Radek Zima 78",1978,"Hodkovice","CZ/C2","PMČR 2018 - Kombi 15m","CZ",16,2779,6367,1.0549999999999999,3243,3421,2018,null,null,"Ventus b 15m WL 500kg","7F","M",""]
["Slavomir Piskaty 58",1958,"Kunovice","CZ/M","PMČR 2018 - Kombi 15m","CZ",17,2504,6367,1.0549999999999999,2753,{"$f":"ROUND(J1359*K1359,0)","v":2904},2018,null,null,"Discus b + W","KAL","M",""]
["Roman Mracek",{"$f":"VLOOKUP(A1360,Pilot,2,0)","v":1980},{"$f":"VLOOKUP(A1360,Pilot,3,0)","v":"Letkov"},{"$f":"VLOOKUP(A1360,Pilot,4,0)","v":"CZ/C1"},"PMČR 2018 - Kombi Open","CZ",1,6767,6767,1.0249999999999999,{"$f":"ROUND(H1360/I1360*10000*0.7+(MAX($G$1360:$G$1373)-G1360)/(MAX($G$1360:$G$1373)-1)*10000*0.3,0)","v":10000},{"$f":"ROUND(J1360*K1360,0)","v":10250},2018,"x",null,"ASG-29E 18m 600kg","QX","M",{"$f":"IF(ISERROR(VLOOKUP(A1360,Pilot,6,0)),\"Není v databázi\",VLOOKUP(A1360,Pilot,6,0))","v":""}]
["Tomas Suchanek",1964,"GAC Benešov","CZ/C1","PMČR 2018 - Kombi Open","CZ",2,6763,6767,1.0249999999999999,9765,{"$f":"ROUND(J1361*K1361,0)","v":10009},2018,"x",null,"ASG-29E 18m 600kg","QZ","M",""]
["Danes Grula",1961,"Medlánky","CZ/M","PMČR 2018 - Kombi Open","CZ",3,6274,6767,1.0249999999999999,9028,9254,2018,"x",null,"ASG-29E 18m 600kg","DX","M",""]
["Petr Krejcirik",1960,"Hranice","CZ/M","PMČR 2018 - Kombi Open","CZ",4,5888,6767,1.0249999999999999,8398,8608,2018,null,null,"JS-1C EVO CTJ 18m","ZF","M",""]
["John Buchanan",null,"Austrálie","AU","PMČR 2018 - Kombi Open","CZ",5,5805,6767,1.0249999999999999,8082,8284,2018,null,null,"JS-3 18m","BB","M","Není v databázi"]
["Petr Hotovy",1958,"Česká Lípa","CZ/C2","PMČR 2018 - Kombi Open","CZ",6,5675,6767,1.0249999999999999,7717,7910,2018,null,null,"JS-1B 18m","IGC",{"$f":"VLOOKUP(A1365,Pilot,5,0)","v":"M"},""]
["Zdislaw Bednarczuk",null,"Polsko","PL","PMČR 2018 - Kombi Open","CZ",7,5442,6767,1.0249999999999999,7245,7426,2018,null,null,"ASG-29E 18m 600kg","ZB","M","Není v databázi"]
["Lenka Kuthanova",1960,"Tábor","CZ/C1","PMČR 2018 - Kombi Open","CZ",8,5297,6767,1.0249999999999999,6864,7036,2018,null,null,"JS-1 CTJ EVO 18m","LX",{"$f":"VLOOKUP(A1367,Pilot,5,0)","v":"F"},""]
["Martin Pekar",1973,"Šumperk","CZ/M","PMČR 2018 - Kombi Open","CZ",9,5151,6767,1.0249999999999999,6482,6644,2018,"x",null,"HPH 304e Shark 18m 573kg","ES",{"$f":"VLOOKUP(A1368,Pilot,5,0)","v":"M"},""]
["Jiri Steiger",1969,"Olomouc","CZ/M","PMČR 2018 - Kombi Open","CZ",10,5131,6767,1.0249999999999999,6231,6387,2018,"x",null,"Ventus 2 cxt 18m 600kg","JS",{"$f":"VLOOKUP(A1369,Pilot,5,0)","v":"M"},""]
["Eva Cerna",1964,"Příbram","CZ/C1","PMČR 2018 - Kombi Open","CZ",11,5036,6767,1.0249999999999999,5902,6050,2018,"x","x","Ventus 2cxt 18m 600kg","EK",{"$f":"VLOOKUP(A1370,Pilot,5,0)","v":"F"},""]
["Takeshi Maruyama",null,"Japonsko","JP","PMČR 2018 - Kombi Open","CZ",12,4963,6767,1.0249999999999999,5595,5735,2018,null,null,"ASG-29E 18m 600kg","2C","M","Není v databázi"]
["Ondrej Dupal",1966,"GAC Benešov","CZ/C1","PMČR 2018 - Kombi Open","CZ",13,3438,6767,1.0249999999999999,3787,3882,2018,null,null,"ASG-29E 18m 600kg","GO",{"$f":"VLOOKUP(A1372,Pilot,5,0)","v":"M"},""]
["Vladimir Spilka",1940,"Hranice","CZ/M","PMČR 2018 - Kombi Open","CZ",14,1834,6767,1.0249999999999999,1897,{"$f":"ROUND(J1373*K1373,0)","v":1944},2018,"x",null,"Nimbus 2b","AY","M",""]
["Frantisek Vancura",{"$f":"VLOOKUP(A1374,Pilot,2,0)","v":1966},{"$f":"VLOOKUP(A1374,Pilot,3,0)","v":"Hranice"},{"$f":"VLOOKUP(A1374,Pilot,4,0)","v":"CZ/M"},"FL 2018 - Kombi","CZ",1,4381,4381,0.6,{"$f":"ROUND(H1374/I1374*10000*0.7+(MAX($G$1374:$G$1388)-G1374)/(MAX($G$1374:$G$1388)-1)*10000*0.3,0)","v":10000},{"$f":"ROUND(J1374*K1374,0)","v":6000},2018,"x",null,"Nimbus 3T 24,5m","A1","M",{"$f":"IF(ISERROR(VLOOKUP(A1374,Pilot,6,0)),\"Není v databázi\",VLOOKUP(A1374,Pilot,6,0))","v":""}]
["Michal Buryan",1977,"Vysoké Mýto","CZ/C2","FL 2018 - Kombi","CZ",2,4040,4381,0.6,{"$f":"ROUND(H1375/I1375*10000*0.7+(MAX($G$1374:$G$1388)-G1375)/(MAX($G$1374:$G$1388)-1)*10000*0.3,0)","v":9241},{"$f":"ROUND(J1375*K1375,0)","v":5545},2018,"x",null,"ASW-24A+W bez TN8","Y9","M",""]
["Zdenek Schenk",1972,"Hranice","CZ/M","FL 2018 - Kombi","CZ",3,3930,4381,0.6,8851,5311,2018,null,null,"Ventus ct 17,6m","ŠNeK","M",""]
["Milos Matejka",1956,"Beroun","CZ/C1","FL 2018 - Kombi","CZ",4,3830,4381,0.6,8477,5086,2018,"x",null,"Discus b +W","SH","M",""]
["Martin Suchy",1969,"Hranice","CZ/M","FL 2018 - Kombi","CZ",5,3773,4381,0.6,8171,4903,2018,"x",null,"DuoDiscus","OK","M",""]
["Jaroslav Buryan",1953,"Zábřeh","CZ/M","FL 2018 - Kombi","CZ",6,3595,4381,0.6,7673,4604,2018,null,null,"ASW-20(A)+F 15m+W","NS","M",""]
["Vladimir Jirka",1965,"Zábřeh","CZ/M","FL 2018 - Kombi","CZ",7,3555,4381,0.6,7394,4436,2018,"x",null,"Ventus 2c 18m","VJ","M",""]
["Matej Plch",1987,"Letkov","CZ/C1","FL 2018 - Kombi","CZ",8,3463,4381,0.6,7033,4220,2018,"x",null,"LS 8b,t,18 18m","EJ","M",""]
["Antonin Kutalek",1943,"Zábřeh","CZ/M","FL 2018 - Kombi","CZ",9,2914,4381,0.6,5942,3565,2018,"x",null,"Mini-Nimbus c","GL","M",""]
["Oldrich Houzvicka",1975,"Frýdlant","CZ/M","FL 2018 - Kombi","CZ",10,2377,4381,0.6,4869,2921,2018,"x",null,"LS 4","FP","M",""]
["Lukas Kotek",1994,"Frýdlant","CZ/M","FL 2018 - Kombi","CZ",11,2273,4381,0.6,4489,2693,2018,null,null,"DG-200 15m","AK","M",""]
["Roman Cerny",1971,"Hranice","CZ/M","FL 2018 - Kombi","CZ",12,1724,4381,0.6,3397,2038,2018,null,null,"ASW-20(A)+F 15m+W",67,"M",""]
["Martin Urban",1971,"Frýdlant","CZ/M","FL 2018 - Kombi","CZ",13,1590,4381,{"$f":"VLOOKUP(E1386,Soutez,8,0)","v":0.6},2969,1781,2018,"x",null,"LS 3 15m","SJ","M",""]
["Jan Kristof",1962,"Frýdlant","CZ/M","FL 2018 - Kombi","CZ",14,1396,4381,0.6,2445,1467,2018,"x",null,"LS 3 15m","TX","M",""]
["Pavel Foldyna",1976,"Frýdlant","CZ/M","FL 2018 - Kombi","CZ",15,182,4381,0.6,291,175,2018,"x",null,"LS 3 15m","TXI","M",""]
["Zdenek Balcarek",{"$f":"VLOOKUP(A1389,Pilot,2,0)","v":1967},{"$f":"VLOOKUP(A1389,Pilot,3,0)","v":"Kroměříž"},{"$f":"VLOOKUP(A1389,Pilot,4,0)","v":"CZ/M"},"Adrenalin GP 2018 - Klub GP",null,1,34,null,0.60499999999999998,{"$f":"ROUND((MAX($G$1389:$G$1400)-G1389)/(MAX($G$1389:$G$1400)-1)*10000,0)","v":10000},{"$f":"ROUND(J1389*K1389,0)","v":6050},2018,null,null,"Std. Cirrus","ZL","M",{"$f":"IF(ISERROR(VLOOKUP(A1389,Pilot,6,0)),\"Není v databázi\",VLOOKUP(A1389,Pilot,6,0))","v":""}]
["Jan Ratz",1987,"Zbraslavice","CZ/C1","Adrenalin GP 2018 - Klub GP",null,2,33,null,0.60499999999999998,9000,{"$f":"ROUND(J1390*K1390,0)","v":5445},2018,null,null,"Std. Cirrus","REX","M",""]
["Rostislav Stryk",1972,"Frýdlant","CZ/M","Adrenalin GP 2018 - Klub GP",null,3,25,null,0.60499999999999998,8000,4840,2018,"x",null,"Std. Cirrus",22,"M",""]
["Jan Mareth",1979,"Frýdlant","CZ/M","Adrenalin GP 2018 - Klub GP",null,4,23,null,0.60499999999999998,7000,4235,2018,"x",null,"ASW-15B","PA","M",""]
["Jiri Pelucha",1984,"Frýdlant","CZ/M","Adrenalin GP 2018 - Klub GP",null,5,20,null,0.60499999999999998,6000,3630,2018,"x",null,"Std. Cirrus","IJ","M",""]
["Lumir Motyka",1955,"Frýdlant","CZ/M","Adrenalin GP 2018 - Klub GP",null,6,19,null,0.60499999999999998,5000,3025,2018,null,null,"LS 1f","EM","M",""]
["Stanislav Doskocil",1978,"Medlánky","CZ/M","Adrenalin GP 2018 - Klub GP",null,7,14,null,0.60499999999999998,4000,2420,2018,"x",null,"Std. Cirrus","SD","M",""]
["Jan Matejovsky",1972,"Hranice","CZ/M","Adrenalin GP 2018 - Klub GP",null,8,11,null,0.60499999999999998,3000,1815,2018,"x",null,"Std. Cirrus","HC","M",""]
["Vit Prokop",1987,"Medlánky","CZ/M","Adrenalin GP 2018 - Klub GP",null,9,6,null,0.60499999999999998,2000,1210,2018,null,null,"Std. Cirrus","A7","M",""]
["Martin Svacina",1965,"Frýdlant","CZ/M","Adrenalin GP 2018 - Klub GP",null,10,1,null,0.60499999999999998,1000,605,2018,"x",null,"Std. Cirrus","E","M",""]
["Radim Zielinski",1969,"Frýdlant","CZ/M","Adrenalin GP 2018 - Klub GP",null,11,0,null,0.60499999999999998,0,0,2018,null,null,"G-102 Astir cs","BH","M",""]
["Daniel Suchy",1995,"Hranice","CZ/M","Adrenalin GP 2018 - Klub GP",null,11,0,null,0.60499999999999998,0,{"$f":"ROUND(J1400*K1400,0)","v":0},2018,null,null,"G-102 Astir cs","W7","M","Junior v roce 2020"]
["Vojtech Pivonka",{"$f":"VLOOKUP(A1401,Pilot,2,0)","v":1976},{"$f":"VLOOKUP(A1401,Pilot,3,0)","v":"Vrchlabí"},{"$f":"VLOOKUP(A1401,Pilot,4,0)","v":"CZ/C2"},"Safari 2018 - Duo Kombi","CZ",1,4332,4332,{"$f":"VLOOKUP(E1401,Soutez,8,0)","v":0.6},{"$f":"ROUND(H1401/I1401*10000*0.7+(MAX($G$1401:$G$1411)-G1401)/(MAX($G$1401:$G$1411)-1)*10000*0.3,0)","v":10000},{"$f":"ROUND(J1401*K1401,0)","v":6000},2018,"x",null,"L 13 Blanik","AY",{"$f":"VLOOKUP(A1401,Pilot,5,0)","v":"M"},{"$f":"IF(ISERROR(VLOOKUP(A1401,Pilot,6,0)),\"Není v databázi\",VLOOKUP(A1401,Pilot,6,0))","v":""}]
["Petr Panek",{"$f":"VLOOKUP(A1402,Pilot,2,0)","v":1975},{"$f":"VLOOKUP(A1402,Pilot,3,0)","v":"Dvůr Králové"},{"$f":"VLOOKUP(A1402,Pilot,4,0)","v":"CZ/C2"},"Safari 2018 - Duo Kombi","CZ",2,4286,4332,0.6,9626,{"$f":"ROUND(J1402*K1402,0)","v":5776},2018,null,null,"L-23 Super Blanik","IG","M",""]
["Jaroslav Rapac",1977,"Dvůr Králové","CZ/C2","Safari 2018 - Duo Kombi","CZ",3,4138,4332,0.6,9087,5452,2018,"x",null,"L 23 Super Blanik","KM","M",""]
["Vladimir Prihoda",1953,"Kralupy","CZ/C1","Safari 2018 - Duo Kombi","CZ",4,3880,4332,0.6,8370,5022,2018,"x",null,"L 23 Super Blanik","I","M",""]
["Jan Sindelar",1946,"Kunovice","CZ/M","Safari 2018 - Duo Kombi","CZ",5,3615,4332,0.6,7641,4585,2018,null,null,"L 13 Blanik","Z","M",""]
["Lukas Capek",1992,"Letňany","CZ/C1","Safari 2018 - Duo Kombi","CZ",6,3345,4332,0.6,6905,4143,2018,null,null,"L 13 Blanik","L","M",""]
["Michaela Sirmerova",2000,"Jihlava","CZ/M","Safari 2018 - Duo Kombi","CZ",7,3185,4332,0.6,6347,3808,2018,"x","x","L 13 Blanik","ZZ","F","Junior v roce 2020"]
["Rostislav Broz",1968,"Vrchlabí","CZ/C2","Safari 2018 - Duo Kombi","CZ",8,2772,4332,0.6,5379,3227,2018,"x",null,"L 13 Blanik","V","M",""]
["Josef Andrasovsky",1954,"Jaroměř","CZ/C2","Safari 2018 - Duo Kombi","CZ",9,2586,4332,0.6,4779,2867,2018,"x",null,"L 13 Blanik","JA","M",""]
["Martin Markl",1960,"Kolín","CZ/C1","Safari 2018 - Duo Kombi","CZ",10,2442,4332,0.6,4246,2548,2018,"x",null,"L 13 Blanik","FL","M",""]
["Jaroslav Nedorost",1986,"Letňany","CZ/C1","Safari 2018 - Duo Kombi","CZ",11,1489,4332,0.6,2406,1444,2018,"x",null,"L 13 Blanik","BA","M",""]
["Josef Rydl",{"$f":"VLOOKUP(A1412,Pilot,2,0)","v":1940},{"$f":"VLOOKUP(A1412,Pilot,3,0)","v":"Turnov"},{"$f":"VLOOKUP(A1412,Pilot,4,0)","v":"CZ/C2"},"Safari 2018 - Klub","CZ",1,5773,5773,0.6,{"$f":"ROUND(H1412/I1412*10000*0.7+(MAX($G$1412:$G$1440)-G1412)/(MAX($G$1412:$G$1440)-1)*10000*0.3,0)","v":10000},{"$f":"ROUND(J1412*K1412,0)","v":6000},2018,"x",null,"ASW-19B","AH",{"$f":"VLOOKUP(A1412,Pilot,5,0)","v":"M"},{"$f":"IF(ISERROR(VLOOKUP(A1412,Pilot,6,0)),\"Není v databázi\",VLOOKUP(A1412,Pilot,6,0))","v":""}]
["Marek Kornec",1957,"Dvůr Králové","CZ/C2","Safari 2018 - Klub","CZ",2,5562,5773,0.6,{"$f":"ROUND(H1413/I1413*10000*0.7+(MAX($G$1412:$G$1440)-G1413)/(MAX($G$1412:$G$1440)-1)*10000*0.3,0)","v":9637},{"$f":"ROUND(J1413*K1413,0)","v":5782},2018,"x",null,"Janus C pevný podvozek","KSS","M",""]
["Wolfgang Sluka",1942,"Liberec","CZ/C2","Safari 2018 - Klub","CZ",3,5489,5773,0.6,9441,5665,2018,"x",null,"Std. Cirrus","KA","M",""]
["Jaroslav Sima",1972,"Chomutov","CZ/C2","Safari 2018 - Klub","CZ",4,5110,5773,0.6,8875,5325,2018,"x",null,"G-104 Speed Astir II","V2","M",""]
["Milan Dvorak",1965,"Liberec","CZ/C2","Safari 2018 - Klub","CZ",5,5093,5773,0.6,8747,5248,2018,"x",null,"VSO10",78,"M",""]
["Pavel Derda",1952,"Dvůr Králové","CZ/C2","Safari 2018 - Klub","CZ",6,4994,5773,0.6,8520,5112,2018,"x",null,"Cirrus VTC","VE","M",""]
["Krzysztof Pienkowski",null,"Bielsko Bialski","PL","Safari 2018 - Klub","CZ",7,4888,5773,0.6,8284,4970,2018,null,null,"LS-4","KP","M"]
["Martin Cicvarek",{"$f":"VLOOKUP(A1419,Pilot,2,0)","v":1966},{"$f":"VLOOKUP(A1419,Pilot,3,0)","v":"Liberec"},{"$f":"VLOOKUP(A1419,Pilot,4,0)","v":"CZ/C2"},"Safari 2018 - Klub","CZ",8,4794,5773,0.6,8063,4838,2018,"x",null,"DG 400 15 m","AC","M",""]
["Jan Hybner",1977,"Liberec","CZ/C2","Safari 2018 - Klub","CZ",9,4523,5773,0.6,7627,4576,2018,"x",null,"HPH 304CZ 15m","LB","M",""]
["Tomas Hlavacek",1984,"Mladá Boleslav","CZ/C1","Safari 2018 - Klub","CZ",10,4433,5773,0.6,7411,4447,2018,"x",null,"ASW 15b","MB","M",""]
["David Tejnora",1982,"Kolín","CZ/C1","Safari 2018 - Klub","CZ",11,4084,5773,0.6,6881,4129,2018,"x",null,"VSO-10",73,"M",""]
["Petr Doubek",1974,"Kralupy","CZ/C1","Safari 2018 - Klub","CZ",12,3980,5773,0.6,6647,3988,2018,"x",null,"ASW 20A","Y5","M",""]
["Petr Hybner",1951,"Liberec","CZ/C2","Safari 2018 - Klub","CZ",13,3727,5773,0.6,6233,3740,2018,"x",null,"HPH 304CZ 15m","IH","M",""]
["Jerzy Mikolajczyk",null,"AZM Płock/KSS","PL","Safari 2018 - Klub","CZ",14,3686,5773,0.6,6077,3646,2018,null,null,"LS-4","MS","M"]
["Leszek Wolosowicz",null,"Lubelski/KSS","PL","Safari 2018 - Klub","CZ",15,3670,5773,0.6,5950,3570,2018,null,null,"PW-5","CU","M"]
["Artur Szlachta",null,"KSS/LSV Seligenstadt-Zellhausen","PL","Safari 2018 - Klub","CZ",16,3454,5773,0.6,5581,3349,2018,null,null,"LS 4","V4","M"]
["Petr Lonsky",{"$f":"VLOOKUP(A1428,Pilot,2,0)","v":1965},{"$f":"VLOOKUP(A1428,Pilot,3,0)","v":"Toužim"},{"$f":"VLOOKUP(A1428,Pilot,4,0)","v":"CZ/C1"},"Safari 2018 - Klub","CZ",17,3380,5773,0.6,5384,3230,2018,"x",null,"Std. Cirrus","YU","M",""]
["Jarmila Zatykova",1959,"Kralupy","CZ/C1","Safari 2018 - Klub","CZ",18,2605,5773,0.6,4337,2602,2018,"x","x","Discus b","JD","F",""]
["Radmila Horacek Filakovska",1963,"Dvůr Králové","CZ/C2","Safari 2018 - Klub","CZ",19,2546,5773,0.6,4159,2495,2018,"x","x","Cirrus VTC","2W","F",""]
["Teodor Skoda",1998,"Hronov","CZ/C2","Safari 2018 - Klub","CZ",20,2306,5773,0.6,3760,2256,2018,"x",null,"Janus, Janus b dvojí","V1","M","Junior v roce 2020"]
["Jiri Tomicek",1947,"Dvůr Králové","CZ/C2","Safari 2018 - Klub","CZ",21,1884,5773,0.6,3142,1885,2018,"x",null,"G-103 Twin III dvoji",5,"M",""]
["Aleksander Jedrosz",null,"Jelenia Göra","PL","Safari 2018 - Klub","CZ",22,1757,5773,{"$f":"VLOOKUP(E1433,Soutez,8,0)","v":0.6},2880,1728,2018,null,null,"Centrair C-101A,B Pegas","AJ","M","Není v databázi"]
["Jiri Donat",{"$f":"VLOOKUP(A1434,Pilot,2,0)","v":1983},{"$f":"VLOOKUP(A1434,Pilot,3,0)","v":"Chrudim"},{"$f":"VLOOKUP(A1434,Pilot,4,0)","v":"CZ/C2"},"Safari 2018 - Klub","CZ",23,1556,5773,0.6,2530,1518,2018,"x",null,"Std. Cirrus WL","JE","M",""]
["Romuald Dorofieczyk",null,"Jelenia Gora","PL","Safari 2018 - Klub","CZ",24,1235,5773,0.6,2033,1220,2018,null,null,"DG 300 Club Elan WL","N5","M","Není v databázi"]
["Tereza Novakova",{"$f":"VLOOKUP(A1436,Pilot,2,0)","v":1993},{"$f":"VLOOKUP(A1436,Pilot,3,0)","v":"Chrudim"},{"$f":"VLOOKUP(A1436,Pilot,4,0)","v":"CZ/C2"},"Safari 2018 - Klub","CZ",25,1199,5773,0.6,1882,1129,2018,null,null,"Std. Cirrus","FF","F",""]
["Jan Horky",1968,"Medlánky","CZ/M","Safari 2018 - Klub","CZ",26,1114,5773,0.6,1672,1003,2018,"x",null,"LS 3a 15 m","SW","M",""]
["Ryszard Bendkowski",null,"Warszawa/KSS","PL","Safari 2018 - Klub","CZ",27,713,5773,0.6,1079,647,2018,null,null,"SZD-48 Jantar Std. 2(3)","Fili","M","Není v databázi"]
["Piotr Ligwinski",null,"Czestochowa","PL","Safari 2018 - Klub","CZ",28,384,5773,0.6,573,344,2018,null,null,"SZD Jantar std.2(3)","Fili","M","Není v databázi"]
["Krzystof Kostka",null,"Jelenia Gora","PL","Safari 2018 - Klub","CZ",29,193,5773,0.6,234,140,2018,null,null,"DG-300 Club Elan WL","N5","M","Není v databázi"]
["Petr Hotovy",{"$f":"VLOOKUP(A1441,Pilot,2,0)","v":1958},{"$f":"VLOOKUP(A1441,Pilot,3,0)","v":"Česká Lípa"},{"$f":"VLOOKUP(A1441,Pilot,4,0)","v":"CZ/C2"},"Safari 2018 - Kombi","CZ",1,6601,6601,0.6,{"$f":"ROUND(H1441/I1441*10000*0.7+(MAX($G$1441:$G$1451)-G1441)/(MAX($G$1441:$G$1451)-1)*10000*0.3,0)","v":10000},{"$f":"ROUND(J1441*K1441,0)","v":6000},2018,null,null,"JS-1A,B,C,BTJ,CTJ 18m (voda)","IGC",{"$f":"VLOOKUP(A1441,Pilot,5,0)","v":"M"},{"$f":"IF(ISERROR(VLOOKUP(A1441,Pilot,6,0)),\"Není v databázi\",VLOOKUP(A1441,Pilot,6,0))","v":""}]
["Pavel Svoboda",1938,"Letňany","CZ/C1","Safari 2018 - Kombi","CZ",2,6051,6601,0.6,9117,{"$f":"ROUND(J1442*K1442,0)","v":5470},2018,"x",null,"DuoDiscus,T 700 kg (voda)","ZS","M",""]
["Zdenek Boruvka 54",1954,"Jičín","CZ/C2","Safari 2018 - Kombi","CZ",3,5673,6601,0.6,8416,5050,2018,null,null,"LS 8,a,b,s,st,18 15m (voda)","ZB","M",""]
["Jan Dersak 69",1969,"Kralupy","CZ/C1","Safari 2018 - Kombi","CZ",4,5219,6601,0.6,7634,4580,2018,null,null,"HPH 304CZ 17,4m (voda)","DJ","M",""]
["Milan Meisner",1961,"Dvůr Králové","CZ/C2","Safari 2018 - Kombi","CZ",5,4849,6601,0.6,6942,4165,2018,"x",null,"Ventus c 15m+W (voda)","VV","M",""]
["Lukas Hynek",1979,"Dvůr Králové","CZ/C2","Safari 2018 - Kombi","CZ",6,4767,6601,0.6,6555,3933,2018,"x",null,"DG-200 17m (voda)","IQ","M",""]
["Ladislav Prokes",1954,"Vrchlabí","CZ/C2","Safari 2018 - Kombi","CZ",7,4528,6601,0.6,6002,3601,2018,null,null,"Discus b voda","VR","M",""]
["Slavomir Tanglmajer",1966,"Chomutov","CZ/C2","Safari 2018 - Kombi","CZ",8,3707,6601,0.6,4831,2899,2018,"x",null,"DG-400 17m","ST","M",""]
["Tomas Ditrt",1969,"Podhořany","CZ/C2","Safari 2018 - Kombi","CZ",9,3698,6601,0.6,4522,2713,2018,"x",null,"ASW-20(A)+F 15m","LS","M",""]
["Karel Policky",1950,"Kolín","CZ/C1","Safari 2018 - Kombi","CZ",10,3380,6601,0.6,3884,2330,2018,null,null,"DuoDiscus T WL,XT",777,"M",""]
["Lubomir Doupal",1975,"Kroměříž","CZ/M","Safari 2018 - Kombi","CZ",11,2296,6601,0.6,2435,{"$f":"ROUND(J1451*K1451,0)","v":1461},2018,"x",null,"LS 8b,t,18 15m (voda)","YF","M",""]
["Ivan Harasta 65",{"$f":"VLOOKUP(A1452,Pilot,2,0)","v":1965},{"$f":"VLOOKUP(A1452,Pilot,3,0)","v":"Toužim"},{"$f":"VLOOKUP(A1452,Pilot,4,0)","v":"CZ/C1"},"Toužim Cup 2018 - Klub","CZ",1,4531,4531,0.90500000000000003,{"$f":"ROUND(H1452/I1452*10000*0.7+(MAX($G$1452:$G$1480)-G1452)/(MAX($G$1452:$G$1480)-1)*10000*0.3,0)","v":10000},{"$f":"ROUND(J1452*K1452,0)","v":9050},2018,"x",null,"Std. Cirrus","LY",{"$f":"VLOOKUP(A1452,Pilot,5,0)","v":"M"},{"$f":"IF(ISERROR(VLOOKUP(A1452,Pilot,6,0)),\"Není v databázi\",VLOOKUP(A1452,Pilot,6,0))","v":""}]
["Klara Teichmannova",1993,"Hronov","CZ/C2","Toužim Cup 2018 - Klub","CZ",2,4300,4531,0.90500000000000003,9536,{"$f":"ROUND(J1453*K1453,0)","v":8630},2018,"x","x","Std. Cirrus","XC","F",""]
["Tomas Talanda",1988,"Křižanov","CZ/M","Toužim Cup 2018 - Klub","CZ",3,4130,4531,0.90500000000000003,9166,8295,2018,"x",null,"ASW-19B","A1","M",""]
["Martin Fric",1967,"Raná","CZ/C2","Toužim Cup 2018 - Klub","CZ",4,4097,4531,0.90500000000000003,9008,8152,2018,"x",null,"ASW-19","FR","M",""]
["Michal Drab",1969,"Letkov","CZ/C1","Toužim Cup 2018 - Klub","CZ",5,3937,4531,0.90500000000000003,8654,7832,2018,"x",null,"LS 1d","S3","M",""]
["Petr Jiranek 91",1991,"Toužim","CZ/C1","Toužim Cup 2018 - Klub","CZ",6,3891,4531,0.90500000000000003,8476,7671,2018,"x",null,"G-102 Astir cs","PJ","M",""]
["Lubomir Motl",1959,"Kyjov","CZ/M","Toužim Cup 2018 - Klub","CZ",7,3847,4531,0.90500000000000003,8300,7512,2018,null,null,"LS 1f","G2","M",""]
["Pavel Jiranek",1993,"Toužim","CZ/C1","Toužim Cup 2018 - Klub","CZ",8,3814,4531,0.90500000000000003,8142,7369,2018,"x",null,"Std. Cirrus","IYD","M",""]
["Michal Cupak",1991,"Medlánky","CZ/M","Toužim Cup 2018 - Klub","CZ",9,3671,4531,0.90500000000000003,7814,7072,2018,"x",null,"Std. Cirrus","A7","M",""]
["Daniel Dvorak",1980,"Letkov","CZ/C1","Toužim Cup 2018 - Klub","CZ",10,3654,4531,0.90500000000000003,7681,6951,2018,"x",null,"Std. Cirrus","LD","M",""]
["Martin Valenta",1969,"Toužim","CZ/C1","Toužim Cup 2018 - Klub","CZ",11,3627,4531,0.90500000000000003,7532,6816,2018,"x",null,"LS 1c","P2","M",""]
["Frantisek Kriz",1961,"Toužim","CZ/C1","Toužim Cup 2018 - Klub","CZ",12,3452,4531,0.90500000000000003,7154,6474,2018,"x",null,"LS 1d","CL","M",""]
["Vit Prokop",1987,"Medlánky","CZ/M","Toužim Cup 2018 - Klub","CZ",13,3380,4531,0.90500000000000003,6936,6277,2018,"x",null,"Std. Cirrus","MF","M",""]
["Ivan Harasta 98",1998,"Toužim","CZ/C1","Toužim Cup 2018 - Klub","CZ",14,3304,4531,{"$f":"VLOOKUP(E1465,Soutez,8,0)","v":0.90500000000000003},6712,6074,2018,"x",null,"ASW-15B","HI","M","Junior v roce 2020"]
["Roman Jokl",1979,"Letkov","CZ/C1","Toužim Cup 2018 - Klub","CZ",15,3267,4531,0.90500000000000003,6547,5925,2018,"x",null,"ASW-19B","JL","M",""]
["Martin Zahalka",1987,"Staňkov","CZ/C1","Toužim Cup 2018 - Klub","CZ",16,2953,4531,0.90500000000000003,5955,5389,2018,"x",null,"DG-100","8B","M",""]
["Miroslav Cervenka",1980,"Křižanov","CZ/M","Toužim Cup 2018 - Klub","CZ",17,2920,4531,0.90500000000000003,5797,5246,2018,"x",null,"LS 1f","AF","M",""]
["Josef Kreutzer",1992,"Letkov","CZ/C1","Toužim Cup 2018 - Klub","CZ",18,2233,4531,0.90500000000000003,4628,4188,2018,"x",null,"ASW-15B","LA","M",""]
["Jiri Cincera",1966,"Toužim","CZ/C1","Toužim Cup 2018 - Klub","CZ",19,1966,4531,0.90500000000000003,4109,3719,2018,"x",null,"ASW-15B","TT","M",""]
["Tomas Seifert",1972,"Raná","CZ/C2","Toužim Cup 2018 - Klub","CZ",20,1933,4531,0.90500000000000003,3951,3576,2018,"x",null,"ASW-15B","MC","M",""]
["Lukas Zemek",1994,"Letkov","CZ/C1","Toužim Cup 2018 - Klub","CZ",21,1835,4531,0.90500000000000003,3692,3341,2018,"x",null,"LS 1c","VY","M",""]
["Petr Lonsky",1965,"Toužim","CZ/C1","Toužim Cup 2018 - Klub","CZ",22,1626,4531,0.90500000000000003,3262,2952,2018,null,null,"Std. Cirrus WL","YU","M",""]
["Jan Zanda",1983,"Letkov","CZ/C1","Toužim Cup 2018 - Klub","CZ",23,1599,4531,0.90500000000000003,3113,2817,2018,"x",null,"Std. Cirrus","AL","M",""]
["Rudolf Jung",1954,"Zbraslavice","CZ/C1","Toužim Cup 2018 - Klub","CZ",24,1197,4531,0.90500000000000003,2385,2158,2018,"x",null,"G-103 Twin II",null,"M",""]
["Frantisek Brozman",1960,"Tachov","CZ/C1","Toužim Cup 2018 - Klub","CZ",25,927,4531,0.90500000000000003,1861,1684,2018,"x",null,"VT116 Orlik II","TI","M",""]
["Petr Cernicky",1974,"Toužim","CZ/C1","Toužim Cup 2018 - Klub","CZ",26,620,4531,0.90500000000000003,1279,1157,2018,"x",null,"G-102 Astir cs","LS","M",""]
["Vaclav Halek",1966,"Toužim","CZ/C1","Toužim Cup 2018 - Klub","CZ",27,363,4531,0.90500000000000003,775,701,2018,"x",null,"G-103 Twin III","TO","M",""]
["Jan Turek",1987,"Toužim","CZ/C1","Toužim Cup 2018 - Klub","CZ",28,29,4531,0.90500000000000003,152,138,2018,"x",null,"G-102 Astir cs","PB","M",""]
["Karel Grotz",1934,"Toužim","CZ/C1","Toužim Cup 2018 - Klub","CZ",29,0,4531,0.90500000000000003,0,{"$f":"ROUND(J1480*K1480,0)","v":0},2018,null,null,"VT 16 Orlik",16,"M",""]
["Karel Benisek 76",{"$f":"VLOOKUP(A1481,Pilot,2,0)","v":1976},{"$f":"VLOOKUP(A1481,Pilot,3,0)","v":"Toužim"},{"$f":"VLOOKUP(A1481,Pilot,4,0)","v":"CZ/C1"},"Toužim Cup 2018 - Kombi","CZ",1,4052,4052,0.90500000000000003,{"$f":"ROUND(H1481/I1481*10000*0.7+(MAX($G$1481:$G$1499)-G1481)/(MAX($G$1481:$G$1499)-1)*10000*0.3,0)","v":10000},{"$f":"ROUND(J1481*K1481,0)","v":9050},2018,"x",null,"Ventus ct 17,6m","KB","M",""]
["Daniel Novak",1971,"Letkov","CZ/C1","Toužim Cup 2018 - Kombi","CZ",2,3870,4052,0.90500000000000003,{"$f":"ROUND(H1482/I1482*10000*0.7+(MAX($G$1481:$G$1499)-G1482)/(MAX($G$1481:$G$1499)-1)*10000*0.3,0)","v":9519},{"$f":"ROUND(J1482*K1482,0)","v":8615},2018,"x",null,"LS 8 18m","EJ","M",""]
["Jan Viskot",1995,"Břeclav","CZ/M","Toužim Cup 2018 - Kombi","CZ",3,3812,4052,0.90500000000000003,9252,8373,2018,null,null,"Discus 2a 15m","GX","M","Junior v roce 2020"]
["Zdenek Schenk",1972,"Hranice","CZ/M","Toužim Cup 2018 - Kombi","CZ",4,3665,4052,0.90500000000000003,8831,7992,2018,"x",null,"Ventus ct 17,6m","SNK","M",""]
["Ondrej Dupal",1966,"GAC Benešov","CZ/C1","Toužim Cup 2018 - Kombi","CZ",5,3650,4052,0.90500000000000003,8639,7818,2018,null,null,"ASG 29 18m","GO","M",""]
["Petr Bartak",1984,"Letkov","CZ/C1","Toužim Cup 2018 - Kombi","CZ",6,3615,4052,0.90500000000000003,8412,7613,2018,"x",null,"LS 6c 18m+W","BL","M",""]
["Milos Pajr",1966,"Jičín","CZ/C2","Toužim Cup 2018 - Kombi","CZ",7,3458,4052,0.90500000000000003,7974,7216,2018,"x",null,"Duo Discus XLT",88,"M",""]
["Roman Lanzendorf",1964,"Letkov","CZ/C1","Toužim Cup 2018 - Kombi","CZ",8,3454,4052,0.90500000000000003,7800,7059,2018,"x",null,"Ventus ct 17,6m","AS","M",""]
["Petr Jiranek 63",1962,"Toužim","CZ/C1","Toužim Cup 2018 - Kombi","CZ",9,3446,4052,0.90500000000000003,7620,6896,2018,"x",null,"Ventus ct 17,6m","EB","M",""]
["Jiri Prochazka",1971,"Toužim","CZ/C1","Toužim Cup 2018 - Kombi","CZ",10,3410,4052,0.90500000000000003,7391,6689,2018,"x",null,"DG-500 22m","SR","M",""]
["Frantisek Myska",1968,"Most","CZ/C2","Toužim Cup 2018 - Kombi","CZ",11,3271,4052,0.90500000000000003,6984,6321,2018,"x",null,"Ventus bt 16,6m","SK","M",""]
["Karel Krobath",null,"SFC Tulln","AT","Toužim Cup 2018 - Kombi","CZ",12,3216,4052,0.90500000000000003,6722,6083,2018,null,null,"HPH 304M Shark","Q","M","Není v databázi"]
["Vratislav Sram",{"$f":"VLOOKUP(A1493,Pilot,2,0)","v":1966},{"$f":"VLOOKUP(A1493,Pilot,3,0)","v":"Broumov"},{"$f":"VLOOKUP(A1493,Pilot,4,0)","v":"CZ/C2"},"Toužim Cup 2018 - Kombi","CZ",13,3109,4052,0.90500000000000003,6371,5766,2018,null,null,"Nimbus 2M","NB","M",""]
["Karl Schiffleithner",null,"SFC Tulln","AT","Toužim Cup 2018 - Kombi","CZ",14,3064,4052,0.90500000000000003,6127,5545,2018,null,null,"Ventus 2 ct 18m","IX","M","Není v databázi"]
["Raul Flicker",null,"SFC Tulln","AT","Toužim Cup 2018 - Kombi","CZ",15,2914,4052,0.90500000000000003,5701,5159,2018,null,null,"HPH 304S Shark","GG","M","Není v databázi"]
["John Buchanan",null,"Kingaroy","AU","Toužim Cup 2018 - Kombi","CZ",16,2779,4052,0.90500000000000003,5301,4797,2018,null,null,"JS-3, TJ 18m","BB","M","Není v databázi"]
["Uwe Tolkmitt",null,"LSV Greiz","AT","Toužim Cup 2018 - Kombi","CZ",17,2100,4052,0.90500000000000003,3961,3585,2018,null,null,"DG-400 17m","JO","M","Není v databázi"]
["Olga Mokosova",{"$f":"VLOOKUP(A1498,Pilot,2,0)","v":1970},{"$f":"VLOOKUP(A1498,Pilot,3,0)","v":"Jihlava"},{"$f":"VLOOKUP(A1498,Pilot,4,0)","v":"CZ/M"},"Toužim Cup 2018 - Kombi","CZ",18,1828,4052,0.90500000000000003,3325,3009,2018,"x","x","LS 6c 18m+W","MM","F",""]
["Roman Michalek",1974,"Toužim","CZ/C1","Toužim Cup 2018 - Kombi","CZ",19,1119,4052,0.90500000000000003,1933,1749,2018,"x",null,"DG-400 17m","TK","M",""]
["Karel Novak",{"$f":"VLOOKUP(A1500,Pilot,2,0)","v":1993},{"$f":"VLOOKUP(A1500,Pilot,3,0)","v":"Mladá Boleslav"},{"$f":"VLOOKUP(A1500,Pilot,4,0)","v":"CZ/C1"},"PMČRj 2018 - Klub","CZ",1,9098,9098,{"$f":"VLOOKUP(E1500,Soutez,8,0)","v":0.90500000000000003},{"$f":"ROUND(H1500/I1500*10000*0.7+(MAX($G$1500:$G$1529)-G1500)/(MAX($G$1500:$G$1529)-1)*10000*0.3,0)","v":10000},{"$f":"ROUND(J1500*K1500,0)","v":9050},2018,null,null,"Std. Cirrus","CX",{"$f":"VLOOKUP(A1500,Pilot,5,0)","v":"M"},{"$f":"IF(ISERROR(VLOOKUP(A1500,Pilot,6,0)),\"Není v databázi\",VLOOKUP(A1500,Pilot,6,0))","v":""}]
["Jaromir Macoun",1999,"Jičín","CZ/C2","PMČRj 2018 - Klub","CZ",2,8720,9098,0.90500000000000003,9606,{"$f":"ROUND(J1501*K1501,0)","v":8693},2018,"x",null,"Std. Cirrus","SC","M","Junior v roce 2020"]
["Daniel Ryba",1994,"Dvůr Králové","CZ/C2","PMČRj 2018 - Klub","CZ",3,8690,9098,0.90500000000000003,9479,8578,2018,null,null,"ASW 19B","L7","M",""]
["Jan Zapletal",1997,"Kroměříž","CZ/M","PMČRj 2018 - Klub","CZ",4,8160,9098,0.90500000000000003,8968,8116,2018,"x",null,"Std. Cirrus","FW","M","Junior v roce 2020"]
["Petr Valenta 94",1994,"Kunovice","CZ/M","PMČRj 2018 - Klub","CZ",5,7839,9098,0.90500000000000003,8618,7799,2018,"x",null,"Std. Cirrus","PIF","M",""]
["Jan Vozeh",1995,"Rakovník","CZ/C1","PMČRj 2018 - Klub","CZ",6,7727,9098,0.90500000000000003,8428,7627,2018,"x",null,"Std. Cirrus","OG","M","Junior v roce 2020"]
["Ivan Tvrdik",1997,"Letňany","CZ/C1","PMČRj 2018 - Klub","CZ",7,7315,9098,0.90500000000000003,8007,7246,2018,"x",null,"Cirrus 75",77,"M","Junior v roce 2020"]
["Tomas Jilek",1995,"Raná","CZ/C2","PMČRj 2018 - Klub","CZ",8,7217,9098,0.90500000000000003,7829,7085,2018,"x",null,"ASW 15","PI","M","Junior v roce 2020"]
["Daniel Suchy",1995,"Hranice","CZ/M","PMČRj 2018 - Klub","CZ",9,6775,9098,0.90500000000000003,7385,6683,2018,"x",null,"G 102 Astir CS","W7","M","Junior v roce 2020"]
["Vit Morkovsky",2000,"Polička","CZ/C2","PMČRj 2018 - Klub","CZ",10,6705,9098,0.90500000000000003,7228,6541,2018,"x",null,"ASW 24A bez TN8","SM","M","Junior v roce 2020"]
["Ondrej Dvorak 98",1998,"Mladá Boleslav","CZ/C1","PMČRj 2018 - Klub","CZ",11,6500,9098,0.90500000000000003,6967,6305,2018,"x",null,"ASW 19B","AH","M","Junior v roce 2020"]
["Josef Hlusek",1993,"Kunovice","CZ/M","PMČRj 2018 - Klub","CZ",12,6452,9098,0.90500000000000003,6826,6178,2018,"x",null,"Std. Cirrus","WO","M",""]
["Tereza Koubkova",1999,"Letňany","CZ/C1","PMČRj 2018 - Klub","CZ",13,6201,9098,0.90500000000000003,6530,5910,2018,null,null,"Std. Cirrus","WY","F","Junior v roce 2020"]
["Jan Beran",1999,"Kladno","CZ/C1","PMČRj 2018 - Klub","CZ",14,6175,9098,0.90500000000000003,6406,5797,2018,"x",null,"VSO-10",23,"M","Junior v roce 2020"]
["Tomas Moravec",2000,"Žamberk","CZ/C2","PMČRj 2018 - Klub","CZ",15,6155,9098,0.90500000000000003,6287,5690,2018,"x",null,"Std. Cirrus WL","OK6","M","Junior v roce 2020"]
["Vladimir Hammer",2000,"Klatovy","CZ/C1","PMČRj 2018 - Klub","CZ",16,6035,9098,0.90500000000000003,6092,5513,2018,"x",null,"Std. Cirrus","2U","M","Junior v roce 2020"]
["Tomas Hulmak",1999,"Hosín","CZ/C1","PMČRj 2018 - Klub","CZ",17,6027,9098,0.90500000000000003,5982,5414,2018,"x",null,"ASW 15B","XI","M","Junior v roce 2020"]
["Lukas Maly",1998,"Vysoké Mýto","CZ/C2","PMČRj 2018 - Klub","CZ",18,5937,9098,0.90500000000000003,5809,5257,2018,"x",null,"ASW 15B","AM","M","Junior v roce 2020"]
["Jan Kostka",1996,"Kladno","CZ/C1","PMČRj 2018 - Klub","CZ",19,5924,9098,0.90500000000000003,5696,5155,2018,"x",null,"VSO-10","F8","M","Junior v roce 2020"]
["Michal Coufal",1999,"Jičín","CZ/C2","PMČRj 2018 - Klub","CZ",20,5548,9098,0.90500000000000003,5303,4799,2018,"x",null,"Std. Cirrus","FS","M","Junior v roce 2020"]
["Filip Vita",2001,"Kroměříž","CZ/M","PMČRj 2018 - Klub","CZ",21,5339,9098,0.90500000000000003,5039,4560,2018,"x",null,"G 102 Astir Jeans","2Y","M","Junior v roce 2020"]
["Marek Pechar",1995,"Chrudim","CZ/C2","PMČRj 2018 - Klub","CZ",22,5296,9098,0.90500000000000003,4902,4436,2018,"x",null,"Std. Cirrus WL","JE","M","Junior v roce 2020"]
["Lukas Kotek",1994,"Frýdlant","CZ/M","PMČRj 2018 - Klub","CZ",23,4896,9098,0.90500000000000003,4491,4064,2018,"x",null,"DG 200 15m","AK","M",""]
["Jiri Maier 99",1999,"Raná","CZ/C2","PMČRj 2018 - Klub","CZ",24,3926,9098,0.90500000000000003,3641,3295,2018,"x",null,"VSO-10","I9","M","Junior v roce 2020"]
["Zuzana Kutilkova",1993,"Křižanov","CZ/M","PMČRj 2018 - Klub","CZ",25,3726,9098,0.90500000000000003,3384,3063,2018,"x","x","LS 1 f","R7","F",""]
["Tereza Novakova",1993,"Chrudim","CZ/C2","PMČRj 2018 - Klub","CZ",26,3643,9098,0.90500000000000003,3217,2911,2018,"x","x","Std. Cirrus","FF","F",""]
["Sabina Vitova",1998,"Kroměříž","CZ/M","PMČRj 2018 - Klub","CZ",27,3597,9098,0.90500000000000003,3078,2786,2018,"x","x","G 102 Astir Jeans","IT","F","Junior v roce 2020"]
["Zuzana Markesova",2001,"Medlánky","CZ/M","PMČRj 2018 - Klub","CZ",28,3191,9098,0.90500000000000003,2662,2409,2018,"x","x","G 102 Astir CS","DC","F","Junior v roce 2020"]
["Radek Laga",1997,"Kunovice","CZ/M","PMČRj 2018 - Klub","CZ",29,2991,9098,0.90500000000000003,2405,2177,2018,"x",null,"G 102 Astir CS","O5","M","Junior v roce 2020"]
["Kristina Santruckova",1996,"Podhořany","CZ/C2","PMČRj 2018 - Klub","CZ",30,2847,9098,0.90500000000000003,2190,1982,2018,null,null,"ASW 15B WL","KS","F","Junior v roce 2020"]
["Mark Travner",null,"Celje","SLO","Ranský Pohár 2018 - Kombi","CZ",1,4463,4463,0.6,{"$f":"ROUND(H1530/I1530*10000*0.7+(MAX($G$1530:$G$1548)-G1530)/(MAX($G$1530:$G$1548)-1)*10000*0.3,0)","v":10000},{"$f":"ROUND(J1530*K1530,0)","v":6000},2018,null,null,"DG 300","CE","M",{"$f":"IF(ISERROR(VLOOKUP(A1530,Pilot,6,0)),\"Není v databázi\",VLOOKUP(A1530,Pilot,6,0))","v":"Není v databázi"}]
["Jiri Maier 66",{"$f":"VLOOKUP(A1531,Pilot,2,0)","v":1966},{"$f":"VLOOKUP(A1531,Pilot,3,0)","v":"Raná"},{"$f":"VLOOKUP(A1531,Pilot,4,0)","v":"CZ/C2"},"Ranský Pohár 2018 - Kombi","CZ",2,4288,4463,0.6,9559,{"$f":"ROUND(J1531*K1531,0)","v":5735},2018,"x",null,"Discus b","TAL",{"$f":"VLOOKUP(A1531,Pilot,5,0)","v":"M"},""]
["Primoz Raner",null,"Maribor","SLO","Ranský Pohár 2018 - Kombi","CZ",3,4178,4463,{"$f":"VLOOKUP(E1532,Soutez,8,0)","v":0.6},9220,5532,2018,null,null,"DG 101G","M9","M","Není v databázi"]
["Matic Knez",null,"Celje","SLO","Ranský Pohár 2018 - Kombi","CZ",4,3926,4463,0.6,8658,5195,2018,null,null,"DG-300","CF","M","Není v databázi"]
["Radovan Otto",{"$f":"VLOOKUP(A1534,Pilot,2,0)","v":1968},{"$f":"VLOOKUP(A1534,Pilot,3,0)","v":"Ústí nad Labem"},{"$f":"VLOOKUP(A1534,Pilot,4,0)","v":"CZ/C2"},"Ranský Pohár 2018 - Kombi","CZ",5,3807,4463,0.6,8304,4982,2018,"x",null,"TST 10M Atlas",7,"M",""]
["Michal Hemrle",1974,"Česká Lípa","CZ/C2","Ranský Pohár 2018 - Kombi","CZ",6,3352,4463,0.6,7424,4454,2018,"x",null,"Ventus c 17.6m","XE","M",""]
["Jan Sustr 76",1976,"Raná","CZ/C2","Ranský Pohár 2018 - Kombi","CZ",7,3254,4463,0.6,7104,4262,2018,"x",null,"DG 300","WL","M",""]
["Pavel Derda",1952,"Dvůr Králové","CZ/C2","Ranský Pohár 2018 - Kombi","CZ",8,3063,4463,0.6,6638,3983,2018,null,null,"Cirrus VTC","WE","M",""]
["Petr Kohr",1970,"Raná","CZ/C2","Ranský Pohár 2018 - Kombi","CZ",9,2943,4463,0.6,6283,3770,2018,"x",null,"Std. Cirrus","YF","M",""]
["Tomas Mezera",1973,"Raná","CZ/C2","Ranský Pohár 2018 - Kombi","CZ",10,2882,4463,0.6,6020,3612,2018,"x",null,"VSO 10",59,"M",""]
["Dalibor Pek",1968,"Raná","CZ/C2","Ranský Pohár 2018 - Kombi","CZ",11,2717,4463,0.6,5595,3357,2018,"x",null,"Cirrus 75","A1","M",""]
["Jaromir Hendrych",1954,"Raná","CZ/C2","Ranský Pohár 2018 - Kombi","CZ",12,2659,4463,0.6,5337,3202,2018,"x",null,"M 35",36,"M",""]
["Robert Hribersek",null,"Maribor","SLO","Ranský Pohár 2018 - Kombi","CZ",13,2579,4463,0.6,5045,3027,2018,null,null,"Cirrus 75","TR","M","Není v databázi"]
["Jana Mezerova",{"$f":"VLOOKUP(A1543,Pilot,2,0)","v":1975},{"$f":"VLOOKUP(A1543,Pilot,3,0)","v":"Raná"},{"$f":"VLOOKUP(A1543,Pilot,4,0)","v":"CZ/C2"},"Ranský Pohár 2018 - Kombi","CZ",14,2360,4463,0.6,4535,2721,2018,"x","x","SZD 36 Cobra 15",10,"F",""]
["Krystof Mimra",1992,"Most","CZ/C2","Ranský Pohár 2018 - Kombi","CZ",15,2347,4463,0.6,4348,2609,2018,"x",null,"VSO 10",51,"M",""]
["Eduard Svoboda",1957,"Raná","CZ/C2","Ranský Pohár 2018 - Kombi","CZ",16,2337,4463,0.6,4165,2499,2018,"x",null,"ASW 15B","HL","M",""]
["Martin Zvonicek",1972,"Raná","CZ/C2","Ranský Pohár 2018 - Kombi","CZ",17,1883,4463,0.6,3287,1972,2018,"x",null,"ASW 15","ET","M",""]
["Vladimir Fousek",1964,"Raná","CZ/C2","Ranský Pohár 2018 - Kombi","CZ",18,1372,4463,0.6,2319,1391,2018,"x",null,"Std. Cirrus","LW","M",""]
["Petr Lonsky",1965,"Toužim","CZ/C1","Ranský Pohár 2018 - Kombi","CZ",19,0,4463,0.6,0,0,2018,null,null,"Std. Cirrus WL","YU","M",""]
["Petr Hofman",{"$f":"VLOOKUP(A1549,Pilot,2,0)","v":1984},{"$f":"VLOOKUP(A1549,Pilot,3,0)","v":"Letňany"},{"$f":"VLOOKUP(A1549,Pilot,4,0)","v":"CZ/C1"},"PPV 2018 - Klub","CZ",1,4925,4925,0.9,{"$f":"ROUND(H1549/I1549*10000*0.7+(MAX($G$1549:$G$1592)-G1549)/(MAX($G$1549:$G$1592)-1)*10000*0.3,0)","v":10000},{"$f":"ROUND(J1549*K1549,0)","v":9000},2018,"x",null,"ASW-15B","MA",{"$f":"VLOOKUP(A1549,Pilot,5,0)","v":"M"},{"$f":"IF(ISERROR(VLOOKUP(A1549,Pilot,6,0)),\"Není v databázi\",VLOOKUP(A1549,Pilot,6,0))","v":""}]
["Jan Zahradka",1981,"Hodkovice","CZ/C2","PPV 2018 - Klub","CZ",2,4916,4925,0.9,9917,{"$f":"ROUND(J1550*K1550,0)","v":8925},2018,"x",null,"Cirrus Std.","AR","M",""]
["Michal Kodousek",1983,"Jaroměř","CZ/C2","PPV 2018 - Klub","CZ",3,4862,4925,0.9,9771,8794,2018,"x",null,"LS-3 15m","RI","M",""]
["Jindrich Svorc",1978,"Letňany","CZ/C1","PPV 2018 - Klub","CZ",4,4764,4925,0.9,9562,8606,2018,"x",null,"Cirrus Std.","IMI","M",""]
["Vaclav Marel",1974,"Jaroměř","CZ/C2","PPV 2018 - Klub","CZ",5,4760,4925,0.9,9486,8537,2018,"x",null,"Cirrus Std.","IF","M",""]
["Petr Vodicka",1965,"Jaroměř","CZ/C2","PPV 2018 - Klub","CZ",6,4758,4925,0.9,9414,8473,2018,"x",null,"Janus b","BV","M",""]
["Josef Kolman",1983,"Letňany","CZ/C1","PPV 2018 - Klub","CZ",7,4188,4925,0.9,8534,7681,2018,"x",null,"ASW-15B","BA4","M",""]
["Rene Hudak",1972,"Kunovice","CZ/M","PPV 2018 - Klub","CZ",8,4156,4925,0.9,8419,7577,2018,"x",null,"Cirrus Std. WL","NK","M",""]
["Jan Beranek",1976,"Jihlava","CZ/M","PPV 2018 - Klub","CZ",9,4126,4925,0.9,8306,7475,2018,"x",null,"ASW-19B","U2","M",""]
["David Vrchota",1976,"Jaroměř","CZ/C2","PPV 2018 - Klub","CZ",10,4007,4925,0.9,8067,7260,2018,"x",null,"Std. Cirrus 16m","GO","M",""]
["Jaromir Pauer",1974,"Hosín","CZ/C1","PPV 2018 - Klub","CZ",11,3985,4925,0.9,7966,7169,2018,"x",null,"DG 100",78,"M",""]
["Milan Svoboda 80",1980,"Havlíčkův Brod","CZ/C2","PPV 2018 - Klub","CZ",12,3972,4925,0.9,7878,7090,2018,"x",null,"VT-116 Orlik 2",46,"M",""]
["Tomas Ptacovsky",1981,"Letňany","CZ/C1","PPV 2018 - Klub","CZ",13,3941,4925,0.9,7764,6988,2018,"x",null,"ASW-19B","WTF","M",""]
["Martin Urner",1974,"Letňany","CZ/C1","PPV 2018 - Klub","CZ",14,3900,4925,0.9,7636,6872,2018,"x",null,"ASW-15B","JJ","M",""]
["Pavel Liska",1965,"Roudnice","CZ/C2","PPV 2018 - Klub","CZ",15,3729,4925,0.9,7323,6591,2018,"x",null,"ASW-19B","RCE","M",""]
["Ondrej Blaha",1976,"Letňany","CZ/C1","PPV 2018 - Klub","CZ",16,3703,4925,{"$f":"VLOOKUP(E1564,Soutez,8,0)","v":0.9},7217,6495,2018,"x",null,"VT-116 Orlik 2",44,"M",""]
["Miloslav Hulmak",1963,"Hosín","CZ/C1","PPV 2018 - Klub","CZ",17,3694,4925,0.9,7134,6421,2018,"x",null,"ASW-15B","HH","M",""]
["Jaroslav Cempirek 77",1977,"Jihlava","CZ/M","PPV 2018 - Klub","CZ",18,3629,4925,0.9,6972,6275,2018,"x",null,"VSO-10","G1","M",""]
["Ladislav Jozsa",1981,"Medlánky","CZ/M","PPV 2018 - Klub","CZ",19,3622,4925,0.9,6892,6203,2018,"x",null,"Cirrus Std.","LJ","M",""]
["Radek Zima 75",1975,"Břeclav","CZ/M","PPV 2018 - Klub","CZ",20,3610,4925,0.9,6805,6125,2018,"x",null,"DG 100","M","M",""]
["Jan Zezula",1979,"Letňany","CZ/C1","PPV 2018 - Klub","CZ",21,3485,4925,0.9,6558,5902,2018,"x",null,"ASW-19B","HD","M",""]
["Martin Svarc",1981,"Olomouc","CZ/M","PPV 2018 - Klub","CZ",22,3479,4925,0.9,6480,5832,2018,"x",null,"DG-100","HE","M",""]
["Jan Oscatka",1990,"Jaroměř","CZ/C2","PPV 2018 - Klub","CZ",23,3461,4925,0.9,6384,5746,2018,"x",null,"Discus b","JA","M",""]
["Peter Kaspar",1980,"Vyškov","CZ/M","PPV 2018 - Klub","CZ",24,3423,4925,0.9,6261,5635,2018,"x",null,"G-102 Astir cs77","AP","M",""]
["Jiri Holcman",1976,"Hosín","CZ/C1","PPV 2018 - Klub","CZ",25,3332,4925,0.9,6061,5455,2018,"x",null,"ASW-19B","BO","M",""]
["Radoslav Pur",1973,"Hosín","CZ/C1","PPV 2018 - Klub","CZ",26,3213,4925,0.9,5823,5241,2018,"x",null,"DG-200 15m","EK","M",""]
["Antonin Pilat",1971,"Vyškov","CZ/M","PPV 2018 - Klub","CZ",27,3105,4925,0.9,5599,5039,2018,"x",null,"DG-200 15m","JB","M",""]
["Ivan Kuzelka",1945,"Havlíčkův Brod","CZ/C2","PPV 2018 - Klub","CZ",28,3070,4925,0.9,5480,4932,2018,"x",null,"VT-116 Orlik 2",116,"M",""]
["Petr Rozhon",1972,"Hosín","CZ/C1","PPV 2018 - Klub","CZ",29,3037,4925,0.9,5363,4827,2018,"x",null,"VSO-10",9,"M",""]
["Tomas Hlavacek",1984,"Mladá Boleslav","CZ/C1","PPV 2018 - Klub","CZ",30,2936,4925,0.9,5150,4635,2018,"x",null,"ASW-15B","MR","M",""]
["Jiri Dockal",1982,"Letňany","CZ/C1","PPV 2018 - Klub","CZ",31,2791,4925,0.9,4874,4387,2018,"x",null,"VSO-10","L9","M",""]
["Vaclav Petru",1974,"Letňany","CZ/C1","PPV 2018 - Klub","CZ",32,2771,4925,0.9,4776,4298,2018,"x",null,"TST-3TM Alpin","AI","M",""]
["Libor Danhel",1966,"Kunovice","CZ/M","PPV 2018 - Klub","CZ",33,2524,4925,0.9,4355,3920,2018,"x",null,"Cirrus Std.","OK","M",""]
["Bedrich Honzicek",1972,"Letňany","CZ/C1","PPV 2018 - Klub","CZ",34,2472,4925,0.9,4211,3790,2018,"x",null,"DG-200 15m","RZ","M",""]
["Sarka Lochova",1966,"Šumperk","CZ/M","PPV 2018 - Klub","CZ",35,2466,4925,0.9,4133,3720,2018,"x","x","ASW-15B","EZ","F",""]
["Stanislav John",1974,"Hosín","CZ/C1","PPV 2018 - Klub","CZ",36,2421,4925,0.9,3999,3599,2018,"x",null,"DG-100","H5","M",""]
["Libor Bednarik",1972,"Kunovice","CZ/M","PPV 2018 - Klub","CZ",37,2414,4925,0.9,3919,3527,2018,null,null,"G.103 Twin Astir",103,"M",""]
["Jiri Janda",1966,"Letňany","CZ/C1","PPV 2018 - Klub","CZ",38,2318,4925,0.9,3713,3342,2018,"x",null,"Cirrus Std.","ZT","M",""]
["Lubomir Papezik",1951,"Luhačovice","CZ/M","PPV 2018 - Klub","CZ",39,2277,4925,0.9,3585,3227,2018,"x",null,"LS-4","FP","M",""]
["Jaromir Vlk",1959,"Šumperk","CZ/M","PPV 2018 - Klub","CZ",40,2256,4925,0.9,3486,{"$f":"ROUND(J1588*K1588,0)","v":3137},2018,null,null,"ASW-15B","R5","M",""]
["Michal Vopalensky",1974,"Letňany","CZ/C1","PPV 2018 - Klub","CZ",41,2238,4925,0.9,3390,3051,2018,"x",null,"Std. Cirrus","GA","M",""]
["Yvona Vyhnankova",1963,"Olomouc","CZ/M","PPV 2018 - Klub","CZ",42,2175,4925,0.9,3231,2908,2018,"x","x","ASW-15","YZ","F",""]
["Tomas Ohera",1977,"Letňany","CZ/C1","PPV 2018 - Klub","CZ",43,2088,4925,0.9,3037,2733,2018,"x",null,"Discus b","LH","M",""]
["Milos Hrabe",1979,"Letňany","CZ/C1","PPV 2018 - Klub","CZ",44,1828,4925,0.9,2598,2338,2018,"x",null,"Cirrus Std.","L8","M",""]
["Jan Boruvka",1984,"Jičín","CZ/C2","PPV 2018 - Kombi","CZ",1,5204,5204,0.9,{"$f":"ROUND(H1593/I1593*10000*0.7+(MAX($G$1593:$G$1609)-G1593)/(MAX($G$1593:$G$1609)-1)*10000*0.3,0)","v":10000},{"$f":"ROUND(J1593*K1593,0)","v":9000},2018,"x",null,"Ventus c 17,6m","EG","M",""]
["Josef Busek",1967,"Hosín","CZ/C1","PPV 2018 - Kombi","CZ",2,4924,5204,0.9,9436,{"$f":"ROUND(J1594*K1594,0)","v":8492},2018,"x",null,"DuoDiscus XT","BB","M",""]
["Zdenek Boruvka 54",1954,"Jičín","CZ/C2","PPV 2018 - Kombi","CZ",3,4869,5204,0.9,9174,8257,2018,"x",null,"LS-8-18 15m","ZB","M",""]
["Zdenek Schenk",1972,"Hranice","CZ/M","PPV 2018 - Kombi","CZ",4,4612,5204,{"$f":"VLOOKUP(E1596,Soutez,8,0)","v":0.9},8641,7777,2018,"x",null,"Ventus ct 17,6m","SNK","M",""]
["Antonin Konicek",1973,"Kunovice","CZ/M","PPV 2018 - Kombi","CZ",5,4588,5204,0.9,8421,7579,2018,"x",null,"HPH 304M Shark 18m 600kg","KK","M",""]
["Jan Simon",1970,"Kralupy","CZ/C1","PPV 2018 - Kombi","CZ",6,4555,5204,0.9,8190,7371,2018,"x",null,"Duo Discus T (700kg)","ZS","M",""]
["Jan Dersak 69",1969,"Kralupy","CZ/C1","PPV 2018 - Kombi","CZ",7,4550,5204,0.9,7995,7196,2018,"x",null,"HPH 304CZ 17,4","DJ","M",""]
["Lukas Capek",1992,"Letňany","CZ/C1","PPV 2018 - Kombi","CZ",8,4536,5204,0.9,7789,7010,2018,"x",null,"303 Mosquito","LC","M",""]
["Pavel Zima",1979,"Břeclav","CZ/M","PPV 2018 - Kombi","CZ",9,4516,5204,0.9,7575,6818,2018,"x",null,"Ventus cM 17,6m","RK","M",""]
["David Zapletal",1970,"Mladá Boleslav","CZ/C1","PPV 2018 - Kombi","CZ",10,3932,5204,0.9,6602,5942,2018,"x",null,"Ventus c 17,6m","PUP","M",""]
["Tomas Profeld",1964,"Jičín","CZ/C2","PPV 2018 - Kombi","CZ",11,3620,5204,0.9,5994,5395,2018,"x",null,"Ventus 2cm 18m 525kg","OZ","M",""]
["Petr Stepanek",1989,"Moravská Třebová","CZ/M","PPV 2018 - Kombi","CZ",12,3520,5204,0.9,5672,5105,2018,null,null,"Nimbus 2b","MT","M",""]
["Martin Jurovic",null,"Bratislava","SK","PPV 2018 - Kombi","CZ",13,3413,5204,0.9,5341,4807,2018,null,null,"Duo Discus (700kg)","2X","M","Není v databázi"]
["Pavel Haluza",1966,"Prostějov","CZ/M","PPV 2018 - Kombi","CZ",14,3093,5204,0.9,4723,4251,2018,"x",null,"Nimbus 2b","HT","M",""]
["Milos Mach",null,"Nové Zámky","SK","PPV 2018 - Kombi","CZ",15,2589,5204,0.9,3858,3472,2018,null,null,"Discus 2ct 18m","JH","M","Není v databázi"]
["Vaclav Hruza",1965,"Břeclav","CZ/M","PPV 2018 - Kombi","CZ",16,2320,5204,0.9,3308,2977,2018,"x",null,"HPH 304 SJ 18m 573kg","TH","M",""]
["Petr Malcek",1965,"Letňany","CZ/C1","PPV 2018 - Kombi","CZ",17,645,5204,0.9,868,781,2018,"x",null,"Duo Discus (700kg)",777,{"$f":"VLOOKUP(A1609,Pilot,5,0)","v":"M"},{"$f":"IF(ISERROR(VLOOKUP(A1609,Pilot,6,0)),\"Není v databázi\",VLOOKUP(A1609,Pilot,6,0))","v":""}]
["Petr Rygl",{"$f":"VLOOKUP(A1610,Pilot,2,0)","v":1966},{"$f":"VLOOKUP(A1610,Pilot,3,0)","v":"Jičín"},{"$f":"VLOOKUP(A1610,Pilot,4,0)","v":"CZ/C2"},"Pohár Českého Ráje 2018 - Kombi","CZ",1,4221,4221,0.6,{"$f":"ROUND(H1610/I1610*10000*0.7+(MAX($G$1610:$G$1619)-G1610)/(MAX($G$1610:$G$1619)-1)*10000*0.3,0)","v":10000},{"$f":"ROUND(J1610*K1610,0)","v":6000},2018,"x",null,"ASW 15b","A18",{"$f":"VLOOKUP(A1610,Pilot,5,0)","v":"M"},{"$f":"IF(ISERROR(VLOOKUP(A1610,Pilot,6,0)),\"Není v databázi\",VLOOKUP(A1610,Pilot,6,0))","v":""}]
["Zbynek Fuksa",{"$f":"VLOOKUP(A1611,Pilot,2,0)","v":1956},{"$f":"VLOOKUP(A1611,Pilot,3,0)","v":"Jičín"},{"$f":"VLOOKUP(A1611,Pilot,4,0)","v":"CZ/C2"},"Pohár Českého Ráje 2018 - Kombi","CZ",2,3872,4221,0.6,9088,{"$f":"ROUND(J1611*K1611,0)","v":5453},2018,"x",null,"Duo Discus xlt",88,"M",""]
["Radek Tobolka",1977,"Jičín","CZ/C2","Pohár Českého Ráje 2018 - Kombi","CZ",3,3659,4221,0.6,8401,5041,2018,"x",null,"Std. Cir.","XL","M",""]
["Petr Tax",1968,"Jičín","CZ/C2","Pohár Českého Ráje 2018 - Kombi","CZ",4,3463,4221,0.6,7743,4646,2018,"x",null,"Terej","PT","M",""]
["I. KopaCek + L. Florian",null,"Jičín","CZ/C2","Pohár Českého Ráje 2018 - Kombi","CZ",5,3123,4221,0.6,6846,4108,2018,null,null,"Std. Cirrus","SC",null,"Není v databázi"]
["P. Kyzivat + M. Coufal",null,"Jičín","CZ/C2","Pohár Českého Ráje 2018 - Kombi","CZ",6,2657,4221,0.6,5740,3444,2018,null,null,"Std. Cirrus","FS",null,"Není v databázi"]
["Lukas Jezek",1975,"Jičín","CZ/C2","Pohár Českého Ráje 2018 - Kombi","CZ",7,2521,4221,0.6,5181,3109,2018,"x",null,"Janus 18.2m","JC","M",""]
["Miroslav Trybucek",1965,"Jičín","CZ/C2","Pohár Českého Ráje 2018 - Kombi","CZ",8,1750,4221,0.6,3569,2141,2018,"x",null,"Ventus 2cT/18m","OZ","M",""]
["Ales Holoubek",1966,"Jičín","CZ/C2","Pohár Českého Ráje 2018 - Kombi","CZ",9,1414,4221,0.6,2678,1607,2018,"x",null,"ASW 15B","T","M",""]
["Jaromir Macoun",1999,"Jičín","CZ/C2","Pohár Českého Ráje 2018 - Kombi","CZ",10,735,4221,0.6,1219,731,2018,null,null,"Std. Cirrus","CX","M","Junior v roce 2020"]
["Marek Pechanec",{"$f":"VLOOKUP(A1620,Pilot,2,0)","v":1970},{"$f":"VLOOKUP(A1620,Pilot,3,0)","v":"Luhačovice"},{"$f":"VLOOKUP(A1620,Pilot,4,0)","v":"CZ/M"},"PMRg 2018 - Klub","CZ",1,6509,6509,0.96499999999999997,{"$f":"ROUND(H1620/I1620*10000*0.7+(MAX($G$1620:$G$1655)-G1620)/(MAX($G$1620:$G$1655)-1)*10000*0.3,0)","v":10000},{"$f":"ROUND(J1620*K1620,0)","v":9650},2018,"x",null,"std. cirrus","SJ",{"$f":"VLOOKUP(A1620,Pilot,5,0)","v":"M"},{"$f":"IF(ISERROR(VLOOKUP(A1620,Pilot,6,0)),\"Není v databázi\",VLOOKUP(A1620,Pilot,6,0))","v":""}]
["Zdenek Boruvka 86",1986,"Jičín","CZ/C2","PMRg 2018 - Klub","CZ",2,6377,6509,0.96499999999999997,9772,{"$f":"ROUND(J1621*K1621,0)","v":9430},2018,"x",null,"Std. Cirrus","BJ","M",""]
["Karel Novak",1993,"Mladá Boleslav","CZ/C1","PMRg 2018 - Klub","CZ",3,6342,6509,0.96499999999999997,9649,9311,2018,null,null,"std. cirrus","DI","M",""]
["Daniel Ryba",1994,"Dvůr Králové","CZ/C2","PMRg 2018 - Klub","CZ",4,6268,6509,0.96499999999999997,9484,9152,2018,"x",null,"ASW-19B","L7","M",""]
["Petr Panek",1975,"Dvůr Králové","CZ/C2","PMRg 2018 - Klub","CZ",5,6208,6509,0.96499999999999997,9333,9006,2018,"x",null,"std. cirrus","YU","M",""]
["Vaclav Marel",1974,"Jaroměř","CZ/C2","PMRg 2018 - Klub","CZ",6,5949,6509,0.96499999999999997,8969,8655,2018,"x",null,"Std. Cirrus","IF","M",""]
["Jan Ratz",1987,"Zbraslavice","CZ/C1","PMRg 2018 - Klub","CZ",7,5857,6509,0.96499999999999997,8785,8478,2018,"x",null,"Std. Cirrus","REX","M",""]
["Lukas Koukal",1991,"Letkov","CZ/C1","PMRg 2018 - Klub","CZ",8,5526,6509,0.96499999999999997,8343,8051,2018,"x",null,"ASW-15B","T1","M",""]
["Jan Vavrin",1987,"Vysoké Mýto","CZ/C2","PMRg 2018 - Klub","CZ",9,5438,6509,{"$f":"VLOOKUP(E1628,Soutez,8,0)","v":0.96499999999999997},8162,7876,2018,"x",null,"ASW-15B","IG","M",""]
["Vojtech Novotny",1992,"Kralupy","CZ/C1","PMRg 2018 - Klub","CZ",10,5418,6509,0.96499999999999997,8055,7773,2018,"x",null,"LS-1f","EF","M",""]
["Lukas Plocek",1990,"Mladá Boleslav","CZ/C1","PMRg 2018 - Klub","CZ",11,5400,6509,0.96499999999999997,7950,7672,2018,"x",null,"ASW-19B","AH","M",""]
["Michal Krupicka",1975,"Most","CZ/C2","PMRg 2018 - Klub","CZ",12,5390,6509,0.96499999999999997,7854,7579,2018,"x",null,"Std. Cirrus","K","M",""]
["Marek Svancara",1976,"GAC Benešov","CZ/C1","PMRg 2018 - Klub","CZ",13,5343,6509,0.96499999999999997,7717,7447,2018,"x",null,"Std. Cirrus","GT","M",""]
["Jan Zahradka",1981,"Hodkovice","CZ/C2","PMRg 2018 - Klub","CZ",14,5324,6509,0.96499999999999997,7611,7345,2018,"x",null,"Std. Cirrus","AR","M",""]
["Jan Smaha",1958,"Česká Lípa","CZ/C2","PMRg 2018 - Klub","CZ",15,5255,6509,0.96499999999999997,7451,7190,2018,"x",null,"ASW-15B","CW","M",""]
["Jan Hruska",1988,"Tábor","CZ/C1","PMRg 2018 - Klub","CZ",16,5175,6509,0.96499999999999997,7280,7025,2018,"x",null,"ASW-15B","LF","M",""]
["Vojtech Hajek",1987,"Mladá Boleslav","CZ/C1","PMRg 2018 - Klub","CZ",17,5122,6509,0.96499999999999997,7137,6887,2018,"x",null,"Std. Cirrus","BW","M",""]
["Antonin Novotny",1972,"Luhačovice","CZ/M","PMRg 2018 - Klub","CZ",18,5057,6509,0.96499999999999997,6981,6737,2018,"x",null,"Std. Cirrus","SP","M",""]
["Ondrej Sindelar",1979,"Mladá Boleslav","CZ/C1","PMRg 2018 - Klub","CZ",19,4881,6509,0.96499999999999997,6706,6471,2018,"x",null,"ASW-19B","OI","M",""]
["Jakub Kohn",1992,"Prostějov","CZ/M","PMRg 2018 - Klub","CZ",20,4714,6509,0.96499999999999997,6441,6216,2018,"x",null,"ASW-15B","FK","M",""]
["Ladislav Jozsa",1981,"Medlánky","CZ/M","PMRg 2018 - Klub","CZ",21,4708,6509,0.96499999999999997,6349,6127,2018,"x",null,"Std. Cirrus","LJ","M",""]
["Jindrich Hruska",1986,"Soběslav","CZ/C1","PMRg 2018 - Klub","CZ",22,4616,6509,0.96499999999999997,6164,5948,2018,"x",null,"ASW-15","ASW","M",""]
["Pavlina Horackova",1965,"Šumperk","CZ/M","PMRg 2018 - Klub","CZ",23,4590,6509,0.96499999999999997,6051,5839,2018,null,null,"SZD-48 Jantar Std. 2(3)","SU","F",""]
["Jan Vozeh",1995,"Rakovník","CZ/C1","PMRg 2018 - Klub","CZ",24,4499,6509,0.96499999999999997,5867,5662,2018,null,null,"std. cirrus","OG","M","Junior v roce 2020"]
["David Sachl",1978,"Kralupy","CZ/C1","PMRg 2018 - Klub","CZ",25,4374,6509,0.96499999999999997,5647,5449,2018,null,null,"DG-300","BK","M",""]
["Vilem Riha",1990,"Letňany","CZ/C1","PMRg 2018 - Klub","CZ",26,4300,6509,0.96499999999999997,5482,5290,2018,"x",null,"Std. Cirrus","UB","M",""]
["Karel Knotek",1961,"Soběslav","CZ/C1","PMRg 2018 - Klub","CZ",27,4163,6509,0.96499999999999997,5248,5064,2018,"x",null,"ASW-19","SO","M",""]
["Martin Kriz",1968,"Přibyslav","CZ/C2","PMRg 2018 - Klub","CZ",28,4085,6509,0.96499999999999997,5079,4901,2018,"x",null,"ASW-15B","BE","M",""]
["Pavel Liska",1965,"Roudnice","CZ/C2","PMRg 2018 - Klub","CZ",29,3725,6509,0.96499999999999997,4606,4445,2018,"x",null,"ASW-19B","RCE","M",""]
["Tereza Koubkova",1999,"Letňany","CZ/C1","PMRg 2018 - Klub","CZ",30,3668,6509,0.96499999999999997,4459,4303,2018,null,null,"Std. Cirrus","WY","F","Junior v roce 2020"]
["Karel Policky",1950,"Kolín","CZ/C1","PMRg 2018 - Klub","CZ",31,3427,6509,0.96499999999999997,4114,3970,2018,"x",null,"VSO-10",47,"M",""]
["Ondrej Dvorak 98",1998,"Mladá Boleslav","CZ/C1","PMRg 2018 - Klub","CZ",32,3377,6509,0.96499999999999997,3975,3836,2018,"x",null,"ASW-15B","MB","M","Junior v roce 2020"]
["Pavel Sulc",1976,"Hodkovice","CZ/C2","PMRg 2018 - Klub","CZ",33,3096,6509,0.96499999999999997,3587,3461,2018,"x",null,"Std. Cirrus","AC","M",""]
["Milada Moudra",1991,"Hodkovice","CZ/C2","PMRg 2018 - Klub","CZ",34,2540,6509,0.96499999999999997,2903,2801,2018,"x","x","ASW-19B","XP","F",""]
["Leos Strnadek",1983,"Hodkovice","CZ/C2","PMRg 2018 - Klub","CZ",35,2113,6509,0.96499999999999997,2358,2275,2018,null,null,"ASW-19B","XZ","M",""]
["Petr Lonsky",1965,"Toužim","CZ/C1","PMRg 2018 - Klub","CZ",36,638,6509,0.96499999999999997,686,662,2018,null,null,"Cirrus VTC","JP","M",""]
["Jan Louda",1986,"Mladá Boleslav","CZ/C1","PMRg 2018 - Kombi","CZ",1,7195,7195,0.97,{"$f":"ROUND(H1656/I1656*10000*0.7+(MAX($G$1656:$G$1672)-G1656)/(MAX($G$1656:$G$1672)-1)*10000*0.3,0)","v":10000},{"$f":"ROUND(J1656*K1656,0)","v":9700},2018,"x",null,"Ventus a 15m WL 500kg (voda)","FW","M",""]
["Karel Mares",1974,"Slaný","CZ/C1","PMRg 2018 - Kombi","CZ",2,6865,7195,0.97,9491,{"$f":"ROUND(J1657*K1657,0)","v":9206},2018,"x",null,"LS-8b, LS-8-18, LS-8t /18m","YF","M",""]
["Jana Veprekova",1961,"Dvůr Králové","CZ/C2","PMRg 2018 - Kombi","CZ",3,6818,7195,0.97,9258,8980,2018,"x","x","LS 8,a,b,s,st,18 15m (voda)","W8","F",""]
["Hana Treslova",1991,"Raná","CZ/C2","PMRg 2018 - Kombi","CZ",4,6765,7195,0.97,9019,8748,2018,"x","x","LS 8,a,b,s,st,18 15m (voda)","FX","F",""]
["Dana Novakova",1965,"Mladá Boleslav","CZ/C1","PMRg 2018 - Kombi","CZ",5,6742,7195,{"$f":"VLOOKUP(E1660,Soutez,8,0)","v":0.97},8809,8545,2018,"x","x","LS 8,a,b,s,st,18 15m (voda)","AU","F",""]
["Jana Treslova",1963,"Raná","CZ/C2","PMRg 2018 - Kombi","CZ",6,6716,7195,0.97,8596,8338,2018,"x","x","LS 8,a,b,s,st,18 15m (voda)","EU","F",""]
["Jiri Kusbach",1959,"Luhačovice","CZ/M","PMRg 2018 - Kombi","CZ",7,6510,7195,0.97,8209,7963,2018,null,null,"KKB-18E FES (voda)","B","M",""]
["Radek Zima 78",1978,"Hodkovice","CZ/C2","PMRg 2018 - Kombi","CZ",8,6481,7195,0.97,7993,7753,2018,"x",null,"Ventus b /15m WL -500 kg","7F","M",""]
["Petr Hotovy",1958,"Česká Lípa","CZ/C2","PMRg 2018 - Kombi","CZ",9,6061,7195,0.97,7397,7175,2018,null,null,"JS-1A,B,C,BTJ,CTJ 18m (voda)","IGC","M",""]
["Ladislav Prokes",1954,"Vrchlabí","CZ/C2","PMRg 2018 - Kombi","CZ",10,5935,7195,0.97,7087,6874,2018,"x",null,"Discus b","VR","M",""]
["Jaroslav Buryan",1953,"Zábřeh","CZ/M","PMRg 2018 - Kombi","CZ",11,5901,7195,0.97,6866,6660,2018,"x",null,"ASW-20(A)+F 15m+W (voda)","NS","M",""]
["Miroslav Koci",1961,"Žamberk","CZ/C2","PMRg 2018 - Kombi","CZ",12,4877,7195,0.97,5682,5512,2018,"x",null,"Ventusy: 2cx, 2cxm, 2cxt /18m -600 kg","E8","M",""]
["Slavomir Piskaty 58",1958,"Kunovice","CZ/M","PMRg 2018 - Kombi","CZ",13,4380,7195,0.97,5011,4861,2018,"x",null,"Discus b +W(voda)","KAL","M",""]
["Martin Cicvarek",1966,"Liberec","CZ/C2","PMRg 2018 - Kombi","CZ",14,4248,7195,0.97,4695,4554,2018,"x",null,"DG-400 17m","AC","M",""]
["Petr Frycek",1960,"Most","CZ/C2","PMRg 2018 - Kombi","CZ",15,3737,7195,0.97,4011,3891,2018,"x",null,"Nimbus 3 (25,5m,700kg)(voda)","F","M",""]
["Antonin Kutalek",1943,"Zábřeh","CZ/M","PMRg 2018 - Kombi","CZ",16,2610,7195,0.97,2727,2645,2018,null,null,"Mini-Nimbus c (voda)","GL","M",""]
["Olga Mokosova",1970,"Jihlava","CZ/M","PMRg 2018 - Kombi","CZ",17,2309,7195,0.97,2246,2179,2018,null,null,"LS 6c 18m+W (voda)","MM","F",""]
["Wolfgang Janowitsch",null,"Austria",null,"35. WGC 2018 - 18m","CZ",1,10236,10236,{"$f":"VLOOKUP(E1673,Soutez,8,0)","v":1.105},{"$f":"ROUND(H1673/I1673*10000*0.7+(MAX($G$1673:$G$1717)-G1673)/(MAX($G$1673:$G$1717)-1)*10000*0.3,0)","v":10000},{"$f":"ROUND(J1673*K1673,0)","v":11050},2018,null,null,"Ventus 3T","WO","M"]
["Mario Kiessling",null,"Germany",null,"35. WGC 2018 - 18m","CZ",2,10097,10236,1.105,9837,{"$f":"ROUND(J1674*K1674,0)","v":10870},2018,null,null,"Ventus 3T","I","M"]
["Jean-Denis Barrois",null,"France",null,"35. WGC 2018 - 18m","CZ",3,9915,10236,1.105,9644,10657,2018,null,null,"JS 3","FM","M"]
["Peter Millenaar",null,"Netherlands",null,"35. WGC 2018 - 18m","CZ",4,9820,10236,1.105,9511,10510,2018,null,null,"Ventus 3T","VY","M"]
["Christophe Cousseau",null,"France",null,"35. WGC 2018 - 18m","CZ",5,9766,10236,1.105,9406,10394,2018,null,null,"JS 3","FQ","M"]
["Roman Mracek",{"$f":"VLOOKUP(A1678,Pilot,2,0)","v":1980},{"$f":"VLOOKUP(A1678,Pilot,3,0)","v":"Letkov"},{"$f":"VLOOKUP(A1678,Pilot,4,0)","v":"CZ/C1"},"35. WGC 2018 - 18m","CZ",6,9709,10236,1.105,9299,10275,2018,"x",null,"Ventus 3 FES","LB",{"$f":"VLOOKUP(A1678,Pilot,5,0)","v":"M"},{"$f":"IF(ISERROR(VLOOKUP(A1678,Pilot,6,0)),\"Není v databázi\",VLOOKUP(A1678,Pilot,6,0))","v":""}]
["Tomas Suchanek",1964,"GAC Benešov","CZ/C1","35. WGC 2018 - 18m","CZ",7,9690,10236,1.105,9218,10186,2018,"x",null,"Ventus 3T","3V","M",""]
["Katrin Senne",null,"Germany",null,"35. WGC 2018 - 18m","CZ",8,9664,10236,1.105,9132,10091,2018,null,null,"JS 3","IG","F"]
["Oscar Goudriaan",null,"South Africa",null,"35. WGC 2018 - 18m","CZ",9,9626,10236,1.105,9037,9986,2018,null,null,"JS 3","OG","M"]
["Gyorgy Gulyas",null,"Hungary",null,"35. WGC 2018 - 18m","CZ",10,9622,10236,1.105,8966,9907,2018,null,null,"JS 3","AX","M"]
["Bert Schmelzer",null,"Belgium",null,"35. WGC 2018 - 18m","CZ",11,9569,10236,1.105,8862,9793,2018,null,null,"Ventus 3T","2X","M"]
["John Buchanan",null,"Australia",null,"35. WGC 2018 - 18m","CZ",12,9440,10236,1.105,8706,9620,2018,null,null,"JS 3","BB","M"]
["Russell Cheetham",null,"United Kingdom",null,"35. WGC 2018 - 18m","CZ",13,9410,10236,1.105,8617,9522,2018,null,null,"JS 3","E1","M"]
["Laurens Goudriaan",null,"South Africa",null,"35. WGC 2018 - 18m","CZ",14,9396,10236,1.105,8539,9436,2018,null,null,"JS 3","LG","M"]
["Adomas Grabskis",null,"Lithuania",null,"35. WGC 2018 - 18m","CZ",15,9369,10236,1.105,8453,9341,2018,null,null,"JS 1B","LR","M"]
["Peter Szabo",null,"Hungary",null,"35. WGC 2018 - 18m","CZ",16,9247,10236,1.105,8301,9173,2018,null,null,"JS 3","BX","M"]
["Rolf Friedli",null,"Switzerland",null,"35. WGC 2018 - 18m","CZ",17,9221,10236,1.105,8215,9078,2018,null,null,"ASG-29","F","M"]
["Arne Boye-Møller",null,"Denmark",null,"35. WGC 2018 - 18m","CZ",18,9173,10236,1.105,8114,8966,2018,null,null,"JS 3","JS3","M"]
["Mike Young",null,"United Kingdom",null,"35. WGC 2018 - 18m","CZ",19,9137,10236,1.105,8021,8863,2018,null,null,"Ventus 3",120,"M"]
["Giancarlo Grinza",null,"Italy",null,"35. WGC 2018 - 18m","CZ",20,9126,10236,1.105,7945,8779,2018,null,null,"Ventus 3 FES","CU","M"]
["Adam Woolley",null,"Australia",null,"35. WGC 2018 - 18m","CZ",21,9076,10236,1.105,7843,8667,2018,null,null,"Ventus 3T","HC","M"]
["Jurg Haas",null,"Switzerland",null,"35. WGC 2018 - 18m","CZ",22,9022,10236,1.105,7738,8550,2018,null,null,"JS 1C","CH","M"]
["Martti Sucksdorff",null,"Finland",null,"35. WGC 2018 - 18m","CZ",23,8999,10236,1.105,7654,8458,2018,null,null,"ASG-29E","WS","M"]
["Jerzy Szemplinski",null,"Canada",null,"35. WGC 2018 - 18m","CZ",24,8916,10236,1.105,7529,8320,2018,null,null,"ASG-29","XG","M"]
["Erik Nelson",null,"United States of America",null,"35. WGC 2018 - 18m","CZ",25,8786,10236,1.105,7372,8146,2018,null,null,"Ventus 3T","5E","M"]
["Piotr Jarysz",null,"Poland",null,"35. WGC 2018 - 18m","CZ",26,8775,10236,1.105,7296,8062,2018,null,null,"ASG-29","PL","M"]
["Jeroen Verkuijl",null,"Netherlands",null,"35. WGC 2018 - 18m","CZ",27,8771,10236,1.105,7225,7984,2018,null,null,"JS 3",3,"M"]
["Damian Goldenzweig",null,"Argentina",null,"35. WGC 2018 - 18m","CZ",28,8767,10236,1.105,7154,7905,2018,null,null,"Ventus 3T","3M","M"]
["Alberto Pozzi",null,"Italy",null,"35. WGC 2018 - 18m","CZ",29,8672,10236,1.105,7021,7758,2018,null,null,"Ventus 2 cxa","AY","M"]
["Vladimir Foltin",null,"Slovakia",null,"35. WGC 2018 - 18m","CZ",30,8577,10236,1.105,6888,7611,2018,null,null,"ASG-29E","AJ","M"]
["Matthias Sturm",null,"Germany",null,"35. WGC 2018 - 18m","CZ",31,8539,10236,1.105,6794,7507,2018,null,null,"JS 3","XM","M"]
["Hannu Halonen",null,"Finland",null,"35. WGC 2018 - 18m","CZ",32,8471,10236,1.105,6679,7380,2018,null,null,"Ventus 3T","W","M"]
["Bernhard Leitner",null,"Austria",null,"35. WGC 2018 - 18m","CZ",33,8324,10236,{"$f":"VLOOKUP(E1705,Soutez,8,0)","v":1.105},6511,7195,2018,null,null,"Ventus 2 cxm","LV","M"]
["Lukasz Wojcik",null,"Poland",null,"35. WGC 2018 - 18m","CZ",34,8284,10236,1.105,6415,7089,2018,null,null,"Diana 3","D3","M"]
["Luka Znidarsic",null,"Slovenia",null,"35. WGC 2018 - 18m","CZ",35,8059,10236,1.105,6193,6843,2018,null,null,"Ventus 2 cxa FES","LZ","M"]
["Takeshi Maruyama",null,"Japan",null,"35. WGC 2018 - 18m","CZ",36,8049,10236,1.105,6118,{"$f":"ROUND(J1708*K1708,0)","v":6760},2018,null,null,"ASG-29E","2C","M"]
["Federico Buscema",null,"Argentina",null,"35. WGC 2018 - 18m","CZ",37,7938,10236,1.105,5974,{"$f":"ROUND(J1709*K1709,0)","v":6601},2018,null,null,"ASG-29E","OS","M"]
["Teet Jagomägi",null,"Estonia",null,"35. WGC 2018 - 18m","CZ",38,7796,10236,1.105,5809,6419,2018,null,null,"JS 1B","TB","M"]
["Olivier Sevrin",null,"Belgium",null,"35. WGC 2018 - 18m","CZ",39,7473,10236,1.105,5520,6100,2018,null,null,"ASG-29E",29,"M"]
["Gunnar Axelsson",null,"Sweden",null,"35. WGC 2018 - 18m","CZ",40,6895,10236,1.105,5056,5587,2018,null,null,"ASG-29E","TC","M"]
["Branko Blagojevic",null,"Serbia",null,"35. WGC 2018 - 18m","CZ",41,6710,10236,1.105,4861,5371,2018,null,null,"JS 1C","BP","M"]
["Kestutis Miliunas",null,"Liithuania",null,"35. WGC 2018 - 18m","CZ",42,6406,10236,1.105,4585,5066,2018,null,null,"ASG-29","M7","M"]
["Svend Andersen",null,"Denmark",null,"35. WGC 2018 - 18m","CZ",43,6375,10236,1.105,4496,4968,2018,null,null,"ASG-29E","2O","M"]
["Robert W. Fletcher",null,"United States of America",null,"35. WGC 2018 - 18m","CZ",44,5288,10236,1.105,3684,4071,2018,null,null,"ASG-29E",70,"M"]
["Patrick Driessen",null,"New Zealand",null,"35. WGC 2018 - 18m","CZ",45,4767,10236,1.105,3260,3602,2018,null,null,"JS 1C","8Q","M"]
["Michael Sommer",null,"Germany",null,"35. WGC 2018 - Open","CZ",1,10662,10662,1.095,{"$f":"ROUND(H1718/I1718*10000*0.7+(MAX($G$1718:$G$1748)-G1718)/(MAX($G$1718:$G$1748)-1)*10000*0.3,0)","v":10000},{"$f":"ROUND(J1718*K1718,0)","v":10950},2018,null,null,"EB 29 R","EB","M"]
["Felipe Levin",null,"Germany",null,"35. WGC 2018 - Open","CZ",2,10571,10662,1.095,9840,{"$f":"ROUND(J1719*K1719,0)","v":10775},2018,null,null,"EB 29 DR","WB","M"]
["Petr Tichy",{"$f":"VLOOKUP(A1720,Pilot,2,0)","v":1973},{"$f":"VLOOKUP(A1720,Pilot,3,0)","v":"Zbraslavice"},{"$f":"VLOOKUP(A1720,Pilot,4,0)","v":"CZ/C1"},"35. WGC 2018 - Open","CZ",3,10301,10662,1.095,9563,10471,2018,"x",null,"EB 29R","EX",{"$f":"VLOOKUP(A1720,Pilot,5,0)","v":"M"},{"$f":"IF(ISERROR(VLOOKUP(A1720,Pilot,6,0)),\"Není v databázi\",VLOOKUP(A1720,Pilot,6,0))","v":""}]
["Riccardo Brigliadori",null,"Italy",null,"35. WGC 2018 - Open","CZ",4,10075,10662,1.095,9315,10200,2018,null,null,"JS1 C","LEO","M"]
["Peter Harvey",null,"United Kingdom",null,"35. WGC 2018 - Open","CZ",5,10006,10662,1.095,9169,10040,2018,null,null,"JS1 C","N1","M"]
["Philippe de Péchy",null,"France",null,"35. WGC 2018 - Open","CZ",6,9993,10662,1.095,9061,9922,2018,null,null,"JS1 C","EJ","M"]
["Sylvain Gerbaud",null,"France",null,"35. WGC 2018 - Open","CZ",7,9845,10662,1.095,8864,9706,2018,null,null,"JS1 C",72,"M"]
["Andy Davis",null,"United Kingdom",null,"35. WGC 2018 - Open","CZ",8,9831,10662,1.095,8754,9586,2018,null,null,"JS1 C",80,"M"]
["Zdislaw Bednarczuk",null,"Poland",null,"35. WGC 2018 - Open","CZ",9,9680,10662,1.095,8555,9368,2018,null,null,"JS1 C","P","M"]
["Henrik A. Breidahl",null,"Denmark",null,"35. WGC 2018 - Open","CZ",10,9664,10662,1.095,8445,9247,2018,null,null,"JS1 C","EI","M"]
["Ronald Termaat",null,"Netherlands",null,"35. WGC 2018 - Open","CZ",11,9662,10662,1.095,8343,9136,2018,null,null,"JS1 C","XT","M"]
["Uys Jonker",null,"South Africa",null,"35. WGC 2018 - Open","CZ",12,9658,10662,1.095,8241,9024,2018,null,null,"JS1 C","EVO","M"]
["Jim Acketoft",null,"Sweden",null,"35. WGC 2018 - Open","CZ",13,9619,10662,1.095,8115,8886,2018,null,null,"EB 29 DR","DD","M"]
["Hadriaan van Nes",null,"Netherlands",null,"35. WGC 2018 - Open","CZ",14,9618,10662,1.095,8015,8776,2018,null,null,"JS1 C","APU","M"]
["Petr Krejcirik",{"$f":"VLOOKUP(A1732,Pilot,2,0)","v":1960},{"$f":"VLOOKUP(A1732,Pilot,3,0)","v":"Hranice"},{"$f":"VLOOKUP(A1732,Pilot,4,0)","v":"CZ/M"},"35. WGC 2018 - Open","CZ",15,9572,10662,1.095,7884,8633,2018,null,null,"JS1 C","LX",{"$f":"VLOOKUP(A1732,Pilot,5,0)","v":"M"},{"$f":"IF(ISERROR(VLOOKUP(A1732,Pilot,6,0)),\"Není v databázi\",VLOOKUP(A1732,Pilot,6,0))","v":""}]
["Zoran Frenc",null,"Serbia",null,"35. WGC 2018 - Open","CZ",16,9451,10662,1.095,7705,8437,2018,null,null,"JS1 C","ZF","M"]
["Jan W. Andersen",null,"Denmark",null,"35. WGC 2018 - Open","CZ",17,9405,10662,1.095,7575,8295,2018,null,null,"EB 29","A","M"]
["Laszlo Halasz",null,"Hungary",null,"35. WGC 2018 - Open","CZ",18,9283,10662,1.095,7395,8098,2018,null,null,"JS1 C","IBX","M"]
["Pierre de Broqueville",null,"Belgium",null,"35. WGC 2018 - Open","CZ",19,9138,10662,1.095,7199,7883,2018,null,null,"EB 29 DR","IP3","M"]
["AP Kotze",null,"South Africa",null,"35. WGC 2018 - Open","CZ",20,8590,10662,{"$f":"VLOOKUP(E1737,Soutez,8,0)","v":1.095},6740,7380,2018,null,null,"JS1 C","W2","M"]
["Richard Bartolf",null,"Hungary",null,"35. WGC 2018 - Open","CZ",21,8533,10662,1.095,6602,7229,2018,null,null,"JS1 C","HAB","M"]
["Michael Robison",null,"United States of America",null,"35. WGC 2018 - Open","CZ",22,8470,10662,1.095,6461,7075,2018,null,null,"ASH-25 EB 28","PWR","M"]
["Sven Kolb",null,"Austria",null,"35. WGC 2018 - Open","CZ",23,8335,10662,1.095,6272,6868,2018,null,null,"Antares 23E","LS","M"]
["Mauro Brunazzo",null,"Italy",null,"35. WGC 2018 - Open","CZ",24,8101,10662,1.095,6019,6591,2018,null,null,"Quintus M","AS","M"]
["David Coggins",null,"United States of America",null,"35. WGC 2018 - Open","CZ",25,7353,10662,1.095,5428,5944,2018,null,null,"JS1 C","DT","M"]
["Rene Schoenmann",null,"Switzerland",null,"35. WGC 2018 - Open","CZ",26,7140,10662,1.095,5188,5681,2018,null,null,"JS1 C","RS","M"]
["Martin Furjes",null,"Slovakia",null,"35. WGC 2018 - Open","CZ",27,6728,10662,1.095,4817,5275,2018,null,null,"JS1 C","IMD","M"]
["Owe Engstrom",null,"Sweden",null,"35. WGC 2018 - Open","CZ",28,6447,10662,1.095,4533,4964,2018,null,null,"ASH 25 EB","TP","M"]
["Guido Halter",null,"Switzerland",null,"35. WGC 2018 - Open","CZ",29,5959,10662,1.095,4112,4503,2018,null,null,"ASH-25M","HU","M"]
["Sebastian Eder",null,"Austria",null,"35. WGC 2018 - Open","CZ",30,5880,10662,1.095,3960,4336,2018,null,null,"EB 29 R","FJ","M"]
["Scott Percival",null,"Australia",null,"35. WGC 2018 - Open","CZ",31,4843,10662,1.095,3180,3482,2018,null,null,"Quintus M","V","M"]
["Matkowski & Kawa",null,"Poland",null,"35. WGC 2018 - Duo 20m","CZ",1,10600,10600,1.07,{"$f":"ROUND(H1749/I1749*10000*0.7+(MAX($G$1749:$G$1766)-G1749)/(MAX($G$1749:$G$1766)-1)*10000*0.3,0)","v":10000},{"$f":"ROUND(J1749*K1749,0)","v":10700},2018,null,null,"ASG 32 Mi","MD","M"]
["Jones & Coppin",null,"United Kingdom",null,"35. WGC 2018 - Duo 20m","CZ",2,10335,10600,1.07,9649,{"$f":"ROUND(J1750*K1750,0)","v":10324},2018,null,null,"Arcus T",66,"M"]
["Sorri & Lehto",null,"Finland",null,"35. WGC 2018 - Duo 20m","CZ",3,10211,10600,1.07,9390,10047,2018,null,null,"Arcus M","AM","M"]
["Barnes & Scutter",null,"Australia",null,"35. WGC 2018 - Duo 20m","CZ",4,10190,10600,1.07,9200,9844,2018,null,null,"Arcus T","V8","M"]
["Ladenburger & Krohmer",null,"Germany",null,"35. WGC 2018 - Duo 20m","CZ",5,10123,10600,1.07,8979,9608,2018,null,null,"Arcus T","GX","M"]
["Aboulin & Untersee",null,"France",null,"35. WGC 2018 - Duo 20m","CZ",6,10058,10600,1.07,8760,9373,2018,null,null,"Arcus T","FP","M"]
["Cronjaeger & Sidler",null,"Switzerland",null,"35. WGC 2018 - Duo 20m","CZ",7,9734,10600,1.07,8369,8955,2018,null,null,"Arcus M","C","M"]
["Hartmann & Derold",null,"Austria",null,"35. WGC 2018 - Duo 20m","CZ",8,9732,10600,1.07,8191,8764,2018,null,null,"Arcus T","SPG","M"]
["Michal Lesinger",{"$f":"VLOOKUP(A1757,Pilot,2,0)","v":1966},{"$f":"VLOOKUP(A1757,Pilot,3,0)","v":"Moravská Třebová"},{"$f":"VLOOKUP(A1757,Pilot,4,0)","v":"CZ/M"},"35. WGC 2018 - Duo 20m","CZ",9,9601,10600,1.07,7929,8484,2018,null,null,"ASG 32 Mi","DX",{"$f":"VLOOKUP(A1757,Pilot,5,0)","v":"M"},{"$f":"IF(ISERROR(VLOOKUP(A1757,Pilot,6,0)),\"Není v databázi\",VLOOKUP(A1757,Pilot,6,0))","v":""}]
["Emmanuelidis & Jeanmotte",null,"Belgium",null,"35. WGC 2018 - Duo 20m","CZ",10,9426,10600,1.07,7636,8171,2018,null,null,"ASG 32 Mi","F2","M"]
["Ghiorzo & Dall'Olio",null,"Italy",null,"35. WGC 2018 - Duo 20m","CZ",11,9390,10600,1.07,7436,7957,2018,null,null,"HPH 304 TwinShark","TS","M"]
["Motuza & Volkov",null,"Lithuania",null,"35. WGC 2018 - Duo 20m","CZ",12,8785,10600,1.07,6860,7340,2018,null,null,"ASG 32 Mi","IV","M"]
["Affonso & Navarro",null,"Brazil",null,"35. WGC 2018 - Duo 20m","CZ",13,8519,10600,1.07,6508,6964,2018,null,null,"Arcus M","XX","M"]
["Rehus & Kiss",null,"Hungary",null,"35. WGC 2018 - Duo 20m","CZ",14,8429,10600,1.07,6272,6711,2018,null,null,"Arcus T","SX","M"]
["Nielsen & Jorgensen",null,"Denmark",null,"35. WGC 2018 - Duo 20m","CZ",15,8172,10600,1.07,5926,6341,2018,null,null,"Arcus T","JT","M"]
["Weissenbuehler & Schlosser",null,"United States of America",null,"35. WGC 2018 - Duo 20m","CZ",16,8006,10600,1.07,5640,6035,2018,null,null,"Arcus T","ARC","M"]
["Gaude & San Sebastian",null,"Argentina",null,"35. WGC 2018 - Duo 20m","CZ",17,7696,10600,1.07,5259,{"$f":"ROUND(J1765*K1765,0)","v":5627},2018,null,null,"Arcus M","JS","M"]
["Jesensky & Jakubcak",null,"Slovakia",null,"35. WGC 2018 - Duo 20m","CZ",18,7552,10600,1.07,4987,5336,2018,null,null,"Arcus M","CAR","M"]
["Oldrich Slavicek",{"$f":"VLOOKUP(A1767,Pilot,2,0)","v":1959},{"$f":"VLOOKUP(A1767,Pilot,3,0)","v":"Hronov"},{"$f":"VLOOKUP(A1767,Pilot,4,0)","v":"CZ/C2"},"17. HOP 2018 - Klub","CZ",1,4723,4723,0.6,{"$f":"ROUND(H1767/I1767*10000*0.7+(MAX($G$1767:$G$1792)-G1767)/(MAX($G$1767:$G$1792)-1)*10000*0.3,0)","v":10000},{"$f":"ROUND(J1767*K1767,0)","v":6000},2018,"x",null,"VT-116",4310,{"$f":"VLOOKUP(A1767,Pilot,5,0)","v":"M"},{"$f":"IF(ISERROR(VLOOKUP(A1767,Pilot,6,0)),\"Není v databázi\",VLOOKUP(A1767,Pilot,6,0))","v":""}]
["Milan Svoboda 80",1980,"Havlíčkův Brod","CZ/C2","17. HOP 2018 - Klub","CZ",2,4460,4723,0.6,9490,{"$f":"ROUND(J1768*K1768,0)","v":5694},2018,"x",null,"VT-116",6446,"M",""]
["Jan Sindelar",1946,"Kunovice","CZ/M","17. HOP 2018 - Klub","CZ",3,4427,4723,{"$f":"VLOOKUP(E1769,Soutez,8,0)","v":0.6},9321,5593,2018,"x",null,"VT-116",7410,"M",""]
["Miroslav Stepan",1955,"Žamberk","CZ/C2","17. HOP 2018 - Klub","CZ",4,4254,4723,0.6,8945,5367,2018,"x",null,"VT-116",8412,"M",""]
["Wolfgang Sluka",1942,"Liberec","CZ/C2","17. HOP 2018 - Klub","CZ",5,4150,4723,0.6,8671,5203,2018,null,null,"VT-116",8425,"M",""]
["M.VondraCek, K.Teichmannova",null,"Hronov","CZ/C2","17. HOP 2018 - Klub","CZ",6,4059,4723,0.6,8416,5050,2018,null,null,"VT-16",2909,"-"]
["Jiri Klicnar",{"$f":"VLOOKUP(A1773,Pilot,2,0)","v":1965},{"$f":"VLOOKUP(A1773,Pilot,3,0)","v":"Medlánky"},{"$f":"VLOOKUP(A1773,Pilot,4,0)","v":"CZ/M"},"17. HOP 2018 - Klub","CZ",7,3825,4723,0.6,7949,4769,2018,"x",null,"M-28",2903,"M",""]
["Monika Jiraskova",1994,"Hronov","CZ/C2","17. HOP 2018 - Klub","CZ",8,3804,4723,0.6,7798,4679,2018,"x","x","VT-116",6922,"F",""]
["Ondrej Teichman",1984,"Dvůr Králové","CZ/C2","17. HOP 2018 - Klub","CZ",9,3684,4723,0.6,7500,4500,2018,"x",null,"VT-116",6445,"M",""]
["Ondrej Blaha",1976,"Letňany","CZ/C1","17. HOP 2018 - Klub","CZ",10,3672,4723,0.6,7362,4417,2018,null,null,"VT-116",6444,"M",""]
["Jaromir Vlk",1959,"Šumperk","CZ/M","17. HOP 2018 - Klub","CZ",11,3623,4723,0.6,7170,4302,2018,"x",null,"VT-16",2412,"M",""]
["Ivan Kuzelka",1945,"Havlíčkův Brod","CZ/C2","17. HOP 2018 - Klub","CZ",12,3622,4723,0.6,7048,4229,2018,null,null,"VT-116",4314,"M",""]
["Krystof Mimra",1992,"Most","CZ/C2","17. HOP 2018 - Klub","CZ",13,3580,4723,0.6,6866,4120,2018,"x",null,"VT-116",7413,"M",""]
["Tomas Mezera",1973,"Raná","CZ/C2","17. HOP 2018 - Klub","CZ",14,3381,4723,0.6,6451,3871,2018,"x",null,"VT-116",8401,"M",""]
["Oldrich Hlavacek",1973,"Medlánky","CZ/M","17. HOP 2018 - Klub","CZ",15,3207,4723,0.6,6073,3644,2018,"x",null,"VT-116",8439,"M",""]
["Sarka Lochova",1966,"Šumperk","CZ/M","17. HOP 2018 - Klub","CZ",16,3133,4723,0.6,5843,3506,2018,"x","x","VT-116",7445,"F",""]
["Miroslav Major",1968,"GAC Benešov","CZ/C1","17. HOP 2018 - Klub","CZ",17,3106,4723,0.6,5683,3410,2018,"x",null,"VT-116",8430,"M",""]
["Jaromir Hendrych",1954,"Raná","CZ/C2","17. HOP 2018 - Klub","CZ",18,2993,4723,0.6,5396,3238,2018,"x",null,"M-35",2403,"M",""]
["P.Seibrt, M.Nutil",null,"Náchod","CZ/C2","17. HOP 2018 - Klub","CZ",19,2958,4723,0.6,5224,3134,2018,null,null,"VT-116",7402,"-"]
["Karel Kotlan",1957,"Medlánky","CZ/M","17. HOP 2018 - Klub","CZ",20,2898,4723,0.6,5015,3009,2018,"x",null,"VT-116",8406,"M",""]
["Jiri Slouka",1967,"Medlánky","CZ/M","17. HOP 2018 - Klub","CZ",21,2857,4723,0.6,4834,2900,2018,"x",null,"M-35",2901,"M",""]
["Jana Mezerova",1975,"Raná","CZ/C2","17. HOP 2018 - Klub","CZ",22,2770,4723,0.6,4585,2751,2018,"x","x","VT-116",7425,"F",""]
["Petr Vlasak",1974,"Medlánky","CZ/M","17. HOP 2018 - Klub","CZ",23,2761,4723,0.6,4452,2671,2018,"x",null,"VT 116",4307,"M",""]
["Vaclav Kysilka",1979,"GAC Benešov","CZ/C1","17. HOP 2018 - Klub","CZ",24,2563,4723,0.6,4039,2423,2018,"x",null,"VT-16",2924,"M",""]
["Bohumil Rikal",1946,"Hronov","CZ/C2","17. HOP 2018 - Klub","CZ",25,2546,4723,0.6,3893,2336,2018,"x",null,"VT-16",3405,"M",""]
["Josef Linhart, Jakub Dvorak",null,"Medlánky","CZ/M","17. HOP 2018 - Klub","CZ",26,1431,4723,0.6,2121,1273,2018,null,null,"Ka 6 E",9781,"-"]
["Zdenek Boruvka 54",{"$f":"VLOOKUP(A1793,Pilot,2,0)","v":1954},{"$f":"VLOOKUP(A1793,Pilot,3,0)","v":"Jičín"},{"$f":"VLOOKUP(A1793,Pilot,4,0)","v":"CZ/C2"},"17. HOP 2018 - Kombi","CZ",1,5324,5324,0.6,{"$f":"ROUND(H1793/I1793*10000*0.7+(MAX($G$1793:$G$1807)-G1793)/(MAX($G$1793:$G$1807)-1)*10000*0.3,0)","v":10000},{"$f":"ROUND(J1793*K1793,0)","v":6000},2018,null,null,"LS 8 15 m (voda)","ZB","M",""]
["Sebastian Bode",null,"FSV Eisenhüttenstadt","DE","17. HOP 2018 - Kombi","CZ",2,5191,5324,0.6,9611,{"$f":"ROUND(J1794*K1794,0)","v":5767},2018,null,null,"Discus cs (voda)","E4","M","Není v databázi"]
["Jan Kohout",{"$f":"VLOOKUP(A1795,Pilot,2,0)","v":1970},{"$f":"VLOOKUP(A1795,Pilot,3,0)","v":"Žamberk"},{"$f":"VLOOKUP(A1795,Pilot,4,0)","v":"CZ/C2"},"17. HOP 2018 - Kombi","CZ",3,4823,5324,0.6,8913,5348,2018,"x",null,"LS 8 15 m (voda)","SK","M",""]
["T+G.Jakl, D.Mach",null,"AK Pivo","DE","17. HOP 2018 - Kombi","CZ",4,4499,5324,0.6,8272,4963,2018,null,null,"Janus b ( bez vody)","GJ","-","Není v databázi"]
["Carsten Tietz",{"$f":"VLOOKUP(A1797,Pilot,2,0)","v":1966},{"$f":"VLOOKUP(A1797,Pilot,3,0)","v":"Hronov"},{"$f":"VLOOKUP(A1797,Pilot,4,0)","v":"CZ/C2"},"17. HOP 2018 - Kombi","CZ",5,4441,5324,0.6,7982,4789,2018,"x",null,"Ventus 2cxm 18 meter (bez vody)","WE","M",""]
["Vaclav Kult",1973,"Broumov","CZ/C2","17. HOP 2018 - Kombi","CZ",6,4352,5324,0.6,7651,4591,2018,"x",null,"Nimbus 2 b (voda)","VK","M",""]
["Martin Koci",1975,"Ústí nad Orlicí","CZ/C2","17. HOP 2018 - Kombi","CZ",7,4343,5324,0.6,7424,4454,2018,"x",null,"Discus cs (voda)","5E","M",""]
["Petr Fisar",1974,"Ústí nad Orlicí","CZ/C2","17. HOP 2018 - Kombi","CZ",8,4341,5324,0.6,7208,4325,2018,"x",null,"Mosquito (bez vody)","PF","M",""]
["Jan Rott",1962,"Plasy","CZ/C1","17. HOP 2018 - Kombi","CZ",9,4083,5324,{"$f":"VLOOKUP(E1801,Soutez,8,0)","v":0.6},6654,3992,2018,"x",null,"Nimbus 2 b (bez vody)","AX","M",""]
["Miloslav Cindr",1974,"Ústí nad Orlicí","CZ/C2","17. HOP 2018 - Kombi","CZ",10,4076,5324,0.6,6431,3859,2018,"x",null,"Speed Astir II b (bez vody)","XM","M",""]
["Vratislav Sram",1966,"Broumov","CZ/C2","17. HOP 2018 - Kombi","CZ",11,3932,5324,0.6,6027,3616,2018,null,null,"Janus b (bez vody)","KG","M",""]
["Jiri Suchomel",1950,"Broumov","CZ/C2","17. HOP 2018 - Kombi","CZ",12,3687,5324,0.6,5491,3295,2018,"x",null,"Janus b (bez vody)","V1","M",""]
["Christian Rakowski",null,"FSV Eisenhüttenstadt","DE","17. HOP 2018 - Kombi","CZ",13,3456,5324,0.6,4973,2984,2018,null,null,"LS 4 (voda)","MP",null,"Není v databázi"]
["Miroslav+Josef PlechaC",null,"Hronov","CZ/C2","17. HOP 2018 - Kombi","CZ",14,2248,5324,0.6,3170,1902,2018,null,null,"Nimbus 2 (voda)","SP","-","Není v databázi"]
["M.Eichler, J.PlechaC",null,"Hronov","CZ/C2","17. HOP 2018 - Kombi","CZ",15,1494,5324,0.6,1964,1178,2018,null,null,"Cirrus/Cirrus VTC 17.74 (bez vody)","G7","-","Není v databázi"]
["Libor Bednarik",{"$f":"VLOOKUP(A1808,Pilot,2,0)","v":1972},{"$f":"VLOOKUP(A1808,Pilot,3,0)","v":"Kunovice"},{"$f":"VLOOKUP(A1808,Pilot,4,0)","v":"CZ/M"},"GGP MB 2018 - Gradient GP","CZ",1,45,null,{"$f":"VLOOKUP(E1808,Soutez,8,0)","v":0.6},{"$f":"ROUND((MAX($G$1808:$G$1818)-G1808)/(MAX($G$1808:$G$1818)-1)*10000,0)","v":10000},{"$f":"ROUND(J1808*K1808,0)","v":6000},2018,"x",null,"VSO-10",94,{"$f":"VLOOKUP(A1808,Pilot,5,0)","v":"M"},""]
["Ivan Tvrdik",1997,"Letňany","CZ/C1","GGP MB 2018 - Gradient GP","CZ",2,37,null,0.6,9000,{"$f":"ROUND(J1809*K1809,0)","v":5400},2018,null,null,"VSO-10",53,"M","Junior v roce 2020"]
["Karel Mares",1974,"Slaný","CZ/C1","GGP MB 2018 - Gradient GP","CZ",3,28,null,0.6,8000,4800,2018,null,null,"VSO-10",62,"M",""]
["Lukas Maly",1998,"Vysoké Mýto","CZ/C2","GGP MB 2018 - Gradient GP","CZ",4,27,null,0.6,7000,4200,2018,null,null,"VSO-10",34,"M","Junior v roce 2020"]
["Tomas Hlavacek",1984,"Mladá Boleslav","CZ/C1","GGP MB 2018 - Gradient GP","CZ",5,22,null,0.6,6000,3600,2018,null,null,"VSO-10","C3","M",""]
["Karel Policky",1950,"Kolín","CZ/C1","GGP MB 2018 - Gradient GP","CZ",6,18,null,0.6,5000,3000,2018,"x",null,"VSO-10","F2","M",""]
["Jan Zdvorak",1980,"Roudnice","CZ/C2","GGP MB 2018 - Gradient GP","CZ",7,15,null,0.6,4000,2400,2018,"x",null,"VSO-10",6,"M",""]
["Milos Rejzl",1962,"Klatovy","CZ/C1","GGP MB 2018 - Gradient GP","CZ",8,13,null,0.6,3000,1800,2018,"x",null,"VSO-10",55,"M",""]
["Martin Marek",1967,"Roudnice","CZ/C2","GGP MB 2018 - Gradient GP","CZ",9,6,null,0.6,2000,1200,2018,"x",null,"VSO-10",92,"M",""]
["Martin Vana",1979,"Mladá Boleslav","CZ/C1","GGP MB 2018 - Gradient GP","CZ",9,6,null,0.6,2000,1200,2018,"x",null,"VSO-10 C","V3","M",""]
["Martin Markl",1960,"Kolín","CZ/C1","GGP MB 2018 - Gradient GP","CZ",11,1,null,0.6,0,{"$f":"ROUND(J1818*K1818,0)","v":0},2018,null,null,"VSO-10",93,"M",""]
["Karel Novak",{"$f":"VLOOKUP(A1819,Pilot,2,0)","v":1993},{"$f":"VLOOKUP(A1819,Pilot,3,0)","v":"Mladá Boleslav"},{"$f":"VLOOKUP(A1819,Pilot,4,0)","v":"CZ/C1"},"GGP MB 2018 - Klub GP","CZ",1,37,null,0.61,{"$f":"ROUND((MAX($G$1819:$G$1828)-G1819)/(MAX($G$1819:$G$1828)-1)*10000,0)","v":10000},{"$f":"ROUND(J1819*K1819,0)","v":6100},2018,null,null,"Std. Cirrus","DI","M",""]
["Leos Strnadek",1983,"Hodkovice","CZ/C2","GGP MB 2018 - Klub GP","CZ",2,31,null,0.61,8889,{"$f":"ROUND(J1820*K1820,0)","v":5422},2018,"x",null,"ASW 19","XZ","M",""]
["Martin Grmela",1989,"Zbraslavice","CZ/C1","GGP MB 2018 - Klub GP","CZ",3,22,null,0.61,7778,4745,2018,"x",null,"ASW 15","O2","M",""]
["Katerina Vojtova",1983,"Slaný","CZ/C1","GGP MB 2018 - Klub GP","CZ",4,20,null,0.61,6667,4067,2018,"x","x","Std. Cirrus","KAC","F",""]
["Ivan Novak",1962,"Mladá Boleslav","CZ/C1","GGP MB 2018 - Klub GP","CZ",5,18,null,0.61,5556,3389,2018,null,null,"ASW 19","AH","M",""]
["Jiri Hula",1973,"Slaný","CZ/C1","GGP MB 2018 - Klub GP","CZ",6,10,null,0.61,4444,2711,2018,"x",null,"Std. Cirrus","TI","M",""]
["Linda Vasatova",1990,"Mladá Boleslav","CZ/C1","GGP MB 2018 - Klub GP","CZ",7,9,null,0.61,3333,2033,2018,"x","x","ASW 19","OI","F",""]
["Jan Zezula",1979,"Letňany","CZ/C1","GGP MB 2018 - Klub GP","CZ",7,9,null,0.61,3333,2033,2018,null,null,"ASW 19","HD","M",""]
["Vladimir Hammer",2000,"Klatovy","CZ/C1","GGP MB 2018 - Klub GP","CZ",9,8,null,0.61,1111,678,2018,"x",null,"Std. Cirrus","U2","M","Junior v roce 2020"]
["Petr Lonsky",1965,"Toužim","CZ/C1","GGP MB 2018 - Klub GP","CZ",10,2,null,0.61,0,0,2018,null,null,"Std. Cirrus","FD","M",""]
["Jan Viskot",{"$f":"VLOOKUP(A1829,Pilot,2,0)","v":1995},{"$f":"VLOOKUP(A1829,Pilot,3,0)","v":"Břeclav"},{"$f":"VLOOKUP(A1829,Pilot,4,0)","v":"CZ/M"},"GGP MB 2018 - Pohár MV - Kombi","CZ",1,4651,4651,0.61,{"$f":"ROUND(H1829/I1829*10000*0.7+(MAX($G$1829:$G$1839)-G1829)/(MAX($G$1829:$G$1839)-1)*10000*0.3,0)","v":10000},{"$f":"ROUND(J1829*K1829,0)","v":6100},2018,null,null,"Discus 2a","GX","M","Junior v roce 2020"]
["Jan Smaha",1958,"Česká Lípa","CZ/C2","GGP MB 2018 - Pohár MV - Kombi","CZ",2,4535,4651,0.61,9525,{"$f":"ROUND(J1830*K1830,0)","v":5810},2018,null,null,"ASW 15","CW","M",""]
["Dana Novakova",1965,"Mladá Boleslav","CZ/C1","GGP MB 2018 - Pohár MV - Kombi","CZ",3,4492,4651,0.61,9161,5588,2018,null,null,"LS 8","AU",{"$f":"VLOOKUP(A1831,Pilot,5,0)","v":"F"},{"$f":"IF(ISERROR(VLOOKUP(A1831,Pilot,6,0)),\"Není v databázi\",VLOOKUP(A1831,Pilot,6,0))","v":""}]
["Jana Treslova",1963,"Raná","CZ/C2","GGP MB 2018 - Pohár MV - Kombi","CZ",4,4339,4651,0.61,8630,5264,2018,null,null,"LS 8","EU",{"$f":"VLOOKUP(A1832,Pilot,5,0)","v":"F"},""]
["Hana Treslova",1991,"Raná","CZ/C2","GGP MB 2018 - Pohár MV - Kombi","CZ",5,4332,4651,0.61,8320,5075,2018,null,null,"LS 8","FX",{"$f":"VLOOKUP(A1833,Pilot,5,0)","v":"F"},""]
["Jiri Slemr",1979,"Vysoké Mýto","CZ/C2","GGP MB 2018 - Pohár MV - Kombi","CZ",6,3960,4651,0.61,7460,4551,2018,"x",null,"Discus",65,{"$f":"VLOOKUP(A1834,Pilot,5,0)","v":"M"},""]
["Josef Rydl",1940,"Turnov","CZ/C2","GGP MB 2018 - Pohár MV - Kombi","CZ",7,3426,4651,0.61,6356,3877,2018,"x",null,"Discus","TD",{"$f":"VLOOKUP(A1835,Pilot,5,0)","v":"M"},""]
["Martin Soucek",1975,"Mladá Boleslav","CZ/C1","GGP MB 2018 - Pohár MV - Kombi","CZ",8,3314,4651,0.61,5888,3592,2018,"x",null,"DG 200/17","MS",{"$f":"VLOOKUP(A1836,Pilot,5,0)","v":"M"},""]
["Jan Dersak 69",1969,"Kralupy","CZ/C1","GGP MB 2018 - Pohár MV - Kombi","CZ",9,3061,4651,0.61,5207,3176,2018,null,null,"HPH 304 CZ 17,4","DJ",{"$f":"VLOOKUP(A1837,Pilot,5,0)","v":"M"},""]
["Lubomir Doupal",1975,"Kroměříž","CZ/M","GGP MB 2018 - Pohár MV - Kombi","CZ",10,2717,4651,0.61,4389,2677,2018,"x",null,"LS 8/18m","YF",{"$f":"VLOOKUP(A1838,Pilot,5,0)","v":"M"},""]
["Petra Diepoldova",1978,"Vysoké Mýto","CZ/C2","GGP MB 2018 - Pohár MV - Kombi","CZ",11,2543,4651,0.61,3827,2334,2018,"x","x","ASW 15","TX",{"$f":"VLOOKUP(A1839,Pilot,5,0)","v":"F"},""]
["Sjaak Selen",null,null,null,"35. WGC 2018 - Std","PL",1,6309,6309,1.105,{"$f":"ROUND(H1840/I1840*10000*0.7+(MAX($G$1840:$G$1886)-G1840)/(MAX($G$1840:$G$1886)-1)*10000*0.3,0)","v":10000},{"$f":"ROUND(J1840*K1840,0)","v":11050},2018,null,null,"Discus 2a","2SI"]
["Makoto Ichikawa",null,null,null,"35. WGC 2018 - Std","PL",2,6288,6309,1.105,9911,{"$f":"ROUND(J1841*K1841,0)","v":10952},2018,null,null,"LS-8","KS"]
["Mateusz Siodłoczek",null,null,null,"35. WGC 2018 - Std","PL",3,6235,6309,1.105,9787,10815,2018,null,null,"Discus 2a","Y"]
["Dmitriy Timoshenko",null,null,null,"35. WGC 2018 - Std","PL",4,6198,6309,1.105,9681,10698,2018,null,null,"Discus 2a","DT"]
["Łukasz Błaszczyk",null,null,null,"35. WGC 2018 - Std","PL",5,6195,6309,1.105,9613,10622,2018,null,null,"Discus 2a","I"]
["Norbert Alin Scarlat",null,null,null,"35. WGC 2018 - Std","PL",6,6157,6309,1.105,9505,10503,2018,null,null,"Discus 2a","YB"]
["Poul Kim Larsen",null,null,null,"35. WGC 2018 - Std","PL",7,6133,6309,1.105,9413,10401,2018,null,null,"Discus 2a","D2"]
["Richard Swanstrom",null,null,null,"35. WGC 2018 - Std","PL",8,6098,6309,1.105,9309,10286,2018,null,null,"Discus 2t","IKI"]
["Jim Lee",null,null,null,"35. WGC 2018 - Std","PL",9,6092,6309,1.105,9237,10207,2018,null,null,"Discus 2b","MK"]
["Dennis Huybreckx",null,null,null,"35. WGC 2018 - Std","PL",10,6079,6309,1.105,9158,10120,2018,null,null,"Ls-8","CM"]
["Jeroen Jennen",null,null,null,"35. WGC 2018 - Std","PL",11,6054,6309,1.105,9065,10017,2018,null,null,"LS-8","LT"]
["Gonzalo Riera",null,null,null,"35. WGC 2018 - Std","PL",12,6034,6309,1.105,8977,9920,2018,null,null,"LS-8","W8"]
["David Bromley",null,null,null,"35. WGC 2018 - Std","PL",13,6031,6309,1.105,8909,9844,2018,null,null,"LS-8","F1"]
["Jan-Ola Nordh",null,null,null,"35. WGC 2018 - Std","PL",14,6019,6309,1.105,8830,9757,2018,null,null,"Discus 2","TA"]
["Björn Gintzel",null,null,null,"35. WGC 2018 - Std","PL",15,5995,6309,1.105,8739,9657,2018,null,null,"LS-8 neo","SB"]
["Cristian Franzini",null,null,null,"35. WGC 2018 - Std","PL",16,5949,6309,1.105,8622,9527,2018,null,null,"LS-8","AU"]
["Kilian Biechele",null,null,null,"35. WGC 2018 - Std","PL",17,5897,6309,1.105,8499,9391,2018,null,null,"LS-8 neo","M1"]
["Mogens Hoelgaard",null,null,null,"35. WGC 2018 - Std","PL",18,5868,6309,1.105,8402,9284,2018,null,null,"Discus 2a","AXI"]
["Tamas Vamosi",null,null,null,"35. WGC 2018 - Std","PL",19,5802,6309,1.105,8264,9132,2018,null,null,"Discus 2ax","HAL"]
["Matthew Scutter",null,null,null,"35. WGC 2018 - Std","PL",20,5784,6309,1.105,8178,9037,2018,null,null,"Discus 2a","A1"]
["Miloslav Cink",{"$f":"VLOOKUP(A1860,Pilot,2,0)","v":1987},{"$f":"VLOOKUP(A1860,Pilot,3,0)","v":"Letkov"},{"$f":"VLOOKUP(A1860,Pilot,4,0)","v":"CZ/C1"},"35. WGC 2018 - Std","PL",21,5718,6309,1.105,8040,8884,2018,null,null,"LS-8b","JB",{"$f":"VLOOKUP(A1860,Pilot,5,0)","v":"M"},{"$f":"IF(ISERROR(VLOOKUP(A1860,Pilot,6,0)),\"Není v databázi\",VLOOKUP(A1860,Pilot,6,0))","v":""}]
["Maros Divok",null,null,null,"35. WGC 2018 - Std","PL",22,5706,6309,1.105,7961,8797,2018,null,null,"Discus 2b","DII"]
["Sandor Laurinyecz",null,null,null,"35. WGC 2018 - Std","PL",23,5658,6309,1.105,7843,8667,2018,null,null,"Discus 2ax","HUN"]
["Anton Minskiy",null,null,null,"35. WGC 2018 - Std","PL",24,5649,6309,1.105,7768,8584,2018,null,null,"Discus 2a",2]
["Nico Le Roux",null,null,null,"35. WGC 2018 - Std","PL",25,5624,6309,1.105,7675,8481,2018,null,null,"LS-8","1Z"]
["Aude Grangeray",null,null,null,"35. WGC 2018 - Std","PL",26,5546,6309,1.105,7523,8313,2018,null,null,"Discus 2a","JPA"]
["Pavel Louzecky",{"$f":"VLOOKUP(A1866,Pilot,2,0)","v":1957},{"$f":"VLOOKUP(A1866,Pilot,3,0)","v":"Přibyslav"},{"$f":"VLOOKUP(A1866,Pilot,4,0)","v":"CZ/C2"},"35. WGC 2018 - Std","PL",27,5451,6309,1.105,7352,8124,2018,null,null,"LS-8b","FX",{"$f":"VLOOKUP(A1866,Pilot,5,0)","v":"M"},{"$f":"IF(ISERROR(VLOOKUP(A1866,Pilot,6,0)),\"Není v databázi\",VLOOKUP(A1866,Pilot,6,0))","v":""}]
["Juha Sorri",null,null,null,"35. WGC 2018 - Std","PL",28,5304,6309,1.105,7124,7872,2018,null,null,"Discus 2b","JS"]
["Tizian Steiger",null,null,null,"35. WGC 2018 - Std","PL",29,5298,6309,1.105,7052,7792,2018,null,null,"Discus 2b","TS"]
["Vladas Motuza",null,null,null,"35. WGC 2018 - Std","PL",30,5260,6309,1.105,6945,7674,2018,null,null,"Discus 2a","FL"]
["Ray Stewart",null,null,null,"35. WGC 2018 - Std","PL",31,5221,6309,1.105,6836,7554,2018,null,null,"Discus 2a","AJ"]
["Howard Jones",null,null,null,"35. WGC 2018 - Std","PL",32,5174,6309,1.105,6719,7424,2018,null,null,"Discus 2a",6]
["Louis Bouderlique",null,null,null,"35. WGC 2018 - Std","PL",33,5129,6309,{"$f":"VLOOKUP(E1872,Soutez,8,0)","v":1.105},6604,7297,2018,null,null,"Discus 2a","ET"]
["Joris Vainius",null,null,null,"35. WGC 2018 - Std","PL",34,5066,6309,1.105,6469,7148,2018,null,null,"Lak 19","ZM"]
["Sjors van Loon",null,null,null,"35. WGC 2018 - Std","PL",35,4997,6309,1.105,6327,6991,2018,null,null,"LS-8","M7"]
["Petri Sucksdorff",null,null,null,"35. WGC 2018 - Std","PL",36,4953,6309,1.105,6213,6865,2018,null,null,"LS-8","ES"]
["Guillaume Girard",null,null,null,"35. WGC 2018 - Std","PL",37,4903,6309,1.105,6092,6732,2018,null,null,"Discus 2a","LV"]
["Martin Schwab",null,null,null,"35. WGC 2018 - Std","PL",38,4835,6309,1.105,5952,6577,2018,null,null,"Discus 2a","KG"]
["Dawid Pretorius",null,null,null,"35. WGC 2018 - Std","PL",39,4727,6309,1.105,5766,6371,2018,null,null,"LS-8","VZ"]
["Vittorio Pinni",null,null,null,"35. WGC 2018 - Std","PL",40,4714,6309,1.105,5687,6284,2018,null,null,"LS-8","GG"]
["Victor-Alex Pop",null,null,null,"35. WGC 2018 - Std","PL",41,4687,6309,1.105,5592,6179,2018,null,null,"Discus 2a","YA"]
["Frane Franic",null,null,null,"35. WGC 2018 - Std","PL",42,4560,6309,1.105,5386,5952,2018,null,null,"ASW 24","HR3"]
["Guido Dalla Rosa Prati",null,null,null,"35. WGC 2018 - Std","PL",43,4520,6309,1.105,5276,5830,2018,null,null,"LS-8","FD"]
["Dominik JanCik",null,null,null,"35. WGC 2018 - Std","PL",44,4253,6309,1.105,4914,5430,2018,null,null,"LS-8","SI"]
["Pascal Brunner",null,null,null,"35. WGC 2018 - Std","PL",45,4020,6309,1.105,4591,5073,2018,null,null,"Discus 2b","ST"]
["Marvin Huss",null,null,null,"35. WGC 2018 - Std","PL",46,3246,6309,1.105,3667,4052,2018,null,null,"Discus 2b","YU"]
["Pablo Vispe Sola",null,null,null,"35. WGC 2018 - Std","PL",47,2704,6309,1.105,3000,3315,2018,null,null,"ASW-24","EX"]
["Sebastian Kawa",null,null,null,"35. WGC 2018 - 15m","PL",1,6047,6047,1.085,{"$f":"ROUND(H1887/I1887*10000*0.7+(MAX($G$1887:$G$1923)-G1887)/(MAX($G$1887:$G$1923)-1)*10000*0.3,0)","v":10000},{"$f":"ROUND(J1887*K1887,0)","v":10850},2018,null,null,"ASG 29","PC"]
["Łukasz Grabowski",null,null,null,"35. WGC 2018 - 15m","PL",2,5961,6047,1.085,9817,{"$f":"ROUND(J1888*K1888,0)","v":10651},2018,null,null,"Diana 2","RP"]
["Christophe Ruch",null,null,null,"35. WGC 2018 - 15m","PL",3,5837,6047,1.085,9590,10405,2018,null,null,"JS 3","FM"]
["Jan Omsels",null,null,null,"35. WGC 2018 - 15m","PL",4,5814,6047,1.085,9480,10286,2018,null,null,"Ventus 2ax","FH"]
["Maximilian Seis",null,null,null,"35. WGC 2018 - 15m","PL",5,5771,6047,1.085,9347,10141,2018,null,null,"JS 3","FQ"]
["Kristian Roine",null,null,null,"35. WGC 2018 - 15m","PL",6,5742,6047,1.085,9230,10015,2018,null,null,"ASG 29E","WS"]
["Harri Hirvola",null,null,null,"35. WGC 2018 - 15m","PL",7,5689,6047,1.085,9086,9858,2018,null,null,"Ventus 2a","EH"]
["Adam Woolley",null,null,null,"35. WGC 2018 - 15m","PL",8,5671,6047,1.085,8981,9744,2018,null,null,"Ventus 3T","3V"]
["Attie Jonker",null,null,null,"35. WGC 2018 - 15m","PL",9,5669,6047,1.085,8896,9652,2018,null,null,"JS 3","OG"]
["Daan Spruyt",null,null,null,"35. WGC 2018 - 15m","PL",10,5663,6047,1.085,8805,9553,2018,null,null,"ASW 27","FS"]
["Derren Francis",null,null,null,"35. WGC 2018 - 15m","PL",11,5601,6047,1.085,8650,9385,2018,null,null,"Ventus 3","F2"]
["Radek Krejcirik",{"$f":"VLOOKUP(A1898,Pilot,2,0)","v":1991},{"$f":"VLOOKUP(A1898,Pilot,3,0)","v":"Hranice"},{"$f":"VLOOKUP(A1898,Pilot,4,0)","v":"CZ/M"},"35. WGC 2018 - 15m","PL",12,5538,6047,1.085,8494,9216,2018,null,null,"Ventus 2ax","AX",{"$f":"VLOOKUP(A1898,Pilot,5,0)","v":"M"},{"$f":"IF(ISERROR(VLOOKUP(A1898,Pilot,6,0)),\"Není v databázi\",VLOOKUP(A1898,Pilot,6,0))","v":""}]
["Ondrej Bordovsky",1983,"Krnov","CZ/M","35. WGC 2018 - 15m","PL",13,5446,6047,1.085,8304,9010,2018,"x",null,"ASG 29E","QZ",{"$f":"VLOOKUP(A1899,Pilot,5,0)","v":"M"},{"$f":"IF(ISERROR(VLOOKUP(A1899,Pilot,6,0)),\"Není v databázi\",VLOOKUP(A1899,Pilot,6,0))","v":""}]
["Andreas Lutz",null,null,null,"35. WGC 2018 - 15m","PL",14,5420,6047,1.085,8191,8887,2018,null,null,"Ventus 3T","WO"]
["Tim Scott",null,null,null,"35. WGC 2018 - 15m","PL",15,5344,6047,1.085,8020,8702,2018,null,null,"ASG 29","Z3"]
["Sebastian Bauder",null,null,null,"35. WGC 2018 - 15m","PL",16,5300,6047,1.085,7885,8555,2018,null,null,"Ventus 2ax","Ei"]
["Uys Jonker",null,null,null,"35. WGC 2018 - 15m","PL",17,5296,6047,1.085,7797,8460,2018,null,null,"JS 3","ML"]
["Michael Rass",null,null,null,"35. WGC 2018 - 15m","PL",18,4959,6047,1.085,7324,7947,2018,null,null,"ASG-29E","MR"]
["Sergei Morozov",null,null,null,"35. WGC 2018 - 15m","PL",19,4954,6047,1.085,7235,7850,2018,null,null,"ASG 29","XG"]
["Zoltan Kore",null,null,null,"35. WGC 2018 - 15m","PL",20,4921,6047,1.085,7113,7718,2018,null,null,"JS3","AI"]
["Zoltan Hamar",null,null,null,"35. WGC 2018 - 15m","PL",21,4912,6047,1.085,7019,7616,2018,null,null,"Ventus 2a","5A"]
["Sebastian Luengo",null,null,null,"35. WGC 2018 - 15m","PL",22,4898,6047,1.085,6920,7508,2018,null,null,"Ventus 2a","PE"]
["Francisco Ortega",null,null,null,"35. WGC 2018 - 15m","PL",23,4804,6047,1.085,6728,7300,2018,null,null,"ASW 27","27B"]
["Vytautas Sabeckis",null,null,null,"35. WGC 2018 - 15m","PL",24,4751,6047,1.085,6583,7143,2018,null,null,"Ventus 2ax","VV"]
["Thomas Gostner",null,null,null,"35. WGC 2018 - 15m","PL",25,4653,6047,1.085,6386,6929,2018,null,null,"Ventus 2ax","GT"]
["Jeroen van Dijk",null,null,null,"35. WGC 2018 - 15m","PL",26,4648,6047,1.085,6297,6832,2018,null,null,"ASW 27","M6"]
["Nico Jägli",null,null,null,"35. WGC 2018 - 15m","PL",27,4614,6047,1.085,6174,6699,2018,null,null,"LS-6a","NJ"]
["Øjvind Frank",null,null,null,"35. WGC 2018 - 15m","PL",28,4549,6047,1.085,6016,6527,2018,null,null,"Ventus 3","EK"]
["Mike Hürlimann",null,null,null,"35. WGC 2018 - 15m","PL",29,4465,6047,1.085,5835,6331,2018,null,null,"Ventus 2a","HQ"]
["Cristian Marcaida",null,null,null,"35. WGC 2018 - 15m","PL",30,4435,6047,1.085,5717,6203,2018,null,null,"Ventus 2",19]
["Gvidas Sabeckis",null,null,null,"35. WGC 2018 - 15m","PL",30,4435,6047,1.085,5717,6203,2018,null,null,"ASG 29","MZ"]
["Luke Szczepaniak",null,null,null,"35. WGC 2018 - 15m","PL",32,4399,6047,1.085,5509,5977,2018,null,null,"ASW 27B","2W"]
["Jan Hald",null,null,null,"35. WGC 2018 - 15m","PL",33,4189,6047,1.085,5183,5624,2018,null,null,"Ventus 2cT","T"]
["Timothy Taylor",null,null,null,"35. WGC 2018 - 15m","PL",34,4084,6047,1.085,4978,5401,2018,null,null,"ASW 27B","T6"]
["Carlos Gonzalez de Herrero",null,null,null,"35. WGC 2018 - 15m","PL",35,3811,6047,1.085,4578,4967,2018,null,null,"ASW 27B","7A"]
["Fernando Silva",null,null,null,"35. WGC 2018 - 15m","PL",36,3454,6047,1.085,4082,4429,2018,null,null,"ASW 27","PS"]
["Matias Pasztor",null,null,null,"35. WGC 2018 - 15m","PL",37,3440,6047,1.085,3982,{"$f":"ROUND(J1923*K1923,0)","v":4320},2018,null,null,"Ventus 2b","MW"]
["Rasmus Ørskov",null,null,null,"35. WGC 2018 - Klub","PL",1,5736,5736,1.0900000000000001,{"$f":"ROUND(H1924/I1924*10000*0.7+(MAX($G$1924:$G$1971)-G1924)/(MAX($G$1924:$G$1971)-1)*10000*0.3,0)","v":10000},{"$f":"ROUND(J1924*K1924,0)","v":10900},2018,null,null,"ASW-20","KW"]
["Tomasz Rubaj",null,null,null,"35. WGC 2018 - Klub","PL",2,5723,5736,1.0900000000000001,9920,{"$f":"ROUND(J1925*K1925,0)","v":10813},2018,null,null,"SZD-55","A8"]
["Jaroslav Tomana",{"$f":"VLOOKUP(A1926,Pilot,2,0)","v":1975},{"$f":"VLOOKUP(A1926,Pilot,3,0)","v":"Zbraslavice"},{"$f":"VLOOKUP(A1926,Pilot,4,0)","v":"CZ/C1"},"35. WGC 2018 - Klub","PL",3,5709,5736,1.0900000000000001,9839,10725,2018,"x",null,"Cirrus Std","SN",{"$f":"VLOOKUP(A1926,Pilot,5,0)","v":"M"},{"$f":"IF(ISERROR(VLOOKUP(A1926,Pilot,6,0)),\"Není v databázi\",VLOOKUP(A1926,Pilot,6,0))","v":""}]
["Jakub Barszcz",null,null,null,"35. WGC 2018 - Klub","PL",4,5696,5736,1.0900000000000001,9760,10638,2018,null,null,"SZD-55","TK"]
["Ivan Novak",{"$f":"VLOOKUP(A1928,Pilot,2,0)","v":1962},{"$f":"VLOOKUP(A1928,Pilot,3,0)","v":"Mladá Boleslav"},{"$f":"VLOOKUP(A1928,Pilot,4,0)","v":"CZ/C1"},"35. WGC 2018 - Klub","PL",5,5624,5736,1.0900000000000001,9608,10473,2018,"x",null,"Cirrus Std","DI",{"$f":"VLOOKUP(A1928,Pilot,5,0)","v":"M"},{"$f":"IF(ISERROR(VLOOKUP(A1928,Pilot,6,0)),\"Není v databázi\",VLOOKUP(A1928,Pilot,6,0))","v":""}]
["Tim Kuijpers",null,null,null,"35. WGC 2018 - Klub","PL",6,5604,5736,1.0900000000000001,9520,10377,2018,null,null,"H304CZ","IPB"]
["Andrej Lebedev",null,null,null,"35. WGC 2018 - Klub","PL",7,5528,5736,1.0900000000000001,9363,10206,2018,null,null,"ASW-20","WU"]
["Eric Bernard",null,null,null,"35. WGC 2018 - Klub","PL",8,5509,5736,1.0900000000000001,9276,10111,2018,null,null,"LS 4","SD"]
["Frederic Hoyeau",null,null,null,"35. WGC 2018 - Klub","PL",9,5507,5736,1.0900000000000001,9210,10039,2018,null,null,"LS 4","SA"]
["Darius Liaugaudas",null,null,null,"35. WGC 2018 - Klub","PL",10,5500,5736,1.0900000000000001,9138,9960,2018,null,null,"Pegase 101A","PL"]
["James Crowhurst",null,null,null,"35. WGC 2018 - Klub","PL",11,5435,5736,1.0900000000000001,8994,9803,2018,null,null,"ASW 19B","PG"]
["Niklas Löfgren",null,null,null,"35. WGC 2018 - Klub","PL",12,5396,5736,1.0900000000000001,8883,9682,2018,null,null,"SZD-55",69]
["Tim Fletcher",null,null,null,"35. WGC 2018 - Klub","PL",13,5377,5736,{"$f":"VLOOKUP(E1936,Soutez,8,0)","v":1.0900000000000001},8796,9588,2018,null,null,"Libelle Std","TP"]
["Wolli Beyer",null,null,null,"35. WGC 2018 - Klub","PL",14,5369,5736,1.0900000000000001,8722,9507,2018,null,null,"Libelle H301","YYY"]
["Allan Barnes",null,null,null,"35. WGC 2018 - Klub","PL",15,5343,5736,1.0900000000000001,8627,9403,2018,null,null,"LS-1f","UX"]
["Sabrina Vogt",null,null,null,"35. WGC 2018 - Klub","PL",16,5339,5736,1.0900000000000001,8558,9328,2018,null,null,"Libelle Std","MT"]
["Jozef Kozar",null,null,null,"35. WGC 2018 - Klub","PL",17,5281,5736,1.0900000000000001,8423,9181,2018,null,null,"LS-1f","MF"]
["Tamas Ferenc",null,null,null,"35. WGC 2018 - Klub","PL",18,5278,5736,1.0900000000000001,8356,9108,2018,null,null,"LS-3","1A"]
["Javier Gaude",null,null,null,"35. WGC 2018 - Klub","PL",19,5258,5736,1.0900000000000001,8268,9012,2018,null,null,"LS 4","WW"]
["Sergey Klyuev",null,null,null,"35. WGC 2018 - Klub","PL",20,5241,5736,1.0900000000000001,8183,8919,2018,null,null,"Jantar std 3","SK"]
["Jan Rothhardt",null,null,null,"35. WGC 2018 - Klub","PL",21,5216,5736,1.0900000000000001,8089,8817,2018,null,null,"LS-1d","6H"]
["Sviatoslav Roublev",null,null,null,"35. WGC 2018 - Klub","PL",22,5198,5736,1.0900000000000001,8003,8723,2018,null,null,"Discus","G3"]
["Jonas Langenegger",null,null,null,"35. WGC 2018 - Klub","PL",23,5158,5736,1.0900000000000001,7890,8600,2018,null,null,"LS 4","WG"]
["Simon Gantner",null,null,null,"35. WGC 2018 - Klub","PL",24,5150,5736,1.0900000000000001,7817,8521,2018,null,null,"LS 4a","MN"]
["Michael Westbrook",null,null,null,"35. WGC 2018 - Klub","PL",25,5118,5736,1.0900000000000001,7714,8408,2018,null,null,"ASW 19","J1"]
["Sergei Serov",null,null,null,"35. WGC 2018 - Klub","PL",26,5087,5736,1.0900000000000001,7612,8297,2018,null,null,"Cirrus Std",75]
["David Richter-Trummer",null,null,null,"35. WGC 2018 - Klub","PL",27,4995,5736,1.0900000000000001,7436,8105,2018,null,null,"Libelle H301","RT"]
["Krzysztof Wiercioch",null,null,null,"35. WGC 2018 - Klub","PL",28,4863,5736,1.0900000000000001,7211,7860,2018,null,null,"SZD-55","M2"]
["Simone Selvini",null,null,null,"35. WGC 2018 - Klub","PL",29,4847,5736,1.0900000000000001,7128,7770,2018,null,null,"Cirrus Std",28]
["Antti Koskiniemi",null,null,null,"35. WGC 2018 - Klub","PL",30,4797,5736,1.0900000000000001,7003,7633,2018,null,null,"SZD-55","WB"]
["Nick Fremau",null,null,null,"35. WGC 2018 - Klub","PL",31,4768,5736,1.0900000000000001,6904,7525,2018,null,null,"Libelle std","2S"]
["Luca Urbani",null,null,null,"35. WGC 2018 - Klub","PL",32,4762,5736,1.0900000000000001,6833,7448,2018,null,null,"Cirrus Std","C71"]
["Frank Hiemstra",null,null,null,"35. WGC 2018 - Klub","PL",33,4724,5736,1.0900000000000001,6722,7327,2018,null,null,"Cirrus Std",74]
["Attila Korom",null,null,null,"35. WGC 2018 - Klub","PL",34,4720,5736,1.0900000000000001,6654,7253,2018,null,null,"ASW-20","MC"]
["Felipe Girado",null,null,null,"35. WGC 2018 - Klub","PL",35,4704,5736,1.0900000000000001,6570,7161,2018,null,null,"LS 4","FAY"]
["Mario Schupfer",null,null,null,"35. WGC 2018 - Klub","PL",36,4589,5736,1.0900000000000001,6366,6939,2018,null,null,"ASW-15b","MS"]
["Per Carlin",null,null,null,"35. WGC 2018 - Klub","PL",37,4555,5736,1.0900000000000001,6261,6824,2018,null,null,"LS-1f","G7"]
["Boyd Willat",null,null,null,"35. WGC 2018 - Klub","PL",38,4302,5736,1.0900000000000001,5888,6418,2018,null,null,"ASW 19","JAY"]
["Gerrard Dale",null,null,null,"35. WGC 2018 - Klub","PL",39,4131,5736,1.0900000000000001,5616,6121,2018,null,null,"Libelle Std",528]
["Aldo Rodriguez",null,null,null,"35. WGC 2018 - Klub","PL",40,4119,5736,1.0900000000000001,5537,6035,2018,null,null,"ASW-20",70]
["Vinko Soljan",null,null,null,"35. WGC 2018 - Klub","PL",41,4018,5736,1.0900000000000001,5350,5832,2018,null,null,"ASW 19B","HR2"]
["Juha Vainikka",null,null,null,"35. WGC 2018 - Klub","PL",42,3985,5736,1.0900000000000001,5246,5718,2018,null,null,"Jantar std 3","T5"]
["Vladimir Radovskiy",null,null,null,"35. WGC 2018 - Klub","PL",43,3968,5736,1.0900000000000001,5162,5627,2018,null,null,"Cirrus Std","XII"]
["Peter Bertels",null,null,null,"35. WGC 2018 - Klub","PL",44,3879,5736,1.0900000000000001,4989,5438,2018,null,null,"Libelle Std","BR"]
["Aliaksandr Babkevich",null,null,null,"35. WGC 2018 - Klub","PL",45,3634,5736,1.0900000000000001,4626,5042,2018,null,null,"Jantar std 3","HI"]
["Frantisek Sobek",null,null,null,"35. WGC 2018 - Klub","PL",46,3409,5736,1.0900000000000001,4288,4674,2018,null,null,"DG 100","G1"]
["Jaume Prats",null,null,null,"35. WGC 2018 - Klub","PL",47,3285,5736,1.0900000000000001,4073,4440,2018,null,null,"Libelle Std","JC"]
["Dani Zaninovic",null,null,null,"35. WGC 2018 - Klub","PL",48,2432,5736,1.0900000000000001,2968,3235,2018,null,null,"Jantar std 3","HR1"]
["Viliam Kubovcik",null,"AK Poprad",null,"Fatraglide 2018 - Kombi","SK",1,4486,4486,0.6,{"$f":"ROUND(H1972/I1972*10000*0.7+(MAX($G$1972:$G$1985)-G1972)/(MAX($G$1972:$G$1985)-1)*10000*0.3,0)","v":10000},{"$f":"ROUND(J1972*K1972,0)","v":6000},2018,null,null,"Ventus 2cxT/18m","VV"]
["Jakubcak & Jesensky",null,"SGC Martin",null,"Fatraglide 2018 - Kombi","SK",2,4314,4486,0.6,{"$f":"ROUND(H1973/I1973*10000*0.7+(MAX($G$1972:$G$1985)-G1973)/(MAX($G$1972:$G$1985)-1)*10000*0.3,0)","v":9501},{"$f":"ROUND(J1973*K1973,0)","v":5701},2018,null,null,"Arcus M","CAR"]
["Somol & Cirjak",null,"SGC Martin",null,"Fatraglide 2018 - Kombi","SK",3,4107,4486,0.6,8947,5368,2018,null,null,"Duo Discus W (700kg)","SGC"]
["Viktoria Divokova",null,"AK Spisska Nova Ves",null,"Fatraglide 2018 - Kombi","SK",4,4098,4486,0.6,8702,5221,2018,null,null,"Discus CS","3D"]
["Maros Divok",null,"AK Spisska Nova Ves",null,"Fatraglide 2018 - Kombi","SK",5,3973,4486,0.6,8276,4966,2018,null,null,"Discus 2b","DI"]
["Vaclav Hruza",{"$f":"VLOOKUP(A1977,Pilot,2,0)","v":1965},{"$f":"VLOOKUP(A1977,Pilot,3,0)","v":"Břeclav"},{"$f":"VLOOKUP(A1977,Pilot,4,0)","v":"CZ/M"},"Fatraglide 2018 - Kombi","SK",6,377,4486,0.6,2434,1460,2018,"x",null,"HPH 304SJ Shark","TH",{"$f":"VLOOKUP(A1977,Pilot,5,0)","v":"M"},{"$f":"IF(ISERROR(VLOOKUP(A1977,Pilot,6,0)),\"Není v databázi\",VLOOKUP(A1977,Pilot,6,0))","v":""}]
["Jan Divok",null,"AK Spisska Nova Ves",null,"Fatraglide 2018 - Kombi","SK",7,3637,4486,0.6,7291,4375,2018,null,null,"Discus 2CT/18m","DJ"]
["Peter Pokorny",null,"AK Bratislava",null,"Fatraglide 2018 - Kombi","SK",8,3363,4486,0.6,6632,3979,2018,null,null,"DG 800S/18m","YB"]
["Jozef Pesko",null,"AK Nitra",null,"Fatraglide 2018 - Kombi","SK",9,3062,4486,0.6,5932,3559,2018,null,null,"LS 8T/18m","HM"]
["Pekka, Marjamaa",null,"Kuopion Ilmailuyhdistys",null,"Fatraglide 2018 - Kombi","SK",10,2792,4486,0.6,5280,3168,2018,null,null,"Discus 2b","M"]
["Milan Lojdl",null,"AK Martin",null,"Fatraglide 2018 - Kombi","SK",11,2447,4486,0.6,4511,2707,2018,null,null,"Ventus 2cxT/18m","MJ1"]
["Dusan Bernat",null,"LSV Kreis Pinneberg",null,"Fatraglide 2018 - Kombi","SK",12,2369,4486,0.6,4158,2495,2018,null,null,"Ventus C","AD"]
["Drahomira Divokova",null,"AK Spisska Nova Ves",null,"Fatraglide 2018 - Kombi","SK",13,1979,4486,0.6,3319,1991,2018,null,null,"Ventus C 15m","D3"]
["Anna Zadrozna",null,"Aeroklub Warszawski",null,"Fatraglide 2018 - Kombi","SK",14,800,4486,0.6,1248,749,2018,null,null,"LS 6a 15m","BB"]
["Holger Karow",null,null,null,"Hahnweide 2018 - Duo 20m","DE",1,5110,5110,0.65,{"$f":"ROUND(H1986/I1986*10000*0.7+(MAX($G$1986:$G$2017)-G1986)/(MAX($G$1986:$G$2017)-1)*10000*0.3,0)","v":10000},{"$f":"ROUND(J1986*K1986,0)","v":6500},2018,null,null,"Arcus M","HL"]
["Yves Jeanmotte",null,null,null,"Hahnweide 2018 - Duo 20m","DE",2,4950,5110,0.65,{"$f":"ROUND(H1987/I1987*10000*0.7+(MAX($G$1986:$G$2017)-G1987)/(MAX($G$1986:$G$2017)-1)*10000*0.3,0)","v":9684},{"$f":"ROUND(J1987*K1987,0)","v":6295},2018,null,null,"ASG 32 Mi","P2"]
["Martin Theisinger",null,null,null,"Hahnweide 2018 - Duo 20m","DE",3,4921,5110,0.65,9548,6206,2018,null,null,"Arcus M","WT"]
["Katrin Senne",null,null,null,"Hahnweide 2018 - Duo 20m","DE",4,4900,5110,0.65,9422,6124,2018,null,null,"ASG 32 Mi","KK"]
["Stephan Mayer",null,null,null,"Hahnweide 2018 - Duo 20m","DE",5,4769,5110,0.65,9146,5945,2018,null,null,"Arcus T","WA"]
["Norbert Sommer",null,null,null,"Hahnweide 2018 - Duo 20m","DE",6,4722,5110,0.65,8985,5840,2018,null,null,"Arcus M","7L"]
["Anton Sibanc",null,null,null,"Hahnweide 2018 - Duo 20m","DE",7,4716,5110,0.65,8880,5772,2018,null,null,"Arcus M","EI"]
["Kevin Dilger",null,null,null,"Hahnweide 2018 - Duo 20m","DE",8,4654,5110,0.65,8698,5654,2018,null,null,"Arcus T","NH"]
["Joost Wolff",null,null,null,"Hahnweide 2018 - Duo 20m","DE",9,4631,5110,0.65,8570,5571,2018,null,null,"Arcus T","DX"]
["Andreas Lutz",null,null,null,"Hahnweide 2018 - Duo 20m","DE",10,4619,5110,0.65,8456,5496,2018,null,null,"Arcus M",3]
["Franz Gall",null,null,null,"Hahnweide 2018 - Duo 20m","DE",11,4594,5110,0.65,8325,5411,2018,null,null,"Arcus M",7]
["Frank Rodewald",null,null,null,"Hahnweide 2018 - Duo 20m","DE",12,4537,5110,0.65,8151,5298,2018,null,null,"Arcus T","GX"]
["Jim Acketoft",null,null,null,"Hahnweide 2018 - Duo 20m","DE",13,4446,5110,0.65,7929,5154,2018,null,null,"Arcus M","TWO"]
["Laurens Goudriaan",null,null,null,"Hahnweide 2018 - Duo 20m","DE",14,4387,5110,0.65,7752,5039,2018,null,null,"ASG 32 Mi",32]
["Sascha Costabel",null,null,null,"Hahnweide 2018 - Duo 20m","DE",15,4356,5110,{"$f":"VLOOKUP(E2000,Soutez,8,0)","v":0.65},7612,4948,2018,null,null,"Arcus M","C"]
["Ulrich Blahak",null,null,null,"Hahnweide 2018 - Duo 20m","DE",16,4318,5110,0.65,7463,4851,2018,null,null,"Duo Discus","3E"]
["Laurent Aboulin",null,null,null,"Hahnweide 2018 - Duo 20m","DE",17,4190,5110,0.65,7191,4674,2018,null,null,"Arcus T","A1"]
["Sjaak Selen",null,null,null,"Hahnweide 2018 - Duo 20m","DE",18,3971,5110,0.65,6795,4417,2018,null,null,"Duo Discus XLT","VP"]
["Stefan Krauss",null,null,null,"Hahnweide 2018 - Duo 20m","DE",19,3943,5110,0.65,6659,4328,2018,null,null,"Arcus M","SS"]
["Niel Deijgers",null,null,null,"Hahnweide 2018 - Duo 20m","DE",20,3911,5110,0.65,6519,4237,2018,null,null,"Duo Discus","DUO"]
["Nils Koster",null,null,null,"Hahnweide 2018 - Duo 20m","DE",21,3833,5110,0.65,6315,4105,2018,null,null,"Arcus T","E2"]
["Martin Piskacek",{"$f":"VLOOKUP(A2007,Pilot,2,0)","v":1991},{"$f":"VLOOKUP(A2007,Pilot,3,0)","v":"Křižanov"},{"$f":"VLOOKUP(A2007,Pilot,4,0)","v":"CZ/M"},"Hahnweide 2018 - Duo 20m","DE",22,3828,5110,0.65,6212,4038,2018,"x",null,"Duo Discus",777,{"$f":"VLOOKUP(A2007,Pilot,5,0)","v":"M"},{"$f":"IF(ISERROR(VLOOKUP(A2007,Pilot,6,0)),\"Není v databázi\",VLOOKUP(A2007,Pilot,6,0))","v":""}]
["Manuel Stokinger",null,null,null,"Hahnweide 2018 - Duo 20m","DE",23,3802,5110,0.65,6079,3951,2018,null,null,"Duo Discus XLT","H2"]
["Markus Ganev",null,null,null,"Hahnweide 2018 - Duo 20m","DE",24,3792,5110,0.65,5969,3880,2018,null,null,"Arcus M","XP"]
["Christoph Maiwald",null,null,null,"Hahnweide 2018 - Duo 20m","DE",25,3601,5110,0.65,5610,3647,2018,null,null,"Duo Discus XLT","K5"]
["Adrian Glauner",null,null,null,"Hahnweide 2018 - Duo 20m","DE",26,3504,5110,0.65,5381,3498,2018,null,null,"Duo Discus XLT","RT"]
["Stefan Kessler",null,null,null,"Hahnweide 2018 - Duo 20m","DE",27,3384,5110,0.65,5119,3327,2018,null,null,"Duo Discus T","7UP"]
["Tim Oliver Schmidt",null,null,null,"Hahnweide 2018 - Duo 20m","DE",28,3354,5110,0.65,4982,3238,2018,null,null,"Arcus M","AC2"]
["Patrick Kutschat",null,null,null,"Hahnweide 2018 - Duo 20m","DE",29,2707,5110,0.65,3999,2599,2018,null,null,"Duo Discus XLT","GT2"]
["Christoph Heidemeyer",null,null,null,"Hahnweide 2018 - Duo 20m","DE",30,2408,5110,0.65,3492,2270,2018,null,null,"Arcus T","KA"]
["Hans-Joachim Riedelsheimer",null,null,null,"Hahnweide 2018 - Duo 20m","DE",31,2321,5110,0.65,3276,2129,2018,null,null,"Duo Discus T","B4"]
["Thomas Schaich",null,null,null,"Hahnweide 2018 - Duo 20m","DE",32,1736,5110,0.65,2378,1546,2018,null,null,"Duo Discus XLT","NZ"]
["David Mach",{"$f":"VLOOKUP(A2018,Pilot,2,0)","v":1994},{"$f":"VLOOKUP(A2018,Pilot,3,0)","v":"Hronov"},{"$f":"VLOOKUP(A2018,Pilot,4,0)","v":"CZ/C2"},"Flatland Cup 2018 - Klub","HU",1,6093,6093,0.90500000000000003,{"$f":"ROUND(H2018/I2018*10000*0.7+(MAX($G$2018:$G$2052)-G2018)/(MAX($G$2018:$G$2052)-1)*10000*0.3,0)","v":10000},{"$f":"ROUND(J2018*K2018,0)","v":9050},2018,null,null,"Std Cirrus","XC",{"$f":"VLOOKUP(A2018,Pilot,5,0)","v":"M"},{"$f":"IF(ISERROR(VLOOKUP(A2018,Pilot,6,0)),\"Není v databázi\",VLOOKUP(A2018,Pilot,6,0))","v":""}]
["Jelmer Vis",null,"Vliegclub Hoogeveen",null,"Flatland Cup 2018 - Klub","HU",2,5821,6093,0.90500000000000003,9599,{"$f":"ROUND(J2019*K2019,0)","v":8687},2018,null,null,"Std Cirrus","HE"]
["Barbora Moravcova",{"$f":"VLOOKUP(A2020,Pilot,2,0)","v":1994},{"$f":"VLOOKUP(A2020,Pilot,3,0)","v":"Zbraslavice"},{"$f":"VLOOKUP(A2020,Pilot,4,0)","v":"CZ/C1"},"Flatland Cup 2018 - Klub","HU",3,5763,6093,0.90500000000000003,9444,8547,2018,"x","x","ASW 19","CF",{"$f":"VLOOKUP(A2020,Pilot,5,0)","v":"F"},{"$f":"IF(ISERROR(VLOOKUP(A2020,Pilot,6,0)),\"Není v databázi\",VLOOKUP(A2020,Pilot,6,0))","v":""}]
["Zoltan Földi",null,"Alföldi Repülőklub",null,"Flatland Cup 2018 - Klub","HU",4,5675,6093,0.90500000000000003,9255,8376,2018,null,null,"Std Jantar 2 W","ZP"]
["Jaromir Macoun",{"$f":"VLOOKUP(A2022,Pilot,2,0)","v":1999},{"$f":"VLOOKUP(A2022,Pilot,3,0)","v":"Jičín"},{"$f":"VLOOKUP(A2022,Pilot,4,0)","v":"CZ/C2"},"Flatland Cup 2018 - Klub","HU",5,5658,6093,0.90500000000000003,9147,8278,2018,null,null,"ASW 15 b","FA",{"$f":"VLOOKUP(A2022,Pilot,5,0)","v":"M"},{"$f":"IF(ISERROR(VLOOKUP(A2022,Pilot,6,0)),\"Není v databázi\",VLOOKUP(A2022,Pilot,6,0))","v":"Junior v roce 2020"}]
["Klara Teichmannova",1993,"Hronov","CZ/C2","Flatland Cup 2018 - Klub","HU",6,5590,6093,0.90500000000000003,8981,8128,2018,null,null,"Std Cirrus","LY",{"$f":"VLOOKUP(A2023,Pilot,5,0)","v":"F"},{"$f":"IF(ISERROR(VLOOKUP(A2023,Pilot,6,0)),\"Není v databázi\",VLOOKUP(A2023,Pilot,6,0))","v":""}]
["Robin Smit",null,"GLC illustrious",null,"Flatland Cup 2018 - Klub","HU",7,5562,6093,0.90500000000000003,8861,8019,2018,null,null,"Std Cirrus","RSM"]
["Janos Pós",null,"Muegyetemi Sportrepülő Egyesület",null,"Flatland Cup 2018 - Klub","HU",8,5458,6093,0.90500000000000003,8653,7831,2018,null,null,"Std Jantar 1","TL"]
["Janos Bauer",null,"Vario SE",null,"Flatland Cup 2018 - Klub","HU",9,5403,6093,0.90500000000000003,8501,7693,2018,null,null,"Mini Nimbus C",55]
["Vlagyiszlav Galuzinyec",null,"Szombathelyi Repülőklub",null,"Flatland Cup 2018 - Klub","HU",10,5383,6093,0.90500000000000003,8390,7593,2018,null,null,"Std Jantar 3","Gti"]
["Ivan Tvrdik",{"$f":"VLOOKUP(A2028,Pilot,2,0)","v":1997},{"$f":"VLOOKUP(A2028,Pilot,3,0)","v":"Letňany"},{"$f":"VLOOKUP(A2028,Pilot,4,0)","v":"CZ/C1"},"Flatland Cup 2018 - Klub","HU",11,4857,6093,0.90500000000000003,7698,6967,2018,"x",null,"ASW 19 b","HD",{"$f":"VLOOKUP(A2028,Pilot,5,0)","v":"M"},{"$f":"IF(ISERROR(VLOOKUP(A2028,Pilot,6,0)),\"Není v databázi\",VLOOKUP(A2028,Pilot,6,0))","v":"Junior v roce 2020"}]
["Barnabas Tóth",null,"Szombathelyi Repülőklub",null,"Flatland Cup 2018 - Klub","HU",12,4842,6093,0.90500000000000003,7592,6871,2018,null,null,"Peagse","BT"]
["Balazs Laktis",null,"MÁV Sportrepülő Egyesület",null,"Flatland Cup 2018 - Klub","HU",13,4792,6093,0.90500000000000003,7447,6740,2018,null,null,"Std Cirrus WL","CZ"]
["Lizzy van Zomeren",null,"ACvZ",null,"Flatland Cup 2018 - Klub","HU",14,4742,6093,0.90500000000000003,7301,6607,2018,null,null,"Cirrus B","AG"]
["Balazs Endrődi",null,"Aeroklub Farkashegy",null,"Flatland Cup 2018 - Klub","HU",15,4656,6093,0.90500000000000003,7114,6438,2018,null,null,"LS 1c","MB"]
["Csaba Tóth",null,"Dunaferr",null,"Flatland Cup 2018 - Klub","HU",16,4561,6093,0.90500000000000003,6916,6259,2018,null,null,"Std Jantar 3 W","IX"]
["Laszló Loskay",null,"Dunaferr",null,"Flatland Cup 2018 - Klub","HU",17,4156,6093,0.90500000000000003,6363,5759,2018,null,null,"Astir CS 77","DZ"]
["Béla Borkuti",null,"Pelikán Repülő Egyesület",null,"Flatland Cup 2018 - Klub","HU",18,4115,6093,0.90500000000000003,6228,5636,2018,null,null,"Glassfluegel 304 W","BB"]
["adam Kapuy",null,"Műegyetemi Sportrepülő Egyesület",null,"Flatland Cup 2018 - Klub","HU",19,4096,6093,0.90500000000000003,6117,5536,2018,null,null,"LS 4","GJ"]
["Balint Biró",null,"MÁV Sportrepülő Egyesület",null,"Flatland Cup 2018 - Klub","HU",20,4033,6093,0.90500000000000003,5957,5391,2018,null,null,"ASW 19","CV"]
["Zsombor Wéber",null,"Alföldi Repülőklub",null,"Flatland Cup 2018 - Klub","HU",21,4021,6093,0.90500000000000003,5855,5299,2018,null,null,"Std Jantar 2",16]
["Andras Oswald",null,"Szentesi Repülőklub",null,"Flatland Cup 2018 - Klub","HU",22,3972,6093,0.90500000000000003,5710,5168,2018,null,null,"LS 3","1A"]
["aron Érseki",null,"Opitz Nándor Repülőklub",null,"Flatland Cup 2018 - Klub","HU",23,3955,6093,0.90500000000000003,5603,5071,2018,null,null,"ASW 15","NK"]
["Imre Tóth",null,"Dunaferr",null,"Flatland Cup 2018 - Klub","HU",24,3686,6093,0.90500000000000003,5205,4711,2018,null,null,"Std Jantar 2","MA"]
["Richard Vajda",null,"Aeroklub Farkashegy",null,"Flatland Cup 2018 - Klub","HU",25,3141,6093,0.90500000000000003,4491,4064,2018,null,null,"ASW 20 W","BAS"]
["Antal Salanki Tibor Szabó",null,"ACFH",null,"Flatland Cup 2018 - Klub","HU",26,3066,6093,0.90500000000000003,4317,3907,2018,null,null,"Twin Astir","II"]
["Péter Gönczi",null,"Malév RK",null,"Flatland Cup 2018 - Klub","HU",27,3051,6093,0.90500000000000003,4211,3811,2018,null,null,"Janus C (FG)","DD"]
["Tibor Szőke",null,"Szentesi Repülőklub",null,"Flatland Cup 2018 - Klub","HU",28,3039,6093,0.90500000000000003,4109,3719,2018,null,null,"LS 3","CH"]
["Sandor Maté",null,"Aero Klub Debrecen Sportegyesület",null,"Flatland Cup 2018 - Klub","HU",29,2862,6093,0.90500000000000003,3817,3454,2018,null,null,"Mini Nimbus","MI"]
["Johannes Aldrian",null,"ASFC Timmersdorf",null,"Flatland Cup 2018 - Klub","HU",30,2388,6093,0.90500000000000003,3185,2882,2018,null,null,"LS 7 WL","IMM"]
["Janos Bence Szabó",null,"Malév RK",null,"Flatland Cup 2018 - Klub","HU",31,2229,6093,0.90500000000000003,2914,2637,2018,null,null,"Std Cirrus","P"]
["Lilla Szamosujvari",null,"MÁV Sportrepülő Egyesület",null,"Flatland Cup 2018 - Klub","HU",32,2207,6093,0.90500000000000003,2800,2534,2018,null,null,"Astir CS 77","M2"]
["Domonkos Kalota",null,"Opitz Nándor Repülőklub",null,"Flatland Cup 2018 - Klub","HU",33,1915,6093,0.90500000000000003,2377,2151,2018,null,null,"Std Libelle","B"]
["Mark Travner",null,"Aeroklub Celje",null,"Flatland Cup 2018 - Klub","HU",34,1300,6093,0.90500000000000003,1582,{"$f":"ROUND(J2051*K2051,0)","v":1432},2018,null,null,"DG 300","CE"]
["Péter Lencsés",null,"Hajdúszoboszló Aero Club",null,"Flatland Cup 2018 - Klub","HU",35,718,6093,0.90500000000000003,825,747,2018,null,null,"Std Jantar 1","JI"]
["Jan Zapletal",{"$f":"VLOOKUP(A2053,Pilot,2,0)","v":1997},{"$f":"VLOOKUP(A2053,Pilot,3,0)","v":"Kroměříž"},{"$f":"VLOOKUP(A2053,Pilot,4,0)","v":"CZ/M"},"Flatland Cup 2018 - Kombi","HU",1,7430,7430,0.90500000000000003,{"$f":"ROUND(H2053/I2053*10000*0.7+(MAX($G$2053:$G$2077)-G2053)/(MAX($G$2053:$G$2077)-1)*10000*0.3,0)","v":10000},{"$f":"ROUND(J2053*K2053,0)","v":9050},2018,"x",null,"LS 8","JB",{"$f":"VLOOKUP(A2053,Pilot,5,0)","v":"M"},{"$f":"IF(ISERROR(VLOOKUP(A2053,Pilot,6,0)),\"Není v databázi\",VLOOKUP(A2053,Pilot,6,0))","v":"Junior v roce 2020"}]
["Jan Viskot",1995,"Břeclav","CZ/M","Flatland Cup 2018 - Kombi","HU",2,7365,7430,0.90500000000000003,{"$f":"ROUND(H2054/I2054*10000*0.7+(MAX($G$2053:$G$2077)-G2054)/(MAX($G$2053:$G$2077)-1)*10000*0.3,0)","v":9814},{"$f":"ROUND(J2054*K2054,0)","v":8882},2018,"x",null,"Discus 2","GX",{"$f":"VLOOKUP(A2054,Pilot,5,0)","v":"M"},{"$f":"IF(ISERROR(VLOOKUP(A2054,Pilot,6,0)),\"Není v databázi\",VLOOKUP(A2054,Pilot,6,0))","v":"Junior v roce 2020"}]
["Tamas Gal",null,"Dunaferr Repülo Klub",null,"Flatland Cup 2018 - Kombi","HU",3,7189,7430,0.90500000000000003,9523,8618,2018,null,null,"Ventus 2 b","V7"]
["Attila Szabadfi Gabor Kapuy",null,"Malév Repüloklub",null,"Flatland Cup 2018 - Kombi","HU",4,7159,7430,0.90500000000000003,9370,8480,2018,null,null,"Arcus T","AB"]
["Zoltan Verebélyi",null,"Alföldi Repüloklub",null,"Flatland Cup 2018 - Kombi","HU",5,7076,7430,0.90500000000000003,9166,8295,2018,null,null,"ASG 29","HI"]
["Zoltan Hamar",null,"Vario Sportrepülo Egyesület",null,"Flatland Cup 2018 - Kombi","HU",6,7038,7430,0.90500000000000003,9006,8150,2018,null,null,"Ventus 2","5A"]
["Zoltan Suranyi",null,"Pelikán Repülo Egyesület",null,"Flatland Cup 2018 - Kombi","HU",7,6807,7430,0.90500000000000003,8663,7840,2018,null,null,"Duo Discus","SGC"]
["Tamas Vamosi",null,"Opitz Nándor Repüloklub",null,"Flatland Cup 2018 - Kombi","HU",8,6725,7430,0.90500000000000003,8461,7657,2018,null,null,"Discus 2","HUN"]
["Péter Banki",null,"MÁV Sportrepülo Egyesület",null,"Flatland Cup 2018 - Kombi","HU",9,6613,7430,0.90500000000000003,8230,7448,2018,null,null,"ASW 20 W","M6"]
["Laszló Orsy",null,"DAC-1930",null,"Flatland Cup 2018 - Kombi","HU",10,6546,7430,0.90500000000000003,8042,7278,2018,null,null,"LS 6","4L"]
["Attila Korom",null,"Alföldi Repülőklub",null,"Flatland Cup 2018 - Kombi","HU",11,6500,7430,0.90500000000000003,7874,7126,2018,null,null,"ASW 20 W","MC"]
["Daniel Arday",null,"Malév Repüloklub",null,"Flatland Cup 2018 - Kombi","HU",12,6359,7430,{"$f":"VLOOKUP(E2064,Soutez,8,0)","v":0.90500000000000003},7616,6892,2018,null,null,"Discus 2","HAL"]
["Tamas Mayer",null,"Malév Repüloklub",null,"Flatland Cup 2018 - Kombi","HU",13,6137,7430,0.90500000000000003,7282,6590,2018,null,null,"ASW 20 W","AC"]
["Péter Dr. Albeck",null,"Ocsényi Repüloklub SE",null,"Flatland Cup 2018 - Kombi","HU",14,6125,7430,0.90500000000000003,7146,6467,2018,null,null,"Ventus 2","V8"]
["Richard Basa",null,"Alföldi Repüloklub",null,"Flatland Cup 2018 - Kombi","HU",15,6124,7430,0.90500000000000003,7020,6353,2018,null,null,"JS3","RI"]
["Péter Kassai",null,"Malév Repüloklub",null,"Flatland Cup 2018 - Kombi","HU",16,5962,7430,0.90500000000000003,6742,6102,2018,null,null,"Discus b","7W"]
["Gabor Gangl",null,"MÁV Sportrepülo Egyesület",null,"Flatland Cup 2018 - Kombi","HU",17,5730,7430,0.90500000000000003,6398,5790,2018,null,null,"Discus w","M5"]
["Istvan Réti",null,"Alföldi Repüloklub",null,"Flatland Cup 2018 - Kombi","HU",18,5691,7430,0.90500000000000003,6237,5644,2018,null,null,"Ventus 2","IR"]
["Laszló Kapuy",null,"Muegyetemi Sportrepülo Egyesület",null,"Flatland Cup 2018 - Kombi","HU",19,5598,7430,0.90500000000000003,6024,5452,2018,null,null,"Ventus 2","GE"]
["Attila Szűcs",null,"Vario SE",null,"Flatland Cup 2018 - Kombi","HU",20,5526,7430,0.90500000000000003,5831,5277,2018,null,null,"Ventus b","G6"]
["Istvan Magyar",null,"Opitz Nándor Repüloklub",null,"Flatland Cup 2018 - Kombi","HU",21,5425,7430,0.90500000000000003,5611,5078,2018,null,null,"ASG 29","PB"]
["Zoltan Mészaros",null,"Aero Club Esztergom",null,"Flatland Cup 2018 - Kombi","HU",22,5415,7430,0.90500000000000003,5477,4957,2018,null,null,"ASW 20 W","BA"]
["Zsolt Ősi Andras Bodzsar",null,"Aeroklub Farkashegy",null,"Flatland Cup 2018 - Kombi","HU",23,4880,7430,0.90500000000000003,4848,4387,2018,null,null,"Arcus E","E"]
["Istvan Rajncsak",null,"Aeroklub Farkashegy",null,"Flatland Cup 2018 - Kombi","HU",24,2596,7430,0.90500000000000003,2571,2327,2018,null,null,"Ventus b","1B"]
["Andreas Marskar",null,"Aeroclub Berlin",null,"Flatland Cup 2018 - Kombi","HU",25,1226,7430,0.90500000000000003,1155,1045,2018,null,null,"LS 6","HY"]
["Tim Milner",null,"Wolds gliding Club",null,"FCC 2018 - Klub","SK",1,5808,5808,0.94,{"$f":"ROUND(H2078/I2078*10000*0.7+(MAX($G$2078:$G$2124)-G2078)/(MAX($G$2078:$G$2124)-1)*10000*0.3,0)","v":10000},{"$f":"ROUND(J2078*K2078,0)","v":9400},2018,null,null,"Std. Cirrus","VS"]
["Jacek Flis",null,"Ziemi Zamojskiej / KKGT",null,"FCC 2018 - Klub","SK",2,5743,5808,0.94,9856,{"$f":"ROUND(J2079*K2079,0)","v":9265},2018,null,null,"SZD-48 Jantar std. 2","VI"]
["Uwe Wahlig",null,"Segelfluggruppe Bensheim e.V.",null,"FCC 2018 - Klub","SK",3,5737,5808,0.94,9784,9197,2018,null,null,"LS-3 WL /15m","SN"]
["David Mach",{"$f":"VLOOKUP(A2081,Pilot,2,0)","v":1994},{"$f":"VLOOKUP(A2081,Pilot,3,0)","v":"Hronov"},{"$f":"VLOOKUP(A2081,Pilot,4,0)","v":"CZ/C2"},"FCC 2018 - Klub","SK",4,5618,5808,0.94,9575,9001,2018,null,null,"Std. Cirrus","CX",{"$f":"VLOOKUP(A2081,Pilot,5,0)","v":"M"},{"$f":"IF(ISERROR(VLOOKUP(A2081,Pilot,6,0)),\"Není v databázi\",VLOOKUP(A2081,Pilot,6,0))","v":""}]
["Adam Woolley",null,"Kingaroy",null,"FCC 2018 - Klub","SK",5,5395,5808,0.94,9241,8687,2018,null,null,"Cirrus STD","XII"]
["Darius Gudziunas",null,"Vilniaus Aeroklubas",null,"FCC 2018 - Klub","SK",6,5294,5808,0.94,9054,8511,2018,null,null,"SZD-48 Jantar std. 2","NE"]
["Jan Ratz",{"$f":"VLOOKUP(A2084,Pilot,2,0)","v":1987},{"$f":"VLOOKUP(A2084,Pilot,3,0)","v":"Zbraslavice"},{"$f":"VLOOKUP(A2084,Pilot,4,0)","v":"CZ/C1"},"FCC 2018 - Klub","SK",7,5161,5808,0.94,8829,8299,2018,"x",null,"Std. Cirrus",7,{"$f":"VLOOKUP(A2084,Pilot,5,0)","v":"M"},{"$f":"IF(ISERROR(VLOOKUP(A2084,Pilot,6,0)),\"Není v databázi\",VLOOKUP(A2084,Pilot,6,0))","v":""}]
["Zbigniew Górecki",null,"Łódź",null,"FCC 2018 - Klub","SK",8,5101,5808,0.94,8691,8170,2018,null,null,"LS1-f","C"]
["Marek Sawczuk",null,"Warszawski",null,"FCC 2018 - Klub","SK",9,5024,5808,0.94,8533,8021,2018,null,null,"ASW 20","SB"]
["Krzysztof Sobiecki",null,"Bydgoski",null,"FCC 2018 - Klub","SK",10,4988,5808,0.94,8425,7920,2018,null,null,"SZD-48 Jantar std. 2","UT"]
["Tomasz Krok",null,"Leszno",null,"FCC 2018 - Klub","SK",11,4925,5808,0.94,8284,7787,2018,null,null,"SZD-48 Jantar std. 3","BZ"]
["Jiri Fousek",{"$f":"VLOOKUP(A2089,Pilot,2,0)","v":1990},{"$f":"VLOOKUP(A2089,Pilot,3,0)","v":"Raná"},{"$f":"VLOOKUP(A2089,Pilot,4,0)","v":"CZ/C2"},"FCC 2018 - Klub","SK",12,4891,5808,0.94,8177,7686,2018,"x",null,"Std. Cirrus","LW",{"$f":"VLOOKUP(A2089,Pilot,5,0)","v":"M"},{"$f":"IF(ISERROR(VLOOKUP(A2089,Pilot,6,0)),\"Není v databázi\",VLOOKUP(A2089,Pilot,6,0))","v":""}]
["Zdenek Balcarek",1967,"Kroměříž","CZ/M","FCC 2018 - Klub","SK",13,4855,5808,0.94,8069,7585,2018,null,null,"Std. Cirrus","ZL",{"$f":"VLOOKUP(A2090,Pilot,5,0)","v":"M"},{"$f":"IF(ISERROR(VLOOKUP(A2090,Pilot,6,0)),\"Není v databázi\",VLOOKUP(A2090,Pilot,6,0))","v":""}]
["Oliver Sven",null,"Cape Gliding Club",null,"FCC 2018 - Klub","SK",14,4772,5808,0.94,7904,7430,2018,null,null,"Std. Cirrus","UY"]
["Stanislaw Wujczak",null,"Leszczyński",null,"FCC 2018 - Klub","SK",15,4757,5808,0.94,7820,7351,2018,null,null,"SZD-48 Jantar std. 3","FSJ"]
["Petra Piskata",{"$f":"VLOOKUP(A2093,Pilot,2,0)","v":1989},{"$f":"VLOOKUP(A2093,Pilot,3,0)","v":"Hranice"},{"$f":"VLOOKUP(A2093,Pilot,4,0)","v":"CZ/M"},"FCC 2018 - Klub","SK",16,4728,5808,0.94,7720,7257,2018,"x","x","Std. Cirrus","XC",{"$f":"VLOOKUP(A2093,Pilot,5,0)","v":"F"},{"$f":"IF(ISERROR(VLOOKUP(A2093,Pilot,6,0)),\"Není v databázi\",VLOOKUP(A2093,Pilot,6,0))","v":""}]
["Mikolaj Zdun",null,"Aeroklub Leszno",null,"FCC 2018 - Klub","SK",17,4568,5808,0.94,7462,7014,2018,null,null,"SZD-48 Jantar std. 2","SCH"]
["Arkadiusz Downar",null,"Warmińsko-Mazurski",null,"FCC 2018 - Klub","SK",18,4531,5808,0.94,7352,6911,2018,null,null,"Centrair C-101A Pegase","EM"]
["Ferenc Tamas",null,"Szeged",null,"FCC 2018 - Klub","SK",19,4523,5808,0.94,7277,6840,2018,null,null,"LS-3 /15m","1A"]
["Arkadiusz Bajura",null,"Czestochowa",null,"FCC 2018 - Klub","SK",20,4483,5808,0.94,7164,6734,2018,null,null,"Mini-Nimbus c","CC"]
["Frantisek Pycha",{"$f":"VLOOKUP(A2098,Pilot,2,0)","v":1972},{"$f":"VLOOKUP(A2098,Pilot,3,0)","v":"Chrudim"},{"$f":"VLOOKUP(A2098,Pilot,4,0)","v":"CZ/C2"},"FCC 2018 - Klub","SK",21,4288,5808,0.94,6864,6452,2018,"x",null,"Std. Cirrus","JE",{"$f":"VLOOKUP(A2098,Pilot,5,0)","v":"M"},{"$f":"IF(ISERROR(VLOOKUP(A2098,Pilot,6,0)),\"Není v databázi\",VLOOKUP(A2098,Pilot,6,0))","v":""}]
["Marek Herbreder",null,"Szcecin",null,"FCC 2018 - Klub","SK",22,4189,5808,0.94,6679,6278,2018,null,null,"SZD-55 Promyk","TK"]
["Attila Korom",null,"ARK",null,"FCC 2018 - Klub","SK",23,4167,5808,0.94,6587,6192,2018,null,null,"ASW 20","MC"]
["Peter Kassai",null,"MALEV",null,"FCC 2018 - Klub","SK",24,4132,5808,0.94,6480,6091,2018,null,null,"Discus","7W"]
["Piotr Ligwinski",null,"Czestochova",null,"FCC 2018 - Klub","SK",25,4111,5808,0.94,6390,6007,2018,null,null,"SZD-48 Jantar std. 3","DA"]
["Karol Pawlicki",null,"Stalowowolski",null,"FCC 2018 - Klub","SK",26,4070,5808,0.94,6275,5899,2018,null,null,"SZD-48 Jantar std. 3","BK"]
["Tomasz Smolski",null,"Radomski",null,"FCC 2018 - Klub","SK",27,3912,5808,0.94,6019,5658,2018,null,null,"SZD-48 Jantar std. 3","VY"]
["Andrius Tamulenas",null,"Vilnianus aeroklubas",null,"FCC 2018 - Klub","SK",28,3752,5808,0.94,5761,5415,2018,null,null,"LS-4","IK"]
["Slavomir Piskaty 84",{"$f":"VLOOKUP(A2106,Pilot,2,0)","v":1984},{"$f":"VLOOKUP(A2106,Pilot,3,0)","v":"Kunovice"},{"$f":"VLOOKUP(A2106,Pilot,4,0)","v":"CZ/M"},"FCC 2018 - Klub","SK",29,3731,5808,0.94,5671,5331,2018,null,null,"Std. Cirrus","PIF",{"$f":"VLOOKUP(A2106,Pilot,5,0)","v":"M"},{"$f":"IF(ISERROR(VLOOKUP(A2106,Pilot,6,0)),\"Není v databázi\",VLOOKUP(A2106,Pilot,6,0))","v":""}]
["Fryderyk Rzymanek",null,"Radomski",null,"FCC 2018 - Klub","SK",30,3690,5808,0.94,5556,5223,2018,null,null,"SZD-48 Jantar std. 3","FR"]
["Peter Gonczi",null,"Malev",null,"FCC 2018 - Klub","SK",31,3631,5808,0.94,5420,5095,2018,null,null,"Janus C (FG)","DD"]
["Lumir Motyka",{"$f":"VLOOKUP(A2109,Pilot,2,0)","v":1955},{"$f":"VLOOKUP(A2109,Pilot,3,0)","v":"Frýdlant"},{"$f":"VLOOKUP(A2109,Pilot,4,0)","v":"CZ/M"},"FCC 2018 - Klub","SK",32,3616,5808,0.94,5336,5016,2018,null,null,"LS-1f","EMI",{"$f":"VLOOKUP(A2109,Pilot,5,0)","v":"M"},{"$f":"IF(ISERROR(VLOOKUP(A2109,Pilot,6,0)),\"Není v databázi\",VLOOKUP(A2109,Pilot,6,0))","v":""}]
["Krzysztof Kotarski",null,"Aeroklub Nadwiślańsk",null,"FCC 2018 - Klub","SK",33,3615,5808,0.94,5270,4954,2018,null,null,"ASW-19B","J1"]
["Rafal Siankowski",null,"Radomski",null,"FCC 2018 - Klub","SK",34,3603,5808,0.94,5190,4879,2018,null,null,"SZD-48 Jantar std. 3","AA"]
["Piotr Jaszczuk",null,"Aeroklub Orlat Deblin",null,"FCC 2018 - Klub","SK",35,3268,5808,0.94,4721,4438,2018,null,null,"ASW 19B","JAY"]
["Andrzej Szczerba",null,"Leszcznski",null,"FCC 2018 - Klub","SK",36,3066,5808,0.94,4413,4148,2018,null,null,"SZD-48 Jantar std. 2","MZ"]
["Wojciech Izdebski",null,"Gdansk",null,"FCC 2018 - Klub","SK",37,3014,5808,0.94,4285,4028,2018,null,null,"DG 100","G1"]
["Juliusz Pieniazek",null,"Podhalanski",null,"FCC 2018 - Klub","SK",38,2901,5808,0.94,4083,3838,2018,null,null,"SZD-55 Promyk","QQ"]
["Lukas Benedikt",null,"AK Trnava",null,"FCC 2018 - Klub","SK",39,2810,5808,0.94,3908,3674,2018,null,null,"Janus CM (FG)","T"]
["Aleksandar Diklic",null,"Zrenjanin",null,"FCC 2018 - Klub","SK",40,2441,5808,0.94,3398,3194,2018,null,null,"DG-100",30]
["Jaroslaw Michaluk",null,"Radomski",null,"FCC 2018 - Klub","SK",41,2139,5808,0.94,2969,2791,2018,null,null,"SZD-48 Jantar","LK"]
["Konrad Jaczkowski",null,"Częstochowski",null,"FCC 2018 - Klub","SK",42,2041,5808,0.94,2786,2619,2018,null,null,"Discus CS","VE"]
["Jerzy Mikolajczyk",null,"AZM Plock",null,"FCC 2018 - Klub","SK",43,2005,5808,0.94,2677,2516,2018,null,null,"LS-4","YL"]
["Agata Kaszczuk",null,"Wrocław",null,"FCC 2018 - Klub","SK",44,1935,5808,0.94,2528,2376,2018,null,null,"LS-1f","MRrrr"]
["Gerhard Cieply",null,"Aeroklub Leszczyński",null,"FCC 2018 - Klub","SK",45,1867,5808,0.94,2381,2238,2018,null,null,"LS1-f","GC"]
["Krzysztof Pienkowski",null,"Bielsko-Bialski",null,"FCC 2018 - Klub","SK",46,1284,5808,0.94,1613,1516,2018,null,null,"LS 4","KP"]
["Daniel Nowicki",null,"Aeroklub Bydgoski",null,"FCC 2018 - Klub","SK",47,935,5808,0.94,1127,1059,2018,null,null,"ASW-19B","DN"]
["Miloslav Cink",{"$f":"VLOOKUP(A2125,Pilot,2,0)","v":1987},{"$f":"VLOOKUP(A2125,Pilot,3,0)","v":"Letkov"},{"$f":"VLOOKUP(A2125,Pilot,4,0)","v":"CZ/C1"},"FCC 2018 - Kombi 15m","SK",1,4950,4950,0.98,{"$f":"ROUND(H2125/I2125*10000*0.7+(MAX($G$2125:$G$2157)-G2125)/(MAX($G$2125:$G$2157)-1)*10000*0.3,0)","v":10000},{"$f":"ROUND(J2125*K2125,0)","v":9800},2018,null,null,"LS-8b","JB",{"$f":"VLOOKUP(A2125,Pilot,5,0)","v":"M"},{"$f":"IF(ISERROR(VLOOKUP(A2125,Pilot,6,0)),\"Není v databázi\",VLOOKUP(A2125,Pilot,6,0))","v":""}]
["Pavel Louzecky",1957,"Přibyslav","CZ/C2","FCC 2018 - Kombi 15m","SK",2,4923,4950,0.98,9868,{"$f":"ROUND(J2126*K2126,0)","v":9671},2018,null,null,"LS-8a","FX",{"$f":"VLOOKUP(A2126,Pilot,5,0)","v":"M"},{"$f":"IF(ISERROR(VLOOKUP(A2126,Pilot,6,0)),\"Není v databázi\",VLOOKUP(A2126,Pilot,6,0))","v":""}]
["Mateusz Siodloczek",null,"Rybnik",null,"FCC 2018 - Kombi 15m","SK",3,4889,4950,0.98,9726,9531,2018,null,null,"Discus 2a","Y"]
["Norbert Alin Scarlat",null,"Romanian Airclub",null,"FCC 2018 - Kombi 15m","SK",4,4818,4950,{"$f":"VLOOKUP(E2128,Soutez,8,0)","v":0.98},9532,9341,2018,null,null,"Discus 2a /15m","YBI"]
["Radek Krejcirik",{"$f":"VLOOKUP(A2129,Pilot,2,0)","v":1991},{"$f":"VLOOKUP(A2129,Pilot,3,0)","v":"Hranice"},{"$f":"VLOOKUP(A2129,Pilot,4,0)","v":"CZ/M"},"FCC 2018 - Kombi 15m","SK",5,4631,4950,0.98,9174,8991,2018,null,null,"Ventus 2a /15m","AX",{"$f":"VLOOKUP(A2129,Pilot,5,0)","v":"M"},{"$f":"IF(ISERROR(VLOOKUP(A2129,Pilot,6,0)),\"Není v databázi\",VLOOKUP(A2129,Pilot,6,0))","v":""}]
["Jan Pavlik",1987,"Křižanov","CZ/M","FCC 2018 - Kombi 15m","SK",6,4619,4950,0.98,9063,8882,2018,"x",null,"LS-8","JW",{"$f":"VLOOKUP(A2130,Pilot,5,0)","v":"M"},{"$f":"IF(ISERROR(VLOOKUP(A2130,Pilot,6,0)),\"Není v databázi\",VLOOKUP(A2130,Pilot,6,0))","v":""}]
["Ondrej Bordovsky",1983,"Krnov","CZ/M","FCC 2018 - Kombi 15m","SK",7,4599,4950,0.98,8941,8762,2018,"x",null,"ASG-29E /15m -525kgQZ","QZ",{"$f":"VLOOKUP(A2131,Pilot,5,0)","v":"M"},""]
["Maros Divok",null,"SNV",null,"FCC 2018 - Kombi 15m","SK",8,4586,4950,0.98,8829,8652,2018,null,null,"Discus 2b","DI"]
["Lukasz Grabowski",null,"Aeroklub Wloclawski",null,"FCC 2018 - Kombi 15m","SK",9,4483,4950,0.98,8590,8418,2018,null,null,"SZD-56-2 Diana-2","RP"]
["Arturas Klimasauskas",null,"Pociunai (Kaunas Gliding Club)",null,"FCC 2018 - Kombi 15m","SK",10,4163,4950,0.98,8043,7882,2018,null,null,"LS-6","HX"]
["Alex Pop",null,"Romanian Airclub",null,"FCC 2018 - Kombi 15m","SK",11,4088,4950,0.98,7844,7687,2018,null,null,"Discus 2a /15m","YA"]
["Jana Treslova",{"$f":"VLOOKUP(A2136,Pilot,2,0)","v":1963},{"$f":"VLOOKUP(A2136,Pilot,3,0)","v":"Raná"},{"$f":"VLOOKUP(A2136,Pilot,4,0)","v":"CZ/C2"},"FCC 2018 - Kombi 15m","SK",12,3853,4950,0.98,7417,7269,2018,null,null,"LS 8","EU",{"$f":"VLOOKUP(A2136,Pilot,5,0)","v":"F"},{"$f":"IF(ISERROR(VLOOKUP(A2136,Pilot,6,0)),\"Není v databázi\",VLOOKUP(A2136,Pilot,6,0))","v":""}]
["Dariusz Czech",null,"Stalowowolski",null,"FCC 2018 - Kombi 15m","SK",13,3822,4950,0.98,7280,7134,2018,null,null,"LAK 19 15m","DC"]
["Tibor Arpas",null,"Nitra",null,"FCC 2018 - Kombi 15m","SK",14,3797,4950,0.98,7151,7008,2018,null,null,"LS-8st /15m","HM"]
["Jiri Kusbach",{"$f":"VLOOKUP(A2139,Pilot,2,0)","v":1959},{"$f":"VLOOKUP(A2139,Pilot,3,0)","v":"Luhačovice"},{"$f":"VLOOKUP(A2139,Pilot,4,0)","v":"CZ/M"},"FCC 2018 - Kombi 15m","SK",15,3561,4950,0.98,6723,6589,2018,null,null,"KKB 15E-FES","B"]
["Dana Novakova",1965,"Mladá Boleslav","CZ/C1","FCC 2018 - Kombi 15m","SK",16,3532,4950,0.98,6588,6456,2018,null,null,"LS 8","AU",{"$f":"VLOOKUP(A2140,Pilot,5,0)","v":"F"},{"$f":"IF(ISERROR(VLOOKUP(A2140,Pilot,6,0)),\"Není v databázi\",VLOOKUP(A2140,Pilot,6,0))","v":""}]
["Jan Viskot",1995,"Břeclav","CZ/M","FCC 2018 - Kombi 15m","SK",17,3486,4950,0.98,6430,6301,2018,null,null,"Discus 2a /15m","GX",{"$f":"VLOOKUP(A2141,Pilot,5,0)","v":"M"},{"$f":"IF(ISERROR(VLOOKUP(A2141,Pilot,6,0)),\"Není v databázi\",VLOOKUP(A2141,Pilot,6,0))","v":"Junior v roce 2020"}]
["Judyta Czyż",null,"Bielsko Bialski",null,"FCC 2018 - Kombi 15m","SK",18,3341,4950,0.98,6131,6008,2018,null,null,"LS-8","LOT"]
["Slavomir Valecko",{"$f":"VLOOKUP(A2143,Pilot,2,0)","v":1960},{"$f":"VLOOKUP(A2143,Pilot,3,0)","v":"Hranice"},{"$f":"VLOOKUP(A2143,Pilot,4,0)","v":"CZ/M"},"FCC 2018 - Kombi 15m","SK",19,3153,4950,0.98,5771,5656,2018,"x",null,"Discus CS","IYB",{"$f":"VLOOKUP(A2143,Pilot,5,0)","v":"M"},{"$f":"IF(ISERROR(VLOOKUP(A2143,Pilot,6,0)),\"Není v databázi\",VLOOKUP(A2143,Pilot,6,0))","v":""}]
["Pavel Trojan",1960,"Chrudim","CZ/C2","FCC 2018 - Kombi 15m","SK",20,3105,4950,0.98,5610,5498,2018,"x",null,"Duo Discus T (700kg)","ZS",{"$f":"VLOOKUP(A2144,Pilot,5,0)","v":"M"},{"$f":"IF(ISERROR(VLOOKUP(A2144,Pilot,6,0)),\"Není v databázi\",VLOOKUP(A2144,Pilot,6,0))","v":""}]
["Joanna Biedermann",null,"Aeroclub Nadwislanski",null,"FCC 2018 - Kombi 15m","SK",21,3020,4950,0.98,5396,5288,2018,null,null,"Discus 2a /15m","I"]
["Przemysław Bartczak",null,"Czestochowa",null,"FCC 2018 - Kombi 15m","SK",22,2988,4950,0.98,5257,5152,2018,null,null,"LS-8","A"]
["Drahos Sitar",null,"Aeroklub Prievidza",null,"FCC 2018 - Kombi 15m","SK",23,2910,4950,0.98,5053,4952,2018,null,null,"Ventus: 2b","VI"]
["Daniel Arday",null,"Malév",null,"FCC 2018 - Kombi 15m","SK",24,2795,4950,0.98,4796,4700,2018,null,null,"Discus 2a","HAL"]
["Vladas Motuza",null,"Pociunai",null,"FCC 2018 - Kombi 15m","SK",25,2786,4950,0.98,4690,4596,2018,null,null,"Discus 2a /15m","FL"]
["Iakov Shrage",null,"Neboshevlino",null,"FCC 2018 - Kombi 15m","SK",26,2630,4950,0.98,4375,4288,2018,null,null,"GP 15 E Jeta","GP"]
["Jana Veprekova",{"$f":"VLOOKUP(A2151,Pilot,2,0)","v":1961},{"$f":"VLOOKUP(A2151,Pilot,3,0)","v":"Dvůr Králové"},{"$f":"VLOOKUP(A2151,Pilot,4,0)","v":"CZ/C2"},"FCC 2018 - Kombi 15m","SK",27,2543,4950,0.98,4159,4076,2018,null,null,"LS 8","W8",{"$f":"VLOOKUP(A2151,Pilot,5,0)","v":"F"},{"$f":"IF(ISERROR(VLOOKUP(A2151,Pilot,6,0)),\"Není v databázi\",VLOOKUP(A2151,Pilot,6,0))","v":""}]
["Ambrus Vancso",null,"Dunaferr",null,"FCC 2018 - Kombi 15m","SK",28,2387,4950,0.98,3844,3767,2018,null,null,"Ventus bt /15m","PB"]
["Joris Vainius",null,"Vilnius",null,"FCC 2018 - Kombi 15m","SK",29,2042,4950,0.98,3263,3198,2018,null,null,"LS-8 /15m","P2"]
["Jan Keher",null,"Prievidza",null,"FCC 2018 - Kombi 15m","SK",30,1971,4950,0.98,3069,3008,2018,null,null,"Discus CS","DR"]
["Istvan Reti",null,"Alfoldi Repülőklub",null,"FCC 2018 - Kombi 15m","SK",31,1887,4950,0.98,2856,2799,2018,null,null,"Ventus 2a /15m","IR"]
["Benedikt Laho",null,"Trnava",null,"FCC 2018 - Kombi 15m","SK",32,1778,4950,0.98,2608,2556,2018,null,null,"Discus 2T /15m","JH"]
["Tomas Kuzmickas",null,"Vilnius Aeroclub",null,"FCC 2018 - Kombi 15m","SK",33,1603,4950,0.98,2267,2222,2018,null,null,"LAK 19/15m","ZM"]
["Sebastian Kawa",null,"Aeroclub Bielsko Biala",null,"FCC 2018 - Kombi Open","SK",1,6200,6200,0.96,{"$f":"ROUND(H2158/I2158*10000*0.7+(MAX($G$2158:$G$2182)-G2158)/(MAX($G$2158:$G$2182)-1)*10000*0.3,0)","v":10000},{"$f":"ROUND(J2158*K2158,0)","v":9600},2018,null,null,"JS1-CTJ 18 EVO","P"]
["Piotr Jarysz",null,"Aeroklub Koninski",null,"FCC 2018 - Kombi Open","SK",2,5928,6200,0.96,9568,{"$f":"ROUND(J2159*K2159,0)","v":9185},2018,null,null,"ASG-29","PL"]
["Danes Grula",{"$f":"VLOOKUP(A2160,Pilot,2,0)","v":1961},{"$f":"VLOOKUP(A2160,Pilot,3,0)","v":"Medlánky"},{"$f":"VLOOKUP(A2160,Pilot,4,0)","v":"CZ/M"},"FCC 2018 - Kombi Open","SK",3,5765,6200,0.96,9259,8889,2018,null,null,"ASG 29E 18m","DX",{"$f":"VLOOKUP(A2160,Pilot,5,0)","v":"M"},{"$f":"IF(ISERROR(VLOOKUP(A2160,Pilot,6,0)),\"Není v databázi\",VLOOKUP(A2160,Pilot,6,0))","v":""}]
["Petr Krejcirik",1960,"Hranice","CZ/M","FCC 2018 - Kombi Open","SK",4,5750,6200,0.96,9117,8752,2018,"x",null,"JS1-CTJ 18 EVO","ZF",{"$f":"VLOOKUP(A2161,Pilot,5,0)","v":"M"},{"$f":"IF(ISERROR(VLOOKUP(A2161,Pilot,6,0)),\"Není v databázi\",VLOOKUP(A2161,Pilot,6,0))","v":""}]
["Krzysztof Luniewski",null,"Olsztyn",null,"FCC 2018 - Kombi Open","SK",5,5367,6200,0.96,8560,8218,2018,null,null,"ASG-29Es /18m","RB"]
["Andrzej Smielkiewicz",null,"Leszno",null,"FCC 2018 - Kombi Open","SK",6,5320,6200,0.96,8381,8046,2018,null,null,"ASG-29E /18m","A2"]
["Andreas Kessler",null,"Romanian Airclub",null,"FCC 2018 - Kombi Open","SK",7,5244,6200,0.96,8171,7844,2018,null,null,"ASG-29Es /18m","AK"]
["Gintas Zube",null,"LT/KLAIPEDA",null,"FCC 2018 - Kombi Open","SK",8,5163,6200,0.96,7954,7636,2018,null,null,"ASG-29 /18m","AR"]
["Zdislaw Bednarczuk",null,"Bielsko-Biala",null,"FCC 2018 - Kombi Open","SK",9,5139,6200,0.96,7802,7490,2018,null,null,"ASG-29E /18m","ZB"]
["Petr Panek",{"$f":"VLOOKUP(A2167,Pilot,2,0)","v":1975},{"$f":"VLOOKUP(A2167,Pilot,3,0)","v":"Dvůr Králové"},{"$f":"VLOOKUP(A2167,Pilot,4,0)","v":"CZ/C2"},"FCC 2018 - Kombi Open","SK",10,5109,6200,0.96,7643,7337,2018,null,null,"JS1-B 18","IGC",{"$f":"VLOOKUP(A2167,Pilot,5,0)","v":"M"},{"$f":"IF(ISERROR(VLOOKUP(A2167,Pilot,6,0)),\"Není v databázi\",VLOOKUP(A2167,Pilot,6,0))","v":""}]
["Roman Mracek",{"$f":"VLOOKUP(A2168,Pilot,2,0)","v":1980},{"$f":"VLOOKUP(A2168,Pilot,3,0)","v":"Letkov"},{"$f":"VLOOKUP(A2168,Pilot,4,0)","v":"CZ/C1"},"FCC 2018 - Kombi Open","SK",11,5090,6200,0.96,7497,7197,2018,null,null,"ASG-29E /18m","QX",{"$f":"VLOOKUP(A2168,Pilot,5,0)","v":"M"},{"$f":"IF(ISERROR(VLOOKUP(A2168,Pilot,6,0)),\"Není v databázi\",VLOOKUP(A2168,Pilot,6,0))","v":""}]
["Adam Czeladzki",null,"Aeroklub Warszawski KKGT",null,"FCC 2018 - Kombi Open","SK",12,5060,6200,0.96,7338,7044,2018,null,null,"JS1-CTJ 21","GOL"]
["Andre Weidlich",null,"LSV Ruhr-Lenne Iserlohn",null,"FCC 2018 - Kombi Open","SK",13,5028,6200,0.96,7177,6890,2018,null,null,"Arcus T","YAI"]
["Tomasz Dul",null,"Aeroklub Wroclaw",null,"FCC 2018 - Kombi Open","SK",14,4910,6200,0.96,6919,6642,2018,null,null,"ASG-29E /18m","DT"]
["Jerzey Kolasinski",null,"Aeroklub Poznanski",null,"FCC 2018 - Kombi Open","SK",15,4764,6200,0.96,6629,6364,2018,null,null,"JS1-CTJ 18 EVO",56]
["Polutnik & Krasovic",null,"Aeroklub Celje",null,"FCC 2018 - Kombi Open","SK",16,4577,6200,0.96,6293,6041,2018,null,null,"Arcus M","ET"]
["Tomasz Chudoment",null,"Podhalanski",null,"FCC 2018 - Kombi Open","SK",17,4519,6200,0.96,6102,5858,2018,null,null,"JS1-CTJ 18 EVO","B52"]
["Lubomir Jakubcak",null,"Mlynica",null,"FCC 2018 - Kombi Open","SK",18,4199,6200,0.96,5616,5391,2018,null,null,"Arcus M","CAR"]
["Jan Divok",null,"Aeroklub SNV",null,"FCC 2018 - Kombi Open","SK",19,4198,6200,0.96,5490,5270,2018,null,null,"Discus 2T /18m","DJ"]
["Marek Pechanec",{"$f":"VLOOKUP(A2177,Pilot,2,0)","v":1970},{"$f":"VLOOKUP(A2177,Pilot,3,0)","v":"Luhačovice"},{"$f":"VLOOKUP(A2177,Pilot,4,0)","v":"CZ/M"},"FCC 2018 - Kombi Open","SK",20,3534,6200,0.96,4615,4430,2018,null,null,"Arcus M","ARI",{"$f":"VLOOKUP(A2177,Pilot,5,0)","v":"M"},{"$f":"IF(ISERROR(VLOOKUP(A2177,Pilot,6,0)),\"Není v databázi\",VLOOKUP(A2177,Pilot,6,0))","v":""}]
["Pirker & Wolff",null,"FAS-Wien",null,"FCC 2018 - Kombi Open","SK",21,3165,6200,0.96,4073,3910,2018,null,null,"Arcus M",3]
["Jan Paepke",null,"SFC Riesa-Canitz",null,"FCC 2018 - Kombi Open","SK",22,2842,6200,0.96,3584,3441,2018,null,null,"LAK 17 AT 18m","AKI"]
["Vitaliy Borovik",null,"Novosibirsk",null,"FCC 2018 - Kombi Open","SK",23,2613,6200,0.96,3200,3072,2018,null,null,"Nimbus 4DM","VB"]
["Botond Szabadfi",null,"MALEV Aeroclub",null,"FCC 2018 - Kombi Open","SK",24,2379,6200,0.96,2811,2699,2018,null,null,"Arcus T","AB"]
["Arkadiusz Stefańczyk",null,"Aeroklub Kielecki",null,"FCC 2018 - Kombi Open","SK",25,1071,6200,0.96,1209,1161,2018,null,null,"ASG-29E /18m","HE"]
["Frantisek Sobek",null,"Aeroklub Sabinov (SK)",null,"Šariš Cup 2018 - Klub","SK",1,2193,2193,0.6,{"$f":"ROUND(H2183/I2183*10000*0.7+(MAX($G$2183:$G$2201)-G2183)/(MAX($G$2183:$G$2201)-1)*10000*0.3,0)","v":10000},{"$f":"ROUND(J2183*K2183,0)","v":6000},2018,null,null,"DG 100","G1"]
["Jozef Sobek",null,"Aeroklub Prešov (SK)",null,"Šariš Cup 2018 - Klub","SK",2,2178,2193,0.6,{"$f":"ROUND(H2184/I2184*10000*0.7+(MAX($G$2183:$G$2201)-G2184)/(MAX($G$2183:$G$2201)-1)*10000*0.3,0)","v":9765},{"$f":"ROUND(J2184*K2184,0)","v":5859},2018,null,null,"Std. Cirrus","MJ"]
["Jaroslav Buryan",{"$f":"VLOOKUP(A2185,Pilot,2,0)","v":1953},{"$f":"VLOOKUP(A2185,Pilot,3,0)","v":"Zábřeh"},{"$f":"VLOOKUP(A2185,Pilot,4,0)","v":"CZ/M"},"Šariš Cup 2018 - Klub","SK",3,2065,2193,0.6,9216,5530,2018,null,null,"ASW 20","NS",{"$f":"VLOOKUP(A2185,Pilot,5,0)","v":"M"},{"$f":"IF(ISERROR(VLOOKUP(A2185,Pilot,6,0)),\"Není v databázi\",VLOOKUP(A2185,Pilot,6,0))","v":""}]
["Matej Petrik",null,"Aeroklub Sabinov (SK)",null,"Šariš Cup 2018 - Klub","SK",4,1793,2193,0.6,8161,4897,2018,null,null,"VSO-10",45]
["Antonin Teichmann",{"$f":"VLOOKUP(A2187,Pilot,2,0)","v":1965},{"$f":"VLOOKUP(A2187,Pilot,3,0)","v":"Hronov"},{"$f":"VLOOKUP(A2187,Pilot,4,0)","v":"CZ/C2"},"Šariš Cup 2018 - Klub","SK",5,1728,2193,0.6,7766,4660,2018,"x",null,"Std. Cirrus WL","ZF",{"$f":"VLOOKUP(A2187,Pilot,5,0)","v":"M"},{"$f":"IF(ISERROR(VLOOKUP(A2187,Pilot,6,0)),\"Není v databázi\",VLOOKUP(A2187,Pilot,6,0))","v":""}]
["Karol BenedikoviC",null,"AIR SYMPATIA TRENČIN",null,"Šariš Cup 2018 - Klub","SK",6,1573,2193,0.6,7083,4250,2018,null,null,"Std. Cirrus","AM"]
["Lukas Minarik",null,"Aeroklub Prešov (SK)",null,"Šariš Cup 2018 - Klub","SK",7,1285,2193,0.6,5977,3586,2018,null,null,"Marianne","AMI"]
["Miroslav stempeľ",null,"Aeroklub Prešov (SK)",null,"Šariš Cup 2018 - Klub","SK",8,1274,2193,0.6,5754,3452,2018,null,null,"VSO-10",10]
["Igor Berko",null,"Aeroklub Spišská Nová Ves (SK)",null,"Šariš Cup 2018 - Klub","SK",9,1172,2193,0.6,5241,3145,2018,null,null,"Std. Cirrus","SA"]
["Antonin Kutalek",{"$f":"VLOOKUP(A2192,Pilot,2,0)","v":1943},{"$f":"VLOOKUP(A2192,Pilot,3,0)","v":"Zábřeh"},{"$f":"VLOOKUP(A2192,Pilot,4,0)","v":"CZ/M"},"Šariš Cup 2018 - Klub","SK",10,1066,2193,{"$f":"VLOOKUP(E2192,Soutez,8,0)","v":0.6},4715,2829,2018,"x",null,"Mini Nimbus","GL",{"$f":"VLOOKUP(A2192,Pilot,5,0)","v":"M"},{"$f":"IF(ISERROR(VLOOKUP(A2192,Pilot,6,0)),\"Není v databázi\",VLOOKUP(A2192,Pilot,6,0))","v":""}]
["Jozef Sopirjak",null,"Aeroklub Košice (SK)",null,"Šariš Cup 2018 - Klub","SK",11,885,2193,0.6,3950,2370,2018,null,null,"DG 100","SX"]
["David Rozporka",{"$f":"VLOOKUP(A2194,Pilot,2,0)","v":1994},{"$f":"VLOOKUP(A2194,Pilot,3,0)","v":"Hronov"},{"$f":"VLOOKUP(A2194,Pilot,4,0)","v":"CZ/C2"},"Šariš Cup 2018 - Klub","SK",12,813,2193,0.6,3533,2120,2018,"x",null,"Janus b","V1",{"$f":"VLOOKUP(A2194,Pilot,5,0)","v":"M"},{"$f":"IF(ISERROR(VLOOKUP(A2194,Pilot,6,0)),\"Není v databázi\",VLOOKUP(A2194,Pilot,6,0))","v":""}]
["Marek Straka",null,"Aeroklub Trenčín (SK)",null,"Šariš Cup 2018 - Klub","SK",13,713,2193,0.6,3026,1816,2018,null,null,"ASW 19 Club","AI"]
["Vladimir Macek",null,"Aeroklub Košice (SR)",null,"Šariš Cup 2018 - Klub","SK",14,682,2193,0.6,2739,1643,2018,null,null,"VSO-10","M9"]
["Ľubomir ziduliak",null,"Aeroklub Košice (SK)",null,"Šariš Cup 2018 - Klub","SK",15,536,2193,0.6,2086,1252,2018,null,null,"VSO-10","M6"]
["Maros Okos",null,"Aeroklub Prešov (SK)",null,"Šariš Cup 2018 - Klub","SK",16,437,2193,0.6,1582,949,2018,null,null,"VSO-10",75]
["Wojciech Wojtaczka",null,"Nowy Sacz (PL)",null,"Šariš Cup 2018 - Klub","SK",17,0,2193,0.6,0,0,2018,null,null,"Jantar std 2","WR"]
["Marek Niewiadomy",null,"Aeroklub Rzeszowski/KNS Bezmiechowa/ABB",null,"Šariš Cup 2018 - Klub","SK",17,0,2193,0.6,0,0,2018,null,null,"Jantar std 2","AB"]
["Marek Seman",null,"Aeroklub Prešov (SK)",null,"Šariš Cup 2018 - Klub","SK",17,0,2193,0.6,0,0,2018,null,null,"VSO-10"]
["Petr Krejcirik",{"$f":"VLOOKUP(A2202,Pilot,2,0)","v":1960},{"$f":"VLOOKUP(A2202,Pilot,3,0)","v":"Hranice"},{"$f":"VLOOKUP(A2202,Pilot,4,0)","v":"CZ/M"},"PMSR 2018 - Kombi","SK",1,5346,5346,0.91,{"$f":"ROUND(H2202/I2202*10000*0.7+(MAX($G$2202:$G$2221)-G2202)/(MAX($G$2202:$G$2221)-1)*10000*0.3,0)","v":10000},{"$f":"ROUND(J2202*K2202,0)","v":9100},2018,"x",null,"JS1-CTJ 18 EVO","ZF",{"$f":"VLOOKUP(A2202,Pilot,5,0)","v":"M"},{"$f":"IF(ISERROR(VLOOKUP(A2202,Pilot,6,0)),\"Není v databázi\",VLOOKUP(A2202,Pilot,6,0))","v":""}]
["Viliam Kubovcik",null,"AK Poprad",null,"PMSR 2018 - Kombi","SK",2,5324,5346,0.91,{"$f":"ROUND(H2203/I2203*10000*0.7+(MAX($G$2202:$G$2221)-G2203)/(MAX($G$2202:$G$2221)-1)*10000*0.3,0)","v":9813},{"$f":"ROUND(J2203*K2203,0)","v":8930},2018,null,null,"Ventus 2cxt","W"]
["Dominik Jancik",null,"Nitra",null,"PMSR 2018 - Kombi","SK",3,5203,5346,0.91,9497,8642,2018,null,null,"LS-8 /15m","SI"]
["Niko & Darnady",null,"AK PRIEVIDZA / AK NITRA",null,"PMSR 2018 - Kombi","SK",4,5195,5346,0.91,9329,8489,2018,null,null,"Duo Discus (700 kg)","2X"]
["Vladimir Foltin",null,"Aeroklub Nitra",null,"PMSR 2018 - Kombi","SK",5,5000,5346,0.91,8915,8113,2018,null,null,"LS 10/18m",10]
["Maros Divok",null,"Spišská Nová Ves",null,"PMSR 2018 - Kombi","SK",6,4902,5346,0.91,8629,7852,2018,null,null,"Discus 2b","DI"]
["Lubor Kuvik",null,"Air Sympatia",null,"PMSR 2018 - Kombi","SK",7,4658,5346,0.91,8152,7418,2018,null,null,"ASG 29E/18m","LK"]
["Somol & Fratrik",null,"SGC Martin",null,"PMSR 2018 - Kombi","SK",8,4645,5346,0.91,7977,7259,2018,null,null,"Duo Discus WL (700 kg)","SGC"]
["Fürjes & Belakova",null,"SGC MARTIN",null,"PMSR 2018 - Kombi","SK",9,4377,5346,0.91,7468,6796,2018,null,null,"Arcus M","TWO"]
["Tibor Arpas",null,"Nitra",null,"PMSR 2018 - Kombi","SK",10,4363,5346,0.91,7292,6636,2018,null,null,"LS-8 /15m","JW"]
["Jana Treslova",{"$f":"VLOOKUP(A2212,Pilot,2,0)","v":1963},{"$f":"VLOOKUP(A2212,Pilot,3,0)","v":"Raná"},{"$f":"VLOOKUP(A2212,Pilot,4,0)","v":"CZ/C2"},"PMSR 2018 - Kombi","SK",11,4327,5346,0.91,7087,6449,2018,null,null,"LS-8 /15m","EU",{"$f":"VLOOKUP(A2212,Pilot,5,0)","v":"F"},{"$f":"IF(ISERROR(VLOOKUP(A2212,Pilot,6,0)),\"Není v databázi\",VLOOKUP(A2212,Pilot,6,0))","v":""}]
["Jozef Pesko",null,"Nitra",null,"PMSR 2018 - Kombi","SK",12,4198,5346,0.91,6760,6152,2018,null,null,"LS-8t /18m","HM"]
["Jakubcak & Jesensky",null,"SGC Martin",null,"PMSR 2018 - Kombi","SK",13,3595,5346,0.91,5813,5290,2018,null,null,"Arcus M","CAR"]
["Peter Janoska",null,"Nitra",null,"PMSR 2018 - Kombi","SK",14,3453,5346,0.91,5469,4977,2018,null,null,"LS-6c /15m","N6"]
["Hupka & Holak",null,"Nitra",null,"PMSR 2018 - Kombi","SK",15,2940,5346,0.91,4639,4221,2018,null,null,"DG-1000T","NIT"]
["Jan Divok",null,"Spišská Nová Ves",null,"PMSR 2018 - Kombi","SK",16,2863,5346,0.91,4380,3986,2018,null,null,"Discus 2T /18m","DJ"]
["Martin Picka",{"$f":"VLOOKUP(A2218,Pilot,2,0)","v":1974},{"$f":"VLOOKUP(A2218,Pilot,3,0)","v":"Tábor"},{"$f":"VLOOKUP(A2218,Pilot,4,0)","v":"CZ/C1"},"PMSR 2018 - Kombi","SK",17,2720,5346,0.91,4035,3672,2018,null,null,"Duo Discus (750 kg)",777,{"$f":"VLOOKUP(A2218,Pilot,5,0)","v":"M"},{"$f":"IF(ISERROR(VLOOKUP(A2218,Pilot,6,0)),\"Není v databázi\",VLOOKUP(A2218,Pilot,6,0))","v":""}]
["Zdislaw Bednarczuk",null,"PL",null,"PMSR 2018 - Kombi","SK",18,1868,5346,0.91,2762,2513,2018,null,null,"JS 1 Revelation","ZB"]
["Milos Mach",null,"Nové Zámky",null,"PMSR 2018 - Kombi","SK",19,1862,5346,0.91,2596,2362,2018,null,null,"Discus 2T /18m","JH"]
["Jan Keher",null,"Prievidza",null,"PMSR 2018 - Kombi","SK",20,1661,5346,0.91,2175,1979,2018,null,null,"Discus b","DR"]
["Evgeny Zlobin",null,"RUS",null,"SGP 2018 RU - Klub GP","RU",1,16,null,{"$f":"VLOOKUP(E2222,Soutez,8,0)","v":0},{"$f":"ROUND((MAX($G$2222:$G$2238)-G2222)/(MAX($G$2222:$G$2238)-1)*10000,0)","v":10000},{"$f":"ROUND(J2222*K2222,0)","v":0},2018,null,null,"Std.Jantar-2","MI"]
["Vladimir Radovskiy",null,"RUS",null,"SGP 2018 RU - Klub GP","RU",2,12,null,{"$f":"VLOOKUP(E2223,Soutez,8,0)","v":0},{"$f":"ROUND((MAX($G$2222:$G$2238)-G2223)/(MAX($G$2222:$G$2238)-1)*10000,0)","v":9091},{"$f":"ROUND(J2223*K2223,0)","v":0},2018,null,null,"Jantar st.2","I"]
["Petr Krejcirik",{"$f":"VLOOKUP(A2224,Pilot,2,0)","v":1960},{"$f":"VLOOKUP(A2224,Pilot,3,0)","v":"Hranice"},{"$f":"VLOOKUP(A2224,Pilot,4,0)","v":"CZ/M"},"SGP 2018 RU - Klub GP","RU",3,11,null,0,8182,0,2018,null,null,"Jantar Std","VP",{"$f":"VLOOKUP(A2224,Pilot,5,0)","v":"M"},{"$f":"IF(ISERROR(VLOOKUP(A2224,Pilot,6,0)),\"Není v databázi\",VLOOKUP(A2224,Pilot,6,0))","v":""}]
["Vasiliy Erofeev",null,"RUS",null,"SGP 2018 RU - Klub GP","RU",4,9,null,0,7273,0,2018,null,null,"Jantar Std 2","VM"]
["Viacheslav Chekhov",null,"RUS",null,"SGP 2018 RU - Klub GP","RU",5,8,null,0,6364,0,2018,null,null,"Jantar St","VC"]
["Sergey Klyuev",null,"RUS",null,"SGP 2018 RU - Klub GP","RU",6,7,null,0,5455,0,2018,null,null,"Jantar st.3","SK"]
["Anton Minskiy",null,"RUS",null,"SGP 2018 RU - Klub GP","RU",7,6,null,0,4545,0,2018,null,null,"Jantar Std 3","V7"]
["Alexey Shkredov",null,"RUS",null,"SGP 2018 RU - Klub GP","RU",8,5,null,0,3636,0,2018,null,null,"Jantar St-2","AK"]
["Alexander Kaplunov",null,"RUS",null,"SGP 2018 RU - Klub GP","RU",9,3,null,0,2727,0,2018,null,null,"Jantar Std 3","L"]
["Maksim Palutin",null,"RUS",null,"SGP 2018 RU - Klub GP","RU",10,3,null,0,1818,0,2018,null,null,"Jantar-Std-3","V"]
["Ivan Kazakov",null,"RUS",null,"SGP 2018 RU - Klub GP","RU",11,1,null,0,909,0,2018,null,null,"Jantar-Std 3","CP"]
["Aleksandr Masiukov",null,"RUS",null,"SGP 2018 RU - Klub GP","RU",12,0,null,0,0,0,2018,null,null,"Jantar-Std 3",52]
["Sergei Serov",null,"RUS",null,"SGP 2018 RU - Klub GP","RU",12,0,null,0,0,0,2018,null,null,"Jantar std.3","AS"]
["Dmitriy Pyanov",null,"RUS",null,"SGP 2018 RU - Klub GP","RU",12,0,null,0,0,0,2018,null,null,"Jantar St.",80]
["Sergey Ryabchinsky",null,"RUS",null,"SGP 2018 RU - Klub GP","RU",12,0,null,0,0,0,2018,null,null,"Jantar","SO"]
["Dmitrii Timoshenko",null,"RUS",null,"SGP 2018 RU - Klub GP","RU",12,0,null,0,0,0,2018,null,null,"Jantar-st-2","A"]
["Erazem Polutnik",null,"SLO",null,"SGP 2018 RU - Klub GP","RU",12,0,null,0,0,0,2018,null,null,"Jantar Std",47]
["Sebastian Kawa",null,"POL",null,"8. WSGP Final 2018 - 18m GP","CL",1,44,null,{"$f":"VLOOKUP(E2239,Soutez,8,0)","v":1.0549999999999999},{"$f":"ROUND((MAX($G$2239:$G$2257)-G2239)/(MAX($G$2239:$G$2257)-1)*10000,0)","v":10000},{"$f":"ROUND(J2239*K2239,0)","v":10550},2018,null,null,"JS1C-EVO","P"]
["Sebastian Nägel",null,"DEU",null,"8. WSGP Final 2018 - 18m GP","CL",2,42,null,1.0549999999999999,9412,{"$f":"ROUND(J2240*K2240,0)","v":9930},2018,null,null,"Ventus-3T","WM"]
["Mario Kiessling",null,"DEU",null,"8. WSGP Final 2018 - 18m GP","CL",3,38,null,1.0549999999999999,8824,9309,2018,null,null,"Ventus-3T","I"]
["Werner Amann",null,"AUT",null,"8. WSGP Final 2018 - 18m GP","CL",4,27,null,1.0549999999999999,8235,8688,2018,null,null,"ASG 29","WG"]
["Bostjan Pristavec",null,"SVN",null,"8. WSGP Final 2018 - 18m GP","CL",5,20,null,1.0549999999999999,7647,8068,2018,null,null,"JS1C-EVO","EJ"]
["Didier Hauss",null,"FRA",null,"8. WSGP Final 2018 - 18m GP","CL",6,19,null,1.0549999999999999,7059,7447,2018,null,null,"Ventus-2cxa","DID"]
["René Vidal",null,"CHL",null,"8. WSGP Final 2018 - 18m GP","CL",7,17,null,1.0549999999999999,6471,6827,2018,null,null,"Ventus-3T","AT"]
["Thomas Gostner",null,"ITA",null,"8. WSGP Final 2018 - 18m GP","CL",8,15,null,1.0549999999999999,5882,6206,2018,null,null,"Ventus-3T","GT"]
["Tilo Holighaus",null,"DEU",null,"8. WSGP Final 2018 - 18m GP","CL",9,11,null,1.0549999999999999,5294,5585,2018,null,null,"Ventus-3T","3V"]
["Giorgio Galetto",null,"ITA",null,"8. WSGP Final 2018 - 18m GP","CL",10,11,null,1.0549999999999999,4706,4965,2018,null,null,"Ventus-3T","Y"]
["Jon Gatfield",null,"GBR",null,"8. WSGP Final 2018 - 18m GP","CL",11,8,null,1.0549999999999999,4118,4344,2018,null,null,"ASG 29Es","YO"]
["Andres Errazuriz Beeche",null,"CHL",null,"8. WSGP Final 2018 - 18m GP","CL",12,7,null,1.0549999999999999,3529,3723,2018,null,null,"Ventus-2cT","GN"]
["Łukasz Wójcik",null,"POL",null,"8. WSGP Final 2018 - 18m GP","CL",13,6,null,1.0549999999999999,2941,3103,2018,null,null,"ASG 29","PL"]
["Fridolin Hauser",null,"CHE",null,"8. WSGP Final 2018 - 18m GP","CL",14,5,null,1.0549999999999999,2353,2482,2018,null,null,"ASG 29","4S"]
["Gintas Zube",null,"LTU",null,"8. WSGP Final 2018 - 18m GP","CL",15,5,null,1.0549999999999999,1765,1862,2018,null,null,"ASG 29","AR"]
["Roman Mracek",{"$f":"VLOOKUP(A2254,Pilot,2,0)","v":1980},{"$f":"VLOOKUP(A2254,Pilot,3,0)","v":"Letkov"},{"$f":"VLOOKUP(A2254,Pilot,4,0)","v":"CZ/C1"},"8. WSGP Final 2018 - 18m GP","CL",16,2,null,1.0549999999999999,1176,1241,2018,null,null,"ASG 29E","QX",{"$f":"VLOOKUP(A2254,Pilot,5,0)","v":"M"},{"$f":"IF(ISERROR(VLOOKUP(A2254,Pilot,6,0)),\"Není v databázi\",VLOOKUP(A2254,Pilot,6,0))","v":""}]
["Tomas Reich",null,"CHL",null,"8. WSGP Final 2018 - 18m GP","CL",17,1,null,1.0549999999999999,588,620,2018,null,null,"Ventus-2cxM","ZZ"]
["Mark Tingey",null,"NZL",null,"8. WSGP Final 2018 - 18m GP","CL",18,0,null,1.0549999999999999,0,0,2018,null,null,"JS1C-EVO","OB"]
["Tom Kelley",null,"USA",null,"8. WSGP Final 2018 - 18m GP","CL",18,0,null,1.0549999999999999,0,{"$f":"ROUND(J2257*K2257,0)","v":0},2018,null,null,"ASH 26",11]
["Roman Mracek",{"$f":"VLOOKUP(A2258,Pilot,2,0)","v":1980},{"$f":"VLOOKUP(A2258,Pilot,3,0)","v":"Letkov"},{"$f":"VLOOKUP(A2258,Pilot,4,0)","v":"CZ/C1"},"38. MAM 2018 - Kombi","SK",1,7337,7337,0,{"$f":"ROUND(H2258/I2258*10000*0.7+(MAX($G$2258:$G$2267)-G2258)/(MAX($G$2258:$G$2267)-1)*10000*0.3,0)","v":10000},{"$f":"ROUND(J2258*K2258,0)","v":0},2018,null,null,"Duo Discus T","DL",{"$f":"VLOOKUP(A2258,Pilot,5,0)","v":"M"},{"$f":"IF(ISERROR(VLOOKUP(A2258,Pilot,6,0)),\"Není v databázi\",VLOOKUP(A2258,Pilot,6,0))","v":""}]
["Jurovicova & Jurovic",null,"SK",null,"38. MAM 2018 - Kombi","SK",2,6767,7337,0,9081,{"$f":"ROUND(J2259*K2259,0)","v":0},2018,null,null,"Duo Discus","2X"]
["Kollar & Kromka",null,"SK",null,"38. MAM 2018 - Kombi","SK",3,6724,7337,0,8665,0,2018,null,null,"Arcus M","TA3"]
["Kotvas & Simoncic",null,"SK",null,"38. MAM 2018 - Kombi","SK",4,6411,7337,0,7992,0,2018,null,null,"DG 1000/20m","NIT"]
["Dusan Bernat",null,"SK",null,"38. MAM 2018 - Kombi","SK",5,5557,7337,0,6802,0,2018,null,null,"Ventus 17.6m","AD"]
["Milan Lojdl",null,"SK",null,"38. MAM 2018 - Kombi","SK",6,4638,7337,0,5550,0,2018,null,null,"Ventus 2cT/18m","MJ"]
["Peter Skrabalek",null,"SK",null,"38. MAM 2018 - Kombi","SK",7,4008,7337,0,4574,0,2018,null,null,"ASW 20","II"]
["Jan Hrncirik",null,"SK",null,"38. MAM 2018 - Kombi","SK",8,3981,7337,0,4173,0,2018,null,null,"Discus 2cT","JH"]
["Mikula & Laho",null,"SK",null,"38. MAM 2018 - Kombi","SK",9,2236,7337,0,2133,0,2018,null,null,"Janus CM FG","T"]
["Jan Kovalcik",null,"SK",null,"38. MAM 2018 - Kombi","SK","HC",707,7337,null,null,null,2018,null,null,"Pegase","OI",null,null,"Mimo soutež, nenastoupil do prvního soutěžního dne"]
["Michal Lesinger",{"$f":"VLOOKUP(A2268,Pilot,2,0)","v":1966},{"$f":"VLOOKUP(A2268,Pilot,3,0)","v":"Moravská Třebová"},{"$f":"VLOOKUP(A2268,Pilot,4,0)","v":"CZ/M"},"Pribina Cup 2018 - Klub","SK",1,1380,1380,{"$f":"VLOOKUP(E2268,Soutez,8,0)","v":0},{"$f":"ROUND(H2268/I2268*10000*0.7+(MAX($G$2269:$G$2301)-G2268)/(MAX($G$2269:$G$2301)-1)*10000*0.3,0)","v":10000},{"$f":"ROUND(J2268*K2268,0)","v":0},2018,null,null,"ASW 19","LL",{"$f":"VLOOKUP(A2268,Pilot,5,0)","v":"M"},{"$f":"IF(ISERROR(VLOOKUP(A2268,Pilot,6,0)),\"Není v databázi\",VLOOKUP(A2268,Pilot,6,0))","v":""}]
["Uwe Wahlig",null,"Segelfluggruppe Bensheim e.V.",null,"Pribina Cup 2018 - Klub","SK",2,1363,1380,0,{"$f":"ROUND(H2269/I2269*10000*0.7+(MAX($G$2269:$G$2301)-G2269)/(MAX($G$2269:$G$2301)-1)*10000*0.3,0)","v":9823},{"$f":"ROUND(J2269*K2269,0)","v":0},2018,null,null,"LS 3","SN"]
["Florian Heilmann,",null,"FC Kamenz",null,"Pribina Cup 2018 - Klub","SK",3,1351,1380,0,9671,0,2018,null,null,"Std. Jantar 3",9]
["Felix Hoffmann",null,"Aero Club Buende e.V.",null,"Pribina Cup 2018 - Klub","SK",4,1325,1380,0,9448,0,2018,null,null,"H301 Libelle","6X"]
["Martin Jurovic",null,null,null,"Pribina Cup 2018 - Klub","SK",5,1268,1380,0,9068,0,2018,null,null,"Pegase","J2"]
["Wolli Beyer",null,null,null,"Pribina Cup 2018 - Klub","SK",6,1267,1380,0,8972,0,2018,null,null,"H301 Libelle","YYY"]
["Paul Altrichter",null,null,null,"Pribina Cup 2018 - Klub","SK",6,1267,1380,0,8972,0,2018,null,null,"LS 4","AX"]
["Edmund Schuller",null,null,null,"Pribina Cup 2018 - Klub","SK",8,1222,1380,0,8562,0,2018,null,null,"ASW 24","ZS"]
["Martin Picka",{"$f":"VLOOKUP(A2276,Pilot,2,0)","v":1974},{"$f":"VLOOKUP(A2276,Pilot,3,0)","v":"Tábor"},{"$f":"VLOOKUP(A2276,Pilot,4,0)","v":"CZ/C1"},"Pribina Cup 2018 - Klub","SK",9,1188,1380,0,8299,0,2018,null,null,"ASW 19","BU",{"$f":"VLOOKUP(A2276,Pilot,5,0)","v":"M"},{"$f":"IF(ISERROR(VLOOKUP(A2276,Pilot,6,0)),\"Není v databázi\",VLOOKUP(A2276,Pilot,6,0))","v":""}]
["Mark Travner",null,"Aeroklub Celje",null,"Pribina Cup 2018 - Klub","SK",10,1164,1380,0,8086,0,2018,null,null,"DG 100","LX"]
["Jernej Lokovsek",null,"Aeroklub Ljubljana",null,"Pribina Cup 2018 - Klub","SK",11,1160,1380,0,7975,0,2018,null,null,"Discus CS","NL"]
["Milan SurovCik",null,"Zilina",null,"Pribina Cup 2018 - Klub","SK",12,1093,1380,0,7544,0,2018,null,null,"Pegase","EL"]
["Juliusz Pieniazek",null,"Aeroklub Podhalanski",null,"Pribina Cup 2018 - Klub","SK",13,1038,1380,0,7174,0,2018,null,null,"SZD 55","QQ"]
["Stefan Langer",null,"SFG Donauwoerth Monheim",null,"Pribina Cup 2018 - Klub","SK",14,1027,1380,0,7028,0,2018,null,null,"Std. Libelle","SL"]
["Jindrich Svorc",{"$f":"VLOOKUP(A2282,Pilot,2,0)","v":1978},{"$f":"VLOOKUP(A2282,Pilot,3,0)","v":"Letňany"},{"$f":"VLOOKUP(A2282,Pilot,4,0)","v":"CZ/C1"},"Pribina Cup 2018 - Klub","SK",15,984,1380,0,6719,0,2018,null,null,"Std. Cirrus","IMI",{"$f":"VLOOKUP(A2282,Pilot,5,0)","v":"M"},{"$f":"IF(ISERROR(VLOOKUP(A2282,Pilot,6,0)),\"Není v databázi\",VLOOKUP(A2282,Pilot,6,0))","v":""}]
["Krisztian Kovacs",null,"Aero Club Szolnok, Hungary",null,"Pribina Cup 2018 - Klub","SK",16,972,1380,0,6567,0,2018,null,null,"ASW 15","IE"]
["Markus Uhlig",null,"FC Grossrückerswalde",null,"Pribina Cup 2018 - Klub","SK",17,934,1380,0,6283,0,2018,null,null,"Std. Jantar 3","M4"]
["Jan Kovalcik",null,null,null,"Pribina Cup 2018 - Klub","SK",18,924,1380,0,6142,0,2018,null,null,"Pegase","OI"]
["Patrick Schkrock",null,null,null,"Pribina Cup 2018 - Klub","SK",19,875,1380,0,5802,0,2018,null,null,"Std. Libelle",82]
["Christian Deussen",null,null,null,"Pribina Cup 2018 - Klub","SK",20,852,1380,0,5594,0,2018,null,null,"DG 100","S8"]
["Adam Kacvinsky",null,null,null,"Pribina Cup 2018 - Klub","SK",21,804,1380,0,5260,0,2018,null,null,"ASW 19","BA4"]
["Adam Bialy",null,null,null,"Pribina Cup 2018 - Klub","SK",22,797,1380,0,5134,0,2018,null,null,"Std. Jantar 3","BI"]
["Mindaugas Zaliukas",null,"Kaunas Aeroclub, Pociunai",null,"Pribina Cup 2018 - Klub","SK",23,705,1380,0,4576,0,2018,null,null,"Glasflugel 304","MZ"]
["Robert Gärtner",null,null,null,"Pribina Cup 2018 - Klub","SK",24,680,1380,0,4358,0,2018,null,null,"Std. Jantar 3","3W"]
["Marek Straka",null,null,null,"Pribina Cup 2018 - Klub","SK",25,665,1380,0,4191,0,2018,null,null,"ASW 19","AI"]
["Pawel Glowacki",null,null,null,"Pribina Cup 2018 - Klub","SK",26,583,1380,0,3685,0,2018,null,null,"Pegase","J7"]
["Alrik Dargel",null,null,null,"Pribina Cup 2018 - Klub","SK",27,393,1380,0,2630,0,2018,null,null,"Speed Astir IIb","JF"]
["Kamil Bojarski",null,"Aeroklub Lubelski",null,"Pribina Cup 2018 - Klub","SK",28,357,1380,0,2356,0,2018,null,null,"SZD 51 Junior","H"]
["Kinga Tchorz",null,null,null,"Pribina Cup 2018 - Klub","SK",29,315,1380,0,2052,0,2018,null,null,"Std. Jantar 3","BZ"]
["Igor Cech",null,null,null,"Pribina Cup 2018 - Klub","SK",30,301,1380,0,1890,0,2018,null,null,"Silent 2","ZI"]
["Milos Horvat",null,null,null,"Pribina Cup 2018 - Klub","SK",31,283,1380,0,1708,0,2018,null,null,"ASW 15","BA5"]
["Luka Ranđelović",null,"AK Celje",null,"Pribina Cup 2018 - Klub","SK",32,280,1380,0,1602,0,2018,null,null,"Hornet","L5"]
["Max Witke",null,null,null,"Pribina Cup 2018 - Klub","SK",33,199,1380,{"$f":"VLOOKUP(E2300,Soutez,8,0)","v":0},1100,0,2018,null,null,"LS 7 WL","JD"]
["Gerhard Cieply",null,null,null,"Pribina Cup 2018 - Klub","SK",34,0,1380,0,0,0,2018,null,null,"LS 1 f","GC"]
["Tomasz Hornik",null,"Aeroklub Nadwiślański",null,"Pribina Cup 2018 - Kombi 15m","SK",1,1715,1715,0,{"$f":"ROUND(H2302/I2302*10000*0.7+(MAX($G$2302:$G$2327)-G2302)/(MAX($G$2302:$G$2327)-1)*10000*0.3,0)","v":10000},{"$f":"ROUND(J2302*K2302,0)","v":0},2018,null,null,"Diana 2","RP"]
["Jan Knischewski",null,null,null,"Pribina Cup 2018 - Kombi 15m","SK",2,1681,1715,0,9741,{"$f":"ROUND(J2303*K2303,0)","v":0},2018,null,null,"LS 8","OK"]
["Karsten Leucker",null,"Aero-Club Ansbach",null,"Pribina Cup 2018 - Kombi 15m","SK",3,1669,1715,0,9572,0,2018,null,null,"Discus 2b","CX"]
["Simon Briel",null,null,null,"Pribina Cup 2018 - Kombi 15m","SK",4,1651,1715,0,9379,0,2018,null,null,"Discus 2a","SB"]
["Wojciech Wojtaczka",null,"Aeroklub Podhalanski",null,"Pribina Cup 2018 - Kombi 15m","SK",5,1568,1715,0,8920,0,2018,null,null,"Discus 2a","Y"]
["Thomas Hynek",null,"Flugschule ASKÖ Wien",null,"Pribina Cup 2018 - Kombi 15m","SK",6,1545,1715,0,8706,0,2018,null,null,"Ventus 2b","CC"]
["David Mach",{"$f":"VLOOKUP(A2308,Pilot,2,0)","v":1994},{"$f":"VLOOKUP(A2308,Pilot,3,0)","v":"Hronov"},{"$f":"VLOOKUP(A2308,Pilot,4,0)","v":"CZ/C2"},"Pribina Cup 2018 - Kombi 15m","SK",7,1533,1715,0,8537,0,2018,null,null,"LS 8","JBI",{"$f":"VLOOKUP(A2308,Pilot,5,0)","v":"M"},{"$f":"IF(ISERROR(VLOOKUP(A2308,Pilot,6,0)),\"Není v databázi\",VLOOKUP(A2308,Pilot,6,0))","v":""}]
["Nick Fremau",null,"Brasschaatse Zweefvliegclub",null,"Pribina Cup 2018 - Kombi 15m","SK",8,1466,1715,0,8144,0,2018,null,null,"LS 8","L8"]
["Patrick Puskeiler",null,"Fliegergruppe Wolf Hirth e.V.",null,"Pribina Cup 2018 - Kombi 15m","SK",9,1374,1715,0,7648,0,2018,null,null,"Discus 2a","ALB"]
["Michael Roche",null,null,null,"Pribina Cup 2018 - Kombi 15m","SK",10,1351,1715,0,7434,0,2018,null,null,"Discus 2b","YN"]
["Jana Treslova",{"$f":"VLOOKUP(A2312,Pilot,2,0)","v":1963},{"$f":"VLOOKUP(A2312,Pilot,3,0)","v":"Raná"},{"$f":"VLOOKUP(A2312,Pilot,4,0)","v":"CZ/C2"},"Pribina Cup 2018 - Kombi 15m","SK",11,1349,1715,0,7306,0,2018,null,null,"LS 8","EU",{"$f":"VLOOKUP(A2312,Pilot,5,0)","v":"F"},{"$f":"IF(ISERROR(VLOOKUP(A2312,Pilot,6,0)),\"Není v databázi\",VLOOKUP(A2312,Pilot,6,0))","v":""}]
["Robbie Seton",null,null,null,"Pribina Cup 2018 - Kombi 15m","SK",12,1342,1715,0,7158,0,2018,null,null,"LS 8","ISR"]
["Martin Schwab",null,"FG Waldviertel",null,"Pribina Cup 2018 - Kombi 15m","SK",13,1275,1715,0,6764,0,2018,null,null,"Discus 2a","KG"]
["Pascal Brunner",null,"SG Zuerich",null,"Pribina Cup 2018 - Kombi 15m","SK",14,1076,1715,0,5832,0,2018,null,null,"Discus 2b","ST"]
["Artur Lonczuk",null,null,null,"Pribina Cup 2018 - Kombi 15m","SK",15,1059,1715,0,5642,0,2018,null,null,"LS 8","LOT"]
["Hana Treslova",{"$f":"VLOOKUP(A2317,Pilot,2,0)","v":1991},{"$f":"VLOOKUP(A2317,Pilot,3,0)","v":"Raná"},{"$f":"VLOOKUP(A2317,Pilot,4,0)","v":"CZ/C2"},"Pribina Cup 2018 - Kombi 15m","SK",16,954,1715,0,5094,0,2018,null,null,"Discus 2a","GX",{"$f":"VLOOKUP(A2317,Pilot,5,0)","v":"F"},{"$f":"IF(ISERROR(VLOOKUP(A2317,Pilot,6,0)),\"Není v databázi\",VLOOKUP(A2317,Pilot,6,0))","v":""}]
["Aldo Cernezzi",null,"Varese",null,"Pribina Cup 2018 - Kombi 15m","SK",17,927,1715,0,4864,0,2018,null,null,"DG 600","DW"]
["Istvan Reti",null,null,null,"Pribina Cup 2018 - Kombi 15m","SK",18,922,1715,0,4723,0,2018,null,null,"Ventus 2a","IR"]
["Marek Niewiadomy",null,"Aeroklub Rzeszowski",null,"Pribina Cup 2018 - Kombi 15m","SK",19,906,1715,0,4538,0,2018,null,null,"Discus 2a","I"]
["Nico Klingspohn",null,"Luftsportverein Gifhorn e.V.",null,"Pribina Cup 2018 - Kombi 15m","SK",20,796,1715,0,3969,0,2018,null,null,"Discus 2a","NK"]
["Bjorn Gintzel",null,"Aeroclub Bonn-Hangelar e.V.",null,"Pribina Cup 2018 - Kombi 15m","SK",21,724,1715,0,3555,0,2018,null,null,"LS 8","AR"]
["Wolfgang Zimmermann",null,"Flugring Austria Wiener Neustadt",null,"Pribina Cup 2018 - Kombi 15m","SK",22,582,1715,0,2856,0,2018,null,null,"Ventus 2b","GI"]
["Gvidas Sabeckis",null,"KASSK",null,"Pribina Cup 2018 - Kombi 15m","SK",23,557,1715,0,2633,0,2018,null,null,"LS 8","P2"]
["Vytautas Sabeckis",null,null,null,"Pribina Cup 2018 - Kombi 15m","SK",24,467,1715,0,2146,0,2018,null,null,"LAK 19/15m","ZM"]
["Jonas Pitschen",null,"SG Zuerich",null,"Pribina Cup 2018 - Kombi 15m","SK",25,326,1715,0,1451,0,2018,null,null,"Discus 2b","Z2"]
["Philip Joens",null,null,null,"Pribina Cup 2018 - Kombi 15m","SK",26,0,1715,0,0,0,2018,null,null,"LS 7","AP"]
["Lukasz Wojcik",null,"Wloclawek",null,"Pribina Cup 2018 - Kombi Open","SK",1,1598,1598,0,{"$f":"ROUND(H2328/I2328*10000*0.7+(MAX($G$2328:$G$2345)-G2328)/(MAX($G$2328:$G$2345)-1)*10000*0.3,0)","v":10000},{"$f":"ROUND(J2328*K2328,0)","v":0},2018,null,null,"JS 1/18m","P"]
["Piotr Jarysz",null,"Aeroklub Koninski",null,"Pribina Cup 2018 - Kombi Open","SK",2,1591,1598,0,9793,{"$f":"ROUND(J2329*K2329,0)","v":0},2018,null,null,"ASG 29/18m","PL"]
["Yves Gerster",null,null,null,"Pribina Cup 2018 - Kombi Open","SK",3,1410,1598,0,8824,0,2018,null,null,"DG 400/17m","VY"]
["Robin Sittmann",null,"Aero Club Rhein-Nahe",null,"Pribina Cup 2018 - Kombi Open","SK",4,1383,1598,0,8529,0,2018,null,null,"Discus 2C/18m","MA"]
["Wim Akkermans",null,null,null,"Pribina Cup 2018 - Kombi Open","SK",5,1358,1598,{"$f":"VLOOKUP(E2332,Soutez,8,0)","v":0},8243,0,2018,null,null,"ASG 29/18m","9E"]
["Petr Krejcirik",{"$f":"VLOOKUP(A2333,Pilot,2,0)","v":1960},{"$f":"VLOOKUP(A2333,Pilot,3,0)","v":"Hranice"},{"$f":"VLOOKUP(A2333,Pilot,4,0)","v":"CZ/M"},"Pribina Cup 2018 - Kombi Open","SK",6,1317,1598,0,7887,0,2018,null,null,"JS 1/18m","ZF",{"$f":"VLOOKUP(A2333,Pilot,5,0)","v":"M"},{"$f":"IF(ISERROR(VLOOKUP(A2333,Pilot,6,0)),\"Není v databázi\",VLOOKUP(A2333,Pilot,6,0))","v":""}]
["Sven Kolb",null,"SFG-Dornbirn",null,"Pribina Cup 2018 - Kombi Open","SK",7,1159,1598,0,7018,0,2018,null,null,"Antares 20m","ZE"]
["Bostjan Pristavec",null,"AK ALC Lesce Bled",null,"Pribina Cup 2018 - Kombi Open","SK",8,1156,1598,0,6829,0,2018,null,null,"EB 28",7]
["Jan Hertrich,",null,null,null,"Pribina Cup 2018 - Kombi Open","SK",9,1152,1598,0,6635,0,2018,null,null,"LS 8/18m","EO"]
["Zdislaw Bednarczuk",null,null,null,"Pribina Cup 2018 - Kombi Open","SK",10,1133,1598,0,6375,0,2018,null,null,"ASG 29/18m","ZB"]
["Dirk Windmüller,",null,"SFC Schwäbisch Hall",null,"Pribina Cup 2018 - Kombi Open","SK",11,1088,1598,0,6001,0,2018,null,null,"ASG 29/18m","WIN"]
["Petr Panek",{"$f":"VLOOKUP(A2339,Pilot,2,0)","v":1975},{"$f":"VLOOKUP(A2339,Pilot,3,0)","v":"Dvůr Králové"},{"$f":"VLOOKUP(A2339,Pilot,4,0)","v":"CZ/C2"},"Pribina Cup 2018 - Kombi Open","SK",12,956,1598,0,5247,0,2018,null,null,"JS 1/18m","IGC",{"$f":"VLOOKUP(A2339,Pilot,5,0)","v":"M"},{"$f":"IF(ISERROR(VLOOKUP(A2339,Pilot,6,0)),\"Není v databázi\",VLOOKUP(A2339,Pilot,6,0))","v":""}]
["Rene Schoenmann",null,null,null,"Pribina Cup 2018 - Kombi Open","SK",13,826,1598,0,4501,0,2018,null,null,"JS 1/18m","RS"]
["Karel Krobath",null,null,null,"Pribina Cup 2018 - Kombi Open","SK",14,750,1598,0,3991,0,2018,null,null,"HPH 304S Shark","Q"]
["Kai Glatter",null,"AC Pirna",null,"Pribina Cup 2018 - Kombi Open","SK",15,697,1598,0,3583,0,2018,null,null,"JS 1/18m","MD"]
["Miguel Schwan",null,null,null,"Pribina Cup 2018 - Kombi Open","SK",16,610,1598,0,3025,0,2018,null,null,"Ventus 2cT/18m","IX"]
["Mathias Muench",null,"Alpenflugzentrum Unterwossen",null,"Pribina Cup 2018 - Kombi Open","SK",17,560,1598,0,2630,0,2018,null,null,"DG 800/18m","MU"]
["Sorin Lingureanu",null,"Tampereen Ilmailuyhdistys",null,"Pribina Cup 2018 - Kombi Open","SK",18,476,1598,0,2085,0,2018,null,null,"Ventus 2c/18m","ZR"]
["Janowitsch & Leitgeb",null,null,null,"Pribina Cup 2018 - Duo 20m","SK",1,1648,1648,0,{"$f":"ROUND(H2346/I2346*10000*0.7+(MAX($G$2346:$G$2358)-G2346)/(MAX($G$2346:$G$2358)-1)*10000*0.3,0)","v":10000},{"$f":"ROUND(J2346*K2346,0)","v":0},2018,null,null,"Arcus E","E"]
["Tourula & Kankare",null,"Helsingin Ilmailukerho",null,"Pribina Cup 2018 - Duo 20m","SK",2,1585,1648,0,{"$f":"ROUND(H2347/I2347*10000*0.7+(MAX($G$2346:$G$2358)-G2347)/(MAX($G$2346:$G$2358)-1)*10000*0.3,0)","v":9482},{"$f":"ROUND(J2347*K2347,0)","v":0},2018,null,null,"DG 1000/20m","NIT"]
["Prodorutti & Bardelli",null,null,null,"Pribina Cup 2018 - Duo 20m","SK",3,1361,1648,0,8281,0,2018,null,null,"Arcus","BPG"]
["Levin & Wettemann",null,"Fliegergruppe Neckartal-Koengen e.V.",null,"Pribina Cup 2018 - Duo 20m","SK",4,1315,1648,0,7836,0,2018,null,null,"Duo Discus","H1"]
["Litzelmann & Holighaus",null,"LSV Thermik Alfeld",null,"Pribina Cup 2018 - Duo 20m","SK",5,1289,1648,0,7475,0,2018,null,null,"Arcus","TWO"]
["Kretzschmar & Triebel",null,null,null,"Pribina Cup 2018 - Duo 20m","SK",6,1263,1648,0,7115,0,2018,null,null,"Arcus","SP"]
["Christoph Koch",null,"SFC Fürstenfeld",null,"Pribina Cup 2018 - Duo 20m","SK",7,1160,1648,0,6427,0,2018,null,null,"Duo Discus","SI"]
["Sibanc & Raner",null,"Aeroklub Celje",null,"Pribina Cup 2018 - Duo 20m","SK",8,1144,1648,0,6109,0,2018,null,null,"Arcus","ET"]
["Stefano Ghiorzo",null,"ACAO - Varese - ITALY",null,"Pribina Cup 2018 - Duo 20m","SK",9,1087,1648,0,5617,0,2018,null,null,"HPH304TS TwinShark","TS"]
["Bialy & Biala",null,"Radom",null,"Pribina Cup 2018 - Duo 20m","SK",10,1031,1648,0,5129,0,2018,null,null,"Duo Discus","POL"]
["Halonen & Toppari",null,"Imatran Ilmailukerho",null,"Pribina Cup 2018 - Duo 20m","SK",11,984,1648,0,4680,0,2018,null,null,"Arcus","RA"]
["Karel Mares",{"$f":"VLOOKUP(A2357,Pilot,2,0)","v":1974},{"$f":"VLOOKUP(A2357,Pilot,3,0)","v":"Slaný"},{"$f":"VLOOKUP(A2357,Pilot,4,0)","v":"CZ/C1"},"Pribina Cup 2018 - Duo 20m","SK",12,774,1648,0,3538,0,2018,null,null,"Duo Discus","DD",{"$f":"VLOOKUP(A2357,Pilot,5,0)","v":"M"},{"$f":"IF(ISERROR(VLOOKUP(A2357,Pilot,6,0)),\"Není v databázi\",VLOOKUP(A2357,Pilot,6,0))","v":""}]
["Jurovic & Kuban",null,null,null,"Pribina Cup 2018 - Duo 20m","SK",13,435,1648,0,1848,0,2018,null,null,"Duo Discus","2X"]
["Zdenek Balcarek",{"$f":"VLOOKUP(A2359,Pilot,2,0)","v":1967},{"$f":"VLOOKUP(A2359,Pilot,3,0)","v":"Kroměříž"},{"$f":"VLOOKUP(A2359,Pilot,4,0)","v":"CZ/M"},"AZ Cup 2019 - Klub","CZ",1,3186,3186,{"$f":"VLOOKUP(E2359,Soutez,8,0)","v":0.90500000000000003},{"$f":"ROUND(H2359/I2359*10000*0.7+(MAX($G$2359:$G$2395)-G2359)/(MAX($G$2359:$G$2395)-1)*10000*0.3,0)","v":10000},{"$f":"ROUND(J2359*K2359,0)","v":9050},2019,"x",null,"Std. Cirrus","ZL",{"$f":"VLOOKUP(A2359,Pilot,5,0)","v":"M"},{"$f":"IF(ISERROR(VLOOKUP(A2359,Pilot,6,0)),\"Není v databázi\",VLOOKUP(A2359,Pilot,6,0))","v":""}]
["Ivan Harasta 65",1965,"Toužim","CZ/C1","AZ Cup 2019 - Klub","CZ",2,3093,3186,0.90500000000000003,9712,{"$f":"ROUND(J2360*K2360,0)","v":8789},2019,"x",null,"ASW-15B","HI",{"$f":"VLOOKUP(A2360,Pilot,5,0)","v":"M"},{"$f":"IF(ISERROR(VLOOKUP(A2360,Pilot,6,0)),\"Není v databázi\",VLOOKUP(A2360,Pilot,6,0))","v":""}]
["David Sachl",1978,"Kralupy","CZ/C1","AZ Cup 2019 - Klub","CZ",3,3075,3186,0.90500000000000003,9589,8678,2019,"x",null,"DG 300","BK","M",""]
["Barbora Moravcova",1994,"Zbraslavice","CZ/C1","AZ Cup 2019 - Klub","CZ",4,2999,3186,0.90500000000000003,9339,8452,2019,"x","x","ASW-19B","CF","F",""]
["Zdenek Boruvka 86",1986,"Jičín","CZ/C2","AZ Cup 2019 - Klub","CZ",5,2960,3186,0.90500000000000003,9170,8299,2019,null,null,"Std. Cirrus","BJ","M",""]
["Frantisek Filandr",1956,"Most","CZ/C2","AZ Cup 2019 - Klub","CZ",6,2799,3186,{"$f":"VLOOKUP(E2364,Soutez,8,0)","v":0.90500000000000003},8733,7903,2019,"x",null,"Std. Cirrus","FF","M",""]
["Vojtech Novotny",1992,"Kralupy","CZ/C1","AZ Cup 2019 - Klub","CZ",7,2709,3186,0.90500000000000003,8452,7649,2019,null,null,"LS-1f","EF","M",""]
["Lukas Koukal",1991,"Letkov","CZ/C1","AZ Cup 2019 - Klub","CZ",8,2687,3186,0.90500000000000003,8320,{"$f":"ROUND(J2366*K2366,0)","v":7530},2019,"x",null,"ASW-15B","T1","M",""]
["Martin Urban",1971,"Frýdlant","CZ/M","AZ Cup 2019 - Klub","CZ",9,2681,3186,0.90500000000000003,8224,7443,2019,"x",null,"LS 3a 15m","SJ","M",""]
["Jan Ratz",1987,"Zbraslavice","CZ/C1","AZ Cup 2019 - Klub","CZ",10,2671,3186,0.90500000000000003,8118,7347,2019,null,null,"Std. Cirrus","REX","M",""]
["Jakub Kmosek",1978,"Zbraslavice","CZ/C1","AZ Cup 2019 - Klub","CZ",11,2570,3186,0.90500000000000003,7813,7071,2019,"x",null,"Std. Cirrus","ST","M",""]
["Oldrich Houzvicka",1975,"Frýdlant","CZ/M","AZ Cup 2019 - Klub","CZ",12,2537,3186,0.90500000000000003,7657,6930,2019,"x",null,"ASW-24 WL",76,"M",""]
["Martin Grmela",1989,"Zbraslavice","CZ/C1","AZ Cup 2019 - Klub","CZ",13,2526,3186,0.90500000000000003,7550,6833,2019,"x",null,"Std. Cirrus","C1","M",""]
["Simon Siska",null,"SGC Martin","SK","AZ Cup 2019 - Klub","CZ",14,2487,3186,0.90500000000000003,7381,6680,2019,null,null,"ASW-19B","A11","M","Není v databázi"]
["Martin Piskacek",1991,"Křižanov","CZ/M","AZ Cup 2019 - Klub","CZ",15,2400,3186,0.90500000000000003,7106,6431,2019,"x",null,"Std. Cirrus",75,"M",""]
["Martin Fric",1967,"Raná","CZ/C2","AZ Cup 2019 - Klub","CZ",16,2390,3186,0.90500000000000003,7001,6336,2019,"x",null,"ASW-19","FR","M",""]
["Katerina Vojtova",1983,"Slaný","CZ/C1","AZ Cup 2019 - Klub","CZ",17,2321,3186,0.90500000000000003,6766,6123,2019,"x","x","Std. Cirrus","KAC","F",""]
["Anna Bordovska",1989,"Mladá Boleslav","CZ/C1","AZ Cup 2019 - Klub","CZ",18,2254,3186,0.90500000000000003,6536,5915,2019,"x","x","Std. Cirrus","BW","F",""]
["Jan Pubec",1979,"Plzeň Bory","CZ/C1","AZ Cup 2019 - Klub","CZ",19,2227,3186,0.90500000000000003,6393,5786,2019,"x",null,"Std. Cirrus","LM","M",""]
["Jiri Fousek",1990,"Raná","CZ/C2","AZ Cup 2019 - Klub","CZ",20,2219,3186,0.90500000000000003,6292,5694,2019,null,null,"Std. Cirrus","LW","M",""]
["Matej Krestes",1986,"Slaný","CZ/C1","AZ Cup 2019 - Klub","CZ",21,2180,3186,0.90500000000000003,6123,5541,2019,"x",null,"Std. Cirrus","CON","M",""]
["Tomas Jung",1950,"Zbraslavice","CZ/C1","AZ Cup 2019 - Klub","CZ",22,2160,3186,0.90500000000000003,5996,5426,2019,"x",null,"ASW-19B","O2","M",""]
["Jan Zahradka",1981,"Hodkovice","CZ/C2","AZ Cup 2019 - Klub","CZ",23,2146,3186,0.90500000000000003,5882,5323,2019,null,null,"Std. Cirrus","AR","M",""]
["Jan Hruska",1988,"Tábor","CZ/C1","AZ Cup 2019 - Klub","CZ",24,1946,3186,0.90500000000000003,5359,4850,2019,"x",null,"ASW-15B","LF","M",""]
["Jiri Vondracek",1989,"Kladno","CZ/C1","AZ Cup 2019 - Klub","CZ",25,1834,3186,0.90500000000000003,5030,4552,2019,"x",null,"ASW-19B","V","M",""]
["Viktor Becan",1979,"GAC Benešov","CZ/C1","AZ Cup 2019 - Klub","CZ",26,1722,3186,0.90500000000000003,4700,4254,2019,"x",null,"LS-1d","VB","M",""]
["Petr Brezina",1963,"Frýdlant","CZ/M","AZ Cup 2019 - Klub","CZ",27,1707,3186,0.90500000000000003,4584,4149,2019,"x",null,"G 102 Astir CS","BH","M",""]
["Linda Vasatova",1990,"Mladá Boleslav","CZ/C1","AZ Cup 2019 - Klub","CZ",28,1630,3186,0.90500000000000003,4331,3920,2019,"x","x","ASW-19B","AH","F",""]
["Jan Smekal",1976,"Zbraslavice","CZ/C1","AZ Cup 2019 - Klub","CZ",29,1616,3186,0.90500000000000003,4217,3816,2019,"x",null,"ASW-19","FY","M",""]
["Ales Holoubek",1966,"Jičín","CZ/C2","AZ Cup 2019 - Klub","CZ",30,1195,3186,0.90500000000000003,3209,2904,2019,"x",null,"ASW-15B NG","T","M",""]
["Jiri Hodan",1959,"Zbraslavice","CZ/C1","AZ Cup 2019 - Klub","CZ",31,1165,3186,0.90500000000000003,3060,2769,2019,"x",null,"G 103 Twin Astir","RB","M",""]
["Kristina Santruckova",1996,"Podhořany","CZ/C2","AZ Cup 2019 - Klub","CZ",32,1106,3186,0.90500000000000003,2847,2577,2019,"x","x","ASW-15B WL","KS","F","Junior v roce 2020"]
["Tomas Hlavacek",1984,"Mladá Boleslav","CZ/C1","AZ Cup 2019 - Klub","CZ",33,954,3186,0.90500000000000003,2429,2198,2019,"x",null,"Std. Cirrus","FU","M",""]
["Dalibor Pek",1968,"Raná","CZ/C2","AZ Cup 2019 - Klub","CZ",34,902,3186,0.90500000000000003,2232,2020,2019,"x",null,"Std. Cirrus","A1","M",""]
["Lukas Kotek",1994,"Frýdlant","CZ/M","AZ Cup 2019 - Klub","CZ",35,808,3186,0.90500000000000003,1942,1758,2019,null,null,"DG-200","AK","M",""]
["Pavel Svrcek",1972,"Frýdlant","CZ/M","AZ Cup 2019 - Klub","CZ",36,508,3186,0.90500000000000003,1199,1085,2019,"x",null,"LS 3a 15m","TX","M",""]
["Jan Mittner",1986,"Zbraslavice","CZ/C1","AZ Cup 2019 - Klub","CZ",37,415,3186,0.90500000000000003,912,825,2019,"x",null,"DG-101G","RR","M",""]
["Ondrej Dupal",1966,"GAC Benešov","CZ/C1","AZ Cup 2019 - Kombi","CZ",1,3505,3505,0.92500000000000004,{"$f":"ROUND(H2396/I2396*10000*0.7+(MAX($G$2396:$G$2425)-G2396)/(MAX($G$2396:$G$2425)-1)*10000*0.3,0)","v":10000},9250,2019,"x",null,"ASG 29E 18m","GO","M",""]
["Tomas Suchanek",1964,"GAC Benešov","CZ/C1","AZ Cup 2019 - Kombi","CZ",2,3446,3505,0.92500000000000004,9779,9046,2019,null,null,"Ventus c 17.6m","UP","M",""]
["Alena Netusilova",1970,"Zbraslavice","CZ/C1","AZ Cup 2019 - Kombi","CZ",3,3335,3505,0.92500000000000004,9454,{"$f":"ROUND(J2398*K2398,0)","v":8745},2019,"x","x","JS1-18m","JX","F",""]
["Radek Kucirek",1973,"Havlíčkův Brod","CZ/C2","AZ Cup 2019 - Kombi","CZ",4,3303,3505,0.92500000000000004,9286,8590,2019,"x",null,"EB 28 edition 28.3m","NA","M",""]
["Petr Koutny",1971,"Křižanov","CZ/M","AZ Cup 2019 - Kombi","CZ",5,3268,3505,0.92500000000000004,9113,8430,2019,null,null,"LS-8-18 18m","SK","M",""]
["Martin Hrivna",1978,"Zbraslavice","CZ/C1","AZ Cup 2019 - Kombi","CZ",6,3191,3505,0.92500000000000004,8856,8192,2019,"x",null,"ASG 29E 18m","NX","M",""]
["Tomas Rendla",1973,"Zbraslavice","CZ/C1","AZ Cup 2019 - Kombi","CZ",7,3083,3505,0.92500000000000004,8537,7897,2019,"x",null,"Arcus M","EY","M",""]
["Lenka Kuthanova",1960,"Tábor","CZ/C1","AZ Cup 2019 - Kombi","CZ",8,3033,3505,0.92500000000000004,8333,7708,2019,"x","x","JS1-18m","LX","F",""]
["Jan Boruvka",1984,"Jičín","CZ/C2","AZ Cup 2019 - Kombi","CZ",9,3019,3505,0.92500000000000004,8202,7587,2019,null,null,"Ventus c 17.6m","EG","M",""]
["Petr Starek",1974,"Zbraslavice","CZ/C1","AZ Cup 2019 - Kombi","CZ",10,2959,3505,0.92500000000000004,7979,7381,2019,"x",null,"HPH 304 SJ 18m 573kg",66,"M",""]
["Martin Vnoucek",1972,"Vlašim","CZ/C1","AZ Cup 2019 - Kombi","CZ",11,2940,3505,0.92500000000000004,7837,7249,2019,"x",null,"ASG 29E 18m","QX","M",""]
["Jaromir Jedlicka",1972,"Letňany","CZ/C1","AZ Cup 2019 - Kombi","CZ",12,2804,3505,{"$f":"VLOOKUP(E2407,Soutez,8,0)","v":0.92500000000000004},7462,6902,2019,"x",null,"Hph 304MS 18m 600kg","TJ","M",""]
["Jan Dersak 69",1969,"Kralupy","CZ/C1","AZ Cup 2019 - Kombi","CZ",13,2495,3505,0.92500000000000004,6742,{"$f":"ROUND(J2408*K2408,0)","v":6236},2019,"x",null,"HPH 304 SJ 18m 573kg","DJ","M",""]
["Karel Krobath",null,"SFC Tulln","AT","AZ Cup 2019 - Kombi","CZ",14,2472,3505,0.92500000000000004,6592,6098,2019,null,null,"Hph 304MS 18m 600kg","Q","M","Není v databázi"]
["Jan Zapletal",1997,"Kroměříž","CZ/M","AZ Cup 2019 - Kombi","CZ",15,2451,3505,0.92500000000000004,6447,5963,2019,null,null,"LS-8-18 15m","JS","M","Junior v roce 2020"]
["Jan Viskot",1995,"Břeclav","CZ/M","AZ Cup 2019 - Kombi","CZ",16,2312,3505,0.92500000000000004,6066,5611,2019,null,null,"Discus 2a","GX","M","Junior v roce 2020"]
["Karel Benisek 76",1976,"Toužim","CZ/C1","AZ Cup 2019 - Kombi","CZ",17,2176,3505,0.92500000000000004,5691,5264,2019,null,null,"Ventus ct 17.6m","KB","M",""]
["Jan Horak",{"$f":"VLOOKUP(A2413,Pilot,2,0)","v":1971},"Zbraslavice",{"$f":"VLOOKUP(A2413,Pilot,4,0)","v":"CZ/C1"},"AZ Cup 2019 - Kombi","CZ",18,2173,3505,{"$f":"VLOOKUP(E2413,Soutez,8,0)","v":0.92500000000000004},5581,5162,2019,"x",null,"ASW-20A WL","WX","M",""]
["Petr Jiranek 63",1962,"Toužim","CZ/C1","AZ Cup 2019 - Kombi","CZ",19,2087,3505,0.92500000000000004,5306,{"$f":"ROUND(J2414*K2414,0)","v":4908},2019,"x",null,"Ventus ct 17.6m","EB",{"$f":"VLOOKUP(A2414,Pilot,5,0)","v":"M"},{"$f":"IF(ISERROR(VLOOKUP(A2414,Pilot,6,0)),\"Není v databázi\",VLOOKUP(A2414,Pilot,6,0))","v":""}]
["Ivo Burda",1962,"Zbraslavice","CZ/C1","AZ Cup 2019 - Kombi","CZ",20,1837,3505,0.92500000000000004,4703,4350,2019,"x",null,"Ventus 2cxm 18m 565kg","IB","M",""]
["Jiri Pelucha",1984,"Frýdlant","CZ/M","AZ Cup 2019 - Kombi","CZ",21,1721,3505,0.92500000000000004,4368,4040,2019,"x",null,"Duo Discus 700kg",777,"M",""]
["Dusan Bernat",null,"LSV Kreis Pinneberg","DE","AZ Cup 2019 - Kombi","CZ",22,1715,3505,0.92500000000000004,4253,3934,2019,null,null,"Ventus c 17.6m","AD","M","Není v databázi"]
["David Zapletal",1970,"Mladá Boleslav","CZ/C1","AZ Cup 2019 - Kombi","CZ",23,1683,3505,0.92500000000000004,4085,3779,2019,"x",null,"Ventus c 17.6m","PUP","M",""]
["Karl Schiffleithner",null,"SFC Tulln","AT","AZ Cup 2019 - Kombi","CZ",24,1624,3505,0.92500000000000004,3864,3574,2019,null,null,"Duo Discus T 700kg","MM","M","Není v databázi"]
["David Popovsky",1976,"Rakovník","CZ/C1","AZ Cup 2019 - Kombi","CZ",25,1352,3505,0.92500000000000004,3217,2976,2019,"x",null,"Ventus b 16.6m WL","JET","M",""]
["Vaclav Svoboda",1970,"Letkov","CZ/C1","AZ Cup 2019 - Kombi","CZ",26,1249,3505,0.92500000000000004,2908,2690,2019,null,null,"LS-8-18 18m",301,"M",""]
["Roman Lanzendorf",1964,"Letkov","CZ/C1","AZ Cup 2019 - Kombi","CZ",27,1235,3505,0.92500000000000004,2777,2569,2019,"x",null,"Ventus ct 17.6m","AW","M",""]
["Petr Bartak",1984,{"$f":"VLOOKUP(A2423,Pilot,3,0)","v":"Letkov"},"CZ/C1","AZ Cup 2019 - Kombi","CZ",28,1203,3505,0.92500000000000004,2609,2413,2019,null,null,"LS-6c 18m WL","BL","M",""]
["Milan Lojdl",null,"Martin","SK","AZ Cup 2019 - Kombi","CZ",29,1065,3505,0.92500000000000004,2230,2063,2019,null,null,"Ventus 2cx","MJ1","M","Není v databázi"]
["Lubomir Doupal",1975,"Kroměříž","CZ/M","AZ Cup 2019 - Kombi","CZ",30,437,3505,0.92500000000000004,873,808,2019,null,null,"LS-8-18 18m","YF","M",""]
["Antonin Konicek",1973,{"$f":"VLOOKUP(A2426,Pilot,3,0)","v":"Kunovice"},"CZ/M","15. JPJ 2019 - Kombi","CZ",1,2788,2788,0.9,{"$f":"ROUND(H2426/I2426*10000*0.7+(MAX($G$2426:$G$2453)-G2426)/(MAX($G$2426:$G$2453)-1)*10000*0.3,0)","v":10000},9000,2019,"x",null,"HpH 304M SHARK","KK","M",""]
["Frantisek Vancura",1966,"Hranice","CZ/M","15. JPJ 2019 - Kombi","CZ",2,2756,2788,0.9,9809,8828,2019,"x",null,"Nimbus 3T 24,5m WL","A1","M",""]
["Vratislav Sram",1966,"Broumov","CZ/C2","15. JPJ 2019 - Kombi","CZ",3,2691,2788,0.9,9534,8581,2019,null,null,"Nimbus 2M WL","NB","M",""]
["Marek Blatak",1969,"Šumperk","CZ/M","15. JPJ 2019 - Kombi","CZ",4,2624,2788,0.9,9255,8330,2019,"x",null,"Ventus c 17,6m","W","M",""]
["Jan Simon",1970,"Kralupy","CZ/C1","15. JPJ 2019 - Kombi","CZ",5,2604,2788,0.9,9094,8185,2019,"x",null,"Ventus ct 17,6m","KR","M",""]
["Michal Cechmanek",1978,"Luhačovice","CZ/M","15. JPJ 2019 - Kombi","CZ",6,2599,2788,0.9,8970,8073,2019,"x",null,"ASW 20 L+FL 16.6m","MK","M",""]
["Jiri Steiger",1969,"Olomouc","CZ/M","15. JPJ 2019 - Kombi","CZ",6,2599,2788,0.9,8970,8073,2019,"x",null,"Ventus 2cxt 18m","JS","M",""]
["Miroslav Sklenar",1964,"Žamberk","CZ/C2","15. JPJ 2019 - Kombi","CZ",8,2217,2788,0.9,7789,7010,2019,"x",null,"Duo Discus T","VP","M",""]
["Vaclav Kult",1973,"Broumov","CZ/C2","15. JPJ 2019 - Kombi","CZ",9,2169,2788,0.9,7557,6801,2019,"x",null,"Nimbus 2b WL","VK","M",""]
["Zdenek Boruvka 54",1954,"Jičín","CZ/C2","15. JPJ 2019 - Kombi","CZ",10,2093,2788,0.9,7255,6530,2019,null,null,"LS-8 15m","ZB","M",""]
["Jaroslav Buryan",1953,"Zábřeh","CZ/M","15. JPJ 2019 - Kombi","CZ",11,1916,2788,0.9,6700,6030,2019,"x",null,"ASW-20 15m WL","NS","M",""]
["Jiri Prochazka",1971,"Toužim","CZ/C1","15. JPJ 2019 - Kombi","CZ",12,1871,2788,0.9,6475,5828,2019,"x",null,"DG-500 22m","SR","M",""]
["Zdenek Schenk",1972,"Hranice","CZ/M","15. JPJ 2019 - Kombi","CZ",13,1698,2788,0.9,5930,5337,2019,null,null,"Ventus cm 17,6m","ŠNeK","M",""]
["Filip Vita",2001,"Kroměříž","CZ/M","15. JPJ 2019 - Kombi","CZ",14,1676,2788,0.9,5764,5188,2019,"x",null,"LAK-12","FL","M","Junior v roce 2020"]
["Miroslav Koci",1961,"Žamberk","CZ/C2","15. JPJ 2019 - Kombi","CZ",15,1665,2788,0.9,5625,5063,2019,null,null,"Ventus 2cxm 18m","E8","M",""]
["Martin Kriz",1968,"Přibyslav","CZ/C2","15. JPJ 2019 - Kombi","CZ",16,1613,2788,0.9,5383,4845,2019,"x",null,"ASW-20 15m WL",67,"M",""]
["Michal Hemrle",1974,"Česká Lípa","CZ/C2","15. JPJ 2019 - Kombi","CZ",17,1569,2788,0.9,5162,4646,2019,"x",null,"Ventus c 17,6m","XE","M",""]
["Jan Matejovsky",1972,"Hranice","CZ/M","15. JPJ 2019 - Kombi","CZ",18,1549,2788,0.9,5000,4500,2019,"x",null,"Duo Discus","OKD","M",""]
["Jan Kohout",1970,"Žamberk","CZ/C2","15. JPJ 2019 - Kombi","CZ",19,1494,2788,0.9,4751,4276,2019,null,null,"LS-8 15m","SK","M",""]
["Roman Cerny",1971,"Hranice","CZ/M","15. JPJ 2019 - Kombi","CZ",20,1474,2788,0.9,4590,4131,2019,"x",null,"LAK-17AT 18m","B2","M",""]
["Pavel Haluza",1966,"Prostějov","CZ/M","15. JPJ 2019 - Kombi","CZ",21,1373,2788,0.9,4225,3803,2019,"x",null,"Nimbus 2b","HT","M",""]
["Kamil Sohr",1973,"Šumperk","CZ/M","15. JPJ 2019 - Kombi","CZ",22,1363,2788,0.9,4089,3680,2019,"x",null,"SZD-55 Promyk","BC","M",""]
["Petr Babak 73",1973,"Hořice","CZ/C2","15. JPJ 2019 - Kombi","CZ",23,1272,2788,0.9,3749,3374,2019,"x",null,"Ventus c 17,6m","LS","M",""]
["Olga Mokosova",1970,"Jihlava","CZ/M","15. JPJ 2019 - Kombi","CZ",24,1193,2788,0.9,3440,3096,2019,"x","x","LS-6c 18m WL","MM","F",""]
["Vladimir Spilka",1940,"Hranice","CZ/M","15. JPJ 2019 - Kombi","CZ",25,896,2788,0.9,2583,2325,2019,"x",null,"Nimbus 2b","AY","M",""]
["Albrecht Beat",1953,"Šumperk","CZ/M","15. JPJ 2019 - Kombi","CZ",26,815,2788,0.9,2268,2041,2019,"x",null,"LS-8 15m","GL","M",""]
["Dusan Sys",1977,"Šumperk","CZ/M","15. JPJ 2019 - Kombi","CZ",27,802,2788,0.9,2125,1913,2019,"x",null,"DG-808 C 18m WL","MS","M",""]
["Christof Madoery",1958,"Šumperk","CZ/M","15. JPJ 2019 - Kombi","CZ",28,490,2788,0.9,1230,1107,2019,"x",null,"ASH-25 26m","IQ","M",""]
["Rene Hudak",1972,{"$f":"VLOOKUP(A2454,Pilot,3,0)","v":"Kunovice"},"CZ/M","15. JPJ 2019 - Klub","CZ",1,2214,2214,0.9,{"$f":"ROUND(H2454/I2454*10000*0.7+(MAX($G$2454:$G$2489)-G2454)/(MAX($G$2454:$G$2489)-1)*10000*0.3,0)","v":10000},9000,2019,"x",null,"Std. Cirrus WL","NK","M",""]
["Martin Ficnar",1971,"Šumperk","CZ/M","15. JPJ 2019 - Klub","CZ",2,2174,2214,0.9,{"$f":"ROUND(H2455/I2455*10000*0.7+(MAX($G$2454:$G$2489)-G2455)/(MAX($G$2454:$G$2489)-1)*10000*0.3,0)","v":9785},8807,2019,"x",null,"LS-3a 15m","S20","M",""]
["Josef Novak",{"$f":"VLOOKUP(A2456,Pilot,2,0)","v":1981},"Kunovice",{"$f":"VLOOKUP(A2456,Pilot,4,0)","v":"CZ/M"},"15. JPJ 2019 - Klub","CZ",3,2097,2214,{"$f":"VLOOKUP(E2456,Soutez,8,0)","v":0.9},9454,8509,2019,"x",null,"LS-1f","JT","M",""]
["Martin Urner",1974,"Letňany","CZ/C1","15. JPJ 2019 - Klub","CZ",4,2082,2214,0.9,9318,{"$f":"ROUND(J2457*K2457,0)","v":8386},2019,"x",null,"ASW-15B","JJ",{"$f":"VLOOKUP(A2457,Pilot,5,0)","v":"M"},{"$f":"IF(ISERROR(VLOOKUP(A2457,Pilot,6,0)),\"Není v databázi\",VLOOKUP(A2457,Pilot,6,0))","v":""}]
["Martin Svarc",1981,"Olomouc","CZ/M","15. JPJ 2019 - Klub","CZ",5,2055,2214,0.9,9144,8230,2019,"x",null,"DG-101 G","HE","M",""]
["Pavel Rericha",1967,"Moravská Třebová","CZ/M","15. JPJ 2019 - Klub","CZ",6,2024,2214,0.9,8958,8062,2019,"x",null,"ASW-19B","NO","M",""]
["Jan Zezula",1979,"Letňany","CZ/C1","15. JPJ 2019 - Klub","CZ",7,1974,2214,0.9,8712,7841,2019,"x",null,"ASW-19B","HD","M",""]
["Roman Schotli",1970,"Hranice","CZ/M","15. JPJ 2019 - Klub","CZ",8,1954,2214,0.9,8560,7704,2019,"x",null,"ASW-19B",19,"M",""]
["Petr Kolacek",1965,"Šumperk","CZ/M","15. JPJ 2019 - Klub","CZ",9,1904,2214,0.9,8314,7483,2019,"x",null,"SZD-48 Jantar std. 2","SU","M",""]
["Petr Kolomaznik",1981,"Šumperk","CZ/M","15. JPJ 2019 - Klub","CZ",10,1840,2214,0.9,8023,7221,2019,"x",null,"Discus b","SJ","M",""]
["Petr Havrlant",1965,"Šumperk","CZ/M","15. JPJ 2019 - Klub","CZ",11,1756,2214,0.9,7670,6903,2019,"x",null,"ASW-15B","Q1","M",""]
["Jiri Koudela",1974,"Vyškov","CZ/M","15. JPJ 2019 - Klub","CZ",12,1710,2214,0.9,7436,6692,2019,"x",null,"ASW-19B","JK","M",""]
["Jiri Vavrina",1958,"Kyjov","CZ/M","15. JPJ 2019 - Klub","CZ",13,1592,2214,0.9,6975,6278,2019,"x",null,"LS-1f","BS","M",""]
["Jaromir Vlk",1959,"Šumperk","CZ/M","15. JPJ 2019 - Klub","CZ",14,1514,2214,0.9,6640,5976,2019,"x",null,"ASW-15B","R5","M",""]
["Lukas Petrzela",1987,"Olomouc","CZ/M","15. JPJ 2019 - Klub","CZ",15,1513,2214,0.9,6548,5893,2019,"x",null,"G-102 Astir cs","AL","M",""]
["Peter Kaspar",1980,"Vyškov","CZ/M","15. JPJ 2019 - Klub","CZ",16,1509,2214,0.9,6447,5802,2019,"x",null,"G-102 Astir 77","AP","M",""]
["Michaela Krizova",2001,"Přibyslav","CZ/C2","15. JPJ 2019 - Klub","CZ",17,1430,2214,0.9,6109,5498,2019,"x","x","ASW-15B","BE","F","Junior v roce 2020"]
["Jan Pokluda",1973,"Šumperk","CZ/M","15. JPJ 2019 - Klub","CZ",18,1422,2214,0.9,5996,5396,2019,"x",null,"ASW-15B WL","JG","M",""]
["Yvona Vyhnankova",1963,"Olomouc","CZ/M","15. JPJ 2019 - Klub","CZ",19,1293,2214,0.9,5500,4950,2019,"x","x","ASW-15","YZ","F",""]
["Antonin Pilat",1971,"Vyškov","CZ/M","15. JPJ 2019 - Klub","CZ",20,1267,2214,0.9,5329,4796,2019,"x",null,"DG-200 15m","JB","M",""]
["Radek Hamrla",1973,"Vyškov","CZ/M","15. JPJ 2019 - Klub","CZ",21,1172,2214,0.9,4941,4447,2019,"x",null,"DG-1000S 18m",66,"M",""]
["Miroslav Mancik",1976,"Kyjov","CZ/M","15. JPJ 2019 - Klub","CZ",22,1160,2214,0.9,4815,4334,2019,"x",null,"G-103 Twin Astir","KW","M",""]
["Lukas Fronek",1989,"Kyjov","CZ/M","15. JPJ 2019 - Klub","CZ",23,1044,2214,0.9,4360,3924,2019,"x",null,"ASW-15B","E","M",""]
["Lubomir Papezik",1951,"Luhačovice","CZ/M","15. JPJ 2019 - Klub","CZ",24,910,2214,0.9,3848,3463,2019,"x",null,"LS-4","FP","M",""]
["Sabina Vitova",1998,"Kroměříž","CZ/M","15. JPJ 2019 - Klub","CZ",25,890,2214,0.9,3696,3326,2019,"x","x","G-102 Astir Jeans","2Y","F","Junior v roce 2020"]
["Libor Danhel",1966,"Kunovice","CZ/M","15. JPJ 2019 - Klub","CZ",26,852,2214,0.9,3488,3139,2019,"x",null,"Std. Cirrus","OK","M",""]
["Libor Bednarik",1972,"Kunovice","CZ/M","15. JPJ 2019 - Klub","CZ",27,784,2214,0.9,3185,2867,2019,null,null,"G-103 Twin Astir",103,"M",""]
["Leos Nosek",1958,"Vyškov","CZ/M","15. JPJ 2019 - Klub","CZ",28,750,2214,0.9,2989,2690,2019,"x",null,"G-104 Speed Astir II b","KF","M",""]
["Lukas Zach",1987,"Vyškov","CZ/M","15. JPJ 2019 - Klub","CZ",29,732,2214,0.9,2844,2560,2019,"x",null,"G-102 Astir 77","AS","M",""]
["Pavel Simek",1957,"Vyškov","CZ/M","15. JPJ 2019 - Klub","CZ",30,544,2214,0.9,2161,1945,2019,"x",null,"DG-500 Elan Trainer","4H","M",""]
["Michal Linhart",1982,"Vyškov","CZ/M","15. JPJ 2019 - Klub","CZ",31,512,2214,0.9,1972,1775,2019,"x",null,"VSO-10","J9","M",""]
["Stanislava Zemlickova",2000,"Vyškov","CZ/M","15. JPJ 2019 - Klub","CZ",32,354,2214,0.9,1384,1246,2019,"x","x","VSO-10","B2S","F","Junior v roce 2020"]
["Ludek Mikl",1963,"Kroměříž","CZ/M","15. JPJ 2019 - Klub","CZ",33,237,2214,0.9,926,833,2019,"x",null,"G-102 Astir CS Jeans","L1","M",""]
["Karel Horalek",1976,"Olomouc","CZ/M","15. JPJ 2019 - Klub","CZ",34,220,2214,0.9,784,706,2019,"x",null,"LS-3 15m","Y1","M",""]
["Pavel Handl",1971,"Kroměříž","CZ/M","15. JPJ 2019 - Klub","CZ",35,0,2214,0.9,0,0,2019,null,null,"Phoebus A1","PH","M",""]
["Petr Lonsky",1965,"Toužim","CZ/C1","15. JPJ 2019 - Klub","CZ",35,0,2214,0.9,0,0,2019,null,null,"LS-1d","CL","M",""]
["Karel Novak",1993,{"$f":"VLOOKUP(A2490,Pilot,3,0)","v":"Mladá Boleslav"},"CZ/C1","GGP MB 2019 - Klub GP","CZ",1,45,null,0,{"$f":"ROUND((MAX($G$2490:$G$2499)-G2490)/(MAX($G$2490:$G$2499)-1)*10000,0)","v":10000},{"$f":"ROUND(J2490*K2490,0)","v":0},2019,null,null,"Std. Cirrus","DI","M",""]
["Michal Kratochvil",1984,"Slaný","CZ/C1","GGP MB 2019 - Klub GP","CZ",2,31,null,0,8889,0,2019,null,null,"Std. Cirrus","BW","M",""]
["Jan Hruska",1988,"Tábor","CZ/C1","GGP MB 2019 - Klub GP","CZ",3,24,null,0,7778,0,2019,null,null,"ASW 15","LF","M",""]
["Jan Jindra",1981,"Roudnice","CZ/C2","GGP MB 2019 - Klub GP","CZ",4,21,null,0,6667,0,2019,null,null,"Std. Cirrus","FD","M",""]
["Jan Zahradka",1981,"Hodkovice","CZ/C2","GGP MB 2019 - Klub GP","CZ",5,19,null,0,5556,0,2019,null,null,"Std. Cirrus","AR","M",""]
["Katerina Vojtova",1983,"Slaný","CZ/C1","GGP MB 2019 - Klub GP","CZ",6,18,null,0,4444,0,2019,null,null,"Std. Cirrus","KAC","F",""]
["Linda Vasatova",1990,"Mladá Boleslav","CZ/C1","GGP MB 2019 - Klub GP","CZ",7,16,null,0,3333,0,2019,null,null,"ASW 19","OI","F",""]
["Jan Zezula",1979,"Letňany","CZ/C1","GGP MB 2019 - Klub GP","CZ",8,7,null,0,2222,0,2019,null,null,"ASW 19","HD","M",""]
["Tomas Hlavacek",1984,"Mladá Boleslav","CZ/C1","GGP MB 2019 - Klub GP","CZ",8,7,null,0,2222,0,2019,null,null,"Std. Cirrus","FU","M",""]
["Zdenek Buben",1978,"Hodkovice","CZ/C2","GGP MB 2019 - Klub GP","CZ",10,0,null,0,0,0,2019,null,null,"ASW 15","B","M",""]
["Martin Soucek",{"$f":"VLOOKUP(A2500,Pilot,2,0)","v":1975},{"$f":"VLOOKUP(A2500,Pilot,3,0)","v":"Mladá Boleslav"},{"$f":"VLOOKUP(A2500,Pilot,4,0)","v":"CZ/C1"},"GGP MB 2019 - Pohár MV - Kombi","CZ",1,3644,3644,{"$f":"VLOOKUP(E2500,Soutez,8,0)","v":0},{"$f":"ROUND(H2500/I2500*10000*0.7+(MAX($G$2500:$G$2505)-G2500)/(MAX($G$2500:$G$2505)-1)*10000*0.3,0)","v":10000},0,2019,null,null,"DG 200/17","MS","M",""]
["Dana Novakova",1965,"Mladá Boleslav","CZ/C1","GGP MB 2019 - Pohár MV - Kombi","CZ",2,3353,3644,0,{"$f":"ROUND(H2501/I2501*10000*0.7+(MAX($G$2500:$G$2505)-G2501)/(MAX($G$2500:$G$2505)-1)*10000*0.3,0)","v":8841},{"$f":"ROUND(J2501*K2501,0)","v":0},2019,null,null,"LS-8/15m","AU",{"$f":"VLOOKUP(A2501,Pilot,5,0)","v":"F"},{"$f":"IF(ISERROR(VLOOKUP(A2501,Pilot,6,0)),\"Není v databázi\",VLOOKUP(A2501,Pilot,6,0))","v":""}]
["Jan Smaha",1958,"Česká Lípa","CZ/C2","GGP MB 2019 - Pohár MV - Kombi","CZ",3,3235,3644,0,8014,0,2019,null,null,"ASW 15B","CW","M",""]
["Ondrej Sindelar",1979,"Mladá Boleslav","CZ/C1","GGP MB 2019 - Pohár MV - Kombi","CZ",4,3005,3644,0,6973,0,2019,null,null,"ASW 15 B","MB","M",""]
["Libor Kovarnik",1968,"Mladá Boleslav","CZ/C1","GGP MB 2019 - Pohár MV - Kombi","CZ",5,1688,3644,0,3843,0,2019,null,null,"VSO-10","C3","M",""]
["Bedrich Honzicek",1972,"Letňany","CZ/C1","GGP MB 2019 - Pohár MV - Kombi","CZ",6,1252,3644,0,2405,0,2019,null,null,"DG 200","RZ","M",""]
["Jan Ratz",1987,{"$f":"VLOOKUP(A2506,Pilot,3,0)","v":"Zbraslavice"},"CZ/C1","Adrenalin GP 2019 - Klub GP","CZ",1,49,null,0.9,{"$f":"ROUND((MAX($G$2506:$G$2517)-G2506)/(MAX($G$2506:$G$2517)-1)*10000,0)","v":10000},9000,2019,"x",null,"Std. Cirrus","REX","M",""]
["Zdenek Balcarek",1967,"Kroměříž","CZ/M","Adrenalin GP 2019 - Klub GP","CZ",2,35,null,0.9,{"$f":"ROUND((MAX($G$2506:$G$2517)-G2507)/(MAX($G$2506:$G$2517)-1)*10000,0)","v":9091},8182,2019,"x",null,"Std. Cirrus","ZL","M",""]
["Roman Stoklasa",1984,"Medlánky","CZ/M","Adrenalin GP 2019 - Klub GP","CZ",3,27,null,0.9,8182,7364,2019,"x",null,"Std. Cirrus","MS","M",""]
["Jan Sponer",1988,"Medlánky","CZ/M","Adrenalin GP 2019 - Klub GP","CZ",4,18,null,0.9,7273,6546,2019,"x",null,"Std. Cirrus","MI","M",""]
["Marek Niewiadomy",null,"Bielsko-Bialski","PL","Adrenalin GP 2019 - Klub GP","CZ",5,17,null,0.9,6364,5728,2019,null,null,"SZD-48 Jantar Std. 2","FK","M","Není v databázi"]
["Rostislav Stryk",1972,{"$f":"VLOOKUP(A2511,Pilot,3,0)","v":"Frýdlant"},"CZ/M","Adrenalin GP 2019 - Klub GP","CZ",6,16,null,0.9,5455,4910,2019,"x",null,"Std. Cirrus",22,"M",""]
["Radim Zielinski",1969,"Frýdlant","CZ/M","Adrenalin GP 2019 - Klub GP","CZ",7,9,null,0.9,4545,4091,2019,"x",null,"LS 1f","EM","M",""]
["Stanislav Doskocil",1978,"Medlánky","CZ/M","Adrenalin GP 2019 - Klub GP","CZ",8,8,null,0.9,3636,3272,2019,"x",null,"Std. Cirrus","SD","M",""]
["Vit Prokop",1987,"Medlánky","CZ/M","Adrenalin GP 2019 - Klub GP","CZ",9,3,null,0.9,2727,2454,2019,null,null,"Std. Cirrus","A7","M",""]
["Jan Matejovsky",1972,"Hranice","CZ/M","Adrenalin GP 2019 - Klub GP","CZ",10,1,null,0.9,1818,1636,2019,null,null,"Std. Cirrus","BY","M",""]
["Martin Svacina",1965,"Frýdlant","CZ/M","Adrenalin GP 2019 - Klub GP","CZ",10,1,null,0.9,1818,1636,2019,"x",null,"Std. Cirrus","E","M",""]
["Petr Brezina",1963,"Frýdlant","CZ/M","Adrenalin GP 2019 - Klub GP","CZ",12,0,null,0.9,0,0,2019,null,null,"G 102 Club Astir","BH","M",""]
["Jaroslav Buryan",1953,{"$f":"VLOOKUP(A2518,Pilot,3,0)","v":"Zábřeh"},{"$f":"VLOOKUP(A2518,Pilot,4,0)","v":"CZ/M"},"FL 2019 - Kombi","CZ",1,3387,3387,0.6,{"$f":"ROUND(H2518/I2518*10000*0.7+(MAX($G$2518:$G$2531)-G2518)/(MAX($G$2518:$G$2531)-1)*10000*0.3,0)","v":10000},6000,2019,null,null,"ASW 20","NS","M",""]
["Milos Matejka",1956,"Beroun","CZ/C1","FL 2019 - Kombi","CZ",2,3309,3387,0.6,{"$f":"ROUND(H2519/I2519*10000*0.7+(MAX($G$2518:$G$2531)-G2519)/(MAX($G$2518:$G$2531)-1)*10000*0.3,0)","v":9608},5765,2019,"x",null,"Discus bM","SH","M",""]
["Lumir Motyka",1955,"Frýdlant","CZ/M","FL 2019 - Kombi","CZ",3,3246,3387,0.6,9247,5548,2019,"x",null,"LAK 12","DE","M",""]
["Miroslav Koci",1961,"Žamberk","CZ/C2","FL 2019 - Kombi","CZ",4,3168,3387,0.6,8855,5313,2019,"x",null,"Ventus 2c/18m","E8","M",""]
["Jiri Pelucha",1984,"Frýdlant","CZ/M","FL 2019 - Kombi","CZ",5,3116,3387,0.6,8517,5110,2019,"x",null,"Arcus M","FJ","M",""]
["Miroslav Sklenar",1964,"Žamberk","CZ/C2","FL 2019 - Kombi","CZ",6,2884,3387,0.6,7807,4684,2019,"x",null,"Duo Discus T","VP","M",""]
["Matej Plch",1987,"Letkov","CZ/C1","FL 2019 - Kombi","CZ",7,2758,3387,0.6,7315,4389,2019,"x",null,"LS 8/18m","EJ","M",""]
["Frantisek Vancura",1966,"Hranice","CZ/M","FL 2019 - Kombi","CZ",8,2715,3387,0.6,6996,4198,2019,null,null,"Nimbus 3T/24.5m","A1","M",""]
["Zdenek Schenk",1972,"Hranice","CZ/M","FL 2019 - Kombi","CZ",9,2713,3387,0.6,6761,4057,2019,null,null,"Ventus cm 17.6m","ŠNeK","M",""]
["Jan Kristof",1962,"Frýdlant","CZ/M","FL 2019 - Kombi","CZ",10,2137,3387,0.6,5340,3204,2019,"x",null,"LS 3","TX","M",""]
["Martin Suchy",1969,"Hranice","CZ/M","FL 2019 - Kombi","CZ",11,2078,3387,0.6,4987,2992,2019,"x",null,"Duo Discus","OK","M",""]
["Roman Cerny",1971,"Hranice","CZ/M","FL 2019 - Kombi","CZ",12,1610,3387,0.6,3789,2273,2019,"x",null,"LAK 17/18m","B2","M",""]
["Martin Urban",1971,"Frýdlant","CZ/M","FL 2019 - Kombi","CZ",13,846,3387,0.6,1979,1187,2019,null,null,"LS 3a","SJ","M",""]
["Vit Grossmann",1977,"Hranice","CZ/M","FL 2019 - Kombi","CZ",14,117,3387,0.6,242,145,2019,"x",null,"Ventus c 17,6m","FC","M",""]
["David Mach",1994,"Hronov","CZ/C2","PMČRj 2019 - Klub","CZ",1,5324,5324,0.91,{"$f":"ROUND(H2532/I2532*10000*0.7+(MAX($G$2532:$G$2562)-G2532)/(MAX($G$2532:$G$2562)-1)*10000*0.3,0)","v":10000},9100,2019,null,null,"Std. Cirrus","XC","M",""]
["Daniel Ryba",1994,"Dvůr Králové","CZ/C2","PMČRj 2019 - Klub","CZ",2,4993,5324,0.91,{"$f":"ROUND(H2533/I2533*10000*0.7+(MAX($G$2532:$G$2562)-G2533)/(MAX($G$2532:$G$2562)-1)*10000*0.3,0)","v":9465},8613,2019,null,null,"ASW 19B","L7","M",""]
["Barbora Moravcova",{"$f":"VLOOKUP(A2534,Pilot,2,0)","v":1994},"Zbraslavice",{"$f":"VLOOKUP(A2534,Pilot,4,0)","v":"CZ/C1"},"PMČRj 2019 - Klub","CZ",3,4955,5324,{"$f":"VLOOKUP(E2534,Soutez,8,0)","v":0.91},9315,8477,2019,"x","x","ASW 19B","CF","F",""]
["Jaromir Macoun",1999,"Jičín","CZ/C2","PMČRj 2019 - Klub","CZ",4,4654,5324,0.91,8819,{"$f":"ROUND(J2535*K2535,0)","v":8025},2019,null,null,"LS 8 15 m","EU",{"$f":"VLOOKUP(A2535,Pilot,5,0)","v":"M"},{"$f":"IF(ISERROR(VLOOKUP(A2535,Pilot,6,0)),\"Není v databázi\",VLOOKUP(A2535,Pilot,6,0))","v":"Junior v roce 2020"}]
["Petr Valenta 94",1994,"Kunovice","CZ/M","PMČRj 2019 - Klub","CZ",5,4576,5324,0.91,8617,7841,2019,"x",null,"Std. Cirrus","PIF","M",""]
["Vit Morkovsky",2000,"Polička","CZ/C2","PMČRj 2019 - Klub","CZ",6,4322,5324,0.91,8183,7447,2019,"x",null,"ASW-24A bez TN8","SM","M","Junior v roce 2020"]
["Ivan Tvrdik",1997,"Letňany","CZ/C1","PMČRj 2019 - Klub","CZ",7,4161,5324,0.91,7871,7163,2019,"x",null,"Discus b","LH","M","Junior v roce 2020"]
["Jan Vozeh",1995,"Rakovník","CZ/C1","PMČRj 2019 - Klub","CZ",8,3904,5324,0.91,7433,6764,2019,"x",null,"Std. Cirrus","OG","M","Junior v roce 2020"]
["Tomas Jilek",1995,"Raná","CZ/C2","PMČRj 2019 - Klub","CZ",9,3685,5324,0.91,7045,6411,2019,"x",null,"ASW 15","PI","M","Junior v roce 2020"]
["Tereza Koubkova",1999,"Letňany","CZ/C1","PMČRj 2019 - Klub","CZ",10,3573,5324,0.91,6798,6186,2019,"x","x","Std. Cirrus","WY","F","Junior v roce 2020"]
["David Rozporka",1994,"Hronov","CZ/C2","PMČRj 2019 - Klub","CZ",11,3316,5324,0.91,6360,5788,2019,"x",null,"Std. Cirrus","LY","M",""]
["Vladimir Hammer",2000,"Klatovy","CZ/C1","PMČRj 2019 - Klub","CZ",12,3196,5324,0.91,6102,5553,2019,"x",null,"Std. Cirrus","2U","M","Junior v roce 2020"]
["Tomas Moravec",2000,"Žamberk","CZ/C2","PMČRj 2019 - Klub","CZ",13,3098,5324,0.91,5873,5344,2019,"x",null,"Std. Cirrus WL","OK6","M","Junior v roce 2020"]
["Jan Beran",1999,"Kladno","CZ/C1","PMČRj 2019 - Klub","CZ",14,3094,5324,0.91,5768,5249,2019,"x",null,"ASW 15B","2P","M","Junior v roce 2020"]
["Tibor Hezina",2002,"Křižanov","CZ/M","PMČRj 2019 - Klub","CZ",15,2912,5324,0.91,5429,4940,2019,"x",null,"Std. Cirrus","IJ","M","Junior v roce 2020"]
["Marek Loukota",2000,"Letkov","CZ/C1","PMČRj 2019 - Klub","CZ",16,2879,5324,0.91,5285,4809,2019,"x",null,"Std. Cirrus","SB","M","Junior v roce 2020"]
["Jan Stastny",2003,"Medlánky","CZ/M","PMČRj 2019 - Klub","CZ",17,2841,5324,0.91,5135,4673,2019,"x",null,"ASW 15B","TW","M","Junior v roce 2020"]
["Lukas Maly",1998,"Vysoké Mýto","CZ/C2","PMČRj 2019 - Klub","CZ",18,2824,5324,0.91,5013,4562,2019,null,null,"VSO-10","VM","M","Junior v roce 2020"]
["Jiri Maier 99",1999,"Raná","CZ/C2","PMČRj 2019 - Klub","CZ",19,2807,5324,0.91,4891,4451,2019,"x",null,"Std. Cirrus","CI","M","Junior v roce 2020"]
["Marek Pechar",1995,"Chrudim","CZ/C2","PMČRj 2019 - Klub","CZ",20,2736,5324,0.91,4697,4274,2019,"x",null,"Std. Cirrus WL","JE","M","Junior v roce 2020"]
["Josef Hlusek",1993,"Kunovice","CZ/M","PMČRj 2019 - Klub","CZ",21,2684,5324,0.91,4529,4121,2019,"x",null,"Std. Cirrus","WO","M",""]
["Jakub Malik",1999,"Letňany","CZ/C1","PMČRj 2019 - Klub","CZ",22,2581,5324,0.91,4294,3908,2019,"x",null,"VSO-10","L5","M","Junior v roce 2020"]
["Tomas Hulmak",1999,"Hosín","CZ/C1","PMČRj 2019 - Klub","CZ",23,2576,5324,0.91,4187,3810,2019,"x",null,"ASW 15B","HH","M","Junior v roce 2020"]
["Michal Coufal",1999,"Jičín","CZ/C2","PMČRj 2019 - Klub","CZ",24,2553,5324,0.91,4057,3692,2019,"x",null,"Std. Cirrus","FS","M","Junior v roce 2020"]
["Michaela Krizova",2001,"Přibyslav","CZ/C2","PMČRj 2019 - Klub","CZ",25,2335,5324,0.91,3670,3340,2019,"x","x","ASW 15B","BE","F","Junior v roce 2020"]
["Lukas Kotek",1994,"Frýdlant","CZ/M","PMČRj 2019 - Klub","CZ",26,2268,5324,0.91,3482,3169,2019,"x",null,"DG-200 15m","AK","M",""]
["Jakub Koudelka",2000,"Křižanov","CZ/M","PMČRj 2019 - Klub","CZ",27,1984,5324,0.91,3009,2738,2019,"x",null,"ASW 15B",17,"M","Junior v roce 2020"]
["Eliska Bohunovska",2001,"Hranice","CZ/M","PMČRj 2019 - Klub","CZ",28,1476,5324,0.91,2241,2039,2019,"x","x","Std. Cirrus","HC","F","Junior v roce 2020"]
["Sabina Vitova",1998,"Kroměříž","CZ/M","PMČRj 2019 - Klub","CZ",29,1434,5324,0.91,2085,1897,2019,"x","x","Astir CS Jeans","2Y","F","Junior v roce 2020"]
["Lukas Zemek",1994,"Letkov","CZ/C1","PMČRj 2019 - Klub","CZ",30,1007,5324,0.91,1424,1296,2019,"x",null,"LS 1-c","VY","M",""]
["Tomas Ondrusek",1994,"Letkov","CZ/C1","PMČRj 2019 - Klub","CZ",31,0,5324,0.91,0,0,2019,null,null,"Discus b","SJ","M",""]
["Ondrej Teichman",1984,{"$f":"VLOOKUP(A2563,Pilot,3,0)","v":"Dvůr Králové"},"CZ/C2","Safari 2019 - Duo Kombi","CZ",1,4311,4311,0.60499999999999998,{"$f":"ROUND(H2563/I2563*10000*0.7+(MAX($G$2563:$G$2577)-G2563)/(MAX($G$2563:$G$2577)-1)*10000*0.3,0)","v":10000},6050,2019,"x",null,"L-23 Blanik","KM","M",""]
["Jan Sindelar",1946,"Kunovice","CZ/M","Safari 2019 - Duo Kombi","CZ",2,4247,4311,0.60499999999999998,{"$f":"ROUND(H2564/I2564*10000*0.7+(MAX($G$2563:$G$2577)-G2564)/(MAX($G$2563:$G$2577)-1)*10000*0.3,0)","v":9682},5858,2019,"x",null,"L-13 Blanik","Z","M",""]
["Vojtech Pivonka",1976,"Vrchlabí","CZ/C2","Safari 2019 - Duo Kombi","CZ",3,3768,4311,0.60499999999999998,8690,5257,2019,"x",null,"L-13 Blanik","AY","M",""]
["Rostislav Broz",1968,{"$f":"VLOOKUP(A2566,Pilot,3,0)","v":"Vrchlabí"},"CZ/C2","Safari 2019 - Duo Kombi","CZ",4,3329,4311,0.60499999999999998,7763,4697,2019,"x",null,"L-13 Blanik","V","M",""]
["Petr Panek",1975,"Dvůr Králové","CZ/C2","Safari 2019 - Duo Kombi","CZ",5,3321,4311,0.60499999999999998,7535,4559,2019,null,null,"L-13 Blanik","XX","M",""]
["Vladimir Prihoda",1953,"Kralupy","CZ/C1","Safari 2019 - Duo Kombi","CZ",6,3317,4311,0.60499999999999998,7315,4426,2019,"x",null,"L-23 Super Blanik","I","M",""]
["Lukas Capek",1992,"Letňany","CZ/C1","Safari 2019 - Duo Kombi","CZ",7,3273,4311,0.60499999999999998,7029,4253,2019,null,null,"L 13 Blanik","L","M",""]
["Petr Hybner",1951,"Liberec","CZ/C2","Safari 2019 - Duo Kombi","CZ",8,3035,4311,0.60499999999999998,6428,3889,2019,"x",null,"L-23 Super Blanik",23,"M",""]
["Pavel Kuriscak",1987,"Beroun","CZ/C1","Safari 2019 - Duo Kombi","CZ",9,2217,4311,0.60499999999999998,4886,2956,2019,"x",null,"L-13 Blanik","BU","M",""]
["Martin Markl",1960,"Kolín","CZ/C1","Safari 2019 - Duo Kombi","CZ",10,2001,4311,0.60499999999999998,4321,2614,2019,"x",null,"L-13 Blanik","FL","M",""]
["Ivan Ladr",1940,"Dvůr Králové","CZ/C2","Safari 2019 - Duo Kombi","CZ",11,1868,4311,0.60499999999999998,3890,2353,2019,"x",null,"L-13 Blanik","LT","M",""]
["Jaroslav Nedorost",1986,"Letňany","CZ/C1","Safari 2019 - Duo Kombi","CZ",12,1840,4311,0.60499999999999998,3631,2197,2019,"x",null,"L-13 Blanik","BA","M",""]
["Martin Benesovsky",1900,"Kolín","CZ/C1","Safari 2019 - Duo Kombi","CZ",13,759,4311,0.60499999999999998,1661,1005,2019,"x",null,"L-13 Blanik","FI","M",""]
["Bohumir Zajdl",1950,"Dvůr Králové","CZ/C2","Safari 2019 - Duo Kombi","CZ",14,661,4311,0.60499999999999998,1288,779,2019,"x",null,"L-13","LT","M",""]
["Michal Richter",1983,"Kolín","CZ/C1","Safari 2019 - Duo Kombi","CZ",15,597,4311,0.60499999999999998,969,586,2019,"x",null,"L-13 Blanik","FI","M",""]
["Marek Kornec",{"$f":"VLOOKUP(A2578,Pilot,2,0)","v":1957},{"$f":"VLOOKUP(A2578,Pilot,3,0)","v":"Dvůr Králové"},{"$f":"VLOOKUP(A2578,Pilot,4,0)","v":"CZ/C2"},"Safari 2019 - Klub","CZ",1,6191,6191,{"$f":"VLOOKUP(E2578,Soutez,8,0)","v":0.6},{"$f":"ROUND(H2578/I2578*10000*0.7+(MAX($G$2578:$G$2605)-G2578)/(MAX($G$2578:$G$2605)-1)*10000*0.3,0)","v":10000},6000,2019,"x",null,"Janus C FG","KSS","M",""]
["Milan Dvorak",1965,"Liberec","CZ/C2","Safari 2019 - Klub","CZ",2,6084,6191,0.6,{"$f":"ROUND(H2579/I2579*10000*0.7+(MAX($G$2578:$G$2605)-G2579)/(MAX($G$2578:$G$2605)-1)*10000*0.3,0)","v":9768},{"$f":"ROUND(J2579*K2579,0)","v":5861},2019,"x",null,"HPH 304cz 15 m","IH",{"$f":"VLOOKUP(A2579,Pilot,5,0)","v":"M"},{"$f":"IF(ISERROR(VLOOKUP(A2579,Pilot,6,0)),\"Není v databázi\",VLOOKUP(A2579,Pilot,6,0))","v":""}]
["Wolfgang Sluka",1942,"Liberec","CZ/C2","Safari 2019 - Klub","CZ",3,5746,6191,0.6,9275,5565,2019,"x",null,"Std.Cirrus","KA","M",""]
["Jaroslav Sima",1972,"Chomutov","CZ/C2","Safari 2019 - Klub","CZ",4,5567,6191,0.6,8961,5377,2019,"x",null,"G-104 Speed Astir II","V2","M",""]
["Jan Hybner",1977,"Liberec","CZ/C2","Safari 2019 - Klub","CZ",5,5548,6191,0.6,8829,5297,2019,"x",null,"HPH 304cz 15 m","LB","M",""]
["Tomas Kulhavy",2001,"Liberec","CZ/C2","Safari 2019 - Klub","CZ",6,5470,6191,0.6,8629,5177,2019,"x",null,"VSO-10",78,"M","Junior v roce 2020"]
["Krzysztof Pienkowski",null,"Bialsko-Biala","PL","Safari 2019 - Klub","CZ",7,5412,6191,0.6,8453,5072,2019,null,null,"LS4","KP","M","Není v databázi"]
["Pavel Derda",1952,{"$f":"VLOOKUP(A2585,Pilot,3,0)","v":"Dvůr Králové"},"CZ/C2","Safari 2019 - Klub","CZ",8,5022,6191,0.6,7900,4740,2019,"x",null,"Cirrus VTC","VE","M",""]
["Vaclav Sehnal",1962,"Kolín","CZ/C1","Safari 2019 - Klub","CZ",9,4674,6191,0.6,7396,4438,2019,"x",null,"ASK-21 duo","SFC","M",""]
["Jarmila Zatykova",1959,"Kralupy","CZ/C1","Safari 2019 - Klub","CZ",10,4667,6191,0.6,7277,4366,2019,"x","x","Discus b","JD","F",""]
["Martin Cicvarek",1966,"Liberec","CZ/C2","Safari 2019 - Klub","CZ",11,4556,6191,0.6,7040,4224,2019,"x",null,"DG-400 15 m","AC","M",""]
["Marek Malinsky",1985,"Chrudim","CZ/C2","Safari 2019 - Klub","CZ",12,4057,6191,0.6,6365,3819,2019,"x",null,"Std. Cirrus","A","M",""]
["Leszek Wolosowicz",null,"Lublin/KSS","PL","Safari 2019 - Klub","CZ",13,4022,6191,0.6,6214,3728,2019,null,null,"PW-5","CU","M","Není v databázi"]
["Artur Szlachta",null,"LSV Seligensstadt-Zellhausen","DE","Safari 2019 - Klub","CZ",14,3811,6191,0.6,5865,3519,2019,null,null,"LS 4","V4","M","Není v databázi"]
["Petr Doubek",1974,{"$f":"VLOOKUP(A2592,Pilot,3,0)","v":"Kralupy"},"CZ/C1","Safari 2019 - Klub","CZ",15,3644,6191,0.6,5565,3339,2019,"x",null,"ASW-20(A)+F 15m","Y5","M",""]
["Petr Lonsky",1965,"Toužim","CZ/C1","Safari 2019 - Klub","CZ",16,3376,6191,0.6,5150,3090,2019,"x",null,"LS 1d","CL","M",""]
["Karel Ertl",1939,"LK Břeclav","CZ/M","Safari 2019 - Klub","CZ",17,3359,6191,0.6,5020,3012,2019,"x",null,"TST-10M Atlas","KE","M",""]
["Jiri Skarka",1965,"Chomutov","CZ/C2","Safari 2019 - Klub","CZ",18,3061,6191,0.6,4572,2743,2019,"x",null,"ASW-19","HK","M",""]
["Piotr Ligwinski",null,"Czestochowa","PL","Safari 2019 - Klub","CZ",19,3035,6191,0.6,4432,2659,2019,null,null,"SZD 48 Jantar std 2,3","DA","M","Není v databázi"]
["Tereza Novakova",1993,{"$f":"VLOOKUP(A2597,Pilot,3,0)","v":"Chrudim"},"CZ/C2","Safari 2019 - Klub","CZ",20,2930,6191,0.6,4202,2521,2019,"x","x","Std Cirrus","FF","F",""]
["Lukas Hykl",1985,"Kolín","CZ/C1","Safari 2019 - Klub","CZ",21,1590,6191,0.6,2576,1546,2019,"x",null,"SZD-48 Jantar Std.2(3) WL","VS","M",""]
["Petr Omelka",1970,"Vyškov","CZ/M","Safari 2019 - Klub","CZ",22,1363,6191,0.6,2208,1325,2019,"x",null,"G-104 Speed Astir II b","KF","M",""]
["Krzysztof Kostka",null,"Jelenia Gora","PL","Safari 2019 - Klub","CZ",23,1005,6191,0.6,1692,1015,2019,null,null,"DG 300 Club Elan WL","N5","M","Není v databázi"]
["Ryszard Bendkowski",null,"Warszawa","PL","Safari 2019 - Klub","CZ",24,919,6191,0.6,1484,890,2019,null,null,"SZD-48 Jantar std. 2(3)","Fili","M","Není v databázi"]
["Jiri Donat",1983,{"$f":"VLOOKUP(A2602,Pilot,3,0)","v":"Chrudim"},"CZ/C2","Safari 2019 - Klub","CZ",25,887,6191,0.6,1336,802,2019,"x",null,"G-103 Twin Basic dvojí","VT","M",""]
["Leos Nosek",1958,"Vyškov","CZ/M","Safari 2019 - Klub","CZ",26,688,6191,0.6,1000,600,2019,"x",null,"G-104 Speed Astir II b","KF","M",""]
["Romuald Dorofieczyk",null,"Jelenia Gora","PL","Safari 2019 - Klub","CZ",27,303,6191,0.6,454,272,2019,null,null,"DG-300 Club ELAN WL","N5","M","Není v databázi"]
["Aleksander Jedrosz",null,"Jelenia Gora","PL","Safari 2019 - Klub","CZ",28,0,6191,0.6,0,0,2019,null,null,"Centrair C 101A,B Pegas","AJ","M","Není v databázi"]
["Jana Veprekova",1961,{"$f":"VLOOKUP(A2606,Pilot,3,0)","v":"Dvůr Králové"},"CZ/C2","Safari 2019 - Kombi","CZ",1,6283,6283,0.60499999999999998,{"$f":"ROUND(H2606/I2606*10000*0.7+(MAX($G$2606:$G$2616)-G2606)/(MAX($G$2606:$G$2616)-1)*10000*0.3,0)","v":10000},6050,2019,null,null,"LS 8, a,b,s,st 15m voda","W8","F",""]
["Lukas Hynek",1979,"Dvůr Králové","CZ/C2","Safari 2019 - Kombi","CZ",2,6117,6283,0.60499999999999998,{"$f":"ROUND(H2607/I2607*10000*0.7+(MAX($G$2606:$G$2616)-G2607)/(MAX($G$2606:$G$2616)-1)*10000*0.3,0)","v":9515},5757,2019,"x",null,"DG 200 17m voda","IQ","M",""]
["Jan Nyc",1943,"Dvůr Králové","CZ/C2","Safari 2019 - Kombi","CZ",3,6069,6283,0.60499999999999998,9162,5543,2019,"x",null,"DuoDiscus T 700 kg voda","ZS","M",""]
["Milan Meisner",1961,"Dvůr Králové","CZ/C2","Safari 2019 - Kombi","CZ",4,5690,6283,0.60499999999999998,8439,5106,2019,"x",null,"Ventus c 17,6 m voda","VV","M",""]
["Jan Dersak 69",1969,"Kralupy","CZ/C1","Safari 2019 - Kombi","CZ",5,5429,6283,0.60499999999999998,7849,4749,2019,null,null,"HPH 304JS /18m 573 kg voda","DJ","M",""]
["Ladislav Prokes",1954,"Vrchlabí","CZ/C2","Safari 2019 - Kombi","CZ",6,4397,6283,0.60499999999999998,6399,3871,2019,"x",null,"Discus b voda","VR","M",""]
["Slavomir Tanglmajer",1966,"Chomutov","CZ/C2","Safari 2019 - Kombi","CZ",7,3577,6283,0.60499999999999998,5185,3137,2019,"x",null,"DG-400 17 m","ST","M",""]
["Karel Policky",1950,"Kolín","CZ/C1","Safari 2019 - Kombi","CZ",8,2826,6283,0.60499999999999998,4048,2449,2019,"x",null,"DuoDiscus 700 kg voda",777,"M",""]
["Jan Pazour",1979,"Dvůr Králové","CZ/C2","Safari 2019 - Kombi","CZ",9,2770,6283,0.60499999999999998,3686,2230,2019,"x",null,"ASW-20L+FL 16,6 m bez v","JP","M",""]
["Tomas Ditrt",1969,"Podhořany","CZ/C2","Safari 2019 - Kombi","CZ",10,2372,6283,0.60499999999999998,2943,1781,2019,"x",null,"ASW 20 x+ F 15 m","LS","M",""]
["Maciej Walasek",null,"Krakow","PL","Safari 2019 - Kombi","CZ",11,918,6283,0.60499999999999998,1023,619,2019,null,null,"LS 6c 18m WL","KK","M","Není v databázi"]
["Jiri Holcman",1976,{"$f":"VLOOKUP(A2617,Pilot,3,0)","v":"Hosín"},"CZ/C1","PPV 2019 - Klub","CZ",1,1986,1986,0.9,{"$f":"ROUND(H2617/I2617*10000*0.7+(MAX($G$2617:$G$2663)-G2617)/(MAX($G$2617:$G$2663)-1)*10000*0.3,0)","v":10000},9000,2019,"x",null,"ASW 19","BO","M",""]
["Josef Novotny",1983,"Přibyslav","CZ/C2","PPV 2019 - Klub","CZ",2,1983,1986,0.9,9924,8932,2019,"x",null,"Cirrus Std.","AW","M",""]
["Jaromir Pauer",1974,"Hosín","CZ/C1","PPV 2019 - Klub","CZ",3,1914,1986,0.9,9616,8654,2019,"x",null,"DG101G",78,"M",""]
["Michal Kodousek",1983,"Jaroměř","CZ/C2","PPV 2019 - Klub","CZ",4,1854,1986,0.9,9339,8405,2019,"x",null,"LS 3","RI","M",""]
["Radoslav Pur",1973,"Hosín","CZ/C1","PPV 2019 - Klub","CZ",5,1847,1986,0.9,9249,8324,2019,"x",null,"DG200","EK","M",""]
["Karel Horalek",{"$f":"VLOOKUP(A2622,Pilot,2,0)","v":1976},"Olomouc",{"$f":"VLOOKUP(A2622,Pilot,4,0)","v":"CZ/M"},"PPV 2019 - Klub","CZ",6,1842,1986,{"$f":"VLOOKUP(E2622,Soutez,8,0)","v":0.9},9166,8249,2019,"x",null,"LS 3 15m","Y1","M",""]
["Martin Svarc",1981,"Olomouc","CZ/M","PPV 2019 - Klub","CZ",7,1796,1986,0.9,8939,{"$f":"ROUND(J2623*K2623,0)","v":8045},2019,"x",null,"DG101G","HE",{"$f":"VLOOKUP(A2623,Pilot,5,0)","v":"M"},{"$f":"IF(ISERROR(VLOOKUP(A2623,Pilot,6,0)),\"Není v databázi\",VLOOKUP(A2623,Pilot,6,0))","v":""}]
["Vaclav Marel",1974,"Jaroměř","CZ/C2","PPV 2019 - Klub","CZ",8,1788,1986,0.9,8846,7961,2019,"x",null,"Cirrus Std.","IF","M",""]
["Petr Hofman",1984,"Letňany","CZ/C1","PPV 2019 - Klub","CZ",9,1771,1986,0.9,8720,7848,2019,"x",null,"ASW 15B","MA","M",""]
["Jindrich Svorc",1978,"Letňany","CZ/C1","PPV 2019 - Klub","CZ",10,1766,1986,0.9,8638,7774,2019,"x",null,"Cirrus Std.","IMI","M",""]
["Milan Svoboda 80",1980,"Havlíčkův Brod","CZ/C2","PPV 2019 - Klub","CZ",10,1766,1986,0.9,8638,7774,2019,"x",null,"VT-116 Orlik 2",46,"M",""]
["Juraj Dudas",1990,"Křižanov","CZ/M","PPV 2019 - Klub","CZ",12,1755,1986,0.9,8468,7621,2019,"x",null,"Cirrus Std.","XII","M",""]
["Miloslav Hulmak",1963,"Hosín","CZ/C1","PPV 2019 - Klub","CZ",13,1740,1986,0.9,8350,7515,2019,"x",null,"ASW 15B","I","M",""]
["Jaroslav Cempirek 77",1977,"Jihlava","CZ/M","PPV 2019 - Klub","CZ",14,1736,1986,0.9,8271,7444,2019,"x",null,"VSO-10","G1","M",""]
["Josef Kolman",1983,"Letňany","CZ/C1","PPV 2019 - Klub","CZ",15,1714,1986,0.9,8128,7315,2019,"x",null,"ASW-15B","BA4","M",""]
["Radek Zima 75",1975,"Břeclav","CZ/M","PPV 2019 - Klub","CZ",16,1710,1986,0.9,8049,7244,2019,"x",null,"DG 100","M","M",""]
["Matous Schmidt",1981,"Letňany","CZ/C1","PPV 2019 - Klub","CZ",17,1685,1986,0.9,7896,7106,2019,"x",null,"Discus b","LH","M",""]
["Pavel Liska",1965,"Roudnice","CZ/C2","PPV 2019 - Klub","CZ",18,1666,1986,0.9,7763,6987,2019,"x",null,"VSO-10",6,"M",""]
["Jan Oscatka",1990,"Jaroměř","CZ/C2","PPV 2019 - Klub","CZ",19,1637,1986,0.9,7596,6836,2019,"x",null,"Cirrus Std.","GO","M",""]
["David Vrchota",1976,"Jaroměř","CZ/C2","PPV 2019 - Klub","CZ",20,1634,1986,0.9,7520,6768,2019,"x",null,"Janus b","BV","M",""]
["Jan Beranek",1976,"Jihlava","CZ/M","PPV 2019 - Klub","CZ",21,1625,1986,0.9,7423,6681,2019,"x",null,"ASW 19B","U2","M",""]
["Martin Urner",1974,"Letňany","CZ/C1","PPV 2019 - Klub","CZ",22,1557,1986,0.9,7118,6406,2019,"x",null,"ASW 15B","JJ","M",""]
["Petr Rozhon",1972,"Hosín","CZ/C1","PPV 2019 - Klub","CZ",23,1552,1986,0.9,7036,6332,2019,"x",null,"VSO-10",9,"M",""]
["Jiri Koudela",1974,"Vyškov","CZ/M","PPV 2019 - Klub","CZ",24,1494,1986,0.9,6766,6089,2019,"x",null,"ASW 19B","JK","M",""]
["Tomas Hulmak",1999,"Hosín","CZ/C1","PPV 2019 - Klub","CZ",25,1466,1986,0.9,6602,5942,2019,"x",null,"ASW 15B","HH","M","Junior v roce 2020"]
["Tomas Ptacovsky",1981,"Letňany","CZ/C1","PPV 2019 - Klub","CZ",26,1458,1986,0.9,6509,5858,2019,"x",null,"ASW 19B","WTF","M",""]
["Ivan Kuzelka",1945,"Havlíčkův Brod","CZ/C2","PPV 2019 - Klub","CZ",27,1379,1986,0.9,6165,5549,2019,"x",null,"VT-116 Orlik 2",null,"M",""]
["Ondrej Blaha",1976,"Letňany","CZ/C1","PPV 2019 - Klub","CZ",28,1266,1986,0.9,5701,5131,2019,"x",null,"VT-116 Orlik 2",44,"M",""]
["Roman Lengal",1987,"Břeclav","CZ/M","PPV 2019 - Klub","CZ",29,1237,1986,0.9,5534,4981,2019,"x",null,"Cirrus - VTC",13,"M",""]
["Vilem Riha",1990,"Letňany","CZ/C1","PPV 2019 - Klub","CZ",30,1227,1986,0.9,5433,4890,2019,"x",null,"Cirrus Std.","YU","M",""]
["Libor Danhel",1966,"Kunovice","CZ/M","PPV 2019 - Klub","CZ",31,1207,1986,0.9,5298,4768,2019,"x",null,"Cirrus Std.","OK","M",""]
["Ondrej Hart",1990,"Letňany","CZ/C1","PPV 2019 - Klub","CZ",32,1191,1986,0.9,5176,4658,2019,"x",null,"VSO-10","M4","M",""]
["Libor Bednarik",1972,"Kunovice","CZ/M","PPV 2019 - Klub","CZ",33,1175,1986,0.9,5055,4550,2019,"x",null,"Cirrus Std.","PIF","M",""]
["Vaclav Petru",1974,"Letňany","CZ/C1","PPV 2019 - Klub","CZ",34,1159,1986,0.9,4933,4440,2019,"x",null,"TST-3TM","AI","M",""]
["Yvona Vyhnankova",1963,"Olomouc","CZ/M","PPV 2019 - Klub","CZ",35,1129,1986,0.9,4762,4286,2019,"x","x","ASW 15","YZ","F",""]
["Petr Valenta 76",1976,"Jaroměř","CZ/C2","PPV 2019 - Klub","CZ",36,1124,1986,0.9,4679,4211,2019,"x",null,"Discus b","JA","M",""]
["Jiri Dockal",1982,"Letňany","CZ/C1","PPV 2019 - Klub","CZ",37,1097,1986,0.9,4519,4067,2019,"x",null,"VSO-10","L9","M",""]
["Lubomir Papezik",1951,"Luhačovice","CZ/M","PPV 2019 - Klub","CZ",38,924,1986,0.9,3844,3460,2019,"x",null,"LS 4","FP","M",""]
["Jan Zezula",1979,"Letňany","CZ/C1","PPV 2019 - Klub","CZ",39,800,1986,0.9,3341,3007,2019,"x",null,"ASW 19B","HD","M",""]
["Vaclav Ochotny",1966,"Kunovice","CZ/M","PPV 2019 - Klub","CZ",40,608,1986,0.9,2600,2340,2019,"x",null,"DG 400 15m","VZ","M",""]
["Jiri Kohoutek",1983,"Olomouc","CZ/M","PPV 2019 - Klub","CZ",41,571,1986,0.9,2404,2164,2019,"x",null,"DG101G","IL","M",""]
["Milos Hrabe",1979,"Letňany","CZ/C1","PPV 2019 - Klub","CZ",42,542,1986,0.9,2236,2012,2019,"x",null,"VSO-10","L2","M",""]
["Lukas Zach",1987,"Vyškov","CZ/M","PPV 2019 - Klub","CZ",43,417,1986,0.9,1731,1558,2019,"x",null,"Grob Astir","AS","M",""]
["Stanislav John",1974,"Hosín","CZ/C1","PPV 2019 - Klub","CZ",44,398,1986,0.9,1598,1438,2019,"x",null,"DG101G","H5","M",""]
["Michaela Sirmerova",2000,"Jihlava","CZ/M","PPV 2019 - Klub","CZ",45,360,1986,0.9,1399,1259,2019,"x","x","ASW 15B","A5","F","Junior v roce 2020"]
["Antonin Pilat",1971,"Vyškov","CZ/M","PPV 2019 - Klub","CZ",46,306,1986,0.9,1144,1030,2019,"x",null,"DG 200 - 15","JB","M",""]
["Jiri Janda",1966,"Letňany","CZ/C1","PPV 2019 - Klub","CZ",47,122,1986,0.9,430,387,2019,"x",null,"Cirrus Std.","ZT","M",""]
["Jan Boruvka",1984,{"$f":"VLOOKUP(A2664,Pilot,3,0)","v":"Jičín"},"CZ/C2","PPV 2019 - Kombi","CZ",1,2263,2263,0.90500000000000003,{"$f":"ROUND(H2664/I2664*10000*0.7+(MAX($G$2664:$G$2682)-G2664)/(MAX($G$2664:$G$2682)-1)*10000*0.3,0)","v":10000},9050,2019,"x",null,"Ventus C 17,6m","EG","M",""]
["Pavel Zima",1979,"Břeclav","CZ/M","PPV 2019 - Kombi","CZ",2,2152,2263,0.90500000000000003,9490,8588,2019,"x",null,"Ventus CM 17.6m","RK","M",""]
["Radek Kucirek",1973,"Havlíčkův Brod","CZ/C2","PPV 2019 - Kombi","CZ",3,2150,2263,0.90500000000000003,9317,8432,2019,"x",null,"EB 28","NA","M",""]
["Petr Hotovy",1958,"Česká Lípa","CZ/C2","PPV 2019 - Kombi","CZ",4,2070,2263,0.90500000000000003,8903,8057,2019,"x",null,"JS1B TJ","IGC","M",""]
["Lukas Benedikt",null,"AK Trnava","SK","PPV 2019 - Kombi","CZ",5,2055,2263,0.90500000000000003,8690,7864,2019,null,null,"Ventus 3F 17,6m","LB","M","Není v databázi"]
["Jan Kantor",1983,{"$f":"VLOOKUP(A2669,Pilot,3,0)","v":"Letňany"},"CZ/C1","PPV 2019 - Kombi","CZ",6,2012,2263,0.90500000000000003,8390,7593,2019,"x",null,"Ventus C 17,6m","UČ","M",""]
["Josef Busek",1967,"Hosín","CZ/C1","PPV 2019 - Kombi","CZ",7,1765,2263,0.90500000000000003,7460,6751,2019,"x",null,"DuoDiscus X","BB","M",""]
["Jan Dersak 69",1969,"Kralupy","CZ/C1","PPV 2019 - Kombi","CZ",8,1740,2263,0.90500000000000003,7216,6530,2019,"x",null,"HPH 304 SJ","DJ","M",""]
["Michael Fik",1972,"Strakonice","CZ/C1","PPV 2019 - Kombi","CZ",9,1725,2263,0.90500000000000003,7003,6338,2019,"x",null,"Ventus C 17,6m","GE","M",""]
["Jan Kohout",1970,"Žamberk","CZ/C2","PPV 2019 - Kombi","CZ",10,1688,2263,0.90500000000000003,6721,6083,2019,"x",null,"LS 8","SK","M",""]
["Antonin Konicek",1973,"Kunovice","CZ/M","PPV 2019 - Kombi","CZ",11,1606,2263,0.90500000000000003,6301,5702,2019,"x",null,"HPH 304 MS","KK","M",""]
["Petr Babak 73",1973,"Hořice","CZ/C2","PPV 2019 - Kombi","CZ",12,1527,2263,0.90500000000000003,5890,5330,2019,"x",null,"Ventus C 17,6m","LS","M",""]
["David Zapletal",{"$f":"VLOOKUP(A2676,Pilot,2,0)","v":1970},"Mladá Boleslav",{"$f":"VLOOKUP(A2676,Pilot,4,0)","v":"CZ/C1"},"PPV 2019 - Kombi","CZ",13,1517,2263,{"$f":"VLOOKUP(E2676,Soutez,8,0)","v":0.90500000000000003},5692,5151,2019,"x",null,"Ventus C 17,6m","PUP","M",""]
["Jan Simon",1970,"Kralupy","CZ/C1","PPV 2019 - Kombi","CZ",14,1509,2263,0.90500000000000003,5501,{"$f":"ROUND(J2677*K2677,0)","v":4978},2019,null,null,"Ventus CT 17.6m","KR",{"$f":"VLOOKUP(A2677,Pilot,5,0)","v":"M"},{"$f":"IF(ISERROR(VLOOKUP(A2677,Pilot,6,0)),\"Není v databázi\",VLOOKUP(A2677,Pilot,6,0))","v":""}]
["Petr Malcek",1965,"Letňany","CZ/C1","PPV 2019 - Kombi","CZ",15,1207,2263,0.90500000000000003,4400,3982,2019,"x",null,"DuoDiscus XT","DD","M",""]
["Milos Mach",null,"Nove Zamky","SK","PPV 2019 - Kombi","CZ",16,1204,2263,0.90500000000000003,4224,3823,2019,null,null,"Discus 2","JH","M","Není v databázi"]
["Michal Hemrle",1974,{"$f":"VLOOKUP(A2680,Pilot,3,0)","v":"Česká Lípa"},"CZ/C2","PPV 2019 - Kombi","CZ",17,1128,2263,0.90500000000000003,3823,3460,2019,"x",null,"Ventus C 17,6m","XE","M",""]
["Zdenek Boruvka 54",1954,"Jičín","CZ/C2","PPV 2019 - Kombi","CZ",18,1074,2263,0.90500000000000003,3489,3158,2019,null,null,"LS 8","ZB","M",""]
["Pavel Haluza",1966,"Prostějov","CZ/M","PPV 2019 - Kombi","CZ",19,669,2263,0.90500000000000003,2069,1872,2019,"x",null,"Nimbus 2","HT","M",""]
["Jan Pubec",1979,{"$f":"VLOOKUP(A2683,Pilot,3,0)","v":"Plzeň Bory"},"CZ/C1","Toužim Cup 2019 - Klub","CZ",1,3734,3734,0.90500000000000003,{"$f":"ROUND(H2683/I2683*10000*0.7+(MAX($G$2683:$G$2713)-G2683)/(MAX($G$2683:$G$2713)-1)*10000*0.3,0)","v":10000},9050,2019,"x",null,"Std. Cirrus","LM","M",""]
["Lukas Koukal",1991,"Letkov","CZ/C1","Toužim Cup 2019 - Klub","CZ",2,3655,3734,0.90500000000000003,{"$f":"ROUND(H2684/I2684*10000*0.7+(MAX($G$2683:$G$2713)-G2684)/(MAX($G$2683:$G$2713)-1)*10000*0.3,0)","v":9752},8826,2019,"x",null,"ASW-15B","T1","M",""]
["Petr Jiranek 91",1991,"Toužim","CZ/C1","Toužim Cup 2019 - Klub","CZ",3,3577,3734,0.90500000000000003,9506,8603,2019,"x",null,"G-102 Astir cs","PJ","M",""]
["Martin Zahalka",1987,"Staňkov","CZ/C1","Toužim Cup 2019 - Klub","CZ",4,3544,3734,0.90500000000000003,9344,8456,2019,"x",null,"DG-100,101G","8B","M",""]
["Roman Jokl",1979,"Letkov","CZ/C1","Toužim Cup 2019 - Klub","CZ",5,3517,3734,0.90500000000000003,9193,8320,2019,"x",null,"ASW-19B","JL","M",""]
["Michal Drab",1969,"Letkov","CZ/C1","Toužim Cup 2019 - Klub","CZ",6,3459,3734,0.90500000000000003,8984,8131,2019,"x",null,"LS 1d","S3","M",""]
["Pavel Jiranek",1993,"Toužim","CZ/C1","Toužim Cup 2019 - Klub","CZ",7,3414,3734,0.90500000000000003,8800,7964,2019,"x",null,"Std. Cirrus","IYD","M",""]
["Ladislav Jozsa",1981,"Medlánky","CZ/M","Toužim Cup 2019 - Klub","CZ",8,3376,3734,0.90500000000000003,8629,7809,2019,"x",null,"Std. Cirrus","LJ","M",""]
["Jan Hlavacek",1965,"Rakovník","CZ/C1","Toužim Cup 2019 - Klub","CZ",9,3369,3734,0.90500000000000003,8516,7707,2019,"x",null,"Discus b","SJ","M",""]
["Martin Fric",1967,"Raná","CZ/C2","Toužim Cup 2019 - Klub","CZ",10,3261,3734,0.90500000000000003,8213,7433,2019,"x",null,"LS 3 15m","H1","M",""]
["Ivan Harasta 98",1998,"Toužim","CZ/C1","Toužim Cup 2019 - Klub","CZ",11,3117,3734,0.90500000000000003,7843,7098,2019,"x",null,"ASW-15B","HI","M","Junior v roce 2020"]
["Ivan Harasta 65",1965,"Toužim","CZ/C1","Toužim Cup 2019 - Klub","CZ",12,3063,3734,0.90500000000000003,7642,6916,2019,null,null,"ASW-15B","TT","M",""]
["Tomas Talanda",1988,"Křižanov","CZ/M","Toužim Cup 2019 - Klub","CZ",13,2772,3734,0.90500000000000003,6997,6332,2019,"x",null,"LS 1f","DP","M",""]
["Martin Valenta",1969,"Toužim","CZ/C1","Toužim Cup 2019 - Klub","CZ",14,2753,3734,0.90500000000000003,6861,6209,2019,"x",null,"LS 1c","P2","M",""]
["Petr Lonsky",1965,"Toužim","CZ/C1","Toužim Cup 2019 - Klub","CZ",15,2743,3734,0.90500000000000003,6742,6102,2019,"x",null,"LS 1d","CL","M",""]
["Lubomir Motl",1959,"Kyjov","CZ/M","Toužim Cup 2019 - Klub","CZ",16,2634,3734,0.90500000000000003,6438,5826,2019,null,null,"LS 1f","G2","M",""]
["Josef Kreutzer",1992,"Letkov","CZ/C1","Toužim Cup 2019 - Klub","CZ",17,2461,3734,0.90500000000000003,6014,5443,2019,"x",null,"Std. Cirrus","AL","M",""]
["Rostislav Fric",1973,"Raná","CZ/C2","Toužim Cup 2019 - Klub","CZ",18,2377,3734,0.90500000000000003,5756,5209,2019,"x",null,"ASW-19","FR","M",""]
["Jan Heroudek",1970,"Rakovník","CZ/C1","Toužim Cup 2019 - Klub","CZ",19,2285,3734,0.90500000000000003,5484,4963,2019,"x",null,"DG-100,101G",75,"M",""]
["Stanislav Doskocil",1978,"Medlánky","CZ/M","Toužim Cup 2019 - Klub","CZ",20,2106,3734,0.90500000000000003,5048,4568,2019,"x",null,"Std. Cirrus","SD","M",""]
["Tomas Seifert",1972,"Raná","CZ/C2","Toužim Cup 2019 - Klub","CZ",21,2058,3734,0.90500000000000003,4858,4396,2019,"x",null,"ASW-15B","MC","M",""]
["Martin Nejezchleb",1979,"Plzeň Bory","CZ/C1","Toužim Cup 2019 - Klub","CZ",22,1847,3734,0.90500000000000003,4363,3949,2019,"x",null,"Twin III","TO","M",""]
["Tomas Jung",1950,"Zbraslavice","CZ/C1","Toužim Cup 2019 - Klub","CZ",23,1682,3734,0.90500000000000003,3953,3577,2019,"x",null,"ASW-19 Club","O2","M",""]
["Jan Zanda",1983,"Letkov","CZ/C1","Toužim Cup 2019 - Klub","CZ",24,1563,3734,0.90500000000000003,3630,3285,2019,"x",null,"LS 1c","AN","M",""]
["Vit Prokop",1987,"Medlánky","CZ/M","Toužim Cup 2019 - Klub","CZ",25,1467,3734,0.90500000000000003,3350,3032,2019,"x",null,"Std. Cirrus","MF","M",""]
["Jiri Cincera",1966,"Toužim","CZ/C1","Toužim Cup 2019 - Klub","CZ",26,1413,3734,0.90500000000000003,3149,2850,2019,"x",null,"G-102 Astir cs","LS","M",""]
["Frantisek Brozman",1960,"Tachov","CZ/C1","Toužim Cup 2019 - Klub","CZ",27,1169,3734,0.90500000000000003,2591,2345,2019,"x",null,"VT116 Orlik II","TI","M",""]
["Vaclav Halek",1966,"Toužim","CZ/C1","Toužim Cup 2019 - Klub","CZ",28,1048,3734,0.90500000000000003,2265,2050,2019,"x",null,"G-102 Astir cs","PB","M",""]
["Vaclav Hrdina",1984,"Letkov","CZ/C1","Toužim Cup 2019 - Klub","CZ",29,815,3734,0.90500000000000003,1728,1564,2019,"x",null,"Std. Cirrus","SB","M",""]
["Jan Konecny",1972,"Rakovník","CZ/C1","Toužim Cup 2019 - Klub","CZ",30,665,3734,0.90500000000000003,1347,1219,2019,"x",null,"LS 7",72,"M",""]
["Frantisek Kriz",1961,"Toužim","CZ/C1","Toužim Cup 2019 - Klub","CZ",31,514,3734,0.90500000000000003,964,872,2019,"x",null,"LS 1d","FK","M",""]
["Tomas Rendla",1973,"Zbraslavice","CZ/C1","Toužim Cup 2019 - Kombi","CZ",1,3751,3751,0.9,{"$f":"ROUND(H2714/I2714*10000*0.7+(MAX($G$2714:$G$2735)-G2714)/(MAX($G$2714:$G$2735)-1)*10000*0.3,0)","v":10000},9000,2019,"x",null,"Arcus M","EY","M",""]
["Vratislav Sram",1966,"Broumov","CZ/C2","Toužim Cup 2019 - Kombi","CZ",2,3324,3751,0.9,{"$f":"ROUND(H2715/I2715*10000*0.7+(MAX($G$2714:$G$2735)-G2715)/(MAX($G$2714:$G$2735)-1)*10000*0.3,0)","v":9060},8154,2019,null,null,"Nimbus 2, 2b,2M (voda)","NB","M",""]
["Ondrej Dupal",1966,"GAC Benešov","CZ/C1","Toužim Cup 2019 - Kombi","CZ",3,3280,3751,0.9,8835,7952,2019,null,null,"ASG 29E 18m 600kg (voda)","GO","M",""]
["Karel Benisek 76",1976,"Toužim","CZ/C1","Toužim Cup 2019 - Kombi","CZ",4,3187,3751,0.9,8519,7667,2019,"x",null,"Ventus ct 17,6m (voda)","KB","M",""]
["Andreas Frech",null,"SFC Tulln","AT","Toužim Cup 2019 - Kombi","CZ",5,3055,3751,0.9,8130,7317,2019,null,null,"Duo Discus T","TWO","M","Není v databázi"]
["Daniel Novak",1971,"Letkov","CZ/C1","Toužim Cup 2019 - Kombi","CZ",6,3020,3751,0.9,7922,7130,2019,"x",null,"Nimbus 3/24.5m",12,"M",""]
["Zdenek Schenk",{"$f":"VLOOKUP(A2720,Pilot,2,0)","v":1972},"Hranice",{"$f":"VLOOKUP(A2720,Pilot,4,0)","v":"CZ/M"},"Toužim Cup 2019 - Kombi","CZ",7,2966,3751,{"$f":"VLOOKUP(E2720,Soutez,8,0)","v":0.9},7678,6910,2019,"x",null,"Ventus cm 17,6m","ŠNeK","M",""]
["Jaroslav Hot",1965,"Toužim","CZ/C1","Toužim Cup 2019 - Kombi","CZ",8,2837,3751,0.9,7294,{"$f":"ROUND(J2721*K2721,0)","v":6565},2019,"x",null,"Ventus cm 17,6m (voda)","SW",{"$f":"VLOOKUP(A2721,Pilot,5,0)","v":"M"},{"$f":"IF(ISERROR(VLOOKUP(A2721,Pilot,6,0)),\"Není v databázi\",VLOOKUP(A2721,Pilot,6,0))","v":""}]
["Roman Lanzendorf",1964,"Letkov","CZ/C1","Toužim Cup 2019 - Kombi","CZ",9,2807,3751,0.9,7095,6386,2019,"x",null,"Ventus ct 17,6m","AW","M",""]
["Milos Pajr",1966,"Jičín","CZ/C2","Toužim Cup 2019 - Kombi","CZ",10,2786,3751,0.9,6913,6222,2019,"x",null,"HPH 304M Shark 560kg 18m (voda)","HPH","M",""]
["Tomas Profeld",1964,"Jičín","CZ/C2","Toužim Cup 2019 - Kombi","CZ",11,2738,3751,0.9,6681,6013,2019,"x",null,"Ventus 2 cm 18m 525kg (voda)","OZ","M",""]
["Jiri Prochazka",1971,"Toužim","CZ/C1","Toužim Cup 2019 - Kombi","CZ",12,2697,3751,0.9,6462,5816,2019,"x",null,"DG-500 22m","SR","M",""]
["Petr Bartak",1984,"Letkov","CZ/C1","Toužim Cup 2019 - Kombi","CZ",13,2627,3751,0.9,6188,5569,2019,"x",null,"LS 6c 18m+W (voda)","BL","M",""]
["Frantisek Myska",1968,"Most","CZ/C2","Toužim Cup 2019 - Kombi","CZ",14,2612,3751,0.9,6017,5415,2019,"x",null,"Ventus bt 16,6m","SK","M",""]
["Karl Schiffleithner",null,"SFC Tulln","AT","Toužim Cup 2019 - Kombi","CZ",15,2574,3751,0.9,5804,5224,2019,null,null,"Ventus 2cxt 18m 600kg","IX","M","Není v databázi"]
["Petr Jiranek 63",1962,"Toužim","CZ/C1","Toužim Cup 2019 - Kombi","CZ",16,2463,3751,0.9,5454,4909,2019,"x",null,"Ventus ct 17,6m (voda)","EB","M",""]
["Vaclav Svoboda",1970,"Letkov","CZ/C1","Toužim Cup 2019 - Kombi","CZ",17,2090,3751,0.9,4615,4154,2019,"x",null,"LS 8b,t,18 18m (voda)",301,"M",""]
["Olga Mokosova",1970,"Jihlava","CZ/M","Toužim Cup 2019 - Kombi","CZ",18,1993,3751,0.9,4291,3862,2019,"x","x","LS 6c 18m+W (voda)","MM","F",""]
["Uwe Tolkmitt",null,"LSV Greiz","DE","Toužim Cup 2019 - Kombi","CZ",19,1707,3751,0.9,3614,3253,2019,null,null,"DG-400 17m","JO","M","Není v databázi"]
["Jaroslav Cejka",1952,"Letkov","CZ/C1","Toužim Cup 2019 - Kombi","CZ",20,1643,3751,0.9,3352,3017,2019,"x",null,"LS 8/18m","EJ","M",""]
["Roman Michalek",1974,"Toužim","CZ/C1","Toužim Cup 2019 - Kombi","CZ",21,1527,3751,0.9,2992,2693,2019,"x",null,"DG-400 17m","TK","M",""]
["Raul Flicker",null,"SFC Tulln","AT","Toužim Cup 2019 - Kombi","CZ",22,1426,3751,0.9,2661,2395,2019,null,null,"Ventus 2CM","FF","M","Není v databázi"]
["Karel Novak",1993,{"$f":"VLOOKUP(A2736,Pilot,3,0)","v":"Mladá Boleslav"},"CZ/C1","PMRg 2019 - Klub","CZ",1,7016,7016,0.96499999999999997,{"$f":"ROUND(H2736/I2736*10000*0.7+(MAX($G$2736:$G$2759)-G2736)/(MAX($G$2736:$G$2759)-1)*10000*0.3,0)","v":10000},9650,2019,"x",null,"Std. Cirrus","DI","M",""]
["Michal Lesinger",1966,"Moravská Třebová","CZ/M","PMRg 2019 - Klub","CZ",2,6536,7016,0.96499999999999997,{"$f":"ROUND(H2737/I2737*10000*0.7+(MAX($G$2736:$G$2759)-G2737)/(MAX($G$2736:$G$2759)-1)*10000*0.3,0)","v":9391},9062,2019,"x",null,"ASW-19B","LL","M",""]
["Vojtech Novotny",1992,"Kralupy","CZ/C1","PMRg 2019 - Klub","CZ",3,6445,7016,0.96499999999999997,9169,8848,2019,"x",null,"LS 1f","EF","M",""]
["Jiri Stepanek",1956,"Moravská Třebová","CZ/M","PMRg 2019 - Klub","CZ",4,6307,7016,0.96499999999999997,8901,8589,2019,"x",null,"ASW-15B","LE","M",""]
["Jan Zahradka",1981,"Hodkovice","CZ/C2","PMRg 2019 - Klub","CZ",5,6168,7016,0.96499999999999997,8632,8330,2019,"x",null,"Std. Cirrus","AR","M",""]
["Zdenek Boruvka 86",1986,"Jičín","CZ/C2","PMRg 2019 - Klub","CZ",6,6082,7016,0.96499999999999997,8416,8121,2019,null,null,"Std. Cirrus","BJ","M",""]
["Michal Krupicka",1975,"Most","CZ/C2","PMRg 2019 - Klub","CZ",7,5981,7016,0.96499999999999997,8185,7899,2019,"x",null,"Std. Cirrus","K","M",""]
["Jan Vavrin",1987,"Vysoké Mýto","CZ/C2","PMRg 2019 - Klub","CZ",8,5958,7016,0.96499999999999997,8031,7750,2019,"x",null,"ASW-15B","IG","M",""]
["Tereza Koubkova",1999,"Letňany","CZ/C1","PMRg 2019 - Klub","CZ",9,5495,7016,0.96499999999999997,7439,7179,2019,"x","x","Std. Cirrus","WY","F","Junior v roce 2020"]
["Vaclav Marel",1974,"Jaroměř","CZ/C2","PMRg 2019 - Klub","CZ",10,5399,7016,0.96499999999999997,7213,6961,2019,null,null,"Std. Cirrus","IF","M",""]
["Jindrich Hruska",1986,"Soběslav","CZ/C1","PMRg 2019 - Klub","CZ",11,5336,7016,0.96499999999999997,7019,6773,2019,"x",null,"303 Mosquito","UFO","M",""]
["Jan Vozeh",1995,"Rakovník","CZ/C1","PMRg 2019 - Klub","CZ",12,5287,7016,0.96499999999999997,6840,6601,2019,null,null,"Std. Cirrus","OG","M","Junior v roce 2020"]
["Lukas Plocek",1990,"Mladá Boleslav","CZ/C1","PMRg 2019 - Klub","CZ",13,5284,7016,0.96499999999999997,6707,6472,2019,"x",null,"ASW-19B","AH","M",""]
["Pavlina Horackova",1965,"Šumperk","CZ/M","PMRg 2019 - Klub","CZ",14,5256,7016,0.96499999999999997,6548,6319,2019,null,null,"SZD-48 Jantar Std. 2(3)","SU","F",""]
["Jan Smaha",1958,"Česká Lípa","CZ/C2","PMRg 2019 - Klub","CZ",15,4916,7016,0.96499999999999997,6079,5866,2019,"x",null,"ASW-15B","CW","M",""]
["Martin Stepanek",1987,"Moravská Třebová","CZ/M","PMRg 2019 - Klub","CZ",16,4840,7016,0.96499999999999997,5872,5666,2019,"x",null,"ASW-15B","ZP","M",""]
["Lukas Maly",1998,"Vysoké Mýto","CZ/C2","PMRg 2019 - Klub","CZ",17,4697,7016,0.96499999999999997,5599,5403,2019,"x",null,"ASW-15B","AM","M","Junior v roce 2020"]
["Ladislav Jozsa",1981,"Medlánky","CZ/M","PMRg 2019 - Klub","CZ",18,4541,7016,0.96499999999999997,5313,5127,2019,null,null,"Std. Cirrus","LJ","M",""]
["Vaclav Zak",1962,"GAC Benešov","CZ/C1","PMRg 2019 - Klub","CZ",19,4256,7016,0.96499999999999997,4898,4727,2019,"x",null,"Std. Cirrus","TS","M",""]
["Karel Knotek",1961,"Soběslav","CZ/C1","PMRg 2019 - Klub","CZ",20,4021,7016,0.96499999999999997,4534,4375,2019,"x",null,"ASW-19","SO","M",""]
["Josef Hlusek",1993,"Kunovice","CZ/M","PMRg 2019 - Klub","CZ",21,3831,7016,0.96499999999999997,4214,4067,2019,null,null,"Std. Cirrus G","WO","M",""]
["Jan Florian",1992,"Zbraslavice","CZ/C1","PMRg 2019 - Klub","CZ",22,3824,7016,0.96499999999999997,4076,3933,2019,"x",null,"Std. Cirrus","C1","M",""]
["Petr Velek",1975,"GAC Benešov","CZ/C1","PMRg 2019 - Klub","CZ",23,3398,7016,0.96499999999999997,3521,3398,2019,"x",null,"LS 1c","I","M",""]
["Kristina Santruckova",1996,"Podhořany","CZ/C2","PMRg 2019 - Klub","CZ",24,2941,7016,0.96499999999999997,2934,2831,2019,"x","x","ASW-15B WL","KS","F","Junior v roce 2020"]
["Jan Louda",1986,{"$f":"VLOOKUP(A2760,Pilot,3,0)","v":"Mladá Boleslav"},"CZ/C1","PMRg 2019 - Kombi","CZ",1,6191,6191,0.96499999999999997,{"$f":"ROUND(H2760/I2760*10000*0.7+(MAX($G$2760:$G$2772)-G2760)/(MAX($G$2760:$G$2772)-1)*10000*0.3,0)","v":10000},9650,2019,"x",null,"Ventus a 15m WL 500kg (voda)","FW","M",""]
["Karel Mares",1974,"Slaný","CZ/C1","PMRg 2019 - Kombi","CZ",2,6041,6191,0.96499999999999997,9580,9245,2019,"x",null,"Ventus b 16.6m WL","7F","M",""]
["Hana Treslova",1991,"Raná","CZ/C2","PMRg 2019 - Kombi","CZ",3,5887,6191,0.96499999999999997,9156,8836,2019,"x","x","LS 8 15m (voda)","AU","F",""]
["Zdenek Boruvka 54",1954,"Jičín","CZ/C2","PMRg 2019 - Kombi","CZ",4,5813,6191,0.96499999999999997,8823,8514,2019,"x",null,"LS 8 15m (voda)","ZB","M",""]
["Dana Novakova",{"$f":"VLOOKUP(A2764,Pilot,2,0)","v":1965},"Mladá Boleslav",{"$f":"VLOOKUP(A2764,Pilot,4,0)","v":"CZ/C1"},"PMRg 2019 - Kombi","CZ",5,5693,6191,{"$f":"VLOOKUP(E2764,Soutez,8,0)","v":0.96499999999999997},8437,8142,2019,null,null,"LS 8 15m (voda)","FX","F",""]
["Miroslav Koci",1961,"Žamberk","CZ/C2","PMRg 2019 - Kombi","CZ",6,5213,6191,0.96499999999999997,7644,{"$f":"ROUND(J2765*K2765,0)","v":7376},2019,"x",null,"Ventus 2cxm 18m 565kg (voda)","E8",{"$f":"VLOOKUP(A2765,Pilot,5,0)","v":"M"},{"$f":"IF(ISERROR(VLOOKUP(A2765,Pilot,6,0)),\"Není v databázi\",VLOOKUP(A2765,Pilot,6,0))","v":""}]
["Jana Treslova",1963,"Raná","CZ/C2","PMRg 2019 - Kombi","CZ",7,5029,6191,0.96499999999999997,7186,6934,2019,null,null,"JS-3, TJ 18m (voda)","ZE","F",""]
["Jiri Slemr",1979,"Vysoké Mýto","CZ/C2","PMRg 2019 - Kombi","CZ",8,4840,6191,0.96499999999999997,6722,6487,2019,"x",null,"Discus b (voda)",65,"M",""]
["Lenka Kuthanova",1960,"Tábor","CZ/C1","PMRg 2019 - Kombi","CZ",9,4767,6191,0.96499999999999997,6390,6166,2019,null,null,"JS-1C (TJ) 18m EVO","LX","F",""]
["Barbora Kubickova",1993,"Medlánky","CZ/M","PMRg 2019 - Kombi","CZ",10,4477,6191,0.96499999999999997,5812,5609,2019,"x","x","LAK 17 A 18m WL","BI","F",""]
["Petr Frycek",1960,"Most","CZ/C2","PMRg 2019 - Kombi","CZ",11,3755,6191,0.96499999999999997,4746,4580,2019,"x",null,"Nimbus 3 (25,5m, 700kg) (voda)","F","M",""]
["Slavomir Piskaty 58",1958,"Kunovice","CZ/M","PMRg 2019 - Kombi","CZ",12,3547,6191,0.96499999999999997,4260,4111,2019,"x",null,"Discus b (voda) WL","KAL","M",""]
["Ladislav Prokes",1954,"Vrchlabí","CZ/C2","PMRg 2019 - Kombi","CZ",13,3314,6191,0.96499999999999997,3747,3616,2019,"x",null,"Discus b (voda)","VR","M",""]
["Ilja Kopacek",1943,"Jičín","CZ/C2","Pohár Českého Ráje 2019 - Kombi","CZ",1,1711,1711,0,{"$f":"ROUND(H2773/I2773*10000*0.7+(MAX($G$2773:$G$2784)-G2773)/(MAX($G$2773:$G$2784)-1)*10000*0.3,0)","v":10000},0,2019,null,null,"Std. Cirrus","XL","M",""]
["Ales Holoubek",1966,"Jičín","CZ/C2","Pohár Českého Ráje 2019 - Kombi","CZ",2,1569,1711,0,{"$f":"ROUND(H2774/I2774*10000*0.7+(MAX($G$2773:$G$2784)-G2774)/(MAX($G$2773:$G$2784)-1)*10000*0.3,0)","v":9146},0,2019,null,null,"ASW 15b NG","T","M",""]
["Radek Tobolka",1977,"Jičín","CZ/C2","Pohár Českého Ráje 2019 - Kombi","CZ",3,1493,1711,0,8563,0,2019,null,null,"St.Cirrus","SC","M",""]
["Milos Pajr",1966,"Jičín","CZ/C2","Pohár Českého Ráje 2019 - Kombi","CZ",4,1400,1711,0,7909,0,2019,null,null,"HPH_304MS","QS","M",""]
["Miroslav Trybucek",1965,"Jičín","CZ/C2","Pohár Českého Ráje 2019 - Kombi","CZ",5,1394,1711,0,7612,0,2019,null,null,"Ventus 2cM/18m","OZ","M",""]
["Petr Rygl",1966,"Jičín","CZ/C2","Pohár Českého Ráje 2019 - Kombi","CZ",6,1356,1711,0,7184,0,2019,null,null,"ASW 15","A18","M",""]
["Petr Kyzivat",1970,"Jičín","CZ/C2","Pohár Českého Ráje 2019 - Kombi","CZ",7,1314,1711,0,6739,0,2019,null,null,"Std. Cirrus","FS","M",""]
["Petr Tax",1968,"Jičín","CZ/C2","Pohár Českého Ráje 2019 - Kombi","CZ",8,1294,1711,0,6385,0,2019,null,null,"TEREJ","VIP","M",""]
["Vokrinek & Vokrinkova",null,"Hodkovice",null,"Pohár Českého Ráje 2019 - Kombi","CZ",9,1178,1711,0,5638,0,2019,null,null,"TWIN ASTIR","BL",null,"Není v databázi"]
["Coufal & Jezek",null,"Jičín",null,"Pohár Českého Ráje 2019 - Kombi","CZ",10,814,1711,0,3876,0,2019,null,null,"Janus 18.2m","JC",null,"Není v databázi"]
["Jiri Pixa",1968,{"$f":"VLOOKUP(A2783,Pilot,3,0)","v":"Slaný"},"CZ/C1","Pohár Českého Ráje 2019 - Kombi","CZ",11,740,1711,0,3300,0,2019,null,null,"VSO-10","G9","M",""]
["Fuksa & další",null,"Jičín",null,"Pohár Českého Ráje 2019 - Kombi","CZ",12,601,1711,0,2459,0,2019,null,null,"Duo Discus XL",88,null,"Není v databázi"]
["Radovan Otto",1968,{"$f":"VLOOKUP(A2785,Pilot,3,0)","v":"Ústí nad Labem"},"CZ/C2","Ranský Pohár 2019 - Kombi","CZ",1,1651,1651,0,{"$f":"ROUND(H2785/I2785*10000*0.7+(MAX($G$2785:$G$2800)-G2785)/(MAX($G$2785:$G$2800)-1)*10000*0.3,0)","v":10000},0,2019,null,null,"TST-10 Atlas M",7,"M",""]
["Jaromir Hendrych",1954,"Raná","CZ/C2","Ranský Pohár 2019 - Kombi","CZ",2,1594,1651,0,{"$f":"ROUND(H2786/I2786*10000*0.7+(MAX($G$2785:$G$2800)-G2786)/(MAX($G$2785:$G$2800)-1)*10000*0.3,0)","v":9558},0,2019,null,null,"M-35",36,"M",""]
["Eduard Svoboda",1957,"Raná","CZ/C2","Ranský Pohár 2019 - Kombi","CZ",3,1558,1651,0,9206,0,2019,null,null,"ASW 15B","HL","M",""]
["Jiri Maier 66",1966,"Raná","CZ/C2","Ranský Pohár 2019 - Kombi","CZ",4,1457,1651,0,8577,0,2019,null,null,"Discus bT","TAL","M",""]
["Jan Sustr 76",1976,"Raná","CZ/C2","Ranský Pohár 2019 - Kombi","CZ",5,1395,1651,0,8115,0,2019,null,null,"DG 300","WL","M",""]
["Tomas Mezera",1973,"Raná",null,"Ranský Pohár 2019 - Kombi","CZ",6,1337,1651,0,7669,0,2019,null,null,"Janus 18.2m","RA","M",""]
["Jaromir Vlk",1959,"Šumperk","CZ/M","Ranský Pohár 2019 - Kombi","CZ",7,1325,1651,0,7418,0,2019,null,null,"ASW 15B","R5","M",""]
["Jiri Maier 99",1999,"Raná","CZ/C2","Ranský Pohár 2019 - Kombi","CZ",8,1187,1651,0,6633,0,2019,null,null,"Std. Cirrus","CI","M","Junior v roce 2020"]
["Jana Mezerova",1975,"Raná","CZ/C2","Ranský Pohár 2019 - Kombi","CZ",9,1183,1651,0,6416,0,2019,null,null,"VSO-10",59,"F",""]
["Zbynek Bican",1961,"Raná","CZ/C2","Ranský Pohár 2019 - Kombi","CZ",10,1011,1651,0,5486,0,2019,null,null,"LS 3","H1","M",""]
["Pavel Derda",1952,"Dvůr Králové","CZ/C2","Ranský Pohár 2019 - Kombi","CZ",11,1005,1651,0,5261,0,2019,null,null,"Cirrus/Cirrus VTC 17.74","VE","M",""]
["Sarka Lochova",1966,"Šumperk","CZ/M","Ranský Pohár 2019 - Kombi","CZ",12,982,1651,0,4964,0,2019,null,null,"ASW 15B","EZ","F",""]
["David Krcil",1976,"Raná","CZ/C2","Ranský Pohár 2019 - Kombi","CZ",13,767,1651,0,3852,0,2019,null,null,"ASW15B","BE","M",""]
["Tereza Krcilova Spalenkova",1981,"Raná","CZ/C2","Ranský Pohár 2019 - Kombi","CZ",14,622,1651,0,3037,0,2019,null,null,"ASW15","TK","F",""]
["Michal Hemrle",1974,"Česká Lípa","CZ/C2","Ranský Pohár 2019 - Kombi","CZ",15,613,1651,0,2799,0,2019,null,null,"Ventus 17.6m","XE","M",""]
["Krystof Mimra",1992,"Most","CZ/C2","Ranský Pohár 2019 - Kombi","CZ",16,451,1651,0,1912,0,2019,null,null,"VSO-10",51,"M",""]
["Michal Janda",{"$f":"VLOOKUP(A2801,Pilot,2,0)","v":1972},"AK Broumov",{"$f":"VLOOKUP(A2801,Pilot,4,0)","v":"CZ/C2"},"18. HOP 2019 - Klub","CZ",1,1477,1477,{"$f":"VLOOKUP(E2801,Soutez,8,0)","v":0},{"$f":"ROUND(H2801/I2801*10000*0.7+(MAX($G$2801:$G$2827)-G2801)/(MAX($G$2801:$G$2827)-1)*10000*0.3,0)","v":10000},{"$f":"ROUND(J2801*K2801,0)","v":0},2019,null,null,"VT-116 Orlik 2",7402,{"$f":"VLOOKUP(A2801,Pilot,5,0)","v":"M"},{"$f":"IF(ISERROR(VLOOKUP(A2801,Pilot,6,0)),\"Není v databázi\",VLOOKUP(A2801,Pilot,6,0))","v":""}]
["Milan Svoboda 80",1980,"AK Havlíčkův Brod","CZ/C2","18. HOP 2019 - Klub","CZ",2,1437,1477,0,{"$f":"ROUND(H2802/I2802*10000*0.7+(MAX($G$2801:$G$2827)-G2802)/(MAX($G$2801:$G$2827)-1)*10000*0.3,0)","v":9695},0,2019,null,null,"VT-116 Orlik 2",6446,"M",""]
["Oldrich Slavicek",1959,"AK Hronov","CZ/C2","18. HOP 2019 - Klub","CZ",3,1433,1477,0,9561,0,2019,null,null,"VT-116 Orlik 2",4310,"M",""]
["Ivan Kuzelka",1945,"AK Havlíčkův Brod","CZ/C2","18. HOP 2019 - Klub","CZ",4,1403,1477,0,9303,0,2019,null,null,"VT-116 Orlik 2",4314,"M",""]
["Wolfgang Sluka",1942,"AK Liberec","CZ/C2","18. HOP 2019 - Klub","CZ",5,1393,1477,0,9140,0,2019,null,null,"VT-116 Orlik 2",8425,"M",""]
["Petr Seibrt, Dan Kubrt",null,"AK Náchod",null,"18. HOP 2019 - Klub","CZ",6,1257,1477,0,8380,0,2019,null,null,"VT-16 Orlik",2412,null,"Není v databázi"]
["Ondrej Teichman",1984,"AK Dvůr Králové nad Labem","CZ/C2","18. HOP 2019 - Klub","CZ",7,1240,1477,0,8184,0,2019,null,null,"VT-116 Orlik 2",6445,"M",""]
["Tomas Mezera",1973,"AK Raná","CZ/C2","18. HOP 2019 - Klub","CZ",8,1225,1477,0,7998,0,2019,null,null,"VT-116 Orlik 2",8401,"M",""]
["Jaromir Vlk",1959,"AK Šumperk","CZ/M","18. HOP 2019 - Klub","CZ",9,1197,1477,0,7750,0,2019,null,null,"VT-116 Orlik 2",6907,"M",""]
["Krystof Mimra",1992,"AK Most","CZ/C2","18. HOP 2019 - Klub","CZ",10,1195,1477,0,7625,0,2019,null,null,"VT-116 Orlik 2",7413,"M",""]
["Jana Mezerova",1975,"AK Raná","CZ/C2","18. HOP 2019 - Klub","CZ",11,1142,1477,0,7258,0,2019,null,null,"VT-116 Orlik 2",7425,"F",""]
["Karel Kotlan",1957,"AK Medlánky","CZ/M","18. HOP 2019 - Klub","CZ",12,1083,1477,0,6863,0,2019,null,null,"VT-116 Orlik 2",8406,"M",""]
["Petr Vezda",1974,"AK Medlánky","CZ/M","18. HOP 2019 - Klub","CZ",13,1054,1477,0,6611,0,2019,null,null,"VT-116 Orlik 2",4321,"M",""]
["Miroslav stepan",1955,"AK Žamberk","CZ/C2","18. HOP 2019 - Klub","CZ",14,1018,1477,0,6325,0,2019,null,null,"VT-116 Orlik 2",8412,"M",""]
["Vaclav Kysilka",1979,"GAC Benešov","CZ/C1","18. HOP 2019 - Klub","CZ",15,973,1477,0,5996,0,2019,null,null,"VT-116 Orlik 2",8430,"M",""]
["Sarka Lochova",1966,"AK Šumperk","CZ/M","18. HOP 2019 - Klub","CZ",16,910,1477,0,5582,0,2019,null,null,"VT-116 Orlik 2",7445,"F",""]
["J.Linhart, M.Ondracek",null,"AK Medlánky",null,"18. HOP 2019 - Klub","CZ",17,713,1477,0,4533,0,2019,null,null,"Ka 6 E",9781,null,"Není v databázi"]
["Michal Nutil",1966,"AK Náchod","CZ/C2","18. HOP 2019 - Klub","CZ",18,711,1477,0,4408,0,2019,null,null,"VT-116 Orlik 2",7424,"M",""]
["Oldrich Hlavacek",1973,"AK Medlánky","CZ/M","18. HOP 2019 - Klub","CZ",19,694,1477,0,4212,0,2019,null,null,"VT-116 Orlik 2",8439,"M",""]
["Jaromir Hendrych",1954,"AK Raná","CZ/C2","18. HOP 2019 - Klub","CZ",20,645,1477,0,3865,0,2019,null,null,"M-35",2403,"M",""]
["Miroslav Major",1968,"AK Kralupy","CZ/C1","18. HOP 2019 - Klub","CZ",21,502,1477,0,3071,0,2019,null,null,"VT-116 Orlik 2",7403,"M",""]
["Ondrej Blaha",1976,"AK Praha Letňany","CZ/C1","18. HOP 2019 - Klub","CZ",22,441,1477,0,2667,0,2019,null,null,"VT-116 Orlik 2",6444,"M",""]
["Jan Sindelar",1946,"SAK Kunovice","CZ/M","18. HOP 2019 - Klub","CZ",23,405,1477,0,2381,0,2019,null,null,"VT-116 Orlik 2",7410,"M",""]
["M.Jiraskova, J. Stepan",null,"AK Hronov",null,"18. HOP 2019 - Klub","CZ",24,344,1477,0,1976,0,2019,null,null,"VT-116 Orlik 2",6922,null,"Není v databázi"]
["Bohumil Rikal",1946,"AK Hronov","CZ/C2","18. HOP 2019 - Klub","CZ",25,264,1477,0,1482,0,2019,null,null,"VT-16 Orlik",3405,"M",""]
["Martin Adamec",1971,"AK Medlánky","CZ/M","18. HOP 2019 - Klub","CZ",26,245,1477,0,1277,0,2019,null,null,"M-28",2903,"M",""]
["Petr Vlasak",1974,"AK Medlánky","CZ/M","18. HOP 2019 - Klub","CZ",27,120,1477,0,569,0,2019,null,null,"VT-16 Orlik",2909,"M",""]
["Timo + George Jakl",null,"AK Pivo",null,"18. HOP 2019 - Kombi","CZ",1,2945,2945,0.6,{"$f":"ROUND(H2828/I2828*10000*0.7+(MAX($G$2828:$G$2843)-G2828)/(MAX($G$2828:$G$2843)-1)*10000*0.3,0)","v":10000},6000,2019,null,null,"ASW 22/24m (bez vody)","GJ",null,"Není v databázi"]
["Jan Kohout",1970,{"$f":"VLOOKUP(A2829,Pilot,3,0)","v":"Žamberk"},"CZ/C2","18. HOP 2019 - Kombi","CZ",2,2873,2945,0.6,{"$f":"ROUND(H2829/I2829*10000*0.7+(MAX($G$2828:$G$2843)-G2829)/(MAX($G$2828:$G$2843)-1)*10000*0.3,0)","v":9629},5777,2019,"x",null,"LS 8 15 m (voda)","SK","M",""]
["Zdenek Schenk",1972,"Hranice","CZ/M","18. HOP 2019 - Kombi","CZ",3,2857,2945,0.6,9391,5635,2019,null,null,"Ventus cm 17,6m (bez vody)","SNeK","M",""]
["Petr Babak 73",1973,"Hořice","CZ/C2","18. HOP 2019 - Kombi","CZ",4,2740,2945,0.6,8913,5348,2019,"x",null,"Ventus c (s vodou)","LS","M",""]
["Vaclav Kult",1973,"Broumov","CZ/C2","18. HOP 2019 - Kombi","CZ",5,2693,2945,0.6,8601,5161,2019,"x",null,"Nimbus 2 b WL (voda)","VK","M",""]
["Martin Koci",1975,"Ústí nad Orlicí","CZ/C2","18. HOP 2019 - Kombi","CZ",6,2511,2945,0.6,7968,4781,2019,"x",null,"Discus b (bez vody)","5E","M",""]
["Petr Fisar",1974,"Ústí nad Orlicí","CZ/C2","18. HOP 2019 - Kombi","CZ",7,2492,2945,0.6,7723,4634,2019,"x",null,"Mosquito b (bez vody)","PF","M",""]
["Miroslav + Josef Plechac",null,"AK Hronov",null,"18. HOP 2019 - Kombi","CZ",8,2173,2945,0.6,6765,4059,2019,null,null,"Nimbus 2 WL (voda)","SP",null,"Není v databázi"]
["Vratislav Sram",1966,{"$f":"VLOOKUP(A2836,Pilot,3,0)","v":"Broumov"},"CZ/C2","18. HOP 2019 - Kombi","CZ",9,2159,2945,0.6,6532,3919,2019,null,null,"Arcus M (bez vody)","AR","M",""]
["Jan Rott",1962,"Plasy","CZ/C1","18. HOP 2019 - Kombi","CZ",10,2152,2945,0.6,6315,3789,2019,"x",null,"Nimbus 2 b (bez vody)","EL","M",""]
["Zdenek Boruvka 54",1954,"Jičín","CZ/C2","18. HOP 2019 - Kombi","CZ",11,2008,2945,0.6,5773,3464,2019,null,null,"LS 8 15 m (voda)","ZB","M",""]
["Sebastian Bode",null,"FSV Eisenhüttenstadt","DE","18. HOP 2019 - Kombi","CZ",12,1902,2945,0.6,5321,3193,2019,null,null,"Discus b (voda)","E4","M","Není v databázi"]
["Christian Rakowski",null,"FSV Eisenhüttenstadt","DE","18. HOP 2019 - Kombi","CZ",13,1842,2945,0.6,4978,2987,2019,null,null,"ASW 24 WL (bez vody)","TD","M","Není v databázi"]
["Jiri Suchomel",1950,{"$f":"VLOOKUP(A2841,Pilot,3,0)","v":"Broumov"},"CZ/C2","18. HOP 2019 - Kombi","CZ",14,1718,2945,0.6,4484,2690,2019,"x",null,"Janus b (bez vody)","V1","M",""]
["Miloslav Cindr",1974,"Ústí nad Orlicí","CZ/C2","18. HOP 2019 - Kombi","CZ",15,1642,2945,0.6,4103,2462,2019,"x",null,"Ventus c (bez vody)","MC","M",""]
["Milos Novotny",1973,"Hronov","CZ/C2","18. HOP 2019 - Kombi","CZ",16,992,2945,0.6,2358,1415,2019,"x",null,"Ventus b 16.6m (bez vody)","VeV","M",""]
["David Mach",{"$f":"VLOOKUP(A2844,Pilot,2,0)","v":1994},"Hronov",{"$f":"VLOOKUP(A2844,Pilot,4,0)","v":"CZ/C2"},"PMCŘ 2019 - Klub","CZ",1,3902,3902,{"$f":"VLOOKUP(E2844,Soutez,8,0)","v":1.05},{"$f":"ROUND(H2844/I2844*10000*0.7+(MAX($G$2844:$G$2871)-G2844)/(MAX($G$2844:$G$2871)-1)*10000*0.3,0)","v":10000},{"$f":"ROUND(J2844*K2844,0)","v":10500},2019,"x",null,"LS-4 (102.1)","IX",{"$f":"VLOOKUP(A2844,Pilot,5,0)","v":"M"},{"$f":"IF(ISERROR(VLOOKUP(A2844,Pilot,6,0)),\"Není v databázi\",VLOOKUP(A2844,Pilot,6,0))","v":""}]
["Karel Novak",1993,"Mladá Boleslav","CZ/C1","PMCŘ 2019 - Klub","CZ",2,3585,3902,1.05,9320,9786,2019,"x",null,"Std. Cirrus (98.6)","DI","M",""]
["Tomas Suchanek",1964,"GAC Benešov","CZ/C1","PMCŘ 2019 - Klub","CZ",3,3518,3902,1.05,9089,9543,2019,null,null,"LS 1-d","VB","M",""]
["Ivan Novak",1962,"Mladá Boleslav","CZ/C1","PMCŘ 2019 - Klub","CZ",4,3478,3902,1.05,8906,9351,2019,null,null,"Std. Cirrus (98.6)","XC","M",""]
["Jan Louda",1986,"Mladá Boleslav","CZ/C1","PMCŘ 2019 - Klub","CZ",5,3465,3902,1.05,8772,9211,2019,null,null,"ASW-19. ASW-19B (100.2)","OI","M",""]
["Michal Lesinger",1966,"Moravská Třebová","CZ/M","PMCŘ 2019 - Klub","CZ",6,3214,3902,1.05,8210,8621,2019,null,null,"ASW-19. ASW-19B (100.2)","LL","M",""]
["Petr Stepanek",1989,"Moravská Třebová","CZ/M","PMCŘ 2019 - Klub","CZ",7,3210,3902,1.05,8092,8497,2019,"x",null,"ASW-19. ASW-19B (100.2)","AE","M",""]
["Lubomir Motl",1959,"Kyjov","CZ/M","PMCŘ 2019 - Klub","CZ",8,3200,3902,1.05,7963,8361,2019,"x",null,"LS-1f. LS-1f (45) (100.1)","G2","M",""]
["Pavel Trybenekr",1990,"Hořice","CZ/C2","PMCŘ 2019 - Klub","CZ",9,3193,3902,1.05,7839,8231,2019,"x",null,"LS-4 (102.1)","PF","M",""]
["David Sachl",1978,"Kralupy","CZ/C1","PMCŘ 2019 - Klub","CZ",10,3015,3902,1.05,7409,7779,2019,"x",null,"DG-300 (103.7)","BK","M",""]
["Slavomir Piskaty 84",1984,"Kunovice","CZ/M","PMCŘ 2019 - Klub","CZ",11,2942,3902,1.05,7167,7525,2019,"x",null,"Std. Cirrus (98.6)","PIF","M",""]
["Jan Ratz",1987,"Zbraslavice","CZ/C1","PMCŘ 2019 - Klub","CZ",12,2931,3902,1.05,7036,7388,2019,null,null,"Std. Cirrus (98.6)","REX","M",""]
["Tereza Koubkova",1999,"Letňany","CZ/C1","PMCŘ 2019 - Klub","CZ",13,2850,3902,1.05,6779,7118,2019,"x","x","Std. Cirrus (98.6)","WY","F","Junior v roce 2020"]
["Ivan Harasta 65",1965,"Toužim","CZ/C1","PMCŘ 2019 - Klub","CZ",14,2837,3902,1.05,6645,6977,2019,null,null,"ASW-15B (97.9)","HI","M",""]
["Ivan Tvrdik",1997,"Letňany","CZ/C1","PMCŘ 2019 - Klub","CZ",15,2790,3902,1.05,6450,6773,2019,null,null,"ASW-19. ASW-19B (100.2)","KZ","M","Junior v roce 2020"]
["Pavlina Horackova",1965,"Šumperk","CZ/M","PMCŘ 2019 - Klub","CZ",16,2778,3902,1.05,6317,6633,2019,"x","x","SZD-48 Jantar std. 2 (3) (99.9)","SU","F",""]
["Petr Valenta 94",1994,"Kunovice","CZ/M","PMCŘ 2019 - Klub","CZ",17,2709,3902,1.05,6082,6386,2019,"x",null,"Std. Cirrus (98.6)","OK","M",""]
["Petra Piskata",1989,"Hranice","CZ/M","PMCŘ 2019 - Klub","CZ",18,2672,3902,1.05,5905,6200,2019,null,null,"LS-4 (102.1)","FP","F",""]
["Petr Panek",1975,"Dvůr Králové","CZ/C2","PMCŘ 2019 - Klub","CZ",19,2661,3902,1.05,5774,6063,2019,null,null,"Std. Cirrus WL","YU","M",""]
["Barbora Moravcova",1994,"Zbraslavice","CZ/C1","PMCŘ 2019 - Klub","CZ",20,2587,3902,1.05,5530,5807,2019,null,null,"ASW-19. ASW-19B (100.2)","CF","F",""]
["Jakub Kohn",1992,"Prostějov","CZ/M","PMCŘ 2019 - Klub","CZ",21,2491,3902,1.05,5247,5509,2019,"x",null,"ASW-15B (97.9)","FK","M",""]
["Frantisek Filandr",1956,"Most","CZ/C2","PMCŘ 2019 - Klub","CZ",22,2469,3902,1.05,5096,5351,2019,null,null,"Std. Cirrus (98.6)","FF","M",""]
["Lumir Motyka",1955,"Frýdlant","CZ/M","PMCŘ 2019 - Klub","CZ",23,2372,3902,1.05,4811,5052,2019,null,null,"LS-1f. LS-1f (45) (100.1)","EM","M",""]
["Zdenek Balcarek",1967,"Kroměříž","CZ/M","PMCŘ 2019 - Klub","CZ",24,2078,3902,1.05,4172,4381,2019,null,null,"Std. Cirrus (98.6)","ZL","M",""]
["Marek Svancara",1976,"GAC Benešov","CZ/C1","PMCŘ 2019 - Klub","CZ",25,1991,3902,1.05,3905,4100,2019,"x",null,"Std. Cirrus (98.6)","GT","M",""]
["Vojtech Hajek",1987,"Mladá Boleslav","CZ/C1","PMCŘ 2019 - Klub","CZ",26,1865,3902,1.05,3568,3746,2019,"x",null,"Std. Cirrus (98.6)","BW","M",""]
["Ondrej Dvorak 98",1998,"Mladá Boleslav","CZ/C1","PMCŘ 2019 - Klub","CZ",27,1611,3902,1.05,3001,3151,2019,null,null,"ASW-15B (97,9)","MB","M","Junior v roce 2020"]
["Klara Teichmannova",1993,"Hronov","CZ/C2","PMCŘ 2019 - Klub","CZ",28,1574,3902,1.05,2824,2965,2019,null,null,"LS-3 /15m (104.4)","EI","F",""]
["Miloslav Cink",1987,"Letkov","CZ/C1","PMCŘ 2019 - Kombi 15m","CZ",1,3524,3524,1.06,{"$f":"ROUND(H2872/I2872*10000*0.7+(MAX($G$2872:$G$2884)-G2872)/(MAX($G$2872:$G$2884)-1)*10000*0.3,0)","v":10000},10600,2019,"x",null,"LS-8. LS-8a. LS-8b. LS-8s. LS-8-18. LS-8s. LS-8st /15m (s vodou) (111.7)","JB","M",""]
["Pavel Louzecky",1957,"Přibyslav","CZ/C2","PMCŘ 2019 - Kombi 15m","CZ",2,3500,3524,1.06,{"$f":"ROUND(H2873/I2873*10000*0.7+(MAX($G$2872:$G$2884)-G2873)/(MAX($G$2872:$G$2884)-1)*10000*0.3,0)","v":9702},10284,2019,"x",null,"LS-8. LS-8a. LS-8b. LS-8s. LS-8-18. LS-8s. LS-8st /15m (s vodou) (111.7)","AU","M",""]
["Petr Koutny",1971,"Křižanov","CZ/M","PMCŘ 2019 - Kombi 15m","CZ",3,3263,3524,1.06,8982,9521,2019,"x",null,"LS-8. LS-8a. LS-8b. LS-8s. LS-8-18. LS-8s. LS-8st /15m (s vodou) (111.7)","SK","M",""]
["Radek Krejcirik",1991,"Hranice","CZ/M","PMCŘ 2019 - Kombi 15m","CZ",4,3236,3524,1.06,8678,9199,2019,null,null,"Ventus 2a /15m (s vodou) (117.1)","AX","M",""]
["Jiri Kusbach",1959,"Luhačovice","CZ/M","PMCŘ 2019 - Kombi 15m","CZ",5,3103,3524,1.06,8164,8654,2019,"x",null,"KKB 15E-FES (s vodou) (108.8)","B","M",""]
["Jana Veprekova",1961,"Dvůr Králové","CZ/C2","PMCŘ 2019 - Kombi 15m","CZ",6,2800,3524,1.06,7312,7751,2019,null,null,"LS-8. LS-8a. LS-8b. LS-8s. LS-8-18. LS-8s. LS-8st /15m (s vodou) (111.7)","W8","F",""]
["Jan Pavlik",1987,"Křižanov","CZ/M","PMCŘ 2019 - Kombi 15m","CZ",7,2737,3524,1.06,6937,7353,2019,null,null,"LS-8. LS-8a. LS-8b. LS-8s. LS-8-18. LS-8s. LS-8st /15m (s vodou) (111.7)","JW","M",""]
["Jan Viskot",1995,"Břeclav","CZ/M","PMCŘ 2019 - Kombi 15m","CZ",8,2613,3524,1.06,6440,6826,2019,null,null,"Discus 2a /15m (s vodou) (112.6)","GX","M","Junior v roce 2020"]
["Hana Treslova",1991,"Raná","CZ/C2","PMCŘ 2019 - Kombi 15m","CZ",9,2549,3524,1.06,6063,6427,2019,null,null,"LS-8. LS-8a. LS-8b. LS-8s. LS-8-18. LS-8s. LS-8st /15m (s vodou) (111.7)","EU","F",""]
["Jan Boruvka",1984,"Jičín","CZ/C2","PMCŘ 2019 - Kombi 15m","CZ",10,2404,3524,1.06,5525,5857,2019,null,null,"Ventus c /15m WL (s vodou) (114.4)","EG","M",""]
["Dana Novakova",1965,"Mladá Boleslav","CZ/C1","PMCŘ 2019 - Kombi 15m","CZ",11,2276,3524,1.06,5021,5322,2019,null,null,"LS-8. LS-8a. LS-8b. LS-8s. LS-8-18. LS-8s. LS-8st /15m (s vodou) (111.7)","FX","F",""]
["Radek Zima 78",1978,"Hodkovice","CZ/C2","PMCŘ 2019 - Kombi 15m","CZ",12,2097,3524,1.06,4415,4680,2019,"x",null,"Ventus b /15m WL -500 kg (s vodou) (113.3)","7F","M",""]
["Slavomir Piskaty 58",1958,"Kunovice","CZ/M","PMCŘ 2019 - Kombi 15m","CZ",13,998,3524,1.06,1982,2101,2019,null,null,"Discus b WL (s vodou) (109.2)","KAL","M",""]
["Ondrej Dupal",1966,{"$f":"VLOOKUP(A2885,Pilot,3,0)","v":"GAC Benešov"},"CZ/C1","PMCŘ 2019 - Kombi Open","CZ",1,3219,3219,1.0149999999999999,{"$f":"ROUND(H2885/I2885*10000*0.7+(MAX($G$2885:$G$2897)-G2885)/(MAX($G$2885:$G$2897)-1)*10000*0.3,0)","v":10000},10150,2019,"x",null,"ASG-29. ASG-29E /18m (s vodou) (120.9)","GO","M",""]
["Alena Netusilova",{"$f":"VLOOKUP(A2886,Pilot,2,0)","v":1970},"Zbraslavice",{"$f":"VLOOKUP(A2886,Pilot,4,0)","v":"CZ/C1"},"PMCŘ 2019 - Kombi Open","CZ",2,3189,3219,{"$f":"VLOOKUP(E2886,Soutez,8,0)","v":1.0149999999999999},{"$f":"ROUND(H2886/I2886*10000*0.7+(MAX($G$2885:$G$2897)-G2886)/(MAX($G$2885:$G$2897)-1)*10000*0.3,0)","v":9685},9830,2019,"x","x","JS1-C 18 EVO. JS1-CTJ 18 EVO (s vodou) (121.6)","JX","F",""]
["Danes Grula",1961,"Medlánky","CZ/M","PMCŘ 2019 - Kombi Open","CZ",3,3044,3219,1.0149999999999999,9119,{"$f":"ROUND(J2887*K2887,0)","v":9256},2019,"x",null,"ASG-29. ASG-29E /18m (s vodou) (120.9)","DX",{"$f":"VLOOKUP(A2887,Pilot,5,0)","v":"M"},{"$f":"IF(ISERROR(VLOOKUP(A2887,Pilot,6,0)),\"Není v databázi\",VLOOKUP(A2887,Pilot,6,0))","v":""}]
["Jana Treslova",1963,"Raná","CZ/C2","PMCŘ 2019 - Kombi Open","CZ",4,2956,3219,1.0149999999999999,8678,8808,2019,"x","x","JS3. JS3 TJ-18m (s vodou) (122.7)","ZE","F",""]
["Tomas Rendla",1973,"Zbraslavice","CZ/C1","PMCŘ 2019 - Kombi Open","CZ",5,2733,3219,1.0149999999999999,7943,8062,2019,"x",null,"Arcus E. Arcus M. Arcus S. Arcus T (s vodou) (117.1)","EY","M",""]
["Radek Kucirek",1973,"Havlíčkův Brod","CZ/C2","PMCŘ 2019 - Kombi Open","CZ",6,2714,3219,1.0149999999999999,7652,7767,2019,"x",null,"EB-28 edition 28.3m (s vodou) (125.3)","NA","M",""]
["Petr Krejcirik",1960,"Hranice","CZ/M","PMCŘ 2019 - Kombi Open","CZ",7,2592,3219,1.0149999999999999,7137,7244,2019,null,null,"JS1-CTJ 18 EVO","ZF","M",""]
["Lenka Kuthanova",1960,"Tábor","CZ/C1","PMCŘ 2019 - Kombi Open","CZ",8,2489,3219,1.0149999999999999,6663,6763,2019,null,null,"JS1-C 18 EVO. JS1-CTJ 18 EVO (s vodou) (121.6)","LX","F",""]
["Jiri Steiger",1969,"Olomouc","CZ/M","PMCŘ 2019 - Kombi Open","CZ",9,2488,3219,1.0149999999999999,6410,6506,2019,"x",null,"Ventus 2ct /18m 600 kg (s vodou) (120.3)","JS","M",""]
["Eva Cerna",1964,"Příbram","CZ/C1","PMCŘ 2019 - Kombi Open","CZ",10,2372,3219,1.0149999999999999,5908,5997,2019,"x","x","HpH 304M SHARK /18m 600kg","EP","F",""]
["Karel Mares",1974,"Slaný","CZ/C1","PMCŘ 2019 - Kombi Open","CZ",11,2282,3219,1.0149999999999999,5462,5544,2019,null,null,"Nimbus 2","MR","M",""]
["Lukas Benedikt",null,"Trnava","SK","PMCŘ 2019 - Kombi Open","CZ",12,1984,3219,1.0149999999999999,4564,4632,2019,null,null,"Ventus 3F - 18m (s vodou) (119.8)","LB","M","Není v databázi"]
["Martin Hrivna",1978,"Zbraslavice","CZ/C1","PMCŘ 2019 - Kombi Open","CZ",13,1819,3219,1.0149999999999999,3956,4015,2019,null,null,"ASG-29. ASG-29E /18m (s vodou) (120.9)","NX","M",""]
["Alena Netusilova",1970,{"$f":"VLOOKUP(A2898,Pilot,3,0)","v":"Zbraslavice"},"CZ/C1","Zbraslavický bludišťák 2019 - Kombi","CZ",1,605,605,0,{"$f":"ROUND(H2898/I2898*10000*0.7+(MAX($G$2898:$G$2916)-G2898)/(MAX($G$2898:$G$2916)-1)*10000*0.3,0)","v":10000},0,2019,null,null,"JS 3","ZE","F",""]
["Jan Ratz",1987,"Zbraslavice","CZ/C1","Zbraslavický bludišťák 2019 - Kombi","CZ",2,514,605,0,{"$f":"ROUND(H2899/I2899*10000*0.7+(MAX($G$2898:$G$2916)-G2899)/(MAX($G$2898:$G$2916)-1)*10000*0.3,0)","v":8780},0,2019,null,null,"Std. Cirrus","REX","M",""]
["Martin Chovan",1973,"Zbraslavice","CZ/C1","Zbraslavický bludišťák 2019 - Kombi","CZ",3,495,605,0,8394,0,2019,null,null,"Std. Cirrus","C1","M",""]
["Jakub Kmosek",1978,"Zbraslavice","CZ/C1","Zbraslavický bludišťák 2019 - Kombi","CZ",4,365,605,0,6723,0,2019,null,null,"Std. Cirrus","ST","M",""]
["Richard Jensen",1965,"Zbraslavice","CZ/C1","Zbraslavický bludišťák 2019 - Kombi","CZ",5,358,605,0,6475,0,2019,null,null,"VSO-10",47,"M",""]
["Barbora Moravcova",1994,"Zbraslavice","CZ/C1","Zbraslavický bludišťák 2019 - Kombi","CZ",6,357,605,0,6297,0,2019,null,null,"ASW 19B","CF","F",""]
["Vojtech Svoboda",1994,"Zbraslavice","CZ/C1","Zbraslavický bludišťák 2019 - Kombi","CZ",7,324,605,0,5749,0,2019,null,null,"VSO-10","F2","M",""]
["Jiri Balak",1978,"Zbraslavice","CZ/C1","Zbraslavický bludišťák 2019 - Kombi","CZ",8,320,605,0,5536,0,2019,null,null,"G 102 Club Astir","MW","M",""]
["Jiri Hodan",1959,"Zbraslavice","CZ/C1","Zbraslavický bludišťák 2019 - Kombi","CZ",9,279,605,0,4895,0,2019,null,null,"G 103 Twin II","RB","M",""]
["Jan Smekal",1976,"Zbraslavice","CZ/C1","Zbraslavický bludišťák 2019 - Kombi","CZ",10,271,605,0,4636,0,2019,null,null,"ASW 20","NW","M",""]
["Petr Starek",1974,"Zbraslavice","CZ/C1","Zbraslavický bludišťák 2019 - Kombi","CZ",11,223,605,0,3913,0,2019,null,null,"HPH 304 Shark",66,"M",""]
["Rudolf Jung",1954,"Zbraslavice","CZ/C1","Zbraslavický bludišťák 2019 - Kombi","CZ",12,167,605,0,3099,0,2019,null,null,"VSM-40","D","M",""]
["Milan Riha",1973,"Zbraslavice","CZ/C1","Zbraslavický bludišťák 2019 - Kombi","CZ",13,151,605,0,2747,0,2019,null,null,"ASW 19B","O2","M",""]
["David Darnady",null,null,"SK","Zbraslavický bludišťák 2019 - Kombi","CZ",14,127,605,0,2303,0,2019,null,null,"ASW 20",null,"M","Není v databázi"]
["Ondrej Prazsky",1978,"Zbraslavice","CZ/C1","Zbraslavický bludišťák 2019 - Kombi","CZ",15,119,605,0,2044,0,2019,null,null,"Std. Cirrus","P2","M",""]
["Jan Bejdl",1978,"Zbraslavice","CZ/C1","Zbraslavický bludišťák 2019 - Kombi","CZ",16,93,605,0,1576,0,2019,null,null,"G 102 Club Astir","J1","M",""]
["Michaela Rendlova",2004,"Zbraslavice","CZ/C1","Zbraslavický bludišťák 2019 - Kombi","CZ",17,46,605,0,866,0,2019,null,null,"JS 1 Revelation","VX","F","Junior v roce 2020"]
["Lenka Kuthanova",1960,"Tábor","CZ/C1","Zbraslavický bludišťák 2019 - Kombi","CZ",18,45,605,0,687,0,2019,null,null,"JS 1 Revelation","LX","F",""]
["David Sachl",1978,"Kralupy","CZ/C1","Zbraslavický bludišťák 2019 - Kombi","CZ",19,16,605,0,185,0,2019,null,null,"DG 300",null,"M",""]
["Miroslaw Izydorczak",null,null,null,"Pribina Cup 2019 - Klub","SK","HC",3322,null,0.94500000000000006,null,0,2019,null,null,"ASW 20 /15m","SB",null,"Není v databázi"]
["Mark Travner",null,"Aeroklub Celje",null,"Pribina Cup 2019 - Klub","SK",1,3210,3210,0.94500000000000006,{"$f":"ROUND(H2918/I2918*10000*0.7+(MAX($G$2918:$G$2960)-G2918)/(MAX($G$2918:$G$2960)-1)*10000*0.3,0)","v":10000},9450,2019,null,null,"DG 300","CE",null,"Není v databázi"]
["Ales Kovac",null,null,null,"Pribina Cup 2019 - Klub","SK",2,3194,3210,0.94500000000000006,{"$f":"ROUND(H2919/I2919*10000*0.7+(MAX($G$2918:$G$2960)-G2919)/(MAX($G$2918:$G$2960)-1)*10000*0.3,0)","v":9894},9350,2019,null,null,"DG 300","CF",null,"Není v databázi"]
["Tobias Pachowsky",null,null,null,"Pribina Cup 2019 - Klub","SK",3,3158,3210,0.94500000000000006,9744,9208,2019,null,null,"LS-4","IGP",null,"Není v databázi"]
["Hauke Schmoranzer",null,null,null,"Pribina Cup 2019 - Klub","SK",4,3140,3210,0.94500000000000006,9633,9103,2019,null,null,"LS-4","P9",null,"Není v databázi"]
["Uwe Wahlig",null,"Segelfluggruppe Bensheim e.V.",null,"Pribina Cup 2019 - Klub","SK",5,3121,3210,0.94500000000000006,9520,8996,2019,null,null,"LS-3 /15m WL","SN",null,"Není v databázi"]
["Pawel Glowacki",null,null,null,"Pribina Cup 2019 - Klub","SK",6,2967,3210,0.94500000000000006,9113,8612,2019,null,null,"Pegase C101A","J7",null,"Není v databázi"]
["Ales Fink",null,"KOROSKI AEROKLUB SLOVENJ GRADEC",null,"Pribina Cup 2019 - Klub","SK",7,2953,3210,0.94500000000000006,9011,8515,2019,null,null,"DG 300","KO",null,"Není v databázi"]
["Gerrit Feige",null,"LSV Gifhorn",null,"Pribina Cup 2019 - Klub","SK",8,2861,3210,0.94500000000000006,8739,8258,2019,null,null,"LS-4","ILM",null,"Není v databázi"]
["Martin Jurovic",null,null,null,"Pribina Cup 2019 - Klub","SK",9,2857,3210,0.94500000000000006,8659,8183,2019,null,null,"Pegase C101A","J2",null,"Není v databázi"]
["Jan Kovalcik",null,null,null,"Pribina Cup 2019 - Klub","SK",10,2829,3210,0.94500000000000006,8526,8057,2019,null,null,"Pegase C101A","OI",null,"Není v databázi"]
["Milan Surovcik",null,"Slovak national aeroclub",null,"Pribina Cup 2019 - Klub","SK",11,2825,3210,0.94500000000000006,8446,7981,2019,null,null,"Pegase C101A","EL",null,"Není v databázi"]
["Mindaugas Zaliukas",null,"Kaunas Aeroclub, Pociunai",null,"Pribina Cup 2019 - Klub","SK",12,2804,3210,0.94500000000000006,8329,7871,2019,null,null,"HpH 304cz /15m","MZ",null,"Není v databázi"]
["Markus Uhlig",null,"FC Grossrückerswalde",null,"Pribina Cup 2019 - Klub","SK",13,2593,3210,{"$f":"VLOOKUP(E2930,Soutez,8,0)","v":0.94500000000000006},7797,7368,2019,null,null,"Jantar Std.3","M4",null,"Není v databázi"]
["Felix Hoffmann",null,"Aero Club Buende e.V.",null,"Pribina Cup 2019 - Klub","SK",14,2570,3210,0.94500000000000006,7676,{"$f":"ROUND(J2931*K2931,0)","v":7254},2019,null,null,"ASW 20 /15m","K2",null,{"$f":"IF(ISERROR(VLOOKUP(A2931,Pilot,6,0)),\"Není v databázi\",VLOOKUP(A2931,Pilot,6,0))","v":"Není v databázi"}]
["Wolli Beyer",null,null,null,"Pribina Cup 2019 - Klub","SK",15,2558,3210,0.94500000000000006,7578,7161,2019,null,null,"ASW 20 /15m","5B",null,"Není v databázi"]
["Adam Kacvinsky",null,"AK Bratislava",null,"Pribina Cup 2019 - Klub","SK",16,2541,3210,0.94500000000000006,7470,7059,2019,null,null,"ASW 19","BA4",null,"Není v databázi"]
["Klara Teichmannova",{"$f":"VLOOKUP(A2934,Pilot,2,0)","v":1993},{"$f":"VLOOKUP(A2934,Pilot,3,0)","v":"Hronov"},{"$f":"VLOOKUP(A2934,Pilot,4,0)","v":"CZ/C2"},"Pribina Cup 2019 - Klub","SK",17,2514,3210,0.94500000000000006,7339,6935,2019,null,null,"Std. Cirrus","LY",{"$f":"VLOOKUP(A2934,Pilot,5,0)","v":"F"},""]
["Marek Sawczuk",null,"Aeroklub Warszawski",null,"Pribina Cup 2019 - Klub","SK",18,2513,3210,0.94500000000000006,7266,6866,2019,null,null,"Jantar Std.3","PT",null,"Není v databázi"]
["Dominik Süß",null,null,null,"Pribina Cup 2019 - Klub","SK",19,2482,3210,0.94500000000000006,7127,6735,2019,null,null,"H-201b Std. Libelle WL","ULI",null,"Není v databázi"]
["Luka Ranđelović",null,"AK Celje",null,"Pribina Cup 2019 - Klub","SK",20,2466,3210,0.94500000000000006,7020,6634,2019,null,null,"DG 300","Y3",null,"Není v databázi"]
["Martin Picka",1974,{"$f":"VLOOKUP(A2938,Pilot,3,0)","v":"Tábor"},"CZ/C1","Pribina Cup 2019 - Klub","SK",21,2423,3210,0.94500000000000006,6855,6478,2019,"x",null,"ASW-19B","BU","M",""]
["Ivan Novak",1962,"Mladá Boleslav","CZ/C1","Pribina Cup 2019 - Klub","SK",22,2378,3210,0.94500000000000006,6686,6318,2019,null,null,"LS-4","IX","M",""]
["Paul Altrichter",null,null,null,"Pribina Cup 2019 - Klub","SK",23,2334,3210,0.94500000000000006,6518,6160,2019,null,null,"LS-4","AK",null,"Není v databázi"]
["Christoph Koch",null,"SFC Fürstenfeld",null,"Pribina Cup 2019 - Klub","SK",24,2292,3210,0.94500000000000006,6355,6005,2019,null,null,"Discus CS","JB",null,"Není v databázi"]
["Adam Kapuy",null,"MSE",null,"Pribina Cup 2019 - Klub","SK",25,2265,3210,0.94500000000000006,6225,5883,2019,null,null,"LS-4","GJ",null,"Není v databázi"]
["Florian Heilmann",null,"FC Kamenz",null,"Pribina Cup 2019 - Klub","SK",26,2249,3210,0.94500000000000006,6119,5782,2019,null,null,"Jantar Std.3",9,null,"Není v databázi"]
["Zbigniew Górecki",null,"Łódź",null,"Pribina Cup 2019 - Klub","SK",27,2211,3210,0.94500000000000006,5964,5636,2019,null,null,"LS-1f","C1",null,"Není v databázi"]
["Ulrich Luta",null,"FVA Aachen / SFC Riedelbach",null,"Pribina Cup 2019 - Klub","SK",28,2203,3210,0.94500000000000006,5875,5552,2019,null,null,"LS-4","ZU",null,"Není v databázi"]
["Michal Lesinger",1966,{"$f":"VLOOKUP(A2946,Pilot,3,0)","v":"Moravská Třebová"},"CZ/M","Pribina Cup 2019 - Klub","SK",29,2190,3210,0.94500000000000006,5776,5458,2019,null,null,"ASW 19","LL","M",""]
["Konrad Partyka",null,null,null,"Pribina Cup 2019 - Klub","SK",30,2165,3210,0.94500000000000006,5650,5339,2019,null,null,"SZD-48-3 Brawo","BZ",null,"Není v databázi"]
["Marek Bialy",null,"Radom",null,"Pribina Cup 2019 - Klub","SK",31,2093,3210,0.94500000000000006,5421,5123,2019,null,null,"Jantar Std.3","W2",null,"Není v databázi"]
["Martynas Slizys",null,"Pociunai",null,"Pribina Cup 2019 - Klub","SK",32,2036,3210,0.94500000000000006,5226,4939,2019,null,null,"Jantar Std.3","CT",null,"Není v databázi"]
["Robert Toth",null,"Aero Club Szolnok, Hungary",null,"Pribina Cup 2019 - Klub","SK",33,1957,3210,0.94500000000000006,4982,4708,2019,null,null,"Std. Libelle","PI",null,"Není v databázi"]
["Edmund Schuller",null,null,null,"Pribina Cup 2019 - Klub","SK",34,1887,3210,0.94500000000000006,4758,4496,2019,null,null,"ASW-24(A)+W","ZS",null,"Není v databázi"]
["Marcin Bernaszuk",null,"Aeroklub Wrocławski",null,"Pribina Cup 2019 - Klub","SK",35,1668,3210,0.94500000000000006,4209,3978,2019,null,null,"Jantar Std.3","EX",null,"Není v databázi"]
["Miha Premrl",null,null,null,"Pribina Cup 2019 - Klub","SK",36,1628,3210,0.94500000000000006,4050,3827,2019,null,null,"DG-100","I9",null,"Není v databázi"]
["Maximilian Ebert",null,null,null,"Pribina Cup 2019 - Klub","SK",37,1582,3210,0.94500000000000006,3878,3665,2019,null,null,"LS-1f","PM",null,"Není v databázi"]
["Wojciech Kubiak",null,"Aeroklub Krakowski",null,"Pribina Cup 2019 - Klub","SK",38,1387,3210,0.94500000000000006,3382,3196,2019,null,null,"SZD 55","W07",null,"Není v databázi"]
["Niklas Unterrainer",null,"FC St. Johann in Tirol",null,"Pribina Cup 2019 - Klub","SK",39,1202,3210,0.94500000000000006,2907,2747,2019,null,null,"LS-4","8F",null,"Není v databázi"]
["Balazs Endrodi",null,"Aeroklub Farkashegy",null,"Pribina Cup 2019 - Klub","SK",40,874,3210,0.94500000000000006,2120,2003,2019,null,null,"ASW 19","FH",null,"Není v databázi"]
["Richard Vajda",null,null,null,"Pribina Cup 2019 - Klub","SK",41,739,3210,0.94500000000000006,1754,1658,2019,null,null,"ASW 20 /15m","BAS",null,"Není v databázi"]
["Milos Horvat",null,null,null,"Pribina Cup 2019 - Klub","SK",42,701,3210,0.94500000000000006,1600,1512,2019,null,null,"ASW 20 /15m","H",null,"Není v databázi"]
["Igor Cech",null,null,null,"Pribina Cup 2019 - Klub","SK",43,14,3210,0.94500000000000006,31,29,2019,null,null,"Silent 2","ZI",null,"Není v databázi"]
["Tomasz Hornik",null,"Aeroklub Nadwislanski",null,"Pribina Cup 2019 - Kombi 15m","SK",1,3272,3272,0.94500000000000006,{"$f":"ROUND(H2961/I2961*10000*0.7+(MAX($G$2961:$G$2997)-G2961)/(MAX($G$2961:$G$2997)-1)*10000*0.3,0)","v":10000},9450,2019,null,null,"Discus 2a /15m","II",null,"Není v databázi"]
["Radek Krejcirik",1991,{"$f":"VLOOKUP(A2962,Pilot,3,0)","v":"Hranice"},"CZ/M","Pribina Cup 2019 - Kombi 15m","SK",2,3199,3272,0.94500000000000006,{"$f":"ROUND(H2962/I2962*10000*0.7+(MAX($G$2961:$G$2997)-G2962)/(MAX($G$2961:$G$2997)-1)*10000*0.3,0)","v":9760},9223,2019,"x",null,"Ventus 2A","AX","M",""]
["Lukasz Grabowski",null,null,null,"Pribina Cup 2019 - Kombi 15m","SK",3,2984,3272,0.94500000000000006,9217,8710,2019,null,null,"Diana 2","RP",null,"Není v databázi"]
["Dana Novakova",1965,{"$f":"VLOOKUP(A2964,Pilot,3,0)","v":"Mladá Boleslav"},"CZ/C1","Pribina Cup 2019 - Kombi 15m","SK",4,2866,3272,0.94500000000000006,8881,8393,2019,"x","x","LS 8/15m","AU","F",""]
["Nils Fecker",null,null,null,"Pribina Cup 2019 - Kombi 15m","SK",5,2860,3272,0.94500000000000006,8785,8302,2019,null,null,"Ventus 2A","V",null,"Není v databázi"]
["Jana Veprekova",1961,{"$f":"VLOOKUP(A2966,Pilot,3,0)","v":"Dvůr Králové"},"CZ/C2","Pribina Cup 2019 - Kombi 15m","SK",6,2759,3272,0.94500000000000006,8486,8019,2019,null,null,"LS 8/15m","W8","F",""]
["Moritz Lukas Habschied",null,null,null,"Pribina Cup 2019 - Kombi 15m","SK",7,2733,3272,0.94500000000000006,8347,7888,2019,null,null,"ASW-27B WL","N1",null,"Není v databázi"]
["Philipp Lauer",null,null,null,"Pribina Cup 2019 - Kombi 15m","SK",8,2672,3272,0.94500000000000006,8133,7686,2019,null,null,"LS 8/15m","OLC",null,"Není v databázi"]
["Jan Pavlik",1987,{"$f":"VLOOKUP(A2969,Pilot,3,0)","v":"Křižanov"},"CZ/M","Pribina Cup 2019 - Kombi 15m","SK",9,2665,3272,0.94500000000000006,8035,7593,2019,null,null,"LS-8a /15m","JW","M",""]
["Wolfgang Zimmermann",null,"Flugring Austria Wiener Neustadt",null,"Pribina Cup 2019 - Kombi 15m","SK",10,2647,3272,0.94500000000000006,7913,7478,2019,null,null,"Ventus 2b /15m","CI",null,"Není v databázi"]
["Jedrzej Sklodowski",null,"Aeroklub Kujawski",null,"Pribina Cup 2019 - Kombi 15m","SK",11,2601,3272,0.94500000000000006,7731,7306,2019,null,null,"LS-6a /15m","VVI",null,"Není v databázi"]
["Jana Treslova",1963,{"$f":"VLOOKUP(A2972,Pilot,3,0)","v":"Raná"},"CZ/C2","Pribina Cup 2019 - Kombi 15m","SK",12,2577,3272,0.94500000000000006,7596,7178,2019,null,null,"Discus 2","GX","F",""]
["Karsten Leucker",null,"Aero-Club Ansbach",null,"Pribina Cup 2019 - Kombi 15m","SK",13,2553,3272,0.94500000000000006,7462,7052,2019,null,null,"Discus 2b /15m","CX",null,"Není v databázi"]
["Piotr Jarysz",null,"Aeroklub Koninski",null,"Pribina Cup 2019 - Kombi 15m","SK",14,2514,3272,0.94500000000000006,7295,6894,2019,null,null,"LS-6","BB",null,"Není v databázi"]
["Michael Wisbacher",null,null,null,"Pribina Cup 2019 - Kombi 15m","SK",15,2492,3272,0.94500000000000006,7165,6771,2019,null,null,"LS-8a /15m","M1",null,"Není v databázi"]
["Aldo Cernezzi",null,"Varese",null,"Pribina Cup 2019 - Kombi 15m","SK",16,2433,3272,0.94500000000000006,6955,6572,2019,null,null,"DG 600/15m","DU",null,"Není v databázi"]
["Wilhelm-Alexander Klomp",null,"LV Aachen",null,"Pribina Cup 2019 - Kombi 15m","SK",17,2426,3272,0.94500000000000006,6857,6480,2019,null,null,"Discus 2b /15m","NW2",null,"Není v databázi"]
["Martin Schwab",null,"FG Waldviertel",null,"Pribina Cup 2019 - Kombi 15m","SK",18,2417,3272,0.94500000000000006,6754,6383,2019,null,null,"Discus 2T /15m","FUN",null,"Není v databázi"]
["Hana Treslova",1991,{"$f":"VLOOKUP(A2979,Pilot,3,0)","v":"Raná"},"CZ/C2","Pribina Cup 2019 - Kombi 15m","SK",19,2393,3272,0.94500000000000006,6619,6255,2019,null,null,"LS 8/15m","EU","F",""]
["Tibor Fratrik",null,"SGC Martin",null,"Pribina Cup 2019 - Kombi 15m","SK",20,2241,3272,0.94500000000000006,6211,5869,2019,null,null,"LS-6","GI",null,"Není v databázi"]
["Wiktor Czubski",null,null,null,"Pribina Cup 2019 - Kombi 15m","SK",21,2230,3272,0.94500000000000006,6104,5768,2019,null,null,"LS-8a /15m","LOT",null,"Není v databázi"]
["Lukas Schneeberger",null,null,null,"Pribina Cup 2019 - Kombi 15m","SK",22,2189,3272,0.94500000000000006,5933,5607,2019,null,null,"Discus B","I",null,"Není v databázi"]
["Istvan Magyar",null,null,null,"Pribina Cup 2019 - Kombi 15m","SK",23,2080,3272,{"$f":"VLOOKUP(E2983,Soutez,8,0)","v":0.94500000000000006},5617,5308,2019,null,null,"ASG-29(E) 15m","PBI",null,"Není v databázi"]
["Sandor Laurinyecz",null,null,null,"Pribina Cup 2019 - Kombi 15m","SK",24,2011,3272,0.94500000000000006,5386,{"$f":"ROUND(J2984*K2984,0)","v":5090},2019,null,null,"Discus 2a /15m","HUN",null,{"$f":"IF(ISERROR(VLOOKUP(A2984,Pilot,6,0)),\"Není v databázi\",VLOOKUP(A2984,Pilot,6,0))","v":"Není v databázi"}]
["Juliusz Pieniazek",null,"Aeroklub Podhalanski",null,"Pribina Cup 2019 - Kombi 15m","SK",25,2008,3272,0.94500000000000006,5296,5005,2019,null,null,"Discus 2a /15m","Y",null,"Není v databázi"]
["Christoph Kahler",null,null,null,"Pribina Cup 2019 - Kombi 15m","SK",26,1975,3272,0.94500000000000006,5142,4859,2019,null,null,"Discus 2b /15m","NW1",null,"Není v databázi"]
["Sebastian Pöchlauer",null,null,null,"Pribina Cup 2019 - Kombi 15m","SK",27,1948,3272,0.94500000000000006,5001,4726,2019,null,null,"Discus 2a /15m","KG",null,"Není v databázi"]
["Istvan Réti",null,null,null,"Pribina Cup 2019 - Kombi 15m","SK",28,1856,3272,0.94500000000000006,4721,4461,2019,null,null,"Ventus 2A","IR",null,"Není v databázi"]
["Miroslav Beliansky",null,null,null,"Pribina Cup 2019 - Kombi 15m","SK",29,1853,3272,0.94500000000000006,4631,4376,2019,null,null,"LS-8s(t) /15m","TC",null,"Není v databázi"]
["Pascal Brunner",null,"SG Zuerich",null,"Pribina Cup 2019 - Kombi 15m","SK",30,1577,3272,0.94500000000000006,3957,3739,2019,null,null,"Discus 2b /15m","ST",null,"Není v databázi"]
["Andrius Tamulenas",null,null,null,"Pribina Cup 2019 - Kombi 15m","SK",31,1422,3272,0.94500000000000006,3542,3347,2019,null,null,"LS-8-18 /15m","H8",null,"Není v databázi"]
["Ambrus Vancso",null,"Dunaferr",null,"Pribina Cup 2019 - Kombi 15m","SK",32,1343,3272,0.94500000000000006,3290,3109,2019,null,null,"Ventus bT /15m","PB",null,"Není v databázi"]
["Philip Joens",null,null,null,"Pribina Cup 2019 - Kombi 15m","SK",33,1306,3272,0.94500000000000006,3127,2955,2019,null,null,"LS-7WL","AP",null,"Není v databázi"]
["Laszlo Kapuy",null,null,null,"Pribina Cup 2019 - Kombi 15m","SK",34,1280,3272,0.94500000000000006,2988,2824,2019,null,null,"Ventus 2cxm /15m 525kg","GE",null,"Není v databázi"]
["Christoph S. Ackermann",null,"SG Freiburg",null,"Pribina Cup 2019 - Kombi 15m","SK",35,892,3272,0.94500000000000006,2075,1961,2019,null,null,"Ventus B/15m (500kg)","AW",null,"Není v databázi"]
["Marko Virtanen",null,null,null,"Pribina Cup 2019 - Kombi 15m","SK",36,624,3272,0.94500000000000006,1418,1340,2019,null,null,"LS-8s /15m","SI",null,"Není v databázi"]
["Jonas Pitschen",null,"SG Zuerich",null,"Pribina Cup 2019 - Kombi 15m","SK",37,161,3272,0.94500000000000006,344,325,2019,null,null,"Discus 2b /15m","UB",null,"Není v databázi"]
["Sebastian Kawa",null,"Aeroclub Bielsko Biala",null,"Pribina Cup 2019 - Kombi Open","SK",1,3406,3406,0.96500000000000008,{"$f":"ROUND(H2998/I2998*10000*0.7+(MAX($G$2998:$G$3033)-G2998)/(MAX($G$2998:$G$3033)-1)*10000*0.3,0)","v":10000},9650,2019,null,null,"Diana 3 FES","D8",null,"Není v databázi"]
["Karol Staryszak",null,"Mielec",null,"Pribina Cup 2019 - Kombi Open","SK",2,3403,3406,0.96500000000000008,{"$f":"ROUND(H2999/I2999*10000*0.7+(MAX($G$2998:$G$3033)-G2999)/(MAX($G$2998:$G$3033)-1)*10000*0.3,0)","v":9908},9561,2019,null,null,"ASG-29 18m","PES",null,"Není v databázi"]
["Petr Krejcirik",{"$f":"VLOOKUP(A3000,Pilot,2,0)","v":1960},{"$f":"VLOOKUP(A3000,Pilot,3,0)","v":"Hranice"},{"$f":"VLOOKUP(A3000,Pilot,4,0)","v":"CZ/M"},"Pribina Cup 2019 - Kombi Open","SK",3,2996,3406,0.96500000000000008,8986,8671,2019,null,null,"JS1-C(TJ) 18 EVO","Z",{"$f":"VLOOKUP(A3000,Pilot,5,0)","v":"M"},""]
["Wolfgang Janowitsch",null,"FRA-Wiener Neustadt",null,"Pribina Cup 2019 - Kombi Open","SK",4,2910,3406,0.96500000000000008,8723,8418,2019,null,null,"Arcus",3,null,"Není v databázi"]
["Ondrej Dupal",1966,{"$f":"VLOOKUP(A3002,Pilot,3,0)","v":"GAC Benešov"},"CZ/C1","Pribina Cup 2019 - Kombi Open","SK",5,2862,3406,0.96500000000000008,8539,8240,2019,"x",null,"ASG-29 18m","GO","M",""]
["Andreas Sandhöfner",null,"FSK Sturmvogel",null,"Pribina Cup 2019 - Kombi Open","SK",6,2848,3406,0.96500000000000008,8425,8130,2019,null,null,"ASG 29/18m","AY",null,"Není v databázi"]
["Zdislaw Bednarczuk",null,null,null,"Pribina Cup 2019 - Kombi Open","SK",7,2833,3406,0.96500000000000008,8308,8017,2019,null,null,"JS1-C(TJ) 21","B52",null,"Není v databázi"]
["Lukasz Wojcik",null,"Wloclawek",null,"Pribina Cup 2019 - Kombi Open","SK",8,2810,3406,0.96500000000000008,8175,7889,2019,null,null,"JS1-C(TJ) 21m","P",null,"Není v databázi"]
["Anton Sibanc",null,"Aeroklub Celje",null,"Pribina Cup 2019 - Kombi Open","SK",9,2789,3406,0.96500000000000008,8046,7764,2019,null,null,"ASG 29/18m","E3",null,"Není v databázi"]
["Heimo Demmerer",null,"SFC Mariazell",null,"Pribina Cup 2019 - Kombi Open","SK",10,2720,3406,0.96500000000000008,7819,7545,2019,null,null,"Ventus 2cm /18m 525 kg","OD",null,"Není v databázi"]
["Johannes Dibbern",null,null,null,"Pribina Cup 2019 - Kombi Open","SK",11,2687,3406,0.96500000000000008,7665,7397,2019,null,null,"HPH 304ES Shark/18m (600kg)","D3",null,"Není v databázi"]
["Andreas Lutz",null,"SFC-Ried; Akaflieg Muenchen; FG Wolf Hirth",null,"Pribina Cup 2019 - Kombi Open","SK",12,2683,3406,0.96500000000000008,7571,7306,2019,null,null,"Ventus 3(T/M) /18m","WOI",null,"Není v databázi"]
["Stefan Langer",null,"SFG Donauwoerth Monheim",null,"Pribina Cup 2019 - Kombi Open","SK",13,2611,3406,0.96500000000000008,7338,7081,2019,null,null,"ASG-29 18m","SL",null,"Není v databázi"]
["Viliam KubovCik",null,"AK Poprad",null,"Pribina Cup 2019 - Kombi Open","SK",14,2605,3406,0.96500000000000008,7240,6987,2019,null,null,"Ventus 2cx(m/t) /18m 600kg","VV",null,"Není v databázi"]
["Pristavec & Avsenek",null,null,null,"Pribina Cup 2019 - Kombi Open","SK",15,2559,3406,0.96500000000000008,7059,6812,2019,null,null,"EB 28 /28,3m",7,null,"Není v databázi"]
["Henning Kjersgaard Nielsen",null,"Midtsjaellands Svaeveflyveklub",null,"Pribina Cup 2019 - Kombi Open","SK",16,2528,3406,0.96500000000000008,6910,6668,2019,null,null,"Ventus 2c /18m 525kg","T",null,"Není v databázi"]
["Jan Hertrich",null,null,null,"Pribina Cup 2019 - Kombi Open","SK",17,2451,3406,0.96500000000000008,6666,6433,2019,null,null,"LS-8-18 /18m","EO",null,"Není v databázi"]
["Max Böswald",null,"FC Eichstätt",null,"Pribina Cup 2019 - Kombi Open","SK",18,2432,3406,0.96500000000000008,6541,6312,2019,null,null,"Discus 2c FES /18m","FES",null,"Není v databázi"]
["Joze Verdev",null,null,null,"Pribina Cup 2019 - Kombi Open","SK",19,2425,3406,0.96500000000000008,6441,6216,2019,null,null,"JS1 /18m","DZ",null,"Není v databázi"]
["Sorin Lingureanu",null,"Tampereen Ilmailuyhdistys",null,"Pribina Cup 2019 - Kombi Open","SK",20,2385,3406,0.96500000000000008,6273,6053,2019,null,null,"Ventus 2c /18m 525kg","ZR",null,"Není v databázi"]
["Marek Pechanec",1970,{"$f":"VLOOKUP(A3018,Pilot,3,0)","v":"Luhačovice"},"CZ/M","Pribina Cup 2019 - Kombi Open","SK",21,2277,3406,0.96500000000000008,5965,5756,2019,null,null,"ASG 29(E) 18m","QZ","M",""]
["Sven Kolb",null,"SFG-Dornbirn",null,"Pribina Cup 2019 - Kombi Open","SK",21,2277,3406,0.96500000000000008,5965,5756,2019,null,null,"Antares/20m","ZF",null,"Není v databázi"]
["Werner Danz",null,null,null,"Pribina Cup 2019 - Kombi Open","SK",23,2257,3406,0.96500000000000008,5753,5552,2019,null,null,"Antares 18S/T","BT",null,"Není v databázi"]
["Kai Glatter",null,"AC Pirna",null,"Pribina Cup 2019 - Kombi Open","SK",24,2158,3406,0.96500000000000008,5464,5273,2019,null,null,"JS1-C(TJ) 18 EVO","YE",null,"Není v databázi"]
["Till Berthold",null,null,null,"Pribina Cup 2019 - Kombi Open","SK",25,2128,3406,0.96500000000000008,5316,5130,2019,null,null,"Discus 2c/2T /18m","S2",null,"Není v databázi"]
["Natalie Luebben",null,null,null,"Pribina Cup 2019 - Kombi Open","SK",26,2127,3406,0.96500000000000008,5229,5046,2019,null,null,"ASH-31/Mi 21m",31,null,"Není v databázi"]
["Robin Sittmann",null,"Aero Club Rhein-Nahe",null,"Pribina Cup 2019 - Kombi Open","SK",27,2042,3406,0.96500000000000008,4968,4794,2019,null,null,"Discus 2c/2T /18m","MA",null,"Není v databázi"]
["Michal Lewczuk",null,"Warsaw Aero Club",null,"Pribina Cup 2019 - Kombi Open","SK",28,1975,3406,0.96500000000000008,4745,4579,2019,null,null,"JS-1A/B/C(TJ) 18","GOL",null,"Není v databázi"]
["Rene Schoenmann",null,null,null,"Pribina Cup 2019 - Kombi Open","SK",29,1930,3406,0.96500000000000008,4567,4407,2019,null,null,"JS1-C(TJ) 21","LI",null,"Není v databázi"]
["Mathias Muench",null,"Alpenflugzentrum Unterwossen",null,"Pribina Cup 2019 - Kombi Open","SK",30,1772,3406,0.96500000000000008,4156,4011,2019,null,null,"DG-800 /18m","MU",null,"Není v databázi"]
["Bogdan Dorozko",null,null,null,"Pribina Cup 2019 - Kombi Open","SK",31,1604,3406,0.96500000000000008,3725,3595,2019,null,null,"ASG-29 18m","29L",null,"Není v databázi"]
["Vytautas Maciulis",null,null,null,"Pribina Cup 2019 - Kombi Open","SK",32,1278,3406,0.96500000000000008,2969,2865,2019,null,null,"LAK 17B FES /18m",77,null,"Není v databázi"]
["Jernej Lokovsek",null,"Aeroklub Ljubljana",null,"Pribina Cup 2019 - Kombi Open","SK",33,1132,3406,0.96500000000000008,2584,2494,2019,null,null,"LAK 17A/18m","JL",null,"Není v databázi"]
["Alexander Schuetz",null,"AFZ Unterwoessen",null,"Pribina Cup 2019 - Kombi Open","SK",34,1062,3406,0.96500000000000008,2354,2272,2019,null,null,"Ventus 2cx(m/t) /18m 600kg","AI",null,"Není v databázi"]
["Hannu Halonen",null,"Imatran Ilmailukerho",null,"Pribina Cup 2019 - Kombi Open","SK",35,744,3406,0.96500000000000008,1615,1558,2019,null,null,"Ventus 3(T/M) /18m","3W",null,"Není v databázi"]
["Carsten Rasmussen",null,"MSF",null,"Pribina Cup 2019 - Kombi Open","SK",36,435,3406,0.96500000000000008,894,863,2019,null,null,"DG-800 /18m+W","DI",null,"Není v databázi"]
["Briel & Levin",null,"LSV Homberg/Ohm",null,"Pribina Cup 2019 - Duo 20m","SK",1,2977,2977,{"$f":"VLOOKUP(E3034,Soutez,8,0)","v":0.91500000000000004},{"$f":"ROUND(H3034/I3034*10000*0.7+(MAX($G$3034:$G$3046)-G3034)/(MAX($G$3034:$G$3046)-1)*10000*0.3,0)","v":10000},{"$f":"ROUND(J3034*K3034,0)","v":9150},2019,null,null,"Duo Discus X","H1",null,{"$f":"IF(ISERROR(VLOOKUP(A3034,Pilot,6,0)),\"Není v databázi\",VLOOKUP(A3034,Pilot,6,0))","v":"Není v databázi"}]
["Weidlich & Moeller",null,null,null,"Pribina Cup 2019 - Duo 20m","SK",2,2905,2977,0.91500000000000004,{"$f":"ROUND(H3035/I3035*10000*0.7+(MAX($G$3034:$G$3046)-G3035)/(MAX($G$3034:$G$3046)-1)*10000*0.3,0)","v":9581},8767,2019,null,null,"Arcus","YA",null,"Není v databázi"]
["Goralski & Holighaus",null,null,null,"Pribina Cup 2019 - Duo 20m","SK",3,2872,2977,0.91500000000000004,9253,8466,2019,null,null,"Arcus",20,null,"Není v databázi"]
["Buhlmann & Schlautmann",null,"FLC Schwandorf",null,"Pribina Cup 2019 - Duo 20m","SK",4,2792,2977,0.91500000000000004,8815,8066,2019,null,null,"Arcus","ES",null,"Není v databázi"]
["Emmerich & Kretzschmar",null,"Aero Club Lichtenfels",null,"Pribina Cup 2019 - Duo 20m","SK",5,2723,2977,0.91500000000000004,8403,7689,2019,null,null,"Arcus T","ISP",null,"Není v databázi"]
["Czeladzki & Biela",null,"Nowy Targ",null,"Pribina Cup 2019 - Duo 20m","SK",6,2585,2977,0.91500000000000004,7828,7163,2019,null,null,"Duo Discus (750kg)","POL",null,"Není v databázi"]
["Corporaal & Corporaal",null,null,null,"Pribina Cup 2019 - Duo 20m","SK",7,2362,2977,0.91500000000000004,7054,6454,2019,null,null,"Duo Discus (750kg)","WO",null,"Není v databázi"]
["Tourula & Kankare",null,"Helsingin Ilmailukerho",null,"Pribina Cup 2019 - Duo 20m","SK",8,2341,2977,0.91500000000000004,6755,6181,2019,null,null,"DG-1000T 20m","NIT",null,"Není v databázi"]
["Fischer & Stahf",null,"FCC Berlin e.V.",null,"Pribina Cup 2019 - Duo 20m","SK",9,2326,2977,0.91500000000000004,6469,5919,2019,null,null,"Arcus","V8",null,"Není v databázi"]
["de Boer & Ooijevaar",null,null,null,"Pribina Cup 2019 - Duo 20m","SK",10,2124,2977,0.91500000000000004,5744,5256,2019,null,null,"Duo Discus (750kg)","2T",null,"Není v databázi"]
["Szabadfi & Tornyai",null,"MALEV Aeroclub",null,"Pribina Cup 2019 - Duo 20m","SK",11,1907,2977,0.91500000000000004,4984,4560,2019,null,null,"Arcus","AB",null,"Není v databázi"]
["Gevad & Andersen",null,null,null,"Pribina Cup 2019 - Duo 20m","SK",12,1814,2977,0.91500000000000004,4515,4131,2019,null,null,"Duo Discus XL","MF",null,"Není v databázi"]
["Schwan & Hudler",null,null,null,"Pribina Cup 2019 - Duo 20m","SK",13,1468,2977,0.91500000000000004,3452,3159,2019,null,null,"Duo Discus (700kg)","MM",null,"Není v databázi"]
["Tom Arscott",null,"Lasham Gliding Society",null,"FCC 2019 - Klub","SK",1,3594,3594,0.96500000000000008,{"$f":"ROUND(H3047/I3047*10000*0.7+(MAX($G$3047:$G$3085)-G3047)/(MAX($G$3047:$G$3085)-1)*10000*0.3,0)","v":10000},9650,2019,null,null,"LS 7 WL",768,null,"Není v databázi"]
["Gerrard Dale",null,"Lasham and Omarama Gliding Club",null,"FCC 2019 - Klub","SK",2,3587,3594,0.96500000000000008,{"$f":"ROUND(H3048/I3048*10000*0.7+(MAX($G$3047:$G$3085)-G3048)/(MAX($G$3047:$G$3085)-1)*10000*0.3,0)","v":9907},9560,2019,null,null,"ASW-24(\"A\") WL","E2",null,"Není v databázi"]
["Uwe Wahlig",null,"Segelfluggruppe Bensheim e.V.",null,"FCC 2019 - Klub","SK",3,3422,3594,0.96500000000000008,9507,9174,2019,null,null,"lLS-3 /15 M WL","SN",null,"Není v databázi"]
["Arkadiusz Downar",null,null,null,"FCC 2019 - Klub","SK",4,3299,3594,0.96500000000000008,9189,8867,2019,null,null,"Pegase C101 a","EMi",null,"Není v databázi"]
["Tim Milner",null,"Wolds gliding Club",null,"FCC 2019 - Klub","SK",5,3135,3594,0.96500000000000008,8790,8482,2019,null,null,"LS-3 /15m","LS5",null,"Není v databázi"]
["Jaroslav Tomana",{"$f":"VLOOKUP(A3052,Pilot,2,0)","v":1975},{"$f":"VLOOKUP(A3052,Pilot,3,0)","v":"Zbraslavice"},{"$f":"VLOOKUP(A3052,Pilot,4,0)","v":"CZ/C1"},"FCC 2019 - Klub","SK",6,3009,3594,0.96500000000000008,8466,8170,2019,null,null,"Pegase 101.BC-W","RT",{"$f":"VLOOKUP(A3052,Pilot,5,0)","v":"M"},""]
["Boris Zorz",null,"Lesce",null,"FCC 2019 - Klub","SK",7,3008,3594,0.96500000000000008,8385,8092,2019,null,null,"Std. Cirrus WL","IPF",null,"Není v databázi"]
["Lubomir Motl",1959,{"$f":"VLOOKUP(A3054,Pilot,3,0)","v":"Kyjov"},"CZ/M","FCC 2019 - Klub","SK",8,2978,3594,0.96500000000000008,8248,7959,2019,null,null,"LS-1f","G2","M",""]
["Ivan Novak",1962,"Mladá Boleslav","CZ/C1","FCC 2019 - Klub","SK",9,2943,3594,0.96500000000000008,8100,7817,2019,null,null,"LS 4","IX","M",""]
["Nico Le Roux",null,"Cape Gliding Club",null,"FCC 2019 - Klub","SK",10,2889,3594,0.96500000000000008,7916,7639,2019,null,null,"Libelle H201","YI",null,"Není v databázi"]
["Adam Woolley",null,"Kingaroy",null,"FCC 2019 - Klub","SK",11,2821,3594,0.96500000000000008,7705,7435,2019,null,null,"Std. Cirrus","XII",null,"Není v databázi"]
["Joanna Biedermann",null,"Aeroclub Nadwislanski",null,"FCC 2019 - Klub","SK",12,2731,3594,0.96500000000000008,7451,7190,2019,null,null,"LS-4","OG",null,"Není v databázi"]
["Marek Sawczuk",null,"Aeroklub Warszawski",null,"FCC 2019 - Klub","SK",13,2714,3594,0.96500000000000008,7339,7082,2019,null,null,"ASW-20F","SB",null,"Není v databázi"]
["Ferenc Tamas",null,"Szeged Aero Club (DAC-1930)",null,"FCC 2019 - Klub","SK",14,2648,3594,0.96500000000000008,7131,6881,2019,null,null,"LS 3/15","1A",null,"Není v databázi"]
["Sergey Serov",null,"Usman",null,"FCC 2019 - Klub","SK",15,2539,3594,0.96500000000000008,6840,6601,2019,null,null,"Std. Cirrus","AM",null,"Není v databázi"]
["Oliver Sven",null,"Cape Gliding Club",null,"FCC 2019 - Klub","SK",16,2518,3594,0.96500000000000008,6720,6485,2019,null,null,"Std. Cirrus","UY",null,"Není v databázi"]
["Lumir Motyka",1955,{"$f":"VLOOKUP(A3063,Pilot,3,0)","v":"Frýdlant"},"CZ/M","FCC 2019 - Klub","SK",17,2420,3594,0.96500000000000008,6450,6224,2019,"x",null,"LS-1f","EM","M",""]
["Stanislaw Biela",null,"Nowy Targ",null,"FCC 2019 - Klub","SK",18,2324,3594,0.96500000000000008,6184,5968,2019,null,null,"SZD 55-1","BS",null,"Není v databázi"]
["Miroslaw Izydorczak",null,"Warszawa",null,"FCC 2019 - Klub","SK",19,2275,3594,0.96500000000000008,6010,5800,2019,null,null,"LIBELLE STD H 201 B",4040,null,"Není v databázi"]
["Slavomir Piskaty 84",1984,{"$f":"VLOOKUP(A3066,Pilot,3,0)","v":"Kunovice"},"CZ/M","FCC 2019 - Klub","SK",20,2262,3594,0.96500000000000008,5906,5699,2019,"x",null,"Std. Cirrus","PIF","M",""]
["Arturas Pilvinis",null,"Telsiu",null,"FCC 2019 - Klub","SK",21,2238,3594,0.96500000000000008,5780,5578,2019,null,null,"SZD-55 Promyk","AP",null,"Není v databázi"]
["Murati & Gonczi",null,null,null,"FCC 2019 - Klub","SK",22,2185,3594,0.96500000000000008,5598,5402,2019,null,null,"Janus C (FG)","DD",null,"Není v databázi"]
["Kamil Wojcik",null,"Wroclawek",null,"FCC 2019 - Klub","SK",23,2165,3594,0.96500000000000008,5480,5288,2019,null,null,"LS-4","WW",null,"Není v databázi"]
["Marek Herbreder",null,"Szcecin",null,"FCC 2019 - Klub","SK",24,2041,3594,0.96500000000000008,5159,4978,2019,null,null,"SZD-55 Promyk","TK",null,"Není v databázi"]
["Wojciech Izdebski",null,"Gdansk",null,"FCC 2019 - Klub","SK",25,1911,3594,0.96500000000000008,4827,4658,2019,null,null,"DG 101G","G1",null,"Není v databázi"]
["Arkadiusz Bajura",null,"Czestochowa",null,"FCC 2019 - Klub","SK",26,1892,3594,0.96500000000000008,4711,4546,2019,null,null,"Mini-Nimbus c","CC",null,"Není v databázi"]
["Konrad Jaczkowski",null,"Częstochowski",null,"FCC 2019 - Klub","SK",27,1879,3594,0.96500000000000008,4607,4446,2019,null,null,"Discus b WL","VE",null,"Není v databázi"]
["Alexey Kucherov",null,"Shevlino",null,"FCC 2019 - Klub","SK",28,1761,3594,0.96500000000000008,4298,4148,2019,null,null,"ASW 20","EW",null,"Není v databázi"]
["Rafal Siankowski",null,"Radomski",null,"FCC 2019 - Klub","SK",29,1737,3594,0.96500000000000008,4173,4027,2019,null,null,"SZD-48 Jantar std. 3","AA",null,"Není v databázi"]
["Dani Zaninovic",null,"Split",null,"FCC 2019 - Klub","SK",30,1695,3594,0.96500000000000008,4012,3872,2019,null,null,"ASW-24(\"A\") WL","HR3",null,"Není v databázi"]
["Marek Bialy",null,"Radom",null,"FCC 2019 - Klub","SK",31,1678,3594,0.96500000000000008,3900,3764,2019,null,null,"SZD-48 Jantar std. 3","W2",null,"Není v databázi"]
["Marius Rachwal",null,"Ziemi Zamojskiej",null,"FCC 2019 - Klub","SK",32,1547,3594,0.96500000000000008,3566,3441,2019,null,null,"SZD-48 Jantar std. 3","VI",null,"Není v databázi"]
["Andrzej Szczerba",null,"Leszcznski",null,"FCC 2019 - Klub","SK",33,1460,3594,0.96500000000000008,3317,3201,2019,null,null,"SZD-48 Jantar std. 2","MZ",null,"Není v databázi"]
["Aleksandar Diklic",null,"Zrenjanin",null,"FCC 2019 - Klub","SK",34,1303,3594,0.96500000000000008,2933,2830,2019,null,null,"DG-100",30,null,"Není v databázi"]
["Agata Kaszczuk",null,"Wrocław",null,"FCC 2019 - Klub","SK",35,1168,3594,{"$f":"VLOOKUP(E3081,Soutez,8,0)","v":0.96500000000000008},2591,2500,2019,null,null,"LS-1f","MR",null,"Není v databázi"]
["Juraj Sidor",null,"AK Holic",null,"FCC 2019 - Klub","SK",36,1029,3594,0.96500000000000008,2241,{"$f":"ROUND(J3082*K3082,0)","v":2163},2019,null,null,"Std. Cirrus","NM",null,{"$f":"IF(ISERROR(VLOOKUP(A3082,Pilot,6,0)),\"Není v databázi\",VLOOKUP(A3082,Pilot,6,0))","v":"Není v databázi"}]
["Frane Franic",null,"Vitar",null,"FCC 2019 - Klub","SK",37,995,3594,0.96500000000000008,2096,2023,2019,null,null,"Jantar STD 3","HR1",null,"Není v databázi"]
["Neil McLaughlin",null,"Lasham, UK",null,"FCC 2019 - Klub","SK",38,872,3594,0.96500000000000008,1777,1715,2019,null,null,"Mini-Nimbus",2,null,"Není v databázi"]
["Jerzy Mikolajczyk",null,"AZM Plock",null,"FCC 2019 - Klub","SK",39,742,3594,0.96500000000000008,1445,1394,2019,null,null,"LS-4","YL",null,"Není v databázi"]
["Poul Kim Larsen",null,"Midtsjallands Svaveflyveklub",null,"FCC 2019 - Kombi 15m","SK",1,3137,3137,0.98,{"$f":"ROUND(H3086/I3086*10000*0.7+(MAX($G$3086:$G$3123)-G3086)/(MAX($G$3086:$G$3123)-1)*10000*0.3,0)","v":10000},9800,2019,null,null,"Discus 2a","D2",null,"Není v databázi"]
["Miloslav Cink",{"$f":"VLOOKUP(A3087,Pilot,2,0)","v":1987},{"$f":"VLOOKUP(A3087,Pilot,3,0)","v":"Letkov"},{"$f":"VLOOKUP(A3087,Pilot,4,0)","v":"CZ/C1"},"FCC 2019 - Kombi 15m","SK",2,3035,3137,0.98,{"$f":"ROUND(H3087/I3087*10000*0.7+(MAX($G$3086:$G$3123)-G3087)/(MAX($G$3086:$G$3123)-1)*10000*0.3,0)","v":9691},9497,2019,null,null,"LS-8b","JB",{"$f":"VLOOKUP(A3087,Pilot,5,0)","v":"M"},""]
["Jacek Flis",null,"Ziemi Zamojskiej / KKGT",null,"FCC 2019 - Kombi 15m","SK",3,3028,3137,0.98,9595,9403,2019,null,null,"Discus 2a","Y",null,"Není v databázi"]
["Marius Pluscauskas",null,"Vilnius aeroclub",null,"FCC 2019 - Kombi 15m","SK",4,2903,3137,0.98,9235,9050,2019,null,null,"Ventus 2 ax","XY",null,"Není v databázi"]
["Jana Veprekova",1961,{"$f":"VLOOKUP(A3090,Pilot,3,0)","v":"Dvůr Králové"},"CZ/C2","FCC 2019 - Kombi 15m","SK",5,2879,3137,0.98,9100,8918,2019,"x","x","LS 8","W8","F",""]
["Jiri Kusbach",1959,"Luhačovice","CZ/M","FCC 2019 - Kombi 15m","SK",6,2829,3137,0.98,8907,8729,2019,"x",null,"KKB 15E-FES","B","M",""]
["Pavel Louzecky",1957,"Přibyslav","CZ/C2","FCC 2019 - Kombi 15m","SK",7,2797,3137,0.98,8755,8580,2019,null,null,"LS-8","FX","M",""]
["Zdun & RAWECKI",null,null,null,"FCC 2019 - Kombi 15m","SK",8,2794,3137,0.98,8667,8494,2019,null,null,"Duo Discus XL","POL",null,"Není v databázi"]
["Slavomir Valecko",1960,{"$f":"VLOOKUP(A3094,Pilot,3,0)","v":"Hranice"},"CZ/M","FCC 2019 - Kombi 15m","SK",9,2787,3137,0.98,8570,8399,2019,"x",null,"Discus CS","IYB","M",""]
["Dana Novakova",1965,"Mladá Boleslav","CZ/C1","FCC 2019 - Kombi 15m","SK",10,2767,3137,0.98,8445,8276,2019,null,null,"LS-8","AU","F",""]
["Lukasz Grabowski",null,"Aeroklub Wloclawski",null,"FCC 2019 - Kombi 15m","SK",11,2695,3137,0.98,8203,8039,2019,null,null,"SZD-56-2 Diana-2","RP",null,"Není v databázi"]
["Zoltan Hamar",null,"Vario SE",null,"FCC 2019 - Kombi 15m","SK",12,2681,3137,0.98,8091,7929,2019,null,null,"Ventus 2xa 15m","5A",null,"Není v databázi"]
["Maros Divok",null,"SNV",null,"FCC 2019 - Kombi 15m","SK",13,2678,3137,0.98,8003,7843,2019,null,null,"Discus 2b","DI",null,"Není v databázi"]
["Filip Bojanowski",null,"ØSF",null,"FCC 2019 - Kombi 15m","SK",14,2625,3137,0.98,7803,7647,2019,null,null,"Discus 2a","AX",null,"Není v databázi"]
["Pavel Trojan",1960,{"$f":"VLOOKUP(A3100,Pilot,3,0)","v":"Chrudim"},"CZ/C2","FCC 2019 - Kombi 15m","SK",15,2610,3137,0.98,7689,7535,2019,"x",null,"Duo Discus T (700kg)","ZS","M",""]
["Joris Vainius",null,"Vilnius",null,"FCC 2019 - Kombi 15m","SK",16,2579,3137,0.98,7539,7388,2019,null,null,"ASG 29","M7",null,"Není v databázi"]
["Oliver Springer",null,"Luftsportverein Oldenburg-Bad Zwischenahn e.V.",null,"FCC 2019 - Kombi 15m","SK",17,2527,3137,0.98,7342,7195,2019,null,null,"ASG 29 Es","OS",null,"Není v databázi"]
["Ondrej Bordovsky",1983,{"$f":"VLOOKUP(A3103,Pilot,3,0)","v":"Krnov"},"CZ/M","FCC 2019 - Kombi 15m","SK",18,2511,3137,0.98,7225,7081,2019,null,null,"VENTUS 2AX","AXi","M",""]
["Alex Pop",null,"Romanian Airclub",null,"FCC 2019 - Kombi 15m","SK",19,2406,3137,0.98,6909,6771,2019,null,null,"Discus 2a /15m","YB",null,"Není v databázi"]
["Dariusz Czech",null,"Stalowowolski",null,"FCC 2019 - Kombi 15m","SK",20,2356,3137,0.98,6717,6583,2019,null,null,"LAK 19 15m","DC",null,"Není v databázi"]
["Jana Treslova",1963,{"$f":"VLOOKUP(A3106,Pilot,3,0)","v":"Raná"},"CZ/C2","FCC 2019 - Kombi 15m","SK",21,2320,3137,0.98,6555,6424,2019,null,null,"Ventus bT15m","VT","F",""]
["Radek Krejcirik",1991,"Hranice","CZ/M","FCC 2019 - Kombi 15m","SK",22,2277,3137,0.98,6378,6250,2019,null,null,"ASG 29E 15m 525kg","QZ","M",""]
["Simon Brown",null,"Lasham",null,"FCC 2019 - Kombi 15m","SK",23,2245,3137,0.98,6226,6101,2019,null,null,"LS-8 15 m","Bi",null,"Není v databázi"]
["Petr Carter",null,"Lasham",null,"FCC 2019 - Kombi 15m","SK",24,2179,3137,0.98,5997,5877,2019,null,null,"LS-8 15 m",95,null,"Není v databázi"]
["Dawid Pretorius",null,"Cape Gliding Club",null,"FCC 2019 - Kombi 15m","SK",25,2143,3137,0.98,5836,5719,2019,null,null,"LS-8","VZ",null,"Není v databázi"]
["Lukasz Blaszczyk",null,"Ostrow",null,"FCC 2019 - Kombi 15m","SK",26,2121,3137,0.98,5706,5592,2019,null,null,"Discus 2a","I",null,"Není v databázi"]
["Piotr Jarysz",null,"Aeroklub Koninski",null,"FCC 2019 - Kombi 15m","SK",27,2070,3137,0.98,5511,5401,2019,null,null,"Ls-6","BB",null,"Není v databázi"]
["Hana Treslova",1991,{"$f":"VLOOKUP(A3113,Pilot,3,0)","v":"Raná"},"CZ/C2","FCC 2019 - Kombi 15m","SK",28,1898,3137,0.98,5046,4945,2019,null,null,"LS 8a","EU","F",""]
["Dimitry Timoshenko",null,"Shevlino",null,"FCC 2019 - Kombi 15m","SK",29,1887,3137,0.98,4940,4841,2019,null,null,"Discus 2a","DT",null,"Není v databázi"]
["Oldrich Bartonik",1961,{"$f":"VLOOKUP(A3115,Pilot,3,0)","v":"Luhačovice"},"CZ/M","FCC 2019 - Kombi 15m","SK",30,1835,3137,0.98,4743,4648,2019,"x",null,"KKB 15","N1","M",""]
["Aldo CERNEZZI",null,"ACAO Varese",null,"FCC 2019 - Kombi 15m","SK",31,1596,3137,0.98,4129,4046,2019,null,null,"DG-600M 15m WL","DW",null,"Není v databázi"]
["Judyta Czyż",null,"Bielsko Bialski",null,"FCC 2019 - Kombi 15m","SK",32,1426,3137,0.98,3669,3596,2019,null,null,"LS-8 15 m","LOT",null,"Není v databázi"]
["Iakov Shrage",null,"Neboshevlino",null,"FCC 2019 - Kombi 15m","SK",33,777,3137,0.98,2139,2096,2019,null,null,"LS 8T","TC",null,"Není v databázi"]
["Guido Dalla Rosa Prati",null,"Parma",null,"FCC 2019 - Kombi 15m","SK",34,749,3137,0.98,1996,1956,2019,null,null,"LS-8 15 m","GG",null,"Není v databázi"]
["Slavomir Piskaty 58",1958,{"$f":"VLOOKUP(A3120,Pilot,3,0)","v":"Kunovice"},"CZ/M","FCC 2019 - Kombi 15m","SK",35,692,3137,0.98,1787,1751,2019,null,null,"Discus CS","KAL","M",""]
["Luca Urbani",null,"ACCVV Rieti",null,"FCC 2019 - Kombi 15m","SK",36,655,3137,0.98,1624,1592,2019,null,null,"Discus 2a","LR",null,"Není v databázi"]
["Jan Keher",null,"Prievidza",null,"FCC 2019 - Kombi 15m","SK",37,498,3137,0.98,1192,1168,2019,null,null,"Discus CS","DR",null,"Není v databázi"]
["Istvan Reti",null,"Alfoldi Repülőklub",null,"FCC 2019 - Kombi 15m","SK",38,206,3137,0.98,460,451,2019,null,null,"Ventus 2a /15m","IR",null,"Není v databázi"]
["Scarlat & Kessler",null,"Romanian Airclub",null,"FCC 2019 - Kombi Open","SK",1,3384,3384,0.93500000000000005,{"$f":"ROUND(H3124/I3124*10000*0.7+(MAX($G$3124:$G$3150)-G3124)/(MAX($G$3124:$G$3150)-1)*10000*0.3,0)","v":10000},9350,2019,null,null,"Arcus M","V9",null,"Není v databázi"]
["Danes Grula",{"$f":"VLOOKUP(A3125,Pilot,2,0)","v":1961},{"$f":"VLOOKUP(A3125,Pilot,3,0)","v":"Medlánky"},{"$f":"VLOOKUP(A3125,Pilot,4,0)","v":"CZ/M"},"FCC 2019 - Kombi Open","SK",2,3303,3384,{"$f":"VLOOKUP(E3125,Soutez,8,0)","v":0.93500000000000005},{"$f":"ROUND(H3125/I3125*10000*0.7+(MAX($G$3124:$G$3150)-G3125)/(MAX($G$3124:$G$3150)-1)*10000*0.3,0)","v":9717},9085,2019,"x",null,"ASG 29E 18m","DX","M",""]
["Andrzej Smielkiewicz",null,"Leszno",null,"FCC 2019 - Kombi Open","SK",3,3249,3384,0.93500000000000005,9490,{"$f":"ROUND(J3126*K3126,0)","v":8873},2019,null,null,"ASG-29E /18m","A2",null,{"$f":"IF(ISERROR(VLOOKUP(A3126,Pilot,6,0)),\"Není v databázi\",VLOOKUP(A3126,Pilot,6,0))","v":"Není v databázi"}]
["Tomasz Dul",null,"LSV Dinslaken",null,"FCC 2019 - Kombi Open","SK",4,3236,3384,0.93500000000000005,9348,8740,2019,null,null,"ASG-29E /18m","DTi",null,"Není v databázi"]
["Gintas Zube",null,"LT/KLAIPEDA",null,"FCC 2019 - Kombi Open","SK",5,3093,3384,0.93500000000000005,8937,8356,2019,null,null,"ASG-29 /18m","AR",null,"Není v databázi"]
["Vytautas Rasimavicius",null,"Pociunai",null,"FCC 2019 - Kombi Open","SK",6,3004,3384,0.93500000000000005,8637,8076,2019,null,null,"JS1A-18","LRi",null,"Není v databázi"]
["Pawel Frackowiak",null,"Aeroklub Poznanski",null,"FCC 2019 - Kombi Open","SK",7,2949,3384,0.93500000000000005,8408,7861,2019,null,null,"LAK 17B FES /18m",77,null,"Není v databázi"]
["Petr Krejcirik",1960,{"$f":"VLOOKUP(A3131,Pilot,3,0)","v":"Hranice"},"CZ/M","FCC 2019 - Kombi Open","SK",8,2778,3384,0.93500000000000005,7939,7423,2019,null,null,"JS MD Single","ZF",{"$f":"VLOOKUP(A3131,Pilot,5,0)","v":"M"},""]
["Jerzey Kolasinski",null,"Aeroklub Poznanski/KKGT",null,"FCC 2019 - Kombi Open","SK",9,2699,3384,0.93500000000000005,7660,7162,2019,null,null,"JS1-CTJ 18 EVO",56,null,"Není v databázi"]
["Vitaliy Borovik",null,"Novosibirsk",null,"FCC 2019 - Kombi Open","SK",10,2650,3384,0.93500000000000005,7443,6959,2019,null,null,"Nimbus-4M","VB",null,"Není v databázi"]
["Adam Czeladzki",null,"Aeroklub Warszawski KKGT",null,"FCC 2019 - Kombi Open","SK",11,2568,3384,0.93500000000000005,7158,6693,2019,null,null,"JS1-CTJ 18 m","GOL",null,"Není v databázi"]
["Leszek Staryszak",null,"Warsaw",null,"FCC 2019 - Kombi Open","SK",12,2482,3384,0.93500000000000005,6865,6419,2019,null,null,"ASG29E","BG",null,"Není v databázi"]
["Lukas Benedikt",null,"Trnava",null,"FCC 2019 - Kombi Open","SK",13,2453,3384,0.93500000000000005,6690,6255,2019,null,null,"Ventus 3F - 18m","LB",null,"Není v databázi"]
["Zdislaw Bednarczuk",null,"Bielsko-Biala",null,"FCC 2019 - Kombi Open","SK",14,2404,3384,0.93500000000000005,6473,6052,2019,null,null,"JS1-18 m EVO","B52",null,"Není v databázi"]
["Jan Divok",null,"Aeroklub SNV",null,"FCC 2019 - Kombi Open","SK",15,2301,3384,0.93500000000000005,6144,5745,2019,null,null,"Discus 2T /18m","DJ",null,"Není v databázi"]
["Conrad Hartter",null,"FSV Tübingen",null,"FCC 2019 - Kombi Open","SK",16,2262,3384,0.93500000000000005,5948,5561,2019,null,null,"JS1-C 21","OT",null,"Není v databázi"]
["Thomas Bonsack",null,"LSV Oldenburg Bad Zwischenahn e.v",null,"FCC 2019 - Kombi Open","SK",17,2198,3384,0.93500000000000005,5701,5330,2019,null,null,"ASG-29E /18m","KT",null,"Není v databázi"]
["Herbert Pirker",null,"FAS-Wien",null,"FCC 2019 - Kombi Open","SK",18,2182,3384,0.93500000000000005,5552,5191,2019,null,null,"ASG 29E 18m","MD",null,"Není v databázi"]
["Laurens Goudriaan",null,"Cape Gliding Club",null,"FCC 2019 - Kombi Open","SK",19,2167,3384,0.93500000000000005,5406,5055,2019,null,null,"ASG 32 MI","LO",null,"Není v databázi"]
["Sickert & Weidlich",null,null,null,"FCC 2019 - Kombi Open","SK",20,2139,3384,0.93500000000000005,5232,4892,2019,null,null,"Arcus T","YA",null,"Není v databázi"]
["Klaus Kalmbach",null,"FSV Tuebingen e.V.",null,"FCC 2019 - Kombi Open","SK",21,1866,3384,0.93500000000000005,4552,4256,2019,null,null,"JS3-18 m","CT",null,"Není v databázi"]
["Michele Wolff",null,"Omarama Gliding Club",null,"FCC 2019 - Kombi Open","SK",22,1455,3384,0.93500000000000005,3587,3354,2019,null,null,"Arcus M",4,null,"Není v databázi"]
["Luka Znidarsic",null,"AK Postojna",null,"FCC 2019 - Kombi Open","SK",23,1282,3384,0.93500000000000005,3113,2911,2019,null,null,"Ventus 3F - 18m","LZ",null,"Není v databázi"]
["Botond Szabadfi",null,"MALEV Aeroclub",null,"FCC 2019 - Kombi Open","SK",24,1272,3384,0.93500000000000005,2977,2783,2019,null,null,"Arcus T","AB",null,"Není v databázi"]
["Jan Paepke",null,"SFC Riesa-Canitz",null,"FCC 2019 - Kombi Open","SK",25,1249,3384,0.93500000000000005,2814,2631,2019,null,null,"LAK 17 AT 18m","AKI",null,"Není v databázi"]
["Arkadiusz Stefańczyk",null,"Aeroklub Kielecki",null,"FCC 2019 - Kombi Open","SK",26,770,3384,0.93500000000000005,1708,1597,2019,null,null,"ASG-29E /18m","HE",null,"Není v databázi"]
["Tomasz Chudoment",null,"Podhalanski",null,"FCC 2019 - Kombi Open","SK",27,0,3384,0.93500000000000005,0,0,2019,null,null,"JS3","JS3",null,"Není v databázi"]
["Petr Panek",1975,{"$f":"VLOOKUP(A3151,Pilot,3,0)","v":"Dvůr Králové"},"CZ/C2","Šariš Cup 2019 - Klub","SK",1,2000,2000,0.6,{"$f":"ROUND(H3151/I3151*10000*0.7+(MAX($G$3151:$G$3165)-G3151)/(MAX($G$3151:$G$3165)-1)*10000*0.3,0)","v":10000},6000,2019,null,null,"Std. Cirrus WL","YU","M",""]
["Frantisek Sobek",null,"AK Sabinov",null,"Šariš Cup 2019 - Klub","SK",2,1986,2000,0.6,{"$f":"ROUND(H3152/I3152*10000*0.7+(MAX($G$3151:$G$3165)-G3152)/(MAX($G$3151:$G$3165)-1)*10000*0.3,0)","v":9701},5821,2019,null,null,"DG 100","G1",null,"Není v databázi"]
["Martin snirc",null,"AK Nitra",null,"Šariš Cup 2019 - Klub","SK",3,1937,2000,0.6,9280,5568,2019,null,null,"DG 400/17",400,null,"Není v databázi"]
["Karol BenedikoviC",null,"Air Sympatia",null,"Šariš Cup 2019 - Klub","SK",4,1932,2000,0.6,9012,5407,2019,null,null,"Std. Cirrus","AM",null,"Není v databázi"]
["Jozef Sobek",null,"AK Prešov",null,"Šariš Cup 2019 - Klub","SK",5,1846,2000,0.6,8461,5077,2019,null,null,"Std. Cirrus","MJ",null,"Není v databázi"]
["Marek Straka",null,"AK Trenčín",null,"Šariš Cup 2019 - Klub","SK",6,1836,2000,0.6,8176,4906,2019,null,null,"LS 3","AI",null,"Není v databázi"]
["Marek Seman",null,"AK Prešov",null,"Šariš Cup 2019 - Klub","SK",7,1694,2000,0.6,7429,4457,2019,null,null,"Std. Cirrus","CV",null,"Není v databázi"]
["Jozef Sopirjak",null,"AK Košice",null,"Šariš Cup 2019 - Klub","SK",8,1472,2000,0.6,6402,3841,2019,null,null,"DG 101G Elan","SX",null,"Není v databázi"]
["Matej Petrik",null,"AK Sabinov",null,"Šariš Cup 2019 - Klub","SK",9,1076,2000,0.6,4766,2860,2019,null,null,"Std. Cirrus","XII",null,"Není v databázi"]
["Vladimir Macek",null,"Aeroklub Košice",null,"Šariš Cup 2019 - Klub","SK",10,795,2000,0.6,3533,2120,2019,null,null,"VSO-10",45,null,"Není v databázi"]
["Jan Puk",null,"Aeroklub Poprad Tatry",null,"Šariš Cup 2019 - Klub","SK",11,619,2000,0.6,2667,1600,2019,null,null,"G 103 Twin II","TAT",null,"Není v databázi"]
["Maros Okos",null,"AK Prešov",null,"Šariš Cup 2019 - Klub","SK",12,38,2000,0.6,383,230,2019,null,null,"VSO-10",75,null,"Není v databázi"]
["Lubomir ziduliak",null,"AK Košice",null,"Šariš Cup 2019 - Klub","SK",13,0,2000,0.6,0,0,2019,null,null,"VSO-10","M6",null,"Není v databázi"]
["Tomas Hlavacek",1984,{"$f":"VLOOKUP(A3164,Pilot,3,0)","v":"Mladá Boleslav"},"CZ/C1","Šariš Cup 2019 - Klub","SK",13,0,2000,0.6,{"$f":"ROUND(H3164/I3164*10000*0.7+(MAX($G$3151:$G$3165)-G3164)/(MAX($G$3151:$G$3165)-1)*10000*0.3,0)","v":0},0,2019,null,null,"Std. Cirrus",null,"M",""]
["Frantisek Sopko",null,"AK Prešov",null,"Šariš Cup 2019 - Klub","SK",13,0,2000,0.6,0,0,2019,null,null,"Marianne",null,null,"Není v databázi"]
["Viliam Kubovcik",null,"AK Poprad Tatry",null,"Šariš Cup 2019 - Kombi","SK",1,3667,3667,0,{"$f":"ROUND(H3166/I3166*10000*0.7+(MAX($G$3166:$G$3171)-G3166)/(MAX($G$3166:$G$3171)-1)*10000*0.3,0)","v":10000},0,2019,null,null,"Ventus 2cxt","VV",null,"Není v databázi"]
["Lukas Benedikt",null,"AK Trnava",null,"Šariš Cup 2019 - Kombi","SK",2,2717,3667,0,{"$f":"ROUND(H3167/I3167*10000*0.7+(MAX($G$3166:$G$3171)-G3167)/(MAX($G$3166:$G$3171)-1)*10000*0.3,0)","v":7587},0,2019,null,null,"Ventus 3f","LB",null,"Není v databázi"]
["Jaroslav Buryan",1953,"AK Zábřeh","CZ/M","Šariš Cup 2019 - Kombi","SK",3,2679,3667,0,6914,0,2019,null,null,"ASW 20 15mW","NS","M",""]
["Ľubik Jakubcak",null,"SGC Martin",null,"Šariš Cup 2019 - Kombi","SK",4,2277,3667,{"$f":"VLOOKUP(E3169,Soutez,8,0)","v":0},5547,0,2019,null,null,"Arcus M","CAR",null,"Není v databázi"]
["Jan Moravec",{"$f":"VLOOKUP(A3170,Pilot,2,0)","v":1979},"AK Zábřeh",{"$f":"VLOOKUP(A3170,Pilot,4,0)","v":"CZ/M"},"Šariš Cup 2019 - Kombi","SK",5,965,3667,0,2442,{"$f":"ROUND(J3170*K3170,0)","v":0},2019,null,null,"ASW-20 CL 16,59m",96,{"$f":"VLOOKUP(A3170,Pilot,5,0)","v":"M"},{"$f":"IF(ISERROR(VLOOKUP(A3170,Pilot,6,0)),\"Není v databázi\",VLOOKUP(A3170,Pilot,6,0))","v":""}]
["Braňo Jesensky",null,"SGC Martin",null,"Šariš Cup 2019 - Kombi","SK",6,0,3667,0,0,0,2019,null,null,"Ventus 2cxt",null,null,"Není v databázi"]
["Josef Kozar",null,"Aeroklub Martin",null,"PMSR 2019 - Klub","SK",1,5690,5690,0.90500000000000003,{"$f":"ROUND(H3172/I3172*10000*0.7+(MAX($G$3172:$G$3195)-G3172)/(MAX($G$3172:$G$3195)-1)*10000*0.3,0)","v":10000},9050,2019,null,null,"LS 1 f","MF",null,"Není v databázi"]
["Milan ml. Surovcik",null,"AK Žilina",null,"PMSR 2019 - Klub","SK",2,5114,5690,0.90500000000000003,{"$f":"ROUND(H3173/I3173*10000*0.7+(MAX($G$3172:$G$3195)-G3173)/(MAX($G$3172:$G$3195)-1)*10000*0.3,0)","v":9161},8291,2019,null,null,"C-101A Pegase","EL",null,"Není v databázi"]
["Martin Snirc",null,"AK Nitra",null,"PMSR 2019 - Klub","SK",3,5015,5690,0.90500000000000003,8909,8063,2019,null,null,"DG 400 17m",400,null,"Není v databázi"]
["Jan Kovalcik",null,"AK Bratislava",null,"PMSR 2019 - Klub","SK",4,4974,5690,0.90500000000000003,8728,7899,2019,null,null,"C-101A Pegase","OI",null,"Není v databázi"]
["Filip Pechac",null,"AK Nitra",null,"PMSR 2019 - Klub","SK",5,4921,5690,0.90500000000000003,8532,7721,2019,null,null,"ASW 20A","EW",null,"Není v databázi"]
["Radoslav Cagala",null,"AK Nitra",null,"PMSR 2019 - Klub","SK",6,4879,5690,0.90500000000000003,8350,7557,2019,null,null,"DG 400 17m","RD",null,"Není v databázi"]
["Karol Benedikovic",null,"Air Sympatia",null,"PMSR 2019 - Klub","SK",7,4736,5690,0.90500000000000003,8044,7280,2019,null,null,"Std. Cirrus","AM",null,"Není v databázi"]
["Simon Siska",null,"SGC Martin",null,"PMSR 2019 - Klub","SK",8,4681,5690,0.90500000000000003,7846,7101,2019,null,null,"ASW 19B","A1",null,"Není v databázi"]
["Frantisek Sobek",null,"AK Sabinov",null,"PMSR 2019 - Klub","SK",9,4584,5690,0.90500000000000003,7596,6874,2019,null,null,"DG 100","G1",null,"Není v databázi"]
["Martin Jurovic",null,"AK Bratislava",null,"PMSR 2019 - Klub","SK",10,4492,5690,0.90500000000000003,7352,6654,2019,null,null,"C-101A Pegase","J2",null,"Není v databázi"]
["Samuel Posluch",null,"SGC Martin",null,"PMSR 2019 - Klub","SK",11,4433,5690,0.90500000000000003,7149,6470,2019,null,null,"Std. Cirrus WL","LX",null,"Není v databázi"]
["Tibor Noga",null,"SGC Martin",null,"PMSR 2019 - Klub","SK",12,4171,5690,0.90500000000000003,6697,6061,2019,null,null,"ASW 19B","A4",null,"Není v databázi"]
["Daniel Smolka",null,"AK Prievidza",null,"PMSR 2019 - Klub","SK",13,4020,5690,0.90500000000000003,6380,5774,2019,null,null,"ASW 20A","MP",null,"Není v databázi"]
["Edmund Schuller",null,"Ak Lucenec",null,"PMSR 2019 - Klub","SK",14,4003,5690,0.90500000000000003,6229,5637,2019,null,null,"ASW 24WL","ZS",null,"Není v databázi"]
["Marek Straka",null,"AK Trencin",null,"PMSR 2019 - Klub","SK",15,3932,5690,0.90500000000000003,6011,5440,2019,null,null,"LS 3","AI",null,"Není v databázi"]
["Martin Picka",1974,{"$f":"VLOOKUP(A3187,Pilot,3,0)","v":"Tábor"},"CZ/C1","PMSR 2019 - Klub","SK",16,3489,5690,0.90500000000000003,5336,4829,2019,"x",null,"ASW 19B","BU","M",""]
["Adam Kacvinsky",null,"AK Bratislava",null,"PMSR 2019 - Klub","SK",17,3423,5690,0.90500000000000003,5124,4637,2019,null,null,"ASW 19","BA4",null,"Není v databázi"]
["Jan Hlinka",null,"AK Martin",null,"PMSR 2019 - Klub","SK",18,3300,5690,0.90500000000000003,4842,4382,2019,null,null,"Std. Cirrus","DZ",null,"Není v databázi"]
["Jan Vavrin",1987,{"$f":"VLOOKUP(A3190,Pilot,3,0)","v":"Vysoké Mýto"},"CZ/C2","PMSR 2019 - Klub","SK",19,3298,5690,0.90500000000000003,4709,4262,2019,null,null,"ASW 15B","IG","M",""]
["Viktor Hnata",null,"Aeroklub Holíč",null,"PMSR 2019 - Klub","SK",20,3294,5690,0.90500000000000003,4574,4139,2019,null,null,"Std. Cirrus","V1",null,"Není v databázi"]
["Matej Petrik",null,"Aeroklub Sabinov",null,"PMSR 2019 - Klub","SK",21,2558,5690,0.90500000000000003,3538,3202,2019,null,null,"Std. Cirrus","XII",null,"Není v databázi"]
["Peter Abonyi",null,"Ružomberok",null,"PMSR 2019 - Klub","SK",22,2136,5690,0.90500000000000003,2889,2615,2019,null,null,"ASW-15","MB",null,"Není v databázi"]
["Peter Sedmak",null,"Aeroklub Martin",null,"PMSR 2019 - Klub","SK",23,1654,5690,0.90500000000000003,2165,1959,2019,null,null,"LS 4","BM",null,"Není v databázi"]
["Alberto Rizzi",null,"AK Holic",null,"PMSR 2019 - Klub","SK",24,1173,5690,0.90500000000000003,1443,1306,2019,null,null,"DG 202 17m","SJ",null,"Není v databázi"]
["Jan Pavlik",1987,{"$f":"VLOOKUP(A3196,Pilot,3,0)","v":"Křižanov"},"CZ/M","PMSR 2019 - Kombi 15m","SK",1,5824,5824,0.91500000000000004,{"$f":"ROUND(H3196/I3196*10000*0.7+(MAX($G$3196:$G$3205)-G3196)/(MAX($G$3196:$G$3205)-1)*10000*0.3,0)","v":10000},9150,2019,"x",null,"LS 8a","JW","M",""]
["Maros Divok",null,"Spišská Nová Ves",null,"PMSR 2019 - Kombi 15m","SK",2,5182,5824,0.91500000000000004,{"$f":"ROUND(H3197/I3197*10000*0.7+(MAX($G$3196:$G$3205)-G3197)/(MAX($G$3196:$G$3205)-1)*10000*0.3,0)","v":8895},8139,2019,null,null,"Discus 2","DI",null,"Není v databázi"]
["Jiri Kusbach",1959,{"$f":"VLOOKUP(A3198,Pilot,3,0)","v":"Luhačovice"},"CZ/M","PMSR 2019 - Kombi 15m","SK",3,4613,5824,0.91500000000000004,7878,7208,2019,null,null,"KKB-15 FES","B","M",""]
["Dominik Jancik",null,"AK Nitra",null,"PMSR 2019 - Kombi 15m","SK",4,4574,5824,0.91500000000000004,7498,6861,2019,null,null,"LS 8s","SI",null,"Není v databázi"]
["Tibor Arpas",null,"AK Nitra",null,"PMSR 2019 - Kombi 15m","SK",5,4569,5824,0.91500000000000004,7158,6550,2019,null,null,"LS 8T/15m","HM",null,"Není v databázi"]
["Radek Krejcirik",1991,{"$f":"VLOOKUP(A3201,Pilot,3,0)","v":"Hranice"},"CZ/M","PMSR 2019 - Kombi 15m","SK",6,4450,5824,0.91500000000000004,6682,6114,2019,null,null,"JS 3 15m","ZE","M",""]
["Hana Treslova",1991,"Raná","CZ/C2","PMSR 2019 - Kombi 15m","SK",7,4220,5824,0.91500000000000004,6072,5556,2019,null,null,"LS 8a","W8","F",""]
["Jana Treslova",1963,"Raná","CZ/C2","PMSR 2019 - Kombi 15m","SK",8,3684,5824,0.91500000000000004,{"$f":"ROUND(H3203/I3203*10000*0.7+(MAX($G$3196:$G$3205)-G3203)/(MAX($G$3196:$G$3205)-1)*10000*0.3,0)","v":5095},4662,2019,null,null,"ASG 29E 15m","QZ","F",""]
["Miroslav Beliansky",null,"AK Partizánske",null,"PMSR 2019 - Kombi 15m","SK",9,3393,5824,0.91500000000000004,4411,4036,2019,null,null,"LS 8T/15m","TC",null,"Není v databázi"]
["Tibor Fratrik",null,"SGC Martin",null,"PMSR 2019 - Kombi 15m","SK",10,2530,5824,0.91500000000000004,3041,2783,2019,null,null,"Ls 6a","GI",null,"Není v databázi"]
["Viliam Kubovcik",null,"AK Poprad",null,"PMSR 2019 - Kombi Open","SK",1,4953,4953,{"$f":"VLOOKUP(E3206,Soutez,8,0)","v":0.90500000000000003},{"$f":"ROUND(H3206/I3206*10000*0.7+(MAX($G$3206:$G$3219)-G3206)/(MAX($G$3206:$G$3219)-1)*10000*0.3,0)","v":10000},{"$f":"ROUND(J3206*K3206,0)","v":9050},2019,null,null,"Ventus 2cxT 18m","VV",null,{"$f":"IF(ISERROR(VLOOKUP(A3206,Pilot,6,0)),\"Není v databázi\",VLOOKUP(A3206,Pilot,6,0))","v":"Není v databázi"}]
["Petr Krejcirik",{"$f":"VLOOKUP(A3207,Pilot,2,0)","v":1960},{"$f":"VLOOKUP(A3207,Pilot,3,0)","v":"Hranice"},{"$f":"VLOOKUP(A3207,Pilot,4,0)","v":"CZ/M"},"PMSR 2019 - Kombi Open","SK",2,4841,4953,0.90500000000000003,{"$f":"ROUND(H3207/I3207*10000*0.7+(MAX($G$3206:$G$3219)-G3207)/(MAX($G$3206:$G$3219)-1)*10000*0.3,0)","v":9611},8698,2019,null,null,"JS-MD Single","ZF",{"$f":"VLOOKUP(A3207,Pilot,5,0)","v":"M"},""]
["Petr Hotovy",1958,"Česká Lípa","CZ/C2","PMSR 2019 - Kombi Open","SK",3,4748,4953,0.90500000000000003,9249,8370,2019,"x",null,"JS 1 B TJ","IGC","M",""]
["Branislav Jesensky",null,"SGC Martin",null,"PMSR 2019 - Kombi Open","SK",4,4677,4953,0.90500000000000003,8918,8071,2019,null,null,"Ventus 2cxT 18m","J",null,"Není v databázi"]
["Jan Divok",null,"Spišská Nová Ves",null,"PMSR 2019 - Kombi Open","SK",5,4346,4953,0.90500000000000003,8219,7438,2019,null,null,"Discus 2CT/18m","DJ",null,"Není v databázi"]
["Lukas Benedikt",null,"AK Trnava",null,"PMSR 2019 - Kombi Open","SK",6,4310,4953,0.90500000000000003,7937,7183,2019,null,null,"Ventus 3 Fes 18m","LB",null,"Není v databázi"]
["Pavol Cerny",null,"SGC Martin",null,"PMSR 2019 - Kombi Open","SK",7,4142,4953,0.90500000000000003,7469,6759,2019,null,null,"HPH 304 Shark","EP",null,"Není v databázi"]
["Martin Fürjes",null,"SGC Martin",null,"PMSR 2019 - Kombi Open","SK",8,3907,4953,0.90500000000000003,6906,6250,2019,null,null,"JS 1C Revelation 21m","MD",null,"Není v databázi"]
["Niko & Darnady",null,"AK Prievidza",null,"PMSR 2019 - Kombi Open","SK",9,3771,4953,0.90500000000000003,6483,5867,2019,null,null,"Duo Discus",777,null,"Není v databázi"]
["Jozef Pesko",null,null,null,"PMSR 2019 - Kombi Open","SK",10,3353,4953,0.90500000000000003,5662,5124,2019,null,null,"DG-1000T","NIT",null,"Není v databázi"]
["Jakubcak & Sulirova",null,"SGC Martin",null,"PMSR 2019 - Kombi Open","SK",11,3254,4953,0.90500000000000003,5291,4788,2019,null,null,"Arcus M","CAR",null,"Není v databázi"]
["Milan Lojdl",null,"AK Martin",null,"PMSR 2019 - Kombi Open","SK",12,3134,4953,0.90500000000000003,4891,4426,2019,null,null,"Ventus 2cxT 18m","MJ1",null,"Není v databázi"]
["Peter Pokorny",null,"AK Bratislava",null,"PMSR 2019 - Kombi Open","SK",13,3064,4953,0.90500000000000003,4561,4128,2019,null,null,"ASG 29E","9E",null,"Není v databázi"]
["Ondrej Dupal",1966,{"$f":"VLOOKUP(A3219,Pilot,3,0)","v":"GAC Benešov"},"CZ/C1","PMSR 2019 - Kombi Open","SK",14,2553,4953,0.90500000000000003,3608,3265,2019,null,null,"ASG 29E","GO","M",""]
["Milan Surovcik",null,"AK Zilina",null,"39. MAM 2019 - Klub","SK",1,6069,6069,0.6,{"$f":"ROUND(H3220/I3220*10000*0.7+(MAX($G$3220:$G$3253)-G3220)/(MAX($G$3220:$G$3253)-1)*10000*0.3,0)","v":10000},6000,2019,null,null,"Pegase","EL",null,"Není v databázi"]
["Milos Srank",null,"AK Nove Zamky",null,"39. MAM 2019 - Klub","SK",2,5953,6069,0.6,{"$f":"ROUND(H3221/I3221*10000*0.7+(MAX($G$3220:$G$3253)-G3221)/(MAX($G$3220:$G$3253)-1)*10000*0.3,0)","v":9775},5865,2019,null,null,"ASW 24A WL","CK",null,"Není v databázi"]
["Marek Straka",null,"AK Trencin",null,"39. MAM 2019 - Klub","SK",3,5894,6069,0.6,9616,5770,2019,null,null,"LS 3","AI",null,"Není v databázi"]
["Bohumil Vasek",null,"AK Partizanske",null,"39. MAM 2019 - Klub","SK",4,5880,6069,0.6,9509,5705,2019,null,null,"Pegase","LL",null,"Není v databázi"]
["Jozef Sopirjak",null,"AK Kosice",null,"39. MAM 2019 - Klub","SK",5,5436,6069,0.6,8906,5344,2019,null,null,"DG 101","SX",null,"Není v databázi"]
["Dusan Zubak",null,"AK Partizanske",null,"39. MAM 2019 - Klub","SK",6,5284,6069,0.6,8640,5184,2019,null,null,"vso-10","M8",null,"Není v databázi"]
["Pavlinsky & Belusko",null,"AK Presov",null,"39. MAM 2019 - Klub","SK",7,5110,6069,0.6,8348,5009,2019,null,null,"Marianne","AM",null,"Není v databázi"]
["Samuel Posluch",null,"SGC Martin",null,"39. MAM 2019 - Klub","SK",8,5065,6069,0.6,8206,4924,2019,null,null,"Std. Cirrus WL","LX",null,"Není v databázi"]
["Martin Toman",null,"AK Presosv",null,"39. MAM 2019 - Klub","SK",9,4968,6069,0.6,8003,4802,2019,null,null,"Std. Cirrus","MJ",null,"Není v databázi"]
["Marek Seman",null,"AK Presov",null,"39. MAM 2019 - Klub","SK",10,4796,6069,0.6,7714,4628,2019,null,null,"Std. Cirrus","CV",null,"Není v databázi"]
["Erik Mikulas",null,"AK Partizanske",null,"39. MAM 2019 - Klub","SK",11,4647,6069,0.6,7451,4471,2019,null,null,"LS 1 f","LS",null,"Není v databázi"]
["Anton Zelenaj",null,"AK Nove Zamky",null,"39. MAM 2019 - Klub","SK",12,4558,6069,0.6,7257,4354,2019,null,null,"ASW 15 b","TZ",null,"Není v databázi"]
["Jan Zubak",null,"AK Partizanske",null,"39. MAM 2019 - Klub","SK",13,4209,6069,0.6,6764,4058,2019,null,null,"vso-10",82,null,"Není v databázi"]
["Peter Hupka",null,"AK Nitra",null,"39. MAM 2019 - Klub","SK",14,4024,6069,0.6,6459,3875,2019,null,null,"Pegase",101,null,"Není v databázi"]
["Mlynarik & Mlynarikova",null,"AK Banska Bystrica",null,"39. MAM 2019 - Klub","SK",15,3956,6069,0.6,6290,3774,2019,null,null,"Twin Astir 1","VLT",null,"Není v databázi"]
["Stefan Liska",null,"AK Trnava",null,"39. MAM 2019 - Klub","SK",16,3939,6069,0.6,6180,3708,2019,null,null,"Pegase","H",null,"Není v databázi"]
["Ludovit Homola",null,"AK Bratislava",null,"39. MAM 2019 - Klub","SK",17,3851,6069,0.6,5987,3592,2019,null,null,"ASW 20","II",null,"Není v databázi"]
["Peter Klepac",null,"AK Nitra",null,"39. MAM 2019 - Klub","SK",18,3670,6069,0.6,5688,3413,2019,null,null,"astir CS",78,null,"Není v databázi"]
["Juraj Vysny",null,"AK Senica",null,"39. MAM 2019 - Klub","SK",19,3665,6069,0.6,5591,3355,2019,null,null,"Mosquito","JS",null,"Není v databázi"]
["Jozef Vyletel",null,"AK Ocova",null,"39. MAM 2019 - Klub","SK",20,3576,6069,0.6,5397,3238,2019,null,null,"VSO-10",18,null,"Není v databázi"]
["Juraj Borcha",null,"AK PARTIZANSKE",null,"39. MAM 2019 - Klub","SK",21,3493,6069,0.6,5211,3127,2019,null,null,"Std. Cirrus WL","SZ",null,"Není v databázi"]
["Peter Gosanyi",null,"AK Nove Zamky",null,"39. MAM 2019 - Klub","SK",22,3450,6069,0.6,5070,3042,2019,null,null,"Discus 2a","VP",null,"Není v databázi"]
["Ivan Chabada",null,"AK Banska Bystrica",null,"39. MAM 2019 - Klub","SK",23,3415,6069,0.6,4939,2963,2019,null,null,"PIK 20 B","KM",null,"Není v databázi"]
["Jan Jagos",null,"AK Banska Bystrica",null,"39. MAM 2019 - Klub","SK",24,3035,6069,0.6,4410,2646,2019,null,null,"PIK 20 D","F1",null,"Není v databázi"]
["Rastislav Krak",null,"AK Poprad",null,"39. MAM 2019 - Klub","SK",25,2773,6069,0.6,4017,2410,2019,null,null,"Twin Astir RG","TAT",null,"Není v databázi"]
["Marek Kuban",null,"AK Bratislava",null,"39. MAM 2019 - Klub","SK",26,2572,6069,0.6,3694,2216,2019,null,null,"ASW 19b","BA6",null,"Není v databázi"]
["Bohuslav Vanik",null,"AK ocova",null,"39. MAM 2019 - Klub","SK",27,2441,6069,0.6,3452,2071,2019,null,null,"vso-10","M1",null,"Není v databázi"]
["Frantisek Michalik",null,"AK Trencin",null,"39. MAM 2019 - Klub","SK",28,2429,6069,0.6,3347,2008,2019,null,null,"DG 300","FM",null,"Není v databázi"]
["Marian Szabo",null,"AK Partizanske",null,"39. MAM 2019 - Klub","SK",29,1888,6069,0.6,2632,1579,2019,null,null,"VT-116 Orlik 2",84,null,"Není v databázi"]
["Peter Usiak",null,"AK Banska Bystrica",null,"39. MAM 2019 - Klub","SK",30,1765,6069,0.6,2399,1439,2019,null,null,"Astir CS 77","WW",null,"Není v databázi"]
["Lubomir Beno",null,"AK PARTIZANSKE",null,"39. MAM 2019 - Klub","SK",31,1469,6069,0.6,1967,1180,2019,null,null,"vso-10","H6",null,"Není v databázi"]
["Maros Okos",null,"AK Presov",null,"39. MAM 2019 - Klub","SK",32,1190,6069,0.6,1554,932,2019,null,null,"vso-10",75,null,"Není v databázi"]
["Martin Marincak",null,"AK Presov",null,"39. MAM 2019 - Klub","SK",33,61,6069,0.6,161,97,2019,null,null,"vso-10",10,null,"Není v databázi"]
["Katarina Golc",null,"AK Murska Sobota",null,"39. MAM 2019 - Klub","SK",34,49,6069,0.6,57,34,2019,null,null,"vso-10","I5",null,"Není v databázi"]
["Kotvas & Simoncic",null,"AK Bratislava",null,"39. MAM 2019 - Kombi","SK",1,5968,5968,{"$f":"VLOOKUP(E3254,Soutez,8,0)","v":0.6},{"$f":"ROUND(H3254/I3254*10000*0.7+(MAX($G$3254:$G$3264)-G3254)/(MAX($G$3254:$G$3264)-1)*10000*0.3,0)","v":10000},{"$f":"ROUND(J3254*K3254,0)","v":6000},2019,null,null,"DG 1000 T 20m","NIT",null,{"$f":"IF(ISERROR(VLOOKUP(A3254,Pilot,6,0)),\"Není v databázi\",VLOOKUP(A3254,Pilot,6,0))","v":"Není v databázi"}]
["Kromka & Kollar",null,"AK Poprad",null,"39. MAM 2019 - Kombi","SK",2,5877,5968,0.6,9560,5736,2019,null,null,"Arcus M","TA3",null,"Není v databázi"]
["Spaniel & Skrabalek",null,"AK Bratislava",null,"39. MAM 2019 - Kombi","SK",3,5343,5968,0.6,8600,5160,2019,null,null,"Duo Discus","2X",null,"Není v databázi"]
["Dusan Bernat",null,"SGC Martin",null,"39. MAM 2019 - Kombi","SK",4,5185,5968,0.6,8082,4849,2019,null,null,"Ventus 17.6m","AD",null,"Není v databázi"]
["Milan Lojdl",null,"AK Martin",null,"39. MAM 2019 - Kombi","SK",5,4784,5968,0.6,7278,4367,2019,null,null,"Ventus 2cxa 18m","MJ1",null,"Není v databázi"]
["Benedikt Laho",null,"AK Trnava",null,"39. MAM 2019 - Kombi","SK",6,4677,5968,0.6,6819,4091,2019,null,null,"Discus 2ct /18m","JH",null,"Není v databázi"]
["Viktoria Divokova",null,"Spišska Nová Ves",null,"39. MAM 2019 - Kombi","SK",7,4234,5968,0.6,5966,3580,2019,null,null,"Discus b","3D",null,"Není v databázi"]
["Lubomir Doupal",{"$f":"VLOOKUP(A3261,Pilot,2,0)","v":1975},{"$f":"VLOOKUP(A3261,Pilot,3,0)","v":"Kroměříž"},{"$f":"VLOOKUP(A3261,Pilot,4,0)","v":"CZ/M"},"39. MAM 2019 - Kombi","SK",8,3745,5968,0.6,5059,3035,2019,"x",null,"LS 8 /18 m","YF",{"$f":"VLOOKUP(A3261,Pilot,5,0)","v":"M"},""]
["Peter Abonyi",null,"SGC Martin",null,"39. MAM 2019 - Kombi","SK",9,3357,5968,0.6,4271,2563,2019,null,null,"Ventus c 17,6","SF",null,"Není v databázi"]
["Daniel Kronek",null,"SGC Martin",null,"39. MAM 2019 - Kombi","SK",10,2910,5968,0.6,3413,2048,2019,null,null,"Ventus bT 17.6m","DK",null,"Není v databázi"]
["Miroslav Belilansky",null,"AK Patrizanske",null,"39. MAM 2019 - Kombi","SK","HC",1897,5968,0.6,null,0,2019,null,null,"LS 8t 15m","TC",null,"Není v databázi"]
["Pavel Louzecky",1957,{"$f":"VLOOKUP(A3265,Pilot,3,0)","v":"Přibyslav"},"CZ/C2","20th EGC - Std","SK",1,9992,9992,1.075,{"$f":"ROUND(H3265/I3265*10000*0.7+(MAX($G$3265:$G$3293)-G3265)/(MAX($G$3265:$G$3293)-1)*10000*0.3,0)","v":10000},10750,2019,"x",null,"LS-8 / 15m","FX","M",""]
["Robert Schroeder",null,"Germany",null,"20th EGC - Std","SK",2,9937,9992,1.075,{"$f":"ROUND(H3266/I3266*10000*0.7+(MAX($G$3265:$G$3293)-G3266)/(MAX($G$3265:$G$3293)-1)*10000*0.3,0)","v":9854},10593,2019,null,null,"LS-8 neo / 15m","S2",null,"Není v databázi"]
["Miloslav Cink",1987,{"$f":"VLOOKUP(A3267,Pilot,3,0)","v":"Letkov"},"CZ/C1","20th EGC - Std","SK",3,9849,9992,1.075,9686,10412,2019,"x",null,"LS-8b / 15m","JB","M",""]
["Tomas Suchanek",1964,"GAC Benešov","CZ/C1","20th EGC - Std","SK",4,9676,9992,1.075,9457,10166,2019,"x",null,"Discus 2a / 15m","GX","M",""]
["Lukasz Błaszczyk",null,"Poland",null,"20th EGC - Std","SK",5,9634,9992,1.075,9321,10020,2019,null,null,"Discus 2a / 15m","I",null,"Není v databázi"]
["Sebastian Naegel",null,"Germany",null,"20th EGC - Std","SK",6,9586,9992,1.075,9180,9869,2019,null,null,"Discus 2ax / 15m","XN",null,"Není v databázi"]
["Benjamin Néglais",null,"France",null,"20th EGC - Std","SK",7,9397,9992,1.075,8940,9611,2019,null,null,"Discus 2a / 15m","ET",null,"Není v databázi"]
["Maros Divok",null,"Slovakia",null,"20th EGC - Std","SK",8,9103,9992,1.075,8627,9274,2019,null,null,"Discus 2b / 15m","DI",null,"Není v databázi"]
["Filip Bojanowski",null,"Denmark",null,"20th EGC - Std","SK",9,9081,9992,1.075,8505,9143,2019,null,null,"Discus 2a / 15m","IAX",null,"Není v databázi"]
["Lucas Delobel",null,"France",null,"20th EGC - Std","SK",10,9047,9992,1.075,8374,9002,2019,null,null,"Discus 2a / 15m","JPA",null,"Není v databázi"]
["Tamas Vamosi",null,"Hungary",null,"20th EGC - Std","SK",11,8770,9992,1.075,8072,8677,2019,null,null,"Discus 2ax / 15m","HUN",null,"Není v databázi"]
["Alex Pop",null,"Romania",null,"20th EGC - Std","SK",12,8725,9992,1.075,7934,8529,2019,null,null,"Discus 2a / 15m","YA",null,"Není v databázi"]
["Dmitriy Timoshenko",null,"Russian Federation",null,"20th EGC - Std","SK",13,8553,9992,1.075,7706,8284,2019,null,null,"Discus 2a / 15m","DT",null,"Není v databázi"]
["Anton Minskiy",null,"Russian Federation",null,"20th EGC - Std","SK",14,8460,9992,1.075,7534,8099,2019,null,null,"Discus 2a / 15m",2,null,"Není v databázi"]
["Paul Fritche",null,"United Kingdom",null,"20th EGC - Std","SK",15,8363,9992,1.075,7359,7911,2019,null,null,"LS-8 / 15m","L4",null,"Není v databázi"]
["Jacek Flis",null,"Poland",null,"20th EGC - Std","SK",16,8348,9992,1.075,7241,7784,2019,null,null,"Discus 2a / 15m","Y",null,"Není v databázi"]
["Howard Jones",null,"United Kingdom",null,"20th EGC - Std","SK",17,8265,9992,1.075,7076,7607,2019,null,null,"Discus 2a / 15m",6,null,"Není v databázi"]
["Luca Urbani",null,"Italy",null,"20th EGC - Std","SK",18,8246,9992,1.075,6955,7477,2019,null,null,"Discus 2a / 15m","LR",null,"Není v databázi"]
["Juha Sorri",null,"Finland",null,"20th EGC - Std","SK",19,8229,9992,1.075,6836,7349,2019,null,null,"Discus 2b / 15m","JS",null,"Není v databázi"]
["Aku Jaakkola",null,"Finland",null,"20th EGC - Std","SK",20,7805,9992,1.075,6432,6914,2019,null,null,"Discus 2a / 15m","AJ",null,"Není v databázi"]
["Daniel Arday",null,"Hungary",null,"20th EGC - Std","SK",21,7378,9992,1.075,6026,6478,2019,null,null,"Discus 2a","HAL",null,"Není v databázi"]
["Dominik Jancik",null,"Slovakia",null,"20th EGC - Std","SK",22,7082,9992,1.075,5711,6139,2019,null,null,"LS-8 / 15m","SI",null,"Není v databázi"]
["Guido Dalla Rosa Prati",null,"Italy",null,"20th EGC - Std","SK",23,7002,9992,1.075,5548,5964,2019,null,null,"LS-8 / 15m","GG",null,"Není v databázi"]
["Poul Kim Larsen",null,"Denmark",null,"20th EGC - Std","SK",24,6995,9992,1.075,5436,5844,2019,null,null,"Discus 2a / 15m","D2",null,"Není v databázi"]
["Jef Kell",null,"Belgium",null,"20th EGC - Std","SK",25,6555,9992,1.075,5021,5398,2019,null,null,"Discus 2b / 15m","YU",null,"Není v databázi"]
["Andrius Tamulenas",null,"Lithuania",null,"20th EGC - Std","SK",26,6477,9992,1.075,4859,5223,2019,null,null,"LS-8 / 15m","H8",null,"Není v databázi"]
["Pascal Brunner",null,"Switzerland",null,"20th EGC - Std","SK",27,3974,9992,1.075,2998,3223,2019,null,null,"Discus 2b / 15m","ST",null,"Není v databázi"]
["Norbert Scarlat",null,"Romania",null,"20th EGC - Std","SK",28,3265,9992,1.075,2394,2574,2019,null,null,"Discus 2a / 15m","YB",null,"Není v databázi"]
["Dani Zaninovic",null,"Croatia",null,"20th EGC - Std","SK",29,101,9992,1.075,71,76,2019,null,null,"ASW 24 WL","HR3",null,"Není v databázi"]
["Tom Arscott",null,"United Kingdom",null,"20th EGC - Klub","SK",1,9907,9907,{"$f":"VLOOKUP(E3294,Soutez,8,0)","v":1.075},{"$f":"ROUND(H3294/I3294*10000*0.7+(MAX($G$3294:$G$3324)-G3294)/(MAX($G$3294:$G$3324)-1)*10000*0.3,0)","v":10000},{"$f":"ROUND(J3294*K3294,0)","v":10750},2019,null,null,"LS 7",768,null,{"$f":"IF(ISERROR(VLOOKUP(A3294,Pilot,6,0)),\"Není v databázi\",VLOOKUP(A3294,Pilot,6,0))","v":"Není v databázi"}]
["Gerrard G Dale",null,"United Kingdom",null,"20th EGC - Klub","SK",2,9619,9907,1.075,{"$f":"ROUND(H3295/I3295*10000*0.7+(MAX($G$3294:$G$3324)-G3295)/(MAX($G$3294:$G$3324)-1)*10000*0.3,0)","v":9697},10424,2019,null,null,"ASW 24","E2",null,"Není v databázi"]
["Uwe Wahlig",null,"Germany",null,"20th EGC - Klub","SK",3,9563,9907,1.075,9557,10274,2019,null,null,"LS 3","SN",null,"Není v databázi"]
["Ivan Novak",{"$f":"VLOOKUP(A3297,Pilot,2,0)","v":1962},{"$f":"VLOOKUP(A3297,Pilot,3,0)","v":"Mladá Boleslav"},{"$f":"VLOOKUP(A3297,Pilot,4,0)","v":"CZ/C1"},"20th EGC - Klub","SK",4,9339,9907,1.075,9299,9996,2019,"x",null,"LS 4b","IX",{"$f":"VLOOKUP(A3297,Pilot,5,0)","v":"M"},""]
["Ferenc Tamas",null,"Hungary",null,"20th EGC - Klub","SK",5,9319,9907,1.075,9185,9874,2019,null,null,"LS 3","1A",null,"Není v databázi"]
["Jozef Kozar",null,"Slovakia",null,"20th EGC - Klub","SK",6,9306,9907,1.075,9075,9756,2019,null,null,"LS 1f","MF",null,"Není v databázi"]
["Adrien Henry",null,"France",null,"20th EGC - Klub","SK",7,9212,9907,1.075,8909,9577,2019,null,null,"Std. Cirrus",19,null,"Není v databázi"]
["Jaroslav Tomana",1975,{"$f":"VLOOKUP(A3301,Pilot,3,0)","v":"Zbraslavice"},"CZ/C1","20th EGC - Klub","SK",8,9200,9907,1.075,8800,9460,2019,null,null,"Pegase 101 BC/WL","RT","M",""]
["Per Carlin",null,"Sweden",null,"20th EGC - Klub","SK",9,8900,9907,1.075,8488,9125,2019,null,null,"LS 1f","G7",null,"Není v databázi"]
["Arturas Pilvinis",null,"Lithuania",null,"20th EGC - Klub","SK",10,8639,9907,1.075,8204,8819,2019,null,null,"SZD 55-1","AP",null,"Není v databázi"]
["Marek Sawczuk",null,"Poland",null,"20th EGC - Klub","SK",11,8605,9907,1.075,8080,8686,2019,null,null,"ASW 20F","SB",null,"Není v databázi"]
["Darius Liaugaudas",null,"Lithuania",null,"20th EGC - Klub","SK",12,8602,9907,1.075,7978,8576,2019,null,null,"Pegase 101A","PL",null,"Není v databázi"]
["Paul Altrichter",null,"Austria",null,"20th EGC - Klub","SK",13,8508,9907,1.075,7812,8398,2019,null,null,"LS 4","TAX",null,"Není v databázi"]
["Sakari Pyorre",null,"Finland",null,"20th EGC - Klub","SK",14,8432,9907,1.075,7658,8232,2019,null,null,"LS 7","PF",null,"Není v databázi"]
["Felix Hoffmann",null,"Germany",null,"20th EGC - Klub","SK",15,8389,9907,1.075,7527,8092,2019,null,null,"ASW 20","5B",null,"Není v databázi"]
["Sandor Laurinyecz",null,"Hungary",null,"20th EGC - Klub","SK",16,8245,9907,1.075,7326,7875,2019,null,null,"LS 1f","V2",null,"Není v databázi"]
["Miroslaw Izydorczak",null,"Poland",null,"20th EGC - Klub","SK",17,8215,9907,1.075,7204,7744,2019,null,null,"ASW 20 L","MM",null,"Není v databázi"]
["Fréderic Hoyeau",null,"France",null,"20th EGC - Klub","SK",18,7981,9907,1.075,6939,7459,2019,null,null,"C11","C11",null,"Není v databázi"]
["Boris Zorz",null,"Slovenia",null,"20th EGC - Klub","SK",19,7836,9907,1.075,6737,7242,2019,null,null,"Std. Cirrus","IPF",null,"Není v databázi"]
["Simone Selvini",null,"Italy",null,"20th EGC - Klub","SK",20,7540,9907,1.075,6428,6910,2019,null,null,"Std.Cirrus","2S",null,"Není v databázi"]
["Ales Fink",null,"Slovenia",null,"20th EGC - Klub","SK",21,7141,9907,1.075,6046,6499,2019,null,null,"DG 300","KO",null,"Není v databázi"]
["Giacomo Dall'Olio",null,"Italy",null,"20th EGC - Klub","SK",22,7021,9907,1.075,5861,6301,2019,null,null,"Std. Cirrus","DM",null,"Není v databázi"]
["Sergey Serov",null,"Russian Federation",null,"20th EGC - Klub","SK",23,6767,9907,1.075,5581,6000,2019,null,null,"ASW20","EW",null,"Není v databázi"]
["Sergi Pujol Rodriguez",null,"Spain",null,"20th EGC - Klub","SK",24,6722,9907,1.075,5450,5859,2019,null,null,"MiniNimbus","JJ",null,"Není v databázi"]
["Frantisek Sobek",null,"Slovakia",null,"20th EGC - Klub","SK",25,6663,9907,1.075,5308,5706,2019,null,null,"DG 100","G1",null,"Není v databázi"]
["Oliver Andersson",null,"Sweden",null,"20th EGC - Klub","SK",26,6550,9907,1.075,5128,5513,2019,null,null,"LS 1f","R4",null,"Není v databázi"]
["Frane Franic",null,"Croatia",null,"20th EGC - Klub","SK",27,4787,9907,1.075,3782,4066,2019,null,null,"Jantar Std. 3","HR1",null,"Není v databázi"]
["Davide Giovanelli",null,"Switzerland",null,"20th EGC - Klub","SK",28,4590,9907,1.075,3543,3809,2019,null,null,"Std. Cirrus",96,null,"Není v databázi"]
["Bruno Herencic",null,"Croatia",null,"20th EGC - Klub","SK",29,3710,9907,1.075,2821,3033,2019,null,null,"DG 200","BC",null,"Není v databázi"]
["Mykhailo Grytsenko",null,"Ukraine",null,"20th EGC - Klub","SK",30,3294,9907,1.075,2427,2609,2019,null,null,"Jantar std. 3",89,null,"Není v databázi"]
["Juha Vainikka",null,"Finland",null,"20th EGC - Klub","SK",31,2853,9907,1.075,2016,2167,2019,null,null,"SZD 55-1","WB",null,"Není v databázi"]
["Sebastian Kawa",null,"Poland",null,"20th EGC - 15m","SK",1,10390,10390,1.075,{"$f":"ROUND(H3325/I3325*10000*0.7+(MAX($G$3325:$G$3346)-G3325)/(MAX($G$3325:$G$3346)-1)*10000*0.3,0)","v":10000},10750,2019,null,null,"Diana 2","RP",null,"Není v databázi"]
["Maximilian Seis",null,"France",null,"20th EGC - 15m","SK",2,9976,10390,1.075,{"$f":"ROUND(H3326/I3326*10000*0.7+(MAX($G$3325:$G$3346)-G3326)/(MAX($G$3325:$G$3346)-1)*10000*0.3,0)","v":9578},10296,2019,null,null,"JS3 - 15m","FM",null,"Není v databázi"]
["Jan Omsels",null,"Germany",null,"20th EGC - 15m","SK",3,9863,10390,1.075,9359,10061,2019,null,null,"Ventus 3T / 15m","Y4",null,"Není v databázi"]
["Louis Bouderlique",null,"France",null,"20th EGC - 15m","SK",4,9603,10390,1.075,9041,9719,2019,null,null,"JS3 - 15m","FQ",null,"Není v databázi"]
["Radek Krejcirik",1991,{"$f":"VLOOKUP(A3329,Pilot,3,0)","v":"Hranice"},"CZ/M","20th EGC - 15m","SK",5,9561,10390,1.075,8870,9535,2019,"x",null,"JS3 - 15m","ZE","M",""]
["Freddy Hein",null,"Germany",null,"20th EGC - 15m","SK",6,9560,10390,1.075,8727,9382,2019,null,null,"Ventus 3T","IYB",null,"Není v databázi"]
["Lukasz Grabowski",null,"Poland",null,"20th EGC - 15m","SK",7,9509,10390,1.075,8549,9190,2019,null,null,"SZD-56-2 Diana-2","BB",null,"Není v databázi"]
["Joris Vainius",null,"Lithuania",null,"20th EGC - 15m","SK",8,9306,10390,1.075,8270,8890,2019,null,null,"ASG-29 /15m","M7",null,"Není v databázi"]
["Sebastian Bauder",null,"Germany",null,"20th EGC - 15m","SK",9,9058,10390,1.075,7960,8557,2019,null,null,"Ventus 2a/15m","PE",null,"Není v databázi"]
["Harri Hirvola",null,"Finland",null,"20th EGC - 15m","SK",10,9001,10390,1.075,7778,8361,2019,null,null,"Ventus 2a /15m","EH",null,"Není v databázi"]
["Rasmus Orskov",null,"Denmark",null,"20th EGC - 15m","SK",11,8623,10390,1.075,7381,7935,2019,null,null,"Ventus 3T /15","EK",null,"Není v databázi"]
["Tapio Tourula",null,"Finland",null,"20th EGC - 15m","SK",12,8375,10390,1.075,7071,7601,2019,null,null,"Ventus 2bx / 15m","KX",null,"Není v databázi"]
["Tim Scott",null,"United Kingdom",null,"20th EGC - 15m","SK",13,8355,10390,1.075,6915,7434,2019,null,null,"ASG-29 /15m","Z3",null,"Není v databázi"]
["Zoltan Kore",null,"Hungary",null,"20th EGC - 15m","SK",14,7917,10390,1.075,6477,6963,2019,null,null,"JS3 / 15m","AI",null,"Není v databázi"]
["Vladimir Foltin",null,"Slovakia",null,"20th EGC - 15m","SK",15,7881,10390,1.075,6310,6783,2019,null,null,"ASG 29","LK",null,"Není v databázi"]
["Ondrej Bordovsky",1983,{"$f":"VLOOKUP(A3340,Pilot,3,0)","v":"Krnov"},"CZ/M","20th EGC - 15m","SK",16,7828,10390,1.075,6131,6591,2019,null,null,"Ventus 2ax /15m","AX","M",""]
["Zoltan Hamar",null,"Hungary",null,"20th EGC - 15m","SK",17,7136,10390,1.075,5522,5936,2019,null,null,"Ventus 2ax /15m","5A",null,"Není v databázi"]
["Peter Janoska",null,"Slovakia",null,"20th EGC - 15m","SK",18,6408,10390,1.075,4889,5256,2019,null,null,"Ventus 2bx /15m","VI",null,"Není v databázi"]
["Francisco Ortega",null,"Spain",null,"20th EGC - 15m","SK",19,6307,10390,1.075,4678,5029,2019,null,null,"ASW-27B","27B",null,"Není v databázi"]
["Vitaliy Borovik",null,"Russian Federation",null,"20th EGC - 15m","SK",20,5277,10390,{"$f":"VLOOKUP(E3344,Soutez,8,0)","v":1.075},3841,4129,2019,null,null,"asg29e","QZ",null,"Není v databázi"]
["Aldo Cernezzi",null,"Italy",null,"20th EGC - 15m","SK",21,4925,10390,1.075,3461,{"$f":"ROUND(J3345*K3345,0)","v":3721},2019,null,null,"LAK 17at","CJ",null,{"$f":"IF(ISERROR(VLOOKUP(A3345,Pilot,6,0)),\"Není v databázi\",VLOOKUP(A3345,Pilot,6,0))","v":"Není v databázi"}]
["Herbert Pirker",null,"Austria",null,"20th EGC - 15m","SK",22,2169,10390,1.075,1461,1571,2019,null,null,"ASG 29E /15m","MD",null,"Není v databázi"]
["Hornak & Sitar",null,null,null,"Top Gun 2019 - Kombi","SK",1,1930,1930,0,{"$f":"ROUND(H3347/I3347*10000*0.7+(MAX($G$3347:$G$3356)-G3347)/(MAX($G$3347:$G$3356)-1)*10000*0.3,0)","v":10000},0,2019,null,null,"Duo Discus XL","DUO",null,"Není v databázi"]
["Kromka & Kollar",null,null,null,"Top Gun 2019 - Kombi","SK",2,1838,1930,0,{"$f":"ROUND(H3348/I3348*10000*0.7+(MAX($G$3347:$G$3356)-G3348)/(MAX($G$3347:$G$3356)-1)*10000*0.3,0)","v":9333},0,2019,null,null,"Arcus M","TA3",null,"Není v databázi"]
["Peter Pokorny",null,null,null,"Top Gun 2019 - Kombi","SK",3,1835,1930,0,8989,0,2019,null,null,"ASG 29/18m","9E",null,"Není v databázi"]
["Vladimir Jirka",{"$f":"VLOOKUP(A3350,Pilot,2,0)","v":1965},{"$f":"VLOOKUP(A3350,Pilot,3,0)","v":"Zábřeh"},{"$f":"VLOOKUP(A3350,Pilot,4,0)","v":"CZ/M"},"Top Gun 2019 - Kombi","SK",4,1767,1930,0,8409,0,2019,null,null,"Ventus 2cM/18m","VJ",{"$f":"VLOOKUP(A3350,Pilot,5,0)","v":"M"},""]
["Trojan & Blatak",null,null,null,"Top Gun 2019 - Kombi","SK",5,1576,1930,0,7383,0,2019,null,null,"Duo Discus T","ZS",null,"Není v databázi"]
["Miroslav Tapuska",null,null,null,"Top Gun 2019 - Kombi","SK",6,1405,1930,0,6429,0,2019,null,null,"Discus 2T/18m","AL",null,"Není v databázi"]
["Jakubcak & Sulirova",null,null,null,"Top Gun 2019 - Kombi","SK",7,1321,1930,0,5791,0,2019,null,null,"Arcus M","CAR",null,"Není v databázi"]
["Jozef Snirc",null,null,null,"Top Gun 2019 - Kombi","SK",8,1017,1930,0,4355,0,2019,null,null,"Discus 2T/18m","AE",null,"Není v databázi"]
["Jan Keher",null,null,null,"Top Gun 2019 - Kombi","SK",9,981,1930,0,3891,0,2019,null,null,"Discus CS","DR",null,"Není v databázi"]
["Vaclav Hruza",1965,{"$f":"VLOOKUP(A3356,Pilot,3,0)","v":"Břeclav"},"CZ/M","Top Gun 2019 - Kombi","SK",10,0,1930,0,0,0,2019,null,null,"HPH 304S Shark","TBD","M",""]
["Petr Tichy",1973,{"$f":"VLOOKUP(A3357,Pilot,3,0)","v":"Zbraslavice"},"CZ/C1","20th EGC - Open","PL",1,3748,3748,1.0549999999999999,{"$f":"ROUND(H3357/I3357*10000*0.7+(MAX($G$3357:$G$3373)-G3357)/(MAX($G$3357:$G$3373)-1)*10000*0.3,0)","v":10000},10550,2019,"x",null,"EB 29 R","IEX","M",""]
["Riccardo Brigliadori",null,null,null,"20th EGC - Open","PL",2,3720,3748,1.0549999999999999,{"$f":"ROUND(H3358/I3358*10000*0.7+(MAX($G$3357:$G$3373)-G3358)/(MAX($G$3357:$G$3373)-1)*10000*0.3,0)","v":9760},10297,2019,null,null,"JS1c-21","LEO",null,"Není v databázi"]
["Markus Frank",null,null,null,"20th EGC - Open","PL",3,3629,3748,1.0549999999999999,9403,9920,2019,null,null,"EB 29","FB",null,"Není v databázi"]
["Philippe de Péchy",null,null,null,"20th EGC - Open","PL",4,3490,3748,1.0549999999999999,8956,9449,2019,null,null,"JS1c-21","EJ",null,"Není v databázi"]
["Eric Bernard",null,null,null,"20th EGC - Open","PL",5,3487,3748,1.0549999999999999,8763,9245,2019,null,null,"JS1c-21","EB",null,"Není v databázi"]
["Łukasz Wójcik",null,null,null,"20th EGC - Open","PL",6,3472,3748,1.0549999999999999,8547,9017,2019,null,null,"JS1c-21","P",null,"Není v databázi"]
["Russell Cheetham",null,null,null,"20th EGC - Open","PL",7,3470,3748,1.0549999999999999,8356,8816,2019,null,null,"EB 29 DR","DD",null,"Není v databázi"]
["Pierre de Broqueville",null,null,null,"20th EGC - Open","PL",8,3379,3748,1.0549999999999999,7998,8438,2019,null,null,"EB 29 DR","IP3",null,"Není v databázi"]
["Petr Krejcirik",1960,{"$f":"VLOOKUP(A3365,Pilot,3,0)","v":"Hranice"},"CZ/M","20th EGC - Open","PL",9,3250,3748,1.0549999999999999,7570,7986,2019,null,null,"JS1c-21","ZF","M",""]
["Oliver Binder",null,null,null,"20th EGC - Open","PL",10,3238,3748,1.0549999999999999,7360,7765,2019,null,null,"EB 29 DR","WB",null,"Není v databázi"]
["Zdzisław Bednarczuk",null,null,null,"20th EGC - Open","PL",11,3173,3748,1.0549999999999999,7051,7439,2019,null,null,"JS1c-21","B52",null,"Není v databázi"]
["Bas Seijffert",null,null,null,"20th EGC - Open","PL",12,3134,3748,1.0549999999999999,6791,7165,2019,null,null,"JS1c-21","BJ",null,"Není v databázi"]
["Tim Jenkinson",null,null,null,"20th EGC - Open","PL",13,2888,3748,1.0549999999999999,6144,6482,2019,null,null,"JS1c-21","SB",null,"Není v databázi"]
["Alberto Sironi",null,null,null,"20th EGC - Open","PL",14,2817,3748,1.0549999999999999,5824,6144,2019,null,null,"Quintus M","AS",null,"Není v databázi"]
["Laszlo Halasz",null,null,null,"20th EGC - Open","PL",15,2624,3748,1.0549999999999999,5276,5566,2019,null,null,"JS1c-21","HAB",null,"Není v databázi"]
["Riku Rissanen",null,null,null,"20th EGC - Open","PL",16,2227,3748,1.0549999999999999,4347,4586,2019,null,null,"EB 28 Edition","EX",null,"Není v databázi"]
["Juha Silvennoinen",null,null,null,"20th EGC - Open","PL",17,1684,3748,1.0549999999999999,3145,3318,2019,null,null,"LAK-20T","3G",null,"Není v databázi"]
["Sebastian Kawa",null,null,null,"20th EGC - 18m","PL",1,3359,3359,1.085,{"$f":"ROUND(H3374/I3374*10000*0.7+(MAX($G$3374:$G$3401)-G3374)/(MAX($G$3374:$G$3401)-1)*10000*0.3,0)","v":10000},10850,2019,null,null,"Diana 3","D3",null,"Není v databázi"]
["Karol Staryszak",null,null,null,"20th EGC - 18m","PL",2,3327,3359,1.085,{"$f":"ROUND(H3375/I3375*10000*0.7+(MAX($G$3374:$G$3401)-G3375)/(MAX($G$3374:$G$3401)-1)*10000*0.3,0)","v":9822},10657,2019,null,null,"ASG 29E","PES",null,"Není v databázi"]
["Wolfgang Janowitsch",null,null,null,"20th EGC - 18m","PL",3,3285,3359,1.085,9624,10442,2019,null,null,"Ventus 3T","WO",null,"Není v databázi"]
["Roman Mracek",1980,{"$f":"VLOOKUP(A3377,Pilot,3,0)","v":"Letkov"},"CZ/C1","20th EGC - 18m","PL",4,3279,3359,1.085,9500,10308,2019,"x",null,"JS3-18","XM","M",""]
["Peter Harvey",null,null,null,"20th EGC - 18m","PL",5,3275,3359,{"$f":"VLOOKUP(E3378,Soutez,8,0)","v":1.085},9381,10178,2019,null,null,"Ventus 3T",110,null,"Není v databázi"]
["Christophe Abadie",null,null,null,"20th EGC - 18m","PL",6,3204,3359,1.085,9121,{"$f":"ROUND(J3379*K3379,0)","v":9896},2019,null,null,"JS3-18","2L",null,{"$f":"IF(ISERROR(VLOOKUP(A3379,Pilot,6,0)),\"Není v databázi\",VLOOKUP(A3379,Pilot,6,0))","v":"Není v databázi"}]
["Jean-Denis Barrois",null,null,null,"20th EGC - 18m","PL",7,3183,3359,1.085,8967,9729,2019,null,null,"JS3-18","FM",null,"Není v databázi"]
["Philip Jones",null,null,null,"20th EGC - 18m","PL",8,3179,3359,1.085,8847,9599,2019,null,null,"Ventus 3T",210,null,"Není v databázi"]
["Peter Millenaar",null,null,null,"20th EGC - 18m","PL",9,3029,3359,1.085,8423,9139,2019,null,null,"Ventus 3T","VY",null,"Není v databázi"]
["Claus Triebel",null,null,null,"20th EGC - 18m","PL",10,2825,3359,1.085,7887,8557,2019,null,null,"JS3-18","SP",null,"Není v databázi"]
["Bernd Schmid",null,null,null,"20th EGC - 18m","PL",11,2780,3359,1.085,7682,8335,2019,null,null,"Ventus 3T","I7",null,"Není v databázi"]
["Marek Pechanec",{"$f":"VLOOKUP(A3385,Pilot,2,0)","v":1970},{"$f":"VLOOKUP(A3385,Pilot,3,0)","v":"Luhačovice"},{"$f":"VLOOKUP(A3385,Pilot,4,0)","v":"CZ/M"},"20th EGC - 18m","PL",12,2750,3359,1.085,7509,8147,2019,null,null,"ASG 29E","QZ",{"$f":"VLOOKUP(A3385,Pilot,5,0)","v":"M"},""]
["Gyorgy Gulyas",null,null,null,"20th EGC - 18m","PL",13,2673,3359,1.085,7237,7852,2019,null,null,"JS3-18","AX",null,"Není v databázi"]
["Thomas Gostner",null,null,null,"20th EGC - 18m","PL",14,2671,3359,1.085,7122,7727,2019,null,null,"Ventus 3T","GT",null,"Není v databázi"]
["Mikko Nurminen",null,null,null,"20th EGC - 18m","PL",15,2658,3359,1.085,6984,7578,2019,null,null,"Ventus 2 cxa","AL",null,"Není v databázi"]
["Vytautas Maciulis",null,null,null,"20th EGC - 18m","PL",16,2580,3359,1.085,6710,7280,2019,null,null,"LAK-17B",77,null,"Není v databázi"]
["Nik Salej",null,null,null,"20th EGC - 18m","PL",17,2529,3359,1.085,6493,7045,2019,null,null,"JS3-18","XD",null,"Není v databázi"]
["Martti Sucksdorff",null,null,null,"20th EGC - 18m","PL",18,2487,3359,1.085,6294,6829,2019,null,null,"ASG 29E","WS",null,"Není v databázi"]
["Peter Szabo",null,null,null,"20th EGC - 18m","PL",18,2487,3359,1.085,6294,6829,2019,null,null,"JS3-18","BX",null,"Není v databázi"]
["Henrik A. Breidahl",null,null,null,"20th EGC - 18m","PL",20,2470,3359,1.085,6036,6549,2019,null,null,"JS3-18",14,null,"Není v databázi"]
["Teet Jagomägi",null,null,null,"20th EGC - 18m","PL",21,2412,3359,1.085,5804,6297,2019,null,null,"JS1-18","TP",null,"Není v databázi"]
["Bernhard Leitner",null,null,null,"20th EGC - 18m","PL",22,2403,3359,1.085,5674,6156,2019,null,null,"Ventus 2 cxm","LV",null,"Není v databázi"]
["Peter Johansson",null,null,null,"20th EGC - 18m","PL",23,2402,3359,1.085,5561,6034,2019,null,null,"ASG 29E","2T",null,"Není v databázi"]
["Sorin Lingureanu",null,null,null,"20th EGC - 18m","PL",24,2368,3359,1.085,5379,5836,2019,null,null,"ASG 29","AK",null,"Není v databázi"]
["Werner Amann",null,null,null,"20th EGC - 18m","PL",25,2302,3359,1.085,5131,5567,2019,null,null,"ASG 29","WG",null,"Není v databázi"]
["Yves Gerster",null,null,null,"20th EGC - 18m","PL",26,2290,3359,1.085,4994,5418,2019,null,null,"JS3-18","E1",null,"Není v databázi"]
["Peter Cutting",null,null,null,"20th EGC - 18m","PL",27,1593,3359,1.085,3431,3723,2019,null,null,"ASG 29E","VZ",null,"Není v databázi"]
["Diana Schuit",null,null,null,"20th EGC - 18m","PL",28,1281,3359,1.085,2670,2897,2019,null,null,"LS-10 st","LS",null,"Není v databázi"]
["Rubaj & Matkowski",null,null,null,"20th EGC - Duo 20m","PL",1,3443,3443,1.06,{"$f":"ROUND(H3402/I3402*10000*0.7+(MAX($G$3402:$G$3415)-G3402)/(MAX($G$3402:$G$3415)-1)*10000*0.3,0)","v":10000},10600,2019,null,null,"ASG 32 Mi","MD",null,"Není v databázi"]
["Jones & Coppin",null,null,null,"20th EGC - Duo 20m","PL",2,3399,3443,1.06,{"$f":"ROUND(H3403/I3403*10000*0.7+(MAX($G$3402:$G$3415)-G3403)/(MAX($G$3402:$G$3415)-1)*10000*0.3,0)","v":9680},10261,2019,null,null,"Arcus T",66,null,"Není v databázi"]
["Grote & Gmelin",null,null,null,"20th EGC - Duo 20m","PL",3,3357,3443,1.06,9364,9926,2019,null,null,"Arcus T","V8",null,"Není v databázi"]
["Ghiorzo & Prodorutti",null,null,null,"20th EGC - Duo 20m","PL",4,3355,3443,1.06,9129,9677,2019,null,null,"Arcus M","BPG",null,"Není v databázi"]
["Sorri & Lehto",null,null,null,"20th EGC - Duo 20m","PL",5,3310,3443,1.06,8807,9335,2019,null,null,"Arcus M","AM",null,"Není v databázi"]
["Morel & Labatut",null,null,null,"20th EGC - Duo 20m","PL",6,3301,3443,1.06,8557,9070,2019,null,null,"Arcus T","FP",null,"Není v databázi"]
["Achleitner & Rass",null,null,null,"20th EGC - Duo 20m","PL",7,3095,3443,1.06,7908,8382,2019,null,null,"ASG 32 Mi","GA",null,"Není v databázi"]
["Scarlat & Kessler",null,null,null,"20th EGC - Duo 20m","PL",8,3039,3443,1.06,7563,8017,2019,null,null,"Arcus M","V9",null,"Není v databázi"]
["Motuza & Volkov",null,null,null,"20th EGC - Duo 20m","PL",9,2881,3443,1.06,7011,7432,2019,null,null,"ASG 32 Mi","IV",null,"Není v databázi"]
["Michal Lesinger",1966,{"$f":"VLOOKUP(A3411,Pilot,3,0)","v":"Moravská Třebová"},"CZ/M","20th EGC - Duo 20m","PL",10,2714,3443,1.06,6441,6827,2019,null,null,"Twin Shark","TS","M",""]
["Szabadfi & Szabadfi",null,null,null,"20th EGC - Duo 20m","PL",11,2653,3443,1.06,6086,6451,2019,null,null,"Arcus T","AB",null,"Není v databázi"]
["Larsen & Pedersen",null,null,null,"20th EGC - Duo 20m","PL",12,2514,3443,1.06,5573,5907,2019,null,null,"Duo Discus T","V4",null,"Není v databázi"]
["Timoshenko & Rudenko",null,null,null,"20th EGC - Duo 20m","PL",13,2065,3443,1.06,4429,4695,2019,null,null,"Arcus M","AP",null,"Není v databázi"]
["Käppeli & Koch",null,null,null,"20th EGC - Duo 20m","PL",14,1855,3443,1.06,3771,3997,2019,null,null,"Arcus M",1,null,"Není v databázi"]
["Martin Pirker",null,"FRA Wr. Neustadt",null,"27. Alpe Adria Cup - Klub","AT",1,2129,2129,0,{"$f":"ROUND(H3416/I3416*10000*0.7+(MAX($G$3416:$G$3435)-G3416)/(MAX($G$3416:$G$3435)-1)*10000*0.3,0)","v":10000},0,2019,null,null,"Ventus Cm","PM",null,"Není v databázi"]
["Eduard Supersperger",null,"SMBC Kirchdorf-Micheldorf",null,"27. Alpe Adria Cup - Klub","AT",2,2031,2129,0,{"$f":"ROUND(H3417/I3417*10000*0.7+(MAX($G$3416:$G$3435)-G3417)/(MAX($G$3416:$G$3435)-1)*10000*0.3,0)","v":9520},0,2019,null,null,"Duo-Discus XL","M1",null,"Není v databázi"]
["Georg Falkensammer",null,"FSV Feldkirchen/Ossiachersee",null,"27. Alpe Adria Cup - Klub","AT",3,1944,2129,0,9076,0,2019,null,null,"Discus 2b","D2",null,"Není v databázi"]
["Herwig Wagner",null,"St. Flugsportunion",null,"27. Alpe Adria Cup - Klub","AT",4,1770,2129,0,8346,0,2019,null,null,"SZD55","KE",null,"Není v databázi"]
["Alessandro Giaiotti",null,"CVNE",null,"27. Alpe Adria Cup - Klub","AT",5,1587,2129,0,7586,0,2019,null,null,"Ventus2b","D",null,"Není v databázi"]
["Roman Buehler",null,"SG Säntis",null,"27. Alpe Adria Cup - Klub","AT",6,1437,2129,{"$f":"VLOOKUP(E3421,Soutez,8,0)","v":0},6935,0,2019,null,null,"Ventus cM","AC",null,"Není v databázi"]
["Josef Scheiber",null,"SVA",null,"27. Alpe Adria Cup - Klub","AT",7,1404,2129,0,6669,{"$f":"ROUND(J3422*K3422,0)","v":0},2019,null,null,"Duo XLT","KPG",null,{"$f":"IF(ISERROR(VLOOKUP(A3422,Pilot,6,0)),\"Není v databázi\",VLOOKUP(A3422,Pilot,6,0))","v":"Není v databázi"}]
["Bernd Sauter",null,"Deutschland",null,"27. Alpe Adria Cup - Klub","AT",8,1382,2129,0,6439,0,2019,null,null,"Duo Discus","W",null,"Není v databázi"]
["Florian Forcher",null,"SFC Pinkafeld",null,"27. Alpe Adria Cup - Klub","AT",9,1380,2129,0,6274,0,2019,null,null,"DG 300 WL","N1",null,"Není v databázi"]
["Peter Schneeweis",null,"ASKÖ Flugsportverein Linz",null,"27. Alpe Adria Cup - Klub","AT",10,1294,2129,0,5834,0,2019,null,null,"Duo Discus XT","L",null,"Není v databázi"]
["Friedrich Hofinger",null,"SMBC Kirchdorf Micheldorf",null,"27. Alpe Adria Cup - Klub","AT",11,1196,2129,0,5353,0,2019,null,null,"Discus 2ct","KN",null,"Není v databázi"]
["Petr Malcek",{"$f":"VLOOKUP(A3427,Pilot,2,0)","v":1965},{"$f":"VLOOKUP(A3427,Pilot,3,0)","v":"Letňany"},{"$f":"VLOOKUP(A3427,Pilot,4,0)","v":"CZ/C1"},"27. Alpe Adria Cup - Klub","AT",12,1128,2129,0,4972,0,2019,null,null,"Duo Discus",777,{"$f":"VLOOKUP(A3427,Pilot,5,0)","v":"M"},""]
["Tizian Steiger",null,"SG Lägern",null,"27. Alpe Adria Cup - Klub","AT",13,1125,2129,0,4804,0,2019,null,null,"Discus 2a","O2",null,"Není v databázi"]
["Jan Kotan",1982,{"$f":"VLOOKUP(A3429,Pilot,3,0)","v":"Letňany"},"CZ/C1","27. Alpe Adria Cup - Klub","AT",14,1087,2129,0,4521,0,2019,null,null,"ASW-19","WT","M",""]
["Martin Bühlmann",null,"SG Lägern",null,"27. Alpe Adria Cup - Klub","AT",15,1066,2129,0,4294,0,2019,null,null,"Discus 2b","2S",null,"Není v databázi"]
["Klaus Porod",null,"FSV-Feldkirchen",null,"27. Alpe Adria Cup - Klub","AT",16,974,2129,0,3834,0,2019,null,null,"Discus 2cT","PSI",null,"Není v databázi"]
["Herbert Pirker",null,"FAS",null,"27. Alpe Adria Cup - Klub","AT",17,839,2129,0,3232,0,2019,null,null,"ASG 29 E","MD",null,"Není v databázi"]
["Gösta Worf",null,"LSR Aalen",null,"27. Alpe Adria Cup - Klub","AT",18,746,2129,0,2769,0,2019,null,null,"Ventus cM","GW",null,"Není v databázi"]
["Ute Baranowski",null,"Alpenflugzentrum Unterwössen e.V.",null,"27. Alpe Adria Cup - Klub","AT",19,550,2129,0,1966,0,2019,null,null,"Ventus 2ax","IB",null,"Není v databázi"]
["Philipp Wittwer",null,"SFG Dornbirn",null,"27. Alpe Adria Cup - Klub","AT",20,60,2129,0,197,0,2019,null,null,"LS 8","ZL",null,"Není v databázi"]
["Reinhard Haggenmueller",null,null,null,"27. Alpe Adria Cup - Kombi","AT",1,2725,2725,0,{"$f":"ROUND(H3436/I3436*10000*0.7+(MAX($G$3436:$G$3458)-G3436)/(MAX($G$3436:$G$3458)-1)*10000*0.3,0)","v":10000},0,2019,null,null,"ASG29 18E","RR",null,"Není v databázi"]
["Sven Kolb",null,"SFG-Dornbirn",null,"27. Alpe Adria Cup - Kombi","AT",2,2705,2725,0,{"$f":"ROUND(H3437/I3437*10000*0.7+(MAX($G$3436:$G$3458)-G3437)/(MAX($G$3436:$G$3458)-1)*10000*0.3,0)","v":9812},0,2019,null,null,"Antares LF20e","ZF",null,"Není v databázi"]
["Thomas Krüger",null,"AC Bad Neustadt",null,"27. Alpe Adria Cup - Kombi","AT",3,2505,2725,0,9162,0,2019,null,null,"EB 29","TK",null,"Není v databázi"]
["Guido Halter",null,"SG Säntis",null,"27. Alpe Adria Cup - Kombi","AT",4,2460,2725,0,8910,0,2019,null,null,"ASH25M","HU",null,"Není v databázi"]
["Roland Henz",null,"AFZ Unterwössen",null,"27. Alpe Adria Cup - Kombi","AT",5,2352,2725,0,8496,0,2019,null,null,"Ventus 2cxT","T3",null,"Není v databázi"]
["Paul Bernhard",null,"Steirische Flugsportunion",null,"27. Alpe Adria Cup - Kombi","AT",6,2314,2725,0,8262,0,2019,null,null,"ASH25Mi","NG",null,"Není v databázi"]
["Volker Polhaus",null,"Deutschland",null,"27. Alpe Adria Cup - Kombi","AT",7,2275,2725,0,8026,0,2019,null,null,"ASH26E","BV",null,"Není v databázi"]
["Wolfgang Falkensammer",null,"FSV Feldkirchen/Ossiachersee",null,"27. Alpe Adria Cup - Kombi","AT",8,2259,2725,0,7848,0,2019,null,null,"Antares 18T","FW",null,"Není v databázi"]
["Karel Krobath",null,"SFC Tulln",null,"27. Alpe Adria Cup - Kombi","AT",9,2107,2725,0,7322,0,2019,null,null,"HPH 304 MS","Q",null,"Není v databázi"]
["Michael Wolff",null,"Direktmitglied",null,"27. Alpe Adria Cup - Kombi","AT",10,2037,2725,0,7005,0,2019,null,null,"Ventus 3M","WZ",null,"Není v databázi"]
["Erich Niedl",null,"USFC Tulln",null,"27. Alpe Adria Cup - Kombi","AT",11,1895,2725,0,6504,0,2019,null,null,"Ventus 2cxT","CX",null,"Není v databázi"]
["Joachim Hirt",null,"LSV Schwarzwald Baar e.v.",null,"27. Alpe Adria Cup - Kombi","AT",12,1529,2725,0,5428,0,2019,null,null,"Nimbus 3DM","MM",null,"Není v databázi"]
["Gerold Auerbach",null,"LSV Salzburg",null,"27. Alpe Adria Cup - Kombi","AT",13,1474,2725,0,5150,0,2019,null,null,"ASH 31","FT",null,"Není v databázi"]
["René Schönmann",null,"SGBF Segelfluggruppe Basel Fricktal",null,"27. Alpe Adria Cup - Kombi","AT",14,1423,2725,0,4883,0,2019,null,null,"JS1 C 21m","LI",null,"Není v databázi"]
["Franz Salomon",null,"Steirische Flugsportunion",null,"27. Alpe Adria Cup - Kombi","AT",15,1407,2725,0,4705,0,2019,null,null,"Arcus M","FS",null,"Není v databázi"]
["Alexander Schütz",null,"AFZ Unterwössen",null,"27. Alpe Adria Cup - Kombi","AT",16,1395,2725,0,4538,0,2019,null,null,"Ventus2cT","AI",null,"Není v databázi"]
["Fridolin Hauser",null,"Lägern",null,"27. Alpe Adria Cup - Kombi","AT",17,1329,2725,0,4232,0,2019,null,null,"ASG 32 MI","HM",null,"Není v databázi"]
["Konrad Feichter",null,"FSV Feldkirchen",null,"27. Alpe Adria Cup - Kombi","AT",18,1328,2725,0,4093,0,2019,null,null,"Arcus-T","UHM",null,"Není v databázi"]
["Wolfgang Zimmermann",null,"Flugring Austria Wr. Neustadt",null,"27. Alpe Adria Cup - Kombi","AT",19,1174,2725,0,3561,0,2019,null,null,"Ventus 2cxm","XM",null,"Není v databázi"]
["Werner Danz",null,"SG Glarnerland",null,"27. Alpe Adria Cup - Kombi","AT",20,1001,2725,0,2980,0,2019,null,null,"Antares 18T","BT",null,"Není v databázi"]
["Raoul Flicker",null,"SFC Tulln",null,"27. Alpe Adria Cup - Kombi","AT",21,870,2725,0,2508,0,2019,null,null,"Ventus","FF",null,"Není v databázi"]
["Markus Zacherl",null,"AFZ Unterwössen",null,"27. Alpe Adria Cup - Kombi","AT",22,537,2725,0,1516,0,2019,null,null,"ASH 25 M","HG",null,"Není v databázi"]
["Aurel Hallbrucker",null,"ISV",null,"27. Alpe Adria Cup - Kombi","AT",23,445,2725,0,1143,0,2019,null,null,"Arcus M",2,null,"Není v databázi"]
["David Richter-Trummer",null,"SMBC Kirchdorf-Micheldorf",null,"OSS 2019 - Klub","AT",1,3229,3229,0.90500000000000003,{"$f":"ROUND(H3459/I3459*10000*0.7+(MAX($G$3459:$G$3474)-G3459)/(MAX($G$3459:$G$3474)-1)*10000*0.3,0)","v":10000},9050,2019,null,null,"H301","RT",null,"Není v databázi"]
["Paul Altrichter",null,"Union Fliegergruppe Waldveirtel",null,"OSS 2019 - Klub","AT",2,3038,3229,0.90500000000000003,{"$f":"ROUND(H3460/I3460*10000*0.7+(MAX($G$3459:$G$3474)-G3460)/(MAX($G$3459:$G$3474)-1)*10000*0.3,0)","v":9386},8494,2019,null,null,"LS4","AX",null,"Není v databázi"]
["Miguel Schwan",null,"SFC Tulln",null,"OSS 2019 - Klub","AT",3,2970,3229,0.90500000000000003,9039,8180,2019,null,null,"LS4 WL","T5",null,"Není v databázi"]
["Erich Hinterholzer",null,"FC St.Johann i.T.",null,"OSS 2019 - Klub","AT",4,2928,3229,0.90500000000000003,8747,7916,2019,null,null,"ASW24 WL","LX",null,"Není v databázi"]
["Jan Jagiello",null,"FSTO",null,"OSS 2019 - Klub","AT",5,2907,3229,0.90500000000000003,8502,7694,2019,null,null,"Std. Libelle",25,null,"Není v databázi"]
["Helmut Köglbauer",null,"SFC-Ried",null,"OSS 2019 - Klub","AT",6,2877,3229,0.90500000000000003,8237,7454,2019,null,null,"Std. Cirrus WL","4ME",null,"Není v databázi"]
["Vinzenz Neuwirth",null,"FRA Wr. Neustadt",null,"OSS 2019 - Klub","AT",7,2755,3229,{"$f":"VLOOKUP(E3465,Soutez,8,0)","v":0.90500000000000003},7772,7034,2019,null,null,"LS7 WL","3O",null,"Není v databázi"]
["Gerald Moser-Fürst",null,"USFC Krems",null,"OSS 2019 - Klub","AT",8,2685,3229,0.90500000000000003,7421,{"$f":"ROUND(J3466*K3466,0)","v":6716},2019,null,null,"Discus CS","K1",null,{"$f":"IF(ISERROR(VLOOKUP(A3466,Pilot,6,0)),\"Není v databázi\",VLOOKUP(A3466,Pilot,6,0))","v":"Není v databázi"}]
["Simon Lemmerer",null,"HFSG Grimming",null,"OSS 2019 - Klub","AT",9,2473,3229,0.90500000000000003,6761,6119,2019,null,null,"Standard Libelle 201B","SL",null,"Není v databázi"]
["Arnold Fauner",null,"Akaflieg Graz",null,"OSS 2019 - Klub","AT",10,2372,3229,0.90500000000000003,6342,5740,2019,null,null,"DG300","IPW",null,"Není v databázi"]
["Jakob Pühringer",null,"FRA Wiener Neustadt",null,"OSS 2019 - Klub","AT",11,2052,3229,0.90500000000000003,5448,4930,2019,null,null,"Ls4","F4",null,"Není v databázi"]
["Rudolf Huber",null,"BSV Voith St. Pölten",null,"OSS 2019 - Klub","AT",12,1966,3229,0.90500000000000003,5062,4581,2019,null,null,"Std. Cirrus WL","SI",null,"Není v databázi"]
["Stefan Krummholz",null,"USFC Krems",null,"OSS 2019 - Klub","AT",13,1924,3229,0.90500000000000003,4771,4318,2019,null,null,"Kestrel","KS",null,"Není v databázi"]
["Georg Donner",null,"Flugsportgruppe Union Linz",null,"OSS 2019 - Klub","AT",14,1896,3229,0.90500000000000003,4510,4082,2019,null,null,"DG-101G","HX",null,"Není v databázi"]
["Rainer Wanko",null,"FG Waldviertel",null,"OSS 2019 - Klub","AT",15,1246,3229,0.90500000000000003,2901,2625,2019,null,null,"Discus","MB",null,"Není v databázi"]
["Constantin Jakobljevich",null,"SFG Ybbs",null,"OSS 2019 - Klub","AT",16,1224,3229,0.90500000000000003,2653,2401,2019,null,null,"Discus CS","CJ",null,"Není v databázi"]
["Wolfgang Janowitsch",null,"FRA-Wr.Neustadt",null,"OSS 2019 - 18m","AT",1,3803,3803,0.91500000000000004,{"$f":"ROUND(H3475/I3475*10000*0.7+(MAX($G$3475:$G$3493)-G3475)/(MAX($G$3475:$G$3493)-1)*10000*0.3,0)","v":10000},9150,2019,null,null,"Ventus 3T","WO",null,"Není v databázi"]
["Michael Rass",null,"FC ST.JOHANN IN TIROL",null,"OSS 2019 - 18m","AT",2,3685,3803,0.91500000000000004,{"$f":"ROUND(H3476/I3476*10000*0.7+(MAX($G$3475:$G$3493)-G3476)/(MAX($G$3475:$G$3493)-1)*10000*0.3,0)","v":9616},8799,2019,null,null,"ASG 29 ES","MR",null,"Není v databázi"]
["Andreas Lutz",null,"SFC Ried",null,"OSS 2019 - 18m","AT",3,3660,3803,0.91500000000000004,9403,8604,2019,null,null,"Ventus 3","A",null,"Není v databázi"]
["Andreas Sandhöfner",null,"FSK Sturmvogel",null,"OSS 2019 - 18m","AT",4,3574,3803,0.91500000000000004,9078,8306,2019,null,null,"ASG29 Es","AY",null,"Není v databázi"]
["Martin Pirker",null,"FRA Wr. Neustadt",null,"OSS 2019 - 18m","AT",5,3451,3803,0.91500000000000004,8685,7947,2019,null,null,"Ventus cM","PM",null,"Není v databázi"]
["Heimo Demmerer",null,"SFC Mariazell",null,"OSS 2019 - 18m","AT",6,3355,3803,0.91500000000000004,8342,7633,2019,null,null,"Ventus 2CM","OD",null,"Není v databázi"]
["Werner Amann",null,"SFG-Hohenems",null,"OSS 2019 - 18m","AT",7,3092,3803,0.91500000000000004,7691,7037,2019,null,null,"ASG 29","WG",null,"Není v databázi"]
["Friedrich Hofinger",null,"SMBC Kirchdorf Micheldorf",null,"OSS 2019 - 18m","AT",8,3091,3803,0.91500000000000004,7523,6884,2019,null,null,"Discus 2ct","KN",null,"Není v databázi"]
["Joachim Krais",null,"FLG Blaubeuren",null,"OSS 2019 - 18m","AT",9,2978,3803,0.91500000000000004,7148,6540,2019,null,null,"Ventus 2cxM","IKK",null,"Není v databázi"]
["Reinhard Haggenmüller",null,"Fliegerclub St.Johann T.",null,"OSS 2019 - 18m","AT",10,2946,3803,0.91500000000000004,6923,6335,2019,null,null,"ASG 29 E","RR",null,"Není v databázi"]
["Kurt Sautter",null,"LSV Rossfeld",null,"OSS 2019 - 18m","AT",11,2713,3803,0.91500000000000004,6327,5789,2019,null,null,"Ventus 2cxM","IKI",null,"Není v databázi"]
["Erich Niedl",null,"USFC Tulln",null,"OSS 2019 - 18m","AT",12,2544,3803,0.91500000000000004,5849,5352,2019,null,null,"Ventus 2cxT","CX",null,"Není v databázi"]
["Karel Krobath",null,"SFC Tulln",null,"OSS 2019 - 18m","AT",13,2495,3803,0.91500000000000004,5592,5117,2019,null,null,"HPH 304MS","Q",null,"Není v databázi"]
["Bernhard Leitner",null,"ISV",null,"OSS 2019 - 18m","AT",14,2490,3803,0.91500000000000004,5417,4957,2019,null,null,"Ventus 2cxM","LV",null,"Není v databázi"]
["Ondrej Dupal",{"$f":"VLOOKUP(A3489,Pilot,2,0)","v":1966},{"$f":"VLOOKUP(A3489,Pilot,3,0)","v":"GAC Benešov"},{"$f":"VLOOKUP(A3489,Pilot,4,0)","v":"CZ/C1"},"OSS 2019 - 18m","AT",15,2470,3803,0.91500000000000004,5213,4770,2019,null,null,"ASG29E","GO",{"$f":"VLOOKUP(A3489,Pilot,5,0)","v":"M"},""]
["Andreas Klugsberger",null,"SCMB Kirchdorf Micheldorf",null,"OSS 2019 - 18m","AT",16,2461,3803,0.91500000000000004,5030,4602,2019,null,null,"ASH 26","HF",null,"Není v databázi"]
["Daniel Feilmeier",null,null,null,"OSS 2019 - 18m","AT",17,2344,3803,0.91500000000000004,4648,4253,2019,null,null,"Discus 2c FES","UL",null,"Není v databázi"]
["Andrej Kolar",null,"ALC Lesce",null,"OSS 2019 - 18m","AT",18,2328,3803,0.91500000000000004,4452,4074,2019,null,null,"Ventus 3M","WZ",null,"Není v databázi"]
["Raoul Flicker",null,"SFC Tulln",null,"OSS 2019 - 18m","AT",19,2232,3803,0.91500000000000004,4108,3759,2019,null,null,"Ventus 2cxT","IX",null,"Není v databázi"]
["Peter Hartmann",null,"ASKÖ Flugsportverein Linz",null,"OSS 2019 - Open","AT",1,3725,3725,0,{"$f":"ROUND(H3494/I3494*10000*0.7+(MAX($G$3494:$G$3501)-G3494)/(MAX($G$3494:$G$3501)-1)*10000*0.3,0)","v":10000},0,2019,null,null,"Antares 23T","PC",null,"Není v databázi"]
["Alexander Müller",null,"LSC Bayreuth e.V.",null,"OSS 2019 - Open","AT",2,3409,3725,0,{"$f":"ROUND(H3495/I3495*10000*0.7+(MAX($G$3494:$G$3501)-G3495)/(MAX($G$3494:$G$3501)-1)*10000*0.3,0)","v":8978},0,2019,null,null,"EB 29","AM",null,"Není v databázi"]
["Sven Kolb",null,"SFG-Dornbirn",null,"OSS 2019 - Open","AT",3,3031,3725,0,7839,0,2019,null,null,"Antares LF20e","ZF",null,"Není v databázi"]
["Christian Hynek",null,"steckenflug.at",null,"OSS 2019 - Open","AT",4,2905,3725,0,7173,0,2019,null,null,"EB 29 DR","DD",null,"Není v databázi"]
["Benno Beesten",null,"LSG Fallersleben",null,"OSS 2019 - Open","AT",5,2766,3725,0,6484,0,2019,null,null,"Nimbus 4M","TEX",null,"Není v databázi"]
["Christian Derold",null,"ISV",null,"OSS 2019 - Open","AT",6,2215,3725,0,5020,0,2019,null,null,"Antares 23E","LS",null,"Není v databázi"]
["Rüdiger Spann",null,"LSV Salzburg",null,"OSS 2019 - Open","AT",7,2029,3725,0,4241,0,2019,null,null,"Antares 23E","RS",null,"Není v databázi"]
["Gerold Auerbach",null,"Österreich",null,"OSS 2019 - Open","AT",8,1868,3725,0,3510,0,2019,null,null,"ASH 31 MI","FT",null,"Není v databázi"]
["Achleitner & Haslinger",null,null,null,"OSS 2019 - Kombi","AT",1,3833,3833,{"$f":"VLOOKUP(E3502,Soutez,8,0)","v":0.9},{"$f":"ROUND(H3502/I3502*10000*0.7+(MAX($G$3502:$G$3512)-G3502)/(MAX($G$3502:$G$3512)-1)*10000*0.3,0)","v":10000},{"$f":"ROUND(J3502*K3502,0)","v":9000},2019,null,null,"ASG 32 Mi","GA",null,{"$f":"IF(ISERROR(VLOOKUP(A3502,Pilot,6,0)),\"Není v databázi\",VLOOKUP(A3502,Pilot,6,0))","v":"Není v databázi"}]
["Martin Schwab",null,"FG Waldviertel",null,"OSS 2019 - Kombi","AT",2,3755,3833,0.9,{"$f":"ROUND(H3503/I3503*10000*0.7+(MAX($G$3502:$G$3512)-G3503)/(MAX($G$3502:$G$3512)-1)*10000*0.3,0)","v":9558},8602,2019,null,null,"Discus 2T","FUN",null,"Není v databázi"]
["Supersperger & Federlehner",null,null,null,"OSS 2019 - Kombi","AT",3,3604,3833,0.9,8982,8084,2019,null,null,"Arcus M","PS",null,"Není v databázi"]
["Schneeweis & Mayrhofer",null,"ASKÖ Flugsportverein Linz",null,"OSS 2019 - Kombi","AT",4,3012,3833,0.9,7601,6841,2019,null,null,"Duo Discus XT","L",null,"Není v databázi"]
["Thomas Hynek",null,"Flugschule ASKÖ Wien",null,"OSS 2019 - Kombi","AT",5,2967,3833,0.9,7218,6496,2019,null,null,"Ventus 2b","CC",null,"Není v databázi"]
["Scheiber & Schneider",null,"Segelflugverein Außerfern",null,"OSS 2019 - Kombi","AT",6,2966,3833,0.9,6917,6225,2019,null,null,"Duo-Discus XLT","KPG",null,"Není v databázi"]
["Embacher & Olinger",null,null,null,"OSS 2019 - Kombi","AT",7,2839,3833,0.9,6385,5747,2019,null,null,"Duo Discus T","JOY",null,"Není v databázi"]
["Artner & Meindlhumer",null,"ASKÖ Flugsportverein Linz",null,"OSS 2019 - Kombi","AT",8,2485,3833,0.9,5438,4894,2019,null,null,"Duo-Discus","8Y",null,"Není v databázi"]
["Wolfgang Zimmermann",null,"Flugring Austria Wiener Neustadt",null,"OSS 2019 - Kombi","AT",9,2422,3833,0.9,5023,4521,2019,null,null,"Ventus2b","GI",null,"Není v databázi"]
["Philipp Wittwer",null,"SFG Dornbirn",null,"OSS 2019 - Kombi","AT",10,2288,3833,0.9,4478,4030,2019,null,null,"LS 8","ZL",null,"Není v databázi"]
["Thomas Aigner",null,"SFC Ried",null,"OSS 2019 - Kombi","AT",11,2039,3833,0.9,3724,3352,2019,null,null,"Ventus 2B","TOM",null,"Není v databázi"]
["Jake Brattle",null,null,null,"11. WGC Juniors 2019 - Klub","HU",1,8453,8453,1.0149999999999999,{"$f":"ROUND(H3513/I3513*10000*0.7+(MAX($G$3513:$G$3556)-G3513)/(MAX($G$3513:$G$3556)-1)*10000*0.3,0)","v":10000},10150,2019,null,null,"ASW-20",25,null,"Není v databázi"]
["Finn Sleigh",null,null,null,"11. WGC Juniors 2019 - Klub","HU",2,8306,8453,1.0149999999999999,{"$f":"ROUND(H3514/I3514*10000*0.7+(MAX($G$3513:$G$3556)-G3514)/(MAX($G$3513:$G$3556)-1)*10000*0.3,0)","v":9809},9956,2019,null,null,"ASW-20",5,null,"Není v databázi"]
["Maximilian Dorsch",null,null,null,"11. WGC Juniors 2019 - Klub","HU",3,8263,8453,1.0149999999999999,9703,9849,2019,null,null,"LS-4",39,null,"Není v databázi"]
["Tobias Pachowsky",null,null,null,"11. WGC Juniors 2019 - Klub","HU",4,8145,8453,1.0149999999999999,9536,9679,2019,null,null,"LS-4a","IGP",null,"Není v databázi"]
["David Mach",{"$f":"VLOOKUP(A3517,Pilot,2,0)","v":1994},{"$f":"VLOOKUP(A3517,Pilot,3,0)","v":"Hronov"},{"$f":"VLOOKUP(A3517,Pilot,4,0)","v":"CZ/C2"},"11. WGC Juniors 2019 - Klub","HU",5,8077,8453,1.0149999999999999,9410,9551,2019,"x",null,"LS-4","IX",{"$f":"VLOOKUP(A3517,Pilot,5,0)","v":"M"},""]
["Philipp Lauer",null,null,null,"11. WGC Juniors 2019 - Klub","HU",6,7939,8453,1.0149999999999999,9226,9364,2019,null,null,"LS-4","LI",null,"Není v databázi"]
["Robin Smit",null,null,null,"11. WGC Juniors 2019 - Klub","HU",7,7888,8453,1.0149999999999999,9114,9251,2019,null,null,"Standard Cirrus","RSM",null,"Není v databázi"]
["Milan SurovCik",null,null,null,"11. WGC Juniors 2019 - Klub","HU",8,7803,8453,1.0149999999999999,8973,9108,2019,null,null,"Pegasus 101A","EL",null,"Není v databázi"]
["Mark Travner",null,null,null,"11. WGC Juniors 2019 - Klub","HU",9,7626,8453,1.0149999999999999,8757,8888,2019,null,null,"DG-300","CE",null,"Není v databázi"]
["Jelmer Vis",null,null,null,"11. WGC Juniors 2019 - Klub","HU",10,7608,8453,1.0149999999999999,8672,8802,2019,null,null,"Standard Cirrus","HE",null,"Není v databázi"]
["Daniel Ryba",1994,{"$f":"VLOOKUP(A3523,Pilot,3,0)","v":"Dvůr Králové"},"CZ/C2","11. WGC Juniors 2019 - Klub","HU",11,7510,8453,1.0149999999999999,8521,8649,2019,"x",null,"ASW-19B","L7","M",""]
["Thijs Bastiaanse",null,null,null,"11. WGC Juniors 2019 - Klub","HU",12,7504,8453,1.0149999999999999,8447,8574,2019,null,null,"LS-4","AU",null,"Není v databázi"]
["Simon Gantner",null,null,null,"11. WGC Juniors 2019 - Klub","HU",13,7423,8453,1.0149999999999999,8310,8435,2019,null,null,"LS-4a","MN",null,"Není v databázi"]
["Daniel Sazhin",null,null,null,"11. WGC Juniors 2019 - Klub","HU",14,7299,8453,1.0149999999999999,8137,8259,2019,null,null,"LS-4a","8M",null,"Není v databázi"]
["Sviatoslav Roublev",null,null,null,"11. WGC Juniors 2019 - Klub","HU",15,7210,8453,1.0149999999999999,7994,8114,2019,null,null,"Discus Cs","G3",null,"Není v databázi"]
["Adrien Dubreuil",null,null,null,"11. WGC Juniors 2019 - Klub","HU",16,7140,8453,1.0149999999999999,7866,7984,2019,null,null,"LS-4","SD",null,"Není v databázi"]
["Thomas Leduc",null,null,null,"11. WGC Juniors 2019 - Klub","HU",17,7005,8453,1.0149999999999999,7685,7800,2019,null,null,"LS-1F","1 neo",null,"Není v databázi"]
["Pascal Zollikofer",null,null,null,"11. WGC Juniors 2019 - Klub","HU",18,6970,8453,1.0149999999999999,7586,7700,2019,null,null,"LS-4","FC",null,"Není v databázi"]
["Clément Flick",null,null,null,"11. WGC Juniors 2019 - Klub","HU",19,6958,8453,1.0149999999999999,7506,7619,2019,null,null,"LS-4","FAY",null,"Není v databázi"]
["Mark Polajzar",null,null,null,"11. WGC Juniors 2019 - Klub","HU",20,6953,8453,1.0149999999999999,7432,7543,2019,null,null,"DG-300","CP",null,"Není v databázi"]
["Adam Kacvinsky",null,null,null,"11. WGC Juniors 2019 - Klub","HU",21,6890,8453,1.0149999999999999,7310,7420,2019,null,null,"ASW-19B","BA4",null,"Není v databázi"]
["James Stewart",null,null,null,"11. WGC Juniors 2019 - Klub","HU",22,6857,8453,1.0149999999999999,7213,7321,2019,null,null,"LS-4a","S5",null,"Není v databázi"]
["Noah Reitter",null,null,null,"11. WGC Juniors 2019 - Klub","HU",23,6806,8453,1.0149999999999999,7101,7208,2019,null,null,"LS-4a","S9",null,"Není v databázi"]
["Barbora Moravcova",1994,{"$f":"VLOOKUP(A3536,Pilot,3,0)","v":"Zbraslavice"},"CZ/C1","11. WGC Juniors 2019 - Klub","HU",24,6783,8453,1.0149999999999999,7012,7117,2019,null,null,"ASW-19B","CF","F",""]
["Julien Duboc",null,null,null,"11. WGC Juniors 2019 - Klub","HU",25,6749,8453,1.0149999999999999,6914,7018,2019,null,null,"LS-4",79,null,"Není v databázi"]
["Konrad Partyka",null,null,null,"11. WGC Juniors 2019 - Klub","HU",26,6551,8453,1.0149999999999999,6681,6781,2019,null,null,"ASW-19","J1",null,"Není v databázi"]
["Oskar Minds",null,null,null,"11. WGC Juniors 2019 - Klub","HU",27,6496,8453,1.0149999999999999,6565,6663,2019,null,null,"DG-300","RU",null,"Není v databázi"]
["Martynas LiutkeviCius",null,null,null,"11. WGC Juniors 2019 - Klub","HU",28,6491,8453,1.0149999999999999,6492,6589,2019,null,null,"SZD-48-2 JantarSTD 2","CI",null,"Není v databázi"]
["simon siska",null,null,null,"11. WGC Juniors 2019 - Klub","HU",29,6466,8453,1.0149999999999999,6401,6497,2019,null,null,"ASW-19B","A1",null,"Není v databázi"]
["Kinga Tchorz",null,null,null,"11. WGC Juniors 2019 - Klub","HU",30,6463,8453,1.0149999999999999,6329,6424,2019,null,null,"ASW-19",11,null,"Není v databázi"]
["Jokūbas Motūza",null,null,null,"11. WGC Juniors 2019 - Klub","HU",31,6398,8453,1.0149999999999999,6205,6298,2019,null,null,"Jantar Std. 1","JM",null,"Není v databázi"]
["Rokas Liaugaudas",null,null,null,"11. WGC Juniors 2019 - Klub","HU",32,6364,8453,1.0149999999999999,6107,6199,2019,null,null,"Pegasus 101A","PL",null,"Není v databázi"]
["Mikko Ylihärsilä",null,null,null,"11. WGC Juniors 2019 - Klub","HU",33,6312,8453,1.0149999999999999,5994,6084,2019,null,null,"LS7","GE",null,"Není v databázi"]
["Tymoteusz Dolata",null,null,null,"11. WGC Juniors 2019 - Klub","HU",34,6302,8453,1.0149999999999999,5916,6005,2019,null,null,"ASW-19B","JAY",null,"Není v databázi"]
["Mikkel Refsgaard Schmidt-Nielsen",null,null,null,"11. WGC Juniors 2019 - Klub","HU",35,6023,8453,1.0149999999999999,5616,5700,2019,null,null,"LS-1F","BB",null,"Není v databázi"]
["Barnabas Tóth",null,null,null,"11. WGC Juniors 2019 - Klub","HU",36,5943,8453,1.0149999999999999,5480,5562,2019,null,null,"Pegasus 101A","BT",null,"Není v databázi"]
["Niklas Unterrainer",null,null,null,"11. WGC Juniors 2019 - Klub","HU",37,5743,8453,1.0149999999999999,5244,5323,2019,null,null,"LS-4","8F",null,"Není v databázi"]
["David Collins",null,null,null,"11. WGC Juniors 2019 - Klub","HU",38,5639,8453,1.0149999999999999,5088,5164,2019,null,null,"LS-3","1A",null,"Není v databázi"]
["WÉBER Zsombor",null,null,null,"11. WGC Juniors 2019 - Klub","HU",39,5402,8453,1.0149999999999999,4822,4894,2019,null,null,"SZD-48-2 JantarSTD 2",16,null,"Není v databázi"]
["Michael Keller",null,null,null,"11. WGC Juniors 2019 - Klub","HU",40,5068,8453,1.0149999999999999,4476,4543,2019,null,null,"Std Cirrus 75","XII",null,"Není v databázi"]
["Sondre Bjoro",null,null,null,"11. WGC Juniors 2019 - Klub","HU",41,4886,8453,{"$f":"VLOOKUP(E3553,Soutez,8,0)","v":1.0149999999999999},4255,4319,2019,null,null,"ASW-15B","DB",null,"Není v databázi"]
["Kristoffer D. Samuelsen",null,null,null,"11. WGC Juniors 2019 - Klub","HU",42,4749,8453,1.0149999999999999,4072,{"$f":"ROUND(J3554*K3554,0)","v":4133},2019,null,null,"LS-1F",577,null,{"$f":"IF(ISERROR(VLOOKUP(A3554,Pilot,6,0)),\"Není v databázi\",VLOOKUP(A3554,Pilot,6,0))","v":"Není v databázi"}]
["Christer Ervik Mjos",null,null,null,"11. WGC Juniors 2019 - Klub","HU",43,4403,8453,1.0149999999999999,3716,3772,2019,null,null,"ASW-15B","SW",null,"Není v databázi"]
["Reuben Lane",null,null,null,"11. WGC Juniors 2019 - Klub","HU",44,3790,8453,1.0149999999999999,3139,3186,2019,null,null,"LS-1F","ELY",null,"Není v databázi"]
["Simon Schröder",null,null,null,"11. WGC Juniors 2019 - Std","HU",1,7422,7422,1.04,{"$f":"ROUND(H3557/I3557*10000*0.7+(MAX($G$3557:$G$3592)-G3557)/(MAX($G$3557:$G$3592)-1)*10000*0.3,0)","v":10000},10400,2019,null,null,"LS-8-15 - winglet","S2",null,"Není v databázi"]
["Simon Briel",null,null,null,"11. WGC Juniors 2019 - Std","HU",2,7262,7422,1.04,{"$f":"ROUND(H3558/I3558*10000*0.7+(MAX($G$3557:$G$3592)-G3558)/(MAX($G$3557:$G$3592)-1)*10000*0.3,0)","v":9763},10154,2019,null,null,"Discus 2A - winglet","SB",null,"Není v databázi"]
["Tomasz Hornik",null,null,null,"11. WGC Juniors 2019 - Std","HU",3,7000,7422,1.04,9431,9808,2019,null,null,"Discus 2A - winglet","ii",null,"Není v databázi"]
["Juliusz Pieniazek",null,null,null,"11. WGC Juniors 2019 - Std","HU",4,6750,7422,1.04,9109,9473,2019,null,null,"Discus 2A - winglet","Y",null,"Není v databázi"]
["Robin Sittmann",null,null,null,"11. WGC Juniors 2019 - Std","HU",5,6729,7422,1.04,9004,9364,2019,null,null,"Discus 2A - winglet","RA",null,"Není v databázi"]
["Aude Untersee",null,null,null,"11. WGC Juniors 2019 - Std","HU",6,6632,7422,1.04,8826,9179,2019,null,null,"Discus 2A - winglet","JPA",null,"Není v databázi"]
["Hugo Corbillé",null,null,null,"11. WGC Juniors 2019 - Std","HU",7,6607,7422,1.04,8717,9066,2019,null,null,"LS-8-15 - winglet","7X",null,"Není v databázi"]
["Sjoerd van Empelen",null,null,null,"11. WGC Juniors 2019 - Std","HU",8,6604,7422,1.04,8629,8974,2019,null,null,"LS-8-15 - winglet","E8",null,"Není v databázi"]
["Sofiane Scally",null,null,null,"11. WGC Juniors 2019 - Std","HU",9,6536,7422,1.04,8479,8818,2019,null,null,"LS-8-15 - winglet","RJ",null,"Není v databázi"]
["Jaromir Macoun",{"$f":"VLOOKUP(A3566,Pilot,2,0)","v":1999},{"$f":"VLOOKUP(A3566,Pilot,3,0)","v":"Jičín"},{"$f":"VLOOKUP(A3566,Pilot,4,0)","v":"CZ/C2"},"11. WGC Juniors 2019 - Std","HU",10,6442,7422,1.04,8304,8636,2019,"x",null,"LS-8-15 - winglet","EU",{"$f":"VLOOKUP(A3566,Pilot,5,0)","v":"M"},"Junior v roce 2020"]
["Ringaudas Kikalas",null,null,null,"11. WGC Juniors 2019 - Std","HU",11,6369,7422,1.04,8150,8476,2019,null,null,"LS-8-15 - winglet","H8",null,"Není v databázi"]
["Jan Viskot",1995,{"$f":"VLOOKUP(A3568,Pilot,3,0)","v":"Břeclav"},"CZ/M","11. WGC Juniors 2019 - Std","HU",12,6360,7422,1.04,8056,8378,2019,"x",null,"Discus 2A - winglet","GX","M","Junior v roce 2020"]
["Emil Dalboe-Pedersen",null,null,null,"11. WGC Juniors 2019 - Std","HU",13,6317,7422,1.04,7929,8246,2019,null,null,"LS-8-15 - winglet","SE",null,"Není v databázi"]
["Ignas Bitinaitis",null,null,null,"11. WGC Juniors 2019 - Std","HU",14,6300,7422,1.04,7828,8141,2019,null,null,"Discus 2A - winglet","VM",null,"Není v databázi"]
["Balazs Laktis",null,null,null,"11. WGC Juniors 2019 - Std","HU",15,6294,7422,1.04,7736,8045,2019,null,null,"Discus 2A - winglet","HUN",null,"Není v databázi"]
["Nico Jägli",null,null,null,"11. WGC Juniors 2019 - Std","HU",16,6290,7422,1.04,7647,7953,2019,null,null,"Discus 2B - winglet","2S",null,"Není v databázi"]
["Sjors van Loon",null,null,null,"11. WGC Juniors 2019 - Std","HU",17,6131,7422,1.04,7411,7707,2019,null,null,"LS-8-15 - winglet","M7",null,"Není v databázi"]
["Michael Marshall",null,null,null,"11. WGC Juniors 2019 - Std","HU",18,5827,7422,1.04,7039,7321,2019,null,null,"Discus 2A - winglet","DA",null,"Není v databázi"]
["Peter Carter",null,null,null,"11. WGC Juniors 2019 - Std","HU",19,5790,7422,1.04,6918,7195,2019,null,null,"LS-8-18 525 - winglet",95,null,"Není v databázi"]
["Simon Brown",null,null,null,"11. WGC Juniors 2019 - Std","HU",20,5700,7422,1.04,6747,7017,2019,null,null,"LS-8-15 - winglet","B",null,"Není v databázi"]
["Nick Fremau",null,null,null,"11. WGC Juniors 2019 - Std","HU",21,5674,7422,1.04,6637,6902,2019,null,null,"LS-8-15 - winglet","L8",null,"Není v databázi"]
["Samuel Posluch",null,null,null,"11. WGC Juniors 2019 - Std","HU",22,5521,7422,1.04,6407,6663,2019,null,null,"LS-8-15 - winglet","SI",null,"Není v databázi"]
["Lars Groot",null,null,null,"11. WGC Juniors 2019 - Std","HU",23,5359,7422,1.04,6169,6416,2019,null,null,"LS-8-15 - winglet","E5",null,"Není v databázi"]
["Jonas Pitschen",null,null,null,"11. WGC Juniors 2019 - Std","HU",24,5304,7422,1.04,6031,6272,2019,null,null,"Discus 2B - winglet","UB",null,"Není v databázi"]
["Balint Biro",null,null,null,"11. WGC Juniors 2019 - Std","HU",25,5278,7422,1.04,5921,6158,2019,null,null,"Discus 2A - winglet","HAL",null,"Není v databázi"]
["Jens Andersen",null,null,null,"11. WGC Juniors 2019 - Std","HU",26,5264,7422,1.04,5822,6055,2019,null,null,"LS-8-15 - winglet","KL",null,"Není v databázi"]
["Tizian Steiger",null,null,null,"11. WGC Juniors 2019 - Std","HU",27,5174,7422,1.04,5651,5877,2019,null,null,"Discus 2A - winglet","O2",null,"Není v databázi"]
["Arnulf Snekvik",null,null,null,"11. WGC Juniors 2019 - Std","HU",28,5123,7422,1.04,5517,5738,2019,null,null,"LS-8-15 - winglet","TT",null,"Není v databázi"]
["Jan Zapletal",1997,{"$f":"VLOOKUP(A3585,Pilot,3,0)","v":"Kroměříž"},"CZ/M","11. WGC Juniors 2019 - Std","HU",29,5104,7422,1.04,5414,5631,2019,null,null,"LS-8-15 - winglet","JS","M","Junior v roce 2020"]
["Wiktor CZUBSKI",null,null,null,"11. WGC Juniors 2019 - Std","HU",30,5038,7422,1.04,5266,5477,2019,null,null,"LS-8-15 - winglet","LOT",null,"Není v databázi"]
["Joshua Geerlings",null,null,null,"11. WGC Juniors 2019 - Std","HU",31,5012,7422,1.04,5156,5362,2019,null,null,"LS-8-15 - winglet",59,null,"Není v databázi"]
["Laurynas supinys",null,null,null,"11. WGC Juniors 2019 - Std","HU",32,4915,7422,1.04,4978,5177,2019,null,null,"LAK-19 - winglet","ZM",null,"Není v databázi"]
["Viktoria Divokova",null,null,null,"11. WGC Juniors 2019 - Std","HU",33,4898,7422,1.04,4877,5072,2019,null,null,"Discus 2B - winglet","DI",null,"Není v databázi"]
["Sebastian Pöchlauer",null,null,null,"11. WGC Juniors 2019 - Std","HU",34,4497,7422,1.04,4413,4590,2019,null,null,"Discus 2A - winglet","KG",null,"Není v databázi"]
["Miroslav Beliansky",null,null,null,"11. WGC Juniors 2019 - Std","HU",35,4470,7422,1.04,4302,4474,2019,null,null,"LS-8-15 - winglet","TC",null,"Není v databázi"]
["Lukas Schneeberger",null,null,null,"11. WGC Juniors 2019 - Std","HU",36,4048,7422,1.04,3818,3971,2019,null,null,"Discus B","I",null,"Není v databázi"]
["Gintas Zube",null,null,null,"SGP 2019 BH - 18m GP","BH",1,37,null,0.91500000000000004,{"$f":"ROUND((MAX($G$3593:$G$3607)-G3593)/(MAX($G$3593:$G$3607)-1)*10000,0)","v":10000},9150,2019,null,null,"ASG-29 18m","AR",null,"Není v databázi"]
["Bostjan Pristavec",null,null,null,"SGP 2019 BH - 18m GP","BH",2,35,null,0.91500000000000004,9286,8497,2019,null,null,"JS3 - 18m Jet","AX",null,"Není v databázi"]
["Petr Panek",1975,{"$f":"VLOOKUP(A3595,Pilot,3,0)","v":"Dvůr Králové"},"CZ/C2","SGP 2019 BH - 18m GP","BH",3,28,null,0.91500000000000004,8571,7842,2019,"x",null,"JS-1 TJ Revelation 18m","IGC","M",""]
["Stefan Langer",null,null,null,"SGP 2019 BH - 18m GP","BH",4,25,null,0.91500000000000004,7857,7189,2019,null,null,"ASG29","SL",null,"Není v databázi"]
["Joze Verdev",null,null,null,"SGP 2019 BH - 18m GP","BH",5,20,null,0.91500000000000004,7143,6536,2019,null,null,"JS-1 TJ Revelation 18m","DZ",null,"Není v databázi"]
["Gilles Navas",null,null,null,"SGP 2019 BH - 18m GP","BH",6,20,null,0.91500000000000004,6429,5883,2019,null,null,"ASG-29E 18m","1L",null,"Není v databázi"]
["Luka znidarsiC",null,null,null,"SGP 2019 BH - 18m GP","BH",7,20,null,0.91500000000000004,5714,5228,2019,null,null,"Ventus 3","LZ",null,"Není v databázi"]
["Uros Krasovic",null,null,null,"SGP 2019 BH - 18m GP","BH",8,20,null,0.91500000000000004,5000,4575,2019,null,null,"Ventus 3","EM",null,"Není v databázi"]
["Jürgen Wenzel",null,null,null,"SGP 2019 BH - 18m GP","BH",9,15,null,0.91500000000000004,4286,3922,2019,null,null,"ASG-29E 18m","OS",null,"Není v databázi"]
["Zdzisław Bednarczuk",null,null,null,"SGP 2019 BH - 18m GP","BH",10,15,null,0.91500000000000004,3571,3267,2019,null,null,"JS3 JET","JS3",null,"Není v databázi"]
["Klaus Kalmbach",null,null,null,"SGP 2019 BH - 18m GP","BH",11,15,null,0.91500000000000004,2857,2614,2019,null,null,"JS-1 TJ Revelation 18m","OT",null,"Není v databázi"]
["Jon Gatfield",null,null,null,"SGP 2019 BH - 18m GP","BH",12,9,null,{"$f":"VLOOKUP(E3604,Soutez,8,0)","v":0.91500000000000004},2143,1961,2019,null,null,"ASG-29E 18m","YO",null,"Není v databázi"]
["Milan Petkovic",null,null,null,"SGP 2019 BH - 18m GP","BH",13,9,null,0.91500000000000004,1429,{"$f":"ROUND(J3605*K3605,0)","v":1308},2019,null,null,"ASG29 ES","E3",null,{"$f":"IF(ISERROR(VLOOKUP(A3605,Pilot,6,0)),\"Není v databázi\",VLOOKUP(A3605,Pilot,6,0))","v":"Není v databázi"}]
["Jernej Lokovsek",null,null,null,"SGP 2019 BH - 18m GP","BH",14,0,null,0.91500000000000004,714,653,2019,null,null,"LAK 17AT","JL",null,"Není v databázi"]
["Goesta Worf",null,null,null,"SGP 2019 BH - 18m GP","BH",15,0,null,0.91500000000000004,0,0,2019,null,null,"Ventus cM 17.6m","GW",null,"Není v databázi"]
["Tilo Holighaus",null,null,null,"9. WSGP Final 2019 - 18m GP","SP",1,49,null,1.07,{"$f":"ROUND((MAX($G$3608:$G$3626)-G3608)/(MAX($G$3608:$G$3626)-1)*10000,0)","v":10000},10700,2019,null,null,"Ventus-3T","3V",null,"Není v databázi"]
["Sebastian Kawa",null,null,null,"9. WSGP Final 2019 - 18m GP","SP",2,35,null,1.07,{"$f":"ROUND((MAX($G$3608:$G$3626)-G3609)/(MAX($G$3608:$G$3626)-1)*10000,0)","v":9444},10105,2019,null,null,"JS3","JS3",null,"Není v databázi"]
["Louis Bouderlique",null,null,null,"9. WSGP Final 2019 - 18m GP","SP",3,28,null,1.07,8889,9511,2019,null,null,"JS3","FQ",null,"Není v databázi"]
["Didier Hauss",null,null,null,"9. WSGP Final 2019 - 18m GP","SP",4,23,null,1.07,8333,8916,2019,null,null,"JS 1","FD",null,"Není v databázi"]
["Maximilian Seis",null,null,null,"9. WSGP Final 2019 - 18m GP","SP",5,22,null,1.07,7778,8322,2019,null,null,"JS 3","FM",null,"Není v databázi"]
["Christoph Limpert",null,null,null,"9. WSGP Final 2019 - 18m GP","SP",6,21,null,1.07,7222,7728,2019,null,null,"ASG29Es","CC",null,"Není v databázi"]
["Pete Temple",null,null,null,"9. WSGP Final 2019 - 18m GP","SP",7,19,null,1.07,6667,7134,2019,null,null,"ASG29E","BS",null,"Není v databázi"]
["Gintas Zube",null,null,null,"9. WSGP Final 2019 - 18m GP","SP",8,16,null,1.07,6111,6539,2019,null,null,"ASG29","AR",null,"Není v databázi"]
["Gilles Navas",null,null,null,"9. WSGP Final 2019 - 18m GP","SP",9,15,null,1.07,5556,5945,2019,null,null,"JS-MD3","AX",null,"Není v databázi"]
["Łukasz Wójcik",null,null,null,"9. WSGP Final 2019 - 18m GP","SP",10,12,null,1.07,5000,5350,2019,null,null,"Ventus 3","AT",null,"Není v databázi"]
["Jon Gatfield",null,null,null,"9. WSGP Final 2019 - 18m GP","SP",11,12,null,1.07,4444,4755,2019,null,null,"ASG 29Es","YO",null,"Není v databázi"]
["Mike Young",null,null,null,"9. WSGP Final 2019 - 18m GP","SP",12,10,null,1.07,3889,4161,2019,null,null,"Ventus 3",120,null,"Není v databázi"]
["Petr Krejcirik",{"$f":"VLOOKUP(A3620,Pilot,2,0)","v":1960},{"$f":"VLOOKUP(A3620,Pilot,3,0)","v":"Hranice"},{"$f":"VLOOKUP(A3620,Pilot,4,0)","v":"CZ/M"},"9. WSGP Final 2019 - 18m GP","SP",13,10,null,1.07,3333,3566,2019,null,null,"JS-MD3","ZF",{"$f":"VLOOKUP(A3620,Pilot,5,0)","v":"M"},""]
["Thomas Gostner",null,null,null,"9. WSGP Final 2019 - 18m GP","SP",14,4,null,1.07,2778,2972,2019,null,null,"Ventus 3T","GT",null,"Není v databázi"]
["Adam Czeladzki",null,null,null,"9. WSGP Final 2019 - 18m GP","SP",15,1,null,1.07,2222,2378,2019,null,null,"JS1 c evo jet","GOL",null,"Není v databázi"]
["Evgeny Zlobin",null,null,null,"9. WSGP Final 2019 - 18m GP","SP",16,0,null,1.07,1667,1784,2019,null,null,"JS 1b","IGC",null,"Není v databázi"]
["Graham Parker",null,null,null,"9. WSGP Final 2019 - 18m GP","SP",17,0,null,1.07,1111,1189,2019,null,null,"ASG29E",70,null,"Není v databázi"]
["Aldo Rodriguez",null,null,null,"9. WSGP Final 2019 - 18m GP","SP",18,0,null,1.07,556,595,2019,null,null,"Lak 17A","LE",null,"Není v databázi"]
["Vladimir Radovskiy",null,null,null,"9. WSGP Final 2019 - 18m GP","SP",19,0,null,1.07,0,0,2019,null,null,"JS 1","MD",null,"Není v databázi"]

{"sheet":"Zebrik G","index":6,"n_rows":487,"n_cols":14,"rows_kept":487,"cut":false,"hidden":false,"merged":[]}
[null,{"$f":"\"Všeobecný Žebřík pilotů plachtařů PK AeČR \"&A6","v":"Všeobecný Žebřík pilotů plachtařů PK AeČR 2019"},null,null,null,null,{"$f":"Zmeny!A8","v":"2020-03-01"},"Rev.",{"$f":"Zmeny!B8","v":"05"},{"$f":"Zmeny!C8","v":"Dodatečné nominace na PMČR, řádné nominace na PMRg a PMČRj 2020"}]
[]
[null,"G","x",null,null,null,null,null,"Junior v roce:","Junior v roce:",{"$f":"\"Repre družstvo \"&I4","v":"Repre družstvo 2020"},{"$f":"\"Repre výběr \"&I4","v":"Repre výběr 2020"},{"$f":"\"W \"&L3","v":"W Repre výběr 2020"},"Poznámka"]
[null,null,null,null,null,null,null,null,2020,2021,"(RD)","(RV)","(WRV)"]
["Pořadí",null,null,null,null,null,"Data",null,{"$f":"COUNTIF(I7:I1000,\"Junior v roce \"&$I$4)","v":38},{"$f":"COUNTIF(J7:J1000,\"Junior v roce \"&$J$4)","v":33},{"$f":"COUNTIF(K7:K1000,\"RD \"&$I$4)","v":11},{"$f":"COUNTIF(L7:L1000,\"RV \"&$I$4)","v":35},{"$f":"COUNTIF(M7:M1000,\"WRV \"&$I$4)","v":10},{"$f":"COUNTIF(N7:N1000,\"<>\")","v":11}]
[2019,"Jméno","Rok narození","Aeroklub","Region","M/F","Počet G","Součet z Bi×Kn"]
[{"$f":"RANK(H7,H:H)","v":1},"Pavel Louzecky",1957,"Přibyslav","CZ/C2","M",3,31934,{"$f":"IF(C7=\"(prázdné)\",\"\",IF(($I$4-C7)>25,\"\",\"Junior v roce \"&$I$4))","v":""},{"$f":"IF(C7=\"(prázdné)\",\"\",IF(($J$4-C7)>25,\"\",\"Junior v roce \"&$J$4))","v":""},"RD 2020","RV 2020",{"$f":"IF(ISERROR(VLOOKUP(B7,'Zebrik W'!$B$7:$L$1002,11,0)),\"\",IF(VLOOKUP(B7,'Zebrik W'!$B$7:$L$1002,11,0)=0,\"--\",VLOOKUP(B7,'Zebrik W'!$B$7:$L$1002,11,0)))","v":""},"WGC 2020 Std"]
[{"$f":"RANK(H8,H:H)","v":2},"Miloslav Cink",1987,"Letkov","CZ/C1","M",3,31771,{"$f":"IF(C8=\"(prázdné)\",\"\",IF(($I$4-C8)>25,\"\",\"Junior v roce \"&$I$4))","v":""},{"$f":"IF(C8=\"(prázdné)\",\"\",IF(($J$4-C8)>25,\"\",\"Junior v roce \"&$J$4))","v":""},"RD 2020","RV 2020",{"$f":"IF(ISERROR(VLOOKUP(B8,'Zebrik W'!$B$7:$L$1002,11,0)),\"\",IF(VLOOKUP(B8,'Zebrik W'!$B$7:$L$1002,11,0)=0,\"--\",VLOOKUP(B8,'Zebrik W'!$B$7:$L$1002,11,0)))","v":""},"WGC 2020 Std"]
[3,"Jaroslav Tomana",1975,"Zbraslavice","CZ/C1","M",3,31458,"","","RD 2020","RV 2020",{"$f":"IF(ISERROR(VLOOKUP(B9,'Zebrik W'!$B$7:$L$1002,11,0)),\"\",IF(VLOOKUP(B9,'Zebrik W'!$B$7:$L$1002,11,0)=0,\"--\",VLOOKUP(B9,'Zebrik W'!$B$7:$L$1002,11,0)))","v":""},"WGC 2020 Club"]
[4,"Petr Tichy",1973,"Zbraslavice","CZ/C1","M",3,31160,"","","RD 2020","RV 2020",{"$f":"IF(ISERROR(VLOOKUP(B10,'Zebrik W'!$B$7:$L$1002,11,0)),\"\",IF(VLOOKUP(B10,'Zebrik W'!$B$7:$L$1002,11,0)=0,\"--\",VLOOKUP(B10,'Zebrik W'!$B$7:$L$1002,11,0)))","v":""},"WGC 2020 Open"]
[5,"Ivan Novak",1962,"Mladá Boleslav","CZ/C1","M",3,31019,"","","RD 2020","RV 2020",{"$f":"IF(ISERROR(VLOOKUP(B11,'Zebrik W'!$B$7:$L$1002,11,0)),\"\",IF(VLOOKUP(B11,'Zebrik W'!$B$7:$L$1002,11,0)=0,\"--\",VLOOKUP(B11,'Zebrik W'!$B$7:$L$1002,11,0)))","v":""},"WGC 2020 Club"]
[6,"Roman Mracek",1980,"Letkov","CZ/C1","M",3,30833,"","","RD 2020","RV 2020",{"$f":"IF(ISERROR(VLOOKUP(B12,'Zebrik W'!$B$7:$L$1002,11,0)),\"\",IF(VLOOKUP(B12,'Zebrik W'!$B$7:$L$1002,11,0)=0,\"--\",VLOOKUP(B12,'Zebrik W'!$B$7:$L$1002,11,0)))","v":""},"WGC 2020 18m"]
[7,"Tomas Suchanek",1964,"GAC Benešov","CZ/C1","M",3,30361,"","","RD 2020","RV 2020",{"$f":"IF(ISERROR(VLOOKUP(B13,'Zebrik W'!$B$7:$L$1002,11,0)),\"\",IF(VLOOKUP(B13,'Zebrik W'!$B$7:$L$1002,11,0)=0,\"--\",VLOOKUP(B13,'Zebrik W'!$B$7:$L$1002,11,0)))","v":""},"WGC 2020 18m"]
[8,"David Mach",1994,"Hronov","CZ/C2","M",3,30313,"","","RD 2020","RV 2020",{"$f":"IF(ISERROR(VLOOKUP(B14,'Zebrik W'!$B$7:$L$1002,11,0)),\"\",IF(VLOOKUP(B14,'Zebrik W'!$B$7:$L$1002,11,0)=0,\"--\",VLOOKUP(B14,'Zebrik W'!$B$7:$L$1002,11,0)))","v":""},"WGC 2020 15m"]
[9,"Karel Novak",1993,"Mladá Boleslav","CZ/C1","M",3,29328,"","","RD 2020","RV 2020",{"$f":"IF(ISERROR(VLOOKUP(B15,'Zebrik W'!$B$7:$L$1002,11,0)),\"\",IF(VLOOKUP(B15,'Zebrik W'!$B$7:$L$1002,11,0)=0,\"--\",VLOOKUP(B15,'Zebrik W'!$B$7:$L$1002,11,0)))","v":""},"WGC 2020 15m"]
[10,"Radek Krejcirik",1991,"Hranice","CZ/M","M",3,29308,"","","RD 2020","RV 2020",{"$f":"IF(ISERROR(VLOOKUP(B16,'Zebrik W'!$B$7:$L$1002,11,0)),\"\",IF(VLOOKUP(B16,'Zebrik W'!$B$7:$L$1002,11,0)=0,\"--\",VLOOKUP(B16,'Zebrik W'!$B$7:$L$1002,11,0)))","v":""},"WGC 2020 Open"]
[11,"Jan Louda",1986,"Mladá Boleslav","CZ/C1","M",3,29074,"","",null,"RV 2020",{"$f":"IF(ISERROR(VLOOKUP(B17,'Zebrik W'!$B$7:$L$1002,11,0)),\"\",IF(VLOOKUP(B17,'Zebrik W'!$B$7:$L$1002,11,0)=0,\"--\",VLOOKUP(B17,'Zebrik W'!$B$7:$L$1002,11,0)))","v":""}]
[12,"Michal Lesinger",1966,"Moravská Třebová","CZ/M","M",3,28546,"","","RD 2020","RV 2020",{"$f":"IF(ISERROR(VLOOKUP(B18,'Zebrik W'!$B$7:$L$1002,11,0)),\"\",IF(VLOOKUP(B18,'Zebrik W'!$B$7:$L$1002,11,0)=0,\"--\",VLOOKUP(B18,'Zebrik W'!$B$7:$L$1002,11,0)))","v":""},"WGC 2020 Duo 20m"]
[13,"Petr Koutny",1971,"Křižanov","CZ/M","M",3,28123,"","",null,"RV 2020",{"$f":"IF(ISERROR(VLOOKUP(B19,'Zebrik W'!$B$7:$L$1002,11,0)),\"\",IF(VLOOKUP(B19,'Zebrik W'!$B$7:$L$1002,11,0)=0,\"--\",VLOOKUP(B19,'Zebrik W'!$B$7:$L$1002,11,0)))","v":""}]
[14,"Karel Mares",1974,"Slaný","CZ/C1","M",3,28101,"","",null,"RV 2020",{"$f":"IF(ISERROR(VLOOKUP(B20,'Zebrik W'!$B$7:$L$1002,11,0)),\"\",IF(VLOOKUP(B20,'Zebrik W'!$B$7:$L$1002,11,0)=0,\"--\",VLOOKUP(B20,'Zebrik W'!$B$7:$L$1002,11,0)))","v":""}]
[15,"Alena Netusilova",1970,"Zbraslavice","CZ/C1","F",3,27775,"","",null,"RV 2020",{"$f":"IF(ISERROR(VLOOKUP(B21,'Zebrik W'!$B$7:$L$1002,11,0)),\"\",IF(VLOOKUP(B21,'Zebrik W'!$B$7:$L$1002,11,0)=0,\"--\",VLOOKUP(B21,'Zebrik W'!$B$7:$L$1002,11,0)))","v":"WRV 2020"}]
[16,"Ondrej Dupal",1966,"GAC Benešov","CZ/C1","M",3,27640,"","",null,"RV 2020",{"$f":"IF(ISERROR(VLOOKUP(B22,'Zebrik W'!$B$7:$L$1002,11,0)),\"\",IF(VLOOKUP(B22,'Zebrik W'!$B$7:$L$1002,11,0)=0,\"--\",VLOOKUP(B22,'Zebrik W'!$B$7:$L$1002,11,0)))","v":""}]
[17,"Danes Grula",1961,"Medlánky","CZ/M","M",3,27595,"","",null,"RV 2020",{"$f":"IF(ISERROR(VLOOKUP(B23,'Zebrik W'!$B$7:$L$1002,11,0)),\"\",IF(VLOOKUP(B23,'Zebrik W'!$B$7:$L$1002,11,0)=0,\"--\",VLOOKUP(B23,'Zebrik W'!$B$7:$L$1002,11,0)))","v":""}]
[18,"Marek Pechanec",1970,"Luhačovice","CZ/M","M",3,27496,"","",null,"RV 2020",{"$f":"IF(ISERROR(VLOOKUP(B24,'Zebrik W'!$B$7:$L$1002,11,0)),\"\",IF(VLOOKUP(B24,'Zebrik W'!$B$7:$L$1002,11,0)=0,\"--\",VLOOKUP(B24,'Zebrik W'!$B$7:$L$1002,11,0)))","v":""}]
[19,"Petr Krejcirik",1960,"Hranice","CZ/M","M",3,27459,"","",null,"RV 2020",{"$f":"IF(ISERROR(VLOOKUP(B25,'Zebrik W'!$B$7:$L$1002,11,0)),\"\",IF(VLOOKUP(B25,'Zebrik W'!$B$7:$L$1002,11,0)=0,\"--\",VLOOKUP(B25,'Zebrik W'!$B$7:$L$1002,11,0)))","v":""}]
[20,"Zdenek Boruvka 86",1986,"Jičín","CZ/C2","M",3,27300,"","",null,"RV 2020",{"$f":"IF(ISERROR(VLOOKUP(B26,'Zebrik W'!$B$7:$L$1002,11,0)),\"\",IF(VLOOKUP(B26,'Zebrik W'!$B$7:$L$1002,11,0)=0,\"--\",VLOOKUP(B26,'Zebrik W'!$B$7:$L$1002,11,0)))","v":""}]
[21,"Daniel Ryba",1994,"Dvůr Králové","CZ/C2","M",3,27288,"","",null,null,{"$f":"IF(ISERROR(VLOOKUP(B27,'Zebrik W'!$B$7:$L$1002,11,0)),\"\",IF(VLOOKUP(B27,'Zebrik W'!$B$7:$L$1002,11,0)=0,\"--\",VLOOKUP(B27,'Zebrik W'!$B$7:$L$1002,11,0)))","v":""}]
[22,"Hana Treslova",1991,"Raná","CZ/C2","F",3,27160,"","",null,"RV 2020",{"$f":"IF(ISERROR(VLOOKUP(B28,'Zebrik W'!$B$7:$L$1002,11,0)),\"\",IF(VLOOKUP(B28,'Zebrik W'!$B$7:$L$1002,11,0)=0,\"--\",VLOOKUP(B28,'Zebrik W'!$B$7:$L$1002,11,0)))","v":"WRV 2020"}]
[23,"Jan Pavlik",1987,"Křižanov","CZ/M","M",3,27089,"","",null,null,{"$f":"IF(ISERROR(VLOOKUP(B29,'Zebrik W'!$B$7:$L$1002,11,0)),\"\",IF(VLOOKUP(B29,'Zebrik W'!$B$7:$L$1002,11,0)=0,\"--\",VLOOKUP(B29,'Zebrik W'!$B$7:$L$1002,11,0)))","v":""}]
[24,"Jan Boruvka",1984,"Jičín","CZ/C2","M",3,26996,"","",null,null,{"$f":"IF(ISERROR(VLOOKUP(B30,'Zebrik W'!$B$7:$L$1002,11,0)),\"\",IF(VLOOKUP(B30,'Zebrik W'!$B$7:$L$1002,11,0)=0,\"--\",VLOOKUP(B30,'Zebrik W'!$B$7:$L$1002,11,0)))","v":""}]
[25,"Jana Veprekova",1961,"Dvůr Králové","CZ/C2","F",3,26827,"","",null,"RV 2020",{"$f":"IF(ISERROR(VLOOKUP(B31,'Zebrik W'!$B$7:$L$1002,11,0)),\"\",IF(VLOOKUP(B31,'Zebrik W'!$B$7:$L$1002,11,0)=0,\"--\",VLOOKUP(B31,'Zebrik W'!$B$7:$L$1002,11,0)))","v":"WRV 2020"}]
[26,"Jan Viskot",1995,"Břeclav","CZ/M","M",3,26310,"Junior v roce 2020","",null,"RV 2020",{"$f":"IF(ISERROR(VLOOKUP(B32,'Zebrik W'!$B$7:$L$1002,11,0)),\"\",IF(VLOOKUP(B32,'Zebrik W'!$B$7:$L$1002,11,0)=0,\"--\",VLOOKUP(B32,'Zebrik W'!$B$7:$L$1002,11,0)))","v":""}]
[27,"Zdenek Balcarek",1967,"Kroměříž","CZ/M","M",3,26302,"","",null,null,{"$f":"IF(ISERROR(VLOOKUP(B33,'Zebrik W'!$B$7:$L$1002,11,0)),\"\",IF(VLOOKUP(B33,'Zebrik W'!$B$7:$L$1002,11,0)=0,\"--\",VLOOKUP(B33,'Zebrik W'!$B$7:$L$1002,11,0)))","v":""}]
[28,"Jaromir Macoun",1999,"Jičín","CZ/C2","M",3,26075,"Junior v roce 2020","Junior v roce 2021",null,"RV 2020",{"$f":"IF(ISERROR(VLOOKUP(B34,'Zebrik W'!$B$7:$L$1002,11,0)),\"\",IF(VLOOKUP(B34,'Zebrik W'!$B$7:$L$1002,11,0)=0,\"--\",VLOOKUP(B34,'Zebrik W'!$B$7:$L$1002,11,0)))","v":""}]
[29,"Ondrej Bordovsky",1983,"Krnov","CZ/M","M",3,26050,"","",null,null,{"$f":"IF(ISERROR(VLOOKUP(B35,'Zebrik W'!$B$7:$L$1002,11,0)),\"\",IF(VLOOKUP(B35,'Zebrik W'!$B$7:$L$1002,11,0)=0,\"--\",VLOOKUP(B35,'Zebrik W'!$B$7:$L$1002,11,0)))","v":""}]
[30,"Ivan Harasta 65",1965,"Toužim","CZ/C1","M",3,26038,"","",null,null,{"$f":"IF(ISERROR(VLOOKUP(B36,'Zebrik W'!$B$7:$L$1002,11,0)),\"\",IF(VLOOKUP(B36,'Zebrik W'!$B$7:$L$1002,11,0)=0,\"--\",VLOOKUP(B36,'Zebrik W'!$B$7:$L$1002,11,0)))","v":""}]
[31,"Zdenek Boruvka 54",1954,"Jičín","CZ/C2","M",3,26011,"","",null,null,{"$f":"IF(ISERROR(VLOOKUP(B37,'Zebrik W'!$B$7:$L$1002,11,0)),\"\",IF(VLOOKUP(B37,'Zebrik W'!$B$7:$L$1002,11,0)=0,\"--\",VLOOKUP(B37,'Zebrik W'!$B$7:$L$1002,11,0)))","v":""}]
[32,"Dana Novakova",1965,"Mladá Boleslav","CZ/C1","F",3,25980,"","",null,"RV 2020",{"$f":"IF(ISERROR(VLOOKUP(B38,'Zebrik W'!$B$7:$L$1002,11,0)),\"\",IF(VLOOKUP(B38,'Zebrik W'!$B$7:$L$1002,11,0)=0,\"--\",VLOOKUP(B38,'Zebrik W'!$B$7:$L$1002,11,0)))","v":"WRV 2020"}]
[33,"Lubomir Motl",1959,"Kyjov","CZ/M","M",3,25848,"","",null,null,{"$f":"IF(ISERROR(VLOOKUP(B39,'Zebrik W'!$B$7:$L$1002,11,0)),\"\",IF(VLOOKUP(B39,'Zebrik W'!$B$7:$L$1002,11,0)=0,\"--\",VLOOKUP(B39,'Zebrik W'!$B$7:$L$1002,11,0)))","v":""}]
[34,"Jan Ratz",1987,"Zbraslavice","CZ/C1","M",3,25777,"","",null,null,{"$f":"IF(ISERROR(VLOOKUP(B40,'Zebrik W'!$B$7:$L$1002,11,0)),\"\",IF(VLOOKUP(B40,'Zebrik W'!$B$7:$L$1002,11,0)=0,\"--\",VLOOKUP(B40,'Zebrik W'!$B$7:$L$1002,11,0)))","v":""}]
[35,"Jiri Kusbach",1959,"Luhačovice","CZ/M","M",3,25768,"","",null,null,{"$f":"IF(ISERROR(VLOOKUP(B41,'Zebrik W'!$B$7:$L$1002,11,0)),\"\",IF(VLOOKUP(B41,'Zebrik W'!$B$7:$L$1002,11,0)=0,\"--\",VLOOKUP(B41,'Zebrik W'!$B$7:$L$1002,11,0)))","v":""}]
[36,"Barbora Moravcova",1994,"Zbraslavice","CZ/C1","F",3,25476,"","",null,"RV 2020",{"$f":"IF(ISERROR(VLOOKUP(B42,'Zebrik W'!$B$7:$L$1002,11,0)),\"\",IF(VLOOKUP(B42,'Zebrik W'!$B$7:$L$1002,11,0)=0,\"--\",VLOOKUP(B42,'Zebrik W'!$B$7:$L$1002,11,0)))","v":"WRV 2020"}]
[37,"Jan Zapletal",1997,"Kroměříž","CZ/M","M",3,25457,"Junior v roce 2020","Junior v roce 2021",null,"RV 2020",{"$f":"IF(ISERROR(VLOOKUP(B43,'Zebrik W'!$B$7:$L$1002,11,0)),\"\",IF(VLOOKUP(B43,'Zebrik W'!$B$7:$L$1002,11,0)=0,\"--\",VLOOKUP(B43,'Zebrik W'!$B$7:$L$1002,11,0)))","v":""}]
[38,"Klara Teichmannova",1993,"Hronov","CZ/C2","F",3,25293,{"$f":"IF(C44=\"(prázdné)\",\"\",IF(($I$4-C44)>25,\"\",\"Junior v roce \"&$I$4))","v":""},{"$f":"IF(C44=\"(prázdné)\",\"\",IF(($J$4-C44)>25,\"\",\"Junior v roce \"&$J$4))","v":""},null,"RV 2020",{"$f":"IF(ISERROR(VLOOKUP(B44,'Zebrik W'!$B$7:$L$1002,11,0)),\"\",IF(VLOOKUP(B44,'Zebrik W'!$B$7:$L$1002,11,0)=0,\"--\",VLOOKUP(B44,'Zebrik W'!$B$7:$L$1002,11,0)))","v":"WRV 2020"}]
[39,"Petr Panek",1975,"Dvůr Králové","CZ/C2","M",3,25263,"","",null,null,{"$f":"IF(ISERROR(VLOOKUP(B45,'Zebrik W'!$B$7:$L$1002,11,0)),\"\",IF(VLOOKUP(B45,'Zebrik W'!$B$7:$L$1002,11,0)=0,\"--\",VLOOKUP(B45,'Zebrik W'!$B$7:$L$1002,11,0)))","v":""}]
[40,"Jana Treslova",1963,"Raná","CZ/C2","F",3,25199,"","",null,"RV 2020",{"$f":"IF(ISERROR(VLOOKUP(B46,'Zebrik W'!$B$7:$L$1002,11,0)),\"\",IF(VLOOKUP(B46,'Zebrik W'!$B$7:$L$1002,11,0)=0,\"--\",VLOOKUP(B46,'Zebrik W'!$B$7:$L$1002,11,0)))","v":"WRV 2020"}]
[41,"Vaclav Marel",1974,"Jaroměř","CZ/C2","M",3,25153,"","",null,null,{"$f":"IF(ISERROR(VLOOKUP(B47,'Zebrik W'!$B$7:$L$1002,11,0)),\"\",IF(VLOOKUP(B47,'Zebrik W'!$B$7:$L$1002,11,0)=0,\"--\",VLOOKUP(B47,'Zebrik W'!$B$7:$L$1002,11,0)))","v":""}]
[42,"Tomas Rendla",1973,"Zbraslavice","CZ/C1","M",3,24959,"","",null,null,{"$f":"IF(ISERROR(VLOOKUP(B48,'Zebrik W'!$B$7:$L$1002,11,0)),\"\",IF(VLOOKUP(B48,'Zebrik W'!$B$7:$L$1002,11,0)=0,\"--\",VLOOKUP(B48,'Zebrik W'!$B$7:$L$1002,11,0)))","v":""}]
[43,"Petr Hotovy",1958,"Česká Lípa","CZ/C2","M",3,24953,"","",null,null,{"$f":"IF(ISERROR(VLOOKUP(B49,'Zebrik W'!$B$7:$L$1002,11,0)),\"\",IF(VLOOKUP(B49,'Zebrik W'!$B$7:$L$1002,11,0)=0,\"--\",VLOOKUP(B49,'Zebrik W'!$B$7:$L$1002,11,0)))","v":""}]
[44,"Radek Kucirek",1973,"Havlíčkův Brod","CZ/C2","M",3,24789,"","",null,null,{"$f":"IF(ISERROR(VLOOKUP(B50,'Zebrik W'!$B$7:$L$1002,11,0)),\"\",IF(VLOOKUP(B50,'Zebrik W'!$B$7:$L$1002,11,0)=0,\"--\",VLOOKUP(B50,'Zebrik W'!$B$7:$L$1002,11,0)))","v":""}]
[45,"Pavel Trybenekr",1990,"Hořice","CZ/C2","M",3,24728,"","",null,null,{"$f":"IF(ISERROR(VLOOKUP(B51,'Zebrik W'!$B$7:$L$1002,11,0)),\"\",IF(VLOOKUP(B51,'Zebrik W'!$B$7:$L$1002,11,0)=0,\"--\",VLOOKUP(B51,'Zebrik W'!$B$7:$L$1002,11,0)))","v":""}]
[46,"Jan Zahradka",1981,"Hodkovice","CZ/C2","M",3,24600,"","",null,null,{"$f":"IF(ISERROR(VLOOKUP(B52,'Zebrik W'!$B$7:$L$1002,11,0)),\"\",IF(VLOOKUP(B52,'Zebrik W'!$B$7:$L$1002,11,0)=0,\"--\",VLOOKUP(B52,'Zebrik W'!$B$7:$L$1002,11,0)))","v":""}]
[47,"Vojtech Novotny",1992,"Kralupy","CZ/C1","M",3,24546,"","",null,null,{"$f":"IF(ISERROR(VLOOKUP(B53,'Zebrik W'!$B$7:$L$1002,11,0)),\"\",IF(VLOOKUP(B53,'Zebrik W'!$B$7:$L$1002,11,0)=0,\"--\",VLOOKUP(B53,'Zebrik W'!$B$7:$L$1002,11,0)))","v":""}]
[48,"Lukas Koukal",1991,"Letkov","CZ/C1","M",3,24407,"","",null,null,{"$f":"IF(ISERROR(VLOOKUP(B54,'Zebrik W'!$B$7:$L$1002,11,0)),\"\",IF(VLOOKUP(B54,'Zebrik W'!$B$7:$L$1002,11,0)=0,\"--\",VLOOKUP(B54,'Zebrik W'!$B$7:$L$1002,11,0)))","v":""}]
[49,"David Sachl",1978,"Kralupy","CZ/C1","M",3,24321,"","",null,null,{"$f":"IF(ISERROR(VLOOKUP(B55,'Zebrik W'!$B$7:$L$1002,11,0)),\"\",IF(VLOOKUP(B55,'Zebrik W'!$B$7:$L$1002,11,0)=0,\"--\",VLOOKUP(B55,'Zebrik W'!$B$7:$L$1002,11,0)))","v":""}]
[50,"Petr Stepanek",1989,"Moravská Třebová","CZ/M","M",3,24293,"","",null,null,{"$f":"IF(ISERROR(VLOOKUP(B56,'Zebrik W'!$B$7:$L$1002,11,0)),\"\",IF(VLOOKUP(B56,'Zebrik W'!$B$7:$L$1002,11,0)=0,\"--\",VLOOKUP(B56,'Zebrik W'!$B$7:$L$1002,11,0)))","v":""}]
[51,"Jiri Stepanek",1956,"Moravská Třebová","CZ/M","M",3,24151,"","",null,null,{"$f":"IF(ISERROR(VLOOKUP(B57,'Zebrik W'!$B$7:$L$1002,11,0)),\"\",IF(VLOOKUP(B57,'Zebrik W'!$B$7:$L$1002,11,0)=0,\"--\",VLOOKUP(B57,'Zebrik W'!$B$7:$L$1002,11,0)))","v":""}]
[52,"Lenka Kuthanova",1960,"Tábor","CZ/C1","F",3,23705,"","",null,"RV 2020",{"$f":"IF(ISERROR(VLOOKUP(B58,'Zebrik W'!$B$7:$L$1002,11,0)),\"\",IF(VLOOKUP(B58,'Zebrik W'!$B$7:$L$1002,11,0)=0,\"--\",VLOOKUP(B58,'Zebrik W'!$B$7:$L$1002,11,0)))","v":"WRV 2020"}]
[53,"Michal Krupicka",1975,"Most","CZ/C2","M",3,23449,"","",null,null,{"$f":"IF(ISERROR(VLOOKUP(B59,'Zebrik W'!$B$7:$L$1002,11,0)),\"\",IF(VLOOKUP(B59,'Zebrik W'!$B$7:$L$1002,11,0)=0,\"--\",VLOOKUP(B59,'Zebrik W'!$B$7:$L$1002,11,0)))","v":""}]
[54,"Pavel Rericha",1967,"Moravská Třebová","CZ/M","M",3,23394,"","",null,null,{"$f":"IF(ISERROR(VLOOKUP(B60,'Zebrik W'!$B$7:$L$1002,11,0)),\"\",IF(VLOOKUP(B60,'Zebrik W'!$B$7:$L$1002,11,0)=0,\"--\",VLOOKUP(B60,'Zebrik W'!$B$7:$L$1002,11,0)))","v":""}]
[55,"Jan Vavrin",1987,"Vysoké Mýto","CZ/C2","M",3,23390,"","",null,null,{"$f":"IF(ISERROR(VLOOKUP(B61,'Zebrik W'!$B$7:$L$1002,11,0)),\"\",IF(VLOOKUP(B61,'Zebrik W'!$B$7:$L$1002,11,0)=0,\"--\",VLOOKUP(B61,'Zebrik W'!$B$7:$L$1002,11,0)))","v":""}]
[56,"Martin Hrivna",1978,"Zbraslavice","CZ/C1","M",3,23128,"","",null,null,{"$f":"IF(ISERROR(VLOOKUP(B62,'Zebrik W'!$B$7:$L$1002,11,0)),\"\",IF(VLOOKUP(B62,'Zebrik W'!$B$7:$L$1002,11,0)=0,\"--\",VLOOKUP(B62,'Zebrik W'!$B$7:$L$1002,11,0)))","v":""}]
[57,"Jiri Fousek",1990,"Raná","CZ/C2","M",3,22855,"","",null,null,{"$f":"IF(ISERROR(VLOOKUP(B63,'Zebrik W'!$B$7:$L$1002,11,0)),\"\",IF(VLOOKUP(B63,'Zebrik W'!$B$7:$L$1002,11,0)=0,\"--\",VLOOKUP(B63,'Zebrik W'!$B$7:$L$1002,11,0)))","v":""}]
[58,"Zdenek Schenk",1972,"Hranice","CZ/M","M",3,22679,"","",null,null,{"$f":"IF(ISERROR(VLOOKUP(B64,'Zebrik W'!$B$7:$L$1002,11,0)),\"\",IF(VLOOKUP(B64,'Zebrik W'!$B$7:$L$1002,11,0)=0,\"--\",VLOOKUP(B64,'Zebrik W'!$B$7:$L$1002,11,0)))","v":""}]
[59,"Karel Benisek 76",1976,"Toužim","CZ/C1","M",3,22412,"","",null,null,{"$f":"IF(ISERROR(VLOOKUP(B65,'Zebrik W'!$B$7:$L$1002,11,0)),\"\",IF(VLOOKUP(B65,'Zebrik W'!$B$7:$L$1002,11,0)=0,\"--\",VLOOKUP(B65,'Zebrik W'!$B$7:$L$1002,11,0)))","v":""}]
[60,"Lukas Capek",1992,"Letňany","CZ/C1","M",3,22393,"","",null,null,{"$f":"IF(ISERROR(VLOOKUP(B66,'Zebrik W'!$B$7:$L$1002,11,0)),\"\",IF(VLOOKUP(B66,'Zebrik W'!$B$7:$L$1002,11,0)=0,\"--\",VLOOKUP(B66,'Zebrik W'!$B$7:$L$1002,11,0)))","v":""}]
[61,"Antonin Konicek",1973,"Kunovice","CZ/M","M",3,22281,"","",null,null,{"$f":"IF(ISERROR(VLOOKUP(B67,'Zebrik W'!$B$7:$L$1002,11,0)),\"\",IF(VLOOKUP(B67,'Zebrik W'!$B$7:$L$1002,11,0)=0,\"--\",VLOOKUP(B67,'Zebrik W'!$B$7:$L$1002,11,0)))","v":""}]
[62,"Petr Starek",1974,"Zbraslavice","CZ/C1","M",3,22207,"","",null,null,{"$f":"IF(ISERROR(VLOOKUP(B68,'Zebrik W'!$B$7:$L$1002,11,0)),\"\",IF(VLOOKUP(B68,'Zebrik W'!$B$7:$L$1002,11,0)=0,\"--\",VLOOKUP(B68,'Zebrik W'!$B$7:$L$1002,11,0)))","v":""}]
[63,"Martin Svarc",1981,"Olomouc","CZ/M","M",3,22107,"","",null,null,{"$f":"IF(ISERROR(VLOOKUP(B69,'Zebrik W'!$B$7:$L$1002,11,0)),\"\",IF(VLOOKUP(B69,'Zebrik W'!$B$7:$L$1002,11,0)=0,\"--\",VLOOKUP(B69,'Zebrik W'!$B$7:$L$1002,11,0)))","v":""}]
[64,"Petr Valenta 94",1994,"Kunovice","CZ/M","M",3,22026,"","",null,null,{"$f":"IF(ISERROR(VLOOKUP(B70,'Zebrik W'!$B$7:$L$1002,11,0)),\"\",IF(VLOOKUP(B70,'Zebrik W'!$B$7:$L$1002,11,0)=0,\"--\",VLOOKUP(B70,'Zebrik W'!$B$7:$L$1002,11,0)))","v":""}]
[65,"Slavomir Piskaty 84",1984,"Kunovice","CZ/M","M",3,21941,"","",null,null,{"$f":"IF(ISERROR(VLOOKUP(B71,'Zebrik W'!$B$7:$L$1002,11,0)),\"\",IF(VLOOKUP(B71,'Zebrik W'!$B$7:$L$1002,11,0)=0,\"--\",VLOOKUP(B71,'Zebrik W'!$B$7:$L$1002,11,0)))","v":""}]
[{"$f":"RANK(H72,H:H)","v":66},"Rene Hudak",1972,"Kunovice","CZ/M","M",3,21940,"","",null,null,{"$f":"IF(ISERROR(VLOOKUP(B72,'Zebrik W'!$B$7:$L$1002,11,0)),\"\",IF(VLOOKUP(B72,'Zebrik W'!$B$7:$L$1002,11,0)=0,\"--\",VLOOKUP(B72,'Zebrik W'!$B$7:$L$1002,11,0)))","v":""}]
[67,"Martin Fric",1967,"Raná","CZ/C2","M",3,21921,"","",null,null,{"$f":"IF(ISERROR(VLOOKUP(B73,'Zebrik W'!$B$7:$L$1002,11,0)),\"\",IF(VLOOKUP(B73,'Zebrik W'!$B$7:$L$1002,11,0)=0,\"--\",VLOOKUP(B73,'Zebrik W'!$B$7:$L$1002,11,0)))","v":""}]
[68,"Petra Piskata",1989,"Hranice","CZ/M","F",3,21899,"","",null,"RV 2020",{"$f":"IF(ISERROR(VLOOKUP(B74,'Zebrik W'!$B$7:$L$1002,11,0)),\"\",IF(VLOOKUP(B74,'Zebrik W'!$B$7:$L$1002,11,0)=0,\"--\",VLOOKUP(B74,'Zebrik W'!$B$7:$L$1002,11,0)))","v":"WRV 2020"}]
[69,"Martin Urner",1974,"Letňany","CZ/C1","M",3,21664,"","",null,null,{"$f":"IF(ISERROR(VLOOKUP(B75,'Zebrik W'!$B$7:$L$1002,11,0)),\"\",IF(VLOOKUP(B75,'Zebrik W'!$B$7:$L$1002,11,0)=0,\"--\",VLOOKUP(B75,'Zebrik W'!$B$7:$L$1002,11,0)))","v":""}]
[70,"Antonin Novotny",1972,"Luhačovice","CZ/M","M",3,21616,"","",null,null,{"$f":"IF(ISERROR(VLOOKUP(B76,'Zebrik W'!$B$7:$L$1002,11,0)),\"\",IF(VLOOKUP(B76,'Zebrik W'!$B$7:$L$1002,11,0)=0,\"--\",VLOOKUP(B76,'Zebrik W'!$B$7:$L$1002,11,0)))","v":""}]
[71,"Michal Drab",1969,"Letkov","CZ/C1","M",3,21519,"","",null,null,{"$f":"IF(ISERROR(VLOOKUP(B77,'Zebrik W'!$B$7:$L$1002,11,0)),\"\",IF(VLOOKUP(B77,'Zebrik W'!$B$7:$L$1002,11,0)=0,\"--\",VLOOKUP(B77,'Zebrik W'!$B$7:$L$1002,11,0)))","v":""}]
[72,"Ivan Tvrdik",1997,"Letňany","CZ/C1","M",3,21376,"Junior v roce 2020","Junior v roce 2021",null,"RV 2020",{"$f":"IF(ISERROR(VLOOKUP(B78,'Zebrik W'!$B$7:$L$1002,11,0)),\"\",IF(VLOOKUP(B78,'Zebrik W'!$B$7:$L$1002,11,0)=0,\"--\",VLOOKUP(B78,'Zebrik W'!$B$7:$L$1002,11,0)))","v":""}]
[73,"Jan Vozeh",1995,"Rakovník","CZ/C1","M",3,21335,"Junior v roce 2020","",null,"RV 2020",{"$f":"IF(ISERROR(VLOOKUP(B79,'Zebrik W'!$B$7:$L$1002,11,0)),\"\",IF(VLOOKUP(B79,'Zebrik W'!$B$7:$L$1002,11,0)=0,\"--\",VLOOKUP(B79,'Zebrik W'!$B$7:$L$1002,11,0)))","v":""}]
[74,"Pavel Zima",1979,"Břeclav","CZ/M","M",3,21273,"","",null,null,{"$f":"IF(ISERROR(VLOOKUP(B80,'Zebrik W'!$B$7:$L$1002,11,0)),\"\",IF(VLOOKUP(B80,'Zebrik W'!$B$7:$L$1002,11,0)=0,\"--\",VLOOKUP(B80,'Zebrik W'!$B$7:$L$1002,11,0)))","v":""}]
[75,"Jiri Steiger",1969,"Olomouc","CZ/M","M",3,20966,"","",null,null,{"$f":"IF(ISERROR(VLOOKUP(B81,'Zebrik W'!$B$7:$L$1002,11,0)),\"\",IF(VLOOKUP(B81,'Zebrik W'!$B$7:$L$1002,11,0)=0,\"--\",VLOOKUP(B81,'Zebrik W'!$B$7:$L$1002,11,0)))","v":""}]
[76,"Jan Simon",1970,"Kralupy","CZ/C1","M",3,20801,"","",null,null,{"$f":"IF(ISERROR(VLOOKUP(B82,'Zebrik W'!$B$7:$L$1002,11,0)),\"\",IF(VLOOKUP(B82,'Zebrik W'!$B$7:$L$1002,11,0)=0,\"--\",VLOOKUP(B82,'Zebrik W'!$B$7:$L$1002,11,0)))","v":""}]
[77,"Martin Pekar",1973,"Šumperk","CZ/M","M",3,20725,"","",null,null,{"$f":"IF(ISERROR(VLOOKUP(B83,'Zebrik W'!$B$7:$L$1002,11,0)),\"\",IF(VLOOKUP(B83,'Zebrik W'!$B$7:$L$1002,11,0)=0,\"--\",VLOOKUP(B83,'Zebrik W'!$B$7:$L$1002,11,0)))","v":""}]
[78,"Marek Svancara",1976,"GAC Benešov","CZ/C1","M",3,20704,"","",null,null,{"$f":"IF(ISERROR(VLOOKUP(B84,'Zebrik W'!$B$7:$L$1002,11,0)),\"\",IF(VLOOKUP(B84,'Zebrik W'!$B$7:$L$1002,11,0)=0,\"--\",VLOOKUP(B84,'Zebrik W'!$B$7:$L$1002,11,0)))","v":""}]
[79,"Frantisek Vancura",1966,"Hranice","CZ/M","M",3,20646,"","",null,null,{"$f":"IF(ISERROR(VLOOKUP(B85,'Zebrik W'!$B$7:$L$1002,11,0)),\"\",IF(VLOOKUP(B85,'Zebrik W'!$B$7:$L$1002,11,0)=0,\"--\",VLOOKUP(B85,'Zebrik W'!$B$7:$L$1002,11,0)))","v":""}]
[80,"Jan Smaha",1958,"Česká Lípa","CZ/C2","M",3,20598,"","",null,null,{"$f":"IF(ISERROR(VLOOKUP(B86,'Zebrik W'!$B$7:$L$1002,11,0)),\"\",IF(VLOOKUP(B86,'Zebrik W'!$B$7:$L$1002,11,0)=0,\"--\",VLOOKUP(B86,'Zebrik W'!$B$7:$L$1002,11,0)))","v":""}]
[81,"Milan Svoboda 80",1980,"Havlíčkův Brod","CZ/C2","M",3,20558,"","",null,null,{"$f":"IF(ISERROR(VLOOKUP(B87,'Zebrik W'!$B$7:$L$1002,11,0)),\"\",IF(VLOOKUP(B87,'Zebrik W'!$B$7:$L$1002,11,0)=0,\"--\",VLOOKUP(B87,'Zebrik W'!$B$7:$L$1002,11,0)))","v":""}]
[82,"Tereza Koubkova",1999,"Letňany","CZ/C1","F",3,20483,"Junior v roce 2020","Junior v roce 2021",null,"RV 2020",{"$f":"IF(ISERROR(VLOOKUP(B88,'Zebrik W'!$B$7:$L$1002,11,0)),\"\",IF(VLOOKUP(B88,'Zebrik W'!$B$7:$L$1002,11,0)=0,\"--\",VLOOKUP(B88,'Zebrik W'!$B$7:$L$1002,11,0)))","v":"--"}]
[83,"Tomas Jilek",1995,"Raná","CZ/C2","M",3,20456,"Junior v roce 2020","",null,null,{"$f":"IF(ISERROR(VLOOKUP(B89,'Zebrik W'!$B$7:$L$1002,11,0)),\"\",IF(VLOOKUP(B89,'Zebrik W'!$B$7:$L$1002,11,0)=0,\"--\",VLOOKUP(B89,'Zebrik W'!$B$7:$L$1002,11,0)))","v":""}]
[84,"Jan Horak",1971,"Zbraslavice","CZ/C1","M",3,20437,"","",null,null,{"$f":"IF(ISERROR(VLOOKUP(B90,'Zebrik W'!$B$7:$L$1002,11,0)),\"\",IF(VLOOKUP(B90,'Zebrik W'!$B$7:$L$1002,11,0)=0,\"--\",VLOOKUP(B90,'Zebrik W'!$B$7:$L$1002,11,0)))","v":""}]
[85,"Anna Bordovska",1989,"Mladá Boleslav","CZ/C1","F",3,20344,"","",null,null,{"$f":"IF(ISERROR(VLOOKUP(B91,'Zebrik W'!$B$7:$L$1002,11,0)),\"\",IF(VLOOKUP(B91,'Zebrik W'!$B$7:$L$1002,11,0)=0,\"--\",VLOOKUP(B91,'Zebrik W'!$B$7:$L$1002,11,0)))","v":"--"}]
[86,"Ladislav Jozsa",1981,"Medlánky","CZ/M","M",3,20139,"","",null,null,{"$f":"IF(ISERROR(VLOOKUP(B92,'Zebrik W'!$B$7:$L$1002,11,0)),\"\",IF(VLOOKUP(B92,'Zebrik W'!$B$7:$L$1002,11,0)=0,\"--\",VLOOKUP(B92,'Zebrik W'!$B$7:$L$1002,11,0)))","v":""}]
[87,"Frantisek Filandr",1956,"Most","CZ/C2","M",3,20136,"","",null,null,{"$f":"IF(ISERROR(VLOOKUP(B93,'Zebrik W'!$B$7:$L$1002,11,0)),\"\",IF(VLOOKUP(B93,'Zebrik W'!$B$7:$L$1002,11,0)=0,\"--\",VLOOKUP(B93,'Zebrik W'!$B$7:$L$1002,11,0)))","v":""}]
[88,"Jan Dersak 69",1969,"Kralupy","CZ/C1","M",3,19962,"","",null,null,{"$f":"IF(ISERROR(VLOOKUP(B94,'Zebrik W'!$B$7:$L$1002,11,0)),\"\",IF(VLOOKUP(B94,'Zebrik W'!$B$7:$L$1002,11,0)=0,\"--\",VLOOKUP(B94,'Zebrik W'!$B$7:$L$1002,11,0)))","v":""}]
[89,"Vit Morkovsky",2000,"Polička","CZ/C2","M",3,19878,"Junior v roce 2020","Junior v roce 2021",null,null,{"$f":"IF(ISERROR(VLOOKUP(B95,'Zebrik W'!$B$7:$L$1002,11,0)),\"\",IF(VLOOKUP(B95,'Zebrik W'!$B$7:$L$1002,11,0)=0,\"--\",VLOOKUP(B95,'Zebrik W'!$B$7:$L$1002,11,0)))","v":""}]
[90,"Pavlina Horackova",1965,"Šumperk","CZ/M","F",3,19876,"","",null,null,{"$f":"IF(ISERROR(VLOOKUP(B96,'Zebrik W'!$B$7:$L$1002,11,0)),\"\",IF(VLOOKUP(B96,'Zebrik W'!$B$7:$L$1002,11,0)=0,\"--\",VLOOKUP(B96,'Zebrik W'!$B$7:$L$1002,11,0)))","v":"--"}]
[91,"Jaroslav Buryan",1953,"Zábřeh","CZ/M","M",3,19863,"","",null,null,{"$f":"IF(ISERROR(VLOOKUP(B97,'Zebrik W'!$B$7:$L$1002,11,0)),\"\",IF(VLOOKUP(B97,'Zebrik W'!$B$7:$L$1002,11,0)=0,\"--\",VLOOKUP(B97,'Zebrik W'!$B$7:$L$1002,11,0)))","v":""}]
[92,"Leos Strnadek",1983,"Hodkovice","CZ/C2","M",3,19641,"","",null,null,{"$f":"IF(ISERROR(VLOOKUP(B98,'Zebrik W'!$B$7:$L$1002,11,0)),\"\",IF(VLOOKUP(B98,'Zebrik W'!$B$7:$L$1002,11,0)=0,\"--\",VLOOKUP(B98,'Zebrik W'!$B$7:$L$1002,11,0)))","v":""}]
[93,"Radek Zima 78",1978,"Hodkovice","CZ/C2","M",3,19420,"","",null,null,{"$f":"IF(ISERROR(VLOOKUP(B99,'Zebrik W'!$B$7:$L$1002,11,0)),\"\",IF(VLOOKUP(B99,'Zebrik W'!$B$7:$L$1002,11,0)=0,\"--\",VLOOKUP(B99,'Zebrik W'!$B$7:$L$1002,11,0)))","v":""}]
[94,"Tomas Talanda",1988,"Křižanov","CZ/M","M",3,19198,"","",null,null,{"$f":"IF(ISERROR(VLOOKUP(B100,'Zebrik W'!$B$7:$L$1002,11,0)),\"\",IF(VLOOKUP(B100,'Zebrik W'!$B$7:$L$1002,11,0)=0,\"--\",VLOOKUP(B100,'Zebrik W'!$B$7:$L$1002,11,0)))","v":""}]
[95,"Slavomir Valecko",1960,"Hranice","CZ/M","M",3,19092,"","",null,null,{"$f":"IF(ISERROR(VLOOKUP(B101,'Zebrik W'!$B$7:$L$1002,11,0)),\"\",IF(VLOOKUP(B101,'Zebrik W'!$B$7:$L$1002,11,0)=0,\"--\",VLOOKUP(B101,'Zebrik W'!$B$7:$L$1002,11,0)))","v":""}]
[96,"Lumir Motyka",1955,"Frýdlant","CZ/M","M",3,18745,"","",null,null,{"$f":"IF(ISERROR(VLOOKUP(B102,'Zebrik W'!$B$7:$L$1002,11,0)),\"\",IF(VLOOKUP(B102,'Zebrik W'!$B$7:$L$1002,11,0)=0,\"--\",VLOOKUP(B102,'Zebrik W'!$B$7:$L$1002,11,0)))","v":""}]
[97,"Matej Krestes",1986,"Slaný","CZ/C1","M",3,18735,"","",null,null,{"$f":"IF(ISERROR(VLOOKUP(B103,'Zebrik W'!$B$7:$L$1002,11,0)),\"\",IF(VLOOKUP(B103,'Zebrik W'!$B$7:$L$1002,11,0)=0,\"--\",VLOOKUP(B103,'Zebrik W'!$B$7:$L$1002,11,0)))","v":""}]
[98,"Jan Pubec",1979,"Plzeň Bory","CZ/C1","M",3,18656,"","",null,null,{"$f":"IF(ISERROR(VLOOKUP(B104,'Zebrik W'!$B$7:$L$1002,11,0)),\"\",IF(VLOOKUP(B104,'Zebrik W'!$B$7:$L$1002,11,0)=0,\"--\",VLOOKUP(B104,'Zebrik W'!$B$7:$L$1002,11,0)))","v":""}]
[99,"Jiri Prochazka",1971,"Toužim","CZ/C1","M",3,18333,"","",null,null,{"$f":"IF(ISERROR(VLOOKUP(B105,'Zebrik W'!$B$7:$L$1002,11,0)),\"\",IF(VLOOKUP(B105,'Zebrik W'!$B$7:$L$1002,11,0)=0,\"--\",VLOOKUP(B105,'Zebrik W'!$B$7:$L$1002,11,0)))","v":""}]
[100,"Josef Novotny",1983,"Přibyslav","CZ/C2","M",2,18272,"","",null,null,{"$f":"IF(ISERROR(VLOOKUP(B106,'Zebrik W'!$B$7:$L$1002,11,0)),\"\",IF(VLOOKUP(B106,'Zebrik W'!$B$7:$L$1002,11,0)=0,\"--\",VLOOKUP(B106,'Zebrik W'!$B$7:$L$1002,11,0)))","v":""}]
[101,"Jindrich Hruska",1986,"Soběslav","CZ/C1","M",3,18245,"","",null,null,{"$f":"IF(ISERROR(VLOOKUP(B107,'Zebrik W'!$B$7:$L$1002,11,0)),\"\",IF(VLOOKUP(B107,'Zebrik W'!$B$7:$L$1002,11,0)=0,\"--\",VLOOKUP(B107,'Zebrik W'!$B$7:$L$1002,11,0)))","v":""}]
[102,"Miroslav Koci",1961,"Žamberk","CZ/C2","M",3,18201,{"$f":"IF(C108=\"(prázdné)\",\"\",IF(($I$4-C108)>25,\"\",\"Junior v roce \"&$I$4))","v":""},{"$f":"IF(C108=\"(prázdné)\",\"\",IF(($J$4-C108)>25,\"\",\"Junior v roce \"&$J$4))","v":""},null,null,{"$f":"IF(ISERROR(VLOOKUP(B108,'Zebrik W'!$B$7:$L$1002,11,0)),\"\",IF(VLOOKUP(B108,'Zebrik W'!$B$7:$L$1002,11,0)=0,\"--\",VLOOKUP(B108,'Zebrik W'!$B$7:$L$1002,11,0)))","v":""}]
[103,"Pavel Liska",1965,"Roudnice","CZ/C2","M",3,18023,"","",null,null,{"$f":"IF(ISERROR(VLOOKUP(B109,'Zebrik W'!$B$7:$L$1002,11,0)),\"\",IF(VLOOKUP(B109,'Zebrik W'!$B$7:$L$1002,11,0)=0,\"--\",VLOOKUP(B109,'Zebrik W'!$B$7:$L$1002,11,0)))","v":""}]
[104,"Martin Picka",1974,"Tábor","CZ/C1","M",3,17991,"","",null,null,{"$f":"IF(ISERROR(VLOOKUP(B110,'Zebrik W'!$B$7:$L$1002,11,0)),\"\",IF(VLOOKUP(B110,'Zebrik W'!$B$7:$L$1002,11,0)=0,\"--\",VLOOKUP(B110,'Zebrik W'!$B$7:$L$1002,11,0)))","v":""}]
[105,"Lukas Plocek",1990,"Mladá Boleslav","CZ/C1","M",3,17899,"","",null,null,{"$f":"IF(ISERROR(VLOOKUP(B111,'Zebrik W'!$B$7:$L$1002,11,0)),\"\",IF(VLOOKUP(B111,'Zebrik W'!$B$7:$L$1002,11,0)=0,\"--\",VLOOKUP(B111,'Zebrik W'!$B$7:$L$1002,11,0)))","v":""}]
[106,"Jiri Koudela",1974,"Vyškov","CZ/M","M",3,17881,"","",null,null,{"$f":"IF(ISERROR(VLOOKUP(B112,'Zebrik W'!$B$7:$L$1002,11,0)),\"\",IF(VLOOKUP(B112,'Zebrik W'!$B$7:$L$1002,11,0)=0,\"--\",VLOOKUP(B112,'Zebrik W'!$B$7:$L$1002,11,0)))","v":""}]
[107,"Marek Kornec",1957,"Dvůr Králové","CZ/C2","M",3,17782,"","",null,null,{"$f":"IF(ISERROR(VLOOKUP(B113,'Zebrik W'!$B$7:$L$1002,11,0)),\"\",IF(VLOOKUP(B113,'Zebrik W'!$B$7:$L$1002,11,0)=0,\"--\",VLOOKUP(B113,'Zebrik W'!$B$7:$L$1002,11,0)))","v":""}]
[108,"Petr Bartak",1984,"Letkov","CZ/C1","M",3,17557,"","",null,null,{"$f":"IF(ISERROR(VLOOKUP(B114,'Zebrik W'!$B$7:$L$1002,11,0)),\"\",IF(VLOOKUP(B114,'Zebrik W'!$B$7:$L$1002,11,0)=0,\"--\",VLOOKUP(B114,'Zebrik W'!$B$7:$L$1002,11,0)))","v":""}]
[109,"Vojtech Pivonka",1976,"Vrchlabí","CZ/C2","M",3,17257,"","",null,null,{"$f":"IF(ISERROR(VLOOKUP(B115,'Zebrik W'!$B$7:$L$1002,11,0)),\"\",IF(VLOOKUP(B115,'Zebrik W'!$B$7:$L$1002,11,0)=0,\"--\",VLOOKUP(B115,'Zebrik W'!$B$7:$L$1002,11,0)))","v":""}]
[110,"Martin Grmela",1989,"Zbraslavice","CZ/C1","M",3,17256,"","",null,null,{"$f":"IF(ISERROR(VLOOKUP(B116,'Zebrik W'!$B$7:$L$1002,11,0)),\"\",IF(VLOOKUP(B116,'Zebrik W'!$B$7:$L$1002,11,0)=0,\"--\",VLOOKUP(B116,'Zebrik W'!$B$7:$L$1002,11,0)))","v":""}]
[111,"Jan Kohout",1970,"Žamberk","CZ/C2","M",3,17208,"","",null,null,{"$f":"IF(ISERROR(VLOOKUP(B117,'Zebrik W'!$B$7:$L$1002,11,0)),\"\",IF(VLOOKUP(B117,'Zebrik W'!$B$7:$L$1002,11,0)=0,\"--\",VLOOKUP(B117,'Zebrik W'!$B$7:$L$1002,11,0)))","v":""}]
[112,"Michal Kodousek",1983,"Jaroměř","CZ/C2","M",2,17199,"","",null,null,{"$f":"IF(ISERROR(VLOOKUP(B118,'Zebrik W'!$B$7:$L$1002,11,0)),\"\",IF(VLOOKUP(B118,'Zebrik W'!$B$7:$L$1002,11,0)=0,\"--\",VLOOKUP(B118,'Zebrik W'!$B$7:$L$1002,11,0)))","v":""}]
[113,"Jaromir Jedlicka",1972,"Letňany","CZ/C1","M",3,17167,"","",null,null,{"$f":"IF(ISERROR(VLOOKUP(B119,'Zebrik W'!$B$7:$L$1002,11,0)),\"\",IF(VLOOKUP(B119,'Zebrik W'!$B$7:$L$1002,11,0)=0,\"--\",VLOOKUP(B119,'Zebrik W'!$B$7:$L$1002,11,0)))","v":""}]
[114,"Eva Cerna",1964,"Příbram","CZ/C1","F",3,17150,"","",null,"RV 2020",{"$f":"IF(ISERROR(VLOOKUP(B120,'Zebrik W'!$B$7:$L$1002,11,0)),\"\",IF(VLOOKUP(B120,'Zebrik W'!$B$7:$L$1002,11,0)=0,\"--\",VLOOKUP(B120,'Zebrik W'!$B$7:$L$1002,11,0)))","v":"WRV 2020"}]
[115,"Jan Sindelar",1946,"Kunovice","CZ/M","M",3,17087,"","",null,null,{"$f":"IF(ISERROR(VLOOKUP(B121,'Zebrik W'!$B$7:$L$1002,11,0)),\"\",IF(VLOOKUP(B121,'Zebrik W'!$B$7:$L$1002,11,0)=0,\"--\",VLOOKUP(B121,'Zebrik W'!$B$7:$L$1002,11,0)))","v":""}]
[116,"Wolfgang Sluka",1942,"Liberec","CZ/C2","M",3,17048,"","",null,null,{"$f":"IF(ISERROR(VLOOKUP(B122,'Zebrik W'!$B$7:$L$1002,11,0)),\"\",IF(VLOOKUP(B122,'Zebrik W'!$B$7:$L$1002,11,0)=0,\"--\",VLOOKUP(B122,'Zebrik W'!$B$7:$L$1002,11,0)))","v":""}]
[117,"Jiri Slemr",1979,"Vysoké Mýto","CZ/C2","M",3,17038,"","",null,null,{"$f":"IF(ISERROR(VLOOKUP(B123,'Zebrik W'!$B$7:$L$1002,11,0)),\"\",IF(VLOOKUP(B123,'Zebrik W'!$B$7:$L$1002,11,0)=0,\"--\",VLOOKUP(B123,'Zebrik W'!$B$7:$L$1002,11,0)))","v":""}]
[118,"Ondrej Blaha",1976,"Letňany","CZ/C1","M",3,16988,"","",null,null,{"$f":"IF(ISERROR(VLOOKUP(B124,'Zebrik W'!$B$7:$L$1002,11,0)),\"\",IF(VLOOKUP(B124,'Zebrik W'!$B$7:$L$1002,11,0)=0,\"--\",VLOOKUP(B124,'Zebrik W'!$B$7:$L$1002,11,0)))","v":""}]
[119,"Lukas Maly",1998,"Vysoké Mýto","CZ/C2","M",3,16984,"Junior v roce 2020","Junior v roce 2021",null,null,{"$f":"IF(ISERROR(VLOOKUP(B125,'Zebrik W'!$B$7:$L$1002,11,0)),\"\",IF(VLOOKUP(B125,'Zebrik W'!$B$7:$L$1002,11,0)=0,\"--\",VLOOKUP(B125,'Zebrik W'!$B$7:$L$1002,11,0)))","v":""}]
[120,"Karel Knotek",1961,"Soběslav","CZ/C1","M",3,16894,"","",null,null,{"$f":"IF(ISERROR(VLOOKUP(B126,'Zebrik W'!$B$7:$L$1002,11,0)),\"\",IF(VLOOKUP(B126,'Zebrik W'!$B$7:$L$1002,11,0)=0,\"--\",VLOOKUP(B126,'Zebrik W'!$B$7:$L$1002,11,0)))","v":""}]
[121,"Petr Hofman",1984,"Letňany","CZ/C1","M",2,16848,"","",null,null,{"$f":"IF(ISERROR(VLOOKUP(B127,'Zebrik W'!$B$7:$L$1002,11,0)),\"\",IF(VLOOKUP(B127,'Zebrik W'!$B$7:$L$1002,11,0)=0,\"--\",VLOOKUP(B127,'Zebrik W'!$B$7:$L$1002,11,0)))","v":""}]
[122,"Milan Dvorak",1965,"Liberec","CZ/C2","M",3,16821,"","",null,null,{"$f":"IF(ISERROR(VLOOKUP(B128,'Zebrik W'!$B$7:$L$1002,11,0)),\"\",IF(VLOOKUP(B128,'Zebrik W'!$B$7:$L$1002,11,0)=0,\"--\",VLOOKUP(B128,'Zebrik W'!$B$7:$L$1002,11,0)))","v":""}]
[123,"Jan Zezula",1979,"Letňany","CZ/C1","M",3,16750,"","",null,null,{"$f":"IF(ISERROR(VLOOKUP(B129,'Zebrik W'!$B$7:$L$1002,11,0)),\"\",IF(VLOOKUP(B129,'Zebrik W'!$B$7:$L$1002,11,0)=0,\"--\",VLOOKUP(B129,'Zebrik W'!$B$7:$L$1002,11,0)))","v":""}]
[124,"Petr Jiranek 63",1962,"Toužim","CZ/C1","M",3,16713,"","",null,null,{"$f":"IF(ISERROR(VLOOKUP(B130,'Zebrik W'!$B$7:$L$1002,11,0)),\"\",IF(VLOOKUP(B130,'Zebrik W'!$B$7:$L$1002,11,0)=0,\"--\",VLOOKUP(B130,'Zebrik W'!$B$7:$L$1002,11,0)))","v":""}]
[125,"Jan Hruska",1988,"Tábor","CZ/C1","M",3,16679,"","",null,null,{"$f":"IF(ISERROR(VLOOKUP(B131,'Zebrik W'!$B$7:$L$1002,11,0)),\"\",IF(VLOOKUP(B131,'Zebrik W'!$B$7:$L$1002,11,0)=0,\"--\",VLOOKUP(B131,'Zebrik W'!$B$7:$L$1002,11,0)))","v":""}]
[126,"Vaclav Kult",1973,"Broumov","CZ/C2","M",3,16553,"","",null,null,{"$f":"IF(ISERROR(VLOOKUP(B132,'Zebrik W'!$B$7:$L$1002,11,0)),\"\",IF(VLOOKUP(B132,'Zebrik W'!$B$7:$L$1002,11,0)=0,\"--\",VLOOKUP(B132,'Zebrik W'!$B$7:$L$1002,11,0)))","v":""}]
[127,"Ondrej Sindelar",1979,"Mladá Boleslav","CZ/C1","M",3,16482,"","",null,null,{"$f":"IF(ISERROR(VLOOKUP(B133,'Zebrik W'!$B$7:$L$1002,11,0)),\"\",IF(VLOOKUP(B133,'Zebrik W'!$B$7:$L$1002,11,0)=0,\"--\",VLOOKUP(B133,'Zebrik W'!$B$7:$L$1002,11,0)))","v":""}]
[128,"Pavel Trojan",1960,"Chrudim","CZ/C2","M",3,16457,"","",null,null,{"$f":"IF(ISERROR(VLOOKUP(B134,'Zebrik W'!$B$7:$L$1002,11,0)),\"\",IF(VLOOKUP(B134,'Zebrik W'!$B$7:$L$1002,11,0)=0,\"--\",VLOOKUP(B134,'Zebrik W'!$B$7:$L$1002,11,0)))","v":""}]
[129,"Jindrich Svorc",1978,"Letňany","CZ/C1","M",2,16380,"","",null,null,{"$f":"IF(ISERROR(VLOOKUP(B135,'Zebrik W'!$B$7:$L$1002,11,0)),\"\",IF(VLOOKUP(B135,'Zebrik W'!$B$7:$L$1002,11,0)=0,\"--\",VLOOKUP(B135,'Zebrik W'!$B$7:$L$1002,11,0)))","v":""}]
[{"$f":"RANK(H136,H:H)","v":130},"Petr Jiranek 91",1991,"Toužim","CZ/C1","M",2,16274,"","",null,null,{"$f":"IF(ISERROR(VLOOKUP(B136,'Zebrik W'!$B$7:$L$1002,11,0)),\"\",IF(VLOOKUP(B136,'Zebrik W'!$B$7:$L$1002,11,0)=0,\"--\",VLOOKUP(B136,'Zebrik W'!$B$7:$L$1002,11,0)))","v":""}]
[131,"Jakub Kohn",1992,"Prostějov","CZ/M","M",3,16205,"","",null,null,{"$f":"IF(ISERROR(VLOOKUP(B137,'Zebrik W'!$B$7:$L$1002,11,0)),\"\",IF(VLOOKUP(B137,'Zebrik W'!$B$7:$L$1002,11,0)=0,\"--\",VLOOKUP(B137,'Zebrik W'!$B$7:$L$1002,11,0)))","v":""}]
[132,"Jaroslav Sima",1972,"Chomutov","CZ/C2","M",3,16196,"","",null,null,{"$f":"IF(ISERROR(VLOOKUP(B138,'Zebrik W'!$B$7:$L$1002,11,0)),\"\",IF(VLOOKUP(B138,'Zebrik W'!$B$7:$L$1002,11,0)=0,\"--\",VLOOKUP(B138,'Zebrik W'!$B$7:$L$1002,11,0)))","v":""}]
[133,"Martin Piskacek",1991,"Křižanov","CZ/M","M",3,16136,"","",null,null,{"$f":"IF(ISERROR(VLOOKUP(B139,'Zebrik W'!$B$7:$L$1002,11,0)),\"\",IF(VLOOKUP(B139,'Zebrik W'!$B$7:$L$1002,11,0)=0,\"--\",VLOOKUP(B139,'Zebrik W'!$B$7:$L$1002,11,0)))","v":""}]
[134,"Roman Lanzendorf",1964,"Letkov","CZ/C1","M",3,16014,"","",null,null,{"$f":"IF(ISERROR(VLOOKUP(B140,'Zebrik W'!$B$7:$L$1002,11,0)),\"\",IF(VLOOKUP(B140,'Zebrik W'!$B$7:$L$1002,11,0)=0,\"--\",VLOOKUP(B140,'Zebrik W'!$B$7:$L$1002,11,0)))","v":""}]
[135,"Marek Pechar",1995,"Chrudim","CZ/C2","M",3,15989,"Junior v roce 2020","",null,null,{"$f":"IF(ISERROR(VLOOKUP(B141,'Zebrik W'!$B$7:$L$1002,11,0)),\"\",IF(VLOOKUP(B141,'Zebrik W'!$B$7:$L$1002,11,0)=0,\"--\",VLOOKUP(B141,'Zebrik W'!$B$7:$L$1002,11,0)))","v":""}]
[136,"Jaromir Pauer",1974,"Hosín","CZ/C1","M",2,15823,"","",null,null,{"$f":"IF(ISERROR(VLOOKUP(B142,'Zebrik W'!$B$7:$L$1002,11,0)),\"\",IF(VLOOKUP(B142,'Zebrik W'!$B$7:$L$1002,11,0)=0,\"--\",VLOOKUP(B142,'Zebrik W'!$B$7:$L$1002,11,0)))","v":""}]
[137,"Josef Hlusek",1993,"Kunovice","CZ/M","M",3,15804,"","",null,null,{"$f":"IF(ISERROR(VLOOKUP(B143,'Zebrik W'!$B$7:$L$1002,11,0)),\"\",IF(VLOOKUP(B143,'Zebrik W'!$B$7:$L$1002,11,0)=0,\"--\",VLOOKUP(B143,'Zebrik W'!$B$7:$L$1002,11,0)))","v":""}]
[138,"Rostislav Stryk",1972,"Frýdlant","CZ/M","M",3,15750,"","",null,null,{"$f":"IF(ISERROR(VLOOKUP(B144,'Zebrik W'!$B$7:$L$1002,11,0)),\"\",IF(VLOOKUP(B144,'Zebrik W'!$B$7:$L$1002,11,0)=0,\"--\",VLOOKUP(B144,'Zebrik W'!$B$7:$L$1002,11,0)))","v":""}]
[139,"Daniel Novak",1971,"Letkov","CZ/C1","M",2,15745,"","",null,null,{"$f":"IF(ISERROR(VLOOKUP(B145,'Zebrik W'!$B$7:$L$1002,11,0)),\"\",IF(VLOOKUP(B145,'Zebrik W'!$B$7:$L$1002,11,0)=0,\"--\",VLOOKUP(B145,'Zebrik W'!$B$7:$L$1002,11,0)))","v":""}]
[140,"Tomas Moravec",2000,"Žamberk","CZ/C2","M",3,15625,"Junior v roce 2020","Junior v roce 2021",null,null,{"$f":"IF(ISERROR(VLOOKUP(B146,'Zebrik W'!$B$7:$L$1002,11,0)),\"\",IF(VLOOKUP(B146,'Zebrik W'!$B$7:$L$1002,11,0)=0,\"--\",VLOOKUP(B146,'Zebrik W'!$B$7:$L$1002,11,0)))","v":""}]
[141,"Katerina Vojtova",1983,"Slaný","CZ/C1","F",3,15619,"","",null,null,{"$f":"IF(ISERROR(VLOOKUP(B147,'Zebrik W'!$B$7:$L$1002,11,0)),\"\",IF(VLOOKUP(B147,'Zebrik W'!$B$7:$L$1002,11,0)=0,\"--\",VLOOKUP(B147,'Zebrik W'!$B$7:$L$1002,11,0)))","v":"--"}]
[142,"Oldrich Houzvicka",1975,"Frýdlant","CZ/M","M",3,15615,"","",null,null,{"$f":"IF(ISERROR(VLOOKUP(B148,'Zebrik W'!$B$7:$L$1002,11,0)),\"\",IF(VLOOKUP(B148,'Zebrik W'!$B$7:$L$1002,11,0)=0,\"--\",VLOOKUP(B148,'Zebrik W'!$B$7:$L$1002,11,0)))","v":""}]
[143,"Milos Matejka",1956,"Beroun","CZ/C1","M",3,15516,"","",null,null,{"$f":"IF(ISERROR(VLOOKUP(B149,'Zebrik W'!$B$7:$L$1002,11,0)),\"\",IF(VLOOKUP(B149,'Zebrik W'!$B$7:$L$1002,11,0)=0,\"--\",VLOOKUP(B149,'Zebrik W'!$B$7:$L$1002,11,0)))","v":""}]
[144,"Miroslav Sklenar",1964,"Žamberk","CZ/C2","M",3,15504,"","",null,null,{"$f":"IF(ISERROR(VLOOKUP(B150,'Zebrik W'!$B$7:$L$1002,11,0)),\"\",IF(VLOOKUP(B150,'Zebrik W'!$B$7:$L$1002,11,0)=0,\"--\",VLOOKUP(B150,'Zebrik W'!$B$7:$L$1002,11,0)))","v":""}]
[145,"Pavel Jiranek",1993,"Toužim","CZ/C1","M",2,15333,"","",null,null,{"$f":"IF(ISERROR(VLOOKUP(B151,'Zebrik W'!$B$7:$L$1002,11,0)),\"\",IF(VLOOKUP(B151,'Zebrik W'!$B$7:$L$1002,11,0)=0,\"--\",VLOOKUP(B151,'Zebrik W'!$B$7:$L$1002,11,0)))","v":""}]
[146,"Josef Busek",1967,"Hosín","CZ/C1","M",2,15243,"","",null,null,{"$f":"IF(ISERROR(VLOOKUP(B152,'Zebrik W'!$B$7:$L$1002,11,0)),\"\",IF(VLOOKUP(B152,'Zebrik W'!$B$7:$L$1002,11,0)=0,\"--\",VLOOKUP(B152,'Zebrik W'!$B$7:$L$1002,11,0)))","v":""}]
[147,"Libor Bednarik",1972,"Kunovice","CZ/M","M",3,15207,"","",null,null,{"$f":"IF(ISERROR(VLOOKUP(B153,'Zebrik W'!$B$7:$L$1002,11,0)),\"\",IF(VLOOKUP(B153,'Zebrik W'!$B$7:$L$1002,11,0)=0,\"--\",VLOOKUP(B153,'Zebrik W'!$B$7:$L$1002,11,0)))","v":""}]
[148,"Lukas Hynek",1979,"Dvůr Králové","CZ/C2","M",3,15184,"","",null,null,{"$f":"IF(ISERROR(VLOOKUP(B154,'Zebrik W'!$B$7:$L$1002,11,0)),\"\",IF(VLOOKUP(B154,'Zebrik W'!$B$7:$L$1002,11,0)=0,\"--\",VLOOKUP(B154,'Zebrik W'!$B$7:$L$1002,11,0)))","v":""}]
[149,"Pavel Derda",1952,"Dvůr Králové","CZ/C2","M",3,15175,"","",null,null,{"$f":"IF(ISERROR(VLOOKUP(B155,'Zebrik W'!$B$7:$L$1002,11,0)),\"\",IF(VLOOKUP(B155,'Zebrik W'!$B$7:$L$1002,11,0)=0,\"--\",VLOOKUP(B155,'Zebrik W'!$B$7:$L$1002,11,0)))","v":""}]
[150,"Tomas Hulmak",1999,"Hosín","CZ/C1","M",3,15166,"Junior v roce 2020","Junior v roce 2021",null,null,{"$f":"IF(ISERROR(VLOOKUP(B156,'Zebrik W'!$B$7:$L$1002,11,0)),\"\",IF(VLOOKUP(B156,'Zebrik W'!$B$7:$L$1002,11,0)=0,\"--\",VLOOKUP(B156,'Zebrik W'!$B$7:$L$1002,11,0)))","v":""}]
[151,"Josef Kolman",1983,"Letňany","CZ/C1","M",2,14996,"","",null,null,{"$f":"IF(ISERROR(VLOOKUP(B157,'Zebrik W'!$B$7:$L$1002,11,0)),\"\",IF(VLOOKUP(B157,'Zebrik W'!$B$7:$L$1002,11,0)=0,\"--\",VLOOKUP(B157,'Zebrik W'!$B$7:$L$1002,11,0)))","v":""}]
[152,"Milan Meisner",1961,"Dvůr Králové","CZ/C2","M",3,14975,"","",null,null,{"$f":"IF(ISERROR(VLOOKUP(B158,'Zebrik W'!$B$7:$L$1002,11,0)),\"\",IF(VLOOKUP(B158,'Zebrik W'!$B$7:$L$1002,11,0)=0,\"--\",VLOOKUP(B158,'Zebrik W'!$B$7:$L$1002,11,0)))","v":""}]
[153,"Ivan Kuzelka",1945,"Havlíčkův Brod","CZ/C2","M",3,14963,"","",null,null,{"$f":"IF(ISERROR(VLOOKUP(B159,'Zebrik W'!$B$7:$L$1002,11,0)),\"\",IF(VLOOKUP(B159,'Zebrik W'!$B$7:$L$1002,11,0)=0,\"--\",VLOOKUP(B159,'Zebrik W'!$B$7:$L$1002,11,0)))","v":""}]
[154,"Ondrej Dvorak 98",1998,"Mladá Boleslav","CZ/C1","M",3,14937,"Junior v roce 2020","Junior v roce 2021",null,null,{"$f":"IF(ISERROR(VLOOKUP(B160,'Zebrik W'!$B$7:$L$1002,11,0)),\"\",IF(VLOOKUP(B160,'Zebrik W'!$B$7:$L$1002,11,0)=0,\"--\",VLOOKUP(B160,'Zebrik W'!$B$7:$L$1002,11,0)))","v":""}]
[155,"David Zapletal",1970,"Mladá Boleslav","CZ/C1","M",3,14872,"","",null,null,{"$f":"IF(ISERROR(VLOOKUP(B161,'Zebrik W'!$B$7:$L$1002,11,0)),\"\",IF(VLOOKUP(B161,'Zebrik W'!$B$7:$L$1002,11,0)=0,\"--\",VLOOKUP(B161,'Zebrik W'!$B$7:$L$1002,11,0)))","v":""}]
[156,"Martin Urban",1971,"Frýdlant","CZ/M","M",3,14531,"","",null,null,{"$f":"IF(ISERROR(VLOOKUP(B162,'Zebrik W'!$B$7:$L$1002,11,0)),\"\",IF(VLOOKUP(B162,'Zebrik W'!$B$7:$L$1002,11,0)=0,\"--\",VLOOKUP(B162,'Zebrik W'!$B$7:$L$1002,11,0)))","v":""}]
[157,"Martin Ficnar",1971,"Šumperk","CZ/M","M",2,14501,"","",null,null,{"$f":"IF(ISERROR(VLOOKUP(B163,'Zebrik W'!$B$7:$L$1002,11,0)),\"\",IF(VLOOKUP(B163,'Zebrik W'!$B$7:$L$1002,11,0)=0,\"--\",VLOOKUP(B163,'Zebrik W'!$B$7:$L$1002,11,0)))","v":""}]
[158,"Jiri Holcman",1976,"Hosín","CZ/C1","M",2,14455,"","",null,null,{"$f":"IF(ISERROR(VLOOKUP(B164,'Zebrik W'!$B$7:$L$1002,11,0)),\"\",IF(VLOOKUP(B164,'Zebrik W'!$B$7:$L$1002,11,0)=0,\"--\",VLOOKUP(B164,'Zebrik W'!$B$7:$L$1002,11,0)))","v":""}]
[159,"Vladimir Prihoda",1953,"Kralupy","CZ/C1","M",3,14415,"","",null,null,{"$f":"IF(ISERROR(VLOOKUP(B165,'Zebrik W'!$B$7:$L$1002,11,0)),\"\",IF(VLOOKUP(B165,'Zebrik W'!$B$7:$L$1002,11,0)=0,\"--\",VLOOKUP(B165,'Zebrik W'!$B$7:$L$1002,11,0)))","v":""}]
[160,"Ladislav Prokes",1954,"Vrchlabí","CZ/C2","M",3,14361,"","",null,null,{"$f":"IF(ISERROR(VLOOKUP(B166,'Zebrik W'!$B$7:$L$1002,11,0)),\"\",IF(VLOOKUP(B166,'Zebrik W'!$B$7:$L$1002,11,0)=0,\"--\",VLOOKUP(B166,'Zebrik W'!$B$7:$L$1002,11,0)))","v":""}]
[161,"Slavomir Piskaty 58",1958,"Kunovice","CZ/M","M",3,14356,"","",null,null,{"$f":"IF(ISERROR(VLOOKUP(B167,'Zebrik W'!$B$7:$L$1002,11,0)),\"\",IF(VLOOKUP(B167,'Zebrik W'!$B$7:$L$1002,11,0)=0,\"--\",VLOOKUP(B167,'Zebrik W'!$B$7:$L$1002,11,0)))","v":""}]
[162,"Roman Jokl",1979,"Letkov","CZ/C1","M",2,14245,"","",null,null,{"$f":"IF(ISERROR(VLOOKUP(B168,'Zebrik W'!$B$7:$L$1002,11,0)),\"\",IF(VLOOKUP(B168,'Zebrik W'!$B$7:$L$1002,11,0)=0,\"--\",VLOOKUP(B168,'Zebrik W'!$B$7:$L$1002,11,0)))","v":""}]
[163,"Martin Koci",1975,"Ústí nad Orlicí","CZ/C2","M",3,14210,"","",null,null,{"$f":"IF(ISERROR(VLOOKUP(B169,'Zebrik W'!$B$7:$L$1002,11,0)),\"\",IF(VLOOKUP(B169,'Zebrik W'!$B$7:$L$1002,11,0)=0,\"--\",VLOOKUP(B169,'Zebrik W'!$B$7:$L$1002,11,0)))","v":""}]
[164,"Jan Beranek",1976,"Jihlava","CZ/M","M",2,14156,"","",null,null,{"$f":"IF(ISERROR(VLOOKUP(B170,'Zebrik W'!$B$7:$L$1002,11,0)),\"\",IF(VLOOKUP(B170,'Zebrik W'!$B$7:$L$1002,11,0)=0,\"--\",VLOOKUP(B170,'Zebrik W'!$B$7:$L$1002,11,0)))","v":""}]
[165,"Petr Babak 73",1973,"Hořice","CZ/C2","M",3,14052,"","",null,null,{"$f":"IF(ISERROR(VLOOKUP(B171,'Zebrik W'!$B$7:$L$1002,11,0)),\"\",IF(VLOOKUP(B171,'Zebrik W'!$B$7:$L$1002,11,0)=0,\"--\",VLOOKUP(B171,'Zebrik W'!$B$7:$L$1002,11,0)))","v":""}]
[166,"David Vrchota",1976,"Jaroměř","CZ/C2","M",2,14028,{"$f":"IF(C172=\"(prázdné)\",\"\",IF(($I$4-C172)>25,\"\",\"Junior v roce \"&$I$4))","v":""},{"$f":"IF(C172=\"(prázdné)\",\"\",IF(($J$4-C172)>25,\"\",\"Junior v roce \"&$J$4))","v":""},null,null,{"$f":"IF(ISERROR(VLOOKUP(B172,'Zebrik W'!$B$7:$L$1002,11,0)),\"\",IF(VLOOKUP(B172,'Zebrik W'!$B$7:$L$1002,11,0)=0,\"--\",VLOOKUP(B172,'Zebrik W'!$B$7:$L$1002,11,0)))","v":""}]
[167,"Martin Kriz",1968,"Přibyslav","CZ/C2","M",3,13981,"","",null,null,{"$f":"IF(ISERROR(VLOOKUP(B173,'Zebrik W'!$B$7:$L$1002,11,0)),\"\",IF(VLOOKUP(B173,'Zebrik W'!$B$7:$L$1002,11,0)=0,\"--\",VLOOKUP(B173,'Zebrik W'!$B$7:$L$1002,11,0)))","v":""}]
[168,"Miloslav Hulmak",1963,"Hosín","CZ/C1","M",2,13936,"","",null,null,{"$f":"IF(ISERROR(VLOOKUP(B174,'Zebrik W'!$B$7:$L$1002,11,0)),\"\",IF(VLOOKUP(B174,'Zebrik W'!$B$7:$L$1002,11,0)=0,\"--\",VLOOKUP(B174,'Zebrik W'!$B$7:$L$1002,11,0)))","v":""}]
[169,"Jakub Kmosek",1978,"Zbraslavice","CZ/C1","M",2,13933,"","",null,null,{"$f":"IF(ISERROR(VLOOKUP(B175,'Zebrik W'!$B$7:$L$1002,11,0)),\"\",IF(VLOOKUP(B175,'Zebrik W'!$B$7:$L$1002,11,0)=0,\"--\",VLOOKUP(B175,'Zebrik W'!$B$7:$L$1002,11,0)))","v":""}]
[170,"Jaromir Vlk",1959,"Šumperk","CZ/M","M",3,13902,"","",null,null,{"$f":"IF(ISERROR(VLOOKUP(B176,'Zebrik W'!$B$7:$L$1002,11,0)),\"\",IF(VLOOKUP(B176,'Zebrik W'!$B$7:$L$1002,11,0)=0,\"--\",VLOOKUP(B176,'Zebrik W'!$B$7:$L$1002,11,0)))","v":""}]
[171,"Martin Zahalka",1987,"Staňkov","CZ/C1","M",2,13845,"","",null,null,{"$f":"IF(ISERROR(VLOOKUP(B177,'Zebrik W'!$B$7:$L$1002,11,0)),\"\",IF(VLOOKUP(B177,'Zebrik W'!$B$7:$L$1002,11,0)=0,\"--\",VLOOKUP(B177,'Zebrik W'!$B$7:$L$1002,11,0)))","v":""}]
[172,"Josef Novak",1981,"Kunovice","CZ/M","M",2,13732,"","",null,null,{"$f":"IF(ISERROR(VLOOKUP(B178,'Zebrik W'!$B$7:$L$1002,11,0)),\"\",IF(VLOOKUP(B178,'Zebrik W'!$B$7:$L$1002,11,0)=0,\"--\",VLOOKUP(B178,'Zebrik W'!$B$7:$L$1002,11,0)))","v":""}]
[173,"Jaroslav Cempirek 77",1977,"Jihlava","CZ/M","M",2,13719,"","",null,null,{"$f":"IF(ISERROR(VLOOKUP(B179,'Zebrik W'!$B$7:$L$1002,11,0)),\"\",IF(VLOOKUP(B179,'Zebrik W'!$B$7:$L$1002,11,0)=0,\"--\",VLOOKUP(B179,'Zebrik W'!$B$7:$L$1002,11,0)))","v":""}]
[174,"Martin Vnoucek",1972,"Vlašim","CZ/C1","M",2,13629,"","",null,null,{"$f":"IF(ISERROR(VLOOKUP(B180,'Zebrik W'!$B$7:$L$1002,11,0)),\"\",IF(VLOOKUP(B180,'Zebrik W'!$B$7:$L$1002,11,0)=0,\"--\",VLOOKUP(B180,'Zebrik W'!$B$7:$L$1002,11,0)))","v":""}]
[175,"Martin Cicvarek",1966,"Liberec","CZ/C2","M",3,13616,"","",null,null,{"$f":"IF(ISERROR(VLOOKUP(B181,'Zebrik W'!$B$7:$L$1002,11,0)),\"\",IF(VLOOKUP(B181,'Zebrik W'!$B$7:$L$1002,11,0)=0,\"--\",VLOOKUP(B181,'Zebrik W'!$B$7:$L$1002,11,0)))","v":""}]
[176,"Petr Frycek",1960,"Most","CZ/C2","M",3,13603,"","",null,null,{"$f":"IF(ISERROR(VLOOKUP(B182,'Zebrik W'!$B$7:$L$1002,11,0)),\"\",IF(VLOOKUP(B182,'Zebrik W'!$B$7:$L$1002,11,0)=0,\"--\",VLOOKUP(B182,'Zebrik W'!$B$7:$L$1002,11,0)))","v":""}]
[177,"Radoslav Pur",1973,"Hosín","CZ/C1","M",2,13565,"","",null,null,{"$f":"IF(ISERROR(VLOOKUP(B183,'Zebrik W'!$B$7:$L$1002,11,0)),\"\",IF(VLOOKUP(B183,'Zebrik W'!$B$7:$L$1002,11,0)=0,\"--\",VLOOKUP(B183,'Zebrik W'!$B$7:$L$1002,11,0)))","v":""}]
[178,"Milos Pajr",1966,"Jičín","CZ/C2","M",2,13438,"","",null,null,{"$f":"IF(ISERROR(VLOOKUP(B184,'Zebrik W'!$B$7:$L$1002,11,0)),\"\",IF(VLOOKUP(B184,'Zebrik W'!$B$7:$L$1002,11,0)=0,\"--\",VLOOKUP(B184,'Zebrik W'!$B$7:$L$1002,11,0)))","v":""}]
[179,"Jan Kantor",1983,"Letňany","CZ/C1","M",2,13429,"","",null,null,{"$f":"IF(ISERROR(VLOOKUP(B185,'Zebrik W'!$B$7:$L$1002,11,0)),\"\",IF(VLOOKUP(B185,'Zebrik W'!$B$7:$L$1002,11,0)=0,\"--\",VLOOKUP(B185,'Zebrik W'!$B$7:$L$1002,11,0)))","v":""}]
[180,"Radek Zima 75",1975,"Břeclav","CZ/M","M",2,13369,"","",null,null,{"$f":"IF(ISERROR(VLOOKUP(B186,'Zebrik W'!$B$7:$L$1002,11,0)),\"\",IF(VLOOKUP(B186,'Zebrik W'!$B$7:$L$1002,11,0)=0,\"--\",VLOOKUP(B186,'Zebrik W'!$B$7:$L$1002,11,0)))","v":""}]
[181,"Jan Hybner",1977,"Liberec","CZ/C2","M",3,13360,"","",null,null,{"$f":"IF(ISERROR(VLOOKUP(B187,'Zebrik W'!$B$7:$L$1002,11,0)),\"\",IF(VLOOKUP(B187,'Zebrik W'!$B$7:$L$1002,11,0)=0,\"--\",VLOOKUP(B187,'Zebrik W'!$B$7:$L$1002,11,0)))","v":""}]
[182,"Vit Prokop",1987,"Medlánky","CZ/M","M",3,13309,"","",null,null,{"$f":"IF(ISERROR(VLOOKUP(B188,'Zebrik W'!$B$7:$L$1002,11,0)),\"\",IF(VLOOKUP(B188,'Zebrik W'!$B$7:$L$1002,11,0)=0,\"--\",VLOOKUP(B188,'Zebrik W'!$B$7:$L$1002,11,0)))","v":""}]
[183,"Marek Blatak",1969,"Šumperk","CZ/M","M",2,13269,"","",null,null,{"$f":"IF(ISERROR(VLOOKUP(B189,'Zebrik W'!$B$7:$L$1002,11,0)),\"\",IF(VLOOKUP(B189,'Zebrik W'!$B$7:$L$1002,11,0)=0,\"--\",VLOOKUP(B189,'Zebrik W'!$B$7:$L$1002,11,0)))","v":""}]
[184,"Radim Vadasz",1989,"Soběslav","CZ/C1","M",2,13224,"","",null,null,{"$f":"IF(ISERROR(VLOOKUP(B190,'Zebrik W'!$B$7:$L$1002,11,0)),\"\",IF(VLOOKUP(B190,'Zebrik W'!$B$7:$L$1002,11,0)=0,\"--\",VLOOKUP(B190,'Zebrik W'!$B$7:$L$1002,11,0)))","v":""}]
[185,"Josef Rydl",1940,"Turnov","CZ/C2","M",3,13188,"","",null,null,{"$f":"IF(ISERROR(VLOOKUP(B191,'Zebrik W'!$B$7:$L$1002,11,0)),\"\",IF(VLOOKUP(B191,'Zebrik W'!$B$7:$L$1002,11,0)=0,\"--\",VLOOKUP(B191,'Zebrik W'!$B$7:$L$1002,11,0)))","v":""}]
[186,"Ivan Harasta 98",1998,"Toužim","CZ/C1","M",2,13172,"Junior v roce 2020","Junior v roce 2021",null,null,{"$f":"IF(ISERROR(VLOOKUP(B192,'Zebrik W'!$B$7:$L$1002,11,0)),\"\",IF(VLOOKUP(B192,'Zebrik W'!$B$7:$L$1002,11,0)=0,\"--\",VLOOKUP(B192,'Zebrik W'!$B$7:$L$1002,11,0)))","v":""}]
[187,"Ondrej Teichman",1984,"Dvůr Králové","CZ/C2","M",3,13093,"","",null,null,{"$f":"IF(ISERROR(VLOOKUP(B193,'Zebrik W'!$B$7:$L$1002,11,0)),\"\",IF(VLOOKUP(B193,'Zebrik W'!$B$7:$L$1002,11,0)=0,\"--\",VLOOKUP(B193,'Zebrik W'!$B$7:$L$1002,11,0)))","v":""}]
[188,"Martin Valenta",1969,"Toužim","CZ/C1","M",2,13025,"","",null,null,{"$f":"IF(ISERROR(VLOOKUP(B194,'Zebrik W'!$B$7:$L$1002,11,0)),\"\",IF(VLOOKUP(B194,'Zebrik W'!$B$7:$L$1002,11,0)=0,\"--\",VLOOKUP(B194,'Zebrik W'!$B$7:$L$1002,11,0)))","v":""}]
[189,"Tomas Ptacovsky",1981,"Letňany","CZ/C1","M",2,12846,"","",null,null,{"$f":"IF(ISERROR(VLOOKUP(B195,'Zebrik W'!$B$7:$L$1002,11,0)),\"\",IF(VLOOKUP(B195,'Zebrik W'!$B$7:$L$1002,11,0)=0,\"--\",VLOOKUP(B195,'Zebrik W'!$B$7:$L$1002,11,0)))","v":""}]
[190,"Roman Schotli",1970,"Hranice","CZ/M","M",2,12791,"","",null,null,{"$f":"IF(ISERROR(VLOOKUP(B196,'Zebrik W'!$B$7:$L$1002,11,0)),\"\",IF(VLOOKUP(B196,'Zebrik W'!$B$7:$L$1002,11,0)=0,\"--\",VLOOKUP(B196,'Zebrik W'!$B$7:$L$1002,11,0)))","v":""}]
[191,"Jiri Pelucha",1984,"Frýdlant","CZ/M","M",3,12780,"","",null,null,{"$f":"IF(ISERROR(VLOOKUP(B197,'Zebrik W'!$B$7:$L$1002,11,0)),\"\",IF(VLOOKUP(B197,'Zebrik W'!$B$7:$L$1002,11,0)=0,\"--\",VLOOKUP(B197,'Zebrik W'!$B$7:$L$1002,11,0)))","v":""}]
[192,"Filip Vita",2001,"Kroměříž","CZ/M","M",3,12774,"Junior v roce 2020","Junior v roce 2021",null,null,{"$f":"IF(ISERROR(VLOOKUP(B198,'Zebrik W'!$B$7:$L$1002,11,0)),\"\",IF(VLOOKUP(B198,'Zebrik W'!$B$7:$L$1002,11,0)=0,\"--\",VLOOKUP(B198,'Zebrik W'!$B$7:$L$1002,11,0)))","v":""}]
[193,"Jan Oscatka",1990,"Jaroměř","CZ/C2","M",2,12582,"","",null,null,{"$f":"IF(ISERROR(VLOOKUP(B199,'Zebrik W'!$B$7:$L$1002,11,0)),\"\",IF(VLOOKUP(B199,'Zebrik W'!$B$7:$L$1002,11,0)=0,\"--\",VLOOKUP(B199,'Zebrik W'!$B$7:$L$1002,11,0)))","v":""}]
[{"$f":"RANK(H200,H:H)","v":194},"Michal Hemrle",1974,"Česká Lípa","CZ/C2","M",3,12560,"","",null,null,{"$f":"IF(ISERROR(VLOOKUP(B200,'Zebrik W'!$B$7:$L$1002,11,0)),\"\",IF(VLOOKUP(B200,'Zebrik W'!$B$7:$L$1002,11,0)=0,\"--\",VLOOKUP(B200,'Zebrik W'!$B$7:$L$1002,11,0)))","v":""}]
[195,"Jan Rott",1962,"Plasy","CZ/C1","M",3,12454,"","",null,null,{"$f":"IF(ISERROR(VLOOKUP(B201,'Zebrik W'!$B$7:$L$1002,11,0)),\"\",IF(VLOOKUP(B201,'Zebrik W'!$B$7:$L$1002,11,0)=0,\"--\",VLOOKUP(B201,'Zebrik W'!$B$7:$L$1002,11,0)))","v":""}]
[196,"Jaromir Hendrych",1954,"Raná","CZ/C2","M",3,12440,"","",null,null,{"$f":"IF(ISERROR(VLOOKUP(B202,'Zebrik W'!$B$7:$L$1002,11,0)),\"\",IF(VLOOKUP(B202,'Zebrik W'!$B$7:$L$1002,11,0)=0,\"--\",VLOOKUP(B202,'Zebrik W'!$B$7:$L$1002,11,0)))","v":""}]
[197,"Petr Lonsky",1965,"Toužim","CZ/C1","M",3,12422,"","",null,null,{"$f":"IF(ISERROR(VLOOKUP(B203,'Zebrik W'!$B$7:$L$1002,11,0)),\"\",IF(VLOOKUP(B203,'Zebrik W'!$B$7:$L$1002,11,0)=0,\"--\",VLOOKUP(B203,'Zebrik W'!$B$7:$L$1002,11,0)))","v":""}]
[198,"Petr Fisar",1974,"Ústí nad Orlicí","CZ/C2","M",3,12335,"","",null,null,{"$f":"IF(ISERROR(VLOOKUP(B204,'Zebrik W'!$B$7:$L$1002,11,0)),\"\",IF(VLOOKUP(B204,'Zebrik W'!$B$7:$L$1002,11,0)=0,\"--\",VLOOKUP(B204,'Zebrik W'!$B$7:$L$1002,11,0)))","v":""}]
[199,"Martin Stepanek",1987,"Moravská Třebová","CZ/M","M",2,12148,"","",null,null,{"$f":"IF(ISERROR(VLOOKUP(B205,'Zebrik W'!$B$7:$L$1002,11,0)),\"\",IF(VLOOKUP(B205,'Zebrik W'!$B$7:$L$1002,11,0)=0,\"--\",VLOOKUP(B205,'Zebrik W'!$B$7:$L$1002,11,0)))","v":""}]
[200,"Yvona Vyhnankova",1963,"Olomouc","CZ/M","F",3,12144,"","",null,null,{"$f":"IF(ISERROR(VLOOKUP(B206,'Zebrik W'!$B$7:$L$1002,11,0)),\"\",IF(VLOOKUP(B206,'Zebrik W'!$B$7:$L$1002,11,0)=0,\"--\",VLOOKUP(B206,'Zebrik W'!$B$7:$L$1002,11,0)))","v":"--"}]
[201,"Daniel Suchy",1995,"Hranice","CZ/M","M",2,11893,"Junior v roce 2020","",null,null,{"$f":"IF(ISERROR(VLOOKUP(B207,'Zebrik W'!$B$7:$L$1002,11,0)),\"\",IF(VLOOKUP(B207,'Zebrik W'!$B$7:$L$1002,11,0)=0,\"--\",VLOOKUP(B207,'Zebrik W'!$B$7:$L$1002,11,0)))","v":""}]
[202,"Michal Cechmanek",1978,"Luhačovice","CZ/M","M",2,11883,"","",null,null,{"$f":"IF(ISERROR(VLOOKUP(B208,'Zebrik W'!$B$7:$L$1002,11,0)),\"\",IF(VLOOKUP(B208,'Zebrik W'!$B$7:$L$1002,11,0)=0,\"--\",VLOOKUP(B208,'Zebrik W'!$B$7:$L$1002,11,0)))","v":""}]
[203,"Jan Sponer",1988,"Medlánky","CZ/M","M",2,11879,"","",null,null,{"$f":"IF(ISERROR(VLOOKUP(B209,'Zebrik W'!$B$7:$L$1002,11,0)),\"\",IF(VLOOKUP(B209,'Zebrik W'!$B$7:$L$1002,11,0)=0,\"--\",VLOOKUP(B209,'Zebrik W'!$B$7:$L$1002,11,0)))","v":""}]
[204,"Libor Danhel",1966,"Kunovice","CZ/M","M",3,11827,"","",null,null,{"$f":"IF(ISERROR(VLOOKUP(B210,'Zebrik W'!$B$7:$L$1002,11,0)),\"\",IF(VLOOKUP(B210,'Zebrik W'!$B$7:$L$1002,11,0)=0,\"--\",VLOOKUP(B210,'Zebrik W'!$B$7:$L$1002,11,0)))","v":""}]
[205,"Petr Hybner",1951,"Liberec","CZ/C2","M",3,11815,"","",null,null,{"$f":"IF(ISERROR(VLOOKUP(B211,'Zebrik W'!$B$7:$L$1002,11,0)),\"\",IF(VLOOKUP(B211,'Zebrik W'!$B$7:$L$1002,11,0)=0,\"--\",VLOOKUP(B211,'Zebrik W'!$B$7:$L$1002,11,0)))","v":""}]
[206,"Tomas Jung",1950,"Zbraslavice","CZ/C1","M",3,11761,"","",null,null,{"$f":"IF(ISERROR(VLOOKUP(B212,'Zebrik W'!$B$7:$L$1002,11,0)),\"\",IF(VLOOKUP(B212,'Zebrik W'!$B$7:$L$1002,11,0)=0,\"--\",VLOOKUP(B212,'Zebrik W'!$B$7:$L$1002,11,0)))","v":""}]
[207,"Vladimir Hammer",2000,"Klatovy","CZ/C1","M",3,11744,"Junior v roce 2020","Junior v roce 2021",null,null,{"$f":"IF(ISERROR(VLOOKUP(B213,'Zebrik W'!$B$7:$L$1002,11,0)),\"\",IF(VLOOKUP(B213,'Zebrik W'!$B$7:$L$1002,11,0)=0,\"--\",VLOOKUP(B213,'Zebrik W'!$B$7:$L$1002,11,0)))","v":""}]
[208,"Frantisek Myska",1968,"Most","CZ/C2","M",2,11736,"","",null,null,{"$f":"IF(ISERROR(VLOOKUP(B214,'Zebrik W'!$B$7:$L$1002,11,0)),\"\",IF(VLOOKUP(B214,'Zebrik W'!$B$7:$L$1002,11,0)=0,\"--\",VLOOKUP(B214,'Zebrik W'!$B$7:$L$1002,11,0)))","v":""}]
[209,"Tomas Mezera",1973,"Raná","CZ/C2","M",3,11501,"","",null,null,{"$f":"IF(ISERROR(VLOOKUP(B215,'Zebrik W'!$B$7:$L$1002,11,0)),\"\",IF(VLOOKUP(B215,'Zebrik W'!$B$7:$L$1002,11,0)=0,\"--\",VLOOKUP(B215,'Zebrik W'!$B$7:$L$1002,11,0)))","v":""}]
[210,"Michal Cupak",1991,"Medlánky","CZ/M","M",2,11484,"","",null,null,{"$f":"IF(ISERROR(VLOOKUP(B216,'Zebrik W'!$B$7:$L$1002,11,0)),\"\",IF(VLOOKUP(B216,'Zebrik W'!$B$7:$L$1002,11,0)=0,\"--\",VLOOKUP(B216,'Zebrik W'!$B$7:$L$1002,11,0)))","v":""}]
[211,"Pavel Brodsky",1992,"Hořice","CZ/C2","M",2,11460,"","",null,null,{"$f":"IF(ISERROR(VLOOKUP(B217,'Zebrik W'!$B$7:$L$1002,11,0)),\"\",IF(VLOOKUP(B217,'Zebrik W'!$B$7:$L$1002,11,0)=0,\"--\",VLOOKUP(B217,'Zebrik W'!$B$7:$L$1002,11,0)))","v":""}]
[212,"Peter Kaspar",1980,"Vyškov","CZ/M","M",2,11437,"","",null,null,{"$f":"IF(ISERROR(VLOOKUP(B218,'Zebrik W'!$B$7:$L$1002,11,0)),\"\",IF(VLOOKUP(B218,'Zebrik W'!$B$7:$L$1002,11,0)=0,\"--\",VLOOKUP(B218,'Zebrik W'!$B$7:$L$1002,11,0)))","v":""}]
[213,"Tomas Profeld",1964,"Jičín","CZ/C2","M",2,11408,"","",null,null,{"$f":"IF(ISERROR(VLOOKUP(B219,'Zebrik W'!$B$7:$L$1002,11,0)),\"\",IF(VLOOKUP(B219,'Zebrik W'!$B$7:$L$1002,11,0)=0,\"--\",VLOOKUP(B219,'Zebrik W'!$B$7:$L$1002,11,0)))","v":""}]
[214,"Vaclav Svoboda",1970,"Letkov","CZ/C1","M",3,11337,"","",null,null,{"$f":"IF(ISERROR(VLOOKUP(B220,'Zebrik W'!$B$7:$L$1002,11,0)),\"\",IF(VLOOKUP(B220,'Zebrik W'!$B$7:$L$1002,11,0)=0,\"--\",VLOOKUP(B220,'Zebrik W'!$B$7:$L$1002,11,0)))","v":""}]
[215,"Tomas Hlavacek",1984,"Mladá Boleslav","CZ/C1","M",3,11280,"","",null,null,{"$f":"IF(ISERROR(VLOOKUP(B221,'Zebrik W'!$B$7:$L$1002,11,0)),\"\",IF(VLOOKUP(B221,'Zebrik W'!$B$7:$L$1002,11,0)=0,\"--\",VLOOKUP(B221,'Zebrik W'!$B$7:$L$1002,11,0)))","v":""}]
[216,"Matous Schmidt",1981,"Letňany","CZ/C1","M",2,11278,"","",null,null,{"$f":"IF(ISERROR(VLOOKUP(B222,'Zebrik W'!$B$7:$L$1002,11,0)),\"\",IF(VLOOKUP(B222,'Zebrik W'!$B$7:$L$1002,11,0)=0,\"--\",VLOOKUP(B222,'Zebrik W'!$B$7:$L$1002,11,0)))","v":""}]
[217,"Barbora Kubickova",1993,"Medlánky","CZ/M","F",2,11260,"","",null,null,{"$f":"IF(ISERROR(VLOOKUP(B223,'Zebrik W'!$B$7:$L$1002,11,0)),\"\",IF(VLOOKUP(B223,'Zebrik W'!$B$7:$L$1002,11,0)=0,\"--\",VLOOKUP(B223,'Zebrik W'!$B$7:$L$1002,11,0)))","v":"--"}]
[218,"Petr Rozhon",1972,"Hosín","CZ/C1","M",2,11159,"","",null,null,{"$f":"IF(ISERROR(VLOOKUP(B224,'Zebrik W'!$B$7:$L$1002,11,0)),\"\",IF(VLOOKUP(B224,'Zebrik W'!$B$7:$L$1002,11,0)=0,\"--\",VLOOKUP(B224,'Zebrik W'!$B$7:$L$1002,11,0)))","v":""}]
[219,"Petr Kolacek",1965,"Šumperk","CZ/M","M",2,11068,"","",null,null,{"$f":"IF(ISERROR(VLOOKUP(B225,'Zebrik W'!$B$7:$L$1002,11,0)),\"\",IF(VLOOKUP(B225,'Zebrik W'!$B$7:$L$1002,11,0)=0,\"--\",VLOOKUP(B225,'Zebrik W'!$B$7:$L$1002,11,0)))","v":""}]
[220,"Jan Beran",1999,"Kladno","CZ/C1","M",2,11046,"Junior v roce 2020","Junior v roce 2021",null,null,{"$f":"IF(ISERROR(VLOOKUP(B226,'Zebrik W'!$B$7:$L$1002,11,0)),\"\",IF(VLOOKUP(B226,'Zebrik W'!$B$7:$L$1002,11,0)=0,\"--\",VLOOKUP(B226,'Zebrik W'!$B$7:$L$1002,11,0)))","v":""}]
[221,"Lukas Kotek",1994,"Frýdlant","CZ/M","M",3,11033,"","",null,null,{"$f":"IF(ISERROR(VLOOKUP(B227,'Zebrik W'!$B$7:$L$1002,11,0)),\"\",IF(VLOOKUP(B227,'Zebrik W'!$B$7:$L$1002,11,0)=0,\"--\",VLOOKUP(B227,'Zebrik W'!$B$7:$L$1002,11,0)))","v":""}]
[222,"Jan Kotan",1982,"Letňany","CZ/C1","M",2,10995,"","",null,null,{"$f":"IF(ISERROR(VLOOKUP(B228,'Zebrik W'!$B$7:$L$1002,11,0)),\"\",IF(VLOOKUP(B228,'Zebrik W'!$B$7:$L$1002,11,0)=0,\"--\",VLOOKUP(B228,'Zebrik W'!$B$7:$L$1002,11,0)))","v":""}]
[223,"Miroslav Cervenka",1980,"Křižanov","CZ/M","M",2,10865,"","",null,null,{"$f":"IF(ISERROR(VLOOKUP(B229,'Zebrik W'!$B$7:$L$1002,11,0)),\"\",IF(VLOOKUP(B229,'Zebrik W'!$B$7:$L$1002,11,0)=0,\"--\",VLOOKUP(B229,'Zebrik W'!$B$7:$L$1002,11,0)))","v":""}]
[223,"Antonin Pilat",1971,"Vyškov","CZ/M","M",3,10865,"","",null,null,{"$f":"IF(ISERROR(VLOOKUP(B230,'Zebrik W'!$B$7:$L$1002,11,0)),\"\",IF(VLOOKUP(B230,'Zebrik W'!$B$7:$L$1002,11,0)=0,\"--\",VLOOKUP(B230,'Zebrik W'!$B$7:$L$1002,11,0)))","v":""}]
[225,"Vojtech Hajek",1987,"Mladá Boleslav","CZ/C1","M",2,10633,"","",null,null,{"$f":"IF(ISERROR(VLOOKUP(B231,'Zebrik W'!$B$7:$L$1002,11,0)),\"\",IF(VLOOKUP(B231,'Zebrik W'!$B$7:$L$1002,11,0)=0,\"--\",VLOOKUP(B231,'Zebrik W'!$B$7:$L$1002,11,0)))","v":""}]
[226,"Sarka Lochova",1966,"Šumperk","CZ/M","F",3,10604,"","",null,null,{"$f":"IF(ISERROR(VLOOKUP(B232,'Zebrik W'!$B$7:$L$1002,11,0)),\"\",IF(VLOOKUP(B232,'Zebrik W'!$B$7:$L$1002,11,0)=0,\"--\",VLOOKUP(B232,'Zebrik W'!$B$7:$L$1002,11,0)))","v":"--"}]
[227,"Miroslav Stepan",1955,"Žamberk","CZ/C2","M",2,10503,"","",null,null,{"$f":"IF(ISERROR(VLOOKUP(B233,'Zebrik W'!$B$7:$L$1002,11,0)),\"\",IF(VLOOKUP(B233,'Zebrik W'!$B$7:$L$1002,11,0)=0,\"--\",VLOOKUP(B233,'Zebrik W'!$B$7:$L$1002,11,0)))","v":""}]
[228,"Roman Cerny",1971,"Hranice","CZ/M","M",3,10450,"","",null,null,{"$f":"IF(ISERROR(VLOOKUP(B234,'Zebrik W'!$B$7:$L$1002,11,0)),\"\",IF(VLOOKUP(B234,'Zebrik W'!$B$7:$L$1002,11,0)=0,\"--\",VLOOKUP(B234,'Zebrik W'!$B$7:$L$1002,11,0)))","v":""}]
[229,"Pavel Svoboda",1938,"Letňany","CZ/C1","M",2,10322,"","",null,null,{"$f":"IF(ISERROR(VLOOKUP(B235,'Zebrik W'!$B$7:$L$1002,11,0)),\"\",IF(VLOOKUP(B235,'Zebrik W'!$B$7:$L$1002,11,0)=0,\"--\",VLOOKUP(B235,'Zebrik W'!$B$7:$L$1002,11,0)))","v":""}]
[230,"Stanislav Doskocil",1978,"Medlánky","CZ/M","M",3,10260,{"$f":"IF(C236=\"(prázdné)\",\"\",IF(($I$4-C236)>25,\"\",\"Junior v roce \"&$I$4))","v":""},{"$f":"IF(C236=\"(prázdné)\",\"\",IF(($J$4-C236)>25,\"\",\"Junior v roce \"&$J$4))","v":""},null,null,{"$f":"IF(ISERROR(VLOOKUP(B236,'Zebrik W'!$B$7:$L$1002,11,0)),\"\",IF(VLOOKUP(B236,'Zebrik W'!$B$7:$L$1002,11,0)=0,\"--\",VLOOKUP(B236,'Zebrik W'!$B$7:$L$1002,11,0)))","v":""}]
[231,"Oldrich Slavicek",1959,"Hronov","CZ/C2","M",2,10250,"","",null,null,{"$f":"IF(ISERROR(VLOOKUP(B237,'Zebrik W'!$B$7:$L$1002,11,0)),\"\",IF(VLOOKUP(B237,'Zebrik W'!$B$7:$L$1002,11,0)=0,\"--\",VLOOKUP(B237,'Zebrik W'!$B$7:$L$1002,11,0)))","v":""}]
[232,"Vilem Riha",1990,"Letňany","CZ/C1","M",2,10180,"","",null,null,{"$f":"IF(ISERROR(VLOOKUP(B238,'Zebrik W'!$B$7:$L$1002,11,0)),\"\",IF(VLOOKUP(B238,'Zebrik W'!$B$7:$L$1002,11,0)=0,\"--\",VLOOKUP(B238,'Zebrik W'!$B$7:$L$1002,11,0)))","v":""}]
[233,"Lubomir Papezik",1951,"Luhačovice","CZ/M","M",3,10150,"","",null,null,{"$f":"IF(ISERROR(VLOOKUP(B239,'Zebrik W'!$B$7:$L$1002,11,0)),\"\",IF(VLOOKUP(B239,'Zebrik W'!$B$7:$L$1002,11,0)=0,\"--\",VLOOKUP(B239,'Zebrik W'!$B$7:$L$1002,11,0)))","v":""}]
[234,"Rostislav Broz",1968,"Vrchlabí","CZ/C2","M",3,10033,"","",null,null,{"$f":"IF(ISERROR(VLOOKUP(B240,'Zebrik W'!$B$7:$L$1002,11,0)),\"\",IF(VLOOKUP(B240,'Zebrik W'!$B$7:$L$1002,11,0)=0,\"--\",VLOOKUP(B240,'Zebrik W'!$B$7:$L$1002,11,0)))","v":""}]
[235,"Olga Mokosova",1970,"Jihlava","CZ/M","F",3,9967,"","",null,null,{"$f":"IF(ISERROR(VLOOKUP(B241,'Zebrik W'!$B$7:$L$1002,11,0)),\"\",IF(VLOOKUP(B241,'Zebrik W'!$B$7:$L$1002,11,0)=0,\"--\",VLOOKUP(B241,'Zebrik W'!$B$7:$L$1002,11,0)))","v":"--"}]
[236,"Pavel Haluza",1966,"Prostějov","CZ/M","M",3,9926,"","",null,null,{"$f":"IF(ISERROR(VLOOKUP(B242,'Zebrik W'!$B$7:$L$1002,11,0)),\"\",IF(VLOOKUP(B242,'Zebrik W'!$B$7:$L$1002,11,0)=0,\"--\",VLOOKUP(B242,'Zebrik W'!$B$7:$L$1002,11,0)))","v":""}]
[237,"Matej Plch",1987,"Letkov","CZ/C1","M",3,9919,"","",null,null,{"$f":"IF(ISERROR(VLOOKUP(B243,'Zebrik W'!$B$7:$L$1002,11,0)),\"\",IF(VLOOKUP(B243,'Zebrik W'!$B$7:$L$1002,11,0)=0,\"--\",VLOOKUP(B243,'Zebrik W'!$B$7:$L$1002,11,0)))","v":""}]
[238,"Jiri Klicnar",1965,"Medlánky","CZ/M","M",2,9861,"","",null,null,{"$f":"IF(ISERROR(VLOOKUP(B244,'Zebrik W'!$B$7:$L$1002,11,0)),\"\",IF(VLOOKUP(B244,'Zebrik W'!$B$7:$L$1002,11,0)=0,\"--\",VLOOKUP(B244,'Zebrik W'!$B$7:$L$1002,11,0)))","v":""}]
[239,"Jan Kostka",1996,"Kladno","CZ/C1","M",2,9858,"Junior v roce 2020","Junior v roce 2021",null,null,{"$f":"IF(ISERROR(VLOOKUP(B245,'Zebrik W'!$B$7:$L$1002,11,0)),\"\",IF(VLOOKUP(B245,'Zebrik W'!$B$7:$L$1002,11,0)=0,\"--\",VLOOKUP(B245,'Zebrik W'!$B$7:$L$1002,11,0)))","v":""}]
[240,"David Popovsky",1976,"Rakovník","CZ/C1","M",2,9720,"","",null,null,{"$f":"IF(ISERROR(VLOOKUP(B246,'Zebrik W'!$B$7:$L$1002,11,0)),\"\",IF(VLOOKUP(B246,'Zebrik W'!$B$7:$L$1002,11,0)=0,\"--\",VLOOKUP(B246,'Zebrik W'!$B$7:$L$1002,11,0)))","v":""}]
[241,"Jan Matejovsky",1972,"Hranice","CZ/M","M",3,9705,"","",null,null,{"$f":"IF(ISERROR(VLOOKUP(B247,'Zebrik W'!$B$7:$L$1002,11,0)),\"\",IF(VLOOKUP(B247,'Zebrik W'!$B$7:$L$1002,11,0)=0,\"--\",VLOOKUP(B247,'Zebrik W'!$B$7:$L$1002,11,0)))","v":""}]
[242,"Josef Kreutzer",1992,"Letkov","CZ/C1","M",2,9631,"","",null,null,{"$f":"IF(ISERROR(VLOOKUP(B248,'Zebrik W'!$B$7:$L$1002,11,0)),\"\",IF(VLOOKUP(B248,'Zebrik W'!$B$7:$L$1002,11,0)=0,\"--\",VLOOKUP(B248,'Zebrik W'!$B$7:$L$1002,11,0)))","v":""}]
[243,"Michael Fik",1972,"Strakonice","CZ/C1","M",2,9573,"","",null,null,{"$f":"IF(ISERROR(VLOOKUP(B249,'Zebrik W'!$B$7:$L$1002,11,0)),\"\",IF(VLOOKUP(B249,'Zebrik W'!$B$7:$L$1002,11,0)=0,\"--\",VLOOKUP(B249,'Zebrik W'!$B$7:$L$1002,11,0)))","v":""}]
[244,"Jaroslav Hot",1965,"Toužim","CZ/C1","M",2,9495,"","",null,null,{"$f":"IF(ISERROR(VLOOKUP(B250,'Zebrik W'!$B$7:$L$1002,11,0)),\"\",IF(VLOOKUP(B250,'Zebrik W'!$B$7:$L$1002,11,0)=0,\"--\",VLOOKUP(B250,'Zebrik W'!$B$7:$L$1002,11,0)))","v":""}]
[245,"Jiri Vavrina",1958,"Kyjov","CZ/M","M",2,9491,"","",null,null,{"$f":"IF(ISERROR(VLOOKUP(B251,'Zebrik W'!$B$7:$L$1002,11,0)),\"\",IF(VLOOKUP(B251,'Zebrik W'!$B$7:$L$1002,11,0)=0,\"--\",VLOOKUP(B251,'Zebrik W'!$B$7:$L$1002,11,0)))","v":""}]
[246,"Vladimir Jirka",1965,"Zábřeh","CZ/M","M",2,9440,"","",null,null,{"$f":"IF(ISERROR(VLOOKUP(B252,'Zebrik W'!$B$7:$L$1002,11,0)),\"\",IF(VLOOKUP(B252,'Zebrik W'!$B$7:$L$1002,11,0)=0,\"--\",VLOOKUP(B252,'Zebrik W'!$B$7:$L$1002,11,0)))","v":""}]
[247,"Karel Policky",1950,"Kolín","CZ/C1","M",3,9419,"","",null,null,{"$f":"IF(ISERROR(VLOOKUP(B253,'Zebrik W'!$B$7:$L$1002,11,0)),\"\",IF(VLOOKUP(B253,'Zebrik W'!$B$7:$L$1002,11,0)=0,\"--\",VLOOKUP(B253,'Zebrik W'!$B$7:$L$1002,11,0)))","v":""}]
[248,"Slavomir Tanglmajer",1966,"Chomutov","CZ/C2","M",3,9284,"","",null,null,{"$f":"IF(ISERROR(VLOOKUP(B254,'Zebrik W'!$B$7:$L$1002,11,0)),\"\",IF(VLOOKUP(B254,'Zebrik W'!$B$7:$L$1002,11,0)=0,\"--\",VLOOKUP(B254,'Zebrik W'!$B$7:$L$1002,11,0)))","v":""}]
[249,"Petr Havrlant",1965,"Šumperk","CZ/M","M",2,9266,"","",null,null,{"$f":"IF(ISERROR(VLOOKUP(B255,'Zebrik W'!$B$7:$L$1002,11,0)),\"\",IF(VLOOKUP(B255,'Zebrik W'!$B$7:$L$1002,11,0)=0,\"--\",VLOOKUP(B255,'Zebrik W'!$B$7:$L$1002,11,0)))","v":""}]
[250,"Jarmila Zatykova",1959,"Kralupy","CZ/C1","F",3,9171,"","",null,null,{"$f":"IF(ISERROR(VLOOKUP(B256,'Zebrik W'!$B$7:$L$1002,11,0)),\"\",IF(VLOOKUP(B256,'Zebrik W'!$B$7:$L$1002,11,0)=0,\"--\",VLOOKUP(B256,'Zebrik W'!$B$7:$L$1002,11,0)))","v":"--"}]
[251,"Antonin Kutalek",1943,"Zábřeh","CZ/M","M",3,9139,"","",null,null,{"$f":"IF(ISERROR(VLOOKUP(B257,'Zebrik W'!$B$7:$L$1002,11,0)),\"\",IF(VLOOKUP(B257,'Zebrik W'!$B$7:$L$1002,11,0)=0,\"--\",VLOOKUP(B257,'Zebrik W'!$B$7:$L$1002,11,0)))","v":""}]
[252,"David Tejnora",1982,"Kolín","CZ/C1","M",2,9109,"","",null,null,{"$f":"IF(ISERROR(VLOOKUP(B258,'Zebrik W'!$B$7:$L$1002,11,0)),\"\",IF(VLOOKUP(B258,'Zebrik W'!$B$7:$L$1002,11,0)=0,\"--\",VLOOKUP(B258,'Zebrik W'!$B$7:$L$1002,11,0)))","v":""}]
[253,"Petr Setka",1971,"Letkov","CZ/C1","M",1,9050,"","",null,null,{"$f":"IF(ISERROR(VLOOKUP(B259,'Zebrik W'!$B$7:$L$1002,11,0)),\"\",IF(VLOOKUP(B259,'Zebrik W'!$B$7:$L$1002,11,0)=0,\"--\",VLOOKUP(B259,'Zebrik W'!$B$7:$L$1002,11,0)))","v":""}]
[254,"Karel Horalek",1976,"Olomouc","CZ/M","M",2,8955,"","",null,null,{"$f":"IF(ISERROR(VLOOKUP(B260,'Zebrik W'!$B$7:$L$1002,11,0)),\"\",IF(VLOOKUP(B260,'Zebrik W'!$B$7:$L$1002,11,0)=0,\"--\",VLOOKUP(B260,'Zebrik W'!$B$7:$L$1002,11,0)))","v":""}]
[255,"Martin Suchy",1969,"Hranice","CZ/M","M",3,8893,"","",null,null,{"$f":"IF(ISERROR(VLOOKUP(B261,'Zebrik W'!$B$7:$L$1002,11,0)),\"\",IF(VLOOKUP(B261,'Zebrik W'!$B$7:$L$1002,11,0)=0,\"--\",VLOOKUP(B261,'Zebrik W'!$B$7:$L$1002,11,0)))","v":""}]
[256,"Michaela Krizova",2001,"Přibyslav","CZ/C2","F",2,8838,"Junior v roce 2020","Junior v roce 2021",null,null,{"$f":"IF(ISERROR(VLOOKUP(B262,'Zebrik W'!$B$7:$L$1002,11,0)),\"\",IF(VLOOKUP(B262,'Zebrik W'!$B$7:$L$1002,11,0)=0,\"--\",VLOOKUP(B262,'Zebrik W'!$B$7:$L$1002,11,0)))","v":"--"}]
[257,"Vaclav Petru",1974,"Letňany","CZ/C1","M",2,8738,"","",null,null,{"$f":"IF(ISERROR(VLOOKUP(B263,'Zebrik W'!$B$7:$L$1002,11,0)),\"\",IF(VLOOKUP(B263,'Zebrik W'!$B$7:$L$1002,11,0)=0,\"--\",VLOOKUP(B263,'Zebrik W'!$B$7:$L$1002,11,0)))","v":""}]
[{"$f":"RANK(H264,H:H)","v":258},"Frantisek Marek",1960,"Křižanov","CZ/M","M",1,8703,"","",null,null,{"$f":"IF(ISERROR(VLOOKUP(B264,'Zebrik W'!$B$7:$L$1002,11,0)),\"\",IF(VLOOKUP(B264,'Zebrik W'!$B$7:$L$1002,11,0)=0,\"--\",VLOOKUP(B264,'Zebrik W'!$B$7:$L$1002,11,0)))","v":""}]
[259,"Richard Vlcek",1993,"Kunovice","CZ/M","M",1,8654,"","",null,null,{"$f":"IF(ISERROR(VLOOKUP(B265,'Zebrik W'!$B$7:$L$1002,11,0)),\"\",IF(VLOOKUP(B265,'Zebrik W'!$B$7:$L$1002,11,0)=0,\"--\",VLOOKUP(B265,'Zebrik W'!$B$7:$L$1002,11,0)))","v":""}]
[260,"Michal Navratil",1985,"Křižanov","CZ/M","M",1,8627,"","",null,null,{"$f":"IF(ISERROR(VLOOKUP(B266,'Zebrik W'!$B$7:$L$1002,11,0)),\"\",IF(VLOOKUP(B266,'Zebrik W'!$B$7:$L$1002,11,0)=0,\"--\",VLOOKUP(B266,'Zebrik W'!$B$7:$L$1002,11,0)))","v":""}]
[261,"Martin Soucek",1975,"Mladá Boleslav","CZ/C1","M",2,8548,"","",null,null,{"$f":"IF(ISERROR(VLOOKUP(B267,'Zebrik W'!$B$7:$L$1002,11,0)),\"\",IF(VLOOKUP(B267,'Zebrik W'!$B$7:$L$1002,11,0)=0,\"--\",VLOOKUP(B267,'Zebrik W'!$B$7:$L$1002,11,0)))","v":""}]
[262,"Martin Markl",1960,"Kolín","CZ/C1","M",3,8541,"","",null,null,{"$f":"IF(ISERROR(VLOOKUP(B268,'Zebrik W'!$B$7:$L$1002,11,0)),\"\",IF(VLOOKUP(B268,'Zebrik W'!$B$7:$L$1002,11,0)=0,\"--\",VLOOKUP(B268,'Zebrik W'!$B$7:$L$1002,11,0)))","v":""}]
[263,"Michal Coufal",1999,"Jičín","CZ/C2","M",2,8491,"Junior v roce 2020","Junior v roce 2021",null,null,{"$f":"IF(ISERROR(VLOOKUP(B269,'Zebrik W'!$B$7:$L$1002,11,0)),\"\",IF(VLOOKUP(B269,'Zebrik W'!$B$7:$L$1002,11,0)=0,\"--\",VLOOKUP(B269,'Zebrik W'!$B$7:$L$1002,11,0)))","v":""}]
[264,"Petr Vodicka",1965,"Jaroměř","CZ/C2","M",1,8473,"","",null,null,{"$f":"IF(ISERROR(VLOOKUP(B270,'Zebrik W'!$B$7:$L$1002,11,0)),\"\",IF(VLOOKUP(B270,'Zebrik W'!$B$7:$L$1002,11,0)=0,\"--\",VLOOKUP(B270,'Zebrik W'!$B$7:$L$1002,11,0)))","v":""}]
[265,"Jiri Dockal",1982,"Letňany","CZ/C1","M",2,8454,"","",null,null,{"$f":"IF(ISERROR(VLOOKUP(B271,'Zebrik W'!$B$7:$L$1002,11,0)),\"\",IF(VLOOKUP(B271,'Zebrik W'!$B$7:$L$1002,11,0)=0,\"--\",VLOOKUP(B271,'Zebrik W'!$B$7:$L$1002,11,0)))","v":""}]
[266,"Miloslav Cindr",1974,"Ústí nad Orlicí","CZ/C2","M",3,8201,"","",null,null,{"$f":"IF(ISERROR(VLOOKUP(B272,'Zebrik W'!$B$7:$L$1002,11,0)),\"\",IF(VLOOKUP(B272,'Zebrik W'!$B$7:$L$1002,11,0)=0,\"--\",VLOOKUP(B272,'Zebrik W'!$B$7:$L$1002,11,0)))","v":""}]
[267,"Petr Malcek",1965,"Letňany","CZ/C1","M",3,8169,"","",null,null,{"$f":"IF(ISERROR(VLOOKUP(B273,'Zebrik W'!$B$7:$L$1002,11,0)),\"\",IF(VLOOKUP(B273,'Zebrik W'!$B$7:$L$1002,11,0)=0,\"--\",VLOOKUP(B273,'Zebrik W'!$B$7:$L$1002,11,0)))","v":""}]
[268,"Jan Pokluda",1973,"Šumperk","CZ/M","M",2,8108,"","",null,null,{"$f":"IF(ISERROR(VLOOKUP(B274,'Zebrik W'!$B$7:$L$1002,11,0)),\"\",IF(VLOOKUP(B274,'Zebrik W'!$B$7:$L$1002,11,0)=0,\"--\",VLOOKUP(B274,'Zebrik W'!$B$7:$L$1002,11,0)))","v":""}]
[269,"Vaclav Sehnal",1962,"Kolín","CZ/C1","M",2,8094,"","",null,null,{"$f":"IF(ISERROR(VLOOKUP(B275,'Zebrik W'!$B$7:$L$1002,11,0)),\"\",IF(VLOOKUP(B275,'Zebrik W'!$B$7:$L$1002,11,0)=0,\"--\",VLOOKUP(B275,'Zebrik W'!$B$7:$L$1002,11,0)))","v":""}]
[270,"Jiri Maier 66",1966,"Raná","CZ/C2","M",2,8047,"","",null,null,{"$f":"IF(ISERROR(VLOOKUP(B276,'Zebrik W'!$B$7:$L$1002,11,0)),\"\",IF(VLOOKUP(B276,'Zebrik W'!$B$7:$L$1002,11,0)=0,\"--\",VLOOKUP(B276,'Zebrik W'!$B$7:$L$1002,11,0)))","v":""}]
[271,"Sabina Vitova",1998,"Kroměříž","CZ/M","F",3,8009,"Junior v roce 2020","Junior v roce 2021",null,null,{"$f":"IF(ISERROR(VLOOKUP(B277,'Zebrik W'!$B$7:$L$1002,11,0)),\"\",IF(VLOOKUP(B277,'Zebrik W'!$B$7:$L$1002,11,0)=0,\"--\",VLOOKUP(B277,'Zebrik W'!$B$7:$L$1002,11,0)))","v":"--"}]
[272,"Tomas Seifert",1972,"Raná","CZ/C2","M",2,7972,"","",null,null,{"$f":"IF(ISERROR(VLOOKUP(B278,'Zebrik W'!$B$7:$L$1002,11,0)),\"\",IF(VLOOKUP(B278,'Zebrik W'!$B$7:$L$1002,11,0)=0,\"--\",VLOOKUP(B278,'Zebrik W'!$B$7:$L$1002,11,0)))","v":""}]
[273,"Jiri Hula",1973,"Slaný","CZ/C1","M",2,7942,"","",null,null,{"$f":"IF(ISERROR(VLOOKUP(B279,'Zebrik W'!$B$7:$L$1002,11,0)),\"\",IF(VLOOKUP(B279,'Zebrik W'!$B$7:$L$1002,11,0)=0,\"--\",VLOOKUP(B279,'Zebrik W'!$B$7:$L$1002,11,0)))","v":""}]
[274,"David Rozporka",1994,"Hronov","CZ/C2","M",2,7908,"","",null,null,{"$f":"IF(ISERROR(VLOOKUP(B280,'Zebrik W'!$B$7:$L$1002,11,0)),\"\",IF(VLOOKUP(B280,'Zebrik W'!$B$7:$L$1002,11,0)=0,\"--\",VLOOKUP(B280,'Zebrik W'!$B$7:$L$1002,11,0)))","v":""}]
[275,"Petr Rygl",1966,"Jičín","CZ/C2","M",2,7856,"","",null,null,{"$f":"IF(ISERROR(VLOOKUP(B281,'Zebrik W'!$B$7:$L$1002,11,0)),\"\",IF(VLOOKUP(B281,'Zebrik W'!$B$7:$L$1002,11,0)=0,\"--\",VLOOKUP(B281,'Zebrik W'!$B$7:$L$1002,11,0)))","v":""}]
[276,"Jan Kristof",1962,"Frýdlant","CZ/M","M",3,7802,"","",null,null,{"$f":"IF(ISERROR(VLOOKUP(B282,'Zebrik W'!$B$7:$L$1002,11,0)),\"\",IF(VLOOKUP(B282,'Zebrik W'!$B$7:$L$1002,11,0)=0,\"--\",VLOOKUP(B282,'Zebrik W'!$B$7:$L$1002,11,0)))","v":""}]
[277,"Jiri Maier 99",1999,"Raná","CZ/C2","M",2,7746,"Junior v roce 2020","Junior v roce 2021",null,null,{"$f":"IF(ISERROR(VLOOKUP(B283,'Zebrik W'!$B$7:$L$1002,11,0)),\"\",IF(VLOOKUP(B283,'Zebrik W'!$B$7:$L$1002,11,0)=0,\"--\",VLOOKUP(B283,'Zebrik W'!$B$7:$L$1002,11,0)))","v":""}]
[278,"Jan Hlavacek",1965,"Rakovník","CZ/C1","M",1,7707,"","",null,null,{"$f":"IF(ISERROR(VLOOKUP(B284,'Zebrik W'!$B$7:$L$1002,11,0)),\"\",IF(VLOOKUP(B284,'Zebrik W'!$B$7:$L$1002,11,0)=0,\"--\",VLOOKUP(B284,'Zebrik W'!$B$7:$L$1002,11,0)))","v":""}]
[279,"Carsten Tietz",1966,"Hronov","CZ/C2","M",2,7670,"","",null,null,{"$f":"IF(ISERROR(VLOOKUP(B285,'Zebrik W'!$B$7:$L$1002,11,0)),\"\",IF(VLOOKUP(B285,'Zebrik W'!$B$7:$L$1002,11,0)=0,\"--\",VLOOKUP(B285,'Zebrik W'!$B$7:$L$1002,11,0)))","v":""}]
[280,"Juraj Dudas",1990,"Křižanov","CZ/M","M",1,7621,"","",null,null,{"$f":"IF(ISERROR(VLOOKUP(B286,'Zebrik W'!$B$7:$L$1002,11,0)),\"\",IF(VLOOKUP(B286,'Zebrik W'!$B$7:$L$1002,11,0)=0,\"--\",VLOOKUP(B286,'Zebrik W'!$B$7:$L$1002,11,0)))","v":""}]
[281,"Jan Mareth",1979,"Frýdlant","CZ/M","M",2,7569,"","",null,null,{"$f":"IF(ISERROR(VLOOKUP(B287,'Zebrik W'!$B$7:$L$1002,11,0)),\"\",IF(VLOOKUP(B287,'Zebrik W'!$B$7:$L$1002,11,0)=0,\"--\",VLOOKUP(B287,'Zebrik W'!$B$7:$L$1002,11,0)))","v":""}]
[282,"Jana Mezerova",1975,"Raná","CZ/C2","F",3,7516,"","",null,null,{"$f":"IF(ISERROR(VLOOKUP(B288,'Zebrik W'!$B$7:$L$1002,11,0)),\"\",IF(VLOOKUP(B288,'Zebrik W'!$B$7:$L$1002,11,0)=0,\"--\",VLOOKUP(B288,'Zebrik W'!$B$7:$L$1002,11,0)))","v":"--"}]
[283,"Jiri Slouka",1967,"Medlánky","CZ/M","M",2,7446,"","",null,null,{"$f":"IF(ISERROR(VLOOKUP(B289,'Zebrik W'!$B$7:$L$1002,11,0)),\"\",IF(VLOOKUP(B289,'Zebrik W'!$B$7:$L$1002,11,0)=0,\"--\",VLOOKUP(B289,'Zebrik W'!$B$7:$L$1002,11,0)))","v":""}]
[284,"Kristina Santruckova",1996,"Podhořany","CZ/C2","F",3,7437,"Junior v roce 2020","Junior v roce 2021",null,null,{"$f":"IF(ISERROR(VLOOKUP(B290,'Zebrik W'!$B$7:$L$1002,11,0)),\"\",IF(VLOOKUP(B290,'Zebrik W'!$B$7:$L$1002,11,0)=0,\"--\",VLOOKUP(B290,'Zebrik W'!$B$7:$L$1002,11,0)))","v":"--"}]
[285,"Vladimir Spilka",1940,"Hranice","CZ/M","M",3,7435,"","",null,null,{"$f":"IF(ISERROR(VLOOKUP(B291,'Zebrik W'!$B$7:$L$1002,11,0)),\"\",IF(VLOOKUP(B291,'Zebrik W'!$B$7:$L$1002,11,0)=0,\"--\",VLOOKUP(B291,'Zebrik W'!$B$7:$L$1002,11,0)))","v":""}]
[286,"Roman Stoklasa",1984,"Medlánky","CZ/M","M",1,7364,"","",null,null,{"$f":"IF(ISERROR(VLOOKUP(B292,'Zebrik W'!$B$7:$L$1002,11,0)),\"\",IF(VLOOKUP(B292,'Zebrik W'!$B$7:$L$1002,11,0)=0,\"--\",VLOOKUP(B292,'Zebrik W'!$B$7:$L$1002,11,0)))","v":""}]
[287,"Tereza Novakova",1993,"Chrudim","CZ/C2","F",3,7350,"","",null,null,{"$f":"IF(ISERROR(VLOOKUP(B293,'Zebrik W'!$B$7:$L$1002,11,0)),\"\",IF(VLOOKUP(B293,'Zebrik W'!$B$7:$L$1002,11,0)=0,\"--\",VLOOKUP(B293,'Zebrik W'!$B$7:$L$1002,11,0)))","v":"--"}]
[288,"Frantisek Kriz",1961,"Toužim","CZ/C1","M",2,7346,"","",null,null,{"$f":"IF(ISERROR(VLOOKUP(B294,'Zebrik W'!$B$7:$L$1002,11,0)),\"\",IF(VLOOKUP(B294,'Zebrik W'!$B$7:$L$1002,11,0)=0,\"--\",VLOOKUP(B294,'Zebrik W'!$B$7:$L$1002,11,0)))","v":""}]
[289,"Petr Doubek",1974,"Kralupy","CZ/C1","M",2,7327,"","",null,null,{"$f":"IF(ISERROR(VLOOKUP(B295,'Zebrik W'!$B$7:$L$1002,11,0)),\"\",IF(VLOOKUP(B295,'Zebrik W'!$B$7:$L$1002,11,0)=0,\"--\",VLOOKUP(B295,'Zebrik W'!$B$7:$L$1002,11,0)))","v":""}]
[290,"Petr Kolomaznik",1981,"Šumperk","CZ/M","M",1,7221,"","",null,null,{"$f":"IF(ISERROR(VLOOKUP(B296,'Zebrik W'!$B$7:$L$1002,11,0)),\"\",IF(VLOOKUP(B296,'Zebrik W'!$B$7:$L$1002,11,0)=0,\"--\",VLOOKUP(B296,'Zebrik W'!$B$7:$L$1002,11,0)))","v":""}]
[291,"Radek Tobolka",1977,"Jičín","CZ/C2","M",2,7196,"","",null,null,{"$f":"IF(ISERROR(VLOOKUP(B297,'Zebrik W'!$B$7:$L$1002,11,0)),\"\",IF(VLOOKUP(B297,'Zebrik W'!$B$7:$L$1002,11,0)=0,\"--\",VLOOKUP(B297,'Zebrik W'!$B$7:$L$1002,11,0)))","v":""}]
[292,"Lubomir Doupal",1975,"Kroměříž","CZ/M","M",3,7173,"","",null,null,{"$f":"IF(ISERROR(VLOOKUP(B298,'Zebrik W'!$B$7:$L$1002,11,0)),\"\",IF(VLOOKUP(B298,'Zebrik W'!$B$7:$L$1002,11,0)=0,\"--\",VLOOKUP(B298,'Zebrik W'!$B$7:$L$1002,11,0)))","v":""}]
[293,"Lubor Zeleny",1957,"Přibyslav","CZ/C2","M",1,7086,"","",null,null,{"$f":"IF(ISERROR(VLOOKUP(B299,'Zebrik W'!$B$7:$L$1002,11,0)),\"\",IF(VLOOKUP(B299,'Zebrik W'!$B$7:$L$1002,11,0)=0,\"--\",VLOOKUP(B299,'Zebrik W'!$B$7:$L$1002,11,0)))","v":""}]
[294,"Daniel Dvorak",1980,"Letkov","CZ/C1","M",1,6951,{"$f":"IF(C300=\"(prázdné)\",\"\",IF(($I$4-C300)>25,\"\",\"Junior v roce \"&$I$4))","v":""},{"$f":"IF(C300=\"(prázdné)\",\"\",IF(($J$4-C300)>25,\"\",\"Junior v roce \"&$J$4))","v":""},null,null,{"$f":"IF(ISERROR(VLOOKUP(B300,'Zebrik W'!$B$7:$L$1002,11,0)),\"\",IF(VLOOKUP(B300,'Zebrik W'!$B$7:$L$1002,11,0)=0,\"--\",VLOOKUP(B300,'Zebrik W'!$B$7:$L$1002,11,0)))","v":""}]
[295,"Tomas Ditrt",1969,"Podhořany","CZ/C2","M",3,6918,"","",null,null,{"$f":"IF(ISERROR(VLOOKUP(B301,'Zebrik W'!$B$7:$L$1002,11,0)),\"\",IF(VLOOKUP(B301,'Zebrik W'!$B$7:$L$1002,11,0)=0,\"--\",VLOOKUP(B301,'Zebrik W'!$B$7:$L$1002,11,0)))","v":""}]
[296,"Josef Andrasovsky",1954,"Jaroměř","CZ/C2","M",2,6858,"","",null,null,{"$f":"IF(ISERROR(VLOOKUP(B302,'Zebrik W'!$B$7:$L$1002,11,0)),\"\",IF(VLOOKUP(B302,'Zebrik W'!$B$7:$L$1002,11,0)=0,\"--\",VLOOKUP(B302,'Zebrik W'!$B$7:$L$1002,11,0)))","v":""}]
[297,"Krystof Mimra",1992,"Most","CZ/C2","M",2,6729,"","",null,null,{"$f":"IF(ISERROR(VLOOKUP(B303,'Zebrik W'!$B$7:$L$1002,11,0)),\"\",IF(VLOOKUP(B303,'Zebrik W'!$B$7:$L$1002,11,0)=0,\"--\",VLOOKUP(B303,'Zebrik W'!$B$7:$L$1002,11,0)))","v":""}]
[298,"Oldrich Hlavacek",1973,"Medlánky","CZ/M","M",2,6680,"","",null,null,{"$f":"IF(ISERROR(VLOOKUP(B304,'Zebrik W'!$B$7:$L$1002,11,0)),\"\",IF(VLOOKUP(B304,'Zebrik W'!$B$7:$L$1002,11,0)=0,\"--\",VLOOKUP(B304,'Zebrik W'!$B$7:$L$1002,11,0)))","v":""}]
[299,"Miroslav Mancik",1976,"Kyjov","CZ/M","M",2,6621,"","",null,null,{"$f":"IF(ISERROR(VLOOKUP(B305,'Zebrik W'!$B$7:$L$1002,11,0)),\"\",IF(VLOOKUP(B305,'Zebrik W'!$B$7:$L$1002,11,0)=0,\"--\",VLOOKUP(B305,'Zebrik W'!$B$7:$L$1002,11,0)))","v":""}]
[300,"Jiri Pajer",1977,"Zbraslavice","CZ/C1","M",1,6602,"","",null,null,{"$f":"IF(ISERROR(VLOOKUP(B306,'Zebrik W'!$B$7:$L$1002,11,0)),\"\",IF(VLOOKUP(B306,'Zebrik W'!$B$7:$L$1002,11,0)=0,\"--\",VLOOKUP(B306,'Zebrik W'!$B$7:$L$1002,11,0)))","v":""}]
[301,"Jiri Cincera",1966,"Toužim","CZ/C1","M",2,6569,"","",null,null,{"$f":"IF(ISERROR(VLOOKUP(B307,'Zebrik W'!$B$7:$L$1002,11,0)),\"\",IF(VLOOKUP(B307,'Zebrik W'!$B$7:$L$1002,11,0)=0,\"--\",VLOOKUP(B307,'Zebrik W'!$B$7:$L$1002,11,0)))","v":""}]
[302,"Karel Kotlan",1957,"Medlánky","CZ/M","M",2,6544,"","",null,null,{"$f":"IF(ISERROR(VLOOKUP(B308,'Zebrik W'!$B$7:$L$1002,11,0)),\"\",IF(VLOOKUP(B308,'Zebrik W'!$B$7:$L$1002,11,0)=0,\"--\",VLOOKUP(B308,'Zebrik W'!$B$7:$L$1002,11,0)))","v":""}]
[303,"Dusan Gadas",1960,"Hranice","CZ/M","M",1,6510,"","",null,null,{"$f":"IF(ISERROR(VLOOKUP(B309,'Zebrik W'!$B$7:$L$1002,11,0)),\"\",IF(VLOOKUP(B309,'Zebrik W'!$B$7:$L$1002,11,0)=0,\"--\",VLOOKUP(B309,'Zebrik W'!$B$7:$L$1002,11,0)))","v":""}]
[304,"Petr Brezina",1963,"Frýdlant","CZ/M","M",2,6508,"","",null,null,{"$f":"IF(ISERROR(VLOOKUP(B310,'Zebrik W'!$B$7:$L$1002,11,0)),\"\",IF(VLOOKUP(B310,'Zebrik W'!$B$7:$L$1002,11,0)=0,\"--\",VLOOKUP(B310,'Zebrik W'!$B$7:$L$1002,11,0)))","v":""}]
[305,"Petr Rajda",1970,"Křižanov","CZ/M","M",1,6480,"","",null,null,{"$f":"IF(ISERROR(VLOOKUP(B311,'Zebrik W'!$B$7:$L$1002,11,0)),\"\",IF(VLOOKUP(B311,'Zebrik W'!$B$7:$L$1002,11,0)=0,\"--\",VLOOKUP(B311,'Zebrik W'!$B$7:$L$1002,11,0)))","v":""}]
[306,"Frantisek Pycha",1972,"Chrudim","CZ/C2","M",1,6452,"","",null,null,{"$f":"IF(ISERROR(VLOOKUP(B312,'Zebrik W'!$B$7:$L$1002,11,0)),\"\",IF(VLOOKUP(B312,'Zebrik W'!$B$7:$L$1002,11,0)=0,\"--\",VLOOKUP(B312,'Zebrik W'!$B$7:$L$1002,11,0)))","v":""}]
[307,"Radek Hybl",1980,"Šumperk","CZ/M","M",1,6300,"","",null,null,{"$f":"IF(ISERROR(VLOOKUP(B313,'Zebrik W'!$B$7:$L$1002,11,0)),\"\",IF(VLOOKUP(B313,'Zebrik W'!$B$7:$L$1002,11,0)=0,\"--\",VLOOKUP(B313,'Zebrik W'!$B$7:$L$1002,11,0)))","v":""}]
[308,"Tomas Malik",1972,"Letňany","CZ/C1","M",1,6261,"","",null,null,{"$f":"IF(ISERROR(VLOOKUP(B314,'Zebrik W'!$B$7:$L$1002,11,0)),\"\",IF(VLOOKUP(B314,'Zebrik W'!$B$7:$L$1002,11,0)=0,\"--\",VLOOKUP(B314,'Zebrik W'!$B$7:$L$1002,11,0)))","v":""}]
[309,"Miroslav Kudlacek",1986,"Polička","CZ/C2","M",1,6253,"","",null,null,{"$f":"IF(ISERROR(VLOOKUP(B315,'Zebrik W'!$B$7:$L$1002,11,0)),\"\",IF(VLOOKUP(B315,'Zebrik W'!$B$7:$L$1002,11,0)=0,\"--\",VLOOKUP(B315,'Zebrik W'!$B$7:$L$1002,11,0)))","v":""}]
[310,"Martin Chovan",1973,"Zbraslavice","CZ/C1","M",1,6113,"","",null,null,{"$f":"IF(ISERROR(VLOOKUP(B316,'Zebrik W'!$B$7:$L$1002,11,0)),\"\",IF(VLOOKUP(B316,'Zebrik W'!$B$7:$L$1002,11,0)=0,\"--\",VLOOKUP(B316,'Zebrik W'!$B$7:$L$1002,11,0)))","v":""}]
[311,"Jan Zanda",1983,"Letkov","CZ/C1","M",2,6102,"","",null,null,{"$f":"IF(ISERROR(VLOOKUP(B317,'Zebrik W'!$B$7:$L$1002,11,0)),\"\",IF(VLOOKUP(B317,'Zebrik W'!$B$7:$L$1002,11,0)=0,\"--\",VLOOKUP(B317,'Zebrik W'!$B$7:$L$1002,11,0)))","v":""}]
[312,"Karel Ertl",1939,"LK Břeclav","CZ/M","M",3,6058,"","",null,null,{"$f":"IF(ISERROR(VLOOKUP(B318,'Zebrik W'!$B$7:$L$1002,11,0)),\"\",IF(VLOOKUP(B318,'Zebrik W'!$B$7:$L$1002,11,0)=0,\"--\",VLOOKUP(B318,'Zebrik W'!$B$7:$L$1002,11,0)))","v":""}]
[313,"Pavel Koudelka",1973,"Křižanov","CZ/M","M",1,6028,"","",null,null,{"$f":"IF(ISERROR(VLOOKUP(B319,'Zebrik W'!$B$7:$L$1002,11,0)),\"\",IF(VLOOKUP(B319,'Zebrik W'!$B$7:$L$1002,11,0)=0,\"--\",VLOOKUP(B319,'Zebrik W'!$B$7:$L$1002,11,0)))","v":""}]
[314,"Milan Svoboda 34",1934,"Letkov","CZ/C1","M",1,6000,"","",null,null,{"$f":"IF(ISERROR(VLOOKUP(B320,'Zebrik W'!$B$7:$L$1002,11,0)),\"\",IF(VLOOKUP(B320,'Zebrik W'!$B$7:$L$1002,11,0)=0,\"--\",VLOOKUP(B320,'Zebrik W'!$B$7:$L$1002,11,0)))","v":""}]
[314,"Jiri Pesta",1973,"Dvůr Králové","CZ/C2","M",1,6000,"","",null,null,{"$f":"IF(ISERROR(VLOOKUP(B321,'Zebrik W'!$B$7:$L$1002,11,0)),\"\",IF(VLOOKUP(B321,'Zebrik W'!$B$7:$L$1002,11,0)=0,\"--\",VLOOKUP(B321,'Zebrik W'!$B$7:$L$1002,11,0)))","v":""}]
[314,"Roman Konarik",1976,"Luhačovice","CZ/M","M",1,6000,"","",null,null,{"$f":"IF(ISERROR(VLOOKUP(B322,'Zebrik W'!$B$7:$L$1002,11,0)),\"\",IF(VLOOKUP(B322,'Zebrik W'!$B$7:$L$1002,11,0)=0,\"--\",VLOOKUP(B322,'Zebrik W'!$B$7:$L$1002,11,0)))","v":""}]
[317,"Jiri Suchomel",1950,"Broumov","CZ/C2","M",2,5985,"","",null,null,{"$f":"IF(ISERROR(VLOOKUP(B323,'Zebrik W'!$B$7:$L$1002,11,0)),\"\",IF(VLOOKUP(B323,'Zebrik W'!$B$7:$L$1002,11,0)=0,\"--\",VLOOKUP(B323,'Zebrik W'!$B$7:$L$1002,11,0)))","v":""}]
[318,"Linda Vasatova",1990,"Mladá Boleslav","CZ/C1","F",2,5953,"","",null,null,{"$f":"IF(ISERROR(VLOOKUP(B324,'Zebrik W'!$B$7:$L$1002,11,0)),\"\",IF(VLOOKUP(B324,'Zebrik W'!$B$7:$L$1002,11,0)=0,\"--\",VLOOKUP(B324,'Zebrik W'!$B$7:$L$1002,11,0)))","v":"--"}]
[319,"Radmila Horacek Filakovska",1963,"Dvůr Králové","CZ/C2","F",2,5903,"","",null,null,{"$f":"IF(ISERROR(VLOOKUP(B325,'Zebrik W'!$B$7:$L$1002,11,0)),\"\",IF(VLOOKUP(B325,'Zebrik W'!$B$7:$L$1002,11,0)=0,\"--\",VLOOKUP(B325,'Zebrik W'!$B$7:$L$1002,11,0)))","v":"--"}]
[320,"Lukas Petrzela",1987,"Olomouc","CZ/M","M",1,5893,"","",null,null,{"$f":"IF(ISERROR(VLOOKUP(B326,'Zebrik W'!$B$7:$L$1002,11,0)),\"\",IF(VLOOKUP(B326,'Zebrik W'!$B$7:$L$1002,11,0)=0,\"--\",VLOOKUP(B326,'Zebrik W'!$B$7:$L$1002,11,0)))","v":""}]
[321,"Jindrich Hala",1989,"Rakovník","CZ/C1","M",1,5888,"","",null,null,{"$f":"IF(ISERROR(VLOOKUP(B327,'Zebrik W'!$B$7:$L$1002,11,0)),\"\",IF(VLOOKUP(B327,'Zebrik W'!$B$7:$L$1002,11,0)=0,\"--\",VLOOKUP(B327,'Zebrik W'!$B$7:$L$1002,11,0)))","v":""}]
[{"$f":"RANK(H328,H:H)","v":322},"Roman Michalek",1974,"Toužim","CZ/C1","M",3,5784,"","",null,null,{"$f":"IF(ISERROR(VLOOKUP(B328,'Zebrik W'!$B$7:$L$1002,11,0)),\"\",IF(VLOOKUP(B328,'Zebrik W'!$B$7:$L$1002,11,0)=0,\"--\",VLOOKUP(B328,'Zebrik W'!$B$7:$L$1002,11,0)))","v":""}]
[323,"Jiri Peterka",1951,"Křižanov","CZ/M","M",1,5685,"","",null,null,{"$f":"IF(ISERROR(VLOOKUP(B329,'Zebrik W'!$B$7:$L$1002,11,0)),\"\",IF(VLOOKUP(B329,'Zebrik W'!$B$7:$L$1002,11,0)=0,\"--\",VLOOKUP(B329,'Zebrik W'!$B$7:$L$1002,11,0)))","v":""}]
[324,"Ludek Kluger",1963,"Tábor","CZ/C1","M",1,5645,"","",null,null,{"$f":"IF(ISERROR(VLOOKUP(B330,'Zebrik W'!$B$7:$L$1002,11,0)),\"\",IF(VLOOKUP(B330,'Zebrik W'!$B$7:$L$1002,11,0)=0,\"--\",VLOOKUP(B330,'Zebrik W'!$B$7:$L$1002,11,0)))","v":""}]
[325,"Petr Vlasak",1974,"Medlánky","CZ/M","M",2,5591,"","",null,null,{"$f":"IF(ISERROR(VLOOKUP(B331,'Zebrik W'!$B$7:$L$1002,11,0)),\"\",IF(VLOOKUP(B331,'Zebrik W'!$B$7:$L$1002,11,0)=0,\"--\",VLOOKUP(B331,'Zebrik W'!$B$7:$L$1002,11,0)))","v":""}]
[326,"Michal Buryan",1977,"Vysoké Mýto","CZ/C2","M",1,5545,"","",null,null,{"$f":"IF(ISERROR(VLOOKUP(B332,'Zebrik W'!$B$7:$L$1002,11,0)),\"\",IF(VLOOKUP(B332,'Zebrik W'!$B$7:$L$1002,11,0)=0,\"--\",VLOOKUP(B332,'Zebrik W'!$B$7:$L$1002,11,0)))","v":""}]
[327,"Jan Nyc",1943,"Dvůr Králové","CZ/C2","M",1,5543,"","",null,null,{"$f":"IF(ISERROR(VLOOKUP(B333,'Zebrik W'!$B$7:$L$1002,11,0)),\"\",IF(VLOOKUP(B333,'Zebrik W'!$B$7:$L$1002,11,0)=0,\"--\",VLOOKUP(B333,'Zebrik W'!$B$7:$L$1002,11,0)))","v":""}]
[328,"Vaclav Kysilka",1979,"GAC Benešov","CZ/C1","M",2,5536,"","",null,null,{"$f":"IF(ISERROR(VLOOKUP(B334,'Zebrik W'!$B$7:$L$1002,11,0)),\"\",IF(VLOOKUP(B334,'Zebrik W'!$B$7:$L$1002,11,0)=0,\"--\",VLOOKUP(B334,'Zebrik W'!$B$7:$L$1002,11,0)))","v":""}]
[329,"Ivan Ladr",1940,"Dvůr Králové","CZ/C2","M",2,5505,"","",null,null,{"$f":"IF(ISERROR(VLOOKUP(B335,'Zebrik W'!$B$7:$L$1002,11,0)),\"\",IF(VLOOKUP(B335,'Zebrik W'!$B$7:$L$1002,11,0)=0,\"--\",VLOOKUP(B335,'Zebrik W'!$B$7:$L$1002,11,0)))","v":""}]
[330,"Kamil Sohr",1973,"Šumperk","CZ/M","M",2,5482,"","",null,null,{"$f":"IF(ISERROR(VLOOKUP(B336,'Zebrik W'!$B$7:$L$1002,11,0)),\"\",IF(VLOOKUP(B336,'Zebrik W'!$B$7:$L$1002,11,0)=0,\"--\",VLOOKUP(B336,'Zebrik W'!$B$7:$L$1002,11,0)))","v":""}]
[331,"Zbynek Fuksa",1956,"Jičín","CZ/C2","M",1,5453,"","",null,null,{"$f":"IF(ISERROR(VLOOKUP(B337,'Zebrik W'!$B$7:$L$1002,11,0)),\"\",IF(VLOOKUP(B337,'Zebrik W'!$B$7:$L$1002,11,0)=0,\"--\",VLOOKUP(B337,'Zebrik W'!$B$7:$L$1002,11,0)))","v":""}]
[332,"Jaroslav Rapac",1977,"Dvůr Králové","CZ/C2","M",1,5452,"","",null,null,{"$f":"IF(ISERROR(VLOOKUP(B338,'Zebrik W'!$B$7:$L$1002,11,0)),\"\",IF(VLOOKUP(B338,'Zebrik W'!$B$7:$L$1002,11,0)=0,\"--\",VLOOKUP(B338,'Zebrik W'!$B$7:$L$1002,11,0)))","v":""}]
[333,"Petra Diepoldova",1978,"Vysoké Mýto","CZ/C2","F",2,5446,"","",null,null,{"$f":"IF(ISERROR(VLOOKUP(B339,'Zebrik W'!$B$7:$L$1002,11,0)),\"\",IF(VLOOKUP(B339,'Zebrik W'!$B$7:$L$1002,11,0)=0,\"--\",VLOOKUP(B339,'Zebrik W'!$B$7:$L$1002,11,0)))","v":"--"}]
[334,"Dalibor Pek",1968,"Raná","CZ/C2","M",2,5377,"","",null,null,{"$f":"IF(ISERROR(VLOOKUP(B340,'Zebrik W'!$B$7:$L$1002,11,0)),\"\",IF(VLOOKUP(B340,'Zebrik W'!$B$7:$L$1002,11,0)=0,\"--\",VLOOKUP(B340,'Zebrik W'!$B$7:$L$1002,11,0)))","v":""}]
[335,"Miroslav Major",1968,"GAC Benešov","CZ/C1","M",2,5341,"","",null,null,{"$f":"IF(ISERROR(VLOOKUP(B341,'Zebrik W'!$B$7:$L$1002,11,0)),\"\",IF(VLOOKUP(B341,'Zebrik W'!$B$7:$L$1002,11,0)=0,\"--\",VLOOKUP(B341,'Zebrik W'!$B$7:$L$1002,11,0)))","v":""}]
[336,"Zuzana Kutilkova",1993,"Křižanov","CZ/M","F",2,5324,"","",null,null,{"$f":"IF(ISERROR(VLOOKUP(B342,'Zebrik W'!$B$7:$L$1002,11,0)),\"\",IF(VLOOKUP(B342,'Zebrik W'!$B$7:$L$1002,11,0)=0,\"--\",VLOOKUP(B342,'Zebrik W'!$B$7:$L$1002,11,0)))","v":"--"}]
[337,"Michal Kratochvil",1984,"Slaný","CZ/C1","M",1,5240,"","",null,null,{"$f":"IF(ISERROR(VLOOKUP(B343,'Zebrik W'!$B$7:$L$1002,11,0)),\"\",IF(VLOOKUP(B343,'Zebrik W'!$B$7:$L$1002,11,0)=0,\"--\",VLOOKUP(B343,'Zebrik W'!$B$7:$L$1002,11,0)))","v":""}]
[338,"Rostislav Fric",1973,"Raná","CZ/C2","M",1,5209,"","",null,null,{"$f":"IF(ISERROR(VLOOKUP(B344,'Zebrik W'!$B$7:$L$1002,11,0)),\"\",IF(VLOOKUP(B344,'Zebrik W'!$B$7:$L$1002,11,0)=0,\"--\",VLOOKUP(B344,'Zebrik W'!$B$7:$L$1002,11,0)))","v":""}]
[339,"Tomas Kulhavy",2001,"Liberec","CZ/C2","M",1,5177,"Junior v roce 2020","Junior v roce 2021",null,null,{"$f":"IF(ISERROR(VLOOKUP(B345,'Zebrik W'!$B$7:$L$1002,11,0)),\"\",IF(VLOOKUP(B345,'Zebrik W'!$B$7:$L$1002,11,0)=0,\"--\",VLOOKUP(B345,'Zebrik W'!$B$7:$L$1002,11,0)))","v":""}]
[340,"Michaela Sirmerova",2000,"Jihlava","CZ/M","F",2,5067,"Junior v roce 2020","Junior v roce 2021",null,null,{"$f":"IF(ISERROR(VLOOKUP(B346,'Zebrik W'!$B$7:$L$1002,11,0)),\"\",IF(VLOOKUP(B346,'Zebrik W'!$B$7:$L$1002,11,0)=0,\"--\",VLOOKUP(B346,'Zebrik W'!$B$7:$L$1002,11,0)))","v":"--"}]
[341,"Stanislav John",1974,"Hosín","CZ/C1","M",2,5037,"","",null,null,{"$f":"IF(ISERROR(VLOOKUP(B347,'Zebrik W'!$B$7:$L$1002,11,0)),\"\",IF(VLOOKUP(B347,'Zebrik W'!$B$7:$L$1002,11,0)=0,\"--\",VLOOKUP(B347,'Zebrik W'!$B$7:$L$1002,11,0)))","v":""}]
[342,"Ilja Kopacek",1943,"Jičín","CZ/C2","M",1,4994,"","",null,null,{"$f":"IF(ISERROR(VLOOKUP(B348,'Zebrik W'!$B$7:$L$1002,11,0)),\"\",IF(VLOOKUP(B348,'Zebrik W'!$B$7:$L$1002,11,0)=0,\"--\",VLOOKUP(B348,'Zebrik W'!$B$7:$L$1002,11,0)))","v":""}]
[343,"Radovan Otto",1968,"Ústí nad Labem","CZ/C2","M",1,4982,"","",null,null,{"$f":"IF(ISERROR(VLOOKUP(B349,'Zebrik W'!$B$7:$L$1002,11,0)),\"\",IF(VLOOKUP(B349,'Zebrik W'!$B$7:$L$1002,11,0)=0,\"--\",VLOOKUP(B349,'Zebrik W'!$B$7:$L$1002,11,0)))","v":""}]
[344,"Roman Lengal",1987,"Břeclav","CZ/M","M",1,4981,"","",null,null,{"$f":"IF(ISERROR(VLOOKUP(B350,'Zebrik W'!$B$7:$L$1002,11,0)),\"\",IF(VLOOKUP(B350,'Zebrik W'!$B$7:$L$1002,11,0)=0,\"--\",VLOOKUP(B350,'Zebrik W'!$B$7:$L$1002,11,0)))","v":""}]
[345,"Jan Heroudek",1970,"Rakovník","CZ/C1","M",1,4963,"","",null,null,{"$f":"IF(ISERROR(VLOOKUP(B351,'Zebrik W'!$B$7:$L$1002,11,0)),\"\",IF(VLOOKUP(B351,'Zebrik W'!$B$7:$L$1002,11,0)=0,\"--\",VLOOKUP(B351,'Zebrik W'!$B$7:$L$1002,11,0)))","v":""}]
[346,"Tibor Hezina",2002,"Křižanov","CZ/M","M",1,4940,"Junior v roce 2020","Junior v roce 2021",null,null,{"$f":"IF(ISERROR(VLOOKUP(B352,'Zebrik W'!$B$7:$L$1002,11,0)),\"\",IF(VLOOKUP(B352,'Zebrik W'!$B$7:$L$1002,11,0)=0,\"--\",VLOOKUP(B352,'Zebrik W'!$B$7:$L$1002,11,0)))","v":""}]
[347,"Bohumil Rikal",1946,"Hronov","CZ/C2","M",2,4867,"","",null,null,{"$f":"IF(ISERROR(VLOOKUP(B353,'Zebrik W'!$B$7:$L$1002,11,0)),\"\",IF(VLOOKUP(B353,'Zebrik W'!$B$7:$L$1002,11,0)=0,\"--\",VLOOKUP(B353,'Zebrik W'!$B$7:$L$1002,11,0)))","v":""}]
[348,"Vaclav Cerny",1949,"Plasy","CZ/C1","M",1,4819,"","",null,null,{"$f":"IF(ISERROR(VLOOKUP(B354,'Zebrik W'!$B$7:$L$1002,11,0)),\"\",IF(VLOOKUP(B354,'Zebrik W'!$B$7:$L$1002,11,0)=0,\"--\",VLOOKUP(B354,'Zebrik W'!$B$7:$L$1002,11,0)))","v":""}]
[349,"Marek Loukota",2000,"Letkov","CZ/C1","M",1,4809,"Junior v roce 2020","Junior v roce 2021",null,null,{"$f":"IF(ISERROR(VLOOKUP(B355,'Zebrik W'!$B$7:$L$1002,11,0)),\"\",IF(VLOOKUP(B355,'Zebrik W'!$B$7:$L$1002,11,0)=0,\"--\",VLOOKUP(B355,'Zebrik W'!$B$7:$L$1002,11,0)))","v":""}]
[350,"Vaclav Zak",1962,"GAC Benešov","CZ/C1","M",1,4727,"","",null,null,{"$f":"IF(ISERROR(VLOOKUP(B356,'Zebrik W'!$B$7:$L$1002,11,0)),\"\",IF(VLOOKUP(B356,'Zebrik W'!$B$7:$L$1002,11,0)=0,\"--\",VLOOKUP(B356,'Zebrik W'!$B$7:$L$1002,11,0)))","v":""}]
[351,"Monika Jiraskova",1994,"Hronov","CZ/C2","F",1,4679,"","",null,null,{"$f":"IF(ISERROR(VLOOKUP(B357,'Zebrik W'!$B$7:$L$1002,11,0)),\"\",IF(VLOOKUP(B357,'Zebrik W'!$B$7:$L$1002,11,0)=0,\"--\",VLOOKUP(B357,'Zebrik W'!$B$7:$L$1002,11,0)))","v":"--"}]
[352,"Jan Stastny",2003,"Medlánky","CZ/M","M",1,4673,"Junior v roce 2020","Junior v roce 2021",null,null,{"$f":"IF(ISERROR(VLOOKUP(B358,'Zebrik W'!$B$7:$L$1002,11,0)),\"\",IF(VLOOKUP(B358,'Zebrik W'!$B$7:$L$1002,11,0)=0,\"--\",VLOOKUP(B358,'Zebrik W'!$B$7:$L$1002,11,0)))","v":""}]
[353,"Antonin Teichmann",1965,"Hronov","CZ/C2","M",1,4660,"","",null,null,{"$f":"IF(ISERROR(VLOOKUP(B359,'Zebrik W'!$B$7:$L$1002,11,0)),\"\",IF(VLOOKUP(B359,'Zebrik W'!$B$7:$L$1002,11,0)=0,\"--\",VLOOKUP(B359,'Zebrik W'!$B$7:$L$1002,11,0)))","v":""}]
[354,"Ondrej Hart",1990,"Letňany","CZ/C1","M",1,4658,"","",null,null,{"$f":"IF(ISERROR(VLOOKUP(B360,'Zebrik W'!$B$7:$L$1002,11,0)),\"\",IF(VLOOKUP(B360,'Zebrik W'!$B$7:$L$1002,11,0)=0,\"--\",VLOOKUP(B360,'Zebrik W'!$B$7:$L$1002,11,0)))","v":""}]
[355,"Oldrich Bartonik",1961,"Luhačovice","CZ/M","M",1,4648,"","",null,null,{"$f":"IF(ISERROR(VLOOKUP(B361,'Zebrik W'!$B$7:$L$1002,11,0)),\"\",IF(VLOOKUP(B361,'Zebrik W'!$B$7:$L$1002,11,0)=0,\"--\",VLOOKUP(B361,'Zebrik W'!$B$7:$L$1002,11,0)))","v":""}]
[356,"Petr Tax",1968,"Jičín","CZ/C2","M",1,4646,"","",null,null,{"$f":"IF(ISERROR(VLOOKUP(B362,'Zebrik W'!$B$7:$L$1002,11,0)),\"\",IF(VLOOKUP(B362,'Zebrik W'!$B$7:$L$1002,11,0)=0,\"--\",VLOOKUP(B362,'Zebrik W'!$B$7:$L$1002,11,0)))","v":""}]
[357,"Lukas Zemek",1994,"Letkov","CZ/C1","M",2,4637,"","",null,null,{"$f":"IF(ISERROR(VLOOKUP(B363,'Zebrik W'!$B$7:$L$1002,11,0)),\"\",IF(VLOOKUP(B363,'Zebrik W'!$B$7:$L$1002,11,0)=0,\"--\",VLOOKUP(B363,'Zebrik W'!$B$7:$L$1002,11,0)))","v":""}]
[358,"Michal Janda",1972,"Broumov","CZ/C2","M",1,4575,{"$f":"IF(C364=\"(prázdné)\",\"\",IF(($I$4-C364)>25,\"\",\"Junior v roce \"&$I$4))","v":""},{"$f":"IF(C364=\"(prázdné)\",\"\",IF(($J$4-C364)>25,\"\",\"Junior v roce \"&$J$4))","v":""},null,null,{"$f":"IF(ISERROR(VLOOKUP(B364,'Zebrik W'!$B$7:$L$1002,11,0)),\"\",IF(VLOOKUP(B364,'Zebrik W'!$B$7:$L$1002,11,0)=0,\"--\",VLOOKUP(B364,'Zebrik W'!$B$7:$L$1002,11,0)))","v":""}]
[359,"Boris Bachraty",1974,"Břeclav","CZ/M","M",1,4565,"","",null,null,{"$f":"IF(ISERROR(VLOOKUP(B365,'Zebrik W'!$B$7:$L$1002,11,0)),\"\",IF(VLOOKUP(B365,'Zebrik W'!$B$7:$L$1002,11,0)=0,\"--\",VLOOKUP(B365,'Zebrik W'!$B$7:$L$1002,11,0)))","v":""}]
[360,"Jiri Vondracek",1989,"Kladno","CZ/C1","M",1,4552,"","",null,null,{"$f":"IF(ISERROR(VLOOKUP(B366,'Zebrik W'!$B$7:$L$1002,11,0)),\"\",IF(VLOOKUP(B366,'Zebrik W'!$B$7:$L$1002,11,0)=0,\"--\",VLOOKUP(B366,'Zebrik W'!$B$7:$L$1002,11,0)))","v":""}]
[361,"Ales Holoubek",1966,"Jičín","CZ/C2","M",2,4511,"","",null,null,{"$f":"IF(ISERROR(VLOOKUP(B367,'Zebrik W'!$B$7:$L$1002,11,0)),\"\",IF(VLOOKUP(B367,'Zebrik W'!$B$7:$L$1002,11,0)=0,\"--\",VLOOKUP(B367,'Zebrik W'!$B$7:$L$1002,11,0)))","v":""}]
[362,"Radek Hamrla",1973,"Vyškov","CZ/M","M",1,4447,"","",null,null,{"$f":"IF(ISERROR(VLOOKUP(B368,'Zebrik W'!$B$7:$L$1002,11,0)),\"\",IF(VLOOKUP(B368,'Zebrik W'!$B$7:$L$1002,11,0)=0,\"--\",VLOOKUP(B368,'Zebrik W'!$B$7:$L$1002,11,0)))","v":""}]
[363,"Vaclav Hruza",1965,"Břeclav","CZ/M","M",2,4437,"","",null,null,{"$f":"IF(ISERROR(VLOOKUP(B369,'Zebrik W'!$B$7:$L$1002,11,0)),\"\",IF(VLOOKUP(B369,'Zebrik W'!$B$7:$L$1002,11,0)=0,\"--\",VLOOKUP(B369,'Zebrik W'!$B$7:$L$1002,11,0)))","v":""}]
[364,"Michal Maly",1982,"Broumov","CZ/C2","M",1,4426,"","",null,null,{"$f":"IF(ISERROR(VLOOKUP(B370,'Zebrik W'!$B$7:$L$1002,11,0)),\"\",IF(VLOOKUP(B370,'Zebrik W'!$B$7:$L$1002,11,0)=0,\"--\",VLOOKUP(B370,'Zebrik W'!$B$7:$L$1002,11,0)))","v":""}]
[365,"Veronika Ambrozova",1984,"Křižanov","CZ/M","F",1,4397,"","",null,null,{"$f":"IF(ISERROR(VLOOKUP(B371,'Zebrik W'!$B$7:$L$1002,11,0)),\"\",IF(VLOOKUP(B371,'Zebrik W'!$B$7:$L$1002,11,0)=0,\"--\",VLOOKUP(B371,'Zebrik W'!$B$7:$L$1002,11,0)))","v":"--"}]
[366,"Ivo Burda",1962,"Zbraslavice","CZ/C1","M",1,4350,"","",null,null,{"$f":"IF(ISERROR(VLOOKUP(B372,'Zebrik W'!$B$7:$L$1002,11,0)),\"\",IF(VLOOKUP(B372,'Zebrik W'!$B$7:$L$1002,11,0)=0,\"--\",VLOOKUP(B372,'Zebrik W'!$B$7:$L$1002,11,0)))","v":""}]
[366,"Milos Hrabe",1979,"Letňany","CZ/C1","M",2,4350,"","",null,null,{"$f":"IF(ISERROR(VLOOKUP(B373,'Zebrik W'!$B$7:$L$1002,11,0)),\"\",IF(VLOOKUP(B373,'Zebrik W'!$B$7:$L$1002,11,0)=0,\"--\",VLOOKUP(B373,'Zebrik W'!$B$7:$L$1002,11,0)))","v":""}]
[366,"Dusan Sys",1977,"Šumperk","CZ/M","M",2,4350,"","",null,null,{"$f":"IF(ISERROR(VLOOKUP(B374,'Zebrik W'!$B$7:$L$1002,11,0)),\"\",IF(VLOOKUP(B374,'Zebrik W'!$B$7:$L$1002,11,0)=0,\"--\",VLOOKUP(B374,'Zebrik W'!$B$7:$L$1002,11,0)))","v":""}]
[369,"Jana Krejcova",1972,"Křižanov","CZ/M","F",1,4331,"","",null,null,{"$f":"IF(ISERROR(VLOOKUP(B375,'Zebrik W'!$B$7:$L$1002,11,0)),\"\",IF(VLOOKUP(B375,'Zebrik W'!$B$7:$L$1002,11,0)=0,\"--\",VLOOKUP(B375,'Zebrik W'!$B$7:$L$1002,11,0)))","v":"--"}]
[370,"Albrecht Beat",1953,"Šumperk","CZ/M","M",2,4311,"","",null,null,{"$f":"IF(ISERROR(VLOOKUP(B376,'Zebrik W'!$B$7:$L$1002,11,0)),\"\",IF(VLOOKUP(B376,'Zebrik W'!$B$7:$L$1002,11,0)=0,\"--\",VLOOKUP(B376,'Zebrik W'!$B$7:$L$1002,11,0)))","v":""}]
[371,"Jiri Hodan",1959,"Zbraslavice","CZ/C1","M",2,4302,"","",null,null,{"$f":"IF(ISERROR(VLOOKUP(B377,'Zebrik W'!$B$7:$L$1002,11,0)),\"\",IF(VLOOKUP(B377,'Zebrik W'!$B$7:$L$1002,11,0)=0,\"--\",VLOOKUP(B377,'Zebrik W'!$B$7:$L$1002,11,0)))","v":""}]
[372,"Vladimir Kamensky",1983,"Břeclav","CZ/M","M",1,4300,"","",null,null,{"$f":"IF(ISERROR(VLOOKUP(B378,'Zebrik W'!$B$7:$L$1002,11,0)),\"\",IF(VLOOKUP(B378,'Zebrik W'!$B$7:$L$1002,11,0)=0,\"--\",VLOOKUP(B378,'Zebrik W'!$B$7:$L$1002,11,0)))","v":""}]
[373,"Jiri Lenik",1947,"Raná","CZ/C2","M",1,4285,"","",null,null,{"$f":"IF(ISERROR(VLOOKUP(B379,'Zebrik W'!$B$7:$L$1002,11,0)),\"\",IF(VLOOKUP(B379,'Zebrik W'!$B$7:$L$1002,11,0)=0,\"--\",VLOOKUP(B379,'Zebrik W'!$B$7:$L$1002,11,0)))","v":""}]
[374,"Jan Sustr 76",1976,"Raná","CZ/C2","M",1,4262,"","",null,null,{"$f":"IF(ISERROR(VLOOKUP(B380,'Zebrik W'!$B$7:$L$1002,11,0)),\"\",IF(VLOOKUP(B380,'Zebrik W'!$B$7:$L$1002,11,0)=0,\"--\",VLOOKUP(B380,'Zebrik W'!$B$7:$L$1002,11,0)))","v":""}]
[375,"Viktor Becan",1979,"GAC Benešov","CZ/C1","M",1,4254,"","",null,null,{"$f":"IF(ISERROR(VLOOKUP(B381,'Zebrik W'!$B$7:$L$1002,11,0)),\"\",IF(VLOOKUP(B381,'Zebrik W'!$B$7:$L$1002,11,0)=0,\"--\",VLOOKUP(B381,'Zebrik W'!$B$7:$L$1002,11,0)))","v":""}]
[376,"Jan Podhrazsky",1976,"Šumperk","CZ/M","M",1,4243,"","",null,null,{"$f":"IF(ISERROR(VLOOKUP(B382,'Zebrik W'!$B$7:$L$1002,11,0)),\"\",IF(VLOOKUP(B382,'Zebrik W'!$B$7:$L$1002,11,0)=0,\"--\",VLOOKUP(B382,'Zebrik W'!$B$7:$L$1002,11,0)))","v":""}]
[377,"Martin Svacina",1965,"Frýdlant","CZ/M","M",3,4241,"","",null,null,{"$f":"IF(ISERROR(VLOOKUP(B383,'Zebrik W'!$B$7:$L$1002,11,0)),\"\",IF(VLOOKUP(B383,'Zebrik W'!$B$7:$L$1002,11,0)=0,\"--\",VLOOKUP(B383,'Zebrik W'!$B$7:$L$1002,11,0)))","v":""}]
[378,"Petr Valenta 76",1976,"Jaroměř","CZ/C2","M",1,4211,"","",null,null,{"$f":"IF(ISERROR(VLOOKUP(B384,'Zebrik W'!$B$7:$L$1002,11,0)),\"\",IF(VLOOKUP(B384,'Zebrik W'!$B$7:$L$1002,11,0)=0,\"--\",VLOOKUP(B384,'Zebrik W'!$B$7:$L$1002,11,0)))","v":""}]
[379,"Lukas Zach",1987,"Vyškov","CZ/M","M",2,4118,"","",null,null,{"$f":"IF(ISERROR(VLOOKUP(B385,'Zebrik W'!$B$7:$L$1002,11,0)),\"\",IF(VLOOKUP(B385,'Zebrik W'!$B$7:$L$1002,11,0)=0,\"--\",VLOOKUP(B385,'Zebrik W'!$B$7:$L$1002,11,0)))","v":""}]
[380,"Radim Zielinski",1969,"Frýdlant","CZ/M","M",1,4091,"","",null,null,{"$f":"IF(ISERROR(VLOOKUP(B386,'Zebrik W'!$B$7:$L$1002,11,0)),\"\",IF(VLOOKUP(B386,'Zebrik W'!$B$7:$L$1002,11,0)=0,\"--\",VLOOKUP(B386,'Zebrik W'!$B$7:$L$1002,11,0)))","v":""}]
[381,"Frantisek Brozman",1960,"Tachov","CZ/C1","M",2,4029,"","",null,null,{"$f":"IF(ISERROR(VLOOKUP(B387,'Zebrik W'!$B$7:$L$1002,11,0)),\"\",IF(VLOOKUP(B387,'Zebrik W'!$B$7:$L$1002,11,0)=0,\"--\",VLOOKUP(B387,'Zebrik W'!$B$7:$L$1002,11,0)))","v":""}]
[382,"Nikola Zizkovsky",1980,"Kralupy","CZ/C1","M",1,4028,"","",null,null,{"$f":"IF(ISERROR(VLOOKUP(B388,'Zebrik W'!$B$7:$L$1002,11,0)),\"\",IF(VLOOKUP(B388,'Zebrik W'!$B$7:$L$1002,11,0)=0,\"--\",VLOOKUP(B388,'Zebrik W'!$B$7:$L$1002,11,0)))","v":""}]
[383,"Martin Nejezchleb",1979,"Plzeň Bory","CZ/C1","M",1,3949,"","",null,null,{"$f":"IF(ISERROR(VLOOKUP(B389,'Zebrik W'!$B$7:$L$1002,11,0)),\"\",IF(VLOOKUP(B389,'Zebrik W'!$B$7:$L$1002,11,0)=0,\"--\",VLOOKUP(B389,'Zebrik W'!$B$7:$L$1002,11,0)))","v":""}]
[384,"Jan Florian",1992,"Zbraslavice","CZ/C1","M",1,3933,"","",null,null,{"$f":"IF(ISERROR(VLOOKUP(B390,'Zebrik W'!$B$7:$L$1002,11,0)),\"\",IF(VLOOKUP(B390,'Zebrik W'!$B$7:$L$1002,11,0)=0,\"--\",VLOOKUP(B390,'Zebrik W'!$B$7:$L$1002,11,0)))","v":""}]
[385,"Lukas Fronek",1989,"Kyjov","CZ/M","M",1,3924,"","",null,null,{"$f":"IF(ISERROR(VLOOKUP(B391,'Zebrik W'!$B$7:$L$1002,11,0)),\"\",IF(VLOOKUP(B391,'Zebrik W'!$B$7:$L$1002,11,0)=0,\"--\",VLOOKUP(B391,'Zebrik W'!$B$7:$L$1002,11,0)))","v":""}]
[{"$f":"RANK(H392,H:H)","v":386},"Jakub Malik",1999,"Letňany","CZ/C1","M",1,3908,"Junior v roce 2020","Junior v roce 2021",null,null,{"$f":"IF(ISERROR(VLOOKUP(B392,'Zebrik W'!$B$7:$L$1002,11,0)),\"\",IF(VLOOKUP(B392,'Zebrik W'!$B$7:$L$1002,11,0)=0,\"--\",VLOOKUP(B392,'Zebrik W'!$B$7:$L$1002,11,0)))","v":""}]
[387,"Tomas Prikryl",1973,"Vyškov","CZ/M","M",1,3906,"","",null,null,{"$f":"IF(ISERROR(VLOOKUP(B393,'Zebrik W'!$B$7:$L$1002,11,0)),\"\",IF(VLOOKUP(B393,'Zebrik W'!$B$7:$L$1002,11,0)=0,\"--\",VLOOKUP(B393,'Zebrik W'!$B$7:$L$1002,11,0)))","v":""}]
[388,"Marek Malinsky",1985,"Chrudim","CZ/C2","M",1,3819,"","",null,null,{"$f":"IF(ISERROR(VLOOKUP(B394,'Zebrik W'!$B$7:$L$1002,11,0)),\"\",IF(VLOOKUP(B394,'Zebrik W'!$B$7:$L$1002,11,0)=0,\"--\",VLOOKUP(B394,'Zebrik W'!$B$7:$L$1002,11,0)))","v":""}]
[389,"Jan Smekal",1976,"Zbraslavice","CZ/C1","M",1,3816,"","",null,null,{"$f":"IF(ISERROR(VLOOKUP(B395,'Zebrik W'!$B$7:$L$1002,11,0)),\"\",IF(VLOOKUP(B395,'Zebrik W'!$B$7:$L$1002,11,0)=0,\"--\",VLOOKUP(B395,'Zebrik W'!$B$7:$L$1002,11,0)))","v":""}]
[390,"Bedrich Honzicek",1972,"Letňany","CZ/C1","M",1,3790,"","",null,null,{"$f":"IF(ISERROR(VLOOKUP(B396,'Zebrik W'!$B$7:$L$1002,11,0)),\"\",IF(VLOOKUP(B396,'Zebrik W'!$B$7:$L$1002,11,0)=0,\"--\",VLOOKUP(B396,'Zebrik W'!$B$7:$L$1002,11,0)))","v":""}]
[391,"Petr Kohr",1970,"Raná","CZ/C2","M",1,3770,"","",null,null,{"$f":"IF(ISERROR(VLOOKUP(B397,'Zebrik W'!$B$7:$L$1002,11,0)),\"\",IF(VLOOKUP(B397,'Zebrik W'!$B$7:$L$1002,11,0)=0,\"--\",VLOOKUP(B397,'Zebrik W'!$B$7:$L$1002,11,0)))","v":""}]
[392,"Jiri Janda",1966,"Letňany","CZ/C1","M",2,3729,"","",null,null,{"$f":"IF(ISERROR(VLOOKUP(B398,'Zebrik W'!$B$7:$L$1002,11,0)),\"\",IF(VLOOKUP(B398,'Zebrik W'!$B$7:$L$1002,11,0)=0,\"--\",VLOOKUP(B398,'Zebrik W'!$B$7:$L$1002,11,0)))","v":""}]
[393,"Tomas Fiala 77",1977,"Luhačovice","CZ/M","M",1,3709,"","",null,null,{"$f":"IF(ISERROR(VLOOKUP(B399,'Zebrik W'!$B$7:$L$1002,11,0)),\"\",IF(VLOOKUP(B399,'Zebrik W'!$B$7:$L$1002,11,0)=0,\"--\",VLOOKUP(B399,'Zebrik W'!$B$7:$L$1002,11,0)))","v":""}]
[394,"Jaroslav Nedorost",1986,"Letňany","CZ/C1","M",2,3641,"","",null,null,{"$f":"IF(ISERROR(VLOOKUP(B400,'Zebrik W'!$B$7:$L$1002,11,0)),\"\",IF(VLOOKUP(B400,'Zebrik W'!$B$7:$L$1002,11,0)=0,\"--\",VLOOKUP(B400,'Zebrik W'!$B$7:$L$1002,11,0)))","v":""}]
[395,"Jaroslav Kares",1962,"Olomouc","CZ/M","M",1,3614,"","",null,null,{"$f":"IF(ISERROR(VLOOKUP(B401,'Zebrik W'!$B$7:$L$1002,11,0)),\"\",IF(VLOOKUP(B401,'Zebrik W'!$B$7:$L$1002,11,0)=0,\"--\",VLOOKUP(B401,'Zebrik W'!$B$7:$L$1002,11,0)))","v":""}]
[396,"Zdenek Bohm",1963,"Kolín","CZ/C1","M",1,3595,"","",null,null,{"$f":"IF(ISERROR(VLOOKUP(B402,'Zebrik W'!$B$7:$L$1002,11,0)),\"\",IF(VLOOKUP(B402,'Zebrik W'!$B$7:$L$1002,11,0)=0,\"--\",VLOOKUP(B402,'Zebrik W'!$B$7:$L$1002,11,0)))","v":""}]
[397,"Pavel Sulc",1976,"Hodkovice","CZ/C2","M",1,3461,"","",null,null,{"$f":"IF(ISERROR(VLOOKUP(B403,'Zebrik W'!$B$7:$L$1002,11,0)),\"\",IF(VLOOKUP(B403,'Zebrik W'!$B$7:$L$1002,11,0)=0,\"--\",VLOOKUP(B403,'Zebrik W'!$B$7:$L$1002,11,0)))","v":""}]
[398,"Jan Konecny",1972,"Rakovník","CZ/C1","M",2,3445,"","",null,null,{"$f":"IF(ISERROR(VLOOKUP(B404,'Zebrik W'!$B$7:$L$1002,11,0)),\"\",IF(VLOOKUP(B404,'Zebrik W'!$B$7:$L$1002,11,0)=0,\"--\",VLOOKUP(B404,'Zebrik W'!$B$7:$L$1002,11,0)))","v":""}]
[399,"Martin Hejny",1984,"Šumperk","CZ/M","M",1,3431,"","",null,null,{"$f":"IF(ISERROR(VLOOKUP(B405,'Zebrik W'!$B$7:$L$1002,11,0)),\"\",IF(VLOOKUP(B405,'Zebrik W'!$B$7:$L$1002,11,0)=0,\"--\",VLOOKUP(B405,'Zebrik W'!$B$7:$L$1002,11,0)))","v":""}]
[400,"Petr Velek",1975,"GAC Benešov","CZ/C1","M",1,3398,"","",null,null,{"$f":"IF(ISERROR(VLOOKUP(B406,'Zebrik W'!$B$7:$L$1002,11,0)),\"\",IF(VLOOKUP(B406,'Zebrik W'!$B$7:$L$1002,11,0)=0,\"--\",VLOOKUP(B406,'Zebrik W'!$B$7:$L$1002,11,0)))","v":""}]
[401,"Rudolf Jung",1954,"Zbraslavice","CZ/C1","M",2,3351,"","",null,null,{"$f":"IF(ISERROR(VLOOKUP(B407,'Zebrik W'!$B$7:$L$1002,11,0)),\"\",IF(VLOOKUP(B407,'Zebrik W'!$B$7:$L$1002,11,0)=0,\"--\",VLOOKUP(B407,'Zebrik W'!$B$7:$L$1002,11,0)))","v":""}]
[402,"Leos Nosek",1958,"Vyškov","CZ/M","M",2,3290,"","",null,null,{"$f":"IF(ISERROR(VLOOKUP(B408,'Zebrik W'!$B$7:$L$1002,11,0)),\"\",IF(VLOOKUP(B408,'Zebrik W'!$B$7:$L$1002,11,0)=0,\"--\",VLOOKUP(B408,'Zebrik W'!$B$7:$L$1002,11,0)))","v":""}]
[403,"Zdenek Mach",1976,"Broumov","CZ/C2","M",1,3259,"","",null,null,{"$f":"IF(ISERROR(VLOOKUP(B409,'Zebrik W'!$B$7:$L$1002,11,0)),\"\",IF(VLOOKUP(B409,'Zebrik W'!$B$7:$L$1002,11,0)=0,\"--\",VLOOKUP(B409,'Zebrik W'!$B$7:$L$1002,11,0)))","v":""}]
[404,"Karel Lang",1967,"Medlánky","CZ/M","M",1,3213,"","",null,null,{"$f":"IF(ISERROR(VLOOKUP(B410,'Zebrik W'!$B$7:$L$1002,11,0)),\"\",IF(VLOOKUP(B410,'Zebrik W'!$B$7:$L$1002,11,0)=0,\"--\",VLOOKUP(B410,'Zebrik W'!$B$7:$L$1002,11,0)))","v":""}]
[405,"Lukas Jezek",1975,"Jičín","CZ/C2","M",1,3109,"","",null,null,{"$f":"IF(ISERROR(VLOOKUP(B411,'Zebrik W'!$B$7:$L$1002,11,0)),\"\",IF(VLOOKUP(B411,'Zebrik W'!$B$7:$L$1002,11,0)=0,\"--\",VLOOKUP(B411,'Zebrik W'!$B$7:$L$1002,11,0)))","v":""}]
[406,"Michal Vopalensky",1974,"Letňany","CZ/C1","M",1,3051,"","",null,null,{"$f":"IF(ISERROR(VLOOKUP(B412,'Zebrik W'!$B$7:$L$1002,11,0)),\"\",IF(VLOOKUP(B412,'Zebrik W'!$B$7:$L$1002,11,0)=0,\"--\",VLOOKUP(B412,'Zebrik W'!$B$7:$L$1002,11,0)))","v":""}]
[407,"Radim Hahn",1972,"Zábřeh","CZ/M","M",1,3034,"","",null,null,{"$f":"IF(ISERROR(VLOOKUP(B413,'Zebrik W'!$B$7:$L$1002,11,0)),\"\",IF(VLOOKUP(B413,'Zebrik W'!$B$7:$L$1002,11,0)=0,\"--\",VLOOKUP(B413,'Zebrik W'!$B$7:$L$1002,11,0)))","v":""}]
[408,"Tomas Prokop",1972,"Šumperk","CZ/M","M",1,3018,"","",null,null,{"$f":"IF(ISERROR(VLOOKUP(B414,'Zebrik W'!$B$7:$L$1002,11,0)),\"\",IF(VLOOKUP(B414,'Zebrik W'!$B$7:$L$1002,11,0)=0,\"--\",VLOOKUP(B414,'Zebrik W'!$B$7:$L$1002,11,0)))","v":""}]
[409,"Jaroslav Cejka",1952,"Letkov","CZ/C1","M",1,3017,"","",null,null,{"$f":"IF(ISERROR(VLOOKUP(B415,'Zebrik W'!$B$7:$L$1002,11,0)),\"\",IF(VLOOKUP(B415,'Zebrik W'!$B$7:$L$1002,11,0)=0,\"--\",VLOOKUP(B415,'Zebrik W'!$B$7:$L$1002,11,0)))","v":""}]
[410,"Jiri Donat",1983,"Chrudim","CZ/C2","M",3,2972,"","",null,null,{"$f":"IF(ISERROR(VLOOKUP(B416,'Zebrik W'!$B$7:$L$1002,11,0)),\"\",IF(VLOOKUP(B416,'Zebrik W'!$B$7:$L$1002,11,0)=0,\"--\",VLOOKUP(B416,'Zebrik W'!$B$7:$L$1002,11,0)))","v":""}]
[411,"Pavel Kuriscak",1987,"Beroun","CZ/C1","M",1,2956,"","",null,null,{"$f":"IF(ISERROR(VLOOKUP(B417,'Zebrik W'!$B$7:$L$1002,11,0)),\"\",IF(VLOOKUP(B417,'Zebrik W'!$B$7:$L$1002,11,0)=0,\"--\",VLOOKUP(B417,'Zebrik W'!$B$7:$L$1002,11,0)))","v":""}]
[412,"Jan Horky",1968,"Medlánky","CZ/M","M",2,2955,"","",null,null,{"$f":"IF(ISERROR(VLOOKUP(B418,'Zebrik W'!$B$7:$L$1002,11,0)),\"\",IF(VLOOKUP(B418,'Zebrik W'!$B$7:$L$1002,11,0)=0,\"--\",VLOOKUP(B418,'Zebrik W'!$B$7:$L$1002,11,0)))","v":""}]
[413,"Petr Jedlicka",1987,"Medlánky","CZ/M","M",1,2945,"","",null,null,{"$f":"IF(ISERROR(VLOOKUP(B419,'Zebrik W'!$B$7:$L$1002,11,0)),\"\",IF(VLOOKUP(B419,'Zebrik W'!$B$7:$L$1002,11,0)=0,\"--\",VLOOKUP(B419,'Zebrik W'!$B$7:$L$1002,11,0)))","v":""}]
[414,"Ulf Kern",1958,"Raná","CZ/C2","M",1,2915,"","",null,null,{"$f":"IF(ISERROR(VLOOKUP(B420,'Zebrik W'!$B$7:$L$1002,11,0)),\"\",IF(VLOOKUP(B420,'Zebrik W'!$B$7:$L$1002,11,0)=0,\"--\",VLOOKUP(B420,'Zebrik W'!$B$7:$L$1002,11,0)))","v":""}]
[415,"Vlastislav Picka",1948,"Jindřichův Hradec","CZ/C1","M",1,2858,"","",null,null,{"$f":"IF(ISERROR(VLOOKUP(B421,'Zebrik W'!$B$7:$L$1002,11,0)),\"\",IF(VLOOKUP(B421,'Zebrik W'!$B$7:$L$1002,11,0)=0,\"--\",VLOOKUP(B421,'Zebrik W'!$B$7:$L$1002,11,0)))","v":""}]
[416,"Tomas Frinta",1970,"Hodkovice","CZ/C2","M",1,2822,"","",null,null,{"$f":"IF(ISERROR(VLOOKUP(B422,'Zebrik W'!$B$7:$L$1002,11,0)),\"\",IF(VLOOKUP(B422,'Zebrik W'!$B$7:$L$1002,11,0)=0,\"--\",VLOOKUP(B422,'Zebrik W'!$B$7:$L$1002,11,0)))","v":""}]
[417,"Milada Moudra",1991,"Hodkovice","CZ/C2","F",1,2801,"","",null,null,{"$f":"IF(ISERROR(VLOOKUP(B423,'Zebrik W'!$B$7:$L$1002,11,0)),\"\",IF(VLOOKUP(B423,'Zebrik W'!$B$7:$L$1002,11,0)=0,\"--\",VLOOKUP(B423,'Zebrik W'!$B$7:$L$1002,11,0)))","v":"--"}]
[418,"Vaclav Halek",1966,"Toužim","CZ/C1","M",2,2751,"","",null,null,{"$f":"IF(ISERROR(VLOOKUP(B424,'Zebrik W'!$B$7:$L$1002,11,0)),\"\",IF(VLOOKUP(B424,'Zebrik W'!$B$7:$L$1002,11,0)=0,\"--\",VLOOKUP(B424,'Zebrik W'!$B$7:$L$1002,11,0)))","v":""}]
[419,"Jiri Skarka",1965,"Chomutov","CZ/C2","M",1,2743,"","",null,null,{"$f":"IF(ISERROR(VLOOKUP(B425,'Zebrik W'!$B$7:$L$1002,11,0)),\"\",IF(VLOOKUP(B425,'Zebrik W'!$B$7:$L$1002,11,0)=0,\"--\",VLOOKUP(B425,'Zebrik W'!$B$7:$L$1002,11,0)))","v":""}]
[420,"Jakub Koudelka",2000,"Křižanov","CZ/M","M",1,2738,"Junior v roce 2020","Junior v roce 2021",null,null,{"$f":"IF(ISERROR(VLOOKUP(B426,'Zebrik W'!$B$7:$L$1002,11,0)),\"\",IF(VLOOKUP(B426,'Zebrik W'!$B$7:$L$1002,11,0)=0,\"--\",VLOOKUP(B426,'Zebrik W'!$B$7:$L$1002,11,0)))","v":""}]
[421,"Tomas Ohera",1977,"Letňany","CZ/C1","M",1,2733,"","",null,null,{"$f":"IF(ISERROR(VLOOKUP(B427,'Zebrik W'!$B$7:$L$1002,11,0)),\"\",IF(VLOOKUP(B427,'Zebrik W'!$B$7:$L$1002,11,0)=0,\"--\",VLOOKUP(B427,'Zebrik W'!$B$7:$L$1002,11,0)))","v":""}]
[422,"Tomas Ondrisek",1970,"Kunovice","CZ/M","M",1,2635,{"$f":"IF(C428=\"(prázdné)\",\"\",IF(($I$4-C428)>25,\"\",\"Junior v roce \"&$I$4))","v":""},{"$f":"IF(C428=\"(prázdné)\",\"\",IF(($J$4-C428)>25,\"\",\"Junior v roce \"&$J$4))","v":""},null,null,{"$f":"IF(ISERROR(VLOOKUP(B428,'Zebrik W'!$B$7:$L$1002,11,0)),\"\",IF(VLOOKUP(B428,'Zebrik W'!$B$7:$L$1002,11,0)=0,\"--\",VLOOKUP(B428,'Zebrik W'!$B$7:$L$1002,11,0)))","v":""}]
[423,"Eduard Svoboda",1957,"Raná","CZ/C2","M",1,2499,"","",null,null,{"$f":"IF(ISERROR(VLOOKUP(B429,'Zebrik W'!$B$7:$L$1002,11,0)),\"\",IF(VLOOKUP(B429,'Zebrik W'!$B$7:$L$1002,11,0)=0,\"--\",VLOOKUP(B429,'Zebrik W'!$B$7:$L$1002,11,0)))","v":""}]
[424,"Ondrej Dvorak 87",1987,"Raná","CZ/C2","M",1,2494,"","",null,null,{"$f":"IF(ISERROR(VLOOKUP(B430,'Zebrik W'!$B$7:$L$1002,11,0)),\"\",IF(VLOOKUP(B430,'Zebrik W'!$B$7:$L$1002,11,0)=0,\"--\",VLOOKUP(B430,'Zebrik W'!$B$7:$L$1002,11,0)))","v":""}]
[425,"Daniela Frankova",1997,"Hořice","CZ/C2","M",1,2490,"Junior v roce 2020","Junior v roce 2021",null,null,{"$f":"IF(ISERROR(VLOOKUP(B431,'Zebrik W'!$B$7:$L$1002,11,0)),\"\",IF(VLOOKUP(B431,'Zebrik W'!$B$7:$L$1002,11,0)=0,\"--\",VLOOKUP(B431,'Zebrik W'!$B$7:$L$1002,11,0)))","v":""}]
[426,"Vladimir Abraham",1962,"Raná","CZ/C2","M",1,2447,"","",null,null,{"$f":"IF(ISERROR(VLOOKUP(B432,'Zebrik W'!$B$7:$L$1002,11,0)),\"\",IF(VLOOKUP(B432,'Zebrik W'!$B$7:$L$1002,11,0)=0,\"--\",VLOOKUP(B432,'Zebrik W'!$B$7:$L$1002,11,0)))","v":""}]
[427,"Zuzana Markesova",2001,"Medlánky","CZ/M","F",1,2409,"Junior v roce 2020","Junior v roce 2021",null,null,{"$f":"IF(ISERROR(VLOOKUP(B433,'Zebrik W'!$B$7:$L$1002,11,0)),\"\",IF(VLOOKUP(B433,'Zebrik W'!$B$7:$L$1002,11,0)=0,\"--\",VLOOKUP(B433,'Zebrik W'!$B$7:$L$1002,11,0)))","v":"--"}]
[428,"Jan Zdvorak",1980,"Roudnice","CZ/C2","M",1,2400,"","",null,null,{"$f":"IF(ISERROR(VLOOKUP(B434,'Zebrik W'!$B$7:$L$1002,11,0)),\"\",IF(VLOOKUP(B434,'Zebrik W'!$B$7:$L$1002,11,0)=0,\"--\",VLOOKUP(B434,'Zebrik W'!$B$7:$L$1002,11,0)))","v":""}]
[429,"Vaclav Ochotny",1966,"Kunovice","CZ/M","M",1,2340,"","",null,null,{"$f":"IF(ISERROR(VLOOKUP(B435,'Zebrik W'!$B$7:$L$1002,11,0)),\"\",IF(VLOOKUP(B435,'Zebrik W'!$B$7:$L$1002,11,0)=0,\"--\",VLOOKUP(B435,'Zebrik W'!$B$7:$L$1002,11,0)))","v":""}]
[430,"Teodor Skoda",1998,"Hronov","CZ/C2","M",1,2256,"Junior v roce 2020","Junior v roce 2021",null,null,{"$f":"IF(ISERROR(VLOOKUP(B436,'Zebrik W'!$B$7:$L$1002,11,0)),\"\",IF(VLOOKUP(B436,'Zebrik W'!$B$7:$L$1002,11,0)=0,\"--\",VLOOKUP(B436,'Zebrik W'!$B$7:$L$1002,11,0)))","v":""}]
[431,"Jan Pazour",1979,"Dvůr Králové","CZ/C2","M",1,2230,"","",null,null,{"$f":"IF(ISERROR(VLOOKUP(B437,'Zebrik W'!$B$7:$L$1002,11,0)),\"\",IF(VLOOKUP(B437,'Zebrik W'!$B$7:$L$1002,11,0)=0,\"--\",VLOOKUP(B437,'Zebrik W'!$B$7:$L$1002,11,0)))","v":""}]
[432,"Radek Laga",1997,"Kunovice","CZ/M","M",1,2177,"Junior v roce 2020","Junior v roce 2021",null,null,{"$f":"IF(ISERROR(VLOOKUP(B438,'Zebrik W'!$B$7:$L$1002,11,0)),\"\",IF(VLOOKUP(B438,'Zebrik W'!$B$7:$L$1002,11,0)=0,\"--\",VLOOKUP(B438,'Zebrik W'!$B$7:$L$1002,11,0)))","v":""}]
[433,"Tereza Jirsakova",1997,"Hronov","CZ/C2","F",1,2173,"Junior v roce 2020","Junior v roce 2021",null,null,{"$f":"IF(ISERROR(VLOOKUP(B439,'Zebrik W'!$B$7:$L$1002,11,0)),\"\",IF(VLOOKUP(B439,'Zebrik W'!$B$7:$L$1002,11,0)=0,\"--\",VLOOKUP(B439,'Zebrik W'!$B$7:$L$1002,11,0)))","v":"--"}]
[434,"Jiri Kohoutek",1983,"Olomouc","CZ/M","M",1,2164,"","",null,null,{"$f":"IF(ISERROR(VLOOKUP(B440,'Zebrik W'!$B$7:$L$1002,11,0)),\"\",IF(VLOOKUP(B440,'Zebrik W'!$B$7:$L$1002,11,0)=0,\"--\",VLOOKUP(B440,'Zebrik W'!$B$7:$L$1002,11,0)))","v":""}]
[435,"Miroslav Trybucek",1965,"Jičín","CZ/C2","M",1,2141,"","",null,null,{"$f":"IF(ISERROR(VLOOKUP(B441,'Zebrik W'!$B$7:$L$1002,11,0)),\"\",IF(VLOOKUP(B441,'Zebrik W'!$B$7:$L$1002,11,0)=0,\"--\",VLOOKUP(B441,'Zebrik W'!$B$7:$L$1002,11,0)))","v":""}]
[436,"Martin Kozina",1970,"Křižanov","CZ/M","M",1,2105,"","",null,null,{"$f":"IF(ISERROR(VLOOKUP(B442,'Zebrik W'!$B$7:$L$1002,11,0)),\"\",IF(VLOOKUP(B442,'Zebrik W'!$B$7:$L$1002,11,0)=0,\"--\",VLOOKUP(B442,'Zebrik W'!$B$7:$L$1002,11,0)))","v":""}]
[437,"Pavel Svrcek",1972,"Frýdlant","CZ/M","M",2,2071,"","",null,null,{"$f":"IF(ISERROR(VLOOKUP(B443,'Zebrik W'!$B$7:$L$1002,11,0)),\"\",IF(VLOOKUP(B443,'Zebrik W'!$B$7:$L$1002,11,0)=0,\"--\",VLOOKUP(B443,'Zebrik W'!$B$7:$L$1002,11,0)))","v":""}]
[438,"Petr Kapounek",1977,"Kroměříž","CZ/M","M",1,2069,"","",null,null,{"$f":"IF(ISERROR(VLOOKUP(B444,'Zebrik W'!$B$7:$L$1002,11,0)),\"\",IF(VLOOKUP(B444,'Zebrik W'!$B$7:$L$1002,11,0)=0,\"--\",VLOOKUP(B444,'Zebrik W'!$B$7:$L$1002,11,0)))","v":""}]
[439,"Eliska Bohunovska",2001,"Hranice","CZ/M","F",1,2039,"Junior v roce 2020","Junior v roce 2021",null,null,{"$f":"IF(ISERROR(VLOOKUP(B445,'Zebrik W'!$B$7:$L$1002,11,0)),\"\",IF(VLOOKUP(B445,'Zebrik W'!$B$7:$L$1002,11,0)=0,\"--\",VLOOKUP(B445,'Zebrik W'!$B$7:$L$1002,11,0)))","v":"--"}]
[440,"Martin Zvonicek",1972,"Raná","CZ/C2","M",1,1972,"","",null,null,{"$f":"IF(ISERROR(VLOOKUP(B446,'Zebrik W'!$B$7:$L$1002,11,0)),\"\",IF(VLOOKUP(B446,'Zebrik W'!$B$7:$L$1002,11,0)=0,\"--\",VLOOKUP(B446,'Zebrik W'!$B$7:$L$1002,11,0)))","v":""}]
[441,"Pavel Simek",1957,"Vyškov","CZ/M","M",1,1945,"","",null,null,{"$f":"IF(ISERROR(VLOOKUP(B447,'Zebrik W'!$B$7:$L$1002,11,0)),\"\",IF(VLOOKUP(B447,'Zebrik W'!$B$7:$L$1002,11,0)=0,\"--\",VLOOKUP(B447,'Zebrik W'!$B$7:$L$1002,11,0)))","v":""}]
[442,"Jiri Tomicek",1947,"Dvůr Králové","CZ/C2","M",1,1885,"","",null,null,{"$f":"IF(ISERROR(VLOOKUP(B448,'Zebrik W'!$B$7:$L$1002,11,0)),\"\",IF(VLOOKUP(B448,'Zebrik W'!$B$7:$L$1002,11,0)=0,\"--\",VLOOKUP(B448,'Zebrik W'!$B$7:$L$1002,11,0)))","v":""}]
[443,"Frantisek Sindelar",1954,"Kralupy","CZ/C1","M",1,1815,"","",null,null,{"$f":"IF(ISERROR(VLOOKUP(B449,'Zebrik W'!$B$7:$L$1002,11,0)),\"\",IF(VLOOKUP(B449,'Zebrik W'!$B$7:$L$1002,11,0)=0,\"--\",VLOOKUP(B449,'Zebrik W'!$B$7:$L$1002,11,0)))","v":""}]
[444,"Milos Rejzl",1962,"Klatovy","CZ/C1","M",1,1800,"","",null,null,{"$f":"IF(ISERROR(VLOOKUP(B450,'Zebrik W'!$B$7:$L$1002,11,0)),\"\",IF(VLOOKUP(B450,'Zebrik W'!$B$7:$L$1002,11,0)=0,\"--\",VLOOKUP(B450,'Zebrik W'!$B$7:$L$1002,11,0)))","v":""}]
[445,"Michal Linhart",1982,"Vyškov","CZ/M","M",1,1775,"","",null,null,{"$f":"IF(ISERROR(VLOOKUP(B451,'Zebrik W'!$B$7:$L$1002,11,0)),\"\",IF(VLOOKUP(B451,'Zebrik W'!$B$7:$L$1002,11,0)=0,\"--\",VLOOKUP(B451,'Zebrik W'!$B$7:$L$1002,11,0)))","v":""}]
[446,"Christof Madory",1958,"Šumperk","CZ/M","M",1,1703,"","",null,null,{"$f":"IF(ISERROR(VLOOKUP(B452,'Zebrik W'!$B$7:$L$1002,11,0)),\"\",IF(VLOOKUP(B452,'Zebrik W'!$B$7:$L$1002,11,0)=0,\"--\",VLOOKUP(B452,'Zebrik W'!$B$7:$L$1002,11,0)))","v":""}]
[447,"Vaclav Hrdina",1984,"Letkov","CZ/C1","M",1,1564,"","",null,null,{"$f":"IF(ISERROR(VLOOKUP(B453,'Zebrik W'!$B$7:$L$1002,11,0)),\"\",IF(VLOOKUP(B453,'Zebrik W'!$B$7:$L$1002,11,0)=0,\"--\",VLOOKUP(B453,'Zebrik W'!$B$7:$L$1002,11,0)))","v":""}]
[448,"Lukas Hykl",1985,"Kolín","CZ/C1","M",1,1546,"","",null,null,{"$f":"IF(ISERROR(VLOOKUP(B454,'Zebrik W'!$B$7:$L$1002,11,0)),\"\",IF(VLOOKUP(B454,'Zebrik W'!$B$7:$L$1002,11,0)=0,\"--\",VLOOKUP(B454,'Zebrik W'!$B$7:$L$1002,11,0)))","v":""}]
[449,"Jan Repka",1959,"Liberec","CZ/C2","M",1,1488,"","",null,null,{"$f":"IF(ISERROR(VLOOKUP(B455,'Zebrik W'!$B$7:$L$1002,11,0)),\"\",IF(VLOOKUP(B455,'Zebrik W'!$B$7:$L$1002,11,0)=0,\"--\",VLOOKUP(B455,'Zebrik W'!$B$7:$L$1002,11,0)))","v":""}]
[{"$f":"RANK(H456,H:H)","v":450},"Milos Novotny",1973,"Hronov","CZ/C2","M",1,1415,"","",null,null,{"$f":"IF(ISERROR(VLOOKUP(B456,'Zebrik W'!$B$7:$L$1002,11,0)),\"\",IF(VLOOKUP(B456,'Zebrik W'!$B$7:$L$1002,11,0)=0,\"--\",VLOOKUP(B456,'Zebrik W'!$B$7:$L$1002,11,0)))","v":""}]
[451,"Vladimir Fousek",1964,"Raná","CZ/C2","M",1,1391,"","",null,null,{"$f":"IF(ISERROR(VLOOKUP(B457,'Zebrik W'!$B$7:$L$1002,11,0)),\"\",IF(VLOOKUP(B457,'Zebrik W'!$B$7:$L$1002,11,0)=0,\"--\",VLOOKUP(B457,'Zebrik W'!$B$7:$L$1002,11,0)))","v":""}]
[452,"Bohus Marcinik",1947,"Příbram","CZ/C1","M",1,1377,"","",null,null,{"$f":"IF(ISERROR(VLOOKUP(B458,'Zebrik W'!$B$7:$L$1002,11,0)),\"\",IF(VLOOKUP(B458,'Zebrik W'!$B$7:$L$1002,11,0)=0,\"--\",VLOOKUP(B458,'Zebrik W'!$B$7:$L$1002,11,0)))","v":""}]
[453,"Lubor Sobek",1979,"Frýdlant","CZ/M","M",1,1333,"","",null,null,{"$f":"IF(ISERROR(VLOOKUP(B459,'Zebrik W'!$B$7:$L$1002,11,0)),\"\",IF(VLOOKUP(B459,'Zebrik W'!$B$7:$L$1002,11,0)=0,\"--\",VLOOKUP(B459,'Zebrik W'!$B$7:$L$1002,11,0)))","v":""}]
[454,"Petr Omelka",1970,"Vyškov","CZ/M","M",1,1325,"","",null,null,{"$f":"IF(ISERROR(VLOOKUP(B460,'Zebrik W'!$B$7:$L$1002,11,0)),\"\",IF(VLOOKUP(B460,'Zebrik W'!$B$7:$L$1002,11,0)=0,\"--\",VLOOKUP(B460,'Zebrik W'!$B$7:$L$1002,11,0)))","v":""}]
[455,"Lubos Florian",1966,"Jičín","CZ/C2","M",1,1289,"","",null,null,{"$f":"IF(ISERROR(VLOOKUP(B461,'Zebrik W'!$B$7:$L$1002,11,0)),\"\",IF(VLOOKUP(B461,'Zebrik W'!$B$7:$L$1002,11,0)=0,\"--\",VLOOKUP(B461,'Zebrik W'!$B$7:$L$1002,11,0)))","v":""}]
[456,"Stanislava Zemlickova",2000,"Vyškov","CZ/M","F",1,1246,"Junior v roce 2020","Junior v roce 2021",null,null,{"$f":"IF(ISERROR(VLOOKUP(B462,'Zebrik W'!$B$7:$L$1002,11,0)),\"\",IF(VLOOKUP(B462,'Zebrik W'!$B$7:$L$1002,11,0)=0,\"--\",VLOOKUP(B462,'Zebrik W'!$B$7:$L$1002,11,0)))","v":"--"}]
[457,"Martin Marek",1967,"Roudnice","CZ/C2","M",1,1200,"","",null,null,{"$f":"IF(ISERROR(VLOOKUP(B463,'Zebrik W'!$B$7:$L$1002,11,0)),\"\",IF(VLOOKUP(B463,'Zebrik W'!$B$7:$L$1002,11,0)=0,\"--\",VLOOKUP(B463,'Zebrik W'!$B$7:$L$1002,11,0)))","v":""}]
[457,"Martin Vana",1979,"Mladá Boleslav","CZ/C1","M",1,1200,"","",null,null,{"$f":"IF(ISERROR(VLOOKUP(B464,'Zebrik W'!$B$7:$L$1002,11,0)),\"\",IF(VLOOKUP(B464,'Zebrik W'!$B$7:$L$1002,11,0)=0,\"--\",VLOOKUP(B464,'Zebrik W'!$B$7:$L$1002,11,0)))","v":""}]
[459,"Petr Kejr",1959,"Kralupy","CZ/C1","M",1,1188,"","",null,null,{"$f":"IF(ISERROR(VLOOKUP(B465,'Zebrik W'!$B$7:$L$1002,11,0)),\"\",IF(VLOOKUP(B465,'Zebrik W'!$B$7:$L$1002,11,0)=0,\"--\",VLOOKUP(B465,'Zebrik W'!$B$7:$L$1002,11,0)))","v":""}]
[460,"Petr Cernicky",1974,"Toužim","CZ/C1","M",1,1157,"","",null,null,{"$f":"IF(ISERROR(VLOOKUP(B466,'Zebrik W'!$B$7:$L$1002,11,0)),\"\",IF(VLOOKUP(B466,'Zebrik W'!$B$7:$L$1002,11,0)=0,\"--\",VLOOKUP(B466,'Zebrik W'!$B$7:$L$1002,11,0)))","v":""}]
[461,"David Londa",1973,"Mladá Boleslav","CZ/C1","M",1,1136,"","",null,null,{"$f":"IF(ISERROR(VLOOKUP(B467,'Zebrik W'!$B$7:$L$1002,11,0)),\"\",IF(VLOOKUP(B467,'Zebrik W'!$B$7:$L$1002,11,0)=0,\"--\",VLOOKUP(B467,'Zebrik W'!$B$7:$L$1002,11,0)))","v":""}]
[462,"Christof Madoery",1958,"Šumperk","CZ/M","M",1,1107,"","",null,null,{"$f":"IF(ISERROR(VLOOKUP(B468,'Zebrik W'!$B$7:$L$1002,11,0)),\"\",IF(VLOOKUP(B468,'Zebrik W'!$B$7:$L$1002,11,0)=0,\"--\",VLOOKUP(B468,'Zebrik W'!$B$7:$L$1002,11,0)))","v":""}]
[{"$f":"RANK(H469,H:H)","v":463},"Petra Retamozova",1990,"Kralupy","CZ/C1","F",1,1094,"","",null,null,{"$f":"IF(ISERROR(VLOOKUP(B469,'Zebrik W'!$B$7:$L$1002,11,0)),\"\",IF(VLOOKUP(B469,'Zebrik W'!$B$7:$L$1002,11,0)=0,\"--\",VLOOKUP(B469,'Zebrik W'!$B$7:$L$1002,11,0)))","v":"--"}]
[{"$f":"RANK(H470,H:H)","v":464},"Martin Novak",1976,"Slaný","CZ/C1","M",1,1009,"","",null,null,{"$f":"IF(ISERROR(VLOOKUP(B470,'Zebrik W'!$B$7:$L$1002,11,0)),\"\",IF(VLOOKUP(B470,'Zebrik W'!$B$7:$L$1002,11,0)=0,\"--\",VLOOKUP(B470,'Zebrik W'!$B$7:$L$1002,11,0)))","v":""}]
[465,"Martin Benesovsky",1900,"Kolín","CZ/C1","M",1,1005,"","",null,null,{"$f":"IF(ISERROR(VLOOKUP(B471,'Zebrik W'!$B$7:$L$1002,11,0)),\"\",IF(VLOOKUP(B471,'Zebrik W'!$B$7:$L$1002,11,0)=0,\"--\",VLOOKUP(B471,'Zebrik W'!$B$7:$L$1002,11,0)))","v":""}]
[466,"Petr Kyzivat",1970,"Jičín","CZ/C2","M",1,1000,"","",null,null,{"$f":"IF(ISERROR(VLOOKUP(B472,'Zebrik W'!$B$7:$L$1002,11,0)),\"\",IF(VLOOKUP(B472,'Zebrik W'!$B$7:$L$1002,11,0)=0,\"--\",VLOOKUP(B472,'Zebrik W'!$B$7:$L$1002,11,0)))","v":""}]
[467,"Petr Baros",1974,"Hranice","CZ/M","M",1,892,"","",null,null,{"$f":"IF(ISERROR(VLOOKUP(B473,'Zebrik W'!$B$7:$L$1002,11,0)),\"\",IF(VLOOKUP(B473,'Zebrik W'!$B$7:$L$1002,11,0)=0,\"--\",VLOOKUP(B473,'Zebrik W'!$B$7:$L$1002,11,0)))","v":""}]
[468,"Ludek Mikl",1963,"Kroměříž","CZ/M","M",1,833,"","",null,null,{"$f":"IF(ISERROR(VLOOKUP(B474,'Zebrik W'!$B$7:$L$1002,11,0)),\"\",IF(VLOOKUP(B474,'Zebrik W'!$B$7:$L$1002,11,0)=0,\"--\",VLOOKUP(B474,'Zebrik W'!$B$7:$L$1002,11,0)))","v":""}]
[469,"Jan Mittner",1986,"Zbraslavice","CZ/C1","M",1,825,"","",null,null,{"$f":"IF(ISERROR(VLOOKUP(B475,'Zebrik W'!$B$7:$L$1002,11,0)),\"\",IF(VLOOKUP(B475,'Zebrik W'!$B$7:$L$1002,11,0)=0,\"--\",VLOOKUP(B475,'Zebrik W'!$B$7:$L$1002,11,0)))","v":""}]
[470,"Bohumir Zajdl",1950,"Dvůr Králové","CZ/C2","M",1,779,"","",null,null,{"$f":"IF(ISERROR(VLOOKUP(B476,'Zebrik W'!$B$7:$L$1002,11,0)),\"\",IF(VLOOKUP(B476,'Zebrik W'!$B$7:$L$1002,11,0)=0,\"--\",VLOOKUP(B476,'Zebrik W'!$B$7:$L$1002,11,0)))","v":""}]
[471,"Jan Dersak 92",1992,"Kralupy","CZ/C1","M",1,592,"","",null,null,{"$f":"IF(ISERROR(VLOOKUP(B477,'Zebrik W'!$B$7:$L$1002,11,0)),\"\",IF(VLOOKUP(B477,'Zebrik W'!$B$7:$L$1002,11,0)=0,\"--\",VLOOKUP(B477,'Zebrik W'!$B$7:$L$1002,11,0)))","v":""}]
[472,"Michal Richter",1983,"Kolín","CZ/C1","M",1,586,"","",null,null,{"$f":"IF(ISERROR(VLOOKUP(B478,'Zebrik W'!$B$7:$L$1002,11,0)),\"\",IF(VLOOKUP(B478,'Zebrik W'!$B$7:$L$1002,11,0)=0,\"--\",VLOOKUP(B478,'Zebrik W'!$B$7:$L$1002,11,0)))","v":""}]
[473,"Jan Cerveny",1984,"Jaroměř","CZ/C2","M",1,292,"","",null,null,{"$f":"IF(ISERROR(VLOOKUP(B479,'Zebrik W'!$B$7:$L$1002,11,0)),\"\",IF(VLOOKUP(B479,'Zebrik W'!$B$7:$L$1002,11,0)=0,\"--\",VLOOKUP(B479,'Zebrik W'!$B$7:$L$1002,11,0)))","v":""}]
[474,"Pavel Foldyna",1976,"Frýdlant","CZ/M","M",1,175,"","",null,null,{"$f":"IF(ISERROR(VLOOKUP(B480,'Zebrik W'!$B$7:$L$1002,11,0)),\"\",IF(VLOOKUP(B480,'Zebrik W'!$B$7:$L$1002,11,0)=0,\"--\",VLOOKUP(B480,'Zebrik W'!$B$7:$L$1002,11,0)))","v":""}]
[475,"Vit Grossmann",1977,"Hranice","CZ/M","M",1,145,"","",null,null,{"$f":"IF(ISERROR(VLOOKUP(B481,'Zebrik W'!$B$7:$L$1002,11,0)),\"\",IF(VLOOKUP(B481,'Zebrik W'!$B$7:$L$1002,11,0)=0,\"--\",VLOOKUP(B481,'Zebrik W'!$B$7:$L$1002,11,0)))","v":""}]
[476,"Jan Turek",1987,"Toužim","CZ/C1","M",1,138,"","",null,null,{"$f":"IF(ISERROR(VLOOKUP(B482,'Zebrik W'!$B$7:$L$1002,11,0)),\"\",IF(VLOOKUP(B482,'Zebrik W'!$B$7:$L$1002,11,0)=0,\"--\",VLOOKUP(B482,'Zebrik W'!$B$7:$L$1002,11,0)))","v":""}]
[477,"Vladimir Hampl",1970,"Dvůr Králové","CZ/C2","M",1,130,"","",null,null,{"$f":"IF(ISERROR(VLOOKUP(B483,'Zebrik W'!$B$7:$L$1002,11,0)),\"\",IF(VLOOKUP(B483,'Zebrik W'!$B$7:$L$1002,11,0)=0,\"--\",VLOOKUP(B483,'Zebrik W'!$B$7:$L$1002,11,0)))","v":""}]
[478,"Petr Gryc",1949,"Medlánky","CZ/M","M",1,2,"","",null,null,{"$f":"IF(ISERROR(VLOOKUP(B484,'Zebrik W'!$B$7:$L$1002,11,0)),\"\",IF(VLOOKUP(B484,'Zebrik W'!$B$7:$L$1002,11,0)=0,\"--\",VLOOKUP(B484,'Zebrik W'!$B$7:$L$1002,11,0)))","v":""}]
[]
[]
[{"$f":"Soutez!A163","v":"Schváleno Plachtařskou komisí AeČR dne 10.11.2019 ve Vysokém Mýtě"}]

{"sheet":"Zebrik W","index":7,"n_rows":47,"n_cols":13,"rows_kept":47,"cut":false,"hidden":false,"merged":[]}
[null,{"$f":"\"Ženský Žebřík pilotek plachtařek PK AeČR \"&A6","v":"Ženský Žebřík pilotek plachtařek PK AeČR 2019"},null,null,null,null,{"$f":"'Zebrik G'!G1","v":"2020-03-01"},"Rev.",{"$f":"'Zebrik G'!I1","v":"05"},{"$f":"'Zebrik G'!J1","v":"Dodatečné nominace na PMČR, řádné nominace na PMRg a PMČRj 2020"}]
[]
[null,"W","x",null,null,null,null,null,"Juniorka v roce:","Juniorka v roce:",{"$f":"\"W Repre družstvo \"&I4","v":"W Repre družstvo 2020"},{"$f":"\"W Repre výběr \"&I4","v":"W Repre výběr 2020"},"Poznámka"]
[null,null,null,null,null,null,null,null,{"$f":"A6+1","v":2020},{"$f":"A6+2","v":2021},"(WRD)","(WRV)"]
["Pořadí",null,null,null,null,null,"Data",null,{"$f":"COUNTIF(I7:I499,\"Juniorka v roce \"&$I$4)","v":7},{"$f":"COUNTIF(J7:J499,\"Juniorka v roce \"&$J$4)","v":7},{"$f":"COUNTIF(K7:K499,\"WRD \"&$I$4)","v":9},{"$f":"COUNTIF(L7:L499,\"WRV \"&$I$4)","v":10},{"$f":"COUNTIF(M7:M499,\"<>\")","v":9}]
[{"$f":"'Zebrik G'!A6","v":2019},"Jméno","Rok narození","Aeroklub","Region","M/F","Počet W","Součet z Bi×Kn"]
[{"$f":"RANK(H7,H:H)","v":1},"Alena Netusilova",1970,"Zbraslavice","CZ/C1","F",3,28355,{"$f":"IF(C7=\"(prázdné)\",\"\",IF(($I$4-C7)>25,\"\",\"Juniorka v roce \"&$I$4))","v":""},{"$f":"IF(C7=\"(prázdné)\",\"\",IF(($J$4-C7)>25,\"\",\"Juniorka v roce \"&$J$4))","v":""},"WRD 2020","WRV 2020","WWGC 2020 18m"]
[2,"Jana Veprekova",1961,"Dvůr Králové","CZ/C2","F",3,27518,{"$f":"IF(C8=\"(prázdné)\",\"\",IF(($I$4-C8)>25,\"\",\"Juniorka v roce \"&$I$4))","v":""},{"$f":"IF(C8=\"(prázdné)\",\"\",IF(($J$4-C8)>25,\"\",\"Juniorka v roce \"&$J$4))","v":""},"WRD 2020","WRV 2020","WWGC 2020 Std"]
[3,"Hana Treslova",1991,"Raná","CZ/C2","F",3,27160,"","","WRD 2020","WRV 2020","WWGC 2020 Std"]
[4,"Dana Novakova",1965,"Mladá Boleslav","CZ/C1","F",3,25980,"","","WRD 2020","WRV 2020","WWGC 2020 Std"]
[5,"Barbora Moravcova",1994,"Zbraslavice","CZ/C1","F",3,25476,"","","WRD 2020","WRV 2020","WWGC 2020 Club"]
[6,"Klara Teichmannova",1993,"Hronov","CZ/C2","F",3,25293,"","","WRD 2020","WRV 2020","WWGC 2020 Club"]
[7,"Jana Treslova",1963,"Raná","CZ/C2","F",3,25199,"","","WRD 2020","WRV 2020","WWGC 2020 18m"]
[8,"Lenka Kuthanova",1960,"Tábor","CZ/C1","F",3,23705,"","",null,"WRV 2020"]
[9,"Petra Piskata",1989,"Hranice","CZ/M","F",3,22955,"","","WRD 2020","WRV 2020","WWGC 2020 Club"]
[10,"Tereza Koubkova",1999,"Letňany","CZ/C1","F",3,20483,"Juniorka v roce 2020","Juniorka v roce 2021"]
[11,"Anna Bordovska",1989,"Mladá Boleslav","CZ/C1","F",3,20344,"",""]
[12,"Pavlina Horackova",1965,"Šumperk","CZ/M","F",3,19876,"",""]
[13,"Eva Cerna",1964,"Příbram","CZ/C1","F",3,19399,"","","WRD 2020","WRV 2020","WWGC 2020 18m"]
[14,"Katerina Vojtova",1983,"Slaný","CZ/C1","F",3,15619,"",""]
[15,"Yvona Vyhnankova",1963,"Olomouc","CZ/M","F",3,12144,"",""]
[16,"Barbora Kubickova",1993,"Medlánky","CZ/M","F",2,11260,"",""]
[17,"Sarka Lochova",1966,"Šumperk","CZ/M","F",3,10604,"",""]
[18,"Olga Mokosova",1970,"Jihlava","CZ/M","F",3,9967,"",""]
[19,"Jarmila Zatykova",1959,"Kralupy","CZ/C1","F",3,9171,"",""]
[20,"Michaela Krizova",2001,"Přibyslav","CZ/C2","F",2,8838,"Juniorka v roce 2020","Juniorka v roce 2021"]
[21,"Sabina Vitova",1998,"Kroměříž","CZ/M","F",3,8009,"Juniorka v roce 2020","Juniorka v roce 2021"]
[22,"Jana Mezerova",1975,"Raná","CZ/C2","F",3,7516,"",""]
[23,"Kristina Santruckova",1996,"Podhořany","CZ/C2","F",3,7437,"Juniorka v roce 2020","Juniorka v roce 2021"]
[24,"Tereza Novakova",1993,"Chrudim","CZ/C2","F",3,7350,"",""]
[25,"Linda Vasatova",1990,"Mladá Boleslav","CZ/C1","F",2,5953,"",""]
[26,"Radmila Horacek Filakovska",1963,"Dvůr Králové","CZ/C2","F",2,5903,"",""]
[27,"Petra Diepoldova",1978,"Vysoké Mýto","CZ/C2","F",2,5446,"",""]
[28,"Zuzana Kutilkova",1993,"Křižanov","CZ/M","F",2,5324,"",""]
[29,"Michaela Sirmerova",2000,"Jihlava","CZ/M","F",2,5067,"Juniorka v roce 2020","Juniorka v roce 2021"]
[30,"Monika Jiraskova",1994,"Hronov","CZ/C2","F",1,4679,"",""]
[31,"Veronika Ambrozova",1984,"Křižanov","CZ/M","F",1,4397,"",""]
[32,"Jana Krejcova",1972,"Křižanov","CZ/M","F",1,4331,"",""]
[33,"Milada Moudra",1991,"Hodkovice","CZ/C2","F",1,2801,"",""]
[34,"Zuzana Markesova",2001,"Medlánky","CZ/M","F",1,2409,"Juniorka v roce 2020","Juniorka v roce 2021"]
[35,"Tereza Jirsakova",1997,"Hronov","CZ/C2","F",1,2173,"Juniorka v roce 2020","Juniorka v roce 2021"]
[36,"Eliska Bohunovska",2001,"Hranice","CZ/M","F",1,2039]
[37,"Stanislava Zemlickova",2000,"Vyškov","CZ/M","F",1,1246]
[38,"Petra Retamozova",1990,"Kralupy","CZ/C1","F",1,1094]
[]
[]
[{"$f":"Soutez!A163","v":"Schváleno Plachtařskou komisí AeČR dne 10.11.2019 ve Vysokém Mýtě"}]

{"sheet":"KB PMRg 2017","index":8,"n_rows":71,"n_cols":14,"rows_kept":71,"cut":false,"hidden":false,"merged":[[0,0,0,12]]}
["PMRg 2017 - Křižanov - Korigované body"]
["Pořadí v KB","Jméno","Rok narození","Aeroklub","Region","Soutěž","Pořadí ve třídě","Body ve třídě","Max. B ve třídě","Bi","Typ","CN","M/F","Junior"]
[{"$f":"RANK(J3,J:J)","v":1},"Ivan Novak",{"$f":"VLOOKUP(B3,Pilot,2,0)","v":1962},{"$f":"VLOOKUP(B3,Pilot,3,0)","v":"Mladá Boleslav"},{"$f":"VLOOKUP(B3,Pilot,4,0)","v":"CZ/C1"},"PMRg 2017 - Klub",1,5132,5132,{"$f":"ROUND(H3/I3*10000,0)","v":10000},"Std. Cirrus","DI",{"$f":"VLOOKUP(B3,Pilot,5,0)","v":"M"},{"$f":"IF(ISERROR(VLOOKUP(B3,Pilot,6,0)),\"Není v databázi\",VLOOKUP(B3,Pilot,6,0))","v":""}]
[1,"Karel Mares",1974,"Slaný","CZ/C1","PMRg 2017 - Kombi",1,5750,5750,10000,"Ventus c /17,6m (voda)","7F","M",""]
[3,"Hana Treslova",1991,"Raná","CZ/C2","PMRg 2017 - Klub",2,5049,5132,9838,"Std. Cirrus","CI","F",""]
[4,"Daniel Ryba",1994,"Dvůr Králové","CZ/C2","PMRg 2017 - Klub",3,5030,5132,9801,"ASW-19B","L7","M",""]
[5,"Josef Novotny",1983,"Přibyslav","CZ/C2","PMRg 2017 - Klub",4,4967,5132,9678,"Std. Cirrus","AW","M",""]
[6,"Leos Strnadek",1983,"Hodkovice","CZ/C2","PMRg 2017 - Klub",5,4958,5132,9661,"ASW-19B","XZ","M",""]
[7,"Zdenek Boruvka 54",1954,"Jičín","CZ/C2","PMRg 2017 - Kombi",2,5538,5750,9631,"LS 8,a,b,s,st,18 /15m (voda)","ZB","M",""]
[8,"Marek Svancara",1976,"GAC Benešov","CZ/C1","PMRg 2017 - Klub",6,4925,5132,9597,"Std. Cirrus","GT","M",""]
[9,"Zdenek Balcarek",1967,"Kroměříž","CZ/M","PMRg 2017 - Klub",7,4908,5132,9564,"Std. Cirrus","ZL","M",""]
[10,"Lubomir Motl",1959,"Kyjov","CZ/M","PMRg 2017 - Klub",8,4863,5132,9476,"LS-1f","G2","M",""]
[11,"Zdenek Boruvka 86",1986,"Jičín","CZ/C2","PMRg 2017 - Klub",9,4830,5132,9412,"Std. Cirrus","BJ","M",""]
[12,"Jana Veprekova",1961,"Dvůr Králové","CZ/C2","PMRg 2017 - Kombi",3,5410,5750,9409,"LS 8,a,b,s,st,18 /15m (voda)","AU","F",""]
[13,"Frantisek Marek",1960,"Křižanov","CZ/M","PMRg 2017 - Kombi",4,5355,5750,9313,"T-59D Kestrel 19m (voda)","XJ","M",""]
[14,"Petr Hotovy",1958,"Česká Lípa","CZ/C2","PMRg 2017 - Kombi",5,5341,5750,9289,"HpH 304M SHARK (600kg) /18m (voda)","MH","M",""]
[15,"Dana Novakova",1965,"Mladá Boleslav","CZ/C1","PMRg 2017 - Kombi",6,5307,5750,9230,"LS 8,a,b,s,st,18 /15m (voda)","EU","F",""]
[16,"Michal Navratil",1985,"Křižanov","CZ/M","PMRg 2017 - Klub",10,4718,5132,9193,"Std. Cirrus","IJ","M",""]
[17,"Jana Treslova",1963,"Raná","CZ/C2","PMRg 2017 - Kombi",7,5212,5750,9064,"Ventus bt /16,6m (voda)","VT","F",""]
[18,"Matej Krestes",1986,"Slaný","CZ/C1","PMRg 2017 - Klub",11,4435,5132,8642,"Centrair C-201B Marianne","II","M",""]
[19,"Michal Krupicka",1975,"Most","CZ/C2","PMRg 2017 - Klub",12,4320,5132,8418,"Std. Cirrus","K","M",""]
[20,"David Sachl",1978,"Kralupy","CZ/C1","PMRg 2017 - Klub",13,4288,5132,8355,"DG-200 15m","RZ","M",""]
[21,"Antonin Novotny",1972,"Luhačovice","CZ/M","PMRg 2017 - Klub",14,4237,5132,8256,"Std. Cirrus","SP","M",""]
[22,"Petr Panek",1975,"Dvůr Králové","CZ/C2","PMRg 2017 - Klub",15,4216,5132,8215,"Std. Cirrus","YU","M",""]
[23,"Jan Smaha",1958,"Česká Lípa","CZ/C2","PMRg 2017 - Klub",16,4189,5132,8163,"ASW-15B","CW","M",""]
[24,"Karel Knotek",1961,"Soběslav","CZ/C1","PMRg 2017 - Klub",17,4171,5132,8127,"ASW-19B","SO","M",""]
[25,"Vaclav Marel",1974,"Jaroměř","CZ/C2","PMRg 2017 - Klub",18,4162,5132,8110,"Std. Cirrus","IF","M",""]
[26,"Jaroslav Buryan",1953,"Zábřeh","CZ/M","PMRg 2017 - Kombi",8,4600,5750,8000,"ASW-20 (A)+F /15m WL (voda)","NS","M",""]
[27,"Radek Zima 78",1978,"Hodkovice","CZ/C2","PMRg 2017 - Kombi",9,4578,5750,7962,"Ventus b /16,6m WL (voda)","7E","M",""]
[28,"Radim Vadasz",1989,"Soběslav","CZ/C1","PMRg 2017 - Klub",19,4066,5132,7923,"ASW-15","ASW","M",""]
[29,"Barbora Moravcova",1994,"Zbraslavice","CZ/C1","PMRg 2017 - Klub",20,4020,5132,7833,"ASW-19B","CF","F",""]
[30,"Jan Vozeh",1995,"Rakovník","CZ/C1","PMRg 2017 - Klub",21,3978,5132,7751,"Std. Cirrus","OG","M","Junior v roce 2020"]
[31,"Dusan Gadas",1960,"Hranice","CZ/M","PMRg 2017 - Kombi",10,4309,5750,7494,"LAK 17B FES /21m (voda)","TF","M",""]
[32,"Zdenek Schenk",1972,"Hranice","CZ/M","PMRg 2017 - Kombi",11,4269,5750,7424,"Ventus ct /17,6m (voda)","ŠNeK","M",""]
[{"$f":"RANK(J35,J:J)","v":33},"Jan Zapletal",1997,"Kroměříž","CZ/M","PMRg 2017 - Kombi",12,4267,5750,{"$f":"ROUND(H35/I35*10000,0)","v":7421},"Discus 2b /15m (voda)","SH","M",{"$f":"IF(ISERROR(VLOOKUP(B35,Pilot,6,0)),\"Není v databázi\",VLOOKUP(B35,Pilot,6,0))","v":"Junior v roce 2020"}]
[34,"Jan Zahradka",1981,"Hodkovice","CZ/C2","PMRg 2017 - Klub",22,3792,5132,7389,"Std. Cirrus","UB","M",""]
[35,"Ivan Bajana",null,"Martin","SK","PMRg 2017 - Klub",23,3775,5132,7356,"Std. Cirrus WL","DZ","M","Není v databázi"]
[36,"Petr Rajda",{"$f":"VLOOKUP(B38,Pilot,2,0)","v":1970},{"$f":"VLOOKUP(B38,Pilot,3,0)","v":"Křižanov"},{"$f":"VLOOKUP(B38,Pilot,4,0)","v":"CZ/M"},"PMRg 2017 - Klub",24,3773,5132,7352,"DG-200 15m","CK",{"$f":"VLOOKUP(B38,Pilot,5,0)","v":"M"},""]
[37,"Miroslav Kudlacek",1986,"Polička","CZ/C2","PMRg 2017 - Klub",25,3650,5132,7112,"ASW-24(\"A\") WL (-bez modif TN8)","SM","M",""]
[38,"Pavel Koudelka",1973,"Křižanov","CZ/M","PMRg 2017 - Klub",26,3529,5132,6876,"LS-1f","R7","M",""]
[39,"Marek Pechanec",1970,"Luhačovice","CZ/M","PMRg 2017 - Klub",27,3510,5132,6839,"Std. Cirrus","SJ","M",""]
[40,"Ivan Tvrdik",1997,"Letňany","CZ/C1","PMRg 2017 - Klub",28,3476,5132,6773,"ASW-19B","IHD","M","Junior v roce 2020"]
[41,"Jiri Peterka",1951,"Křižanov","CZ/M","PMRg 2017 - Klub",29,3414,5132,6652,"Std. Cirrus","M","M",""]
[42,"Miroslav Cervenka",1980,"Křižanov","CZ/M","PMRg 2017 - Klub",30,3412,5132,6648,"LS-1f","AF","M",""]
[43,"Jindrich Hruska",1986,"Soběslav","CZ/C1","PMRg 2017 - Klub",31,3389,5132,6604,"303 Mosquito","UFO","M",""]
[44,"Slavomir Piskaty 58",1958,"Kunovice","CZ/M","PMRg 2017 - Kombi",13,3761,5750,6541,"Discus b WL (voda)","KAL","M",""]
[45,"Rene Gabris",null,"Partizánské","SK","PMRg 2017 - Klub",32,3340,5132,6508,"Std. Cirrus","2C","M","Není v databázi"]
[46,"Tomas Jilek",{"$f":"VLOOKUP(B48,Pilot,2,0)","v":1995},{"$f":"VLOOKUP(B48,Pilot,3,0)","v":"Raná"},{"$f":"VLOOKUP(B48,Pilot,4,0)","v":"CZ/C2"},"PMRg 2017 - Klub",33,3305,5132,6440,"Cirrus VTC","1W",{"$f":"VLOOKUP(B48,Pilot,5,0)","v":"M"},"Junior v roce 2020"]
[47,"Daniel Suchy",{"$f":"VLOOKUP(B49,Pilot,2,0)","v":1995},{"$f":"VLOOKUP(B49,Pilot,3,0)","v":"Hranice"},{"$f":"VLOOKUP(B49,Pilot,4,0)","v":"CZ/M"},"PMRg 2017 - Klub",34,3296,5132,6422,"G-102 Astir cs","W7",{"$f":"VLOOKUP(B49,Pilot,5,0)","v":"M"},"Junior v roce 2020"]
[48,"Petr Frycek",{"$f":"VLOOKUP(B50,Pilot,2,0)","v":1960},{"$f":"VLOOKUP(B50,Pilot,3,0)","v":"Most"},{"$f":"VLOOKUP(B50,Pilot,4,0)","v":"CZ/C2"},"PMRg 2017 - Kombi",14,3684,5750,6407,"Nimbus 3 /25,5m - 700kg (voda)","F",{"$f":"VLOOKUP(B50,Pilot,5,0)","v":"M"},""]
[49,"Jan Ratz",{"$f":"VLOOKUP(B51,Pilot,2,0)","v":1987},{"$f":"VLOOKUP(B51,Pilot,3,0)","v":"Zbraslavice"},{"$f":"VLOOKUP(B51,Pilot,4,0)","v":"CZ/C1"},"PMRg 2017 - Kombi",15,3653,5750,6353,"Ventus b /16,6m WL (voda)","JET",{"$f":"VLOOKUP(B51,Pilot,5,0)","v":"M"},""]
[50,"Miroslav Beliansky",null,"Partizánské","SK","PMRg 2017 - Klub",35,3132,5132,6103,"Std. Cirrus","SZ","M","Není v databázi"]
[51,"Miroslav Koci",{"$f":"VLOOKUP(B53,Pilot,2,0)","v":1961},{"$f":"VLOOKUP(B53,Pilot,3,0)","v":"Žamberk"},{"$f":"VLOOKUP(B53,Pilot,4,0)","v":"CZ/C2"},"PMRg 2017 - Kombi",16,3478,5750,6049,"Ventus 2cxm /18m - 565 kg (voda)","E8",{"$f":"VLOOKUP(B53,Pilot,5,0)","v":"M"},""]
[52,"Jan Hruska",1988,"Tábor","CZ/C1","PMRg 2017 - Klub",36,3086,5132,6013,"ASW-15B","LittleFo","M",""]
[53,"Barbora Kubickova",1993,"Medlánky","CZ/M","PMRg 2017 - Klub",37,3042,5132,5928,"ASW-15B","Y","F",""]
[54,"Tomas Talanda",1988,"Křižanov","CZ/M","PMRg 2017 - Klub",38,3007,5132,5859,"ASW-19B","A1","M",""]
[55,"Veronika Ambrozova",1984,"Křižanov","CZ/M","PMRg 2017 - Klub",39,2924,5132,5698,"ASW-15B",17,"F",""]
[56,"Jana Krejcova",1972,"Křižanov","CZ/M","PMRg 2017 - Klub",40,2922,5132,5694,"Std. Cirrus","ICQ","F",""]
[57,"Martin Kriz",1968,"Přibyslav","CZ/C2","PMRg 2017 - Klub",41,2898,5132,5647,"ASW-15B","BE","M",""]
[58,"Jan Kotan",1982,"Letňany","CZ/C1","PMRg 2017 - Klub",42,2766,5132,5390,"ASW-19","WT","M",""]
[59,"Lukas Plocek",1990,"Mladá Boleslav","CZ/C1","PMRg 2017 - Klub",43,2632,5132,5129,"ASW-19B","AH","M",""]
[60,"Vladimir Spilka",1940,"Hranice","CZ/M","PMRg 2017 - Kombi",17,2343,5750,4075,"Nimbus 2, 2b, 2M (voda)","AY","M",""]
[61,"Antonin Kutalek",1943,"Zábřeh","CZ/M","PMRg 2017 - Kombi",18,2200,5750,3826,"Mini-Nimbus c (voda)","GL","M",""]
[62,"Tomas Laso",null,"Martin","SK","PMRg 2017 - Klub",44,1927,5132,3755,"H-201b Std. Libelle WL",48,"M","Není v databázi"]
[63,"Petr Lonsky",{"$f":"VLOOKUP(B65,Pilot,2,0)","v":1965},{"$f":"VLOOKUP(B65,Pilot,3,0)","v":"Toužim"},{"$f":"VLOOKUP(B65,Pilot,4,0)","v":"CZ/C1"},"PMRg 2017 - Klub",45,1765,5132,3439,"Std. Cirrus WL","FD",{"$f":"VLOOKUP(B65,Pilot,5,0)","v":"M"},""]
[64,"Olga Mokosova",{"$f":"VLOOKUP(B66,Pilot,2,0)","v":1970},{"$f":"VLOOKUP(B66,Pilot,3,0)","v":"Jihlava"},{"$f":"VLOOKUP(B66,Pilot,4,0)","v":"CZ/M"},"PMRg 2017 - Kombi",19,1971,5750,3428,"LS 6c /18m WL (voda)","MM",{"$f":"VLOOKUP(B66,Pilot,5,0)","v":"F"},""]
[65,"Petr Havrlant",{"$f":"VLOOKUP(B67,Pilot,2,0)","v":1965},{"$f":"VLOOKUP(B67,Pilot,3,0)","v":"Šumperk"},{"$f":"VLOOKUP(B67,Pilot,4,0)","v":"CZ/M"},"PMRg 2017 - Klub",46,1729,5132,{"$f":"ROUND(H67/I67*10000,0)","v":3369},"ASW-15B","Q1",{"$f":"VLOOKUP(B67,Pilot,5,0)","v":"M"},""]
[66,"Martin Kozina",{"$f":"VLOOKUP(B68,Pilot,2,0)","v":1970},{"$f":"VLOOKUP(B68,Pilot,3,0)","v":"Křižanov"},{"$f":"VLOOKUP(B68,Pilot,4,0)","v":"CZ/M"},"PMRg 2017 - Klub",47,1583,5132,{"$f":"ROUND(H68/I68*10000,0)","v":3085},"LS-1f","PK",{"$f":"VLOOKUP(B68,Pilot,5,0)","v":"M"},""]
[]
[]
["Schváleno Plachtařskou komisí AeČR dne 29.10.2017 ve Vysokém Mýtě"]

{"sheet":"KB PMRg 2018","index":9,"n_rows":58,"n_cols":14,"rows_kept":58,"cut":false,"hidden":false,"merged":[[0,0,0,12]]}
["PMRg 2018 - Hodkovice - Korigované body"]
["Pořadí v KB","Jméno","Rok narození","Aeroklub","Region","Soutěž","Pořadí ve třídě","Body ve třídě","Max. B ve třídě","Bi","Typ","CN","M/F","Junior"]
[{"$f":"RANK(J3,J:J)","v":1},"Marek Pechanec",{"$f":"VLOOKUP(B3,Pilot,2,0)","v":1970},{"$f":"VLOOKUP(B3,Pilot,3,0)","v":"Luhačovice"},{"$f":"VLOOKUP(B3,Pilot,4,0)","v":"CZ/M"},"PMRg 2018 - Klub",1,6509,6509,10000,"std. cirrus","SJ",{"$f":"VLOOKUP(B3,Pilot,5,0)","v":"M"},{"$f":"IF(ISERROR(VLOOKUP(B3,Pilot,6,0)),\"Není v databázi\",VLOOKUP(B3,Pilot,6,0))","v":""}]
[1,"Jan Louda",1986,"Mladá Boleslav","CZ/C1","PMRg 2018 - Kombi",1,7195,7195,10000,"Ventus a 15m WL 500kg (voda)","FW","M",""]
[3,"Zdenek Boruvka 86",1986,"Jičín","CZ/C2","PMRg 2018 - Klub",2,6377,6509,9772,"Std. Cirrus","BJ","M",""]
[4,"Karel Novak",1993,"Mladá Boleslav","CZ/C1","PMRg 2018 - Klub",3,6342,6509,9649,"std. cirrus","DI","M",""]
[5,"Karel Mares",1974,"Slaný","CZ/C1","PMRg 2018 - Kombi",2,6865,7195,9491,"LS-8b, LS-8-18, LS-8t /18m","YF","M",""]
[6,"Daniel Ryba",1994,"Dvůr Králové","CZ/C2","PMRg 2018 - Klub",4,6268,6509,9484,"ASW-19B","L7","M",""]
[7,"Petr Panek",1975,"Dvůr Králové","CZ/C2","PMRg 2018 - Klub",5,6208,6509,9333,"std. cirrus","YU","M",""]
[8,"Jana Veprekova",1961,"Dvůr Králové","CZ/C2","PMRg 2018 - Kombi",3,6818,7195,9258,"LS 8,a,b,s,st,18 15m (voda)","W8","F",""]
[9,"Hana Treslova",1991,"Raná","CZ/C2","PMRg 2018 - Kombi",4,6765,7195,9019,"LS 8,a,b,s,st,18 15m (voda)","FX","F",""]
[10,"Vaclav Marel",1974,"Jaroměř","CZ/C2","PMRg 2018 - Klub",6,5949,6509,8969,"Std. Cirrus","IF","M",""]
[11,"Dana Novakova",1965,"Mladá Boleslav","CZ/C1","PMRg 2018 - Kombi",5,6742,7195,8809,"LS 8,a,b,s,st,18 15m (voda)","AU","F",""]
[12,"Jan Ratz",1987,"Zbraslavice","CZ/C1","PMRg 2018 - Klub",7,5857,6509,8785,"Std. Cirrus","REX","M",""]
[13,"Jana Treslova",1963,"Raná","CZ/C2","PMRg 2018 - Kombi",6,6716,7195,8596,"LS 8,a,b,s,st,18 15m (voda)","EU","F",""]
[14,"Lukas Koukal",1991,"Letkov","CZ/C1","PMRg 2018 - Klub",8,5526,6509,8343,"ASW-15B","T1","M",""]
[15,"Jiri Kusbach",1959,"Luhačovice","CZ/M","PMRg 2018 - Kombi",7,6510,7195,8209,"KKB-18E FES (voda)","B","M",""]
[16,"Jan Vavrin",1987,"Vysoké Mýto","CZ/C2","PMRg 2018 - Klub",9,5438,6509,8162,"ASW-15B","IG","M",""]
[17,"Vojtech Novotny",1992,"Kralupy","CZ/C1","PMRg 2018 - Klub",10,5418,6509,8055,"LS-1f","EF","M",""]
[18,"Radek Zima 78",1978,"Hodkovice","CZ/C2","PMRg 2018 - Kombi",8,6481,7195,7993,"Ventus b /15m WL -500 kg","7F","M",""]
[19,"Lukas Plocek",1990,"Mladá Boleslav","CZ/C1","PMRg 2018 - Klub",11,5400,6509,7950,"ASW-19B","AH","M",""]
[20,"Michal Krupicka",1975,"Most","CZ/C2","PMRg 2018 - Klub",12,5390,6509,7854,"Std. Cirrus","K","M",""]
[21,"Marek Svancara",1976,"GAC Benešov","CZ/C1","PMRg 2018 - Klub",13,5343,6509,7717,"Std. Cirrus","GT","M",""]
[22,"Jan Zahradka",1981,"Hodkovice","CZ/C2","PMRg 2018 - Klub",14,5324,6509,7611,"Std. Cirrus","AR","M",""]
[23,"Jan Smaha",1958,"Česká Lípa","CZ/C2","PMRg 2018 - Klub",15,5255,6509,7451,"ASW-15B","CW","M",""]
[24,"Petr Hotovy",1958,"Česká Lípa","CZ/C2","PMRg 2018 - Kombi",9,6061,7195,7397,"JS-1A,B,C,BTJ,CTJ 18m (voda)","IGC","M",""]
[25,"Jan Hruska",1988,"Tábor","CZ/C1","PMRg 2018 - Klub",16,5175,6509,7280,"ASW-15B","LF","M",""]
[26,"Vojtech Hajek",1987,"Mladá Boleslav","CZ/C1","PMRg 2018 - Klub",17,5122,6509,7137,"Std. Cirrus","BW","M",""]
[27,"Ladislav Prokes",1954,"Vrchlabí","CZ/C2","PMRg 2018 - Kombi",10,5935,7195,7087,"Discus b","VR","M",""]
[28,"Antonin Novotny",1972,"Luhačovice","CZ/M","PMRg 2018 - Klub",18,5057,6509,6981,"Std. Cirrus","SP","M",""]
[29,"Jaroslav Buryan",1953,"Zábřeh","CZ/M","PMRg 2018 - Kombi",11,5901,7195,6866,"ASW-20(A)+F 15m+W (voda)","NS","M",""]
[30,"Ondrej Sindelar",1979,"Mladá Boleslav","CZ/C1","PMRg 2018 - Klub",19,4881,6509,6706,"ASW-19B","OI","M",""]
[31,"Jakub Kohn",1992,"Prostějov","CZ/M","PMRg 2018 - Klub",20,4714,6509,6441,"ASW-15B","FK","M",""]
[32,"Ladislav Jozsa",1981,"Medlánky","CZ/M","PMRg 2018 - Klub",21,4708,6509,6349,"Std. Cirrus","LJ","M",""]
[{"$f":"RANK(J35,J:J)","v":33},"Jindrich Hruska",1986,"Soběslav","CZ/C1","PMRg 2018 - Klub",22,4616,6509,6164,"ASW-15","ASW",{"$f":"VLOOKUP(B35,Pilot,5,0)","v":"M"},{"$f":"IF(ISERROR(VLOOKUP(B35,Pilot,6,0)),\"Není v databázi\",VLOOKUP(B35,Pilot,6,0))","v":""}]
[34,"Pavlina Horackova",1965,"Šumperk","CZ/M","PMRg 2018 - Klub",23,4590,6509,6051,"SZD-48 Jantar Std. 2(3)","SU","F",""]
[35,"Jan Vozeh",1995,"Rakovník","CZ/C1","PMRg 2018 - Klub",24,4499,6509,5867,"std. cirrus","OG","M","Junior v roce 2020"]
[36,"Miroslav Koci",1961,"Žamberk","CZ/C2","PMRg 2018 - Kombi",12,4877,7195,5682,"Ventusy: 2cx, 2cxm, 2cxt /18m -600 kg","E8","M",""]
[37,"David Sachl",1978,"Kralupy","CZ/C1","PMRg 2018 - Klub",25,4374,6509,5647,"DG-300","BK","M",""]
[38,"Vilem Riha",1990,"Letňany","CZ/C1","PMRg 2018 - Klub",26,4300,6509,5482,"Std. Cirrus","UB","M",""]
[39,"Karel Knotek",1961,"Soběslav","CZ/C1","PMRg 2018 - Klub",27,4163,6509,5248,"ASW-19","SO","M",""]
[40,"Martin Kriz",1968,"Přibyslav","CZ/C2","PMRg 2018 - Klub",28,4085,6509,5079,"ASW-15B","BE","M",""]
[41,"Slavomir Piskaty 58",1958,"Kunovice","CZ/M","PMRg 2018 - Kombi",13,4380,7195,5011,"Discus b +W(voda)","KAL","M",""]
[42,"Martin Cicvarek",1966,"Liberec","CZ/C2","PMRg 2018 - Kombi",14,4248,7195,4695,"DG-400 17m","AC","M",""]
[43,"Pavel Liska",1965,"Roudnice","CZ/C2","PMRg 2018 - Klub",29,3725,6509,4606,"ASW-19B","RCE","M",""]
[44,"Tereza Koubkova",1999,"Letňany","CZ/C1","PMRg 2018 - Klub",30,3668,6509,4459,"Std. Cirrus","WY","F","Junior v roce 2020"]
[45,"Karel Policky",1950,"Kolín","CZ/C1","PMRg 2018 - Klub",31,3427,6509,4114,"VSO-10",47,"M",""]
[46,"Petr Frycek",1960,"Most","CZ/C2","PMRg 2018 - Kombi",15,3737,7195,4011,"Nimbus 3 (25,5m,700kg)(voda)","F","M",""]
[47,"Ondrej Dvorak 98",1998,"Mladá Boleslav","CZ/C1","PMRg 2018 - Klub",32,3377,6509,3975,"ASW-15B","MB","M","Junior v roce 2020"]
[48,"Pavel Sulc",1976,"Hodkovice","CZ/C2","PMRg 2018 - Klub",33,3096,6509,3587,"Std. Cirrus","AC","M",""]
[49,"Milada Moudra",1991,"Hodkovice","CZ/C2","PMRg 2018 - Klub",34,2540,6509,2903,"ASW-19B","XP","F",""]
[50,"Antonin Kutalek",1943,"Zábřeh","CZ/M","PMRg 2018 - Kombi",16,2610,7195,2727,"Mini-Nimbus c (voda)","GL","M",""]
[51,"Leos Strnadek",1983,"Hodkovice","CZ/C2","PMRg 2018 - Klub",35,2113,6509,2358,"ASW-19B","XZ","M",""]
[52,"Olga Mokosova",1970,"Jihlava","CZ/M","PMRg 2018 - Kombi",17,2309,7195,2246,"LS 6c 18m+W (voda)","MM","F",""]
[53,"Petr Lonsky",1965,"Toužim","CZ/C1","PMRg 2018 - Klub",36,638,6509,686,"Cirrus VTC","JP","M",""]
[]
[]
["Schváleno Plachtařskou komisí AeČR dne 4.11.2018 ve Vysokém Mýtě"]

{"sheet":"KB PMRg 2019","index":10,"n_rows":42,"n_cols":14,"rows_kept":42,"cut":false,"hidden":false,"merged":[[0,0,0,12]]}
["PMRg 2019 - Vysoké Mýto - Korigované body"]
["Pořadí v KB","Jméno","Rok narození","Aeroklub","Region","Soutěž","Pořadí ve třídě","Body ve třídě","Max. B ve třídě","Bi","Typ","CN","M/F","Junior"]
[{"$f":"RANK(J3,J:J)","v":1},"Karel Novak",{"$f":"VLOOKUP(B3,Pilot,2,0)","v":1993},{"$f":"VLOOKUP(B3,Pilot,3,0)","v":"Mladá Boleslav"},{"$f":"VLOOKUP(B3,Pilot,4,0)","v":"CZ/C1"},"PMRg 2019 - Klub",1,7016,7016,10000,"Std. Cirrus","DI",{"$f":"VLOOKUP(B3,Pilot,5,0)","v":"M"},{"$f":"IF(ISERROR(VLOOKUP(B3,Pilot,6,0)),\"Není v databázi\",VLOOKUP(B3,Pilot,6,0))","v":""}]
[1,"Jan Louda",1986,"Mladá Boleslav","CZ/C1","PMRg 2019 - Kombi",1,6191,6191,10000,"Ventus a 15m WL 500kg (voda)","FW","M",""]
[3,"Karel Mares",1974,"Slaný","CZ/C1","PMRg 2019 - Kombi",2,6041,6191,9580,"Ventus b 16.6m WL","7F","M",""]
[4,"Michal Lesinger",1966,"Moravská Třebová","CZ/M","PMRg 2019 - Klub",2,6536,7016,9391,"ASW-19B","LL","M",""]
[5,"Vojtech Novotny",1992,"Kralupy","CZ/C1","PMRg 2019 - Klub",3,6445,7016,9169,"LS 1f","EF","M",""]
[6,"Hana Treslova",1991,"Raná","CZ/C2","PMRg 2019 - Kombi",3,5887,6191,9156,"LS 8 15m (voda)","AU","F",""]
[7,"Jiri Stepanek",1956,"Moravská Třebová","CZ/M","PMRg 2019 - Klub",4,6307,7016,8901,"ASW-15B","LE","M",""]
[8,"Zdenek Boruvka 54",1954,"Jičín","CZ/C2","PMRg 2019 - Kombi",4,5813,6191,8823,"LS 8 15m (voda)","ZB","M",""]
[9,"Jan Zahradka",1981,"Hodkovice","CZ/C2","PMRg 2019 - Klub",5,6168,7016,8632,"Std. Cirrus","AR","M",""]
[10,"Dana Novakova",1965,"Mladá Boleslav","CZ/C1","PMRg 2019 - Kombi",5,5693,6191,8437,"LS 8 15m (voda)","FX","F",""]
[11,"Zdenek Boruvka 86",1986,"Jičín","CZ/C2","PMRg 2019 - Klub",6,6082,7016,8416,"Std. Cirrus","BJ","M",""]
[12,"Michal Krupicka",1975,"Most","CZ/C2","PMRg 2019 - Klub",7,5981,7016,8185,"Std. Cirrus","K","M",""]
[13,"Jan Vavrin",1987,"Vysoké Mýto","CZ/C2","PMRg 2019 - Klub",8,5958,7016,8031,"ASW-15B","IG","M",""]
[14,"Miroslav Koci",1961,"Žamberk","CZ/C2","PMRg 2019 - Kombi",6,5213,6191,7644,"Ventus 2cxm 18m 565kg (voda)","E8","M",""]
[15,"Tereza Koubkova",1999,"Letňany","CZ/C1","PMRg 2019 - Klub",9,5495,7016,7439,"Std. Cirrus","WY","F","Junior v roce 2020"]
[16,"Vaclav Marel",1974,"Jaroměř","CZ/C2","PMRg 2019 - Klub",10,5399,7016,7213,"Std. Cirrus","IF","M",""]
[17,"Jana Treslova",1963,"Raná","CZ/C2","PMRg 2019 - Kombi",7,5029,6191,7186,"JS-3, TJ 18m (voda)","ZE","F",""]
[18,"Jindrich Hruska",1986,"Soběslav","CZ/C1","PMRg 2019 - Klub",11,5336,7016,7019,"303 Mosquito","UFO","M",""]
[19,"Jan Vozeh",1995,"Rakovník","CZ/C1","PMRg 2019 - Klub",12,5287,7016,6840,"Std. Cirrus","OG","M","Junior v roce 2020"]
[20,"Jiri Slemr",1979,"Vysoké Mýto","CZ/C2","PMRg 2019 - Kombi",8,4840,6191,6722,"Discus b (voda)",65,"M",""]
[21,"Lukas Plocek",1990,"Mladá Boleslav","CZ/C1","PMRg 2019 - Klub",13,5284,7016,6707,"ASW-19B","AH","M",""]
[22,"Pavlina Horackova",1965,"Šumperk","CZ/M","PMRg 2019 - Klub",14,5256,7016,6548,"SZD-48 Jantar Std. 2(3)","SU","F",""]
[23,"Lenka Kuthanova",1960,"Tábor","CZ/C1","PMRg 2019 - Kombi",9,4767,6191,6390,"JS-1C (TJ) 18m EVO","LX","F",""]
[24,"Jan Smaha",1958,"Česká Lípa","CZ/C2","PMRg 2019 - Klub",15,4916,7016,6079,"ASW-15B","CW","M",""]
[25,"Martin Stepanek",1987,"Moravská Třebová","CZ/M","PMRg 2019 - Klub",16,4840,7016,5872,"ASW-15B","ZP","M",""]
[26,"Barbora Kubickova",1993,"Medlánky","CZ/M","PMRg 2019 - Kombi",10,4477,6191,5812,"LAK 17 A 18m WL","BI","F",""]
[27,"Lukas Maly",1998,"Vysoké Mýto","CZ/C2","PMRg 2019 - Klub",17,4697,7016,5599,"ASW-15B","AM","M","Junior v roce 2020"]
[28,"Ladislav Jozsa",1981,"Medlánky","CZ/M","PMRg 2019 - Klub",18,4541,7016,5313,"Std. Cirrus","LJ","M",""]
[29,"Vaclav Zak",1962,"GAC Benešov","CZ/C1","PMRg 2019 - Klub",19,4256,7016,4898,"Std. Cirrus","TS","M",""]
[30,"Petr Frycek",1960,"Most","CZ/C2","PMRg 2019 - Kombi",11,3755,6191,4746,"Nimbus 3 (25,5m, 700kg) (voda)","F","M",""]
[31,"Karel Knotek",1961,"Soběslav","CZ/C1","PMRg 2019 - Klub",20,4021,7016,4534,"ASW-19","SO","M",""]
[32,"Slavomir Piskaty 58",1958,"Kunovice","CZ/M","PMRg 2019 - Kombi",12,3547,6191,4260,"Discus b (voda) WL","KAL","M",""]
[33,"Josef Hlusek",1993,"Kunovice","CZ/M","PMRg 2019 - Klub",21,3831,7016,4214,"Std. Cirrus G","WO","M",""]
[34,"Jan Florian",1992,"Zbraslavice","CZ/C1","PMRg 2019 - Klub",22,3824,7016,4076,"Std. Cirrus","C1","M",""]
[35,"Ladislav Prokes",1954,"Vrchlabí","CZ/C2","PMRg 2019 - Kombi",13,3314,6191,3747,"Discus b (voda)","VR","M",""]
[36,"Petr Velek",1975,"GAC Benešov","CZ/C1","PMRg 2019 - Klub",23,3398,7016,3521,"LS 1c","I","M",""]
[37,"Kristina Santruckova",1996,"Podhořany","CZ/C2","PMRg 2019 - Klub",24,2941,7016,2934,"ASW-15B WL","KS","F","Junior v roce 2020"]
[]
[]
["Schváleno Plachtařskou komisí AeČR dne 10.11.2019 ve Vysokém Mýtě"]

{"sheet":"N PMČR 2020","index":11,"n_rows":131,"n_cols":17,"rows_kept":131,"cut":false,"hidden":false,"merged":[[127,1,127,7],[78,1,78,7],[120,1,120,7],[123,1,123,7],[124,1,124,7],[121,1,121,7],[43,1,43,7],[7,1,7,7],[76,1,76,7],[77,1,77,7],[125,1,125,7]]}
[null,"Nominace na PMČR 2020",null,null,null,null,null,"Kontrola:","Počet","Počet","Nominace","Počet","Nominace","M:","F:","M+F:"]
["No","Jméno","Aeroklub","Rok narození","M/F","Junior","No",null,"PMČR","PMRg","PMRg","PMČRj","PMČRj",{"$f":"COUNTIF(E:E,\"M\")","v":73},{"$f":"COUNTIF(E:E,\"F\")","v":14},{"$f":"N2+O2","v":87},"S náhradníky"]
["6.6.5.","Nominace na PMČR - všeobecně (dle SŘ ZM8)",null,null,null,null,null,null,null,null,null,null,"Celkem řádně nominováno:",{"$f":"N2-COUNTIF(E66:E70,\"M\")-COUNTIF(E111:E119,\"M\")","v":69},{"$f":"O2-COUNTIF(E66:E70,\"F\")-COUNTIF(E111:E119,\"F\")","v":14},{"$f":"N3+O3","v":83},"Bez náhradníků"]
[null,"Na PMČR nominuje PK minimálně 80 pilotů/pilotek a příslušný počet náhradníků pro stanovená nominační kritéria."]
[null,"PMČR se mohou zúčastnit pouze soutěžící nominovaní dle jednotlivých bodů odstavců 6.6.6., 6.6.7. a 6.6.8."]
[null,"Pořadatel soutěže nemůže doplnit soutěžící na základě jiných kritérií."]
["6.6.6.","Řádná nominace - Na PMČR jsou nominováni"]
["6.6.6.1.","všichni členové reprezentačního výběru (RV) ČR stanoveného pro daný soutěžní ročník (bez náhradníků)"]
[1,"Pavel Louzecky",{"$f":"VLOOKUP(B9,Pilot!A:C,3,0)","v":"Přibyslav"},{"$f":"VLOOKUP(B9,Pilot!A:B,2,0)","v":1957},{"$f":"VLOOKUP(B9,Pilot!A:E,5,0)","v":"M"},{"$f":"VLOOKUP(B9,Pilot!A:F,6,0)","v":""},{"$f":"A9","v":1},null,{"$f":"COUNTIF(B:B,B9)","v":1},{"$f":"IF(COUNTIF('N PMRg 2020'!B:B,B9)=0,\"-\",COUNTIF('N PMRg 2020'!B:B,B9))","v":"-"},{"$f":"IF(ISERROR(VLOOKUP(B9,'N PMRg 2020'!B:G,6,0)),\"-\",VLOOKUP(B9,'N PMRg 2020'!B:G,6,0))","v":"-"},{"$f":"IF(COUNTIF('N PMČRj 2020'!B:B,B9)=0,\"-\",COUNTIF('N PMČRj 2020'!B:B,B9))","v":"-"},{"$f":"IF(ISERROR(VLOOKUP(B9,'N PMČRj 2020'!B:G,6,0)),\"-\",VLOOKUP(B9,'N PMČRj 2020'!B:G,6,0))","v":"-"}]
[{"$f":"A9+1","v":2},"Miloslav Cink",{"$f":"VLOOKUP(B10,Pilot!A:C,3,0)","v":"Letkov"},{"$f":"VLOOKUP(B10,Pilot!A:B,2,0)","v":1987},{"$f":"VLOOKUP(B10,Pilot!A:E,5,0)","v":"M"},{"$f":"VLOOKUP(B10,Pilot!A:F,6,0)","v":""},{"$f":"A10","v":2},null,1,{"$f":"IF(COUNTIF('N PMRg 2020'!B:B,B10)=0,\"-\",COUNTIF('N PMRg 2020'!B:B,B10))","v":"-"},{"$f":"IF(ISERROR(VLOOKUP(B10,'N PMRg 2020'!B:G,6,0)),\"-\",VLOOKUP(B10,'N PMRg 2020'!B:G,6,0))","v":"-"},{"$f":"IF(COUNTIF('N PMČRj 2020'!B:B,B10)=0,\"-\",COUNTIF('N PMČRj 2020'!B:B,B10))","v":"-"},{"$f":"IF(ISERROR(VLOOKUP(B10,'N PMČRj 2020'!B:G,6,0)),\"-\",VLOOKUP(B10,'N PMČRj 2020'!B:G,6,0))","v":"-"}]
[{"$f":"A10+1","v":3},"Jaroslav Tomana",{"$f":"VLOOKUP(B11,Pilot!A:C,3,0)","v":"Zbraslavice"},{"$f":"VLOOKUP(B11,Pilot!A:B,2,0)","v":1975},{"$f":"VLOOKUP(B11,Pilot!A:E,5,0)","v":"M"},{"$f":"VLOOKUP(B11,Pilot!A:F,6,0)","v":""},3,null,1,{"$f":"IF(COUNTIF('N PMRg 2020'!B:B,B11)=0,\"-\",COUNTIF('N PMRg 2020'!B:B,B11))","v":"-"},{"$f":"IF(ISERROR(VLOOKUP(B11,'N PMRg 2020'!B:G,6,0)),\"-\",VLOOKUP(B11,'N PMRg 2020'!B:G,6,0))","v":"-"},{"$f":"IF(COUNTIF('N PMČRj 2020'!B:B,B11)=0,\"-\",COUNTIF('N PMČRj 2020'!B:B,B11))","v":"-"},{"$f":"IF(ISERROR(VLOOKUP(B11,'N PMČRj 2020'!B:G,6,0)),\"-\",VLOOKUP(B11,'N PMČRj 2020'!B:G,6,0))","v":"-"}]
[4,"Petr Tichy",{"$f":"VLOOKUP(B12,Pilot!A:C,3,0)","v":"Zbraslavice"},{"$f":"VLOOKUP(B12,Pilot!A:B,2,0)","v":1973},{"$f":"VLOOKUP(B12,Pilot!A:E,5,0)","v":"M"},{"$f":"VLOOKUP(B12,Pilot!A:F,6,0)","v":""},4,null,1,{"$f":"IF(COUNTIF('N PMRg 2020'!B:B,B12)=0,\"-\",COUNTIF('N PMRg 2020'!B:B,B12))","v":"-"},{"$f":"IF(ISERROR(VLOOKUP(B12,'N PMRg 2020'!B:G,6,0)),\"-\",VLOOKUP(B12,'N PMRg 2020'!B:G,6,0))","v":"-"},{"$f":"IF(COUNTIF('N PMČRj 2020'!B:B,B12)=0,\"-\",COUNTIF('N PMČRj 2020'!B:B,B12))","v":"-"},{"$f":"IF(ISERROR(VLOOKUP(B12,'N PMČRj 2020'!B:G,6,0)),\"-\",VLOOKUP(B12,'N PMČRj 2020'!B:G,6,0))","v":"-"}]
[5,"Ivan Novak",{"$f":"VLOOKUP(B13,Pilot!A:C,3,0)","v":"Mladá Boleslav"},{"$f":"VLOOKUP(B13,Pilot!A:B,2,0)","v":1962},{"$f":"VLOOKUP(B13,Pilot!A:E,5,0)","v":"M"},{"$f":"VLOOKUP(B13,Pilot!A:F,6,0)","v":""},5,null,1,{"$f":"IF(COUNTIF('N PMRg 2020'!B:B,B13)=0,\"-\",COUNTIF('N PMRg 2020'!B:B,B13))","v":"-"},{"$f":"IF(ISERROR(VLOOKUP(B13,'N PMRg 2020'!B:G,6,0)),\"-\",VLOOKUP(B13,'N PMRg 2020'!B:G,6,0))","v":"-"},{"$f":"IF(COUNTIF('N PMČRj 2020'!B:B,B13)=0,\"-\",COUNTIF('N PMČRj 2020'!B:B,B13))","v":"-"},{"$f":"IF(ISERROR(VLOOKUP(B13,'N PMČRj 2020'!B:G,6,0)),\"-\",VLOOKUP(B13,'N PMČRj 2020'!B:G,6,0))","v":"-"}]
[6,"Roman Mracek",{"$f":"VLOOKUP(B14,Pilot!A:C,3,0)","v":"Letkov"},{"$f":"VLOOKUP(B14,Pilot!A:B,2,0)","v":1980},{"$f":"VLOOKUP(B14,Pilot!A:E,5,0)","v":"M"},{"$f":"VLOOKUP(B14,Pilot!A:F,6,0)","v":""},6,null,1,{"$f":"IF(COUNTIF('N PMRg 2020'!B:B,B14)=0,\"-\",COUNTIF('N PMRg 2020'!B:B,B14))","v":"-"},{"$f":"IF(ISERROR(VLOOKUP(B14,'N PMRg 2020'!B:G,6,0)),\"-\",VLOOKUP(B14,'N PMRg 2020'!B:G,6,0))","v":"-"},{"$f":"IF(COUNTIF('N PMČRj 2020'!B:B,B14)=0,\"-\",COUNTIF('N PMČRj 2020'!B:B,B14))","v":"-"},{"$f":"IF(ISERROR(VLOOKUP(B14,'N PMČRj 2020'!B:G,6,0)),\"-\",VLOOKUP(B14,'N PMČRj 2020'!B:G,6,0))","v":"-"}]
[7,"Tomas Suchanek",{"$f":"VLOOKUP(B15,Pilot!A:C,3,0)","v":"GAC Benešov"},{"$f":"VLOOKUP(B15,Pilot!A:B,2,0)","v":1964},{"$f":"VLOOKUP(B15,Pilot!A:E,5,0)","v":"M"},{"$f":"VLOOKUP(B15,Pilot!A:F,6,0)","v":""},7,null,1,{"$f":"IF(COUNTIF('N PMRg 2020'!B:B,B15)=0,\"-\",COUNTIF('N PMRg 2020'!B:B,B15))","v":"-"},{"$f":"IF(ISERROR(VLOOKUP(B15,'N PMRg 2020'!B:G,6,0)),\"-\",VLOOKUP(B15,'N PMRg 2020'!B:G,6,0))","v":"-"},{"$f":"IF(COUNTIF('N PMČRj 2020'!B:B,B15)=0,\"-\",COUNTIF('N PMČRj 2020'!B:B,B15))","v":"-"},{"$f":"IF(ISERROR(VLOOKUP(B15,'N PMČRj 2020'!B:G,6,0)),\"-\",VLOOKUP(B15,'N PMČRj 2020'!B:G,6,0))","v":"-"}]
[8,"David Mach",{"$f":"VLOOKUP(B16,Pilot!A:C,3,0)","v":"Hronov"},{"$f":"VLOOKUP(B16,Pilot!A:B,2,0)","v":1994},{"$f":"VLOOKUP(B16,Pilot!A:E,5,0)","v":"M"},{"$f":"VLOOKUP(B16,Pilot!A:F,6,0)","v":""},8,null,1,{"$f":"IF(COUNTIF('N PMRg 2020'!B:B,B16)=0,\"-\",COUNTIF('N PMRg 2020'!B:B,B16))","v":"-"},{"$f":"IF(ISERROR(VLOOKUP(B16,'N PMRg 2020'!B:G,6,0)),\"-\",VLOOKUP(B16,'N PMRg 2020'!B:G,6,0))","v":"-"},{"$f":"IF(COUNTIF('N PMČRj 2020'!B:B,B16)=0,\"-\",COUNTIF('N PMČRj 2020'!B:B,B16))","v":"-"},{"$f":"IF(ISERROR(VLOOKUP(B16,'N PMČRj 2020'!B:G,6,0)),\"-\",VLOOKUP(B16,'N PMČRj 2020'!B:G,6,0))","v":"-"}]
[9,"Radek Krejcirik",{"$f":"VLOOKUP(B17,Pilot!A:C,3,0)","v":"Hranice"},{"$f":"VLOOKUP(B17,Pilot!A:B,2,0)","v":1991},{"$f":"VLOOKUP(B17,Pilot!A:E,5,0)","v":"M"},{"$f":"VLOOKUP(B17,Pilot!A:F,6,0)","v":""},9,null,1,{"$f":"IF(COUNTIF('N PMRg 2020'!B:B,B17)=0,\"-\",COUNTIF('N PMRg 2020'!B:B,B17))","v":"-"},{"$f":"IF(ISERROR(VLOOKUP(B17,'N PMRg 2020'!B:G,6,0)),\"-\",VLOOKUP(B17,'N PMRg 2020'!B:G,6,0))","v":"-"},{"$f":"IF(COUNTIF('N PMČRj 2020'!B:B,B17)=0,\"-\",COUNTIF('N PMČRj 2020'!B:B,B17))","v":"-"},{"$f":"IF(ISERROR(VLOOKUP(B17,'N PMČRj 2020'!B:G,6,0)),\"-\",VLOOKUP(B17,'N PMČRj 2020'!B:G,6,0))","v":"-"}]
[10,"Karel Novak",{"$f":"VLOOKUP(B18,Pilot!A:C,3,0)","v":"Mladá Boleslav"},{"$f":"VLOOKUP(B18,Pilot!A:B,2,0)","v":1993},{"$f":"VLOOKUP(B18,Pilot!A:E,5,0)","v":"M"},{"$f":"VLOOKUP(B18,Pilot!A:F,6,0)","v":""},{"$f":"A18","v":10},null,1,{"$f":"IF(COUNTIF('N PMRg 2020'!B:B,B18)=0,\"-\",COUNTIF('N PMRg 2020'!B:B,B18))","v":"-"},{"$f":"IF(ISERROR(VLOOKUP(B18,'N PMRg 2020'!B:G,6,0)),\"-\",VLOOKUP(B18,'N PMRg 2020'!B:G,6,0))","v":"-"},{"$f":"IF(COUNTIF('N PMČRj 2020'!B:B,B18)=0,\"-\",COUNTIF('N PMČRj 2020'!B:B,B18))","v":"-"},{"$f":"IF(ISERROR(VLOOKUP(B18,'N PMČRj 2020'!B:G,6,0)),\"-\",VLOOKUP(B18,'N PMČRj 2020'!B:G,6,0))","v":"-"}]
[11,"Jan Louda",{"$f":"VLOOKUP(B19,Pilot!A:C,3,0)","v":"Mladá Boleslav"},{"$f":"VLOOKUP(B19,Pilot!A:B,2,0)","v":1986},{"$f":"VLOOKUP(B19,Pilot!A:E,5,0)","v":"M"},{"$f":"VLOOKUP(B19,Pilot!A:F,6,0)","v":""},11,null,1,{"$f":"IF(COUNTIF('N PMRg 2020'!B:B,B19)=0,\"-\",COUNTIF('N PMRg 2020'!B:B,B19))","v":"-"},{"$f":"IF(ISERROR(VLOOKUP(B19,'N PMRg 2020'!B:G,6,0)),\"-\",VLOOKUP(B19,'N PMRg 2020'!B:G,6,0))","v":"-"},{"$f":"IF(COUNTIF('N PMČRj 2020'!B:B,B19)=0,\"-\",COUNTIF('N PMČRj 2020'!B:B,B19))","v":"-"},{"$f":"IF(ISERROR(VLOOKUP(B19,'N PMČRj 2020'!B:G,6,0)),\"-\",VLOOKUP(B19,'N PMČRj 2020'!B:G,6,0))","v":"-"}]
[12,"Michal Lesinger",{"$f":"VLOOKUP(B20,Pilot!A:C,3,0)","v":"Moravská Třebová"},{"$f":"VLOOKUP(B20,Pilot!A:B,2,0)","v":1966},{"$f":"VLOOKUP(B20,Pilot!A:E,5,0)","v":"M"},{"$f":"VLOOKUP(B20,Pilot!A:F,6,0)","v":""},12,null,1,{"$f":"IF(COUNTIF('N PMRg 2020'!B:B,B20)=0,\"-\",COUNTIF('N PMRg 2020'!B:B,B20))","v":"-"},{"$f":"IF(ISERROR(VLOOKUP(B20,'N PMRg 2020'!B:G,6,0)),\"-\",VLOOKUP(B20,'N PMRg 2020'!B:G,6,0))","v":"-"},{"$f":"IF(COUNTIF('N PMČRj 2020'!B:B,B20)=0,\"-\",COUNTIF('N PMČRj 2020'!B:B,B20))","v":"-"},{"$f":"IF(ISERROR(VLOOKUP(B20,'N PMČRj 2020'!B:G,6,0)),\"-\",VLOOKUP(B20,'N PMČRj 2020'!B:G,6,0))","v":"-"}]
[13,"Karel Mares",{"$f":"VLOOKUP(B21,Pilot!A:C,3,0)","v":"Slaný"},{"$f":"VLOOKUP(B21,Pilot!A:B,2,0)","v":1974},{"$f":"VLOOKUP(B21,Pilot!A:E,5,0)","v":"M"},{"$f":"VLOOKUP(B21,Pilot!A:F,6,0)","v":""},{"$f":"A21","v":13},null,1,{"$f":"IF(COUNTIF('N PMRg 2020'!B:B,B21)=0,\"-\",COUNTIF('N PMRg 2020'!B:B,B21))","v":"-"},{"$f":"IF(ISERROR(VLOOKUP(B21,'N PMRg 2020'!B:G,6,0)),\"-\",VLOOKUP(B21,'N PMRg 2020'!B:G,6,0))","v":"-"},{"$f":"IF(COUNTIF('N PMČRj 2020'!B:B,B21)=0,\"-\",COUNTIF('N PMČRj 2020'!B:B,B21))","v":"-"},{"$f":"IF(ISERROR(VLOOKUP(B21,'N PMČRj 2020'!B:G,6,0)),\"-\",VLOOKUP(B21,'N PMČRj 2020'!B:G,6,0))","v":"-"}]
[14,"Petr Koutny",{"$f":"VLOOKUP(B22,Pilot!A:C,3,0)","v":"Křižanov"},{"$f":"VLOOKUP(B22,Pilot!A:B,2,0)","v":1971},{"$f":"VLOOKUP(B22,Pilot!A:E,5,0)","v":"M"},{"$f":"VLOOKUP(B22,Pilot!A:F,6,0)","v":""},14,null,1,{"$f":"IF(COUNTIF('N PMRg 2020'!B:B,B22)=0,\"-\",COUNTIF('N PMRg 2020'!B:B,B22))","v":"-"},{"$f":"IF(ISERROR(VLOOKUP(B22,'N PMRg 2020'!B:G,6,0)),\"-\",VLOOKUP(B22,'N PMRg 2020'!B:G,6,0))","v":"-"},{"$f":"IF(COUNTIF('N PMČRj 2020'!B:B,B22)=0,\"-\",COUNTIF('N PMČRj 2020'!B:B,B22))","v":"-"},{"$f":"IF(ISERROR(VLOOKUP(B22,'N PMČRj 2020'!B:G,6,0)),\"-\",VLOOKUP(B22,'N PMČRj 2020'!B:G,6,0))","v":"-"}]
[15,"Alena Netusilova",{"$f":"VLOOKUP(B23,Pilot!A:C,3,0)","v":"Zbraslavice"},{"$f":"VLOOKUP(B23,Pilot!A:B,2,0)","v":1970},{"$f":"VLOOKUP(B23,Pilot!A:E,5,0)","v":"F"},{"$f":"VLOOKUP(B23,Pilot!A:F,6,0)","v":""},15,null,1,{"$f":"IF(COUNTIF('N PMRg 2020'!B:B,B23)=0,\"-\",COUNTIF('N PMRg 2020'!B:B,B23))","v":"-"},{"$f":"IF(ISERROR(VLOOKUP(B23,'N PMRg 2020'!B:G,6,0)),\"-\",VLOOKUP(B23,'N PMRg 2020'!B:G,6,0))","v":"-"},{"$f":"IF(COUNTIF('N PMČRj 2020'!B:B,B23)=0,\"-\",COUNTIF('N PMČRj 2020'!B:B,B23))","v":"-"},{"$f":"IF(ISERROR(VLOOKUP(B23,'N PMČRj 2020'!B:G,6,0)),\"-\",VLOOKUP(B23,'N PMČRj 2020'!B:G,6,0))","v":"-"}]
[16,"Ondrej Dupal",{"$f":"VLOOKUP(B24,Pilot!A:C,3,0)","v":"GAC Benešov"},{"$f":"VLOOKUP(B24,Pilot!A:B,2,0)","v":1966},{"$f":"VLOOKUP(B24,Pilot!A:E,5,0)","v":"M"},{"$f":"VLOOKUP(B24,Pilot!A:F,6,0)","v":""},16,null,1,{"$f":"IF(COUNTIF('N PMRg 2020'!B:B,B24)=0,\"-\",COUNTIF('N PMRg 2020'!B:B,B24))","v":"-"},{"$f":"IF(ISERROR(VLOOKUP(B24,'N PMRg 2020'!B:G,6,0)),\"-\",VLOOKUP(B24,'N PMRg 2020'!B:G,6,0))","v":"-"},{"$f":"IF(COUNTIF('N PMČRj 2020'!B:B,B24)=0,\"-\",COUNTIF('N PMČRj 2020'!B:B,B24))","v":"-"},{"$f":"IF(ISERROR(VLOOKUP(B24,'N PMČRj 2020'!B:G,6,0)),\"-\",VLOOKUP(B24,'N PMČRj 2020'!B:G,6,0))","v":"-"}]
[17,"Danes Grula",{"$f":"VLOOKUP(B25,Pilot!A:C,3,0)","v":"Medlánky"},{"$f":"VLOOKUP(B25,Pilot!A:B,2,0)","v":1961},{"$f":"VLOOKUP(B25,Pilot!A:E,5,0)","v":"M"},{"$f":"VLOOKUP(B25,Pilot!A:F,6,0)","v":""},17,null,1,{"$f":"IF(COUNTIF('N PMRg 2020'!B:B,B25)=0,\"-\",COUNTIF('N PMRg 2020'!B:B,B25))","v":"-"},{"$f":"IF(ISERROR(VLOOKUP(B25,'N PMRg 2020'!B:G,6,0)),\"-\",VLOOKUP(B25,'N PMRg 2020'!B:G,6,0))","v":"-"},{"$f":"IF(COUNTIF('N PMČRj 2020'!B:B,B25)=0,\"-\",COUNTIF('N PMČRj 2020'!B:B,B25))","v":"-"},{"$f":"IF(ISERROR(VLOOKUP(B25,'N PMČRj 2020'!B:G,6,0)),\"-\",VLOOKUP(B25,'N PMČRj 2020'!B:G,6,0))","v":"-"}]
[18,"Marek Pechanec",{"$f":"VLOOKUP(B26,Pilot!A:C,3,0)","v":"Luhačovice"},{"$f":"VLOOKUP(B26,Pilot!A:B,2,0)","v":1970},{"$f":"VLOOKUP(B26,Pilot!A:E,5,0)","v":"M"},{"$f":"VLOOKUP(B26,Pilot!A:F,6,0)","v":""},18,null,1,{"$f":"IF(COUNTIF('N PMRg 2020'!B:B,B26)=0,\"-\",COUNTIF('N PMRg 2020'!B:B,B26))","v":"-"},{"$f":"IF(ISERROR(VLOOKUP(B26,'N PMRg 2020'!B:G,6,0)),\"-\",VLOOKUP(B26,'N PMRg 2020'!B:G,6,0))","v":"-"},{"$f":"IF(COUNTIF('N PMČRj 2020'!B:B,B26)=0,\"-\",COUNTIF('N PMČRj 2020'!B:B,B26))","v":"-"},{"$f":"IF(ISERROR(VLOOKUP(B26,'N PMČRj 2020'!B:G,6,0)),\"-\",VLOOKUP(B26,'N PMČRj 2020'!B:G,6,0))","v":"-"}]
[19,"Petr Krejcirik",{"$f":"VLOOKUP(B27,Pilot!A:C,3,0)","v":"Hranice"},{"$f":"VLOOKUP(B27,Pilot!A:B,2,0)","v":1960},{"$f":"VLOOKUP(B27,Pilot!A:E,5,0)","v":"M"},{"$f":"VLOOKUP(B27,Pilot!A:F,6,0)","v":""},19,null,1,{"$f":"IF(COUNTIF('N PMRg 2020'!B:B,B27)=0,\"-\",COUNTIF('N PMRg 2020'!B:B,B27))","v":"-"},{"$f":"IF(ISERROR(VLOOKUP(B27,'N PMRg 2020'!B:G,6,0)),\"-\",VLOOKUP(B27,'N PMRg 2020'!B:G,6,0))","v":"-"},{"$f":"IF(COUNTIF('N PMČRj 2020'!B:B,B27)=0,\"-\",COUNTIF('N PMČRj 2020'!B:B,B27))","v":"-"},{"$f":"IF(ISERROR(VLOOKUP(B27,'N PMČRj 2020'!B:G,6,0)),\"-\",VLOOKUP(B27,'N PMČRj 2020'!B:G,6,0))","v":"-"}]
[20,"Daniel Ryba",{"$f":"VLOOKUP(B28,Pilot!A:C,3,0)","v":"Dvůr Králové"},{"$f":"VLOOKUP(B28,Pilot!A:B,2,0)","v":1994},{"$f":"VLOOKUP(B28,Pilot!A:E,5,0)","v":"M"},{"$f":"VLOOKUP(B28,Pilot!A:F,6,0)","v":""},20,null,1,{"$f":"IF(COUNTIF('N PMRg 2020'!B:B,B28)=0,\"-\",COUNTIF('N PMRg 2020'!B:B,B28))","v":"-"},{"$f":"IF(ISERROR(VLOOKUP(B28,'N PMRg 2020'!B:G,6,0)),\"-\",VLOOKUP(B28,'N PMRg 2020'!B:G,6,0))","v":"-"},{"$f":"IF(COUNTIF('N PMČRj 2020'!B:B,B28)=0,\"-\",COUNTIF('N PMČRj 2020'!B:B,B28))","v":"-"},{"$f":"IF(ISERROR(VLOOKUP(B28,'N PMČRj 2020'!B:G,6,0)),\"-\",VLOOKUP(B28,'N PMČRj 2020'!B:G,6,0))","v":"-"}]
[21,"Hana Treslova",{"$f":"VLOOKUP(B29,Pilot!A:C,3,0)","v":"Raná"},{"$f":"VLOOKUP(B29,Pilot!A:B,2,0)","v":1991},{"$f":"VLOOKUP(B29,Pilot!A:E,5,0)","v":"F"},{"$f":"VLOOKUP(B29,Pilot!A:F,6,0)","v":""},21,null,1,{"$f":"IF(COUNTIF('N PMRg 2020'!B:B,B29)=0,\"-\",COUNTIF('N PMRg 2020'!B:B,B29))","v":"-"},{"$f":"IF(ISERROR(VLOOKUP(B29,'N PMRg 2020'!B:G,6,0)),\"-\",VLOOKUP(B29,'N PMRg 2020'!B:G,6,0))","v":"-"},{"$f":"IF(COUNTIF('N PMČRj 2020'!B:B,B29)=0,\"-\",COUNTIF('N PMČRj 2020'!B:B,B29))","v":"-"},{"$f":"IF(ISERROR(VLOOKUP(B29,'N PMČRj 2020'!B:G,6,0)),\"-\",VLOOKUP(B29,'N PMČRj 2020'!B:G,6,0))","v":"-"}]
[22,"Jana Veprekova",{"$f":"VLOOKUP(B30,Pilot!A:C,3,0)","v":"Dvůr Králové"},{"$f":"VLOOKUP(B30,Pilot!A:B,2,0)","v":1961},{"$f":"VLOOKUP(B30,Pilot!A:E,5,0)","v":"F"},{"$f":"VLOOKUP(B30,Pilot!A:F,6,0)","v":""},22,null,1,{"$f":"IF(COUNTIF('N PMRg 2020'!B:B,B30)=0,\"-\",COUNTIF('N PMRg 2020'!B:B,B30))","v":"-"},{"$f":"IF(ISERROR(VLOOKUP(B30,'N PMRg 2020'!B:G,6,0)),\"-\",VLOOKUP(B30,'N PMRg 2020'!B:G,6,0))","v":"-"},{"$f":"IF(COUNTIF('N PMČRj 2020'!B:B,B30)=0,\"-\",COUNTIF('N PMČRj 2020'!B:B,B30))","v":"-"},{"$f":"IF(ISERROR(VLOOKUP(B30,'N PMČRj 2020'!B:G,6,0)),\"-\",VLOOKUP(B30,'N PMČRj 2020'!B:G,6,0))","v":"-"}]
[23,"Jan Viskot",{"$f":"VLOOKUP(B31,Pilot!A:C,3,0)","v":"Břeclav"},{"$f":"VLOOKUP(B31,Pilot!A:B,2,0)","v":1995},{"$f":"VLOOKUP(B31,Pilot!A:E,5,0)","v":"M"},{"$f":"VLOOKUP(B31,Pilot!A:F,6,0)","v":"Junior v roce 2020"},23,null,1,{"$f":"IF(COUNTIF('N PMRg 2020'!B:B,B31)=0,\"-\",COUNTIF('N PMRg 2020'!B:B,B31))","v":"-"},{"$f":"IF(ISERROR(VLOOKUP(B31,'N PMRg 2020'!B:G,6,0)),\"-\",VLOOKUP(B31,'N PMRg 2020'!B:G,6,0))","v":"-"},{"$f":"IF(COUNTIF('N PMČRj 2020'!B:B,B31)=0,\"-\",COUNTIF('N PMČRj 2020'!B:B,B31))","v":1},{"$f":"IF(ISERROR(VLOOKUP(B31,'N PMČRj 2020'!B:G,6,0)),\"-\",VLOOKUP(B31,'N PMČRj 2020'!B:G,6,0))","v":1}]
[24,"Jaromir Macoun",{"$f":"VLOOKUP(B32,Pilot!A:C,3,0)","v":"Jičín"},{"$f":"VLOOKUP(B32,Pilot!A:B,2,0)","v":1999},{"$f":"VLOOKUP(B32,Pilot!A:E,5,0)","v":"M"},{"$f":"VLOOKUP(B32,Pilot!A:F,6,0)","v":"Junior v roce 2020"},24,null,1,{"$f":"IF(COUNTIF('N PMRg 2020'!B:B,B32)=0,\"-\",COUNTIF('N PMRg 2020'!B:B,B32))","v":"-"},{"$f":"IF(ISERROR(VLOOKUP(B32,'N PMRg 2020'!B:G,6,0)),\"-\",VLOOKUP(B32,'N PMRg 2020'!B:G,6,0))","v":"-"},{"$f":"IF(COUNTIF('N PMČRj 2020'!B:B,B32)=0,\"-\",COUNTIF('N PMČRj 2020'!B:B,B32))","v":1},{"$f":"IF(ISERROR(VLOOKUP(B32,'N PMČRj 2020'!B:G,6,0)),\"-\",VLOOKUP(B32,'N PMČRj 2020'!B:G,6,0))","v":2}]
[25,"Dana Novakova",{"$f":"VLOOKUP(B33,Pilot!A:C,3,0)","v":"Mladá Boleslav"},{"$f":"VLOOKUP(B33,Pilot!A:B,2,0)","v":1965},{"$f":"VLOOKUP(B33,Pilot!A:E,5,0)","v":"F"},{"$f":"VLOOKUP(B33,Pilot!A:F,6,0)","v":""},25,null,1,{"$f":"IF(COUNTIF('N PMRg 2020'!B:B,B33)=0,\"-\",COUNTIF('N PMRg 2020'!B:B,B33))","v":"-"},{"$f":"IF(ISERROR(VLOOKUP(B33,'N PMRg 2020'!B:G,6,0)),\"-\",VLOOKUP(B33,'N PMRg 2020'!B:G,6,0))","v":"-"},{"$f":"IF(COUNTIF('N PMČRj 2020'!B:B,B33)=0,\"-\",COUNTIF('N PMČRj 2020'!B:B,B33))","v":"-"},{"$f":"IF(ISERROR(VLOOKUP(B33,'N PMČRj 2020'!B:G,6,0)),\"-\",VLOOKUP(B33,'N PMČRj 2020'!B:G,6,0))","v":"-"}]
[26,"Barbora Moravcova",{"$f":"VLOOKUP(B34,Pilot!A:C,3,0)","v":"Zbraslavice"},{"$f":"VLOOKUP(B34,Pilot!A:B,2,0)","v":1994},{"$f":"VLOOKUP(B34,Pilot!A:E,5,0)","v":"F"},{"$f":"VLOOKUP(B34,Pilot!A:F,6,0)","v":""},{"$f":"A34","v":26},null,1,{"$f":"IF(COUNTIF('N PMRg 2020'!B:B,B34)=0,\"-\",COUNTIF('N PMRg 2020'!B:B,B34))","v":"-"},{"$f":"IF(ISERROR(VLOOKUP(B34,'N PMRg 2020'!B:G,6,0)),\"-\",VLOOKUP(B34,'N PMRg 2020'!B:G,6,0))","v":"-"},{"$f":"IF(COUNTIF('N PMČRj 2020'!B:B,B34)=0,\"-\",COUNTIF('N PMČRj 2020'!B:B,B34))","v":"-"},{"$f":"IF(ISERROR(VLOOKUP(B34,'N PMČRj 2020'!B:G,6,0)),\"-\",VLOOKUP(B34,'N PMČRj 2020'!B:G,6,0))","v":"-"}]
[27,"Jan Zapletal",{"$f":"VLOOKUP(B35,Pilot!A:C,3,0)","v":"Kroměříž"},{"$f":"VLOOKUP(B35,Pilot!A:B,2,0)","v":1997},{"$f":"VLOOKUP(B35,Pilot!A:E,5,0)","v":"M"},{"$f":"VLOOKUP(B35,Pilot!A:F,6,0)","v":"Junior v roce 2020"},27,null,1,{"$f":"IF(COUNTIF('N PMRg 2020'!B:B,B35)=0,\"-\",COUNTIF('N PMRg 2020'!B:B,B35))","v":"-"},{"$f":"IF(ISERROR(VLOOKUP(B35,'N PMRg 2020'!B:G,6,0)),\"-\",VLOOKUP(B35,'N PMRg 2020'!B:G,6,0))","v":"-"},{"$f":"IF(COUNTIF('N PMČRj 2020'!B:B,B35)=0,\"-\",COUNTIF('N PMČRj 2020'!B:B,B35))","v":1},{"$f":"IF(ISERROR(VLOOKUP(B35,'N PMČRj 2020'!B:G,6,0)),\"-\",VLOOKUP(B35,'N PMČRj 2020'!B:G,6,0))","v":3}]
[28,"Klara Teichmannova",{"$f":"VLOOKUP(B36,Pilot!A:C,3,0)","v":"Hronov"},{"$f":"VLOOKUP(B36,Pilot!A:B,2,0)","v":1993},{"$f":"VLOOKUP(B36,Pilot!A:E,5,0)","v":"F"},{"$f":"VLOOKUP(B36,Pilot!A:F,6,0)","v":""},28,null,1,{"$f":"IF(COUNTIF('N PMRg 2020'!B:B,B36)=0,\"-\",COUNTIF('N PMRg 2020'!B:B,B36))","v":"-"},{"$f":"IF(ISERROR(VLOOKUP(B36,'N PMRg 2020'!B:G,6,0)),\"-\",VLOOKUP(B36,'N PMRg 2020'!B:G,6,0))","v":"-"},{"$f":"IF(COUNTIF('N PMČRj 2020'!B:B,B36)=0,\"-\",COUNTIF('N PMČRj 2020'!B:B,B36))","v":"-"},{"$f":"IF(ISERROR(VLOOKUP(B36,'N PMČRj 2020'!B:G,6,0)),\"-\",VLOOKUP(B36,'N PMČRj 2020'!B:G,6,0))","v":"-"}]
[29,"Jana Treslova",{"$f":"VLOOKUP(B37,Pilot!A:C,3,0)","v":"Raná"},{"$f":"VLOOKUP(B37,Pilot!A:B,2,0)","v":1963},{"$f":"VLOOKUP(B37,Pilot!A:E,5,0)","v":"F"},{"$f":"VLOOKUP(B37,Pilot!A:F,6,0)","v":""},29,null,1,{"$f":"IF(COUNTIF('N PMRg 2020'!B:B,B37)=0,\"-\",COUNTIF('N PMRg 2020'!B:B,B37))","v":"-"},{"$f":"IF(ISERROR(VLOOKUP(B37,'N PMRg 2020'!B:G,6,0)),\"-\",VLOOKUP(B37,'N PMRg 2020'!B:G,6,0))","v":"-"},{"$f":"IF(COUNTIF('N PMČRj 2020'!B:B,B37)=0,\"-\",COUNTIF('N PMČRj 2020'!B:B,B37))","v":"-"},{"$f":"IF(ISERROR(VLOOKUP(B37,'N PMČRj 2020'!B:G,6,0)),\"-\",VLOOKUP(B37,'N PMČRj 2020'!B:G,6,0))","v":"-"}]
[30,"Lenka Kuthanova",{"$f":"VLOOKUP(B38,Pilot!A:C,3,0)","v":"Tábor"},{"$f":"VLOOKUP(B38,Pilot!A:B,2,0)","v":1960},{"$f":"VLOOKUP(B38,Pilot!A:E,5,0)","v":"F"},{"$f":"VLOOKUP(B38,Pilot!A:F,6,0)","v":""},30,null,1,{"$f":"IF(COUNTIF('N PMRg 2020'!B:B,B38)=0,\"-\",COUNTIF('N PMRg 2020'!B:B,B38))","v":"-"},{"$f":"IF(ISERROR(VLOOKUP(B38,'N PMRg 2020'!B:G,6,0)),\"-\",VLOOKUP(B38,'N PMRg 2020'!B:G,6,0))","v":"-"},{"$f":"IF(COUNTIF('N PMČRj 2020'!B:B,B38)=0,\"-\",COUNTIF('N PMČRj 2020'!B:B,B38))","v":"-"},{"$f":"IF(ISERROR(VLOOKUP(B38,'N PMČRj 2020'!B:G,6,0)),\"-\",VLOOKUP(B38,'N PMČRj 2020'!B:G,6,0))","v":"-"}]
[31,"Petra Piskata",{"$f":"VLOOKUP(B39,Pilot!A:C,3,0)","v":"Hranice"},{"$f":"VLOOKUP(B39,Pilot!A:B,2,0)","v":1989},{"$f":"VLOOKUP(B39,Pilot!A:E,5,0)","v":"F"},{"$f":"VLOOKUP(B39,Pilot!A:F,6,0)","v":""},{"$f":"A39","v":31},null,1,{"$f":"IF(COUNTIF('N PMRg 2020'!B:B,B39)=0,\"-\",COUNTIF('N PMRg 2020'!B:B,B39))","v":"-"},{"$f":"IF(ISERROR(VLOOKUP(B39,'N PMRg 2020'!B:G,6,0)),\"-\",VLOOKUP(B39,'N PMRg 2020'!B:G,6,0))","v":"-"},{"$f":"IF(COUNTIF('N PMČRj 2020'!B:B,B39)=0,\"-\",COUNTIF('N PMČRj 2020'!B:B,B39))","v":"-"},{"$f":"IF(ISERROR(VLOOKUP(B39,'N PMČRj 2020'!B:G,6,0)),\"-\",VLOOKUP(B39,'N PMČRj 2020'!B:G,6,0))","v":"-"}]
[32,"Ivan Tvrdik",{"$f":"VLOOKUP(B40,Pilot!A:C,3,0)","v":"Letňany"},{"$f":"VLOOKUP(B40,Pilot!A:B,2,0)","v":1997},{"$f":"VLOOKUP(B40,Pilot!A:E,5,0)","v":"M"},{"$f":"VLOOKUP(B40,Pilot!A:F,6,0)","v":"Junior v roce 2020"},32,null,1,{"$f":"IF(COUNTIF('N PMRg 2020'!B:B,B40)=0,\"-\",COUNTIF('N PMRg 2020'!B:B,B40))","v":"-"},{"$f":"IF(ISERROR(VLOOKUP(B40,'N PMRg 2020'!B:G,6,0)),\"-\",VLOOKUP(B40,'N PMRg 2020'!B:G,6,0))","v":"-"},{"$f":"IF(COUNTIF('N PMČRj 2020'!B:B,B40)=0,\"-\",COUNTIF('N PMČRj 2020'!B:B,B40))","v":1},{"$f":"IF(ISERROR(VLOOKUP(B40,'N PMČRj 2020'!B:G,6,0)),\"-\",VLOOKUP(B40,'N PMČRj 2020'!B:G,6,0))","v":4}]
[33,"Jan Vozeh",{"$f":"VLOOKUP(B41,Pilot!A:C,3,0)","v":"Rakovník"},{"$f":"VLOOKUP(B41,Pilot!A:B,2,0)","v":1995},{"$f":"VLOOKUP(B41,Pilot!A:E,5,0)","v":"M"},{"$f":"VLOOKUP(B41,Pilot!A:F,6,0)","v":"Junior v roce 2020"},33,null,1,{"$f":"IF(COUNTIF('N PMRg 2020'!B:B,B41)=0,\"-\",COUNTIF('N PMRg 2020'!B:B,B41))","v":"-"},{"$f":"IF(ISERROR(VLOOKUP(B41,'N PMRg 2020'!B:G,6,0)),\"-\",VLOOKUP(B41,'N PMRg 2020'!B:G,6,0))","v":"-"},{"$f":"IF(COUNTIF('N PMČRj 2020'!B:B,B41)=0,\"-\",COUNTIF('N PMČRj 2020'!B:B,B41))","v":1},{"$f":"IF(ISERROR(VLOOKUP(B41,'N PMČRj 2020'!B:G,6,0)),\"-\",VLOOKUP(B41,'N PMČRj 2020'!B:G,6,0))","v":5}]
[34,"Tomas Jilek",{"$f":"VLOOKUP(B42,Pilot!A:C,3,0)","v":"Raná"},{"$f":"VLOOKUP(B42,Pilot!A:B,2,0)","v":1995},{"$f":"VLOOKUP(B42,Pilot!A:E,5,0)","v":"M"},{"$f":"VLOOKUP(B42,Pilot!A:F,6,0)","v":"Junior v roce 2020"},34,null,1,{"$f":"IF(COUNTIF('N PMRg 2020'!B:B,B42)=0,\"-\",COUNTIF('N PMRg 2020'!B:B,B42))","v":"-"},{"$f":"IF(ISERROR(VLOOKUP(B42,'N PMRg 2020'!B:G,6,0)),\"-\",VLOOKUP(B42,'N PMRg 2020'!B:G,6,0))","v":"-"},{"$f":"IF(COUNTIF('N PMČRj 2020'!B:B,B42)=0,\"-\",COUNTIF('N PMČRj 2020'!B:B,B42))","v":1},{"$f":"IF(ISERROR(VLOOKUP(B42,'N PMČRj 2020'!B:G,6,0)),\"-\",VLOOKUP(B42,'N PMČRj 2020'!B:G,6,0))","v":6}]
[35,"Eva Cerna",{"$f":"VLOOKUP(B43,Pilot!A:C,3,0)","v":"Příbram"},{"$f":"VLOOKUP(B43,Pilot!A:B,2,0)","v":1964},{"$f":"VLOOKUP(B43,Pilot!A:E,5,0)","v":"F"},{"$f":"VLOOKUP(B43,Pilot!A:F,6,0)","v":""},{"$f":"A43","v":35},null,1,{"$f":"IF(COUNTIF('N PMRg 2020'!B:B,B43)=0,\"-\",COUNTIF('N PMRg 2020'!B:B,B43))","v":"-"},{"$f":"IF(ISERROR(VLOOKUP(B43,'N PMRg 2020'!B:G,6,0)),\"-\",VLOOKUP(B43,'N PMRg 2020'!B:G,6,0))","v":"-"},{"$f":"IF(COUNTIF('N PMČRj 2020'!B:B,B43)=0,\"-\",COUNTIF('N PMČRj 2020'!B:B,B43))","v":"-"},{"$f":"IF(ISERROR(VLOOKUP(B43,'N PMČRj 2020'!B:G,6,0)),\"-\",VLOOKUP(B43,'N PMČRj 2020'!B:G,6,0))","v":"-"}]
["6.6.6.2.","další soutěžící, kteří se umístili v konečném pořadí na posledním platném PMČR ve své třídě nejhůře v první polovině celkového pořadí (bez náhradníků)\n"]
[null,"PMČR 2019 - Moravská Třebová - Klub"]
[{"$f":"MAX(A9:A44)+1","v":36},"Petr Stepanek",{"$f":"VLOOKUP(B46,Pilot!A:C,3,0)","v":"Moravská Třebová"},{"$f":"VLOOKUP(B46,Pilot!A:B,2,0)","v":1989},{"$f":"VLOOKUP(B46,Pilot!A:E,5,0)","v":"M"},{"$f":"VLOOKUP(B46,Pilot!A:F,6,0)","v":""},{"$f":"A46","v":36},null,{"$f":"COUNTIF(B:B,B46)","v":1},{"$f":"IF(COUNTIF('N PMRg 2020'!B:B,B46)=0,\"-\",COUNTIF('N PMRg 2020'!B:B,B46))","v":"-"},{"$f":"IF(ISERROR(VLOOKUP(B46,'N PMRg 2020'!B:G,6,0)),\"-\",VLOOKUP(B46,'N PMRg 2020'!B:G,6,0))","v":"-"},{"$f":"IF(COUNTIF('N PMČRj 2020'!B:B,B46)=0,\"-\",COUNTIF('N PMČRj 2020'!B:B,B46))","v":"-"},{"$f":"IF(ISERROR(VLOOKUP(B46,'N PMČRj 2020'!B:G,6,0)),\"-\",VLOOKUP(B46,'N PMČRj 2020'!B:G,6,0))","v":"-"}]
[{"$f":"A46+1","v":37},"Lubomir Motl",{"$f":"VLOOKUP(B47,Pilot!A:C,3,0)","v":"Kyjov"},{"$f":"VLOOKUP(B47,Pilot!A:B,2,0)","v":1959},{"$f":"VLOOKUP(B47,Pilot!A:E,5,0)","v":"M"},{"$f":"VLOOKUP(B47,Pilot!A:F,6,0)","v":""},{"$f":"A47","v":37},null,1,{"$f":"IF(COUNTIF('N PMRg 2020'!B:B,B47)=0,\"-\",COUNTIF('N PMRg 2020'!B:B,B47))","v":"-"},{"$f":"IF(ISERROR(VLOOKUP(B47,'N PMRg 2020'!B:G,6,0)),\"-\",VLOOKUP(B47,'N PMRg 2020'!B:G,6,0))","v":"-"},{"$f":"IF(COUNTIF('N PMČRj 2020'!B:B,B47)=0,\"-\",COUNTIF('N PMČRj 2020'!B:B,B47))","v":"-"},{"$f":"IF(ISERROR(VLOOKUP(B47,'N PMČRj 2020'!B:G,6,0)),\"-\",VLOOKUP(B47,'N PMČRj 2020'!B:G,6,0))","v":"-"}]
[{"$f":"A47+1","v":38},"Pavel Trybenekr",{"$f":"VLOOKUP(B48,Pilot!A:C,3,0)","v":"Hořice"},{"$f":"VLOOKUP(B48,Pilot!A:B,2,0)","v":1990},{"$f":"VLOOKUP(B48,Pilot!A:E,5,0)","v":"M"},{"$f":"VLOOKUP(B48,Pilot!A:F,6,0)","v":""},{"$f":"A48","v":38},null,1,{"$f":"IF(COUNTIF('N PMRg 2020'!B:B,B48)=0,\"-\",COUNTIF('N PMRg 2020'!B:B,B48))","v":"-"},{"$f":"IF(ISERROR(VLOOKUP(B48,'N PMRg 2020'!B:G,6,0)),\"-\",VLOOKUP(B48,'N PMRg 2020'!B:G,6,0))","v":"-"},{"$f":"IF(COUNTIF('N PMČRj 2020'!B:B,B48)=0,\"-\",COUNTIF('N PMČRj 2020'!B:B,B48))","v":"-"},{"$f":"IF(ISERROR(VLOOKUP(B48,'N PMČRj 2020'!B:G,6,0)),\"-\",VLOOKUP(B48,'N PMČRj 2020'!B:G,6,0))","v":"-"}]
[{"$f":"A48+1","v":39},"David Sachl",{"$f":"VLOOKUP(B49,Pilot!A:C,3,0)","v":"Kralupy"},{"$f":"VLOOKUP(B49,Pilot!A:B,2,0)","v":1978},{"$f":"VLOOKUP(B49,Pilot!A:E,5,0)","v":"M"},{"$f":"VLOOKUP(B49,Pilot!A:F,6,0)","v":""},{"$f":"A49","v":39},null,1,{"$f":"IF(COUNTIF('N PMRg 2020'!B:B,B49)=0,\"-\",COUNTIF('N PMRg 2020'!B:B,B49))","v":"-"},{"$f":"IF(ISERROR(VLOOKUP(B49,'N PMRg 2020'!B:G,6,0)),\"-\",VLOOKUP(B49,'N PMRg 2020'!B:G,6,0))","v":"-"},{"$f":"IF(COUNTIF('N PMČRj 2020'!B:B,B49)=0,\"-\",COUNTIF('N PMČRj 2020'!B:B,B49))","v":"-"},{"$f":"IF(ISERROR(VLOOKUP(B49,'N PMČRj 2020'!B:G,6,0)),\"-\",VLOOKUP(B49,'N PMČRj 2020'!B:G,6,0))","v":"-"}]
[{"$f":"A49+1","v":40},"Slavomir Piskaty 84",{"$f":"VLOOKUP(B50,Pilot!A:C,3,0)","v":"Kunovice"},{"$f":"VLOOKUP(B50,Pilot!A:B,2,0)","v":1984},{"$f":"VLOOKUP(B50,Pilot!A:E,5,0)","v":"M"},{"$f":"VLOOKUP(B50,Pilot!A:F,6,0)","v":""},{"$f":"A50","v":40},null,1,{"$f":"IF(COUNTIF('N PMRg 2020'!B:B,B50)=0,\"-\",COUNTIF('N PMRg 2020'!B:B,B50))","v":"-"},{"$f":"IF(ISERROR(VLOOKUP(B50,'N PMRg 2020'!B:G,6,0)),\"-\",VLOOKUP(B50,'N PMRg 2020'!B:G,6,0))","v":"-"},{"$f":"IF(COUNTIF('N PMČRj 2020'!B:B,B50)=0,\"-\",COUNTIF('N PMČRj 2020'!B:B,B50))","v":"-"},{"$f":"IF(ISERROR(VLOOKUP(B50,'N PMČRj 2020'!B:G,6,0)),\"-\",VLOOKUP(B50,'N PMČRj 2020'!B:G,6,0))","v":"-"}]
[{"$f":"A50+1","v":41},"Jan Ratz",{"$f":"VLOOKUP(B51,Pilot!A:C,3,0)","v":"Zbraslavice"},{"$f":"VLOOKUP(B51,Pilot!A:B,2,0)","v":1987},{"$f":"VLOOKUP(B51,Pilot!A:E,5,0)","v":"M"},{"$f":"VLOOKUP(B51,Pilot!A:F,6,0)","v":""},{"$f":"A51","v":41},null,1,{"$f":"IF(COUNTIF('N PMRg 2020'!B:B,B51)=0,\"-\",COUNTIF('N PMRg 2020'!B:B,B51))","v":"-"},{"$f":"IF(ISERROR(VLOOKUP(B51,'N PMRg 2020'!B:G,6,0)),\"-\",VLOOKUP(B51,'N PMRg 2020'!B:G,6,0))","v":"-"},{"$f":"IF(COUNTIF('N PMČRj 2020'!B:B,B51)=0,\"-\",COUNTIF('N PMČRj 2020'!B:B,B51))","v":"-"},{"$f":"IF(ISERROR(VLOOKUP(B51,'N PMČRj 2020'!B:G,6,0)),\"-\",VLOOKUP(B51,'N PMČRj 2020'!B:G,6,0))","v":"-"}]
[42,"Tereza Koubkova",{"$f":"VLOOKUP(B52,Pilot!A:C,3,0)","v":"Letňany"},{"$f":"VLOOKUP(B52,Pilot!A:B,2,0)","v":1999},{"$f":"VLOOKUP(B52,Pilot!A:E,5,0)","v":"F"},{"$f":"VLOOKUP(B52,Pilot!A:F,6,0)","v":"Junior v roce 2020"},42,null,1,{"$f":"IF(COUNTIF('N PMRg 2020'!B:B,B52)=0,\"-\",COUNTIF('N PMRg 2020'!B:B,B52))","v":"-"},{"$f":"IF(ISERROR(VLOOKUP(B52,'N PMRg 2020'!B:G,6,0)),\"-\",VLOOKUP(B52,'N PMRg 2020'!B:G,6,0))","v":"-"},{"$f":"IF(COUNTIF('N PMČRj 2020'!B:B,B52)=0,\"-\",COUNTIF('N PMČRj 2020'!B:B,B52))","v":1},{"$f":"IF(ISERROR(VLOOKUP(B52,'N PMČRj 2020'!B:G,6,0)),\"-\",VLOOKUP(B52,'N PMČRj 2020'!B:G,6,0))","v":7}]
[43,"Ivan Harasta 65",{"$f":"VLOOKUP(B53,Pilot!A:C,3,0)","v":"Toužim"},{"$f":"VLOOKUP(B53,Pilot!A:B,2,0)","v":1965},{"$f":"VLOOKUP(B53,Pilot!A:E,5,0)","v":"M"},{"$f":"VLOOKUP(B53,Pilot!A:F,6,0)","v":""},43,null,1,{"$f":"IF(COUNTIF('N PMRg 2020'!B:B,B53)=0,\"-\",COUNTIF('N PMRg 2020'!B:B,B53))","v":"-"},{"$f":"IF(ISERROR(VLOOKUP(B53,'N PMRg 2020'!B:G,6,0)),\"-\",VLOOKUP(B53,'N PMRg 2020'!B:G,6,0))","v":"-"},{"$f":"IF(COUNTIF('N PMČRj 2020'!B:B,B53)=0,\"-\",COUNTIF('N PMČRj 2020'!B:B,B53))","v":"-"},{"$f":"IF(ISERROR(VLOOKUP(B53,'N PMČRj 2020'!B:G,6,0)),\"-\",VLOOKUP(B53,'N PMČRj 2020'!B:G,6,0))","v":"-"}]
[null,"PMČR 2019 - Moravská Třebová - Kombi 15m"]
[{"$f":"MAX(A46:A54)+1","v":44},"Jiri Kusbach",{"$f":"VLOOKUP(B55,Pilot!A:C,3,0)","v":"Luhačovice"},{"$f":"VLOOKUP(B55,Pilot!A:B,2,0)","v":1959},{"$f":"VLOOKUP(B55,Pilot!A:E,5,0)","v":"M"},{"$f":"VLOOKUP(B55,Pilot!A:F,6,0)","v":""},{"$f":"A55","v":44},null,{"$f":"COUNTIF(B:B,B55)","v":1},{"$f":"IF(COUNTIF('N PMRg 2020'!B:B,B55)=0,\"-\",COUNTIF('N PMRg 2020'!B:B,B55))","v":"-"},{"$f":"IF(ISERROR(VLOOKUP(B55,'N PMRg 2020'!B:G,6,0)),\"-\",VLOOKUP(B55,'N PMRg 2020'!B:G,6,0))","v":"-"},{"$f":"IF(COUNTIF('N PMČRj 2020'!B:B,B55)=0,\"-\",COUNTIF('N PMČRj 2020'!B:B,B55))","v":"-"},{"$f":"IF(ISERROR(VLOOKUP(B55,'N PMČRj 2020'!B:G,6,0)),\"-\",VLOOKUP(B55,'N PMČRj 2020'!B:G,6,0))","v":"-"}]
[null,"PMČR 2019 - Moravská Třebová - Kombi Open"]
[{"$f":"MAX(A55:A56)+1","v":45},"Tomas Rendla",{"$f":"VLOOKUP(B57,Pilot!A:C,3,0)","v":"Zbraslavice"},{"$f":"VLOOKUP(B57,Pilot!A:B,2,0)","v":1973},{"$f":"VLOOKUP(B57,Pilot!A:E,5,0)","v":"M"},{"$f":"VLOOKUP(B57,Pilot!A:F,6,0)","v":""},{"$f":"A57","v":45},null,{"$f":"COUNTIF(B:B,B57)","v":1},{"$f":"IF(COUNTIF('N PMRg 2020'!B:B,B57)=0,\"-\",COUNTIF('N PMRg 2020'!B:B,B57))","v":"-"},{"$f":"IF(ISERROR(VLOOKUP(B57,'N PMRg 2020'!B:G,6,0)),\"-\",VLOOKUP(B57,'N PMRg 2020'!B:G,6,0))","v":"-"},{"$f":"IF(COUNTIF('N PMČRj 2020'!B:B,B57)=0,\"-\",COUNTIF('N PMČRj 2020'!B:B,B57))","v":"-"},{"$f":"IF(ISERROR(VLOOKUP(B57,'N PMČRj 2020'!B:G,6,0)),\"-\",VLOOKUP(B57,'N PMČRj 2020'!B:G,6,0))","v":"-"}]
[{"$f":"A57+1","v":46},"Radek Kucirek",{"$f":"VLOOKUP(B58,Pilot!A:C,3,0)","v":"Havlíčkův Brod"},{"$f":"VLOOKUP(B58,Pilot!A:B,2,0)","v":1973},{"$f":"VLOOKUP(B58,Pilot!A:E,5,0)","v":"M"},{"$f":"VLOOKUP(B58,Pilot!A:F,6,0)","v":""},{"$f":"A58","v":46},null,{"$f":"COUNTIF(B:B,B58)","v":1},{"$f":"IF(COUNTIF('N PMRg 2020'!B:B,B58)=0,\"-\",COUNTIF('N PMRg 2020'!B:B,B58))","v":"-"},{"$f":"IF(ISERROR(VLOOKUP(B58,'N PMRg 2020'!B:G,6,0)),\"-\",VLOOKUP(B58,'N PMRg 2020'!B:G,6,0))","v":"-"},{"$f":"IF(COUNTIF('N PMČRj 2020'!B:B,B58)=0,\"-\",COUNTIF('N PMČRj 2020'!B:B,B58))","v":"-"},{"$f":"IF(ISERROR(VLOOKUP(B58,'N PMČRj 2020'!B:G,6,0)),\"-\",VLOOKUP(B58,'N PMČRj 2020'!B:G,6,0))","v":"-"}]
["6.6.6.3.","prvních 5 soutěžících z posledního platného PMČRj mimo RV (+ 5 náhradníků)"]
[null,"PMČRj 2019 - Jaroměř - Klub"]
[{"$f":"MAX(A57:A59)+1","v":47},"Petr Valenta 94",{"$f":"VLOOKUP(B61,Pilot!A:C,3,0)","v":"Kunovice"},{"$f":"VLOOKUP(B61,Pilot!A:B,2,0)","v":1994},{"$f":"VLOOKUP(B61,Pilot!A:E,5,0)","v":"M"},{"$f":"VLOOKUP(B61,Pilot!A:F,6,0)","v":""},{"$f":"A61","v":47},null,{"$f":"COUNTIF(B:B,B61)","v":1},{"$f":"IF(COUNTIF('N PMRg 2020'!B:B,B61)=0,\"-\",COUNTIF('N PMRg 2020'!B:B,B61))","v":"-"},{"$f":"IF(ISERROR(VLOOKUP(B61,'N PMRg 2020'!B:G,6,0)),\"-\",VLOOKUP(B61,'N PMRg 2020'!B:G,6,0))","v":"-"},{"$f":"IF(COUNTIF('N PMČRj 2020'!B:B,B61)=0,\"-\",COUNTIF('N PMČRj 2020'!B:B,B61))","v":"-"},{"$f":"IF(ISERROR(VLOOKUP(B61,'N PMČRj 2020'!B:G,6,0)),\"-\",VLOOKUP(B61,'N PMČRj 2020'!B:G,6,0))","v":"-"}]
[{"$f":"A61+1","v":48},"Vit Morkovsky",{"$f":"VLOOKUP(B62,Pilot!A:C,3,0)","v":"Polička"},{"$f":"VLOOKUP(B62,Pilot!A:B,2,0)","v":2000},{"$f":"VLOOKUP(B62,Pilot!A:E,5,0)","v":"M"},{"$f":"VLOOKUP(B62,Pilot!A:F,6,0)","v":"Junior v roce 2020"},48,null,1,{"$f":"IF(COUNTIF('N PMRg 2020'!B:B,B62)=0,\"-\",COUNTIF('N PMRg 2020'!B:B,B62))","v":"-"},{"$f":"IF(ISERROR(VLOOKUP(B62,'N PMRg 2020'!B:G,6,0)),\"-\",VLOOKUP(B62,'N PMRg 2020'!B:G,6,0))","v":"-"},{"$f":"IF(COUNTIF('N PMČRj 2020'!B:B,B62)=0,\"-\",COUNTIF('N PMČRj 2020'!B:B,B62))","v":1},{"$f":"IF(ISERROR(VLOOKUP(B62,'N PMČRj 2020'!B:G,6,0)),\"-\",VLOOKUP(B62,'N PMČRj 2020'!B:G,6,0))","v":9}]
[{"$f":"A62+1","v":49},"David Rozporka",{"$f":"VLOOKUP(B63,Pilot!A:C,3,0)","v":"Hronov"},{"$f":"VLOOKUP(B63,Pilot!A:B,2,0)","v":1994},{"$f":"VLOOKUP(B63,Pilot!A:E,5,0)","v":"M"},{"$f":"VLOOKUP(B63,Pilot!A:F,6,0)","v":""},49,null,1,{"$f":"IF(COUNTIF('N PMRg 2020'!B:B,B63)=0,\"-\",COUNTIF('N PMRg 2020'!B:B,B63))","v":"-"},{"$f":"IF(ISERROR(VLOOKUP(B63,'N PMRg 2020'!B:G,6,0)),\"-\",VLOOKUP(B63,'N PMRg 2020'!B:G,6,0))","v":"-"},{"$f":"IF(COUNTIF('N PMČRj 2020'!B:B,B63)=0,\"-\",COUNTIF('N PMČRj 2020'!B:B,B63))","v":"-"},{"$f":"IF(ISERROR(VLOOKUP(B63,'N PMČRj 2020'!B:G,6,0)),\"-\",VLOOKUP(B63,'N PMČRj 2020'!B:G,6,0))","v":"-"}]
[{"$f":"A63+1","v":50},"Vladimir Hammer",{"$f":"VLOOKUP(B64,Pilot!A:C,3,0)","v":"Klatovy"},{"$f":"VLOOKUP(B64,Pilot!A:B,2,0)","v":2000},{"$f":"VLOOKUP(B64,Pilot!A:E,5,0)","v":"M"},{"$f":"VLOOKUP(B64,Pilot!A:F,6,0)","v":"Junior v roce 2020"},50,null,1,{"$f":"IF(COUNTIF('N PMRg 2020'!B:B,B64)=0,\"-\",COUNTIF('N PMRg 2020'!B:B,B64))","v":"-"},{"$f":"IF(ISERROR(VLOOKUP(B64,'N PMRg 2020'!B:G,6,0)),\"-\",VLOOKUP(B64,'N PMRg 2020'!B:G,6,0))","v":"-"},{"$f":"IF(COUNTIF('N PMČRj 2020'!B:B,B64)=0,\"-\",COUNTIF('N PMČRj 2020'!B:B,B64))","v":1},{"$f":"IF(ISERROR(VLOOKUP(B64,'N PMČRj 2020'!B:G,6,0)),\"-\",VLOOKUP(B64,'N PMČRj 2020'!B:G,6,0))","v":10}]
[{"$f":"A64+1","v":51},"Tomas Moravec",{"$f":"VLOOKUP(B65,Pilot!A:C,3,0)","v":"Žamberk"},{"$f":"VLOOKUP(B65,Pilot!A:B,2,0)","v":2000},{"$f":"VLOOKUP(B65,Pilot!A:E,5,0)","v":"M"},{"$f":"VLOOKUP(B65,Pilot!A:F,6,0)","v":"Junior v roce 2020"},51,null,1,{"$f":"IF(COUNTIF('N PMRg 2020'!B:B,B65)=0,\"-\",COUNTIF('N PMRg 2020'!B:B,B65))","v":"-"},{"$f":"IF(ISERROR(VLOOKUP(B65,'N PMRg 2020'!B:G,6,0)),\"-\",VLOOKUP(B65,'N PMRg 2020'!B:G,6,0))","v":"-"},{"$f":"IF(COUNTIF('N PMČRj 2020'!B:B,B65)=0,\"-\",COUNTIF('N PMČRj 2020'!B:B,B65))","v":1},{"$f":"IF(ISERROR(VLOOKUP(B65,'N PMČRj 2020'!B:G,6,0)),\"-\",VLOOKUP(B65,'N PMČRj 2020'!B:G,6,0))","v":11}]
["N1","Jan Beran",{"$f":"VLOOKUP(B66,Pilot!A:C,3,0)","v":"Kladno"},{"$f":"VLOOKUP(B66,Pilot!A:B,2,0)","v":1999},{"$f":"VLOOKUP(B66,Pilot!A:E,5,0)","v":"M"},{"$f":"VLOOKUP(B66,Pilot!A:F,6,0)","v":"Junior v roce 2020"},"N1",null,1,{"$f":"IF(COUNTIF('N PMRg 2020'!B:B,B66)=0,\"-\",COUNTIF('N PMRg 2020'!B:B,B66))","v":"-"},{"$f":"IF(ISERROR(VLOOKUP(B66,'N PMRg 2020'!B:G,6,0)),\"-\",VLOOKUP(B66,'N PMRg 2020'!B:G,6,0))","v":"-"},{"$f":"IF(COUNTIF('N PMČRj 2020'!B:B,B66)=0,\"-\",COUNTIF('N PMČRj 2020'!B:B,B66))","v":1},{"$f":"IF(ISERROR(VLOOKUP(B66,'N PMČRj 2020'!B:G,6,0)),\"-\",VLOOKUP(B66,'N PMČRj 2020'!B:G,6,0))","v":12}]
["N2","Tibor Hezina",{"$f":"VLOOKUP(B67,Pilot!A:C,3,0)","v":"Křižanov"},{"$f":"VLOOKUP(B67,Pilot!A:B,2,0)","v":2002},{"$f":"VLOOKUP(B67,Pilot!A:E,5,0)","v":"M"},{"$f":"VLOOKUP(B67,Pilot!A:F,6,0)","v":"Junior v roce 2020"},"N2",null,1,{"$f":"IF(COUNTIF('N PMRg 2020'!B:B,B67)=0,\"-\",COUNTIF('N PMRg 2020'!B:B,B67))","v":"-"},{"$f":"IF(ISERROR(VLOOKUP(B67,'N PMRg 2020'!B:G,6,0)),\"-\",VLOOKUP(B67,'N PMRg 2020'!B:G,6,0))","v":"-"},{"$f":"IF(COUNTIF('N PMČRj 2020'!B:B,B67)=0,\"-\",COUNTIF('N PMČRj 2020'!B:B,B67))","v":1},{"$f":"IF(ISERROR(VLOOKUP(B67,'N PMČRj 2020'!B:G,6,0)),\"-\",VLOOKUP(B67,'N PMČRj 2020'!B:G,6,0))","v":13}]
["N3","Marek Loukota",{"$f":"VLOOKUP(B68,Pilot!A:C,3,0)","v":"Letkov"},{"$f":"VLOOKUP(B68,Pilot!A:B,2,0)","v":2000},{"$f":"VLOOKUP(B68,Pilot!A:E,5,0)","v":"M"},{"$f":"VLOOKUP(B68,Pilot!A:F,6,0)","v":"Junior v roce 2020"},"N3",null,1,{"$f":"IF(COUNTIF('N PMRg 2020'!B:B,B68)=0,\"-\",COUNTIF('N PMRg 2020'!B:B,B68))","v":"-"},{"$f":"IF(ISERROR(VLOOKUP(B68,'N PMRg 2020'!B:G,6,0)),\"-\",VLOOKUP(B68,'N PMRg 2020'!B:G,6,0))","v":"-"},{"$f":"IF(COUNTIF('N PMČRj 2020'!B:B,B68)=0,\"-\",COUNTIF('N PMČRj 2020'!B:B,B68))","v":1},{"$f":"IF(ISERROR(VLOOKUP(B68,'N PMČRj 2020'!B:G,6,0)),\"-\",VLOOKUP(B68,'N PMČRj 2020'!B:G,6,0))","v":18}]
["N4","Jan Stastny",{"$f":"VLOOKUP(B69,Pilot!A:C,3,0)","v":"Medlánky"},{"$f":"VLOOKUP(B69,Pilot!A:B,2,0)","v":2003},{"$f":"VLOOKUP(B69,Pilot!A:E,5,0)","v":"M"},{"$f":"VLOOKUP(B69,Pilot!A:F,6,0)","v":"Junior v roce 2020"},"N4",null,1,{"$f":"IF(COUNTIF('N PMRg 2020'!B:B,B69)=0,\"-\",COUNTIF('N PMRg 2020'!B:B,B69))","v":"-"},{"$f":"IF(ISERROR(VLOOKUP(B69,'N PMRg 2020'!B:G,6,0)),\"-\",VLOOKUP(B69,'N PMRg 2020'!B:G,6,0))","v":"-"},{"$f":"IF(COUNTIF('N PMČRj 2020'!B:B,B69)=0,\"-\",COUNTIF('N PMČRj 2020'!B:B,B69))","v":1},{"$f":"IF(ISERROR(VLOOKUP(B69,'N PMČRj 2020'!B:G,6,0)),\"-\",VLOOKUP(B69,'N PMČRj 2020'!B:G,6,0))","v":16}]
["N5","-",{"$f":"VLOOKUP(B70,Pilot!A:C,3,0)","v":" "},{"$f":"VLOOKUP(B70,Pilot!A:B,2,0)","v":" "},{"$f":"VLOOKUP(B70,Pilot!A:E,5,0)","v":" "},{"$f":"VLOOKUP(B70,Pilot!A:F,6,0)","v":" "},"N5",null,13,{"$f":"IF(COUNTIF('N PMRg 2020'!B:B,B70)=0,\"-\",COUNTIF('N PMRg 2020'!B:B,B70))","v":6},{"$f":"IF(ISERROR(VLOOKUP(B70,'N PMRg 2020'!B:G,6,0)),\"-\",VLOOKUP(B70,'N PMRg 2020'!B:G,6,0))","v":"-"},{"$f":"IF(COUNTIF('N PMČRj 2020'!B:B,B70)=0,\"-\",COUNTIF('N PMČRj 2020'!B:B,B70))","v":10},{"$f":"IF(ISERROR(VLOOKUP(B70,'N PMČRj 2020'!B:G,6,0)),\"-\",VLOOKUP(B70,'N PMČRj 2020'!B:G,6,0))","v":"-"}]
["6.6.6.4.","5 soutěžících může navrhnout PK podle jiných kritérií dle odstavce 9. (bez náhradníků)"]
["79.","Jan Hruska",{"$f":"VLOOKUP(B72,Pilot!A:C,3,0)","v":"Tábor"},{"$f":"VLOOKUP(B72,Pilot!A:B,2,0)","v":1988},{"$f":"VLOOKUP(B72,Pilot!A:E,5,0)","v":"M"},{"$f":"VLOOKUP(B72,Pilot!A:F,6,0)","v":""},{"$f":"A72","v":"79."},null,{"$f":"COUNTIF(B:B,B72)","v":1},{"$f":"IF(COUNTIF('N PMRg 2020'!B:B,B72)=0,\"-\",COUNTIF('N PMRg 2020'!B:B,B72))","v":"-"},{"$f":"IF(ISERROR(VLOOKUP(B72,'N PMRg 2020'!B:G,6,0)),\"-\",VLOOKUP(B72,'N PMRg 2020'!B:G,6,0))","v":"-"},{"$f":"IF(COUNTIF('N PMČRj 2020'!B:B,B72)=0,\"-\",COUNTIF('N PMČRj 2020'!B:B,B72))","v":"-"},{"$f":"IF(ISERROR(VLOOKUP(B72,'N PMČRj 2020'!B:G,6,0)),\"-\",VLOOKUP(B72,'N PMČRj 2020'!B:G,6,0))","v":"-"}]
["80.","Jan Kotan",{"$f":"VLOOKUP(B73,Pilot!A:C,3,0)","v":"Letňany"},{"$f":"VLOOKUP(B73,Pilot!A:B,2,0)","v":1982},{"$f":"VLOOKUP(B73,Pilot!A:E,5,0)","v":"M"},{"$f":"VLOOKUP(B73,Pilot!A:F,6,0)","v":""},{"$f":"A73","v":"80."},null,{"$f":"COUNTIF(B:B,B73)","v":1},{"$f":"IF(COUNTIF('N PMRg 2020'!B:B,B73)=0,\"-\",COUNTIF('N PMRg 2020'!B:B,B73))","v":"-"},{"$f":"IF(ISERROR(VLOOKUP(B73,'N PMRg 2020'!B:G,6,0)),\"-\",VLOOKUP(B73,'N PMRg 2020'!B:G,6,0))","v":"-"},{"$f":"IF(COUNTIF('N PMČRj 2020'!B:B,B73)=0,\"-\",COUNTIF('N PMČRj 2020'!B:B,B73))","v":"-"},{"$f":"IF(ISERROR(VLOOKUP(B73,'N PMČRj 2020'!B:G,6,0)),\"-\",VLOOKUP(B73,'N PMČRj 2020'!B:G,6,0))","v":"-"}]
["81.","Martin Picka",{"$f":"VLOOKUP(B74,Pilot!A:C,3,0)","v":"Tábor"},{"$f":"VLOOKUP(B74,Pilot!A:B,2,0)","v":1974},{"$f":"VLOOKUP(B74,Pilot!A:E,5,0)","v":"M"},{"$f":"VLOOKUP(B74,Pilot!A:F,6,0)","v":""},{"$f":"A74","v":"81."},null,{"$f":"COUNTIF(B:B,B74)","v":1},{"$f":"IF(COUNTIF('N PMRg 2020'!B:B,B74)=0,\"-\",COUNTIF('N PMRg 2020'!B:B,B74))","v":"-"},{"$f":"IF(ISERROR(VLOOKUP(B74,'N PMRg 2020'!B:G,6,0)),\"-\",VLOOKUP(B74,'N PMRg 2020'!B:G,6,0))","v":"-"},{"$f":"IF(COUNTIF('N PMČRj 2020'!B:B,B74)=0,\"-\",COUNTIF('N PMČRj 2020'!B:B,B74))","v":"-"},{"$f":"IF(ISERROR(VLOOKUP(B74,'N PMČRj 2020'!B:G,6,0)),\"-\",VLOOKUP(B74,'N PMČRj 2020'!B:G,6,0))","v":"-"}]
["82.","Petr Bartak",{"$f":"VLOOKUP(B75,Pilot!A:C,3,0)","v":"Letkov"},{"$f":"VLOOKUP(B75,Pilot!A:B,2,0)","v":1984},{"$f":"VLOOKUP(B75,Pilot!A:E,5,0)","v":"M"},{"$f":"VLOOKUP(B75,Pilot!A:F,6,0)","v":""},{"$f":"A75","v":"82."},null,{"$f":"COUNTIF(B:B,B75)","v":1},{"$f":"IF(COUNTIF('N PMRg 2020'!B:B,B75)=0,\"-\",COUNTIF('N PMRg 2020'!B:B,B75))","v":"-"},{"$f":"IF(ISERROR(VLOOKUP(B75,'N PMRg 2020'!B:G,6,0)),\"-\",VLOOKUP(B75,'N PMRg 2020'!B:G,6,0))","v":"-"},{"$f":"IF(COUNTIF('N PMČRj 2020'!B:B,B75)=0,\"-\",COUNTIF('N PMČRj 2020'!B:B,B75))","v":"-"},{"$f":"IF(ISERROR(VLOOKUP(B75,'N PMČRj 2020'!B:G,6,0)),\"-\",VLOOKUP(B75,'N PMČRj 2020'!B:G,6,0))","v":"-"}]
["83.","Vaclav Svoboda",{"$f":"VLOOKUP(B76,Pilot!A:C,3,0)","v":"Letkov"},{"$f":"VLOOKUP(B76,Pilot!A:B,2,0)","v":1970},{"$f":"VLOOKUP(B76,Pilot!A:E,5,0)","v":"M"},{"$f":"VLOOKUP(B76,Pilot!A:F,6,0)","v":""},{"$f":"A76","v":"83."},null,{"$f":"COUNTIF(B:B,B76)","v":1},{"$f":"IF(COUNTIF('N PMRg 2020'!B:B,B76)=0,\"-\",COUNTIF('N PMRg 2020'!B:B,B76))","v":"-"},{"$f":"IF(ISERROR(VLOOKUP(B76,'N PMRg 2020'!B:G,6,0)),\"-\",VLOOKUP(B76,'N PMRg 2020'!B:G,6,0))","v":"-"},{"$f":"IF(COUNTIF('N PMČRj 2020'!B:B,B76)=0,\"-\",COUNTIF('N PMČRj 2020'!B:B,B76))","v":"-"},{"$f":"IF(ISERROR(VLOOKUP(B76,'N PMČRj 2020'!B:G,6,0)),\"-\",VLOOKUP(B76,'N PMČRj 2020'!B:G,6,0))","v":"-"}]
["6.6.6.5.","ostatní soutěžící z posledního platného PMRg v pořadí podle umístění, do naplnění celkového počtu nominovaných 80 dle 6.6.5. (+ 10 náhradníků)"]
["6.6.6.6.","Je-li PMRg pořádáno ve více třídách, a/nebo ve více regionech, pak jsou na PMČR nominováni soutěžící podle korigovaných bodů z jednotlivých tříd/regionů do naplnění celkového počtu nominovaných dle 6.6.5."]
["6.6.6.7.","V případě neplatnosti některé ze soutěžních tříd posledního PMRg budou pro výpočet korigovaných bodů použity výsledky z posledního platného PMRg v dané třídě."]
[null,"PMRg 2019 - Vysoké Mýto - Korigované body"]
[{"$f":"MAX(A61:A77)+1","v":52},"Vojtech Novotny",{"$f":"VLOOKUP(B81,Pilot!A:C,3,0)","v":"Kralupy"},{"$f":"VLOOKUP(B81,Pilot!A:B,2,0)","v":1992},{"$f":"VLOOKUP(B81,Pilot!A:E,5,0)","v":"M"},{"$f":"VLOOKUP(B81,Pilot!A:F,6,0)","v":""},{"$f":"A81","v":52},null,{"$f":"COUNTIF(B:B,B81)","v":1},{"$f":"IF(COUNTIF('N PMRg 2020'!B:B,B81)=0,\"-\",COUNTIF('N PMRg 2020'!B:B,B81))","v":"-"},{"$f":"IF(ISERROR(VLOOKUP(B81,'N PMRg 2020'!B:G,6,0)),\"-\",VLOOKUP(B81,'N PMRg 2020'!B:G,6,0))","v":"-"},{"$f":"IF(COUNTIF('N PMČRj 2020'!B:B,B81)=0,\"-\",COUNTIF('N PMČRj 2020'!B:B,B81))","v":"-"},{"$f":"IF(ISERROR(VLOOKUP(B81,'N PMČRj 2020'!B:G,6,0)),\"-\",VLOOKUP(B81,'N PMČRj 2020'!B:G,6,0))","v":"-"}]
[{"$f":"A81+1","v":53},"Jiri Stepanek",{"$f":"VLOOKUP(B82,Pilot!A:C,3,0)","v":"Moravská Třebová"},{"$f":"VLOOKUP(B82,Pilot!A:B,2,0)","v":1956},{"$f":"VLOOKUP(B82,Pilot!A:E,5,0)","v":"M"},{"$f":"VLOOKUP(B82,Pilot!A:F,6,0)","v":""},53,null,1,{"$f":"IF(COUNTIF('N PMRg 2020'!B:B,B82)=0,\"-\",COUNTIF('N PMRg 2020'!B:B,B82))","v":"-"},{"$f":"IF(ISERROR(VLOOKUP(B82,'N PMRg 2020'!B:G,6,0)),\"-\",VLOOKUP(B82,'N PMRg 2020'!B:G,6,0))","v":"-"},{"$f":"IF(COUNTIF('N PMČRj 2020'!B:B,B82)=0,\"-\",COUNTIF('N PMČRj 2020'!B:B,B82))","v":"-"},{"$f":"IF(ISERROR(VLOOKUP(B82,'N PMČRj 2020'!B:G,6,0)),\"-\",VLOOKUP(B82,'N PMČRj 2020'!B:G,6,0))","v":"-"}]
[{"$f":"A82+1","v":54},"Zdenek Boruvka 54",{"$f":"VLOOKUP(B83,Pilot!A:C,3,0)","v":"Jičín"},{"$f":"VLOOKUP(B83,Pilot!A:B,2,0)","v":1954},{"$f":"VLOOKUP(B83,Pilot!A:E,5,0)","v":"M"},{"$f":"VLOOKUP(B83,Pilot!A:F,6,0)","v":""},54,null,1,{"$f":"IF(COUNTIF('N PMRg 2020'!B:B,B83)=0,\"-\",COUNTIF('N PMRg 2020'!B:B,B83))","v":"-"},{"$f":"IF(ISERROR(VLOOKUP(B83,'N PMRg 2020'!B:G,6,0)),\"-\",VLOOKUP(B83,'N PMRg 2020'!B:G,6,0))","v":"-"},{"$f":"IF(COUNTIF('N PMČRj 2020'!B:B,B83)=0,\"-\",COUNTIF('N PMČRj 2020'!B:B,B83))","v":"-"},{"$f":"IF(ISERROR(VLOOKUP(B83,'N PMČRj 2020'!B:G,6,0)),\"-\",VLOOKUP(B83,'N PMČRj 2020'!B:G,6,0))","v":"-"}]
[{"$f":"A83+1","v":55},"Jan Zahradka",{"$f":"VLOOKUP(B84,Pilot!A:C,3,0)","v":"Hodkovice"},{"$f":"VLOOKUP(B84,Pilot!A:B,2,0)","v":1981},{"$f":"VLOOKUP(B84,Pilot!A:E,5,0)","v":"M"},{"$f":"VLOOKUP(B84,Pilot!A:F,6,0)","v":""},55,null,1,{"$f":"IF(COUNTIF('N PMRg 2020'!B:B,B84)=0,\"-\",COUNTIF('N PMRg 2020'!B:B,B84))","v":"-"},{"$f":"IF(ISERROR(VLOOKUP(B84,'N PMRg 2020'!B:G,6,0)),\"-\",VLOOKUP(B84,'N PMRg 2020'!B:G,6,0))","v":"-"},{"$f":"IF(COUNTIF('N PMČRj 2020'!B:B,B84)=0,\"-\",COUNTIF('N PMČRj 2020'!B:B,B84))","v":"-"},{"$f":"IF(ISERROR(VLOOKUP(B84,'N PMČRj 2020'!B:G,6,0)),\"-\",VLOOKUP(B84,'N PMČRj 2020'!B:G,6,0))","v":"-"}]
[{"$f":"A84+1","v":56},"Zdenek Boruvka 86",{"$f":"VLOOKUP(B85,Pilot!A:C,3,0)","v":"Jičín"},{"$f":"VLOOKUP(B85,Pilot!A:B,2,0)","v":1986},{"$f":"VLOOKUP(B85,Pilot!A:E,5,0)","v":"M"},{"$f":"VLOOKUP(B85,Pilot!A:F,6,0)","v":""},56,null,1,{"$f":"IF(COUNTIF('N PMRg 2020'!B:B,B85)=0,\"-\",COUNTIF('N PMRg 2020'!B:B,B85))","v":"-"},{"$f":"IF(ISERROR(VLOOKUP(B85,'N PMRg 2020'!B:G,6,0)),\"-\",VLOOKUP(B85,'N PMRg 2020'!B:G,6,0))","v":"-"},{"$f":"IF(COUNTIF('N PMČRj 2020'!B:B,B85)=0,\"-\",COUNTIF('N PMČRj 2020'!B:B,B85))","v":"-"},{"$f":"IF(ISERROR(VLOOKUP(B85,'N PMČRj 2020'!B:G,6,0)),\"-\",VLOOKUP(B85,'N PMČRj 2020'!B:G,6,0))","v":"-"}]
[57,"Michal Krupicka",{"$f":"VLOOKUP(B86,Pilot!A:C,3,0)","v":"Most"},{"$f":"VLOOKUP(B86,Pilot!A:B,2,0)","v":1975},{"$f":"VLOOKUP(B86,Pilot!A:E,5,0)","v":"M"},{"$f":"VLOOKUP(B86,Pilot!A:F,6,0)","v":""},57,null,1,{"$f":"IF(COUNTIF('N PMRg 2020'!B:B,B86)=0,\"-\",COUNTIF('N PMRg 2020'!B:B,B86))","v":"-"},{"$f":"IF(ISERROR(VLOOKUP(B86,'N PMRg 2020'!B:G,6,0)),\"-\",VLOOKUP(B86,'N PMRg 2020'!B:G,6,0))","v":"-"},{"$f":"IF(COUNTIF('N PMČRj 2020'!B:B,B86)=0,\"-\",COUNTIF('N PMČRj 2020'!B:B,B86))","v":"-"},{"$f":"IF(ISERROR(VLOOKUP(B86,'N PMČRj 2020'!B:G,6,0)),\"-\",VLOOKUP(B86,'N PMČRj 2020'!B:G,6,0))","v":"-"}]
[58,"Jan Vavrin",{"$f":"VLOOKUP(B87,Pilot!A:C,3,0)","v":"Vysoké Mýto"},{"$f":"VLOOKUP(B87,Pilot!A:B,2,0)","v":1987},{"$f":"VLOOKUP(B87,Pilot!A:E,5,0)","v":"M"},{"$f":"VLOOKUP(B87,Pilot!A:F,6,0)","v":""},58,null,1,{"$f":"IF(COUNTIF('N PMRg 2020'!B:B,B87)=0,\"-\",COUNTIF('N PMRg 2020'!B:B,B87))","v":"-"},{"$f":"IF(ISERROR(VLOOKUP(B87,'N PMRg 2020'!B:G,6,0)),\"-\",VLOOKUP(B87,'N PMRg 2020'!B:G,6,0))","v":"-"},{"$f":"IF(COUNTIF('N PMČRj 2020'!B:B,B87)=0,\"-\",COUNTIF('N PMČRj 2020'!B:B,B87))","v":"-"},{"$f":"IF(ISERROR(VLOOKUP(B87,'N PMČRj 2020'!B:G,6,0)),\"-\",VLOOKUP(B87,'N PMČRj 2020'!B:G,6,0))","v":"-"}]
[59,"Miroslav Koci",{"$f":"VLOOKUP(B88,Pilot!A:C,3,0)","v":"Žamberk"},{"$f":"VLOOKUP(B88,Pilot!A:B,2,0)","v":1961},{"$f":"VLOOKUP(B88,Pilot!A:E,5,0)","v":"M"},{"$f":"VLOOKUP(B88,Pilot!A:F,6,0)","v":""},59,null,1,{"$f":"IF(COUNTIF('N PMRg 2020'!B:B,B88)=0,\"-\",COUNTIF('N PMRg 2020'!B:B,B88))","v":"-"},{"$f":"IF(ISERROR(VLOOKUP(B88,'N PMRg 2020'!B:G,6,0)),\"-\",VLOOKUP(B88,'N PMRg 2020'!B:G,6,0))","v":"-"},{"$f":"IF(COUNTIF('N PMČRj 2020'!B:B,B88)=0,\"-\",COUNTIF('N PMČRj 2020'!B:B,B88))","v":"-"},{"$f":"IF(ISERROR(VLOOKUP(B88,'N PMČRj 2020'!B:G,6,0)),\"-\",VLOOKUP(B88,'N PMČRj 2020'!B:G,6,0))","v":"-"}]
[60,"Vaclav Marel",{"$f":"VLOOKUP(B89,Pilot!A:C,3,0)","v":"Jaroměř"},{"$f":"VLOOKUP(B89,Pilot!A:B,2,0)","v":1974},{"$f":"VLOOKUP(B89,Pilot!A:E,5,0)","v":"M"},{"$f":"VLOOKUP(B89,Pilot!A:F,6,0)","v":""},60,null,1,{"$f":"IF(COUNTIF('N PMRg 2020'!B:B,B89)=0,\"-\",COUNTIF('N PMRg 2020'!B:B,B89))","v":"-"},{"$f":"IF(ISERROR(VLOOKUP(B89,'N PMRg 2020'!B:G,6,0)),\"-\",VLOOKUP(B89,'N PMRg 2020'!B:G,6,0))","v":"-"},{"$f":"IF(COUNTIF('N PMČRj 2020'!B:B,B89)=0,\"-\",COUNTIF('N PMČRj 2020'!B:B,B89))","v":"-"},{"$f":"IF(ISERROR(VLOOKUP(B89,'N PMČRj 2020'!B:G,6,0)),\"-\",VLOOKUP(B89,'N PMČRj 2020'!B:G,6,0))","v":"-"}]
[61,"Jindrich Hruska",{"$f":"VLOOKUP(B90,Pilot!A:C,3,0)","v":"Soběslav"},{"$f":"VLOOKUP(B90,Pilot!A:B,2,0)","v":1986},{"$f":"VLOOKUP(B90,Pilot!A:E,5,0)","v":"M"},{"$f":"VLOOKUP(B90,Pilot!A:F,6,0)","v":""},61,null,1,{"$f":"IF(COUNTIF('N PMRg 2020'!B:B,B90)=0,\"-\",COUNTIF('N PMRg 2020'!B:B,B90))","v":"-"},{"$f":"IF(ISERROR(VLOOKUP(B90,'N PMRg 2020'!B:G,6,0)),\"-\",VLOOKUP(B90,'N PMRg 2020'!B:G,6,0))","v":"-"},{"$f":"IF(COUNTIF('N PMČRj 2020'!B:B,B90)=0,\"-\",COUNTIF('N PMČRj 2020'!B:B,B90))","v":"-"},{"$f":"IF(ISERROR(VLOOKUP(B90,'N PMČRj 2020'!B:G,6,0)),\"-\",VLOOKUP(B90,'N PMČRj 2020'!B:G,6,0))","v":"-"}]
[62,"Jiri Slemr",{"$f":"VLOOKUP(B91,Pilot!A:C,3,0)","v":"Vysoké Mýto"},{"$f":"VLOOKUP(B91,Pilot!A:B,2,0)","v":1979},{"$f":"VLOOKUP(B91,Pilot!A:E,5,0)","v":"M"},{"$f":"VLOOKUP(B91,Pilot!A:F,6,0)","v":""},62,null,1,{"$f":"IF(COUNTIF('N PMRg 2020'!B:B,B91)=0,\"-\",COUNTIF('N PMRg 2020'!B:B,B91))","v":"-"},{"$f":"IF(ISERROR(VLOOKUP(B91,'N PMRg 2020'!B:G,6,0)),\"-\",VLOOKUP(B91,'N PMRg 2020'!B:G,6,0))","v":"-"},{"$f":"IF(COUNTIF('N PMČRj 2020'!B:B,B91)=0,\"-\",COUNTIF('N PMČRj 2020'!B:B,B91))","v":"-"},{"$f":"IF(ISERROR(VLOOKUP(B91,'N PMČRj 2020'!B:G,6,0)),\"-\",VLOOKUP(B91,'N PMČRj 2020'!B:G,6,0))","v":"-"}]
[63,"Lukas Plocek",{"$f":"VLOOKUP(B92,Pilot!A:C,3,0)","v":"Mladá Boleslav"},{"$f":"VLOOKUP(B92,Pilot!A:B,2,0)","v":1990},{"$f":"VLOOKUP(B92,Pilot!A:E,5,0)","v":"M"},{"$f":"VLOOKUP(B92,Pilot!A:F,6,0)","v":""},63,null,1,{"$f":"IF(COUNTIF('N PMRg 2020'!B:B,B92)=0,\"-\",COUNTIF('N PMRg 2020'!B:B,B92))","v":"-"},{"$f":"IF(ISERROR(VLOOKUP(B92,'N PMRg 2020'!B:G,6,0)),\"-\",VLOOKUP(B92,'N PMRg 2020'!B:G,6,0))","v":"-"},{"$f":"IF(COUNTIF('N PMČRj 2020'!B:B,B92)=0,\"-\",COUNTIF('N PMČRj 2020'!B:B,B92))","v":"-"},{"$f":"IF(ISERROR(VLOOKUP(B92,'N PMČRj 2020'!B:G,6,0)),\"-\",VLOOKUP(B92,'N PMČRj 2020'!B:G,6,0))","v":"-"}]
[64,"Pavlina Horackova",{"$f":"VLOOKUP(B93,Pilot!A:C,3,0)","v":"Šumperk"},{"$f":"VLOOKUP(B93,Pilot!A:B,2,0)","v":1965},{"$f":"VLOOKUP(B93,Pilot!A:E,5,0)","v":"F"},{"$f":"VLOOKUP(B93,Pilot!A:F,6,0)","v":""},64,null,1,{"$f":"IF(COUNTIF('N PMRg 2020'!B:B,B93)=0,\"-\",COUNTIF('N PMRg 2020'!B:B,B93))","v":"-"},{"$f":"IF(ISERROR(VLOOKUP(B93,'N PMRg 2020'!B:G,6,0)),\"-\",VLOOKUP(B93,'N PMRg 2020'!B:G,6,0))","v":"-"},{"$f":"IF(COUNTIF('N PMČRj 2020'!B:B,B93)=0,\"-\",COUNTIF('N PMČRj 2020'!B:B,B93))","v":"-"},{"$f":"IF(ISERROR(VLOOKUP(B93,'N PMČRj 2020'!B:G,6,0)),\"-\",VLOOKUP(B93,'N PMČRj 2020'!B:G,6,0))","v":"-"}]
[65,"Jan Smaha",{"$f":"VLOOKUP(B94,Pilot!A:C,3,0)","v":"Česká Lípa"},{"$f":"VLOOKUP(B94,Pilot!A:B,2,0)","v":1958},{"$f":"VLOOKUP(B94,Pilot!A:E,5,0)","v":"M"},{"$f":"VLOOKUP(B94,Pilot!A:F,6,0)","v":""},65,null,1,{"$f":"IF(COUNTIF('N PMRg 2020'!B:B,B94)=0,\"-\",COUNTIF('N PMRg 2020'!B:B,B94))","v":"-"},{"$f":"IF(ISERROR(VLOOKUP(B94,'N PMRg 2020'!B:G,6,0)),\"-\",VLOOKUP(B94,'N PMRg 2020'!B:G,6,0))","v":"-"},{"$f":"IF(COUNTIF('N PMČRj 2020'!B:B,B94)=0,\"-\",COUNTIF('N PMČRj 2020'!B:B,B94))","v":"-"},{"$f":"IF(ISERROR(VLOOKUP(B94,'N PMČRj 2020'!B:G,6,0)),\"-\",VLOOKUP(B94,'N PMČRj 2020'!B:G,6,0))","v":"-"}]
[66,"Martin Stepanek",{"$f":"VLOOKUP(B95,Pilot!A:C,3,0)","v":"Moravská Třebová"},{"$f":"VLOOKUP(B95,Pilot!A:B,2,0)","v":1987},{"$f":"VLOOKUP(B95,Pilot!A:E,5,0)","v":"M"},{"$f":"VLOOKUP(B95,Pilot!A:F,6,0)","v":""},66,null,1,{"$f":"IF(COUNTIF('N PMRg 2020'!B:B,B95)=0,\"-\",COUNTIF('N PMRg 2020'!B:B,B95))","v":"-"},{"$f":"IF(ISERROR(VLOOKUP(B95,'N PMRg 2020'!B:G,6,0)),\"-\",VLOOKUP(B95,'N PMRg 2020'!B:G,6,0))","v":"-"},{"$f":"IF(COUNTIF('N PMČRj 2020'!B:B,B95)=0,\"-\",COUNTIF('N PMČRj 2020'!B:B,B95))","v":"-"},{"$f":"IF(ISERROR(VLOOKUP(B95,'N PMČRj 2020'!B:G,6,0)),\"-\",VLOOKUP(B95,'N PMČRj 2020'!B:G,6,0))","v":"-"}]
[67,"Barbora Kubickova",{"$f":"VLOOKUP(B96,Pilot!A:C,3,0)","v":"Medlánky"},{"$f":"VLOOKUP(B96,Pilot!A:B,2,0)","v":1993},{"$f":"VLOOKUP(B96,Pilot!A:E,5,0)","v":"F"},{"$f":"VLOOKUP(B96,Pilot!A:F,6,0)","v":""},67,null,1,{"$f":"IF(COUNTIF('N PMRg 2020'!B:B,B96)=0,\"-\",COUNTIF('N PMRg 2020'!B:B,B96))","v":"-"},{"$f":"IF(ISERROR(VLOOKUP(B96,'N PMRg 2020'!B:G,6,0)),\"-\",VLOOKUP(B96,'N PMRg 2020'!B:G,6,0))","v":"-"},{"$f":"IF(COUNTIF('N PMČRj 2020'!B:B,B96)=0,\"-\",COUNTIF('N PMČRj 2020'!B:B,B96))","v":"-"},{"$f":"IF(ISERROR(VLOOKUP(B96,'N PMČRj 2020'!B:G,6,0)),\"-\",VLOOKUP(B96,'N PMČRj 2020'!B:G,6,0))","v":"-"}]
[68,"Lukas Maly",{"$f":"VLOOKUP(B97,Pilot!A:C,3,0)","v":"Vysoké Mýto"},{"$f":"VLOOKUP(B97,Pilot!A:B,2,0)","v":1998},{"$f":"VLOOKUP(B97,Pilot!A:E,5,0)","v":"M"},{"$f":"VLOOKUP(B97,Pilot!A:F,6,0)","v":"Junior v roce 2020"},68,null,1,{"$f":"IF(COUNTIF('N PMRg 2020'!B:B,B97)=0,\"-\",COUNTIF('N PMRg 2020'!B:B,B97))","v":"-"},{"$f":"IF(ISERROR(VLOOKUP(B97,'N PMRg 2020'!B:G,6,0)),\"-\",VLOOKUP(B97,'N PMRg 2020'!B:G,6,0))","v":"-"},{"$f":"IF(COUNTIF('N PMČRj 2020'!B:B,B97)=0,\"-\",COUNTIF('N PMČRj 2020'!B:B,B97))","v":1},{"$f":"IF(ISERROR(VLOOKUP(B97,'N PMČRj 2020'!B:G,6,0)),\"-\",VLOOKUP(B97,'N PMČRj 2020'!B:G,6,0))","v":14}]
[69,"Ladislav Jozsa",{"$f":"VLOOKUP(B98,Pilot!A:C,3,0)","v":"Medlánky"},{"$f":"VLOOKUP(B98,Pilot!A:B,2,0)","v":1981},{"$f":"VLOOKUP(B98,Pilot!A:E,5,0)","v":"M"},{"$f":"VLOOKUP(B98,Pilot!A:F,6,0)","v":""},69,null,1,{"$f":"IF(COUNTIF('N PMRg 2020'!B:B,B98)=0,\"-\",COUNTIF('N PMRg 2020'!B:B,B98))","v":"-"},{"$f":"IF(ISERROR(VLOOKUP(B98,'N PMRg 2020'!B:G,6,0)),\"-\",VLOOKUP(B98,'N PMRg 2020'!B:G,6,0))","v":"-"},{"$f":"IF(COUNTIF('N PMČRj 2020'!B:B,B98)=0,\"-\",COUNTIF('N PMČRj 2020'!B:B,B98))","v":"-"},{"$f":"IF(ISERROR(VLOOKUP(B98,'N PMČRj 2020'!B:G,6,0)),\"-\",VLOOKUP(B98,'N PMČRj 2020'!B:G,6,0))","v":"-"}]
[70,"Vaclav Zak",{"$f":"VLOOKUP(B99,Pilot!A:C,3,0)","v":"GAC Benešov"},{"$f":"VLOOKUP(B99,Pilot!A:B,2,0)","v":1962},{"$f":"VLOOKUP(B99,Pilot!A:E,5,0)","v":"M"},{"$f":"VLOOKUP(B99,Pilot!A:F,6,0)","v":""},70,null,1,{"$f":"IF(COUNTIF('N PMRg 2020'!B:B,B99)=0,\"-\",COUNTIF('N PMRg 2020'!B:B,B99))","v":"-"},{"$f":"IF(ISERROR(VLOOKUP(B99,'N PMRg 2020'!B:G,6,0)),\"-\",VLOOKUP(B99,'N PMRg 2020'!B:G,6,0))","v":"-"},{"$f":"IF(COUNTIF('N PMČRj 2020'!B:B,B99)=0,\"-\",COUNTIF('N PMČRj 2020'!B:B,B99))","v":"-"},{"$f":"IF(ISERROR(VLOOKUP(B99,'N PMČRj 2020'!B:G,6,0)),\"-\",VLOOKUP(B99,'N PMČRj 2020'!B:G,6,0))","v":"-"}]
[71,"Petr Frycek",{"$f":"VLOOKUP(B100,Pilot!A:C,3,0)","v":"Most"},{"$f":"VLOOKUP(B100,Pilot!A:B,2,0)","v":1960},{"$f":"VLOOKUP(B100,Pilot!A:E,5,0)","v":"M"},{"$f":"VLOOKUP(B100,Pilot!A:F,6,0)","v":""},{"$f":"A100","v":71},null,1,{"$f":"IF(COUNTIF('N PMRg 2020'!B:B,B100)=0,\"-\",COUNTIF('N PMRg 2020'!B:B,B100))","v":"-"},{"$f":"IF(ISERROR(VLOOKUP(B100,'N PMRg 2020'!B:G,6,0)),\"-\",VLOOKUP(B100,'N PMRg 2020'!B:G,6,0))","v":"-"},{"$f":"IF(COUNTIF('N PMČRj 2020'!B:B,B100)=0,\"-\",COUNTIF('N PMČRj 2020'!B:B,B100))","v":"-"},{"$f":"IF(ISERROR(VLOOKUP(B100,'N PMČRj 2020'!B:G,6,0)),\"-\",VLOOKUP(B100,'N PMČRj 2020'!B:G,6,0))","v":"-"}]
[72,"Karel Knotek",{"$f":"VLOOKUP(B101,Pilot!A:C,3,0)","v":"Soběslav"},{"$f":"VLOOKUP(B101,Pilot!A:B,2,0)","v":1961},{"$f":"VLOOKUP(B101,Pilot!A:E,5,0)","v":"M"},{"$f":"VLOOKUP(B101,Pilot!A:F,6,0)","v":""},72,null,1,{"$f":"IF(COUNTIF('N PMRg 2020'!B:B,B101)=0,\"-\",COUNTIF('N PMRg 2020'!B:B,B101))","v":"-"},{"$f":"IF(ISERROR(VLOOKUP(B101,'N PMRg 2020'!B:G,6,0)),\"-\",VLOOKUP(B101,'N PMRg 2020'!B:G,6,0))","v":"-"},{"$f":"IF(COUNTIF('N PMČRj 2020'!B:B,B101)=0,\"-\",COUNTIF('N PMČRj 2020'!B:B,B101))","v":"-"},{"$f":"IF(ISERROR(VLOOKUP(B101,'N PMČRj 2020'!B:G,6,0)),\"-\",VLOOKUP(B101,'N PMČRj 2020'!B:G,6,0))","v":"-"}]
[73,"Slavomir Piskaty 58",{"$f":"VLOOKUP(B102,Pilot!A:C,3,0)","v":"Kunovice"},{"$f":"VLOOKUP(B102,Pilot!A:B,2,0)","v":1958},{"$f":"VLOOKUP(B102,Pilot!A:E,5,0)","v":"M"},{"$f":"VLOOKUP(B102,Pilot!A:F,6,0)","v":""},{"$f":"A102","v":73},null,1,{"$f":"IF(COUNTIF('N PMRg 2020'!B:B,B102)=0,\"-\",COUNTIF('N PMRg 2020'!B:B,B102))","v":"-"},{"$f":"IF(ISERROR(VLOOKUP(B102,'N PMRg 2020'!B:G,6,0)),\"-\",VLOOKUP(B102,'N PMRg 2020'!B:G,6,0))","v":"-"},{"$f":"IF(COUNTIF('N PMČRj 2020'!B:B,B102)=0,\"-\",COUNTIF('N PMČRj 2020'!B:B,B102))","v":"-"},{"$f":"IF(ISERROR(VLOOKUP(B102,'N PMČRj 2020'!B:G,6,0)),\"-\",VLOOKUP(B102,'N PMČRj 2020'!B:G,6,0))","v":"-"}]
[74,"Josef Hlusek",{"$f":"VLOOKUP(B103,Pilot!A:C,3,0)","v":"Kunovice"},{"$f":"VLOOKUP(B103,Pilot!A:B,2,0)","v":1993},{"$f":"VLOOKUP(B103,Pilot!A:E,5,0)","v":"M"},{"$f":"VLOOKUP(B103,Pilot!A:F,6,0)","v":""},74,null,1,{"$f":"IF(COUNTIF('N PMRg 2020'!B:B,B103)=0,\"-\",COUNTIF('N PMRg 2020'!B:B,B103))","v":"-"},{"$f":"IF(ISERROR(VLOOKUP(B103,'N PMRg 2020'!B:G,6,0)),\"-\",VLOOKUP(B103,'N PMRg 2020'!B:G,6,0))","v":"-"},{"$f":"IF(COUNTIF('N PMČRj 2020'!B:B,B103)=0,\"-\",COUNTIF('N PMČRj 2020'!B:B,B103))","v":"-"},{"$f":"IF(ISERROR(VLOOKUP(B103,'N PMČRj 2020'!B:G,6,0)),\"-\",VLOOKUP(B103,'N PMČRj 2020'!B:G,6,0))","v":"-"}]
[75,"Jan Florian",{"$f":"VLOOKUP(B104,Pilot!A:C,3,0)","v":"Zbraslavice"},{"$f":"VLOOKUP(B104,Pilot!A:B,2,0)","v":1992},{"$f":"VLOOKUP(B104,Pilot!A:E,5,0)","v":"M"},{"$f":"VLOOKUP(B104,Pilot!A:F,6,0)","v":""},75,null,1,{"$f":"IF(COUNTIF('N PMRg 2020'!B:B,B104)=0,\"-\",COUNTIF('N PMRg 2020'!B:B,B104))","v":"-"},{"$f":"IF(ISERROR(VLOOKUP(B104,'N PMRg 2020'!B:G,6,0)),\"-\",VLOOKUP(B104,'N PMRg 2020'!B:G,6,0))","v":"-"},{"$f":"IF(COUNTIF('N PMČRj 2020'!B:B,B104)=0,\"-\",COUNTIF('N PMČRj 2020'!B:B,B104))","v":"-"},{"$f":"IF(ISERROR(VLOOKUP(B104,'N PMČRj 2020'!B:G,6,0)),\"-\",VLOOKUP(B104,'N PMČRj 2020'!B:G,6,0))","v":"-"}]
[76,"Ladislav Prokes",{"$f":"VLOOKUP(B105,Pilot!A:C,3,0)","v":"Vrchlabí"},{"$f":"VLOOKUP(B105,Pilot!A:B,2,0)","v":1954},{"$f":"VLOOKUP(B105,Pilot!A:E,5,0)","v":"M"},{"$f":"VLOOKUP(B105,Pilot!A:F,6,0)","v":""},76,null,1,{"$f":"IF(COUNTIF('N PMRg 2020'!B:B,B105)=0,\"-\",COUNTIF('N PMRg 2020'!B:B,B105))","v":"-"},{"$f":"IF(ISERROR(VLOOKUP(B105,'N PMRg 2020'!B:G,6,0)),\"-\",VLOOKUP(B105,'N PMRg 2020'!B:G,6,0))","v":"-"},{"$f":"IF(COUNTIF('N PMČRj 2020'!B:B,B105)=0,\"-\",COUNTIF('N PMČRj 2020'!B:B,B105))","v":"-"},{"$f":"IF(ISERROR(VLOOKUP(B105,'N PMČRj 2020'!B:G,6,0)),\"-\",VLOOKUP(B105,'N PMČRj 2020'!B:G,6,0))","v":"-"}]
[77,"Petr Velek",{"$f":"VLOOKUP(B106,Pilot!A:C,3,0)","v":"GAC Benešov"},{"$f":"VLOOKUP(B106,Pilot!A:B,2,0)","v":1975},{"$f":"VLOOKUP(B106,Pilot!A:E,5,0)","v":"M"},{"$f":"VLOOKUP(B106,Pilot!A:F,6,0)","v":""},77,null,1,{"$f":"IF(COUNTIF('N PMRg 2020'!B:B,B106)=0,\"-\",COUNTIF('N PMRg 2020'!B:B,B106))","v":"-"},{"$f":"IF(ISERROR(VLOOKUP(B106,'N PMRg 2020'!B:G,6,0)),\"-\",VLOOKUP(B106,'N PMRg 2020'!B:G,6,0))","v":"-"},{"$f":"IF(COUNTIF('N PMČRj 2020'!B:B,B106)=0,\"-\",COUNTIF('N PMČRj 2020'!B:B,B106))","v":"-"},{"$f":"IF(ISERROR(VLOOKUP(B106,'N PMČRj 2020'!B:G,6,0)),\"-\",VLOOKUP(B106,'N PMČRj 2020'!B:G,6,0))","v":"-"}]
[78,"Kristina Santruckova",{"$f":"VLOOKUP(B107,Pilot!A:C,3,0)","v":"Podhořany"},{"$f":"VLOOKUP(B107,Pilot!A:B,2,0)","v":1996},{"$f":"VLOOKUP(B107,Pilot!A:E,5,0)","v":"F"},{"$f":"VLOOKUP(B107,Pilot!A:F,6,0)","v":"Junior v roce 2020"},78,null,1,{"$f":"IF(COUNTIF('N PMRg 2020'!B:B,B107)=0,\"-\",COUNTIF('N PMRg 2020'!B:B,B107))","v":"-"},{"$f":"IF(ISERROR(VLOOKUP(B107,'N PMRg 2020'!B:G,6,0)),\"-\",VLOOKUP(B107,'N PMRg 2020'!B:G,6,0))","v":"-"},{"$f":"IF(COUNTIF('N PMČRj 2020'!B:B,B107)=0,\"-\",COUNTIF('N PMČRj 2020'!B:B,B107))","v":1},{"$f":"IF(ISERROR(VLOOKUP(B107,'N PMČRj 2020'!B:G,6,0)),\"-\",VLOOKUP(B107,'N PMČRj 2020'!B:G,6,0))","v":21}]
[79,"-",{"$f":"VLOOKUP(B108,Pilot!A:C,3,0)","v":" "},{"$f":"VLOOKUP(B108,Pilot!A:B,2,0)","v":" "},{"$f":"VLOOKUP(B108,Pilot!A:E,5,0)","v":" "},{"$f":"VLOOKUP(B108,Pilot!A:F,6,0)","v":" "},79,null,13,{"$f":"IF(COUNTIF('N PMRg 2020'!B:B,B108)=0,\"-\",COUNTIF('N PMRg 2020'!B:B,B108))","v":6},{"$f":"IF(ISERROR(VLOOKUP(B108,'N PMRg 2020'!B:G,6,0)),\"-\",VLOOKUP(B108,'N PMRg 2020'!B:G,6,0))","v":"-"},{"$f":"IF(COUNTIF('N PMČRj 2020'!B:B,B108)=0,\"-\",COUNTIF('N PMČRj 2020'!B:B,B108))","v":10},{"$f":"IF(ISERROR(VLOOKUP(B108,'N PMČRj 2020'!B:G,6,0)),\"-\",VLOOKUP(B108,'N PMČRj 2020'!B:G,6,0))","v":"-"}]
[80,"-",{"$f":"VLOOKUP(B109,Pilot!A:C,3,0)","v":" "},{"$f":"VLOOKUP(B109,Pilot!A:B,2,0)","v":" "},{"$f":"VLOOKUP(B109,Pilot!A:E,5,0)","v":" "},{"$f":"VLOOKUP(B109,Pilot!A:F,6,0)","v":" "},80,null,13,{"$f":"IF(COUNTIF('N PMRg 2020'!B:B,B109)=0,\"-\",COUNTIF('N PMRg 2020'!B:B,B109))","v":6},{"$f":"IF(ISERROR(VLOOKUP(B109,'N PMRg 2020'!B:G,6,0)),\"-\",VLOOKUP(B109,'N PMRg 2020'!B:G,6,0))","v":"-"},{"$f":"IF(COUNTIF('N PMČRj 2020'!B:B,B109)=0,\"-\",COUNTIF('N PMČRj 2020'!B:B,B109))","v":10},{"$f":"IF(ISERROR(VLOOKUP(B109,'N PMČRj 2020'!B:G,6,0)),\"-\",VLOOKUP(B109,'N PMČRj 2020'!B:G,6,0))","v":"-"}]
["N1","-",{"$f":"VLOOKUP(B110,Pilot!A:C,3,0)","v":" "},{"$f":"VLOOKUP(B110,Pilot!A:B,2,0)","v":" "},{"$f":"VLOOKUP(B110,Pilot!A:E,5,0)","v":" "},{"$f":"VLOOKUP(B110,Pilot!A:F,6,0)","v":" "},{"$f":"A110","v":"N1"},null,13,{"$f":"IF(COUNTIF('N PMRg 2020'!B:B,B110)=0,\"-\",COUNTIF('N PMRg 2020'!B:B,B110))","v":6},{"$f":"IF(ISERROR(VLOOKUP(B110,'N PMRg 2020'!B:G,6,0)),\"-\",VLOOKUP(B110,'N PMRg 2020'!B:G,6,0))","v":"-"},{"$f":"IF(COUNTIF('N PMČRj 2020'!B:B,B110)=0,\"-\",COUNTIF('N PMČRj 2020'!B:B,B110))","v":10},{"$f":"IF(ISERROR(VLOOKUP(B110,'N PMČRj 2020'!B:G,6,0)),\"-\",VLOOKUP(B110,'N PMČRj 2020'!B:G,6,0))","v":"-"}]
["N2","-",{"$f":"VLOOKUP(B111,Pilot!A:C,3,0)","v":" "},{"$f":"VLOOKUP(B111,Pilot!A:B,2,0)","v":" "},{"$f":"VLOOKUP(B111,Pilot!A:E,5,0)","v":" "},{"$f":"VLOOKUP(B111,Pilot!A:F,6,0)","v":" "},"N2",null,13,{"$f":"IF(COUNTIF('N PMRg 2020'!B:B,B111)=0,\"-\",COUNTIF('N PMRg 2020'!B:B,B111))","v":6},{"$f":"IF(ISERROR(VLOOKUP(B111,'N PMRg 2020'!B:G,6,0)),\"-\",VLOOKUP(B111,'N PMRg 2020'!B:G,6,0))","v":"-"},{"$f":"IF(COUNTIF('N PMČRj 2020'!B:B,B111)=0,\"-\",COUNTIF('N PMČRj 2020'!B:B,B111))","v":10},{"$f":"IF(ISERROR(VLOOKUP(B111,'N PMČRj 2020'!B:G,6,0)),\"-\",VLOOKUP(B111,'N PMČRj 2020'!B:G,6,0))","v":"-"}]
["N3","-",{"$f":"VLOOKUP(B112,Pilot!A:C,3,0)","v":" "},{"$f":"VLOOKUP(B112,Pilot!A:B,2,0)","v":" "},{"$f":"VLOOKUP(B112,Pilot!A:E,5,0)","v":" "},{"$f":"VLOOKUP(B112,Pilot!A:F,6,0)","v":" "},"N3",null,13,{"$f":"IF(COUNTIF('N PMRg 2020'!B:B,B112)=0,\"-\",COUNTIF('N PMRg 2020'!B:B,B112))","v":6},{"$f":"IF(ISERROR(VLOOKUP(B112,'N PMRg 2020'!B:G,6,0)),\"-\",VLOOKUP(B112,'N PMRg 2020'!B:G,6,0))","v":"-"},{"$f":"IF(COUNTIF('N PMČRj 2020'!B:B,B112)=0,\"-\",COUNTIF('N PMČRj 2020'!B:B,B112))","v":10},{"$f":"IF(ISERROR(VLOOKUP(B112,'N PMČRj 2020'!B:G,6,0)),\"-\",VLOOKUP(B112,'N PMČRj 2020'!B:G,6,0))","v":"-"}]
["N4","-",{"$f":"VLOOKUP(B113,Pilot!A:C,3,0)","v":" "},{"$f":"VLOOKUP(B113,Pilot!A:B,2,0)","v":" "},{"$f":"VLOOKUP(B113,Pilot!A:E,5,0)","v":" "},{"$f":"VLOOKUP(B113,Pilot!A:F,6,0)","v":" "},"N4",null,13,{"$f":"IF(COUNTIF('N PMRg 2020'!B:B,B113)=0,\"-\",COUNTIF('N PMRg 2020'!B:B,B113))","v":6},{"$f":"IF(ISERROR(VLOOKUP(B113,'N PMRg 2020'!B:G,6,0)),\"-\",VLOOKUP(B113,'N PMRg 2020'!B:G,6,0))","v":"-"},{"$f":"IF(COUNTIF('N PMČRj 2020'!B:B,B113)=0,\"-\",COUNTIF('N PMČRj 2020'!B:B,B113))","v":10},{"$f":"IF(ISERROR(VLOOKUP(B113,'N PMČRj 2020'!B:G,6,0)),\"-\",VLOOKUP(B113,'N PMČRj 2020'!B:G,6,0))","v":"-"}]
["N5","-",{"$f":"VLOOKUP(B114,Pilot!A:C,3,0)","v":" "},{"$f":"VLOOKUP(B114,Pilot!A:B,2,0)","v":" "},{"$f":"VLOOKUP(B114,Pilot!A:E,5,0)","v":" "},{"$f":"VLOOKUP(B114,Pilot!A:F,6,0)","v":" "},"N5",null,13,{"$f":"IF(COUNTIF('N PMRg 2020'!B:B,B114)=0,\"-\",COUNTIF('N PMRg 2020'!B:B,B114))","v":6},{"$f":"IF(ISERROR(VLOOKUP(B114,'N PMRg 2020'!B:G,6,0)),\"-\",VLOOKUP(B114,'N PMRg 2020'!B:G,6,0))","v":"-"},{"$f":"IF(COUNTIF('N PMČRj 2020'!B:B,B114)=0,\"-\",COUNTIF('N PMČRj 2020'!B:B,B114))","v":10},{"$f":"IF(ISERROR(VLOOKUP(B114,'N PMČRj 2020'!B:G,6,0)),\"-\",VLOOKUP(B114,'N PMČRj 2020'!B:G,6,0))","v":"-"}]
["N6","-",{"$f":"VLOOKUP(B115,Pilot!A:C,3,0)","v":" "},{"$f":"VLOOKUP(B115,Pilot!A:B,2,0)","v":" "},{"$f":"VLOOKUP(B115,Pilot!A:E,5,0)","v":" "},{"$f":"VLOOKUP(B115,Pilot!A:F,6,0)","v":" "},"N6",null,13,{"$f":"IF(COUNTIF('N PMRg 2020'!B:B,B115)=0,\"-\",COUNTIF('N PMRg 2020'!B:B,B115))","v":6},{"$f":"IF(ISERROR(VLOOKUP(B115,'N PMRg 2020'!B:G,6,0)),\"-\",VLOOKUP(B115,'N PMRg 2020'!B:G,6,0))","v":"-"},{"$f":"IF(COUNTIF('N PMČRj 2020'!B:B,B115)=0,\"-\",COUNTIF('N PMČRj 2020'!B:B,B115))","v":10},{"$f":"IF(ISERROR(VLOOKUP(B115,'N PMČRj 2020'!B:G,6,0)),\"-\",VLOOKUP(B115,'N PMČRj 2020'!B:G,6,0))","v":"-"}]
["N7","-",{"$f":"VLOOKUP(B116,Pilot!A:C,3,0)","v":" "},{"$f":"VLOOKUP(B116,Pilot!A:B,2,0)","v":" "},{"$f":"VLOOKUP(B116,Pilot!A:E,5,0)","v":" "},{"$f":"VLOOKUP(B116,Pilot!A:F,6,0)","v":" "},"N7",null,13,{"$f":"IF(COUNTIF('N PMRg 2020'!B:B,B116)=0,\"-\",COUNTIF('N PMRg 2020'!B:B,B116))","v":6},{"$f":"IF(ISERROR(VLOOKUP(B116,'N PMRg 2020'!B:G,6,0)),\"-\",VLOOKUP(B116,'N PMRg 2020'!B:G,6,0))","v":"-"},{"$f":"IF(COUNTIF('N PMČRj 2020'!B:B,B116)=0,\"-\",COUNTIF('N PMČRj 2020'!B:B,B116))","v":10},{"$f":"IF(ISERROR(VLOOKUP(B116,'N PMČRj 2020'!B:G,6,0)),\"-\",VLOOKUP(B116,'N PMČRj 2020'!B:G,6,0))","v":"-"}]
["N8","-",{"$f":"VLOOKUP(B117,Pilot!A:C,3,0)","v":" "},{"$f":"VLOOKUP(B117,Pilot!A:B,2,0)","v":" "},{"$f":"VLOOKUP(B117,Pilot!A:E,5,0)","v":" "},{"$f":"VLOOKUP(B117,Pilot!A:F,6,0)","v":" "},"N8",null,13,{"$f":"IF(COUNTIF('N PMRg 2020'!B:B,B117)=0,\"-\",COUNTIF('N PMRg 2020'!B:B,B117))","v":6},{"$f":"IF(ISERROR(VLOOKUP(B117,'N PMRg 2020'!B:G,6,0)),\"-\",VLOOKUP(B117,'N PMRg 2020'!B:G,6,0))","v":"-"},{"$f":"IF(COUNTIF('N PMČRj 2020'!B:B,B117)=0,\"-\",COUNTIF('N PMČRj 2020'!B:B,B117))","v":10},{"$f":"IF(ISERROR(VLOOKUP(B117,'N PMČRj 2020'!B:G,6,0)),\"-\",VLOOKUP(B117,'N PMČRj 2020'!B:G,6,0))","v":"-"}]
["N9","-",{"$f":"VLOOKUP(B118,Pilot!A:C,3,0)","v":" "},{"$f":"VLOOKUP(B118,Pilot!A:B,2,0)","v":" "},{"$f":"VLOOKUP(B118,Pilot!A:E,5,0)","v":" "},{"$f":"VLOOKUP(B118,Pilot!A:F,6,0)","v":" "},"N9",null,13,{"$f":"IF(COUNTIF('N PMRg 2020'!B:B,B118)=0,\"-\",COUNTIF('N PMRg 2020'!B:B,B118))","v":6},{"$f":"IF(ISERROR(VLOOKUP(B118,'N PMRg 2020'!B:G,6,0)),\"-\",VLOOKUP(B118,'N PMRg 2020'!B:G,6,0))","v":"-"},{"$f":"IF(COUNTIF('N PMČRj 2020'!B:B,B118)=0,\"-\",COUNTIF('N PMČRj 2020'!B:B,B118))","v":10},{"$f":"IF(ISERROR(VLOOKUP(B118,'N PMČRj 2020'!B:G,6,0)),\"-\",VLOOKUP(B118,'N PMČRj 2020'!B:G,6,0))","v":"-"}]
["N10","-",{"$f":"VLOOKUP(B119,Pilot!A:C,3,0)","v":" "},{"$f":"VLOOKUP(B119,Pilot!A:B,2,0)","v":" "},{"$f":"VLOOKUP(B119,Pilot!A:E,5,0)","v":" "},{"$f":"VLOOKUP(B119,Pilot!A:F,6,0)","v":" "},"N10",null,13,{"$f":"IF(COUNTIF('N PMRg 2020'!B:B,B119)=0,\"-\",COUNTIF('N PMRg 2020'!B:B,B119))","v":6},{"$f":"IF(ISERROR(VLOOKUP(B119,'N PMRg 2020'!B:G,6,0)),\"-\",VLOOKUP(B119,'N PMRg 2020'!B:G,6,0))","v":"-"},{"$f":"IF(COUNTIF('N PMČRj 2020'!B:B,B119)=0,\"-\",COUNTIF('N PMČRj 2020'!B:B,B119))","v":10},{"$f":"IF(ISERROR(VLOOKUP(B119,'N PMČRj 2020'!B:G,6,0)),\"-\",VLOOKUP(B119,'N PMČRj 2020'!B:G,6,0))","v":"-"}]
["6.6.7.","Nominace zahraničních účastníků"]
[null,"PMČR se mohou zúčastnit zahraniční účastníci pouze v případě, že nebude omezen počet řádně nominovaných soutěžících z ČR a soutěžící splňuje podmínky odstavce 6.1. a 6.6.1. SŘ."]
[null,"V případě pořádání společného PMČR s plachtařským mistrovstvím některého ze suverénních států může PK stanovit zvláštní pravidla pro nominaci."]
["6.6.8.","Volná nominace"]
[null,"Volnou nominaci je možné využít pouze v tom případě, že pilot na PMČR nepostupuje podle žádného z bodů odstavce 6.6.6."]
[null,"Umožňuje-li to kapacita pořádajícího letiště, mohou se z členů AeČR mimo řádně nominovaných do soutěže přihlásit také piloti/pilotky, kteří se:"]
["6.6.8.1.","v posledních 3 letech před rokem konání soutěže zúčastnili MS, ME, WAG nebo Světové Grand Prix jako velitel kluzáku,"]
["6.6.8.2.","umístili v aktuálním Všeobecném Žebříku do 100. místa,"]
["6.6.8.3.","Při větším počtu přihlášek, než je kapacita letiště Pořadatele, rozhoduje o přijetí do soutěže pořadí soutěžícího v aktuálním Všeobecném Žebříku s podmínkou zaplacení vkladu v termínu stanoveném Pořadatelem."]
[]
[]
["Schváleno Plachtařskou komisí AeČR dne 1.3.2020 v Praze"]

{"sheet":"N PMRg 2020","index":12,"n_rows":93,"n_cols":17,"rows_kept":93,"cut":false,"hidden":false,"merged":[[5,1,5,7],[22,1,22,7],[23,1,23,7],[26,1,26,7]]}
[null,"Nominace na PMRg 2020",null,null,null,null,null,"Kontrola:","Počet","Počet","Nominace","Počet","Nominace","M:","F:","M+F:"]
["No","Jméno","Aeroklub","Rok narození","M/F","Junior","No",null,"PMRg","PMČR","PMČR","PMČRj","PMČRj",{"$f":"COUNTIF(E:E,\"M\")","v":69},{"$f":"COUNTIF(E:E,\"F\")","v":1},{"$f":"N2+O2","v":70},"S náhradníky"]
["6.8.5.","Nominace na PMRg (dle SŘ ZM8)",null,null,null,null,null,null,null,null,null,null,"Celkem řádně nominováno:",{"$f":"N2-COUNTIF(E75:E83,\"M\")","v":60},{"$f":"O2-COUNTIF(E80:E83,\"F\")","v":1},{"$f":"N3+O3","v":61},"Bez náhradníků"]
[null,"Na PMRg nominuje PK minimálně 60 pilotů/pilotek a příslušný počet náhradníků pro stanovená nominační kritéria."]
[null,"Na PMRg jsou nominováni:"]
["6.8.5.1.","všichni soutěžící z posledního platného PMČR, kteří nepostoupili na PMČR v roce konání PMRg (bez náhradníků)"]
[null,"PMČR 2019 - Moravská Třebová - Klub"]
[1,"Petr Panek",{"$f":"VLOOKUP(B8,Pilot!A:C,3,0)","v":"Dvůr Králové"},{"$f":"VLOOKUP(B8,Pilot!A:C,2,0)","v":1975},{"$f":"VLOOKUP(B8,Pilot!A:E,5,0)","v":"M"},{"$f":"VLOOKUP(B8,Pilot!A:F,6,0)","v":""},{"$f":"A8","v":1},null,{"$f":"COUNTIF(B:B,B8)","v":1},{"$f":"IF(COUNTIF('N PMČR 2020'!B:B,B8)=0,\"-\",COUNTIF('N PMČR 2020'!B:B,B8))","v":"-"},{"$f":"IF(ISERROR(VLOOKUP(B8,'N PMČR 2020'!B:G,6,0)),\"-\",VLOOKUP(B8,'N PMČR 2020'!B:G,6,0))","v":"-"},{"$f":"IF(COUNTIF('N PMČRj 2020'!B:B,B8)=0,\"-\",COUNTIF('N PMČRj 2020'!B:B,B8))","v":"-"},{"$f":"IF(ISERROR(VLOOKUP(B8,'N PMČRj 2020'!B:G,6,0)),\"-\",VLOOKUP(B8,'N PMČRj 2020'!B:G,6,0))","v":"-"}]
[{"$f":"A8+1","v":2},"Jakub Kohn",{"$f":"VLOOKUP(B9,Pilot!A:C,3,0)","v":"Prostějov"},{"$f":"VLOOKUP(B9,Pilot!A:C,2,0)","v":1992},{"$f":"VLOOKUP(B9,Pilot!A:E,5,0)","v":"M"},{"$f":"VLOOKUP(B9,Pilot!A:F,6,0)","v":""},2,null,1,{"$f":"IF(COUNTIF('N PMČR 2020'!B:B,B9)=0,\"-\",COUNTIF('N PMČR 2020'!B:B,B9))","v":"-"},{"$f":"IF(ISERROR(VLOOKUP(B9,'N PMČR 2020'!B:G,6,0)),\"-\",VLOOKUP(B9,'N PMČR 2020'!B:G,6,0))","v":"-"},{"$f":"IF(COUNTIF('N PMČRj 2020'!B:B,B9)=0,\"-\",COUNTIF('N PMČRj 2020'!B:B,B9))","v":"-"},{"$f":"IF(ISERROR(VLOOKUP(B9,'N PMČRj 2020'!B:G,6,0)),\"-\",VLOOKUP(B9,'N PMČRj 2020'!B:G,6,0))","v":"-"}]
[3,"Frantisek Filandr",{"$f":"VLOOKUP(B10,Pilot!A:C,3,0)","v":"Most"},{"$f":"VLOOKUP(B10,Pilot!A:C,2,0)","v":1956},{"$f":"VLOOKUP(B10,Pilot!A:E,5,0)","v":"M"},{"$f":"VLOOKUP(B10,Pilot!A:F,6,0)","v":""},3,null,1,{"$f":"IF(COUNTIF('N PMČR 2020'!B:B,B10)=0,\"-\",COUNTIF('N PMČR 2020'!B:B,B10))","v":"-"},{"$f":"IF(ISERROR(VLOOKUP(B10,'N PMČR 2020'!B:G,6,0)),\"-\",VLOOKUP(B10,'N PMČR 2020'!B:G,6,0))","v":"-"},{"$f":"IF(COUNTIF('N PMČRj 2020'!B:B,B10)=0,\"-\",COUNTIF('N PMČRj 2020'!B:B,B10))","v":"-"},{"$f":"IF(ISERROR(VLOOKUP(B10,'N PMČRj 2020'!B:G,6,0)),\"-\",VLOOKUP(B10,'N PMČRj 2020'!B:G,6,0))","v":"-"}]
[4,"Lumir Motyka",{"$f":"VLOOKUP(B11,Pilot!A:C,3,0)","v":"Frýdlant"},{"$f":"VLOOKUP(B11,Pilot!A:C,2,0)","v":1955},{"$f":"VLOOKUP(B11,Pilot!A:E,5,0)","v":"M"},{"$f":"VLOOKUP(B11,Pilot!A:F,6,0)","v":""},4,null,1,{"$f":"IF(COUNTIF('N PMČR 2020'!B:B,B11)=0,\"-\",COUNTIF('N PMČR 2020'!B:B,B11))","v":"-"},{"$f":"IF(ISERROR(VLOOKUP(B11,'N PMČR 2020'!B:G,6,0)),\"-\",VLOOKUP(B11,'N PMČR 2020'!B:G,6,0))","v":"-"},{"$f":"IF(COUNTIF('N PMČRj 2020'!B:B,B11)=0,\"-\",COUNTIF('N PMČRj 2020'!B:B,B11))","v":"-"},{"$f":"IF(ISERROR(VLOOKUP(B11,'N PMČRj 2020'!B:G,6,0)),\"-\",VLOOKUP(B11,'N PMČRj 2020'!B:G,6,0))","v":"-"}]
[5,"Zdenek Balcarek",{"$f":"VLOOKUP(B12,Pilot!A:C,3,0)","v":"Kroměříž"},{"$f":"VLOOKUP(B12,Pilot!A:C,2,0)","v":1967},{"$f":"VLOOKUP(B12,Pilot!A:E,5,0)","v":"M"},{"$f":"VLOOKUP(B12,Pilot!A:F,6,0)","v":""},5,null,1,{"$f":"IF(COUNTIF('N PMČR 2020'!B:B,B12)=0,\"-\",COUNTIF('N PMČR 2020'!B:B,B12))","v":"-"},{"$f":"IF(ISERROR(VLOOKUP(B12,'N PMČR 2020'!B:G,6,0)),\"-\",VLOOKUP(B12,'N PMČR 2020'!B:G,6,0))","v":"-"},{"$f":"IF(COUNTIF('N PMČRj 2020'!B:B,B12)=0,\"-\",COUNTIF('N PMČRj 2020'!B:B,B12))","v":"-"},{"$f":"IF(ISERROR(VLOOKUP(B12,'N PMČRj 2020'!B:G,6,0)),\"-\",VLOOKUP(B12,'N PMČRj 2020'!B:G,6,0))","v":"-"}]
[6,"Marek Svancara",{"$f":"VLOOKUP(B13,Pilot!A:C,3,0)","v":"GAC Benešov"},{"$f":"VLOOKUP(B13,Pilot!A:C,2,0)","v":1976},{"$f":"VLOOKUP(B13,Pilot!A:E,5,0)","v":"M"},{"$f":"VLOOKUP(B13,Pilot!A:F,6,0)","v":""},6,null,1,{"$f":"IF(COUNTIF('N PMČR 2020'!B:B,B13)=0,\"-\",COUNTIF('N PMČR 2020'!B:B,B13))","v":"-"},{"$f":"IF(ISERROR(VLOOKUP(B13,'N PMČR 2020'!B:G,6,0)),\"-\",VLOOKUP(B13,'N PMČR 2020'!B:G,6,0))","v":"-"},{"$f":"IF(COUNTIF('N PMČRj 2020'!B:B,B13)=0,\"-\",COUNTIF('N PMČRj 2020'!B:B,B13))","v":"-"},{"$f":"IF(ISERROR(VLOOKUP(B13,'N PMČRj 2020'!B:G,6,0)),\"-\",VLOOKUP(B13,'N PMČRj 2020'!B:G,6,0))","v":"-"}]
[7,"Vojtech Hajek",{"$f":"VLOOKUP(B14,Pilot!A:C,3,0)","v":"Mladá Boleslav"},{"$f":"VLOOKUP(B14,Pilot!A:C,2,0)","v":1987},{"$f":"VLOOKUP(B14,Pilot!A:E,5,0)","v":"M"},{"$f":"VLOOKUP(B14,Pilot!A:F,6,0)","v":""},{"$f":"A14","v":7},null,1,{"$f":"IF(COUNTIF('N PMČR 2020'!B:B,B14)=0,\"-\",COUNTIF('N PMČR 2020'!B:B,B14))","v":"-"},{"$f":"IF(ISERROR(VLOOKUP(B14,'N PMČR 2020'!B:G,6,0)),\"-\",VLOOKUP(B14,'N PMČR 2020'!B:G,6,0))","v":"-"},{"$f":"IF(COUNTIF('N PMČRj 2020'!B:B,B14)=0,\"-\",COUNTIF('N PMČRj 2020'!B:B,B14))","v":"-"},{"$f":"IF(ISERROR(VLOOKUP(B14,'N PMČRj 2020'!B:G,6,0)),\"-\",VLOOKUP(B14,'N PMČRj 2020'!B:G,6,0))","v":"-"}]
[8,"Ondrej Dvorak 98",{"$f":"VLOOKUP(B15,Pilot!A:C,3,0)","v":"Mladá Boleslav"},{"$f":"VLOOKUP(B15,Pilot!A:C,2,0)","v":1998},{"$f":"VLOOKUP(B15,Pilot!A:E,5,0)","v":"M"},{"$f":"VLOOKUP(B15,Pilot!A:F,6,0)","v":"Junior v roce 2020"},{"$f":"A15","v":8},null,1,{"$f":"IF(COUNTIF('N PMČR 2020'!B:B,B15)=0,\"-\",COUNTIF('N PMČR 2020'!B:B,B15))","v":"-"},{"$f":"IF(ISERROR(VLOOKUP(B15,'N PMČR 2020'!B:G,6,0)),\"-\",VLOOKUP(B15,'N PMČR 2020'!B:G,6,0))","v":"-"},{"$f":"IF(COUNTIF('N PMČRj 2020'!B:B,B15)=0,\"-\",COUNTIF('N PMČRj 2020'!B:B,B15))","v":1},{"$f":"IF(ISERROR(VLOOKUP(B15,'N PMČRj 2020'!B:G,6,0)),\"-\",VLOOKUP(B15,'N PMČRj 2020'!B:G,6,0))","v":8}]
[null,"PMČR 2019 - Moravská Třbová - Kombi 15m"]
[{"$f":"MAX(A8:A16)+1","v":9},"Jan Pavlik",{"$f":"VLOOKUP(B17,Pilot!A:C,3,0)","v":"Křižanov"},{"$f":"VLOOKUP(B17,Pilot!A:C,2,0)","v":1987},{"$f":"VLOOKUP(B17,Pilot!A:E,5,0)","v":"M"},{"$f":"VLOOKUP(B17,Pilot!A:F,6,0)","v":""},{"$f":"A17","v":9},null,{"$f":"COUNTIF(B:B,B17)","v":1},{"$f":"IF(COUNTIF('N PMČR 2020'!B:B,B17)=0,\"-\",COUNTIF('N PMČR 2020'!B:B,B17))","v":"-"},{"$f":"IF(ISERROR(VLOOKUP(B17,'N PMČR 2020'!B:G,6,0)),\"-\",VLOOKUP(B17,'N PMČR 2020'!B:G,6,0))","v":"-"},{"$f":"IF(COUNTIF('N PMČRj 2020'!B:B,B17)=0,\"-\",COUNTIF('N PMČRj 2020'!B:B,B17))","v":"-"},{"$f":"IF(ISERROR(VLOOKUP(B17,'N PMČRj 2020'!B:G,6,0)),\"-\",VLOOKUP(B17,'N PMČRj 2020'!B:G,6,0))","v":"-"}]
[{"$f":"A17+1","v":10},"Jan Boruvka",{"$f":"VLOOKUP(B18,Pilot!A:C,3,0)","v":"Jičín"},{"$f":"VLOOKUP(B18,Pilot!A:C,2,0)","v":1984},{"$f":"VLOOKUP(B18,Pilot!A:E,5,0)","v":"M"},{"$f":"VLOOKUP(B18,Pilot!A:F,6,0)","v":""},{"$f":"A18","v":10},null,{"$f":"COUNTIF(B:B,B18)","v":1},{"$f":"IF(COUNTIF('N PMČR 2020'!B:B,B18)=0,\"-\",COUNTIF('N PMČR 2020'!B:B,B18))","v":"-"},{"$f":"IF(ISERROR(VLOOKUP(B18,'N PMČR 2020'!B:G,6,0)),\"-\",VLOOKUP(B18,'N PMČR 2020'!B:G,6,0))","v":"-"},{"$f":"IF(COUNTIF('N PMČRj 2020'!B:B,B18)=0,\"-\",COUNTIF('N PMČRj 2020'!B:B,B18))","v":"-"},{"$f":"IF(ISERROR(VLOOKUP(B18,'N PMČRj 2020'!B:G,6,0)),\"-\",VLOOKUP(B18,'N PMČRj 2020'!B:G,6,0))","v":"-"}]
[{"$f":"A18+1","v":11},"Radek Zima 78",{"$f":"VLOOKUP(B19,Pilot!A:C,3,0)","v":"Hodkovice"},{"$f":"VLOOKUP(B19,Pilot!A:C,2,0)","v":1978},{"$f":"VLOOKUP(B19,Pilot!A:E,5,0)","v":"M"},{"$f":"VLOOKUP(B19,Pilot!A:F,6,0)","v":""},{"$f":"A19","v":11},null,{"$f":"COUNTIF(B:B,B19)","v":1},{"$f":"IF(COUNTIF('N PMČR 2020'!B:B,B19)=0,\"-\",COUNTIF('N PMČR 2020'!B:B,B19))","v":"-"},{"$f":"IF(ISERROR(VLOOKUP(B19,'N PMČR 2020'!B:G,6,0)),\"-\",VLOOKUP(B19,'N PMČR 2020'!B:G,6,0))","v":"-"},{"$f":"IF(COUNTIF('N PMČRj 2020'!B:B,B19)=0,\"-\",COUNTIF('N PMČRj 2020'!B:B,B19))","v":"-"},{"$f":"IF(ISERROR(VLOOKUP(B19,'N PMČRj 2020'!B:G,6,0)),\"-\",VLOOKUP(B19,'N PMČRj 2020'!B:G,6,0))","v":"-"}]
[null,"PMČR 2019 - Moravská Třebová - Kombi Open"]
[{"$f":"MAX(A17:A20)+1","v":12},"Jiri Steiger",{"$f":"VLOOKUP(B21,Pilot!A:C,3,0)","v":"Olomouc"},{"$f":"VLOOKUP(B21,Pilot!A:C,2,0)","v":1969},{"$f":"VLOOKUP(B21,Pilot!A:E,5,0)","v":"M"},{"$f":"VLOOKUP(B21,Pilot!A:F,6,0)","v":""},{"$f":"A21","v":12},null,{"$f":"COUNTIF(B:B,B21)","v":1},{"$f":"IF(COUNTIF('N PMČR 2020'!B:B,B21)=0,\"-\",COUNTIF('N PMČR 2020'!B:B,B21))","v":"-"},{"$f":"IF(ISERROR(VLOOKUP(B21,'N PMČR 2020'!B:G,6,0)),\"-\",VLOOKUP(B21,'N PMČR 2020'!B:G,6,0))","v":"-"},{"$f":"IF(COUNTIF('N PMČRj 2020'!B:B,B21)=0,\"-\",COUNTIF('N PMČRj 2020'!B:B,B21))","v":"-"},{"$f":"IF(ISERROR(VLOOKUP(B21,'N PMČRj 2020'!B:G,6,0)),\"-\",VLOOKUP(B21,'N PMČRj 2020'!B:G,6,0))","v":"-"}]
[{"$f":"A21+1","v":13},"Martin Hrivna",{"$f":"VLOOKUP(B22,Pilot!A:C,3,0)","v":"Zbraslavice"},{"$f":"VLOOKUP(B22,Pilot!A:C,2,0)","v":1978},{"$f":"VLOOKUP(B22,Pilot!A:E,5,0)","v":"M"},{"$f":"VLOOKUP(B22,Pilot!A:F,6,0)","v":""},{"$f":"A22","v":13},null,{"$f":"COUNTIF(B:B,B22)","v":1},{"$f":"IF(COUNTIF('N PMČR 2020'!B:B,B22)=0,\"-\",COUNTIF('N PMČR 2020'!B:B,B22))","v":"-"},{"$f":"IF(ISERROR(VLOOKUP(B22,'N PMČR 2020'!B:G,6,0)),\"-\",VLOOKUP(B22,'N PMČR 2020'!B:G,6,0))","v":"-"},{"$f":"IF(COUNTIF('N PMČRj 2020'!B:B,B22)=0,\"-\",COUNTIF('N PMČRj 2020'!B:B,B22))","v":"-"},{"$f":"IF(ISERROR(VLOOKUP(B22,'N PMČRj 2020'!B:G,6,0)),\"-\",VLOOKUP(B22,'N PMČRj 2020'!B:G,6,0))","v":"-"}]
["6.8.5.2.","prvních 10 soutěžících z posledního platného PMRg, kteří nepostoupili na PMČR v roce konání PMRg, v pořadí podle korigovaných bodů ze všech tříd (bez náhradníků)"]
[null,"V případě neplatnosti některé ze soutěžních tříd posledního PMRg budou pro výpočet korigovaných bodů použity výsledky z posledního platného PMRg v dané třídě."]
[null,"PMRg 2019 - Vysoké Mýto - Korigované body"]
["-","-",null,{"$f":"VLOOKUP(B26,Pilot!A:C,2,0)","v":" "},{"$f":"VLOOKUP(B26,Pilot!A:E,5,0)","v":" "},{"$f":"VLOOKUP(B26,Pilot!A:F,6,0)","v":" "},{"$f":"A26","v":"-"},null,{"$f":"COUNTIF(B:B,B26)","v":6},{"$f":"IF(COUNTIF('N PMČR 2020'!B:B,B26)=0,\"-\",COUNTIF('N PMČR 2020'!B:B,B26))","v":13},{"$f":"IF(ISERROR(VLOOKUP(B26,'N PMČR 2020'!B:G,6,0)),\"-\",VLOOKUP(B26,'N PMČR 2020'!B:G,6,0))","v":"N5"},{"$f":"IF(COUNTIF('N PMČRj 2020'!B:B,B26)=0,\"-\",COUNTIF('N PMČRj 2020'!B:B,B26))","v":10},{"$f":"IF(ISERROR(VLOOKUP(B26,'N PMČRj 2020'!B:G,6,0)),\"-\",VLOOKUP(B26,'N PMČRj 2020'!B:G,6,0))","v":"-"}]
["6.8.5.3.","soutěžící z regionů Čechy 1, Čechy 2 a Morava v pořadí podle celkového umístění v CPS-INT předcházejícího roku konání PMRg do naplnění celkového počtu minimálně 60 nominovaných (+ 10 náhradníků)"]
[{"$f":"MAX(A8:A27)+1","v":14},"Jan Habermann",{"$f":"VLOOKUP(B28,Pilot!A:C,3,0)","v":"Vlašim"},{"$f":"VLOOKUP(B28,Pilot!A:C,2,0)","v":1975},{"$f":"VLOOKUP(B28,Pilot!A:E,5,0)","v":"M"},{"$f":"VLOOKUP(B28,Pilot!A:F,6,0)","v":""},{"$f":"A28","v":14},null,{"$f":"COUNTIF(B:B,B28)","v":1},{"$f":"IF(COUNTIF('N PMČR 2020'!B:B,B28)=0,\"-\",COUNTIF('N PMČR 2020'!B:B,B28))","v":"-"},{"$f":"IF(ISERROR(VLOOKUP(B28,'N PMČR 2020'!B:G,6,0)),\"-\",VLOOKUP(B28,'N PMČR 2020'!B:G,6,0))","v":"-"},{"$f":"IF(COUNTIF('N PMČRj 2020'!B:B,B28)=0,\"-\",COUNTIF('N PMČRj 2020'!B:B,B28))","v":"-"},{"$f":"IF(ISERROR(VLOOKUP(B28,'N PMČRj 2020'!B:G,6,0)),\"-\",VLOOKUP(B28,'N PMČRj 2020'!B:G,6,0))","v":"-"}]
[{"$f":"A28+1","v":15},"Jan Pubec",{"$f":"VLOOKUP(B29,Pilot!A:C,3,0)","v":"Plzeň Bory"},{"$f":"VLOOKUP(B29,Pilot!A:C,2,0)","v":1979},{"$f":"VLOOKUP(B29,Pilot!A:E,5,0)","v":"M"},{"$f":"VLOOKUP(B29,Pilot!A:F,6,0)","v":""},15,null,1,{"$f":"IF(COUNTIF('N PMČR 2020'!B:B,B29)=0,\"-\",COUNTIF('N PMČR 2020'!B:B,B29))","v":"-"},{"$f":"IF(ISERROR(VLOOKUP(B29,'N PMČR 2020'!B:G,6,0)),\"-\",VLOOKUP(B29,'N PMČR 2020'!B:G,6,0))","v":"-"},{"$f":"IF(COUNTIF('N PMČRj 2020'!B:B,B29)=0,\"-\",COUNTIF('N PMČRj 2020'!B:B,B29))","v":"-"},{"$f":"IF(ISERROR(VLOOKUP(B29,'N PMČRj 2020'!B:G,6,0)),\"-\",VLOOKUP(B29,'N PMČRj 2020'!B:G,6,0))","v":"-"}]
[{"$f":"A29+1","v":16},"Jan Kantor",{"$f":"VLOOKUP(B30,Pilot!A:C,3,0)","v":"Letňany"},{"$f":"VLOOKUP(B30,Pilot!A:C,2,0)","v":1983},{"$f":"VLOOKUP(B30,Pilot!A:E,5,0)","v":"M"},{"$f":"VLOOKUP(B30,Pilot!A:F,6,0)","v":""},16,null,1,{"$f":"IF(COUNTIF('N PMČR 2020'!B:B,B30)=0,\"-\",COUNTIF('N PMČR 2020'!B:B,B30))","v":"-"},{"$f":"IF(ISERROR(VLOOKUP(B30,'N PMČR 2020'!B:G,6,0)),\"-\",VLOOKUP(B30,'N PMČR 2020'!B:G,6,0))","v":"-"},{"$f":"IF(COUNTIF('N PMČRj 2020'!B:B,B30)=0,\"-\",COUNTIF('N PMČRj 2020'!B:B,B30))","v":"-"},{"$f":"IF(ISERROR(VLOOKUP(B30,'N PMČRj 2020'!B:G,6,0)),\"-\",VLOOKUP(B30,'N PMČRj 2020'!B:G,6,0))","v":"-"}]
[17,"Martin Chovan",{"$f":"VLOOKUP(B31,Pilot!A:C,3,0)","v":"Zbraslavice"},{"$f":"VLOOKUP(B31,Pilot!A:C,2,0)","v":1973},{"$f":"VLOOKUP(B31,Pilot!A:E,5,0)","v":"M"},{"$f":"VLOOKUP(B31,Pilot!A:F,6,0)","v":""},17,null,1,{"$f":"IF(COUNTIF('N PMČR 2020'!B:B,B31)=0,\"-\",COUNTIF('N PMČR 2020'!B:B,B31))","v":"-"},{"$f":"IF(ISERROR(VLOOKUP(B31,'N PMČR 2020'!B:G,6,0)),\"-\",VLOOKUP(B31,'N PMČR 2020'!B:G,6,0))","v":"-"},{"$f":"IF(COUNTIF('N PMČRj 2020'!B:B,B31)=0,\"-\",COUNTIF('N PMČRj 2020'!B:B,B31))","v":"-"},{"$f":"IF(ISERROR(VLOOKUP(B31,'N PMČRj 2020'!B:G,6,0)),\"-\",VLOOKUP(B31,'N PMČRj 2020'!B:G,6,0))","v":"-"}]
[18,"Petr Hofman",{"$f":"VLOOKUP(B32,Pilot!A:C,3,0)","v":"Letňany"},{"$f":"VLOOKUP(B32,Pilot!A:C,2,0)","v":1984},{"$f":"VLOOKUP(B32,Pilot!A:E,5,0)","v":"M"},{"$f":"VLOOKUP(B32,Pilot!A:F,6,0)","v":""},18,null,1,{"$f":"IF(COUNTIF('N PMČR 2020'!B:B,B32)=0,\"-\",COUNTIF('N PMČR 2020'!B:B,B32))","v":"-"},{"$f":"IF(ISERROR(VLOOKUP(B32,'N PMČR 2020'!B:G,6,0)),\"-\",VLOOKUP(B32,'N PMČR 2020'!B:G,6,0))","v":"-"},{"$f":"IF(COUNTIF('N PMČRj 2020'!B:B,B32)=0,\"-\",COUNTIF('N PMČRj 2020'!B:B,B32))","v":"-"},{"$f":"IF(ISERROR(VLOOKUP(B32,'N PMČRj 2020'!B:G,6,0)),\"-\",VLOOKUP(B32,'N PMČRj 2020'!B:G,6,0))","v":"-"}]
[19,"Michal Cechmanek",{"$f":"VLOOKUP(B33,Pilot!A:C,3,0)","v":"Luhačovice"},{"$f":"VLOOKUP(B33,Pilot!A:C,2,0)","v":1978},{"$f":"VLOOKUP(B33,Pilot!A:E,5,0)","v":"M"},{"$f":"VLOOKUP(B33,Pilot!A:F,6,0)","v":""},19,null,1,{"$f":"IF(COUNTIF('N PMČR 2020'!B:B,B33)=0,\"-\",COUNTIF('N PMČR 2020'!B:B,B33))","v":"-"},{"$f":"IF(ISERROR(VLOOKUP(B33,'N PMČR 2020'!B:G,6,0)),\"-\",VLOOKUP(B33,'N PMČR 2020'!B:G,6,0))","v":"-"},{"$f":"IF(COUNTIF('N PMČRj 2020'!B:B,B33)=0,\"-\",COUNTIF('N PMČRj 2020'!B:B,B33))","v":"-"},{"$f":"IF(ISERROR(VLOOKUP(B33,'N PMČRj 2020'!B:G,6,0)),\"-\",VLOOKUP(B33,'N PMČRj 2020'!B:G,6,0))","v":"-"}]
[20,"Ivo Burda",{"$f":"VLOOKUP(B34,Pilot!A:C,3,0)","v":"Zbraslavice"},{"$f":"VLOOKUP(B34,Pilot!A:C,2,0)","v":1962},{"$f":"VLOOKUP(B34,Pilot!A:E,5,0)","v":"M"},{"$f":"VLOOKUP(B34,Pilot!A:F,6,0)","v":""},20,null,1,{"$f":"IF(COUNTIF('N PMČR 2020'!B:B,B34)=0,\"-\",COUNTIF('N PMČR 2020'!B:B,B34))","v":"-"},{"$f":"IF(ISERROR(VLOOKUP(B34,'N PMČR 2020'!B:G,6,0)),\"-\",VLOOKUP(B34,'N PMČR 2020'!B:G,6,0))","v":"-"},{"$f":"IF(COUNTIF('N PMČRj 2020'!B:B,B34)=0,\"-\",COUNTIF('N PMČRj 2020'!B:B,B34))","v":"-"},{"$f":"IF(ISERROR(VLOOKUP(B34,'N PMČRj 2020'!B:G,6,0)),\"-\",VLOOKUP(B34,'N PMČRj 2020'!B:G,6,0))","v":"-"}]
[21,"Michal Kratochvil",{"$f":"VLOOKUP(B35,Pilot!A:C,3,0)","v":"Slaný"},{"$f":"VLOOKUP(B35,Pilot!A:C,2,0)","v":1984},{"$f":"VLOOKUP(B35,Pilot!A:E,5,0)","v":"M"},{"$f":"VLOOKUP(B35,Pilot!A:F,6,0)","v":""},21,null,1,{"$f":"IF(COUNTIF('N PMČR 2020'!B:B,B35)=0,\"-\",COUNTIF('N PMČR 2020'!B:B,B35))","v":"-"},{"$f":"IF(ISERROR(VLOOKUP(B35,'N PMČR 2020'!B:G,6,0)),\"-\",VLOOKUP(B35,'N PMČR 2020'!B:G,6,0))","v":"-"},{"$f":"IF(COUNTIF('N PMČRj 2020'!B:B,B35)=0,\"-\",COUNTIF('N PMČRj 2020'!B:B,B35))","v":"-"},{"$f":"IF(ISERROR(VLOOKUP(B35,'N PMČRj 2020'!B:G,6,0)),\"-\",VLOOKUP(B35,'N PMČRj 2020'!B:G,6,0))","v":"-"}]
[22,"Antonin Konicek",{"$f":"VLOOKUP(B36,Pilot!A:C,3,0)","v":"Kunovice"},{"$f":"VLOOKUP(B36,Pilot!A:C,2,0)","v":1973},{"$f":"VLOOKUP(B36,Pilot!A:E,5,0)","v":"M"},{"$f":"VLOOKUP(B36,Pilot!A:F,6,0)","v":""},22,null,1,{"$f":"IF(COUNTIF('N PMČR 2020'!B:B,B36)=0,\"-\",COUNTIF('N PMČR 2020'!B:B,B36))","v":"-"},{"$f":"IF(ISERROR(VLOOKUP(B36,'N PMČR 2020'!B:G,6,0)),\"-\",VLOOKUP(B36,'N PMČR 2020'!B:G,6,0))","v":"-"},{"$f":"IF(COUNTIF('N PMČRj 2020'!B:B,B36)=0,\"-\",COUNTIF('N PMČRj 2020'!B:B,B36))","v":"-"},{"$f":"IF(ISERROR(VLOOKUP(B36,'N PMČRj 2020'!B:G,6,0)),\"-\",VLOOKUP(B36,'N PMČRj 2020'!B:G,6,0))","v":"-"}]
[23,"Martin Piskacek",{"$f":"VLOOKUP(B37,Pilot!A:C,3,0)","v":"Křižanov"},{"$f":"VLOOKUP(B37,Pilot!A:C,2,0)","v":1991},{"$f":"VLOOKUP(B37,Pilot!A:E,5,0)","v":"M"},{"$f":"VLOOKUP(B37,Pilot!A:F,6,0)","v":""},23,null,1,{"$f":"IF(COUNTIF('N PMČR 2020'!B:B,B37)=0,\"-\",COUNTIF('N PMČR 2020'!B:B,B37))","v":"-"},{"$f":"IF(ISERROR(VLOOKUP(B37,'N PMČR 2020'!B:G,6,0)),\"-\",VLOOKUP(B37,'N PMČR 2020'!B:G,6,0))","v":"-"},{"$f":"IF(COUNTIF('N PMČRj 2020'!B:B,B37)=0,\"-\",COUNTIF('N PMČRj 2020'!B:B,B37))","v":"-"},{"$f":"IF(ISERROR(VLOOKUP(B37,'N PMČRj 2020'!B:G,6,0)),\"-\",VLOOKUP(B37,'N PMČRj 2020'!B:G,6,0))","v":"-"}]
[24,"Josef Busek",{"$f":"VLOOKUP(B38,Pilot!A:C,3,0)","v":"Hosín"},{"$f":"VLOOKUP(B38,Pilot!A:C,2,0)","v":1967},{"$f":"VLOOKUP(B38,Pilot!A:E,5,0)","v":"M"},{"$f":"VLOOKUP(B38,Pilot!A:F,6,0)","v":""},24,null,1,{"$f":"IF(COUNTIF('N PMČR 2020'!B:B,B38)=0,\"-\",COUNTIF('N PMČR 2020'!B:B,B38))","v":"-"},{"$f":"IF(ISERROR(VLOOKUP(B38,'N PMČR 2020'!B:G,6,0)),\"-\",VLOOKUP(B38,'N PMČR 2020'!B:G,6,0))","v":"-"},{"$f":"IF(COUNTIF('N PMČRj 2020'!B:B,B38)=0,\"-\",COUNTIF('N PMČRj 2020'!B:B,B38))","v":"-"},{"$f":"IF(ISERROR(VLOOKUP(B38,'N PMČRj 2020'!B:G,6,0)),\"-\",VLOOKUP(B38,'N PMČRj 2020'!B:G,6,0))","v":"-"}]
[25,"David Riha",{"$f":"VLOOKUP(B39,Pilot!A:C,3,0)","v":"Vlašim"},{"$f":"VLOOKUP(B39,Pilot!A:C,2,0)","v":1983},{"$f":"VLOOKUP(B39,Pilot!A:E,5,0)","v":"M"},{"$f":"VLOOKUP(B39,Pilot!A:F,6,0)","v":""},25,null,1,{"$f":"IF(COUNTIF('N PMČR 2020'!B:B,B39)=0,\"-\",COUNTIF('N PMČR 2020'!B:B,B39))","v":"-"},{"$f":"IF(ISERROR(VLOOKUP(B39,'N PMČR 2020'!B:G,6,0)),\"-\",VLOOKUP(B39,'N PMČR 2020'!B:G,6,0))","v":"-"},{"$f":"IF(COUNTIF('N PMČRj 2020'!B:B,B39)=0,\"-\",COUNTIF('N PMČRj 2020'!B:B,B39))","v":"-"},{"$f":"IF(ISERROR(VLOOKUP(B39,'N PMČRj 2020'!B:G,6,0)),\"-\",VLOOKUP(B39,'N PMČRj 2020'!B:G,6,0))","v":"-"}]
[26,"Frantisek Myska",{"$f":"VLOOKUP(B40,Pilot!A:C,3,0)","v":"Most"},{"$f":"VLOOKUP(B40,Pilot!A:C,2,0)","v":1968},{"$f":"VLOOKUP(B40,Pilot!A:E,5,0)","v":"M"},{"$f":"VLOOKUP(B40,Pilot!A:F,6,0)","v":""},26,null,1,{"$f":"IF(COUNTIF('N PMČR 2020'!B:B,B40)=0,\"-\",COUNTIF('N PMČR 2020'!B:B,B40))","v":"-"},{"$f":"IF(ISERROR(VLOOKUP(B40,'N PMČR 2020'!B:G,6,0)),\"-\",VLOOKUP(B40,'N PMČR 2020'!B:G,6,0))","v":"-"},{"$f":"IF(COUNTIF('N PMČRj 2020'!B:B,B40)=0,\"-\",COUNTIF('N PMČRj 2020'!B:B,B40))","v":"-"},{"$f":"IF(ISERROR(VLOOKUP(B40,'N PMČRj 2020'!B:G,6,0)),\"-\",VLOOKUP(B40,'N PMČRj 2020'!B:G,6,0))","v":"-"}]
[27,"David Popovsky",{"$f":"VLOOKUP(B41,Pilot!A:C,3,0)","v":"Rakovník"},{"$f":"VLOOKUP(B41,Pilot!A:C,2,0)","v":1976},{"$f":"VLOOKUP(B41,Pilot!A:E,5,0)","v":"M"},{"$f":"VLOOKUP(B41,Pilot!A:F,6,0)","v":""},27,null,1,{"$f":"IF(COUNTIF('N PMČR 2020'!B:B,B41)=0,\"-\",COUNTIF('N PMČR 2020'!B:B,B41))","v":"-"},{"$f":"IF(ISERROR(VLOOKUP(B41,'N PMČR 2020'!B:G,6,0)),\"-\",VLOOKUP(B41,'N PMČR 2020'!B:G,6,0))","v":"-"},{"$f":"IF(COUNTIF('N PMČRj 2020'!B:B,B41)=0,\"-\",COUNTIF('N PMČRj 2020'!B:B,B41))","v":"-"},{"$f":"IF(ISERROR(VLOOKUP(B41,'N PMČRj 2020'!B:G,6,0)),\"-\",VLOOKUP(B41,'N PMČRj 2020'!B:G,6,0))","v":"-"}]
[28,"Pavel Zima",{"$f":"VLOOKUP(B42,Pilot!A:C,3,0)","v":"Břeclav"},{"$f":"VLOOKUP(B42,Pilot!A:C,2,0)","v":1979},{"$f":"VLOOKUP(B42,Pilot!A:E,5,0)","v":"M"},{"$f":"VLOOKUP(B42,Pilot!A:F,6,0)","v":""},28,null,1,{"$f":"IF(COUNTIF('N PMČR 2020'!B:B,B42)=0,\"-\",COUNTIF('N PMČR 2020'!B:B,B42))","v":"-"},{"$f":"IF(ISERROR(VLOOKUP(B42,'N PMČR 2020'!B:G,6,0)),\"-\",VLOOKUP(B42,'N PMČR 2020'!B:G,6,0))","v":"-"},{"$f":"IF(COUNTIF('N PMČRj 2020'!B:B,B42)=0,\"-\",COUNTIF('N PMČRj 2020'!B:B,B42))","v":"-"},{"$f":"IF(ISERROR(VLOOKUP(B42,'N PMČRj 2020'!B:G,6,0)),\"-\",VLOOKUP(B42,'N PMČRj 2020'!B:G,6,0))","v":"-"}]
[29,"Milos Pajr",{"$f":"VLOOKUP(B43,Pilot!A:C,3,0)","v":"Jičín"},{"$f":"VLOOKUP(B43,Pilot!A:C,2,0)","v":1966},{"$f":"VLOOKUP(B43,Pilot!A:E,5,0)","v":"M"},{"$f":"VLOOKUP(B43,Pilot!A:F,6,0)","v":""},29,null,1,{"$f":"IF(COUNTIF('N PMČR 2020'!B:B,B43)=0,\"-\",COUNTIF('N PMČR 2020'!B:B,B43))","v":"-"},{"$f":"IF(ISERROR(VLOOKUP(B43,'N PMČR 2020'!B:G,6,0)),\"-\",VLOOKUP(B43,'N PMČR 2020'!B:G,6,0))","v":"-"},{"$f":"IF(COUNTIF('N PMČRj 2020'!B:B,B43)=0,\"-\",COUNTIF('N PMČRj 2020'!B:B,B43))","v":"-"},{"$f":"IF(ISERROR(VLOOKUP(B43,'N PMČRj 2020'!B:G,6,0)),\"-\",VLOOKUP(B43,'N PMČRj 2020'!B:G,6,0))","v":"-"}]
[30,"Antonin Bordovsky",{"$f":"VLOOKUP(B44,Pilot!A:C,3,0)","v":"Krnov"},{"$f":"VLOOKUP(B44,Pilot!A:C,2,0)","v":1951},{"$f":"VLOOKUP(B44,Pilot!A:E,5,0)","v":"M"},{"$f":"VLOOKUP(B44,Pilot!A:F,6,0)","v":""},30,null,1,{"$f":"IF(COUNTIF('N PMČR 2020'!B:B,B44)=0,\"-\",COUNTIF('N PMČR 2020'!B:B,B44))","v":"-"},{"$f":"IF(ISERROR(VLOOKUP(B44,'N PMČR 2020'!B:G,6,0)),\"-\",VLOOKUP(B44,'N PMČR 2020'!B:G,6,0))","v":"-"},{"$f":"IF(COUNTIF('N PMČRj 2020'!B:B,B44)=0,\"-\",COUNTIF('N PMČRj 2020'!B:B,B44))","v":"-"},{"$f":"IF(ISERROR(VLOOKUP(B44,'N PMČRj 2020'!B:G,6,0)),\"-\",VLOOKUP(B44,'N PMČRj 2020'!B:G,6,0))","v":"-"}]
[31,"Jan Dersak 69",{"$f":"VLOOKUP(B45,Pilot!A:C,3,0)","v":"Kralupy"},{"$f":"VLOOKUP(B45,Pilot!A:C,2,0)","v":1969},{"$f":"VLOOKUP(B45,Pilot!A:E,5,0)","v":"M"},{"$f":"VLOOKUP(B45,Pilot!A:F,6,0)","v":""},31,null,1,{"$f":"IF(COUNTIF('N PMČR 2020'!B:B,B45)=0,\"-\",COUNTIF('N PMČR 2020'!B:B,B45))","v":"-"},{"$f":"IF(ISERROR(VLOOKUP(B45,'N PMČR 2020'!B:G,6,0)),\"-\",VLOOKUP(B45,'N PMČR 2020'!B:G,6,0))","v":"-"},{"$f":"IF(COUNTIF('N PMČRj 2020'!B:B,B45)=0,\"-\",COUNTIF('N PMČRj 2020'!B:B,B45))","v":"-"},{"$f":"IF(ISERROR(VLOOKUP(B45,'N PMČRj 2020'!B:G,6,0)),\"-\",VLOOKUP(B45,'N PMČRj 2020'!B:G,6,0))","v":"-"}]
[32,"Jiri Koudela",{"$f":"VLOOKUP(B46,Pilot!A:C,3,0)","v":"Vyškov"},{"$f":"VLOOKUP(B46,Pilot!A:C,2,0)","v":1974},{"$f":"VLOOKUP(B46,Pilot!A:E,5,0)","v":"M"},{"$f":"VLOOKUP(B46,Pilot!A:F,6,0)","v":""},32,null,1,{"$f":"IF(COUNTIF('N PMČR 2020'!B:B,B46)=0,\"-\",COUNTIF('N PMČR 2020'!B:B,B46))","v":"-"},{"$f":"IF(ISERROR(VLOOKUP(B46,'N PMČR 2020'!B:G,6,0)),\"-\",VLOOKUP(B46,'N PMČR 2020'!B:G,6,0))","v":"-"},{"$f":"IF(COUNTIF('N PMČRj 2020'!B:B,B46)=0,\"-\",COUNTIF('N PMČRj 2020'!B:B,B46))","v":"-"},{"$f":"IF(ISERROR(VLOOKUP(B46,'N PMČRj 2020'!B:G,6,0)),\"-\",VLOOKUP(B46,'N PMČRj 2020'!B:G,6,0))","v":"-"}]
[33,"Petr Starek",{"$f":"VLOOKUP(B47,Pilot!A:C,3,0)","v":"Zbraslavice"},{"$f":"VLOOKUP(B47,Pilot!A:C,2,0)","v":1974},{"$f":"VLOOKUP(B47,Pilot!A:E,5,0)","v":"M"},{"$f":"VLOOKUP(B47,Pilot!A:F,6,0)","v":""},{"$f":"A47","v":33},null,1,{"$f":"IF(COUNTIF('N PMČR 2020'!B:B,B47)=0,\"-\",COUNTIF('N PMČR 2020'!B:B,B47))","v":"-"},{"$f":"IF(ISERROR(VLOOKUP(B47,'N PMČR 2020'!B:G,6,0)),\"-\",VLOOKUP(B47,'N PMČR 2020'!B:G,6,0))","v":"-"},{"$f":"IF(COUNTIF('N PMČRj 2020'!B:B,B47)=0,\"-\",COUNTIF('N PMČRj 2020'!B:B,B47))","v":"-"},{"$f":"IF(ISERROR(VLOOKUP(B47,'N PMČRj 2020'!B:G,6,0)),\"-\",VLOOKUP(B47,'N PMČRj 2020'!B:G,6,0))","v":"-"}]
[34,"Roman Jokl",{"$f":"VLOOKUP(B48,Pilot!A:C,3,0)","v":"Letkov"},{"$f":"VLOOKUP(B48,Pilot!A:C,2,0)","v":1979},{"$f":"VLOOKUP(B48,Pilot!A:E,5,0)","v":"M"},{"$f":"VLOOKUP(B48,Pilot!A:F,6,0)","v":""},34,null,1,{"$f":"IF(COUNTIF('N PMČR 2020'!B:B,B48)=0,\"-\",COUNTIF('N PMČR 2020'!B:B,B48))","v":"-"},{"$f":"IF(ISERROR(VLOOKUP(B48,'N PMČR 2020'!B:G,6,0)),\"-\",VLOOKUP(B48,'N PMČR 2020'!B:G,6,0))","v":"-"},{"$f":"IF(COUNTIF('N PMČRj 2020'!B:B,B48)=0,\"-\",COUNTIF('N PMČRj 2020'!B:B,B48))","v":"-"},{"$f":"IF(ISERROR(VLOOKUP(B48,'N PMČRj 2020'!B:G,6,0)),\"-\",VLOOKUP(B48,'N PMČRj 2020'!B:G,6,0))","v":"-"}]
[35,"Ondrej Bordovsky",{"$f":"VLOOKUP(B49,Pilot!A:C,3,0)","v":"Krnov"},{"$f":"VLOOKUP(B49,Pilot!A:C,2,0)","v":1983},{"$f":"VLOOKUP(B49,Pilot!A:E,5,0)","v":"M"},{"$f":"VLOOKUP(B49,Pilot!A:F,6,0)","v":""},35,null,1,{"$f":"IF(COUNTIF('N PMČR 2020'!B:B,B49)=0,\"-\",COUNTIF('N PMČR 2020'!B:B,B49))","v":"-"},{"$f":"IF(ISERROR(VLOOKUP(B49,'N PMČR 2020'!B:G,6,0)),\"-\",VLOOKUP(B49,'N PMČR 2020'!B:G,6,0))","v":"-"},{"$f":"IF(COUNTIF('N PMČRj 2020'!B:B,B49)=0,\"-\",COUNTIF('N PMČRj 2020'!B:B,B49))","v":"-"},{"$f":"IF(ISERROR(VLOOKUP(B49,'N PMČRj 2020'!B:G,6,0)),\"-\",VLOOKUP(B49,'N PMČRj 2020'!B:G,6,0))","v":"-"}]
[36,"Jan Horak",{"$f":"VLOOKUP(B50,Pilot!A:C,3,0)","v":"Zbraslavice"},{"$f":"VLOOKUP(B50,Pilot!A:C,2,0)","v":1971},{"$f":"VLOOKUP(B50,Pilot!A:E,5,0)","v":"M"},{"$f":"VLOOKUP(B50,Pilot!A:F,6,0)","v":""},36,null,1,{"$f":"IF(COUNTIF('N PMČR 2020'!B:B,B50)=0,\"-\",COUNTIF('N PMČR 2020'!B:B,B50))","v":"-"},{"$f":"IF(ISERROR(VLOOKUP(B50,'N PMČR 2020'!B:G,6,0)),\"-\",VLOOKUP(B50,'N PMČR 2020'!B:G,6,0))","v":"-"},{"$f":"IF(COUNTIF('N PMČRj 2020'!B:B,B50)=0,\"-\",COUNTIF('N PMČRj 2020'!B:B,B50))","v":"-"},{"$f":"IF(ISERROR(VLOOKUP(B50,'N PMČRj 2020'!B:G,6,0)),\"-\",VLOOKUP(B50,'N PMČRj 2020'!B:G,6,0))","v":"-"}]
[37,"Robert Sima",{"$f":"VLOOKUP(B51,Pilot!A:C,3,0)","v":"GAC Benešov"},{"$f":"VLOOKUP(B51,Pilot!A:C,2,0)","v":1971},{"$f":"VLOOKUP(B51,Pilot!A:E,5,0)","v":"M"},{"$f":"VLOOKUP(B51,Pilot!A:F,6,0)","v":""},37,null,1,{"$f":"IF(COUNTIF('N PMČR 2020'!B:B,B51)=0,\"-\",COUNTIF('N PMČR 2020'!B:B,B51))","v":"-"},{"$f":"IF(ISERROR(VLOOKUP(B51,'N PMČR 2020'!B:G,6,0)),\"-\",VLOOKUP(B51,'N PMČR 2020'!B:G,6,0))","v":"-"},{"$f":"IF(COUNTIF('N PMČRj 2020'!B:B,B51)=0,\"-\",COUNTIF('N PMČRj 2020'!B:B,B51))","v":"-"},{"$f":"IF(ISERROR(VLOOKUP(B51,'N PMČRj 2020'!B:G,6,0)),\"-\",VLOOKUP(B51,'N PMČRj 2020'!B:G,6,0))","v":"-"}]
[38,"Radek Hybl",{"$f":"VLOOKUP(B52,Pilot!A:C,3,0)","v":"Šumperk"},{"$f":"VLOOKUP(B52,Pilot!A:C,2,0)","v":1980},{"$f":"VLOOKUP(B52,Pilot!A:E,5,0)","v":"M"},{"$f":"VLOOKUP(B52,Pilot!A:F,6,0)","v":""},38,null,1,{"$f":"IF(COUNTIF('N PMČR 2020'!B:B,B52)=0,\"-\",COUNTIF('N PMČR 2020'!B:B,B52))","v":"-"},{"$f":"IF(ISERROR(VLOOKUP(B52,'N PMČR 2020'!B:G,6,0)),\"-\",VLOOKUP(B52,'N PMČR 2020'!B:G,6,0))","v":"-"},{"$f":"IF(COUNTIF('N PMČRj 2020'!B:B,B52)=0,\"-\",COUNTIF('N PMČRj 2020'!B:B,B52))","v":"-"},{"$f":"IF(ISERROR(VLOOKUP(B52,'N PMČRj 2020'!B:G,6,0)),\"-\",VLOOKUP(B52,'N PMČRj 2020'!B:G,6,0))","v":"-"}]
[39,"Jaromir Jedlicka",{"$f":"VLOOKUP(B53,Pilot!A:C,3,0)","v":"Letňany"},{"$f":"VLOOKUP(B53,Pilot!A:C,2,0)","v":1972},{"$f":"VLOOKUP(B53,Pilot!A:E,5,0)","v":"M"},{"$f":"VLOOKUP(B53,Pilot!A:F,6,0)","v":""},{"$f":"A53","v":39},null,1,{"$f":"IF(COUNTIF('N PMČR 2020'!B:B,B53)=0,\"-\",COUNTIF('N PMČR 2020'!B:B,B53))","v":"-"},{"$f":"IF(ISERROR(VLOOKUP(B53,'N PMČR 2020'!B:G,6,0)),\"-\",VLOOKUP(B53,'N PMČR 2020'!B:G,6,0))","v":"-"},{"$f":"IF(COUNTIF('N PMČRj 2020'!B:B,B53)=0,\"-\",COUNTIF('N PMČRj 2020'!B:B,B53))","v":"-"},{"$f":"IF(ISERROR(VLOOKUP(B53,'N PMČRj 2020'!B:G,6,0)),\"-\",VLOOKUP(B53,'N PMČRj 2020'!B:G,6,0))","v":"-"}]
[40,"Karel Benisek 76",{"$f":"VLOOKUP(B54,Pilot!A:C,3,0)","v":"Toužim"},{"$f":"VLOOKUP(B54,Pilot!A:C,2,0)","v":1976},{"$f":"VLOOKUP(B54,Pilot!A:E,5,0)","v":"M"},{"$f":"VLOOKUP(B54,Pilot!A:F,6,0)","v":""},40,null,1,{"$f":"IF(COUNTIF('N PMČR 2020'!B:B,B54)=0,\"-\",COUNTIF('N PMČR 2020'!B:B,B54))","v":"-"},{"$f":"IF(ISERROR(VLOOKUP(B54,'N PMČR 2020'!B:G,6,0)),\"-\",VLOOKUP(B54,'N PMČR 2020'!B:G,6,0))","v":"-"},{"$f":"IF(COUNTIF('N PMČRj 2020'!B:B,B54)=0,\"-\",COUNTIF('N PMČRj 2020'!B:B,B54))","v":"-"},{"$f":"IF(ISERROR(VLOOKUP(B54,'N PMČRj 2020'!B:G,6,0)),\"-\",VLOOKUP(B54,'N PMČRj 2020'!B:G,6,0))","v":"-"}]
[41,"Richard Jensen",{"$f":"VLOOKUP(B55,Pilot!A:C,3,0)","v":"Zbraslavice"},{"$f":"VLOOKUP(B55,Pilot!A:C,2,0)","v":1965},{"$f":"VLOOKUP(B55,Pilot!A:E,5,0)","v":"M"},{"$f":"VLOOKUP(B55,Pilot!A:F,6,0)","v":""},41,null,1,{"$f":"IF(COUNTIF('N PMČR 2020'!B:B,B55)=0,\"-\",COUNTIF('N PMČR 2020'!B:B,B55))","v":"-"},{"$f":"IF(ISERROR(VLOOKUP(B55,'N PMČR 2020'!B:G,6,0)),\"-\",VLOOKUP(B55,'N PMČR 2020'!B:G,6,0))","v":"-"},{"$f":"IF(COUNTIF('N PMČRj 2020'!B:B,B55)=0,\"-\",COUNTIF('N PMČRj 2020'!B:B,B55))","v":"-"},{"$f":"IF(ISERROR(VLOOKUP(B55,'N PMČRj 2020'!B:G,6,0)),\"-\",VLOOKUP(B55,'N PMČRj 2020'!B:G,6,0))","v":"-"}]
[42,"Jiri Bojko",{"$f":"VLOOKUP(B56,Pilot!A:C,3,0)","v":"Krnov"},{"$f":"VLOOKUP(B56,Pilot!A:C,2,0)","v":1959},{"$f":"VLOOKUP(B56,Pilot!A:E,5,0)","v":"M"},{"$f":"VLOOKUP(B56,Pilot!A:F,6,0)","v":""},42,null,1,{"$f":"IF(COUNTIF('N PMČR 2020'!B:B,B56)=0,\"-\",COUNTIF('N PMČR 2020'!B:B,B56))","v":"-"},{"$f":"IF(ISERROR(VLOOKUP(B56,'N PMČR 2020'!B:G,6,0)),\"-\",VLOOKUP(B56,'N PMČR 2020'!B:G,6,0))","v":"-"},{"$f":"IF(COUNTIF('N PMČRj 2020'!B:B,B56)=0,\"-\",COUNTIF('N PMČRj 2020'!B:B,B56))","v":"-"},{"$f":"IF(ISERROR(VLOOKUP(B56,'N PMČRj 2020'!B:G,6,0)),\"-\",VLOOKUP(B56,'N PMČRj 2020'!B:G,6,0))","v":"-"}]
[43,"Katerina Vojtova",{"$f":"VLOOKUP(B57,Pilot!A:C,3,0)","v":"Slaný"},{"$f":"VLOOKUP(B57,Pilot!A:C,2,0)","v":1983},{"$f":"VLOOKUP(B57,Pilot!A:E,5,0)","v":"F"},{"$f":"VLOOKUP(B57,Pilot!A:F,6,0)","v":""},43,null,1,{"$f":"IF(COUNTIF('N PMČR 2020'!B:B,B57)=0,\"-\",COUNTIF('N PMČR 2020'!B:B,B57))","v":"-"},{"$f":"IF(ISERROR(VLOOKUP(B57,'N PMČR 2020'!B:G,6,0)),\"-\",VLOOKUP(B57,'N PMČR 2020'!B:G,6,0))","v":"-"},{"$f":"IF(COUNTIF('N PMČRj 2020'!B:B,B57)=0,\"-\",COUNTIF('N PMČRj 2020'!B:B,B57))","v":"-"},{"$f":"IF(ISERROR(VLOOKUP(B57,'N PMČRj 2020'!B:G,6,0)),\"-\",VLOOKUP(B57,'N PMČRj 2020'!B:G,6,0))","v":"-"}]
[44,"Pavel Rericha",{"$f":"VLOOKUP(B58,Pilot!A:C,3,0)","v":"Moravská Třebová"},{"$f":"VLOOKUP(B58,Pilot!A:C,2,0)","v":1967},{"$f":"VLOOKUP(B58,Pilot!A:E,5,0)","v":"M"},{"$f":"VLOOKUP(B58,Pilot!A:F,6,0)","v":""},{"$f":"A58","v":44},null,1,{"$f":"IF(COUNTIF('N PMČR 2020'!B:B,B58)=0,\"-\",COUNTIF('N PMČR 2020'!B:B,B58))","v":"-"},{"$f":"IF(ISERROR(VLOOKUP(B58,'N PMČR 2020'!B:G,6,0)),\"-\",VLOOKUP(B58,'N PMČR 2020'!B:G,6,0))","v":"-"},{"$f":"IF(COUNTIF('N PMČRj 2020'!B:B,B58)=0,\"-\",COUNTIF('N PMČRj 2020'!B:B,B58))","v":"-"},{"$f":"IF(ISERROR(VLOOKUP(B58,'N PMČRj 2020'!B:G,6,0)),\"-\",VLOOKUP(B58,'N PMČRj 2020'!B:G,6,0))","v":"-"}]
[45,"Matej Plch",{"$f":"VLOOKUP(B59,Pilot!A:C,3,0)","v":"Letkov"},{"$f":"VLOOKUP(B59,Pilot!A:C,2,0)","v":1987},{"$f":"VLOOKUP(B59,Pilot!A:E,5,0)","v":"M"},{"$f":"VLOOKUP(B59,Pilot!A:F,6,0)","v":""},45,null,1,{"$f":"IF(COUNTIF('N PMČR 2020'!B:B,B59)=0,\"-\",COUNTIF('N PMČR 2020'!B:B,B59))","v":"-"},{"$f":"IF(ISERROR(VLOOKUP(B59,'N PMČR 2020'!B:G,6,0)),\"-\",VLOOKUP(B59,'N PMČR 2020'!B:G,6,0))","v":"-"},{"$f":"IF(COUNTIF('N PMČRj 2020'!B:B,B59)=0,\"-\",COUNTIF('N PMČRj 2020'!B:B,B59))","v":"-"},{"$f":"IF(ISERROR(VLOOKUP(B59,'N PMČRj 2020'!B:G,6,0)),\"-\",VLOOKUP(B59,'N PMČRj 2020'!B:G,6,0))","v":"-"}]
[46,"Jiri Bastl",{"$f":"VLOOKUP(B60,Pilot!A:C,3,0)","v":"Turnov"},{"$f":"VLOOKUP(B60,Pilot!A:C,2,0)","v":1944},{"$f":"VLOOKUP(B60,Pilot!A:E,5,0)","v":"M"},{"$f":"VLOOKUP(B60,Pilot!A:F,6,0)","v":""},46,null,{"$f":"COUNTIF(B:B,B60)","v":1},{"$f":"IF(COUNTIF('N PMČR 2020'!B:B,B60)=0,\"-\",COUNTIF('N PMČR 2020'!B:B,B60))","v":"-"},{"$f":"IF(ISERROR(VLOOKUP(B60,'N PMČR 2020'!B:G,6,0)),\"-\",VLOOKUP(B60,'N PMČR 2020'!B:G,6,0))","v":"-"},{"$f":"IF(COUNTIF('N PMČRj 2020'!B:B,B60)=0,\"-\",COUNTIF('N PMČRj 2020'!B:B,B60))","v":"-"},{"$f":"IF(ISERROR(VLOOKUP(B60,'N PMČRj 2020'!B:G,6,0)),\"-\",VLOOKUP(B60,'N PMČRj 2020'!B:G,6,0))","v":"-"}]
[47,"Jakub Kmosek",{"$f":"VLOOKUP(B61,Pilot!A:C,3,0)","v":"Zbraslavice"},{"$f":"VLOOKUP(B61,Pilot!A:C,2,0)","v":1978},{"$f":"VLOOKUP(B61,Pilot!A:E,5,0)","v":"M"},{"$f":"VLOOKUP(B61,Pilot!A:F,6,0)","v":""},47,null,1,{"$f":"IF(COUNTIF('N PMČR 2020'!B:B,B61)=0,\"-\",COUNTIF('N PMČR 2020'!B:B,B61))","v":"-"},{"$f":"IF(ISERROR(VLOOKUP(B61,'N PMČR 2020'!B:G,6,0)),\"-\",VLOOKUP(B61,'N PMČR 2020'!B:G,6,0))","v":"-"},{"$f":"IF(COUNTIF('N PMČRj 2020'!B:B,B61)=0,\"-\",COUNTIF('N PMČRj 2020'!B:B,B61))","v":"-"},{"$f":"IF(ISERROR(VLOOKUP(B61,'N PMČRj 2020'!B:G,6,0)),\"-\",VLOOKUP(B61,'N PMČRj 2020'!B:G,6,0))","v":"-"}]
[48,"Petr Hora",{"$f":"VLOOKUP(B62,Pilot!A:C,3,0)","v":"Hodkovice"},{"$f":"VLOOKUP(B62,Pilot!A:C,2,0)","v":1948},{"$f":"VLOOKUP(B62,Pilot!A:E,5,0)","v":"M"},{"$f":"VLOOKUP(B62,Pilot!A:F,6,0)","v":""},48,null,1,{"$f":"IF(COUNTIF('N PMČR 2020'!B:B,B62)=0,\"-\",COUNTIF('N PMČR 2020'!B:B,B62))","v":"-"},{"$f":"IF(ISERROR(VLOOKUP(B62,'N PMČR 2020'!B:G,6,0)),\"-\",VLOOKUP(B62,'N PMČR 2020'!B:G,6,0))","v":"-"},{"$f":"IF(COUNTIF('N PMČRj 2020'!B:B,B62)=0,\"-\",COUNTIF('N PMČRj 2020'!B:B,B62))","v":"-"},{"$f":"IF(ISERROR(VLOOKUP(B62,'N PMČRj 2020'!B:G,6,0)),\"-\",VLOOKUP(B62,'N PMČRj 2020'!B:G,6,0))","v":"-"}]
[49,"Frantisek Marek",{"$f":"VLOOKUP(B63,Pilot!A:C,3,0)","v":"Křižanov"},{"$f":"VLOOKUP(B63,Pilot!A:C,2,0)","v":1960},{"$f":"VLOOKUP(B63,Pilot!A:E,5,0)","v":"M"},{"$f":"VLOOKUP(B63,Pilot!A:F,6,0)","v":""},49,null,1,{"$f":"IF(COUNTIF('N PMČR 2020'!B:B,B63)=0,\"-\",COUNTIF('N PMČR 2020'!B:B,B63))","v":"-"},{"$f":"IF(ISERROR(VLOOKUP(B63,'N PMČR 2020'!B:G,6,0)),\"-\",VLOOKUP(B63,'N PMČR 2020'!B:G,6,0))","v":"-"},{"$f":"IF(COUNTIF('N PMČRj 2020'!B:B,B63)=0,\"-\",COUNTIF('N PMČRj 2020'!B:B,B63))","v":"-"},{"$f":"IF(ISERROR(VLOOKUP(B63,'N PMČRj 2020'!B:G,6,0)),\"-\",VLOOKUP(B63,'N PMČRj 2020'!B:G,6,0))","v":"-"}]
[50,"Michal Cupak",{"$f":"VLOOKUP(B64,Pilot!A:C,3,0)","v":"Medlánky"},{"$f":"VLOOKUP(B64,Pilot!A:C,2,0)","v":1991},{"$f":"VLOOKUP(B64,Pilot!A:E,5,0)","v":"M"},{"$f":"VLOOKUP(B64,Pilot!A:F,6,0)","v":""},50,null,1,{"$f":"IF(COUNTIF('N PMČR 2020'!B:B,B64)=0,\"-\",COUNTIF('N PMČR 2020'!B:B,B64))","v":"-"},{"$f":"IF(ISERROR(VLOOKUP(B64,'N PMČR 2020'!B:G,6,0)),\"-\",VLOOKUP(B64,'N PMČR 2020'!B:G,6,0))","v":"-"},{"$f":"IF(COUNTIF('N PMČRj 2020'!B:B,B64)=0,\"-\",COUNTIF('N PMČRj 2020'!B:B,B64))","v":"-"},{"$f":"IF(ISERROR(VLOOKUP(B64,'N PMČRj 2020'!B:G,6,0)),\"-\",VLOOKUP(B64,'N PMČRj 2020'!B:G,6,0))","v":"-"}]
[51,"Milos Dedera",{"$f":"VLOOKUP(B65,Pilot!A:C,3,0)","v":"Jihlava"},{"$f":"VLOOKUP(B65,Pilot!A:C,2,0)","v":1956},{"$f":"VLOOKUP(B65,Pilot!A:E,5,0)","v":"M"},{"$f":"VLOOKUP(B65,Pilot!A:F,6,0)","v":""},51,null,1,{"$f":"IF(COUNTIF('N PMČR 2020'!B:B,B65)=0,\"-\",COUNTIF('N PMČR 2020'!B:B,B65))","v":"-"},{"$f":"IF(ISERROR(VLOOKUP(B65,'N PMČR 2020'!B:G,6,0)),\"-\",VLOOKUP(B65,'N PMČR 2020'!B:G,6,0))","v":"-"},{"$f":"IF(COUNTIF('N PMČRj 2020'!B:B,B65)=0,\"-\",COUNTIF('N PMČRj 2020'!B:B,B65))","v":"-"},{"$f":"IF(ISERROR(VLOOKUP(B65,'N PMČRj 2020'!B:G,6,0)),\"-\",VLOOKUP(B65,'N PMČRj 2020'!B:G,6,0))","v":"-"}]
[52,"Jan Smekal",{"$f":"VLOOKUP(B66,Pilot!A:C,3,0)","v":"Zbraslavice"},{"$f":"VLOOKUP(B66,Pilot!A:C,2,0)","v":1976},{"$f":"VLOOKUP(B66,Pilot!A:E,5,0)","v":"M"},{"$f":"VLOOKUP(B66,Pilot!A:F,6,0)","v":""},52,null,1,{"$f":"IF(COUNTIF('N PMČR 2020'!B:B,B66)=0,\"-\",COUNTIF('N PMČR 2020'!B:B,B66))","v":"-"},{"$f":"IF(ISERROR(VLOOKUP(B66,'N PMČR 2020'!B:G,6,0)),\"-\",VLOOKUP(B66,'N PMČR 2020'!B:G,6,0))","v":"-"},{"$f":"IF(COUNTIF('N PMČRj 2020'!B:B,B66)=0,\"-\",COUNTIF('N PMČRj 2020'!B:B,B66))","v":"-"},{"$f":"IF(ISERROR(VLOOKUP(B66,'N PMČRj 2020'!B:G,6,0)),\"-\",VLOOKUP(B66,'N PMČRj 2020'!B:G,6,0))","v":"-"}]
[53,"Karel Elsnic",{"$f":"VLOOKUP(B67,Pilot!A:C,3,0)","v":"Křižanov"},{"$f":"VLOOKUP(B67,Pilot!A:C,2,0)","v":1974},{"$f":"VLOOKUP(B67,Pilot!A:E,5,0)","v":"M"},{"$f":"VLOOKUP(B67,Pilot!A:F,6,0)","v":""},53,null,1,{"$f":"IF(COUNTIF('N PMČR 2020'!B:B,B67)=0,\"-\",COUNTIF('N PMČR 2020'!B:B,B67))","v":"-"},{"$f":"IF(ISERROR(VLOOKUP(B67,'N PMČR 2020'!B:G,6,0)),\"-\",VLOOKUP(B67,'N PMČR 2020'!B:G,6,0))","v":"-"},{"$f":"IF(COUNTIF('N PMČRj 2020'!B:B,B67)=0,\"-\",COUNTIF('N PMČRj 2020'!B:B,B67))","v":"-"},{"$f":"IF(ISERROR(VLOOKUP(B67,'N PMČRj 2020'!B:G,6,0)),\"-\",VLOOKUP(B67,'N PMČRj 2020'!B:G,6,0))","v":"-"}]
[54,"Wolfgang Sluka",{"$f":"VLOOKUP(B68,Pilot!A:C,3,0)","v":"Liberec"},{"$f":"VLOOKUP(B68,Pilot!A:C,2,0)","v":1942},{"$f":"VLOOKUP(B68,Pilot!A:E,5,0)","v":"M"},{"$f":"VLOOKUP(B68,Pilot!A:F,6,0)","v":""},54,null,1,{"$f":"IF(COUNTIF('N PMČR 2020'!B:B,B68)=0,\"-\",COUNTIF('N PMČR 2020'!B:B,B68))","v":"-"},{"$f":"IF(ISERROR(VLOOKUP(B68,'N PMČR 2020'!B:G,6,0)),\"-\",VLOOKUP(B68,'N PMČR 2020'!B:G,6,0))","v":"-"},{"$f":"IF(COUNTIF('N PMČRj 2020'!B:B,B68)=0,\"-\",COUNTIF('N PMČRj 2020'!B:B,B68))","v":"-"},{"$f":"IF(ISERROR(VLOOKUP(B68,'N PMČRj 2020'!B:G,6,0)),\"-\",VLOOKUP(B68,'N PMČRj 2020'!B:G,6,0))","v":"-"}]
[55,"Martin Zahalka",{"$f":"VLOOKUP(B69,Pilot!A:C,3,0)","v":"Staňkov"},{"$f":"VLOOKUP(B69,Pilot!A:C,2,0)","v":1987},{"$f":"VLOOKUP(B69,Pilot!A:E,5,0)","v":"M"},{"$f":"VLOOKUP(B69,Pilot!A:F,6,0)","v":""},55,null,1,{"$f":"IF(COUNTIF('N PMČR 2020'!B:B,B69)=0,\"-\",COUNTIF('N PMČR 2020'!B:B,B69))","v":"-"},{"$f":"IF(ISERROR(VLOOKUP(B69,'N PMČR 2020'!B:G,6,0)),\"-\",VLOOKUP(B69,'N PMČR 2020'!B:G,6,0))","v":"-"},{"$f":"IF(COUNTIF('N PMČRj 2020'!B:B,B69)=0,\"-\",COUNTIF('N PMČRj 2020'!B:B,B69))","v":"-"},{"$f":"IF(ISERROR(VLOOKUP(B69,'N PMČRj 2020'!B:G,6,0)),\"-\",VLOOKUP(B69,'N PMČRj 2020'!B:G,6,0))","v":"-"}]
[56,"David Zapletal",{"$f":"VLOOKUP(B70,Pilot!A:C,3,0)","v":"Mladá Boleslav"},{"$f":"VLOOKUP(B70,Pilot!A:C,2,0)","v":1970},{"$f":"VLOOKUP(B70,Pilot!A:E,5,0)","v":"M"},{"$f":"VLOOKUP(B70,Pilot!A:F,6,0)","v":""},56,null,1,{"$f":"IF(COUNTIF('N PMČR 2020'!B:B,B70)=0,\"-\",COUNTIF('N PMČR 2020'!B:B,B70))","v":"-"},{"$f":"IF(ISERROR(VLOOKUP(B70,'N PMČR 2020'!B:G,6,0)),\"-\",VLOOKUP(B70,'N PMČR 2020'!B:G,6,0))","v":"-"},{"$f":"IF(COUNTIF('N PMČRj 2020'!B:B,B70)=0,\"-\",COUNTIF('N PMČRj 2020'!B:B,B70))","v":"-"},{"$f":"IF(ISERROR(VLOOKUP(B70,'N PMČRj 2020'!B:G,6,0)),\"-\",VLOOKUP(B70,'N PMČRj 2020'!B:G,6,0))","v":"-"}]
[57,"Radovan Otto",{"$f":"VLOOKUP(B71,Pilot!A:C,3,0)","v":"Ústí nad Labem"},{"$f":"VLOOKUP(B71,Pilot!A:C,2,0)","v":1968},{"$f":"VLOOKUP(B71,Pilot!A:E,5,0)","v":"M"},{"$f":"VLOOKUP(B71,Pilot!A:F,6,0)","v":""},57,null,1,{"$f":"IF(COUNTIF('N PMČR 2020'!B:B,B71)=0,\"-\",COUNTIF('N PMČR 2020'!B:B,B71))","v":"-"},{"$f":"IF(ISERROR(VLOOKUP(B71,'N PMČR 2020'!B:G,6,0)),\"-\",VLOOKUP(B71,'N PMČR 2020'!B:G,6,0))","v":"-"},{"$f":"IF(COUNTIF('N PMČRj 2020'!B:B,B71)=0,\"-\",COUNTIF('N PMČRj 2020'!B:B,B71))","v":"-"},{"$f":"IF(ISERROR(VLOOKUP(B71,'N PMČRj 2020'!B:G,6,0)),\"-\",VLOOKUP(B71,'N PMČRj 2020'!B:G,6,0))","v":"-"}]
[58,"Jan Simon",{"$f":"VLOOKUP(B72,Pilot!A:C,3,0)","v":"Kralupy"},{"$f":"VLOOKUP(B72,Pilot!A:C,2,0)","v":1970},{"$f":"VLOOKUP(B72,Pilot!A:E,5,0)","v":"M"},{"$f":"VLOOKUP(B72,Pilot!A:F,6,0)","v":""},58,null,1,{"$f":"IF(COUNTIF('N PMČR 2020'!B:B,B72)=0,\"-\",COUNTIF('N PMČR 2020'!B:B,B72))","v":"-"},{"$f":"IF(ISERROR(VLOOKUP(B72,'N PMČR 2020'!B:G,6,0)),\"-\",VLOOKUP(B72,'N PMČR 2020'!B:G,6,0))","v":"-"},{"$f":"IF(COUNTIF('N PMČRj 2020'!B:B,B72)=0,\"-\",COUNTIF('N PMČRj 2020'!B:B,B72))","v":"-"},{"$f":"IF(ISERROR(VLOOKUP(B72,'N PMČRj 2020'!B:G,6,0)),\"-\",VLOOKUP(B72,'N PMČRj 2020'!B:G,6,0))","v":"-"}]
[59,"Michal Navratil",{"$f":"VLOOKUP(B73,Pilot!A:C,3,0)","v":"Křižanov"},{"$f":"VLOOKUP(B73,Pilot!A:C,2,0)","v":1985},{"$f":"VLOOKUP(B73,Pilot!A:E,5,0)","v":"M"},{"$f":"VLOOKUP(B73,Pilot!A:F,6,0)","v":""},59,null,1,{"$f":"IF(COUNTIF('N PMČR 2020'!B:B,B73)=0,\"-\",COUNTIF('N PMČR 2020'!B:B,B73))","v":"-"},{"$f":"IF(ISERROR(VLOOKUP(B73,'N PMČR 2020'!B:G,6,0)),\"-\",VLOOKUP(B73,'N PMČR 2020'!B:G,6,0))","v":"-"},{"$f":"IF(COUNTIF('N PMČRj 2020'!B:B,B73)=0,\"-\",COUNTIF('N PMČRj 2020'!B:B,B73))","v":"-"},{"$f":"IF(ISERROR(VLOOKUP(B73,'N PMČRj 2020'!B:G,6,0)),\"-\",VLOOKUP(B73,'N PMČRj 2020'!B:G,6,0))","v":"-"}]
[60,"Tomas Malik",{"$f":"VLOOKUP(B74,Pilot!A:C,3,0)","v":"Letňany"},{"$f":"VLOOKUP(B74,Pilot!A:C,2,0)","v":1972},{"$f":"VLOOKUP(B74,Pilot!A:E,5,0)","v":"M"},{"$f":"VLOOKUP(B74,Pilot!A:F,6,0)","v":""},{"$f":"A74","v":60},null,1,{"$f":"IF(COUNTIF('N PMČR 2020'!B:B,B74)=0,\"-\",COUNTIF('N PMČR 2020'!B:B,B74))","v":"-"},{"$f":"IF(ISERROR(VLOOKUP(B74,'N PMČR 2020'!B:G,6,0)),\"-\",VLOOKUP(B74,'N PMČR 2020'!B:G,6,0))","v":"-"},{"$f":"IF(COUNTIF('N PMČRj 2020'!B:B,B74)=0,\"-\",COUNTIF('N PMČRj 2020'!B:B,B74))","v":"-"},{"$f":"IF(ISERROR(VLOOKUP(B74,'N PMČRj 2020'!B:G,6,0)),\"-\",VLOOKUP(B74,'N PMČRj 2020'!B:G,6,0))","v":"-"}]
["N1","Pavel Opat",{"$f":"VLOOKUP(B75,Pilot!A:C,3,0)","v":"Rakovník"},{"$f":"VLOOKUP(B75,Pilot!A:C,2,0)","v":1975},{"$f":"VLOOKUP(B75,Pilot!A:E,5,0)","v":"M"},{"$f":"VLOOKUP(B75,Pilot!A:F,6,0)","v":""},"N1",null,1,{"$f":"IF(COUNTIF('N PMČR 2020'!B:B,B75)=0,\"-\",COUNTIF('N PMČR 2020'!B:B,B75))","v":"-"},{"$f":"IF(ISERROR(VLOOKUP(B75,'N PMČR 2020'!B:G,6,0)),\"-\",VLOOKUP(B75,'N PMČR 2020'!B:G,6,0))","v":"-"},{"$f":"IF(COUNTIF('N PMČRj 2020'!B:B,B75)=0,\"-\",COUNTIF('N PMČRj 2020'!B:B,B75))","v":"-"},{"$f":"IF(ISERROR(VLOOKUP(B75,'N PMČRj 2020'!B:G,6,0)),\"-\",VLOOKUP(B75,'N PMČRj 2020'!B:G,6,0))","v":"-"}]
["N2","Dusan Gadas",{"$f":"VLOOKUP(B76,Pilot!A:C,3,0)","v":"Hranice"},{"$f":"VLOOKUP(B76,Pilot!A:C,2,0)","v":1960},{"$f":"VLOOKUP(B76,Pilot!A:E,5,0)","v":"M"},{"$f":"VLOOKUP(B76,Pilot!A:F,6,0)","v":""},"N2",null,1,{"$f":"IF(COUNTIF('N PMČR 2020'!B:B,B76)=0,\"-\",COUNTIF('N PMČR 2020'!B:B,B76))","v":"-"},{"$f":"IF(ISERROR(VLOOKUP(B76,'N PMČR 2020'!B:G,6,0)),\"-\",VLOOKUP(B76,'N PMČR 2020'!B:G,6,0))","v":"-"},{"$f":"IF(COUNTIF('N PMČRj 2020'!B:B,B76)=0,\"-\",COUNTIF('N PMČRj 2020'!B:B,B76))","v":"-"},{"$f":"IF(ISERROR(VLOOKUP(B76,'N PMČRj 2020'!B:G,6,0)),\"-\",VLOOKUP(B76,'N PMČRj 2020'!B:G,6,0))","v":"-"}]
["N3","Michal Drab",{"$f":"VLOOKUP(B77,Pilot!A:C,3,0)","v":"Letkov"},{"$f":"VLOOKUP(B77,Pilot!A:C,2,0)","v":1969},{"$f":"VLOOKUP(B77,Pilot!A:E,5,0)","v":"M"},{"$f":"VLOOKUP(B77,Pilot!A:F,6,0)","v":""},"N3",null,1,{"$f":"IF(COUNTIF('N PMČR 2020'!B:B,B77)=0,\"-\",COUNTIF('N PMČR 2020'!B:B,B77))","v":"-"},{"$f":"IF(ISERROR(VLOOKUP(B77,'N PMČR 2020'!B:G,6,0)),\"-\",VLOOKUP(B77,'N PMČR 2020'!B:G,6,0))","v":"-"},{"$f":"IF(COUNTIF('N PMČRj 2020'!B:B,B77)=0,\"-\",COUNTIF('N PMČRj 2020'!B:B,B77))","v":"-"},{"$f":"IF(ISERROR(VLOOKUP(B77,'N PMČRj 2020'!B:G,6,0)),\"-\",VLOOKUP(B77,'N PMČRj 2020'!B:G,6,0))","v":"-"}]
["N4","Martin Vnoucek",{"$f":"VLOOKUP(B78,Pilot!A:C,3,0)","v":"Vlašim"},{"$f":"VLOOKUP(B78,Pilot!A:C,2,0)","v":1972},{"$f":"VLOOKUP(B78,Pilot!A:E,5,0)","v":"M"},{"$f":"VLOOKUP(B78,Pilot!A:F,6,0)","v":""},"N4",null,1,{"$f":"IF(COUNTIF('N PMČR 2020'!B:B,B78)=0,\"-\",COUNTIF('N PMČR 2020'!B:B,B78))","v":"-"},{"$f":"IF(ISERROR(VLOOKUP(B78,'N PMČR 2020'!B:G,6,0)),\"-\",VLOOKUP(B78,'N PMČR 2020'!B:G,6,0))","v":"-"},{"$f":"IF(COUNTIF('N PMČRj 2020'!B:B,B78)=0,\"-\",COUNTIF('N PMČRj 2020'!B:B,B78))","v":"-"},{"$f":"IF(ISERROR(VLOOKUP(B78,'N PMČRj 2020'!B:G,6,0)),\"-\",VLOOKUP(B78,'N PMČRj 2020'!B:G,6,0))","v":"-"}]
["N5","Josef Rydl",{"$f":"VLOOKUP(B79,Pilot!A:C,3,0)","v":"Turnov"},{"$f":"VLOOKUP(B79,Pilot!A:C,2,0)","v":1940},{"$f":"VLOOKUP(B79,Pilot!A:E,5,0)","v":"M"},{"$f":"VLOOKUP(B79,Pilot!A:F,6,0)","v":""},"N5",null,1,{"$f":"IF(COUNTIF('N PMČR 2020'!B:B,B79)=0,\"-\",COUNTIF('N PMČR 2020'!B:B,B79))","v":"-"},{"$f":"IF(ISERROR(VLOOKUP(B79,'N PMČR 2020'!B:G,6,0)),\"-\",VLOOKUP(B79,'N PMČR 2020'!B:G,6,0))","v":"-"},{"$f":"IF(COUNTIF('N PMČRj 2020'!B:B,B79)=0,\"-\",COUNTIF('N PMČRj 2020'!B:B,B79))","v":"-"},{"$f":"IF(ISERROR(VLOOKUP(B79,'N PMČRj 2020'!B:G,6,0)),\"-\",VLOOKUP(B79,'N PMČRj 2020'!B:G,6,0))","v":"-"}]
["N6","Zdenek Schenk",{"$f":"VLOOKUP(B80,Pilot!A:C,3,0)","v":"Hranice"},{"$f":"VLOOKUP(B80,Pilot!A:C,2,0)","v":1972},{"$f":"VLOOKUP(B80,Pilot!A:E,5,0)","v":"M"},{"$f":"VLOOKUP(B80,Pilot!A:F,6,0)","v":""},"N6",null,1,{"$f":"IF(COUNTIF('N PMČR 2020'!B:B,B80)=0,\"-\",COUNTIF('N PMČR 2020'!B:B,B80))","v":"-"},{"$f":"IF(ISERROR(VLOOKUP(B80,'N PMČR 2020'!B:G,6,0)),\"-\",VLOOKUP(B80,'N PMČR 2020'!B:G,6,0))","v":"-"},{"$f":"IF(COUNTIF('N PMČRj 2020'!B:B,B80)=0,\"-\",COUNTIF('N PMČRj 2020'!B:B,B80))","v":"-"},{"$f":"IF(ISERROR(VLOOKUP(B80,'N PMČRj 2020'!B:G,6,0)),\"-\",VLOOKUP(B80,'N PMČRj 2020'!B:G,6,0))","v":"-"}]
["N7","Milan Benes",{"$f":"VLOOKUP(B81,Pilot!A:C,3,0)","v":"Raná"},{"$f":"VLOOKUP(B81,Pilot!A:C,2,0)","v":1953},{"$f":"VLOOKUP(B81,Pilot!A:E,5,0)","v":"M"},{"$f":"VLOOKUP(B81,Pilot!A:F,6,0)","v":""},"N7",null,1,{"$f":"IF(COUNTIF('N PMČR 2020'!B:B,B81)=0,\"-\",COUNTIF('N PMČR 2020'!B:B,B81))","v":"-"},{"$f":"IF(ISERROR(VLOOKUP(B81,'N PMČR 2020'!B:G,6,0)),\"-\",VLOOKUP(B81,'N PMČR 2020'!B:G,6,0))","v":"-"},{"$f":"IF(COUNTIF('N PMČRj 2020'!B:B,B81)=0,\"-\",COUNTIF('N PMČRj 2020'!B:B,B81))","v":"-"},{"$f":"IF(ISERROR(VLOOKUP(B81,'N PMČRj 2020'!B:G,6,0)),\"-\",VLOOKUP(B81,'N PMČRj 2020'!B:G,6,0))","v":"-"}]
["N8","Tomas Podolak",{"$f":"VLOOKUP(B82,Pilot!A:C,3,0)","v":"Kralupy"},{"$f":"VLOOKUP(B82,Pilot!A:C,2,0)","v":1986},{"$f":"VLOOKUP(B82,Pilot!A:E,5,0)","v":"M"},{"$f":"VLOOKUP(B82,Pilot!A:F,6,0)","v":""},"N8",null,1,{"$f":"IF(COUNTIF('N PMČR 2020'!B:B,B82)=0,\"-\",COUNTIF('N PMČR 2020'!B:B,B82))","v":"-"},{"$f":"IF(ISERROR(VLOOKUP(B82,'N PMČR 2020'!B:G,6,0)),\"-\",VLOOKUP(B82,'N PMČR 2020'!B:G,6,0))","v":"-"},{"$f":"IF(COUNTIF('N PMČRj 2020'!B:B,B82)=0,\"-\",COUNTIF('N PMČRj 2020'!B:B,B82))","v":"-"},{"$f":"IF(ISERROR(VLOOKUP(B82,'N PMČRj 2020'!B:G,6,0)),\"-\",VLOOKUP(B82,'N PMČRj 2020'!B:G,6,0))","v":"-"}]
["N9","Martin Babak",{"$f":"VLOOKUP(B83,Pilot!A:C,3,0)","v":"Hořice"},{"$f":"VLOOKUP(B83,Pilot!A:C,2,0)","v":1976},{"$f":"VLOOKUP(B83,Pilot!A:E,5,0)","v":"M"},{"$f":"VLOOKUP(B83,Pilot!A:F,6,0)","v":""},"N9",null,1,{"$f":"IF(COUNTIF('N PMČR 2020'!B:B,B83)=0,\"-\",COUNTIF('N PMČR 2020'!B:B,B83))","v":"-"},{"$f":"IF(ISERROR(VLOOKUP(B83,'N PMČR 2020'!B:G,6,0)),\"-\",VLOOKUP(B83,'N PMČR 2020'!B:G,6,0))","v":"-"},{"$f":"IF(COUNTIF('N PMČRj 2020'!B:B,B83)=0,\"-\",COUNTIF('N PMČRj 2020'!B:B,B83))","v":"-"},{"$f":"IF(ISERROR(VLOOKUP(B83,'N PMČRj 2020'!B:G,6,0)),\"-\",VLOOKUP(B83,'N PMČRj 2020'!B:G,6,0))","v":"-"}]
["N10","Petr Homola",{"$f":"VLOOKUP(B84,Pilot!A:C,3,0)","v":"GAC Benešov"},{"$f":"VLOOKUP(B84,Pilot!A:C,2,0)","v":1974},{"$f":"VLOOKUP(B84,Pilot!A:E,5,0)","v":"M"},{"$f":"VLOOKUP(B84,Pilot!A:F,6,0)","v":""},{"$f":"A84","v":"N10"},null,1,{"$f":"IF(COUNTIF('N PMČR 2020'!B:B,B84)=0,\"-\",COUNTIF('N PMČR 2020'!B:B,B84))","v":"-"},{"$f":"IF(ISERROR(VLOOKUP(B84,'N PMČR 2020'!B:G,6,0)),\"-\",VLOOKUP(B84,'N PMČR 2020'!B:G,6,0))","v":"-"},{"$f":"IF(COUNTIF('N PMČRj 2020'!B:B,B84)=0,\"-\",COUNTIF('N PMČRj 2020'!B:B,B84))","v":"-"},{"$f":"IF(ISERROR(VLOOKUP(B84,'N PMČRj 2020'!B:G,6,0)),\"-\",VLOOKUP(B84,'N PMČRj 2020'!B:G,6,0))","v":"-"}]
["6.8.5.4.","další soutěžící může navrhnout PK podle jiných kritérií dle odstavce 9. SŘ"]
["-","-",{"$f":"VLOOKUP(B86,Pilot!A:C,3,0)","v":" "},{"$f":"VLOOKUP(B86,Pilot!A:C,2,0)","v":" "},{"$f":"VLOOKUP(B86,Pilot!A:E,5,0)","v":" "},{"$f":"VLOOKUP(B86,Pilot!A:F,6,0)","v":" "},{"$f":"A86","v":"-"},null,{"$f":"COUNTIF(B:B,B86)","v":6},{"$f":"IF(COUNTIF('N PMČR 2020'!B:B,B86)=0,\"-\",COUNTIF('N PMČR 2020'!B:B,B86))","v":13},{"$f":"IF(ISERROR(VLOOKUP(B86,'N PMČR 2020'!B:G,6,0)),\"-\",VLOOKUP(B86,'N PMČR 2020'!B:G,6,0))","v":"N5"},{"$f":"IF(COUNTIF('N PMČRj 2020'!B:B,B86)=0,\"-\",COUNTIF('N PMČRj 2020'!B:B,B86))","v":10},{"$f":"IF(ISERROR(VLOOKUP(B86,'N PMČRj 2020'!B:G,6,0)),\"-\",VLOOKUP(B86,'N PMČRj 2020'!B:G,6,0))","v":"-"}]
["-","-",{"$f":"VLOOKUP(B87,Pilot!A:C,3,0)","v":" "},{"$f":"VLOOKUP(B87,Pilot!A:C,2,0)","v":" "},{"$f":"VLOOKUP(B87,Pilot!A:E,5,0)","v":" "},{"$f":"VLOOKUP(B87,Pilot!A:F,6,0)","v":" "},{"$f":"A87","v":"-"},null,{"$f":"COUNTIF(B:B,B87)","v":6},{"$f":"IF(COUNTIF('N PMČR 2020'!B:B,B87)=0,\"-\",COUNTIF('N PMČR 2020'!B:B,B87))","v":13},{"$f":"IF(ISERROR(VLOOKUP(B87,'N PMČR 2020'!B:G,6,0)),\"-\",VLOOKUP(B87,'N PMČR 2020'!B:G,6,0))","v":"N5"},{"$f":"IF(COUNTIF('N PMČRj 2020'!B:B,B87)=0,\"-\",COUNTIF('N PMČRj 2020'!B:B,B87))","v":10},{"$f":"IF(ISERROR(VLOOKUP(B87,'N PMČRj 2020'!B:G,6,0)),\"-\",VLOOKUP(B87,'N PMČRj 2020'!B:G,6,0))","v":"-"}]
["-","-",{"$f":"VLOOKUP(B88,Pilot!A:C,3,0)","v":" "},{"$f":"VLOOKUP(B88,Pilot!A:C,2,0)","v":" "},{"$f":"VLOOKUP(B88,Pilot!A:E,5,0)","v":" "},{"$f":"VLOOKUP(B88,Pilot!A:F,6,0)","v":" "},{"$f":"A88","v":"-"},null,{"$f":"COUNTIF(B:B,B88)","v":6},{"$f":"IF(COUNTIF('N PMČR 2020'!B:B,B88)=0,\"-\",COUNTIF('N PMČR 2020'!B:B,B88))","v":13},{"$f":"IF(ISERROR(VLOOKUP(B88,'N PMČR 2020'!B:G,6,0)),\"-\",VLOOKUP(B88,'N PMČR 2020'!B:G,6,0))","v":"N5"},{"$f":"IF(COUNTIF('N PMČRj 2020'!B:B,B88)=0,\"-\",COUNTIF('N PMČRj 2020'!B:B,B88))","v":10},{"$f":"IF(ISERROR(VLOOKUP(B88,'N PMČRj 2020'!B:G,6,0)),\"-\",VLOOKUP(B88,'N PMČRj 2020'!B:G,6,0))","v":"-"}]
["-","-",{"$f":"VLOOKUP(B89,Pilot!A:C,3,0)","v":" "},{"$f":"VLOOKUP(B89,Pilot!A:C,2,0)","v":" "},{"$f":"VLOOKUP(B89,Pilot!A:E,5,0)","v":" "},{"$f":"VLOOKUP(B89,Pilot!A:F,6,0)","v":" "},{"$f":"A89","v":"-"},null,{"$f":"COUNTIF(B:B,B89)","v":6},{"$f":"IF(COUNTIF('N PMČR 2020'!B:B,B89)=0,\"-\",COUNTIF('N PMČR 2020'!B:B,B89))","v":13},{"$f":"IF(ISERROR(VLOOKUP(B89,'N PMČR 2020'!B:G,6,0)),\"-\",VLOOKUP(B89,'N PMČR 2020'!B:G,6,0))","v":"N5"},{"$f":"IF(COUNTIF('N PMČRj 2020'!B:B,B89)=0,\"-\",COUNTIF('N PMČRj 2020'!B:B,B89))","v":10},{"$f":"IF(ISERROR(VLOOKUP(B89,'N PMČRj 2020'!B:G,6,0)),\"-\",VLOOKUP(B89,'N PMČRj 2020'!B:G,6,0))","v":"-"}]
["-","-",{"$f":"VLOOKUP(B90,Pilot!A:C,3,0)","v":" "},{"$f":"VLOOKUP(B90,Pilot!A:C,2,0)","v":" "},{"$f":"VLOOKUP(B90,Pilot!A:E,5,0)","v":" "},{"$f":"VLOOKUP(B90,Pilot!A:F,6,0)","v":" "},{"$f":"A90","v":"-"},null,{"$f":"COUNTIF(B:B,B90)","v":6},{"$f":"IF(COUNTIF('N PMČR 2020'!B:B,B90)=0,\"-\",COUNTIF('N PMČR 2020'!B:B,B90))","v":13},{"$f":"IF(ISERROR(VLOOKUP(B90,'N PMČR 2020'!B:G,6,0)),\"-\",VLOOKUP(B90,'N PMČR 2020'!B:G,6,0))","v":"N5"},{"$f":"IF(COUNTIF('N PMČRj 2020'!B:B,B90)=0,\"-\",COUNTIF('N PMČRj 2020'!B:B,B90))","v":10},{"$f":"IF(ISERROR(VLOOKUP(B90,'N PMČRj 2020'!B:G,6,0)),\"-\",VLOOKUP(B90,'N PMČRj 2020'!B:G,6,0))","v":"-"}]
[]
[]
["Schváleno Plachtařskou komisí AeČR dne 1.3.2020 v Praze"]

{"sheet":"N PMČRj 2020","index":13,"n_rows":79,"n_cols":17,"rows_kept":79,"cut":false,"hidden":false,"merged":[[17,1,17,7],[24,1,24,7],[73,1,73,7]]}
[null,"Nominace na PMČRj 2020",null,null,null,null,null,"Kontrola:","Počet","Počet","Nominace","Počet","Nominace","M:","F:","M+F:"]
["No","Jméno","Aeroklub","Rok narození","M/F","Junior","No",null,"PMČRj","PMČR","PMČR","PMRg","PMRg",{"$f":"COUNTIF(E:E,\"M\")","v":36},{"$f":"COUNTIF(E:E,\"F\")","v":9},{"$f":"N2+O2","v":45},"S náhradníky"]
["6.7.5.","Nominace na PMČRj (dle SŘ ZM8)",null,null,null,null,null,null,null,null,null,null,"Celkem řádně nominováno:",{"$f":"N2-COUNTIF(E53:E57,\"M\")","v":33},{"$f":"O2-COUNTIF(E53:E57,\"F\")","v":7},{"$f":"N3+O3","v":40},"Bez náhradníků"]
[null,"Na PMČRj nominuje PK celkem 40 pilotů/pilotek a stanovený počet náhradníků pro každé nominační kritérium."]
[null,"Na PMČRj jsou nominováni soutěžící splňující statut juniora:"]
[null,"Na PMČRj jsou nominováni soutěžící (splňující statut juniora):"]
["6.7.5.1.","všichni členové reprezentačního výběru ČR (bez náhradníků)"]
[1,"Jan Viskot",{"$f":"VLOOKUP(B8,Pilot!A:C,3,0)","v":"Břeclav"},{"$f":"VLOOKUP(B8,Pilot!A:C,2,0)","v":1995},{"$f":"VLOOKUP(B8,Pilot!A:E,5,0)","v":"M"},{"$f":"VLOOKUP(B8,Pilot!A:F,6,0)","v":"Junior v roce 2020"},{"$f":"A8","v":1},null,{"$f":"COUNTIF(B:B,B8)","v":1},{"$f":"IF(COUNTIF('N PMČR 2020'!B:B,B8)=0,\"-\",COUNTIF('N PMČR 2020'!B:B,B8))","v":1},{"$f":"IF(ISERROR(VLOOKUP(B8,'N PMČR 2020'!B:G,6,0)),\"-\",VLOOKUP(B8,'N PMČR 2020'!B:G,6,0))","v":23},{"$f":"IF(COUNTIF('N PMRg 2020'!B:B,B8)=0,\"-\",COUNTIF('N PMRg 2020'!B:B,B8))","v":"-"},{"$f":"IF(ISERROR(VLOOKUP(B8,'N PMRg 2020'!B:G,6,0)),\"-\",VLOOKUP(B8,'N PMRg 2020'!B:G,6,0))","v":"-"}]
[2,"Jaromir Macoun",{"$f":"VLOOKUP(B9,Pilot!A:C,3,0)","v":"Jičín"},{"$f":"VLOOKUP(B9,Pilot!A:C,2,0)","v":1999},{"$f":"VLOOKUP(B9,Pilot!A:E,5,0)","v":"M"},{"$f":"VLOOKUP(B9,Pilot!A:F,6,0)","v":"Junior v roce 2020"},2,null,1,{"$f":"IF(COUNTIF('N PMČR 2020'!B:B,B9)=0,\"-\",COUNTIF('N PMČR 2020'!B:B,B9))","v":1},{"$f":"IF(ISERROR(VLOOKUP(B9,'N PMČR 2020'!B:G,6,0)),\"-\",VLOOKUP(B9,'N PMČR 2020'!B:G,6,0))","v":24},{"$f":"IF(COUNTIF('N PMRg 2020'!B:B,B9)=0,\"-\",COUNTIF('N PMRg 2020'!B:B,B9))","v":"-"},{"$f":"IF(ISERROR(VLOOKUP(B9,'N PMRg 2020'!B:G,6,0)),\"-\",VLOOKUP(B9,'N PMRg 2020'!B:G,6,0))","v":"-"}]
[3,"Jan Zapletal",{"$f":"VLOOKUP(B10,Pilot!A:C,3,0)","v":"Kroměříž"},{"$f":"VLOOKUP(B10,Pilot!A:C,2,0)","v":1997},{"$f":"VLOOKUP(B10,Pilot!A:E,5,0)","v":"M"},{"$f":"VLOOKUP(B10,Pilot!A:F,6,0)","v":"Junior v roce 2020"},3,null,1,{"$f":"IF(COUNTIF('N PMČR 2020'!B:B,B10)=0,\"-\",COUNTIF('N PMČR 2020'!B:B,B10))","v":1},{"$f":"IF(ISERROR(VLOOKUP(B10,'N PMČR 2020'!B:G,6,0)),\"-\",VLOOKUP(B10,'N PMČR 2020'!B:G,6,0))","v":27},{"$f":"IF(COUNTIF('N PMRg 2020'!B:B,B10)=0,\"-\",COUNTIF('N PMRg 2020'!B:B,B10))","v":"-"},{"$f":"IF(ISERROR(VLOOKUP(B10,'N PMRg 2020'!B:G,6,0)),\"-\",VLOOKUP(B10,'N PMRg 2020'!B:G,6,0))","v":"-"}]
[4,"Ivan Tvrdik",{"$f":"VLOOKUP(B11,Pilot!A:C,3,0)","v":"Letňany"},{"$f":"VLOOKUP(B11,Pilot!A:C,2,0)","v":1997},{"$f":"VLOOKUP(B11,Pilot!A:E,5,0)","v":"M"},{"$f":"VLOOKUP(B11,Pilot!A:F,6,0)","v":"Junior v roce 2020"},4,null,1,{"$f":"IF(COUNTIF('N PMČR 2020'!B:B,B11)=0,\"-\",COUNTIF('N PMČR 2020'!B:B,B11))","v":1},{"$f":"IF(ISERROR(VLOOKUP(B11,'N PMČR 2020'!B:G,6,0)),\"-\",VLOOKUP(B11,'N PMČR 2020'!B:G,6,0))","v":32},{"$f":"IF(COUNTIF('N PMRg 2020'!B:B,B11)=0,\"-\",COUNTIF('N PMRg 2020'!B:B,B11))","v":"-"},{"$f":"IF(ISERROR(VLOOKUP(B11,'N PMRg 2020'!B:G,6,0)),\"-\",VLOOKUP(B11,'N PMRg 2020'!B:G,6,0))","v":"-"}]
[5,"Jan Vozeh",{"$f":"VLOOKUP(B12,Pilot!A:C,3,0)","v":"Rakovník"},{"$f":"VLOOKUP(B12,Pilot!A:C,2,0)","v":1995},{"$f":"VLOOKUP(B12,Pilot!A:E,5,0)","v":"M"},{"$f":"VLOOKUP(B12,Pilot!A:F,6,0)","v":"Junior v roce 2020"},5,null,1,{"$f":"IF(COUNTIF('N PMČR 2020'!B:B,B12)=0,\"-\",COUNTIF('N PMČR 2020'!B:B,B12))","v":1},{"$f":"IF(ISERROR(VLOOKUP(B12,'N PMČR 2020'!B:G,6,0)),\"-\",VLOOKUP(B12,'N PMČR 2020'!B:G,6,0))","v":33},{"$f":"IF(COUNTIF('N PMRg 2020'!B:B,B12)=0,\"-\",COUNTIF('N PMRg 2020'!B:B,B12))","v":"-"},{"$f":"IF(ISERROR(VLOOKUP(B12,'N PMRg 2020'!B:G,6,0)),\"-\",VLOOKUP(B12,'N PMRg 2020'!B:G,6,0))","v":"-"}]
[6,"Tomas Jilek",{"$f":"VLOOKUP(B13,Pilot!A:C,3,0)","v":"Raná"},{"$f":"VLOOKUP(B13,Pilot!A:C,2,0)","v":1995},{"$f":"VLOOKUP(B13,Pilot!A:E,5,0)","v":"M"},{"$f":"VLOOKUP(B13,Pilot!A:F,6,0)","v":"Junior v roce 2020"},6,null,1,{"$f":"IF(COUNTIF('N PMČR 2020'!B:B,B13)=0,\"-\",COUNTIF('N PMČR 2020'!B:B,B13))","v":1},{"$f":"IF(ISERROR(VLOOKUP(B13,'N PMČR 2020'!B:G,6,0)),\"-\",VLOOKUP(B13,'N PMČR 2020'!B:G,6,0))","v":34},{"$f":"IF(COUNTIF('N PMRg 2020'!B:B,B13)=0,\"-\",COUNTIF('N PMRg 2020'!B:B,B13))","v":"-"},{"$f":"IF(ISERROR(VLOOKUP(B13,'N PMRg 2020'!B:G,6,0)),\"-\",VLOOKUP(B13,'N PMRg 2020'!B:G,6,0))","v":"-"}]
["6.7.5.2.","všichni soutěžící - účastníci posledního platného PMČR (bez náhradníků)"]
[null,"PMČR 2019 - Moravská Třebová - Klub, Kombi 15m, Kombi Open"]
[{"$f":"MAX(A8:A14)+1","v":7},"Tereza Koubkova",{"$f":"VLOOKUP(B16,Pilot!A:C,3,0)","v":"Letňany"},{"$f":"VLOOKUP(B16,Pilot!A:C,2,0)","v":1999},{"$f":"VLOOKUP(B16,Pilot!A:E,5,0)","v":"F"},{"$f":"VLOOKUP(B16,Pilot!A:F,6,0)","v":"Junior v roce 2020"},{"$f":"A16","v":7},null,{"$f":"COUNTIF(B:B,B16)","v":1},{"$f":"IF(COUNTIF('N PMČR 2020'!B:B,B16)=0,\"-\",COUNTIF('N PMČR 2020'!B:B,B16))","v":1},{"$f":"IF(ISERROR(VLOOKUP(B16,'N PMČR 2020'!B:G,6,0)),\"-\",VLOOKUP(B16,'N PMČR 2020'!B:G,6,0))","v":42},{"$f":"IF(COUNTIF('N PMRg 2020'!B:B,B16)=0,\"-\",COUNTIF('N PMRg 2020'!B:B,B16))","v":"-"},{"$f":"IF(ISERROR(VLOOKUP(B16,'N PMRg 2020'!B:G,6,0)),\"-\",VLOOKUP(B16,'N PMRg 2020'!B:G,6,0))","v":"-"}]
[{"$f":"A16+1","v":8},"Ondrej Dvorak 98",{"$f":"VLOOKUP(B17,Pilot!A:C,3,0)","v":"Mladá Boleslav"},{"$f":"VLOOKUP(B17,Pilot!A:C,2,0)","v":1998},{"$f":"VLOOKUP(B17,Pilot!A:E,5,0)","v":"M"},{"$f":"VLOOKUP(B17,Pilot!A:F,6,0)","v":"Junior v roce 2020"},{"$f":"A17","v":8},null,{"$f":"COUNTIF(B:B,B17)","v":1},{"$f":"IF(COUNTIF('N PMČR 2020'!B:B,B17)=0,\"-\",COUNTIF('N PMČR 2020'!B:B,B17))","v":"-"},{"$f":"IF(ISERROR(VLOOKUP(B17,'N PMČR 2020'!B:G,6,0)),\"-\",VLOOKUP(B17,'N PMČR 2020'!B:G,6,0))","v":"-"},{"$f":"IF(COUNTIF('N PMRg 2020'!B:B,B17)=0,\"-\",COUNTIF('N PMRg 2020'!B:B,B17))","v":1},{"$f":"IF(ISERROR(VLOOKUP(B17,'N PMRg 2020'!B:G,6,0)),\"-\",VLOOKUP(B17,'N PMRg 2020'!B:G,6,0))","v":8}]
["6.7.5.3.","další soutěžící, kteří se umístili v konečném pořadí na posledním platném PMČRj ve své třídě nejhůře v první polovině celkového pořadí pilotů ČR (bez náhradníků)"]
[null,"PMČRj 2019 - Jaroměř - Klub"]
[{"$f":"MAX(A8:A18)+1","v":9},"Vit Morkovsky",{"$f":"VLOOKUP(B20,Pilot!A:C,3,0)","v":"Polička"},{"$f":"VLOOKUP(B20,Pilot!A:C,2,0)","v":2000},{"$f":"VLOOKUP(B20,Pilot!A:E,5,0)","v":"M"},{"$f":"VLOOKUP(B20,Pilot!A:F,6,0)","v":"Junior v roce 2020"},{"$f":"A20","v":9},null,{"$f":"COUNTIF(B:B,B20)","v":1},{"$f":"IF(COUNTIF('N PMČR 2020'!B:B,B20)=0,\"-\",COUNTIF('N PMČR 2020'!B:B,B20))","v":1},{"$f":"IF(ISERROR(VLOOKUP(B20,'N PMČR 2020'!B:G,6,0)),\"-\",VLOOKUP(B20,'N PMČR 2020'!B:G,6,0))","v":48},{"$f":"IF(COUNTIF('N PMRg 2020'!B:B,B20)=0,\"-\",COUNTIF('N PMRg 2020'!B:B,B20))","v":"-"},{"$f":"IF(ISERROR(VLOOKUP(B20,'N PMRg 2020'!B:G,6,0)),\"-\",VLOOKUP(B20,'N PMRg 2020'!B:G,6,0))","v":"-"}]
[{"$f":"A20+1","v":10},"Vladimir Hammer",{"$f":"VLOOKUP(B21,Pilot!A:C,3,0)","v":"Klatovy"},{"$f":"VLOOKUP(B21,Pilot!A:C,2,0)","v":2000},{"$f":"VLOOKUP(B21,Pilot!A:E,5,0)","v":"M"},{"$f":"VLOOKUP(B21,Pilot!A:F,6,0)","v":"Junior v roce 2020"},10,null,{"$f":"COUNTIF(B:B,B21)","v":1},{"$f":"IF(COUNTIF('N PMČR 2020'!B:B,B21)=0,\"-\",COUNTIF('N PMČR 2020'!B:B,B21))","v":1},{"$f":"IF(ISERROR(VLOOKUP(B21,'N PMČR 2020'!B:G,6,0)),\"-\",VLOOKUP(B21,'N PMČR 2020'!B:G,6,0))","v":50},{"$f":"IF(COUNTIF('N PMRg 2020'!B:B,B21)=0,\"-\",COUNTIF('N PMRg 2020'!B:B,B21))","v":"-"},{"$f":"IF(ISERROR(VLOOKUP(B21,'N PMRg 2020'!B:G,6,0)),\"-\",VLOOKUP(B21,'N PMRg 2020'!B:G,6,0))","v":"-"}]
[11,"Tomas Moravec",{"$f":"VLOOKUP(B22,Pilot!A:C,3,0)","v":"Žamberk"},{"$f":"VLOOKUP(B22,Pilot!A:C,2,0)","v":2000},{"$f":"VLOOKUP(B22,Pilot!A:E,5,0)","v":"M"},{"$f":"VLOOKUP(B22,Pilot!A:F,6,0)","v":"Junior v roce 2020"},11,null,{"$f":"COUNTIF(B:B,B22)","v":1},{"$f":"IF(COUNTIF('N PMČR 2020'!B:B,B22)=0,\"-\",COUNTIF('N PMČR 2020'!B:B,B22))","v":1},{"$f":"IF(ISERROR(VLOOKUP(B22,'N PMČR 2020'!B:G,6,0)),\"-\",VLOOKUP(B22,'N PMČR 2020'!B:G,6,0))","v":51},{"$f":"IF(COUNTIF('N PMRg 2020'!B:B,B22)=0,\"-\",COUNTIF('N PMRg 2020'!B:B,B22))","v":"-"},{"$f":"IF(ISERROR(VLOOKUP(B22,'N PMRg 2020'!B:G,6,0)),\"-\",VLOOKUP(B22,'N PMRg 2020'!B:G,6,0))","v":"-"}]
[12,"Jan Beran",{"$f":"VLOOKUP(B23,Pilot!A:C,3,0)","v":"Kladno"},{"$f":"VLOOKUP(B23,Pilot!A:C,2,0)","v":1999},{"$f":"VLOOKUP(B23,Pilot!A:E,5,0)","v":"M"},{"$f":"VLOOKUP(B23,Pilot!A:F,6,0)","v":"Junior v roce 2020"},12,null,{"$f":"COUNTIF(B:B,B23)","v":1},{"$f":"IF(COUNTIF('N PMČR 2020'!B:B,B23)=0,\"-\",COUNTIF('N PMČR 2020'!B:B,B23))","v":1},{"$f":"IF(ISERROR(VLOOKUP(B23,'N PMČR 2020'!B:G,6,0)),\"-\",VLOOKUP(B23,'N PMČR 2020'!B:G,6,0))","v":"N1"},{"$f":"IF(COUNTIF('N PMRg 2020'!B:B,B23)=0,\"-\",COUNTIF('N PMRg 2020'!B:B,B23))","v":"-"},{"$f":"IF(ISERROR(VLOOKUP(B23,'N PMRg 2020'!B:G,6,0)),\"-\",VLOOKUP(B23,'N PMRg 2020'!B:G,6,0))","v":"-"}]
[13,"Tibor Hezina",{"$f":"VLOOKUP(B24,Pilot!A:C,3,0)","v":"Křižanov"},{"$f":"VLOOKUP(B24,Pilot!A:C,2,0)","v":2002},{"$f":"VLOOKUP(B24,Pilot!A:E,5,0)","v":"M"},{"$f":"VLOOKUP(B24,Pilot!A:F,6,0)","v":"Junior v roce 2020"},13,null,{"$f":"COUNTIF(B:B,B24)","v":1},{"$f":"IF(COUNTIF('N PMČR 2020'!B:B,B24)=0,\"-\",COUNTIF('N PMČR 2020'!B:B,B24))","v":1},{"$f":"IF(ISERROR(VLOOKUP(B24,'N PMČR 2020'!B:G,6,0)),\"-\",VLOOKUP(B24,'N PMČR 2020'!B:G,6,0))","v":"N2"},{"$f":"IF(COUNTIF('N PMRg 2020'!B:B,B24)=0,\"-\",COUNTIF('N PMRg 2020'!B:B,B24))","v":"-"},{"$f":"IF(ISERROR(VLOOKUP(B24,'N PMRg 2020'!B:G,6,0)),\"-\",VLOOKUP(B24,'N PMRg 2020'!B:G,6,0))","v":"-"}]
["6.7.5.4.","ostatní soutěžící nominuje PK v pořadí podle umístění v CPS-INT předchozího roku do naplnění celkového počtu 40 nominovaných (+ 5 náhradníků)"]
[{"$f":"MAX(A20:A25)+1","v":14},"Lukas Maly",{"$f":"VLOOKUP(B26,Pilot!A:C,3,0)","v":"Vysoké Mýto"},{"$f":"VLOOKUP(B26,Pilot!A:C,2,0)","v":1998},{"$f":"VLOOKUP(B26,Pilot!A:E,5,0)","v":"M"},{"$f":"VLOOKUP(B26,Pilot!A:F,6,0)","v":"Junior v roce 2020"},{"$f":"A26","v":14},null,{"$f":"COUNTIF(B:B,B26)","v":1},{"$f":"IF(COUNTIF('N PMČR 2020'!B:B,B26)=0,\"-\",COUNTIF('N PMČR 2020'!B:B,B26))","v":1},{"$f":"IF(ISERROR(VLOOKUP(B26,'N PMČR 2020'!B:G,6,0)),\"-\",VLOOKUP(B26,'N PMČR 2020'!B:G,6,0))","v":68},{"$f":"IF(COUNTIF('N PMRg 2020'!B:B,B26)=0,\"-\",COUNTIF('N PMRg 2020'!B:B,B26))","v":"-"},{"$f":"IF(ISERROR(VLOOKUP(B26,'N PMRg 2020'!B:G,6,0)),\"-\",VLOOKUP(B26,'N PMRg 2020'!B:G,6,0))","v":"-"}]
[{"$f":"A26+1","v":15},"Michal Coufal",{"$f":"VLOOKUP(B27,Pilot!A:C,3,0)","v":"Jičín"},{"$f":"VLOOKUP(B27,Pilot!A:C,2,0)","v":1999},{"$f":"VLOOKUP(B27,Pilot!A:E,5,0)","v":"M"},{"$f":"VLOOKUP(B27,Pilot!A:F,6,0)","v":"Junior v roce 2020"},15,null,1,{"$f":"IF(COUNTIF('N PMČR 2020'!B:B,B27)=0,\"-\",COUNTIF('N PMČR 2020'!B:B,B27))","v":"-"},{"$f":"IF(ISERROR(VLOOKUP(B27,'N PMČR 2020'!B:G,6,0)),\"-\",VLOOKUP(B27,'N PMČR 2020'!B:G,6,0))","v":"-"},{"$f":"IF(COUNTIF('N PMRg 2020'!B:B,B27)=0,\"-\",COUNTIF('N PMRg 2020'!B:B,B27))","v":"-"},{"$f":"IF(ISERROR(VLOOKUP(B27,'N PMRg 2020'!B:G,6,0)),\"-\",VLOOKUP(B27,'N PMRg 2020'!B:G,6,0))","v":"-"}]
[{"$f":"A27+1","v":16},"Jan Stastny",{"$f":"VLOOKUP(B28,Pilot!A:C,3,0)","v":"Medlánky"},{"$f":"VLOOKUP(B28,Pilot!A:C,2,0)","v":2003},{"$f":"VLOOKUP(B28,Pilot!A:E,5,0)","v":"M"},{"$f":"VLOOKUP(B28,Pilot!A:F,6,0)","v":"Junior v roce 2020"},16,null,1,{"$f":"IF(COUNTIF('N PMČR 2020'!B:B,B28)=0,\"-\",COUNTIF('N PMČR 2020'!B:B,B28))","v":1},{"$f":"IF(ISERROR(VLOOKUP(B28,'N PMČR 2020'!B:G,6,0)),\"-\",VLOOKUP(B28,'N PMČR 2020'!B:G,6,0))","v":"N4"},{"$f":"IF(COUNTIF('N PMRg 2020'!B:B,B28)=0,\"-\",COUNTIF('N PMRg 2020'!B:B,B28))","v":"-"},{"$f":"IF(ISERROR(VLOOKUP(B28,'N PMRg 2020'!B:G,6,0)),\"-\",VLOOKUP(B28,'N PMRg 2020'!B:G,6,0))","v":"-"}]
[17,"Tomas Hulmak",{"$f":"VLOOKUP(B29,Pilot!A:C,3,0)","v":"Hosín"},{"$f":"VLOOKUP(B29,Pilot!A:C,2,0)","v":1999},{"$f":"VLOOKUP(B29,Pilot!A:E,5,0)","v":"M"},{"$f":"VLOOKUP(B29,Pilot!A:F,6,0)","v":"Junior v roce 2020"},17,null,1,{"$f":"IF(COUNTIF('N PMČR 2020'!B:B,B29)=0,\"-\",COUNTIF('N PMČR 2020'!B:B,B29))","v":"-"},{"$f":"IF(ISERROR(VLOOKUP(B29,'N PMČR 2020'!B:G,6,0)),\"-\",VLOOKUP(B29,'N PMČR 2020'!B:G,6,0))","v":"-"},{"$f":"IF(COUNTIF('N PMRg 2020'!B:B,B29)=0,\"-\",COUNTIF('N PMRg 2020'!B:B,B29))","v":"-"},{"$f":"IF(ISERROR(VLOOKUP(B29,'N PMRg 2020'!B:G,6,0)),\"-\",VLOOKUP(B29,'N PMRg 2020'!B:G,6,0))","v":"-"}]
[18,"Marek Loukota",{"$f":"VLOOKUP(B30,Pilot!A:C,3,0)","v":"Letkov"},{"$f":"VLOOKUP(B30,Pilot!A:C,2,0)","v":2000},{"$f":"VLOOKUP(B30,Pilot!A:E,5,0)","v":"M"},{"$f":"VLOOKUP(B30,Pilot!A:F,6,0)","v":"Junior v roce 2020"},18,null,1,{"$f":"IF(COUNTIF('N PMČR 2020'!B:B,B30)=0,\"-\",COUNTIF('N PMČR 2020'!B:B,B30))","v":1},{"$f":"IF(ISERROR(VLOOKUP(B30,'N PMČR 2020'!B:G,6,0)),\"-\",VLOOKUP(B30,'N PMČR 2020'!B:G,6,0))","v":"N3"},{"$f":"IF(COUNTIF('N PMRg 2020'!B:B,B30)=0,\"-\",COUNTIF('N PMRg 2020'!B:B,B30))","v":"-"},{"$f":"IF(ISERROR(VLOOKUP(B30,'N PMRg 2020'!B:G,6,0)),\"-\",VLOOKUP(B30,'N PMRg 2020'!B:G,6,0))","v":"-"}]
[19,"Tomas Kulhavy",{"$f":"VLOOKUP(B31,Pilot!A:C,3,0)","v":"Liberec"},{"$f":"VLOOKUP(B31,Pilot!A:C,2,0)","v":2001},{"$f":"VLOOKUP(B31,Pilot!A:E,5,0)","v":"M"},{"$f":"VLOOKUP(B31,Pilot!A:F,6,0)","v":"Junior v roce 2020"},19,null,1,{"$f":"IF(COUNTIF('N PMČR 2020'!B:B,B31)=0,\"-\",COUNTIF('N PMČR 2020'!B:B,B31))","v":"-"},{"$f":"IF(ISERROR(VLOOKUP(B31,'N PMČR 2020'!B:G,6,0)),\"-\",VLOOKUP(B31,'N PMČR 2020'!B:G,6,0))","v":"-"},{"$f":"IF(COUNTIF('N PMRg 2020'!B:B,B31)=0,\"-\",COUNTIF('N PMRg 2020'!B:B,B31))","v":"-"},{"$f":"IF(ISERROR(VLOOKUP(B31,'N PMRg 2020'!B:G,6,0)),\"-\",VLOOKUP(B31,'N PMRg 2020'!B:G,6,0))","v":"-"}]
[20,"Michaela Krizova",{"$f":"VLOOKUP(B32,Pilot!A:C,3,0)","v":"Přibyslav"},{"$f":"VLOOKUP(B32,Pilot!A:C,2,0)","v":2001},{"$f":"VLOOKUP(B32,Pilot!A:E,5,0)","v":"F"},{"$f":"VLOOKUP(B32,Pilot!A:F,6,0)","v":"Junior v roce 2020"},20,null,1,{"$f":"IF(COUNTIF('N PMČR 2020'!B:B,B32)=0,\"-\",COUNTIF('N PMČR 2020'!B:B,B32))","v":"-"},{"$f":"IF(ISERROR(VLOOKUP(B32,'N PMČR 2020'!B:G,6,0)),\"-\",VLOOKUP(B32,'N PMČR 2020'!B:G,6,0))","v":"-"},{"$f":"IF(COUNTIF('N PMRg 2020'!B:B,B32)=0,\"-\",COUNTIF('N PMRg 2020'!B:B,B32))","v":"-"},{"$f":"IF(ISERROR(VLOOKUP(B32,'N PMRg 2020'!B:G,6,0)),\"-\",VLOOKUP(B32,'N PMRg 2020'!B:G,6,0))","v":"-"}]
[21,"Kristina Santruckova",{"$f":"VLOOKUP(B33,Pilot!A:C,3,0)","v":"Podhořany"},{"$f":"VLOOKUP(B33,Pilot!A:C,2,0)","v":1996},{"$f":"VLOOKUP(B33,Pilot!A:E,5,0)","v":"F"},{"$f":"VLOOKUP(B33,Pilot!A:F,6,0)","v":"Junior v roce 2020"},21,null,1,{"$f":"IF(COUNTIF('N PMČR 2020'!B:B,B33)=0,\"-\",COUNTIF('N PMČR 2020'!B:B,B33))","v":1},{"$f":"IF(ISERROR(VLOOKUP(B33,'N PMČR 2020'!B:G,6,0)),\"-\",VLOOKUP(B33,'N PMČR 2020'!B:G,6,0))","v":78},{"$f":"IF(COUNTIF('N PMRg 2020'!B:B,B33)=0,\"-\",COUNTIF('N PMRg 2020'!B:B,B33))","v":"-"},{"$f":"IF(ISERROR(VLOOKUP(B33,'N PMRg 2020'!B:G,6,0)),\"-\",VLOOKUP(B33,'N PMRg 2020'!B:G,6,0))","v":"-"}]
[22,"Jiri Maier 99",{"$f":"VLOOKUP(B34,Pilot!A:C,3,0)","v":"Raná"},{"$f":"VLOOKUP(B34,Pilot!A:C,2,0)","v":1999},{"$f":"VLOOKUP(B34,Pilot!A:E,5,0)","v":"M"},{"$f":"VLOOKUP(B34,Pilot!A:F,6,0)","v":"Junior v roce 2020"},22,null,1,{"$f":"IF(COUNTIF('N PMČR 2020'!B:B,B34)=0,\"-\",COUNTIF('N PMČR 2020'!B:B,B34))","v":"-"},{"$f":"IF(ISERROR(VLOOKUP(B34,'N PMČR 2020'!B:G,6,0)),\"-\",VLOOKUP(B34,'N PMČR 2020'!B:G,6,0))","v":"-"},{"$f":"IF(COUNTIF('N PMRg 2020'!B:B,B34)=0,\"-\",COUNTIF('N PMRg 2020'!B:B,B34))","v":"-"},{"$f":"IF(ISERROR(VLOOKUP(B34,'N PMRg 2020'!B:G,6,0)),\"-\",VLOOKUP(B34,'N PMRg 2020'!B:G,6,0))","v":"-"}]
[23,"Marek Pechar",{"$f":"VLOOKUP(B35,Pilot!A:C,3,0)","v":"Chrudim"},{"$f":"VLOOKUP(B35,Pilot!A:C,2,0)","v":1995},{"$f":"VLOOKUP(B35,Pilot!A:E,5,0)","v":"M"},{"$f":"VLOOKUP(B35,Pilot!A:F,6,0)","v":"Junior v roce 2020"},23,null,1,{"$f":"IF(COUNTIF('N PMČR 2020'!B:B,B35)=0,\"-\",COUNTIF('N PMČR 2020'!B:B,B35))","v":"-"},{"$f":"IF(ISERROR(VLOOKUP(B35,'N PMČR 2020'!B:G,6,0)),\"-\",VLOOKUP(B35,'N PMČR 2020'!B:G,6,0))","v":"-"},{"$f":"IF(COUNTIF('N PMRg 2020'!B:B,B35)=0,\"-\",COUNTIF('N PMRg 2020'!B:B,B35))","v":"-"},{"$f":"IF(ISERROR(VLOOKUP(B35,'N PMRg 2020'!B:G,6,0)),\"-\",VLOOKUP(B35,'N PMRg 2020'!B:G,6,0))","v":"-"}]
[24,"Ivan Harasta 98",{"$f":"VLOOKUP(B36,Pilot!A:C,3,0)","v":"Toužim"},{"$f":"VLOOKUP(B36,Pilot!A:C,2,0)","v":1998},{"$f":"VLOOKUP(B36,Pilot!A:E,5,0)","v":"M"},{"$f":"VLOOKUP(B36,Pilot!A:F,6,0)","v":"Junior v roce 2020"},{"$f":"A36","v":24},null,1,{"$f":"IF(COUNTIF('N PMČR 2020'!B:B,B36)=0,\"-\",COUNTIF('N PMČR 2020'!B:B,B36))","v":"-"},{"$f":"IF(ISERROR(VLOOKUP(B36,'N PMČR 2020'!B:G,6,0)),\"-\",VLOOKUP(B36,'N PMČR 2020'!B:G,6,0))","v":"-"},{"$f":"IF(COUNTIF('N PMRg 2020'!B:B,B36)=0,\"-\",COUNTIF('N PMRg 2020'!B:B,B36))","v":"-"},{"$f":"IF(ISERROR(VLOOKUP(B36,'N PMRg 2020'!B:G,6,0)),\"-\",VLOOKUP(B36,'N PMRg 2020'!B:G,6,0))","v":"-"}]
[25,"Jakub Malik",{"$f":"VLOOKUP(B37,Pilot!A:C,3,0)","v":"Letňany"},{"$f":"VLOOKUP(B37,Pilot!A:C,2,0)","v":1999},{"$f":"VLOOKUP(B37,Pilot!A:E,5,0)","v":"M"},{"$f":"VLOOKUP(B37,Pilot!A:F,6,0)","v":"Junior v roce 2020"},25,null,1,{"$f":"IF(COUNTIF('N PMČR 2020'!B:B,B37)=0,\"-\",COUNTIF('N PMČR 2020'!B:B,B37))","v":"-"},{"$f":"IF(ISERROR(VLOOKUP(B37,'N PMČR 2020'!B:G,6,0)),\"-\",VLOOKUP(B37,'N PMČR 2020'!B:G,6,0))","v":"-"},{"$f":"IF(COUNTIF('N PMRg 2020'!B:B,B37)=0,\"-\",COUNTIF('N PMRg 2020'!B:B,B37))","v":"-"},{"$f":"IF(ISERROR(VLOOKUP(B37,'N PMRg 2020'!B:G,6,0)),\"-\",VLOOKUP(B37,'N PMRg 2020'!B:G,6,0))","v":"-"}]
[26,"Vit Tvrdik",{"$f":"VLOOKUP(B38,Pilot!A:C,3,0)","v":"Letňany"},{"$f":"VLOOKUP(B38,Pilot!A:C,2,0)","v":2000},{"$f":"VLOOKUP(B38,Pilot!A:E,5,0)","v":"M"},{"$f":"VLOOKUP(B38,Pilot!A:F,6,0)","v":"Junior v roce 2020"},26,null,1,{"$f":"IF(COUNTIF('N PMČR 2020'!B:B,B38)=0,\"-\",COUNTIF('N PMČR 2020'!B:B,B38))","v":"-"},{"$f":"IF(ISERROR(VLOOKUP(B38,'N PMČR 2020'!B:G,6,0)),\"-\",VLOOKUP(B38,'N PMČR 2020'!B:G,6,0))","v":"-"},{"$f":"IF(COUNTIF('N PMRg 2020'!B:B,B38)=0,\"-\",COUNTIF('N PMRg 2020'!B:B,B38))","v":"-"},{"$f":"IF(ISERROR(VLOOKUP(B38,'N PMRg 2020'!B:G,6,0)),\"-\",VLOOKUP(B38,'N PMRg 2020'!B:G,6,0))","v":"-"}]
[27,"Marek Simon",{"$f":"VLOOKUP(B39,Pilot!A:C,3,0)","v":"Kralupy"},{"$f":"VLOOKUP(B39,Pilot!A:C,2,0)","v":1998},{"$f":"VLOOKUP(B39,Pilot!A:E,5,0)","v":"M"},{"$f":"VLOOKUP(B39,Pilot!A:F,6,0)","v":"Junior v roce 2020"},27,null,1,{"$f":"IF(COUNTIF('N PMČR 2020'!B:B,B39)=0,\"-\",COUNTIF('N PMČR 2020'!B:B,B39))","v":"-"},{"$f":"IF(ISERROR(VLOOKUP(B39,'N PMČR 2020'!B:G,6,0)),\"-\",VLOOKUP(B39,'N PMČR 2020'!B:G,6,0))","v":"-"},{"$f":"IF(COUNTIF('N PMRg 2020'!B:B,B39)=0,\"-\",COUNTIF('N PMRg 2020'!B:B,B39))","v":"-"},{"$f":"IF(ISERROR(VLOOKUP(B39,'N PMRg 2020'!B:G,6,0)),\"-\",VLOOKUP(B39,'N PMRg 2020'!B:G,6,0))","v":"-"}]
[28,"Jakub Koudelka",{"$f":"VLOOKUP(B40,Pilot!A:C,3,0)","v":"Křižanov"},{"$f":"VLOOKUP(B40,Pilot!A:C,2,0)","v":2000},{"$f":"VLOOKUP(B40,Pilot!A:E,5,0)","v":"M"},{"$f":"VLOOKUP(B40,Pilot!A:F,6,0)","v":"Junior v roce 2020"},28,null,1,{"$f":"IF(COUNTIF('N PMČR 2020'!B:B,B40)=0,\"-\",COUNTIF('N PMČR 2020'!B:B,B40))","v":"-"},{"$f":"IF(ISERROR(VLOOKUP(B40,'N PMČR 2020'!B:G,6,0)),\"-\",VLOOKUP(B40,'N PMČR 2020'!B:G,6,0))","v":"-"},{"$f":"IF(COUNTIF('N PMRg 2020'!B:B,B40)=0,\"-\",COUNTIF('N PMRg 2020'!B:B,B40))","v":"-"},{"$f":"IF(ISERROR(VLOOKUP(B40,'N PMRg 2020'!B:G,6,0)),\"-\",VLOOKUP(B40,'N PMRg 2020'!B:G,6,0))","v":"-"}]
[29,"Filip Vita",{"$f":"VLOOKUP(B41,Pilot!A:C,3,0)","v":"Kroměříž"},{"$f":"VLOOKUP(B41,Pilot!A:C,2,0)","v":2001},{"$f":"VLOOKUP(B41,Pilot!A:E,5,0)","v":"M"},{"$f":"VLOOKUP(B41,Pilot!A:F,6,0)","v":"Junior v roce 2020"},29,null,1,{"$f":"IF(COUNTIF('N PMČR 2020'!B:B,B41)=0,\"-\",COUNTIF('N PMČR 2020'!B:B,B41))","v":"-"},{"$f":"IF(ISERROR(VLOOKUP(B41,'N PMČR 2020'!B:G,6,0)),\"-\",VLOOKUP(B41,'N PMČR 2020'!B:G,6,0))","v":"-"},{"$f":"IF(COUNTIF('N PMRg 2020'!B:B,B41)=0,\"-\",COUNTIF('N PMRg 2020'!B:B,B41))","v":"-"},{"$f":"IF(ISERROR(VLOOKUP(B41,'N PMRg 2020'!B:G,6,0)),\"-\",VLOOKUP(B41,'N PMRg 2020'!B:G,6,0))","v":"-"}]
[30,"Sabina Vitova",{"$f":"VLOOKUP(B42,Pilot!A:C,3,0)","v":"Kroměříž"},{"$f":"VLOOKUP(B42,Pilot!A:C,2,0)","v":1998},{"$f":"VLOOKUP(B42,Pilot!A:E,5,0)","v":"F"},{"$f":"VLOOKUP(B42,Pilot!A:F,6,0)","v":"Junior v roce 2020"},30,null,1,{"$f":"IF(COUNTIF('N PMČR 2020'!B:B,B42)=0,\"-\",COUNTIF('N PMČR 2020'!B:B,B42))","v":"-"},{"$f":"IF(ISERROR(VLOOKUP(B42,'N PMČR 2020'!B:G,6,0)),\"-\",VLOOKUP(B42,'N PMČR 2020'!B:G,6,0))","v":"-"},{"$f":"IF(COUNTIF('N PMRg 2020'!B:B,B42)=0,\"-\",COUNTIF('N PMRg 2020'!B:B,B42))","v":"-"},{"$f":"IF(ISERROR(VLOOKUP(B42,'N PMRg 2020'!B:G,6,0)),\"-\",VLOOKUP(B42,'N PMRg 2020'!B:G,6,0))","v":"-"}]
[31,"Jan Camr",{"$f":"VLOOKUP(B43,Pilot!A:C,3,0)","v":"Jaroměř"},{"$f":"VLOOKUP(B43,Pilot!A:C,2,0)","v":2002},{"$f":"VLOOKUP(B43,Pilot!A:E,5,0)","v":"M"},{"$f":"VLOOKUP(B43,Pilot!A:F,6,0)","v":"Junior v roce 2020"},{"$f":"A43","v":31},null,1,{"$f":"IF(COUNTIF('N PMČR 2020'!B:B,B43)=0,\"-\",COUNTIF('N PMČR 2020'!B:B,B43))","v":"-"},{"$f":"IF(ISERROR(VLOOKUP(B43,'N PMČR 2020'!B:G,6,0)),\"-\",VLOOKUP(B43,'N PMČR 2020'!B:G,6,0))","v":"-"},{"$f":"IF(COUNTIF('N PMRg 2020'!B:B,B43)=0,\"-\",COUNTIF('N PMRg 2020'!B:B,B43))","v":"-"},{"$f":"IF(ISERROR(VLOOKUP(B43,'N PMRg 2020'!B:G,6,0)),\"-\",VLOOKUP(B43,'N PMRg 2020'!B:G,6,0))","v":"-"}]
[32,"Tereza Jirsakova",{"$f":"VLOOKUP(B44,Pilot!A:C,3,0)","v":"Hronov"},{"$f":"VLOOKUP(B44,Pilot!A:C,2,0)","v":1997},{"$f":"VLOOKUP(B44,Pilot!A:E,5,0)","v":"F"},{"$f":"VLOOKUP(B44,Pilot!A:F,6,0)","v":"Junior v roce 2020"},32,null,1,{"$f":"IF(COUNTIF('N PMČR 2020'!B:B,B44)=0,\"-\",COUNTIF('N PMČR 2020'!B:B,B44))","v":"-"},{"$f":"IF(ISERROR(VLOOKUP(B44,'N PMČR 2020'!B:G,6,0)),\"-\",VLOOKUP(B44,'N PMČR 2020'!B:G,6,0))","v":"-"},{"$f":"IF(COUNTIF('N PMRg 2020'!B:B,B44)=0,\"-\",COUNTIF('N PMRg 2020'!B:B,B44))","v":"-"},{"$f":"IF(ISERROR(VLOOKUP(B44,'N PMRg 2020'!B:G,6,0)),\"-\",VLOOKUP(B44,'N PMRg 2020'!B:G,6,0))","v":"-"}]
[33,"Michal Vrana",{"$f":"VLOOKUP(B45,Pilot!A:C,3,0)","v":"Vyškov"},{"$f":"VLOOKUP(B45,Pilot!A:C,2,0)","v":1999},{"$f":"VLOOKUP(B45,Pilot!A:E,5,0)","v":"M"},{"$f":"VLOOKUP(B45,Pilot!A:F,6,0)","v":"Junior v roce 2020"},33,null,1,{"$f":"IF(COUNTIF('N PMČR 2020'!B:B,B45)=0,\"-\",COUNTIF('N PMČR 2020'!B:B,B45))","v":"-"},{"$f":"IF(ISERROR(VLOOKUP(B45,'N PMČR 2020'!B:G,6,0)),\"-\",VLOOKUP(B45,'N PMČR 2020'!B:G,6,0))","v":"-"},{"$f":"IF(COUNTIF('N PMRg 2020'!B:B,B45)=0,\"-\",COUNTIF('N PMRg 2020'!B:B,B45))","v":"-"},{"$f":"IF(ISERROR(VLOOKUP(B45,'N PMRg 2020'!B:G,6,0)),\"-\",VLOOKUP(B45,'N PMRg 2020'!B:G,6,0))","v":"-"}]
[34,"Daniel Suchy",{"$f":"VLOOKUP(B46,Pilot!A:C,3,0)","v":"Hranice"},{"$f":"VLOOKUP(B46,Pilot!A:C,2,0)","v":1995},{"$f":"VLOOKUP(B46,Pilot!A:E,5,0)","v":"M"},{"$f":"VLOOKUP(B46,Pilot!A:F,6,0)","v":"Junior v roce 2020"},34,null,1,{"$f":"IF(COUNTIF('N PMČR 2020'!B:B,B46)=0,\"-\",COUNTIF('N PMČR 2020'!B:B,B46))","v":"-"},{"$f":"IF(ISERROR(VLOOKUP(B46,'N PMČR 2020'!B:G,6,0)),\"-\",VLOOKUP(B46,'N PMČR 2020'!B:G,6,0))","v":"-"},{"$f":"IF(COUNTIF('N PMRg 2020'!B:B,B46)=0,\"-\",COUNTIF('N PMRg 2020'!B:B,B46))","v":"-"},{"$f":"IF(ISERROR(VLOOKUP(B46,'N PMRg 2020'!B:G,6,0)),\"-\",VLOOKUP(B46,'N PMRg 2020'!B:G,6,0))","v":"-"}]
[35,"Petr Gebauer",{"$f":"VLOOKUP(B47,Pilot!A:C,3,0)","v":"Mladá Boleslav"},{"$f":"VLOOKUP(B47,Pilot!A:C,2,0)","v":1999},{"$f":"VLOOKUP(B47,Pilot!A:E,5,0)","v":"M"},{"$f":"VLOOKUP(B47,Pilot!A:F,6,0)","v":"Junior v roce 2020"},{"$f":"A47","v":35},null,1,{"$f":"IF(COUNTIF('N PMČR 2020'!B:B,B47)=0,\"-\",COUNTIF('N PMČR 2020'!B:B,B47))","v":"-"},{"$f":"IF(ISERROR(VLOOKUP(B47,'N PMČR 2020'!B:G,6,0)),\"-\",VLOOKUP(B47,'N PMČR 2020'!B:G,6,0))","v":"-"},{"$f":"IF(COUNTIF('N PMRg 2020'!B:B,B47)=0,\"-\",COUNTIF('N PMRg 2020'!B:B,B47))","v":"-"},{"$f":"IF(ISERROR(VLOOKUP(B47,'N PMRg 2020'!B:G,6,0)),\"-\",VLOOKUP(B47,'N PMRg 2020'!B:G,6,0))","v":"-"}]
[36,"Tomas Jakoubek",{"$f":"VLOOKUP(B48,Pilot!A:C,3,0)","v":"Hronov"},{"$f":"VLOOKUP(B48,Pilot!A:C,2,0)","v":2000},{"$f":"VLOOKUP(B48,Pilot!A:E,5,0)","v":"M"},{"$f":"VLOOKUP(B48,Pilot!A:F,6,0)","v":"Junior v roce 2020"},{"$f":"A48","v":36},null,1,{"$f":"IF(COUNTIF('N PMČR 2020'!B:B,B48)=0,\"-\",COUNTIF('N PMČR 2020'!B:B,B48))","v":"-"},{"$f":"IF(ISERROR(VLOOKUP(B48,'N PMČR 2020'!B:G,6,0)),\"-\",VLOOKUP(B48,'N PMČR 2020'!B:G,6,0))","v":"-"},{"$f":"IF(COUNTIF('N PMRg 2020'!B:B,B48)=0,\"-\",COUNTIF('N PMRg 2020'!B:B,B48))","v":"-"},{"$f":"IF(ISERROR(VLOOKUP(B48,'N PMRg 2020'!B:G,6,0)),\"-\",VLOOKUP(B48,'N PMRg 2020'!B:G,6,0))","v":"-"}]
[37,"Michaela Rendlova",{"$f":"VLOOKUP(B49,Pilot!A:C,3,0)","v":"Zbraslavice"},{"$f":"VLOOKUP(B49,Pilot!A:C,2,0)","v":2004},{"$f":"VLOOKUP(B49,Pilot!A:E,5,0)","v":"F"},{"$f":"VLOOKUP(B49,Pilot!A:F,6,0)","v":"Junior v roce 2020"},{"$f":"A49","v":37},null,1,{"$f":"IF(COUNTIF('N PMČR 2020'!B:B,B49)=0,\"-\",COUNTIF('N PMČR 2020'!B:B,B49))","v":"-"},{"$f":"IF(ISERROR(VLOOKUP(B49,'N PMČR 2020'!B:G,6,0)),\"-\",VLOOKUP(B49,'N PMČR 2020'!B:G,6,0))","v":"-"},{"$f":"IF(COUNTIF('N PMRg 2020'!B:B,B49)=0,\"-\",COUNTIF('N PMRg 2020'!B:B,B49))","v":"-"},{"$f":"IF(ISERROR(VLOOKUP(B49,'N PMRg 2020'!B:G,6,0)),\"-\",VLOOKUP(B49,'N PMRg 2020'!B:G,6,0))","v":"-"}]
[38,"Jakub Spanger",{"$f":"VLOOKUP(B50,Pilot!A:C,3,0)","v":"Jeseník"},{"$f":"VLOOKUP(B50,Pilot!A:C,2,0)","v":2002},{"$f":"VLOOKUP(B50,Pilot!A:E,5,0)","v":"M"},{"$f":"VLOOKUP(B50,Pilot!A:F,6,0)","v":"Junior v roce 2020"},{"$f":"A50","v":38},null,{"$f":"COUNTIF(B:B,B50)","v":1},{"$f":"IF(COUNTIF('N PMČR 2020'!B:B,B50)=0,\"-\",COUNTIF('N PMČR 2020'!B:B,B50))","v":"-"},{"$f":"IF(ISERROR(VLOOKUP(B50,'N PMČR 2020'!B:G,6,0)),\"-\",VLOOKUP(B50,'N PMČR 2020'!B:G,6,0))","v":"-"},{"$f":"IF(COUNTIF('N PMRg 2020'!B:B,B50)=0,\"-\",COUNTIF('N PMRg 2020'!B:B,B50))","v":"-"},{"$f":"IF(ISERROR(VLOOKUP(B50,'N PMRg 2020'!B:G,6,0)),\"-\",VLOOKUP(B50,'N PMRg 2020'!B:G,6,0))","v":"-"}]
[39,"Lukas Zeman",{"$f":"VLOOKUP(B51,Pilot!A:C,3,0)","v":"Rakovník"},{"$f":"VLOOKUP(B51,Pilot!A:C,2,0)","v":2000},{"$f":"VLOOKUP(B51,Pilot!A:E,5,0)","v":"M"},{"$f":"VLOOKUP(B51,Pilot!A:F,6,0)","v":"Junior v roce 2020"},39,null,1,{"$f":"IF(COUNTIF('N PMČR 2020'!B:B,B51)=0,\"-\",COUNTIF('N PMČR 2020'!B:B,B51))","v":"-"},{"$f":"IF(ISERROR(VLOOKUP(B51,'N PMČR 2020'!B:G,6,0)),\"-\",VLOOKUP(B51,'N PMČR 2020'!B:G,6,0))","v":"-"},{"$f":"IF(COUNTIF('N PMRg 2020'!B:B,B51)=0,\"-\",COUNTIF('N PMRg 2020'!B:B,B51))","v":"-"},{"$f":"IF(ISERROR(VLOOKUP(B51,'N PMRg 2020'!B:G,6,0)),\"-\",VLOOKUP(B51,'N PMRg 2020'!B:G,6,0))","v":"-"}]
[40,"Eliska Bohunovska",{"$f":"VLOOKUP(B52,Pilot!A:C,3,0)","v":"Hranice"},{"$f":"VLOOKUP(B52,Pilot!A:C,2,0)","v":2001},{"$f":"VLOOKUP(B52,Pilot!A:E,5,0)","v":"F"},{"$f":"VLOOKUP(B52,Pilot!A:F,6,0)","v":"Junior v roce 2020"},40,null,1,{"$f":"IF(COUNTIF('N PMČR 2020'!B:B,B52)=0,\"-\",COUNTIF('N PMČR 2020'!B:B,B52))","v":"-"},{"$f":"IF(ISERROR(VLOOKUP(B52,'N PMČR 2020'!B:G,6,0)),\"-\",VLOOKUP(B52,'N PMČR 2020'!B:G,6,0))","v":"-"},{"$f":"IF(COUNTIF('N PMRg 2020'!B:B,B52)=0,\"-\",COUNTIF('N PMRg 2020'!B:B,B52))","v":"-"},{"$f":"IF(ISERROR(VLOOKUP(B52,'N PMRg 2020'!B:G,6,0)),\"-\",VLOOKUP(B52,'N PMRg 2020'!B:G,6,0))","v":"-"}]
["N1","Stanislava Zemlickova",{"$f":"VLOOKUP(B53,Pilot!A:C,3,0)","v":"Vyškov"},{"$f":"VLOOKUP(B53,Pilot!A:C,2,0)","v":2000},{"$f":"VLOOKUP(B53,Pilot!A:E,5,0)","v":"F"},{"$f":"VLOOKUP(B53,Pilot!A:F,6,0)","v":"Junior v roce 2020"},"N1",null,{"$f":"COUNTIF(B:B,B53)","v":1},{"$f":"IF(COUNTIF('N PMČR 2020'!B:B,B53)=0,\"-\",COUNTIF('N PMČR 2020'!B:B,B53))","v":"-"},{"$f":"IF(ISERROR(VLOOKUP(B53,'N PMČR 2020'!B:G,6,0)),\"-\",VLOOKUP(B53,'N PMČR 2020'!B:G,6,0))","v":"-"},{"$f":"IF(COUNTIF('N PMRg 2020'!B:B,B53)=0,\"-\",COUNTIF('N PMRg 2020'!B:B,B53))","v":"-"},{"$f":"IF(ISERROR(VLOOKUP(B53,'N PMRg 2020'!B:G,6,0)),\"-\",VLOOKUP(B53,'N PMRg 2020'!B:G,6,0))","v":"-"}]
["N2","Zuzana Markesova",{"$f":"VLOOKUP(B54,Pilot!A:C,3,0)","v":"Medlánky"},{"$f":"VLOOKUP(B54,Pilot!A:C,2,0)","v":2001},{"$f":"VLOOKUP(B54,Pilot!A:E,5,0)","v":"F"},{"$f":"VLOOKUP(B54,Pilot!A:F,6,0)","v":"Junior v roce 2020"},"N2",null,{"$f":"COUNTIF(B:B,B54)","v":1},{"$f":"IF(COUNTIF('N PMČR 2020'!B:B,B54)=0,\"-\",COUNTIF('N PMČR 2020'!B:B,B54))","v":"-"},{"$f":"IF(ISERROR(VLOOKUP(B54,'N PMČR 2020'!B:G,6,0)),\"-\",VLOOKUP(B54,'N PMČR 2020'!B:G,6,0))","v":"-"},{"$f":"IF(COUNTIF('N PMRg 2020'!B:B,B54)=0,\"-\",COUNTIF('N PMRg 2020'!B:B,B54))","v":"-"},{"$f":"IF(ISERROR(VLOOKUP(B54,'N PMRg 2020'!B:G,6,0)),\"-\",VLOOKUP(B54,'N PMRg 2020'!B:G,6,0))","v":"-"}]
["N3","Jiri Jirmus",{"$f":"VLOOKUP(B55,Pilot!A:C,3,0)","v":"Tábor"},{"$f":"VLOOKUP(B55,Pilot!A:C,2,0)","v":2003},{"$f":"VLOOKUP(B55,Pilot!A:E,5,0)","v":"M"},{"$f":"VLOOKUP(B55,Pilot!A:F,6,0)","v":"Junior v roce 2020"},"N3",null,{"$f":"COUNTIF(B:B,B55)","v":1},{"$f":"IF(COUNTIF('N PMČR 2020'!B:B,B55)=0,\"-\",COUNTIF('N PMČR 2020'!B:B,B55))","v":"-"},{"$f":"IF(ISERROR(VLOOKUP(B55,'N PMČR 2020'!B:G,6,0)),\"-\",VLOOKUP(B55,'N PMČR 2020'!B:G,6,0))","v":"-"},{"$f":"IF(COUNTIF('N PMRg 2020'!B:B,B55)=0,\"-\",COUNTIF('N PMRg 2020'!B:B,B55))","v":"-"},{"$f":"IF(ISERROR(VLOOKUP(B55,'N PMRg 2020'!B:G,6,0)),\"-\",VLOOKUP(B55,'N PMRg 2020'!B:G,6,0))","v":"-"}]
["N4","Jan Drbohlav",{"$f":"VLOOKUP(B56,Pilot!A:C,3,0)","v":"Hodkovice"},{"$f":"VLOOKUP(B56,Pilot!A:C,2,0)","v":1999},{"$f":"VLOOKUP(B56,Pilot!A:E,5,0)","v":"M"},{"$f":"VLOOKUP(B56,Pilot!A:F,6,0)","v":"Junior v roce 2020"},"N4",null,{"$f":"COUNTIF(B:B,B56)","v":1},{"$f":"IF(COUNTIF('N PMČR 2020'!B:B,B56)=0,\"-\",COUNTIF('N PMČR 2020'!B:B,B56))","v":"-"},{"$f":"IF(ISERROR(VLOOKUP(B56,'N PMČR 2020'!B:G,6,0)),\"-\",VLOOKUP(B56,'N PMČR 2020'!B:G,6,0))","v":"-"},{"$f":"IF(COUNTIF('N PMRg 2020'!B:B,B56)=0,\"-\",COUNTIF('N PMRg 2020'!B:B,B56))","v":"-"},{"$f":"IF(ISERROR(VLOOKUP(B56,'N PMRg 2020'!B:G,6,0)),\"-\",VLOOKUP(B56,'N PMRg 2020'!B:G,6,0))","v":"-"}]
["N5","Jan Karabec",{"$f":"VLOOKUP(B57,Pilot!A:C,3,0)","v":"Podhořany"},{"$f":"VLOOKUP(B57,Pilot!A:C,2,0)","v":2000},{"$f":"VLOOKUP(B57,Pilot!A:E,5,0)","v":"M"},{"$f":"VLOOKUP(B57,Pilot!A:F,6,0)","v":"Junior v roce 2020"},"N5",null,{"$f":"COUNTIF(B:B,B57)","v":1},{"$f":"IF(COUNTIF('N PMČR 2020'!B:B,B57)=0,\"-\",COUNTIF('N PMČR 2020'!B:B,B57))","v":"-"},{"$f":"IF(ISERROR(VLOOKUP(B57,'N PMČR 2020'!B:G,6,0)),\"-\",VLOOKUP(B57,'N PMČR 2020'!B:G,6,0))","v":"-"},{"$f":"IF(COUNTIF('N PMRg 2020'!B:B,B57)=0,\"-\",COUNTIF('N PMRg 2020'!B:B,B57))","v":"-"},{"$f":"IF(ISERROR(VLOOKUP(B57,'N PMRg 2020'!B:G,6,0)),\"-\",VLOOKUP(B57,'N PMRg 2020'!B:G,6,0))","v":"-"}]
["6.7.5.5.","akademici, kteří nesplňují statut juniora, mají na PMČRj rezervováno 5 soutěžních míst nad rámec nominace stanovené bodem 6.7.5.4."]
["-","-",{"$f":"VLOOKUP(B59,Pilot!A:C,3,0)","v":" "},{"$f":"VLOOKUP(B59,Pilot!A:C,2,0)","v":" "},{"$f":"VLOOKUP(B59,Pilot!A:E,5,0)","v":" "},{"$f":"VLOOKUP(B59,Pilot!A:F,6,0)","v":" "},{"$f":"A59","v":"-"},null,{"$f":"COUNTIF(B:B,B59)","v":10},{"$f":"IF(COUNTIF('N PMČR 2020'!B:B,B59)=0,\"-\",COUNTIF('N PMČR 2020'!B:B,B59))","v":13},{"$f":"IF(ISERROR(VLOOKUP(B59,'N PMČR 2020'!B:G,6,0)),\"-\",VLOOKUP(B59,'N PMČR 2020'!B:G,6,0))","v":"N5"},{"$f":"IF(COUNTIF('N PMRg 2020'!B:B,B59)=0,\"-\",COUNTIF('N PMRg 2020'!B:B,B59))","v":6},{"$f":"IF(ISERROR(VLOOKUP(B59,'N PMRg 2020'!B:G,6,0)),\"-\",VLOOKUP(B59,'N PMRg 2020'!B:G,6,0))","v":"-"}]
["-","-",{"$f":"VLOOKUP(B60,Pilot!A:C,3,0)","v":" "},{"$f":"VLOOKUP(B60,Pilot!A:C,2,0)","v":" "},{"$f":"VLOOKUP(B60,Pilot!A:E,5,0)","v":" "},{"$f":"VLOOKUP(B60,Pilot!A:F,6,0)","v":" "},{"$f":"A60","v":"-"},null,{"$f":"COUNTIF(B:B,B60)","v":10},{"$f":"IF(COUNTIF('N PMČR 2020'!B:B,B60)=0,\"-\",COUNTIF('N PMČR 2020'!B:B,B60))","v":13},{"$f":"IF(ISERROR(VLOOKUP(B60,'N PMČR 2020'!B:G,6,0)),\"-\",VLOOKUP(B60,'N PMČR 2020'!B:G,6,0))","v":"N5"},{"$f":"IF(COUNTIF('N PMRg 2020'!B:B,B60)=0,\"-\",COUNTIF('N PMRg 2020'!B:B,B60))","v":6},{"$f":"IF(ISERROR(VLOOKUP(B60,'N PMRg 2020'!B:G,6,0)),\"-\",VLOOKUP(B60,'N PMRg 2020'!B:G,6,0))","v":"-"}]
["-","-",{"$f":"VLOOKUP(B61,Pilot!A:C,3,0)","v":" "},{"$f":"VLOOKUP(B61,Pilot!A:C,2,0)","v":" "},{"$f":"VLOOKUP(B61,Pilot!A:E,5,0)","v":" "},{"$f":"VLOOKUP(B61,Pilot!A:F,6,0)","v":" "},{"$f":"A61","v":"-"},null,{"$f":"COUNTIF(B:B,B61)","v":10},{"$f":"IF(COUNTIF('N PMČR 2020'!B:B,B61)=0,\"-\",COUNTIF('N PMČR 2020'!B:B,B61))","v":13},{"$f":"IF(ISERROR(VLOOKUP(B61,'N PMČR 2020'!B:G,6,0)),\"-\",VLOOKUP(B61,'N PMČR 2020'!B:G,6,0))","v":"N5"},{"$f":"IF(COUNTIF('N PMRg 2020'!B:B,B61)=0,\"-\",COUNTIF('N PMRg 2020'!B:B,B61))","v":6},{"$f":"IF(ISERROR(VLOOKUP(B61,'N PMRg 2020'!B:G,6,0)),\"-\",VLOOKUP(B61,'N PMRg 2020'!B:G,6,0))","v":"-"}]
["-","-",{"$f":"VLOOKUP(B62,Pilot!A:C,3,0)","v":" "},{"$f":"VLOOKUP(B62,Pilot!A:C,2,0)","v":" "},{"$f":"VLOOKUP(B62,Pilot!A:E,5,0)","v":" "},{"$f":"VLOOKUP(B62,Pilot!A:F,6,0)","v":" "},{"$f":"A62","v":"-"},null,{"$f":"COUNTIF(B:B,B62)","v":10},{"$f":"IF(COUNTIF('N PMČR 2020'!B:B,B62)=0,\"-\",COUNTIF('N PMČR 2020'!B:B,B62))","v":13},{"$f":"IF(ISERROR(VLOOKUP(B62,'N PMČR 2020'!B:G,6,0)),\"-\",VLOOKUP(B62,'N PMČR 2020'!B:G,6,0))","v":"N5"},{"$f":"IF(COUNTIF('N PMRg 2020'!B:B,B62)=0,\"-\",COUNTIF('N PMRg 2020'!B:B,B62))","v":6},{"$f":"IF(ISERROR(VLOOKUP(B62,'N PMRg 2020'!B:G,6,0)),\"-\",VLOOKUP(B62,'N PMRg 2020'!B:G,6,0))","v":"-"}]
["-","-",{"$f":"VLOOKUP(B63,Pilot!A:C,3,0)","v":" "},{"$f":"VLOOKUP(B63,Pilot!A:C,2,0)","v":" "},{"$f":"VLOOKUP(B63,Pilot!A:E,5,0)","v":" "},{"$f":"VLOOKUP(B63,Pilot!A:F,6,0)","v":" "},{"$f":"A63","v":"-"},null,{"$f":"COUNTIF(B:B,B63)","v":10},{"$f":"IF(COUNTIF('N PMČR 2020'!B:B,B63)=0,\"-\",COUNTIF('N PMČR 2020'!B:B,B63))","v":13},{"$f":"IF(ISERROR(VLOOKUP(B63,'N PMČR 2020'!B:G,6,0)),\"-\",VLOOKUP(B63,'N PMČR 2020'!B:G,6,0))","v":"N5"},{"$f":"IF(COUNTIF('N PMRg 2020'!B:B,B63)=0,\"-\",COUNTIF('N PMRg 2020'!B:B,B63))","v":6},{"$f":"IF(ISERROR(VLOOKUP(B63,'N PMRg 2020'!B:G,6,0)),\"-\",VLOOKUP(B63,'N PMRg 2020'!B:G,6,0))","v":"-"}]
["6.7.5.6.","další soutěžící může navrhnout PK podle jiných kritérií dle odstavce 9. SŘ"]
["-","-",{"$f":"VLOOKUP(B65,Pilot!A:C,3,0)","v":" "},{"$f":"VLOOKUP(B65,Pilot!A:C,2,0)","v":" "},{"$f":"VLOOKUP(B65,Pilot!A:E,5,0)","v":" "},{"$f":"VLOOKUP(B65,Pilot!A:F,6,0)","v":" "},{"$f":"A65","v":"-"},null,{"$f":"COUNTIF(B:B,B65)","v":10},{"$f":"IF(COUNTIF('N PMČR 2020'!B:B,B65)=0,\"-\",COUNTIF('N PMČR 2020'!B:B,B65))","v":13},{"$f":"IF(ISERROR(VLOOKUP(B65,'N PMČR 2020'!B:G,6,0)),\"-\",VLOOKUP(B65,'N PMČR 2020'!B:G,6,0))","v":"N5"},{"$f":"IF(COUNTIF('N PMRg 2020'!B:B,B65)=0,\"-\",COUNTIF('N PMRg 2020'!B:B,B65))","v":6},{"$f":"IF(ISERROR(VLOOKUP(B65,'N PMRg 2020'!B:G,6,0)),\"-\",VLOOKUP(B65,'N PMRg 2020'!B:G,6,0))","v":"-"}]
["-","-",{"$f":"VLOOKUP(B66,Pilot!A:C,3,0)","v":" "},{"$f":"VLOOKUP(B66,Pilot!A:C,2,0)","v":" "},{"$f":"VLOOKUP(B66,Pilot!A:E,5,0)","v":" "},{"$f":"VLOOKUP(B66,Pilot!A:F,6,0)","v":" "},{"$f":"A66","v":"-"},null,{"$f":"COUNTIF(B:B,B66)","v":10},{"$f":"IF(COUNTIF('N PMČR 2020'!B:B,B66)=0,\"-\",COUNTIF('N PMČR 2020'!B:B,B66))","v":13},{"$f":"IF(ISERROR(VLOOKUP(B66,'N PMČR 2020'!B:G,6,0)),\"-\",VLOOKUP(B66,'N PMČR 2020'!B:G,6,0))","v":"N5"},{"$f":"IF(COUNTIF('N PMRg 2020'!B:B,B66)=0,\"-\",COUNTIF('N PMRg 2020'!B:B,B66))","v":6},{"$f":"IF(ISERROR(VLOOKUP(B66,'N PMRg 2020'!B:G,6,0)),\"-\",VLOOKUP(B66,'N PMRg 2020'!B:G,6,0))","v":"-"}]
["-","-",{"$f":"VLOOKUP(B67,Pilot!A:C,3,0)","v":" "},{"$f":"VLOOKUP(B67,Pilot!A:C,2,0)","v":" "},{"$f":"VLOOKUP(B67,Pilot!A:E,5,0)","v":" "},{"$f":"VLOOKUP(B67,Pilot!A:F,6,0)","v":" "},{"$f":"A67","v":"-"},null,{"$f":"COUNTIF(B:B,B67)","v":10},{"$f":"IF(COUNTIF('N PMČR 2020'!B:B,B67)=0,\"-\",COUNTIF('N PMČR 2020'!B:B,B67))","v":13},{"$f":"IF(ISERROR(VLOOKUP(B67,'N PMČR 2020'!B:G,6,0)),\"-\",VLOOKUP(B67,'N PMČR 2020'!B:G,6,0))","v":"N5"},{"$f":"IF(COUNTIF('N PMRg 2020'!B:B,B67)=0,\"-\",COUNTIF('N PMRg 2020'!B:B,B67))","v":6},{"$f":"IF(ISERROR(VLOOKUP(B67,'N PMRg 2020'!B:G,6,0)),\"-\",VLOOKUP(B67,'N PMRg 2020'!B:G,6,0))","v":"-"}]
["-","-",{"$f":"VLOOKUP(B68,Pilot!A:C,3,0)","v":" "},{"$f":"VLOOKUP(B68,Pilot!A:C,2,0)","v":" "},{"$f":"VLOOKUP(B68,Pilot!A:E,5,0)","v":" "},{"$f":"VLOOKUP(B68,Pilot!A:F,6,0)","v":" "},{"$f":"A68","v":"-"},null,{"$f":"COUNTIF(B:B,B68)","v":10},{"$f":"IF(COUNTIF('N PMČR 2020'!B:B,B68)=0,\"-\",COUNTIF('N PMČR 2020'!B:B,B68))","v":13},{"$f":"IF(ISERROR(VLOOKUP(B68,'N PMČR 2020'!B:G,6,0)),\"-\",VLOOKUP(B68,'N PMČR 2020'!B:G,6,0))","v":"N5"},{"$f":"IF(COUNTIF('N PMRg 2020'!B:B,B68)=0,\"-\",COUNTIF('N PMRg 2020'!B:B,B68))","v":6},{"$f":"IF(ISERROR(VLOOKUP(B68,'N PMRg 2020'!B:G,6,0)),\"-\",VLOOKUP(B68,'N PMRg 2020'!B:G,6,0))","v":"-"}]
["-","-",{"$f":"VLOOKUP(B69,Pilot!A:C,3,0)","v":" "},{"$f":"VLOOKUP(B69,Pilot!A:C,2,0)","v":" "},{"$f":"VLOOKUP(B69,Pilot!A:E,5,0)","v":" "},{"$f":"VLOOKUP(B69,Pilot!A:F,6,0)","v":" "},{"$f":"A69","v":"-"},null,{"$f":"COUNTIF(B:B,B69)","v":10},{"$f":"IF(COUNTIF('N PMČR 2020'!B:B,B69)=0,\"-\",COUNTIF('N PMČR 2020'!B:B,B69))","v":13},{"$f":"IF(ISERROR(VLOOKUP(B69,'N PMČR 2020'!B:G,6,0)),\"-\",VLOOKUP(B69,'N PMČR 2020'!B:G,6,0))","v":"N5"},{"$f":"IF(COUNTIF('N PMRg 2020'!B:B,B69)=0,\"-\",COUNTIF('N PMRg 2020'!B:B,B69))","v":6},{"$f":"IF(ISERROR(VLOOKUP(B69,'N PMRg 2020'!B:G,6,0)),\"-\",VLOOKUP(B69,'N PMRg 2020'!B:G,6,0))","v":"-"}]
[]
["6.7.6.","Statut juniora"]
[null,"Za juniora jsou považování všichni soutěžící, kteří dovrší maximálně 25 let v kalendářním roce konání soutěže."]
["6.7.6.","Statut akademika"]
[null,"Za akademika jsou považováni všichni soutěžící, kteří jsou řádnými studenty (vlastní platný studijní index) pregraduálního prezenčního, kombinovaného, nebo postgraduálního studia. Dále absolventi jakéhokoliv vysokoškolského studia do 1 roku po promoci."]
[null,"Týká se pouze Vysokých škol registrovaných u MŠMT."]
[null,"Účast akademiků na PMČRj je omezena dovršením maximálně 28 let v kalendářním roce konání soutěže."]
[]
[]
["Schváleno Plachtařskou komisí AeČR dne 1.3.2020 v Praze"]